{"text_format":"1","workbook":"xlsx","n_sheets":10,"sheets":["Форма по МДС 81-35.2004","Ресурсы","Базовые цены за единицу","Текущие цены за единицу","Базовые цены с учетом расхода","Текущие цены с учетом расхода","Начисления","Определители","Базовые концовки","Текущие концовки"],"not_rendered":{"charts":0,"images":0,"macros":1,"external_links":0,"defined_names":0,"comments":0,"pivot_tables":0},"unopened":[],"bounds":{"document_bytes":16777216,"sheet_cells":100000,"rows_first":2000,"rows_last":500,"rows_between":2000,"halvings":0,"cell_chars":16384,"cell_head_chars":4096},"cells_cut":0,"cells_raw":0,"read":"whole","date_system":"1900"}

{"sheet":"Форма по МДС 81-35.2004","index":0,"n_rows":2271,"n_cols":14,"rows_kept":2271,"cut":false,"hidden":false,"merged":[[2266,2,2266,7],[2267,2,2267,9],[2269,2,2269,7],[2270,2,2270,9],[2122,0,2123,0],[2122,1,2123,1],[2122,2,2123,2],[2122,4,2123,4],[2122,5,2123,5],[2142,0,2143,0],[2142,1,2143,1],[2142,2,2143,2],[2142,4,2143,4],[2142,5,2143,5],[2038,0,2039,0],[2038,1,2039,1],[2038,2,2039,2],[2038,4,2039,4],[2038,5,2039,5],[2100,0,2101,0],[2100,1,2101,1],[2100,2,2101,2],[2100,4,2101,4],[2100,5,2101,5],[1993,0,1994,0],[1993,1,1994,1],[1993,2,1994,2],[1993,4,1994,4],[1993,5,1994,5],[2015,0,2016,0],[2015,1,2016,1],[2015,2,2016,2],[2015,4,2016,4],[2015,5,2016,5],[1946,0,1947,0],[1946,1,1947,1],[1946,2,1947,2],[1946,4,1947,4],[1946,5,1947,5],[1968,0,1969,0],[1968,1,1969,1],[1968,2,1969,2],[1968,4,1969,4],[1968,5,1969,5],[1902,0,1903,0],[1902,1,1903,1],[1902,2,1903,2],[1902,4,1903,4],[1902,5,1903,5],[1925,0,1926,0],[1925,1,1926,1],[1925,2,1926,2],[1925,4,1926,4],[1925,5,1926,5],[1873,0,1874,0],[1873,1,1874,1],[1873,2,1874,2],[1873,4,1874,4],[1873,5,1874,5],[1899,0,1900,0],[1899,1,1900,1],[1899,2,1900,2],[1899,4,1900,4],[1899,5,1900,5],[1868,0,1869,0],[1868,1,1869,1],[1868,2,1869,2],[1868,4,1869,4],[1868,5,1869,5],[1870,0,1871,0],[1870,1,1871,1],[1870,2,1871,2],[1870,4,1871,4],[1870,5,1871,5],[1809,0,1810,0],[1809,1,1810,1],[1809,2,1810,2],[1809,4,1810,4],[1809,5,1810,5],[1830,0,1831,0],[1830,1,1831,1],[1830,2,1831,2],[1830,4,1831,4],[1830,5,1831,5],[1753,0,1754,0],[1753,1,1754,1],[1753,2,1754,2],[1753,4,1754,4],[1753,5,1754,5],[1790,0,1791,0],[1790,1,1791,1],[1790,2,1791,2],[1790,4,1791,4],[1790,5,1791,5],[1691,0,1692,0],[1691,1,1692,1],[1691,2,1692,2],[1691,4,1692,4],[1691,5,1692,5],[1731,0,1732,0],[1731,1,1732,1],[1731,2,1732,2],[1731,4,1732,4],[1731,5,1732,5],[1664,0,1665,0],[1664,1,1665,1],[1664,2,1665,2],[1664,4,1665,4],[1664,5,1665,5],[1688,0,1689,0],[1688,1,1689,1],[1688,2,1689,2],[1688,4,1689,4],[1688,5,1689,5],[1637,0,1638,0],[1637,1,1638,1],[1637,2,1638,2],[1637,4,1638,4],[1637,5,1638,5],[1661,0,1662,0],[1661,1,1662,1],[1661,2,1662,2],[1661,4,1662,4],[1661,5,1662,5],[1592,0,1593,0],[1592,1,1593,1],[1592,2,1593,2],[1592,4,1593,4],[1592,5,1593,5],[1615,0,1616,0],[1615,1,1616,1],[1615,2,1616,2],[1615,4,1616,4],[1615,5,1616,5],[1549,0,1550,0],[1549,1,1550,1],[1549,2,1550,2],[1549,4,1550,4],[1549,5,1550,5],[1571,0,1572,0],[1571,1,1572,1],[1571,2,1572,2],[1571,4,1572,4],[1571,5,1572,5],[1484,0,1485,0],[1484,1,1485,1],[1484,2,1485,2],[1484,4,1485,4],[1484,5,1485,5],[1506,0,1507,0],[1506,1,1507,1],[1506,2,1507,2],[1506,4,1507,4],[1506,5,1507,5],[1389,0,1390,0],[1389,1,1390,1],[1389,2,1390,2],[1389,4,1390,4],[1389,5,1390,5],[1418,0,1419,0],[1418,1,1419,1],[1418,2,1419,2],[1418,4,1419,4],[1418,5,1419,5],[1343,0,1344,0],[1343,1,1344,1],[1343,2,1344,2],[1343,4,1344,4],[1343,5,1344,5],[1366,0,1367,0],[1366,1,1367,1],[1366,2,1367,2],[1366,4,1367,4],[1366,5,1367,5],[1296,0,1297,0],[1296,1,1297,1],[1296,2,1297,2],[1296,4,1297,4],[1296,5,1297,5],[1318,0,1319,0],[1318,1,1319,1],[1318,2,1319,2],[1318,4,1319,4],[1318,5,1319,5],[1226,0,1227,0],[1226,1,1227,1],[1226,2,1227,2],[1226,4,1227,4],[1226,5,1227,5],[1270,0,1271,0],[1270,1,1271,1],[1270,2,1271,2],[1270,4,1271,4],[1270,5,1271,5],[1180,0,1181,0],[1180,1,1181,1],[1180,2,1181,2],[1180,4,1181,4],[1180,5,1181,5],[1201,0,1202,0],[1201,1,1202,1],[1201,2,1202,2],[1201,4,1202,4],[1201,5,1202,5],[1154,0,1155,0],[1154,1,1155,1],[1154,2,1155,2],[1154,4,1155,4],[1154,5,1155,5],[1156,0,1157,0],[1084,0,1085,0],[1084,1,1085,1],[1084,2,1085,2],[1084,4,1085,4],[1084,5,1085,5],[1086,0,1087,0],[1156,1,1157,1],[1156,2,1157,2],[1156,4,1157,4],[1156,5,1157,5],[1088,0,1089,0],[1088,1,1089,1],[1088,2,1089,2],[1088,4,1089,4],[1088,5,1089,5],[1112,0,1113,0],[1086,1,1087,1],[1086,2,1087,2],[1086,4,1087,4],[1086,5,1087,5],[1076,2,1076,7],[1077,2,1077,7],[1078,2,1078,7],[1112,1,1113,1],[1112,2,1113,2],[1112,4,1113,4],[1112,5,1113,5],[1082,0,1083,0],[1082,1,1083,1],[1082,2,1083,2],[1082,4,1083,4],[1082,5,1083,5],[1052,0,1053,0],[1052,1,1053,1],[1052,2,1053,2],[1052,4,1053,4],[1052,5,1053,5],[1054,0,1055,0],[1054,1,1055,1],[1054,2,1055,2],[1054,4,1055,4],[1054,5,1055,5],[1023,0,1024,0],[1023,1,1024,1],[1023,2,1024,2],[1023,4,1024,4],[1023,5,1024,5],[1050,0,1051,0],[1050,1,1051,1],[1050,2,1051,2],[1050,4,1051,4],[1050,5,1051,5],[1019,0,1020,0],[1019,1,1020,1],[1019,2,1020,2],[1019,4,1020,4],[1019,5,1020,5],[1021,0,1022,0],[1021,1,1022,1],[1021,2,1022,2],[1021,4,1022,4],[1021,5,1022,5],[990,0,991,0],[990,1,991,1],[990,2,991,2],[990,4,991,4],[990,5,991,5],[992,0,993,0],[992,1,993,1],[992,2,993,2],[992,4,993,4],[992,5,993,5],[958,2,958,7],[959,2,959,7],[988,0,989,0],[988,1,989,1],[988,2,989,2],[931,0,932,0],[931,1,932,1],[931,2,932,2],[931,4,932,4],[931,5,932,5],[988,4,989,4],[988,5,989,5],[933,0,934,0],[933,1,934,1],[933,2,934,2],[933,4,934,4],[933,5,934,5],[957,2,957,7],[927,0,928,0],[927,1,928,1],[927,2,928,2],[927,4,928,4],[927,5,928,5],[929,0,930,0],[929,1,930,1],[929,2,930,2],[929,4,930,4],[929,5,930,5],[916,2,916,7],[917,2,917,7],[918,2,918,7],[922,0,923,0],[922,1,923,1],[922,2,923,2],[922,4,923,4],[922,5,923,5],[925,0,926,0],[925,1,926,1],[925,2,926,2],[925,4,926,4],[925,5,926,5],[865,2,865,7],[866,2,866,7],[867,2,867,7],[892,2,892,7],[893,2,893,7],[896,0,897,0],[896,1,897,1],[896,2,897,2],[896,4,897,4],[896,5,897,5],[839,0,840,0],[839,1,840,1],[839,2,840,2],[839,4,840,4],[839,5,840,5],[841,0,842,0],[841,1,842,1],[841,2,842,2],[841,4,842,4],[841,5,842,5],[835,0,836,0],[835,1,836,1],[835,2,836,2],[835,4,836,4],[835,5,836,5],[837,0,838,0],[837,1,838,1],[837,2,838,2],[837,4,838,4],[837,5,838,5],[824,2,824,7],[825,2,825,7],[826,2,826,7],[830,0,831,0],[830,1,831,1],[830,2,831,2],[830,4,831,4],[830,5,831,5],[833,0,834,0],[833,1,834,1],[833,2,834,2],[833,4,834,4],[833,5,834,5],[773,2,773,7],[774,2,774,7],[775,2,775,7],[800,2,800,7],[801,2,801,7],[804,0,805,0],[804,1,805,1],[804,2,805,2],[804,4,805,4],[804,5,805,5],[747,0,748,0],[747,1,748,1],[747,2,748,2],[747,4,748,4],[747,5,748,5],[749,0,750,0],[749,1,750,1],[749,2,750,2],[749,4,750,4],[749,5,750,5],[743,0,744,0],[743,1,744,1],[743,2,744,2],[743,4,744,4],[743,5,744,5],[745,0,746,0],[745,1,746,1],[745,2,746,2],[745,4,746,4],[745,5,746,5],[732,2,732,7],[733,2,733,7],[734,2,734,7],[738,0,739,0],[738,1,739,1],[738,2,739,2],[738,4,739,4],[738,5,739,5],[741,0,742,0],[741,1,742,1],[741,2,742,2],[741,4,742,4],[741,5,742,5],[687,0,688,0],[687,1,688,1],[687,2,688,2],[687,4,688,4],[687,5,688,5],[708,2,708,7],[709,2,709,7],[712,0,713,0],[712,1,713,1],[712,2,713,2],[712,4,713,4],[712,5,713,5],[642,0,643,0],[642,1,643,1],[642,2,643,2],[642,4,643,4],[642,5,643,5],[665,0,666,0],[665,1,666,1],[665,2,666,2],[665,4,666,4],[665,5,666,5],[614,0,615,0],[614,1,615,1],[614,2,615,2],[614,4,615,4],[614,5,615,5],[639,0,640,0],[639,1,640,1],[639,2,640,2],[639,4,640,4],[639,5,640,5],[586,0,587,0],[586,1,587,1],[586,2,587,2],[586,4,587,4],[586,5,587,5],[611,0,612,0],[611,1,612,1],[611,2,612,2],[611,4,612,4],[611,5,612,5],[560,0,561,0],[560,1,561,1],[560,2,561,2],[560,4,561,4],[560,5,561,5],[583,0,584,0],[583,1,584,1],[583,2,584,2],[583,4,584,4],[583,5,584,5],[537,0,538,0],[537,1,538,1],[537,2,538,2],[537,4,538,4],[537,5,538,5],[539,0,540,0],[539,1,540,1],[539,2,540,2],[539,4,540,4],[539,5,540,5],[497,0,498,0],[497,1,498,1],[497,2,498,2],[497,4,498,4],[497,5,498,5],[517,0,518,0],[517,1,518,1],[517,2,518,2],[517,4,518,4],[517,5,518,5],[458,0,459,0],[458,1,459,1],[458,2,459,2],[458,4,459,4],[458,5,459,5],[478,0,479,0],[478,1,479,1],[478,2,479,2],[478,4,479,4],[478,5,479,5],[375,0,376,0],[375,1,376,1],[375,2,376,2],[375,4,376,4],[375,5,376,5],[438,0,439,0],[438,1,439,1],[438,2,439,2],[438,4,439,4],[438,5,439,5],[354,0,355,0],[354,1,355,1],[354,2,355,2],[354,4,355,4],[354,5,355,5],[373,0,374,0],[373,1,374,1],[373,2,374,2],[373,4,374,4],[373,5,374,5],[314,0,315,0],[314,1,315,1],[314,2,315,2],[314,4,315,4],[314,5,315,5],[334,0,335,0],[334,1,335,1],[334,2,335,2],[334,4,335,4],[334,5,335,5],[236,0,237,0],[236,1,237,1],[236,2,237,2],[236,4,237,4],[236,5,237,5],[276,0,277,0],[276,1,277,1],[276,2,277,2],[276,4,277,4],[276,5,277,5],[197,0,198,0],[197,1,198,1],[197,2,198,2],[197,4,198,4],[197,5,198,5],[217,0,218,0],[217,1,218,1],[217,2,218,2],[217,4,218,4],[217,5,218,5],[155,0,156,0],[155,1,156,1],[155,2,156,2],[155,4,156,4],[155,5,156,5],[175,0,176,0],[175,1,176,1],[175,2,176,2],[175,4,176,4],[175,5,176,5],[78,0,79,0],[78,1,79,1],[78,2,79,2],[78,4,79,4],[78,5,79,5],[116,0,117,0],[116,1,117,1],[116,2,117,2],[116,4,117,4],[116,5,117,5],[56,0,57,0],[56,1,57,1],[56,2,57,2],[56,4,57,4],[56,5,57,5],[58,0,59,0],[58,1,59,1],[58,2,59,2],[58,4,59,4],[58,5,59,5],[17,0,18,0],[17,1,18,1],[17,2,18,2],[17,4,18,4],[17,5,18,5],[37,0,38,0],[37,1,38,1],[37,2,38,2],[37,4,38,4],[37,5,38,5],[3,0,3,7],[4,0,4,7],[5,0,5,7],[8,0,8,7],[10,0,11,0],[10,1,11,1],[10,2,11,2],[10,4,10,5],[10,6,10,7],[7,5,7,6]]}
["< ГЭСНс * 2015_s * 13_15_лр >",null,"ПК РИК (вер.1.3.140604)",null,null,null,null,"Форма по МДС 81-35.2004"]
[]
[null,"Объект: ","Содержание дорог 2015-2017"]
["ЛОКАЛЬНАЯ СМЕТА № 13_15_лр"]
["(Локальный сметный расчет)"]
["Автомобильные дороги регионального или межмуниципального значения с допустимым уровнем содержания  - норматив \"К\" 4 категория (ЛЕТНИЕ РАБОТЫ)"]
[null,"Основание: ","Техническое задание и перечень видов и объёмов работ на содержание автодорог на год, на 1"]
[null,null,null,null,"Сметная стоимость:",{"$f":"TEXT((H2265)/1000,\"# ##0\"&GetSeparator()&\"000\")","v":" 82,040"},null,"тыс. руб."]
["Составлена в текущих ценах на 3-й квартал 2013 г. по НБ: \"ГЭСНс-2001\"."]
[]
["№ поз","Шифр, номер норматива, код ресурса","Наименование работ и затрат, характеристика оборудования, масса","Единица измерения","Количество",null,"Сметная стоимость в текущих ценах"]
[null,null,null,"Кол-во механиза-торов","на единицу измерения","по проектным данным","на единицу измерения","общая"]
[1,2,3,4,5,6,7,8]
[null,"I. ЗЕМЛЯНОЕ  ПОЛОТНО"]
[null,"1.Обочины"]
["1.","ГЭСНс 01-01-001-01","Разравнивание грунта на обочине автогрейдером толщиной слоя 10 см (в плотном теле)","1000 м2",null,0.01,{"$f":"ROUND(СУММПРОИЗВЕСЛИ(1,I16:I20,\"s\",E16:E20,G16:G20,0),2)+SUMIF(I16:I35,\"=NenormMatOtZPR\",G16:G35)","v":38196.11},{"$f":"ROUND(СУММПРОИЗВЕСЛИ(F16,I16:I20,\"s\",E16:E20,G16:G20,0),0)+SUMIF(I16:I35,\"=NenormMatOtZPR\",H16:H35)","v":382},"sum",null,null,null,{"$f":"ROUND(СУММПРОИЗВЕСЛИ(1,I16:I20,\"s\",E16:E20,M16:M20,0),2)+SUMIF(I16:I35,\"=NenormMatOtZPR\",M16:M35)","v":25.83},{"$f":"ROUND(СУММПРОИЗВЕСЛИ(F16,I16:I20,\"s\",E16:E20,M16:M20,0),0)+SUMIF(I16:I35,\"=NenormMatOtZPR\",N16:N35)","v":0}]
["1. 1.","2","Затраты труда машинистов","чел.-ч",{"$f":"ОКРУГЛВСЕ(СУММПРОИЗВЕСЛИ(1,K16:K20,\"mWithZTM\",D16:D20,E16:E20,-1)+СУММКОЭФПРОЦЕНТЕСЛИ(1,1,K16:K20,\"mWithZTM_Proch\",E16:E20,-1),11)","v":0.21},{"$f":"ОКРУГЛВСЕ(СУММПРОИЗВЕСЛИ(1,K16:K20,\"mWithZTM\",D16:D20,F16:F20,-1)+СУММКОЭФПРОЦЕНТЕСЛИ(1,1,K16:K20,\"mWithZTM_Proch\",F16:F20,-1),11)","v":2.0999999999999999E-3},{"$f":"IF(F17=0,0,ROUND(H17/F17,3))","v":0},{"$f":"ROUND(СУММЕСЛИДА1НЕ1(L16:L20,\"mWithZPM\",D16:D20,0,H16:H20),0)","v":0},null,"Ж",null,null,{"$f":"IF(F17=0,0,ROUND(N17/F17,3))","v":0},{"$f":"ROUND(СУММЕСЛИДА1НЕ1(L16:L20,\"mWithZPM\",D16:D20,0,N16:N20),0)","v":0}]
["1. 2.",{"$f":"ПОЛУЧШИФР(Ресурсы!A85,1)","v":"СЦЭСМ 120202"},{"$f":"Ресурсы!B85","v":"Автогрейдеры среднего типа 99 кВт (135 л.с.)"},"маш.-ч",0.21,{"$f":"ОКРУГЛВСЕ(IF(E18=\"\",0,E18)*IF(F16=\"\",0,F16),11)","v":2.0999999999999999E-3},{"$f":"Ресурсы!D85","v":958.4},{"$f":"ROUND(IF(F18=\"\",0,F18)*IF(G18=\"\",0,G18),0)","v":2},"s","IsMash",null,null,{"$f":"Ресурсы!C85","v":123},{"$f":"ROUND(IF(F18=\"\",0,F18)*IF(M18=\"\",0,M18),0)","v":0}]
[null,null,null,{"$f":"Ресурсы!G85","v":1},null,null,{"$f":"Ресурсы!F85","v":166.8},{"$f":"ROUND(IF(F18=\"\",0,F18)*IF(G19=\"\",0,G19),0)","v":0},null,null,"mWithZTM","mWithZPM",{"$f":"Ресурсы!E85","v":13.5},{"$f":"ROUND(IF(F18=\"\",0,F18)*IF(M19=\"\",0,M19),0)","v":0}]
["1. 3.",{"$f":"ПОЛУЧШИФР(Ресурсы!A49,0)","v":"с407-0024"},{"$f":"Ресурсы!B49","v":"Грунт песчаный, супесчаный"},"м3",115,{"$f":"ОКРУГЛВСЕ(IF(E20=\"\",0,E20)*IF(F16=\"\",0,F16),11)","v":1.1499999999999999},{"$f":"ROUND(Ресурсы!D49*Начисления!AV6,2)","v":330.39},{"$f":"ROUND(IF(F20=\"\",0,F20)*IF(G20=\"\",0,G20),0)","v":380},"s","IsMater",null,null,{"$f":"ROUND(Ресурсы!C49*Начисления!AV6,2)","v":0},{"$f":"ROUND(IF(F20=\"\",0,F20)*IF(M20=\"\",0,M20),0)","v":0}]
[null,null,"Зарплата рабочих"]
[null,null,"Эксплуатация машин",null,null,null,null,2]
[null,null,"в т.ч. зарплата машинистов"]
[null,null,"Материалы",null,null,null,null,380]
[null,null,"в т.ч. Вспомогательные материалы от стоимости материалов"]
[null,null,"в т.ч. Вспомогательные ненормируемые материалы",null,null,null,null,null,"NenormMatOtZPR"]
[null,null,"в т.ч. Ненормированная з.п. рабочих"]
[null,null,"в т.ч. Ненормированная стоимость эксплуатации машин"]
[null,null,"в т.ч. Ненормированная оплата механизаторов"]
[null,null,"Накладные расходы",null,null,null,11.7,{"$f":"IF('Текущие цены с учетом расхода'!N6>0,'Текущие цены с учетом расхода'!N6,IF('Текущие цены с учетом расхода'!N6<0,'Текущие цены с учетом расхода'!N6,\"\"))","v":45},null,"Nakl",null,null,null,{"$f":"IF('Базовые цены с учетом расхода'!N6>0,'Базовые цены с учетом расхода'!N6,IF('Базовые цены с учетом расхода'!N6<0,'Базовые цены с учетом расхода'!N6,\"\"))","v":""}]
[null,null,"НР от ЗПР",null,null,null,null,{"$f":"IF('Текущие цены с учетом расхода'!P6>0,'Текущие цены с учетом расхода'!P6,IF('Текущие цены с учетом расхода'!P6<0,'Текущие цены с учетом расхода'!P6,\"\"))","v":""},null,"Nakl_ZPR",null,null,null,{"$f":"IF('Базовые цены с учетом расхода'!P6>0,'Базовые цены с учетом расхода'!P6,IF('Базовые цены с учетом расхода'!P6<0,'Базовые цены с учетом расхода'!P6,\"\"))","v":""}]
[null,null,"НР от ЗПМ",null,null,null,null,{"$f":"IF('Текущие цены с учетом расхода'!Q6>0,'Текущие цены с учетом расхода'!Q6,IF('Текущие цены с учетом расхода'!Q6<0,'Текущие цены с учетом расхода'!Q6,\"\"))","v":""},null,"Nakl_ZPM",null,null,null,{"$f":"IF('Базовые цены с учетом расхода'!Q6>0,'Базовые цены с учетом расхода'!Q6,IF('Базовые цены с учетом расхода'!Q6<0,'Базовые цены с учетом расхода'!Q6,\"\"))","v":""}]
[null,null,"Плановые накопления / Сметная прибыль",null,null,null,8,{"$f":"IF('Текущие цены с учетом расхода'!O6>0,'Текущие цены с учетом расхода'!O6,IF('Текущие цены с учетом расхода'!O6<0,'Текущие цены с учетом расхода'!O6,\"\"))","v":34},null,"Plan",null,null,null,{"$f":"IF('Базовые цены с учетом расхода'!O6>0,'Базовые цены с учетом расхода'!O6,IF('Базовые цены с учетом расхода'!O6<0,'Базовые цены с учетом расхода'!O6,\"\"))","v":""}]
[null,null,"СП от ЗПР",null,null,null,null,{"$f":"IF('Текущие цены с учетом расхода'!R6>0,'Текущие цены с учетом расхода'!R6,IF('Текущие цены с учетом расхода'!R6<0,'Текущие цены с учетом расхода'!R6,\"\"))","v":""},null,"Plan_ZPR",null,null,null,{"$f":"IF('Базовые цены с учетом расхода'!R6>0,'Базовые цены с учетом расхода'!R6,IF('Базовые цены с учетом расхода'!R6<0,'Базовые цены с учетом расхода'!R6,\"\"))","v":""}]
[null,null,"СП от ЗПМ",null,null,null,null,{"$f":"IF('Текущие цены с учетом расхода'!S6>0,'Текущие цены с учетом расхода'!S6,IF('Текущие цены с учетом расхода'!S6<0,'Текущие цены с учетом расхода'!S6,\"\"))","v":""},null,"Plan_ZPM",null,null,null,{"$f":"IF('Базовые цены с учетом расхода'!S6>0,'Базовые цены с учетом расхода'!S6,IF('Базовые цены с учетом расхода'!S6<0,'Базовые цены с учетом расхода'!S6,\"\"))","v":""}]
["2.","ГЭСНс 01-01-003-01","Уплотнение грунта самоходным катком на пневмоколесном ходу 16 т","1000 м2",null,0.01,{"$f":"ROUND(СУММПРОИЗВЕСЛИ(1,I36:I39,\"s\",E36:E39,G36:G39,0),2)+SUMIF(I36:I54,\"=NenormMatOtZPR\",G36:G54)","v":1767.56},{"$f":"ROUND(СУММПРОИЗВЕСЛИ(F36,I36:I39,\"s\",E36:E39,G36:G39,0),0)+SUMIF(I36:I54,\"=NenormMatOtZPR\",H36:H54)","v":18},"sum",null,null,null,{"$f":"ROUND(СУММПРОИЗВЕСЛИ(1,I36:I39,\"s\",E36:E39,M36:M39,0),2)+SUMIF(I36:I54,\"=NenormMatOtZPR\",M36:M54)","v":231.35},{"$f":"ROUND(СУММПРОИЗВЕСЛИ(F36,I36:I39,\"s\",E36:E39,M36:M39,0),0)+SUMIF(I36:I54,\"=NenormMatOtZPR\",N36:N54)","v":2}]
["2. 1.","2","Затраты труда машинистов","чел.-ч",{"$f":"ОКРУГЛВСЕ(СУММПРОИЗВЕСЛИ(1,K36:K39,\"mWithZTM\",D36:D39,E36:E39,-1)+СУММКОЭФПРОЦЕНТЕСЛИ(1,1,K36:K39,\"mWithZTM_Proch\",E36:E39,-1),11)","v":1.48},{"$f":"ОКРУГЛВСЕ(СУММПРОИЗВЕСЛИ(1,K36:K39,\"mWithZTM\",D36:D39,F36:F39,-1)+СУММКОЭФПРОЦЕНТЕСЛИ(1,1,K36:K39,\"mWithZTM_Proch\",F36:F39,-1),11)","v":1.4800000000000001E-2},{"$f":"IF(F37=0,0,ROUND(H37/F37,3))","v":202.703},{"$f":"ROUND(СУММЕСЛИДА1НЕ1(L36:L39,\"mWithZPM\",D36:D39,0,H36:H39),0)","v":3},null,"Ж",null,null,{"$f":"IF(F37=0,0,ROUND(N37/F37,3))","v":0},{"$f":"ROUND(СУММЕСЛИДА1НЕ1(L36:L39,\"mWithZPM\",D36:D39,0,N36:N39),0)","v":0}]
["2. 2.",{"$f":"ПОЛУЧШИФР(Ресурсы!A92,1)","v":"СЦЭСМ 120910"},{"$f":"Ресурсы!B92","v":"Катки на пневмоколесном ходу 16 т"},"маш.-ч",1.48,{"$f":"ОКРУГЛВСЕ(IF(E38=\"\",0,E38)*IF(F36=\"\",0,F36),11)","v":1.4800000000000001E-2},{"$f":"Ресурсы!D92","v":1194.3},{"$f":"ROUND(IF(F38=\"\",0,F38)*IF(G38=\"\",0,G38),0)","v":18},"s","IsMash",null,null,{"$f":"Ресурсы!C92","v":156.32},{"$f":"ROUND(IF(F38=\"\",0,F38)*IF(M38=\"\",0,M38),0)","v":2}]
[null,null,null,{"$f":"Ресурсы!G92","v":1},null,null,{"$f":"Ресурсы!F92","v":178},{"$f":"ROUND(IF(F38=\"\",0,F38)*IF(G39=\"\",0,G39),0)","v":3},null,null,"mWithZTM","mWithZPM",{"$f":"Ресурсы!E92","v":14.4},{"$f":"ROUND(IF(F38=\"\",0,F38)*IF(M39=\"\",0,M39),0)","v":0}]
[null,null,"Зарплата рабочих"]
[null,null,"Эксплуатация машин",null,null,null,null,18,null,null,null,null,null,2]
[null,null,"в т.ч. зарплата машинистов",null,null,null,null,3]
[null,null,"Материалы"]
[null,null,"в т.ч. Вспомогательные материалы от стоимости материалов"]
[null,null,"в т.ч. Вспомогательные ненормируемые материалы",null,null,null,null,null,"NenormMatOtZPR"]
[null,null,"в т.ч. Ненормированная з.п. рабочих"]
[null,null,"в т.ч. Ненормированная стоимость эксплуатации машин"]
[null,null,"в т.ч. Ненормированная оплата механизаторов"]
[null,null,"Накладные расходы",null,null,null,11.7,{"$f":"IF('Текущие цены с учетом расхода'!N7>0,'Текущие цены с учетом расхода'!N7,IF('Текущие цены с учетом расхода'!N7<0,'Текущие цены с учетом расхода'!N7,\"\"))","v":2},null,"Nakl",null,null,11.7,{"$f":"IF('Базовые цены с учетом расхода'!N7>0,'Базовые цены с учетом расхода'!N7,IF('Базовые цены с учетом расхода'!N7<0,'Базовые цены с учетом расхода'!N7,\"\"))","v":""}]
[null,null,"НР от ЗПР",null,null,null,null,{"$f":"IF('Текущие цены с учетом расхода'!P7>0,'Текущие цены с учетом расхода'!P7,IF('Текущие цены с учетом расхода'!P7<0,'Текущие цены с учетом расхода'!P7,\"\"))","v":""},null,"Nakl_ZPR",null,null,null,{"$f":"IF('Базовые цены с учетом расхода'!P7>0,'Базовые цены с учетом расхода'!P7,IF('Базовые цены с учетом расхода'!P7<0,'Базовые цены с учетом расхода'!P7,\"\"))","v":""}]
[null,null,"НР от ЗПМ",null,null,null,null,{"$f":"IF('Текущие цены с учетом расхода'!Q7>0,'Текущие цены с учетом расхода'!Q7,IF('Текущие цены с учетом расхода'!Q7<0,'Текущие цены с учетом расхода'!Q7,\"\"))","v":""},null,"Nakl_ZPM",null,null,null,{"$f":"IF('Базовые цены с учетом расхода'!Q7>0,'Базовые цены с учетом расхода'!Q7,IF('Базовые цены с учетом расхода'!Q7<0,'Базовые цены с учетом расхода'!Q7,\"\"))","v":""}]
[null,null,"Плановые накопления / Сметная прибыль",null,null,null,8,{"$f":"IF('Текущие цены с учетом расхода'!O7>0,'Текущие цены с учетом расхода'!O7,IF('Текущие цены с учетом расхода'!O7<0,'Текущие цены с учетом расхода'!O7,\"\"))","v":2},null,"Plan",null,null,8,{"$f":"IF('Базовые цены с учетом расхода'!O7>0,'Базовые цены с учетом расхода'!O7,IF('Базовые цены с учетом расхода'!O7<0,'Базовые цены с учетом расхода'!O7,\"\"))","v":""}]
[null,null,"СП от ЗПР",null,null,null,null,{"$f":"IF('Текущие цены с учетом расхода'!R7>0,'Текущие цены с учетом расхода'!R7,IF('Текущие цены с учетом расхода'!R7<0,'Текущие цены с учетом расхода'!R7,\"\"))","v":""},null,"Plan_ZPR",null,null,null,{"$f":"IF('Базовые цены с учетом расхода'!R7>0,'Базовые цены с учетом расхода'!R7,IF('Базовые цены с учетом расхода'!R7<0,'Базовые цены с учетом расхода'!R7,\"\"))","v":""}]
[null,null,"СП от ЗПМ",null,null,null,null,{"$f":"IF('Текущие цены с учетом расхода'!S7>0,'Текущие цены с учетом расхода'!S7,IF('Текущие цены с учетом расхода'!S7<0,'Текущие цены с учетом расхода'!S7,\"\"))","v":""},null,"Plan_ZPM",null,null,null,{"$f":"IF('Базовые цены с учетом расхода'!S7>0,'Базовые цены с учетом расхода'!S7,IF('Базовые цены с учетом расхода'!S7<0,'Базовые цены с учетом расхода'!S7,\"\"))","v":""}]
["3.","ГЭСНс 01-01-006-03","Ремонт укрепления обочин щебнем, толщина слоя 10 см","100 м2",null,0.01,{"$f":"ROUND(СУММПРОИЗВЕСЛИ(1,I55:I61,\"s\",E55:E61,G55:G61,0),2)+SUMIF(I55:I76,\"=NenormMatOtZPR\",G55:G76)","v":16321.78},{"$f":"ROUND(СУММПРОИЗВЕСЛИ(F55,I55:I61,\"s\",E55:E61,G55:G61,0),0)+SUMIF(I55:I76,\"=NenormMatOtZPR\",H55:H76)","v":163},"sum",null,null,null,{"$f":"ROUND(СУММПРОИЗВЕСЛИ(1,I55:I61,\"s\",E55:E61,M55:M61,0),2)+SUMIF(I55:I76,\"=NenormMatOtZPR\",M55:M76)","v":43.73},{"$f":"ROUND(СУММПРОИЗВЕСЛИ(F55,I55:I61,\"s\",E55:E61,M55:M61,0),0)+SUMIF(I55:I76,\"=NenormMatOtZPR\",N55:N76)","v":0}]
["3. 1.","2","Затраты труда машинистов","чел.-ч",{"$f":"ОКРУГЛВСЕ(СУММПРОИЗВЕСЛИ(1,K55:K61,\"mWithZTM\",D55:D61,E55:E61,-1)+СУММКОЭФПРОЦЕНТЕСЛИ(1,1,K55:K61,\"mWithZTM_Proch\",E55:E61,-1),11)","v":0.7},{"$f":"ОКРУГЛВСЕ(СУММПРОИЗВЕСЛИ(1,K55:K61,\"mWithZTM\",D55:D61,F55:F61,-1)+СУММКОЭФПРОЦЕНТЕСЛИ(1,1,K55:K61,\"mWithZTM_Proch\",F55:F61,-1),11)","v":7.0000000000000001E-3},{"$f":"IF(F56=0,0,ROUND(H56/F56,3))","v":142.857},{"$f":"ROUND(СУММЕСЛИДА1НЕ1(L55:L61,\"mWithZPM\",D55:D61,0,H55:H61),0)","v":1},null,"Ж",null,null,{"$f":"IF(F56=0,0,ROUND(N56/F56,3))","v":0},{"$f":"ROUND(СУММЕСЛИДА1НЕ1(L55:L61,\"mWithZPM\",D55:D61,0,N55:N61),0)","v":0}]
["3. 2.",{"$f":"ПОЛУЧШИФР(Ресурсы!A85,1)","v":"СЦЭСМ 120202"},{"$f":"Ресурсы!B85","v":"Автогрейдеры среднего типа 99 кВт (135 л.с.)"},"маш.-ч",0.21,{"$f":"ОКРУГЛВСЕ(IF(E57=\"\",0,E57)*IF(F55=\"\",0,F55),11)","v":2.0999999999999999E-3},{"$f":"Ресурсы!D85","v":958.4},{"$f":"ROUND(IF(F57=\"\",0,F57)*IF(G57=\"\",0,G57),0)","v":2},"s","IsMash",null,null,{"$f":"Ресурсы!C85","v":123},{"$f":"ROUND(IF(F57=\"\",0,F57)*IF(M57=\"\",0,M57),0)","v":0}]
[null,null,null,{"$f":"Ресурсы!G85","v":1},null,null,{"$f":"Ресурсы!F85","v":166.8},{"$f":"ROUND(IF(F57=\"\",0,F57)*IF(G58=\"\",0,G58),0)","v":0},null,null,"mWithZTM","mWithZPM",{"$f":"Ресурсы!E85","v":13.5},{"$f":"ROUND(IF(F57=\"\",0,F57)*IF(M58=\"\",0,M58),0)","v":0}]
["3. 3.",{"$f":"ПОЛУЧШИФР(Ресурсы!A88,1)","v":"СЦЭСМ 120901"},{"$f":"Ресурсы!B88","v":"Катки дорожные самоходные вибрационные 2,2 т"},"маш.-ч",0.49,{"$f":"ОКРУГЛВСЕ(IF(E59=\"\",0,E59)*IF(F55=\"\",0,F55),11)","v":4.8999999999999998E-3},{"$f":"Ресурсы!D88","v":267.33},{"$f":"ROUND(IF(F59=\"\",0,F59)*IF(G59=\"\",0,G59),0)","v":1},"s","IsMash",null,null,{"$f":"Ресурсы!C88","v":36.54},{"$f":"ROUND(IF(F59=\"\",0,F59)*IF(M59=\"\",0,M59),0)","v":0}]
[null,null,null,{"$f":"Ресурсы!G88","v":1},null,null,{"$f":"Ресурсы!F88","v":124.21},{"$f":"ROUND(IF(F59=\"\",0,F59)*IF(G60=\"\",0,G60),0)","v":1},null,null,"mWithZTM","mWithZPM",{"$f":"Ресурсы!E88","v":10.06},{"$f":"ROUND(IF(F59=\"\",0,F59)*IF(M60=\"\",0,M60),0)","v":0}]
["3. 4.",{"$f":"ПОЛУЧШИФР(Ресурсы!A53,0)","v":"с408-0023"},{"$f":"Ресурсы!B53","v":"Щебень из природного камня для строительных работ марка 400, фракция 20-40 мм"},"м3",12.6,{"$f":"ОКРУГЛВСЕ(IF(E61=\"\",0,E61)*IF(F55=\"\",0,F55),11)","v":0.126},{"$f":"ROUND(Ресурсы!D53*Начисления!AV8,2)","v":1269.01},{"$f":"ROUND(IF(F61=\"\",0,F61)*IF(G61=\"\",0,G61),0)","v":160},"s","IsMater",null,null,{"$f":"ROUND(Ресурсы!C53*Начисления!AV8,2)","v":0},{"$f":"ROUND(IF(F61=\"\",0,F61)*IF(M61=\"\",0,M61),0)","v":0}]
[null,null,"Зарплата рабочих"]
[null,null,"Эксплуатация машин",null,null,null,null,3]
[null,null,"в т.ч. зарплата машинистов",null,null,null,null,1]
[null,null,"Материалы",null,null,null,null,160]
[null,null,"в т.ч. Вспомогательные материалы от стоимости материалов"]
[null,null,"в т.ч. Вспомогательные ненормируемые материалы",null,null,null,null,null,"NenormMatOtZPR"]
[null,null,"в т.ч. Ненормированная з.п. рабочих"]
[null,null,"в т.ч. Ненормированная стоимость эксплуатации машин"]
[null,null,"в т.ч. Ненормированная оплата механизаторов"]
[null,null,"Накладные расходы",null,null,null,11.7,{"$f":"IF('Текущие цены с учетом расхода'!N8>0,'Текущие цены с учетом расхода'!N8,IF('Текущие цены с учетом расхода'!N8<0,'Текущие цены с учетом расхода'!N8,\"\"))","v":19},null,"Nakl",null,null,null,{"$f":"IF('Базовые цены с учетом расхода'!N8>0,'Базовые цены с учетом расхода'!N8,IF('Базовые цены с учетом расхода'!N8<0,'Базовые цены с учетом расхода'!N8,\"\"))","v":""}]
[null,null,"НР от ЗПР",null,null,null,null,{"$f":"IF('Текущие цены с учетом расхода'!P8>0,'Текущие цены с учетом расхода'!P8,IF('Текущие цены с учетом расхода'!P8<0,'Текущие цены с учетом расхода'!P8,\"\"))","v":""},null,"Nakl_ZPR",null,null,null,{"$f":"IF('Базовые цены с учетом расхода'!P8>0,'Базовые цены с учетом расхода'!P8,IF('Базовые цены с учетом расхода'!P8<0,'Базовые цены с учетом расхода'!P8,\"\"))","v":""}]
[null,null,"НР от ЗПМ",null,null,null,null,{"$f":"IF('Текущие цены с учетом расхода'!Q8>0,'Текущие цены с учетом расхода'!Q8,IF('Текущие цены с учетом расхода'!Q8<0,'Текущие цены с учетом расхода'!Q8,\"\"))","v":""},null,"Nakl_ZPM",null,null,null,{"$f":"IF('Базовые цены с учетом расхода'!Q8>0,'Базовые цены с учетом расхода'!Q8,IF('Базовые цены с учетом расхода'!Q8<0,'Базовые цены с учетом расхода'!Q8,\"\"))","v":""}]
[null,null,"Плановые накопления / Сметная прибыль",null,null,null,8,{"$f":"IF('Текущие цены с учетом расхода'!O8>0,'Текущие цены с учетом расхода'!O8,IF('Текущие цены с учетом расхода'!O8<0,'Текущие цены с учетом расхода'!O8,\"\"))","v":15},null,"Plan",null,null,null,{"$f":"IF('Базовые цены с учетом расхода'!O8>0,'Базовые цены с учетом расхода'!O8,IF('Базовые цены с учетом расхода'!O8<0,'Базовые цены с учетом расхода'!O8,\"\"))","v":""}]
[null,null,"СП от ЗПР",null,null,null,null,{"$f":"IF('Текущие цены с учетом расхода'!R8>0,'Текущие цены с учетом расхода'!R8,IF('Текущие цены с учетом расхода'!R8<0,'Текущие цены с учетом расхода'!R8,\"\"))","v":""},null,"Plan_ZPR",null,null,null,{"$f":"IF('Базовые цены с учетом расхода'!R8>0,'Базовые цены с учетом расхода'!R8,IF('Базовые цены с учетом расхода'!R8<0,'Базовые цены с учетом расхода'!R8,\"\"))","v":""}]
[null,null,"СП от ЗПМ",null,null,null,null,{"$f":"IF('Текущие цены с учетом расхода'!S8>0,'Текущие цены с учетом расхода'!S8,IF('Текущие цены с учетом расхода'!S8<0,'Текущие цены с учетом расхода'!S8,\"\"))","v":""},null,"Plan_ZPM",null,null,null,{"$f":"IF('Базовые цены с учетом расхода'!S8>0,'Базовые цены с учетом расхода'!S8,IF('Базовые цены с учетом расхода'!S8<0,'Базовые цены с учетом расхода'!S8,\"\"))","v":""}]
["4.","ГЭСНс 01-01-004-01","Планировка автогрейдером грунтовых обочин","км прохода",null,2,{"$f":"ROUND(СУММПРОИЗВЕСЛИ(1,I77:I80,\"s\",E77:E80,G77:G80,0),2)+SUMIF(I77:I95,\"=NenormMatOtZPR\",G77:G95)","v":220.43},{"$f":"ROUND(СУММПРОИЗВЕСЛИ(F77,I77:I80,\"s\",E77:E80,G77:G80,0),0)+SUMIF(I77:I95,\"=NenormMatOtZPR\",H77:H95)","v":441},"sum",null,null,null,{"$f":"ROUND(СУММПРОИЗВЕСЛИ(1,I77:I80,\"s\",E77:E80,M77:M80,0),2)+SUMIF(I77:I95,\"=NenormMatOtZPR\",M77:M95)","v":28.29},{"$f":"ROUND(СУММПРОИЗВЕСЛИ(F77,I77:I80,\"s\",E77:E80,M77:M80,0),0)+SUMIF(I77:I95,\"=NenormMatOtZPR\",N77:N95)","v":57}]
["4. 1.","2","Затраты труда машинистов","чел.-ч",{"$f":"ОКРУГЛВСЕ(СУММПРОИЗВЕСЛИ(1,K77:K80,\"mWithZTM\",D77:D80,E77:E80,-1)+СУММКОЭФПРОЦЕНТЕСЛИ(1,1,K77:K80,\"mWithZTM_Proch\",E77:E80,-1),11)","v":0.23},{"$f":"ОКРУГЛВСЕ(СУММПРОИЗВЕСЛИ(1,K77:K80,\"mWithZTM\",D77:D80,F77:F80,-1)+СУММКОЭФПРОЦЕНТЕСЛИ(1,1,K77:K80,\"mWithZTM_Proch\",F77:F80,-1),11)","v":0.46},{"$f":"IF(F78=0,0,ROUND(H78/F78,3))","v":167.39099999999999},{"$f":"ROUND(СУММЕСЛИДА1НЕ1(L77:L80,\"mWithZPM\",D77:D80,0,H77:H80),0)","v":77},null,"Ж",null,null,{"$f":"IF(F78=0,0,ROUND(N78/F78,3))","v":13.042999999999999},{"$f":"ROUND(СУММЕСЛИДА1НЕ1(L77:L80,\"mWithZPM\",D77:D80,0,N77:N80),0)","v":6}]
["4. 2.",{"$f":"ПОЛУЧШИФР(Ресурсы!A85,1)","v":"СЦЭСМ 120202"},{"$f":"Ресурсы!B85","v":"Автогрейдеры среднего типа 99 кВт (135 л.с.)"},"маш.-ч",0.23,{"$f":"ОКРУГЛВСЕ(IF(E79=\"\",0,E79)*IF(F77=\"\",0,F77),11)","v":0.46},{"$f":"Ресурсы!D85","v":958.4},{"$f":"ROUND(IF(F79=\"\",0,F79)*IF(G79=\"\",0,G79),0)","v":441},"s","IsMash",null,null,{"$f":"Ресурсы!C85","v":123},{"$f":"ROUND(IF(F79=\"\",0,F79)*IF(M79=\"\",0,M79),0)","v":57}]
[null,null,null,{"$f":"Ресурсы!G85","v":1},null,null,{"$f":"Ресурсы!F85","v":166.8},{"$f":"ROUND(IF(F79=\"\",0,F79)*IF(G80=\"\",0,G80),0)","v":77},null,null,"mWithZTM","mWithZPM",{"$f":"Ресурсы!E85","v":13.5},{"$f":"ROUND(IF(F79=\"\",0,F79)*IF(M80=\"\",0,M80),0)","v":6}]
[null,null,"Зарплата рабочих"]
[null,null,"Эксплуатация машин",null,null,null,null,441,null,null,null,null,null,57]
[null,null,"в т.ч. зарплата машинистов",null,null,null,null,77,null,null,null,null,null,6]
[null,null,"Материалы"]
[null,null,"в т.ч. Вспомогательные материалы от стоимости материалов"]
[null,null,"в т.ч. Вспомогательные ненормируемые материалы",null,null,null,null,null,"NenormMatOtZPR"]
[null,null,"в т.ч. Ненормированная з.п. рабочих"]
[null,null,"в т.ч. Ненормированная стоимость эксплуатации машин"]
[null,null,"в т.ч. Ненормированная оплата механизаторов"]
[null,null,"Накладные расходы",null,null,null,11.7,{"$f":"IF('Текущие цены с учетом расхода'!N9>0,'Текущие цены с учетом расхода'!N9,IF('Текущие цены с учетом расхода'!N9<0,'Текущие цены с учетом расхода'!N9,\"\"))","v":52},null,"Nakl",null,null,11.7,{"$f":"IF('Базовые цены с учетом расхода'!N9>0,'Базовые цены с учетом расхода'!N9,IF('Базовые цены с учетом расхода'!N9<0,'Базовые цены с учетом расхода'!N9,\"\"))","v":7}]
[null,null,"НР от ЗПР",null,null,null,null,{"$f":"IF('Текущие цены с учетом расхода'!P9>0,'Текущие цены с учетом расхода'!P9,IF('Текущие цены с учетом расхода'!P9<0,'Текущие цены с учетом расхода'!P9,\"\"))","v":""},null,"Nakl_ZPR",null,null,null,{"$f":"IF('Базовые цены с учетом расхода'!P9>0,'Базовые цены с учетом расхода'!P9,IF('Базовые цены с учетом расхода'!P9<0,'Базовые цены с учетом расхода'!P9,\"\"))","v":""}]
[null,null,"НР от ЗПМ",null,null,null,null,{"$f":"IF('Текущие цены с учетом расхода'!Q9>0,'Текущие цены с учетом расхода'!Q9,IF('Текущие цены с учетом расхода'!Q9<0,'Текущие цены с учетом расхода'!Q9,\"\"))","v":""},null,"Nakl_ZPM",null,null,null,{"$f":"IF('Базовые цены с учетом расхода'!Q9>0,'Базовые цены с учетом расхода'!Q9,IF('Базовые цены с учетом расхода'!Q9<0,'Базовые цены с учетом расхода'!Q9,\"\"))","v":""}]
[null,null,"Плановые накопления / Сметная прибыль",null,null,null,8,{"$f":"IF('Текущие цены с учетом расхода'!O9>0,'Текущие цены с учетом расхода'!O9,IF('Текущие цены с учетом расхода'!O9<0,'Текущие цены с учетом расхода'!O9,\"\"))","v":39},null,"Plan",null,null,8,{"$f":"IF('Базовые цены с учетом расхода'!O9>0,'Базовые цены с учетом расхода'!O9,IF('Базовые цены с учетом расхода'!O9<0,'Базовые цены с учетом расхода'!O9,\"\"))","v":5}]
[null,null,"СП от ЗПР",null,null,null,null,{"$f":"IF('Текущие цены с учетом расхода'!R9>0,'Текущие цены с учетом расхода'!R9,IF('Текущие цены с учетом расхода'!R9<0,'Текущие цены с учетом расхода'!R9,\"\"))","v":""},null,"Plan_ZPR",null,null,null,{"$f":"IF('Базовые цены с учетом расхода'!R9>0,'Базовые цены с учетом расхода'!R9,IF('Базовые цены с учетом расхода'!R9<0,'Базовые цены с учетом расхода'!R9,\"\"))","v":""}]
[null,null,"СП от ЗПМ",null,null,null,null,{"$f":"IF('Текущие цены с учетом расхода'!S9>0,'Текущие цены с учетом расхода'!S9,IF('Текущие цены с учетом расхода'!S9<0,'Текущие цены с учетом расхода'!S9,\"\"))","v":""},null,"Plan_ZPM",null,null,null,{"$f":"IF('Базовые цены с учетом расхода'!S9>0,'Базовые цены с учетом расхода'!S9,IF('Базовые цены с учетом расхода'!S9<0,'Базовые цены с учетом расхода'!S9,\"\"))","v":""}]
["5.","ГЭСНс 01-01-005-01","Ремонтная планировка обочин вручную","100 м2",null,0.08,{"$f":"ROUND(СУММПРОИЗВЕСЛИ(1,I96:I99,\"s\",E96:E99,G96:G99,0),2)+SUMIF(I96:I114,\"=NenormMatOtZPR\",G96:G114)","v":1517.78},{"$f":"ROUND(СУММПРОИЗВЕСЛИ(F96,I96:I99,\"s\",E96:E99,G96:G99,0),0)+SUMIF(I96:I114,\"=NenormMatOtZPR\",H96:H114)","v":121},"sum",null,null,null,{"$f":"ROUND(СУММПРОИЗВЕСЛИ(1,I96:I99,\"s\",E96:E99,M96:M99,0),2)+SUMIF(I96:I114,\"=NenormMatOtZPR\",M96:M114)","v":117.74},{"$f":"ROUND(СУММПРОИЗВЕСЛИ(F96,I96:I99,\"s\",E96:E99,M96:M99,0),0)+SUMIF(I96:I114,\"=NenormMatOtZPR\",N96:N114)","v":9}]
["5. 0.","З1000-0001","Затраты труда машинистов","чел.ч",0,0,{"$f":"IF(F97=0,0,ROUND(H97/F97,3))","v":0},null,null,"Ж",null,null,{"$f":"IF(F97=0,0,ROUND(N97/F97,3))","v":0}]
["5. 1.",{"$f":"ПОЛУЧШИФР(Ресурсы!A4,1)","v":"0-4002"},{"$f":"Ресурсы!B4","v":"Дорожный рабочий 2 разряда"},"чел.-ч",7.21,{"$f":"ОКРУГЛВСЕ(IF(E98=\"\",0,E98)*IF(F96=\"\",0,F96),11)","v":0.57679999999999998},{"$f":"Ресурсы!D4","v":100.57},{"$f":"ROUND(IF(F98=\"\",0,F98)*IF(G98=\"\",0,G98),0)","v":58},"s","Г",null,null,{"$f":"Ресурсы!C4","v":7.8},{"$f":"ROUND(IF(F98=\"\",0,F98)*IF(M98=\"\",0,M98),0)","v":4}]
["5. 2.",{"$f":"ПОЛУЧШИФР(Ресурсы!A5,1)","v":"0-4003"},{"$f":"Ресурсы!B5","v":"Дорожный рабочий 3 разряда"},"чел.-ч",7.21,{"$f":"ОКРУГЛВСЕ(IF(E99=\"\",0,E99)*IF(F96=\"\",0,F96),11)","v":0.57679999999999998},{"$f":"Ресурсы!D5","v":109.94},{"$f":"ROUND(IF(F99=\"\",0,F99)*IF(G99=\"\",0,G99),0)","v":63},"s","Г",null,null,{"$f":"Ресурсы!C5","v":8.5299999999999994},{"$f":"ROUND(IF(F99=\"\",0,F99)*IF(M99=\"\",0,M99),0)","v":5}]
[null,null,"Зарплата рабочих",null,null,null,null,121,null,null,null,null,null,9]
[null,null,"Эксплуатация машин"]
[null,null,"в т.ч. зарплата машинистов"]
[null,null,"Материалы"]
[null,null,"в т.ч. Вспомогательные материалы от стоимости материалов"]
[null,null,"в т.ч. Вспомогательные ненормируемые материалы",null,null,null,null,null,"NenormMatOtZPR"]
[null,null,"в т.ч. Ненормированная з.п. рабочих"]
[null,null,"в т.ч. Ненормированная стоимость эксплуатации машин"]
[null,null,"в т.ч. Ненормированная оплата механизаторов"]
[null,null,"Накладные расходы",null,null,null,11.7,{"$f":"IF('Текущие цены с учетом расхода'!N10>0,'Текущие цены с учетом расхода'!N10,IF('Текущие цены с учетом расхода'!N10<0,'Текущие цены с учетом расхода'!N10,\"\"))","v":14},null,"Nakl",null,null,11.7,{"$f":"IF('Базовые цены с учетом расхода'!N10>0,'Базовые цены с учетом расхода'!N10,IF('Базовые цены с учетом расхода'!N10<0,'Базовые цены с учетом расхода'!N10,\"\"))","v":1}]
[null,null,"НР от ЗПР",null,null,null,null,{"$f":"IF('Текущие цены с учетом расхода'!P10>0,'Текущие цены с учетом расхода'!P10,IF('Текущие цены с учетом расхода'!P10<0,'Текущие цены с учетом расхода'!P10,\"\"))","v":""},null,"Nakl_ZPR",null,null,null,{"$f":"IF('Базовые цены с учетом расхода'!P10>0,'Базовые цены с учетом расхода'!P10,IF('Базовые цены с учетом расхода'!P10<0,'Базовые цены с учетом расхода'!P10,\"\"))","v":""}]
[null,null,"НР от ЗПМ",null,null,null,null,{"$f":"IF('Текущие цены с учетом расхода'!Q10>0,'Текущие цены с учетом расхода'!Q10,IF('Текущие цены с учетом расхода'!Q10<0,'Текущие цены с учетом расхода'!Q10,\"\"))","v":""},null,"Nakl_ZPM",null,null,null,{"$f":"IF('Базовые цены с учетом расхода'!Q10>0,'Базовые цены с учетом расхода'!Q10,IF('Базовые цены с учетом расхода'!Q10<0,'Базовые цены с учетом расхода'!Q10,\"\"))","v":""}]
[null,null,"Плановые накопления / Сметная прибыль",null,null,null,8,{"$f":"IF('Текущие цены с учетом расхода'!O10>0,'Текущие цены с учетом расхода'!O10,IF('Текущие цены с учетом расхода'!O10<0,'Текущие цены с учетом расхода'!O10,\"\"))","v":11},null,"Plan",null,null,8,{"$f":"IF('Базовые цены с учетом расхода'!O10>0,'Базовые цены с учетом расхода'!O10,IF('Базовые цены с учетом расхода'!O10<0,'Базовые цены с учетом расхода'!O10,\"\"))","v":1}]
[null,null,"СП от ЗПР",null,null,null,null,{"$f":"IF('Текущие цены с учетом расхода'!R10>0,'Текущие цены с учетом расхода'!R10,IF('Текущие цены с учетом расхода'!R10<0,'Текущие цены с учетом расхода'!R10,\"\"))","v":""},null,"Plan_ZPR",null,null,null,{"$f":"IF('Базовые цены с учетом расхода'!R10>0,'Базовые цены с учетом расхода'!R10,IF('Базовые цены с учетом расхода'!R10<0,'Базовые цены с учетом расхода'!R10,\"\"))","v":""}]
[null,null,"СП от ЗПМ",null,null,null,null,{"$f":"IF('Текущие цены с учетом расхода'!S10>0,'Текущие цены с учетом расхода'!S10,IF('Текущие цены с учетом расхода'!S10<0,'Текущие цены с учетом расхода'!S10,\"\"))","v":""},null,"Plan_ZPM",null,null,null,{"$f":"IF('Базовые цены с учетом расхода'!S10>0,'Базовые цены с учетом расхода'!S10,IF('Базовые цены с учетом расхода'!S10<0,'Базовые цены с учетом расхода'!S10,\"\"))","v":""}]
["6.","ГЭСНс 01-01-011-02","Скашивание травы косилкой на базе трактора на пневмоколесном ходу 80 л.с., ширина окашивания до 2 м","км прохода",null,16,{"$f":"ROUND(СУММПРОИЗВЕСЛИ(1,I115:I119,\"s\",E115:E119,G115:G119,0),2)+SUMIF(I115:I134,\"=NenormMatOtZPR\",G115:G134)","v":86.03},{"$f":"ROUND(СУММПРОИЗВЕСЛИ(F115,I115:I119,\"s\",E115:E119,G115:G119,0),0)+SUMIF(I115:I134,\"=NenormMatOtZPR\",H115:H134)","v":1376},"sum",null,null,null,{"$f":"ROUND(СУММПРОИЗВЕСЛИ(1,I115:I119,\"s\",E115:E119,M115:M119,0),2)+SUMIF(I115:I134,\"=NenormMatOtZPR\",M115:M134)","v":15.27},{"$f":"ROUND(СУММПРОИЗВЕСЛИ(F115,I115:I119,\"s\",E115:E119,M115:M119,0),0)+SUMIF(I115:I134,\"=NenormMatOtZPR\",N115:N134)","v":244}]
["6. 1.","2","Затраты труда машинистов","чел.-ч",{"$f":"ОКРУГЛВСЕ(СУММПРОИЗВЕСЛИ(1,K115:K119,\"mWithZTM\",D115:D119,E115:E119,-1)+СУММКОЭФПРОЦЕНТЕСЛИ(1,1,K115:K119,\"mWithZTM_Proch\",E115:E119,-1),11)","v":0.18},{"$f":"ОКРУГЛВСЕ(СУММПРОИЗВЕСЛИ(1,K115:K119,\"mWithZTM\",D115:D119,F115:F119,-1)+СУММКОЭФПРОЦЕНТЕСЛИ(1,1,K115:K119,\"mWithZTM_Proch\",F115:F119,-1),11)","v":2.88},{"$f":"IF(F116=0,0,ROUND(H116/F116,3))","v":166.667},{"$f":"ROUND(СУММЕСЛИДА1НЕ1(L115:L119,\"mWithZPM\",D115:D119,0,H115:H119),0)","v":480},null,"Ж",null,null,{"$f":"IF(F116=0,0,ROUND(N116/F116,3))","v":13.542},{"$f":"ROUND(СУММЕСЛИДА1НЕ1(L115:L119,\"mWithZPM\",D115:D119,0,N115:N119),0)","v":39}]
["6. 2.",{"$f":"ПОЛУЧШИФР(Ресурсы!A68,1)","v":"СЦЭСМ 010410"},{"$f":"Ресурсы!B68","v":"Тракторы на пневмоколесном ходу при работе на других видах строительства 59 кВт (80 л.с.)"},"маш.-ч",0.18,{"$f":"ОКРУГЛВСЕ(IF(E117=\"\",0,E117)*IF(F115=\"\",0,F115),11)","v":2.88},{"$f":"Ресурсы!D68","v":437.58},{"$f":"ROUND(IF(F117=\"\",0,F117)*IF(G117=\"\",0,G117),0)","v":1260},"s","IsMash",null,null,{"$f":"Ресурсы!C68","v":74.61},{"$f":"ROUND(IF(F117=\"\",0,F117)*IF(M117=\"\",0,M117),0)","v":215}]
[null,null,null,{"$f":"Ресурсы!G68","v":1},null,null,{"$f":"Ресурсы!F68","v":166.8},{"$f":"ROUND(IF(F117=\"\",0,F117)*IF(G118=\"\",0,G118),0)","v":480},null,null,"mWithZTM","mWithZPM",{"$f":"Ресурсы!E68","v":13.5},{"$f":"ROUND(IF(F117=\"\",0,F117)*IF(M118=\"\",0,M118),0)","v":39}]
["6. 3.",{"$f":"ПОЛУЧШИФР(Ресурсы!A82,1)","v":"СЦЭСМ 092401"},{"$f":"Ресурсы!B82","v":"Косилки прицепные"},"маш.-ч",0.18,{"$f":"ОКРУГЛВСЕ(IF(E119=\"\",0,E119)*IF(F115=\"\",0,F115),11)","v":2.88},{"$f":"Ресурсы!D82","v":40.35},{"$f":"ROUND(IF(F119=\"\",0,F119)*IF(G119=\"\",0,G119),0)","v":116},"s","IsMash",null,null,{"$f":"Ресурсы!C82","v":10.199999999999999},{"$f":"ROUND(IF(F119=\"\",0,F119)*IF(M119=\"\",0,M119),0)","v":29}]
[null,null,"Зарплата рабочих"]
[null,null,"Эксплуатация машин",null,null,null,null,1376,null,null,null,null,null,244]
[null,null,"в т.ч. зарплата машинистов",null,null,null,null,480,null,null,null,null,null,39]
[null,null,"Материалы"]
[null,null,"в т.ч. Вспомогательные материалы от стоимости материалов"]
[null,null,"в т.ч. Вспомогательные ненормируемые материалы",null,null,null,null,null,"NenormMatOtZPR"]
[null,null,"в т.ч. Ненормированная з.п. рабочих"]
[null,null,"в т.ч. Ненормированная стоимость эксплуатации машин"]
[null,null,"в т.ч. Ненормированная оплата механизаторов"]
[null,null,"Накладные расходы",null,null,null,11.7,{"$f":"IF('Текущие цены с учетом расхода'!N11>0,'Текущие цены с учетом расхода'!N11,IF('Текущие цены с учетом расхода'!N11<0,'Текущие цены с учетом расхода'!N11,\"\"))","v":161},null,"Nakl",null,null,11.7,{"$f":"IF('Базовые цены с учетом расхода'!N11>0,'Базовые цены с учетом расхода'!N11,IF('Базовые цены с учетом расхода'!N11<0,'Базовые цены с учетом расхода'!N11,\"\"))","v":29}]
[null,null,"НР от ЗПР",null,null,null,null,{"$f":"IF('Текущие цены с учетом расхода'!P11>0,'Текущие цены с учетом расхода'!P11,IF('Текущие цены с учетом расхода'!P11<0,'Текущие цены с учетом расхода'!P11,\"\"))","v":""},null,"Nakl_ZPR",null,null,null,{"$f":"IF('Базовые цены с учетом расхода'!P11>0,'Базовые цены с учетом расхода'!P11,IF('Базовые цены с учетом расхода'!P11<0,'Базовые цены с учетом расхода'!P11,\"\"))","v":""}]
[null,null,"НР от ЗПМ",null,null,null,null,{"$f":"IF('Текущие цены с учетом расхода'!Q11>0,'Текущие цены с учетом расхода'!Q11,IF('Текущие цены с учетом расхода'!Q11<0,'Текущие цены с учетом расхода'!Q11,\"\"))","v":""},null,"Nakl_ZPM",null,null,null,{"$f":"IF('Базовые цены с учетом расхода'!Q11>0,'Базовые цены с учетом расхода'!Q11,IF('Базовые цены с учетом расхода'!Q11<0,'Базовые цены с учетом расхода'!Q11,\"\"))","v":""}]
[null,null,"Плановые накопления / Сметная прибыль",null,null,null,8,{"$f":"IF('Текущие цены с учетом расхода'!O11>0,'Текущие цены с учетом расхода'!O11,IF('Текущие цены с учетом расхода'!O11<0,'Текущие цены с учетом расхода'!O11,\"\"))","v":123},null,"Plan",null,null,8,{"$f":"IF('Базовые цены с учетом расхода'!O11>0,'Базовые цены с учетом расхода'!O11,IF('Базовые цены с учетом расхода'!O11<0,'Базовые цены с учетом расхода'!O11,\"\"))","v":22}]
[null,null,"СП от ЗПР",null,null,null,null,{"$f":"IF('Текущие цены с учетом расхода'!R11>0,'Текущие цены с учетом расхода'!R11,IF('Текущие цены с учетом расхода'!R11<0,'Текущие цены с учетом расхода'!R11,\"\"))","v":""},null,"Plan_ZPR",null,null,null,{"$f":"IF('Базовые цены с учетом расхода'!R11>0,'Базовые цены с учетом расхода'!R11,IF('Базовые цены с учетом расхода'!R11<0,'Базовые цены с учетом расхода'!R11,\"\"))","v":""}]
[null,null,"СП от ЗПМ",null,null,null,null,{"$f":"IF('Текущие цены с учетом расхода'!S11>0,'Текущие цены с учетом расхода'!S11,IF('Текущие цены с учетом расхода'!S11<0,'Текущие цены с учетом расхода'!S11,\"\"))","v":""},null,"Plan_ZPM",null,null,null,{"$f":"IF('Базовые цены с учетом расхода'!S11>0,'Базовые цены с учетом расхода'!S11,IF('Базовые цены с учетом расхода'!S11<0,'Базовые цены с учетом расхода'!S11,\"\"))","v":""}]
["7.","ГЭСНс 01-01-013-01","Откидывание травы на обрез вручную","100 м2",null,160,{"$f":"ROUND(СУММПРОИЗВЕСЛИ(1,I135:I137,\"s\",E135:E137,G135:G137,0),2)+SUMIF(I135:I152,\"=NenormMatOtZPR\",G135:G152)","v":12.07},{"$f":"ROUND(СУММПРОИЗВЕСЛИ(F135,I135:I137,\"s\",E135:E137,G135:G137,0),0)+SUMIF(I135:I152,\"=NenormMatOtZPR\",H135:H152)","v":1931},"sum",null,null,null,{"$f":"ROUND(СУММПРОИЗВЕСЛИ(1,I135:I137,\"s\",E135:E137,M135:M137,0),2)+SUMIF(I135:I152,\"=NenormMatOtZPR\",M135:M152)","v":0.94},{"$f":"ROUND(СУММПРОИЗВЕСЛИ(F135,I135:I137,\"s\",E135:E137,M135:M137,0),0)+SUMIF(I135:I152,\"=NenormMatOtZPR\",N135:N152)","v":150}]
["7. 0.","З1000-0001","Затраты труда машинистов","чел.ч",0,0,{"$f":"IF(F136=0,0,ROUND(H136/F136,3))","v":0},null,null,"Ж",null,null,{"$f":"IF(F136=0,0,ROUND(N136/F136,3))","v":0}]
["7. 1.",{"$f":"ПОЛУЧШИФР(Ресурсы!A4,1)","v":"0-4002"},{"$f":"Ресурсы!B4","v":"Дорожный рабочий 2 разряда"},"чел.-ч",0.12,{"$f":"ОКРУГЛВСЕ(IF(E137=\"\",0,E137)*IF(F135=\"\",0,F135),11)","v":19.2},{"$f":"Ресурсы!D4","v":100.57},{"$f":"ROUND(IF(F137=\"\",0,F137)*IF(G137=\"\",0,G137),0)","v":1931},"s","Г",null,null,{"$f":"Ресурсы!C4","v":7.8},{"$f":"ROUND(IF(F137=\"\",0,F137)*IF(M137=\"\",0,M137),0)","v":150}]
[null,null,"Зарплата рабочих",null,null,null,null,1931,null,null,null,null,null,150]
[null,null,"Эксплуатация машин"]
[null,null,"в т.ч. зарплата машинистов"]
[null,null,"Материалы"]
[null,null,"в т.ч. Вспомогательные материалы от стоимости материалов"]
[null,null,"в т.ч. Вспомогательные ненормируемые материалы",null,null,null,null,null,"NenormMatOtZPR"]
[null,null,"в т.ч. Ненормированная з.п. рабочих"]
[null,null,"в т.ч. Ненормированная стоимость эксплуатации машин"]
[null,null,"в т.ч. Ненормированная оплата механизаторов"]
[null,null,"Накладные расходы",null,null,null,11.7,{"$f":"IF('Текущие цены с учетом расхода'!N12>0,'Текущие цены с учетом расхода'!N12,IF('Текущие цены с учетом расхода'!N12<0,'Текущие цены с учетом расхода'!N12,\"\"))","v":226},null,"Nakl",null,null,11.7,{"$f":"IF('Базовые цены с учетом расхода'!N12>0,'Базовые цены с учетом расхода'!N12,IF('Базовые цены с учетом расхода'!N12<0,'Базовые цены с учетом расхода'!N12,\"\"))","v":18}]
[null,null,"НР от ЗПР",null,null,null,null,{"$f":"IF('Текущие цены с учетом расхода'!P12>0,'Текущие цены с учетом расхода'!P12,IF('Текущие цены с учетом расхода'!P12<0,'Текущие цены с учетом расхода'!P12,\"\"))","v":""},null,"Nakl_ZPR",null,null,null,{"$f":"IF('Базовые цены с учетом расхода'!P12>0,'Базовые цены с учетом расхода'!P12,IF('Базовые цены с учетом расхода'!P12<0,'Базовые цены с учетом расхода'!P12,\"\"))","v":""}]
[null,null,"НР от ЗПМ",null,null,null,null,{"$f":"IF('Текущие цены с учетом расхода'!Q12>0,'Текущие цены с учетом расхода'!Q12,IF('Текущие цены с учетом расхода'!Q12<0,'Текущие цены с учетом расхода'!Q12,\"\"))","v":""},null,"Nakl_ZPM",null,null,null,{"$f":"IF('Базовые цены с учетом расхода'!Q12>0,'Базовые цены с учетом расхода'!Q12,IF('Базовые цены с учетом расхода'!Q12<0,'Базовые цены с учетом расхода'!Q12,\"\"))","v":""}]
[null,null,"Плановые накопления / Сметная прибыль",null,null,null,8,{"$f":"IF('Текущие цены с учетом расхода'!O12>0,'Текущие цены с учетом расхода'!O12,IF('Текущие цены с учетом расхода'!O12<0,'Текущие цены с учетом расхода'!O12,\"\"))","v":173},null,"Plan",null,null,8,{"$f":"IF('Базовые цены с учетом расхода'!O12>0,'Базовые цены с учетом расхода'!O12,IF('Базовые цены с учетом расхода'!O12<0,'Базовые цены с учетом расхода'!O12,\"\"))","v":13}]
[null,null,"СП от ЗПР",null,null,null,null,{"$f":"IF('Текущие цены с учетом расхода'!R12>0,'Текущие цены с учетом расхода'!R12,IF('Текущие цены с учетом расхода'!R12<0,'Текущие цены с учетом расхода'!R12,\"\"))","v":""},null,"Plan_ZPR",null,null,null,{"$f":"IF('Базовые цены с учетом расхода'!R12>0,'Базовые цены с учетом расхода'!R12,IF('Базовые цены с учетом расхода'!R12<0,'Базовые цены с учетом расхода'!R12,\"\"))","v":""}]
[null,null,"СП от ЗПМ",null,null,null,null,{"$f":"IF('Текущие цены с учетом расхода'!S12>0,'Текущие цены с учетом расхода'!S12,IF('Текущие цены с учетом расхода'!S12<0,'Текущие цены с учетом расхода'!S12,\"\"))","v":""},null,"Plan_ZPM",null,null,null,{"$f":"IF('Базовые цены с учетом расхода'!S12>0,'Базовые цены с учетом расхода'!S12,IF('Базовые цены с учетом расхода'!S12<0,'Базовые цены с учетом расхода'!S12,\"\"))","v":""}]
["8.","ГЭСНс 01-01-014-03","Устройство дренажных прорезей трактором с навесным оборудованием","км обочины",null,0.01,{"$f":"ROUND(СУММПРОИЗВЕСЛИ(1,I153:I158,\"s\",E153:E158,G153:G158,0),2)+SUMIF(I153:I173,\"=NenormMatOtZPR\",G153:G173)","v":163185.57999999999},{"$f":"ROUND(СУММПРОИЗВЕСЛИ(F153,I153:I158,\"s\",E153:E158,G153:G158,0),0)+SUMIF(I153:I173,\"=NenormMatOtZPR\",H153:H173)","v":1632},"sum",null,null,null,{"$f":"ROUND(СУММПРОИЗВЕСЛИ(1,I153:I158,\"s\",E153:E158,M153:M158,0),2)+SUMIF(I153:I173,\"=NenormMatOtZPR\",M153:M173)","v":2645.55},{"$f":"ROUND(СУММПРОИЗВЕСЛИ(F153,I153:I158,\"s\",E153:E158,M153:M158,0),0)+SUMIF(I153:I173,\"=NenormMatOtZPR\",N153:N173)","v":26}]
["8. 1.","2","Затраты труда машинистов","чел.-ч",{"$f":"ОКРУГЛВСЕ(СУММПРОИЗВЕСЛИ(1,K153:K158,\"mWithZTM\",D153:D158,E153:E158,-1)+СУММКОЭФПРОЦЕНТЕСЛИ(1,1,K153:K158,\"mWithZTM_Proch\",E153:E158,-1),11)","v":10.45},{"$f":"ОКРУГЛВСЕ(СУММПРОИЗВЕСЛИ(1,K153:K158,\"mWithZTM\",D153:D158,F153:F158,-1)+СУММКОЭФПРОЦЕНТЕСЛИ(1,1,K153:K158,\"mWithZTM_Proch\",F153:F158,-1),11)","v":0.1045},{"$f":"IF(F154=0,0,ROUND(H154/F154,3))","v":143.541},{"$f":"ROUND(СУММЕСЛИДА1НЕ1(L153:L158,\"mWithZPM\",D153:D158,0,H153:H158),0)","v":15},null,"Ж",null,null,{"$f":"IF(F154=0,0,ROUND(N154/F154,3))","v":9.5690000000000008},{"$f":"ROUND(СУММЕСЛИДА1НЕ1(L153:L158,\"mWithZPM\",D153:D158,0,N153:N158),0)","v":1}]
["8. 2.",{"$f":"ПОЛУЧШИФР(Ресурсы!A4,1)","v":"0-4002"},{"$f":"Ресурсы!B4","v":"Дорожный рабочий 2 разряда"},"чел.-ч",250,{"$f":"ОКРУГЛВСЕ(IF(E155=\"\",0,E155)*IF(F153=\"\",0,F153),11)","v":2.5},{"$f":"Ресурсы!D4","v":100.57},{"$f":"ROUND(IF(F155=\"\",0,F155)*IF(G155=\"\",0,G155),0)","v":251},"s","Г",null,null,{"$f":"Ресурсы!C4","v":7.8},{"$f":"ROUND(IF(F155=\"\",0,F155)*IF(M155=\"\",0,M155),0)","v":20}]
["8. 3.",{"$f":"ПОЛУЧШИФР(Ресурсы!A67,1)","v":"СЦЭСМ 010409"},{"$f":"Ресурсы!B67","v":"Тракторы на пневмоколесном ходу при работе на других видах строительства 40 кВт (55 л.с.)"},"маш.-ч",10.45,{"$f":"ОКРУГЛВСЕ(IF(E156=\"\",0,E156)*IF(F153=\"\",0,F153),11)","v":0.1045},{"$f":"Ресурсы!D67","v":386.66},{"$f":"ROUND(IF(F156=\"\",0,F156)*IF(G156=\"\",0,G156),0)","v":40},"s","IsMash",null,null,{"$f":"Ресурсы!C67","v":66.56},{"$f":"ROUND(IF(F156=\"\",0,F156)*IF(M156=\"\",0,M156),0)","v":7}]
[null,null,null,{"$f":"Ресурсы!G67","v":1},null,null,{"$f":"Ресурсы!F67","v":142.80000000000001},{"$f":"ROUND(IF(F156=\"\",0,F156)*IF(G157=\"\",0,G157),0)","v":15},null,null,"mWithZTM","mWithZPM",{"$f":"Ресурсы!E67","v":11.6},{"$f":"ROUND(IF(F156=\"\",0,F156)*IF(M157=\"\",0,M157),0)","v":1}]
["8. 4.",{"$f":"ПОЛУЧШИФР(Ресурсы!A55,0)","v":"с408-0024"},{"$f":"Ресурсы!B55","v":"Щебень из природого камня для строительных работ марка 400, фракция 40-70 мм"},"м3",103.5,{"$f":"ОКРУГЛВСЕ(IF(E158=\"\",0,E158)*IF(F153=\"\",0,F153),11)","v":1.0349999999999999},{"$f":"ROUND(Ресурсы!D55*Начисления!AV13,2)","v":1294.71},{"$f":"ROUND(IF(F158=\"\",0,F158)*IF(G158=\"\",0,G158),0)","v":1340},"s","IsMater",null,null,{"$f":"ROUND(Ресурсы!C55*Начисления!AV13,2)","v":0},{"$f":"ROUND(IF(F158=\"\",0,F158)*IF(M158=\"\",0,M158),0)","v":0}]
[null,null,"Зарплата рабочих",null,null,null,null,251,null,null,null,null,null,20]
[null,null,"Эксплуатация машин",null,null,null,null,40,null,null,null,null,null,7]
[null,null,"в т.ч. зарплата машинистов",null,null,null,null,15,null,null,null,null,null,1]
[null,null,"Материалы",null,null,null,null,1340]
[null,null,"в т.ч. Вспомогательные материалы от стоимости материалов"]
[null,null,"в т.ч. Вспомогательные ненормируемые материалы",null,null,null,null,null,"NenormMatOtZPR"]
[null,null,"в т.ч. Ненормированная з.п. рабочих"]
[null,null,"в т.ч. Ненормированная стоимость эксплуатации машин"]
[null,null,"в т.ч. Ненормированная оплата механизаторов"]
[null,null,"Накладные расходы",null,null,null,11.7,{"$f":"IF('Текущие цены с учетом расхода'!N13>0,'Текущие цены с учетом расхода'!N13,IF('Текущие цены с учетом расхода'!N13<0,'Текущие цены с учетом расхода'!N13,\"\"))","v":191},null,"Nakl",null,null,11.7,{"$f":"IF('Базовые цены с учетом расхода'!N13>0,'Базовые цены с учетом расхода'!N13,IF('Базовые цены с учетом расхода'!N13<0,'Базовые цены с учетом расхода'!N13,\"\"))","v":3}]
[null,null,"НР от ЗПР",null,null,null,null,{"$f":"IF('Текущие цены с учетом расхода'!P13>0,'Текущие цены с учетом расхода'!P13,IF('Текущие цены с учетом расхода'!P13<0,'Текущие цены с учетом расхода'!P13,\"\"))","v":""},null,"Nakl_ZPR",null,null,null,{"$f":"IF('Базовые цены с учетом расхода'!P13>0,'Базовые цены с учетом расхода'!P13,IF('Базовые цены с учетом расхода'!P13<0,'Базовые цены с учетом расхода'!P13,\"\"))","v":""}]
[null,null,"НР от ЗПМ",null,null,null,null,{"$f":"IF('Текущие цены с учетом расхода'!Q13>0,'Текущие цены с учетом расхода'!Q13,IF('Текущие цены с учетом расхода'!Q13<0,'Текущие цены с учетом расхода'!Q13,\"\"))","v":""},null,"Nakl_ZPM",null,null,null,{"$f":"IF('Базовые цены с учетом расхода'!Q13>0,'Базовые цены с учетом расхода'!Q13,IF('Базовые цены с учетом расхода'!Q13<0,'Базовые цены с учетом расхода'!Q13,\"\"))","v":""}]
[null,null,"Плановые накопления / Сметная прибыль",null,null,null,8,{"$f":"IF('Текущие цены с учетом расхода'!O13>0,'Текущие цены с учетом расхода'!O13,IF('Текущие цены с учетом расхода'!O13<0,'Текущие цены с учетом расхода'!O13,\"\"))","v":146},null,"Plan",null,null,8,{"$f":"IF('Базовые цены с учетом расхода'!O13>0,'Базовые цены с учетом расхода'!O13,IF('Базовые цены с учетом расхода'!O13<0,'Базовые цены с учетом расхода'!O13,\"\"))","v":2}]
[null,null,"СП от ЗПР",null,null,null,null,{"$f":"IF('Текущие цены с учетом расхода'!R13>0,'Текущие цены с учетом расхода'!R13,IF('Текущие цены с учетом расхода'!R13<0,'Текущие цены с учетом расхода'!R13,\"\"))","v":""},null,"Plan_ZPR",null,null,null,{"$f":"IF('Базовые цены с учетом расхода'!R13>0,'Базовые цены с учетом расхода'!R13,IF('Базовые цены с учетом расхода'!R13<0,'Базовые цены с учетом расхода'!R13,\"\"))","v":""}]
[null,null,"СП от ЗПМ",null,null,null,null,{"$f":"IF('Текущие цены с учетом расхода'!S13>0,'Текущие цены с учетом расхода'!S13,IF('Текущие цены с учетом расхода'!S13<0,'Текущие цены с учетом расхода'!S13,\"\"))","v":""},null,"Plan_ZPM",null,null,null,{"$f":"IF('Базовые цены с учетом расхода'!S13>0,'Базовые цены с учетом расхода'!S13,IF('Базовые цены с учетом расхода'!S13<0,'Базовые цены с учетом расхода'!S13,\"\"))","v":""}]
["9.","ГЭСНс 01-01-018-02","Ликвидация \"диких\" съездов бульдозером 108 л.с.","съезд",null,2,{"$f":"ROUND(СУММПРОИЗВЕСЛИ(1,I174:I177,\"s\",E174:E177,G174:G177,0),2)+SUMIF(I174:I192,\"=NenormMatOtZPR\",G174:G192)","v":165.24},{"$f":"ROUND(СУММПРОИЗВЕСЛИ(F174,I174:I177,\"s\",E174:E177,G174:G177,0),0)+SUMIF(I174:I192,\"=NenormMatOtZPR\",H174:H192)","v":330},"sum",null,null,null,{"$f":"ROUND(СУММПРОИЗВЕСЛИ(1,I174:I177,\"s\",E174:E177,M174:M177,0),2)+SUMIF(I174:I192,\"=NenormMatOtZPR\",M174:M192)","v":21.6},{"$f":"ROUND(СУММПРОИЗВЕСЛИ(F174,I174:I177,\"s\",E174:E177,M174:M177,0),0)+SUMIF(I174:I192,\"=NenormMatOtZPR\",N174:N192)","v":43}]
["9. 1.","2","Затраты труда машинистов","чел.-ч",{"$f":"ОКРУГЛВСЕ(СУММПРОИЗВЕСЛИ(1,K174:K177,\"mWithZTM\",D174:D177,E174:E177,-1)+СУММКОЭФПРОЦЕНТЕСЛИ(1,1,K174:K177,\"mWithZTM_Proch\",E174:E177,-1),11)","v":0.27},{"$f":"ОКРУГЛВСЕ(СУММПРОИЗВЕСЛИ(1,K174:K177,\"mWithZTM\",D174:D177,F174:F177,-1)+СУММКОЭФПРОЦЕНТЕСЛИ(1,1,K174:K177,\"mWithZTM_Proch\",F174:F177,-1),11)","v":0.54},{"$f":"IF(F175=0,0,ROUND(H175/F175,3))","v":177.77799999999999},{"$f":"ROUND(СУММЕСЛИДА1НЕ1(L174:L177,\"mWithZPM\",D174:D177,0,H174:H177),0)","v":96},null,"Ж",null,null,{"$f":"IF(F175=0,0,ROUND(N175/F175,3))","v":14.815},{"$f":"ROUND(СУММЕСЛИДА1НЕ1(L174:L177,\"mWithZPM\",D174:D177,0,N174:N177),0)","v":8}]
["9. 2.",{"$f":"ПОЛУЧШИФР(Ресурсы!A77,1)","v":"СЦЭСМ 070149"},{"$f":"Ресурсы!B77","v":"Бульдозеры при работе на других видах строительства 79 кВт (108 л.с.)"},"маш.-ч",0.27,{"$f":"ОКРУГЛВСЕ(IF(E176=\"\",0,E176)*IF(F174=\"\",0,F174),11)","v":0.54},{"$f":"Ресурсы!D77","v":612},{"$f":"ROUND(IF(F176=\"\",0,F176)*IF(G176=\"\",0,G176),0)","v":330},"s","IsMash",null,null,{"$f":"Ресурсы!C77","v":80.010000000000005},{"$f":"ROUND(IF(F176=\"\",0,F176)*IF(M176=\"\",0,M176),0)","v":43}]
[null,null,null,{"$f":"Ресурсы!G77","v":1},null,null,{"$f":"Ресурсы!F77","v":178},{"$f":"ROUND(IF(F176=\"\",0,F176)*IF(G177=\"\",0,G177),0)","v":96},null,null,"mWithZTM","mWithZPM",{"$f":"Ресурсы!E77","v":14.4},{"$f":"ROUND(IF(F176=\"\",0,F176)*IF(M177=\"\",0,M177),0)","v":8}]
[null,null,"Зарплата рабочих"]
[null,null,"Эксплуатация машин",null,null,null,null,330,null,null,null,null,null,43]
[null,null,"в т.ч. зарплата машинистов",null,null,null,null,96,null,null,null,null,null,8]
[null,null,"Материалы"]
[null,null,"в т.ч. Вспомогательные материалы от стоимости материалов"]
[null,null,"в т.ч. Вспомогательные ненормируемые материалы",null,null,null,null,null,"NenormMatOtZPR"]
[null,null,"в т.ч. Ненормированная з.п. рабочих"]
[null,null,"в т.ч. Ненормированная стоимость эксплуатации машин"]
[null,null,"в т.ч. Ненормированная оплата механизаторов"]
[null,null,"Накладные расходы",null,null,null,11.7,{"$f":"IF('Текущие цены с учетом расхода'!N14>0,'Текущие цены с учетом расхода'!N14,IF('Текущие цены с учетом расхода'!N14<0,'Текущие цены с учетом расхода'!N14,\"\"))","v":39},null,"Nakl",null,null,11.7,{"$f":"IF('Базовые цены с учетом расхода'!N14>0,'Базовые цены с учетом расхода'!N14,IF('Базовые цены с учетом расхода'!N14<0,'Базовые цены с учетом расхода'!N14,\"\"))","v":5}]
[null,null,"НР от ЗПР",null,null,null,null,{"$f":"IF('Текущие цены с учетом расхода'!P14>0,'Текущие цены с учетом расхода'!P14,IF('Текущие цены с учетом расхода'!P14<0,'Текущие цены с учетом расхода'!P14,\"\"))","v":""},null,"Nakl_ZPR",null,null,null,{"$f":"IF('Базовые цены с учетом расхода'!P14>0,'Базовые цены с учетом расхода'!P14,IF('Базовые цены с учетом расхода'!P14<0,'Базовые цены с учетом расхода'!P14,\"\"))","v":""}]
[null,null,"НР от ЗПМ",null,null,null,null,{"$f":"IF('Текущие цены с учетом расхода'!Q14>0,'Текущие цены с учетом расхода'!Q14,IF('Текущие цены с учетом расхода'!Q14<0,'Текущие цены с учетом расхода'!Q14,\"\"))","v":""},null,"Nakl_ZPM",null,null,null,{"$f":"IF('Базовые цены с учетом расхода'!Q14>0,'Базовые цены с учетом расхода'!Q14,IF('Базовые цены с учетом расхода'!Q14<0,'Базовые цены с учетом расхода'!Q14,\"\"))","v":""}]
[null,null,"Плановые накопления / Сметная прибыль",null,null,null,8,{"$f":"IF('Текущие цены с учетом расхода'!O14>0,'Текущие цены с учетом расхода'!O14,IF('Текущие цены с учетом расхода'!O14<0,'Текущие цены с учетом расхода'!O14,\"\"))","v":30},null,"Plan",null,null,8,{"$f":"IF('Базовые цены с учетом расхода'!O14>0,'Базовые цены с учетом расхода'!O14,IF('Базовые цены с учетом расхода'!O14<0,'Базовые цены с учетом расхода'!O14,\"\"))","v":4}]
[null,null,"СП от ЗПР",null,null,null,null,{"$f":"IF('Текущие цены с учетом расхода'!R14>0,'Текущие цены с учетом расхода'!R14,IF('Текущие цены с учетом расхода'!R14<0,'Текущие цены с учетом расхода'!R14,\"\"))","v":""},null,"Plan_ZPR",null,null,null,{"$f":"IF('Базовые цены с учетом расхода'!R14>0,'Базовые цены с учетом расхода'!R14,IF('Базовые цены с учетом расхода'!R14<0,'Базовые цены с учетом расхода'!R14,\"\"))","v":""}]
[null,null,"СП от ЗПМ",null,null,null,null,{"$f":"IF('Текущие цены с учетом расхода'!S14>0,'Текущие цены с учетом расхода'!S14,IF('Текущие цены с учетом расхода'!S14<0,'Текущие цены с учетом расхода'!S14,\"\"))","v":""},null,"Plan_ZPM",null,null,null,{"$f":"IF('Базовые цены с учетом расхода'!S14>0,'Базовые цены с учетом расхода'!S14,IF('Базовые цены с учетом расхода'!S14<0,'Базовые цены с учетом расхода'!S14,\"\"))","v":""}]
[null,"2.Откосы"]
["10.","ГЭСНс 01-01-009-01","Засыпка грунтом промоин и ям на откосах и бермах с трамбованием вручную, грунт I группы","10 м3",null,0.18379999999999999,{"$f":"ROUND(СУММПРОИЗВЕСЛИ(1,I194:I200,\"s\",E194:E200,G194:G200,0),2)+SUMIF(I194:I215,\"=NenormMatOtZPR\",G194:G215)","v":5339.45},{"$f":"ROUND(СУММПРОИЗВЕСЛИ(F194,I194:I200,\"s\",E194:E200,G194:G200,0),0)+SUMIF(I194:I215,\"=NenormMatOtZPR\",H194:H215)","v":981},"sum",null,null,null,{"$f":"ROUND(СУММПРОИЗВЕСЛИ(1,I194:I200,\"s\",E194:E200,M194:M200,0),2)+SUMIF(I194:I215,\"=NenormMatOtZPR\",M194:M215)","v":178.8},{"$f":"ROUND(СУММПРОИЗВЕСЛИ(F194,I194:I200,\"s\",E194:E200,M194:M200,0),0)+SUMIF(I194:I215,\"=NenormMatOtZPR\",N194:N215)","v":33}]
["10. 1.","2","Затраты труда машинистов","чел.-ч",{"$f":"ОКРУГЛВСЕ(СУММПРОИЗВЕСЛИ(1,K194:K200,\"mWithZTM\",D194:D200,E194:E200,-1)+СУММКОЭФПРОЦЕНТЕСЛИ(1,1,K194:K200,\"mWithZTM_Proch\",E194:E200,-1),11)","v":1.36},{"$f":"ОКРУГЛВСЕ(СУММПРОИЗВЕСЛИ(1,K194:K200,\"mWithZTM\",D194:D200,F194:F200,-1)+СУММКОЭФПРОЦЕНТЕСЛИ(1,1,K194:K200,\"mWithZTM_Proch\",F194:F200,-1),11)","v":0.249968},{"$f":"IF(F195=0,0,ROUND(H195/F195,3))","v":148.01900000000001},{"$f":"ROUND(СУММЕСЛИДА1НЕ1(L194:L200,\"mWithZPM\",D194:D200,0,H194:H200),0)","v":37},null,"Ж",null,null,{"$f":"IF(F195=0,0,ROUND(N195/F195,3))","v":12.002000000000001},{"$f":"ROUND(СУММЕСЛИДА1НЕ1(L194:L200,\"mWithZPM\",D194:D200,0,N194:N200),0)","v":3}]
["10. 2.",{"$f":"ПОЛУЧШИФР(Ресурсы!A3,1)","v":"0-4001"},{"$f":"Ресурсы!B3","v":"Дорожный рабочий 1 разряда"},"чел.-ч",4.08,{"$f":"ОКРУГЛВСЕ(IF(E196=\"\",0,E196)*IF(F194=\"\",0,F194),11)","v":0.74990400000000002},{"$f":"Ресурсы!D3","v":92.69},{"$f":"ROUND(IF(F196=\"\",0,F196)*IF(G196=\"\",0,G196),0)","v":70},"s","Г",null,null,{"$f":"Ресурсы!C3","v":7.19},{"$f":"ROUND(IF(F196=\"\",0,F196)*IF(M196=\"\",0,M196),0)","v":5}]
["10. 3.",{"$f":"ПОЛУЧШИФР(Ресурсы!A4,1)","v":"0-4002"},{"$f":"Ресурсы!B4","v":"Дорожный рабочий 2 разряда"},"чел.-ч",4.08,{"$f":"ОКРУГЛВСЕ(IF(E197=\"\",0,E197)*IF(F194=\"\",0,F194),11)","v":0.74990400000000002},{"$f":"Ресурсы!D4","v":100.57},{"$f":"ROUND(IF(F197=\"\",0,F197)*IF(G197=\"\",0,G197),0)","v":75},"s","Г",null,null,{"$f":"Ресурсы!C4","v":7.8},{"$f":"ROUND(IF(F197=\"\",0,F197)*IF(M197=\"\",0,M197),0)","v":6}]
["10. 4.",{"$f":"ПОЛУЧШИФР(Ресурсы!A96,1)","v":"СЦЭСМ 121550"},{"$f":"Ресурсы!B96","v":"Машины дорожной службы (машина дорожного мастера)"},"маш.-ч",1.36,{"$f":"ОКРУГЛВСЕ(IF(E198=\"\",0,E198)*IF(F194=\"\",0,F194),11)","v":0.249968},{"$f":"Ресурсы!D96","v":552.54999999999995},{"$f":"ROUND(IF(F198=\"\",0,F198)*IF(G198=\"\",0,G198),0)","v":138},"s","IsMash",null,null,{"$f":"Ресурсы!C96","v":86.5},{"$f":"ROUND(IF(F198=\"\",0,F198)*IF(M198=\"\",0,M198),0)","v":22}]
[null,null,null,{"$f":"Ресурсы!G96","v":1},null,null,{"$f":"Ресурсы!F96","v":149.81},{"$f":"ROUND(IF(F198=\"\",0,F198)*IF(G199=\"\",0,G199),0)","v":37},null,null,"mWithZTM","mWithZPM",{"$f":"Ресурсы!E96","v":11.6},{"$f":"ROUND(IF(F198=\"\",0,F198)*IF(M199=\"\",0,M199),0)","v":3}]
["10. 5.",{"$f":"ПОЛУЧШИФР(Ресурсы!A49,0)","v":"с407-0024"},{"$f":"Ресурсы!B49","v":"Грунт песчаный, супесчаный"},"м3",11.5,{"$f":"ОКРУГЛВСЕ(IF(E200=\"\",0,E200)*IF(F194=\"\",0,F194),11)","v":2.1137000000000001},{"$f":"ROUND(Ресурсы!D49*Начисления!AV15,2)","v":330.39},{"$f":"ROUND(IF(F200=\"\",0,F200)*IF(G200=\"\",0,G200),0)","v":698},"s","IsMater",null,null,{"$f":"ROUND(Ресурсы!C49*Начисления!AV15,2)","v":0},{"$f":"ROUND(IF(F200=\"\",0,F200)*IF(M200=\"\",0,M200),0)","v":0}]
[null,null,"Зарплата рабочих",null,null,null,null,145,null,null,null,null,null,11]
[null,null,"Эксплуатация машин",null,null,null,null,138,null,null,null,null,null,22]
[null,null,"в т.ч. зарплата машинистов",null,null,null,null,37,null,null,null,null,null,3]
[null,null,"Материалы",null,null,null,null,698]
[null,null,"в т.ч. Вспомогательные материалы от стоимости материалов"]
[null,null,"в т.ч. Вспомогательные ненормируемые материалы",null,null,null,null,null,"NenormMatOtZPR"]
[null,null,"в т.ч. Ненормированная з.п. рабочих"]
[null,null,"в т.ч. Ненормированная стоимость эксплуатации машин"]
[null,null,"в т.ч. Ненормированная оплата механизаторов"]
[null,null,"Накладные расходы",null,null,null,11.7,{"$f":"IF('Текущие цены с учетом расхода'!N15>0,'Текущие цены с учетом расхода'!N15,IF('Текущие цены с учетом расхода'!N15<0,'Текущие цены с учетом расхода'!N15,\"\"))","v":115},null,"Nakl",null,null,11.7,{"$f":"IF('Базовые цены с учетом расхода'!N15>0,'Базовые цены с учетом расхода'!N15,IF('Базовые цены с учетом расхода'!N15<0,'Базовые цены с учетом расхода'!N15,\"\"))","v":4}]
[null,null,"НР от ЗПР",null,null,null,null,{"$f":"IF('Текущие цены с учетом расхода'!P15>0,'Текущие цены с учетом расхода'!P15,IF('Текущие цены с учетом расхода'!P15<0,'Текущие цены с учетом расхода'!P15,\"\"))","v":""},null,"Nakl_ZPR",null,null,null,{"$f":"IF('Базовые цены с учетом расхода'!P15>0,'Базовые цены с учетом расхода'!P15,IF('Базовые цены с учетом расхода'!P15<0,'Базовые цены с учетом расхода'!P15,\"\"))","v":""}]
[null,null,"НР от ЗПМ",null,null,null,null,{"$f":"IF('Текущие цены с учетом расхода'!Q15>0,'Текущие цены с учетом расхода'!Q15,IF('Текущие цены с учетом расхода'!Q15<0,'Текущие цены с учетом расхода'!Q15,\"\"))","v":""},null,"Nakl_ZPM",null,null,null,{"$f":"IF('Базовые цены с учетом расхода'!Q15>0,'Базовые цены с учетом расхода'!Q15,IF('Базовые цены с учетом расхода'!Q15<0,'Базовые цены с учетом расхода'!Q15,\"\"))","v":""}]
[null,null,"Плановые накопления / Сметная прибыль",null,null,null,8,{"$f":"IF('Текущие цены с учетом расхода'!O15>0,'Текущие цены с учетом расхода'!O15,IF('Текущие цены с учетом расхода'!O15<0,'Текущие цены с учетом расхода'!O15,\"\"))","v":88},null,"Plan",null,null,8,{"$f":"IF('Базовые цены с учетом расхода'!O15>0,'Базовые цены с учетом расхода'!O15,IF('Базовые цены с учетом расхода'!O15<0,'Базовые цены с учетом расхода'!O15,\"\"))","v":3}]
[null,null,"СП от ЗПР",null,null,null,null,{"$f":"IF('Текущие цены с учетом расхода'!R15>0,'Текущие цены с учетом расхода'!R15,IF('Текущие цены с учетом расхода'!R15<0,'Текущие цены с учетом расхода'!R15,\"\"))","v":""},null,"Plan_ZPR",null,null,null,{"$f":"IF('Базовые цены с учетом расхода'!R15>0,'Базовые цены с учетом расхода'!R15,IF('Базовые цены с учетом расхода'!R15<0,'Базовые цены с учетом расхода'!R15,\"\"))","v":""}]
[null,null,"СП от ЗПМ",null,null,null,null,{"$f":"IF('Текущие цены с учетом расхода'!S15>0,'Текущие цены с учетом расхода'!S15,IF('Текущие цены с учетом расхода'!S15<0,'Текущие цены с учетом расхода'!S15,\"\"))","v":""},null,"Plan_ZPM",null,null,null,{"$f":"IF('Базовые цены с учетом расхода'!S15>0,'Базовые цены с учетом расхода'!S15,IF('Базовые цены с учетом расхода'!S15<0,'Базовые цены с учетом расхода'!S15,\"\"))","v":""}]
["11.","ГЭСНс 01-01-007-01","Планировка откосов насыпей автогрейдером","1000 м2",null,0.12,{"$f":"ROUND(СУММПРОИЗВЕСЛИ(1,I216:I219,\"s\",E216:E219,G216:G219,0),2)+SUMIF(I216:I234,\"=NenormMatOtZPR\",G216:G234)","v":622.96},{"$f":"ROUND(СУММПРОИЗВЕСЛИ(F216,I216:I219,\"s\",E216:E219,G216:G219,0),0)+SUMIF(I216:I234,\"=NenormMatOtZPR\",H216:H234)","v":75},"sum",null,null,null,{"$f":"ROUND(СУММПРОИЗВЕСЛИ(1,I216:I219,\"s\",E216:E219,M216:M219,0),2)+SUMIF(I216:I234,\"=NenormMatOtZPR\",M216:M234)","v":79.95},{"$f":"ROUND(СУММПРОИЗВЕСЛИ(F216,I216:I219,\"s\",E216:E219,M216:M219,0),0)+SUMIF(I216:I234,\"=NenormMatOtZPR\",N216:N234)","v":10}]
["11. 1.","2","Затраты труда машинистов","чел.-ч",{"$f":"ОКРУГЛВСЕ(СУММПРОИЗВЕСЛИ(1,K216:K219,\"mWithZTM\",D216:D219,E216:E219,-1)+СУММКОЭФПРОЦЕНТЕСЛИ(1,1,K216:K219,\"mWithZTM_Proch\",E216:E219,-1),11)","v":0.65},{"$f":"ОКРУГЛВСЕ(СУММПРОИЗВЕСЛИ(1,K216:K219,\"mWithZTM\",D216:D219,F216:F219,-1)+СУММКОЭФПРОЦЕНТЕСЛИ(1,1,K216:K219,\"mWithZTM_Proch\",F216:F219,-1),11)","v":7.8E-2},{"$f":"IF(F217=0,0,ROUND(H217/F217,3))","v":166.667},{"$f":"ROUND(СУММЕСЛИДА1НЕ1(L216:L219,\"mWithZPM\",D216:D219,0,H216:H219),0)","v":13},null,"Ж",null,null,{"$f":"IF(F217=0,0,ROUND(N217/F217,3))","v":12.821},{"$f":"ROUND(СУММЕСЛИДА1НЕ1(L216:L219,\"mWithZPM\",D216:D219,0,N216:N219),0)","v":1}]
["11. 2.",{"$f":"ПОЛУЧШИФР(Ресурсы!A85,1)","v":"СЦЭСМ 120202"},{"$f":"Ресурсы!B85","v":"Автогрейдеры среднего типа 99 кВт (135 л.с.)"},"маш.-ч",0.65,{"$f":"ОКРУГЛВСЕ(IF(E218=\"\",0,E218)*IF(F216=\"\",0,F216),11)","v":7.8E-2},{"$f":"Ресурсы!D85","v":958.4},{"$f":"ROUND(IF(F218=\"\",0,F218)*IF(G218=\"\",0,G218),0)","v":75},"s","IsMash",null,null,{"$f":"Ресурсы!C85","v":123},{"$f":"ROUND(IF(F218=\"\",0,F218)*IF(M218=\"\",0,M218),0)","v":10}]
[null,null,null,{"$f":"Ресурсы!G85","v":1},null,null,{"$f":"Ресурсы!F85","v":166.8},{"$f":"ROUND(IF(F218=\"\",0,F218)*IF(G219=\"\",0,G219),0)","v":13},null,null,"mWithZTM","mWithZPM",{"$f":"Ресурсы!E85","v":13.5},{"$f":"ROUND(IF(F218=\"\",0,F218)*IF(M219=\"\",0,M219),0)","v":1}]
[null,null,"Зарплата рабочих"]
[null,null,"Эксплуатация машин",null,null,null,null,75,null,null,null,null,null,10]
[null,null,"в т.ч. зарплата машинистов",null,null,null,null,13,null,null,null,null,null,1]
[null,null,"Материалы"]
[null,null,"в т.ч. Вспомогательные материалы от стоимости материалов"]
[null,null,"в т.ч. Вспомогательные ненормируемые материалы",null,null,null,null,null,"NenormMatOtZPR"]
[null,null,"в т.ч. Ненормированная з.п. рабочих"]
[null,null,"в т.ч. Ненормированная стоимость эксплуатации машин"]
[null,null,"в т.ч. Ненормированная оплата механизаторов"]
[null,null,"Накладные расходы",null,null,null,11.7,{"$f":"IF('Текущие цены с учетом расхода'!N16>0,'Текущие цены с учетом расхода'!N16,IF('Текущие цены с учетом расхода'!N16<0,'Текущие цены с учетом расхода'!N16,\"\"))","v":9},null,"Nakl",null,null,11.7,{"$f":"IF('Базовые цены с учетом расхода'!N16>0,'Базовые цены с учетом расхода'!N16,IF('Базовые цены с учетом расхода'!N16<0,'Базовые цены с учетом расхода'!N16,\"\"))","v":1}]
[null,null,"НР от ЗПР",null,null,null,null,{"$f":"IF('Текущие цены с учетом расхода'!P16>0,'Текущие цены с учетом расхода'!P16,IF('Текущие цены с учетом расхода'!P16<0,'Текущие цены с учетом расхода'!P16,\"\"))","v":""},null,"Nakl_ZPR",null,null,null,{"$f":"IF('Базовые цены с учетом расхода'!P16>0,'Базовые цены с учетом расхода'!P16,IF('Базовые цены с учетом расхода'!P16<0,'Базовые цены с учетом расхода'!P16,\"\"))","v":""}]
[null,null,"НР от ЗПМ",null,null,null,null,{"$f":"IF('Текущие цены с учетом расхода'!Q16>0,'Текущие цены с учетом расхода'!Q16,IF('Текущие цены с учетом расхода'!Q16<0,'Текущие цены с учетом расхода'!Q16,\"\"))","v":""},null,"Nakl_ZPM",null,null,null,{"$f":"IF('Базовые цены с учетом расхода'!Q16>0,'Базовые цены с учетом расхода'!Q16,IF('Базовые цены с учетом расхода'!Q16<0,'Базовые цены с учетом расхода'!Q16,\"\"))","v":""}]
[null,null,"Плановые накопления / Сметная прибыль",null,null,null,8,{"$f":"IF('Текущие цены с учетом расхода'!O16>0,'Текущие цены с учетом расхода'!O16,IF('Текущие цены с учетом расхода'!O16<0,'Текущие цены с учетом расхода'!O16,\"\"))","v":7},null,"Plan",null,null,8,{"$f":"IF('Базовые цены с учетом расхода'!O16>0,'Базовые цены с учетом расхода'!O16,IF('Базовые цены с учетом расхода'!O16<0,'Базовые цены с учетом расхода'!O16,\"\"))","v":1}]
[null,null,"СП от ЗПР",null,null,null,null,{"$f":"IF('Текущие цены с учетом расхода'!R16>0,'Текущие цены с учетом расхода'!R16,IF('Текущие цены с учетом расхода'!R16<0,'Текущие цены с учетом расхода'!R16,\"\"))","v":""},null,"Plan_ZPR",null,null,null,{"$f":"IF('Базовые цены с учетом расхода'!R16>0,'Базовые цены с учетом расхода'!R16,IF('Базовые цены с учетом расхода'!R16<0,'Базовые цены с учетом расхода'!R16,\"\"))","v":""}]
[null,null,"СП от ЗПМ",null,null,null,null,{"$f":"IF('Текущие цены с учетом расхода'!S16>0,'Текущие цены с учетом расхода'!S16,IF('Текущие цены с учетом расхода'!S16<0,'Текущие цены с учетом расхода'!S16,\"\"))","v":""},null,"Plan_ZPM",null,null,null,{"$f":"IF('Базовые цены с учетом расхода'!S16>0,'Базовые цены с учетом расхода'!S16,IF('Базовые цены с учетом расхода'!S16<0,'Базовые цены с учетом расхода'!S16,\"\"))","v":""}]
["12.","ГЭСНс 01-01-011-02","Скашивание травы косилкой на базе трактора на пневмоколесном ходу 80 л.с., ширина окашивания до 2 м","км прохода",null,16.8,{"$f":"ROUND(СУММПРОИЗВЕСЛИ(1,I235:I239,\"s\",E235:E239,G235:G239,0),2)+SUMIF(I235:I254,\"=NenormMatOtZPR\",G235:G254)","v":86.03},{"$f":"ROUND(СУММПРОИЗВЕСЛИ(F235,I235:I239,\"s\",E235:E239,G235:G239,0),0)+SUMIF(I235:I254,\"=NenormMatOtZPR\",H235:H254)","v":1445},"sum",null,null,null,{"$f":"ROUND(СУММПРОИЗВЕСЛИ(1,I235:I239,\"s\",E235:E239,M235:M239,0),2)+SUMIF(I235:I254,\"=NenormMatOtZPR\",M235:M254)","v":15.27},{"$f":"ROUND(СУММПРОИЗВЕСЛИ(F235,I235:I239,\"s\",E235:E239,M235:M239,0),0)+SUMIF(I235:I254,\"=NenormMatOtZPR\",N235:N254)","v":256}]
["12. 1.","2","Затраты труда машинистов","чел.-ч",{"$f":"ОКРУГЛВСЕ(СУММПРОИЗВЕСЛИ(1,K235:K239,\"mWithZTM\",D235:D239,E235:E239,-1)+СУММКОЭФПРОЦЕНТЕСЛИ(1,1,K235:K239,\"mWithZTM_Proch\",E235:E239,-1),11)","v":0.18},{"$f":"ОКРУГЛВСЕ(СУММПРОИЗВЕСЛИ(1,K235:K239,\"mWithZTM\",D235:D239,F235:F239,-1)+СУММКОЭФПРОЦЕНТЕСЛИ(1,1,K235:K239,\"mWithZTM_Proch\",F235:F239,-1),11)","v":3.024},{"$f":"IF(F236=0,0,ROUND(H236/F236,3))","v":166.667},{"$f":"ROUND(СУММЕСЛИДА1НЕ1(L235:L239,\"mWithZPM\",D235:D239,0,H235:H239),0)","v":504},null,"Ж",null,null,{"$f":"IF(F236=0,0,ROUND(N236/F236,3))","v":13.558},{"$f":"ROUND(СУММЕСЛИДА1НЕ1(L235:L239,\"mWithZPM\",D235:D239,0,N235:N239),0)","v":41}]
["12. 2.",{"$f":"ПОЛУЧШИФР(Ресурсы!A68,1)","v":"СЦЭСМ 010410"},{"$f":"Ресурсы!B68","v":"Тракторы на пневмоколесном ходу при работе на других видах строительства 59 кВт (80 л.с.)"},"маш.-ч",0.18,{"$f":"ОКРУГЛВСЕ(IF(E237=\"\",0,E237)*IF(F235=\"\",0,F235),11)","v":3.024},{"$f":"Ресурсы!D68","v":437.58},{"$f":"ROUND(IF(F237=\"\",0,F237)*IF(G237=\"\",0,G237),0)","v":1323},"s","IsMash",null,null,{"$f":"Ресурсы!C68","v":74.61},{"$f":"ROUND(IF(F237=\"\",0,F237)*IF(M237=\"\",0,M237),0)","v":226}]
[null,null,null,{"$f":"Ресурсы!G68","v":1},null,null,{"$f":"Ресурсы!F68","v":166.8},{"$f":"ROUND(IF(F237=\"\",0,F237)*IF(G238=\"\",0,G238),0)","v":504},null,null,"mWithZTM","mWithZPM",{"$f":"Ресурсы!E68","v":13.5},{"$f":"ROUND(IF(F237=\"\",0,F237)*IF(M238=\"\",0,M238),0)","v":41}]
["12. 3.",{"$f":"ПОЛУЧШИФР(Ресурсы!A82,1)","v":"СЦЭСМ 092401"},{"$f":"Ресурсы!B82","v":"Косилки прицепные"},"маш.-ч",0.18,{"$f":"ОКРУГЛВСЕ(IF(E239=\"\",0,E239)*IF(F235=\"\",0,F235),11)","v":3.024},{"$f":"Ресурсы!D82","v":40.35},{"$f":"ROUND(IF(F239=\"\",0,F239)*IF(G239=\"\",0,G239),0)","v":122},"s","IsMash",null,null,{"$f":"Ресурсы!C82","v":10.199999999999999},{"$f":"ROUND(IF(F239=\"\",0,F239)*IF(M239=\"\",0,M239),0)","v":31}]
[null,null,"Зарплата рабочих"]
[null,null,"Эксплуатация машин",null,null,null,null,1445,null,null,null,null,null,256]
[null,null,"в т.ч. зарплата машинистов",null,null,null,null,504,null,null,null,null,null,41]
[null,null,"Материалы"]
[null,null,"в т.ч. Вспомогательные материалы от стоимости материалов"]
[null,null,"в т.ч. Вспомогательные ненормируемые материалы",null,null,null,null,null,"NenormMatOtZPR"]
[null,null,"в т.ч. Ненормированная з.п. рабочих"]
[null,null,"в т.ч. Ненормированная стоимость эксплуатации машин"]
[null,null,"в т.ч. Ненормированная оплата механизаторов"]
[null,null,"Накладные расходы",null,null,null,11.7,{"$f":"IF('Текущие цены с учетом расхода'!N17>0,'Текущие цены с учетом расхода'!N17,IF('Текущие цены с учетом расхода'!N17<0,'Текущие цены с учетом расхода'!N17,\"\"))","v":169},null,"Nakl",null,null,11.7,{"$f":"IF('Базовые цены с учетом расхода'!N17>0,'Базовые цены с учетом расхода'!N17,IF('Базовые цены с учетом расхода'!N17<0,'Базовые цены с учетом расхода'!N17,\"\"))","v":30}]
[null,null,"НР от ЗПР",null,null,null,null,{"$f":"IF('Текущие цены с учетом расхода'!P17>0,'Текущие цены с учетом расхода'!P17,IF('Текущие цены с учетом расхода'!P17<0,'Текущие цены с учетом расхода'!P17,\"\"))","v":""},null,"Nakl_ZPR",null,null,null,{"$f":"IF('Базовые цены с учетом расхода'!P17>0,'Базовые цены с учетом расхода'!P17,IF('Базовые цены с учетом расхода'!P17<0,'Базовые цены с учетом расхода'!P17,\"\"))","v":""}]
[null,null,"НР от ЗПМ",null,null,null,null,{"$f":"IF('Текущие цены с учетом расхода'!Q17>0,'Текущие цены с учетом расхода'!Q17,IF('Текущие цены с учетом расхода'!Q17<0,'Текущие цены с учетом расхода'!Q17,\"\"))","v":""},null,"Nakl_ZPM",null,null,null,{"$f":"IF('Базовые цены с учетом расхода'!Q17>0,'Базовые цены с учетом расхода'!Q17,IF('Базовые цены с учетом расхода'!Q17<0,'Базовые цены с учетом расхода'!Q17,\"\"))","v":""}]
[null,null,"Плановые накопления / Сметная прибыль",null,null,null,8,{"$f":"IF('Текущие цены с учетом расхода'!O17>0,'Текущие цены с учетом расхода'!O17,IF('Текущие цены с учетом расхода'!O17<0,'Текущие цены с учетом расхода'!O17,\"\"))","v":129},null,"Plan",null,null,8,{"$f":"IF('Базовые цены с учетом расхода'!O17>0,'Базовые цены с учетом расхода'!O17,IF('Базовые цены с учетом расхода'!O17<0,'Базовые цены с учетом расхода'!O17,\"\"))","v":23}]
[null,null,"СП от ЗПР",null,null,null,null,{"$f":"IF('Текущие цены с учетом расхода'!R17>0,'Текущие цены с учетом расхода'!R17,IF('Текущие цены с учетом расхода'!R17<0,'Текущие цены с учетом расхода'!R17,\"\"))","v":""},null,"Plan_ZPR",null,null,null,{"$f":"IF('Базовые цены с учетом расхода'!R17>0,'Базовые цены с учетом расхода'!R17,IF('Базовые цены с учетом расхода'!R17<0,'Базовые цены с учетом расхода'!R17,\"\"))","v":""}]
[null,null,"СП от ЗПМ",null,null,null,null,{"$f":"IF('Текущие цены с учетом расхода'!S17>0,'Текущие цены с учетом расхода'!S17,IF('Текущие цены с учетом расхода'!S17<0,'Текущие цены с учетом расхода'!S17,\"\"))","v":""},null,"Plan_ZPM",null,null,null,{"$f":"IF('Базовые цены с учетом расхода'!S17>0,'Базовые цены с учетом расхода'!S17,IF('Базовые цены с учетом расхода'!S17<0,'Базовые цены с учетом расхода'!S17,\"\"))","v":""}]
["13.","ГЭСНс 01-07-003-03","Вырубка кустарника и подлеска вручную","га",null,0.03,{"$f":"ROUND(СУММПРОИЗВЕСЛИ(1,I255:I258,\"s\",E255:E258,G255:G258,0),2)+SUMIF(I255:I273,\"=NenormMatOtZPR\",G255:G273)","v":25487.73},{"$f":"ROUND(СУММПРОИЗВЕСЛИ(F255,I255:I258,\"s\",E255:E258,G255:G258,0),0)+SUMIF(I255:I273,\"=NenormMatOtZPR\",H255:H273)","v":765},"sum",null,null,null,{"$f":"ROUND(СУММПРОИЗВЕСЛИ(1,I255:I258,\"s\",E255:E258,M255:M258,0),2)+SUMIF(I255:I273,\"=NenormMatOtZPR\",M255:M273)","v":1977.2},{"$f":"ROUND(СУММПРОИЗВЕСЛИ(F255,I255:I258,\"s\",E255:E258,M255:M258,0),0)+SUMIF(I255:I273,\"=NenormMatOtZPR\",N255:N273)","v":59}]
["13. 0.","З1000-0001","Затраты труда машинистов","чел.ч",0,0,{"$f":"IF(F256=0,0,ROUND(H256/F256,3))","v":0},null,null,"Ж",null,null,{"$f":"IF(F256=0,0,ROUND(N256/F256,3))","v":0}]
["13. 1.",{"$f":"ПОЛУЧШИФР(Ресурсы!A4,1)","v":"0-4002"},{"$f":"Ресурсы!B4","v":"Дорожный рабочий 2 разряда"},"чел.-ч",112.72,{"$f":"ОКРУГЛВСЕ(IF(E257=\"\",0,E257)*IF(F255=\"\",0,F255),11)","v":3.3816000000000002},{"$f":"Ресурсы!D4","v":100.57},{"$f":"ROUND(IF(F257=\"\",0,F257)*IF(G257=\"\",0,G257),0)","v":340},"s","Г",null,null,{"$f":"Ресурсы!C4","v":7.8},{"$f":"ROUND(IF(F257=\"\",0,F257)*IF(M257=\"\",0,M257),0)","v":26}]
["13. 2.",{"$f":"ПОЛУЧШИФР(Ресурсы!A5,1)","v":"0-4003"},{"$f":"Ресурсы!B5","v":"Дорожный рабочий 3 разряда"},"чел.-ч",128.72,{"$f":"ОКРУГЛВСЕ(IF(E258=\"\",0,E258)*IF(F255=\"\",0,F255),11)","v":3.8616000000000001},{"$f":"Ресурсы!D5","v":109.94},{"$f":"ROUND(IF(F258=\"\",0,F258)*IF(G258=\"\",0,G258),0)","v":425},"s","Г",null,null,{"$f":"Ресурсы!C5","v":8.5299999999999994},{"$f":"ROUND(IF(F258=\"\",0,F258)*IF(M258=\"\",0,M258),0)","v":33}]
[null,null,"Зарплата рабочих",null,null,null,null,765,null,null,null,null,null,59]
[null,null,"Эксплуатация машин"]
[null,null,"в т.ч. зарплата машинистов"]
[null,null,"Материалы"]
[null,null,"в т.ч. Вспомогательные материалы от стоимости материалов"]
[null,null,"в т.ч. Вспомогательные ненормируемые материалы",null,null,null,null,null,"NenormMatOtZPR"]
[null,null,"в т.ч. Ненормированная з.п. рабочих"]
[null,null,"в т.ч. Ненормированная стоимость эксплуатации машин"]
[null,null,"в т.ч. Ненормированная оплата механизаторов"]
[null,null,"Накладные расходы",null,null,null,11.7,{"$f":"IF('Текущие цены с учетом расхода'!N18>0,'Текущие цены с учетом расхода'!N18,IF('Текущие цены с учетом расхода'!N18<0,'Текущие цены с учетом расхода'!N18,\"\"))","v":90},null,"Nakl",null,null,11.7,{"$f":"IF('Базовые цены с учетом расхода'!N18>0,'Базовые цены с учетом расхода'!N18,IF('Базовые цены с учетом расхода'!N18<0,'Базовые цены с учетом расхода'!N18,\"\"))","v":7}]
[null,null,"НР от ЗПР",null,null,null,null,{"$f":"IF('Текущие цены с учетом расхода'!P18>0,'Текущие цены с учетом расхода'!P18,IF('Текущие цены с учетом расхода'!P18<0,'Текущие цены с учетом расхода'!P18,\"\"))","v":""},null,"Nakl_ZPR",null,null,null,{"$f":"IF('Базовые цены с учетом расхода'!P18>0,'Базовые цены с учетом расхода'!P18,IF('Базовые цены с учетом расхода'!P18<0,'Базовые цены с учетом расхода'!P18,\"\"))","v":""}]
[null,null,"НР от ЗПМ",null,null,null,null,{"$f":"IF('Текущие цены с учетом расхода'!Q18>0,'Текущие цены с учетом расхода'!Q18,IF('Текущие цены с учетом расхода'!Q18<0,'Текущие цены с учетом расхода'!Q18,\"\"))","v":""},null,"Nakl_ZPM",null,null,null,{"$f":"IF('Базовые цены с учетом расхода'!Q18>0,'Базовые цены с учетом расхода'!Q18,IF('Базовые цены с учетом расхода'!Q18<0,'Базовые цены с учетом расхода'!Q18,\"\"))","v":""}]
[null,null,"Плановые накопления / Сметная прибыль",null,null,null,8,{"$f":"IF('Текущие цены с учетом расхода'!O18>0,'Текущие цены с учетом расхода'!O18,IF('Текущие цены с учетом расхода'!O18<0,'Текущие цены с учетом расхода'!O18,\"\"))","v":68},null,"Plan",null,null,8,{"$f":"IF('Базовые цены с учетом расхода'!O18>0,'Базовые цены с учетом расхода'!O18,IF('Базовые цены с учетом расхода'!O18<0,'Базовые цены с учетом расхода'!O18,\"\"))","v":5}]
[null,null,"СП от ЗПР",null,null,null,null,{"$f":"IF('Текущие цены с учетом расхода'!R18>0,'Текущие цены с учетом расхода'!R18,IF('Текущие цены с учетом расхода'!R18<0,'Текущие цены с учетом расхода'!R18,\"\"))","v":""},null,"Plan_ZPR",null,null,null,{"$f":"IF('Базовые цены с учетом расхода'!R18>0,'Базовые цены с учетом расхода'!R18,IF('Базовые цены с учетом расхода'!R18<0,'Базовые цены с учетом расхода'!R18,\"\"))","v":""}]
[null,null,"СП от ЗПМ",null,null,null,null,{"$f":"IF('Текущие цены с учетом расхода'!S18>0,'Текущие цены с учетом расхода'!S18,IF('Текущие цены с учетом расхода'!S18<0,'Текущие цены с учетом расхода'!S18,\"\"))","v":""},null,"Plan_ZPM",null,null,null,{"$f":"IF('Базовые цены с учетом расхода'!S18>0,'Базовые цены с учетом расхода'!S18,IF('Базовые цены с учетом расхода'!S18<0,'Базовые цены с учетом расхода'!S18,\"\"))","v":""}]
["14.","ГЭСНс 01-07-008-01","Дробление древесно-кустарниковой растительности в щепу","га",null,0.03,{"$f":"ROUND(СУММПРОИЗВЕСЛИ(1,I274:I279,\"s\",E274:E279,G274:G279,0),2)+SUMIF(I274:I294,\"=NenormMatOtZPR\",G274:G294)","v":53548.78},{"$f":"ROUND(СУММПРОИЗВЕСЛИ(F274,I274:I279,\"s\",E274:E279,G274:G279,0),0)+SUMIF(I274:I294,\"=NenormMatOtZPR\",H274:H294)","v":1606},"sum",null,null,null,{"$f":"ROUND(СУММПРОИЗВЕСЛИ(1,I274:I279,\"s\",E274:E279,M274:M279,0),2)+SUMIF(I274:I294,\"=NenormMatOtZPR\",M274:M294)","v":8508.02},{"$f":"ROUND(СУММПРОИЗВЕСЛИ(F274,I274:I279,\"s\",E274:E279,M274:M279,0),0)+SUMIF(I274:I294,\"=NenormMatOtZPR\",N274:N294)","v":255}]
["14. 1.","2","Затраты труда машинистов","чел.-ч",{"$f":"ОКРУГЛВСЕ(СУММПРОИЗВЕСЛИ(1,K274:K279,\"mWithZTM\",D274:D279,E274:E279,-1)+СУММКОЭФПРОЦЕНТЕСЛИ(1,1,K274:K279,\"mWithZTM_Proch\",E274:E279,-1),11)","v":91.8},{"$f":"ОКРУГЛВСЕ(СУММПРОИЗВЕСЛИ(1,K274:K279,\"mWithZTM\",D274:D279,F274:F279,-1)+СУММКОЭФПРОЦЕНТЕСЛИ(1,1,K274:K279,\"mWithZTM_Proch\",F274:F279,-1),11)","v":2.754},{"$f":"IF(F275=0,0,ROUND(H275/F275,3))","v":166.667},{"$f":"ROUND(СУММЕСЛИДА1НЕ1(L274:L279,\"mWithZPM\",D274:D279,0,H274:H279),0)","v":459},null,"Ж",null,null,{"$f":"IF(F275=0,0,ROUND(N275/F275,3))","v":13.435},{"$f":"ROUND(СУММЕСЛИДА1НЕ1(L274:L279,\"mWithZPM\",D274:D279,0,N274:N279),0)","v":37}]
["14. 2.",{"$f":"ПОЛУЧШИФР(Ресурсы!A4,1)","v":"0-4002"},{"$f":"Ресурсы!B4","v":"Дорожный рабочий 2 разряда"},"чел.-ч",91.8,{"$f":"ОКРУГЛВСЕ(IF(E276=\"\",0,E276)*IF(F274=\"\",0,F274),11)","v":2.754},{"$f":"Ресурсы!D4","v":100.57},{"$f":"ROUND(IF(F276=\"\",0,F276)*IF(G276=\"\",0,G276),0)","v":277},"s","Г",null,null,{"$f":"Ресурсы!C4","v":7.8},{"$f":"ROUND(IF(F276=\"\",0,F276)*IF(M276=\"\",0,M276),0)","v":21}]
["14. 3.",{"$f":"ПОЛУЧШИФР(Ресурсы!A68,1)","v":"СЦЭСМ 010410"},{"$f":"Ресурсы!B68","v":"Тракторы на пневмоколесном ходу при работе на других видах строительства 59 кВт (80 л.с.)"},"маш.-ч",91.8,{"$f":"ОКРУГЛВСЕ(IF(E277=\"\",0,E277)*IF(F274=\"\",0,F274),11)","v":2.754},{"$f":"Ресурсы!D68","v":437.58},{"$f":"ROUND(IF(F277=\"\",0,F277)*IF(G277=\"\",0,G277),0)","v":1205},"s","IsMash",null,null,{"$f":"Ресурсы!C68","v":74.61},{"$f":"ROUND(IF(F277=\"\",0,F277)*IF(M277=\"\",0,M277),0)","v":205}]
[null,null,null,{"$f":"Ресурсы!G68","v":1},null,null,{"$f":"Ресурсы!F68","v":166.8},{"$f":"ROUND(IF(F277=\"\",0,F277)*IF(G278=\"\",0,G278),0)","v":459},null,null,"mWithZTM","mWithZPM",{"$f":"Ресурсы!E68","v":13.5},{"$f":"ROUND(IF(F277=\"\",0,F277)*IF(M278=\"\",0,M278),0)","v":37}]
["14. 4.",{"$f":"ПОЛУЧШИФР(Ресурсы!A80,1)","v":"СЦЭСМ 090520"},{"$f":"Ресурсы!B80","v":"Установки навесные для дробления растительности в щепу"},"маш.-ч",91.8,{"$f":"ОКРУГЛВСЕ(IF(E279=\"\",0,E279)*IF(F274=\"\",0,F274),11)","v":2.754},{"$f":"Ресурсы!D80","v":45.17},{"$f":"ROUND(IF(F279=\"\",0,F279)*IF(G279=\"\",0,G279),0)","v":124},"s","IsMash",null,null,{"$f":"Ресурсы!C80","v":10.27},{"$f":"ROUND(IF(F279=\"\",0,F279)*IF(M279=\"\",0,M279),0)","v":28}]
[null,null,"Зарплата рабочих",null,null,null,null,277,null,null,null,null,null,21]
[null,null,"Эксплуатация машин",null,null,null,null,1329,null,null,null,null,null,234]
[null,null,"в т.ч. зарплата машинистов",null,null,null,null,459,null,null,null,null,null,37]
[null,null,"Материалы"]
[null,null,"в т.ч. Вспомогательные материалы от стоимости материалов"]
[null,null,"в т.ч. Вспомогательные ненормируемые материалы",null,null,null,null,null,"NenormMatOtZPR"]
[null,null,"в т.ч. Ненормированная з.п. рабочих"]
[null,null,"в т.ч. Ненормированная стоимость эксплуатации машин"]
[null,null,"в т.ч. Ненормированная оплата механизаторов"]
[null,null,"Накладные расходы",null,null,null,11.7,{"$f":"IF('Текущие цены с учетом расхода'!N19>0,'Текущие цены с учетом расхода'!N19,IF('Текущие цены с учетом расхода'!N19<0,'Текущие цены с учетом расхода'!N19,\"\"))","v":188},null,"Nakl",null,null,11.7,{"$f":"IF('Базовые цены с учетом расхода'!N19>0,'Базовые цены с учетом расхода'!N19,IF('Базовые цены с учетом расхода'!N19<0,'Базовые цены с учетом расхода'!N19,\"\"))","v":30}]
[null,null,"НР от ЗПР",null,null,null,null,{"$f":"IF('Текущие цены с учетом расхода'!P19>0,'Текущие цены с учетом расхода'!P19,IF('Текущие цены с учетом расхода'!P19<0,'Текущие цены с учетом расхода'!P19,\"\"))","v":""},null,"Nakl_ZPR",null,null,null,{"$f":"IF('Базовые цены с учетом расхода'!P19>0,'Базовые цены с учетом расхода'!P19,IF('Базовые цены с учетом расхода'!P19<0,'Базовые цены с учетом расхода'!P19,\"\"))","v":""}]
[null,null,"НР от ЗПМ",null,null,null,null,{"$f":"IF('Текущие цены с учетом расхода'!Q19>0,'Текущие цены с учетом расхода'!Q19,IF('Текущие цены с учетом расхода'!Q19<0,'Текущие цены с учетом расхода'!Q19,\"\"))","v":""},null,"Nakl_ZPM",null,null,null,{"$f":"IF('Базовые цены с учетом расхода'!Q19>0,'Базовые цены с учетом расхода'!Q19,IF('Базовые цены с учетом расхода'!Q19<0,'Базовые цены с учетом расхода'!Q19,\"\"))","v":""}]
[null,null,"Плановые накопления / Сметная прибыль",null,null,null,8,{"$f":"IF('Текущие цены с учетом расхода'!O19>0,'Текущие цены с учетом расхода'!O19,IF('Текущие цены с учетом расхода'!O19<0,'Текущие цены с учетом расхода'!O19,\"\"))","v":144},null,"Plan",null,null,8,{"$f":"IF('Базовые цены с учетом расхода'!O19>0,'Базовые цены с учетом расхода'!O19,IF('Базовые цены с учетом расхода'!O19<0,'Базовые цены с учетом расхода'!O19,\"\"))","v":23}]
[null,null,"СП от ЗПР",null,null,null,null,{"$f":"IF('Текущие цены с учетом расхода'!R19>0,'Текущие цены с учетом расхода'!R19,IF('Текущие цены с учетом расхода'!R19<0,'Текущие цены с учетом расхода'!R19,\"\"))","v":""},null,"Plan_ZPR",null,null,null,{"$f":"IF('Базовые цены с учетом расхода'!R19>0,'Базовые цены с учетом расхода'!R19,IF('Базовые цены с учетом расхода'!R19<0,'Базовые цены с учетом расхода'!R19,\"\"))","v":""}]
[null,null,"СП от ЗПМ",null,null,null,null,{"$f":"IF('Текущие цены с учетом расхода'!S19>0,'Текущие цены с учетом расхода'!S19,IF('Текущие цены с учетом расхода'!S19<0,'Текущие цены с учетом расхода'!S19,\"\"))","v":""},null,"Plan_ZPM",null,null,null,{"$f":"IF('Базовые цены с учетом расхода'!S19>0,'Базовые цены с учетом расхода'!S19,IF('Базовые цены с учетом расхода'!S19<0,'Базовые цены с учетом расхода'!S19,\"\"))","v":""}]
["15.","ГЭСНс 01-10-005-01","Погрузка материалов в автотранспортные средства вручную сподручные и навалочные грузы","т",null,0.6,{"$f":"ROUND(СУММПРОИЗВЕСЛИ(1,I295:I297,\"s\",E295:E297,G295:G297,0),2)+SUMIF(I295:I312,\"=NenormMatOtZPR\",G295:G312)","v":55.31},{"$f":"ROUND(СУММПРОИЗВЕСЛИ(F295,I295:I297,\"s\",E295:E297,G295:G297,0),0)+SUMIF(I295:I312,\"=NenormMatOtZPR\",H295:H312)","v":33},"sum",null,null,null,{"$f":"ROUND(СУММПРОИЗВЕСЛИ(1,I295:I297,\"s\",E295:E297,M295:M297,0),2)+SUMIF(I295:I312,\"=NenormMatOtZPR\",M295:M312)","v":4.29},{"$f":"ROUND(СУММПРОИЗВЕСЛИ(F295,I295:I297,\"s\",E295:E297,M295:M297,0),0)+SUMIF(I295:I312,\"=NenormMatOtZPR\",N295:N312)","v":3}]
["15. 0.","З1000-0001","Затраты труда машинистов","чел.ч",0,0,{"$f":"IF(F296=0,0,ROUND(H296/F296,3))","v":0},null,null,"Ж",null,null,{"$f":"IF(F296=0,0,ROUND(N296/F296,3))","v":0}]
["15. 1.",{"$f":"ПОЛУЧШИФР(Ресурсы!A4,1)","v":"0-4002"},{"$f":"Ресурсы!B4","v":"Дорожный рабочий 2 разряда"},"чел.-ч",0.55000000000000004,{"$f":"ОКРУГЛВСЕ(IF(E297=\"\",0,E297)*IF(F295=\"\",0,F295),11)","v":0.33},{"$f":"Ресурсы!D4","v":100.57},{"$f":"ROUND(IF(F297=\"\",0,F297)*IF(G297=\"\",0,G297),0)","v":33},"s","Г",null,null,{"$f":"Ресурсы!C4","v":7.8},{"$f":"ROUND(IF(F297=\"\",0,F297)*IF(M297=\"\",0,M297),0)","v":3}]
[null,null,"Зарплата рабочих",null,null,null,null,33,null,null,null,null,null,3]
[null,null,"Эксплуатация машин"]
[null,null,"в т.ч. зарплата машинистов"]
[null,null,"Материалы"]
[null,null,"в т.ч. Вспомогательные материалы от стоимости материалов"]
[null,null,"в т.ч. Вспомогательные ненормируемые материалы",null,null,null,null,null,"NenormMatOtZPR"]
[null,null,"в т.ч. Ненормированная з.п. рабочих"]
[null,null,"в т.ч. Ненормированная стоимость эксплуатации машин"]
[null,null,"в т.ч. Ненормированная оплата механизаторов"]
[null,null,"Накладные расходы",null,null,null,11.7,{"$f":"IF('Текущие цены с учетом расхода'!N20>0,'Текущие цены с учетом расхода'!N20,IF('Текущие цены с учетом расхода'!N20<0,'Текущие цены с учетом расхода'!N20,\"\"))","v":4},null,"Nakl",null,null,11.7,{"$f":"IF('Базовые цены с учетом расхода'!N20>0,'Базовые цены с учетом расхода'!N20,IF('Базовые цены с учетом расхода'!N20<0,'Базовые цены с учетом расхода'!N20,\"\"))","v":""}]
[null,null,"НР от ЗПР",null,null,null,null,{"$f":"IF('Текущие цены с учетом расхода'!P20>0,'Текущие цены с учетом расхода'!P20,IF('Текущие цены с учетом расхода'!P20<0,'Текущие цены с учетом расхода'!P20,\"\"))","v":""},null,"Nakl_ZPR",null,null,null,{"$f":"IF('Базовые цены с учетом расхода'!P20>0,'Базовые цены с учетом расхода'!P20,IF('Базовые цены с учетом расхода'!P20<0,'Базовые цены с учетом расхода'!P20,\"\"))","v":""}]
[null,null,"НР от ЗПМ",null,null,null,null,{"$f":"IF('Текущие цены с учетом расхода'!Q20>0,'Текущие цены с учетом расхода'!Q20,IF('Текущие цены с учетом расхода'!Q20<0,'Текущие цены с учетом расхода'!Q20,\"\"))","v":""},null,"Nakl_ZPM",null,null,null,{"$f":"IF('Базовые цены с учетом расхода'!Q20>0,'Базовые цены с учетом расхода'!Q20,IF('Базовые цены с учетом расхода'!Q20<0,'Базовые цены с учетом расхода'!Q20,\"\"))","v":""}]
[null,null,"Плановые накопления / Сметная прибыль",null,null,null,8,{"$f":"IF('Текущие цены с учетом расхода'!O20>0,'Текущие цены с учетом расхода'!O20,IF('Текущие цены с учетом расхода'!O20<0,'Текущие цены с учетом расхода'!O20,\"\"))","v":3},null,"Plan",null,null,8,{"$f":"IF('Базовые цены с учетом расхода'!O20>0,'Базовые цены с учетом расхода'!O20,IF('Базовые цены с учетом расхода'!O20<0,'Базовые цены с учетом расхода'!O20,\"\"))","v":""}]
[null,null,"СП от ЗПР",null,null,null,null,{"$f":"IF('Текущие цены с учетом расхода'!R20>0,'Текущие цены с учетом расхода'!R20,IF('Текущие цены с учетом расхода'!R20<0,'Текущие цены с учетом расхода'!R20,\"\"))","v":""},null,"Plan_ZPR",null,null,null,{"$f":"IF('Базовые цены с учетом расхода'!R20>0,'Базовые цены с учетом расхода'!R20,IF('Базовые цены с учетом расхода'!R20<0,'Базовые цены с учетом расхода'!R20,\"\"))","v":""}]
[null,null,"СП от ЗПМ",null,null,null,null,{"$f":"IF('Текущие цены с учетом расхода'!S20>0,'Текущие цены с учетом расхода'!S20,IF('Текущие цены с учетом расхода'!S20<0,'Текущие цены с учетом расхода'!S20,\"\"))","v":""},null,"Plan_ZPM",null,null,null,{"$f":"IF('Базовые цены с учетом расхода'!S20>0,'Базовые цены с учетом расхода'!S20,IF('Базовые цены с учетом расхода'!S20<0,'Базовые цены с учетом расхода'!S20,\"\"))","v":""}]
["16.","ГЭСНс 01-11-002-05","Простой автомобилей-самосвалов под погрузкой-разгрузкой грузов 1-го класса при погрузке вручную грузоподъемность 10 т","100 т",null,6.0000000000000001E-3,{"$f":"ROUND(СУММПРОИЗВЕСЛИ(1,I313:I316,\"s\",E313:E316,G313:G316,0),2)+SUMIF(I313:I331,\"=NenormMatOtZPR\",G313:G331)","v":5131.62},{"$f":"ROUND(СУММПРОИЗВЕСЛИ(F313,I313:I316,\"s\",E313:E316,G313:G316,0),0)+SUMIF(I313:I331,\"=NenormMatOtZPR\",H313:H331)","v":31},"sum",null,null,null,{"$f":"ROUND(СУММПРОИЗВЕСЛИ(1,I313:I316,\"s\",E313:E316,M313:M316,0),2)+SUMIF(I313:I331,\"=NenormMatOtZPR\",M313:M331)","v":822.16},{"$f":"ROUND(СУММПРОИЗВЕСЛИ(F313,I313:I316,\"s\",E313:E316,M313:M316,0),0)+SUMIF(I313:I331,\"=NenormMatOtZPR\",N313:N331)","v":5}]
["16. 0.","З1000-0001","Затраты труда машинистов","чел.ч",0,0,{"$f":"IF(F314=0,0,ROUND(H314/F314,3))","v":0},null,null,"Ж",null,null,{"$f":"IF(F314=0,0,ROUND(N314/F314,3))","v":0}]
["16. 1.",{"$f":"ПОЛУЧШИФР(Ресурсы!A106,1)","v":"СЦЭСМ 400052"},{"$f":"Ресурсы!B106","v":"Автомобиль-самосвал, грузоподъемность до 10 т"},"маш.-ч",7.31,{"$f":"ОКРУГЛВСЕ(IF(E315=\"\",0,E315)*IF(F313=\"\",0,F313),11)","v":4.3860000000000003E-2},{"$f":"Ресурсы!D106","v":702},{"$f":"ROUND(IF(F315=\"\",0,F315)*IF(G315=\"\",0,G315),0)","v":31},"s","IsMash",null,null,{"$f":"Ресурсы!C106","v":112.47},{"$f":"ROUND(IF(F315=\"\",0,F315)*IF(M315=\"\",0,M315),0)","v":5}]
[null,null,null,{"$f":"Ресурсы!G106","v":1},null,null,{"$f":"Ресурсы!F106","v":142.80000000000001},{"$f":"ROUND(IF(F315=\"\",0,F315)*IF(G316=\"\",0,G316),0)","v":6},null,null,null,null,{"$f":"Ресурсы!E106","v":13.5},{"$f":"ROUND(IF(F315=\"\",0,F315)*IF(M316=\"\",0,M316),0)","v":1}]
[null,null,"Зарплата рабочих"]
[null,null,"Эксплуатация машин",null,null,null,null,31,null,null,null,null,null,5]
[null,null,"в т.ч. зарплата машинистов"]
[null,null,"Материалы"]
[null,null,"в т.ч. Вспомогательные материалы от стоимости материалов"]
[null,null,"в т.ч. Вспомогательные ненормируемые материалы",null,null,null,null,null,"NenormMatOtZPR"]
[null,null,"в т.ч. Ненормированная з.п. рабочих"]
[null,null,"в т.ч. Ненормированная стоимость эксплуатации машин"]
[null,null,"в т.ч. Ненормированная оплата механизаторов"]
[null,null,"Накладные расходы",null,null,null,11.7,{"$f":"IF('Текущие цены с учетом расхода'!N21>0,'Текущие цены с учетом расхода'!N21,IF('Текущие цены с учетом расхода'!N21<0,'Текущие цены с учетом расхода'!N21,\"\"))","v":4},null,"Nakl",null,null,11.7,{"$f":"IF('Базовые цены с учетом расхода'!N21>0,'Базовые цены с учетом расхода'!N21,IF('Базовые цены с учетом расхода'!N21<0,'Базовые цены с учетом расхода'!N21,\"\"))","v":1}]
[null,null,"НР от ЗПР",null,null,null,null,{"$f":"IF('Текущие цены с учетом расхода'!P21>0,'Текущие цены с учетом расхода'!P21,IF('Текущие цены с учетом расхода'!P21<0,'Текущие цены с учетом расхода'!P21,\"\"))","v":""},null,"Nakl_ZPR",null,null,null,{"$f":"IF('Базовые цены с учетом расхода'!P21>0,'Базовые цены с учетом расхода'!P21,IF('Базовые цены с учетом расхода'!P21<0,'Базовые цены с учетом расхода'!P21,\"\"))","v":""}]
[null,null,"НР от ЗПМ",null,null,null,null,{"$f":"IF('Текущие цены с учетом расхода'!Q21>0,'Текущие цены с учетом расхода'!Q21,IF('Текущие цены с учетом расхода'!Q21<0,'Текущие цены с учетом расхода'!Q21,\"\"))","v":""},null,"Nakl_ZPM",null,null,null,{"$f":"IF('Базовые цены с учетом расхода'!Q21>0,'Базовые цены с учетом расхода'!Q21,IF('Базовые цены с учетом расхода'!Q21<0,'Базовые цены с учетом расхода'!Q21,\"\"))","v":""}]
[null,null,"Плановые накопления / Сметная прибыль",null,null,null,8,{"$f":"IF('Текущие цены с учетом расхода'!O21>0,'Текущие цены с учетом расхода'!O21,IF('Текущие цены с учетом расхода'!O21<0,'Текущие цены с учетом расхода'!O21,\"\"))","v":3},null,"Plan",null,null,8,{"$f":"IF('Базовые цены с учетом расхода'!O21>0,'Базовые цены с учетом расхода'!O21,IF('Базовые цены с учетом расхода'!O21<0,'Базовые цены с учетом расхода'!O21,\"\"))","v":""}]
[null,null,"СП от ЗПР",null,null,null,null,{"$f":"IF('Текущие цены с учетом расхода'!R21>0,'Текущие цены с учетом расхода'!R21,IF('Текущие цены с учетом расхода'!R21<0,'Текущие цены с учетом расхода'!R21,\"\"))","v":""},null,"Plan_ZPR",null,null,null,{"$f":"IF('Базовые цены с учетом расхода'!R21>0,'Базовые цены с учетом расхода'!R21,IF('Базовые цены с учетом расхода'!R21<0,'Базовые цены с учетом расхода'!R21,\"\"))","v":""}]
[null,null,"СП от ЗПМ",null,null,null,null,{"$f":"IF('Текущие цены с учетом расхода'!S21>0,'Текущие цены с учетом расхода'!S21,IF('Текущие цены с учетом расхода'!S21<0,'Текущие цены с учетом расхода'!S21,\"\"))","v":""},null,"Plan_ZPM",null,null,null,{"$f":"IF('Базовые цены с учетом расхода'!S21>0,'Базовые цены с учетом расхода'!S21,IF('Базовые цены с учетом расхода'!S21<0,'Базовые цены с учетом расхода'!S21,\"\"))","v":""}]
["17.","ГЭСНс 01-11-002-10","При перевозке грузов 1-го класса по дорогам с усовершествованным типом покрытия на расстояние свыше 3 км принимать на каждый километр (добавлять к нормам 1 - 5) грузоподъемность 10 т до 10 км","100 т",null,0.06,{"$f":"ROUND(СУММПРОИЗВЕСЛИ(1,I332:I336,\"s\",E332:E336,G332:G336,0),2)+SUMIF(I332:I351,\"=NenormMatOtZPR\",G332:G351)","v":407.16},{"$f":"ROUND(СУММПРОИЗВЕСЛИ(F332,I332:I336,\"s\",E332:E336,G332:G336,0),0)+SUMIF(I332:I351,\"=NenormMatOtZPR\",H332:H351)","v":24},"sum",null,null,null,{"$f":"ROUND(СУММПРОИЗВЕСЛИ(1,I332:I336,\"s\",E332:E336,M332:M336,0),2)+SUMIF(I332:I351,\"=NenormMatOtZPR\",M332:M351)","v":65.23},{"$f":"ROUND(СУММПРОИЗВЕСЛИ(F332,I332:I336,\"s\",E332:E336,M332:M336,0),0)+SUMIF(I332:I351,\"=NenormMatOtZPR\",N332:N351)","v":4}]
[null,null,{"$f":"IF(ROUND((0.6*10)/100,9)=F332,\"Объем: 0.6*10\",\"\")","v":"Объем: 0.6*10"}]
["17. 0.","З1000-0001","Затраты труда машинистов","чел.ч",0,0,{"$f":"IF(F334=0,0,ROUND(H334/F334,3))","v":0},null,null,"Ж",null,null,{"$f":"IF(F334=0,0,ROUND(N334/F334,3))","v":0}]
["17. 1.",{"$f":"ПОЛУЧШИФР(Ресурсы!A106,1)","v":"СЦЭСМ 400052"},{"$f":"Ресурсы!B106","v":"Автомобиль-самосвал, грузоподъемность до 10 т"},"маш.-ч",0.57999999999999996,{"$f":"ОКРУГЛВСЕ(IF(E335=\"\",0,E335)*IF(F332=\"\",0,F332),11)","v":3.4799999999999998E-2},{"$f":"Ресурсы!D106","v":702},{"$f":"ROUND(IF(F335=\"\",0,F335)*IF(G335=\"\",0,G335),0)","v":24},"s","IsMash",null,null,{"$f":"Ресурсы!C106","v":112.47},{"$f":"ROUND(IF(F335=\"\",0,F335)*IF(M335=\"\",0,M335),0)","v":4}]
[null,null,null,{"$f":"Ресурсы!G106","v":1},null,null,{"$f":"Ресурсы!F106","v":142.80000000000001},{"$f":"ROUND(IF(F335=\"\",0,F335)*IF(G336=\"\",0,G336),0)","v":5},null,null,null,null,{"$f":"Ресурсы!E106","v":13.5},{"$f":"ROUND(IF(F335=\"\",0,F335)*IF(M336=\"\",0,M336),0)","v":0}]
[null,null,"Зарплата рабочих"]
[null,null,"Эксплуатация машин",null,null,null,null,24,null,null,null,null,null,4]
[null,null,"в т.ч. зарплата машинистов"]
[null,null,"Материалы"]
[null,null,"в т.ч. Вспомогательные материалы от стоимости материалов"]
[null,null,"в т.ч. Вспомогательные ненормируемые материалы",null,null,null,null,null,"NenormMatOtZPR"]
[null,null,"в т.ч. Ненормированная з.п. рабочих"]
[null,null,"в т.ч. Ненормированная стоимость эксплуатации машин"]
[null,null,"в т.ч. Ненормированная оплата механизаторов"]
[null,null,"Накладные расходы",null,null,null,11.7,{"$f":"IF('Текущие цены с учетом расхода'!N22>0,'Текущие цены с учетом расхода'!N22,IF('Текущие цены с учетом расхода'!N22<0,'Текущие цены с учетом расхода'!N22,\"\"))","v":3},null,"Nakl",null,null,11.7,{"$f":"IF('Базовые цены с учетом расхода'!N22>0,'Базовые цены с учетом расхода'!N22,IF('Базовые цены с учетом расхода'!N22<0,'Базовые цены с учетом расхода'!N22,\"\"))","v":""}]
[null,null,"НР от ЗПР",null,null,null,null,{"$f":"IF('Текущие цены с учетом расхода'!P22>0,'Текущие цены с учетом расхода'!P22,IF('Текущие цены с учетом расхода'!P22<0,'Текущие цены с учетом расхода'!P22,\"\"))","v":""},null,"Nakl_ZPR",null,null,null,{"$f":"IF('Базовые цены с учетом расхода'!P22>0,'Базовые цены с учетом расхода'!P22,IF('Базовые цены с учетом расхода'!P22<0,'Базовые цены с учетом расхода'!P22,\"\"))","v":""}]
[null,null,"НР от ЗПМ",null,null,null,null,{"$f":"IF('Текущие цены с учетом расхода'!Q22>0,'Текущие цены с учетом расхода'!Q22,IF('Текущие цены с учетом расхода'!Q22<0,'Текущие цены с учетом расхода'!Q22,\"\"))","v":""},null,"Nakl_ZPM",null,null,null,{"$f":"IF('Базовые цены с учетом расхода'!Q22>0,'Базовые цены с учетом расхода'!Q22,IF('Базовые цены с учетом расхода'!Q22<0,'Базовые цены с учетом расхода'!Q22,\"\"))","v":""}]
[null,null,"Плановые накопления / Сметная прибыль",null,null,null,8,{"$f":"IF('Текущие цены с учетом расхода'!O22>0,'Текущие цены с учетом расхода'!O22,IF('Текущие цены с учетом расхода'!O22<0,'Текущие цены с учетом расхода'!O22,\"\"))","v":2},null,"Plan",null,null,8,{"$f":"IF('Базовые цены с учетом расхода'!O22>0,'Базовые цены с учетом расхода'!O22,IF('Базовые цены с учетом расхода'!O22<0,'Базовые цены с учетом расхода'!O22,\"\"))","v":""}]
[null,null,"СП от ЗПР",null,null,null,null,{"$f":"IF('Текущие цены с учетом расхода'!R22>0,'Текущие цены с учетом расхода'!R22,IF('Текущие цены с учетом расхода'!R22<0,'Текущие цены с учетом расхода'!R22,\"\"))","v":""},null,"Plan_ZPR",null,null,null,{"$f":"IF('Базовые цены с учетом расхода'!R22>0,'Базовые цены с учетом расхода'!R22,IF('Базовые цены с учетом расхода'!R22<0,'Базовые цены с учетом расхода'!R22,\"\"))","v":""}]
[null,null,"СП от ЗПМ",null,null,null,null,{"$f":"IF('Текущие цены с учетом расхода'!S22>0,'Текущие цены с учетом расхода'!S22,IF('Текущие цены с учетом расхода'!S22<0,'Текущие цены с учетом расхода'!S22,\"\"))","v":""},null,"Plan_ZPM",null,null,null,{"$f":"IF('Базовые цены с учетом расхода'!S22>0,'Базовые цены с учетом расхода'!S22,IF('Базовые цены с учетом расхода'!S22<0,'Базовые цены с учетом расхода'!S22,\"\"))","v":""}]
["18.","ГЭСНс 01-02-002-01","Уборка различных предметов и мусора с элементов автомобильной дороги","км прохода",null,5.88,{"$f":"ROUND(СУММПРОИЗВЕСЛИ(1,I352:I356,\"s\",E352:E356,G352:G356,0),2)+SUMIF(I352:I371,\"=NenormMatOtZPR\",G352:G371)","v":208.17},{"$f":"ROUND(СУММПРОИЗВЕСЛИ(F352,I352:I356,\"s\",E352:E356,G352:G356,0),0)+SUMIF(I352:I371,\"=NenormMatOtZPR\",H352:H371)","v":1224},"sum",null,null,null,{"$f":"ROUND(СУММПРОИЗВЕСЛИ(1,I352:I356,\"s\",E352:E356,M352:M356,0),2)+SUMIF(I352:I371,\"=NenormMatOtZPR\",M352:M371)","v":25.08},{"$f":"ROUND(СУММПРОИЗВЕСЛИ(F352,I352:I356,\"s\",E352:E356,M352:M356,0),0)+SUMIF(I352:I371,\"=NenormMatOtZPR\",N352:N371)","v":147}]
["18. 1.","2","Затраты труда машинистов","чел.-ч",{"$f":"ОКРУГЛВСЕ(СУММПРОИЗВЕСЛИ(1,K352:K356,\"mWithZTM\",D352:D356,E352:E356,-1)+СУММКОЭФПРОЦЕНТЕСЛИ(1,1,K352:K356,\"mWithZTM_Proch\",E352:E356,-1),11)","v":0.09},{"$f":"ОКРУГЛВСЕ(СУММПРОИЗВЕСЛИ(1,K352:K356,\"mWithZTM\",D352:D356,F352:F356,-1)+СУММКОЭФПРОЦЕНТЕСЛИ(1,1,K352:K356,\"mWithZTM_Proch\",F352:F356,-1),11)","v":0.5292},{"$f":"IF(F353=0,0,ROUND(H353/F353,3))","v":173.84700000000001},{"$f":"ROUND(СУММЕСЛИДА1НЕ1(L352:L356,\"mWithZPM\",D352:D356,0,H352:H356),0)","v":92},null,"Ж",null,null,{"$f":"IF(F353=0,0,ROUND(N353/F353,3))","v":13.228},{"$f":"ROUND(СУММЕСЛИДА1НЕ1(L352:L356,\"mWithZPM\",D352:D356,0,N352:N356),0)","v":7}]
["18. 2.",{"$f":"ПОЛУЧШИФР(Ресурсы!A4,1)","v":"0-4002"},{"$f":"Ресурсы!B4","v":"Дорожный рабочий 2 разряда"},"чел.-ч",1.07,{"$f":"ОКРУГЛВСЕ(IF(E354=\"\",0,E354)*IF(F352=\"\",0,F352),11)","v":6.2915999999999999},{"$f":"Ресурсы!D4","v":100.57},{"$f":"ROUND(IF(F354=\"\",0,F354)*IF(G354=\"\",0,G354),0)","v":633},"s","Г",null,null,{"$f":"Ресурсы!C4","v":7.8},{"$f":"ROUND(IF(F354=\"\",0,F354)*IF(M354=\"\",0,M354),0)","v":49}]
["18. 3.",{"$f":"ПОЛУЧШИФР(Ресурсы!A94,1)","v":"СЦЭСМ 121342"},{"$f":"Ресурсы!B94","v":"Машины дорожные комбинированные, мощностью от 210 до 270 л.с."},"маш.-ч",0.09,{"$f":"ОКРУГЛВСЕ(IF(E355=\"\",0,E355)*IF(F352=\"\",0,F352),11)","v":0.5292},{"$f":"Ресурсы!D94","v":1117.3399999999999},{"$f":"ROUND(IF(F355=\"\",0,F355)*IF(G355=\"\",0,G355),0)","v":591},"s","IsMash",null,null,{"$f":"Ресурсы!C94","v":185.95},{"$f":"ROUND(IF(F355=\"\",0,F355)*IF(M355=\"\",0,M355),0)","v":98}]
[null,null,null,{"$f":"Ресурсы!G94","v":1},null,null,{"$f":"Ресурсы!F94","v":174.31},{"$f":"ROUND(IF(F355=\"\",0,F355)*IF(G356=\"\",0,G356),0)","v":92},null,null,"mWithZTM","mWithZPM",{"$f":"Ресурсы!E94","v":13.5},{"$f":"ROUND(IF(F355=\"\",0,F355)*IF(M356=\"\",0,M356),0)","v":7}]
[null,null,"Зарплата рабочих",null,null,null,null,633,null,null,null,null,null,49]
[null,null,"Эксплуатация машин",null,null,null,null,591,null,null,null,null,null,98]
[null,null,"в т.ч. зарплата машинистов",null,null,null,null,92,null,null,null,null,null,7]
[null,null,"Материалы"]
[null,null,"в т.ч. Вспомогательные материалы от стоимости материалов"]
[null,null,"в т.ч. Вспомогательные ненормируемые материалы",null,null,null,null,null,"NenormMatOtZPR"]
[null,null,"в т.ч. Ненормированная з.п. рабочих"]
[null,null,"в т.ч. Ненормированная стоимость эксплуатации машин"]
[null,null,"в т.ч. Ненормированная оплата механизаторов"]
[null,null,"Накладные расходы",null,null,null,11.7,{"$f":"IF('Текущие цены с учетом расхода'!N23>0,'Текущие цены с учетом расхода'!N23,IF('Текущие цены с учетом расхода'!N23<0,'Текущие цены с учетом расхода'!N23,\"\"))","v":143},null,"Nakl",null,null,11.7,{"$f":"IF('Базовые цены с учетом расхода'!N23>0,'Базовые цены с учетом расхода'!N23,IF('Базовые цены с учетом расхода'!N23<0,'Базовые цены с учетом расхода'!N23,\"\"))","v":17}]
[null,null,"НР от ЗПР",null,null,null,null,{"$f":"IF('Текущие цены с учетом расхода'!P23>0,'Текущие цены с учетом расхода'!P23,IF('Текущие цены с учетом расхода'!P23<0,'Текущие цены с учетом расхода'!P23,\"\"))","v":""},null,"Nakl_ZPR",null,null,null,{"$f":"IF('Базовые цены с учетом расхода'!P23>0,'Базовые цены с учетом расхода'!P23,IF('Базовые цены с учетом расхода'!P23<0,'Базовые цены с учетом расхода'!P23,\"\"))","v":""}]
[null,null,"НР от ЗПМ",null,null,null,null,{"$f":"IF('Текущие цены с учетом расхода'!Q23>0,'Текущие цены с учетом расхода'!Q23,IF('Текущие цены с учетом расхода'!Q23<0,'Текущие цены с учетом расхода'!Q23,\"\"))","v":""},null,"Nakl_ZPM",null,null,null,{"$f":"IF('Базовые цены с учетом расхода'!Q23>0,'Базовые цены с учетом расхода'!Q23,IF('Базовые цены с учетом расхода'!Q23<0,'Базовые цены с учетом расхода'!Q23,\"\"))","v":""}]
[null,null,"Плановые накопления / Сметная прибыль",null,null,null,8,{"$f":"IF('Текущие цены с учетом расхода'!O23>0,'Текущие цены с учетом расхода'!O23,IF('Текущие цены с учетом расхода'!O23<0,'Текущие цены с учетом расхода'!O23,\"\"))","v":109},null,"Plan",null,null,8,{"$f":"IF('Базовые цены с учетом расхода'!O23>0,'Базовые цены с учетом расхода'!O23,IF('Базовые цены с учетом расхода'!O23<0,'Базовые цены с учетом расхода'!O23,\"\"))","v":13}]
[null,null,"СП от ЗПР",null,null,null,null,{"$f":"IF('Текущие цены с учетом расхода'!R23>0,'Текущие цены с учетом расхода'!R23,IF('Текущие цены с учетом расхода'!R23<0,'Текущие цены с учетом расхода'!R23,\"\"))","v":""},null,"Plan_ZPR",null,null,null,{"$f":"IF('Базовые цены с учетом расхода'!R23>0,'Базовые цены с учетом расхода'!R23,IF('Базовые цены с учетом расхода'!R23<0,'Базовые цены с учетом расхода'!R23,\"\"))","v":""}]
[null,null,"СП от ЗПМ",null,null,null,null,{"$f":"IF('Текущие цены с учетом расхода'!S23>0,'Текущие цены с учетом расхода'!S23,IF('Текущие цены с учетом расхода'!S23<0,'Текущие цены с учетом расхода'!S23,\"\"))","v":""},null,"Plan_ZPM",null,null,null,{"$f":"IF('Базовые цены с учетом расхода'!S23>0,'Базовые цены с учетом расхода'!S23,IF('Базовые цены с учетом расхода'!S23<0,'Базовые цены с учетом расхода'!S23,\"\"))","v":""}]
["19.","ГЭСН 31-01-001-01","Вспашка и рыхление почвы","1 га",null,5.5999999999999999E-3,{"$f":"ROUND(СУММПРОИЗВЕСЛИ(1,I372:I381,\"s\",E372:E381,G372:G381,0),2)+SUMIF(I372:I396,\"=NenormMatOtZPR\",G372:G396)","v":9321.2999999999993},{"$f":"ROUND(СУММПРОИЗВЕСЛИ(F372,I372:I381,\"s\",E372:E381,G372:G381,0),0)+SUMIF(I372:I396,\"=NenormMatOtZPR\",H372:H396)","v":52},"sum",null,null,null,{"$f":"ROUND(СУММПРОИЗВЕСЛИ(1,I372:I381,\"s\",E372:E381,M372:M381,0),2)+SUMIF(I372:I396,\"=NenormMatOtZPR\",M372:M396)","v":0},{"$f":"ROUND(СУММПРОИЗВЕСЛИ(F372,I372:I381,\"s\",E372:E381,M372:M381,0),0)+SUMIF(I372:I396,\"=NenormMatOtZPR\",N372:N396)","v":0}]
["19. 1.","ГЭСН 2","Затраты труда машинистов","чел.-ч",{"$f":"ОКРУГЛВСЕ(СУММПРОИЗВЕСЛИ(1,K372:K381,\"mWithZTM\",D372:D381,E372:E381,-1)+СУММКОЭФПРОЦЕНТЕСЛИ(1,1,K372:K381,\"mWithZTM_Proch\",E372:E381,-1),11)","v":18.649999999999999},{"$f":"ОКРУГЛВСЕ(СУММПРОИЗВЕСЛИ(1,K372:K381,\"mWithZTM\",D372:D381,F372:F381,-1)+СУММКОЭФПРОЦЕНТЕСЛИ(1,1,K372:K381,\"mWithZTM_Proch\",F372:F381,-1),11)","v":0.10444000000000001},{"$f":"IF(F373=0,0,ROUND(H373/F373,3))","v":162.773},{"$f":"ROUND(СУММЕСЛИДА1НЕ1(L372:L381,\"mWithZPM\",D372:D381,0,H372:H381),0)","v":17},null,"Ж",null,null,{"$f":"IF(F373=0,0,ROUND(N373/F373,3))","v":0},{"$f":"ROUND(СУММЕСЛИДА1НЕ1(L372:L381,\"mWithZPM\",D372:D381,0,N372:N381),0)","v":0}]
["19. 2.",{"$f":"ПОЛУЧШИФР(Ресурсы!A65,1)","v":"СЦЭСМ 010311"},{"$f":"Ресурсы!B65","v":"Тракторы на гусеничном ходу при работе на других видах строительства 59 кВт (80 л.с.)"},"маш.-ч",16.47,{"$f":"ОКРУГЛВСЕ(IF(E374=\"\",0,E374)*IF(F372=\"\",0,F372),11)","v":9.2231999999999995E-2},{"$f":"Ресурсы!D65","v":461.77},{"$f":"ROUND(IF(F374=\"\",0,F374)*IF(G374=\"\",0,G374),0)","v":43},"s","IsMash",null,null,{"$f":"Ресурсы!C65","v":0},{"$f":"ROUND(IF(F374=\"\",0,F374)*IF(M374=\"\",0,M374),0)","v":0}]
[null,null,null,{"$f":"Ресурсы!G65","v":1},null,null,{"$f":"Ресурсы!F65","v":166.8},{"$f":"ROUND(IF(F374=\"\",0,F374)*IF(G375=\"\",0,G375),0)","v":15},null,null,"mWithZTM","mWithZPM",{"$f":"Ресурсы!E65","v":0},{"$f":"ROUND(IF(F374=\"\",0,F374)*IF(M375=\"\",0,M375),0)","v":0}]
["19. 3.",{"$f":"ПОЛУЧШИФР(Ресурсы!A66,1)","v":"СЦЭСМ 010312"},{"$f":"Ресурсы!B66","v":"Тракторы на гусеничном ходу при работе на других видах строительства 79 кВт (108 л.с.)"},"маш.-ч",2.1800000000000002,{"$f":"ОКРУГЛВСЕ(IF(E376=\"\",0,E376)*IF(F372=\"\",0,F372),11)","v":1.2208E-2},{"$f":"Ресурсы!D66","v":501.55},{"$f":"ROUND(IF(F376=\"\",0,F376)*IF(G376=\"\",0,G376),0)","v":6},"s","IsMash",null,null,{"$f":"Ресурсы!C66","v":0},{"$f":"ROUND(IF(F376=\"\",0,F376)*IF(M376=\"\",0,M376),0)","v":0}]
[null,null,null,{"$f":"Ресурсы!G66","v":1},null,null,{"$f":"Ресурсы!F66","v":178},{"$f":"ROUND(IF(F376=\"\",0,F376)*IF(G377=\"\",0,G377),0)","v":2},null,null,"mWithZTM","mWithZPM",{"$f":"Ресурсы!E66","v":0},{"$f":"ROUND(IF(F376=\"\",0,F376)*IF(M377=\"\",0,M377),0)","v":0}]
["19. 4.",{"$f":"ПОЛУЧШИФР(Ресурсы!A78,1)","v":"СЦЭСМ 090111"},{"$f":"Ресурсы!B78","v":"Бороны зубовые"},"маш.-ч",4.3600000000000003,{"$f":"ОКРУГЛВСЕ(IF(E378=\"\",0,E378)*IF(F372=\"\",0,F372),11)","v":2.4416E-2},{"$f":"Ресурсы!D78","v":5.07},{"$f":"ROUND(IF(F378=\"\",0,F378)*IF(G378=\"\",0,G378),0)","v":0},"s","IsMash",null,null,{"$f":"Ресурсы!C78","v":0},{"$f":"ROUND(IF(F378=\"\",0,F378)*IF(M378=\"\",0,M378),0)","v":0}]
["19. 5.",{"$f":"ПОЛУЧШИФР(Ресурсы!A79,1)","v":"СЦЭСМ 090200"},{"$f":"Ресурсы!B79","v":"Грабли кустарниковые навесные (без трактора)"},"маш.-ч",2.1800000000000002,{"$f":"ОКРУГЛВСЕ(IF(E379=\"\",0,E379)*IF(F372=\"\",0,F372),11)","v":1.2208E-2},{"$f":"Ресурсы!D79","v":20.72},{"$f":"ROUND(IF(F379=\"\",0,F379)*IF(G379=\"\",0,G379),0)","v":0},"s","IsMash",null,null,{"$f":"Ресурсы!C79","v":0},{"$f":"ROUND(IF(F379=\"\",0,F379)*IF(M379=\"\",0,M379),0)","v":0}]
["19. 6.",{"$f":"ПОЛУЧШИФР(Ресурсы!A81,1)","v":"СЦЭСМ 091306"},{"$f":"Ресурсы!B81","v":"Плуги четырехкорпусные навесные"},"маш.-ч",2.96,{"$f":"ОКРУГЛВСЕ(IF(E380=\"\",0,E380)*IF(F372=\"\",0,F372),11)","v":1.6576E-2},{"$f":"Ресурсы!D81","v":43.22},{"$f":"ROUND(IF(F380=\"\",0,F380)*IF(G380=\"\",0,G380),0)","v":1},"s","IsMash",null,null,{"$f":"Ресурсы!C81","v":0},{"$f":"ROUND(IF(F380=\"\",0,F380)*IF(M380=\"\",0,M380),0)","v":0}]
["19. 7.",{"$f":"ПОЛУЧШИФР(Ресурсы!A101,1)","v":"СЦЭСМ 122202"},{"$f":"Ресурсы!B101","v":"Фрезы навесные без трактора (болотные)"},"маш.-ч",11.33,{"$f":"ОКРУГЛВСЕ(IF(E381=\"\",0,E381)*IF(F372=\"\",0,F372),11)","v":6.3448000000000004E-2},{"$f":"Ресурсы!D101","v":37.72},{"$f":"ROUND(IF(F381=\"\",0,F381)*IF(G381=\"\",0,G381),0)","v":2},"s","IsMash",null,null,{"$f":"Ресурсы!C101","v":0},{"$f":"ROUND(IF(F381=\"\",0,F381)*IF(M381=\"\",0,M381),0)","v":0}]
[null,null,"Зарплата рабочих"]
[null,null,"Эксплуатация машин",null,null,null,null,52]
[null,null,"в т.ч. зарплата машинистов",null,null,null,null,18]
[null,null,"Материалы"]
[null,null,"в т.ч. Вспомогательные материалы от стоимости материалов"]
[null,null,"в т.ч. Вспомогательные ненормируемые материалы",null,null,null,null,null,"NenormMatOtZPR"]
[null,null,"в т.ч. Ненормированная з.п. рабочих"]
[null,null,"в т.ч. Ненормированная стоимость эксплуатации машин"]
[null,null,"в т.ч. Ненормированная оплата механизаторов"]
[null,null,"Накладные расходы",null,null,null,11.7,{"$f":"IF('Текущие цены с учетом расхода'!N24>0,'Текущие цены с учетом расхода'!N24,IF('Текущие цены с учетом расхода'!N24<0,'Текущие цены с учетом расхода'!N24,\"\"))","v":6},null,"Nakl",null,null,null,{"$f":"IF('Базовые цены с учетом расхода'!N24>0,'Базовые цены с учетом расхода'!N24,IF('Базовые цены с учетом расхода'!N24<0,'Базовые цены с учетом расхода'!N24,\"\"))","v":""}]
[null,null,"НР от ЗПР",null,null,null,null,{"$f":"IF('Текущие цены с учетом расхода'!P24>0,'Текущие цены с учетом расхода'!P24,IF('Текущие цены с учетом расхода'!P24<0,'Текущие цены с учетом расхода'!P24,\"\"))","v":""},null,"Nakl_ZPR",null,null,null,{"$f":"IF('Базовые цены с учетом расхода'!P24>0,'Базовые цены с учетом расхода'!P24,IF('Базовые цены с учетом расхода'!P24<0,'Базовые цены с учетом расхода'!P24,\"\"))","v":""}]
[null,null,"НР от ЗПМ",null,null,null,null,{"$f":"IF('Текущие цены с учетом расхода'!Q24>0,'Текущие цены с учетом расхода'!Q24,IF('Текущие цены с учетом расхода'!Q24<0,'Текущие цены с учетом расхода'!Q24,\"\"))","v":""},null,"Nakl_ZPM",null,null,null,{"$f":"IF('Базовые цены с учетом расхода'!Q24>0,'Базовые цены с учетом расхода'!Q24,IF('Базовые цены с учетом расхода'!Q24<0,'Базовые цены с учетом расхода'!Q24,\"\"))","v":""}]
[null,null,"Плановые накопления / Сметная прибыль",null,null,null,8,{"$f":"IF('Текущие цены с учетом расхода'!O24>0,'Текущие цены с учетом расхода'!O24,IF('Текущие цены с учетом расхода'!O24<0,'Текущие цены с учетом расхода'!O24,\"\"))","v":5},null,"Plan",null,null,null,{"$f":"IF('Базовые цены с учетом расхода'!O24>0,'Базовые цены с учетом расхода'!O24,IF('Базовые цены с учетом расхода'!O24<0,'Базовые цены с учетом расхода'!O24,\"\"))","v":""}]
[null,null,"СП от ЗПР",null,null,null,null,{"$f":"IF('Текущие цены с учетом расхода'!R24>0,'Текущие цены с учетом расхода'!R24,IF('Текущие цены с учетом расхода'!R24<0,'Текущие цены с учетом расхода'!R24,\"\"))","v":""},null,"Plan_ZPR",null,null,null,{"$f":"IF('Базовые цены с учетом расхода'!R24>0,'Базовые цены с учетом расхода'!R24,IF('Базовые цены с учетом расхода'!R24<0,'Базовые цены с учетом расхода'!R24,\"\"))","v":""}]
[null,null,"СП от ЗПМ",null,null,null,null,{"$f":"IF('Текущие цены с учетом расхода'!S24>0,'Текущие цены с учетом расхода'!S24,IF('Текущие цены с учетом расхода'!S24<0,'Текущие цены с учетом расхода'!S24,\"\"))","v":""},null,"Plan_ZPM",null,null,null,{"$f":"IF('Базовые цены с учетом расхода'!S24>0,'Базовые цены с учетом расхода'!S24,IF('Базовые цены с учетом расхода'!S24<0,'Базовые цены с учетом расхода'!S24,\"\"))","v":""}]
[null,"3.Водоотвод"]
["20.","ГЭСНс 01-01-015-02","Очистка водоотводных канав вручную с частичным восстановлением профиля, грунт II группы","10 м",null,15.15,{"$f":"ROUND(СУММПРОИЗВЕСЛИ(1,I398:I401,\"s\",E398:E401,G398:G401,0),2)+SUMIF(I398:I416,\"=NenormMatOtZPR\",G398:G416)","v":72.41},{"$f":"ROUND(СУММПРОИЗВЕСЛИ(F398,I398:I401,\"s\",E398:E401,G398:G401,0),0)+SUMIF(I398:I416,\"=NenormMatOtZPR\",H398:H416)","v":1097},"sum",null,null,null,{"$f":"ROUND(СУММПРОИЗВЕСЛИ(1,I398:I401,\"s\",E398:E401,M398:M401,0),2)+SUMIF(I398:I416,\"=NenormMatOtZPR\",M398:M416)","v":5.62},{"$f":"ROUND(СУММПРОИЗВЕСЛИ(F398,I398:I401,\"s\",E398:E401,M398:M401,0),0)+SUMIF(I398:I416,\"=NenormMatOtZPR\",N398:N416)","v":85}]
[null,null,{"$f":"IF(ROUND((150+1.5)/10,9)=F398,\"Объем: 150+1.5\",\"\")","v":"Объем: 150+1.5"}]
["20. 0.","З1000-0001","Затраты труда машинистов","чел.ч",0,0,{"$f":"IF(F400=0,0,ROUND(H400/F400,3))","v":0},null,null,"Ж",null,null,{"$f":"IF(F400=0,0,ROUND(N400/F400,3))","v":0}]
["20. 1.",{"$f":"ПОЛУЧШИФР(Ресурсы!A4,1)","v":"0-4002"},{"$f":"Ресурсы!B4","v":"Дорожный рабочий 2 разряда"},"чел.-ч",0.72,{"$f":"ОКРУГЛВСЕ(IF(E401=\"\",0,E401)*IF(F398=\"\",0,F398),11)","v":10.907999999999999},{"$f":"Ресурсы!D4","v":100.57},{"$f":"ROUND(IF(F401=\"\",0,F401)*IF(G401=\"\",0,G401),0)","v":1097},"s","Г",null,null,{"$f":"Ресурсы!C4","v":7.8},{"$f":"ROUND(IF(F401=\"\",0,F401)*IF(M401=\"\",0,M401),0)","v":85}]
[null,null,"Зарплата рабочих",null,null,null,null,1097,null,null,null,null,null,85]
[null,null,"Эксплуатация машин"]
[null,null,"в т.ч. зарплата машинистов"]
[null,null,"Материалы"]
[null,null,"в т.ч. Вспомогательные материалы от стоимости материалов"]
[null,null,"в т.ч. Вспомогательные ненормируемые материалы",null,null,null,null,null,"NenormMatOtZPR"]
[null,null,"в т.ч. Ненормированная з.п. рабочих"]
[null,null,"в т.ч. Ненормированная стоимость эксплуатации машин"]
[null,null,"в т.ч. Ненормированная оплата механизаторов"]
[null,null,"Накладные расходы",null,null,null,11.7,{"$f":"IF('Текущие цены с учетом расхода'!N25>0,'Текущие цены с учетом расхода'!N25,IF('Текущие цены с учетом расхода'!N25<0,'Текущие цены с учетом расхода'!N25,\"\"))","v":128},null,"Nakl",null,null,11.7,{"$f":"IF('Базовые цены с учетом расхода'!N25>0,'Базовые цены с учетом расхода'!N25,IF('Базовые цены с учетом расхода'!N25<0,'Базовые цены с учетом расхода'!N25,\"\"))","v":10}]
[null,null,"НР от ЗПР",null,null,null,null,{"$f":"IF('Текущие цены с учетом расхода'!P25>0,'Текущие цены с учетом расхода'!P25,IF('Текущие цены с учетом расхода'!P25<0,'Текущие цены с учетом расхода'!P25,\"\"))","v":""},null,"Nakl_ZPR",null,null,null,{"$f":"IF('Базовые цены с учетом расхода'!P25>0,'Базовые цены с учетом расхода'!P25,IF('Базовые цены с учетом расхода'!P25<0,'Базовые цены с учетом расхода'!P25,\"\"))","v":""}]
[null,null,"НР от ЗПМ",null,null,null,null,{"$f":"IF('Текущие цены с учетом расхода'!Q25>0,'Текущие цены с учетом расхода'!Q25,IF('Текущие цены с учетом расхода'!Q25<0,'Текущие цены с учетом расхода'!Q25,\"\"))","v":""},null,"Nakl_ZPM",null,null,null,{"$f":"IF('Базовые цены с учетом расхода'!Q25>0,'Базовые цены с учетом расхода'!Q25,IF('Базовые цены с учетом расхода'!Q25<0,'Базовые цены с учетом расхода'!Q25,\"\"))","v":""}]
[null,null,"Плановые накопления / Сметная прибыль",null,null,null,8,{"$f":"IF('Текущие цены с учетом расхода'!O25>0,'Текущие цены с учетом расхода'!O25,IF('Текущие цены с учетом расхода'!O25<0,'Текущие цены с учетом расхода'!O25,\"\"))","v":98},null,"Plan",null,null,8,{"$f":"IF('Базовые цены с учетом расхода'!O25>0,'Базовые цены с учетом расхода'!O25,IF('Базовые цены с учетом расхода'!O25<0,'Базовые цены с учетом расхода'!O25,\"\"))","v":8}]
[null,null,"СП от ЗПР",null,null,null,null,{"$f":"IF('Текущие цены с учетом расхода'!R25>0,'Текущие цены с учетом расхода'!R25,IF('Текущие цены с учетом расхода'!R25<0,'Текущие цены с учетом расхода'!R25,\"\"))","v":""},null,"Plan_ZPR",null,null,null,{"$f":"IF('Базовые цены с учетом расхода'!R25>0,'Базовые цены с учетом расхода'!R25,IF('Базовые цены с учетом расхода'!R25<0,'Базовые цены с учетом расхода'!R25,\"\"))","v":""}]
[null,null,"СП от ЗПМ",null,null,null,null,{"$f":"IF('Текущие цены с учетом расхода'!S25>0,'Текущие цены с учетом расхода'!S25,IF('Текущие цены с учетом расхода'!S25<0,'Текущие цены с учетом расхода'!S25,\"\"))","v":""},null,"Plan_ZPM",null,null,null,{"$f":"IF('Базовые цены с учетом расхода'!S25>0,'Базовые цены с учетом расхода'!S25,IF('Базовые цены с учетом расхода'!S25<0,'Базовые цены с учетом расхода'!S25,\"\"))","v":""}]
["21.","ГЭСНс 01-07-015-01","Выкашивание газонов газонокосилками моторными","1000 м2",null,10,{"$f":"ROUND(СУММПРОИЗВЕСЛИ(1,I417:I421,\"s\",E417:E421,G417:G421,0),2)+SUMIF(I417:I436,\"=NenormMatOtZPR\",G417:G436)","v":857.66},{"$f":"ROUND(СУММПРОИЗВЕСЛИ(F417,I417:I421,\"s\",E417:E421,G417:G421,0),0)+SUMIF(I417:I436,\"=NenormMatOtZPR\",H417:H436)","v":8577},"sum",null,null,null,{"$f":"ROUND(СУММПРОИЗВЕСЛИ(1,I417:I421,\"s\",E417:E421,M417:M421,0),2)+SUMIF(I417:I436,\"=NenormMatOtZPR\",M417:M436)","v":120.47},{"$f":"ROUND(СУММПРОИЗВЕСЛИ(F417,I417:I421,\"s\",E417:E421,M417:M421,0),0)+SUMIF(I417:I436,\"=NenormMatOtZPR\",N417:N436)","v":1205}]
["21. 0.","З1000-0001","Затраты труда машинистов","чел.ч",0,0,{"$f":"IF(F418=0,0,ROUND(H418/F418,3))","v":0},null,null,"Ж",null,null,{"$f":"IF(F418=0,0,ROUND(N418/F418,3))","v":0}]
["21. 1.",{"$f":"ПОЛУЧШИФР(Ресурсы!A3,1)","v":"0-4001"},{"$f":"Ресурсы!B3","v":"Дорожный рабочий 1 разряда"},"чел.-ч",1.65,{"$f":"ОКРУГЛВСЕ(IF(E419=\"\",0,E419)*IF(F417=\"\",0,F417),11)","v":16.5},{"$f":"Ресурсы!D3","v":92.69},{"$f":"ROUND(IF(F419=\"\",0,F419)*IF(G419=\"\",0,G419),0)","v":1529},"s","Г",null,null,{"$f":"Ресурсы!C3","v":7.19},{"$f":"ROUND(IF(F419=\"\",0,F419)*IF(M419=\"\",0,M419),0)","v":119}]
["21. 2.",{"$f":"ПОЛУЧШИФР(Ресурсы!A5,1)","v":"0-4003"},{"$f":"Ресурсы!B5","v":"Дорожный рабочий 3 разряда"},"чел.-ч",3.5,{"$f":"ОКРУГЛВСЕ(IF(E420=\"\",0,E420)*IF(F417=\"\",0,F417),11)","v":35},{"$f":"Ресурсы!D5","v":109.94},{"$f":"ROUND(IF(F420=\"\",0,F420)*IF(G420=\"\",0,G420),0)","v":3848},"s","Г",null,null,{"$f":"Ресурсы!C5","v":8.5299999999999994},{"$f":"ROUND(IF(F420=\"\",0,F420)*IF(M420=\"\",0,M420),0)","v":299}]
["21. 3.",{"$f":"ПОЛУЧШИФР(Ресурсы!A83,1)","v":"СЦЭСМ 092402"},{"$f":"Ресурсы!B83","v":"Газонокосилки моторные"},"маш.-ч",3.5,{"$f":"ОКРУГЛВСЕ(IF(E421=\"\",0,E421)*IF(F417=\"\",0,F417),11)","v":35},{"$f":"Ресурсы!D83","v":91.41},{"$f":"ROUND(IF(F421=\"\",0,F421)*IF(G421=\"\",0,G421),0)","v":3199},"s","IsMash",null,null,{"$f":"Ресурсы!C83","v":22.5},{"$f":"ROUND(IF(F421=\"\",0,F421)*IF(M421=\"\",0,M421),0)","v":788}]
[null,null,"Зарплата рабочих",null,null,null,null,5377,null,null,null,null,null,417]
[null,null,"Эксплуатация машин",null,null,null,null,3199,null,null,null,null,null,788]
[null,null,"в т.ч. зарплата машинистов"]
[null,null,"Материалы"]
[null,null,"в т.ч. Вспомогательные материалы от стоимости материалов"]
[null,null,"в т.ч. Вспомогательные ненормируемые материалы",null,null,null,null,null,"NenormMatOtZPR"]
[null,null,"в т.ч. Ненормированная з.п. рабочих"]
[null,null,"в т.ч. Ненормированная стоимость эксплуатации машин"]
[null,null,"в т.ч. Ненормированная оплата механизаторов"]
[null,null,"Накладные расходы",null,null,null,11.7,{"$f":"IF('Текущие цены с учетом расхода'!N26>0,'Текущие цены с учетом расхода'!N26,IF('Текущие цены с учетом расхода'!N26<0,'Текущие цены с учетом расхода'!N26,\"\"))","v":1004},null,"Nakl",null,null,11.7,{"$f":"IF('Базовые цены с учетом расхода'!N26>0,'Базовые цены с учетом расхода'!N26,IF('Базовые цены с учетом расхода'!N26<0,'Базовые цены с учетом расхода'!N26,\"\"))","v":141}]
[null,null,"НР от ЗПР",null,null,null,null,{"$f":"IF('Текущие цены с учетом расхода'!P26>0,'Текущие цены с учетом расхода'!P26,IF('Текущие цены с учетом расхода'!P26<0,'Текущие цены с учетом расхода'!P26,\"\"))","v":""},null,"Nakl_ZPR",null,null,null,{"$f":"IF('Базовые цены с учетом расхода'!P26>0,'Базовые цены с учетом расхода'!P26,IF('Базовые цены с учетом расхода'!P26<0,'Базовые цены с учетом расхода'!P26,\"\"))","v":""}]
[null,null,"НР от ЗПМ",null,null,null,null,{"$f":"IF('Текущие цены с учетом расхода'!Q26>0,'Текущие цены с учетом расхода'!Q26,IF('Текущие цены с учетом расхода'!Q26<0,'Текущие цены с учетом расхода'!Q26,\"\"))","v":""},null,"Nakl_ZPM",null,null,null,{"$f":"IF('Базовые цены с учетом расхода'!Q26>0,'Базовые цены с учетом расхода'!Q26,IF('Базовые цены с учетом расхода'!Q26<0,'Базовые цены с учетом расхода'!Q26,\"\"))","v":""}]
[null,null,"Плановые накопления / Сметная прибыль",null,null,null,8,{"$f":"IF('Текущие цены с учетом расхода'!O26>0,'Текущие цены с учетом расхода'!O26,IF('Текущие цены с учетом расхода'!O26<0,'Текущие цены с учетом расхода'!O26,\"\"))","v":766},null,"Plan",null,null,8,{"$f":"IF('Базовые цены с учетом расхода'!O26>0,'Базовые цены с учетом расхода'!O26,IF('Базовые цены с учетом расхода'!O26<0,'Базовые цены с учетом расхода'!O26,\"\"))","v":108}]
[null,null,"СП от ЗПР",null,null,null,null,{"$f":"IF('Текущие цены с учетом расхода'!R26>0,'Текущие цены с учетом расхода'!R26,IF('Текущие цены с учетом расхода'!R26<0,'Текущие цены с учетом расхода'!R26,\"\"))","v":""},null,"Plan_ZPR",null,null,null,{"$f":"IF('Базовые цены с учетом расхода'!R26>0,'Базовые цены с учетом расхода'!R26,IF('Базовые цены с учетом расхода'!R26<0,'Базовые цены с учетом расхода'!R26,\"\"))","v":""}]
[null,null,"СП от ЗПМ",null,null,null,null,{"$f":"IF('Текущие цены с учетом расхода'!S26>0,'Текущие цены с учетом расхода'!S26,IF('Текущие цены с учетом расхода'!S26<0,'Текущие цены с учетом расхода'!S26,\"\"))","v":""},null,"Plan_ZPM",null,null,null,{"$f":"IF('Базовые цены с учетом расхода'!S26>0,'Базовые цены с учетом расхода'!S26,IF('Базовые цены с учетом расхода'!S26<0,'Базовые цены с учетом расхода'!S26,\"\"))","v":""}]
["22.","ГЭСНс 01-01-016-01","Восстановление профиля водоотводных канав автогрейдером среднего типа","км",null,1,{"$f":"ROUND(СУММПРОИЗВЕСЛИ(1,I437:I440,\"s\",E437:E440,G437:G440,0),2)+SUMIF(I437:I455,\"=NenormMatOtZPR\",G437:G455)","v":277.94},{"$f":"ROUND(СУММПРОИЗВЕСЛИ(F437,I437:I440,\"s\",E437:E440,G437:G440,0),0)+SUMIF(I437:I455,\"=NenormMatOtZPR\",H437:H455)","v":278},"sum",null,null,null,{"$f":"ROUND(СУММПРОИЗВЕСЛИ(1,I437:I440,\"s\",E437:E440,M437:M440,0),2)+SUMIF(I437:I455,\"=NenormMatOtZPR\",M437:M455)","v":35.67},{"$f":"ROUND(СУММПРОИЗВЕСЛИ(F437,I437:I440,\"s\",E437:E440,M437:M440,0),0)+SUMIF(I437:I455,\"=NenormMatOtZPR\",N437:N455)","v":36}]
["22. 1.","2","Затраты труда машинистов","чел.-ч",{"$f":"ОКРУГЛВСЕ(СУММПРОИЗВЕСЛИ(1,K437:K440,\"mWithZTM\",D437:D440,E437:E440,-1)+СУММКОЭФПРОЦЕНТЕСЛИ(1,1,K437:K440,\"mWithZTM_Proch\",E437:E440,-1),11)","v":0.28999999999999998},{"$f":"ОКРУГЛВСЕ(СУММПРОИЗВЕСЛИ(1,K437:K440,\"mWithZTM\",D437:D440,F437:F440,-1)+СУММКОЭФПРОЦЕНТЕСЛИ(1,1,K437:K440,\"mWithZTM_Proch\",F437:F440,-1),11)","v":0.28999999999999998},{"$f":"IF(F438=0,0,ROUND(H438/F438,3))","v":165.517},{"$f":"ROUND(СУММЕСЛИДА1НЕ1(L437:L440,\"mWithZPM\",D437:D440,0,H437:H440),0)","v":48},null,"Ж",null,null,{"$f":"IF(F438=0,0,ROUND(N438/F438,3))","v":13.792999999999999},{"$f":"ROUND(СУММЕСЛИДА1НЕ1(L437:L440,\"mWithZPM\",D437:D440,0,N437:N440),0)","v":4}]
["22. 2.",{"$f":"ПОЛУЧШИФР(Ресурсы!A85,1)","v":"СЦЭСМ 120202"},{"$f":"Ресурсы!B85","v":"Автогрейдеры среднего типа 99 кВт (135 л.с.)"},"маш.-ч",0.28999999999999998,{"$f":"ОКРУГЛВСЕ(IF(E439=\"\",0,E439)*IF(F437=\"\",0,F437),11)","v":0.28999999999999998},{"$f":"Ресурсы!D85","v":958.4},{"$f":"ROUND(IF(F439=\"\",0,F439)*IF(G439=\"\",0,G439),0)","v":278},"s","IsMash",null,null,{"$f":"Ресурсы!C85","v":123},{"$f":"ROUND(IF(F439=\"\",0,F439)*IF(M439=\"\",0,M439),0)","v":36}]
[null,null,null,{"$f":"Ресурсы!G85","v":1},null,null,{"$f":"Ресурсы!F85","v":166.8},{"$f":"ROUND(IF(F439=\"\",0,F439)*IF(G440=\"\",0,G440),0)","v":48},null,null,"mWithZTM","mWithZPM",{"$f":"Ресурсы!E85","v":13.5},{"$f":"ROUND(IF(F439=\"\",0,F439)*IF(M440=\"\",0,M440),0)","v":4}]
[null,null,"Зарплата рабочих"]
[null,null,"Эксплуатация машин",null,null,null,null,278,null,null,null,null,null,36]
[null,null,"в т.ч. зарплата машинистов",null,null,null,null,48,null,null,null,null,null,4]
[null,null,"Материалы"]
[null,null,"в т.ч. Вспомогательные материалы от стоимости материалов"]
[null,null,"в т.ч. Вспомогательные ненормируемые материалы",null,null,null,null,null,"NenormMatOtZPR"]
[null,null,"в т.ч. Ненормированная з.п. рабочих"]
[null,null,"в т.ч. Ненормированная стоимость эксплуатации машин"]
[null,null,"в т.ч. Ненормированная оплата механизаторов"]
[null,null,"Накладные расходы",null,null,null,11.7,{"$f":"IF('Текущие цены с учетом расхода'!N27>0,'Текущие цены с учетом расхода'!N27,IF('Текущие цены с учетом расхода'!N27<0,'Текущие цены с учетом расхода'!N27,\"\"))","v":33},null,"Nakl",null,null,11.7,{"$f":"IF('Базовые цены с учетом расхода'!N27>0,'Базовые цены с учетом расхода'!N27,IF('Базовые цены с учетом расхода'!N27<0,'Базовые цены с учетом расхода'!N27,\"\"))","v":4}]
[null,null,"НР от ЗПР",null,null,null,null,{"$f":"IF('Текущие цены с учетом расхода'!P27>0,'Текущие цены с учетом расхода'!P27,IF('Текущие цены с учетом расхода'!P27<0,'Текущие цены с учетом расхода'!P27,\"\"))","v":""},null,"Nakl_ZPR",null,null,null,{"$f":"IF('Базовые цены с учетом расхода'!P27>0,'Базовые цены с учетом расхода'!P27,IF('Базовые цены с учетом расхода'!P27<0,'Базовые цены с учетом расхода'!P27,\"\"))","v":""}]
[null,null,"НР от ЗПМ",null,null,null,null,{"$f":"IF('Текущие цены с учетом расхода'!Q27>0,'Текущие цены с учетом расхода'!Q27,IF('Текущие цены с учетом расхода'!Q27<0,'Текущие цены с учетом расхода'!Q27,\"\"))","v":""},null,"Nakl_ZPM",null,null,null,{"$f":"IF('Базовые цены с учетом расхода'!Q27>0,'Базовые цены с учетом расхода'!Q27,IF('Базовые цены с учетом расхода'!Q27<0,'Базовые цены с учетом расхода'!Q27,\"\"))","v":""}]
[null,null,"Плановые накопления / Сметная прибыль",null,null,null,8,{"$f":"IF('Текущие цены с учетом расхода'!O27>0,'Текущие цены с учетом расхода'!O27,IF('Текущие цены с учетом расхода'!O27<0,'Текущие цены с учетом расхода'!O27,\"\"))","v":25},null,"Plan",null,null,8,{"$f":"IF('Базовые цены с учетом расхода'!O27>0,'Базовые цены с учетом расхода'!O27,IF('Базовые цены с учетом расхода'!O27<0,'Базовые цены с учетом расхода'!O27,\"\"))","v":3}]
[null,null,"СП от ЗПР",null,null,null,null,{"$f":"IF('Текущие цены с учетом расхода'!R27>0,'Текущие цены с учетом расхода'!R27,IF('Текущие цены с учетом расхода'!R27<0,'Текущие цены с учетом расхода'!R27,\"\"))","v":""},null,"Plan_ZPR",null,null,null,{"$f":"IF('Базовые цены с учетом расхода'!R27>0,'Базовые цены с учетом расхода'!R27,IF('Базовые цены с учетом расхода'!R27<0,'Базовые цены с учетом расхода'!R27,\"\"))","v":""}]
[null,null,"СП от ЗПМ",null,null,null,null,{"$f":"IF('Текущие цены с учетом расхода'!S27>0,'Текущие цены с учетом расхода'!S27,IF('Текущие цены с учетом расхода'!S27<0,'Текущие цены с учетом расхода'!S27,\"\"))","v":""},null,"Plan_ZPM",null,null,null,{"$f":"IF('Базовые цены с учетом расхода'!S27>0,'Базовые цены с учетом расхода'!S27,IF('Базовые цены с учетом расхода'!S27<0,'Базовые цены с учетом расхода'!S27,\"\"))","v":""}]
[null,"II. АСФАЛЬТОБЕТОННОЕ   ПОКРЫТИЕ"]
["23.","ГЭСНс 01-02-001-01","Механизированная очистка покрытий комбинированными дорожными машинами мощностью от 210 до 270 л.с. без увлажнения","10000 м2",null,0.6,{"$f":"ROUND(СУММПРОИЗВЕСЛИ(1,I457:I460,\"s\",E457:E460,G457:G460,0),2)+SUMIF(I457:I475,\"=NenormMatOtZPR\",G457:G475)","v":469.28},{"$f":"ROUND(СУММПРОИЗВЕСЛИ(F457,I457:I460,\"s\",E457:E460,G457:G460,0),0)+SUMIF(I457:I475,\"=NenormMatOtZPR\",H457:H475)","v":282},"sum",null,null,null,{"$f":"ROUND(СУММПРОИЗВЕСЛИ(1,I457:I460,\"s\",E457:E460,M457:M460,0),2)+SUMIF(I457:I475,\"=NenormMatOtZPR\",M457:M475)","v":78.099999999999994},{"$f":"ROUND(СУММПРОИЗВЕСЛИ(F457,I457:I460,\"s\",E457:E460,M457:M460,0),0)+SUMIF(I457:I475,\"=NenormMatOtZPR\",N457:N475)","v":47}]
["23. 1.","2","Затраты труда машинистов","чел.-ч",{"$f":"ОКРУГЛВСЕ(СУММПРОИЗВЕСЛИ(1,K457:K460,\"mWithZTM\",D457:D460,E457:E460,-1)+СУММКОЭФПРОЦЕНТЕСЛИ(1,1,K457:K460,\"mWithZTM_Proch\",E457:E460,-1),11)","v":0.42},{"$f":"ОКРУГЛВСЕ(СУММПРОИЗВЕСЛИ(1,K457:K460,\"mWithZTM\",D457:D460,F457:F460,-1)+СУММКОЭФПРОЦЕНТЕСЛИ(1,1,K457:K460,\"mWithZTM_Proch\",F457:F460,-1),11)","v":0.252},{"$f":"IF(F458=0,0,ROUND(H458/F458,3))","v":174.60300000000001},{"$f":"ROUND(СУММЕСЛИДА1НЕ1(L457:L460,\"mWithZPM\",D457:D460,0,H457:H460),0)","v":44},null,"Ж",null,null,{"$f":"IF(F458=0,0,ROUND(N458/F458,3))","v":11.904999999999999},{"$f":"ROUND(СУММЕСЛИДА1НЕ1(L457:L460,\"mWithZPM\",D457:D460,0,N457:N460),0)","v":3}]
["23. 2.",{"$f":"ПОЛУЧШИФР(Ресурсы!A94,1)","v":"СЦЭСМ 121342"},{"$f":"Ресурсы!B94","v":"Машины дорожные комбинированные, мощностью от 210 до 270 л.с."},"маш.-ч",0.42,{"$f":"ОКРУГЛВСЕ(IF(E459=\"\",0,E459)*IF(F457=\"\",0,F457),11)","v":0.252},{"$f":"Ресурсы!D94","v":1117.3399999999999},{"$f":"ROUND(IF(F459=\"\",0,F459)*IF(G459=\"\",0,G459),0)","v":282},"s","IsMash",null,null,{"$f":"Ресурсы!C94","v":185.95},{"$f":"ROUND(IF(F459=\"\",0,F459)*IF(M459=\"\",0,M459),0)","v":47}]
[null,null,null,{"$f":"Ресурсы!G94","v":1},null,null,{"$f":"Ресурсы!F94","v":174.31},{"$f":"ROUND(IF(F459=\"\",0,F459)*IF(G460=\"\",0,G460),0)","v":44},null,null,"mWithZTM","mWithZPM",{"$f":"Ресурсы!E94","v":13.5},{"$f":"ROUND(IF(F459=\"\",0,F459)*IF(M460=\"\",0,M460),0)","v":3}]
[null,null,"Зарплата рабочих"]
[null,null,"Эксплуатация машин",null,null,null,null,282,null,null,null,null,null,47]
[null,null,"в т.ч. зарплата машинистов",null,null,null,null,44,null,null,null,null,null,3]
[null,null,"Материалы"]
[null,null,"в т.ч. Вспомогательные материалы от стоимости материалов"]
[null,null,"в т.ч. Вспомогательные ненормируемые материалы",null,null,null,null,null,"NenormMatOtZPR"]
[null,null,"в т.ч. Ненормированная з.п. рабочих"]
[null,null,"в т.ч. Ненормированная стоимость эксплуатации машин"]
[null,null,"в т.ч. Ненормированная оплата механизаторов"]
[null,null,"Накладные расходы",null,null,null,11.7,{"$f":"IF('Текущие цены с учетом расхода'!N28>0,'Текущие цены с учетом расхода'!N28,IF('Текущие цены с учетом расхода'!N28<0,'Текущие цены с учетом расхода'!N28,\"\"))","v":33},null,"Nakl",null,null,11.7,{"$f":"IF('Базовые цены с учетом расхода'!N28>0,'Базовые цены с учетом расхода'!N28,IF('Базовые цены с учетом расхода'!N28<0,'Базовые цены с учетом расхода'!N28,\"\"))","v":5}]
[null,null,"НР от ЗПР",null,null,null,null,{"$f":"IF('Текущие цены с учетом расхода'!P28>0,'Текущие цены с учетом расхода'!P28,IF('Текущие цены с учетом расхода'!P28<0,'Текущие цены с учетом расхода'!P28,\"\"))","v":""},null,"Nakl_ZPR",null,null,null,{"$f":"IF('Базовые цены с учетом расхода'!P28>0,'Базовые цены с учетом расхода'!P28,IF('Базовые цены с учетом расхода'!P28<0,'Базовые цены с учетом расхода'!P28,\"\"))","v":""}]
[null,null,"НР от ЗПМ",null,null,null,null,{"$f":"IF('Текущие цены с учетом расхода'!Q28>0,'Текущие цены с учетом расхода'!Q28,IF('Текущие цены с учетом расхода'!Q28<0,'Текущие цены с учетом расхода'!Q28,\"\"))","v":""},null,"Nakl_ZPM",null,null,null,{"$f":"IF('Базовые цены с учетом расхода'!Q28>0,'Базовые цены с учетом расхода'!Q28,IF('Базовые цены с учетом расхода'!Q28<0,'Базовые цены с учетом расхода'!Q28,\"\"))","v":""}]
[null,null,"Плановые накопления / Сметная прибыль",null,null,null,8,{"$f":"IF('Текущие цены с учетом расхода'!O28>0,'Текущие цены с учетом расхода'!O28,IF('Текущие цены с учетом расхода'!O28<0,'Текущие цены с учетом расхода'!O28,\"\"))","v":25},null,"Plan",null,null,8,{"$f":"IF('Базовые цены с учетом расхода'!O28>0,'Базовые цены с учетом расхода'!O28,IF('Базовые цены с учетом расхода'!O28<0,'Базовые цены с учетом расхода'!O28,\"\"))","v":4}]
[null,null,"СП от ЗПР",null,null,null,null,{"$f":"IF('Текущие цены с учетом расхода'!R28>0,'Текущие цены с учетом расхода'!R28,IF('Текущие цены с учетом расхода'!R28<0,'Текущие цены с учетом расхода'!R28,\"\"))","v":""},null,"Plan_ZPR",null,null,null,{"$f":"IF('Базовые цены с учетом расхода'!R28>0,'Базовые цены с учетом расхода'!R28,IF('Базовые цены с учетом расхода'!R28<0,'Базовые цены с учетом расхода'!R28,\"\"))","v":""}]
[null,null,"СП от ЗПМ",null,null,null,null,{"$f":"IF('Текущие цены с учетом расхода'!S28>0,'Текущие цены с учетом расхода'!S28,IF('Текущие цены с учетом расхода'!S28<0,'Текущие цены с учетом расхода'!S28,\"\"))","v":""},null,"Plan_ZPM",null,null,null,{"$f":"IF('Базовые цены с учетом расхода'!S28>0,'Базовые цены с учетом расхода'!S28,IF('Базовые цены с учетом расхода'!S28<0,'Базовые цены с учетом расхода'!S28,\"\"))","v":""}]
["24.","ГЭСНс 01-02-002-01","Уборка различных предметов и мусора с элементов автомобильной дороги","км прохода",null,10,{"$f":"ROUND(СУММПРОИЗВЕСЛИ(1,I476:I480,\"s\",E476:E480,G476:G480,0),2)+SUMIF(I476:I495,\"=NenormMatOtZPR\",G476:G495)","v":208.17},{"$f":"ROUND(СУММПРОИЗВЕСЛИ(F476,I476:I480,\"s\",E476:E480,G476:G480,0),0)+SUMIF(I476:I495,\"=NenormMatOtZPR\",H476:H495)","v":2082},"sum",null,null,null,{"$f":"ROUND(СУММПРОИЗВЕСЛИ(1,I476:I480,\"s\",E476:E480,M476:M480,0),2)+SUMIF(I476:I495,\"=NenormMatOtZPR\",M476:M495)","v":25.08},{"$f":"ROUND(СУММПРОИЗВЕСЛИ(F476,I476:I480,\"s\",E476:E480,M476:M480,0),0)+SUMIF(I476:I495,\"=NenormMatOtZPR\",N476:N495)","v":251}]
["24. 1.","2","Затраты труда машинистов","чел.-ч",{"$f":"ОКРУГЛВСЕ(СУММПРОИЗВЕСЛИ(1,K476:K480,\"mWithZTM\",D476:D480,E476:E480,-1)+СУММКОЭФПРОЦЕНТЕСЛИ(1,1,K476:K480,\"mWithZTM_Proch\",E476:E480,-1),11)","v":0.09},{"$f":"ОКРУГЛВСЕ(СУММПРОИЗВЕСЛИ(1,K476:K480,\"mWithZTM\",D476:D480,F476:F480,-1)+СУММКОЭФПРОЦЕНТЕСЛИ(1,1,K476:K480,\"mWithZTM_Proch\",F476:F480,-1),11)","v":0.9},{"$f":"IF(F477=0,0,ROUND(H477/F477,3))","v":174.44399999999999},{"$f":"ROUND(СУММЕСЛИДА1НЕ1(L476:L480,\"mWithZPM\",D476:D480,0,H476:H480),0)","v":157},null,"Ж",null,null,{"$f":"IF(F477=0,0,ROUND(N477/F477,3))","v":13.333},{"$f":"ROUND(СУММЕСЛИДА1НЕ1(L476:L480,\"mWithZPM\",D476:D480,0,N476:N480),0)","v":12}]
["24. 2.",{"$f":"ПОЛУЧШИФР(Ресурсы!A4,1)","v":"0-4002"},{"$f":"Ресурсы!B4","v":"Дорожный рабочий 2 разряда"},"чел.-ч",1.07,{"$f":"ОКРУГЛВСЕ(IF(E478=\"\",0,E478)*IF(F476=\"\",0,F476),11)","v":10.7},{"$f":"Ресурсы!D4","v":100.57},{"$f":"ROUND(IF(F478=\"\",0,F478)*IF(G478=\"\",0,G478),0)","v":1076},"s","Г",null,null,{"$f":"Ресурсы!C4","v":7.8},{"$f":"ROUND(IF(F478=\"\",0,F478)*IF(M478=\"\",0,M478),0)","v":83}]
["24. 3.",{"$f":"ПОЛУЧШИФР(Ресурсы!A94,1)","v":"СЦЭСМ 121342"},{"$f":"Ресурсы!B94","v":"Машины дорожные комбинированные, мощностью от 210 до 270 л.с."},"маш.-ч",0.09,{"$f":"ОКРУГЛВСЕ(IF(E479=\"\",0,E479)*IF(F476=\"\",0,F476),11)","v":0.9},{"$f":"Ресурсы!D94","v":1117.3399999999999},{"$f":"ROUND(IF(F479=\"\",0,F479)*IF(G479=\"\",0,G479),0)","v":1006},"s","IsMash",null,null,{"$f":"Ресурсы!C94","v":185.95},{"$f":"ROUND(IF(F479=\"\",0,F479)*IF(M479=\"\",0,M479),0)","v":167}]
[null,null,null,{"$f":"Ресурсы!G94","v":1},null,null,{"$f":"Ресурсы!F94","v":174.31},{"$f":"ROUND(IF(F479=\"\",0,F479)*IF(G480=\"\",0,G480),0)","v":157},null,null,"mWithZTM","mWithZPM",{"$f":"Ресурсы!E94","v":13.5},{"$f":"ROUND(IF(F479=\"\",0,F479)*IF(M480=\"\",0,M480),0)","v":12}]
[null,null,"Зарплата рабочих",null,null,null,null,1076,null,null,null,null,null,83]
[null,null,"Эксплуатация машин",null,null,null,null,1006,null,null,null,null,null,167]
[null,null,"в т.ч. зарплата машинистов",null,null,null,null,157,null,null,null,null,null,12]
[null,null,"Материалы"]
[null,null,"в т.ч. Вспомогательные материалы от стоимости материалов"]
[null,null,"в т.ч. Вспомогательные ненормируемые материалы",null,null,null,null,null,"NenormMatOtZPR"]
[null,null,"в т.ч. Ненормированная з.п. рабочих"]
[null,null,"в т.ч. Ненормированная стоимость эксплуатации машин"]
[null,null,"в т.ч. Ненормированная оплата механизаторов"]
[null,null,"Накладные расходы",null,null,null,11.7,{"$f":"IF('Текущие цены с учетом расхода'!N29>0,'Текущие цены с учетом расхода'!N29,IF('Текущие цены с учетом расхода'!N29<0,'Текущие цены с учетом расхода'!N29,\"\"))","v":244},null,"Nakl",null,null,11.7,{"$f":"IF('Базовые цены с учетом расхода'!N29>0,'Базовые цены с учетом расхода'!N29,IF('Базовые цены с учетом расхода'!N29<0,'Базовые цены с учетом расхода'!N29,\"\"))","v":29}]
[null,null,"НР от ЗПР",null,null,null,null,{"$f":"IF('Текущие цены с учетом расхода'!P29>0,'Текущие цены с учетом расхода'!P29,IF('Текущие цены с учетом расхода'!P29<0,'Текущие цены с учетом расхода'!P29,\"\"))","v":""},null,"Nakl_ZPR",null,null,null,{"$f":"IF('Базовые цены с учетом расхода'!P29>0,'Базовые цены с учетом расхода'!P29,IF('Базовые цены с учетом расхода'!P29<0,'Базовые цены с учетом расхода'!P29,\"\"))","v":""}]
[null,null,"НР от ЗПМ",null,null,null,null,{"$f":"IF('Текущие цены с учетом расхода'!Q29>0,'Текущие цены с учетом расхода'!Q29,IF('Текущие цены с учетом расхода'!Q29<0,'Текущие цены с учетом расхода'!Q29,\"\"))","v":""},null,"Nakl_ZPM",null,null,null,{"$f":"IF('Базовые цены с учетом расхода'!Q29>0,'Базовые цены с учетом расхода'!Q29,IF('Базовые цены с учетом расхода'!Q29<0,'Базовые цены с учетом расхода'!Q29,\"\"))","v":""}]
[null,null,"Плановые накопления / Сметная прибыль",null,null,null,8,{"$f":"IF('Текущие цены с учетом расхода'!O29>0,'Текущие цены с учетом расхода'!O29,IF('Текущие цены с учетом расхода'!O29<0,'Текущие цены с учетом расхода'!O29,\"\"))","v":186},null,"Plan",null,null,8,{"$f":"IF('Базовые цены с учетом расхода'!O29>0,'Базовые цены с учетом расхода'!O29,IF('Базовые цены с учетом расхода'!O29<0,'Базовые цены с учетом расхода'!O29,\"\"))","v":22}]
[null,null,"СП от ЗПР",null,null,null,null,{"$f":"IF('Текущие цены с учетом расхода'!R29>0,'Текущие цены с учетом расхода'!R29,IF('Текущие цены с учетом расхода'!R29<0,'Текущие цены с учетом расхода'!R29,\"\"))","v":""},null,"Plan_ZPR",null,null,null,{"$f":"IF('Базовые цены с учетом расхода'!R29>0,'Базовые цены с учетом расхода'!R29,IF('Базовые цены с учетом расхода'!R29<0,'Базовые цены с учетом расхода'!R29,\"\"))","v":""}]
[null,null,"СП от ЗПМ",null,null,null,null,{"$f":"IF('Текущие цены с учетом расхода'!S29>0,'Текущие цены с учетом расхода'!S29,IF('Текущие цены с учетом расхода'!S29<0,'Текущие цены с учетом расхода'!S29,\"\"))","v":""},null,"Plan_ZPM",null,null,null,{"$f":"IF('Базовые цены с учетом расхода'!S29>0,'Базовые цены с учетом расхода'!S29,IF('Базовые цены с учетом расхода'!S29<0,'Базовые цены с учетом расхода'!S29,\"\"))","v":""}]
["25.","ГЭСНс 01-11-002-05","Простой автомобилей-самосвалов под погрузкой-разгрузкой грузов 1-го класса при погрузке вручную грузоподъемность 10 т","100 т",null,0.01,{"$f":"ROUND(СУММПРОИЗВЕСЛИ(1,I496:I499,\"s\",E496:E499,G496:G499,0),2)+SUMIF(I496:I514,\"=NenormMatOtZPR\",G496:G514)","v":5131.62},{"$f":"ROUND(СУММПРОИЗВЕСЛИ(F496,I496:I499,\"s\",E496:E499,G496:G499,0),0)+SUMIF(I496:I514,\"=NenormMatOtZPR\",H496:H514)","v":51},"sum",null,null,null,{"$f":"ROUND(СУММПРОИЗВЕСЛИ(1,I496:I499,\"s\",E496:E499,M496:M499,0),2)+SUMIF(I496:I514,\"=NenormMatOtZPR\",M496:M514)","v":822.16},{"$f":"ROUND(СУММПРОИЗВЕСЛИ(F496,I496:I499,\"s\",E496:E499,M496:M499,0),0)+SUMIF(I496:I514,\"=NenormMatOtZPR\",N496:N514)","v":8}]
["25. 0.","З1000-0001","Затраты труда машинистов","чел.ч",0,0,{"$f":"IF(F497=0,0,ROUND(H497/F497,3))","v":0},null,null,"Ж",null,null,{"$f":"IF(F497=0,0,ROUND(N497/F497,3))","v":0}]
["25. 1.",{"$f":"ПОЛУЧШИФР(Ресурсы!A106,1)","v":"СЦЭСМ 400052"},{"$f":"Ресурсы!B106","v":"Автомобиль-самосвал, грузоподъемность до 10 т"},"маш.-ч",7.31,{"$f":"ОКРУГЛВСЕ(IF(E498=\"\",0,E498)*IF(F496=\"\",0,F496),11)","v":7.3099999999999998E-2},{"$f":"Ресурсы!D106","v":702},{"$f":"ROUND(IF(F498=\"\",0,F498)*IF(G498=\"\",0,G498),0)","v":51},"s","IsMash",null,null,{"$f":"Ресурсы!C106","v":112.47},{"$f":"ROUND(IF(F498=\"\",0,F498)*IF(M498=\"\",0,M498),0)","v":8}]
[null,null,null,{"$f":"Ресурсы!G106","v":1},null,null,{"$f":"Ресурсы!F106","v":142.80000000000001},{"$f":"ROUND(IF(F498=\"\",0,F498)*IF(G499=\"\",0,G499),0)","v":10},null,null,null,null,{"$f":"Ресурсы!E106","v":13.5},{"$f":"ROUND(IF(F498=\"\",0,F498)*IF(M499=\"\",0,M499),0)","v":1}]
[null,null,"Зарплата рабочих"]
[null,null,"Эксплуатация машин",null,null,null,null,51,null,null,null,null,null,8]
[null,null,"в т.ч. зарплата машинистов"]
[null,null,"Материалы"]
[null,null,"в т.ч. Вспомогательные материалы от стоимости материалов"]
[null,null,"в т.ч. Вспомогательные ненормируемые материалы",null,null,null,null,null,"NenormMatOtZPR"]
[null,null,"в т.ч. Ненормированная з.п. рабочих"]
[null,null,"в т.ч. Ненормированная стоимость эксплуатации машин"]
[null,null,"в т.ч. Ненормированная оплата механизаторов"]
[null,null,"Накладные расходы",null,null,null,11.7,{"$f":"IF('Текущие цены с учетом расхода'!N30>0,'Текущие цены с учетом расхода'!N30,IF('Текущие цены с учетом расхода'!N30<0,'Текущие цены с учетом расхода'!N30,\"\"))","v":6},null,"Nakl",null,null,11.7,{"$f":"IF('Базовые цены с учетом расхода'!N30>0,'Базовые цены с учетом расхода'!N30,IF('Базовые цены с учетом расхода'!N30<0,'Базовые цены с учетом расхода'!N30,\"\"))","v":1}]
[null,null,"НР от ЗПР",null,null,null,null,{"$f":"IF('Текущие цены с учетом расхода'!P30>0,'Текущие цены с учетом расхода'!P30,IF('Текущие цены с учетом расхода'!P30<0,'Текущие цены с учетом расхода'!P30,\"\"))","v":""},null,"Nakl_ZPR",null,null,null,{"$f":"IF('Базовые цены с учетом расхода'!P30>0,'Базовые цены с учетом расхода'!P30,IF('Базовые цены с учетом расхода'!P30<0,'Базовые цены с учетом расхода'!P30,\"\"))","v":""}]
[null,null,"НР от ЗПМ",null,null,null,null,{"$f":"IF('Текущие цены с учетом расхода'!Q30>0,'Текущие цены с учетом расхода'!Q30,IF('Текущие цены с учетом расхода'!Q30<0,'Текущие цены с учетом расхода'!Q30,\"\"))","v":""},null,"Nakl_ZPM",null,null,null,{"$f":"IF('Базовые цены с учетом расхода'!Q30>0,'Базовые цены с учетом расхода'!Q30,IF('Базовые цены с учетом расхода'!Q30<0,'Базовые цены с учетом расхода'!Q30,\"\"))","v":""}]
[null,null,"Плановые накопления / Сметная прибыль",null,null,null,8,{"$f":"IF('Текущие цены с учетом расхода'!O30>0,'Текущие цены с учетом расхода'!O30,IF('Текущие цены с учетом расхода'!O30<0,'Текущие цены с учетом расхода'!O30,\"\"))","v":5},null,"Plan",null,null,8,{"$f":"IF('Базовые цены с учетом расхода'!O30>0,'Базовые цены с учетом расхода'!O30,IF('Базовые цены с учетом расхода'!O30<0,'Базовые цены с учетом расхода'!O30,\"\"))","v":1}]
[null,null,"СП от ЗПР",null,null,null,null,{"$f":"IF('Текущие цены с учетом расхода'!R30>0,'Текущие цены с учетом расхода'!R30,IF('Текущие цены с учетом расхода'!R30<0,'Текущие цены с учетом расхода'!R30,\"\"))","v":""},null,"Plan_ZPR",null,null,null,{"$f":"IF('Базовые цены с учетом расхода'!R30>0,'Базовые цены с учетом расхода'!R30,IF('Базовые цены с учетом расхода'!R30<0,'Базовые цены с учетом расхода'!R30,\"\"))","v":""}]
[null,null,"СП от ЗПМ",null,null,null,null,{"$f":"IF('Текущие цены с учетом расхода'!S30>0,'Текущие цены с учетом расхода'!S30,IF('Текущие цены с учетом расхода'!S30<0,'Текущие цены с учетом расхода'!S30,\"\"))","v":""},null,"Plan_ZPM",null,null,null,{"$f":"IF('Базовые цены с учетом расхода'!S30>0,'Базовые цены с учетом расхода'!S30,IF('Базовые цены с учетом расхода'!S30<0,'Базовые цены с учетом расхода'!S30,\"\"))","v":""}]
["26.","ГЭСНс 01-11-002-10","При перевозке грузов 1-го класса по дорогам с усовершествованным типом покрытия на расстояние свыше 3 км принимать на каждый километр (добавлять к нормам 1 - 5) грузоподъемность 10 т до 10 км","100 т",null,0.1,{"$f":"ROUND(СУММПРОИЗВЕСЛИ(1,I515:I519,\"s\",E515:E519,G515:G519,0),2)+SUMIF(I515:I534,\"=NenormMatOtZPR\",G515:G534)","v":407.16},{"$f":"ROUND(СУММПРОИЗВЕСЛИ(F515,I515:I519,\"s\",E515:E519,G515:G519,0),0)+SUMIF(I515:I534,\"=NenormMatOtZPR\",H515:H534)","v":41},"sum",null,null,null,{"$f":"ROUND(СУММПРОИЗВЕСЛИ(1,I515:I519,\"s\",E515:E519,M515:M519,0),2)+SUMIF(I515:I534,\"=NenormMatOtZPR\",M515:M534)","v":65.23},{"$f":"ROUND(СУММПРОИЗВЕСЛИ(F515,I515:I519,\"s\",E515:E519,M515:M519,0),0)+SUMIF(I515:I534,\"=NenormMatOtZPR\",N515:N534)","v":7}]
[null,null,{"$f":"IF(ROUND((1*10)/100,9)=F515,\"Объем: 1*10\",\"\")","v":"Объем: 1*10"}]
["26. 0.","З1000-0001","Затраты труда машинистов","чел.ч",0,0,{"$f":"IF(F517=0,0,ROUND(H517/F517,3))","v":0},null,null,"Ж",null,null,{"$f":"IF(F517=0,0,ROUND(N517/F517,3))","v":0}]
["26. 1.",{"$f":"ПОЛУЧШИФР(Ресурсы!A106,1)","v":"СЦЭСМ 400052"},{"$f":"Ресурсы!B106","v":"Автомобиль-самосвал, грузоподъемность до 10 т"},"маш.-ч",0.57999999999999996,{"$f":"ОКРУГЛВСЕ(IF(E518=\"\",0,E518)*IF(F515=\"\",0,F515),11)","v":5.8000000000000003E-2},{"$f":"Ресурсы!D106","v":702},{"$f":"ROUND(IF(F518=\"\",0,F518)*IF(G518=\"\",0,G518),0)","v":41},"s","IsMash",null,null,{"$f":"Ресурсы!C106","v":112.47},{"$f":"ROUND(IF(F518=\"\",0,F518)*IF(M518=\"\",0,M518),0)","v":7}]
[null,null,null,{"$f":"Ресурсы!G106","v":1},null,null,{"$f":"Ресурсы!F106","v":142.80000000000001},{"$f":"ROUND(IF(F518=\"\",0,F518)*IF(G519=\"\",0,G519),0)","v":8},null,null,null,null,{"$f":"Ресурсы!E106","v":13.5},{"$f":"ROUND(IF(F518=\"\",0,F518)*IF(M519=\"\",0,M519),0)","v":1}]
[null,null,"Зарплата рабочих"]
[null,null,"Эксплуатация машин",null,null,null,null,41,null,null,null,null,null,7]
[null,null,"в т.ч. зарплата машинистов"]
[null,null,"Материалы"]
[null,null,"в т.ч. Вспомогательные материалы от стоимости материалов"]
[null,null,"в т.ч. Вспомогательные ненормируемые материалы",null,null,null,null,null,"NenormMatOtZPR"]
[null,null,"в т.ч. Ненормированная з.п. рабочих"]
[null,null,"в т.ч. Ненормированная стоимость эксплуатации машин"]
[null,null,"в т.ч. Ненормированная оплата механизаторов"]
[null,null,"Накладные расходы",null,null,null,11.7,{"$f":"IF('Текущие цены с учетом расхода'!N31>0,'Текущие цены с учетом расхода'!N31,IF('Текущие цены с учетом расхода'!N31<0,'Текущие цены с учетом расхода'!N31,\"\"))","v":5},null,"Nakl",null,null,11.7,{"$f":"IF('Базовые цены с учетом расхода'!N31>0,'Базовые цены с учетом расхода'!N31,IF('Базовые цены с учетом расхода'!N31<0,'Базовые цены с учетом расхода'!N31,\"\"))","v":1}]
[null,null,"НР от ЗПР",null,null,null,null,{"$f":"IF('Текущие цены с учетом расхода'!P31>0,'Текущие цены с учетом расхода'!P31,IF('Текущие цены с учетом расхода'!P31<0,'Текущие цены с учетом расхода'!P31,\"\"))","v":""},null,"Nakl_ZPR",null,null,null,{"$f":"IF('Базовые цены с учетом расхода'!P31>0,'Базовые цены с учетом расхода'!P31,IF('Базовые цены с учетом расхода'!P31<0,'Базовые цены с учетом расхода'!P31,\"\"))","v":""}]
[null,null,"НР от ЗПМ",null,null,null,null,{"$f":"IF('Текущие цены с учетом расхода'!Q31>0,'Текущие цены с учетом расхода'!Q31,IF('Текущие цены с учетом расхода'!Q31<0,'Текущие цены с учетом расхода'!Q31,\"\"))","v":""},null,"Nakl_ZPM",null,null,null,{"$f":"IF('Базовые цены с учетом расхода'!Q31>0,'Базовые цены с учетом расхода'!Q31,IF('Базовые цены с учетом расхода'!Q31<0,'Базовые цены с учетом расхода'!Q31,\"\"))","v":""}]
[null,null,"Плановые накопления / Сметная прибыль",null,null,null,8,{"$f":"IF('Текущие цены с учетом расхода'!O31>0,'Текущие цены с учетом расхода'!O31,IF('Текущие цены с учетом расхода'!O31<0,'Текущие цены с учетом расхода'!O31,\"\"))","v":4},null,"Plan",null,null,8,{"$f":"IF('Базовые цены с учетом расхода'!O31>0,'Базовые цены с учетом расхода'!O31,IF('Базовые цены с учетом расхода'!O31<0,'Базовые цены с учетом расхода'!O31,\"\"))","v":1}]
[null,null,"СП от ЗПР",null,null,null,null,{"$f":"IF('Текущие цены с учетом расхода'!R31>0,'Текущие цены с учетом расхода'!R31,IF('Текущие цены с учетом расхода'!R31<0,'Текущие цены с учетом расхода'!R31,\"\"))","v":""},null,"Plan_ZPR",null,null,null,{"$f":"IF('Базовые цены с учетом расхода'!R31>0,'Базовые цены с учетом расхода'!R31,IF('Базовые цены с учетом расхода'!R31<0,'Базовые цены с учетом расхода'!R31,\"\"))","v":""}]
[null,null,"СП от ЗПМ",null,null,null,null,{"$f":"IF('Текущие цены с учетом расхода'!S31>0,'Текущие цены с учетом расхода'!S31,IF('Текущие цены с учетом расхода'!S31<0,'Текущие цены с учетом расхода'!S31,\"\"))","v":""},null,"Plan_ZPM",null,null,null,{"$f":"IF('Базовые цены с учетом расхода'!S31>0,'Базовые цены с учетом расхода'!S31,IF('Базовые цены с учетом расхода'!S31<0,'Базовые цены с учетом расхода'!S31,\"\"))","v":""}]
["27.","ГЭСНс 01-02-007-04","Ямочный ремонт асфальтобетонных покрытий струйно-инъекционным методом, толщина слоя 50 мм, площадь ремонта в одном месте до 1 м2 (с применением щебня марки 1000)","100 м2",null,0.01,{"$f":"ROUND(СУММПРОИЗВЕСЛИ(1,I535:I543,\"s\",E535:E543,G535:G543,0),2)+SUMIF(I535:I558,\"=NenormMatOtZPR\",G535:G558)","v":33657.410000000003},{"$f":"ROUND(СУММПРОИЗВЕСЛИ(F535,I535:I543,\"s\",E535:E543,G535:G543,0),0)+SUMIF(I535:I558,\"=NenormMatOtZPR\",H535:H558)","v":337},"sum",null,null,null,{"$f":"ROUND(СУММПРОИЗВЕСЛИ(1,I535:I543,\"s\",E535:E543,M535:M543,0),2)+SUMIF(I535:I558,\"=NenormMatOtZPR\",M535:M558)","v":1599.45},{"$f":"ROUND(СУММПРОИЗВЕСЛИ(F535,I535:I543,\"s\",E535:E543,M535:M543,0),0)+SUMIF(I535:I558,\"=NenormMatOtZPR\",N535:N558)","v":16}]
["27. 1.","2","Затраты труда машинистов","чел.-ч",{"$f":"ОКРУГЛВСЕ(СУММПРОИЗВЕСЛИ(1,K535:K543,\"mWithZTM\",D535:D543,E535:E543,-1)+СУММКОЭФПРОЦЕНТЕСЛИ(1,1,K535:K543,\"mWithZTM_Proch\",E535:E543,-1),11)","v":12.61},{"$f":"ОКРУГЛВСЕ(СУММПРОИЗВЕСЛИ(1,K535:K543,\"mWithZTM\",D535:D543,F535:F543,-1)+СУММКОЭФПРОЦЕНТЕСЛИ(1,1,K535:K543,\"mWithZTM_Proch\",F535:F543,-1),11)","v":0.12609999999999999},{"$f":"IF(F536=0,0,ROUND(H536/F536,3))","v":174.465},{"$f":"ROUND(СУММЕСЛИДА1НЕ1(L535:L543,\"mWithZPM\",D535:D543,0,H535:H543),0)","v":22},null,"Ж",null,null,{"$f":"IF(F536=0,0,ROUND(N536/F536,3))","v":15.86},{"$f":"ROUND(СУММЕСЛИДА1НЕ1(L535:L543,\"mWithZPM\",D535:D543,0,N535:N543),0)","v":2}]
["27. 2.",{"$f":"ПОЛУЧШИФР(Ресурсы!A4,1)","v":"0-4002"},{"$f":"Ресурсы!B4","v":"Дорожный рабочий 2 разряда"},"чел.-ч",6.21,{"$f":"ОКРУГЛВСЕ(IF(E537=\"\",0,E537)*IF(F535=\"\",0,F535),11)","v":6.2100000000000002E-2},{"$f":"Ресурсы!D4","v":100.57},{"$f":"ROUND(IF(F537=\"\",0,F537)*IF(G537=\"\",0,G537),0)","v":6},"s","Г",null,null,{"$f":"Ресурсы!C4","v":7.8},{"$f":"ROUND(IF(F537=\"\",0,F537)*IF(M537=\"\",0,M537),0)","v":0}]
["27. 3.",{"$f":"ПОЛУЧШИФР(Ресурсы!A73,1)","v":"СЦЭСМ 031811"},{"$f":"Ресурсы!B73","v":"Погрузчики одноковшовые универсальные фронтальные пневмоколесные 2 т"},"маш.-ч",0.19,{"$f":"ОКРУГЛВСЕ(IF(E538=\"\",0,E538)*IF(F535=\"\",0,F535),11)","v":1.9E-3},{"$f":"Ресурсы!D73","v":507.45},{"$f":"ROUND(IF(F538=\"\",0,F538)*IF(G538=\"\",0,G538),0)","v":1},"s","IsMash",null,null,{"$f":"Ресурсы!C73","v":85},{"$f":"ROUND(IF(F538=\"\",0,F538)*IF(M538=\"\",0,M538),0)","v":0}]
[null,null,null,{"$f":"Ресурсы!G73","v":1},null,null,{"$f":"Ресурсы!F73","v":142.80000000000001},{"$f":"ROUND(IF(F538=\"\",0,F538)*IF(G539=\"\",0,G539),0)","v":0},null,null,"mWithZTM","mWithZPM",{"$f":"Ресурсы!E73","v":11.6},{"$f":"ROUND(IF(F538=\"\",0,F538)*IF(M539=\"\",0,M539),0)","v":0}]
["27. 4.",{"$f":"ПОЛУЧШИФР(Ресурсы!A99,1)","v":"СЦЭСМ 121805"},{"$f":"Ресурсы!B99","v":"Установки для ремонта покрытий струйно-инъекционным методом на базе автомобиля"},"маш.-ч",6.21,{"$f":"ОКРУГЛВСЕ(IF(E540=\"\",0,E540)*IF(F535=\"\",0,F535),11)","v":6.2100000000000002E-2},{"$f":"Ресурсы!D99","v":1494.01},{"$f":"ROUND(IF(F540=\"\",0,F540)*IF(G540=\"\",0,G540),0)","v":93},"s","IsMash",null,null,{"$f":"Ресурсы!C99","v":247.16},{"$f":"ROUND(IF(F540=\"\",0,F540)*IF(M540=\"\",0,M540),0)","v":15}]
[null,null,null,{"$f":"Ресурсы!G99","v":2},null,null,{"$f":"Ресурсы!F99","v":360.31},{"$f":"ROUND(IF(F540=\"\",0,F540)*IF(G541=\"\",0,G541),0)","v":22},null,null,"mWithZTM","mWithZPM",{"$f":"Ресурсы!E99","v":27.9},{"$f":"ROUND(IF(F540=\"\",0,F540)*IF(M541=\"\",0,M541),0)","v":2}]
["27. 5.",{"$f":"ПОЛУЧШИФР(Ресурсы!A34,0)","v":"с101-4959"},{"$f":"Ресурсы!B34","v":"Эмульсия битумно-катионная, марка ЭБК-1"},"т",0.75,{"$f":"ОКРУГЛВСЕ(IF(E542=\"\",0,E542)*IF(F535=\"\",0,F535),11)","v":7.4999999999999997E-3},{"$f":"ROUND(Ресурсы!D34*Начисления!AV32,2)","v":14602.07},{"$f":"ROUND(IF(F542=\"\",0,F542)*IF(G542=\"\",0,G542),0)","v":110},"s","IsMater",null,null,{"$f":"ROUND(Ресурсы!C34*Начисления!AV32,2)","v":0},{"$f":"ROUND(IF(F542=\"\",0,F542)*IF(M542=\"\",0,M542),0)","v":0}]
["27. 6.",{"$f":"ПОЛУЧШИФР(Ресурсы!A51,0)","v":"с408-0009"},{"$f":"Ресурсы!B51","v":"Щебень из природного камня для строительных работ марка 1000, фракция 5(3)-10 мм"},"м3",6.33,{"$f":"ОКРУГЛВСЕ(IF(E543=\"\",0,E543)*IF(F535=\"\",0,F535),11)","v":6.3299999999999995E-2},{"$f":"ROUND(Ресурсы!D51*Начисления!AV32,2)","v":2007.44},{"$f":"ROUND(IF(F543=\"\",0,F543)*IF(G543=\"\",0,G543),0)","v":127},"s","IsMater",null,null,{"$f":"ROUND(Ресурсы!C51*Начисления!AV32,2)","v":0},{"$f":"ROUND(IF(F543=\"\",0,F543)*IF(M543=\"\",0,M543),0)","v":0}]
[null,null,"Зарплата рабочих",null,null,null,null,6]
[null,null,"Эксплуатация машин",null,null,null,null,94,null,null,null,null,null,16]
[null,null,"в т.ч. зарплата машинистов",null,null,null,null,23,null,null,null,null,null,2]
[null,null,"Материалы",null,null,null,null,237]
[null,null,"в т.ч. Вспомогательные материалы от стоимости материалов"]
[null,null,"в т.ч. Вспомогательные ненормируемые материалы",null,null,null,null,null,"NenormMatOtZPR"]
[null,null,"в т.ч. Ненормированная з.п. рабочих"]
[null,null,"в т.ч. Ненормированная стоимость эксплуатации машин"]
[null,null,"в т.ч. Ненормированная оплата механизаторов"]
[null,null,"Накладные расходы",null,null,null,11.7,{"$f":"IF('Текущие цены с учетом расхода'!N32>0,'Текущие цены с учетом расхода'!N32,IF('Текущие цены с учетом расхода'!N32<0,'Текущие цены с учетом расхода'!N32,\"\"))","v":39},null,"Nakl",null,null,11.7,{"$f":"IF('Базовые цены с учетом расхода'!N32>0,'Базовые цены с учетом расхода'!N32,IF('Базовые цены с учетом расхода'!N32<0,'Базовые цены с учетом расхода'!N32,\"\"))","v":2}]
[null,null,"НР от ЗПР",null,null,null,null,{"$f":"IF('Текущие цены с учетом расхода'!P32>0,'Текущие цены с учетом расхода'!P32,IF('Текущие цены с учетом расхода'!P32<0,'Текущие цены с учетом расхода'!P32,\"\"))","v":""},null,"Nakl_ZPR",null,null,null,{"$f":"IF('Базовые цены с учетом расхода'!P32>0,'Базовые цены с учетом расхода'!P32,IF('Базовые цены с учетом расхода'!P32<0,'Базовые цены с учетом расхода'!P32,\"\"))","v":""}]
[null,null,"НР от ЗПМ",null,null,null,null,{"$f":"IF('Текущие цены с учетом расхода'!Q32>0,'Текущие цены с учетом расхода'!Q32,IF('Текущие цены с учетом расхода'!Q32<0,'Текущие цены с учетом расхода'!Q32,\"\"))","v":""},null,"Nakl_ZPM",null,null,null,{"$f":"IF('Базовые цены с учетом расхода'!Q32>0,'Базовые цены с учетом расхода'!Q32,IF('Базовые цены с учетом расхода'!Q32<0,'Базовые цены с учетом расхода'!Q32,\"\"))","v":""}]
[null,null,"Плановые накопления / Сметная прибыль",null,null,null,8,{"$f":"IF('Текущие цены с учетом расхода'!O32>0,'Текущие цены с учетом расхода'!O32,IF('Текущие цены с учетом расхода'!O32<0,'Текущие цены с учетом расхода'!O32,\"\"))","v":30},null,"Plan",null,null,8,{"$f":"IF('Базовые цены с учетом расхода'!O32>0,'Базовые цены с учетом расхода'!O32,IF('Базовые цены с учетом расхода'!O32<0,'Базовые цены с учетом расхода'!O32,\"\"))","v":1}]
[null,null,"СП от ЗПР",null,null,null,null,{"$f":"IF('Текущие цены с учетом расхода'!R32>0,'Текущие цены с учетом расхода'!R32,IF('Текущие цены с учетом расхода'!R32<0,'Текущие цены с учетом расхода'!R32,\"\"))","v":""},null,"Plan_ZPR",null,null,null,{"$f":"IF('Базовые цены с учетом расхода'!R32>0,'Базовые цены с учетом расхода'!R32,IF('Базовые цены с учетом расхода'!R32<0,'Базовые цены с учетом расхода'!R32,\"\"))","v":""}]
[null,null,"СП от ЗПМ",null,null,null,null,{"$f":"IF('Текущие цены с учетом расхода'!S32>0,'Текущие цены с учетом расхода'!S32,IF('Текущие цены с учетом расхода'!S32<0,'Текущие цены с учетом расхода'!S32,\"\"))","v":""},null,"Plan_ZPM",null,null,null,{"$f":"IF('Базовые цены с учетом расхода'!S32>0,'Базовые цены с учетом расхода'!S32,IF('Базовые цены с учетом расхода'!S32<0,'Базовые цены с учетом расхода'!S32,\"\"))","v":""}]
["28.","ГЭСНс 01-02-020-01","Доставка материалов к месту работы комбинированными дорожными машинами мощностью от 210 до 270 л.с.","10 км расстояния доставки",null,0.5,{"$f":"ROUND(СУММПРОИЗВЕСЛИ(1,I559:I562,\"s\",E559:E562,G559:G562,0),2)+SUMIF(I559:I577,\"=NenormMatOtZPR\",G559:G577)","v":614.54},{"$f":"ROUND(СУММПРОИЗВЕСЛИ(F559,I559:I562,\"s\",E559:E562,G559:G562,0),0)+SUMIF(I559:I577,\"=NenormMatOtZPR\",H559:H577)","v":307},"sum",null,null,null,{"$f":"ROUND(СУММПРОИЗВЕСЛИ(1,I559:I562,\"s\",E559:E562,M559:M562,0),2)+SUMIF(I559:I577,\"=NenormMatOtZPR\",M559:M577)","v":102.27},{"$f":"ROUND(СУММПРОИЗВЕСЛИ(F559,I559:I562,\"s\",E559:E562,M559:M562,0),0)+SUMIF(I559:I577,\"=NenormMatOtZPR\",N559:N577)","v":51}]
["28. 1.","2","Затраты труда машинистов","чел.-ч",{"$f":"ОКРУГЛВСЕ(СУММПРОИЗВЕСЛИ(1,K559:K562,\"mWithZTM\",D559:D562,E559:E562,-1)+СУММКОЭФПРОЦЕНТЕСЛИ(1,1,K559:K562,\"mWithZTM_Proch\",E559:E562,-1),11)","v":0.55000000000000004},{"$f":"ОКРУГЛВСЕ(СУММПРОИЗВЕСЛИ(1,K559:K562,\"mWithZTM\",D559:D562,F559:F562,-1)+СУММКОЭФПРОЦЕНТЕСЛИ(1,1,K559:K562,\"mWithZTM_Proch\",F559:F562,-1),11)","v":0.27500000000000002},{"$f":"IF(F560=0,0,ROUND(H560/F560,3))","v":174.54499999999999},{"$f":"ROUND(СУММЕСЛИДА1НЕ1(L559:L562,\"mWithZPM\",D559:D562,0,H559:H562),0)","v":48},null,"Ж",null,null,{"$f":"IF(F560=0,0,ROUND(N560/F560,3))","v":14.545},{"$f":"ROUND(СУММЕСЛИДА1НЕ1(L559:L562,\"mWithZPM\",D559:D562,0,N559:N562),0)","v":4}]
["28. 2.",{"$f":"ПОЛУЧШИФР(Ресурсы!A94,1)","v":"СЦЭСМ 121342"},{"$f":"Ресурсы!B94","v":"Машины дорожные комбинированные, мощностью от 210 до 270 л.с."},"маш.-ч",0.55000000000000004,{"$f":"ОКРУГЛВСЕ(IF(E561=\"\",0,E561)*IF(F559=\"\",0,F559),11)","v":0.27500000000000002},{"$f":"Ресурсы!D94","v":1117.3399999999999},{"$f":"ROUND(IF(F561=\"\",0,F561)*IF(G561=\"\",0,G561),0)","v":307},"s","IsMash",null,null,{"$f":"Ресурсы!C94","v":185.95},{"$f":"ROUND(IF(F561=\"\",0,F561)*IF(M561=\"\",0,M561),0)","v":51}]
[null,null,null,{"$f":"Ресурсы!G94","v":1},null,null,{"$f":"Ресурсы!F94","v":174.31},{"$f":"ROUND(IF(F561=\"\",0,F561)*IF(G562=\"\",0,G562),0)","v":48},null,null,"mWithZTM","mWithZPM",{"$f":"Ресурсы!E94","v":13.5},{"$f":"ROUND(IF(F561=\"\",0,F561)*IF(M562=\"\",0,M562),0)","v":4}]
[null,null,"Зарплата рабочих"]
[null,null,"Эксплуатация машин",null,null,null,null,307,null,null,null,null,null,51]
[null,null,"в т.ч. зарплата машинистов",null,null,null,null,48,null,null,null,null,null,4]
[null,null,"Материалы"]
[null,null,"в т.ч. Вспомогательные материалы от стоимости материалов"]
[null,null,"в т.ч. Вспомогательные ненормируемые материалы",null,null,null,null,null,"NenormMatOtZPR"]
[null,null,"в т.ч. Ненормированная з.п. рабочих"]
[null,null,"в т.ч. Ненормированная стоимость эксплуатации машин"]
[null,null,"в т.ч. Ненормированная оплата механизаторов"]
[null,null,"Накладные расходы",null,null,null,11.7,{"$f":"IF('Текущие цены с учетом расхода'!N33>0,'Текущие цены с учетом расхода'!N33,IF('Текущие цены с учетом расхода'!N33<0,'Текущие цены с учетом расхода'!N33,\"\"))","v":36},null,"Nakl",null,null,11.7,{"$f":"IF('Базовые цены с учетом расхода'!N33>0,'Базовые цены с учетом расхода'!N33,IF('Базовые цены с учетом расхода'!N33<0,'Базовые цены с учетом расхода'!N33,\"\"))","v":6}]
[null,null,"НР от ЗПР",null,null,null,null,{"$f":"IF('Текущие цены с учетом расхода'!P33>0,'Текущие цены с учетом расхода'!P33,IF('Текущие цены с учетом расхода'!P33<0,'Текущие цены с учетом расхода'!P33,\"\"))","v":""},null,"Nakl_ZPR",null,null,null,{"$f":"IF('Базовые цены с учетом расхода'!P33>0,'Базовые цены с учетом расхода'!P33,IF('Базовые цены с учетом расхода'!P33<0,'Базовые цены с учетом расхода'!P33,\"\"))","v":""}]
[null,null,"НР от ЗПМ",null,null,null,null,{"$f":"IF('Текущие цены с учетом расхода'!Q33>0,'Текущие цены с учетом расхода'!Q33,IF('Текущие цены с учетом расхода'!Q33<0,'Текущие цены с учетом расхода'!Q33,\"\"))","v":""},null,"Nakl_ZPM",null,null,null,{"$f":"IF('Базовые цены с учетом расхода'!Q33>0,'Базовые цены с учетом расхода'!Q33,IF('Базовые цены с учетом расхода'!Q33<0,'Базовые цены с учетом расхода'!Q33,\"\"))","v":""}]
[null,null,"Плановые накопления / Сметная прибыль",null,null,null,8,{"$f":"IF('Текущие цены с учетом расхода'!O33>0,'Текущие цены с учетом расхода'!O33,IF('Текущие цены с учетом расхода'!O33<0,'Текущие цены с учетом расхода'!O33,\"\"))","v":27},null,"Plan",null,null,8,{"$f":"IF('Базовые цены с учетом расхода'!O33>0,'Базовые цены с учетом расхода'!O33,IF('Базовые цены с учетом расхода'!O33<0,'Базовые цены с учетом расхода'!O33,\"\"))","v":5}]
[null,null,"СП от ЗПР",null,null,null,null,{"$f":"IF('Текущие цены с учетом расхода'!R33>0,'Текущие цены с учетом расхода'!R33,IF('Текущие цены с учетом расхода'!R33<0,'Текущие цены с учетом расхода'!R33,\"\"))","v":""},null,"Plan_ZPR",null,null,null,{"$f":"IF('Базовые цены с учетом расхода'!R33>0,'Базовые цены с учетом расхода'!R33,IF('Базовые цены с учетом расхода'!R33<0,'Базовые цены с учетом расхода'!R33,\"\"))","v":""}]
[null,null,"СП от ЗПМ",null,null,null,null,{"$f":"IF('Текущие цены с учетом расхода'!S33>0,'Текущие цены с учетом расхода'!S33,IF('Текущие цены с учетом расхода'!S33<0,'Текущие цены с учетом расхода'!S33,\"\"))","v":""},null,"Plan_ZPM",null,null,null,{"$f":"IF('Базовые цены с учетом расхода'!S33>0,'Базовые цены с учетом расхода'!S33,IF('Базовые цены с учетом расхода'!S33<0,'Базовые цены с учетом расхода'!S33,\"\"))","v":""}]
["29.","ГЭСНс 01-02-006-01","Ямочный ремонт асфальтобетонных покрытий укатываемой асфальтобетонной смесью типа БII без разломки старого покрытия, толщина слоя до 50 мм, площадь ремонта в одном месте до 1 м2","100 м2",null,0.01,{"$f":"ROUND(СУММПРОИЗВЕСЛИ(1,I578:I590,\"s\",E578:E590,G578:G590,0),2)+SUMIF(I578:I605,\"=NenormMatOtZPR\",G578:G605)","v":58543.040000000001},{"$f":"ROUND(СУММПРОИЗВЕСЛИ(F578,I578:I590,\"s\",E578:E590,G578:G590,0),0)+SUMIF(I578:I605,\"=NenormMatOtZPR\",H578:H605)","v":585},"sum",null,null,null,{"$f":"ROUND(СУММПРОИЗВЕСЛИ(1,I578:I590,\"s\",E578:E590,M578:M590,0),2)+SUMIF(I578:I605,\"=NenormMatOtZPR\",M578:M605)","v":1938.62},{"$f":"ROUND(СУММПРОИЗВЕСЛИ(F578,I578:I590,\"s\",E578:E590,M578:M590,0),0)+SUMIF(I578:I605,\"=NenormMatOtZPR\",N578:N605)","v":19}]
["29. 1.","2","Затраты труда машинистов","чел.-ч",{"$f":"ОКРУГЛВСЕ(СУММПРОИЗВЕСЛИ(1,K578:K590,\"mWithZTM\",D578:D590,E578:E590,-1)+СУММКОЭФПРОЦЕНТЕСЛИ(1,1,K578:K590,\"mWithZTM_Proch\",E578:E590,-1),11)","v":15.54},{"$f":"ОКРУГЛВСЕ(СУММПРОИЗВЕСЛИ(1,K578:K590,\"mWithZTM\",D578:D590,F578:F590,-1)+СУММКОЭФПРОЦЕНТЕСЛИ(1,1,K578:K590,\"mWithZTM_Proch\",F578:F590,-1),11)","v":0.15540000000000001},{"$f":"IF(F579=0,0,ROUND(H579/F579,3))","v":148.005},{"$f":"ROUND(СУММЕСЛИДА1НЕ1(L578:L590,\"mWithZPM\",D578:D590,0,H578:H590),0)","v":23},null,"Ж",null,null,{"$f":"IF(F579=0,0,ROUND(N579/F579,3))","v":12.87},{"$f":"ROUND(СУММЕСЛИДА1НЕ1(L578:L590,\"mWithZPM\",D578:D590,0,N578:N590),0)","v":2}]
["29. 2.",{"$f":"ПОЛУЧШИФР(Ресурсы!A3,1)","v":"0-4001"},{"$f":"Ресурсы!B3","v":"Дорожный рабочий 1 разряда"},"чел.-ч",7.77,{"$f":"ОКРУГЛВСЕ(IF(E580=\"\",0,E580)*IF(F578=\"\",0,F578),11)","v":7.7700000000000005E-2},{"$f":"Ресурсы!D3","v":92.69},{"$f":"ROUND(IF(F580=\"\",0,F580)*IF(G580=\"\",0,G580),0)","v":7},"s","Г",null,null,{"$f":"Ресурсы!C3","v":7.19},{"$f":"ROUND(IF(F580=\"\",0,F580)*IF(M580=\"\",0,M580),0)","v":1}]
["29. 3.",{"$f":"ПОЛУЧШИФР(Ресурсы!A4,1)","v":"0-4002"},{"$f":"Ресурсы!B4","v":"Дорожный рабочий 2 разряда"},"чел.-ч",15.54,{"$f":"ОКРУГЛВСЕ(IF(E581=\"\",0,E581)*IF(F578=\"\",0,F578),11)","v":0.15540000000000001},{"$f":"Ресурсы!D4","v":100.57},{"$f":"ROUND(IF(F581=\"\",0,F581)*IF(G581=\"\",0,G581),0)","v":16},"s","Г",null,null,{"$f":"Ресурсы!C4","v":7.8},{"$f":"ROUND(IF(F581=\"\",0,F581)*IF(M581=\"\",0,M581),0)","v":1}]
["29. 4.",{"$f":"ПОЛУЧШИФР(Ресурсы!A5,1)","v":"0-4003"},{"$f":"Ресурсы!B5","v":"Дорожный рабочий 3 разряда"},"чел.-ч",23.31,{"$f":"ОКРУГЛВСЕ(IF(E582=\"\",0,E582)*IF(F578=\"\",0,F578),11)","v":0.2331},{"$f":"Ресурсы!D5","v":109.94},{"$f":"ROUND(IF(F582=\"\",0,F582)*IF(G582=\"\",0,G582),0)","v":26},"s","Г",null,null,{"$f":"Ресурсы!C5","v":8.5299999999999994},{"$f":"ROUND(IF(F582=\"\",0,F582)*IF(M582=\"\",0,M582),0)","v":2}]
["29. 5.",{"$f":"ПОЛУЧШИФР(Ресурсы!A6,1)","v":"0-4004"},{"$f":"Ресурсы!B6","v":"Дорожный рабочий 4 разряда"},"чел.-ч",7.77,{"$f":"ОКРУГЛВСЕ(IF(E583=\"\",0,E583)*IF(F578=\"\",0,F578),11)","v":7.7700000000000005E-2},{"$f":"Ресурсы!D6","v":124.02},{"$f":"ROUND(IF(F583=\"\",0,F583)*IF(G583=\"\",0,G583),0)","v":10},"s","Г",null,null,{"$f":"Ресурсы!C6","v":9.6199999999999992},{"$f":"ROUND(IF(F583=\"\",0,F583)*IF(M583=\"\",0,M583),0)","v":1}]
["29. 6.",{"$f":"ПОЛУЧШИФР(Ресурсы!A89,1)","v":"СЦЭСМ 120906"},{"$f":"Ресурсы!B89","v":"Катки дорожные самоходные гладкие 8 т"},"маш.-ч",7.77,{"$f":"ОКРУГЛВСЕ(IF(E584=\"\",0,E584)*IF(F578=\"\",0,F578),11)","v":7.7700000000000005E-2},{"$f":"Ресурсы!D89","v":586.66999999999996},{"$f":"ROUND(IF(F584=\"\",0,F584)*IF(G584=\"\",0,G584),0)","v":46},"s","IsMash",null,null,{"$f":"Ресурсы!C89","v":75},{"$f":"ROUND(IF(F584=\"\",0,F584)*IF(M584=\"\",0,M584),0)","v":6}]
[null,null,null,{"$f":"Ресурсы!G89","v":1},null,null,{"$f":"Ресурсы!F89","v":142.80000000000001},{"$f":"ROUND(IF(F584=\"\",0,F584)*IF(G585=\"\",0,G585),0)","v":11},null,null,"mWithZTM","mWithZPM",{"$f":"Ресурсы!E89","v":11.6},{"$f":"ROUND(IF(F584=\"\",0,F584)*IF(M585=\"\",0,M585),0)","v":1}]
["29. 7.",{"$f":"ПОЛУЧШИФР(Ресурсы!A93,1)","v":"СЦЭСМ 121011"},{"$f":"Ресурсы!B93","v":"Котлы битумные передвижные 400 л"},"маш.-ч",7.77,{"$f":"ОКРУГЛВСЕ(IF(E586=\"\",0,E586)*IF(F578=\"\",0,F578),11)","v":7.7700000000000005E-2},{"$f":"Ресурсы!D93","v":158.25},{"$f":"ROUND(IF(F586=\"\",0,F586)*IF(G586=\"\",0,G586),0)","v":12},"s","IsMash",null,null,{"$f":"Ресурсы!C93","v":30},{"$f":"ROUND(IF(F586=\"\",0,F586)*IF(M586=\"\",0,M586),0)","v":2}]
["29. 8.",{"$f":"ПОЛУЧШИФР(Ресурсы!A96,1)","v":"СЦЭСМ 121550"},{"$f":"Ресурсы!B96","v":"Машины дорожной службы (машина дорожного мастера)"},"маш.-ч",7.77,{"$f":"ОКРУГЛВСЕ(IF(E587=\"\",0,E587)*IF(F578=\"\",0,F578),11)","v":7.7700000000000005E-2},{"$f":"Ресурсы!D96","v":552.54999999999995},{"$f":"ROUND(IF(F587=\"\",0,F587)*IF(G587=\"\",0,G587),0)","v":43},"s","IsMash",null,null,{"$f":"Ресурсы!C96","v":86.5},{"$f":"ROUND(IF(F587=\"\",0,F587)*IF(M587=\"\",0,M587),0)","v":7}]
[null,null,null,{"$f":"Ресурсы!G96","v":1},null,null,{"$f":"Ресурсы!F96","v":149.81},{"$f":"ROUND(IF(F587=\"\",0,F587)*IF(G588=\"\",0,G588),0)","v":12},null,null,"mWithZTM","mWithZPM",{"$f":"Ресурсы!E96","v":11.6},{"$f":"ROUND(IF(F587=\"\",0,F587)*IF(M588=\"\",0,M588),0)","v":1}]
["29. 9.",{"$f":"ПОЛУЧШИФР(Ресурсы!A20,0)","v":"с101-1556"},{"$f":"Ресурсы!B20","v":"Битумы нефтяные дорожные марки БНД-60/90, БНД-90/130 первый сорт"},"т",3.2000000000000001E-2,{"$f":"ОКРУГЛВСЕ(IF(E589=\"\",0,E589)*IF(F578=\"\",0,F578),11)","v":3.2000000000000003E-4},{"$f":"ROUND(Ресурсы!D20*Начисления!AV34,2)","v":14016.54},{"$f":"ROUND(IF(F589=\"\",0,F589)*IF(G589=\"\",0,G589),0)","v":4},"s","IsMater",null,null,{"$f":"ROUND(Ресурсы!C20*Начисления!AV34,2)","v":0},{"$f":"ROUND(IF(F589=\"\",0,F589)*IF(M589=\"\",0,M589),0)","v":0}]
["29. 10.",{"$f":"ПОЛУЧШИФР(Ресурсы!A59,0)","v":"с410-0006"},{"$f":"Ресурсы!B59","v":"Смеси асфальтобетонные дорожные, аэродромные и асфальтобетон (горячие и тёплые для плотного асфальтобетона мелко и крупнозернистые, песчаныее), марка II, тип Б"},"т",11.7,{"$f":"ОКРУГЛВСЕ(IF(E590=\"\",0,E590)*IF(F578=\"\",0,F578),11)","v":0.11700000000000001},{"$f":"ROUND(Ресурсы!D59*Начисления!AV34,2)","v":3607.16},{"$f":"ROUND(IF(F590=\"\",0,F590)*IF(G590=\"\",0,G590),0)","v":422},"s","IsMater",null,null,{"$f":"ROUND(Ресурсы!C59*Начисления!AV34,2)","v":0},{"$f":"ROUND(IF(F590=\"\",0,F590)*IF(M590=\"\",0,M590),0)","v":0}]
[null,null,"Зарплата рабочих",null,null,null,null,58,null,null,null,null,null,5]
[null,null,"Эксплуатация машин",null,null,null,null,101,null,null,null,null,null,15]
[null,null,"в т.ч. зарплата машинистов",null,null,null,null,23,null,null,null,null,null,2]
[null,null,"Материалы",null,null,null,null,427]
[null,null,"в т.ч. Вспомогательные материалы от стоимости материалов"]
[null,null,"в т.ч. Вспомогательные ненормируемые материалы",null,null,null,null,null,"NenormMatOtZPR"]
[null,null,"в т.ч. Ненормированная з.п. рабочих"]
[null,null,"в т.ч. Ненормированная стоимость эксплуатации машин"]
[null,null,"в т.ч. Ненормированная оплата механизаторов"]
[null,null,"Накладные расходы",null,null,null,11.7,{"$f":"IF('Текущие цены с учетом расхода'!N34>0,'Текущие цены с учетом расхода'!N34,IF('Текущие цены с учетом расхода'!N34<0,'Текущие цены с учетом расхода'!N34,\"\"))","v":68},null,"Nakl",null,null,11.7,{"$f":"IF('Базовые цены с учетом расхода'!N34>0,'Базовые цены с учетом расхода'!N34,IF('Базовые цены с учетом расхода'!N34<0,'Базовые цены с учетом расхода'!N34,\"\"))","v":2}]
[null,null,"НР от ЗПР",null,null,null,null,{"$f":"IF('Текущие цены с учетом расхода'!P34>0,'Текущие цены с учетом расхода'!P34,IF('Текущие цены с учетом расхода'!P34<0,'Текущие цены с учетом расхода'!P34,\"\"))","v":""},null,"Nakl_ZPR",null,null,null,{"$f":"IF('Базовые цены с учетом расхода'!P34>0,'Базовые цены с учетом расхода'!P34,IF('Базовые цены с учетом расхода'!P34<0,'Базовые цены с учетом расхода'!P34,\"\"))","v":""}]
[null,null,"НР от ЗПМ",null,null,null,null,{"$f":"IF('Текущие цены с учетом расхода'!Q34>0,'Текущие цены с учетом расхода'!Q34,IF('Текущие цены с учетом расхода'!Q34<0,'Текущие цены с учетом расхода'!Q34,\"\"))","v":""},null,"Nakl_ZPM",null,null,null,{"$f":"IF('Базовые цены с учетом расхода'!Q34>0,'Базовые цены с учетом расхода'!Q34,IF('Базовые цены с учетом расхода'!Q34<0,'Базовые цены с учетом расхода'!Q34,\"\"))","v":""}]
[null,null,"Плановые накопления / Сметная прибыль",null,null,null,8,{"$f":"IF('Текущие цены с учетом расхода'!O34>0,'Текущие цены с учетом расхода'!O34,IF('Текущие цены с учетом расхода'!O34<0,'Текущие цены с учетом расхода'!O34,\"\"))","v":52},null,"Plan",null,null,8,{"$f":"IF('Базовые цены с учетом расхода'!O34>0,'Базовые цены с учетом расхода'!O34,IF('Базовые цены с учетом расхода'!O34<0,'Базовые цены с учетом расхода'!O34,\"\"))","v":2}]
[null,null,"СП от ЗПР",null,null,null,null,{"$f":"IF('Текущие цены с учетом расхода'!R34>0,'Текущие цены с учетом расхода'!R34,IF('Текущие цены с учетом расхода'!R34<0,'Текущие цены с учетом расхода'!R34,\"\"))","v":""},null,"Plan_ZPR",null,null,null,{"$f":"IF('Базовые цены с учетом расхода'!R34>0,'Базовые цены с учетом расхода'!R34,IF('Базовые цены с учетом расхода'!R34<0,'Базовые цены с учетом расхода'!R34,\"\"))","v":""}]
[null,null,"СП от ЗПМ",null,null,null,null,{"$f":"IF('Текущие цены с учетом расхода'!S34>0,'Текущие цены с учетом расхода'!S34,IF('Текущие цены с учетом расхода'!S34<0,'Текущие цены с учетом расхода'!S34,\"\"))","v":""},null,"Plan_ZPM",null,null,null,{"$f":"IF('Базовые цены с учетом расхода'!S34>0,'Базовые цены с учетом расхода'!S34,IF('Базовые цены с учетом расхода'!S34<0,'Базовые цены с учетом расхода'!S34,\"\"))","v":""}]
["30.","ГЭСНс 01-02-006-01","Ямочный ремонт асфальтобетонных покрытий укатываемой асфальтобетонной смесью типа ВII без разломки старого покрытия, толщина слоя до 50 мм, площадь ремонта в одном месте до 1 м2","100 м2",null,0.01,{"$f":"ROUND(СУММПРОИЗВЕСЛИ(1,I606:I618,\"s\",E606:E618,G606:G618,0),2)+SUMIF(I606:I633,\"=NenormMatOtZPR\",G606:G633)","v":59471.08},{"$f":"ROUND(СУММПРОИЗВЕСЛИ(F606,I606:I618,\"s\",E606:E618,G606:G618,0),0)+SUMIF(I606:I633,\"=NenormMatOtZPR\",H606:H633)","v":595},"sum",null,null,null,{"$f":"ROUND(СУММПРОИЗВЕСЛИ(1,I606:I618,\"s\",E606:E618,M606:M618,0),2)+SUMIF(I606:I633,\"=NenormMatOtZPR\",M606:M633)","v":1938.62},{"$f":"ROUND(СУММПРОИЗВЕСЛИ(F606,I606:I618,\"s\",E606:E618,M606:M618,0),0)+SUMIF(I606:I633,\"=NenormMatOtZPR\",N606:N633)","v":19}]
["30. 1.","2","Затраты труда машинистов","чел.-ч",{"$f":"ОКРУГЛВСЕ(СУММПРОИЗВЕСЛИ(1,K606:K618,\"mWithZTM\",D606:D618,E606:E618,-1)+СУММКОЭФПРОЦЕНТЕСЛИ(1,1,K606:K618,\"mWithZTM_Proch\",E606:E618,-1),11)","v":15.54},{"$f":"ОКРУГЛВСЕ(СУММПРОИЗВЕСЛИ(1,K606:K618,\"mWithZTM\",D606:D618,F606:F618,-1)+СУММКОЭФПРОЦЕНТЕСЛИ(1,1,K606:K618,\"mWithZTM_Proch\",F606:F618,-1),11)","v":0.15540000000000001},{"$f":"IF(F607=0,0,ROUND(H607/F607,3))","v":148.005},{"$f":"ROUND(СУММЕСЛИДА1НЕ1(L606:L618,\"mWithZPM\",D606:D618,0,H606:H618),0)","v":23},null,"Ж",null,null,{"$f":"IF(F607=0,0,ROUND(N607/F607,3))","v":12.87},{"$f":"ROUND(СУММЕСЛИДА1НЕ1(L606:L618,\"mWithZPM\",D606:D618,0,N606:N618),0)","v":2}]
["30. 2.",{"$f":"ПОЛУЧШИФР(Ресурсы!A3,1)","v":"0-4001"},{"$f":"Ресурсы!B3","v":"Дорожный рабочий 1 разряда"},"чел.-ч",7.77,{"$f":"ОКРУГЛВСЕ(IF(E608=\"\",0,E608)*IF(F606=\"\",0,F606),11)","v":7.7700000000000005E-2},{"$f":"Ресурсы!D3","v":92.69},{"$f":"ROUND(IF(F608=\"\",0,F608)*IF(G608=\"\",0,G608),0)","v":7},"s","Г",null,null,{"$f":"Ресурсы!C3","v":7.19},{"$f":"ROUND(IF(F608=\"\",0,F608)*IF(M608=\"\",0,M608),0)","v":1}]
["30. 3.",{"$f":"ПОЛУЧШИФР(Ресурсы!A4,1)","v":"0-4002"},{"$f":"Ресурсы!B4","v":"Дорожный рабочий 2 разряда"},"чел.-ч",15.54,{"$f":"ОКРУГЛВСЕ(IF(E609=\"\",0,E609)*IF(F606=\"\",0,F606),11)","v":0.15540000000000001},{"$f":"Ресурсы!D4","v":100.57},{"$f":"ROUND(IF(F609=\"\",0,F609)*IF(G609=\"\",0,G609),0)","v":16},"s","Г",null,null,{"$f":"Ресурсы!C4","v":7.8},{"$f":"ROUND(IF(F609=\"\",0,F609)*IF(M609=\"\",0,M609),0)","v":1}]
["30. 4.",{"$f":"ПОЛУЧШИФР(Ресурсы!A5,1)","v":"0-4003"},{"$f":"Ресурсы!B5","v":"Дорожный рабочий 3 разряда"},"чел.-ч",23.31,{"$f":"ОКРУГЛВСЕ(IF(E610=\"\",0,E610)*IF(F606=\"\",0,F606),11)","v":0.2331},{"$f":"Ресурсы!D5","v":109.94},{"$f":"ROUND(IF(F610=\"\",0,F610)*IF(G610=\"\",0,G610),0)","v":26},"s","Г",null,null,{"$f":"Ресурсы!C5","v":8.5299999999999994},{"$f":"ROUND(IF(F610=\"\",0,F610)*IF(M610=\"\",0,M610),0)","v":2}]
["30. 5.",{"$f":"ПОЛУЧШИФР(Ресурсы!A6,1)","v":"0-4004"},{"$f":"Ресурсы!B6","v":"Дорожный рабочий 4 разряда"},"чел.-ч",7.77,{"$f":"ОКРУГЛВСЕ(IF(E611=\"\",0,E611)*IF(F606=\"\",0,F606),11)","v":7.7700000000000005E-2},{"$f":"Ресурсы!D6","v":124.02},{"$f":"ROUND(IF(F611=\"\",0,F611)*IF(G611=\"\",0,G611),0)","v":10},"s","Г",null,null,{"$f":"Ресурсы!C6","v":9.6199999999999992},{"$f":"ROUND(IF(F611=\"\",0,F611)*IF(M611=\"\",0,M611),0)","v":1}]
["30. 6.",{"$f":"ПОЛУЧШИФР(Ресурсы!A89,1)","v":"СЦЭСМ 120906"},{"$f":"Ресурсы!B89","v":"Катки дорожные самоходные гладкие 8 т"},"маш.-ч",7.77,{"$f":"ОКРУГЛВСЕ(IF(E612=\"\",0,E612)*IF(F606=\"\",0,F606),11)","v":7.7700000000000005E-2},{"$f":"Ресурсы!D89","v":586.66999999999996},{"$f":"ROUND(IF(F612=\"\",0,F612)*IF(G612=\"\",0,G612),0)","v":46},"s","IsMash",null,null,{"$f":"Ресурсы!C89","v":75},{"$f":"ROUND(IF(F612=\"\",0,F612)*IF(M612=\"\",0,M612),0)","v":6}]
[null,null,null,{"$f":"Ресурсы!G89","v":1},null,null,{"$f":"Ресурсы!F89","v":142.80000000000001},{"$f":"ROUND(IF(F612=\"\",0,F612)*IF(G613=\"\",0,G613),0)","v":11},null,null,"mWithZTM","mWithZPM",{"$f":"Ресурсы!E89","v":11.6},{"$f":"ROUND(IF(F612=\"\",0,F612)*IF(M613=\"\",0,M613),0)","v":1}]
["30. 7.",{"$f":"ПОЛУЧШИФР(Ресурсы!A93,1)","v":"СЦЭСМ 121011"},{"$f":"Ресурсы!B93","v":"Котлы битумные передвижные 400 л"},"маш.-ч",7.77,{"$f":"ОКРУГЛВСЕ(IF(E614=\"\",0,E614)*IF(F606=\"\",0,F606),11)","v":7.7700000000000005E-2},{"$f":"Ресурсы!D93","v":158.25},{"$f":"ROUND(IF(F614=\"\",0,F614)*IF(G614=\"\",0,G614),0)","v":12},"s","IsMash",null,null,{"$f":"Ресурсы!C93","v":30},{"$f":"ROUND(IF(F614=\"\",0,F614)*IF(M614=\"\",0,M614),0)","v":2}]
["30. 8.",{"$f":"ПОЛУЧШИФР(Ресурсы!A96,1)","v":"СЦЭСМ 121550"},{"$f":"Ресурсы!B96","v":"Машины дорожной службы (машина дорожного мастера)"},"маш.-ч",7.77,{"$f":"ОКРУГЛВСЕ(IF(E615=\"\",0,E615)*IF(F606=\"\",0,F606),11)","v":7.7700000000000005E-2},{"$f":"Ресурсы!D96","v":552.54999999999995},{"$f":"ROUND(IF(F615=\"\",0,F615)*IF(G615=\"\",0,G615),0)","v":43},"s","IsMash",null,null,{"$f":"Ресурсы!C96","v":86.5},{"$f":"ROUND(IF(F615=\"\",0,F615)*IF(M615=\"\",0,M615),0)","v":7}]
[null,null,null,{"$f":"Ресурсы!G96","v":1},null,null,{"$f":"Ресурсы!F96","v":149.81},{"$f":"ROUND(IF(F615=\"\",0,F615)*IF(G616=\"\",0,G616),0)","v":12},null,null,"mWithZTM","mWithZPM",{"$f":"Ресурсы!E96","v":11.6},{"$f":"ROUND(IF(F615=\"\",0,F615)*IF(M616=\"\",0,M616),0)","v":1}]
["30. 9.",{"$f":"ПОЛУЧШИФР(Ресурсы!A20,0)","v":"с101-1556"},{"$f":"Ресурсы!B20","v":"Битумы нефтяные дорожные марки БНД-60/90, БНД-90/130 первый сорт"},"т",3.2000000000000001E-2,{"$f":"ОКРУГЛВСЕ(IF(E617=\"\",0,E617)*IF(F606=\"\",0,F606),11)","v":3.2000000000000003E-4},{"$f":"ROUND(Ресурсы!D20*Начисления!AV35,2)","v":14016.54},{"$f":"ROUND(IF(F617=\"\",0,F617)*IF(G617=\"\",0,G617),0)","v":4},"s","IsMater",null,null,{"$f":"ROUND(Ресурсы!C20*Начисления!AV35,2)","v":0},{"$f":"ROUND(IF(F617=\"\",0,F617)*IF(M617=\"\",0,M617),0)","v":0}]
["30. 10.",{"$f":"ПОЛУЧШИФР(Ресурсы!A60,0)","v":"с410-0007"},{"$f":"Ресурсы!B60","v":"Смеси асфальтобетонные дорожные, аэродромные и асфальтобетон (горячие и тёплые для плотного асфальтобетона мелко и крупнозернистые, песчаныее), марка II, тип B"},"т",11.7,{"$f":"ОКРУГЛВСЕ(IF(E618=\"\",0,E618)*IF(F606=\"\",0,F606),11)","v":0.11700000000000001},{"$f":"ROUND(Ресурсы!D60*Начисления!AV35,2)","v":3686.48},{"$f":"ROUND(IF(F618=\"\",0,F618)*IF(G618=\"\",0,G618),0)","v":431},"s","IsMater",null,null,{"$f":"ROUND(Ресурсы!C60*Начисления!AV35,2)","v":0},{"$f":"ROUND(IF(F618=\"\",0,F618)*IF(M618=\"\",0,M618),0)","v":0}]
[null,null,"Зарплата рабочих",null,null,null,null,58,null,null,null,null,null,5]
[null,null,"Эксплуатация машин",null,null,null,null,101,null,null,null,null,null,15]
[null,null,"в т.ч. зарплата машинистов",null,null,null,null,23,null,null,null,null,null,2]
[null,null,"Материалы",null,null,null,null,436]
[null,null,"в т.ч. Вспомогательные материалы от стоимости материалов"]
[null,null,"в т.ч. Вспомогательные ненормируемые материалы",null,null,null,null,null,"NenormMatOtZPR"]
[null,null,"в т.ч. Ненормированная з.п. рабочих"]
[null,null,"в т.ч. Ненормированная стоимость эксплуатации машин"]
[null,null,"в т.ч. Ненормированная оплата механизаторов"]
[null,null,"Накладные расходы",null,null,null,11.7,{"$f":"IF('Текущие цены с учетом расхода'!N35>0,'Текущие цены с учетом расхода'!N35,IF('Текущие цены с учетом расхода'!N35<0,'Текущие цены с учетом расхода'!N35,\"\"))","v":70},null,"Nakl",null,null,11.7,{"$f":"IF('Базовые цены с учетом расхода'!N35>0,'Базовые цены с учетом расхода'!N35,IF('Базовые цены с учетом расхода'!N35<0,'Базовые цены с учетом расхода'!N35,\"\"))","v":2}]
[null,null,"НР от ЗПР",null,null,null,null,{"$f":"IF('Текущие цены с учетом расхода'!P35>0,'Текущие цены с учетом расхода'!P35,IF('Текущие цены с учетом расхода'!P35<0,'Текущие цены с учетом расхода'!P35,\"\"))","v":""},null,"Nakl_ZPR",null,null,null,{"$f":"IF('Базовые цены с учетом расхода'!P35>0,'Базовые цены с учетом расхода'!P35,IF('Базовые цены с учетом расхода'!P35<0,'Базовые цены с учетом расхода'!P35,\"\"))","v":""}]
[null,null,"НР от ЗПМ",null,null,null,null,{"$f":"IF('Текущие цены с учетом расхода'!Q35>0,'Текущие цены с учетом расхода'!Q35,IF('Текущие цены с учетом расхода'!Q35<0,'Текущие цены с учетом расхода'!Q35,\"\"))","v":""},null,"Nakl_ZPM",null,null,null,{"$f":"IF('Базовые цены с учетом расхода'!Q35>0,'Базовые цены с учетом расхода'!Q35,IF('Базовые цены с учетом расхода'!Q35<0,'Базовые цены с учетом расхода'!Q35,\"\"))","v":""}]
[null,null,"Плановые накопления / Сметная прибыль",null,null,null,8,{"$f":"IF('Текущие цены с учетом расхода'!O35>0,'Текущие цены с учетом расхода'!O35,IF('Текущие цены с учетом расхода'!O35<0,'Текущие цены с учетом расхода'!O35,\"\"))","v":53},null,"Plan",null,null,8,{"$f":"IF('Базовые цены с учетом расхода'!O35>0,'Базовые цены с учетом расхода'!O35,IF('Базовые цены с учетом расхода'!O35<0,'Базовые цены с учетом расхода'!O35,\"\"))","v":2}]
[null,null,"СП от ЗПР",null,null,null,null,{"$f":"IF('Текущие цены с учетом расхода'!R35>0,'Текущие цены с учетом расхода'!R35,IF('Текущие цены с учетом расхода'!R35<0,'Текущие цены с учетом расхода'!R35,\"\"))","v":""},null,"Plan_ZPR",null,null,null,{"$f":"IF('Базовые цены с учетом расхода'!R35>0,'Базовые цены с учетом расхода'!R35,IF('Базовые цены с учетом расхода'!R35<0,'Базовые цены с учетом расхода'!R35,\"\"))","v":""}]
[null,null,"СП от ЗПМ",null,null,null,null,{"$f":"IF('Текущие цены с учетом расхода'!S35>0,'Текущие цены с учетом расхода'!S35,IF('Текущие цены с учетом расхода'!S35<0,'Текущие цены с учетом расхода'!S35,\"\"))","v":""},null,"Plan_ZPM",null,null,null,{"$f":"IF('Базовые цены с учетом расхода'!S35>0,'Базовые цены с учетом расхода'!S35,IF('Базовые цены с учетом расхода'!S35<0,'Базовые цены с учетом расхода'!S35,\"\"))","v":""}]
["31.","ГЭСНс 01-02-006-01","Ямочный ремонт асфальтобетонных покрытий укатываемой асфальтобетонной смесью типа ВIII без разломки старого покрытия, толщина слоя до 50 мм, площадь ремонта в одном месте до 1 м2","100 м2",null,0.01,{"$f":"ROUND(СУММПРОИЗВЕСЛИ(1,I634:I646,\"s\",E634:E646,G634:G646,0),2)+SUMIF(I634:I661,\"=NenormMatOtZPR\",G634:G661)","v":56644.71},{"$f":"ROUND(СУММПРОИЗВЕСЛИ(F634,I634:I646,\"s\",E634:E646,G634:G646,0),0)+SUMIF(I634:I661,\"=NenormMatOtZPR\",H634:H661)","v":566},"sum",null,null,null,{"$f":"ROUND(СУММПРОИЗВЕСЛИ(1,I634:I646,\"s\",E634:E646,M634:M646,0),2)+SUMIF(I634:I661,\"=NenormMatOtZPR\",M634:M661)","v":1938.62},{"$f":"ROUND(СУММПРОИЗВЕСЛИ(F634,I634:I646,\"s\",E634:E646,M634:M646,0),0)+SUMIF(I634:I661,\"=NenormMatOtZPR\",N634:N661)","v":19}]
["31. 1.","2","Затраты труда машинистов","чел.-ч",{"$f":"ОКРУГЛВСЕ(СУММПРОИЗВЕСЛИ(1,K634:K646,\"mWithZTM\",D634:D646,E634:E646,-1)+СУММКОЭФПРОЦЕНТЕСЛИ(1,1,K634:K646,\"mWithZTM_Proch\",E634:E646,-1),11)","v":15.54},{"$f":"ОКРУГЛВСЕ(СУММПРОИЗВЕСЛИ(1,K634:K646,\"mWithZTM\",D634:D646,F634:F646,-1)+СУММКОЭФПРОЦЕНТЕСЛИ(1,1,K634:K646,\"mWithZTM_Proch\",F634:F646,-1),11)","v":0.15540000000000001},{"$f":"IF(F635=0,0,ROUND(H635/F635,3))","v":148.005},{"$f":"ROUND(СУММЕСЛИДА1НЕ1(L634:L646,\"mWithZPM\",D634:D646,0,H634:H646),0)","v":23},null,"Ж",null,null,{"$f":"IF(F635=0,0,ROUND(N635/F635,3))","v":12.87},{"$f":"ROUND(СУММЕСЛИДА1НЕ1(L634:L646,\"mWithZPM\",D634:D646,0,N634:N646),0)","v":2}]
["31. 2.",{"$f":"ПОЛУЧШИФР(Ресурсы!A3,1)","v":"0-4001"},{"$f":"Ресурсы!B3","v":"Дорожный рабочий 1 разряда"},"чел.-ч",7.77,{"$f":"ОКРУГЛВСЕ(IF(E636=\"\",0,E636)*IF(F634=\"\",0,F634),11)","v":7.7700000000000005E-2},{"$f":"Ресурсы!D3","v":92.69},{"$f":"ROUND(IF(F636=\"\",0,F636)*IF(G636=\"\",0,G636),0)","v":7},"s","Г",null,null,{"$f":"Ресурсы!C3","v":7.19},{"$f":"ROUND(IF(F636=\"\",0,F636)*IF(M636=\"\",0,M636),0)","v":1}]
["31. 3.",{"$f":"ПОЛУЧШИФР(Ресурсы!A4,1)","v":"0-4002"},{"$f":"Ресурсы!B4","v":"Дорожный рабочий 2 разряда"},"чел.-ч",15.54,{"$f":"ОКРУГЛВСЕ(IF(E637=\"\",0,E637)*IF(F634=\"\",0,F634),11)","v":0.15540000000000001},{"$f":"Ресурсы!D4","v":100.57},{"$f":"ROUND(IF(F637=\"\",0,F637)*IF(G637=\"\",0,G637),0)","v":16},"s","Г",null,null,{"$f":"Ресурсы!C4","v":7.8},{"$f":"ROUND(IF(F637=\"\",0,F637)*IF(M637=\"\",0,M637),0)","v":1}]
["31. 4.",{"$f":"ПОЛУЧШИФР(Ресурсы!A5,1)","v":"0-4003"},{"$f":"Ресурсы!B5","v":"Дорожный рабочий 3 разряда"},"чел.-ч",23.31,{"$f":"ОКРУГЛВСЕ(IF(E638=\"\",0,E638)*IF(F634=\"\",0,F634),11)","v":0.2331},{"$f":"Ресурсы!D5","v":109.94},{"$f":"ROUND(IF(F638=\"\",0,F638)*IF(G638=\"\",0,G638),0)","v":26},"s","Г",null,null,{"$f":"Ресурсы!C5","v":8.5299999999999994},{"$f":"ROUND(IF(F638=\"\",0,F638)*IF(M638=\"\",0,M638),0)","v":2}]
["31. 5.",{"$f":"ПОЛУЧШИФР(Ресурсы!A6,1)","v":"0-4004"},{"$f":"Ресурсы!B6","v":"Дорожный рабочий 4 разряда"},"чел.-ч",7.77,{"$f":"ОКРУГЛВСЕ(IF(E639=\"\",0,E639)*IF(F634=\"\",0,F634),11)","v":7.7700000000000005E-2},{"$f":"Ресурсы!D6","v":124.02},{"$f":"ROUND(IF(F639=\"\",0,F639)*IF(G639=\"\",0,G639),0)","v":10},"s","Г",null,null,{"$f":"Ресурсы!C6","v":9.6199999999999992},{"$f":"ROUND(IF(F639=\"\",0,F639)*IF(M639=\"\",0,M639),0)","v":1}]
["31. 6.",{"$f":"ПОЛУЧШИФР(Ресурсы!A89,1)","v":"СЦЭСМ 120906"},{"$f":"Ресурсы!B89","v":"Катки дорожные самоходные гладкие 8 т"},"маш.-ч",7.77,{"$f":"ОКРУГЛВСЕ(IF(E640=\"\",0,E640)*IF(F634=\"\",0,F634),11)","v":7.7700000000000005E-2},{"$f":"Ресурсы!D89","v":586.66999999999996},{"$f":"ROUND(IF(F640=\"\",0,F640)*IF(G640=\"\",0,G640),0)","v":46},"s","IsMash",null,null,{"$f":"Ресурсы!C89","v":75},{"$f":"ROUND(IF(F640=\"\",0,F640)*IF(M640=\"\",0,M640),0)","v":6}]
[null,null,null,{"$f":"Ресурсы!G89","v":1},null,null,{"$f":"Ресурсы!F89","v":142.80000000000001},{"$f":"ROUND(IF(F640=\"\",0,F640)*IF(G641=\"\",0,G641),0)","v":11},null,null,"mWithZTM","mWithZPM",{"$f":"Ресурсы!E89","v":11.6},{"$f":"ROUND(IF(F640=\"\",0,F640)*IF(M641=\"\",0,M641),0)","v":1}]
["31. 7.",{"$f":"ПОЛУЧШИФР(Ресурсы!A93,1)","v":"СЦЭСМ 121011"},{"$f":"Ресурсы!B93","v":"Котлы битумные передвижные 400 л"},"маш.-ч",7.77,{"$f":"ОКРУГЛВСЕ(IF(E642=\"\",0,E642)*IF(F634=\"\",0,F634),11)","v":7.7700000000000005E-2},{"$f":"Ресурсы!D93","v":158.25},{"$f":"ROUND(IF(F642=\"\",0,F642)*IF(G642=\"\",0,G642),0)","v":12},"s","IsMash",null,null,{"$f":"Ресурсы!C93","v":30},{"$f":"ROUND(IF(F642=\"\",0,F642)*IF(M642=\"\",0,M642),0)","v":2}]
["31. 8.",{"$f":"ПОЛУЧШИФР(Ресурсы!A96,1)","v":"СЦЭСМ 121550"},{"$f":"Ресурсы!B96","v":"Машины дорожной службы (машина дорожного мастера)"},"маш.-ч",7.77,{"$f":"ОКРУГЛВСЕ(IF(E643=\"\",0,E643)*IF(F634=\"\",0,F634),11)","v":7.7700000000000005E-2},{"$f":"Ресурсы!D96","v":552.54999999999995},{"$f":"ROUND(IF(F643=\"\",0,F643)*IF(G643=\"\",0,G643),0)","v":43},"s","IsMash",null,null,{"$f":"Ресурсы!C96","v":86.5},{"$f":"ROUND(IF(F643=\"\",0,F643)*IF(M643=\"\",0,M643),0)","v":7}]
[null,null,null,{"$f":"Ресурсы!G96","v":1},null,null,{"$f":"Ресурсы!F96","v":149.81},{"$f":"ROUND(IF(F643=\"\",0,F643)*IF(G644=\"\",0,G644),0)","v":12},null,null,"mWithZTM","mWithZPM",{"$f":"Ресурсы!E96","v":11.6},{"$f":"ROUND(IF(F643=\"\",0,F643)*IF(M644=\"\",0,M644),0)","v":1}]
["31. 9.",{"$f":"ПОЛУЧШИФР(Ресурсы!A20,0)","v":"с101-1556"},{"$f":"Ресурсы!B20","v":"Битумы нефтяные дорожные марки БНД-60/90, БНД-90/130 первый сорт"},"т",3.2000000000000001E-2,{"$f":"ОКРУГЛВСЕ(IF(E645=\"\",0,E645)*IF(F634=\"\",0,F634),11)","v":3.2000000000000003E-4},{"$f":"ROUND(Ресурсы!D20*Начисления!AV36,2)","v":14016.54},{"$f":"ROUND(IF(F645=\"\",0,F645)*IF(G645=\"\",0,G645),0)","v":4},"s","IsMater",null,null,{"$f":"ROUND(Ресурсы!C20*Начисления!AV36,2)","v":0},{"$f":"ROUND(IF(F645=\"\",0,F645)*IF(M645=\"\",0,M645),0)","v":0}]
["31. 10.",{"$f":"ПОЛУЧШИФР(Ресурсы!A61,0)","v":"с410-0011"},{"$f":"Ресурсы!B61","v":"Смеси асфальтобетонные дорожные, аэродромные и асфальтобетон (горячие и тёплые для плотного асфальтобетона мелко и крупнозернистые, песчаныее), марка III, тип B"},"т",11.7,{"$f":"ОКРУГЛВСЕ(IF(E646=\"\",0,E646)*IF(F634=\"\",0,F634),11)","v":0.11700000000000001},{"$f":"ROUND(Ресурсы!D61*Начисления!AV36,2)","v":3444.91},{"$f":"ROUND(IF(F646=\"\",0,F646)*IF(G646=\"\",0,G646),0)","v":403},"s","IsMater",null,null,{"$f":"ROUND(Ресурсы!C61*Начисления!AV36,2)","v":0},{"$f":"ROUND(IF(F646=\"\",0,F646)*IF(M646=\"\",0,M646),0)","v":0}]
[null,null,"Зарплата рабочих",null,null,null,null,58,null,null,null,null,null,5]
[null,null,"Эксплуатация машин",null,null,null,null,101,null,null,null,null,null,15]
[null,null,"в т.ч. зарплата машинистов",null,null,null,null,23,null,null,null,null,null,2]
[null,null,"Материалы",null,null,null,null,408]
[null,null,"в т.ч. Вспомогательные материалы от стоимости материалов"]
[null,null,"в т.ч. Вспомогательные ненормируемые материалы",null,null,null,null,null,"NenormMatOtZPR"]
[null,null,"в т.ч. Ненормированная з.п. рабочих"]
[null,null,"в т.ч. Ненормированная стоимость эксплуатации машин"]
[null,null,"в т.ч. Ненормированная оплата механизаторов"]
[null,null,"Накладные расходы",null,null,null,11.7,{"$f":"IF('Текущие цены с учетом расхода'!N36>0,'Текущие цены с учетом расхода'!N36,IF('Текущие цены с учетом расхода'!N36<0,'Текущие цены с учетом расхода'!N36,\"\"))","v":66},null,"Nakl",null,null,11.7,{"$f":"IF('Базовые цены с учетом расхода'!N36>0,'Базовые цены с учетом расхода'!N36,IF('Базовые цены с учетом расхода'!N36<0,'Базовые цены с учетом расхода'!N36,\"\"))","v":2}]
[null,null,"НР от ЗПР",null,null,null,null,{"$f":"IF('Текущие цены с учетом расхода'!P36>0,'Текущие цены с учетом расхода'!P36,IF('Текущие цены с учетом расхода'!P36<0,'Текущие цены с учетом расхода'!P36,\"\"))","v":""},null,"Nakl_ZPR",null,null,null,{"$f":"IF('Базовые цены с учетом расхода'!P36>0,'Базовые цены с учетом расхода'!P36,IF('Базовые цены с учетом расхода'!P36<0,'Базовые цены с учетом расхода'!P36,\"\"))","v":""}]
[null,null,"НР от ЗПМ",null,null,null,null,{"$f":"IF('Текущие цены с учетом расхода'!Q36>0,'Текущие цены с учетом расхода'!Q36,IF('Текущие цены с учетом расхода'!Q36<0,'Текущие цены с учетом расхода'!Q36,\"\"))","v":""},null,"Nakl_ZPM",null,null,null,{"$f":"IF('Базовые цены с учетом расхода'!Q36>0,'Базовые цены с учетом расхода'!Q36,IF('Базовые цены с учетом расхода'!Q36<0,'Базовые цены с учетом расхода'!Q36,\"\"))","v":""}]
[null,null,"Плановые накопления / Сметная прибыль",null,null,null,8,{"$f":"IF('Текущие цены с учетом расхода'!O36>0,'Текущие цены с учетом расхода'!O36,IF('Текущие цены с учетом расхода'!O36<0,'Текущие цены с учетом расхода'!O36,\"\"))","v":51},null,"Plan",null,null,8,{"$f":"IF('Базовые цены с учетом расхода'!O36>0,'Базовые цены с учетом расхода'!O36,IF('Базовые цены с учетом расхода'!O36<0,'Базовые цены с учетом расхода'!O36,\"\"))","v":2}]
[null,null,"СП от ЗПР",null,null,null,null,{"$f":"IF('Текущие цены с учетом расхода'!R36>0,'Текущие цены с учетом расхода'!R36,IF('Текущие цены с учетом расхода'!R36<0,'Текущие цены с учетом расхода'!R36,\"\"))","v":""},null,"Plan_ZPR",null,null,null,{"$f":"IF('Базовые цены с учетом расхода'!R36>0,'Базовые цены с учетом расхода'!R36,IF('Базовые цены с учетом расхода'!R36<0,'Базовые цены с учетом расхода'!R36,\"\"))","v":""}]
[null,null,"СП от ЗПМ",null,null,null,null,{"$f":"IF('Текущие цены с учетом расхода'!S36>0,'Текущие цены с учетом расхода'!S36,IF('Текущие цены с учетом расхода'!S36<0,'Текущие цены с учетом расхода'!S36,\"\"))","v":""},null,"Plan_ZPM",null,null,null,{"$f":"IF('Базовые цены с учетом расхода'!S36>0,'Базовые цены с учетом расхода'!S36,IF('Базовые цены с учетом расхода'!S36<0,'Базовые цены с учетом расхода'!S36,\"\"))","v":""}]
["32.","ГЭСНс 01-02-014-02","Ямочный ремонт щебеночных покрытий щебнем М 400 фр.40-70","100 м2",null,0.01,{"$f":"ROUND(СУММПРОИЗВЕСЛИ(1,I662:I668,\"s\",E662:E668,G662:G668,0),2)+SUMIF(I662:I683,\"=NenormMatOtZPR\",G662:G683)","v":25733.15},{"$f":"ROUND(СУММПРОИЗВЕСЛИ(F662,I662:I668,\"s\",E662:E668,G662:G668,0),0)+SUMIF(I662:I683,\"=NenormMatOtZPR\",H662:H683)","v":257},"sum",null,null,null,{"$f":"ROUND(СУММПРОИЗВЕСЛИ(1,I662:I668,\"s\",E662:E668,M662:M668,0),2)+SUMIF(I662:I683,\"=NenormMatOtZPR\",M662:M683)","v":1611},{"$f":"ROUND(СУММПРОИЗВЕСЛИ(F662,I662:I668,\"s\",E662:E668,M662:M668,0),0)+SUMIF(I662:I683,\"=NenormMatOtZPR\",N662:N683)","v":16}]
["32. 1.","2","Затраты труда машинистов","чел.-ч",{"$f":"ОКРУГЛВСЕ(СУММПРОИЗВЕСЛИ(1,K662:K668,\"mWithZTM\",D662:D668,E662:E668,-1)+СУММКОЭФПРОЦЕНТЕСЛИ(1,1,K662:K668,\"mWithZTM_Proch\",E662:E668,-1),11)","v":14.42},{"$f":"ОКРУГЛВСЕ(СУММПРОИЗВЕСЛИ(1,K662:K668,\"mWithZTM\",D662:D668,F662:F668,-1)+СУММКОЭФПРОЦЕНТЕСЛИ(1,1,K662:K668,\"mWithZTM_Proch\",F662:F668,-1),11)","v":0.14419999999999999},{"$f":"IF(F663=0,0,ROUND(H663/F663,3))","v":152.566},{"$f":"ROUND(СУММЕСЛИДА1НЕ1(L662:L668,\"mWithZPM\",D662:D668,0,H662:H668),0)","v":22},null,"Ж",null,null,{"$f":"IF(F663=0,0,ROUND(N663/F663,3))","v":13.87},{"$f":"ROUND(СУММЕСЛИДА1НЕ1(L662:L668,\"mWithZPM\",D662:D668,0,N662:N668),0)","v":2}]
["32. 2.",{"$f":"ПОЛУЧШИФР(Ресурсы!A4,1)","v":"0-4002"},{"$f":"Ресурсы!B4","v":"Дорожный рабочий 2 разряда"},"чел.-ч",28.84,{"$f":"ОКРУГЛВСЕ(IF(E664=\"\",0,E664)*IF(F662=\"\",0,F662),11)","v":0.28839999999999999},{"$f":"Ресурсы!D4","v":100.57},{"$f":"ROUND(IF(F664=\"\",0,F664)*IF(G664=\"\",0,G664),0)","v":29},"s","Г",null,null,{"$f":"Ресурсы!C4","v":7.8},{"$f":"ROUND(IF(F664=\"\",0,F664)*IF(M664=\"\",0,M664),0)","v":2}]
["32. 3.",{"$f":"ПОЛУЧШИФР(Ресурсы!A6,1)","v":"0-4004"},{"$f":"Ресурсы!B6","v":"Дорожный рабочий 4 разряда"},"чел.-ч",14.42,{"$f":"ОКРУГЛВСЕ(IF(E665=\"\",0,E665)*IF(F662=\"\",0,F662),11)","v":0.14419999999999999},{"$f":"Ресурсы!D6","v":124.02},{"$f":"ROUND(IF(F665=\"\",0,F665)*IF(G665=\"\",0,G665),0)","v":18},"s","Г",null,null,{"$f":"Ресурсы!C6","v":9.6199999999999992},{"$f":"ROUND(IF(F665=\"\",0,F665)*IF(M665=\"\",0,M665),0)","v":1}]
["32. 4.",{"$f":"ПОЛУЧШИФР(Ресурсы!A96,1)","v":"СЦЭСМ 121550"},{"$f":"Ресурсы!B96","v":"Машины дорожной службы (машина дорожного мастера)"},"маш.-ч",14.42,{"$f":"ОКРУГЛВСЕ(IF(E666=\"\",0,E666)*IF(F662=\"\",0,F662),11)","v":0.14419999999999999},{"$f":"Ресурсы!D96","v":552.54999999999995},{"$f":"ROUND(IF(F666=\"\",0,F666)*IF(G666=\"\",0,G666),0)","v":80},"s","IsMash",null,null,{"$f":"Ресурсы!C96","v":86.5},{"$f":"ROUND(IF(F666=\"\",0,F666)*IF(M666=\"\",0,M666),0)","v":12}]
[null,null,null,{"$f":"Ресурсы!G96","v":1},null,null,{"$f":"Ресурсы!F96","v":149.81},{"$f":"ROUND(IF(F666=\"\",0,F666)*IF(G667=\"\",0,G667),0)","v":22},null,null,"mWithZTM","mWithZPM",{"$f":"Ресурсы!E96","v":11.6},{"$f":"ROUND(IF(F666=\"\",0,F666)*IF(M667=\"\",0,M667),0)","v":2}]
["32. 5.",{"$f":"ПОЛУЧШИФР(Ресурсы!A55,0)","v":"с408-0024"},{"$f":"Ресурсы!B55","v":"Щебень из природого камня для строительных работ марка 400, фракция 40-70 мм"},"м3",10.1,{"$f":"ОКРУГЛВСЕ(IF(E668=\"\",0,E668)*IF(F662=\"\",0,F662),11)","v":0.10100000000000001},{"$f":"ROUND(Ресурсы!D55*Начисления!AV37,2)","v":1294.71},{"$f":"ROUND(IF(F668=\"\",0,F668)*IF(G668=\"\",0,G668),0)","v":131},"s","IsMater",null,null,{"$f":"ROUND(Ресурсы!C55*Начисления!AV37,2)","v":0},{"$f":"ROUND(IF(F668=\"\",0,F668)*IF(M668=\"\",0,M668),0)","v":0}]
[null,null,"Зарплата рабочих",null,null,null,null,47,null,null,null,null,null,4]
[null,null,"Эксплуатация машин",null,null,null,null,80,null,null,null,null,null,12]
[null,null,"в т.ч. зарплата машинистов",null,null,null,null,22,null,null,null,null,null,2]
[null,null,"Материалы",null,null,null,null,131]
[null,null,"в т.ч. Вспомогательные материалы от стоимости материалов"]
[null,null,"в т.ч. Вспомогательные ненормируемые материалы",null,null,null,null,null,"NenormMatOtZPR"]
[null,null,"в т.ч. Ненормированная з.п. рабочих"]
[null,null,"в т.ч. Ненормированная стоимость эксплуатации машин"]
[null,null,"в т.ч. Ненормированная оплата механизаторов"]
[null,null,"Накладные расходы",null,null,null,11.7,{"$f":"IF('Текущие цены с учетом расхода'!N37>0,'Текущие цены с учетом расхода'!N37,IF('Текущие цены с учетом расхода'!N37<0,'Текущие цены с учетом расхода'!N37,\"\"))","v":30},null,"Nakl",null,null,11.7,{"$f":"IF('Базовые цены с учетом расхода'!N37>0,'Базовые цены с учетом расхода'!N37,IF('Базовые цены с учетом расхода'!N37<0,'Базовые цены с учетом расхода'!N37,\"\"))","v":2}]
[null,null,"НР от ЗПР",null,null,null,null,{"$f":"IF('Текущие цены с учетом расхода'!P37>0,'Текущие цены с учетом расхода'!P37,IF('Текущие цены с учетом расхода'!P37<0,'Текущие цены с учетом расхода'!P37,\"\"))","v":""},null,"Nakl_ZPR",null,null,null,{"$f":"IF('Базовые цены с учетом расхода'!P37>0,'Базовые цены с учетом расхода'!P37,IF('Базовые цены с учетом расхода'!P37<0,'Базовые цены с учетом расхода'!P37,\"\"))","v":""}]
[null,null,"НР от ЗПМ",null,null,null,null,{"$f":"IF('Текущие цены с учетом расхода'!Q37>0,'Текущие цены с учетом расхода'!Q37,IF('Текущие цены с учетом расхода'!Q37<0,'Текущие цены с учетом расхода'!Q37,\"\"))","v":""},null,"Nakl_ZPM",null,null,null,{"$f":"IF('Базовые цены с учетом расхода'!Q37>0,'Базовые цены с учетом расхода'!Q37,IF('Базовые цены с учетом расхода'!Q37<0,'Базовые цены с учетом расхода'!Q37,\"\"))","v":""}]
[null,null,"Плановые накопления / Сметная прибыль",null,null,null,8,{"$f":"IF('Текущие цены с учетом расхода'!O37>0,'Текущие цены с учетом расхода'!O37,IF('Текущие цены с учетом расхода'!O37<0,'Текущие цены с учетом расхода'!O37,\"\"))","v":23},null,"Plan",null,null,8,{"$f":"IF('Базовые цены с учетом расхода'!O37>0,'Базовые цены с учетом расхода'!O37,IF('Базовые цены с учетом расхода'!O37<0,'Базовые цены с учетом расхода'!O37,\"\"))","v":1}]
[null,null,"СП от ЗПР",null,null,null,null,{"$f":"IF('Текущие цены с учетом расхода'!R37>0,'Текущие цены с учетом расхода'!R37,IF('Текущие цены с учетом расхода'!R37<0,'Текущие цены с учетом расхода'!R37,\"\"))","v":""},null,"Plan_ZPR",null,null,null,{"$f":"IF('Базовые цены с учетом расхода'!R37>0,'Базовые цены с учетом расхода'!R37,IF('Базовые цены с учетом расхода'!R37<0,'Базовые цены с учетом расхода'!R37,\"\"))","v":""}]
[null,null,"СП от ЗПМ",null,null,null,null,{"$f":"IF('Текущие цены с учетом расхода'!S37>0,'Текущие цены с учетом расхода'!S37,IF('Текущие цены с учетом расхода'!S37<0,'Текущие цены с учетом расхода'!S37,\"\"))","v":""},null,"Plan_ZPM",null,null,null,{"$f":"IF('Базовые цены с учетом расхода'!S37>0,'Базовые цены с учетом расхода'!S37,IF('Базовые цены с учетом расхода'!S37<0,'Базовые цены с учетом расхода'!S37,\"\"))","v":""}]
["33.","ГЭСНс 01-02-014-02","Ямочный ремонт щебеночных покрытий щебнем М 600 фр.40-70","100 м2",null,0.01,{"$f":"ROUND(СУММПРОИЗВЕСЛИ(1,I684:I690,\"s\",E684:E690,G684:G690,0),2)+SUMIF(I684:I705,\"=NenormMatOtZPR\",G684:G705)","v":26082.81},{"$f":"ROUND(СУММПРОИЗВЕСЛИ(F684,I684:I690,\"s\",E684:E690,G684:G690,0),0)+SUMIF(I684:I705,\"=NenormMatOtZPR\",H684:H705)","v":261},"sum",null,null,null,{"$f":"ROUND(СУММПРОИЗВЕСЛИ(1,I684:I690,\"s\",E684:E690,M684:M690,0),2)+SUMIF(I684:I705,\"=NenormMatOtZPR\",M684:M705)","v":1611},{"$f":"ROUND(СУММПРОИЗВЕСЛИ(F684,I684:I690,\"s\",E684:E690,M684:M690,0),0)+SUMIF(I684:I705,\"=NenormMatOtZPR\",N684:N705)","v":16}]
["33. 1.","2","Затраты труда машинистов","чел.-ч",{"$f":"ОКРУГЛВСЕ(СУММПРОИЗВЕСЛИ(1,K684:K690,\"mWithZTM\",D684:D690,E684:E690,-1)+СУММКОЭФПРОЦЕНТЕСЛИ(1,1,K684:K690,\"mWithZTM_Proch\",E684:E690,-1),11)","v":14.42},{"$f":"ОКРУГЛВСЕ(СУММПРОИЗВЕСЛИ(1,K684:K690,\"mWithZTM\",D684:D690,F684:F690,-1)+СУММКОЭФПРОЦЕНТЕСЛИ(1,1,K684:K690,\"mWithZTM_Proch\",F684:F690,-1),11)","v":0.14419999999999999},{"$f":"IF(F685=0,0,ROUND(H685/F685,3))","v":152.566},{"$f":"ROUND(СУММЕСЛИДА1НЕ1(L684:L690,\"mWithZPM\",D684:D690,0,H684:H690),0)","v":22},null,"Ж",null,null,{"$f":"IF(F685=0,0,ROUND(N685/F685,3))","v":13.87},{"$f":"ROUND(СУММЕСЛИДА1НЕ1(L684:L690,\"mWithZPM\",D684:D690,0,N684:N690),0)","v":2}]
["33. 2.",{"$f":"ПОЛУЧШИФР(Ресурсы!A4,1)","v":"0-4002"},{"$f":"Ресурсы!B4","v":"Дорожный рабочий 2 разряда"},"чел.-ч",28.84,{"$f":"ОКРУГЛВСЕ(IF(E686=\"\",0,E686)*IF(F684=\"\",0,F684),11)","v":0.28839999999999999},{"$f":"Ресурсы!D4","v":100.57},{"$f":"ROUND(IF(F686=\"\",0,F686)*IF(G686=\"\",0,G686),0)","v":29},"s","Г",null,null,{"$f":"Ресурсы!C4","v":7.8},{"$f":"ROUND(IF(F686=\"\",0,F686)*IF(M686=\"\",0,M686),0)","v":2}]
["33. 3.",{"$f":"ПОЛУЧШИФР(Ресурсы!A6,1)","v":"0-4004"},{"$f":"Ресурсы!B6","v":"Дорожный рабочий 4 разряда"},"чел.-ч",14.42,{"$f":"ОКРУГЛВСЕ(IF(E687=\"\",0,E687)*IF(F684=\"\",0,F684),11)","v":0.14419999999999999},{"$f":"Ресурсы!D6","v":124.02},{"$f":"ROUND(IF(F687=\"\",0,F687)*IF(G687=\"\",0,G687),0)","v":18},"s","Г",null,null,{"$f":"Ресурсы!C6","v":9.6199999999999992},{"$f":"ROUND(IF(F687=\"\",0,F687)*IF(M687=\"\",0,M687),0)","v":1}]
["33. 4.",{"$f":"ПОЛУЧШИФР(Ресурсы!A96,1)","v":"СЦЭСМ 121550"},{"$f":"Ресурсы!B96","v":"Машины дорожной службы (машина дорожного мастера)"},"маш.-ч",14.42,{"$f":"ОКРУГЛВСЕ(IF(E688=\"\",0,E688)*IF(F684=\"\",0,F684),11)","v":0.14419999999999999},{"$f":"Ресурсы!D96","v":552.54999999999995},{"$f":"ROUND(IF(F688=\"\",0,F688)*IF(G688=\"\",0,G688),0)","v":80},"s","IsMash",null,null,{"$f":"Ресурсы!C96","v":86.5},{"$f":"ROUND(IF(F688=\"\",0,F688)*IF(M688=\"\",0,M688),0)","v":12}]
[null,null,null,{"$f":"Ресурсы!G96","v":1},null,null,{"$f":"Ресурсы!F96","v":149.81},{"$f":"ROUND(IF(F688=\"\",0,F688)*IF(G689=\"\",0,G689),0)","v":22},null,null,"mWithZTM","mWithZPM",{"$f":"Ресурсы!E96","v":11.6},{"$f":"ROUND(IF(F688=\"\",0,F688)*IF(M689=\"\",0,M689),0)","v":2}]
["33. 5.",{"$f":"ПОЛУЧШИФР(Ресурсы!A52,0)","v":"с408-0020"},{"$f":"Ресурсы!B52","v":"Щебень из природого камня для строительных работ марка 600, фракция 40-70 мм"},"м3",10.1,{"$f":"ОКРУГЛВСЕ(IF(E690=\"\",0,E690)*IF(F684=\"\",0,F684),11)","v":0.10100000000000001},{"$f":"ROUND(Ресурсы!D52*Начисления!AV38,2)","v":1329.33},{"$f":"ROUND(IF(F690=\"\",0,F690)*IF(G690=\"\",0,G690),0)","v":134},"s","IsMater",null,null,{"$f":"ROUND(Ресурсы!C52*Начисления!AV38,2)","v":0},{"$f":"ROUND(IF(F690=\"\",0,F690)*IF(M690=\"\",0,M690),0)","v":0}]
[null,null,"Зарплата рабочих",null,null,null,null,47,null,null,null,null,null,4]
[null,null,"Эксплуатация машин",null,null,null,null,80,null,null,null,null,null,12]
[null,null,"в т.ч. зарплата машинистов",null,null,null,null,22,null,null,null,null,null,2]
[null,null,"Материалы",null,null,null,null,134]
[null,null,"в т.ч. Вспомогательные материалы от стоимости материалов"]
[null,null,"в т.ч. Вспомогательные ненормируемые материалы",null,null,null,null,null,"NenormMatOtZPR"]
[null,null,"в т.ч. Ненормированная з.п. рабочих"]
[null,null,"в т.ч. Ненормированная стоимость эксплуатации машин"]
[null,null,"в т.ч. Ненормированная оплата механизаторов"]
[null,null,"Накладные расходы",null,null,null,11.7,{"$f":"IF('Текущие цены с учетом расхода'!N38>0,'Текущие цены с учетом расхода'!N38,IF('Текущие цены с учетом расхода'!N38<0,'Текущие цены с учетом расхода'!N38,\"\"))","v":31},null,"Nakl",null,null,11.7,{"$f":"IF('Базовые цены с учетом расхода'!N38>0,'Базовые цены с учетом расхода'!N38,IF('Базовые цены с учетом расхода'!N38<0,'Базовые цены с учетом расхода'!N38,\"\"))","v":2}]
[null,null,"НР от ЗПР",null,null,null,null,{"$f":"IF('Текущие цены с учетом расхода'!P38>0,'Текущие цены с учетом расхода'!P38,IF('Текущие цены с учетом расхода'!P38<0,'Текущие цены с учетом расхода'!P38,\"\"))","v":""},null,"Nakl_ZPR",null,null,null,{"$f":"IF('Базовые цены с учетом расхода'!P38>0,'Базовые цены с учетом расхода'!P38,IF('Базовые цены с учетом расхода'!P38<0,'Базовые цены с учетом расхода'!P38,\"\"))","v":""}]
[null,null,"НР от ЗПМ",null,null,null,null,{"$f":"IF('Текущие цены с учетом расхода'!Q38>0,'Текущие цены с учетом расхода'!Q38,IF('Текущие цены с учетом расхода'!Q38<0,'Текущие цены с учетом расхода'!Q38,\"\"))","v":""},null,"Nakl_ZPM",null,null,null,{"$f":"IF('Базовые цены с учетом расхода'!Q38>0,'Базовые цены с учетом расхода'!Q38,IF('Базовые цены с учетом расхода'!Q38<0,'Базовые цены с учетом расхода'!Q38,\"\"))","v":""}]
[null,null,"Плановые накопления / Сметная прибыль",null,null,null,8,{"$f":"IF('Текущие цены с учетом расхода'!O38>0,'Текущие цены с учетом расхода'!O38,IF('Текущие цены с учетом расхода'!O38<0,'Текущие цены с учетом расхода'!O38,\"\"))","v":23},null,"Plan",null,null,8,{"$f":"IF('Базовые цены с учетом расхода'!O38>0,'Базовые цены с учетом расхода'!O38,IF('Базовые цены с учетом расхода'!O38<0,'Базовые цены с учетом расхода'!O38,\"\"))","v":1}]
[null,null,"СП от ЗПР",null,null,null,null,{"$f":"IF('Текущие цены с учетом расхода'!R38>0,'Текущие цены с учетом расхода'!R38,IF('Текущие цены с учетом расхода'!R38<0,'Текущие цены с учетом расхода'!R38,\"\"))","v":""},null,"Plan_ZPR",null,null,null,{"$f":"IF('Базовые цены с учетом расхода'!R38>0,'Базовые цены с учетом расхода'!R38,IF('Базовые цены с учетом расхода'!R38<0,'Базовые цены с учетом расхода'!R38,\"\"))","v":""}]
[null,null,"СП от ЗПМ",null,null,null,null,{"$f":"IF('Текущие цены с учетом расхода'!S38>0,'Текущие цены с учетом расхода'!S38,IF('Текущие цены с учетом расхода'!S38<0,'Текущие цены с учетом расхода'!S38,\"\"))","v":""},null,"Plan_ZPM",null,null,null,{"$f":"IF('Базовые цены с учетом расхода'!S38>0,'Базовые цены с учетом расхода'!S38,IF('Базовые цены с учетом расхода'!S38<0,'Базовые цены с учетом расхода'!S38,\"\"))","v":""}]
["34.","ГЭСН 27-06-026-01\n(ОЧ, прил.27.3, п.3.1.)","Розлив вяжущих материалов, битум БНД 90/130","1 т",null,2.9999999999999997E-4,{"$f":"ROUND(СУММПРОИЗВЕСЛИ(1,I706:I715,\"s\",E706:E715,G706:G715,0),2)+SUMIF(I706:I730,\"=NenormMatOtZPR\",G706:G730)","v":14794.7},{"$f":"ROUND(СУММПРОИЗВЕСЛИ(F706,I706:I715,\"s\",E706:E715,G706:G715,0),0)+SUMIF(I706:I730,\"=NenormMatOtZPR\",H706:H730)","v":4},"sum",null,null,null,{"$f":"ROUND(СУММПРОИЗВЕСЛИ(1,I706:I715,\"s\",E706:E715,M706:M715,0),2)+SUMIF(I706:I730,\"=NenormMatOtZPR\",M706:M730)","v":0},{"$f":"ROUND(СУММПРОИЗВЕСЛИ(F706,I706:I715,\"s\",E706:E715,M706:M715,0),0)+SUMIF(I706:I730,\"=NenormMatOtZPR\",N706:N730)","v":0}]
[null,null,{"$f":"IF(ROUND((1*0.3/1000)/1,9)=F706,\"Объем: 1*0.3/1000\",\"\")","v":"Объем: 1*0.3/1000"}]
[null,null,"   Начисления: "]
[null,null,"Н3 (КОЭФ. К ЭКСПЛ.МАШИН (БЕЗ ЗАРПЛАТЫ РАБ.OБСЛУЖ.МАШИНЫ)) = 1.2"]
[null,null,"Н4 (КОЭФ. К ЗАРАБОТНОЙ ПЛАТЕ РАБОЧИХ,ОБСЛУЖИВАЮЩИХ МАШИНЫ) = 1.2"]
[]
["34. 1.","ГЭСН 2","Затраты труда машинистов","чел.-ч",{"$f":"ОКРУГЛВСЕ(СУММПРОИЗВЕСЛИ(1,K706:K715,\"mWithZTM\",D706:D715,E706:E715,-1)+СУММКОЭФПРОЦЕНТЕСЛИ(1,1,K706:K715,\"mWithZTM_Proch\",E706:E715,-1),11)","v":0.79200000000000004},{"$f":"ОКРУГЛВСЕ(СУММПРОИЗВЕСЛИ(1,K706:K715,\"mWithZTM\",D706:D715,F706:F715,-1)+СУММКОЭФПРОЦЕНТЕСЛИ(1,1,K706:K715,\"mWithZTM_Proch\",F706:F715,-1),11)","v":2.376E-4},{"$f":"IF(F712=0,0,ROUND(H712/F712,3))","v":0},{"$f":"ROUND(СУММЕСЛИДА1НЕ1(L706:L715,\"mWithZPM\",D706:D715,0,H706:H715),0)","v":0},null,"Ж",null,null,{"$f":"IF(F712=0,0,ROUND(N712/F712,3))","v":0},{"$f":"ROUND(СУММЕСЛИДА1НЕ1(L706:L715,\"mWithZPM\",D706:D715,0,N706:N715),0)","v":0}]
["34. 2.",{"$f":"ПОЛУЧШИФР(Ресурсы!A84,1)","v":"СЦЭСМ 120101"},{"$f":"Ресурсы!B84","v":"Автогудронаторы 3500 л"},"маш.-ч",0.39600000000000002,{"$f":"ОКРУГЛВСЕ(IF(E713=\"\",0,E713)*IF(F706=\"\",0,F706),11)","v":1.188E-4},{"$f":"Ресурсы!D84","v":903.2},{"$f":"ROUND(IF(F713=\"\",0,F713)*IF(G713=\"\",0,G713),0)","v":0},"s","IsMash",null,null,{"$f":"Ресурсы!C84","v":0},{"$f":"ROUND(IF(F713=\"\",0,F713)*IF(M713=\"\",0,M713),0)","v":0}]
[null,null,null,{"$f":"Ресурсы!G84","v":2},null,null,{"$f":"Ресурсы!F84","v":285.58999999999997},{"$f":"ROUND(IF(F713=\"\",0,F713)*IF(G714=\"\",0,G714),0)","v":0},null,null,"mWithZTM","mWithZPM",{"$f":"Ресурсы!E84","v":0},{"$f":"ROUND(IF(F713=\"\",0,F713)*IF(M714=\"\",0,M714),0)","v":0}]
["34. 3.",{"$f":"ПОЛУЧШИФР(Ресурсы!A20,0)","v":"с101-1556"},{"$f":"Ресурсы!B20","v":"Битумы нефтяные дорожные марки БНД-60/90, БНД-90/130 первый сорт"},"т",1.03,{"$f":"ОКРУГЛВСЕ(IF(E715=\"\",0,E715)*IF(F706=\"\",0,F706),11)","v":3.0899999999999998E-4},{"$f":"ROUND(Ресурсы!D20*Начисления!AV39,2)","v":14016.54},{"$f":"ROUND(IF(F715=\"\",0,F715)*IF(G715=\"\",0,G715),0)","v":4},"s","IsMater",null,null,{"$f":"ROUND(Ресурсы!C20*Начисления!AV39,2)","v":0},{"$f":"ROUND(IF(F715=\"\",0,F715)*IF(M715=\"\",0,M715),0)","v":0}]
[null,null,"Зарплата рабочих"]
[null,null,"Эксплуатация машин"]
[null,null,"в т.ч. зарплата машинистов"]
[null,null,"Материалы",null,null,null,null,4]
[null,null,"в т.ч. Вспомогательные материалы от стоимости материалов"]
[null,null,"в т.ч. Вспомогательные ненормируемые материалы",null,null,null,null,null,"NenormMatOtZPR"]
[null,null,"в т.ч. Ненормированная з.п. рабочих"]
[null,null,"в т.ч. Ненормированная стоимость эксплуатации машин"]
[null,null,"в т.ч. Ненормированная оплата механизаторов"]
[null,null,"Накладные расходы",null,null,null,11.7,{"$f":"IF('Текущие цены с учетом расхода'!N39>0,'Текущие цены с учетом расхода'!N39,IF('Текущие цены с учетом расхода'!N39<0,'Текущие цены с учетом расхода'!N39,\"\"))","v":""},null,"Nakl",null,null,null,{"$f":"IF('Базовые цены с учетом расхода'!N39>0,'Базовые цены с учетом расхода'!N39,IF('Базовые цены с учетом расхода'!N39<0,'Базовые цены с учетом расхода'!N39,\"\"))","v":""}]
[null,null,"НР от ЗПР",null,null,null,null,{"$f":"IF('Текущие цены с учетом расхода'!P39>0,'Текущие цены с учетом расхода'!P39,IF('Текущие цены с учетом расхода'!P39<0,'Текущие цены с учетом расхода'!P39,\"\"))","v":""},null,"Nakl_ZPR",null,null,null,{"$f":"IF('Базовые цены с учетом расхода'!P39>0,'Базовые цены с учетом расхода'!P39,IF('Базовые цены с учетом расхода'!P39<0,'Базовые цены с учетом расхода'!P39,\"\"))","v":""}]
[null,null,"НР от ЗПМ",null,null,null,null,{"$f":"IF('Текущие цены с учетом расхода'!Q39>0,'Текущие цены с учетом расхода'!Q39,IF('Текущие цены с учетом расхода'!Q39<0,'Текущие цены с учетом расхода'!Q39,\"\"))","v":""},null,"Nakl_ZPM",null,null,null,{"$f":"IF('Базовые цены с учетом расхода'!Q39>0,'Базовые цены с учетом расхода'!Q39,IF('Базовые цены с учетом расхода'!Q39<0,'Базовые цены с учетом расхода'!Q39,\"\"))","v":""}]
[null,null,"Плановые накопления / Сметная прибыль",null,null,null,8,{"$f":"IF('Текущие цены с учетом расхода'!O39>0,'Текущие цены с учетом расхода'!O39,IF('Текущие цены с учетом расхода'!O39<0,'Текущие цены с учетом расхода'!O39,\"\"))","v":""},null,"Plan",null,null,null,{"$f":"IF('Базовые цены с учетом расхода'!O39>0,'Базовые цены с учетом расхода'!O39,IF('Базовые цены с учетом расхода'!O39<0,'Базовые цены с учетом расхода'!O39,\"\"))","v":""}]
[null,null,"СП от ЗПР",null,null,null,null,{"$f":"IF('Текущие цены с учетом расхода'!R39>0,'Текущие цены с учетом расхода'!R39,IF('Текущие цены с учетом расхода'!R39<0,'Текущие цены с учетом расхода'!R39,\"\"))","v":""},null,"Plan_ZPR",null,null,null,{"$f":"IF('Базовые цены с учетом расхода'!R39>0,'Базовые цены с учетом расхода'!R39,IF('Базовые цены с учетом расхода'!R39<0,'Базовые цены с учетом расхода'!R39,\"\"))","v":""}]
[null,null,"СП от ЗПМ",null,null,null,null,{"$f":"IF('Текущие цены с учетом расхода'!S39>0,'Текущие цены с учетом расхода'!S39,IF('Текущие цены с учетом расхода'!S39<0,'Текущие цены с учетом расхода'!S39,\"\"))","v":""},null,"Plan_ZPM",null,null,null,{"$f":"IF('Базовые цены с учетом расхода'!S39>0,'Базовые цены с учетом расхода'!S39,IF('Базовые цены с учетом расхода'!S39<0,'Базовые цены с учетом расхода'!S39,\"\"))","v":""}]
["35.","ГЭСН 27-06-020-01\n(ОЧ, прил.27.3, п.3.1.)","Устройство покрытия толщиной 4 см из горячих асфальтобетонных смесей плотных мелкозернистых типа БII, плотность каменных материалов 2,5-2,9 т/м3","1000 м2 покрытия",null,1E-3,{"$f":"ROUND(СУММПРОИЗВЕСЛИ(1,I731:I755,\"s\",E731:E755,G731:G755,0),2)+SUMIF(I731:I770,\"=NenormMatOtZPR\",G731:G770)","v":374287.59},{"$f":"ROUND(СУММПРОИЗВЕСЛИ(F731,I731:I755,\"s\",E731:E755,G731:G755,0),0)+SUMIF(I731:I770,\"=NenormMatOtZPR\",H731:H770)","v":374},"sum",null,null,null,{"$f":"ROUND(СУММПРОИЗВЕСЛИ(1,I731:I755,\"s\",E731:E755,M731:M755,0),2)+SUMIF(I731:I770,\"=NenormMatOtZPR\",M731:M770)","v":28.9},{"$f":"ROUND(СУММПРОИЗВЕСЛИ(F731,I731:I755,\"s\",E731:E755,M731:M755,0),0)+SUMIF(I731:I770,\"=NenormMatOtZPR\",N731:N770)","v":0}]
[null,null,"   Начисления: "]
[null,null,"Н3 (КОЭФ. К ЭКСПЛ.МАШИН (БЕЗ ЗАРПЛАТЫ РАБ.OБСЛУЖ.МАШИНЫ)) = 1.2"]
[null,null,"Н4 (КОЭФ. К ЗАРАБОТНОЙ ПЛАТЕ РАБОЧИХ,ОБСЛУЖИВАЮЩИХ МАШИНЫ) = 1.2"]
[null,null,"Н5 (КОЭФ. К ОСНОВНОЙ ЗАРАБОТНОЙ ПЛАТЕ РАБОЧИХ) = 1.2"]
[]
["35. 1.","ГЭСН 2","Затраты труда машинистов","чел.-ч",{"$f":"ОКРУГЛВСЕ(СУММПРОИЗВЕСЛИ(1,K731:K755,\"mWithZTM\",D731:D755,E731:E755,-1)+СУММКОЭФПРОЦЕНТЕСЛИ(1,1,K731:K755,\"mWithZTM_Proch\",E731:E755,-1),11)","v":22.896000000000001},{"$f":"ОКРУГЛВСЕ(СУММПРОИЗВЕСЛИ(1,K731:K755,\"mWithZTM\",D731:D755,F731:F755,-1)+СУММКОЭФПРОЦЕНТЕСЛИ(1,1,K731:K755,\"mWithZTM_Proch\",F731:F755,-1),11)","v":2.2896E-2},{"$f":"IF(F737=0,0,ROUND(H737/F737,3))","v":174.703},{"$f":"ROUND(СУММЕСЛИДА1НЕ1(L731:L755,\"mWithZPM\",D731:D755,0,H731:H755),0)","v":4},null,"Ж",null,null,{"$f":"IF(F737=0,0,ROUND(N737/F737,3))","v":0},{"$f":"ROUND(СУММЕСЛИДА1НЕ1(L731:L755,\"mWithZPM\",D731:D755,0,N731:N755),0)","v":0}]
["35. 2.",{"$f":"ПОЛУЧШИФР(Ресурсы!A10,1)","v":"ГЭСН 1-1040"},{"$f":"Ресурсы!B10","v":"Рабочий строитель среднего разряда 4"},"чел.-ч",45.96,{"$f":"ОКРУГЛВСЕ(IF(E738=\"\",0,E738)*IF(F731=\"\",0,F731),11)","v":4.5960000000000001E-2},{"$f":"Ресурсы!D10","v":124.02},{"$f":"ROUND(IF(F738=\"\",0,F738)*IF(G738=\"\",0,G738),0)","v":6},"s","Г",null,null,{"$f":"Ресурсы!C10","v":0},{"$f":"ROUND(IF(F738=\"\",0,F738)*IF(M738=\"\",0,M738),0)","v":0}]
["35. 3.",{"$f":"ПОЛУЧШИФР(Ресурсы!A71,1)","v":"СЦЭСМ 021141"},{"$f":"Ресурсы!B71","v":"Краны на автомобильном ходу при работе на других видах строительства 10 т"},"маш.-ч",3.5999999999999997E-2,{"$f":"ОКРУГЛВСЕ(IF(E739=\"\",0,E739)*IF(F731=\"\",0,F731),11)","v":3.6000000000000001E-5},{"$f":"Ресурсы!D71","v":698.31},{"$f":"ROUND(IF(F739=\"\",0,F739)*IF(G739=\"\",0,G739),0)","v":0},"s","IsMash",null,null,{"$f":"Ресурсы!C71","v":0},{"$f":"ROUND(IF(F739=\"\",0,F739)*IF(M739=\"\",0,M739),0)","v":0}]
[null,null,null,{"$f":"Ресурсы!G71","v":1},null,null,{"$f":"Ресурсы!F71","v":166.8},{"$f":"ROUND(IF(F739=\"\",0,F739)*IF(G740=\"\",0,G740),0)","v":0},null,null,"mWithZTM","mWithZPM",{"$f":"Ресурсы!E71","v":0},{"$f":"ROUND(IF(F739=\"\",0,F739)*IF(M740=\"\",0,M740),0)","v":0}]
["35. 4.",{"$f":"ПОЛУЧШИФР(Ресурсы!A86,1)","v":"СЦЭСМ 120500"},{"$f":"Ресурсы!B86","v":"Гудронаторы ручные"},"маш.-ч",1.68,{"$f":"ОКРУГЛВСЕ(IF(E741=\"\",0,E741)*IF(F731=\"\",0,F731),11)","v":1.6800000000000001E-3},{"$f":"Ресурсы!D86","v":78.09},{"$f":"ROUND(IF(F741=\"\",0,F741)*IF(G741=\"\",0,G741),0)","v":0},"s","IsMash",null,null,{"$f":"Ресурсы!C86","v":17.2},{"$f":"ROUND(IF(F741=\"\",0,F741)*IF(M741=\"\",0,M741),0)","v":0}]
["35. 5.",{"$f":"ПОЛУЧШИФР(Ресурсы!A90,1)","v":"СЦЭСМ 120906"},{"$f":"Ресурсы!B90","v":"Катки дорожные самоходные гладкие 8 т"},"маш.-ч",4.7519999999999998,{"$f":"ОКРУГЛВСЕ(IF(E742=\"\",0,E742)*IF(F731=\"\",0,F731),11)","v":4.7520000000000001E-3},{"$f":"Ресурсы!D90","v":586.66999999999996},{"$f":"ROUND(IF(F742=\"\",0,F742)*IF(G742=\"\",0,G742),0)","v":3},"s","IsMash",null,null,{"$f":"Ресурсы!C90","v":0},{"$f":"ROUND(IF(F742=\"\",0,F742)*IF(M742=\"\",0,M742),0)","v":0}]
[null,null,null,{"$f":"Ресурсы!G90","v":1},null,null,{"$f":"Ресурсы!F90","v":142.80000000000001},{"$f":"ROUND(IF(F742=\"\",0,F742)*IF(G743=\"\",0,G743),0)","v":1},null,null,"mWithZTM","mWithZPM",{"$f":"Ресурсы!E90","v":0},{"$f":"ROUND(IF(F742=\"\",0,F742)*IF(M743=\"\",0,M743),0)","v":0}]
["35. 6.",{"$f":"ПОЛУЧШИФР(Ресурсы!A91,1)","v":"СЦЭСМ 120907"},{"$f":"Ресурсы!B91","v":"Катки дорожные самоходные гладкие 13 т"},"маш.-ч",13.811999999999999,{"$f":"ОКРУГЛВСЕ(IF(E744=\"\",0,E744)*IF(F731=\"\",0,F731),11)","v":1.3812E-2},{"$f":"Ресурсы!D91","v":825.8},{"$f":"ROUND(IF(F744=\"\",0,F744)*IF(G744=\"\",0,G744),0)","v":11},"s","IsMash",null,null,{"$f":"Ресурсы!C91","v":0},{"$f":"ROUND(IF(F744=\"\",0,F744)*IF(M744=\"\",0,M744),0)","v":0}]
[null,null,null,{"$f":"Ресурсы!G91","v":1},null,null,{"$f":"Ресурсы!F91","v":178},{"$f":"ROUND(IF(F744=\"\",0,F744)*IF(G745=\"\",0,G745),0)","v":2},null,null,"mWithZTM","mWithZPM",{"$f":"Ресурсы!E91","v":0},{"$f":"ROUND(IF(F744=\"\",0,F744)*IF(M745=\"\",0,M745),0)","v":0}]
["35. 7.",{"$f":"ПОЛУЧШИФР(Ресурсы!A98,1)","v":"СЦЭСМ 121601"},{"$f":"Ресурсы!B98","v":"Машины поливомоечные 6000 л"},"маш.-ч",0.46800000000000003,{"$f":"ОКРУГЛВСЕ(IF(E746=\"\",0,E746)*IF(F731=\"\",0,F731),11)","v":4.6799999999999999E-4},{"$f":"Ресурсы!D98","v":761.25},{"$f":"ROUND(IF(F746=\"\",0,F746)*IF(G746=\"\",0,G746),0)","v":0},"s","IsMash",null,null,{"$f":"Ресурсы!C98","v":0},{"$f":"ROUND(IF(F746=\"\",0,F746)*IF(M746=\"\",0,M746),0)","v":0}]
[null,null,null,{"$f":"Ресурсы!G98","v":1},null,null,{"$f":"Ресурсы!F98","v":142.80000000000001},{"$f":"ROUND(IF(F746=\"\",0,F746)*IF(G747=\"\",0,G747),0)","v":0},null,null,"mWithZTM","mWithZPM",{"$f":"Ресурсы!E98","v":0},{"$f":"ROUND(IF(F746=\"\",0,F746)*IF(M747=\"\",0,M747),0)","v":0}]
["35. 8.",{"$f":"ПОЛУЧШИФР(Ресурсы!A100,1)","v":"СЦЭСМ 122000"},{"$f":"Ресурсы!B100","v":"Укладчики асфальтобетона"},"маш.-ч",3.8279999999999998,{"$f":"ОКРУГЛВСЕ(IF(E748=\"\",0,E748)*IF(F731=\"\",0,F731),11)","v":3.8279999999999998E-3},{"$f":"Ресурсы!D100","v":1184},{"$f":"ROUND(IF(F748=\"\",0,F748)*IF(G748=\"\",0,G748),0)","v":5},"s","IsMash",null,null,{"$f":"Ресурсы!C100","v":0},{"$f":"ROUND(IF(F748=\"\",0,F748)*IF(M748=\"\",0,M748),0)","v":0}]
[null,null,null,{"$f":"Ресурсы!G100","v":1},null,null,{"$f":"Ресурсы!F100","v":178},{"$f":"ROUND(IF(F748=\"\",0,F748)*IF(G749=\"\",0,G749),0)","v":1},null,null,"mWithZTM","mWithZPM",{"$f":"Ресурсы!E100","v":0},{"$f":"ROUND(IF(F748=\"\",0,F748)*IF(M749=\"\",0,M749),0)","v":0}]
["35. 9.",{"$f":"ПОЛУЧШИФР(Ресурсы!A105,1)","v":"СЦЭСМ 400001"},{"$f":"Ресурсы!B105","v":"Автомобили бортовые, грузоподъемность до 5 т"},"маш.-ч",4.8000000000000001E-2,{"$f":"ОКРУГЛВСЕ(IF(E750=\"\",0,E750)*IF(F731=\"\",0,F731),11)","v":4.8000000000000001E-5},{"$f":"Ресурсы!D105","v":516.34},{"$f":"ROUND(IF(F750=\"\",0,F750)*IF(G750=\"\",0,G750),0)","v":0},"s","IsMash",null,null,{"$f":"Ресурсы!C105","v":0},{"$f":"ROUND(IF(F750=\"\",0,F750)*IF(M750=\"\",0,M750),0)","v":0}]
[null,null,null,{"$f":"Ресурсы!G105","v":1},null,null,{"$f":"Ресурсы!F105","v":124.21},{"$f":"ROUND(IF(F750=\"\",0,F750)*IF(G751=\"\",0,G751),0)","v":0},null,null,null,null,{"$f":"Ресурсы!E105","v":0},{"$f":"ROUND(IF(F750=\"\",0,F750)*IF(M751=\"\",0,M751),0)","v":0}]
["35. 10.",{"$f":"ПОЛУЧШИФР(Ресурсы!A15,1)","v":"ССЦ 101-0782"},{"$f":"Ресурсы!B15","v":"Поковки из квадратных заготовок, масса 1,8 кг"},"т",6.1999999999999998E-3,{"$f":"ОКРУГЛВСЕ(IF(E752=\"\",0,E752)*IF(F731=\"\",0,F731),11)","v":6.1999999999999999E-6},{"$f":"ROUND(Ресурсы!D15*Начисления!AV40,2)","v":30976.48},{"$f":"ROUND(IF(F752=\"\",0,F752)*IF(G752=\"\",0,G752),0)","v":0},"s","IsMater",null,null,{"$f":"ROUND(Ресурсы!C15*Начисления!AV40,2)","v":0},{"$f":"ROUND(IF(F752=\"\",0,F752)*IF(M752=\"\",0,M752),0)","v":0}]
["35. 11.",{"$f":"ПОЛУЧШИФР(Ресурсы!A20,0)","v":"с101-1556"},{"$f":"Ресурсы!B20","v":"Битумы нефтяные дорожные марки БНД-60/90, БНД-90/130 первый сорт"},"т",1.0800000000000001E-2,{"$f":"ОКРУГЛВСЕ(IF(E753=\"\",0,E753)*IF(F731=\"\",0,F731),11)","v":1.08E-5},{"$f":"ROUND(Ресурсы!D20*Начисления!AV40,2)","v":14016.54},{"$f":"ROUND(IF(F753=\"\",0,F753)*IF(G753=\"\",0,G753),0)","v":0},"s","IsMater",null,null,{"$f":"ROUND(Ресурсы!C20*Начисления!AV40,2)","v":0},{"$f":"ROUND(IF(F753=\"\",0,F753)*IF(M753=\"\",0,M753),0)","v":0}]
["35. 12.",{"$f":"ПОЛУЧШИФР(Ресурсы!A37,1)","v":"ССЦ 102-0025"},{"$f":"Ресурсы!B37","v":"Бруски обрезные хвойных пород длиной 4-6,5 м, шириной 75-150 мм, толщиной 40-75 мм, III сорта"},"м3",0.15,{"$f":"ОКРУГЛВСЕ(IF(E754=\"\",0,E754)*IF(F731=\"\",0,F731),11)","v":1.4999999999999999E-4},{"$f":"ROUND(Ресурсы!D37*Начисления!AV40,2)","v":3526.67},{"$f":"ROUND(IF(F754=\"\",0,F754)*IF(G754=\"\",0,G754),0)","v":1},"s","IsMater",null,null,{"$f":"ROUND(Ресурсы!C37*Начисления!AV40,2)","v":0},{"$f":"ROUND(IF(F754=\"\",0,F754)*IF(M754=\"\",0,M754),0)","v":0}]
["35. 13.",{"$f":"ПОЛУЧШИФР(Ресурсы!A59,0)","v":"с410-0006"},{"$f":"Ресурсы!B59","v":"Смеси асфальтобетонные дорожные, аэродромные и асфальтобетон (горячие и тёплые для плотного асфальтобетона мелко и крупнозернистые, песчаныее), марка II, тип Б"},"т",96.6,{"$f":"ОКРУГЛВСЕ(IF(E755=\"\",0,E755)*IF(F731=\"\",0,F731),11)","v":9.6600000000000005E-2},{"$f":"ROUND(Ресурсы!D59*Начисления!AV40,2)","v":3607.16},{"$f":"ROUND(IF(F755=\"\",0,F755)*IF(G755=\"\",0,G755),0)","v":348},"s","IsMater",null,null,{"$f":"ROUND(Ресурсы!C59*Начисления!AV40,2)","v":0},{"$f":"ROUND(IF(F755=\"\",0,F755)*IF(M755=\"\",0,M755),0)","v":0}]
[null,null,"Зарплата рабочих",null,null,null,null,6]
[null,null,"Эксплуатация машин",null,null,null,null,19]
[null,null,"в т.ч. зарплата машинистов",null,null,null,null,4]
[null,null,"Материалы",null,null,null,null,349]
[null,null,"в т.ч. Вспомогательные материалы от стоимости материалов"]
[null,null,"в т.ч. Вспомогательные ненормируемые материалы",null,null,null,null,null,"NenormMatOtZPR"]
[null,null,"в т.ч. Ненормированная з.п. рабочих"]
[null,null,"в т.ч. Ненормированная стоимость эксплуатации машин"]
[null,null,"в т.ч. Ненормированная оплата механизаторов"]
[null,null,"Накладные расходы",null,null,null,11.7,{"$f":"IF('Текущие цены с учетом расхода'!N40>0,'Текущие цены с учетом расхода'!N40,IF('Текущие цены с учетом расхода'!N40<0,'Текущие цены с учетом расхода'!N40,\"\"))","v":44},null,"Nakl",null,null,null,{"$f":"IF('Базовые цены с учетом расхода'!N40>0,'Базовые цены с учетом расхода'!N40,IF('Базовые цены с учетом расхода'!N40<0,'Базовые цены с учетом расхода'!N40,\"\"))","v":""}]
[null,null,"НР от ЗПР",null,null,null,null,{"$f":"IF('Текущие цены с учетом расхода'!P40>0,'Текущие цены с учетом расхода'!P40,IF('Текущие цены с учетом расхода'!P40<0,'Текущие цены с учетом расхода'!P40,\"\"))","v":""},null,"Nakl_ZPR",null,null,null,{"$f":"IF('Базовые цены с учетом расхода'!P40>0,'Базовые цены с учетом расхода'!P40,IF('Базовые цены с учетом расхода'!P40<0,'Базовые цены с учетом расхода'!P40,\"\"))","v":""}]
[null,null,"НР от ЗПМ",null,null,null,null,{"$f":"IF('Текущие цены с учетом расхода'!Q40>0,'Текущие цены с учетом расхода'!Q40,IF('Текущие цены с учетом расхода'!Q40<0,'Текущие цены с учетом расхода'!Q40,\"\"))","v":""},null,"Nakl_ZPM",null,null,null,{"$f":"IF('Базовые цены с учетом расхода'!Q40>0,'Базовые цены с учетом расхода'!Q40,IF('Базовые цены с учетом расхода'!Q40<0,'Базовые цены с учетом расхода'!Q40,\"\"))","v":""}]
[null,null,"Плановые накопления / Сметная прибыль",null,null,null,8,{"$f":"IF('Текущие цены с учетом расхода'!O40>0,'Текущие цены с учетом расхода'!O40,IF('Текущие цены с учетом расхода'!O40<0,'Текущие цены с учетом расхода'!O40,\"\"))","v":33},null,"Plan",null,null,null,{"$f":"IF('Базовые цены с учетом расхода'!O40>0,'Базовые цены с учетом расхода'!O40,IF('Базовые цены с учетом расхода'!O40<0,'Базовые цены с учетом расхода'!O40,\"\"))","v":""}]
[null,null,"СП от ЗПР",null,null,null,null,{"$f":"IF('Текущие цены с учетом расхода'!R40>0,'Текущие цены с учетом расхода'!R40,IF('Текущие цены с учетом расхода'!R40<0,'Текущие цены с учетом расхода'!R40,\"\"))","v":""},null,"Plan_ZPR",null,null,null,{"$f":"IF('Базовые цены с учетом расхода'!R40>0,'Базовые цены с учетом расхода'!R40,IF('Базовые цены с учетом расхода'!R40<0,'Базовые цены с учетом расхода'!R40,\"\"))","v":""}]
[null,null,"СП от ЗПМ",null,null,null,null,{"$f":"IF('Текущие цены с учетом расхода'!S40>0,'Текущие цены с учетом расхода'!S40,IF('Текущие цены с учетом расхода'!S40<0,'Текущие цены с учетом расхода'!S40,\"\"))","v":""},null,"Plan_ZPM",null,null,null,{"$f":"IF('Базовые цены с учетом расхода'!S40>0,'Базовые цены с учетом расхода'!S40,IF('Базовые цены с учетом расхода'!S40<0,'Базовые цены с учетом расхода'!S40,\"\"))","v":""}]
["36.","ГЭСН 27-06-021-01\n(ОЧ, прил.27.3, п.3.1.)","На каждые 0,5 см изменения толщины покрытия добавлять или исключать к норме 27-06-020-01 до 5 см","1000 м2 покрытия",null,2E-3,{"$f":"ROUND(СУММПРОИЗВЕСЛИ(1,I771:I782,\"s\",E771:E782,G771:G782,0),2)+SUMIF(I771:I797,\"=NenormMatOtZPR\",G771:G797)","v":43696.52},{"$f":"ROUND(СУММПРОИЗВЕСЛИ(F771,I771:I782,\"s\",E771:E782,G771:G782,0),0)+SUMIF(I771:I797,\"=NenormMatOtZPR\",H771:H797)","v":87},"sum",null,null,null,{"$f":"ROUND(СУММПРОИЗВЕСЛИ(1,I771:I782,\"s\",E771:E782,M771:M782,0),2)+SUMIF(I771:I797,\"=NenormMatOtZPR\",M771:M797)","v":3.72},{"$f":"ROUND(СУММПРОИЗВЕСЛИ(F771,I771:I782,\"s\",E771:E782,M771:M782,0),0)+SUMIF(I771:I797,\"=NenormMatOtZPR\",N771:N797)","v":0}]
[null,null,{"$f":"IF(ROUND((1*2)/1000,9)=F771,\"Объем: 1*2\",\"\")","v":"Объем: 1*2"}]
[null,null,"   Начисления: "]
[null,null,"Н3 (КОЭФ. К ЭКСПЛ.МАШИН (БЕЗ ЗАРПЛАТЫ РАБ.OБСЛУЖ.МАШИНЫ)) = 1.2"]
[null,null,"Н4 (КОЭФ. К ЗАРАБОТНОЙ ПЛАТЕ РАБОЧИХ,ОБСЛУЖИВАЮЩИХ МАШИНЫ) = 1.2"]
[null,null,"Н5 (КОЭФ. К ОСНОВНОЙ ЗАРАБОТНОЙ ПЛАТЕ РАБОЧИХ) = 1.2"]
[]
["36. 0.","З1000-0001","Затраты труда машинистов","чел.ч",0,0,{"$f":"IF(F778=0,0,ROUND(H778/F778,3))","v":0},null,null,"Ж",null,null,{"$f":"IF(F778=0,0,ROUND(N778/F778,3))","v":0}]
["36. 1.",{"$f":"ПОЛУЧШИФР(Ресурсы!A10,1)","v":"ГЭСН 1-1040"},{"$f":"Ресурсы!B10","v":"Рабочий строитель среднего разряда 4"},"чел.-ч",0.108,{"$f":"ОКРУГЛВСЕ(IF(E779=\"\",0,E779)*IF(F771=\"\",0,F771),11)","v":2.1599999999999999E-4},{"$f":"Ресурсы!D10","v":124.02},{"$f":"ROUND(IF(F779=\"\",0,F779)*IF(G779=\"\",0,G779),0)","v":0},"s","Г",null,null,{"$f":"Ресурсы!C10","v":0},{"$f":"ROUND(IF(F779=\"\",0,F779)*IF(M779=\"\",0,M779),0)","v":0}]
["36. 2.",{"$f":"ПОЛУЧШИФР(Ресурсы!A86,1)","v":"СЦЭСМ 120500"},{"$f":"Ресурсы!B86","v":"Гудронаторы ручные"},"маш.-ч",0.216,{"$f":"ОКРУГЛВСЕ(IF(E780=\"\",0,E780)*IF(F771=\"\",0,F771),11)","v":4.3199999999999998E-4},{"$f":"Ресурсы!D86","v":78.09},{"$f":"ROUND(IF(F780=\"\",0,F780)*IF(G780=\"\",0,G780),0)","v":0},"s","IsMash",null,null,{"$f":"Ресурсы!C86","v":17.2},{"$f":"ROUND(IF(F780=\"\",0,F780)*IF(M780=\"\",0,M780),0)","v":0}]
["36. 3.",{"$f":"ПОЛУЧШИФР(Ресурсы!A20,0)","v":"с101-1556"},{"$f":"Ресурсы!B20","v":"Битумы нефтяные дорожные марки БНД-60/90, БНД-90/130 первый сорт"},"т",1.4E-3,{"$f":"ОКРУГЛВСЕ(IF(E781=\"\",0,E781)*IF(F771=\"\",0,F771),11)","v":2.7999999999999999E-6},{"$f":"ROUND(Ресурсы!D20*Начисления!AV41,2)","v":14016.54},{"$f":"ROUND(IF(F781=\"\",0,F781)*IF(G781=\"\",0,G781),0)","v":0},"s","IsMater",null,null,{"$f":"ROUND(Ресурсы!C20*Начисления!AV41,2)","v":0},{"$f":"ROUND(IF(F781=\"\",0,F781)*IF(M781=\"\",0,M781),0)","v":0}]
["36. 4.",{"$f":"ПОЛУЧШИФР(Ресурсы!A59,0)","v":"с410-0006"},{"$f":"Ресурсы!B59","v":"Смеси асфальтобетонные дорожные, аэродромные и асфальтобетон (горячие и тёплые для плотного асфальтобетона мелко и крупнозернистые, песчаныее), марка II, тип Б"},"т",12.1,{"$f":"ОКРУГЛВСЕ(IF(E782=\"\",0,E782)*IF(F771=\"\",0,F771),11)","v":2.4199999999999999E-2},{"$f":"ROUND(Ресурсы!D59*Начисления!AV41,2)","v":3607.16},{"$f":"ROUND(IF(F782=\"\",0,F782)*IF(G782=\"\",0,G782),0)","v":87},"s","IsMater",null,null,{"$f":"ROUND(Ресурсы!C59*Начисления!AV41,2)","v":0},{"$f":"ROUND(IF(F782=\"\",0,F782)*IF(M782=\"\",0,M782),0)","v":0}]
[null,null,"Зарплата рабочих"]
[null,null,"Эксплуатация машин"]
[null,null,"в т.ч. зарплата машинистов"]
[null,null,"Материалы",null,null,null,null,87]
[null,null,"в т.ч. Вспомогательные материалы от стоимости материалов"]
[null,null,"в т.ч. Вспомогательные ненормируемые материалы",null,null,null,null,null,"NenormMatOtZPR"]
[null,null,"в т.ч. Ненормированная з.п. рабочих"]
[null,null,"в т.ч. Ненормированная стоимость эксплуатации машин"]
[null,null,"в т.ч. Ненормированная оплата механизаторов"]
[null,null,"Накладные расходы",null,null,null,11.7,{"$f":"IF('Текущие цены с учетом расхода'!N41>0,'Текущие цены с учетом расхода'!N41,IF('Текущие цены с учетом расхода'!N41<0,'Текущие цены с учетом расхода'!N41,\"\"))","v":10},null,"Nakl",null,null,null,{"$f":"IF('Базовые цены с учетом расхода'!N41>0,'Базовые цены с учетом расхода'!N41,IF('Базовые цены с учетом расхода'!N41<0,'Базовые цены с учетом расхода'!N41,\"\"))","v":""}]
[null,null,"НР от ЗПР",null,null,null,null,{"$f":"IF('Текущие цены с учетом расхода'!P41>0,'Текущие цены с учетом расхода'!P41,IF('Текущие цены с учетом расхода'!P41<0,'Текущие цены с учетом расхода'!P41,\"\"))","v":""},null,"Nakl_ZPR",null,null,null,{"$f":"IF('Базовые цены с учетом расхода'!P41>0,'Базовые цены с учетом расхода'!P41,IF('Базовые цены с учетом расхода'!P41<0,'Базовые цены с учетом расхода'!P41,\"\"))","v":""}]
[null,null,"НР от ЗПМ",null,null,null,null,{"$f":"IF('Текущие цены с учетом расхода'!Q41>0,'Текущие цены с учетом расхода'!Q41,IF('Текущие цены с учетом расхода'!Q41<0,'Текущие цены с учетом расхода'!Q41,\"\"))","v":""},null,"Nakl_ZPM",null,null,null,{"$f":"IF('Базовые цены с учетом расхода'!Q41>0,'Базовые цены с учетом расхода'!Q41,IF('Базовые цены с учетом расхода'!Q41<0,'Базовые цены с учетом расхода'!Q41,\"\"))","v":""}]
[null,null,"Плановые накопления / Сметная прибыль",null,null,null,8,{"$f":"IF('Текущие цены с учетом расхода'!O41>0,'Текущие цены с учетом расхода'!O41,IF('Текущие цены с учетом расхода'!O41<0,'Текущие цены с учетом расхода'!O41,\"\"))","v":8},null,"Plan",null,null,null,{"$f":"IF('Базовые цены с учетом расхода'!O41>0,'Базовые цены с учетом расхода'!O41,IF('Базовые цены с учетом расхода'!O41<0,'Базовые цены с учетом расхода'!O41,\"\"))","v":""}]
[null,null,"СП от ЗПР",null,null,null,null,{"$f":"IF('Текущие цены с учетом расхода'!R41>0,'Текущие цены с учетом расхода'!R41,IF('Текущие цены с учетом расхода'!R41<0,'Текущие цены с учетом расхода'!R41,\"\"))","v":""},null,"Plan_ZPR",null,null,null,{"$f":"IF('Базовые цены с учетом расхода'!R41>0,'Базовые цены с учетом расхода'!R41,IF('Базовые цены с учетом расхода'!R41<0,'Базовые цены с учетом расхода'!R41,\"\"))","v":""}]
[null,null,"СП от ЗПМ",null,null,null,null,{"$f":"IF('Текущие цены с учетом расхода'!S41>0,'Текущие цены с учетом расхода'!S41,IF('Текущие цены с учетом расхода'!S41<0,'Текущие цены с учетом расхода'!S41,\"\"))","v":""},null,"Plan_ZPM",null,null,null,{"$f":"IF('Базовые цены с учетом расхода'!S41>0,'Базовые цены с учетом расхода'!S41,IF('Базовые цены с учетом расхода'!S41<0,'Базовые цены с учетом расхода'!S41,\"\"))","v":""}]
["37.","ГЭСН 27-06-026-01\n(ОЧ, прил.27.3, п.3.1.)","Розлив вяжущих материалов, битум БНД 90/130","1 т",null,2.9999999999999997E-4,{"$f":"ROUND(СУММПРОИЗВЕСЛИ(1,I798:I807,\"s\",E798:E807,G798:G807,0),2)+SUMIF(I798:I822,\"=NenormMatOtZPR\",G798:G822)","v":14794.7},{"$f":"ROUND(СУММПРОИЗВЕСЛИ(F798,I798:I807,\"s\",E798:E807,G798:G807,0),0)+SUMIF(I798:I822,\"=NenormMatOtZPR\",H798:H822)","v":4},"sum",null,null,null,{"$f":"ROUND(СУММПРОИЗВЕСЛИ(1,I798:I807,\"s\",E798:E807,M798:M807,0),2)+SUMIF(I798:I822,\"=NenormMatOtZPR\",M798:M822)","v":0},{"$f":"ROUND(СУММПРОИЗВЕСЛИ(F798,I798:I807,\"s\",E798:E807,M798:M807,0),0)+SUMIF(I798:I822,\"=NenormMatOtZPR\",N798:N822)","v":0}]
[null,null,{"$f":"IF(ROUND((1*0.3/1000)/1,9)=F798,\"Объем: 1*0.3/1000\",\"\")","v":"Объем: 1*0.3/1000"}]
[null,null,"   Начисления: "]
[null,null,"Н3 (КОЭФ. К ЭКСПЛ.МАШИН (БЕЗ ЗАРПЛАТЫ РАБ.OБСЛУЖ.МАШИНЫ)) = 1.2"]
[null,null,"Н4 (КОЭФ. К ЗАРАБОТНОЙ ПЛАТЕ РАБОЧИХ,ОБСЛУЖИВАЮЩИХ МАШИНЫ) = 1.2"]
[]
["37. 1.","ГЭСН 2","Затраты труда машинистов","чел.-ч",{"$f":"ОКРУГЛВСЕ(СУММПРОИЗВЕСЛИ(1,K798:K807,\"mWithZTM\",D798:D807,E798:E807,-1)+СУММКОЭФПРОЦЕНТЕСЛИ(1,1,K798:K807,\"mWithZTM_Proch\",E798:E807,-1),11)","v":0.79200000000000004},{"$f":"ОКРУГЛВСЕ(СУММПРОИЗВЕСЛИ(1,K798:K807,\"mWithZTM\",D798:D807,F798:F807,-1)+СУММКОЭФПРОЦЕНТЕСЛИ(1,1,K798:K807,\"mWithZTM_Proch\",F798:F807,-1),11)","v":2.376E-4},{"$f":"IF(F804=0,0,ROUND(H804/F804,3))","v":0},{"$f":"ROUND(СУММЕСЛИДА1НЕ1(L798:L807,\"mWithZPM\",D798:D807,0,H798:H807),0)","v":0},null,"Ж",null,null,{"$f":"IF(F804=0,0,ROUND(N804/F804,3))","v":0},{"$f":"ROUND(СУММЕСЛИДА1НЕ1(L798:L807,\"mWithZPM\",D798:D807,0,N798:N807),0)","v":0}]
["37. 2.",{"$f":"ПОЛУЧШИФР(Ресурсы!A84,1)","v":"СЦЭСМ 120101"},{"$f":"Ресурсы!B84","v":"Автогудронаторы 3500 л"},"маш.-ч",0.39600000000000002,{"$f":"ОКРУГЛВСЕ(IF(E805=\"\",0,E805)*IF(F798=\"\",0,F798),11)","v":1.188E-4},{"$f":"Ресурсы!D84","v":903.2},{"$f":"ROUND(IF(F805=\"\",0,F805)*IF(G805=\"\",0,G805),0)","v":0},"s","IsMash",null,null,{"$f":"Ресурсы!C84","v":0},{"$f":"ROUND(IF(F805=\"\",0,F805)*IF(M805=\"\",0,M805),0)","v":0}]
[null,null,null,{"$f":"Ресурсы!G84","v":2},null,null,{"$f":"Ресурсы!F84","v":285.58999999999997},{"$f":"ROUND(IF(F805=\"\",0,F805)*IF(G806=\"\",0,G806),0)","v":0},null,null,"mWithZTM","mWithZPM",{"$f":"Ресурсы!E84","v":0},{"$f":"ROUND(IF(F805=\"\",0,F805)*IF(M806=\"\",0,M806),0)","v":0}]
["37. 3.",{"$f":"ПОЛУЧШИФР(Ресурсы!A20,0)","v":"с101-1556"},{"$f":"Ресурсы!B20","v":"Битумы нефтяные дорожные марки БНД-60/90, БНД-90/130 первый сорт"},"т",1.03,{"$f":"ОКРУГЛВСЕ(IF(E807=\"\",0,E807)*IF(F798=\"\",0,F798),11)","v":3.0899999999999998E-4},{"$f":"ROUND(Ресурсы!D20*Начисления!AV42,2)","v":14016.54},{"$f":"ROUND(IF(F807=\"\",0,F807)*IF(G807=\"\",0,G807),0)","v":4},"s","IsMater",null,null,{"$f":"ROUND(Ресурсы!C20*Начисления!AV42,2)","v":0},{"$f":"ROUND(IF(F807=\"\",0,F807)*IF(M807=\"\",0,M807),0)","v":0}]
[null,null,"Зарплата рабочих"]
[null,null,"Эксплуатация машин"]
[null,null,"в т.ч. зарплата машинистов"]
[null,null,"Материалы",null,null,null,null,4]
[null,null,"в т.ч. Вспомогательные материалы от стоимости материалов"]
[null,null,"в т.ч. Вспомогательные ненормируемые материалы",null,null,null,null,null,"NenormMatOtZPR"]
[null,null,"в т.ч. Ненормированная з.п. рабочих"]
[null,null,"в т.ч. Ненормированная стоимость эксплуатации машин"]
[null,null,"в т.ч. Ненормированная оплата механизаторов"]
[null,null,"Накладные расходы",null,null,null,11.7,{"$f":"IF('Текущие цены с учетом расхода'!N42>0,'Текущие цены с учетом расхода'!N42,IF('Текущие цены с учетом расхода'!N42<0,'Текущие цены с учетом расхода'!N42,\"\"))","v":""},null,"Nakl",null,null,null,{"$f":"IF('Базовые цены с учетом расхода'!N42>0,'Базовые цены с учетом расхода'!N42,IF('Базовые цены с учетом расхода'!N42<0,'Базовые цены с учетом расхода'!N42,\"\"))","v":""}]
[null,null,"НР от ЗПР",null,null,null,null,{"$f":"IF('Текущие цены с учетом расхода'!P42>0,'Текущие цены с учетом расхода'!P42,IF('Текущие цены с учетом расхода'!P42<0,'Текущие цены с учетом расхода'!P42,\"\"))","v":""},null,"Nakl_ZPR",null,null,null,{"$f":"IF('Базовые цены с учетом расхода'!P42>0,'Базовые цены с учетом расхода'!P42,IF('Базовые цены с учетом расхода'!P42<0,'Базовые цены с учетом расхода'!P42,\"\"))","v":""}]
[null,null,"НР от ЗПМ",null,null,null,null,{"$f":"IF('Текущие цены с учетом расхода'!Q42>0,'Текущие цены с учетом расхода'!Q42,IF('Текущие цены с учетом расхода'!Q42<0,'Текущие цены с учетом расхода'!Q42,\"\"))","v":""},null,"Nakl_ZPM",null,null,null,{"$f":"IF('Базовые цены с учетом расхода'!Q42>0,'Базовые цены с учетом расхода'!Q42,IF('Базовые цены с учетом расхода'!Q42<0,'Базовые цены с учетом расхода'!Q42,\"\"))","v":""}]
[null,null,"Плановые накопления / Сметная прибыль",null,null,null,8,{"$f":"IF('Текущие цены с учетом расхода'!O42>0,'Текущие цены с учетом расхода'!O42,IF('Текущие цены с учетом расхода'!O42<0,'Текущие цены с учетом расхода'!O42,\"\"))","v":""},null,"Plan",null,null,null,{"$f":"IF('Базовые цены с учетом расхода'!O42>0,'Базовые цены с учетом расхода'!O42,IF('Базовые цены с учетом расхода'!O42<0,'Базовые цены с учетом расхода'!O42,\"\"))","v":""}]
[null,null,"СП от ЗПР",null,null,null,null,{"$f":"IF('Текущие цены с учетом расхода'!R42>0,'Текущие цены с учетом расхода'!R42,IF('Текущие цены с учетом расхода'!R42<0,'Текущие цены с учетом расхода'!R42,\"\"))","v":""},null,"Plan_ZPR",null,null,null,{"$f":"IF('Базовые цены с учетом расхода'!R42>0,'Базовые цены с учетом расхода'!R42,IF('Базовые цены с учетом расхода'!R42<0,'Базовые цены с учетом расхода'!R42,\"\"))","v":""}]
[null,null,"СП от ЗПМ",null,null,null,null,{"$f":"IF('Текущие цены с учетом расхода'!S42>0,'Текущие цены с учетом расхода'!S42,IF('Текущие цены с учетом расхода'!S42<0,'Текущие цены с учетом расхода'!S42,\"\"))","v":""},null,"Plan_ZPM",null,null,null,{"$f":"IF('Базовые цены с учетом расхода'!S42>0,'Базовые цены с учетом расхода'!S42,IF('Базовые цены с учетом расхода'!S42<0,'Базовые цены с учетом расхода'!S42,\"\"))","v":""}]
["38.","ГЭСН 27-06-020-01\n(ОЧ, прил.27.3, п.3.1.)","Устройство покрытия толщиной 4 см из горячих асфальтобетонных смесей плотных мелкозернистых типа ВII, плотность каменных материалов 2,5-2,9 т/м3","1000 м2 покрытия",null,1E-3,{"$f":"ROUND(СУММПРОИЗВЕСЛИ(1,I823:I847,\"s\",E823:E847,G823:G847,0),2)+SUMIF(I823:I862,\"=NenormMatOtZPR\",G823:G862)","v":381949.9},{"$f":"ROUND(СУММПРОИЗВЕСЛИ(F823,I823:I847,\"s\",E823:E847,G823:G847,0),0)+SUMIF(I823:I862,\"=NenormMatOtZPR\",H823:H862)","v":382},"sum",null,null,null,{"$f":"ROUND(СУММПРОИЗВЕСЛИ(1,I823:I847,\"s\",E823:E847,M823:M847,0),2)+SUMIF(I823:I862,\"=NenormMatOtZPR\",M823:M862)","v":28.9},{"$f":"ROUND(СУММПРОИЗВЕСЛИ(F823,I823:I847,\"s\",E823:E847,M823:M847,0),0)+SUMIF(I823:I862,\"=NenormMatOtZPR\",N823:N862)","v":0}]
[null,null,"   Начисления: "]
[null,null,"Н3 (КОЭФ. К ЭКСПЛ.МАШИН (БЕЗ ЗАРПЛАТЫ РАБ.OБСЛУЖ.МАШИНЫ)) = 1.2"]
[null,null,"Н4 (КОЭФ. К ЗАРАБОТНОЙ ПЛАТЕ РАБОЧИХ,ОБСЛУЖИВАЮЩИХ МАШИНЫ) = 1.2"]
[null,null,"Н5 (КОЭФ. К ОСНОВНОЙ ЗАРАБОТНОЙ ПЛАТЕ РАБОЧИХ) = 1.2"]
[]
["38. 1.","ГЭСН 2","Затраты труда машинистов","чел.-ч",{"$f":"ОКРУГЛВСЕ(СУММПРОИЗВЕСЛИ(1,K823:K847,\"mWithZTM\",D823:D847,E823:E847,-1)+СУММКОЭФПРОЦЕНТЕСЛИ(1,1,K823:K847,\"mWithZTM_Proch\",E823:E847,-1),11)","v":22.896000000000001},{"$f":"ОКРУГЛВСЕ(СУММПРОИЗВЕСЛИ(1,K823:K847,\"mWithZTM\",D823:D847,F823:F847,-1)+СУММКОЭФПРОЦЕНТЕСЛИ(1,1,K823:K847,\"mWithZTM_Proch\",F823:F847,-1),11)","v":2.2896E-2},{"$f":"IF(F829=0,0,ROUND(H829/F829,3))","v":174.703},{"$f":"ROUND(СУММЕСЛИДА1НЕ1(L823:L847,\"mWithZPM\",D823:D847,0,H823:H847),0)","v":4},null,"Ж",null,null,{"$f":"IF(F829=0,0,ROUND(N829/F829,3))","v":0},{"$f":"ROUND(СУММЕСЛИДА1НЕ1(L823:L847,\"mWithZPM\",D823:D847,0,N823:N847),0)","v":0}]
["38. 2.",{"$f":"ПОЛУЧШИФР(Ресурсы!A10,1)","v":"ГЭСН 1-1040"},{"$f":"Ресурсы!B10","v":"Рабочий строитель среднего разряда 4"},"чел.-ч",45.96,{"$f":"ОКРУГЛВСЕ(IF(E830=\"\",0,E830)*IF(F823=\"\",0,F823),11)","v":4.5960000000000001E-2},{"$f":"Ресурсы!D10","v":124.02},{"$f":"ROUND(IF(F830=\"\",0,F830)*IF(G830=\"\",0,G830),0)","v":6},"s","Г",null,null,{"$f":"Ресурсы!C10","v":0},{"$f":"ROUND(IF(F830=\"\",0,F830)*IF(M830=\"\",0,M830),0)","v":0}]
["38. 3.",{"$f":"ПОЛУЧШИФР(Ресурсы!A71,1)","v":"СЦЭСМ 021141"},{"$f":"Ресурсы!B71","v":"Краны на автомобильном ходу при работе на других видах строительства 10 т"},"маш.-ч",3.5999999999999997E-2,{"$f":"ОКРУГЛВСЕ(IF(E831=\"\",0,E831)*IF(F823=\"\",0,F823),11)","v":3.6000000000000001E-5},{"$f":"Ресурсы!D71","v":698.31},{"$f":"ROUND(IF(F831=\"\",0,F831)*IF(G831=\"\",0,G831),0)","v":0},"s","IsMash",null,null,{"$f":"Ресурсы!C71","v":0},{"$f":"ROUND(IF(F831=\"\",0,F831)*IF(M831=\"\",0,M831),0)","v":0}]
[null,null,null,{"$f":"Ресурсы!G71","v":1},null,null,{"$f":"Ресурсы!F71","v":166.8},{"$f":"ROUND(IF(F831=\"\",0,F831)*IF(G832=\"\",0,G832),0)","v":0},null,null,"mWithZTM","mWithZPM",{"$f":"Ресурсы!E71","v":0},{"$f":"ROUND(IF(F831=\"\",0,F831)*IF(M832=\"\",0,M832),0)","v":0}]
["38. 4.",{"$f":"ПОЛУЧШИФР(Ресурсы!A86,1)","v":"СЦЭСМ 120500"},{"$f":"Ресурсы!B86","v":"Гудронаторы ручные"},"маш.-ч",1.68,{"$f":"ОКРУГЛВСЕ(IF(E833=\"\",0,E833)*IF(F823=\"\",0,F823),11)","v":1.6800000000000001E-3},{"$f":"Ресурсы!D86","v":78.09},{"$f":"ROUND(IF(F833=\"\",0,F833)*IF(G833=\"\",0,G833),0)","v":0},"s","IsMash",null,null,{"$f":"Ресурсы!C86","v":17.2},{"$f":"ROUND(IF(F833=\"\",0,F833)*IF(M833=\"\",0,M833),0)","v":0}]
["38. 5.",{"$f":"ПОЛУЧШИФР(Ресурсы!A90,1)","v":"СЦЭСМ 120906"},{"$f":"Ресурсы!B90","v":"Катки дорожные самоходные гладкие 8 т"},"маш.-ч",4.7519999999999998,{"$f":"ОКРУГЛВСЕ(IF(E834=\"\",0,E834)*IF(F823=\"\",0,F823),11)","v":4.7520000000000001E-3},{"$f":"Ресурсы!D90","v":586.66999999999996},{"$f":"ROUND(IF(F834=\"\",0,F834)*IF(G834=\"\",0,G834),0)","v":3},"s","IsMash",null,null,{"$f":"Ресурсы!C90","v":0},{"$f":"ROUND(IF(F834=\"\",0,F834)*IF(M834=\"\",0,M834),0)","v":0}]
[null,null,null,{"$f":"Ресурсы!G90","v":1},null,null,{"$f":"Ресурсы!F90","v":142.80000000000001},{"$f":"ROUND(IF(F834=\"\",0,F834)*IF(G835=\"\",0,G835),0)","v":1},null,null,"mWithZTM","mWithZPM",{"$f":"Ресурсы!E90","v":0},{"$f":"ROUND(IF(F834=\"\",0,F834)*IF(M835=\"\",0,M835),0)","v":0}]
["38. 6.",{"$f":"ПОЛУЧШИФР(Ресурсы!A91,1)","v":"СЦЭСМ 120907"},{"$f":"Ресурсы!B91","v":"Катки дорожные самоходные гладкие 13 т"},"маш.-ч",13.811999999999999,{"$f":"ОКРУГЛВСЕ(IF(E836=\"\",0,E836)*IF(F823=\"\",0,F823),11)","v":1.3812E-2},{"$f":"Ресурсы!D91","v":825.8},{"$f":"ROUND(IF(F836=\"\",0,F836)*IF(G836=\"\",0,G836),0)","v":11},"s","IsMash",null,null,{"$f":"Ресурсы!C91","v":0},{"$f":"ROUND(IF(F836=\"\",0,F836)*IF(M836=\"\",0,M836),0)","v":0}]
[null,null,null,{"$f":"Ресурсы!G91","v":1},null,null,{"$f":"Ресурсы!F91","v":178},{"$f":"ROUND(IF(F836=\"\",0,F836)*IF(G837=\"\",0,G837),0)","v":2},null,null,"mWithZTM","mWithZPM",{"$f":"Ресурсы!E91","v":0},{"$f":"ROUND(IF(F836=\"\",0,F836)*IF(M837=\"\",0,M837),0)","v":0}]
["38. 7.",{"$f":"ПОЛУЧШИФР(Ресурсы!A98,1)","v":"СЦЭСМ 121601"},{"$f":"Ресурсы!B98","v":"Машины поливомоечные 6000 л"},"маш.-ч",0.46800000000000003,{"$f":"ОКРУГЛВСЕ(IF(E838=\"\",0,E838)*IF(F823=\"\",0,F823),11)","v":4.6799999999999999E-4},{"$f":"Ресурсы!D98","v":761.25},{"$f":"ROUND(IF(F838=\"\",0,F838)*IF(G838=\"\",0,G838),0)","v":0},"s","IsMash",null,null,{"$f":"Ресурсы!C98","v":0},{"$f":"ROUND(IF(F838=\"\",0,F838)*IF(M838=\"\",0,M838),0)","v":0}]
[null,null,null,{"$f":"Ресурсы!G98","v":1},null,null,{"$f":"Ресурсы!F98","v":142.80000000000001},{"$f":"ROUND(IF(F838=\"\",0,F838)*IF(G839=\"\",0,G839),0)","v":0},null,null,"mWithZTM","mWithZPM",{"$f":"Ресурсы!E98","v":0},{"$f":"ROUND(IF(F838=\"\",0,F838)*IF(M839=\"\",0,M839),0)","v":0}]
["38. 8.",{"$f":"ПОЛУЧШИФР(Ресурсы!A100,1)","v":"СЦЭСМ 122000"},{"$f":"Ресурсы!B100","v":"Укладчики асфальтобетона"},"маш.-ч",3.8279999999999998,{"$f":"ОКРУГЛВСЕ(IF(E840=\"\",0,E840)*IF(F823=\"\",0,F823),11)","v":3.8279999999999998E-3},{"$f":"Ресурсы!D100","v":1184},{"$f":"ROUND(IF(F840=\"\",0,F840)*IF(G840=\"\",0,G840),0)","v":5},"s","IsMash",null,null,{"$f":"Ресурсы!C100","v":0},{"$f":"ROUND(IF(F840=\"\",0,F840)*IF(M840=\"\",0,M840),0)","v":0}]
[null,null,null,{"$f":"Ресурсы!G100","v":1},null,null,{"$f":"Ресурсы!F100","v":178},{"$f":"ROUND(IF(F840=\"\",0,F840)*IF(G841=\"\",0,G841),0)","v":1},null,null,"mWithZTM","mWithZPM",{"$f":"Ресурсы!E100","v":0},{"$f":"ROUND(IF(F840=\"\",0,F840)*IF(M841=\"\",0,M841),0)","v":0}]
["38. 9.",{"$f":"ПОЛУЧШИФР(Ресурсы!A105,1)","v":"СЦЭСМ 400001"},{"$f":"Ресурсы!B105","v":"Автомобили бортовые, грузоподъемность до 5 т"},"маш.-ч",4.8000000000000001E-2,{"$f":"ОКРУГЛВСЕ(IF(E842=\"\",0,E842)*IF(F823=\"\",0,F823),11)","v":4.8000000000000001E-5},{"$f":"Ресурсы!D105","v":516.34},{"$f":"ROUND(IF(F842=\"\",0,F842)*IF(G842=\"\",0,G842),0)","v":0},"s","IsMash",null,null,{"$f":"Ресурсы!C105","v":0},{"$f":"ROUND(IF(F842=\"\",0,F842)*IF(M842=\"\",0,M842),0)","v":0}]
[null,null,null,{"$f":"Ресурсы!G105","v":1},null,null,{"$f":"Ресурсы!F105","v":124.21},{"$f":"ROUND(IF(F842=\"\",0,F842)*IF(G843=\"\",0,G843),0)","v":0},null,null,null,null,{"$f":"Ресурсы!E105","v":0},{"$f":"ROUND(IF(F842=\"\",0,F842)*IF(M843=\"\",0,M843),0)","v":0}]
["38. 10.",{"$f":"ПОЛУЧШИФР(Ресурсы!A15,1)","v":"ССЦ 101-0782"},{"$f":"Ресурсы!B15","v":"Поковки из квадратных заготовок, масса 1,8 кг"},"т",6.1999999999999998E-3,{"$f":"ОКРУГЛВСЕ(IF(E844=\"\",0,E844)*IF(F823=\"\",0,F823),11)","v":6.1999999999999999E-6},{"$f":"ROUND(Ресурсы!D15*Начисления!AV43,2)","v":30976.48},{"$f":"ROUND(IF(F844=\"\",0,F844)*IF(G844=\"\",0,G844),0)","v":0},"s","IsMater",null,null,{"$f":"ROUND(Ресурсы!C15*Начисления!AV43,2)","v":0},{"$f":"ROUND(IF(F844=\"\",0,F844)*IF(M844=\"\",0,M844),0)","v":0}]
["38. 11.",{"$f":"ПОЛУЧШИФР(Ресурсы!A20,0)","v":"с101-1556"},{"$f":"Ресурсы!B20","v":"Битумы нефтяные дорожные марки БНД-60/90, БНД-90/130 первый сорт"},"т",1.0800000000000001E-2,{"$f":"ОКРУГЛВСЕ(IF(E845=\"\",0,E845)*IF(F823=\"\",0,F823),11)","v":1.08E-5},{"$f":"ROUND(Ресурсы!D20*Начисления!AV43,2)","v":14016.54},{"$f":"ROUND(IF(F845=\"\",0,F845)*IF(G845=\"\",0,G845),0)","v":0},"s","IsMater",null,null,{"$f":"ROUND(Ресурсы!C20*Начисления!AV43,2)","v":0},{"$f":"ROUND(IF(F845=\"\",0,F845)*IF(M845=\"\",0,M845),0)","v":0}]
["38. 12.",{"$f":"ПОЛУЧШИФР(Ресурсы!A37,1)","v":"ССЦ 102-0025"},{"$f":"Ресурсы!B37","v":"Бруски обрезные хвойных пород длиной 4-6,5 м, шириной 75-150 мм, толщиной 40-75 мм, III сорта"},"м3",0.15,{"$f":"ОКРУГЛВСЕ(IF(E846=\"\",0,E846)*IF(F823=\"\",0,F823),11)","v":1.4999999999999999E-4},{"$f":"ROUND(Ресурсы!D37*Начисления!AV43,2)","v":3526.67},{"$f":"ROUND(IF(F846=\"\",0,F846)*IF(G846=\"\",0,G846),0)","v":1},"s","IsMater",null,null,{"$f":"ROUND(Ресурсы!C37*Начисления!AV43,2)","v":0},{"$f":"ROUND(IF(F846=\"\",0,F846)*IF(M846=\"\",0,M846),0)","v":0}]
["38. 13.",{"$f":"ПОЛУЧШИФР(Ресурсы!A60,0)","v":"с410-0007"},{"$f":"Ресурсы!B60","v":"Смеси асфальтобетонные дорожные, аэродромные и асфальтобетон (горячие и тёплые для плотного асфальтобетона мелко и крупнозернистые, песчаныее), марка II, тип B"},"т",96.6,{"$f":"ОКРУГЛВСЕ(IF(E847=\"\",0,E847)*IF(F823=\"\",0,F823),11)","v":9.6600000000000005E-2},{"$f":"ROUND(Ресурсы!D60*Начисления!AV43,2)","v":3686.48},{"$f":"ROUND(IF(F847=\"\",0,F847)*IF(G847=\"\",0,G847),0)","v":356},"s","IsMater",null,null,{"$f":"ROUND(Ресурсы!C60*Начисления!AV43,2)","v":0},{"$f":"ROUND(IF(F847=\"\",0,F847)*IF(M847=\"\",0,M847),0)","v":0}]
[null,null,"Зарплата рабочих",null,null,null,null,6]
[null,null,"Эксплуатация машин",null,null,null,null,19]
[null,null,"в т.ч. зарплата машинистов",null,null,null,null,4]
[null,null,"Материалы",null,null,null,null,357]
[null,null,"в т.ч. Вспомогательные материалы от стоимости материалов"]
[null,null,"в т.ч. Вспомогательные ненормируемые материалы",null,null,null,null,null,"NenormMatOtZPR"]
[null,null,"в т.ч. Ненормированная з.п. рабочих"]
[null,null,"в т.ч. Ненормированная стоимость эксплуатации машин"]
[null,null,"в т.ч. Ненормированная оплата механизаторов"]
[null,null,"Накладные расходы",null,null,null,11.7,{"$f":"IF('Текущие цены с учетом расхода'!N43>0,'Текущие цены с учетом расхода'!N43,IF('Текущие цены с учетом расхода'!N43<0,'Текущие цены с учетом расхода'!N43,\"\"))","v":45},null,"Nakl",null,null,null,{"$f":"IF('Базовые цены с учетом расхода'!N43>0,'Базовые цены с учетом расхода'!N43,IF('Базовые цены с учетом расхода'!N43<0,'Базовые цены с учетом расхода'!N43,\"\"))","v":""}]
[null,null,"НР от ЗПР",null,null,null,null,{"$f":"IF('Текущие цены с учетом расхода'!P43>0,'Текущие цены с учетом расхода'!P43,IF('Текущие цены с учетом расхода'!P43<0,'Текущие цены с учетом расхода'!P43,\"\"))","v":""},null,"Nakl_ZPR",null,null,null,{"$f":"IF('Базовые цены с учетом расхода'!P43>0,'Базовые цены с учетом расхода'!P43,IF('Базовые цены с учетом расхода'!P43<0,'Базовые цены с учетом расхода'!P43,\"\"))","v":""}]
[null,null,"НР от ЗПМ",null,null,null,null,{"$f":"IF('Текущие цены с учетом расхода'!Q43>0,'Текущие цены с учетом расхода'!Q43,IF('Текущие цены с учетом расхода'!Q43<0,'Текущие цены с учетом расхода'!Q43,\"\"))","v":""},null,"Nakl_ZPM",null,null,null,{"$f":"IF('Базовые цены с учетом расхода'!Q43>0,'Базовые цены с учетом расхода'!Q43,IF('Базовые цены с учетом расхода'!Q43<0,'Базовые цены с учетом расхода'!Q43,\"\"))","v":""}]
[null,null,"Плановые накопления / Сметная прибыль",null,null,null,8,{"$f":"IF('Текущие цены с учетом расхода'!O43>0,'Текущие цены с учетом расхода'!O43,IF('Текущие цены с учетом расхода'!O43<0,'Текущие цены с учетом расхода'!O43,\"\"))","v":34},null,"Plan",null,null,null,{"$f":"IF('Базовые цены с учетом расхода'!O43>0,'Базовые цены с учетом расхода'!O43,IF('Базовые цены с учетом расхода'!O43<0,'Базовые цены с учетом расхода'!O43,\"\"))","v":""}]
[null,null,"СП от ЗПР",null,null,null,null,{"$f":"IF('Текущие цены с учетом расхода'!R43>0,'Текущие цены с учетом расхода'!R43,IF('Текущие цены с учетом расхода'!R43<0,'Текущие цены с учетом расхода'!R43,\"\"))","v":""},null,"Plan_ZPR",null,null,null,{"$f":"IF('Базовые цены с учетом расхода'!R43>0,'Базовые цены с учетом расхода'!R43,IF('Базовые цены с учетом расхода'!R43<0,'Базовые цены с учетом расхода'!R43,\"\"))","v":""}]
[null,null,"СП от ЗПМ",null,null,null,null,{"$f":"IF('Текущие цены с учетом расхода'!S43>0,'Текущие цены с учетом расхода'!S43,IF('Текущие цены с учетом расхода'!S43<0,'Текущие цены с учетом расхода'!S43,\"\"))","v":""},null,"Plan_ZPM",null,null,null,{"$f":"IF('Базовые цены с учетом расхода'!S43>0,'Базовые цены с учетом расхода'!S43,IF('Базовые цены с учетом расхода'!S43<0,'Базовые цены с учетом расхода'!S43,\"\"))","v":""}]
["39.","ГЭСН 27-06-021-01\n(ОЧ, прил.27.3, п.3.1.)","На каждые 0,5 см изменения толщины покрытия добавлять или исключать к норме 27-06-020-01 до 5 см","1000 м2 покрытия",null,2E-3,{"$f":"ROUND(СУММПРОИЗВЕСЛИ(1,I863:I874,\"s\",E863:E874,G863:G874,0),2)+SUMIF(I863:I889,\"=NenormMatOtZPR\",G863:G889)","v":44656.29},{"$f":"ROUND(СУММПРОИЗВЕСЛИ(F863,I863:I874,\"s\",E863:E874,G863:G874,0),0)+SUMIF(I863:I889,\"=NenormMatOtZPR\",H863:H889)","v":89},"sum",null,null,null,{"$f":"ROUND(СУММПРОИЗВЕСЛИ(1,I863:I874,\"s\",E863:E874,M863:M874,0),2)+SUMIF(I863:I889,\"=NenormMatOtZPR\",M863:M889)","v":3.72},{"$f":"ROUND(СУММПРОИЗВЕСЛИ(F863,I863:I874,\"s\",E863:E874,M863:M874,0),0)+SUMIF(I863:I889,\"=NenormMatOtZPR\",N863:N889)","v":0}]
[null,null,{"$f":"IF(ROUND((1*2)/1000,9)=F863,\"Объем: 1*2\",\"\")","v":"Объем: 1*2"}]
[null,null,"   Начисления: "]
[null,null,"Н3 (КОЭФ. К ЭКСПЛ.МАШИН (БЕЗ ЗАРПЛАТЫ РАБ.OБСЛУЖ.МАШИНЫ)) = 1.2"]
[null,null,"Н4 (КОЭФ. К ЗАРАБОТНОЙ ПЛАТЕ РАБОЧИХ,ОБСЛУЖИВАЮЩИХ МАШИНЫ) = 1.2"]
[null,null,"Н5 (КОЭФ. К ОСНОВНОЙ ЗАРАБОТНОЙ ПЛАТЕ РАБОЧИХ) = 1.2"]
[]
["39. 0.","З1000-0001","Затраты труда машинистов","чел.ч",0,0,{"$f":"IF(F870=0,0,ROUND(H870/F870,3))","v":0},null,null,"Ж",null,null,{"$f":"IF(F870=0,0,ROUND(N870/F870,3))","v":0}]
["39. 1.",{"$f":"ПОЛУЧШИФР(Ресурсы!A10,1)","v":"ГЭСН 1-1040"},{"$f":"Ресурсы!B10","v":"Рабочий строитель среднего разряда 4"},"чел.-ч",0.108,{"$f":"ОКРУГЛВСЕ(IF(E871=\"\",0,E871)*IF(F863=\"\",0,F863),11)","v":2.1599999999999999E-4},{"$f":"Ресурсы!D10","v":124.02},{"$f":"ROUND(IF(F871=\"\",0,F871)*IF(G871=\"\",0,G871),0)","v":0},"s","Г",null,null,{"$f":"Ресурсы!C10","v":0},{"$f":"ROUND(IF(F871=\"\",0,F871)*IF(M871=\"\",0,M871),0)","v":0}]
["39. 2.",{"$f":"ПОЛУЧШИФР(Ресурсы!A86,1)","v":"СЦЭСМ 120500"},{"$f":"Ресурсы!B86","v":"Гудронаторы ручные"},"маш.-ч",0.216,{"$f":"ОКРУГЛВСЕ(IF(E872=\"\",0,E872)*IF(F863=\"\",0,F863),11)","v":4.3199999999999998E-4},{"$f":"Ресурсы!D86","v":78.09},{"$f":"ROUND(IF(F872=\"\",0,F872)*IF(G872=\"\",0,G872),0)","v":0},"s","IsMash",null,null,{"$f":"Ресурсы!C86","v":17.2},{"$f":"ROUND(IF(F872=\"\",0,F872)*IF(M872=\"\",0,M872),0)","v":0}]
["39. 3.",{"$f":"ПОЛУЧШИФР(Ресурсы!A20,0)","v":"с101-1556"},{"$f":"Ресурсы!B20","v":"Битумы нефтяные дорожные марки БНД-60/90, БНД-90/130 первый сорт"},"т",1.4E-3,{"$f":"ОКРУГЛВСЕ(IF(E873=\"\",0,E873)*IF(F863=\"\",0,F863),11)","v":2.7999999999999999E-6},{"$f":"ROUND(Ресурсы!D20*Начисления!AV44,2)","v":14016.54},{"$f":"ROUND(IF(F873=\"\",0,F873)*IF(G873=\"\",0,G873),0)","v":0},"s","IsMater",null,null,{"$f":"ROUND(Ресурсы!C20*Начисления!AV44,2)","v":0},{"$f":"ROUND(IF(F873=\"\",0,F873)*IF(M873=\"\",0,M873),0)","v":0}]
["39. 4.",{"$f":"ПОЛУЧШИФР(Ресурсы!A60,0)","v":"с410-0007"},{"$f":"Ресурсы!B60","v":"Смеси асфальтобетонные дорожные, аэродромные и асфальтобетон (горячие и тёплые для плотного асфальтобетона мелко и крупнозернистые, песчаныее), марка II, тип B"},"т",12.1,{"$f":"ОКРУГЛВСЕ(IF(E874=\"\",0,E874)*IF(F863=\"\",0,F863),11)","v":2.4199999999999999E-2},{"$f":"ROUND(Ресурсы!D60*Начисления!AV44,2)","v":3686.48},{"$f":"ROUND(IF(F874=\"\",0,F874)*IF(G874=\"\",0,G874),0)","v":89},"s","IsMater",null,null,{"$f":"ROUND(Ресурсы!C60*Начисления!AV44,2)","v":0},{"$f":"ROUND(IF(F874=\"\",0,F874)*IF(M874=\"\",0,M874),0)","v":0}]
[null,null,"Зарплата рабочих"]
[null,null,"Эксплуатация машин"]
[null,null,"в т.ч. зарплата машинистов"]
[null,null,"Материалы",null,null,null,null,89]
[null,null,"в т.ч. Вспомогательные материалы от стоимости материалов"]
[null,null,"в т.ч. Вспомогательные ненормируемые материалы",null,null,null,null,null,"NenormMatOtZPR"]
[null,null,"в т.ч. Ненормированная з.п. рабочих"]
[null,null,"в т.ч. Ненормированная стоимость эксплуатации машин"]
[null,null,"в т.ч. Ненормированная оплата механизаторов"]
[null,null,"Накладные расходы",null,null,null,11.7,{"$f":"IF('Текущие цены с учетом расхода'!N44>0,'Текущие цены с учетом расхода'!N44,IF('Текущие цены с учетом расхода'!N44<0,'Текущие цены с учетом расхода'!N44,\"\"))","v":10},null,"Nakl",null,null,null,{"$f":"IF('Базовые цены с учетом расхода'!N44>0,'Базовые цены с учетом расхода'!N44,IF('Базовые цены с учетом расхода'!N44<0,'Базовые цены с учетом расхода'!N44,\"\"))","v":""}]
[null,null,"НР от ЗПР",null,null,null,null,{"$f":"IF('Текущие цены с учетом расхода'!P44>0,'Текущие цены с учетом расхода'!P44,IF('Текущие цены с учетом расхода'!P44<0,'Текущие цены с учетом расхода'!P44,\"\"))","v":""},null,"Nakl_ZPR",null,null,null,{"$f":"IF('Базовые цены с учетом расхода'!P44>0,'Базовые цены с учетом расхода'!P44,IF('Базовые цены с учетом расхода'!P44<0,'Базовые цены с учетом расхода'!P44,\"\"))","v":""}]
[null,null,"НР от ЗПМ",null,null,null,null,{"$f":"IF('Текущие цены с учетом расхода'!Q44>0,'Текущие цены с учетом расхода'!Q44,IF('Текущие цены с учетом расхода'!Q44<0,'Текущие цены с учетом расхода'!Q44,\"\"))","v":""},null,"Nakl_ZPM",null,null,null,{"$f":"IF('Базовые цены с учетом расхода'!Q44>0,'Базовые цены с учетом расхода'!Q44,IF('Базовые цены с учетом расхода'!Q44<0,'Базовые цены с учетом расхода'!Q44,\"\"))","v":""}]
[null,null,"Плановые накопления / Сметная прибыль",null,null,null,8,{"$f":"IF('Текущие цены с учетом расхода'!O44>0,'Текущие цены с учетом расхода'!O44,IF('Текущие цены с учетом расхода'!O44<0,'Текущие цены с учетом расхода'!O44,\"\"))","v":8},null,"Plan",null,null,null,{"$f":"IF('Базовые цены с учетом расхода'!O44>0,'Базовые цены с учетом расхода'!O44,IF('Базовые цены с учетом расхода'!O44<0,'Базовые цены с учетом расхода'!O44,\"\"))","v":""}]
[null,null,"СП от ЗПР",null,null,null,null,{"$f":"IF('Текущие цены с учетом расхода'!R44>0,'Текущие цены с учетом расхода'!R44,IF('Текущие цены с учетом расхода'!R44<0,'Текущие цены с учетом расхода'!R44,\"\"))","v":""},null,"Plan_ZPR",null,null,null,{"$f":"IF('Базовые цены с учетом расхода'!R44>0,'Базовые цены с учетом расхода'!R44,IF('Базовые цены с учетом расхода'!R44<0,'Базовые цены с учетом расхода'!R44,\"\"))","v":""}]
[null,null,"СП от ЗПМ",null,null,null,null,{"$f":"IF('Текущие цены с учетом расхода'!S44>0,'Текущие цены с учетом расхода'!S44,IF('Текущие цены с учетом расхода'!S44<0,'Текущие цены с учетом расхода'!S44,\"\"))","v":""},null,"Plan_ZPM",null,null,null,{"$f":"IF('Базовые цены с учетом расхода'!S44>0,'Базовые цены с учетом расхода'!S44,IF('Базовые цены с учетом расхода'!S44<0,'Базовые цены с учетом расхода'!S44,\"\"))","v":""}]
["40.","ГЭСН 27-06-026-01\n(ОЧ, прил.27.3, п.3.1.)","Розлив вяжущих материалов, битум БНД 90/130","1 т",null,2.9999999999999997E-4,{"$f":"ROUND(СУММПРОИЗВЕСЛИ(1,I890:I899,\"s\",E890:E899,G890:G899,0),2)+SUMIF(I890:I914,\"=NenormMatOtZPR\",G890:G914)","v":14794.7},{"$f":"ROUND(СУММПРОИЗВЕСЛИ(F890,I890:I899,\"s\",E890:E899,G890:G899,0),0)+SUMIF(I890:I914,\"=NenormMatOtZPR\",H890:H914)","v":4},"sum",null,null,null,{"$f":"ROUND(СУММПРОИЗВЕСЛИ(1,I890:I899,\"s\",E890:E899,M890:M899,0),2)+SUMIF(I890:I914,\"=NenormMatOtZPR\",M890:M914)","v":0},{"$f":"ROUND(СУММПРОИЗВЕСЛИ(F890,I890:I899,\"s\",E890:E899,M890:M899,0),0)+SUMIF(I890:I914,\"=NenormMatOtZPR\",N890:N914)","v":0}]
[null,null,{"$f":"IF(ROUND((1*0.3/1000)/1,9)=F890,\"Объем: 1*0.3/1000\",\"\")","v":"Объем: 1*0.3/1000"}]
[null,null,"   Начисления: "]
[null,null,"Н3 (КОЭФ. К ЭКСПЛ.МАШИН (БЕЗ ЗАРПЛАТЫ РАБ.OБСЛУЖ.МАШИНЫ)) = 1.2"]
[null,null,"Н4 (КОЭФ. К ЗАРАБОТНОЙ ПЛАТЕ РАБОЧИХ,ОБСЛУЖИВАЮЩИХ МАШИНЫ) = 1.2"]
[]
["40. 1.","ГЭСН 2","Затраты труда машинистов","чел.-ч",{"$f":"ОКРУГЛВСЕ(СУММПРОИЗВЕСЛИ(1,K890:K899,\"mWithZTM\",D890:D899,E890:E899,-1)+СУММКОЭФПРОЦЕНТЕСЛИ(1,1,K890:K899,\"mWithZTM_Proch\",E890:E899,-1),11)","v":0.79200000000000004},{"$f":"ОКРУГЛВСЕ(СУММПРОИЗВЕСЛИ(1,K890:K899,\"mWithZTM\",D890:D899,F890:F899,-1)+СУММКОЭФПРОЦЕНТЕСЛИ(1,1,K890:K899,\"mWithZTM_Proch\",F890:F899,-1),11)","v":2.376E-4},{"$f":"IF(F896=0,0,ROUND(H896/F896,3))","v":0},{"$f":"ROUND(СУММЕСЛИДА1НЕ1(L890:L899,\"mWithZPM\",D890:D899,0,H890:H899),0)","v":0},null,"Ж",null,null,{"$f":"IF(F896=0,0,ROUND(N896/F896,3))","v":0},{"$f":"ROUND(СУММЕСЛИДА1НЕ1(L890:L899,\"mWithZPM\",D890:D899,0,N890:N899),0)","v":0}]
["40. 2.",{"$f":"ПОЛУЧШИФР(Ресурсы!A84,1)","v":"СЦЭСМ 120101"},{"$f":"Ресурсы!B84","v":"Автогудронаторы 3500 л"},"маш.-ч",0.39600000000000002,{"$f":"ОКРУГЛВСЕ(IF(E897=\"\",0,E897)*IF(F890=\"\",0,F890),11)","v":1.188E-4},{"$f":"Ресурсы!D84","v":903.2},{"$f":"ROUND(IF(F897=\"\",0,F897)*IF(G897=\"\",0,G897),0)","v":0},"s","IsMash",null,null,{"$f":"Ресурсы!C84","v":0},{"$f":"ROUND(IF(F897=\"\",0,F897)*IF(M897=\"\",0,M897),0)","v":0}]
[null,null,null,{"$f":"Ресурсы!G84","v":2},null,null,{"$f":"Ресурсы!F84","v":285.58999999999997},{"$f":"ROUND(IF(F897=\"\",0,F897)*IF(G898=\"\",0,G898),0)","v":0},null,null,"mWithZTM","mWithZPM",{"$f":"Ресурсы!E84","v":0},{"$f":"ROUND(IF(F897=\"\",0,F897)*IF(M898=\"\",0,M898),0)","v":0}]
["40. 3.",{"$f":"ПОЛУЧШИФР(Ресурсы!A20,0)","v":"с101-1556"},{"$f":"Ресурсы!B20","v":"Битумы нефтяные дорожные марки БНД-60/90, БНД-90/130 первый сорт"},"т",1.03,{"$f":"ОКРУГЛВСЕ(IF(E899=\"\",0,E899)*IF(F890=\"\",0,F890),11)","v":3.0899999999999998E-4},{"$f":"ROUND(Ресурсы!D20*Начисления!AV45,2)","v":14016.54},{"$f":"ROUND(IF(F899=\"\",0,F899)*IF(G899=\"\",0,G899),0)","v":4},"s","IsMater",null,null,{"$f":"ROUND(Ресурсы!C20*Начисления!AV45,2)","v":0},{"$f":"ROUND(IF(F899=\"\",0,F899)*IF(M899=\"\",0,M899),0)","v":0}]
[null,null,"Зарплата рабочих"]
[null,null,"Эксплуатация машин"]
[null,null,"в т.ч. зарплата машинистов"]
[null,null,"Материалы",null,null,null,null,4]
[null,null,"в т.ч. Вспомогательные материалы от стоимости материалов"]
[null,null,"в т.ч. Вспомогательные ненормируемые материалы",null,null,null,null,null,"NenormMatOtZPR"]
[null,null,"в т.ч. Ненормированная з.п. рабочих"]
[null,null,"в т.ч. Ненормированная стоимость эксплуатации машин"]
[null,null,"в т.ч. Ненормированная оплата механизаторов"]
[null,null,"Накладные расходы",null,null,null,11.7,{"$f":"IF('Текущие цены с учетом расхода'!N45>0,'Текущие цены с учетом расхода'!N45,IF('Текущие цены с учетом расхода'!N45<0,'Текущие цены с учетом расхода'!N45,\"\"))","v":""},null,"Nakl",null,null,null,{"$f":"IF('Базовые цены с учетом расхода'!N45>0,'Базовые цены с учетом расхода'!N45,IF('Базовые цены с учетом расхода'!N45<0,'Базовые цены с учетом расхода'!N45,\"\"))","v":""}]
[null,null,"НР от ЗПР",null,null,null,null,{"$f":"IF('Текущие цены с учетом расхода'!P45>0,'Текущие цены с учетом расхода'!P45,IF('Текущие цены с учетом расхода'!P45<0,'Текущие цены с учетом расхода'!P45,\"\"))","v":""},null,"Nakl_ZPR",null,null,null,{"$f":"IF('Базовые цены с учетом расхода'!P45>0,'Базовые цены с учетом расхода'!P45,IF('Базовые цены с учетом расхода'!P45<0,'Базовые цены с учетом расхода'!P45,\"\"))","v":""}]
[null,null,"НР от ЗПМ",null,null,null,null,{"$f":"IF('Текущие цены с учетом расхода'!Q45>0,'Текущие цены с учетом расхода'!Q45,IF('Текущие цены с учетом расхода'!Q45<0,'Текущие цены с учетом расхода'!Q45,\"\"))","v":""},null,"Nakl_ZPM",null,null,null,{"$f":"IF('Базовые цены с учетом расхода'!Q45>0,'Базовые цены с учетом расхода'!Q45,IF('Базовые цены с учетом расхода'!Q45<0,'Базовые цены с учетом расхода'!Q45,\"\"))","v":""}]
[null,null,"Плановые накопления / Сметная прибыль",null,null,null,8,{"$f":"IF('Текущие цены с учетом расхода'!O45>0,'Текущие цены с учетом расхода'!O45,IF('Текущие цены с учетом расхода'!O45<0,'Текущие цены с учетом расхода'!O45,\"\"))","v":""},null,"Plan",null,null,null,{"$f":"IF('Базовые цены с учетом расхода'!O45>0,'Базовые цены с учетом расхода'!O45,IF('Базовые цены с учетом расхода'!O45<0,'Базовые цены с учетом расхода'!O45,\"\"))","v":""}]
[null,null,"СП от ЗПР",null,null,null,null,{"$f":"IF('Текущие цены с учетом расхода'!R45>0,'Текущие цены с учетом расхода'!R45,IF('Текущие цены с учетом расхода'!R45<0,'Текущие цены с учетом расхода'!R45,\"\"))","v":""},null,"Plan_ZPR",null,null,null,{"$f":"IF('Базовые цены с учетом расхода'!R45>0,'Базовые цены с учетом расхода'!R45,IF('Базовые цены с учетом расхода'!R45<0,'Базовые цены с учетом расхода'!R45,\"\"))","v":""}]
[null,null,"СП от ЗПМ",null,null,null,null,{"$f":"IF('Текущие цены с учетом расхода'!S45>0,'Текущие цены с учетом расхода'!S45,IF('Текущие цены с учетом расхода'!S45<0,'Текущие цены с учетом расхода'!S45,\"\"))","v":""},null,"Plan_ZPM",null,null,null,{"$f":"IF('Базовые цены с учетом расхода'!S45>0,'Базовые цены с учетом расхода'!S45,IF('Базовые цены с учетом расхода'!S45<0,'Базовые цены с учетом расхода'!S45,\"\"))","v":""}]
["41.","ГЭСН 27-06-020-01\n(ОЧ, прил.27.3, п.3.1.)","Устройство покрытия толщиной 4 см из горячих асфальтобетонных смесей плотных мелкозернистых типа ВIII, плотность каменных материалов 2,5-2,9 т/м3","1000 м2 покрытия",null,1E-3,{"$f":"ROUND(СУММПРОИЗВЕСЛИ(1,I915:I939,\"s\",E915:E939,G915:G939,0),2)+SUMIF(I915:I954,\"=NenormMatOtZPR\",G915:G954)","v":358614.24},{"$f":"ROUND(СУММПРОИЗВЕСЛИ(F915,I915:I939,\"s\",E915:E939,G915:G939,0),0)+SUMIF(I915:I954,\"=NenormMatOtZPR\",H915:H954)","v":359},"sum",null,null,null,{"$f":"ROUND(СУММПРОИЗВЕСЛИ(1,I915:I939,\"s\",E915:E939,M915:M939,0),2)+SUMIF(I915:I954,\"=NenormMatOtZPR\",M915:M954)","v":28.9},{"$f":"ROUND(СУММПРОИЗВЕСЛИ(F915,I915:I939,\"s\",E915:E939,M915:M939,0),0)+SUMIF(I915:I954,\"=NenormMatOtZPR\",N915:N954)","v":0}]
[null,null,"   Начисления: "]
[null,null,"Н3 (КОЭФ. К ЭКСПЛ.МАШИН (БЕЗ ЗАРПЛАТЫ РАБ.OБСЛУЖ.МАШИНЫ)) = 1.2"]
[null,null,"Н4 (КОЭФ. К ЗАРАБОТНОЙ ПЛАТЕ РАБОЧИХ,ОБСЛУЖИВАЮЩИХ МАШИНЫ) = 1.2"]
[null,null,"Н5 (КОЭФ. К ОСНОВНОЙ ЗАРАБОТНОЙ ПЛАТЕ РАБОЧИХ) = 1.2"]
[]
["41. 1.","ГЭСН 2","Затраты труда машинистов","чел.-ч",{"$f":"ОКРУГЛВСЕ(СУММПРОИЗВЕСЛИ(1,K915:K939,\"mWithZTM\",D915:D939,E915:E939,-1)+СУММКОЭФПРОЦЕНТЕСЛИ(1,1,K915:K939,\"mWithZTM_Proch\",E915:E939,-1),11)","v":22.896000000000001},{"$f":"ОКРУГЛВСЕ(СУММПРОИЗВЕСЛИ(1,K915:K939,\"mWithZTM\",D915:D939,F915:F939,-1)+СУММКОЭФПРОЦЕНТЕСЛИ(1,1,K915:K939,\"mWithZTM_Proch\",F915:F939,-1),11)","v":2.2896E-2},{"$f":"IF(F921=0,0,ROUND(H921/F921,3))","v":174.703},{"$f":"ROUND(СУММЕСЛИДА1НЕ1(L915:L939,\"mWithZPM\",D915:D939,0,H915:H939),0)","v":4},null,"Ж",null,null,{"$f":"IF(F921=0,0,ROUND(N921/F921,3))","v":0},{"$f":"ROUND(СУММЕСЛИДА1НЕ1(L915:L939,\"mWithZPM\",D915:D939,0,N915:N939),0)","v":0}]
["41. 2.",{"$f":"ПОЛУЧШИФР(Ресурсы!A10,1)","v":"ГЭСН 1-1040"},{"$f":"Ресурсы!B10","v":"Рабочий строитель среднего разряда 4"},"чел.-ч",45.96,{"$f":"ОКРУГЛВСЕ(IF(E922=\"\",0,E922)*IF(F915=\"\",0,F915),11)","v":4.5960000000000001E-2},{"$f":"Ресурсы!D10","v":124.02},{"$f":"ROUND(IF(F922=\"\",0,F922)*IF(G922=\"\",0,G922),0)","v":6},"s","Г",null,null,{"$f":"Ресурсы!C10","v":0},{"$f":"ROUND(IF(F922=\"\",0,F922)*IF(M922=\"\",0,M922),0)","v":0}]
["41. 3.",{"$f":"ПОЛУЧШИФР(Ресурсы!A71,1)","v":"СЦЭСМ 021141"},{"$f":"Ресурсы!B71","v":"Краны на автомобильном ходу при работе на других видах строительства 10 т"},"маш.-ч",3.5999999999999997E-2,{"$f":"ОКРУГЛВСЕ(IF(E923=\"\",0,E923)*IF(F915=\"\",0,F915),11)","v":3.6000000000000001E-5},{"$f":"Ресурсы!D71","v":698.31},{"$f":"ROUND(IF(F923=\"\",0,F923)*IF(G923=\"\",0,G923),0)","v":0},"s","IsMash",null,null,{"$f":"Ресурсы!C71","v":0},{"$f":"ROUND(IF(F923=\"\",0,F923)*IF(M923=\"\",0,M923),0)","v":0}]
[null,null,null,{"$f":"Ресурсы!G71","v":1},null,null,{"$f":"Ресурсы!F71","v":166.8},{"$f":"ROUND(IF(F923=\"\",0,F923)*IF(G924=\"\",0,G924),0)","v":0},null,null,"mWithZTM","mWithZPM",{"$f":"Ресурсы!E71","v":0},{"$f":"ROUND(IF(F923=\"\",0,F923)*IF(M924=\"\",0,M924),0)","v":0}]
["41. 4.",{"$f":"ПОЛУЧШИФР(Ресурсы!A86,1)","v":"СЦЭСМ 120500"},{"$f":"Ресурсы!B86","v":"Гудронаторы ручные"},"маш.-ч",1.68,{"$f":"ОКРУГЛВСЕ(IF(E925=\"\",0,E925)*IF(F915=\"\",0,F915),11)","v":1.6800000000000001E-3},{"$f":"Ресурсы!D86","v":78.09},{"$f":"ROUND(IF(F925=\"\",0,F925)*IF(G925=\"\",0,G925),0)","v":0},"s","IsMash",null,null,{"$f":"Ресурсы!C86","v":17.2},{"$f":"ROUND(IF(F925=\"\",0,F925)*IF(M925=\"\",0,M925),0)","v":0}]
["41. 5.",{"$f":"ПОЛУЧШИФР(Ресурсы!A90,1)","v":"СЦЭСМ 120906"},{"$f":"Ресурсы!B90","v":"Катки дорожные самоходные гладкие 8 т"},"маш.-ч",4.7519999999999998,{"$f":"ОКРУГЛВСЕ(IF(E926=\"\",0,E926)*IF(F915=\"\",0,F915),11)","v":4.7520000000000001E-3},{"$f":"Ресурсы!D90","v":586.66999999999996},{"$f":"ROUND(IF(F926=\"\",0,F926)*IF(G926=\"\",0,G926),0)","v":3},"s","IsMash",null,null,{"$f":"Ресурсы!C90","v":0},{"$f":"ROUND(IF(F926=\"\",0,F926)*IF(M926=\"\",0,M926),0)","v":0}]
[null,null,null,{"$f":"Ресурсы!G90","v":1},null,null,{"$f":"Ресурсы!F90","v":142.80000000000001},{"$f":"ROUND(IF(F926=\"\",0,F926)*IF(G927=\"\",0,G927),0)","v":1},null,null,"mWithZTM","mWithZPM",{"$f":"Ресурсы!E90","v":0},{"$f":"ROUND(IF(F926=\"\",0,F926)*IF(M927=\"\",0,M927),0)","v":0}]
["41. 6.",{"$f":"ПОЛУЧШИФР(Ресурсы!A91,1)","v":"СЦЭСМ 120907"},{"$f":"Ресурсы!B91","v":"Катки дорожные самоходные гладкие 13 т"},"маш.-ч",13.811999999999999,{"$f":"ОКРУГЛВСЕ(IF(E928=\"\",0,E928)*IF(F915=\"\",0,F915),11)","v":1.3812E-2},{"$f":"Ресурсы!D91","v":825.8},{"$f":"ROUND(IF(F928=\"\",0,F928)*IF(G928=\"\",0,G928),0)","v":11},"s","IsMash",null,null,{"$f":"Ресурсы!C91","v":0},{"$f":"ROUND(IF(F928=\"\",0,F928)*IF(M928=\"\",0,M928),0)","v":0}]
[null,null,null,{"$f":"Ресурсы!G91","v":1},null,null,{"$f":"Ресурсы!F91","v":178},{"$f":"ROUND(IF(F928=\"\",0,F928)*IF(G929=\"\",0,G929),0)","v":2},null,null,"mWithZTM","mWithZPM",{"$f":"Ресурсы!E91","v":0},{"$f":"ROUND(IF(F928=\"\",0,F928)*IF(M929=\"\",0,M929),0)","v":0}]
["41. 7.",{"$f":"ПОЛУЧШИФР(Ресурсы!A98,1)","v":"СЦЭСМ 121601"},{"$f":"Ресурсы!B98","v":"Машины поливомоечные 6000 л"},"маш.-ч",0.46800000000000003,{"$f":"ОКРУГЛВСЕ(IF(E930=\"\",0,E930)*IF(F915=\"\",0,F915),11)","v":4.6799999999999999E-4},{"$f":"Ресурсы!D98","v":761.25},{"$f":"ROUND(IF(F930=\"\",0,F930)*IF(G930=\"\",0,G930),0)","v":0},"s","IsMash",null,null,{"$f":"Ресурсы!C98","v":0},{"$f":"ROUND(IF(F930=\"\",0,F930)*IF(M930=\"\",0,M930),0)","v":0}]
[null,null,null,{"$f":"Ресурсы!G98","v":1},null,null,{"$f":"Ресурсы!F98","v":142.80000000000001},{"$f":"ROUND(IF(F930=\"\",0,F930)*IF(G931=\"\",0,G931),0)","v":0},null,null,"mWithZTM","mWithZPM",{"$f":"Ресурсы!E98","v":0},{"$f":"ROUND(IF(F930=\"\",0,F930)*IF(M931=\"\",0,M931),0)","v":0}]
["41. 8.",{"$f":"ПОЛУЧШИФР(Ресурсы!A100,1)","v":"СЦЭСМ 122000"},{"$f":"Ресурсы!B100","v":"Укладчики асфальтобетона"},"маш.-ч",3.8279999999999998,{"$f":"ОКРУГЛВСЕ(IF(E932=\"\",0,E932)*IF(F915=\"\",0,F915),11)","v":3.8279999999999998E-3},{"$f":"Ресурсы!D100","v":1184},{"$f":"ROUND(IF(F932=\"\",0,F932)*IF(G932=\"\",0,G932),0)","v":5},"s","IsMash",null,null,{"$f":"Ресурсы!C100","v":0},{"$f":"ROUND(IF(F932=\"\",0,F932)*IF(M932=\"\",0,M932),0)","v":0}]
[null,null,null,{"$f":"Ресурсы!G100","v":1},null,null,{"$f":"Ресурсы!F100","v":178},{"$f":"ROUND(IF(F932=\"\",0,F932)*IF(G933=\"\",0,G933),0)","v":1},null,null,"mWithZTM","mWithZPM",{"$f":"Ресурсы!E100","v":0},{"$f":"ROUND(IF(F932=\"\",0,F932)*IF(M933=\"\",0,M933),0)","v":0}]
["41. 9.",{"$f":"ПОЛУЧШИФР(Ресурсы!A105,1)","v":"СЦЭСМ 400001"},{"$f":"Ресурсы!B105","v":"Автомобили бортовые, грузоподъемность до 5 т"},"маш.-ч",4.8000000000000001E-2,{"$f":"ОКРУГЛВСЕ(IF(E934=\"\",0,E934)*IF(F915=\"\",0,F915),11)","v":4.8000000000000001E-5},{"$f":"Ресурсы!D105","v":516.34},{"$f":"ROUND(IF(F934=\"\",0,F934)*IF(G934=\"\",0,G934),0)","v":0},"s","IsMash",null,null,{"$f":"Ресурсы!C105","v":0},{"$f":"ROUND(IF(F934=\"\",0,F934)*IF(M934=\"\",0,M934),0)","v":0}]
[null,null,null,{"$f":"Ресурсы!G105","v":1},null,null,{"$f":"Ресурсы!F105","v":124.21},{"$f":"ROUND(IF(F934=\"\",0,F934)*IF(G935=\"\",0,G935),0)","v":0},null,null,null,null,{"$f":"Ресурсы!E105","v":0},{"$f":"ROUND(IF(F934=\"\",0,F934)*IF(M935=\"\",0,M935),0)","v":0}]
["41. 10.",{"$f":"ПОЛУЧШИФР(Ресурсы!A15,1)","v":"ССЦ 101-0782"},{"$f":"Ресурсы!B15","v":"Поковки из квадратных заготовок, масса 1,8 кг"},"т",6.1999999999999998E-3,{"$f":"ОКРУГЛВСЕ(IF(E936=\"\",0,E936)*IF(F915=\"\",0,F915),11)","v":6.1999999999999999E-6},{"$f":"ROUND(Ресурсы!D15*Начисления!AV46,2)","v":30976.48},{"$f":"ROUND(IF(F936=\"\",0,F936)*IF(G936=\"\",0,G936),0)","v":0},"s","IsMater",null,null,{"$f":"ROUND(Ресурсы!C15*Начисления!AV46,2)","v":0},{"$f":"ROUND(IF(F936=\"\",0,F936)*IF(M936=\"\",0,M936),0)","v":0}]
["41. 11.",{"$f":"ПОЛУЧШИФР(Ресурсы!A20,0)","v":"с101-1556"},{"$f":"Ресурсы!B20","v":"Битумы нефтяные дорожные марки БНД-60/90, БНД-90/130 первый сорт"},"т",1.0800000000000001E-2,{"$f":"ОКРУГЛВСЕ(IF(E937=\"\",0,E937)*IF(F915=\"\",0,F915),11)","v":1.08E-5},{"$f":"ROUND(Ресурсы!D20*Начисления!AV46,2)","v":14016.54},{"$f":"ROUND(IF(F937=\"\",0,F937)*IF(G937=\"\",0,G937),0)","v":0},"s","IsMater",null,null,{"$f":"ROUND(Ресурсы!C20*Начисления!AV46,2)","v":0},{"$f":"ROUND(IF(F937=\"\",0,F937)*IF(M937=\"\",0,M937),0)","v":0}]
["41. 12.",{"$f":"ПОЛУЧШИФР(Ресурсы!A37,1)","v":"ССЦ 102-0025"},{"$f":"Ресурсы!B37","v":"Бруски обрезные хвойных пород длиной 4-6,5 м, шириной 75-150 мм, толщиной 40-75 мм, III сорта"},"м3",0.15,{"$f":"ОКРУГЛВСЕ(IF(E938=\"\",0,E938)*IF(F915=\"\",0,F915),11)","v":1.4999999999999999E-4},{"$f":"ROUND(Ресурсы!D37*Начисления!AV46,2)","v":3526.67},{"$f":"ROUND(IF(F938=\"\",0,F938)*IF(G938=\"\",0,G938),0)","v":1},"s","IsMater",null,null,{"$f":"ROUND(Ресурсы!C37*Начисления!AV46,2)","v":0},{"$f":"ROUND(IF(F938=\"\",0,F938)*IF(M938=\"\",0,M938),0)","v":0}]
["41. 13.",{"$f":"ПОЛУЧШИФР(Ресурсы!A61,0)","v":"с410-0011"},{"$f":"Ресурсы!B61","v":"Смеси асфальтобетонные дорожные, аэродромные и асфальтобетон (горячие и тёплые для плотного асфальтобетона мелко и крупнозернистые, песчаныее), марка III, тип B"},"т",96.6,{"$f":"ОКРУГЛВСЕ(IF(E939=\"\",0,E939)*IF(F915=\"\",0,F915),11)","v":9.6600000000000005E-2},{"$f":"ROUND(Ресурсы!D61*Начисления!AV46,2)","v":3444.91},{"$f":"ROUND(IF(F939=\"\",0,F939)*IF(G939=\"\",0,G939),0)","v":333},"s","IsMater",null,null,{"$f":"ROUND(Ресурсы!C61*Начисления!AV46,2)","v":0},{"$f":"ROUND(IF(F939=\"\",0,F939)*IF(M939=\"\",0,M939),0)","v":0}]
[null,null,"Зарплата рабочих",null,null,null,null,6]
[null,null,"Эксплуатация машин",null,null,null,null,19]
[null,null,"в т.ч. зарплата машинистов",null,null,null,null,4]
[null,null,"Материалы",null,null,null,null,334]
[null,null,"в т.ч. Вспомогательные материалы от стоимости материалов"]
[null,null,"в т.ч. Вспомогательные ненормируемые материалы",null,null,null,null,null,"NenormMatOtZPR"]
[null,null,"в т.ч. Ненормированная з.п. рабочих"]
[null,null,"в т.ч. Ненормированная стоимость эксплуатации машин"]
[null,null,"в т.ч. Ненормированная оплата механизаторов"]
[null,null,"Накладные расходы",null,null,null,11.7,{"$f":"IF('Текущие цены с учетом расхода'!N46>0,'Текущие цены с учетом расхода'!N46,IF('Текущие цены с учетом расхода'!N46<0,'Текущие цены с учетом расхода'!N46,\"\"))","v":42},null,"Nakl",null,null,null,{"$f":"IF('Базовые цены с учетом расхода'!N46>0,'Базовые цены с учетом расхода'!N46,IF('Базовые цены с учетом расхода'!N46<0,'Базовые цены с учетом расхода'!N46,\"\"))","v":""}]
[null,null,"НР от ЗПР",null,null,null,null,{"$f":"IF('Текущие цены с учетом расхода'!P46>0,'Текущие цены с учетом расхода'!P46,IF('Текущие цены с учетом расхода'!P46<0,'Текущие цены с учетом расхода'!P46,\"\"))","v":""},null,"Nakl_ZPR",null,null,null,{"$f":"IF('Базовые цены с учетом расхода'!P46>0,'Базовые цены с учетом расхода'!P46,IF('Базовые цены с учетом расхода'!P46<0,'Базовые цены с учетом расхода'!P46,\"\"))","v":""}]
[null,null,"НР от ЗПМ",null,null,null,null,{"$f":"IF('Текущие цены с учетом расхода'!Q46>0,'Текущие цены с учетом расхода'!Q46,IF('Текущие цены с учетом расхода'!Q46<0,'Текущие цены с учетом расхода'!Q46,\"\"))","v":""},null,"Nakl_ZPM",null,null,null,{"$f":"IF('Базовые цены с учетом расхода'!Q46>0,'Базовые цены с учетом расхода'!Q46,IF('Базовые цены с учетом расхода'!Q46<0,'Базовые цены с учетом расхода'!Q46,\"\"))","v":""}]
[null,null,"Плановые накопления / Сметная прибыль",null,null,null,8,{"$f":"IF('Текущие цены с учетом расхода'!O46>0,'Текущие цены с учетом расхода'!O46,IF('Текущие цены с учетом расхода'!O46<0,'Текущие цены с учетом расхода'!O46,\"\"))","v":32},null,"Plan",null,null,null,{"$f":"IF('Базовые цены с учетом расхода'!O46>0,'Базовые цены с учетом расхода'!O46,IF('Базовые цены с учетом расхода'!O46<0,'Базовые цены с учетом расхода'!O46,\"\"))","v":""}]
[null,null,"СП от ЗПР",null,null,null,null,{"$f":"IF('Текущие цены с учетом расхода'!R46>0,'Текущие цены с учетом расхода'!R46,IF('Текущие цены с учетом расхода'!R46<0,'Текущие цены с учетом расхода'!R46,\"\"))","v":""},null,"Plan_ZPR",null,null,null,{"$f":"IF('Базовые цены с учетом расхода'!R46>0,'Базовые цены с учетом расхода'!R46,IF('Базовые цены с учетом расхода'!R46<0,'Базовые цены с учетом расхода'!R46,\"\"))","v":""}]
[null,null,"СП от ЗПМ",null,null,null,null,{"$f":"IF('Текущие цены с учетом расхода'!S46>0,'Текущие цены с учетом расхода'!S46,IF('Текущие цены с учетом расхода'!S46<0,'Текущие цены с учетом расхода'!S46,\"\"))","v":""},null,"Plan_ZPM",null,null,null,{"$f":"IF('Базовые цены с учетом расхода'!S46>0,'Базовые цены с учетом расхода'!S46,IF('Базовые цены с учетом расхода'!S46<0,'Базовые цены с учетом расхода'!S46,\"\"))","v":""}]
["42.","ГЭСН 27-06-021-01\n(ОЧ, прил.27.3, п.3.1.)","На каждые 0,5 см изменения толщины покрытия добавлять или исключать к норме 27-06-020-01 до 5 см","1000 м2 покрытия",null,2E-3,{"$f":"ROUND(СУММПРОИЗВЕСЛИ(1,I955:I966,\"s\",E955:E966,G955:G966,0),2)+SUMIF(I955:I981,\"=NenormMatOtZPR\",G955:G981)","v":41733.300000000003},{"$f":"ROUND(СУММПРОИЗВЕСЛИ(F955,I955:I966,\"s\",E955:E966,G955:G966,0),0)+SUMIF(I955:I981,\"=NenormMatOtZPR\",H955:H981)","v":83},"sum",null,null,null,{"$f":"ROUND(СУММПРОИЗВЕСЛИ(1,I955:I966,\"s\",E955:E966,M955:M966,0),2)+SUMIF(I955:I981,\"=NenormMatOtZPR\",M955:M981)","v":3.72},{"$f":"ROUND(СУММПРОИЗВЕСЛИ(F955,I955:I966,\"s\",E955:E966,M955:M966,0),0)+SUMIF(I955:I981,\"=NenormMatOtZPR\",N955:N981)","v":0}]
[null,null,{"$f":"IF(ROUND((1*2)/1000,9)=F955,\"Объем: 1*2\",\"\")","v":"Объем: 1*2"}]
[null,null,"   Начисления: "]
[null,null,"Н3 (КОЭФ. К ЭКСПЛ.МАШИН (БЕЗ ЗАРПЛАТЫ РАБ.OБСЛУЖ.МАШИНЫ)) = 1.2"]
[null,null,"Н4 (КОЭФ. К ЗАРАБОТНОЙ ПЛАТЕ РАБОЧИХ,ОБСЛУЖИВАЮЩИХ МАШИНЫ) = 1.2"]
[null,null,"Н5 (КОЭФ. К ОСНОВНОЙ ЗАРАБОТНОЙ ПЛАТЕ РАБОЧИХ) = 1.2"]
[]
["42. 0.","З1000-0001","Затраты труда машинистов","чел.ч",0,0,{"$f":"IF(F962=0,0,ROUND(H962/F962,3))","v":0},null,null,"Ж",null,null,{"$f":"IF(F962=0,0,ROUND(N962/F962,3))","v":0}]
["42. 1.",{"$f":"ПОЛУЧШИФР(Ресурсы!A10,1)","v":"ГЭСН 1-1040"},{"$f":"Ресурсы!B10","v":"Рабочий строитель среднего разряда 4"},"чел.-ч",0.108,{"$f":"ОКРУГЛВСЕ(IF(E963=\"\",0,E963)*IF(F955=\"\",0,F955),11)","v":2.1599999999999999E-4},{"$f":"Ресурсы!D10","v":124.02},{"$f":"ROUND(IF(F963=\"\",0,F963)*IF(G963=\"\",0,G963),0)","v":0},"s","Г",null,null,{"$f":"Ресурсы!C10","v":0},{"$f":"ROUND(IF(F963=\"\",0,F963)*IF(M963=\"\",0,M963),0)","v":0}]
["42. 2.",{"$f":"ПОЛУЧШИФР(Ресурсы!A86,1)","v":"СЦЭСМ 120500"},{"$f":"Ресурсы!B86","v":"Гудронаторы ручные"},"маш.-ч",0.216,{"$f":"ОКРУГЛВСЕ(IF(E964=\"\",0,E964)*IF(F955=\"\",0,F955),11)","v":4.3199999999999998E-4},{"$f":"Ресурсы!D86","v":78.09},{"$f":"ROUND(IF(F964=\"\",0,F964)*IF(G964=\"\",0,G964),0)","v":0},"s","IsMash",null,null,{"$f":"Ресурсы!C86","v":17.2},{"$f":"ROUND(IF(F964=\"\",0,F964)*IF(M964=\"\",0,M964),0)","v":0}]
["42. 3.",{"$f":"ПОЛУЧШИФР(Ресурсы!A20,0)","v":"с101-1556"},{"$f":"Ресурсы!B20","v":"Битумы нефтяные дорожные марки БНД-60/90, БНД-90/130 первый сорт"},"т",1.4E-3,{"$f":"ОКРУГЛВСЕ(IF(E965=\"\",0,E965)*IF(F955=\"\",0,F955),11)","v":2.7999999999999999E-6},{"$f":"ROUND(Ресурсы!D20*Начисления!AV47,2)","v":14016.54},{"$f":"ROUND(IF(F965=\"\",0,F965)*IF(G965=\"\",0,G965),0)","v":0},"s","IsMater",null,null,{"$f":"ROUND(Ресурсы!C20*Начисления!AV47,2)","v":0},{"$f":"ROUND(IF(F965=\"\",0,F965)*IF(M965=\"\",0,M965),0)","v":0}]
["42. 4.",{"$f":"ПОЛУЧШИФР(Ресурсы!A61,0)","v":"с410-0011"},{"$f":"Ресурсы!B61","v":"Смеси асфальтобетонные дорожные, аэродромные и асфальтобетон (горячие и тёплые для плотного асфальтобетона мелко и крупнозернистые, песчаныее), марка III, тип B"},"т",12.1,{"$f":"ОКРУГЛВСЕ(IF(E966=\"\",0,E966)*IF(F955=\"\",0,F955),11)","v":2.4199999999999999E-2},{"$f":"ROUND(Ресурсы!D61*Начисления!AV47,2)","v":3444.91},{"$f":"ROUND(IF(F966=\"\",0,F966)*IF(G966=\"\",0,G966),0)","v":83},"s","IsMater",null,null,{"$f":"ROUND(Ресурсы!C61*Начисления!AV47,2)","v":0},{"$f":"ROUND(IF(F966=\"\",0,F966)*IF(M966=\"\",0,M966),0)","v":0}]
[null,null,"Зарплата рабочих"]
[null,null,"Эксплуатация машин"]
[null,null,"в т.ч. зарплата машинистов"]
[null,null,"Материалы",null,null,null,null,83]
[null,null,"в т.ч. Вспомогательные материалы от стоимости материалов"]
[null,null,"в т.ч. Вспомогательные ненормируемые материалы",null,null,null,null,null,"NenormMatOtZPR"]
[null,null,"в т.ч. Ненормированная з.п. рабочих"]
[null,null,"в т.ч. Ненормированная стоимость эксплуатации машин"]
[null,null,"в т.ч. Ненормированная оплата механизаторов"]
[null,null,"Накладные расходы",null,null,null,11.7,{"$f":"IF('Текущие цены с учетом расхода'!N47>0,'Текущие цены с учетом расхода'!N47,IF('Текущие цены с учетом расхода'!N47<0,'Текущие цены с учетом расхода'!N47,\"\"))","v":10},null,"Nakl",null,null,null,{"$f":"IF('Базовые цены с учетом расхода'!N47>0,'Базовые цены с учетом расхода'!N47,IF('Базовые цены с учетом расхода'!N47<0,'Базовые цены с учетом расхода'!N47,\"\"))","v":""}]
[null,null,"НР от ЗПР",null,null,null,null,{"$f":"IF('Текущие цены с учетом расхода'!P47>0,'Текущие цены с учетом расхода'!P47,IF('Текущие цены с учетом расхода'!P47<0,'Текущие цены с учетом расхода'!P47,\"\"))","v":""},null,"Nakl_ZPR",null,null,null,{"$f":"IF('Базовые цены с учетом расхода'!P47>0,'Базовые цены с учетом расхода'!P47,IF('Базовые цены с учетом расхода'!P47<0,'Базовые цены с учетом расхода'!P47,\"\"))","v":""}]
[null,null,"НР от ЗПМ",null,null,null,null,{"$f":"IF('Текущие цены с учетом расхода'!Q47>0,'Текущие цены с учетом расхода'!Q47,IF('Текущие цены с учетом расхода'!Q47<0,'Текущие цены с учетом расхода'!Q47,\"\"))","v":""},null,"Nakl_ZPM",null,null,null,{"$f":"IF('Базовые цены с учетом расхода'!Q47>0,'Базовые цены с учетом расхода'!Q47,IF('Базовые цены с учетом расхода'!Q47<0,'Базовые цены с учетом расхода'!Q47,\"\"))","v":""}]
[null,null,"Плановые накопления / Сметная прибыль",null,null,null,8,{"$f":"IF('Текущие цены с учетом расхода'!O47>0,'Текущие цены с учетом расхода'!O47,IF('Текущие цены с учетом расхода'!O47<0,'Текущие цены с учетом расхода'!O47,\"\"))","v":7},null,"Plan",null,null,null,{"$f":"IF('Базовые цены с учетом расхода'!O47>0,'Базовые цены с учетом расхода'!O47,IF('Базовые цены с учетом расхода'!O47<0,'Базовые цены с учетом расхода'!O47,\"\"))","v":""}]
[null,null,"СП от ЗПР",null,null,null,null,{"$f":"IF('Текущие цены с учетом расхода'!R47>0,'Текущие цены с учетом расхода'!R47,IF('Текущие цены с учетом расхода'!R47<0,'Текущие цены с учетом расхода'!R47,\"\"))","v":""},null,"Plan_ZPR",null,null,null,{"$f":"IF('Базовые цены с учетом расхода'!R47>0,'Базовые цены с учетом расхода'!R47,IF('Базовые цены с учетом расхода'!R47<0,'Базовые цены с учетом расхода'!R47,\"\"))","v":""}]
[null,null,"СП от ЗПМ",null,null,null,null,{"$f":"IF('Текущие цены с учетом расхода'!S47>0,'Текущие цены с учетом расхода'!S47,IF('Текущие цены с учетом расхода'!S47<0,'Текущие цены с учетом расхода'!S47,\"\"))","v":""},null,"Plan_ZPM",null,null,null,{"$f":"IF('Базовые цены с учетом расхода'!S47>0,'Базовые цены с учетом расхода'!S47,IF('Базовые цены с учетом расхода'!S47<0,'Базовые цены с учетом расхода'!S47,\"\"))","v":""}]
["43.","ГЭСНс 01-02-005-04","Ямочный ремонт асфальтобетонных покрытий укатываемой асфальтобетонной смесью типа БII с использованием ремонтера на базе КДМ, дорожной фрезы и виброплиты, толщина слоя до 50 мм, площадь ремонта в одном месте до 1 м2","100 м2",null,0.14000000000000001,{"$f":"ROUND(СУММПРОИЗВЕСЛИ(1,I982:I997,\"s\",E982:E997,G982:G997,0),2)+SUMIF(I982:I1012,\"=NenormMatOtZPR\",G982:G1012)","v":75624.14},{"$f":"ROUND(СУММПРОИЗВЕСЛИ(F982,I982:I997,\"s\",E982:E997,G982:G997,0),0)+SUMIF(I982:I1012,\"=NenormMatOtZPR\",H982:H1012)","v":10587},"sum",null,null,null,{"$f":"ROUND(СУММПРОИЗВЕСЛИ(1,I982:I997,\"s\",E982:E997,M982:M997,0),2)+SUMIF(I982:I1012,\"=NenormMatOtZPR\",M982:M1012)","v":4957.17},{"$f":"ROUND(СУММПРОИЗВЕСЛИ(F982,I982:I997,\"s\",E982:E997,M982:M997,0),0)+SUMIF(I982:I1012,\"=NenormMatOtZPR\",N982:N1012)","v":694}]
["43. 1.","2","Затраты труда машинистов","чел.-ч",{"$f":"ОКРУГЛВСЕ(СУММПРОИЗВЕСЛИ(1,K982:K997,\"mWithZTM\",D982:D997,E982:E997,-1)+СУММКОЭФПРОЦЕНТЕСЛИ(1,1,K982:K997,\"mWithZTM_Proch\",E982:E997,-1),11)","v":18.059999999999999},{"$f":"ОКРУГЛВСЕ(СУММПРОИЗВЕСЛИ(1,K982:K997,\"mWithZTM\",D982:D997,F982:F997,-1)+СУММКОЭФПРОЦЕНТЕСЛИ(1,1,K982:K997,\"mWithZTM_Proch\",F982:F997,-1),11)","v":2.5284},{"$f":"IF(F983=0,0,ROUND(H983/F983,3))","v":182.72399999999999},{"$f":"ROUND(СУММЕСЛИДА1НЕ1(L982:L997,\"mWithZPM\",D982:D997,0,H982:H997),0)","v":462},null,"Ж",null,null,{"$f":"IF(F983=0,0,ROUND(N983/F983,3))","v":14.238},{"$f":"ROUND(СУММЕСЛИДА1НЕ1(L982:L997,\"mWithZPM\",D982:D997,0,N982:N997),0)","v":36}]
["43. 2.",{"$f":"ПОЛУЧШИФР(Ресурсы!A3,1)","v":"0-4001"},{"$f":"Ресурсы!B3","v":"Дорожный рабочий 1 разряда"},"чел.-ч",6.02,{"$f":"ОКРУГЛВСЕ(IF(E984=\"\",0,E984)*IF(F982=\"\",0,F982),11)","v":0.84279999999999999},{"$f":"Ресурсы!D3","v":92.69},{"$f":"ROUND(IF(F984=\"\",0,F984)*IF(G984=\"\",0,G984),0)","v":78},"s","Г",null,null,{"$f":"Ресурсы!C3","v":7.19},{"$f":"ROUND(IF(F984=\"\",0,F984)*IF(M984=\"\",0,M984),0)","v":6}]
["43. 3.",{"$f":"ПОЛУЧШИФР(Ресурсы!A4,1)","v":"0-4002"},{"$f":"Ресурсы!B4","v":"Дорожный рабочий 2 разряда"},"чел.-ч",6.02,{"$f":"ОКРУГЛВСЕ(IF(E985=\"\",0,E985)*IF(F982=\"\",0,F982),11)","v":0.84279999999999999},{"$f":"Ресурсы!D4","v":100.57},85,"s","Г",null,null,{"$f":"Ресурсы!C4","v":7.8},7]
["43. 4.",{"$f":"ПОЛУЧШИФР(Ресурсы!A5,1)","v":"0-4003"},{"$f":"Ресурсы!B5","v":"Дорожный рабочий 3 разряда"},"чел.-ч",12.04,{"$f":"ОКРУГЛВСЕ(IF(E986=\"\",0,E986)*IF(F982=\"\",0,F982),11)","v":1.6856},{"$f":"Ресурсы!D5","v":109.94},185,"s","Г",null,null,{"$f":"Ресурсы!C5","v":8.5299999999999994},14]
["43. 5.",{"$f":"ПОЛУЧШИФР(Ресурсы!A6,1)","v":"0-4004"},{"$f":"Ресурсы!B6","v":"Дорожный рабочий 4 разряда"},"чел.-ч",12.04,{"$f":"ОКРУГЛВСЕ(IF(E987=\"\",0,E987)*IF(F982=\"\",0,F982),11)","v":1.6856},{"$f":"Ресурсы!D6","v":124.02},209,"s","Г",null,null,{"$f":"Ресурсы!C6","v":9.6199999999999992},16]
["43. 6.",{"$f":"ПОЛУЧШИФР(Ресурсы!A93,1)","v":"СЦЭСМ 121011"},{"$f":"Ресурсы!B93","v":"Котлы битумные передвижные 400 л"},"маш.-ч",6.02,{"$f":"ОКРУГЛВСЕ(IF(E988=\"\",0,E988)*IF(F982=\"\",0,F982),11)","v":0.84279999999999999},{"$f":"Ресурсы!D93","v":158.25},133,"s","IsMash",null,null,{"$f":"Ресурсы!C93","v":30},25]
["43. 7.",{"$f":"ПОЛУЧШИФР(Ресурсы!A95,1)","v":"СЦЭСМ 121343"},{"$f":"Ресурсы!B95","v":"Машины дорожные комбинированные, мощностью более 270 л.с."},"маш.-ч",6.02,{"$f":"ОКРУГЛВСЕ(IF(E989=\"\",0,E989)*IF(F982=\"\",0,F982),11)","v":0.84279999999999999},{"$f":"Ресурсы!D95","v":1442.91},1216,"s","IsMash",null,null,{"$f":"Ресурсы!C95","v":245.66},207]
[null,null,null,{"$f":"Ресурсы!G95","v":1},null,null,{"$f":"Ресурсы!F95","v":174.31},{"$f":"ROUND(IF(F989=\"\",0,F989)*IF(G990=\"\",0,G990),0)","v":147},null,null,"mWithZTM","mWithZPM",{"$f":"Ресурсы!E95","v":13.5},{"$f":"ROUND(IF(F989=\"\",0,F989)*IF(M990=\"\",0,M990),0)","v":11}]
["43. 8.",{"$f":"ПОЛУЧШИФР(Ресурсы!A96,1)","v":"СЦЭСМ 121550"},{"$f":"Ресурсы!B96","v":"Машины дорожной службы (машина дорожного мастера)"},"маш.-ч",6.02,{"$f":"ОКРУГЛВСЕ(IF(E991=\"\",0,E991)*IF(F982=\"\",0,F982),11)","v":0.84279999999999999},{"$f":"Ресурсы!D96","v":552.54999999999995},{"$f":"ROUND(IF(F991=\"\",0,F991)*IF(G991=\"\",0,G991),0)","v":466},"s","IsMash",null,null,{"$f":"Ресурсы!C96","v":86.5},{"$f":"ROUND(IF(F991=\"\",0,F991)*IF(M991=\"\",0,M991),0)","v":73}]
[null,null,null,{"$f":"Ресурсы!G96","v":1},null,null,{"$f":"Ресурсы!F96","v":149.81},{"$f":"ROUND(IF(F991=\"\",0,F991)*IF(G992=\"\",0,G992),0)","v":126},null,null,"mWithZTM","mWithZPM",{"$f":"Ресурсы!E96","v":11.6},{"$f":"ROUND(IF(F991=\"\",0,F991)*IF(M992=\"\",0,M992),0)","v":10}]
["43. 9.",{"$f":"ПОЛУЧШИФР(Ресурсы!A102,1)","v":"СЦЭСМ 122203"},{"$f":"Ресурсы!B102","v":"Самоходная дорожная холодная фреза шириной фрезерования 500-1000 мм импортного производства"},"маш.-ч",6.02,{"$f":"ОКРУГЛВСЕ(IF(E993=\"\",0,E993)*IF(F982=\"\",0,F982),11)","v":0.84279999999999999},{"$f":"Ресурсы!D102","v":2315.02},{"$f":"ROUND(IF(F993=\"\",0,F993)*IF(G993=\"\",0,G993),0)","v":1951},"s","IsMash",null,null,{"$f":"Ресурсы!C102","v":350},{"$f":"ROUND(IF(F993=\"\",0,F993)*IF(M993=\"\",0,M993),0)","v":295}]
[null,null,null,{"$f":"Ресурсы!G102","v":1},null,null,{"$f":"Ресурсы!F102","v":224.66},{"$f":"ROUND(IF(F993=\"\",0,F993)*IF(G994=\"\",0,G994),0)","v":189},null,null,"mWithZTM","mWithZPM",{"$f":"Ресурсы!E102","v":17.399999999999999},{"$f":"ROUND(IF(F993=\"\",0,F993)*IF(M994=\"\",0,M994),0)","v":15}]
["43. 10.",{"$f":"ПОЛУЧШИФР(Ресурсы!A103,1)","v":"СЦЭСМ 122801"},{"$f":"Ресурсы!B103","v":"Виброплита с двигателем внутреннего сгорания"},"маш.-ч",6.02,{"$f":"ОКРУГЛВСЕ(IF(E995=\"\",0,E995)*IF(F982=\"\",0,F982),11)","v":0.84279999999999999},{"$f":"Ресурсы!D103","v":347.14},{"$f":"ROUND(IF(F995=\"\",0,F995)*IF(G995=\"\",0,G995),0)","v":293},"s","IsMash",null,null,{"$f":"Ресурсы!C103","v":60},{"$f":"ROUND(IF(F995=\"\",0,F995)*IF(M995=\"\",0,M995),0)","v":51}]
["43. 11.",{"$f":"ПОЛУЧШИФР(Ресурсы!A20,0)","v":"с101-1556"},{"$f":"Ресурсы!B20","v":"Битумы нефтяные дорожные марки БНД-60/90, БНД-90/130 первый сорт"},"т",3.2000000000000001E-2,{"$f":"ОКРУГЛВСЕ(IF(E996=\"\",0,E996)*IF(F982=\"\",0,F982),11)","v":4.4799999999999996E-3},{"$f":"ROUND(Ресурсы!D20*Начисления!AV48,2)","v":14016.54},{"$f":"ROUND(IF(F996=\"\",0,F996)*IF(G996=\"\",0,G996),0)","v":63},"s","IsMater",null,null,{"$f":"ROUND(Ресурсы!C20*Начисления!AV48,2)","v":0},{"$f":"ROUND(IF(F996=\"\",0,F996)*IF(M996=\"\",0,M996),0)","v":0}]
["43. 12.",{"$f":"ПОЛУЧШИФР(Ресурсы!A59,0)","v":"с410-0006"},{"$f":"Ресурсы!B59","v":"Смеси асфальтобетонные дорожные, аэродромные и асфальтобетон (горячие и тёплые для плотного асфальтобетона мелко и крупнозернистые, песчаныее), марка II, тип Б"},"т",11.7,{"$f":"ОКРУГЛВСЕ(IF(E997=\"\",0,E997)*IF(F982=\"\",0,F982),11)","v":1.6379999999999999},{"$f":"ROUND(Ресурсы!D59*Начисления!AV48,2)","v":3607.16},{"$f":"ROUND(IF(F997=\"\",0,F997)*IF(G997=\"\",0,G997),0)","v":5909},"s","IsMater",null,null,{"$f":"ROUND(Ресурсы!C59*Начисления!AV48,2)","v":0},{"$f":"ROUND(IF(F997=\"\",0,F997)*IF(M997=\"\",0,M997),0)","v":0}]
[null,null,"Зарплата рабочих",null,null,null,null,557,null,null,null,null,null,43]
[null,null,"Эксплуатация машин",null,null,null,null,4059,null,null,null,null,null,651]
[null,null,"в т.ч. зарплата машинистов",null,null,null,null,463,null,null,null,null,null,36]
[null,null,"Материалы",null,null,null,null,5971]
[null,null,"в т.ч. Вспомогательные материалы от стоимости материалов"]
[null,null,"в т.ч. Вспомогательные ненормируемые материалы",null,null,null,null,null,"NenormMatOtZPR"]
[null,null,"в т.ч. Ненормированная з.п. рабочих"]
[null,null,"в т.ч. Ненормированная стоимость эксплуатации машин"]
[null,null,"в т.ч. Ненормированная оплата механизаторов"]
[null,null,"Накладные расходы",null,null,null,11.7,{"$f":"IF('Текущие цены с учетом расхода'!N48>0,'Текущие цены с учетом расхода'!N48,IF('Текущие цены с учетом расхода'!N48<0,'Текущие цены с учетом расхода'!N48,\"\"))","v":1239},null,"Nakl",null,null,11.7,{"$f":"IF('Базовые цены с учетом расхода'!N48>0,'Базовые цены с учетом расхода'!N48,IF('Базовые цены с учетом расхода'!N48<0,'Базовые цены с учетом расхода'!N48,\"\"))","v":81}]
[null,null,"НР от ЗПР",null,null,null,null,{"$f":"IF('Текущие цены с учетом расхода'!P48>0,'Текущие цены с учетом расхода'!P48,IF('Текущие цены с учетом расхода'!P48<0,'Текущие цены с учетом расхода'!P48,\"\"))","v":""},null,"Nakl_ZPR",null,null,null,{"$f":"IF('Базовые цены с учетом расхода'!P48>0,'Базовые цены с учетом расхода'!P48,IF('Базовые цены с учетом расхода'!P48<0,'Базовые цены с учетом расхода'!P48,\"\"))","v":""}]
[null,null,"НР от ЗПМ",null,null,null,null,{"$f":"IF('Текущие цены с учетом расхода'!Q48>0,'Текущие цены с учетом расхода'!Q48,IF('Текущие цены с учетом расхода'!Q48<0,'Текущие цены с учетом расхода'!Q48,\"\"))","v":""},null,"Nakl_ZPM",null,null,null,{"$f":"IF('Базовые цены с учетом расхода'!Q48>0,'Базовые цены с учетом расхода'!Q48,IF('Базовые цены с учетом расхода'!Q48<0,'Базовые цены с учетом расхода'!Q48,\"\"))","v":""}]
[null,null,"Плановые накопления / Сметная прибыль",null,null,null,8,{"$f":"IF('Текущие цены с учетом расхода'!O48>0,'Текущие цены с учетом расхода'!O48,IF('Текущие цены с учетом расхода'!O48<0,'Текущие цены с учетом расхода'!O48,\"\"))","v":946},null,"Plan",null,null,8,{"$f":"IF('Базовые цены с учетом расхода'!O48>0,'Базовые цены с учетом расхода'!O48,IF('Базовые цены с учетом расхода'!O48<0,'Базовые цены с учетом расхода'!O48,\"\"))","v":62}]
[null,null,"СП от ЗПР",null,null,null,null,{"$f":"IF('Текущие цены с учетом расхода'!R48>0,'Текущие цены с учетом расхода'!R48,IF('Текущие цены с учетом расхода'!R48<0,'Текущие цены с учетом расхода'!R48,\"\"))","v":""},null,"Plan_ZPR",null,null,null,{"$f":"IF('Базовые цены с учетом расхода'!R48>0,'Базовые цены с учетом расхода'!R48,IF('Базовые цены с учетом расхода'!R48<0,'Базовые цены с учетом расхода'!R48,\"\"))","v":""}]
[null,null,"СП от ЗПМ",null,null,null,null,{"$f":"IF('Текущие цены с учетом расхода'!S48>0,'Текущие цены с учетом расхода'!S48,IF('Текущие цены с учетом расхода'!S48<0,'Текущие цены с учетом расхода'!S48,\"\"))","v":""},null,"Plan_ZPM",null,null,null,{"$f":"IF('Базовые цены с учетом расхода'!S48>0,'Базовые цены с учетом расхода'!S48,IF('Базовые цены с учетом расхода'!S48<0,'Базовые цены с учетом расхода'!S48,\"\"))","v":""}]
["44.","ГЭСНс 01-02-005-04","Ямочный ремонт асфальтобетонных покрытий укатываемой асфальтобетонной смесью типа ВII с использованием ремонтера на базе КДМ, дорожной фрезы и виброплиты, толщина слоя до 50 мм, площадь ремонта в одном месте до 1 м2","100 м2",null,0.01,{"$f":"ROUND(СУММПРОИЗВЕСЛИ(1,I1013:I1028,\"s\",E1013:E1028,G1013:G1028,0),2)+SUMIF(I1013:I1043,\"=NenormMatOtZPR\",G1013:G1043)","v":76552.19},{"$f":"ROUND(СУММПРОИЗВЕСЛИ(F1013,I1013:I1028,\"s\",E1013:E1028,G1013:G1028,0),0)+SUMIF(I1013:I1043,\"=NenormMatOtZPR\",H1013:H1043)","v":766},"sum",null,null,null,{"$f":"ROUND(СУММПРОИЗВЕСЛИ(1,I1013:I1028,\"s\",E1013:E1028,M1013:M1028,0),2)+SUMIF(I1013:I1043,\"=NenormMatOtZPR\",M1013:M1043)","v":4957.17},{"$f":"ROUND(СУММПРОИЗВЕСЛИ(F1013,I1013:I1028,\"s\",E1013:E1028,M1013:M1028,0),0)+SUMIF(I1013:I1043,\"=NenormMatOtZPR\",N1013:N1043)","v":50}]
["44. 1.","2","Затраты труда машинистов","чел.-ч",{"$f":"ОКРУГЛВСЕ(СУММПРОИЗВЕСЛИ(1,K1013:K1028,\"mWithZTM\",D1013:D1028,E1013:E1028,-1)+СУММКОЭФПРОЦЕНТЕСЛИ(1,1,K1013:K1028,\"mWithZTM_Proch\",E1013:E1028,-1),11)","v":18.059999999999999},{"$f":"ОКРУГЛВСЕ(СУММПРОИЗВЕСЛИ(1,K1013:K1028,\"mWithZTM\",D1013:D1028,F1013:F1028,-1)+СУММКОЭФПРОЦЕНТЕСЛИ(1,1,K1013:K1028,\"mWithZTM_Proch\",F1013:F1028,-1),11)","v":0.18060000000000001},{"$f":"IF(F1014=0,0,ROUND(H1014/F1014,3))","v":182.72399999999999},{"$f":"ROUND(СУММЕСЛИДА1НЕ1(L1013:L1028,\"mWithZPM\",D1013:D1028,0,H1013:H1028),0)","v":33},null,"Ж",null,null,{"$f":"IF(F1014=0,0,ROUND(N1014/F1014,3))","v":16.611000000000001},{"$f":"ROUND(СУММЕСЛИДА1НЕ1(L1013:L1028,\"mWithZPM\",D1013:D1028,0,N1013:N1028),0)","v":3}]
["44. 2.",{"$f":"ПОЛУЧШИФР(Ресурсы!A3,1)","v":"0-4001"},{"$f":"Ресурсы!B3","v":"Дорожный рабочий 1 разряда"},"чел.-ч",6.02,{"$f":"ОКРУГЛВСЕ(IF(E1015=\"\",0,E1015)*IF(F1013=\"\",0,F1013),11)","v":6.0199999999999997E-2},{"$f":"Ресурсы!D3","v":92.69},{"$f":"ROUND(IF(F1015=\"\",0,F1015)*IF(G1015=\"\",0,G1015),0)","v":6},"s","Г",null,null,{"$f":"Ресурсы!C3","v":7.19},{"$f":"ROUND(IF(F1015=\"\",0,F1015)*IF(M1015=\"\",0,M1015),0)","v":0}]
["44. 3.",{"$f":"ПОЛУЧШИФР(Ресурсы!A4,1)","v":"0-4002"},{"$f":"Ресурсы!B4","v":"Дорожный рабочий 2 разряда"},"чел.-ч",6.02,{"$f":"ОКРУГЛВСЕ(IF(E1016=\"\",0,E1016)*IF(F1013=\"\",0,F1013),11)","v":6.0199999999999997E-2},{"$f":"Ресурсы!D4","v":100.57},6,"s","Г",null,null,{"$f":"Ресурсы!C4","v":7.8},0]
["44. 4.",{"$f":"ПОЛУЧШИФР(Ресурсы!A5,1)","v":"0-4003"},{"$f":"Ресурсы!B5","v":"Дорожный рабочий 3 разряда"},"чел.-ч",12.04,{"$f":"ОКРУГЛВСЕ(IF(E1017=\"\",0,E1017)*IF(F1013=\"\",0,F1013),11)","v":0.12039999999999999},{"$f":"Ресурсы!D5","v":109.94},13,"s","Г",null,null,{"$f":"Ресурсы!C5","v":8.5299999999999994},1]
["44. 5.",{"$f":"ПОЛУЧШИФР(Ресурсы!A6,1)","v":"0-4004"},{"$f":"Ресурсы!B6","v":"Дорожный рабочий 4 разряда"},"чел.-ч",12.04,{"$f":"ОКРУГЛВСЕ(IF(E1018=\"\",0,E1018)*IF(F1013=\"\",0,F1013),11)","v":0.12039999999999999},{"$f":"Ресурсы!D6","v":124.02},15,"s","Г",null,null,{"$f":"Ресурсы!C6","v":9.6199999999999992},1]
["44. 6.",{"$f":"ПОЛУЧШИФР(Ресурсы!A93,1)","v":"СЦЭСМ 121011"},{"$f":"Ресурсы!B93","v":"Котлы битумные передвижные 400 л"},"маш.-ч",6.02,{"$f":"ОКРУГЛВСЕ(IF(E1019=\"\",0,E1019)*IF(F1013=\"\",0,F1013),11)","v":6.0199999999999997E-2},{"$f":"Ресурсы!D93","v":158.25},10,"s","IsMash",null,null,{"$f":"Ресурсы!C93","v":30},2]
["44. 7.",{"$f":"ПОЛУЧШИФР(Ресурсы!A95,1)","v":"СЦЭСМ 121343"},{"$f":"Ресурсы!B95","v":"Машины дорожные комбинированные, мощностью более 270 л.с."},"маш.-ч",6.02,{"$f":"ОКРУГЛВСЕ(IF(E1020=\"\",0,E1020)*IF(F1013=\"\",0,F1013),11)","v":6.0199999999999997E-2},{"$f":"Ресурсы!D95","v":1442.91},87,"s","IsMash",null,null,{"$f":"Ресурсы!C95","v":245.66},15]
[null,null,null,{"$f":"Ресурсы!G95","v":1},null,null,{"$f":"Ресурсы!F95","v":174.31},{"$f":"ROUND(IF(F1020=\"\",0,F1020)*IF(G1021=\"\",0,G1021),0)","v":10},null,null,"mWithZTM","mWithZPM",{"$f":"Ресурсы!E95","v":13.5},{"$f":"ROUND(IF(F1020=\"\",0,F1020)*IF(M1021=\"\",0,M1021),0)","v":1}]
["44. 8.",{"$f":"ПОЛУЧШИФР(Ресурсы!A96,1)","v":"СЦЭСМ 121550"},{"$f":"Ресурсы!B96","v":"Машины дорожной службы (машина дорожного мастера)"},"маш.-ч",6.02,{"$f":"ОКРУГЛВСЕ(IF(E1022=\"\",0,E1022)*IF(F1013=\"\",0,F1013),11)","v":6.0199999999999997E-2},{"$f":"Ресурсы!D96","v":552.54999999999995},{"$f":"ROUND(IF(F1022=\"\",0,F1022)*IF(G1022=\"\",0,G1022),0)","v":33},"s","IsMash",null,null,{"$f":"Ресурсы!C96","v":86.5},{"$f":"ROUND(IF(F1022=\"\",0,F1022)*IF(M1022=\"\",0,M1022),0)","v":5}]
[null,null,null,{"$f":"Ресурсы!G96","v":1},null,null,{"$f":"Ресурсы!F96","v":149.81},{"$f":"ROUND(IF(F1022=\"\",0,F1022)*IF(G1023=\"\",0,G1023),0)","v":9},null,null,"mWithZTM","mWithZPM",{"$f":"Ресурсы!E96","v":11.6},{"$f":"ROUND(IF(F1022=\"\",0,F1022)*IF(M1023=\"\",0,M1023),0)","v":1}]
["44. 9.",{"$f":"ПОЛУЧШИФР(Ресурсы!A102,1)","v":"СЦЭСМ 122203"},{"$f":"Ресурсы!B102","v":"Самоходная дорожная холодная фреза шириной фрезерования 500-1000 мм импортного производства"},"маш.-ч",6.02,{"$f":"ОКРУГЛВСЕ(IF(E1024=\"\",0,E1024)*IF(F1013=\"\",0,F1013),11)","v":6.0199999999999997E-2},{"$f":"Ресурсы!D102","v":2315.02},{"$f":"ROUND(IF(F1024=\"\",0,F1024)*IF(G1024=\"\",0,G1024),0)","v":139},"s","IsMash",null,null,{"$f":"Ресурсы!C102","v":350},{"$f":"ROUND(IF(F1024=\"\",0,F1024)*IF(M1024=\"\",0,M1024),0)","v":21}]
[null,null,null,{"$f":"Ресурсы!G102","v":1},null,null,{"$f":"Ресурсы!F102","v":224.66},{"$f":"ROUND(IF(F1024=\"\",0,F1024)*IF(G1025=\"\",0,G1025),0)","v":14},null,null,"mWithZTM","mWithZPM",{"$f":"Ресурсы!E102","v":17.399999999999999},{"$f":"ROUND(IF(F1024=\"\",0,F1024)*IF(M1025=\"\",0,M1025),0)","v":1}]
["44. 10.",{"$f":"ПОЛУЧШИФР(Ресурсы!A103,1)","v":"СЦЭСМ 122801"},{"$f":"Ресурсы!B103","v":"Виброплита с двигателем внутреннего сгорания"},"маш.-ч",6.02,{"$f":"ОКРУГЛВСЕ(IF(E1026=\"\",0,E1026)*IF(F1013=\"\",0,F1013),11)","v":6.0199999999999997E-2},{"$f":"Ресурсы!D103","v":347.14},{"$f":"ROUND(IF(F1026=\"\",0,F1026)*IF(G1026=\"\",0,G1026),0)","v":21},"s","IsMash",null,null,{"$f":"Ресурсы!C103","v":60},{"$f":"ROUND(IF(F1026=\"\",0,F1026)*IF(M1026=\"\",0,M1026),0)","v":4}]
["44. 11.",{"$f":"ПОЛУЧШИФР(Ресурсы!A20,0)","v":"с101-1556"},{"$f":"Ресурсы!B20","v":"Битумы нефтяные дорожные марки БНД-60/90, БНД-90/130 первый сорт"},"т",3.2000000000000001E-2,{"$f":"ОКРУГЛВСЕ(IF(E1027=\"\",0,E1027)*IF(F1013=\"\",0,F1013),11)","v":3.2000000000000003E-4},{"$f":"ROUND(Ресурсы!D20*Начисления!AV49,2)","v":14016.54},{"$f":"ROUND(IF(F1027=\"\",0,F1027)*IF(G1027=\"\",0,G1027),0)","v":4},"s","IsMater",null,null,{"$f":"ROUND(Ресурсы!C20*Начисления!AV49,2)","v":0},{"$f":"ROUND(IF(F1027=\"\",0,F1027)*IF(M1027=\"\",0,M1027),0)","v":0}]
["44. 12.",{"$f":"ПОЛУЧШИФР(Ресурсы!A60,0)","v":"с410-0007"},{"$f":"Ресурсы!B60","v":"Смеси асфальтобетонные дорожные, аэродромные и асфальтобетон (горячие и тёплые для плотного асфальтобетона мелко и крупнозернистые, песчаныее), марка II, тип B"},"т",11.7,{"$f":"ОКРУГЛВСЕ(IF(E1028=\"\",0,E1028)*IF(F1013=\"\",0,F1013),11)","v":0.11700000000000001},{"$f":"ROUND(Ресурсы!D60*Начисления!AV49,2)","v":3686.48},{"$f":"ROUND(IF(F1028=\"\",0,F1028)*IF(G1028=\"\",0,G1028),0)","v":431},"s","IsMater",null,null,{"$f":"ROUND(Ресурсы!C60*Начисления!AV49,2)","v":0},{"$f":"ROUND(IF(F1028=\"\",0,F1028)*IF(M1028=\"\",0,M1028),0)","v":0}]
[null,null,"Зарплата рабочих",null,null,null,null,40,null,null,null,null,null,3]
[null,null,"Эксплуатация машин",null,null,null,null,290,null,null,null,null,null,46]
[null,null,"в т.ч. зарплата машинистов",null,null,null,null,33,null,null,null,null,null,3]
[null,null,"Материалы",null,null,null,null,436]
[null,null,"в т.ч. Вспомогательные материалы от стоимости материалов"]
[null,null,"в т.ч. Вспомогательные ненормируемые материалы",null,null,null,null,null,"NenormMatOtZPR"]
[null,null,"в т.ч. Ненормированная з.п. рабочих"]
[null,null,"в т.ч. Ненормированная стоимость эксплуатации машин"]
[null,null,"в т.ч. Ненормированная оплата механизаторов"]
[null,null,"Накладные расходы",null,null,null,11.7,{"$f":"IF('Текущие цены с учетом расхода'!N49>0,'Текущие цены с учетом расхода'!N49,IF('Текущие цены с учетом расхода'!N49<0,'Текущие цены с учетом расхода'!N49,\"\"))","v":90},null,"Nakl",null,null,11.7,{"$f":"IF('Базовые цены с учетом расхода'!N49>0,'Базовые цены с учетом расхода'!N49,IF('Базовые цены с учетом расхода'!N49<0,'Базовые цены с учетом расхода'!N49,\"\"))","v":6}]
[null,null,"НР от ЗПР",null,null,null,null,{"$f":"IF('Текущие цены с учетом расхода'!P49>0,'Текущие цены с учетом расхода'!P49,IF('Текущие цены с учетом расхода'!P49<0,'Текущие цены с учетом расхода'!P49,\"\"))","v":""},null,"Nakl_ZPR",null,null,null,{"$f":"IF('Базовые цены с учетом расхода'!P49>0,'Базовые цены с учетом расхода'!P49,IF('Базовые цены с учетом расхода'!P49<0,'Базовые цены с учетом расхода'!P49,\"\"))","v":""}]
[null,null,"НР от ЗПМ",null,null,null,null,{"$f":"IF('Текущие цены с учетом расхода'!Q49>0,'Текущие цены с учетом расхода'!Q49,IF('Текущие цены с учетом расхода'!Q49<0,'Текущие цены с учетом расхода'!Q49,\"\"))","v":""},null,"Nakl_ZPM",null,null,null,{"$f":"IF('Базовые цены с учетом расхода'!Q49>0,'Базовые цены с учетом расхода'!Q49,IF('Базовые цены с учетом расхода'!Q49<0,'Базовые цены с учетом расхода'!Q49,\"\"))","v":""}]
[null,null,"Плановые накопления / Сметная прибыль",null,null,null,8,{"$f":"IF('Текущие цены с учетом расхода'!O49>0,'Текущие цены с учетом расхода'!O49,IF('Текущие цены с учетом расхода'!O49<0,'Текущие цены с учетом расхода'!O49,\"\"))","v":68},null,"Plan",null,null,8,{"$f":"IF('Базовые цены с учетом расхода'!O49>0,'Базовые цены с учетом расхода'!O49,IF('Базовые цены с учетом расхода'!O49<0,'Базовые цены с учетом расхода'!O49,\"\"))","v":4}]
[null,null,"СП от ЗПР",null,null,null,null,{"$f":"IF('Текущие цены с учетом расхода'!R49>0,'Текущие цены с учетом расхода'!R49,IF('Текущие цены с учетом расхода'!R49<0,'Текущие цены с учетом расхода'!R49,\"\"))","v":""},null,"Plan_ZPR",null,null,null,{"$f":"IF('Базовые цены с учетом расхода'!R49>0,'Базовые цены с учетом расхода'!R49,IF('Базовые цены с учетом расхода'!R49<0,'Базовые цены с учетом расхода'!R49,\"\"))","v":""}]
[null,null,"СП от ЗПМ",null,null,null,null,{"$f":"IF('Текущие цены с учетом расхода'!S49>0,'Текущие цены с учетом расхода'!S49,IF('Текущие цены с учетом расхода'!S49<0,'Текущие цены с учетом расхода'!S49,\"\"))","v":""},null,"Plan_ZPM",null,null,null,{"$f":"IF('Базовые цены с учетом расхода'!S49>0,'Базовые цены с учетом расхода'!S49,IF('Базовые цены с учетом расхода'!S49<0,'Базовые цены с учетом расхода'!S49,\"\"))","v":""}]
["45.","ГЭСНс 01-02-005-04","Ямочный ремонт асфальтобетонных покрытий укатываемой асфальтобетонной смесью типа ВIII с использованием ремонтера на базе КДМ, дорожной фрезы и виброплиты, толщина слоя до 50 мм, площадь ремонта в одном месте до 1 м2","100 м2",null,0.01,{"$f":"ROUND(СУММПРОИЗВЕСЛИ(1,I1044:I1059,\"s\",E1044:E1059,G1044:G1059,0),2)+SUMIF(I1044:I1074,\"=NenormMatOtZPR\",G1044:G1074)","v":73725.820000000007},{"$f":"ROUND(СУММПРОИЗВЕСЛИ(F1044,I1044:I1059,\"s\",E1044:E1059,G1044:G1059,0),0)+SUMIF(I1044:I1074,\"=NenormMatOtZPR\",H1044:H1074)","v":737},"sum",null,null,null,{"$f":"ROUND(СУММПРОИЗВЕСЛИ(1,I1044:I1059,\"s\",E1044:E1059,M1044:M1059,0),2)+SUMIF(I1044:I1074,\"=NenormMatOtZPR\",M1044:M1074)","v":4957.17},{"$f":"ROUND(СУММПРОИЗВЕСЛИ(F1044,I1044:I1059,\"s\",E1044:E1059,M1044:M1059,0),0)+SUMIF(I1044:I1074,\"=NenormMatOtZPR\",N1044:N1074)","v":50}]
["45. 1.","2","Затраты труда машинистов","чел.-ч",{"$f":"ОКРУГЛВСЕ(СУММПРОИЗВЕСЛИ(1,K1044:K1059,\"mWithZTM\",D1044:D1059,E1044:E1059,-1)+СУММКОЭФПРОЦЕНТЕСЛИ(1,1,K1044:K1059,\"mWithZTM_Proch\",E1044:E1059,-1),11)","v":18.059999999999999},{"$f":"ОКРУГЛВСЕ(СУММПРОИЗВЕСЛИ(1,K1044:K1059,\"mWithZTM\",D1044:D1059,F1044:F1059,-1)+СУММКОЭФПРОЦЕНТЕСЛИ(1,1,K1044:K1059,\"mWithZTM_Proch\",F1044:F1059,-1),11)","v":0.18060000000000001},{"$f":"IF(F1045=0,0,ROUND(H1045/F1045,3))","v":182.72399999999999},{"$f":"ROUND(СУММЕСЛИДА1НЕ1(L1044:L1059,\"mWithZPM\",D1044:D1059,0,H1044:H1059),0)","v":33},null,"Ж",null,null,{"$f":"IF(F1045=0,0,ROUND(N1045/F1045,3))","v":16.611000000000001},{"$f":"ROUND(СУММЕСЛИДА1НЕ1(L1044:L1059,\"mWithZPM\",D1044:D1059,0,N1044:N1059),0)","v":3}]
["45. 2.",{"$f":"ПОЛУЧШИФР(Ресурсы!A3,1)","v":"0-4001"},{"$f":"Ресурсы!B3","v":"Дорожный рабочий 1 разряда"},"чел.-ч",6.02,{"$f":"ОКРУГЛВСЕ(IF(E1046=\"\",0,E1046)*IF(F1044=\"\",0,F1044),11)","v":6.0199999999999997E-2},{"$f":"Ресурсы!D3","v":92.69},{"$f":"ROUND(IF(F1046=\"\",0,F1046)*IF(G1046=\"\",0,G1046),0)","v":6},"s","Г",null,null,{"$f":"Ресурсы!C3","v":7.19},{"$f":"ROUND(IF(F1046=\"\",0,F1046)*IF(M1046=\"\",0,M1046),0)","v":0}]
["45. 3.",{"$f":"ПОЛУЧШИФР(Ресурсы!A4,1)","v":"0-4002"},{"$f":"Ресурсы!B4","v":"Дорожный рабочий 2 разряда"},"чел.-ч",6.02,{"$f":"ОКРУГЛВСЕ(IF(E1047=\"\",0,E1047)*IF(F1044=\"\",0,F1044),11)","v":6.0199999999999997E-2},{"$f":"Ресурсы!D4","v":100.57},6,"s","Г",null,null,{"$f":"Ресурсы!C4","v":7.8},0]
["45. 4.",{"$f":"ПОЛУЧШИФР(Ресурсы!A5,1)","v":"0-4003"},{"$f":"Ресурсы!B5","v":"Дорожный рабочий 3 разряда"},"чел.-ч",12.04,{"$f":"ОКРУГЛВСЕ(IF(E1048=\"\",0,E1048)*IF(F1044=\"\",0,F1044),11)","v":0.12039999999999999},{"$f":"Ресурсы!D5","v":109.94},13,"s","Г",null,null,{"$f":"Ресурсы!C5","v":8.5299999999999994},1]
["45. 5.",{"$f":"ПОЛУЧШИФР(Ресурсы!A6,1)","v":"0-4004"},{"$f":"Ресурсы!B6","v":"Дорожный рабочий 4 разряда"},"чел.-ч",12.04,{"$f":"ОКРУГЛВСЕ(IF(E1049=\"\",0,E1049)*IF(F1044=\"\",0,F1044),11)","v":0.12039999999999999},{"$f":"Ресурсы!D6","v":124.02},15,"s","Г",null,null,{"$f":"Ресурсы!C6","v":9.6199999999999992},1]
["45. 6.",{"$f":"ПОЛУЧШИФР(Ресурсы!A93,1)","v":"СЦЭСМ 121011"},{"$f":"Ресурсы!B93","v":"Котлы битумные передвижные 400 л"},"маш.-ч",6.02,{"$f":"ОКРУГЛВСЕ(IF(E1050=\"\",0,E1050)*IF(F1044=\"\",0,F1044),11)","v":6.0199999999999997E-2},{"$f":"Ресурсы!D93","v":158.25},10,"s","IsMash",null,null,{"$f":"Ресурсы!C93","v":30},2]
["45. 7.",{"$f":"ПОЛУЧШИФР(Ресурсы!A95,1)","v":"СЦЭСМ 121343"},{"$f":"Ресурсы!B95","v":"Машины дорожные комбинированные, мощностью более 270 л.с."},"маш.-ч",6.02,{"$f":"ОКРУГЛВСЕ(IF(E1051=\"\",0,E1051)*IF(F1044=\"\",0,F1044),11)","v":6.0199999999999997E-2},{"$f":"Ресурсы!D95","v":1442.91},87,"s","IsMash",null,null,{"$f":"Ресурсы!C95","v":245.66},15]
[null,null,null,{"$f":"Ресурсы!G95","v":1},null,null,{"$f":"Ресурсы!F95","v":174.31},{"$f":"ROUND(IF(F1051=\"\",0,F1051)*IF(G1052=\"\",0,G1052),0)","v":10},null,null,"mWithZTM","mWithZPM",{"$f":"Ресурсы!E95","v":13.5},{"$f":"ROUND(IF(F1051=\"\",0,F1051)*IF(M1052=\"\",0,M1052),0)","v":1}]
["45. 8.",{"$f":"ПОЛУЧШИФР(Ресурсы!A96,1)","v":"СЦЭСМ 121550"},{"$f":"Ресурсы!B96","v":"Машины дорожной службы (машина дорожного мастера)"},"маш.-ч",6.02,{"$f":"ОКРУГЛВСЕ(IF(E1053=\"\",0,E1053)*IF(F1044=\"\",0,F1044),11)","v":6.0199999999999997E-2},{"$f":"Ресурсы!D96","v":552.54999999999995},{"$f":"ROUND(IF(F1053=\"\",0,F1053)*IF(G1053=\"\",0,G1053),0)","v":33},"s","IsMash",null,null,{"$f":"Ресурсы!C96","v":86.5},{"$f":"ROUND(IF(F1053=\"\",0,F1053)*IF(M1053=\"\",0,M1053),0)","v":5}]
[null,null,null,{"$f":"Ресурсы!G96","v":1},null,null,{"$f":"Ресурсы!F96","v":149.81},{"$f":"ROUND(IF(F1053=\"\",0,F1053)*IF(G1054=\"\",0,G1054),0)","v":9},null,null,"mWithZTM","mWithZPM",{"$f":"Ресурсы!E96","v":11.6},{"$f":"ROUND(IF(F1053=\"\",0,F1053)*IF(M1054=\"\",0,M1054),0)","v":1}]
["45. 9.",{"$f":"ПОЛУЧШИФР(Ресурсы!A102,1)","v":"СЦЭСМ 122203"},{"$f":"Ресурсы!B102","v":"Самоходная дорожная холодная фреза шириной фрезерования 500-1000 мм импортного производства"},"маш.-ч",6.02,{"$f":"ОКРУГЛВСЕ(IF(E1055=\"\",0,E1055)*IF(F1044=\"\",0,F1044),11)","v":6.0199999999999997E-2},{"$f":"Ресурсы!D102","v":2315.02},{"$f":"ROUND(IF(F1055=\"\",0,F1055)*IF(G1055=\"\",0,G1055),0)","v":139},"s","IsMash",null,null,{"$f":"Ресурсы!C102","v":350},{"$f":"ROUND(IF(F1055=\"\",0,F1055)*IF(M1055=\"\",0,M1055),0)","v":21}]
[null,null,null,{"$f":"Ресурсы!G102","v":1},null,null,{"$f":"Ресурсы!F102","v":224.66},{"$f":"ROUND(IF(F1055=\"\",0,F1055)*IF(G1056=\"\",0,G1056),0)","v":14},null,null,"mWithZTM","mWithZPM",{"$f":"Ресурсы!E102","v":17.399999999999999},{"$f":"ROUND(IF(F1055=\"\",0,F1055)*IF(M1056=\"\",0,M1056),0)","v":1}]
["45. 10.",{"$f":"ПОЛУЧШИФР(Ресурсы!A103,1)","v":"СЦЭСМ 122801"},{"$f":"Ресурсы!B103","v":"Виброплита с двигателем внутреннего сгорания"},"маш.-ч",6.02,{"$f":"ОКРУГЛВСЕ(IF(E1057=\"\",0,E1057)*IF(F1044=\"\",0,F1044),11)","v":6.0199999999999997E-2},{"$f":"Ресурсы!D103","v":347.14},{"$f":"ROUND(IF(F1057=\"\",0,F1057)*IF(G1057=\"\",0,G1057),0)","v":21},"s","IsMash",null,null,{"$f":"Ресурсы!C103","v":60},{"$f":"ROUND(IF(F1057=\"\",0,F1057)*IF(M1057=\"\",0,M1057),0)","v":4}]
["45. 11.",{"$f":"ПОЛУЧШИФР(Ресурсы!A20,0)","v":"с101-1556"},{"$f":"Ресурсы!B20","v":"Битумы нефтяные дорожные марки БНД-60/90, БНД-90/130 первый сорт"},"т",3.2000000000000001E-2,{"$f":"ОКРУГЛВСЕ(IF(E1058=\"\",0,E1058)*IF(F1044=\"\",0,F1044),11)","v":3.2000000000000003E-4},{"$f":"ROUND(Ресурсы!D20*Начисления!AV50,2)","v":14016.54},{"$f":"ROUND(IF(F1058=\"\",0,F1058)*IF(G1058=\"\",0,G1058),0)","v":4},"s","IsMater",null,null,{"$f":"ROUND(Ресурсы!C20*Начисления!AV50,2)","v":0},{"$f":"ROUND(IF(F1058=\"\",0,F1058)*IF(M1058=\"\",0,M1058),0)","v":0}]
["45. 12.",{"$f":"ПОЛУЧШИФР(Ресурсы!A61,0)","v":"с410-0011"},{"$f":"Ресурсы!B61","v":"Смеси асфальтобетонные дорожные, аэродромные и асфальтобетон (горячие и тёплые для плотного асфальтобетона мелко и крупнозернистые, песчаныее), марка III, тип B"},"т",11.7,{"$f":"ОКРУГЛВСЕ(IF(E1059=\"\",0,E1059)*IF(F1044=\"\",0,F1044),11)","v":0.11700000000000001},{"$f":"ROUND(Ресурсы!D61*Начисления!AV50,2)","v":3444.91},{"$f":"ROUND(IF(F1059=\"\",0,F1059)*IF(G1059=\"\",0,G1059),0)","v":403},"s","IsMater",null,null,{"$f":"ROUND(Ресурсы!C61*Начисления!AV50,2)","v":0},{"$f":"ROUND(IF(F1059=\"\",0,F1059)*IF(M1059=\"\",0,M1059),0)","v":0}]
[null,null,"Зарплата рабочих",null,null,null,null,40,null,null,null,null,null,3]
[null,null,"Эксплуатация машин",null,null,null,null,290,null,null,null,null,null,46]
[null,null,"в т.ч. зарплата машинистов",null,null,null,null,33,null,null,null,null,null,3]
[null,null,"Материалы",null,null,null,null,408]
[null,null,"в т.ч. Вспомогательные материалы от стоимости материалов"]
[null,null,"в т.ч. Вспомогательные ненормируемые материалы",null,null,null,null,null,"NenormMatOtZPR"]
[null,null,"в т.ч. Ненормированная з.п. рабочих"]
[null,null,"в т.ч. Ненормированная стоимость эксплуатации машин"]
[null,null,"в т.ч. Ненормированная оплата механизаторов"]
[null,null,"Накладные расходы",null,null,null,11.7,{"$f":"IF('Текущие цены с учетом расхода'!N50>0,'Текущие цены с учетом расхода'!N50,IF('Текущие цены с учетом расхода'!N50<0,'Текущие цены с учетом расхода'!N50,\"\"))","v":86},null,"Nakl",null,null,11.7,{"$f":"IF('Базовые цены с учетом расхода'!N50>0,'Базовые цены с учетом расхода'!N50,IF('Базовые цены с учетом расхода'!N50<0,'Базовые цены с учетом расхода'!N50,\"\"))","v":6}]
[null,null,"НР от ЗПР",null,null,null,null,{"$f":"IF('Текущие цены с учетом расхода'!P50>0,'Текущие цены с учетом расхода'!P50,IF('Текущие цены с учетом расхода'!P50<0,'Текущие цены с учетом расхода'!P50,\"\"))","v":""},null,"Nakl_ZPR",null,null,null,{"$f":"IF('Базовые цены с учетом расхода'!P50>0,'Базовые цены с учетом расхода'!P50,IF('Базовые цены с учетом расхода'!P50<0,'Базовые цены с учетом расхода'!P50,\"\"))","v":""}]
[null,null,"НР от ЗПМ",null,null,null,null,{"$f":"IF('Текущие цены с учетом расхода'!Q50>0,'Текущие цены с учетом расхода'!Q50,IF('Текущие цены с учетом расхода'!Q50<0,'Текущие цены с учетом расхода'!Q50,\"\"))","v":""},null,"Nakl_ZPM",null,null,null,{"$f":"IF('Базовые цены с учетом расхода'!Q50>0,'Базовые цены с учетом расхода'!Q50,IF('Базовые цены с учетом расхода'!Q50<0,'Базовые цены с учетом расхода'!Q50,\"\"))","v":""}]
[null,null,"Плановые накопления / Сметная прибыль",null,null,null,8,{"$f":"IF('Текущие цены с учетом расхода'!O50>0,'Текущие цены с учетом расхода'!O50,IF('Текущие цены с учетом расхода'!O50<0,'Текущие цены с учетом расхода'!O50,\"\"))","v":66},null,"Plan",null,null,8,{"$f":"IF('Базовые цены с учетом расхода'!O50>0,'Базовые цены с учетом расхода'!O50,IF('Базовые цены с учетом расхода'!O50<0,'Базовые цены с учетом расхода'!O50,\"\"))","v":4}]
[null,null,"СП от ЗПР",null,null,null,null,{"$f":"IF('Текущие цены с учетом расхода'!R50>0,'Текущие цены с учетом расхода'!R50,IF('Текущие цены с учетом расхода'!R50<0,'Текущие цены с учетом расхода'!R50,\"\"))","v":""},null,"Plan_ZPR",null,null,null,{"$f":"IF('Базовые цены с учетом расхода'!R50>0,'Базовые цены с учетом расхода'!R50,IF('Базовые цены с учетом расхода'!R50<0,'Базовые цены с учетом расхода'!R50,\"\"))","v":""}]
[null,null,"СП от ЗПМ",null,null,null,null,{"$f":"IF('Текущие цены с учетом расхода'!S50>0,'Текущие цены с учетом расхода'!S50,IF('Текущие цены с учетом расхода'!S50<0,'Текущие цены с учетом расхода'!S50,\"\"))","v":""},null,"Plan_ZPM",null,null,null,{"$f":"IF('Базовые цены с учетом расхода'!S50>0,'Базовые цены с учетом расхода'!S50,IF('Базовые цены с учетом расхода'!S50<0,'Базовые цены с учетом расхода'!S50,\"\"))","v":""}]
["46.","ГЭСН 27-03-011-01\n(ОЧ, прил.27.3, п.3.1.)","Срезка поверхностного слоя асфальтобетонных дорожных покрытий типа Б и В на щебне из осадочных горных пород методом холодного фрезерования с применением импортных фрез при ширине барабана фрезы 600-1300 мм, толщина до 5 см","100 м2 асфальтобетонного покрытия",null,0.01,{"$f":"ROUND(СУММПРОИЗВЕСЛИ(1,I1075:I1091,\"s\",E1075:E1091,G1075:G1091,0),2)+SUMIF(I1075:I1106,\"=NenormMatOtZPR\",G1075:G1106)","v":1160.04},{"$f":"ROUND(СУММПРОИЗВЕСЛИ(F1075,I1075:I1091,\"s\",E1075:E1091,G1075:G1091,0),0)+SUMIF(I1075:I1106,\"=NenormMatOtZPR\",H1075:H1106)","v":12},"sum",null,null,null,{"$f":"ROUND(СУММПРОИЗВЕСЛИ(1,I1075:I1091,\"s\",E1075:E1091,M1075:M1091,0),2)+SUMIF(I1075:I1106,\"=NenormMatOtZPR\",M1075:M1106)","v":113.59},{"$f":"ROUND(СУММПРОИЗВЕСЛИ(F1075,I1075:I1091,\"s\",E1075:E1091,M1075:M1091,0),0)+SUMIF(I1075:I1106,\"=NenormMatOtZPR\",N1075:N1106)","v":1}]
[null,null,"   Начисления: "]
[null,null,"Н3 (КОЭФ. К ЭКСПЛ.МАШИН (БЕЗ ЗАРПЛАТЫ РАБ.OБСЛУЖ.МАШИНЫ)) = 1.2"]
[null,null,"Н4 (КОЭФ. К ЗАРАБОТНОЙ ПЛАТЕ РАБОЧИХ,ОБСЛУЖИВАЮЩИХ МАШИНЫ) = 1.2"]
[null,null,"Н5 (КОЭФ. К ОСНОВНОЙ ЗАРАБОТНОЙ ПЛАТЕ РАБОЧИХ) = 1.2"]
[]
["46. 1.","2","Затраты труда машинистов","чел.-ч",{"$f":"ОКРУГЛВСЕ(СУММПРОИЗВЕСЛИ(1,K1075:K1091,\"mWithZTM\",D1075:D1091,E1075:E1091,-1)+СУММКОЭФПРОЦЕНТЕСЛИ(1,1,K1075:K1091,\"mWithZTM_Proch\",E1075:E1091,-1),11)","v":0.66},{"$f":"ОКРУГЛВСЕ(СУММПРОИЗВЕСЛИ(1,K1075:K1091,\"mWithZTM\",D1075:D1091,F1075:F1091,-1)+СУММКОЭФПРОЦЕНТЕСЛИ(1,1,K1075:K1091,\"mWithZTM_Proch\",F1075:F1091,-1),11)","v":6.6E-3},{"$f":"IF(F1081=0,0,ROUND(H1081/F1081,3))","v":151.51499999999999},{"$f":"ROUND(СУММЕСЛИДА1НЕ1(L1075:L1091,\"mWithZPM\",D1075:D1091,0,H1075:H1091),0)","v":1},null,"Ж",null,null,{"$f":"IF(F1081=0,0,ROUND(N1081/F1081,3))","v":0},{"$f":"ROUND(СУММЕСЛИДА1НЕ1(L1075:L1091,\"mWithZPM\",D1075:D1091,0,N1075:N1091),0)","v":0}]
["46. 2.",{"$f":"ПОЛУЧШИФР(Ресурсы!A9,1)","v":"1-1029"},{"$f":"Ресурсы!B9","v":"Рабочий строитель среднего разряда 2,9"},"чел.-ч",0.312,{"$f":"ОКРУГЛВСЕ(IF(E1082=\"\",0,E1082)*IF(F1075=\"\",0,F1075),11)","v":3.1199999999999999E-3},{"$f":"Ресурсы!D9","v":109.01},{"$f":"ROUND(IF(F1082=\"\",0,F1082)*IF(G1082=\"\",0,G1082),0)","v":0},"s","Г",null,null,{"$f":"Ресурсы!C9","v":0},{"$f":"ROUND(IF(F1082=\"\",0,F1082)*IF(M1082=\"\",0,M1082),0)","v":0}]
["46. 3.",{"$f":"ПОЛУЧШИФР(Ресурсы!A97,1)","v":"СЦЭСМ 121550"},{"$f":"Ресурсы!B97","v":"Машины дорожной службы (машина дорожного мастера)"},"маш.-ч",0.32400000000000001,{"$f":"ОКРУГЛВСЕ(IF(E1083=\"\",0,E1083)*IF(F1075=\"\",0,F1075),11)","v":3.2399999999999998E-3},{"$f":"Ресурсы!D97","v":552.54999999999995},{"$f":"ROUND(IF(F1083=\"\",0,F1083)*IF(G1083=\"\",0,G1083),0)","v":2},"s","IsMash",null,null,{"$f":"Ресурсы!C97","v":0},{"$f":"ROUND(IF(F1083=\"\",0,F1083)*IF(M1083=\"\",0,M1083),0)","v":0}]
[null,null,null,{"$f":"Ресурсы!G97","v":1},null,null,{"$f":"Ресурсы!F97","v":149.81},{"$f":"ROUND(IF(F1083=\"\",0,F1083)*IF(G1084=\"\",0,G1084),0)","v":0},null,null,"mWithZTM","mWithZPM",{"$f":"Ресурсы!E97","v":0},{"$f":"ROUND(IF(F1083=\"\",0,F1083)*IF(M1084=\"\",0,M1084),0)","v":0}]
["46. 4.",{"$f":"ПОЛУЧШИФР(Ресурсы!A98,1)","v":"СЦЭСМ 121601"},{"$f":"Ресурсы!B98","v":"Машины поливомоечные 6000 л"},"маш.-ч",1.2E-2,{"$f":"ОКРУГЛВСЕ(IF(E1085=\"\",0,E1085)*IF(F1075=\"\",0,F1075),11)","v":1.2E-4},{"$f":"Ресурсы!D98","v":761.25},{"$f":"ROUND(IF(F1085=\"\",0,F1085)*IF(G1085=\"\",0,G1085),0)","v":0},"s","IsMash",null,null,{"$f":"Ресурсы!C98","v":0},{"$f":"ROUND(IF(F1085=\"\",0,F1085)*IF(M1085=\"\",0,M1085),0)","v":0}]
[null,null,null,{"$f":"Ресурсы!G98","v":1},null,null,{"$f":"Ресурсы!F98","v":142.80000000000001},{"$f":"ROUND(IF(F1085=\"\",0,F1085)*IF(G1086=\"\",0,G1086),0)","v":0},null,null,"mWithZTM","mWithZPM",{"$f":"Ресурсы!E98","v":0},{"$f":"ROUND(IF(F1085=\"\",0,F1085)*IF(M1086=\"\",0,M1086),0)","v":0}]
["46. 5.",{"$f":"ПОЛУЧШИФР(Ресурсы!A102,1)","v":"СЦЭСМ 122203"},{"$f":"Ресурсы!B102","v":"Самоходная дорожная холодная фреза шириной фрезерования 500-1000 мм импортного производства"},"маш.-ч",0.32400000000000001,{"$f":"ОКРУГЛВСЕ(IF(E1087=\"\",0,E1087)*IF(F1075=\"\",0,F1075),11)","v":3.2399999999999998E-3},{"$f":"Ресурсы!D102","v":2315.02},{"$f":"ROUND(IF(F1087=\"\",0,F1087)*IF(G1087=\"\",0,G1087),0)","v":8},"s","IsMash",null,null,{"$f":"Ресурсы!C102","v":350},{"$f":"ROUND(IF(F1087=\"\",0,F1087)*IF(M1087=\"\",0,M1087),0)","v":1}]
[null,null,null,{"$f":"Ресурсы!G102","v":1},null,null,{"$f":"Ресурсы!F102","v":224.66},{"$f":"ROUND(IF(F1087=\"\",0,F1087)*IF(G1088=\"\",0,G1088),0)","v":1},null,null,"mWithZTM","mWithZPM",{"$f":"Ресурсы!E102","v":17.399999999999999},{"$f":"ROUND(IF(F1087=\"\",0,F1087)*IF(M1088=\"\",0,M1088),0)","v":0}]
["46. 6.",{"$f":"ПОЛУЧШИФР(Ресурсы!A107,1)","v":"СЦЭСМ 400053"},{"$f":"Ресурсы!B107","v":"Автомобиль-самосвал, грузоподъемность до 15 т"},"маш.-ч",0.252,{"$f":"ОКРУГЛВСЕ(IF(E1089=\"\",0,E1089)*IF(F1075=\"\",0,F1075),11)","v":2.5200000000000001E-3},{"$f":"Ресурсы!D107","v":741.94},{"$f":"ROUND(IF(F1089=\"\",0,F1089)*IF(G1089=\"\",0,G1089),0)","v":2},"s","IsMash",null,null,{"$f":"Ресурсы!C107","v":0},{"$f":"ROUND(IF(F1089=\"\",0,F1089)*IF(M1089=\"\",0,M1089),0)","v":0}]
[null,null,null,{"$f":"Ресурсы!G107","v":1},null,null,{"$f":"Ресурсы!F107","v":142.80000000000001},{"$f":"ROUND(IF(F1089=\"\",0,F1089)*IF(G1090=\"\",0,G1090),0)","v":0},null,null,null,null,{"$f":"Ресурсы!E107","v":0},{"$f":"ROUND(IF(F1089=\"\",0,F1089)*IF(M1090=\"\",0,M1090),0)","v":0}]
["46. 7.",{"$f":"ПОЛУЧШИФР(Ресурсы!A63,1)","v":"ССЦ 411-0001"},{"$f":"Ресурсы!B63","v":"Вода"},"м3",7.6999999999999999E-2,{"$f":"ОКРУГЛВСЕ(IF(E1091=\"\",0,E1091)*IF(F1075=\"\",0,F1075),11)","v":7.6999999999999996E-4},{"$f":"ROUND(Ресурсы!D63*Начисления!AV51,2)","v":10.85},{"$f":"ROUND(IF(F1091=\"\",0,F1091)*IF(G1091=\"\",0,G1091),0)","v":0},"s","IsMater",null,null,{"$f":"ROUND(Ресурсы!C63*Начисления!AV51,2)","v":2.44},{"$f":"ROUND(IF(F1091=\"\",0,F1091)*IF(M1091=\"\",0,M1091),0)","v":0}]
[null,null,"Зарплата рабочих"]
[null,null,"Эксплуатация машин",null,null,null,null,11,null,null,null,null,null,1]
[null,null,"в т.ч. зарплата машинистов",null,null,null,null,1]
[null,null,"Материалы"]
[null,null,"в т.ч. Вспомогательные материалы от стоимости материалов"]
[null,null,"в т.ч. Вспомогательные ненормируемые материалы",null,null,null,null,null,"NenormMatOtZPR"]
[null,null,"в т.ч. Ненормированная з.п. рабочих"]
[null,null,"в т.ч. Ненормированная стоимость эксплуатации машин"]
[null,null,"в т.ч. Ненормированная оплата механизаторов"]
[null,null,"Накладные расходы",null,null,null,11.7,{"$f":"IF('Текущие цены с учетом расхода'!N51>0,'Текущие цены с учетом расхода'!N51,IF('Текущие цены с учетом расхода'!N51<0,'Текущие цены с учетом расхода'!N51,\"\"))","v":1},null,"Nakl",null,null,11.7,{"$f":"IF('Базовые цены с учетом расхода'!N51>0,'Базовые цены с учетом расхода'!N51,IF('Базовые цены с учетом расхода'!N51<0,'Базовые цены с учетом расхода'!N51,\"\"))","v":""}]
[null,null,"НР от ЗПР",null,null,null,null,{"$f":"IF('Текущие цены с учетом расхода'!P51>0,'Текущие цены с учетом расхода'!P51,IF('Текущие цены с учетом расхода'!P51<0,'Текущие цены с учетом расхода'!P51,\"\"))","v":""},null,"Nakl_ZPR",null,null,null,{"$f":"IF('Базовые цены с учетом расхода'!P51>0,'Базовые цены с учетом расхода'!P51,IF('Базовые цены с учетом расхода'!P51<0,'Базовые цены с учетом расхода'!P51,\"\"))","v":""}]
[null,null,"НР от ЗПМ",null,null,null,null,{"$f":"IF('Текущие цены с учетом расхода'!Q51>0,'Текущие цены с учетом расхода'!Q51,IF('Текущие цены с учетом расхода'!Q51<0,'Текущие цены с учетом расхода'!Q51,\"\"))","v":""},null,"Nakl_ZPM",null,null,null,{"$f":"IF('Базовые цены с учетом расхода'!Q51>0,'Базовые цены с учетом расхода'!Q51,IF('Базовые цены с учетом расхода'!Q51<0,'Базовые цены с учетом расхода'!Q51,\"\"))","v":""}]
[null,null,"Плановые накопления / Сметная прибыль",null,null,null,8,{"$f":"IF('Текущие цены с учетом расхода'!O51>0,'Текущие цены с учетом расхода'!O51,IF('Текущие цены с учетом расхода'!O51<0,'Текущие цены с учетом расхода'!O51,\"\"))","v":1},null,"Plan",null,null,8,{"$f":"IF('Базовые цены с учетом расхода'!O51>0,'Базовые цены с учетом расхода'!O51,IF('Базовые цены с учетом расхода'!O51<0,'Базовые цены с учетом расхода'!O51,\"\"))","v":""}]
[null,null,"СП от ЗПР",null,null,null,null,{"$f":"IF('Текущие цены с учетом расхода'!R51>0,'Текущие цены с учетом расхода'!R51,IF('Текущие цены с учетом расхода'!R51<0,'Текущие цены с учетом расхода'!R51,\"\"))","v":""},null,"Plan_ZPR",null,null,null,{"$f":"IF('Базовые цены с учетом расхода'!R51>0,'Базовые цены с учетом расхода'!R51,IF('Базовые цены с учетом расхода'!R51<0,'Базовые цены с учетом расхода'!R51,\"\"))","v":""}]
[null,null,"СП от ЗПМ",null,null,null,null,{"$f":"IF('Текущие цены с учетом расхода'!S51>0,'Текущие цены с учетом расхода'!S51,IF('Текущие цены с учетом расхода'!S51<0,'Текущие цены с учетом расхода'!S51,\"\"))","v":""},null,"Plan_ZPM",null,null,null,{"$f":"IF('Базовые цены с учетом расхода'!S51>0,'Базовые цены с учетом расхода'!S51,IF('Базовые цены с учетом расхода'!S51<0,'Базовые цены с учетом расхода'!S51,\"\"))","v":""}]
["47.","ГЭСНс 01-02-009-01","Заделка трещин в асфальтобетонном покрытии вручную","100 м трещин",null,0.9,{"$f":"ROUND(СУММПРОИЗВЕСЛИ(1,I1107:I1116,\"s\",E1107:E1116,G1107:G1116,0),2)+SUMIF(I1107:I1131,\"=NenormMatOtZPR\",G1107:G1131)","v":2903.65},{"$f":"ROUND(СУММПРОИЗВЕСЛИ(F1107,I1107:I1116,\"s\",E1107:E1116,G1107:G1116,0),0)+SUMIF(I1107:I1131,\"=NenormMatOtZPR\",H1107:H1131)","v":2613},"sum",null,null,null,{"$f":"ROUND(СУММПРОИЗВЕСЛИ(1,I1107:I1116,\"s\",E1107:E1116,M1107:M1116,0),2)+SUMIF(I1107:I1131,\"=NenormMatOtZPR\",M1107:M1131)","v":194.69},{"$f":"ROUND(СУММПРОИЗВЕСЛИ(F1107,I1107:I1116,\"s\",E1107:E1116,M1107:M1116,0),0)+SUMIF(I1107:I1131,\"=NenormMatOtZPR\",N1107:N1131)","v":175}]
["47. 1.","2","Затраты труда машинистов","чел.-ч",{"$f":"ОКРУГЛВСЕ(СУММПРОИЗВЕСЛИ(1,K1107:K1116,\"mWithZTM\",D1107:D1116,E1107:E1116,-1)+СУММКОЭФПРОЦЕНТЕСЛИ(1,1,K1107:K1116,\"mWithZTM_Proch\",E1107:E1116,-1),11)","v":1.02},{"$f":"ОКРУГЛВСЕ(СУММПРОИЗВЕСЛИ(1,K1107:K1116,\"mWithZTM\",D1107:D1116,F1107:F1116,-1)+СУММКОЭФПРОЦЕНТЕСЛИ(1,1,K1107:K1116,\"mWithZTM_Proch\",F1107:F1116,-1),11)","v":0.91800000000000004},{"$f":"IF(F1108=0,0,ROUND(H1108/F1108,3))","v":150.327},{"$f":"ROUND(СУММЕСЛИДА1НЕ1(L1107:L1116,\"mWithZPM\",D1107:D1116,0,H1107:H1116),0)","v":138},null,"Ж",null,null,{"$f":"IF(F1108=0,0,ROUND(N1108/F1108,3))","v":11.983000000000001},{"$f":"ROUND(СУММЕСЛИДА1НЕ1(L1107:L1116,\"mWithZPM\",D1107:D1116,0,N1107:N1116),0)","v":11}]
["47. 2.",{"$f":"ПОЛУЧШИФР(Ресурсы!A3,1)","v":"0-4001"},{"$f":"Ресурсы!B3","v":"Дорожный рабочий 1 разряда"},"чел.-ч",2.04,{"$f":"ОКРУГЛВСЕ(IF(E1109=\"\",0,E1109)*IF(F1107=\"\",0,F1107),11)","v":1.8360000000000001},{"$f":"Ресурсы!D3","v":92.69},{"$f":"ROUND(IF(F1109=\"\",0,F1109)*IF(G1109=\"\",0,G1109),0)","v":170},"s","Г",null,null,{"$f":"Ресурсы!C3","v":7.19},{"$f":"ROUND(IF(F1109=\"\",0,F1109)*IF(M1109=\"\",0,M1109),0)","v":13}]
["47. 3.",{"$f":"ПОЛУЧШИФР(Ресурсы!A5,1)","v":"0-4003"},{"$f":"Ресурсы!B5","v":"Дорожный рабочий 3 разряда"},"чел.-ч",3.06,{"$f":"ОКРУГЛВСЕ(IF(E1110=\"\",0,E1110)*IF(F1107=\"\",0,F1107),11)","v":2.754},{"$f":"Ресурсы!D5","v":109.94},{"$f":"ROUND(IF(F1110=\"\",0,F1110)*IF(G1110=\"\",0,G1110),0)","v":303},"s","Г",null,null,{"$f":"Ресурсы!C5","v":8.5299999999999994},{"$f":"ROUND(IF(F1110=\"\",0,F1110)*IF(M1110=\"\",0,M1110),0)","v":23}]
["47. 4.",{"$f":"ПОЛУЧШИФР(Ресурсы!A87,1)","v":"СЦЭСМ 120500"},{"$f":"Ресурсы!B87","v":"Гудронаторы ручные"},"маш.-ч",2.04,{"$f":"ОКРУГЛВСЕ(IF(E1111=\"\",0,E1111)*IF(F1107=\"\",0,F1107),11)","v":1.8360000000000001},{"$f":"Ресурсы!D87","v":78.09},{"$f":"ROUND(IF(F1111=\"\",0,F1111)*IF(G1111=\"\",0,G1111),0)","v":143},"s","IsMash",null,null,{"$f":"Ресурсы!C87","v":17.2},{"$f":"ROUND(IF(F1111=\"\",0,F1111)*IF(M1111=\"\",0,M1111),0)","v":32}]
["47. 5.",{"$f":"ПОЛУЧШИФР(Ресурсы!A93,1)","v":"СЦЭСМ 121011"},{"$f":"Ресурсы!B93","v":"Котлы битумные передвижные 400 л"},"маш.-ч",1.02,{"$f":"ОКРУГЛВСЕ(IF(E1112=\"\",0,E1112)*IF(F1107=\"\",0,F1107),11)","v":0.91800000000000004},{"$f":"Ресурсы!D93","v":158.25},{"$f":"ROUND(IF(F1112=\"\",0,F1112)*IF(G1112=\"\",0,G1112),0)","v":145},"s","IsMash",null,null,{"$f":"Ресурсы!C93","v":30},{"$f":"ROUND(IF(F1112=\"\",0,F1112)*IF(M1112=\"\",0,M1112),0)","v":28}]
["47. 6.",{"$f":"ПОЛУЧШИФР(Ресурсы!A96,1)","v":"СЦЭСМ 121550"},{"$f":"Ресурсы!B96","v":"Машины дорожной службы (машина дорожного мастера)"},"маш.-ч",1.02,{"$f":"ОКРУГЛВСЕ(IF(E1113=\"\",0,E1113)*IF(F1107=\"\",0,F1107),11)","v":0.91800000000000004},{"$f":"Ресурсы!D96","v":552.54999999999995},{"$f":"ROUND(IF(F1113=\"\",0,F1113)*IF(G1113=\"\",0,G1113),0)","v":507},"s","IsMash",null,null,{"$f":"Ресурсы!C96","v":86.5},{"$f":"ROUND(IF(F1113=\"\",0,F1113)*IF(M1113=\"\",0,M1113),0)","v":79}]
[null,null,null,{"$f":"Ресурсы!G96","v":1},null,null,{"$f":"Ресурсы!F96","v":149.81},{"$f":"ROUND(IF(F1113=\"\",0,F1113)*IF(G1114=\"\",0,G1114),0)","v":138},null,null,"mWithZTM","mWithZPM",{"$f":"Ресурсы!E96","v":11.6},{"$f":"ROUND(IF(F1113=\"\",0,F1113)*IF(M1114=\"\",0,M1114),0)","v":11}]
["47. 7.",{"$f":"ПОЛУЧШИФР(Ресурсы!A20,0)","v":"с101-1556"},{"$f":"Ресурсы!B20","v":"Битумы нефтяные дорожные марки БНД-60/90, БНД-90/130 первый сорт"},"т",0.1061,{"$f":"ОКРУГЛВСЕ(IF(E1115=\"\",0,E1115)*IF(F1107=\"\",0,F1107),11)","v":9.5490000000000005E-2},{"$f":"ROUND(Ресурсы!D20*Начисления!AV52,2)","v":14016.54},{"$f":"ROUND(IF(F1115=\"\",0,F1115)*IF(G1115=\"\",0,G1115),0)","v":1338},"s","IsMater",null,null,{"$f":"ROUND(Ресурсы!C20*Начисления!AV52,2)","v":0},{"$f":"ROUND(IF(F1115=\"\",0,F1115)*IF(M1115=\"\",0,M1115),0)","v":0}]
["47. 8.",{"$f":"ПОЛУЧШИФР(Ресурсы!A56,0)","v":"с408-0122"},{"$f":"Ресурсы!B56","v":"Песок природный для строительных работ средний"},"м3",0.02,{"$f":"ОКРУГЛВСЕ(IF(E1116=\"\",0,E1116)*IF(F1107=\"\",0,F1107),11)","v":1.7999999999999999E-2},{"$f":"ROUND(Ресурсы!D56*Начисления!AV52,2)","v":333.75},{"$f":"ROUND(IF(F1116=\"\",0,F1116)*IF(G1116=\"\",0,G1116),0)","v":6},"s","IsMater",null,null,{"$f":"ROUND(Ресурсы!C56*Начисления!AV52,2)","v":0},{"$f":"ROUND(IF(F1116=\"\",0,F1116)*IF(M1116=\"\",0,M1116),0)","v":0}]
[null,null,"Зарплата рабочих",null,null,null,null,473,null,null,null,null,null,37]
[null,null,"Эксплуатация машин",null,null,null,null,796,null,null,null,null,null,139]
[null,null,"в т.ч. зарплата машинистов",null,null,null,null,138,null,null,null,null,null,11]
[null,null,"Материалы",null,null,null,null,1344]
[null,null,"в т.ч. Вспомогательные материалы от стоимости материалов"]
[null,null,"в т.ч. Вспомогательные ненормируемые материалы",null,null,null,null,null,"NenormMatOtZPR"]
[null,null,"в т.ч. Ненормированная з.п. рабочих"]
[null,null,"в т.ч. Ненормированная стоимость эксплуатации машин"]
[null,null,"в т.ч. Ненормированная оплата механизаторов"]
[null,null,"Накладные расходы",null,null,null,11.7,{"$f":"IF('Текущие цены с учетом расхода'!N52>0,'Текущие цены с учетом расхода'!N52,IF('Текущие цены с учетом расхода'!N52<0,'Текущие цены с учетом расхода'!N52,\"\"))","v":306},null,"Nakl",null,null,11.7,{"$f":"IF('Базовые цены с учетом расхода'!N52>0,'Базовые цены с учетом расхода'!N52,IF('Базовые цены с учетом расхода'!N52<0,'Базовые цены с учетом расхода'!N52,\"\"))","v":20}]
[null,null,"НР от ЗПР",null,null,null,null,{"$f":"IF('Текущие цены с учетом расхода'!P52>0,'Текущие цены с учетом расхода'!P52,IF('Текущие цены с учетом расхода'!P52<0,'Текущие цены с учетом расхода'!P52,\"\"))","v":""},null,"Nakl_ZPR",null,null,null,{"$f":"IF('Базовые цены с учетом расхода'!P52>0,'Базовые цены с учетом расхода'!P52,IF('Базовые цены с учетом расхода'!P52<0,'Базовые цены с учетом расхода'!P52,\"\"))","v":""}]
[null,null,"НР от ЗПМ",null,null,null,null,{"$f":"IF('Текущие цены с учетом расхода'!Q52>0,'Текущие цены с учетом расхода'!Q52,IF('Текущие цены с учетом расхода'!Q52<0,'Текущие цены с учетом расхода'!Q52,\"\"))","v":""},null,"Nakl_ZPM",null,null,null,{"$f":"IF('Базовые цены с учетом расхода'!Q52>0,'Базовые цены с учетом расхода'!Q52,IF('Базовые цены с учетом расхода'!Q52<0,'Базовые цены с учетом расхода'!Q52,\"\"))","v":""}]
[null,null,"Плановые накопления / Сметная прибыль",null,null,null,8,{"$f":"IF('Текущие цены с учетом расхода'!O52>0,'Текущие цены с учетом расхода'!O52,IF('Текущие цены с учетом расхода'!O52<0,'Текущие цены с учетом расхода'!O52,\"\"))","v":234},null,"Plan",null,null,8,{"$f":"IF('Базовые цены с учетом расхода'!O52>0,'Базовые цены с учетом расхода'!O52,IF('Базовые цены с учетом расхода'!O52<0,'Базовые цены с учетом расхода'!O52,\"\"))","v":16}]
[null,null,"СП от ЗПР",null,null,null,null,{"$f":"IF('Текущие цены с учетом расхода'!R52>0,'Текущие цены с учетом расхода'!R52,IF('Текущие цены с учетом расхода'!R52<0,'Текущие цены с учетом расхода'!R52,\"\"))","v":""},null,"Plan_ZPR",null,null,null,{"$f":"IF('Базовые цены с учетом расхода'!R52>0,'Базовые цены с учетом расхода'!R52,IF('Базовые цены с учетом расхода'!R52<0,'Базовые цены с учетом расхода'!R52,\"\"))","v":""}]
[null,null,"СП от ЗПМ",null,null,null,null,{"$f":"IF('Текущие цены с учетом расхода'!S52>0,'Текущие цены с учетом расхода'!S52,IF('Текущие цены с учетом расхода'!S52<0,'Текущие цены с учетом расхода'!S52,\"\"))","v":""},null,"Plan_ZPM",null,null,null,{"$f":"IF('Базовые цены с учетом расхода'!S52>0,'Базовые цены с учетом расхода'!S52,IF('Базовые цены с учетом расхода'!S52<0,'Базовые цены с учетом расхода'!S52,\"\"))","v":""}]
["48.","ГЭСНс 01-02-003-01","Россыпь и наметание каменной мелочи или высевок на места с избытком вяжущего вручную","100 м2",null,0.18,{"$f":"ROUND(СУММПРОИЗВЕСЛИ(1,I1132:I1135,\"s\",E1132:E1135,G1132:G1135,0),2)+SUMIF(I1132:I1150,\"=NenormMatOtZPR\",G1132:G1150)","v":59.05},{"$f":"ROUND(СУММПРОИЗВЕСЛИ(F1132,I1132:I1135,\"s\",E1132:E1135,G1132:G1135,0),0)+SUMIF(I1132:I1150,\"=NenormMatOtZPR\",H1132:H1150)","v":11},"sum",null,null,null,{"$f":"ROUND(СУММПРОИЗВЕСЛИ(1,I1132:I1135,\"s\",E1132:E1135,M1132:M1135,0),2)+SUMIF(I1132:I1150,\"=NenormMatOtZPR\",M1132:M1150)","v":1.25},{"$f":"ROUND(СУММПРОИЗВЕСЛИ(F1132,I1132:I1135,\"s\",E1132:E1135,M1132:M1135,0),0)+SUMIF(I1132:I1150,\"=NenormMatOtZPR\",N1132:N1150)","v":0}]
["48. 0.","З1000-0001","Затраты труда машинистов","чел.ч",0,0,{"$f":"IF(F1133=0,0,ROUND(H1133/F1133,3))","v":0},null,null,"Ж",null,null,{"$f":"IF(F1133=0,0,ROUND(N1133/F1133,3))","v":0}]
["48. 1.",{"$f":"ПОЛУЧШИФР(Ресурсы!A4,1)","v":"0-4002"},{"$f":"Ресурсы!B4","v":"Дорожный рабочий 2 разряда"},"чел.-ч",0.16,{"$f":"ОКРУГЛВСЕ(IF(E1134=\"\",0,E1134)*IF(F1132=\"\",0,F1132),11)","v":2.8799999999999999E-2},{"$f":"Ресурсы!D4","v":100.57},{"$f":"ROUND(IF(F1134=\"\",0,F1134)*IF(G1134=\"\",0,G1134),0)","v":3},"s","Г",null,null,{"$f":"Ресурсы!C4","v":7.8},{"$f":"ROUND(IF(F1134=\"\",0,F1134)*IF(M1134=\"\",0,M1134),0)","v":0}]
["48. 2.",{"$f":"ПОЛУЧШИФР(Ресурсы!A58,0)","v":"с408-0256"},{"$f":"Ресурсы!B58","v":"Материалы из отсевов дробления осадочных горных пород для строитель-ных работ 2 класса марка 1200, размер зерен до 5 мм, очень крупные"},"м3",0.20399999999999999,{"$f":"ОКРУГЛВСЕ(IF(E1135=\"\",0,E1135)*IF(F1132=\"\",0,F1132),11)","v":3.6720000000000003E-2},{"$f":"ROUND(Ресурсы!D58*Начисления!AV53,2)","v":210.57},{"$f":"ROUND(IF(F1135=\"\",0,F1135)*IF(G1135=\"\",0,G1135),0)","v":8},"s","IsMater",null,null,{"$f":"ROUND(Ресурсы!C58*Начисления!AV53,2)","v":0},{"$f":"ROUND(IF(F1135=\"\",0,F1135)*IF(M1135=\"\",0,M1135),0)","v":0}]
[null,null,"Зарплата рабочих",null,null,null,null,3]
[null,null,"Эксплуатация машин"]
[null,null,"в т.ч. зарплата машинистов"]
[null,null,"Материалы",null,null,null,null,8]
[null,null,"в т.ч. Вспомогательные материалы от стоимости материалов"]
[null,null,"в т.ч. Вспомогательные ненормируемые материалы",null,null,null,null,null,"NenormMatOtZPR"]
[null,null,"в т.ч. Ненормированная з.п. рабочих"]
[null,null,"в т.ч. Ненормированная стоимость эксплуатации машин"]
[null,null,"в т.ч. Ненормированная оплата механизаторов"]
[null,null,"Накладные расходы",null,null,null,11.7,{"$f":"IF('Текущие цены с учетом расхода'!N53>0,'Текущие цены с учетом расхода'!N53,IF('Текущие цены с учетом расхода'!N53<0,'Текущие цены с учетом расхода'!N53,\"\"))","v":1},null,"Nakl",null,null,null,{"$f":"IF('Базовые цены с учетом расхода'!N53>0,'Базовые цены с учетом расхода'!N53,IF('Базовые цены с учетом расхода'!N53<0,'Базовые цены с учетом расхода'!N53,\"\"))","v":""}]
[null,null,"НР от ЗПР",null,null,null,null,{"$f":"IF('Текущие цены с учетом расхода'!P53>0,'Текущие цены с учетом расхода'!P53,IF('Текущие цены с учетом расхода'!P53<0,'Текущие цены с учетом расхода'!P53,\"\"))","v":""},null,"Nakl_ZPR",null,null,null,{"$f":"IF('Базовые цены с учетом расхода'!P53>0,'Базовые цены с учетом расхода'!P53,IF('Базовые цены с учетом расхода'!P53<0,'Базовые цены с учетом расхода'!P53,\"\"))","v":""}]
[null,null,"НР от ЗПМ",null,null,null,null,{"$f":"IF('Текущие цены с учетом расхода'!Q53>0,'Текущие цены с учетом расхода'!Q53,IF('Текущие цены с учетом расхода'!Q53<0,'Текущие цены с учетом расхода'!Q53,\"\"))","v":""},null,"Nakl_ZPM",null,null,null,{"$f":"IF('Базовые цены с учетом расхода'!Q53>0,'Базовые цены с учетом расхода'!Q53,IF('Базовые цены с учетом расхода'!Q53<0,'Базовые цены с учетом расхода'!Q53,\"\"))","v":""}]
[null,null,"Плановые накопления / Сметная прибыль",null,null,null,8,{"$f":"IF('Текущие цены с учетом расхода'!O53>0,'Текущие цены с учетом расхода'!O53,IF('Текущие цены с учетом расхода'!O53<0,'Текущие цены с учетом расхода'!O53,\"\"))","v":1},null,"Plan",null,null,null,{"$f":"IF('Базовые цены с учетом расхода'!O53>0,'Базовые цены с учетом расхода'!O53,IF('Базовые цены с учетом расхода'!O53<0,'Базовые цены с учетом расхода'!O53,\"\"))","v":""}]
[null,null,"СП от ЗПР",null,null,null,null,{"$f":"IF('Текущие цены с учетом расхода'!R53>0,'Текущие цены с учетом расхода'!R53,IF('Текущие цены с учетом расхода'!R53<0,'Текущие цены с учетом расхода'!R53,\"\"))","v":""},null,"Plan_ZPR",null,null,null,{"$f":"IF('Базовые цены с учетом расхода'!R53>0,'Базовые цены с учетом расхода'!R53,IF('Базовые цены с учетом расхода'!R53<0,'Базовые цены с учетом расхода'!R53,\"\"))","v":""}]
[null,null,"СП от ЗПМ",null,null,null,null,{"$f":"IF('Текущие цены с учетом расхода'!S53>0,'Текущие цены с учетом расхода'!S53,IF('Текущие цены с учетом расхода'!S53<0,'Текущие цены с учетом расхода'!S53,\"\"))","v":""},null,"Plan_ZPM",null,null,null,{"$f":"IF('Базовые цены с учетом расхода'!S53>0,'Базовые цены с учетом расхода'!S53,IF('Базовые цены с учетом расхода'!S53<0,'Базовые цены с учетом расхода'!S53,\"\"))","v":""}]
["49.","ГЭСНс 01-06-010-10","Нанесение линий дорожной разметки на покрытие без поверхностной обработки пистолетом-распылителем, разметка 1.14.1, длина полосы 4 м","100 м разметки",null,0.02,{"$f":"ROUND(СУММПРОИЗВЕСЛИ(1,I1151:I1160,\"s\",E1151:E1160,G1151:G1160,0),2)+SUMIF(I1151:I1175,\"=NenormMatOtZPR\",G1151:G1175)","v":15639.05},{"$f":"ROUND(СУММПРОИЗВЕСЛИ(F1151,I1151:I1160,\"s\",E1151:E1160,G1151:G1160,0),0)+SUMIF(I1151:I1175,\"=NenormMatOtZPR\",H1151:H1175)","v":313},"sum",null,null,null,{"$f":"ROUND(СУММПРОИЗВЕСЛИ(1,I1151:I1160,\"s\",E1151:E1160,M1151:M1160,0),2)+SUMIF(I1151:I1175,\"=NenormMatOtZPR\",M1151:M1175)","v":1248.78},{"$f":"ROUND(СУММПРОИЗВЕСЛИ(F1151,I1151:I1160,\"s\",E1151:E1160,M1151:M1160,0),0)+SUMIF(I1151:I1175,\"=NenormMatOtZPR\",N1151:N1175)","v":25}]
["49. 1.","2","Затраты труда машинистов","чел.-ч",{"$f":"ОКРУГЛВСЕ(СУММПРОИЗВЕСЛИ(1,K1151:K1160,\"mWithZTM\",D1151:D1160,E1151:E1160,-1)+СУММКОЭФПРОЦЕНТЕСЛИ(1,1,K1151:K1160,\"mWithZTM_Proch\",E1151:E1160,-1),11)","v":12.12},{"$f":"ОКРУГЛВСЕ(СУММПРОИЗВЕСЛИ(1,K1151:K1160,\"mWithZTM\",D1151:D1160,F1151:F1160,-1)+СУММКОЭФПРОЦЕНТЕСЛИ(1,1,K1151:K1160,\"mWithZTM_Proch\",F1151:F1160,-1),11)","v":0.2424},{"$f":"IF(F1152=0,0,ROUND(H1152/F1152,3))","v":136.13900000000001},{"$f":"ROUND(СУММЕСЛИДА1НЕ1(L1151:L1160,\"mWithZPM\",D1151:D1160,0,H1151:H1160),0)","v":33},null,"Ж",null,null,{"$f":"IF(F1152=0,0,ROUND(N1152/F1152,3))","v":8.2509999999999994},{"$f":"ROUND(СУММЕСЛИДА1НЕ1(L1151:L1160,\"mWithZPM\",D1151:D1160,0,N1151:N1160),0)","v":2}]
["49. 2.",{"$f":"ПОЛУЧШИФР(Ресурсы!A5,1)","v":"0-4003"},{"$f":"Ресурсы!B5","v":"Дорожный рабочий 3 разряда"},"чел.-ч",12.12,{"$f":"ОКРУГЛВСЕ(IF(E1153=\"\",0,E1153)*IF(F1151=\"\",0,F1151),11)","v":0.2424},{"$f":"Ресурсы!D5","v":109.94},{"$f":"ROUND(IF(F1153=\"\",0,F1153)*IF(G1153=\"\",0,G1153),0)","v":27},"s","Г",null,null,{"$f":"Ресурсы!C5","v":8.5299999999999994},{"$f":"ROUND(IF(F1153=\"\",0,F1153)*IF(M1153=\"\",0,M1153),0)","v":2}]
["49. 3.",{"$f":"ПОЛУЧШИФР(Ресурсы!A6,1)","v":"0-4004"},{"$f":"Ресурсы!B6","v":"Дорожный рабочий 4 разряда"},"чел.-ч",6.06,{"$f":"ОКРУГЛВСЕ(IF(E1154=\"\",0,E1154)*IF(F1151=\"\",0,F1151),11)","v":0.1212},{"$f":"Ресурсы!D6","v":124.02},{"$f":"ROUND(IF(F1154=\"\",0,F1154)*IF(G1154=\"\",0,G1154),0)","v":15},"s","Г",null,null,{"$f":"Ресурсы!C6","v":9.6199999999999992},{"$f":"ROUND(IF(F1154=\"\",0,F1154)*IF(M1154=\"\",0,M1154),0)","v":1}]
["49. 4.",{"$f":"ПОЛУЧШИФР(Ресурсы!A76,1)","v":"СЦЭСМ 050101"},{"$f":"Ресурсы!B76","v":"Компрессоры передвижные с двигателем внутреннего сгорания давлением до 686 кПа (7 ат), производительность 2,2 м3/мин"},"маш.-ч",6.06,{"$f":"ОКРУГЛВСЕ(IF(E1155=\"\",0,E1155)*IF(F1151=\"\",0,F1151),11)","v":0.1212},{"$f":"Ресурсы!D76","v":524.17999999999995},{"$f":"ROUND(IF(F1155=\"\",0,F1155)*IF(G1155=\"\",0,G1155),0)","v":64},"s","IsMash",null,null,{"$f":"Ресурсы!C76","v":90},{"$f":"ROUND(IF(F1155=\"\",0,F1155)*IF(M1155=\"\",0,M1155),0)","v":11}]
[null,null,null,{"$f":"Ресурсы!G76","v":1},null,null,{"$f":"Ресурсы!F76","v":124.21},{"$f":"ROUND(IF(F1155=\"\",0,F1155)*IF(G1156=\"\",0,G1156),0)","v":15},null,null,"mWithZTM","mWithZPM",{"$f":"Ресурсы!E76","v":10.06},{"$f":"ROUND(IF(F1155=\"\",0,F1155)*IF(M1156=\"\",0,M1156),0)","v":1}]
["49. 5.",{"$f":"ПОЛУЧШИФР(Ресурсы!A96,1)","v":"СЦЭСМ 121550"},{"$f":"Ресурсы!B96","v":"Машины дорожной службы (машина дорожного мастера)"},"маш.-ч",6.06,{"$f":"ОКРУГЛВСЕ(IF(E1157=\"\",0,E1157)*IF(F1151=\"\",0,F1151),11)","v":0.1212},{"$f":"Ресурсы!D96","v":552.54999999999995},{"$f":"ROUND(IF(F1157=\"\",0,F1157)*IF(G1157=\"\",0,G1157),0)","v":67},"s","IsMash",null,null,{"$f":"Ресурсы!C96","v":86.5},{"$f":"ROUND(IF(F1157=\"\",0,F1157)*IF(M1157=\"\",0,M1157),0)","v":10}]
[null,null,null,{"$f":"Ресурсы!G96","v":1},null,null,{"$f":"Ресурсы!F96","v":149.81},{"$f":"ROUND(IF(F1157=\"\",0,F1157)*IF(G1158=\"\",0,G1158),0)","v":18},null,null,"mWithZTM","mWithZPM",{"$f":"Ресурсы!E96","v":11.6},{"$f":"ROUND(IF(F1157=\"\",0,F1157)*IF(M1158=\"\",0,M1158),0)","v":1}]
["49. 6.",{"$f":"ПОЛУЧШИФР(Ресурсы!A28,1)","v":"ССЦ 101-2775"},{"$f":"Ресурсы!B28","v":"Микросферы стеклянные для дорожной разметки"},"т",0.04,{"$f":"ОКРУГЛВСЕ(IF(E1159=\"\",0,E1159)*IF(F1151=\"\",0,F1151),11)","v":8.0000000000000004E-4},{"$f":"ROUND(Ресурсы!D28*Начисления!AV54,2)","v":23728.81},{"$f":"ROUND(IF(F1159=\"\",0,F1159)*IF(G1159=\"\",0,G1159),0)","v":19},"s","IsMater",null,null,{"$f":"ROUND(Ресурсы!C28*Начисления!AV54,2)","v":437.82},{"$f":"ROUND(IF(F1159=\"\",0,F1159)*IF(M1159=\"\",0,M1159),0)","v":0}]
["49. 7.",{"$f":"ПОЛУЧШИФР(Ресурсы!A35,1)","v":"ССЦ 101-9402"},{"$f":"Ресурсы!B35","v":"Краска полиакриловая для дорожной разметки"},"кг",104,{"$f":"ОКРУГЛВСЕ(IF(E1160=\"\",0,E1160)*IF(F1151=\"\",0,F1151),11)","v":2.08},{"$f":"ROUND(Ресурсы!D35*Начисления!AV54,2)","v":58.47},{"$f":"ROUND(IF(F1160=\"\",0,F1160)*IF(G1160=\"\",0,G1160),0)","v":122},"s","IsMater",null,null,{"$f":"ROUND(Ресурсы!C35*Начисления!AV54,2)","v":0},{"$f":"ROUND(IF(F1160=\"\",0,F1160)*IF(M1160=\"\",0,M1160),0)","v":0}]
[null,null,"Зарплата рабочих",null,null,null,null,42,null,null,null,null,null,3]
[null,null,"Эксплуатация машин",null,null,null,null,130,null,null,null,null,null,21]
[null,null,"в т.ч. зарплата машинистов",null,null,null,null,33,null,null,null,null,null,3]
[null,null,"Материалы",null,null,null,null,141]
[null,null,"в т.ч. Вспомогательные материалы от стоимости материалов"]
[null,null,"в т.ч. Вспомогательные ненормируемые материалы",null,null,null,null,null,"NenormMatOtZPR"]
[null,null,"в т.ч. Ненормированная з.п. рабочих"]
[null,null,"в т.ч. Ненормированная стоимость эксплуатации машин"]
[null,null,"в т.ч. Ненормированная оплата механизаторов"]
[null,null,"Накладные расходы",null,null,null,11.7,{"$f":"IF('Текущие цены с учетом расхода'!N54>0,'Текущие цены с учетом расхода'!N54,IF('Текущие цены с учетом расхода'!N54<0,'Текущие цены с учетом расхода'!N54,\"\"))","v":37},null,"Nakl",null,null,11.7,{"$f":"IF('Базовые цены с учетом расхода'!N54>0,'Базовые цены с учетом расхода'!N54,IF('Базовые цены с учетом расхода'!N54<0,'Базовые цены с учетом расхода'!N54,\"\"))","v":3}]
[null,null,"НР от ЗПР",null,null,null,null,{"$f":"IF('Текущие цены с учетом расхода'!P54>0,'Текущие цены с учетом расхода'!P54,IF('Текущие цены с учетом расхода'!P54<0,'Текущие цены с учетом расхода'!P54,\"\"))","v":""},null,"Nakl_ZPR",null,null,null,{"$f":"IF('Базовые цены с учетом расхода'!P54>0,'Базовые цены с учетом расхода'!P54,IF('Базовые цены с учетом расхода'!P54<0,'Базовые цены с учетом расхода'!P54,\"\"))","v":""}]
[null,null,"НР от ЗПМ",null,null,null,null,{"$f":"IF('Текущие цены с учетом расхода'!Q54>0,'Текущие цены с учетом расхода'!Q54,IF('Текущие цены с учетом расхода'!Q54<0,'Текущие цены с учетом расхода'!Q54,\"\"))","v":""},null,"Nakl_ZPM",null,null,null,{"$f":"IF('Базовые цены с учетом расхода'!Q54>0,'Базовые цены с учетом расхода'!Q54,IF('Базовые цены с учетом расхода'!Q54<0,'Базовые цены с учетом расхода'!Q54,\"\"))","v":""}]
[null,null,"Плановые накопления / Сметная прибыль",null,null,null,8,{"$f":"IF('Текущие цены с учетом расхода'!O54>0,'Текущие цены с учетом расхода'!O54,IF('Текущие цены с учетом расхода'!O54<0,'Текущие цены с учетом расхода'!O54,\"\"))","v":28},null,"Plan",null,null,8,{"$f":"IF('Базовые цены с учетом расхода'!O54>0,'Базовые цены с учетом расхода'!O54,IF('Базовые цены с учетом расхода'!O54<0,'Базовые цены с учетом расхода'!O54,\"\"))","v":2}]
[null,null,"СП от ЗПР",null,null,null,null,{"$f":"IF('Текущие цены с учетом расхода'!R54>0,'Текущие цены с учетом расхода'!R54,IF('Текущие цены с учетом расхода'!R54<0,'Текущие цены с учетом расхода'!R54,\"\"))","v":""},null,"Plan_ZPR",null,null,null,{"$f":"IF('Базовые цены с учетом расхода'!R54>0,'Базовые цены с учетом расхода'!R54,IF('Базовые цены с учетом расхода'!R54<0,'Базовые цены с учетом расхода'!R54,\"\"))","v":""}]
[null,null,"СП от ЗПМ",null,null,null,null,{"$f":"IF('Текущие цены с учетом расхода'!S54>0,'Текущие цены с учетом расхода'!S54,IF('Текущие цены с учетом расхода'!S54<0,'Текущие цены с учетом расхода'!S54,\"\"))","v":""},null,"Plan_ZPM",null,null,null,{"$f":"IF('Базовые цены с учетом расхода'!S54>0,'Базовые цены с учетом расхода'!S54,IF('Базовые цены с учетом расхода'!S54<0,'Базовые цены с учетом расхода'!S54,\"\"))","v":""}]
[null,"III.ИСКУССТВЕННЫЕ  СООРУЖЕНИЯ"]
[null,"6.Трубы"]
["50.","ГЭСНс 01-03-002-01","Очистка отверстий труб от грязи и наносов","10 м",null,2,{"$f":"ROUND(СУММПРОИЗВЕСЛИ(1,I1178:I1182,\"s\",E1178:E1182,G1178:G1182,0),2)+SUMIF(I1178:I1197,\"=NenormMatOtZPR\",G1178:G1197)","v":542.84},{"$f":"ROUND(СУММПРОИЗВЕСЛИ(F1178,I1178:I1182,\"s\",E1178:E1182,G1178:G1182,0),0)+SUMIF(I1178:I1197,\"=NenormMatOtZPR\",H1178:H1197)","v":1086},"sum",null,null,null,{"$f":"ROUND(СУММПРОИЗВЕСЛИ(1,I1178:I1182,\"s\",E1178:E1182,M1178:M1182,0),2)+SUMIF(I1178:I1197,\"=NenormMatOtZPR\",M1178:M1197)","v":59.56},{"$f":"ROUND(СУММПРОИЗВЕСЛИ(F1178,I1178:I1182,\"s\",E1178:E1182,M1178:M1182,0),0)+SUMIF(I1178:I1197,\"=NenormMatOtZPR\",N1178:N1197)","v":119}]
["50. 1.","2","Затраты труда машинистов","чел.-ч",{"$f":"ОКРУГЛВСЕ(СУММПРОИЗВЕСЛИ(1,K1178:K1182,\"mWithZTM\",D1178:D1182,E1178:E1182,-1)+СУММКОЭФПРОЦЕНТЕСЛИ(1,1,K1178:K1182,\"mWithZTM_Proch\",E1178:E1182,-1),11)","v":0.4},{"$f":"ОКРУГЛВСЕ(СУММПРОИЗВЕСЛИ(1,K1178:K1182,\"mWithZTM\",D1178:D1182,F1178:F1182,-1)+СУММКОЭФПРОЦЕНТЕСЛИ(1,1,K1178:K1182,\"mWithZTM_Proch\",F1178:F1182,-1),11)","v":0.8},{"$f":"IF(F1179=0,0,ROUND(H1179/F1179,3))","v":150},{"$f":"ROUND(СУММЕСЛИДА1НЕ1(L1178:L1182,\"mWithZPM\",D1178:D1182,0,H1178:H1182),0)","v":120},null,"Ж",null,null,{"$f":"IF(F1179=0,0,ROUND(N1179/F1179,3))","v":11.25},{"$f":"ROUND(СУММЕСЛИДА1НЕ1(L1178:L1182,\"mWithZPM\",D1178:D1182,0,N1178:N1182),0)","v":9}]
["50. 2.",{"$f":"ПОЛУЧШИФР(Ресурсы!A4,1)","v":"0-4002"},{"$f":"Ресурсы!B4","v":"Дорожный рабочий 2 разряда"},"чел.-ч",3.2,{"$f":"ОКРУГЛВСЕ(IF(E1180=\"\",0,E1180)*IF(F1178=\"\",0,F1178),11)","v":6.4},{"$f":"Ресурсы!D4","v":100.57},{"$f":"ROUND(IF(F1180=\"\",0,F1180)*IF(G1180=\"\",0,G1180),0)","v":644},"s","Г",null,null,{"$f":"Ресурсы!C4","v":7.8},{"$f":"ROUND(IF(F1180=\"\",0,F1180)*IF(M1180=\"\",0,M1180),0)","v":50}]
["50. 3.",{"$f":"ПОЛУЧШИФР(Ресурсы!A96,1)","v":"СЦЭСМ 121550"},{"$f":"Ресурсы!B96","v":"Машины дорожной службы (машина дорожного мастера)"},"маш.-ч",0.4,{"$f":"ОКРУГЛВСЕ(IF(E1181=\"\",0,E1181)*IF(F1178=\"\",0,F1178),11)","v":0.8},{"$f":"Ресурсы!D96","v":552.54999999999995},{"$f":"ROUND(IF(F1181=\"\",0,F1181)*IF(G1181=\"\",0,G1181),0)","v":442},"s","IsMash",null,null,{"$f":"Ресурсы!C96","v":86.5},{"$f":"ROUND(IF(F1181=\"\",0,F1181)*IF(M1181=\"\",0,M1181),0)","v":69}]
[null,null,null,{"$f":"Ресурсы!G96","v":1},null,null,{"$f":"Ресурсы!F96","v":149.81},{"$f":"ROUND(IF(F1181=\"\",0,F1181)*IF(G1182=\"\",0,G1182),0)","v":120},null,null,"mWithZTM","mWithZPM",{"$f":"Ресурсы!E96","v":11.6},{"$f":"ROUND(IF(F1181=\"\",0,F1181)*IF(M1182=\"\",0,M1182),0)","v":9}]
[null,null,"Зарплата рабочих",null,null,null,null,644,null,null,null,null,null,50]
[null,null,"Эксплуатация машин",null,null,null,null,442,null,null,null,null,null,69]
[null,null,"в т.ч. зарплата машинистов",null,null,null,null,120,null,null,null,null,null,9]
[null,null,"Материалы"]
[null,null,"в т.ч. Вспомогательные материалы от стоимости материалов"]
[null,null,"в т.ч. Вспомогательные ненормируемые материалы",null,null,null,null,null,"NenormMatOtZPR"]
[null,null,"в т.ч. Ненормированная з.п. рабочих"]
[null,null,"в т.ч. Ненормированная стоимость эксплуатации машин"]
[null,null,"в т.ч. Ненормированная оплата механизаторов"]
[null,null,"Накладные расходы",null,null,null,11.7,{"$f":"IF('Текущие цены с учетом расхода'!N55>0,'Текущие цены с учетом расхода'!N55,IF('Текущие цены с учетом расхода'!N55<0,'Текущие цены с учетом расхода'!N55,\"\"))","v":127},null,"Nakl",null,null,11.7,{"$f":"IF('Базовые цены с учетом расхода'!N55>0,'Базовые цены с учетом расхода'!N55,IF('Базовые цены с учетом расхода'!N55<0,'Базовые цены с учетом расхода'!N55,\"\"))","v":14}]
[null,null,"НР от ЗПР",null,null,null,null,{"$f":"IF('Текущие цены с учетом расхода'!P55>0,'Текущие цены с учетом расхода'!P55,IF('Текущие цены с учетом расхода'!P55<0,'Текущие цены с учетом расхода'!P55,\"\"))","v":""},null,"Nakl_ZPR",null,null,null,{"$f":"IF('Базовые цены с учетом расхода'!P55>0,'Базовые цены с учетом расхода'!P55,IF('Базовые цены с учетом расхода'!P55<0,'Базовые цены с учетом расхода'!P55,\"\"))","v":""}]
[null,null,"НР от ЗПМ",null,null,null,null,{"$f":"IF('Текущие цены с учетом расхода'!Q55>0,'Текущие цены с учетом расхода'!Q55,IF('Текущие цены с учетом расхода'!Q55<0,'Текущие цены с учетом расхода'!Q55,\"\"))","v":""},null,"Nakl_ZPM",null,null,null,{"$f":"IF('Базовые цены с учетом расхода'!Q55>0,'Базовые цены с учетом расхода'!Q55,IF('Базовые цены с учетом расхода'!Q55<0,'Базовые цены с учетом расхода'!Q55,\"\"))","v":""}]
[null,null,"Плановые накопления / Сметная прибыль",null,null,null,8,{"$f":"IF('Текущие цены с учетом расхода'!O55>0,'Текущие цены с учетом расхода'!O55,IF('Текущие цены с учетом расхода'!O55<0,'Текущие цены с учетом расхода'!O55,\"\"))","v":97},null,"Plan",null,null,8,{"$f":"IF('Базовые цены с учетом расхода'!O55>0,'Базовые цены с учетом расхода'!O55,IF('Базовые цены с учетом расхода'!O55<0,'Базовые цены с учетом расхода'!O55,\"\"))","v":11}]
[null,null,"СП от ЗПР",null,null,null,null,{"$f":"IF('Текущие цены с учетом расхода'!R55>0,'Текущие цены с учетом расхода'!R55,IF('Текущие цены с учетом расхода'!R55<0,'Текущие цены с учетом расхода'!R55,\"\"))","v":""},null,"Plan_ZPR",null,null,null,{"$f":"IF('Базовые цены с учетом расхода'!R55>0,'Базовые цены с учетом расхода'!R55,IF('Базовые цены с учетом расхода'!R55<0,'Базовые цены с учетом расхода'!R55,\"\"))","v":""}]
[null,null,"СП от ЗПМ",null,null,null,null,{"$f":"IF('Текущие цены с учетом расхода'!S55>0,'Текущие цены с учетом расхода'!S55,IF('Текущие цены с учетом расхода'!S55<0,'Текущие цены с учетом расхода'!S55,\"\"))","v":""},null,"Plan_ZPM",null,null,null,{"$f":"IF('Базовые цены с учетом расхода'!S55>0,'Базовые цены с учетом расхода'!S55,IF('Базовые цены с учетом расхода'!S55<0,'Базовые цены с учетом расхода'!S55,\"\"))","v":""}]
["51.","ГЭСНс 01-03-004-01","Заделка трещин, раковин и сколов оголовков труб","10 м2",null,1.7000000000000001E-2,{"$f":"ROUND(СУММПРОИЗВЕСЛИ(1,I1198:I1207,\"s\",E1198:E1207,G1198:G1207,0),2)+SUMIF(I1198:I1222,\"=NenormMatOtZPR\",G1198:G1222)","v":11360.19},{"$f":"ROUND(СУММПРОИЗВЕСЛИ(F1198,I1198:I1207,\"s\",E1198:E1207,G1198:G1207,0),0)+SUMIF(I1198:I1222,\"=NenormMatOtZPR\",H1198:H1222)","v":193},"sum",null,null,null,{"$f":"ROUND(СУММПРОИЗВЕСЛИ(1,I1198:I1207,\"s\",E1198:E1207,M1198:M1207,0),2)+SUMIF(I1198:I1222,\"=NenormMatOtZPR\",M1198:M1222)","v":1329.74},{"$f":"ROUND(СУММПРОИЗВЕСЛИ(F1198,I1198:I1207,\"s\",E1198:E1207,M1198:M1207,0),0)+SUMIF(I1198:I1222,\"=NenormMatOtZPR\",N1198:N1222)","v":23}]
["51. 1.","2","Затраты труда машинистов","чел.-ч",{"$f":"ОКРУГЛВСЕ(СУММПРОИЗВЕСЛИ(1,K1198:K1207,\"mWithZTM\",D1198:D1207,E1198:E1207,-1)+СУММКОЭФПРОЦЕНТЕСЛИ(1,1,K1198:K1207,\"mWithZTM_Proch\",E1198:E1207,-1),11)","v":10.3},{"$f":"ОКРУГЛВСЕ(СУММПРОИЗВЕСЛИ(1,K1198:K1207,\"mWithZTM\",D1198:D1207,F1198:F1207,-1)+СУММКОЭФПРОЦЕНТЕСЛИ(1,1,K1198:K1207,\"mWithZTM_Proch\",F1198:F1207,-1),11)","v":0.17510000000000001},{"$f":"IF(F1199=0,0,ROUND(H1199/F1199,3))","v":148.48699999999999},{"$f":"ROUND(СУММЕСЛИДА1НЕ1(L1198:L1207,\"mWithZPM\",D1198:D1207,0,H1198:H1207),0)","v":26},null,"Ж",null,null,{"$f":"IF(F1199=0,0,ROUND(N1199/F1199,3))","v":11.422000000000001},{"$f":"ROUND(СУММЕСЛИДА1НЕ1(L1198:L1207,\"mWithZPM\",D1198:D1207,0,N1198:N1207),0)","v":2}]
["51. 2.",{"$f":"ПОЛУЧШИФР(Ресурсы!A4,1)","v":"0-4002"},{"$f":"Ресурсы!B4","v":"Дорожный рабочий 2 разряда"},"чел.-ч",20.6,{"$f":"ОКРУГЛВСЕ(IF(E1200=\"\",0,E1200)*IF(F1198=\"\",0,F1198),11)","v":0.35020000000000001},{"$f":"Ресурсы!D4","v":100.57},{"$f":"ROUND(IF(F1200=\"\",0,F1200)*IF(G1200=\"\",0,G1200),0)","v":35},"s","Г",null,null,{"$f":"Ресурсы!C4","v":7.8},{"$f":"ROUND(IF(F1200=\"\",0,F1200)*IF(M1200=\"\",0,M1200),0)","v":3}]
["51. 3.",{"$f":"ПОЛУЧШИФР(Ресурсы!A5,1)","v":"0-4003"},{"$f":"Ресурсы!B5","v":"Дорожный рабочий 3 разряда"},"чел.-ч",20.6,{"$f":"ОКРУГЛВСЕ(IF(E1201=\"\",0,E1201)*IF(F1198=\"\",0,F1198),11)","v":0.35020000000000001},{"$f":"Ресурсы!D5","v":109.94},{"$f":"ROUND(IF(F1201=\"\",0,F1201)*IF(G1201=\"\",0,G1201),0)","v":39},"s","Г",null,null,{"$f":"Ресурсы!C5","v":8.5299999999999994},{"$f":"ROUND(IF(F1201=\"\",0,F1201)*IF(M1201=\"\",0,M1201),0)","v":3}]
["51. 4.",{"$f":"ПОЛУЧШИФР(Ресурсы!A96,1)","v":"СЦЭСМ 121550"},{"$f":"Ресурсы!B96","v":"Машины дорожной службы (машина дорожного мастера)"},"маш.-ч",10.3,{"$f":"ОКРУГЛВСЕ(IF(E1202=\"\",0,E1202)*IF(F1198=\"\",0,F1198),11)","v":0.17510000000000001},{"$f":"Ресурсы!D96","v":552.54999999999995},{"$f":"ROUND(IF(F1202=\"\",0,F1202)*IF(G1202=\"\",0,G1202),0)","v":97},"s","IsMash",null,null,{"$f":"Ресурсы!C96","v":86.5},{"$f":"ROUND(IF(F1202=\"\",0,F1202)*IF(M1202=\"\",0,M1202),0)","v":15}]
[null,null,null,{"$f":"Ресурсы!G96","v":1},null,null,{"$f":"Ресурсы!F96","v":149.81},{"$f":"ROUND(IF(F1202=\"\",0,F1202)*IF(G1203=\"\",0,G1203),0)","v":26},null,null,"mWithZTM","mWithZPM",{"$f":"Ресурсы!E96","v":11.6},{"$f":"ROUND(IF(F1202=\"\",0,F1202)*IF(M1203=\"\",0,M1203),0)","v":2}]
["51. 5.",{"$f":"ПОЛУЧШИФР(Ресурсы!A17,0)","v":"с101-1305"},{"$f":"Ресурсы!B17","v":"Портландцемент общестроительного назначения бездобавочный, марки: 400"},"т",0.224,{"$f":"ОКРУГЛВСЕ(IF(E1204=\"\",0,E1204)*IF(F1198=\"\",0,F1198),11)","v":3.8080000000000002E-3},{"$f":"ROUND(Ресурсы!D17*Начисления!AV56,2)","v":3708.31},{"$f":"ROUND(IF(F1204=\"\",0,F1204)*IF(G1204=\"\",0,G1204),0)","v":14},"s","IsMater",null,null,{"$f":"ROUND(Ресурсы!C17*Начисления!AV56,2)","v":0},{"$f":"ROUND(IF(F1204=\"\",0,F1204)*IF(M1204=\"\",0,M1204),0)","v":0}]
["51. 6.",{"$f":"ПОЛУЧШИФР(Ресурсы!A23,1)","v":"ССЦ 101-1668"},{"$f":"Ресурсы!B23","v":"Рогожа"},"м2",10,{"$f":"ОКРУГЛВСЕ(IF(E1205=\"\",0,E1205)*IF(F1198=\"\",0,F1198),11)","v":0.17},{"$f":"ROUND(Ресурсы!D23*Начисления!AV56,2)","v":45.5},{"$f":"ROUND(IF(F1205=\"\",0,F1205)*IF(G1205=\"\",0,G1205),0)","v":8},"s","IsMater",null,null,{"$f":"ROUND(Ресурсы!C23*Начисления!AV56,2)","v":10.199999999999999},{"$f":"ROUND(IF(F1205=\"\",0,F1205)*IF(M1205=\"\",0,M1205),0)","v":2}]
["51. 7.",{"$f":"ПОЛУЧШИФР(Ресурсы!A57,0)","v":"с408-0124"},{"$f":"Ресурсы!B57","v":"Песок природный для стрительных работ мелкий"},"м3",0.318,{"$f":"ОКРУГЛВСЕ(IF(E1206=\"\",0,E1206)*IF(F1198=\"\",0,F1198),11)","v":5.4060000000000002E-3},{"$f":"ROUND(Ресурсы!D57*Начисления!AV56,2)","v":141.55000000000001},{"$f":"ROUND(IF(F1206=\"\",0,F1206)*IF(G1206=\"\",0,G1206),0)","v":1},"s","IsMater",null,null,{"$f":"ROUND(Ресурсы!C57*Начисления!AV56,2)","v":0},{"$f":"ROUND(IF(F1206=\"\",0,F1206)*IF(M1206=\"\",0,M1206),0)","v":0}]
["51. 8.",{"$f":"ПОЛУЧШИФР(Ресурсы!A64,1)","v":"ССЦ 411-0001"},{"$f":"Ресурсы!B64","v":"Вода"},"м3",0.161,{"$f":"ОКРУГЛВСЕ(IF(E1207=\"\",0,E1207)*IF(F1198=\"\",0,F1198),11)","v":2.7369999999999998E-3},{"$f":"ROUND(Ресурсы!D64*Начисления!AV56,2)","v":10.85},{"$f":"ROUND(IF(F1207=\"\",0,F1207)*IF(G1207=\"\",0,G1207),0)","v":0},"s","IsMater",null,null,{"$f":"ROUND(Ресурсы!C64*Начисления!AV56,2)","v":2.44},{"$f":"ROUND(IF(F1207=\"\",0,F1207)*IF(M1207=\"\",0,M1207),0)","v":0}]
[null,null,"Зарплата рабочих",null,null,null,null,74,null,null,null,null,null,6]
[null,null,"Эксплуатация машин",null,null,null,null,97,null,null,null,null,null,15]
[null,null,"в т.ч. зарплата машинистов",null,null,null,null,26,null,null,null,null,null,2]
[null,null,"Материалы",null,null,null,null,23,null,null,null,null,null,2]
[null,null,"в т.ч. Вспомогательные материалы от стоимости материалов"]
[null,null,"в т.ч. Вспомогательные ненормируемые материалы",null,null,null,null,null,"NenormMatOtZPR"]
[null,null,"в т.ч. Ненормированная з.п. рабочих"]
[null,null,"в т.ч. Ненормированная стоимость эксплуатации машин"]
[null,null,"в т.ч. Ненормированная оплата механизаторов"]
[null,null,"Накладные расходы",null,null,null,11.7,{"$f":"IF('Текущие цены с учетом расхода'!N56>0,'Текущие цены с учетом расхода'!N56,IF('Текущие цены с учетом расхода'!N56<0,'Текущие цены с учетом расхода'!N56,\"\"))","v":23},null,"Nakl",null,null,11.7,{"$f":"IF('Базовые цены с учетом расхода'!N56>0,'Базовые цены с учетом расхода'!N56,IF('Базовые цены с учетом расхода'!N56<0,'Базовые цены с учетом расхода'!N56,\"\"))","v":3}]
[null,null,"НР от ЗПР",null,null,null,null,{"$f":"IF('Текущие цены с учетом расхода'!P56>0,'Текущие цены с учетом расхода'!P56,IF('Текущие цены с учетом расхода'!P56<0,'Текущие цены с учетом расхода'!P56,\"\"))","v":""},null,"Nakl_ZPR",null,null,null,{"$f":"IF('Базовые цены с учетом расхода'!P56>0,'Базовые цены с учетом расхода'!P56,IF('Базовые цены с учетом расхода'!P56<0,'Базовые цены с учетом расхода'!P56,\"\"))","v":""}]
[null,null,"НР от ЗПМ",null,null,null,null,{"$f":"IF('Текущие цены с учетом расхода'!Q56>0,'Текущие цены с учетом расхода'!Q56,IF('Текущие цены с учетом расхода'!Q56<0,'Текущие цены с учетом расхода'!Q56,\"\"))","v":""},null,"Nakl_ZPM",null,null,null,{"$f":"IF('Базовые цены с учетом расхода'!Q56>0,'Базовые цены с учетом расхода'!Q56,IF('Базовые цены с учетом расхода'!Q56<0,'Базовые цены с учетом расхода'!Q56,\"\"))","v":""}]
[null,null,"Плановые накопления / Сметная прибыль",null,null,null,8,{"$f":"IF('Текущие цены с учетом расхода'!O56>0,'Текущие цены с учетом расхода'!O56,IF('Текущие цены с учетом расхода'!O56<0,'Текущие цены с учетом расхода'!O56,\"\"))","v":17},null,"Plan",null,null,8,{"$f":"IF('Базовые цены с учетом расхода'!O56>0,'Базовые цены с учетом расхода'!O56,IF('Базовые цены с учетом расхода'!O56<0,'Базовые цены с учетом расхода'!O56,\"\"))","v":2}]
[null,null,"СП от ЗПР",null,null,null,null,{"$f":"IF('Текущие цены с учетом расхода'!R56>0,'Текущие цены с учетом расхода'!R56,IF('Текущие цены с учетом расхода'!R56<0,'Текущие цены с учетом расхода'!R56,\"\"))","v":""},null,"Plan_ZPR",null,null,null,{"$f":"IF('Базовые цены с учетом расхода'!R56>0,'Базовые цены с учетом расхода'!R56,IF('Базовые цены с учетом расхода'!R56<0,'Базовые цены с учетом расхода'!R56,\"\"))","v":""}]
[null,null,"СП от ЗПМ",null,null,null,null,{"$f":"IF('Текущие цены с учетом расхода'!S56>0,'Текущие цены с учетом расхода'!S56,IF('Текущие цены с учетом расхода'!S56<0,'Текущие цены с учетом расхода'!S56,\"\"))","v":""},null,"Plan_ZPM",null,null,null,{"$f":"IF('Базовые цены с учетом расхода'!S56>0,'Базовые цены с учетом расхода'!S56,IF('Базовые цены с учетом расхода'!S56<0,'Базовые цены с учетом расхода'!S56,\"\"))","v":""}]
["52.","ГЭСНс 01-03-001-01","Окрашивание оголовков труб известковым составом","100 м2",null,0.01,{"$f":"ROUND(СУММПРОИЗВЕСЛИ(1,I1223:I1231,\"s\",E1223:E1231,G1223:G1231,0),2)+SUMIF(I1223:I1246,\"=NenormMatOtZPR\",G1223:G1246)","v":3082.7},{"$f":"ROUND(СУММПРОИЗВЕСЛИ(F1223,I1223:I1231,\"s\",E1223:E1231,G1223:G1231,0),0)+SUMIF(I1223:I1246,\"=NenormMatOtZPR\",H1223:H1246)","v":31},"sum",null,null,null,{"$f":"ROUND(СУММПРОИЗВЕСЛИ(1,I1223:I1231,\"s\",E1223:E1231,M1223:M1231,0),2)+SUMIF(I1223:I1246,\"=NenormMatOtZPR\",M1223:M1246)","v":377.78},{"$f":"ROUND(СУММПРОИЗВЕСЛИ(F1223,I1223:I1231,\"s\",E1223:E1231,M1223:M1231,0),0)+SUMIF(I1223:I1246,\"=NenormMatOtZPR\",N1223:N1246)","v":4}]
["52. 1.","2","Затраты труда машинистов","чел.-ч",{"$f":"ОКРУГЛВСЕ(СУММПРОИЗВЕСЛИ(1,K1223:K1231,\"mWithZTM\",D1223:D1231,E1223:E1231,-1)+СУММКОЭФПРОЦЕНТЕСЛИ(1,1,K1223:K1231,\"mWithZTM_Proch\",E1223:E1231,-1),11)","v":3.05},{"$f":"ОКРУГЛВСЕ(СУММПРОИЗВЕСЛИ(1,K1223:K1231,\"mWithZTM\",D1223:D1231,F1223:F1231,-1)+СУММКОЭФПРОЦЕНТЕСЛИ(1,1,K1223:K1231,\"mWithZTM_Proch\",F1223:F1231,-1),11)","v":3.0499999999999999E-2},{"$f":"IF(F1224=0,0,ROUND(H1224/F1224,3))","v":163.934},{"$f":"ROUND(СУММЕСЛИДА1НЕ1(L1223:L1231,\"mWithZPM\",D1223:D1231,0,H1223:H1231),0)","v":5},null,"Ж",null,null,{"$f":"IF(F1224=0,0,ROUND(N1224/F1224,3))","v":0},{"$f":"ROUND(СУММЕСЛИДА1НЕ1(L1223:L1231,\"mWithZPM\",D1223:D1231,0,N1223:N1231),0)","v":0}]
["52. 2.",{"$f":"ПОЛУЧШИФР(Ресурсы!A4,1)","v":"0-4002"},{"$f":"Ресурсы!B4","v":"Дорожный рабочий 2 разряда"},"чел.-ч",6.1,{"$f":"ОКРУГЛВСЕ(IF(E1225=\"\",0,E1225)*IF(F1223=\"\",0,F1223),11)","v":6.0999999999999999E-2},{"$f":"Ресурсы!D4","v":100.57},{"$f":"ROUND(IF(F1225=\"\",0,F1225)*IF(G1225=\"\",0,G1225),0)","v":6},"s","Г",null,null,{"$f":"Ресурсы!C4","v":7.8},{"$f":"ROUND(IF(F1225=\"\",0,F1225)*IF(M1225=\"\",0,M1225),0)","v":0}]
["52. 3.",{"$f":"ПОЛУЧШИФР(Ресурсы!A5,1)","v":"0-4003"},{"$f":"Ресурсы!B5","v":"Дорожный рабочий 3 разряда"},"чел.-ч",6.1,{"$f":"ОКРУГЛВСЕ(IF(E1226=\"\",0,E1226)*IF(F1223=\"\",0,F1223),11)","v":6.0999999999999999E-2},{"$f":"Ресурсы!D5","v":109.94},{"$f":"ROUND(IF(F1226=\"\",0,F1226)*IF(G1226=\"\",0,G1226),0)","v":7},"s","Г",null,null,{"$f":"Ресурсы!C5","v":8.5299999999999994},{"$f":"ROUND(IF(F1226=\"\",0,F1226)*IF(M1226=\"\",0,M1226),0)","v":1}]
["52. 4.",{"$f":"ПОЛУЧШИФР(Ресурсы!A96,1)","v":"СЦЭСМ 121550"},{"$f":"Ресурсы!B96","v":"Машины дорожной службы (машина дорожного мастера)"},"маш.-ч",3.05,{"$f":"ОКРУГЛВСЕ(IF(E1227=\"\",0,E1227)*IF(F1223=\"\",0,F1223),11)","v":3.0499999999999999E-2},{"$f":"Ресурсы!D96","v":552.54999999999995},{"$f":"ROUND(IF(F1227=\"\",0,F1227)*IF(G1227=\"\",0,G1227),0)","v":17},"s","IsMash",null,null,{"$f":"Ресурсы!C96","v":86.5},{"$f":"ROUND(IF(F1227=\"\",0,F1227)*IF(M1227=\"\",0,M1227),0)","v":3}]
[null,null,null,{"$f":"Ресурсы!G96","v":1},null,null,{"$f":"Ресурсы!F96","v":149.81},{"$f":"ROUND(IF(F1227=\"\",0,F1227)*IF(G1228=\"\",0,G1228),0)","v":5},null,null,"mWithZTM","mWithZPM",{"$f":"Ресурсы!E96","v":11.6},{"$f":"ROUND(IF(F1227=\"\",0,F1227)*IF(M1228=\"\",0,M1228),0)","v":0}]
["52. 5.",{"$f":"ПОЛУЧШИФР(Ресурсы!A31,0)","v":"с101-3561"},{"$f":"Ресурсы!B31","v":"Олифа комбинированная ОКСОЛЬ"},"т",1.2700000000000001E-3,{"$f":"ОКРУГЛВСЕ(IF(E1229=\"\",0,E1229)*IF(F1223=\"\",0,F1223),11)","v":1.27E-5},{"$f":"ROUND(Ресурсы!D31*Начисления!AV57,2)","v":45007.83},{"$f":"ROUND(IF(F1229=\"\",0,F1229)*IF(G1229=\"\",0,G1229),0)","v":1},"s","IsMater",null,null,{"$f":"ROUND(Ресурсы!C31*Начисления!AV57,2)","v":0},{"$f":"ROUND(IF(F1229=\"\",0,F1229)*IF(M1229=\"\",0,M1229),0)","v":0}]
["52. 6.",{"$f":"ПОЛУЧШИФР(Ресурсы!A48,1)","v":"ССЦ 405-0253"},{"$f":"Ресурсы!B48","v":"Известь строительная негашеная комовая, сорт I"},"т",1.9099999999999999E-2,{"$f":"ОКРУГЛВСЕ(IF(E1230=\"\",0,E1230)*IF(F1223=\"\",0,F1223),11)","v":1.9100000000000001E-4},{"$f":"ROUND(Ресурсы!D48*Начисления!AV57,2)","v":2867.94},{"$f":"ROUND(IF(F1230=\"\",0,F1230)*IF(G1230=\"\",0,G1230),0)","v":1},"s","IsMater",null,null,{"$f":"ROUND(Ресурсы!C48*Начисления!AV57,2)","v":734.5},{"$f":"ROUND(IF(F1230=\"\",0,F1230)*IF(M1230=\"\",0,M1230),0)","v":0}]
["52. 7.",{"$f":"ПОЛУЧШИФР(Ресурсы!A64,1)","v":"ССЦ 411-0001"},{"$f":"Ресурсы!B64","v":"Вода"},"м3",0.127,{"$f":"ОКРУГЛВСЕ(IF(E1231=\"\",0,E1231)*IF(F1223=\"\",0,F1223),11)","v":1.2700000000000001E-3},{"$f":"ROUND(Ресурсы!D64*Начисления!AV57,2)","v":10.85},{"$f":"ROUND(IF(F1231=\"\",0,F1231)*IF(G1231=\"\",0,G1231),0)","v":0},"s","IsMater",null,null,{"$f":"ROUND(Ресурсы!C64*Начисления!AV57,2)","v":2.44},{"$f":"ROUND(IF(F1231=\"\",0,F1231)*IF(M1231=\"\",0,M1231),0)","v":0}]
[null,null,"Зарплата рабочих",null,null,null,null,13,null,null,null,null,null,1]
[null,null,"Эксплуатация машин",null,null,null,null,17,null,null,null,null,null,3]
[null,null,"в т.ч. зарплата машинистов",null,null,null,null,5]
[null,null,"Материалы",null,null,null,null,1]
[null,null,"в т.ч. Вспомогательные материалы от стоимости материалов"]
[null,null,"в т.ч. Вспомогательные ненормируемые материалы",null,null,null,null,null,"NenormMatOtZPR"]
[null,null,"в т.ч. Ненормированная з.п. рабочих"]
[null,null,"в т.ч. Ненормированная стоимость эксплуатации машин"]
[null,null,"в т.ч. Ненормированная оплата механизаторов"]
[null,null,"Накладные расходы",null,null,null,11.7,{"$f":"IF('Текущие цены с учетом расхода'!N57>0,'Текущие цены с учетом расхода'!N57,IF('Текущие цены с учетом расхода'!N57<0,'Текущие цены с учетом расхода'!N57,\"\"))","v":4},null,"Nakl",null,null,11.7,{"$f":"IF('Базовые цены с учетом расхода'!N57>0,'Базовые цены с учетом расхода'!N57,IF('Базовые цены с учетом расхода'!N57<0,'Базовые цены с учетом расхода'!N57,\"\"))","v":""}]
[null,null,"НР от ЗПР",null,null,null,null,{"$f":"IF('Текущие цены с учетом расхода'!P57>0,'Текущие цены с учетом расхода'!P57,IF('Текущие цены с учетом расхода'!P57<0,'Текущие цены с учетом расхода'!P57,\"\"))","v":""},null,"Nakl_ZPR",null,null,null,{"$f":"IF('Базовые цены с учетом расхода'!P57>0,'Базовые цены с учетом расхода'!P57,IF('Базовые цены с учетом расхода'!P57<0,'Базовые цены с учетом расхода'!P57,\"\"))","v":""}]
[null,null,"НР от ЗПМ",null,null,null,null,{"$f":"IF('Текущие цены с учетом расхода'!Q57>0,'Текущие цены с учетом расхода'!Q57,IF('Текущие цены с учетом расхода'!Q57<0,'Текущие цены с учетом расхода'!Q57,\"\"))","v":""},null,"Nakl_ZPM",null,null,null,{"$f":"IF('Базовые цены с учетом расхода'!Q57>0,'Базовые цены с учетом расхода'!Q57,IF('Базовые цены с учетом расхода'!Q57<0,'Базовые цены с учетом расхода'!Q57,\"\"))","v":""}]
[null,null,"Плановые накопления / Сметная прибыль",null,null,null,8,{"$f":"IF('Текущие цены с учетом расхода'!O57>0,'Текущие цены с учетом расхода'!O57,IF('Текущие цены с учетом расхода'!O57<0,'Текущие цены с учетом расхода'!O57,\"\"))","v":3},null,"Plan",null,null,8,{"$f":"IF('Базовые цены с учетом расхода'!O57>0,'Базовые цены с учетом расхода'!O57,IF('Базовые цены с учетом расхода'!O57<0,'Базовые цены с учетом расхода'!O57,\"\"))","v":""}]
[null,null,"СП от ЗПР",null,null,null,null,{"$f":"IF('Текущие цены с учетом расхода'!R57>0,'Текущие цены с учетом расхода'!R57,IF('Текущие цены с учетом расхода'!R57<0,'Текущие цены с учетом расхода'!R57,\"\"))","v":""},null,"Plan_ZPR",null,null,null,{"$f":"IF('Базовые цены с учетом расхода'!R57>0,'Базовые цены с учетом расхода'!R57,IF('Базовые цены с учетом расхода'!R57<0,'Базовые цены с учетом расхода'!R57,\"\"))","v":""}]
[null,null,"СП от ЗПМ",null,null,null,null,{"$f":"IF('Текущие цены с учетом расхода'!S57>0,'Текущие цены с учетом расхода'!S57,IF('Текущие цены с учетом расхода'!S57<0,'Текущие цены с учетом расхода'!S57,\"\"))","v":""},null,"Plan_ZPM",null,null,null,{"$f":"IF('Базовые цены с учетом расхода'!S57>0,'Базовые цены с учетом расхода'!S57,IF('Базовые цены с учетом расхода'!S57<0,'Базовые цены с учетом расхода'!S57,\"\"))","v":""}]
["53.","ГЭСНс 01-07-015-01","Выкашивание газонов газонокосилками моторными","1000 м2",null,7.1999999999999995E-2,{"$f":"ROUND(СУММПРОИЗВЕСЛИ(1,I1247:I1251,\"s\",E1247:E1251,G1247:G1251,0),2)+SUMIF(I1247:I1266,\"=NenormMatOtZPR\",G1247:G1266)","v":857.66},{"$f":"ROUND(СУММПРОИЗВЕСЛИ(F1247,I1247:I1251,\"s\",E1247:E1251,G1247:G1251,0),0)+SUMIF(I1247:I1266,\"=NenormMatOtZPR\",H1247:H1266)","v":62},"sum",null,null,null,{"$f":"ROUND(СУММПРОИЗВЕСЛИ(1,I1247:I1251,\"s\",E1247:E1251,M1247:M1251,0),2)+SUMIF(I1247:I1266,\"=NenormMatOtZPR\",M1247:M1266)","v":120.47},{"$f":"ROUND(СУММПРОИЗВЕСЛИ(F1247,I1247:I1251,\"s\",E1247:E1251,M1247:M1251,0),0)+SUMIF(I1247:I1266,\"=NenormMatOtZPR\",N1247:N1266)","v":9}]
["53. 0.","З1000-0001","Затраты труда машинистов","чел.ч",0,0,{"$f":"IF(F1248=0,0,ROUND(H1248/F1248,3))","v":0},null,null,"Ж",null,null,{"$f":"IF(F1248=0,0,ROUND(N1248/F1248,3))","v":0}]
["53. 1.",{"$f":"ПОЛУЧШИФР(Ресурсы!A3,1)","v":"0-4001"},{"$f":"Ресурсы!B3","v":"Дорожный рабочий 1 разряда"},"чел.-ч",1.65,{"$f":"ОКРУГЛВСЕ(IF(E1249=\"\",0,E1249)*IF(F1247=\"\",0,F1247),11)","v":0.1188},{"$f":"Ресурсы!D3","v":92.69},{"$f":"ROUND(IF(F1249=\"\",0,F1249)*IF(G1249=\"\",0,G1249),0)","v":11},"s","Г",null,null,{"$f":"Ресурсы!C3","v":7.19},{"$f":"ROUND(IF(F1249=\"\",0,F1249)*IF(M1249=\"\",0,M1249),0)","v":1}]
["53. 2.",{"$f":"ПОЛУЧШИФР(Ресурсы!A5,1)","v":"0-4003"},{"$f":"Ресурсы!B5","v":"Дорожный рабочий 3 разряда"},"чел.-ч",3.5,{"$f":"ОКРУГЛВСЕ(IF(E1250=\"\",0,E1250)*IF(F1247=\"\",0,F1247),11)","v":0.252},{"$f":"Ресурсы!D5","v":109.94},{"$f":"ROUND(IF(F1250=\"\",0,F1250)*IF(G1250=\"\",0,G1250),0)","v":28},"s","Г",null,null,{"$f":"Ресурсы!C5","v":8.5299999999999994},{"$f":"ROUND(IF(F1250=\"\",0,F1250)*IF(M1250=\"\",0,M1250),0)","v":2}]
["53. 3.",{"$f":"ПОЛУЧШИФР(Ресурсы!A83,1)","v":"СЦЭСМ 092402"},{"$f":"Ресурсы!B83","v":"Газонокосилки моторные"},"маш.-ч",3.5,{"$f":"ОКРУГЛВСЕ(IF(E1251=\"\",0,E1251)*IF(F1247=\"\",0,F1247),11)","v":0.252},{"$f":"Ресурсы!D83","v":91.41},{"$f":"ROUND(IF(F1251=\"\",0,F1251)*IF(G1251=\"\",0,G1251),0)","v":23},"s","IsMash",null,null,{"$f":"Ресурсы!C83","v":22.5},{"$f":"ROUND(IF(F1251=\"\",0,F1251)*IF(M1251=\"\",0,M1251),0)","v":6}]
[null,null,"Зарплата рабочих",null,null,null,null,39,null,null,null,null,null,3]
[null,null,"Эксплуатация машин",null,null,null,null,23,null,null,null,null,null,6]
[null,null,"в т.ч. зарплата машинистов"]
[null,null,"Материалы"]
[null,null,"в т.ч. Вспомогательные материалы от стоимости материалов"]
[null,null,"в т.ч. Вспомогательные ненормируемые материалы",null,null,null,null,null,"NenormMatOtZPR"]
[null,null,"в т.ч. Ненормированная з.п. рабочих"]
[null,null,"в т.ч. Ненормированная стоимость эксплуатации машин"]
[null,null,"в т.ч. Ненормированная оплата механизаторов"]
[null,null,"Накладные расходы",null,null,null,11.7,{"$f":"IF('Текущие цены с учетом расхода'!N58>0,'Текущие цены с учетом расхода'!N58,IF('Текущие цены с учетом расхода'!N58<0,'Текущие цены с учетом расхода'!N58,\"\"))","v":7},null,"Nakl",null,null,11.7,{"$f":"IF('Базовые цены с учетом расхода'!N58>0,'Базовые цены с учетом расхода'!N58,IF('Базовые цены с учетом расхода'!N58<0,'Базовые цены с учетом расхода'!N58,\"\"))","v":1}]
[null,null,"НР от ЗПР",null,null,null,null,{"$f":"IF('Текущие цены с учетом расхода'!P58>0,'Текущие цены с учетом расхода'!P58,IF('Текущие цены с учетом расхода'!P58<0,'Текущие цены с учетом расхода'!P58,\"\"))","v":""},null,"Nakl_ZPR",null,null,null,{"$f":"IF('Базовые цены с учетом расхода'!P58>0,'Базовые цены с учетом расхода'!P58,IF('Базовые цены с учетом расхода'!P58<0,'Базовые цены с учетом расхода'!P58,\"\"))","v":""}]
[null,null,"НР от ЗПМ",null,null,null,null,{"$f":"IF('Текущие цены с учетом расхода'!Q58>0,'Текущие цены с учетом расхода'!Q58,IF('Текущие цены с учетом расхода'!Q58<0,'Текущие цены с учетом расхода'!Q58,\"\"))","v":""},null,"Nakl_ZPM",null,null,null,{"$f":"IF('Базовые цены с учетом расхода'!Q58>0,'Базовые цены с учетом расхода'!Q58,IF('Базовые цены с учетом расхода'!Q58<0,'Базовые цены с учетом расхода'!Q58,\"\"))","v":""}]
[null,null,"Плановые накопления / Сметная прибыль",null,null,null,8,{"$f":"IF('Текущие цены с учетом расхода'!O58>0,'Текущие цены с учетом расхода'!O58,IF('Текущие цены с учетом расхода'!O58<0,'Текущие цены с учетом расхода'!O58,\"\"))","v":6},null,"Plan",null,null,8,{"$f":"IF('Базовые цены с учетом расхода'!O58>0,'Базовые цены с учетом расхода'!O58,IF('Базовые цены с учетом расхода'!O58<0,'Базовые цены с учетом расхода'!O58,\"\"))","v":1}]
[null,null,"СП от ЗПР",null,null,null,null,{"$f":"IF('Текущие цены с учетом расхода'!R58>0,'Текущие цены с учетом расхода'!R58,IF('Текущие цены с учетом расхода'!R58<0,'Текущие цены с учетом расхода'!R58,\"\"))","v":""},null,"Plan_ZPR",null,null,null,{"$f":"IF('Базовые цены с учетом расхода'!R58>0,'Базовые цены с учетом расхода'!R58,IF('Базовые цены с учетом расхода'!R58<0,'Базовые цены с учетом расхода'!R58,\"\"))","v":""}]
[null,null,"СП от ЗПМ",null,null,null,null,{"$f":"IF('Текущие цены с учетом расхода'!S58>0,'Текущие цены с учетом расхода'!S58,IF('Текущие цены с учетом расхода'!S58<0,'Текущие цены с учетом расхода'!S58,\"\"))","v":""},null,"Plan_ZPM",null,null,null,{"$f":"IF('Базовые цены с учетом расхода'!S58>0,'Базовые цены с учетом расхода'!S58,IF('Базовые цены с учетом расхода'!S58<0,'Базовые цены с учетом расхода'!S58,\"\"))","v":""}]
["54.","ГЭСНс 01-03-005-01","Ремонт лотков и укрепление русел труб и малых мостов бетоном","10 м2",null,7.0999999999999994E-2,{"$f":"ROUND(СУММПРОИЗВЕСЛИ(1,I1267:I1277,\"s\",E1267:E1277,G1267:G1277,0),2)+SUMIF(I1267:I1292,\"=NenormMatOtZPR\",G1267:G1292)","v":6632.19},{"$f":"ROUND(СУММПРОИЗВЕСЛИ(F1267,I1267:I1277,\"s\",E1267:E1277,G1267:G1277,0),0)+SUMIF(I1267:I1292,\"=NenormMatOtZPR\",H1267:H1292)","v":471},"sum",null,null,null,{"$f":"ROUND(СУММПРОИЗВЕСЛИ(1,I1267:I1277,\"s\",E1267:E1277,M1267:M1277,0),2)+SUMIF(I1267:I1292,\"=NenormMatOtZPR\",M1267:M1292)","v":455},{"$f":"ROUND(СУММПРОИЗВЕСЛИ(F1267,I1267:I1277,\"s\",E1267:E1277,M1267:M1277,0),0)+SUMIF(I1267:I1292,\"=NenormMatOtZPR\",N1267:N1292)","v":32}]
["54. 1.","2","Затраты труда машинистов","чел.-ч",{"$f":"ОКРУГЛВСЕ(СУММПРОИЗВЕСЛИ(1,K1267:K1277,\"mWithZTM\",D1267:D1277,E1267:E1277,-1)+СУММКОЭФПРОЦЕНТЕСЛИ(1,1,K1267:K1277,\"mWithZTM_Proch\",E1267:E1277,-1),11)","v":3.26},{"$f":"ОКРУГЛВСЕ(СУММПРОИЗВЕСЛИ(1,K1267:K1277,\"mWithZTM\",D1267:D1277,F1267:F1277,-1)+СУММКОЭФПРОЦЕНТЕСЛИ(1,1,K1267:K1277,\"mWithZTM_Proch\",F1267:F1277,-1),11)","v":0.23146},{"$f":"IF(F1268=0,0,ROUND(H1268/F1268,3))","v":151.214},{"$f":"ROUND(СУММЕСЛИДА1НЕ1(L1267:L1277,\"mWithZPM\",D1267:D1277,0,H1267:H1277),0)","v":35},null,"Ж",null,null,{"$f":"IF(F1268=0,0,ROUND(N1268/F1268,3))","v":12.961},{"$f":"ROUND(СУММЕСЛИДА1НЕ1(L1267:L1277,\"mWithZPM\",D1267:D1277,0,N1267:N1277),0)","v":3}]
["54. 2.",{"$f":"ПОЛУЧШИФР(Ресурсы!A4,1)","v":"0-4002"},{"$f":"Ресурсы!B4","v":"Дорожный рабочий 2 разряда"},"чел.-ч",6.52,{"$f":"ОКРУГЛВСЕ(IF(E1269=\"\",0,E1269)*IF(F1267=\"\",0,F1267),11)","v":0.46292},{"$f":"Ресурсы!D4","v":100.57},{"$f":"ROUND(IF(F1269=\"\",0,F1269)*IF(G1269=\"\",0,G1269),0)","v":47},"s","Г",null,null,{"$f":"Ресурсы!C4","v":7.8},{"$f":"ROUND(IF(F1269=\"\",0,F1269)*IF(M1269=\"\",0,M1269),0)","v":4}]
["54. 3.",{"$f":"ПОЛУЧШИФР(Ресурсы!A5,1)","v":"0-4003"},{"$f":"Ресурсы!B5","v":"Дорожный рабочий 3 разряда"},"чел.-ч",13.04,{"$f":"ОКРУГЛВСЕ(IF(E1270=\"\",0,E1270)*IF(F1267=\"\",0,F1267),11)","v":0.92584},{"$f":"Ресурсы!D5","v":109.94},{"$f":"ROUND(IF(F1270=\"\",0,F1270)*IF(G1270=\"\",0,G1270),0)","v":102},"s","Г",null,null,{"$f":"Ресурсы!C5","v":8.5299999999999994},{"$f":"ROUND(IF(F1270=\"\",0,F1270)*IF(M1270=\"\",0,M1270),0)","v":8}]
["54. 4.",{"$f":"ПОЛУЧШИФР(Ресурсы!A96,1)","v":"СЦЭСМ 121550"},{"$f":"Ресурсы!B96","v":"Машины дорожной службы (машина дорожного мастера)"},"маш.-ч",3.26,{"$f":"ОКРУГЛВСЕ(IF(E1271=\"\",0,E1271)*IF(F1267=\"\",0,F1267),11)","v":0.23146},{"$f":"Ресурсы!D96","v":552.54999999999995},{"$f":"ROUND(IF(F1271=\"\",0,F1271)*IF(G1271=\"\",0,G1271),0)","v":128},"s","IsMash",null,null,{"$f":"Ресурсы!C96","v":86.5},{"$f":"ROUND(IF(F1271=\"\",0,F1271)*IF(M1271=\"\",0,M1271),0)","v":20}]
[null,null,null,{"$f":"Ресурсы!G96","v":1},null,null,{"$f":"Ресурсы!F96","v":149.81},{"$f":"ROUND(IF(F1271=\"\",0,F1271)*IF(G1272=\"\",0,G1272),0)","v":35},null,null,"mWithZTM","mWithZPM",{"$f":"Ресурсы!E96","v":11.6},{"$f":"ROUND(IF(F1271=\"\",0,F1271)*IF(M1272=\"\",0,M1272),0)","v":3}]
["54. 5.",{"$f":"ПОЛУЧШИФР(Ресурсы!A17,0)","v":"с101-1305"},{"$f":"Ресурсы!B17","v":"Портландцемент общестроительного назначения бездобавочный, марки: 400"},"т",0.28999999999999998,{"$f":"ОКРУГЛВСЕ(IF(E1273=\"\",0,E1273)*IF(F1267=\"\",0,F1267),11)","v":2.0590000000000001E-2},{"$f":"ROUND(Ресурсы!D17*Начисления!AV59,2)","v":3708.31},{"$f":"ROUND(IF(F1273=\"\",0,F1273)*IF(G1273=\"\",0,G1273),0)","v":76},"s","IsMater",null,null,{"$f":"ROUND(Ресурсы!C17*Начисления!AV59,2)","v":0},{"$f":"ROUND(IF(F1273=\"\",0,F1273)*IF(M1273=\"\",0,M1273),0)","v":0}]
["54. 6.",{"$f":"ПОЛУЧШИФР(Ресурсы!A40,1)","v":"ССЦ 102-0113"},{"$f":"Ресурсы!B40","v":"Доски обрезные хвойных пород длиной 2-3,75 м, шириной 75-150 мм, толщиной 25 мм, III сорта"},"м3",0.01,{"$f":"ОКРУГЛВСЕ(IF(E1274=\"\",0,E1274)*IF(F1267=\"\",0,F1267),11)","v":7.1000000000000002E-4},{"$f":"ROUND(Ресурсы!D40*Начисления!AV59,2)","v":3774.49},{"$f":"ROUND(IF(F1274=\"\",0,F1274)*IF(G1274=\"\",0,G1274),0)","v":3},"s","IsMater",null,null,{"$f":"ROUND(Ресурсы!C40*Начисления!AV59,2)","v":1045},{"$f":"ROUND(IF(F1274=\"\",0,F1274)*IF(M1274=\"\",0,M1274),0)","v":1}]
["54. 7.",{"$f":"ПОЛУЧШИФР(Ресурсы!A54,0)","v":"с408-0023"},{"$f":"Ресурсы!B54","v":"Щебень из природного камня для строительных работ марка: 400, фракция 20-40 мм"},"м3",1.17,{"$f":"ОКРУГЛВСЕ(IF(E1275=\"\",0,E1275)*IF(F1267=\"\",0,F1267),11)","v":8.3070000000000005E-2},{"$f":"ROUND(Ресурсы!D54*Начисления!AV59,2)","v":1269.01},{"$f":"ROUND(IF(F1275=\"\",0,F1275)*IF(G1275=\"\",0,G1275),0)","v":105},"s","IsMater",null,null,{"$f":"ROUND(Ресурсы!C54*Начисления!AV59,2)","v":0},{"$f":"ROUND(IF(F1275=\"\",0,F1275)*IF(M1275=\"\",0,M1275),0)","v":0}]
["54. 8.",{"$f":"ПОЛУЧШИФР(Ресурсы!A57,0)","v":"с408-0124"},{"$f":"Ресурсы!B57","v":"Песок природный для стрительных работ мелкий"},"м3",1,{"$f":"ОКРУГЛВСЕ(IF(E1276=\"\",0,E1276)*IF(F1267=\"\",0,F1267),11)","v":7.0999999999999994E-2},{"$f":"ROUND(Ресурсы!D57*Начисления!AV59,2)","v":141.55000000000001},{"$f":"ROUND(IF(F1276=\"\",0,F1276)*IF(G1276=\"\",0,G1276),0)","v":10},"s","IsMater",null,null,{"$f":"ROUND(Ресурсы!C57*Начисления!AV59,2)","v":0},{"$f":"ROUND(IF(F1276=\"\",0,F1276)*IF(M1276=\"\",0,M1276),0)","v":0}]
["54. 9.",{"$f":"ПОЛУЧШИФР(Ресурсы!A64,1)","v":"ССЦ 411-0001"},{"$f":"Ресурсы!B64","v":"Вода"},"м3",0.193,{"$f":"ОКРУГЛВСЕ(IF(E1277=\"\",0,E1277)*IF(F1267=\"\",0,F1267),11)","v":1.3703E-2},{"$f":"ROUND(Ресурсы!D64*Начисления!AV59,2)","v":10.85},{"$f":"ROUND(IF(F1277=\"\",0,F1277)*IF(G1277=\"\",0,G1277),0)","v":0},"s","IsMater",null,null,{"$f":"ROUND(Ресурсы!C64*Начисления!AV59,2)","v":2.44},{"$f":"ROUND(IF(F1277=\"\",0,F1277)*IF(M1277=\"\",0,M1277),0)","v":0}]
[null,null,"Зарплата рабочих",null,null,null,null,148,null,null,null,null,null,12]
[null,null,"Эксплуатация машин",null,null,null,null,128,null,null,null,null,null,20]
[null,null,"в т.ч. зарплата машинистов",null,null,null,null,35,null,null,null,null,null,3]
[null,null,"Материалы",null,null,null,null,195,null,null,null,null,null,1]
[null,null,"в т.ч. Вспомогательные материалы от стоимости материалов"]
[null,null,"в т.ч. Вспомогательные ненормируемые материалы",null,null,null,null,null,"NenormMatOtZPR"]
[null,null,"в т.ч. Ненормированная з.п. рабочих"]
[null,null,"в т.ч. Ненормированная стоимость эксплуатации машин"]
[null,null,"в т.ч. Ненормированная оплата механизаторов"]
[null,null,"Накладные расходы",null,null,null,11.7,{"$f":"IF('Текущие цены с учетом расхода'!N59>0,'Текущие цены с учетом расхода'!N59,IF('Текущие цены с учетом расхода'!N59<0,'Текущие цены с учетом расхода'!N59,\"\"))","v":55},null,"Nakl",null,null,11.7,{"$f":"IF('Базовые цены с учетом расхода'!N59>0,'Базовые цены с учетом расхода'!N59,IF('Базовые цены с учетом расхода'!N59<0,'Базовые цены с учетом расхода'!N59,\"\"))","v":4}]
[null,null,"НР от ЗПР",null,null,null,null,{"$f":"IF('Текущие цены с учетом расхода'!P59>0,'Текущие цены с учетом расхода'!P59,IF('Текущие цены с учетом расхода'!P59<0,'Текущие цены с учетом расхода'!P59,\"\"))","v":""},null,"Nakl_ZPR",null,null,null,{"$f":"IF('Базовые цены с учетом расхода'!P59>0,'Базовые цены с учетом расхода'!P59,IF('Базовые цены с учетом расхода'!P59<0,'Базовые цены с учетом расхода'!P59,\"\"))","v":""}]
[null,null,"НР от ЗПМ",null,null,null,null,{"$f":"IF('Текущие цены с учетом расхода'!Q59>0,'Текущие цены с учетом расхода'!Q59,IF('Текущие цены с учетом расхода'!Q59<0,'Текущие цены с учетом расхода'!Q59,\"\"))","v":""},null,"Nakl_ZPM",null,null,null,{"$f":"IF('Базовые цены с учетом расхода'!Q59>0,'Базовые цены с учетом расхода'!Q59,IF('Базовые цены с учетом расхода'!Q59<0,'Базовые цены с учетом расхода'!Q59,\"\"))","v":""}]
[null,null,"Плановые накопления / Сметная прибыль",null,null,null,8,{"$f":"IF('Текущие цены с учетом расхода'!O59>0,'Текущие цены с учетом расхода'!O59,IF('Текущие цены с учетом расхода'!O59<0,'Текущие цены с учетом расхода'!O59,\"\"))","v":42},null,"Plan",null,null,8,{"$f":"IF('Базовые цены с учетом расхода'!O59>0,'Базовые цены с учетом расхода'!O59,IF('Базовые цены с учетом расхода'!O59<0,'Базовые цены с учетом расхода'!O59,\"\"))","v":3}]
[null,null,"СП от ЗПР",null,null,null,null,{"$f":"IF('Текущие цены с учетом расхода'!R59>0,'Текущие цены с учетом расхода'!R59,IF('Текущие цены с учетом расхода'!R59<0,'Текущие цены с учетом расхода'!R59,\"\"))","v":""},null,"Plan_ZPR",null,null,null,{"$f":"IF('Базовые цены с учетом расхода'!R59>0,'Базовые цены с учетом расхода'!R59,IF('Базовые цены с учетом расхода'!R59<0,'Базовые цены с учетом расхода'!R59,\"\"))","v":""}]
[null,null,"СП от ЗПМ",null,null,null,null,{"$f":"IF('Текущие цены с учетом расхода'!S59>0,'Текущие цены с учетом расхода'!S59,IF('Текущие цены с учетом расхода'!S59<0,'Текущие цены с учетом расхода'!S59,\"\"))","v":""},null,"Plan_ZPM",null,null,null,{"$f":"IF('Базовые цены с учетом расхода'!S59>0,'Базовые цены с учетом расхода'!S59,IF('Базовые цены с учетом расхода'!S59<0,'Базовые цены с учетом расхода'!S59,\"\"))","v":""}]
["55.","ГЭСНс 01-03-003-02","Конопатка швов в железобетонных трубах","10 м шва",null,0.92,{"$f":"ROUND(СУММПРОИЗВЕСЛИ(1,I1293:I1299,\"s\",E1293:E1299,G1293:G1299,0),2)+SUMIF(I1293:I1314,\"=NenormMatOtZPR\",G1293:G1314)","v":540.9},{"$f":"ROUND(СУММПРОИЗВЕСЛИ(F1293,I1293:I1299,\"s\",E1293:E1299,G1293:G1299,0),0)+SUMIF(I1293:I1314,\"=NenormMatOtZPR\",H1293:H1314)","v":498},"sum",null,null,null,{"$f":"ROUND(СУММПРОИЗВЕСЛИ(1,I1293:I1299,\"s\",E1293:E1299,M1293:M1299,0),2)+SUMIF(I1293:I1314,\"=NenormMatOtZPR\",M1293:M1314)","v":56.1},{"$f":"ROUND(СУММПРОИЗВЕСЛИ(F1293,I1293:I1299,\"s\",E1293:E1299,M1293:M1299,0),0)+SUMIF(I1293:I1314,\"=NenormMatOtZPR\",N1293:N1314)","v":52}]
["55. 1.","2","Затраты труда машинистов","чел.-ч",{"$f":"ОКРУГЛВСЕ(СУММПРОИЗВЕСЛИ(1,K1293:K1299,\"mWithZTM\",D1293:D1299,E1293:E1299,-1)+СУММКОЭФПРОЦЕНТЕСЛИ(1,1,K1293:K1299,\"mWithZTM_Proch\",E1293:E1299,-1),11)","v":0.2},{"$f":"ОКРУГЛВСЕ(СУММПРОИЗВЕСЛИ(1,K1293:K1299,\"mWithZTM\",D1293:D1299,F1293:F1299,-1)+СУММКОЭФПРОЦЕНТЕСЛИ(1,1,K1293:K1299,\"mWithZTM_Proch\",F1293:F1299,-1),11)","v":0.184},{"$f":"IF(F1294=0,0,ROUND(H1294/F1294,3))","v":152.17400000000001},{"$f":"ROUND(СУММЕСЛИДА1НЕ1(L1293:L1299,\"mWithZPM\",D1293:D1299,0,H1293:H1299),0)","v":28},null,"Ж",null,null,{"$f":"IF(F1294=0,0,ROUND(N1294/F1294,3))","v":10.87},{"$f":"ROUND(СУММЕСЛИДА1НЕ1(L1293:L1299,\"mWithZPM\",D1293:D1299,0,N1293:N1299),0)","v":2}]
["55. 2.",{"$f":"ПОЛУЧШИФР(Ресурсы!A4,1)","v":"0-4002"},{"$f":"Ресурсы!B4","v":"Дорожный рабочий 2 разряда"},"чел.-ч",0.4,{"$f":"ОКРУГЛВСЕ(IF(E1295=\"\",0,E1295)*IF(F1293=\"\",0,F1293),11)","v":0.36799999999999999},{"$f":"Ресурсы!D4","v":100.57},{"$f":"ROUND(IF(F1295=\"\",0,F1295)*IF(G1295=\"\",0,G1295),0)","v":37},"s","Г",null,null,{"$f":"Ресурсы!C4","v":7.8},{"$f":"ROUND(IF(F1295=\"\",0,F1295)*IF(M1295=\"\",0,M1295),0)","v":3}]
["55. 3.",{"$f":"ПОЛУЧШИФР(Ресурсы!A5,1)","v":"0-4003"},{"$f":"Ресурсы!B5","v":"Дорожный рабочий 3 разряда"},"чел.-ч",0.4,{"$f":"ОКРУГЛВСЕ(IF(E1296=\"\",0,E1296)*IF(F1293=\"\",0,F1293),11)","v":0.36799999999999999},{"$f":"Ресурсы!D5","v":109.94},{"$f":"ROUND(IF(F1296=\"\",0,F1296)*IF(G1296=\"\",0,G1296),0)","v":40},"s","Г",null,null,{"$f":"Ресурсы!C5","v":8.5299999999999994},{"$f":"ROUND(IF(F1296=\"\",0,F1296)*IF(M1296=\"\",0,M1296),0)","v":3}]
["55. 4.",{"$f":"ПОЛУЧШИФР(Ресурсы!A96,1)","v":"СЦЭСМ 121550"},{"$f":"Ресурсы!B96","v":"Машины дорожной службы (машина дорожного мастера)"},"маш.-ч",0.2,{"$f":"ОКРУГЛВСЕ(IF(E1297=\"\",0,E1297)*IF(F1293=\"\",0,F1293),11)","v":0.184},{"$f":"Ресурсы!D96","v":552.54999999999995},{"$f":"ROUND(IF(F1297=\"\",0,F1297)*IF(G1297=\"\",0,G1297),0)","v":102},"s","IsMash",null,null,{"$f":"Ресурсы!C96","v":86.5},{"$f":"ROUND(IF(F1297=\"\",0,F1297)*IF(M1297=\"\",0,M1297),0)","v":16}]
[null,null,null,{"$f":"Ресурсы!G96","v":1},null,null,{"$f":"Ресурсы!F96","v":149.81},{"$f":"ROUND(IF(F1297=\"\",0,F1297)*IF(G1298=\"\",0,G1298),0)","v":28},null,null,"mWithZTM","mWithZPM",{"$f":"Ресурсы!E96","v":11.6},{"$f":"ROUND(IF(F1297=\"\",0,F1297)*IF(M1298=\"\",0,M1298),0)","v":2}]
["55. 5.",{"$f":"ПОЛУЧШИФР(Ресурсы!A24,1)","v":"ССЦ 101-1705"},{"$f":"Ресурсы!B24","v":"Пакля пропитанная"},"кг",3.57,{"$f":"ОКРУГЛВСЕ(IF(E1299=\"\",0,E1299)*IF(F1293=\"\",0,F1293),11)","v":3.2844000000000002},{"$f":"ROUND(Ресурсы!D24*Начисления!AV60,2)","v":96.97},{"$f":"ROUND(IF(F1299=\"\",0,F1299)*IF(G1299=\"\",0,G1299),0)","v":318},"s","IsMater",null,null,{"$f":"ROUND(Ресурсы!C24*Начисления!AV60,2)","v":9.0399999999999991},{"$f":"ROUND(IF(F1299=\"\",0,F1299)*IF(M1299=\"\",0,M1299),0)","v":30}]
[null,null,"Зарплата рабочих",null,null,null,null,77,null,null,null,null,null,6]
[null,null,"Эксплуатация машин",null,null,null,null,102,null,null,null,null,null,16]
[null,null,"в т.ч. зарплата машинистов",null,null,null,null,28,null,null,null,null,null,2]
[null,null,"Материалы",null,null,null,null,318,null,null,null,null,null,30]
[null,null,"в т.ч. Вспомогательные материалы от стоимости материалов"]
[null,null,"в т.ч. Вспомогательные ненормируемые материалы",null,null,null,null,null,"NenormMatOtZPR"]
[null,null,"в т.ч. Ненормированная з.п. рабочих"]
[null,null,"в т.ч. Ненормированная стоимость эксплуатации машин"]
[null,null,"в т.ч. Ненормированная оплата механизаторов"]
[null,null,"Накладные расходы",null,null,null,11.7,{"$f":"IF('Текущие цены с учетом расхода'!N60>0,'Текущие цены с учетом расхода'!N60,IF('Текущие цены с учетом расхода'!N60<0,'Текущие цены с учетом расхода'!N60,\"\"))","v":58},null,"Nakl",null,null,11.7,{"$f":"IF('Базовые цены с учетом расхода'!N60>0,'Базовые цены с учетом расхода'!N60,IF('Базовые цены с учетом расхода'!N60<0,'Базовые цены с учетом расхода'!N60,\"\"))","v":6}]
[null,null,"НР от ЗПР",null,null,null,null,{"$f":"IF('Текущие цены с учетом расхода'!P60>0,'Текущие цены с учетом расхода'!P60,IF('Текущие цены с учетом расхода'!P60<0,'Текущие цены с учетом расхода'!P60,\"\"))","v":""},null,"Nakl_ZPR",null,null,null,{"$f":"IF('Базовые цены с учетом расхода'!P60>0,'Базовые цены с учетом расхода'!P60,IF('Базовые цены с учетом расхода'!P60<0,'Базовые цены с учетом расхода'!P60,\"\"))","v":""}]
[null,null,"НР от ЗПМ",null,null,null,null,{"$f":"IF('Текущие цены с учетом расхода'!Q60>0,'Текущие цены с учетом расхода'!Q60,IF('Текущие цены с учетом расхода'!Q60<0,'Текущие цены с учетом расхода'!Q60,\"\"))","v":""},null,"Nakl_ZPM",null,null,null,{"$f":"IF('Базовые цены с учетом расхода'!Q60>0,'Базовые цены с учетом расхода'!Q60,IF('Базовые цены с учетом расхода'!Q60<0,'Базовые цены с учетом расхода'!Q60,\"\"))","v":""}]
[null,null,"Плановые накопления / Сметная прибыль",null,null,null,8,{"$f":"IF('Текущие цены с учетом расхода'!O60>0,'Текущие цены с учетом расхода'!O60,IF('Текущие цены с учетом расхода'!O60<0,'Текущие цены с учетом расхода'!O60,\"\"))","v":44},null,"Plan",null,null,8,{"$f":"IF('Базовые цены с учетом расхода'!O60>0,'Базовые цены с учетом расхода'!O60,IF('Базовые цены с учетом расхода'!O60<0,'Базовые цены с учетом расхода'!O60,\"\"))","v":5}]
[null,null,"СП от ЗПР",null,null,null,null,{"$f":"IF('Текущие цены с учетом расхода'!R60>0,'Текущие цены с учетом расхода'!R60,IF('Текущие цены с учетом расхода'!R60<0,'Текущие цены с учетом расхода'!R60,\"\"))","v":""},null,"Plan_ZPR",null,null,null,{"$f":"IF('Базовые цены с учетом расхода'!R60>0,'Базовые цены с учетом расхода'!R60,IF('Базовые цены с учетом расхода'!R60<0,'Базовые цены с учетом расхода'!R60,\"\"))","v":""}]
[null,null,"СП от ЗПМ",null,null,null,null,{"$f":"IF('Текущие цены с учетом расхода'!S60>0,'Текущие цены с учетом расхода'!S60,IF('Текущие цены с учетом расхода'!S60<0,'Текущие цены с учетом расхода'!S60,\"\"))","v":""},null,"Plan_ZPM",null,null,null,{"$f":"IF('Базовые цены с учетом расхода'!S60>0,'Базовые цены с учетом расхода'!S60,IF('Базовые цены с учетом расхода'!S60<0,'Базовые цены с учетом расхода'!S60,\"\"))","v":""}]
["56.","ГЭСНс 01-03-003-01","Заделка швов в железобетонных трубах цементным раствором","10 м шва",null,0.92,{"$f":"ROUND(СУММПРОИЗВЕСЛИ(1,I1315:I1323,\"s\",E1315:E1323,G1315:G1323,0),2)+SUMIF(I1315:I1338,\"=NenormMatOtZPR\",G1315:G1338)","v":654.38},{"$f":"ROUND(СУММПРОИЗВЕСЛИ(F1315,I1315:I1323,\"s\",E1315:E1323,G1315:G1323,0),0)+SUMIF(I1315:I1338,\"=NenormMatOtZPR\",H1315:H1338)","v":602},"sum",null,null,null,{"$f":"ROUND(СУММПРОИЗВЕСЛИ(1,I1315:I1323,\"s\",E1315:E1323,M1315:M1323,0),2)+SUMIF(I1315:I1338,\"=NenormMatOtZPR\",M1315:M1338)","v":70.34},{"$f":"ROUND(СУММПРОИЗВЕСЛИ(F1315,I1315:I1323,\"s\",E1315:E1323,M1315:M1323,0),0)+SUMIF(I1315:I1338,\"=NenormMatOtZPR\",N1315:N1338)","v":65}]
["56. 1.","2","Затраты труда машинистов","чел.-ч",{"$f":"ОКРУГЛВСЕ(СУММПРОИЗВЕСЛИ(1,K1315:K1323,\"mWithZTM\",D1315:D1323,E1315:E1323,-1)+СУММКОЭФПРОЦЕНТЕСЛИ(1,1,K1315:K1323,\"mWithZTM_Proch\",E1315:E1323,-1),11)","v":0.59},{"$f":"ОКРУГЛВСЕ(СУММПРОИЗВЕСЛИ(1,K1315:K1323,\"mWithZTM\",D1315:D1323,F1315:F1323,-1)+СУММКОЭФПРОЦЕНТЕСЛИ(1,1,K1315:K1323,\"mWithZTM_Proch\",F1315:F1323,-1),11)","v":0.54279999999999995},{"$f":"IF(F1316=0,0,ROUND(H1316/F1316,3))","v":149.226},{"$f":"ROUND(СУММЕСЛИДА1НЕ1(L1315:L1323,\"mWithZPM\",D1315:D1323,0,H1315:H1323),0)","v":81},null,"Ж",null,null,{"$f":"IF(F1316=0,0,ROUND(N1316/F1316,3))","v":11.054},{"$f":"ROUND(СУММЕСЛИДА1НЕ1(L1315:L1323,\"mWithZPM\",D1315:D1323,0,N1315:N1323),0)","v":6}]
["56. 2.",{"$f":"ПОЛУЧШИФР(Ресурсы!A4,1)","v":"0-4002"},{"$f":"Ресурсы!B4","v":"Дорожный рабочий 2 разряда"},"чел.-ч",1.18,{"$f":"ОКРУГЛВСЕ(IF(E1317=\"\",0,E1317)*IF(F1315=\"\",0,F1315),11)","v":1.0855999999999999},{"$f":"Ресурсы!D4","v":100.57},{"$f":"ROUND(IF(F1317=\"\",0,F1317)*IF(G1317=\"\",0,G1317),0)","v":109},"s","Г",null,null,{"$f":"Ресурсы!C4","v":7.8},{"$f":"ROUND(IF(F1317=\"\",0,F1317)*IF(M1317=\"\",0,M1317),0)","v":8}]
["56. 3.",{"$f":"ПОЛУЧШИФР(Ресурсы!A5,1)","v":"0-4003"},{"$f":"Ресурсы!B5","v":"Дорожный рабочий 3 разряда"},"чел.-ч",1.18,{"$f":"ОКРУГЛВСЕ(IF(E1318=\"\",0,E1318)*IF(F1315=\"\",0,F1315),11)","v":1.0855999999999999},{"$f":"Ресурсы!D5","v":109.94},{"$f":"ROUND(IF(F1318=\"\",0,F1318)*IF(G1318=\"\",0,G1318),0)","v":119},"s","Г",null,null,{"$f":"Ресурсы!C5","v":8.5299999999999994},{"$f":"ROUND(IF(F1318=\"\",0,F1318)*IF(M1318=\"\",0,M1318),0)","v":9}]
["56. 4.",{"$f":"ПОЛУЧШИФР(Ресурсы!A96,1)","v":"СЦЭСМ 121550"},{"$f":"Ресурсы!B96","v":"Машины дорожной службы (машина дорожного мастера)"},"маш.-ч",0.59,{"$f":"ОКРУГЛВСЕ(IF(E1319=\"\",0,E1319)*IF(F1315=\"\",0,F1315),11)","v":0.54279999999999995},{"$f":"Ресурсы!D96","v":552.54999999999995},{"$f":"ROUND(IF(F1319=\"\",0,F1319)*IF(G1319=\"\",0,G1319),0)","v":300},"s","IsMash",null,null,{"$f":"Ресурсы!C96","v":86.5},{"$f":"ROUND(IF(F1319=\"\",0,F1319)*IF(M1319=\"\",0,M1319),0)","v":47}]
[null,null,null,{"$f":"Ресурсы!G96","v":1},null,null,{"$f":"Ресурсы!F96","v":149.81},{"$f":"ROUND(IF(F1319=\"\",0,F1319)*IF(G1320=\"\",0,G1320),0)","v":81},null,null,"mWithZTM","mWithZPM",{"$f":"Ресурсы!E96","v":11.6},{"$f":"ROUND(IF(F1319=\"\",0,F1319)*IF(M1320=\"\",0,M1320),0)","v":6}]
["56. 5.",{"$f":"ПОЛУЧШИФР(Ресурсы!A17,0)","v":"с101-1305"},{"$f":"Ресурсы!B17","v":"Портландцемент общестроительного назначения бездобавочный, марки: 400"},"т",0.02,{"$f":"ОКРУГЛВСЕ(IF(E1321=\"\",0,E1321)*IF(F1315=\"\",0,F1315),11)","v":1.84E-2},{"$f":"ROUND(Ресурсы!D17*Начисления!AV61,2)","v":3708.31},{"$f":"ROUND(IF(F1321=\"\",0,F1321)*IF(G1321=\"\",0,G1321),0)","v":68},"s","IsMater",null,null,{"$f":"ROUND(Ресурсы!C17*Начисления!AV61,2)","v":0},{"$f":"ROUND(IF(F1321=\"\",0,F1321)*IF(M1321=\"\",0,M1321),0)","v":0}]
["56. 6.",{"$f":"ПОЛУЧШИФР(Ресурсы!A57,0)","v":"с408-0124"},{"$f":"Ресурсы!B57","v":"Песок природный для стрительных работ мелкий"},"м3",0.04,{"$f":"ОКРУГЛВСЕ(IF(E1322=\"\",0,E1322)*IF(F1315=\"\",0,F1315),11)","v":3.6799999999999999E-2},{"$f":"ROUND(Ресурсы!D57*Начисления!AV61,2)","v":141.55000000000001},{"$f":"ROUND(IF(F1322=\"\",0,F1322)*IF(G1322=\"\",0,G1322),0)","v":5},"s","IsMater",null,null,{"$f":"ROUND(Ресурсы!C57*Начисления!AV61,2)","v":0},{"$f":"ROUND(IF(F1322=\"\",0,F1322)*IF(M1322=\"\",0,M1322),0)","v":0}]
["56. 7.",{"$f":"ПОЛУЧШИФР(Ресурсы!A64,1)","v":"ССЦ 411-0001"},{"$f":"Ресурсы!B64","v":"Вода"},"м3",1.35E-2,{"$f":"ОКРУГЛВСЕ(IF(E1323=\"\",0,E1323)*IF(F1315=\"\",0,F1315),11)","v":1.242E-2},{"$f":"ROUND(Ресурсы!D64*Начисления!AV61,2)","v":10.85},{"$f":"ROUND(IF(F1323=\"\",0,F1323)*IF(G1323=\"\",0,G1323),0)","v":0},"s","IsMater",null,null,{"$f":"ROUND(Ресурсы!C64*Начисления!AV61,2)","v":2.44},{"$f":"ROUND(IF(F1323=\"\",0,F1323)*IF(M1323=\"\",0,M1323),0)","v":0}]
[null,null,"Зарплата рабочих",null,null,null,null,229,null,null,null,null,null,18]
[null,null,"Эксплуатация машин",null,null,null,null,300,null,null,null,null,null,47]
[null,null,"в т.ч. зарплата машинистов",null,null,null,null,81,null,null,null,null,null,6]
[null,null,"Материалы",null,null,null,null,74]
[null,null,"в т.ч. Вспомогательные материалы от стоимости материалов"]
[null,null,"в т.ч. Вспомогательные ненормируемые материалы",null,null,null,null,null,"NenormMatOtZPR"]
[null,null,"в т.ч. Ненормированная з.п. рабочих"]
[null,null,"в т.ч. Ненормированная стоимость эксплуатации машин"]
[null,null,"в т.ч. Ненормированная оплата механизаторов"]
[null,null,"Накладные расходы",null,null,null,11.7,{"$f":"IF('Текущие цены с учетом расхода'!N61>0,'Текущие цены с учетом расхода'!N61,IF('Текущие цены с учетом расхода'!N61<0,'Текущие цены с учетом расхода'!N61,\"\"))","v":70},null,"Nakl",null,null,11.7,{"$f":"IF('Базовые цены с учетом расхода'!N61>0,'Базовые цены с учетом расхода'!N61,IF('Базовые цены с учетом расхода'!N61<0,'Базовые цены с учетом расхода'!N61,\"\"))","v":8}]
[null,null,"НР от ЗПР",null,null,null,null,{"$f":"IF('Текущие цены с учетом расхода'!P61>0,'Текущие цены с учетом расхода'!P61,IF('Текущие цены с учетом расхода'!P61<0,'Текущие цены с учетом расхода'!P61,\"\"))","v":""},null,"Nakl_ZPR",null,null,null,{"$f":"IF('Базовые цены с учетом расхода'!P61>0,'Базовые цены с учетом расхода'!P61,IF('Базовые цены с учетом расхода'!P61<0,'Базовые цены с учетом расхода'!P61,\"\"))","v":""}]
[null,null,"НР от ЗПМ",null,null,null,null,{"$f":"IF('Текущие цены с учетом расхода'!Q61>0,'Текущие цены с учетом расхода'!Q61,IF('Текущие цены с учетом расхода'!Q61<0,'Текущие цены с учетом расхода'!Q61,\"\"))","v":""},null,"Nakl_ZPM",null,null,null,{"$f":"IF('Базовые цены с учетом расхода'!Q61>0,'Базовые цены с учетом расхода'!Q61,IF('Базовые цены с учетом расхода'!Q61<0,'Базовые цены с учетом расхода'!Q61,\"\"))","v":""}]
[null,null,"Плановые накопления / Сметная прибыль",null,null,null,8,{"$f":"IF('Текущие цены с учетом расхода'!O61>0,'Текущие цены с учетом расхода'!O61,IF('Текущие цены с учетом расхода'!O61<0,'Текущие цены с учетом расхода'!O61,\"\"))","v":54},null,"Plan",null,null,8,{"$f":"IF('Базовые цены с учетом расхода'!O61>0,'Базовые цены с учетом расхода'!O61,IF('Базовые цены с учетом расхода'!O61<0,'Базовые цены с учетом расхода'!O61,\"\"))","v":6}]
[null,null,"СП от ЗПР",null,null,null,null,{"$f":"IF('Текущие цены с учетом расхода'!R61>0,'Текущие цены с учетом расхода'!R61,IF('Текущие цены с учетом расхода'!R61<0,'Текущие цены с учетом расхода'!R61,\"\"))","v":""},null,"Plan_ZPR",null,null,null,{"$f":"IF('Базовые цены с учетом расхода'!R61>0,'Базовые цены с учетом расхода'!R61,IF('Базовые цены с учетом расхода'!R61<0,'Базовые цены с учетом расхода'!R61,\"\"))","v":""}]
[null,null,"СП от ЗПМ",null,null,null,null,{"$f":"IF('Текущие цены с учетом расхода'!S61>0,'Текущие цены с учетом расхода'!S61,IF('Текущие цены с учетом расхода'!S61<0,'Текущие цены с учетом расхода'!S61,\"\"))","v":""},null,"Plan_ZPM",null,null,null,{"$f":"IF('Базовые цены с учетом расхода'!S61>0,'Базовые цены с учетом расхода'!S61,IF('Базовые цены с учетом расхода'!S61<0,'Базовые цены с учетом расхода'!S61,\"\"))","v":""}]
[null,"IV. ОБСТАНОВКА"]
[null,"7.Дорожные знаки"]
["57.","ГЭСНс 01-04-001-01","Очистка и мойка водой из шланга дорожных знаков и указателей","100 шт.",null,0.02,{"$f":"ROUND(СУММПРОИЗВЕСЛИ(1,I1341:I1347,\"s\",E1341:E1347,G1341:G1347,0),2)+SUMIF(I1341:I1362,\"=NenormMatOtZPR\",G1341:G1362)","v":12499.77},{"$f":"ROUND(СУММПРОИЗВЕСЛИ(F1341,I1341:I1347,\"s\",E1341:E1347,G1341:G1347,0),0)+SUMIF(I1341:I1362,\"=NenormMatOtZPR\",H1341:H1362)","v":250},"sum",null,null,null,{"$f":"ROUND(СУММПРОИЗВЕСЛИ(1,I1341:I1347,\"s\",E1341:E1347,M1341:M1347,0),2)+SUMIF(I1341:I1362,\"=NenormMatOtZPR\",M1341:M1362)","v":1989.29},{"$f":"ROUND(СУММПРОИЗВЕСЛИ(F1341,I1341:I1347,\"s\",E1341:E1347,M1341:M1347,0),0)+SUMIF(I1341:I1362,\"=NenormMatOtZPR\",N1341:N1362)","v":40}]
["57. 1.","2","Затраты труда машинистов","чел.-ч",{"$f":"ОКРУГЛВСЕ(СУММПРОИЗВЕСЛИ(1,K1341:K1347,\"mWithZTM\",D1341:D1347,E1341:E1347,-1)+СУММКОЭФПРОЦЕНТЕСЛИ(1,1,K1341:K1347,\"mWithZTM_Proch\",E1341:E1347,-1),11)","v":10.25},{"$f":"ОКРУГЛВСЕ(СУММПРОИЗВЕСЛИ(1,K1341:K1347,\"mWithZTM\",D1341:D1347,F1341:F1347,-1)+СУММКОЭФПРОЦЕНТЕСЛИ(1,1,K1341:K1347,\"mWithZTM_Proch\",F1341:F1347,-1),11)","v":0.20499999999999999},{"$f":"IF(F1342=0,0,ROUND(H1342/F1342,3))","v":175.61},{"$f":"ROUND(СУММЕСЛИДА1НЕ1(L1341:L1347,\"mWithZPM\",D1341:D1347,0,H1341:H1347),0)","v":36},null,"Ж",null,null,{"$f":"IF(F1342=0,0,ROUND(N1342/F1342,3))","v":14.634},{"$f":"ROUND(СУММЕСЛИДА1НЕ1(L1341:L1347,\"mWithZPM\",D1341:D1347,0,N1341:N1347),0)","v":3}]
["57. 2.",{"$f":"ПОЛУЧШИФР(Ресурсы!A4,1)","v":"0-4002"},{"$f":"Ресурсы!B4","v":"Дорожный рабочий 2 разряда"},"чел.-ч",10.25,{"$f":"ОКРУГЛВСЕ(IF(E1343=\"\",0,E1343)*IF(F1341=\"\",0,F1341),11)","v":0.20499999999999999},{"$f":"Ресурсы!D4","v":100.57},{"$f":"ROUND(IF(F1343=\"\",0,F1343)*IF(G1343=\"\",0,G1343),0)","v":21},"s","Г",null,null,{"$f":"Ресурсы!C4","v":7.8},{"$f":"ROUND(IF(F1343=\"\",0,F1343)*IF(M1343=\"\",0,M1343),0)","v":2}]
["57. 3.",{"$f":"ПОЛУЧШИФР(Ресурсы!A94,1)","v":"СЦЭСМ 121342"},{"$f":"Ресурсы!B94","v":"Машины дорожные комбинированные, мощностью от 210 до 270 л.с."},"маш.-ч",10.25,{"$f":"ОКРУГЛВСЕ(IF(E1344=\"\",0,E1344)*IF(F1341=\"\",0,F1341),11)","v":0.20499999999999999},{"$f":"Ресурсы!D94","v":1117.3399999999999},{"$f":"ROUND(IF(F1344=\"\",0,F1344)*IF(G1344=\"\",0,G1344),0)","v":229},"s","IsMash",null,null,{"$f":"Ресурсы!C94","v":185.95},{"$f":"ROUND(IF(F1344=\"\",0,F1344)*IF(M1344=\"\",0,M1344),0)","v":38}]
[null,null,null,{"$f":"Ресурсы!G94","v":1},null,null,{"$f":"Ресурсы!F94","v":174.31},{"$f":"ROUND(IF(F1344=\"\",0,F1344)*IF(G1345=\"\",0,G1345),0)","v":36},null,null,"mWithZTM","mWithZPM",{"$f":"Ресурсы!E94","v":13.5},{"$f":"ROUND(IF(F1344=\"\",0,F1344)*IF(M1345=\"\",0,M1345),0)","v":3}]
["57. 4.",{"$f":"ПОЛУЧШИФР(Ресурсы!A25,1)","v":"ССЦ 101-1757"},{"$f":"Ресурсы!B25","v":"Ветошь"},"кг",0.5,{"$f":"ОКРУГЛВСЕ(IF(E1346=\"\",0,E1346)*IF(F1341=\"\",0,F1341),11)","v":0.01},{"$f":"ROUND(Ресурсы!D25*Начисления!AV62,2)","v":10.68},{"$f":"ROUND(IF(F1346=\"\",0,F1346)*IF(G1346=\"\",0,G1346),0)","v":0},"s","IsMater",null,null,{"$f":"ROUND(Ресурсы!C25*Начисления!AV62,2)","v":1.82},{"$f":"ROUND(IF(F1346=\"\",0,F1346)*IF(M1346=\"\",0,M1346),0)","v":0}]
["57. 5.",{"$f":"ПОЛУЧШИФР(Ресурсы!A64,1)","v":"ССЦ 411-0001"},{"$f":"Ресурсы!B64","v":"Вода"},"м3",1,{"$f":"ОКРУГЛВСЕ(IF(E1347=\"\",0,E1347)*IF(F1341=\"\",0,F1341),11)","v":0.02},{"$f":"ROUND(Ресурсы!D64*Начисления!AV62,2)","v":10.85},{"$f":"ROUND(IF(F1347=\"\",0,F1347)*IF(G1347=\"\",0,G1347),0)","v":0},"s","IsMater",null,null,{"$f":"ROUND(Ресурсы!C64*Начисления!AV62,2)","v":2.44},{"$f":"ROUND(IF(F1347=\"\",0,F1347)*IF(M1347=\"\",0,M1347),0)","v":0}]
[null,null,"Зарплата рабочих",null,null,null,null,21,null,null,null,null,null,2]
[null,null,"Эксплуатация машин",null,null,null,null,229,null,null,null,null,null,38]
[null,null,"в т.ч. зарплата машинистов",null,null,null,null,36,null,null,null,null,null,3]
[null,null,"Материалы"]
[null,null,"в т.ч. Вспомогательные материалы от стоимости материалов"]
[null,null,"в т.ч. Вспомогательные ненормируемые материалы",null,null,null,null,null,"NenormMatOtZPR"]
[null,null,"в т.ч. Ненормированная з.п. рабочих"]
[null,null,"в т.ч. Ненормированная стоимость эксплуатации машин"]
[null,null,"в т.ч. Ненормированная оплата механизаторов"]
[null,null,"Накладные расходы",null,null,null,11.7,{"$f":"IF('Текущие цены с учетом расхода'!N62>0,'Текущие цены с учетом расхода'!N62,IF('Текущие цены с учетом расхода'!N62<0,'Текущие цены с учетом расхода'!N62,\"\"))","v":29},null,"Nakl",null,null,11.7,{"$f":"IF('Базовые цены с учетом расхода'!N62>0,'Базовые цены с учетом расхода'!N62,IF('Базовые цены с учетом расхода'!N62<0,'Базовые цены с учетом расхода'!N62,\"\"))","v":5}]
[null,null,"НР от ЗПР",null,null,null,null,{"$f":"IF('Текущие цены с учетом расхода'!P62>0,'Текущие цены с учетом расхода'!P62,IF('Текущие цены с учетом расхода'!P62<0,'Текущие цены с учетом расхода'!P62,\"\"))","v":""},null,"Nakl_ZPR",null,null,null,{"$f":"IF('Базовые цены с учетом расхода'!P62>0,'Базовые цены с учетом расхода'!P62,IF('Базовые цены с учетом расхода'!P62<0,'Базовые цены с учетом расхода'!P62,\"\"))","v":""}]
[null,null,"НР от ЗПМ",null,null,null,null,{"$f":"IF('Текущие цены с учетом расхода'!Q62>0,'Текущие цены с учетом расхода'!Q62,IF('Текущие цены с учетом расхода'!Q62<0,'Текущие цены с учетом расхода'!Q62,\"\"))","v":""},null,"Nakl_ZPM",null,null,null,{"$f":"IF('Базовые цены с учетом расхода'!Q62>0,'Базовые цены с учетом расхода'!Q62,IF('Базовые цены с учетом расхода'!Q62<0,'Базовые цены с учетом расхода'!Q62,\"\"))","v":""}]
[null,null,"Плановые накопления / Сметная прибыль",null,null,null,8,{"$f":"IF('Текущие цены с учетом расхода'!O62>0,'Текущие цены с учетом расхода'!O62,IF('Текущие цены с учетом расхода'!O62<0,'Текущие цены с учетом расхода'!O62,\"\"))","v":22},null,"Plan",null,null,8,{"$f":"IF('Базовые цены с учетом расхода'!O62>0,'Базовые цены с учетом расхода'!O62,IF('Базовые цены с учетом расхода'!O62<0,'Базовые цены с учетом расхода'!O62,\"\"))","v":4}]
[null,null,"СП от ЗПР",null,null,null,null,{"$f":"IF('Текущие цены с учетом расхода'!R62>0,'Текущие цены с учетом расхода'!R62,IF('Текущие цены с учетом расхода'!R62<0,'Текущие цены с учетом расхода'!R62,\"\"))","v":""},null,"Plan_ZPR",null,null,null,{"$f":"IF('Базовые цены с учетом расхода'!R62>0,'Базовые цены с учетом расхода'!R62,IF('Базовые цены с учетом расхода'!R62<0,'Базовые цены с учетом расхода'!R62,\"\"))","v":""}]
[null,null,"СП от ЗПМ",null,null,null,null,{"$f":"IF('Текущие цены с учетом расхода'!S62>0,'Текущие цены с учетом расхода'!S62,IF('Текущие цены с учетом расхода'!S62<0,'Текущие цены с учетом расхода'!S62,\"\"))","v":""},null,"Plan_ZPM",null,null,null,{"$f":"IF('Базовые цены с учетом расхода'!S62>0,'Базовые цены с учетом расхода'!S62,IF('Базовые цены с учетом расхода'!S62<0,'Базовые цены с учетом расхода'!S62,\"\"))","v":""}]
["58.","ГЭСНс 01-04-003-01","Окраска стоек дорожных знаков","100 шт.",null,1.9E-2,{"$f":"ROUND(СУММПРОИЗВЕСЛИ(1,I1363:I1370,\"s\",E1363:E1370,G1363:G1370,0),2)+SUMIF(I1363:I1385,\"=NenormMatOtZPR\",G1363:G1385)","v":7905.27},{"$f":"ROUND(СУММПРОИЗВЕСЛИ(F1363,I1363:I1370,\"s\",E1363:E1370,G1363:G1370,0),0)+SUMIF(I1363:I1385,\"=NenormMatOtZPR\",H1363:H1385)","v":150},"sum",null,null,null,{"$f":"ROUND(СУММПРОИЗВЕСЛИ(1,I1363:I1370,\"s\",E1363:E1370,M1363:M1370,0),2)+SUMIF(I1363:I1385,\"=NenormMatOtZPR\",M1363:M1385)","v":1051.7},{"$f":"ROUND(СУММПРОИЗВЕСЛИ(F1363,I1363:I1370,\"s\",E1363:E1370,M1363:M1370,0),0)+SUMIF(I1363:I1385,\"=NenormMatOtZPR\",N1363:N1385)","v":20}]
["58. 1.","2","Затраты труда машинистов","чел.-ч",{"$f":"ОКРУГЛВСЕ(СУММПРОИЗВЕСЛИ(1,K1363:K1370,\"mWithZTM\",D1363:D1370,E1363:E1370,-1)+СУММКОЭФПРОЦЕНТЕСЛИ(1,1,K1363:K1370,\"mWithZTM_Proch\",E1363:E1370,-1),11)","v":7.21},{"$f":"ОКРУГЛВСЕ(СУММПРОИЗВЕСЛИ(1,K1363:K1370,\"mWithZTM\",D1363:D1370,F1363:F1370,-1)+СУММКОЭФПРОЦЕНТЕСЛИ(1,1,K1363:K1370,\"mWithZTM_Proch\",F1363:F1370,-1),11)","v":0.13699},{"$f":"IF(F1364=0,0,ROUND(H1364/F1364,3))","v":153.29599999999999},{"$f":"ROUND(СУММЕСЛИДА1НЕ1(L1363:L1370,\"mWithZPM\",D1363:D1370,0,H1363:H1370),0)","v":21},null,"Ж",null,null,{"$f":"IF(F1364=0,0,ROUND(N1364/F1364,3))","v":14.6},{"$f":"ROUND(СУММЕСЛИДА1НЕ1(L1363:L1370,\"mWithZPM\",D1363:D1370,0,N1363:N1370),0)","v":2}]
["58. 2.",{"$f":"ПОЛУЧШИФР(Ресурсы!A4,1)","v":"0-4002"},{"$f":"Ресурсы!B4","v":"Дорожный рабочий 2 разряда"},"чел.-ч",14.42,{"$f":"ОКРУГЛВСЕ(IF(E1365=\"\",0,E1365)*IF(F1363=\"\",0,F1363),11)","v":0.27398},{"$f":"Ресурсы!D4","v":100.57},{"$f":"ROUND(IF(F1365=\"\",0,F1365)*IF(G1365=\"\",0,G1365),0)","v":28},"s","Г",null,null,{"$f":"Ресурсы!C4","v":7.8},{"$f":"ROUND(IF(F1365=\"\",0,F1365)*IF(M1365=\"\",0,M1365),0)","v":2}]
["58. 3.",{"$f":"ПОЛУЧШИФР(Ресурсы!A5,1)","v":"0-4003"},{"$f":"Ресурсы!B5","v":"Дорожный рабочий 3 разряда"},"чел.-ч",14.42,{"$f":"ОКРУГЛВСЕ(IF(E1366=\"\",0,E1366)*IF(F1363=\"\",0,F1363),11)","v":0.27398},{"$f":"Ресурсы!D5","v":109.94},{"$f":"ROUND(IF(F1366=\"\",0,F1366)*IF(G1366=\"\",0,G1366),0)","v":30},"s","Г",null,null,{"$f":"Ресурсы!C5","v":8.5299999999999994},{"$f":"ROUND(IF(F1366=\"\",0,F1366)*IF(M1366=\"\",0,M1366),0)","v":2}]
["58. 4.",{"$f":"ПОЛУЧШИФР(Ресурсы!A96,1)","v":"СЦЭСМ 121550"},{"$f":"Ресурсы!B96","v":"Машины дорожной службы (машина дорожного мастера)"},"маш.-ч",7.21,{"$f":"ОКРУГЛВСЕ(IF(E1367=\"\",0,E1367)*IF(F1363=\"\",0,F1363),11)","v":0.13699},{"$f":"Ресурсы!D96","v":552.54999999999995},{"$f":"ROUND(IF(F1367=\"\",0,F1367)*IF(G1367=\"\",0,G1367),0)","v":76},"s","IsMash",null,null,{"$f":"Ресурсы!C96","v":86.5},{"$f":"ROUND(IF(F1367=\"\",0,F1367)*IF(M1367=\"\",0,M1367),0)","v":12}]
[null,null,null,{"$f":"Ресурсы!G96","v":1},null,null,{"$f":"Ресурсы!F96","v":149.81},{"$f":"ROUND(IF(F1367=\"\",0,F1367)*IF(G1368=\"\",0,G1368),0)","v":21},null,null,"mWithZTM","mWithZPM",{"$f":"Ресурсы!E96","v":11.6},{"$f":"ROUND(IF(F1367=\"\",0,F1367)*IF(M1368=\"\",0,M1368),0)","v":2}]
["58. 5.",{"$f":"ПОЛУЧШИФР(Ресурсы!A42,1)","v":"ССЦ 113-8028"},{"$f":"Ресурсы!B42","v":"Эмаль ПФ-115 белая"},"кг",12,{"$f":"ОКРУГЛВСЕ(IF(E1369=\"\",0,E1369)*IF(F1363=\"\",0,F1363),11)","v":0.22800000000000001},{"$f":"ROUND(Ресурсы!D42*Начисления!AV63,2)","v":58.58},{"$f":"ROUND(IF(F1369=\"\",0,F1369)*IF(G1369=\"\",0,G1369),0)","v":13},"s","IsMater",null,null,{"$f":"ROUND(Ресурсы!C42*Начисления!AV63,2)","v":12.27},{"$f":"ROUND(IF(F1369=\"\",0,F1369)*IF(M1369=\"\",0,M1369),0)","v":3}]
["58. 6.",{"$f":"ПОЛУЧШИФР(Ресурсы!A43,1)","v":"ССЦ 113-8029"},{"$f":"Ресурсы!B43","v":"Эмаль ПФ-115 цветная"},"кг",2.72,{"$f":"ОКРУГЛВСЕ(IF(E1370=\"\",0,E1370)*IF(F1363=\"\",0,F1363),11)","v":5.1679999999999997E-2},{"$f":"ROUND(Ресурсы!D43*Начисления!AV63,2)","v":67.23},{"$f":"ROUND(IF(F1370=\"\",0,F1370)*IF(G1370=\"\",0,G1370),0)","v":3},"s","IsMater",null,null,{"$f":"ROUND(Ресурсы!C43*Начисления!AV63,2)","v":16.66},{"$f":"ROUND(IF(F1370=\"\",0,F1370)*IF(M1370=\"\",0,M1370),0)","v":1}]
[null,null,"Зарплата рабочих",null,null,null,null,58,null,null,null,null,null,4]
[null,null,"Эксплуатация машин",null,null,null,null,76,null,null,null,null,null,12]
[null,null,"в т.ч. зарплата машинистов",null,null,null,null,21,null,null,null,null,null,2]
[null,null,"Материалы",null,null,null,null,17,null,null,null,null,null,4]
[null,null,"в т.ч. Вспомогательные материалы от стоимости материалов"]
[null,null,"в т.ч. Вспомогательные ненормируемые материалы",null,null,null,null,null,"NenormMatOtZPR"]
[null,null,"в т.ч. Ненормированная з.п. рабочих"]
[null,null,"в т.ч. Ненормированная стоимость эксплуатации машин"]
[null,null,"в т.ч. Ненормированная оплата механизаторов"]
[null,null,"Накладные расходы",null,null,null,11.7,{"$f":"IF('Текущие цены с учетом расхода'!N63>0,'Текущие цены с учетом расхода'!N63,IF('Текущие цены с учетом расхода'!N63<0,'Текущие цены с учетом расхода'!N63,\"\"))","v":18},null,"Nakl",null,null,11.7,{"$f":"IF('Базовые цены с учетом расхода'!N63>0,'Базовые цены с учетом расхода'!N63,IF('Базовые цены с учетом расхода'!N63<0,'Базовые цены с учетом расхода'!N63,\"\"))","v":2}]
[null,null,"НР от ЗПР",null,null,null,null,{"$f":"IF('Текущие цены с учетом расхода'!P63>0,'Текущие цены с учетом расхода'!P63,IF('Текущие цены с учетом расхода'!P63<0,'Текущие цены с учетом расхода'!P63,\"\"))","v":""},null,"Nakl_ZPR",null,null,null,{"$f":"IF('Базовые цены с учетом расхода'!P63>0,'Базовые цены с учетом расхода'!P63,IF('Базовые цены с учетом расхода'!P63<0,'Базовые цены с учетом расхода'!P63,\"\"))","v":""}]
[null,null,"НР от ЗПМ",null,null,null,null,{"$f":"IF('Текущие цены с учетом расхода'!Q63>0,'Текущие цены с учетом расхода'!Q63,IF('Текущие цены с учетом расхода'!Q63<0,'Текущие цены с учетом расхода'!Q63,\"\"))","v":""},null,"Nakl_ZPM",null,null,null,{"$f":"IF('Базовые цены с учетом расхода'!Q63>0,'Базовые цены с учетом расхода'!Q63,IF('Базовые цены с учетом расхода'!Q63<0,'Базовые цены с учетом расхода'!Q63,\"\"))","v":""}]
[null,null,"Плановые накопления / Сметная прибыль",null,null,null,8,{"$f":"IF('Текущие цены с учетом расхода'!O63>0,'Текущие цены с учетом расхода'!O63,IF('Текущие цены с учетом расхода'!O63<0,'Текущие цены с учетом расхода'!O63,\"\"))","v":13},null,"Plan",null,null,8,{"$f":"IF('Базовые цены с учетом расхода'!O63>0,'Базовые цены с учетом расхода'!O63,IF('Базовые цены с учетом расхода'!O63<0,'Базовые цены с учетом расхода'!O63,\"\"))","v":2}]
[null,null,"СП от ЗПР",null,null,null,null,{"$f":"IF('Текущие цены с учетом расхода'!R63>0,'Текущие цены с учетом расхода'!R63,IF('Текущие цены с учетом расхода'!R63<0,'Текущие цены с учетом расхода'!R63,\"\"))","v":""},null,"Plan_ZPR",null,null,null,{"$f":"IF('Базовые цены с учетом расхода'!R63>0,'Базовые цены с учетом расхода'!R63,IF('Базовые цены с учетом расхода'!R63<0,'Базовые цены с учетом расхода'!R63,\"\"))","v":""}]
[null,null,"СП от ЗПМ",null,null,null,null,{"$f":"IF('Текущие цены с учетом расхода'!S63>0,'Текущие цены с учетом расхода'!S63,IF('Текущие цены с учетом расхода'!S63<0,'Текущие цены с учетом расхода'!S63,\"\"))","v":""},null,"Plan_ZPM",null,null,null,{"$f":"IF('Базовые цены с учетом расхода'!S63>0,'Базовые цены с учетом расхода'!S63,IF('Базовые цены с учетом расхода'!S63<0,'Базовые цены с учетом расхода'!S63,\"\"))","v":""}]
["59.","ГЭСНс 01-04-005-01","Замена стоек дорожных знаков","100 шт.",null,5.9999999999999995E-4,{"$f":"ROUND(СУММПРОИЗВЕСЛИ(1,I1386:I1399,\"s\",E1386:E1399,G1386:G1399,0),2)+SUMIF(I1386:I1414,\"=NenormMatOtZPR\",G1386:G1414)","v":296935.78999999998},{"$f":"ROUND(СУММПРОИЗВЕСЛИ(F1386,I1386:I1399,\"s\",E1386:E1399,G1386:G1399,0),0)+SUMIF(I1386:I1414,\"=NenormMatOtZPR\",H1386:H1414)","v":178},"sum",null,null,null,{"$f":"ROUND(СУММПРОИЗВЕСЛИ(1,I1386:I1399,\"s\",E1386:E1399,M1386:M1399,0),2)+SUMIF(I1386:I1414,\"=NenormMatOtZPR\",M1386:M1414)","v":9081.93},{"$f":"ROUND(СУММПРОИЗВЕСЛИ(F1386,I1386:I1399,\"s\",E1386:E1399,M1386:M1399,0),0)+SUMIF(I1386:I1414,\"=NenormMatOtZPR\",N1386:N1414)","v":5}]
["59. 1.","2","Затраты труда машинистов","чел.-ч",{"$f":"ОКРУГЛВСЕ(СУММПРОИЗВЕСЛИ(1,K1386:K1399,\"mWithZTM\",D1386:D1399,E1386:E1399,-1)+СУММКОЭФПРОЦЕНТЕСЛИ(1,1,K1386:K1399,\"mWithZTM_Proch\",E1386:E1399,-1),11)","v":74.930000000000007},{"$f":"ОКРУГЛВСЕ(СУММПРОИЗВЕСЛИ(1,K1386:K1399,\"mWithZTM\",D1386:D1399,F1386:F1399,-1)+СУММКОЭФПРОЦЕНТЕСЛИ(1,1,K1386:K1399,\"mWithZTM_Proch\",F1386:F1399,-1),11)","v":4.4957999999999998E-2},{"$f":"IF(F1387=0,0,ROUND(H1387/F1387,3))","v":155.70099999999999},{"$f":"ROUND(СУММЕСЛИДА1НЕ1(L1386:L1399,\"mWithZPM\",D1386:D1399,0,H1386:H1399),0)","v":7},null,"Ж",null,null,{"$f":"IF(F1387=0,0,ROUND(N1387/F1387,3))","v":22.242999999999999},{"$f":"ROUND(СУММЕСЛИДА1НЕ1(L1386:L1399,\"mWithZPM\",D1386:D1399,0,N1386:N1399),0)","v":1}]
["59. 2.",{"$f":"ПОЛУЧШИФР(Ресурсы!A4,1)","v":"0-4002"},{"$f":"Ресурсы!B4","v":"Дорожный рабочий 2 разряда"},"чел.-ч",149.86000000000001,{"$f":"ОКРУГЛВСЕ(IF(E1388=\"\",0,E1388)*IF(F1386=\"\",0,F1386),11)","v":8.9915999999999996E-2},{"$f":"Ресурсы!D4","v":100.57},{"$f":"ROUND(IF(F1388=\"\",0,F1388)*IF(G1388=\"\",0,G1388),0)","v":9},"s","Г",null,null,{"$f":"Ресурсы!C4","v":7.8},{"$f":"ROUND(IF(F1388=\"\",0,F1388)*IF(M1388=\"\",0,M1388),0)","v":1}]
["59. 3.",{"$f":"ПОЛУЧШИФР(Ресурсы!A5,1)","v":"0-4003"},{"$f":"Ресурсы!B5","v":"Дорожный рабочий 3 разряда"},"чел.-ч",149.86000000000001,{"$f":"ОКРУГЛВСЕ(IF(E1389=\"\",0,E1389)*IF(F1386=\"\",0,F1386),11)","v":8.9915999999999996E-2},{"$f":"Ресурсы!D5","v":109.94},{"$f":"ROUND(IF(F1389=\"\",0,F1389)*IF(G1389=\"\",0,G1389),0)","v":10},"s","Г",null,null,{"$f":"Ресурсы!C5","v":8.5299999999999994},{"$f":"ROUND(IF(F1389=\"\",0,F1389)*IF(M1389=\"\",0,M1389),0)","v":1}]
["59. 4.",{"$f":"ПОЛУЧШИФР(Ресурсы!A96,1)","v":"СЦЭСМ 121550"},{"$f":"Ресурсы!B96","v":"Машины дорожной службы (машина дорожного мастера)"},"маш.-ч",74.930000000000007,{"$f":"ОКРУГЛВСЕ(IF(E1390=\"\",0,E1390)*IF(F1386=\"\",0,F1386),11)","v":4.4957999999999998E-2},{"$f":"Ресурсы!D96","v":552.54999999999995},{"$f":"ROUND(IF(F1390=\"\",0,F1390)*IF(G1390=\"\",0,G1390),0)","v":25},"s","IsMash",null,null,{"$f":"Ресурсы!C96","v":86.5},{"$f":"ROUND(IF(F1390=\"\",0,F1390)*IF(M1390=\"\",0,M1390),0)","v":4}]
[null,null,null,{"$f":"Ресурсы!G96","v":1},null,null,{"$f":"Ресурсы!F96","v":149.81},{"$f":"ROUND(IF(F1390=\"\",0,F1390)*IF(G1391=\"\",0,G1391),0)","v":7},null,null,"mWithZTM","mWithZPM",{"$f":"Ресурсы!E96","v":11.6},{"$f":"ROUND(IF(F1390=\"\",0,F1390)*IF(M1391=\"\",0,M1391),0)","v":1}]
["59. 5.",{"$f":"ПОЛУЧШИФР(Ресурсы!A17,0)","v":"с101-1305"},{"$f":"Ресурсы!B17","v":"Портландцемент общестроительного назначения бездобавочный, марки: 400"},"т",2.0590000000000002,{"$f":"ОКРУГЛВСЕ(IF(E1392=\"\",0,E1392)*IF(F1386=\"\",0,F1386),11)","v":1.2354E-3},{"$f":"ROUND(Ресурсы!D17*Начисления!AV64,2)","v":3708.31},{"$f":"ROUND(IF(F1392=\"\",0,F1392)*IF(G1392=\"\",0,G1392),0)","v":5},"s","IsMater",null,null,{"$f":"ROUND(Ресурсы!C17*Начисления!AV64,2)","v":0},{"$f":"ROUND(IF(F1392=\"\",0,F1392)*IF(M1392=\"\",0,M1392),0)","v":0}]
["59. 6.",{"$f":"ПОЛУЧШИФР(Ресурсы!A32,0)","v":"с101-4289"},{"$f":"Ресурсы!B32","v":"Знаки дорожные на оцинкованной подоснове со световозвращающей пленкой: предупреждающие, размером 900х900х900 мм, тип 1.1, 1.2, 1.5-1.33"},"шт.",100,{"$f":"ОКРУГЛВСЕ(IF(E1393=\"\",0,E1393)*IF(F1386=\"\",0,F1386),11)","v":0.06},{"$f":"ROUND(Ресурсы!D32*Начисления!AV64,2)","v":1011.86},61,"s","IsMater",null,null,{"$f":"ROUND(Ресурсы!C32*Начисления!AV64,2)","v":0},0]
["59. 7.",{"$f":"ПОЛУЧШИФР(Ресурсы!A42,1)","v":"ССЦ 113-8028"},{"$f":"Ресурсы!B42","v":"Эмаль ПФ-115 белая"},"кг",9.3000000000000007,{"$f":"ОКРУГЛВСЕ(IF(E1394=\"\",0,E1394)*IF(F1386=\"\",0,F1386),11)","v":5.5799999999999999E-3},{"$f":"ROUND(Ресурсы!D42*Начисления!AV64,2)","v":58.58},0,"s","IsMater",null,null,{"$f":"ROUND(Ресурсы!C42*Начисления!AV64,2)","v":12.27},0]
["59. 8.",{"$f":"ПОЛУЧШИФР(Ресурсы!A43,1)","v":"ССЦ 113-8029"},{"$f":"Ресурсы!B43","v":"Эмаль ПФ-115 цветная"},"кг",2.16,{"$f":"ОКРУГЛВСЕ(IF(E1395=\"\",0,E1395)*IF(F1386=\"\",0,F1386),11)","v":1.2960000000000001E-3},{"$f":"ROUND(Ресурсы!D43*Начисления!AV64,2)","v":67.23},0,"s","IsMater",null,null,{"$f":"ROUND(Ресурсы!C43*Начисления!AV64,2)","v":16.66},0]
["59. 9.",{"$f":"ПОЛУЧШИФР(Ресурсы!A44,0)","v":"с201-0841"},{"$f":"Ресурсы!B44","v":"Стойки для дорожных знаков со струбцинами"},"кг",2840,{"$f":"ОКРУГЛВСЕ(IF(E1396=\"\",0,E1396)*IF(F1386=\"\",0,F1386),11)","v":1.704},{"$f":"ROUND(Ресурсы!D44*Начисления!AV64,2)","v":38.450000000000003},66,"s","IsMater",null,null,{"$f":"ROUND(Ресурсы!C44*Начисления!AV64,2)","v":0},0]
["59. 10.",{"$f":"ПОЛУЧШИФР(Ресурсы!A54,0)","v":"с408-0023"},{"$f":"Ресурсы!B54","v":"Щебень из природного камня для строительных работ марка: 400, фракция 20-40 мм"},"м3",3.76,{"$f":"ОКРУГЛВСЕ(IF(E1397=\"\",0,E1397)*IF(F1386=\"\",0,F1386),11)","v":2.2560000000000002E-3},{"$f":"ROUND(Ресурсы!D54*Начисления!AV64,2)","v":1269.01},3,"s","IsMater",null,null,{"$f":"ROUND(Ресурсы!C54*Начисления!AV64,2)","v":0},0]
["59. 11.",{"$f":"ПОЛУЧШИФР(Ресурсы!A57,0)","v":"с408-0124"},{"$f":"Ресурсы!B57","v":"Песок природный для стрительных работ мелкий"},"м3",3.47,{"$f":"ОКРУГЛВСЕ(IF(E1398=\"\",0,E1398)*IF(F1386=\"\",0,F1386),11)","v":2.0820000000000001E-3},{"$f":"ROUND(Ресурсы!D57*Начисления!AV64,2)","v":141.55000000000001},0,"s","IsMater",null,null,{"$f":"ROUND(Ресурсы!C57*Начисления!AV64,2)","v":0},0]
["59. 12.",{"$f":"ПОЛУЧШИФР(Ресурсы!A64,1)","v":"ССЦ 411-0001"},{"$f":"Ресурсы!B64","v":"Вода"},"м3",1.3009999999999999,{"$f":"ОКРУГЛВСЕ(IF(E1399=\"\",0,E1399)*IF(F1386=\"\",0,F1386),11)","v":7.806E-4},{"$f":"ROUND(Ресурсы!D64*Начисления!AV64,2)","v":10.85},0,"s","IsMater",null,null,{"$f":"ROUND(Ресурсы!C64*Начисления!AV64,2)","v":2.44},0]
[null,null,"Зарплата рабочих",null,null,null,null,19,null,null,null,null,null,1]
[null,null,"Эксплуатация машин",null,null,null,null,25,null,null,null,null,null,4]
[null,null,"в т.ч. зарплата машинистов",null,null,null,null,7,null,null,null,null,null,1]
[null,null,"Материалы",null,null,null,null,134]
[null,null,"в т.ч. Вспомогательные материалы от стоимости материалов"]
[null,null,"в т.ч. Вспомогательные ненормируемые материалы",null,null,null,null,null,"NenormMatOtZPR"]
[null,null,"в т.ч. Ненормированная з.п. рабочих"]
[null,null,"в т.ч. Ненормированная стоимость эксплуатации машин"]
[null,null,"в т.ч. Ненормированная оплата механизаторов"]
[null,null,"Накладные расходы",null,null,null,11.7,{"$f":"IF('Текущие цены с учетом расхода'!N64>0,'Текущие цены с учетом расхода'!N64,IF('Текущие цены с учетом расхода'!N64<0,'Текущие цены с учетом расхода'!N64,\"\"))","v":21},null,"Nakl",null,null,11.7,{"$f":"IF('Базовые цены с учетом расхода'!N64>0,'Базовые цены с учетом расхода'!N64,IF('Базовые цены с учетом расхода'!N64<0,'Базовые цены с учетом расхода'!N64,\"\"))","v":1}]
[null,null,"НР от ЗПР",null,null,null,null,{"$f":"IF('Текущие цены с учетом расхода'!P64>0,'Текущие цены с учетом расхода'!P64,IF('Текущие цены с учетом расхода'!P64<0,'Текущие цены с учетом расхода'!P64,\"\"))","v":""},null,"Nakl_ZPR",null,null,null,{"$f":"IF('Базовые цены с учетом расхода'!P64>0,'Базовые цены с учетом расхода'!P64,IF('Базовые цены с учетом расхода'!P64<0,'Базовые цены с учетом расхода'!P64,\"\"))","v":""}]
[null,null,"НР от ЗПМ",null,null,null,null,{"$f":"IF('Текущие цены с учетом расхода'!Q64>0,'Текущие цены с учетом расхода'!Q64,IF('Текущие цены с учетом расхода'!Q64<0,'Текущие цены с учетом расхода'!Q64,\"\"))","v":""},null,"Nakl_ZPM",null,null,null,{"$f":"IF('Базовые цены с учетом расхода'!Q64>0,'Базовые цены с учетом расхода'!Q64,IF('Базовые цены с учетом расхода'!Q64<0,'Базовые цены с учетом расхода'!Q64,\"\"))","v":""}]
[null,null,"Плановые накопления / Сметная прибыль",null,null,null,8,{"$f":"IF('Текущие цены с учетом расхода'!O64>0,'Текущие цены с учетом расхода'!O64,IF('Текущие цены с учетом расхода'!O64<0,'Текущие цены с учетом расхода'!O64,\"\"))","v":16},null,"Plan",null,null,8,{"$f":"IF('Базовые цены с учетом расхода'!O64>0,'Базовые цены с учетом расхода'!O64,IF('Базовые цены с учетом расхода'!O64<0,'Базовые цены с учетом расхода'!O64,\"\"))","v":""}]
[null,null,"СП от ЗПР",null,null,null,null,{"$f":"IF('Текущие цены с учетом расхода'!R64>0,'Текущие цены с учетом расхода'!R64,IF('Текущие цены с учетом расхода'!R64<0,'Текущие цены с учетом расхода'!R64,\"\"))","v":""},null,"Plan_ZPR",null,null,null,{"$f":"IF('Базовые цены с учетом расхода'!R64>0,'Базовые цены с учетом расхода'!R64,IF('Базовые цены с учетом расхода'!R64<0,'Базовые цены с учетом расхода'!R64,\"\"))","v":""}]
[null,null,"СП от ЗПМ",null,null,null,null,{"$f":"IF('Текущие цены с учетом расхода'!S64>0,'Текущие цены с учетом расхода'!S64,IF('Текущие цены с учетом расхода'!S64<0,'Текущие цены с учетом расхода'!S64,\"\"))","v":""},null,"Plan_ZPM",null,null,null,{"$f":"IF('Базовые цены с учетом расхода'!S64>0,'Базовые цены с учетом расхода'!S64,IF('Базовые цены с учетом расхода'!S64<0,'Базовые цены с учетом расхода'!S64,\"\"))","v":""}]
["60.","ГЭСНс 01-04-005-01","Замена стоек дорожных знаков и щитков знаков индивидуального проектирования со световозвращающей пленкой тип А","100 шт.",null,0.01,{"$f":"ROUND(СУММПРОИЗВЕСЛИ(1,I1415:I1427,\"s\",E1415:E1427,G1415:G1427,0),2)+SUMIF(I1415:I1442,\"=NenormMatOtZPR\",G1415:G1442)","v":195749.79},{"$f":"ROUND(СУММПРОИЗВЕСЛИ(F1415,I1415:I1427,\"s\",E1415:E1427,G1415:G1427,0),0)+SUMIF(I1415:I1442,\"=NenormMatOtZPR\",H1415:H1442)","v":1957},"sum",null,null,null,{"$f":"ROUND(СУММПРОИЗВЕСЛИ(1,I1415:I1427,\"s\",E1415:E1427,M1415:M1427,0),2)+SUMIF(I1415:I1442,\"=NenormMatOtZPR\",M1415:M1442)","v":9081.93},{"$f":"ROUND(СУММПРОИЗВЕСЛИ(F1415,I1415:I1427,\"s\",E1415:E1427,M1415:M1427,0),0)+SUMIF(I1415:I1442,\"=NenormMatOtZPR\",N1415:N1442)","v":91}]
["60. 1.","2","Затраты труда машинистов","чел.-ч",{"$f":"ОКРУГЛВСЕ(СУММПРОИЗВЕСЛИ(1,K1415:K1427,\"mWithZTM\",D1415:D1427,E1415:E1427,-1)+СУММКОЭФПРОЦЕНТЕСЛИ(1,1,K1415:K1427,\"mWithZTM_Proch\",E1415:E1427,-1),11)","v":74.930000000000007},{"$f":"ОКРУГЛВСЕ(СУММПРОИЗВЕСЛИ(1,K1415:K1427,\"mWithZTM\",D1415:D1427,F1415:F1427,-1)+СУММКОЭФПРОЦЕНТЕСЛИ(1,1,K1415:K1427,\"mWithZTM_Proch\",F1415:F1427,-1),11)","v":0.74929999999999997},{"$f":"IF(F1416=0,0,ROUND(H1416/F1416,3))","v":149.47300000000001},{"$f":"ROUND(СУММЕСЛИДА1НЕ1(L1415:L1427,\"mWithZPM\",D1415:D1427,0,H1415:H1427),0)","v":112},null,"Ж",null,null,{"$f":"IF(F1416=0,0,ROUND(N1416/F1416,3))","v":12.010999999999999},{"$f":"ROUND(СУММЕСЛИДА1НЕ1(L1415:L1427,\"mWithZPM\",D1415:D1427,0,N1415:N1427),0)","v":9}]
["60. 2.",{"$f":"ПОЛУЧШИФР(Ресурсы!A4,1)","v":"0-4002"},{"$f":"Ресурсы!B4","v":"Дорожный рабочий 2 разряда"},"чел.-ч",149.86000000000001,{"$f":"ОКРУГЛВСЕ(IF(E1417=\"\",0,E1417)*IF(F1415=\"\",0,F1415),11)","v":1.4985999999999999},{"$f":"Ресурсы!D4","v":100.57},{"$f":"ROUND(IF(F1417=\"\",0,F1417)*IF(G1417=\"\",0,G1417),0)","v":151},"s","Г",null,null,{"$f":"Ресурсы!C4","v":7.8},{"$f":"ROUND(IF(F1417=\"\",0,F1417)*IF(M1417=\"\",0,M1417),0)","v":12}]
["60. 3.",{"$f":"ПОЛУЧШИФР(Ресурсы!A5,1)","v":"0-4003"},{"$f":"Ресурсы!B5","v":"Дорожный рабочий 3 разряда"},"чел.-ч",149.86000000000001,{"$f":"ОКРУГЛВСЕ(IF(E1418=\"\",0,E1418)*IF(F1415=\"\",0,F1415),11)","v":1.4985999999999999},{"$f":"Ресурсы!D5","v":109.94},{"$f":"ROUND(IF(F1418=\"\",0,F1418)*IF(G1418=\"\",0,G1418),0)","v":165},"s","Г",null,null,{"$f":"Ресурсы!C5","v":8.5299999999999994},{"$f":"ROUND(IF(F1418=\"\",0,F1418)*IF(M1418=\"\",0,M1418),0)","v":13}]
["60. 4.",{"$f":"ПОЛУЧШИФР(Ресурсы!A96,1)","v":"СЦЭСМ 121550"},{"$f":"Ресурсы!B96","v":"Машины дорожной службы (машина дорожного мастера)"},"маш.-ч",74.930000000000007,{"$f":"ОКРУГЛВСЕ(IF(E1419=\"\",0,E1419)*IF(F1415=\"\",0,F1415),11)","v":0.74929999999999997},{"$f":"Ресурсы!D96","v":552.54999999999995},{"$f":"ROUND(IF(F1419=\"\",0,F1419)*IF(G1419=\"\",0,G1419),0)","v":414},"s","IsMash",null,null,{"$f":"Ресурсы!C96","v":86.5},{"$f":"ROUND(IF(F1419=\"\",0,F1419)*IF(M1419=\"\",0,M1419),0)","v":65}]
[null,null,null,{"$f":"Ресурсы!G96","v":1},null,null,{"$f":"Ресурсы!F96","v":149.81},{"$f":"ROUND(IF(F1419=\"\",0,F1419)*IF(G1420=\"\",0,G1420),0)","v":112},null,null,"mWithZTM","mWithZPM",{"$f":"Ресурсы!E96","v":11.6},{"$f":"ROUND(IF(F1419=\"\",0,F1419)*IF(M1420=\"\",0,M1420),0)","v":9}]
["60. 5.",{"$f":"ПОЛУЧШИФР(Ресурсы!A17,0)","v":"с101-1305"},{"$f":"Ресурсы!B17","v":"Портландцемент общестроительного назначения бездобавочный, марки: 400"},"т",2.0590000000000002,{"$f":"ОКРУГЛВСЕ(IF(E1421=\"\",0,E1421)*IF(F1415=\"\",0,F1415),11)","v":2.0590000000000001E-2},{"$f":"ROUND(Ресурсы!D17*Начисления!AV65,2)","v":3708.31},{"$f":"ROUND(IF(F1421=\"\",0,F1421)*IF(G1421=\"\",0,G1421),0)","v":76},"s","IsMater",null,null,{"$f":"ROUND(Ресурсы!C17*Начисления!AV65,2)","v":0},{"$f":"ROUND(IF(F1421=\"\",0,F1421)*IF(M1421=\"\",0,M1421),0)","v":0}]
["60. 6.",{"$f":"ПОЛУЧШИФР(Ресурсы!A42,1)","v":"ССЦ 113-8028"},{"$f":"Ресурсы!B42","v":"Эмаль ПФ-115 белая"},"кг",9.3000000000000007,{"$f":"ОКРУГЛВСЕ(IF(E1422=\"\",0,E1422)*IF(F1415=\"\",0,F1415),11)","v":9.2999999999999999E-2},{"$f":"ROUND(Ресурсы!D42*Начисления!AV65,2)","v":58.58},5,"s","IsMater",null,null,{"$f":"ROUND(Ресурсы!C42*Начисления!AV65,2)","v":12.27},1]
["60. 7.",{"$f":"ПОЛУЧШИФР(Ресурсы!A43,1)","v":"ССЦ 113-8029"},{"$f":"Ресурсы!B43","v":"Эмаль ПФ-115 цветная"},"кг",2.16,{"$f":"ОКРУГЛВСЕ(IF(E1423=\"\",0,E1423)*IF(F1415=\"\",0,F1415),11)","v":2.1600000000000001E-2},{"$f":"ROUND(Ресурсы!D43*Начисления!AV65,2)","v":67.23},1,"s","IsMater",null,null,{"$f":"ROUND(Ресурсы!C43*Начисления!AV65,2)","v":16.66},0]
["60. 8.",{"$f":"ПОЛУЧШИФР(Ресурсы!A44,0)","v":"с201-0841"},{"$f":"Ресурсы!B44","v":"Стойки для дорожных знаков со струбцинами"},"кг",2840,{"$f":"ОКРУГЛВСЕ(IF(E1424=\"\",0,E1424)*IF(F1415=\"\",0,F1415),11)","v":28.4},{"$f":"ROUND(Ресурсы!D44*Начисления!AV65,2)","v":38.450000000000003},1092,"s","IsMater",null,null,{"$f":"ROUND(Ресурсы!C44*Начисления!AV65,2)","v":0},0]
["60. 9.",{"$f":"ПОЛУЧШИФР(Ресурсы!A54,0)","v":"с408-0023"},{"$f":"Ресурсы!B54","v":"Щебень из природного камня для строительных работ марка: 400, фракция 20-40 мм"},"м3",3.76,{"$f":"ОКРУГЛВСЕ(IF(E1425=\"\",0,E1425)*IF(F1415=\"\",0,F1415),11)","v":3.7600000000000001E-2},{"$f":"ROUND(Ресурсы!D54*Начисления!AV65,2)","v":1269.01},48,"s","IsMater",null,null,{"$f":"ROUND(Ресурсы!C54*Начисления!AV65,2)","v":0},0]
["60. 10.",{"$f":"ПОЛУЧШИФР(Ресурсы!A57,0)","v":"с408-0124"},{"$f":"Ресурсы!B57","v":"Песок природный для стрительных работ мелкий"},"м3",3.47,{"$f":"ОКРУГЛВСЕ(IF(E1426=\"\",0,E1426)*IF(F1415=\"\",0,F1415),11)","v":3.4700000000000002E-2},{"$f":"ROUND(Ресурсы!D57*Начисления!AV65,2)","v":141.55000000000001},5,"s","IsMater",null,null,{"$f":"ROUND(Ресурсы!C57*Начисления!AV65,2)","v":0},0]
["60. 11.",{"$f":"ПОЛУЧШИФР(Ресурсы!A64,1)","v":"ССЦ 411-0001"},{"$f":"Ресурсы!B64","v":"Вода"},"м3",1.3009999999999999,{"$f":"ОКРУГЛВСЕ(IF(E1427=\"\",0,E1427)*IF(F1415=\"\",0,F1415),11)","v":1.3010000000000001E-2},{"$f":"ROUND(Ресурсы!D64*Начисления!AV65,2)","v":10.85},0,"s","IsMater",null,null,{"$f":"ROUND(Ресурсы!C64*Начисления!AV65,2)","v":2.44},0]
[null,null,"Зарплата рабочих",null,null,null,null,315,null,null,null,null,null,24]
[null,null,"Эксплуатация машин",null,null,null,null,414,null,null,null,null,null,65]
[null,null,"в т.ч. зарплата машинистов",null,null,null,null,112,null,null,null,null,null,9]
[null,null,"Материалы",null,null,null,null,1228,null,null,null,null,null,2]
[null,null,"в т.ч. Вспомогательные материалы от стоимости материалов"]
[null,null,"в т.ч. Вспомогательные ненормируемые материалы",null,null,null,null,null,"NenormMatOtZPR"]
[null,null,"в т.ч. Ненормированная з.п. рабочих"]
[null,null,"в т.ч. Ненормированная стоимость эксплуатации машин"]
[null,null,"в т.ч. Ненормированная оплата механизаторов"]
[null,null,"Накладные расходы",null,null,null,11.7,{"$f":"IF('Текущие цены с учетом расхода'!N65>0,'Текущие цены с учетом расхода'!N65,IF('Текущие цены с учетом расхода'!N65<0,'Текущие цены с учетом расхода'!N65,\"\"))","v":229},null,"Nakl",null,null,11.7,{"$f":"IF('Базовые цены с учетом расхода'!N65>0,'Базовые цены с учетом расхода'!N65,IF('Базовые цены с учетом расхода'!N65<0,'Базовые цены с учетом расхода'!N65,\"\"))","v":11}]
[null,null,"НР от ЗПР",null,null,null,null,{"$f":"IF('Текущие цены с учетом расхода'!P65>0,'Текущие цены с учетом расхода'!P65,IF('Текущие цены с учетом расхода'!P65<0,'Текущие цены с учетом расхода'!P65,\"\"))","v":""},null,"Nakl_ZPR",null,null,null,{"$f":"IF('Базовые цены с учетом расхода'!P65>0,'Базовые цены с учетом расхода'!P65,IF('Базовые цены с учетом расхода'!P65<0,'Базовые цены с учетом расхода'!P65,\"\"))","v":""}]
[null,null,"НР от ЗПМ",null,null,null,null,{"$f":"IF('Текущие цены с учетом расхода'!Q65>0,'Текущие цены с учетом расхода'!Q65,IF('Текущие цены с учетом расхода'!Q65<0,'Текущие цены с учетом расхода'!Q65,\"\"))","v":""},null,"Nakl_ZPM",null,null,null,{"$f":"IF('Базовые цены с учетом расхода'!Q65>0,'Базовые цены с учетом расхода'!Q65,IF('Базовые цены с учетом расхода'!Q65<0,'Базовые цены с учетом расхода'!Q65,\"\"))","v":""}]
[null,null,"Плановые накопления / Сметная прибыль",null,null,null,8,{"$f":"IF('Текущие цены с учетом расхода'!O65>0,'Текущие цены с учетом расхода'!O65,IF('Текущие цены с учетом расхода'!O65<0,'Текущие цены с учетом расхода'!O65,\"\"))","v":175},null,"Plan",null,null,8,{"$f":"IF('Базовые цены с учетом расхода'!O65>0,'Базовые цены с учетом расхода'!O65,IF('Базовые цены с учетом расхода'!O65<0,'Базовые цены с учетом расхода'!O65,\"\"))","v":8}]
[null,null,"СП от ЗПР",null,null,null,null,{"$f":"IF('Текущие цены с учетом расхода'!R65>0,'Текущие цены с учетом расхода'!R65,IF('Текущие цены с учетом расхода'!R65<0,'Текущие цены с учетом расхода'!R65,\"\"))","v":""},null,"Plan_ZPR",null,null,null,{"$f":"IF('Базовые цены с учетом расхода'!R65>0,'Базовые цены с учетом расхода'!R65,IF('Базовые цены с учетом расхода'!R65<0,'Базовые цены с учетом расхода'!R65,\"\"))","v":""}]
[null,null,"СП от ЗПМ",null,null,null,null,{"$f":"IF('Текущие цены с учетом расхода'!S65>0,'Текущие цены с учетом расхода'!S65,IF('Текущие цены с учетом расхода'!S65<0,'Текущие цены с учетом расхода'!S65,\"\"))","v":""},null,"Plan_ZPM",null,null,null,{"$f":"IF('Базовые цены с учетом расхода'!S65>0,'Базовые цены с учетом расхода'!S65,IF('Базовые цены с учетом расхода'!S65<0,'Базовые цены с учетом расхода'!S65,\"\"))","v":""}]
["61.","С101-9610-2\n(Прайс-лист \"Доркомплект\")","Знаки дорожные информационные индувиального изготовления  на оцинкованной подоснове со световозвращающей пленкой типа А","м2",null,1,{"$f":"ROUND(СУММПРОИЗВЕСЛИ(1,I1443:I1445,\"s\",E1443:E1445,G1443:G1445,0),2)+SUMIF(I1443:I1460,\"=NenormMatOtZPR\",G1443:G1460)","v":3220.93},{"$f":"ROUND(СУММПРОИЗВЕСЛИ(F1443,I1443:I1445,\"s\",E1443:E1445,G1443:G1445,0),0)+SUMIF(I1443:I1460,\"=NenormMatOtZPR\",H1443:H1460)","v":3221},"sum",null,null,null,{"$f":"ROUND(СУММПРОИЗВЕСЛИ(1,I1443:I1445,\"s\",E1443:E1445,M1443:M1445,0),2)+SUMIF(I1443:I1460,\"=NenormMatOtZPR\",M1443:M1460)","v":521.9},{"$f":"ROUND(СУММПРОИЗВЕСЛИ(F1443,I1443:I1445,\"s\",E1443:E1445,M1443:M1445,0),0)+SUMIF(I1443:I1460,\"=NenormMatOtZPR\",N1443:N1460)","v":522}]
["61. 0.","З1000-0001","Затраты труда машинистов","чел.ч",0,0,{"$f":"IF(F1444=0,0,ROUND(H1444/F1444,3))","v":0},null,null,"Ж",null,null,{"$f":"IF(F1444=0,0,ROUND(N1444/F1444,3))","v":0}]
["61. 1.",{"$f":"ПОЛУЧШИФР(Ресурсы!A36,1)","v":"С101-9610-2"},{"$f":"Ресурсы!B36","v":"Знаки дорожные информационные индувиального изготовления  на оцинкованной подоснове со световозвращающей пленкой типа А"},"м2",1,{"$f":"ОКРУГЛВСЕ(IF(E1445=\"\",0,E1445)*IF(F1443=\"\",0,F1443),11)","v":1},{"$f":"ROUND(Ресурсы!D36*Начисления!AV66,2)","v":3220.93},{"$f":"ROUND(IF(F1445=\"\",0,F1445)*IF(G1445=\"\",0,G1445),0)","v":3221},"s","IsMater",null,null,{"$f":"ROUND(Ресурсы!C36*Начисления!AV66,2)","v":521.9},{"$f":"ROUND(IF(F1445=\"\",0,F1445)*IF(M1445=\"\",0,M1445),0)","v":522}]
[null,null,"Зарплата рабочих"]
[null,null,"Эксплуатация машин"]
[null,null,"в т.ч. зарплата машинистов"]
[null,null,"Материалы",null,null,null,null,3221,null,null,null,null,null,522]
[null,null,"в т.ч. Вспомогательные материалы от стоимости материалов"]
[null,null,"в т.ч. Вспомогательные ненормируемые материалы",null,null,null,null,null,"NenormMatOtZPR"]
[null,null,"в т.ч. Ненормированная з.п. рабочих"]
[null,null,"в т.ч. Ненормированная стоимость эксплуатации машин"]
[null,null,"в т.ч. Ненормированная оплата механизаторов"]
[null,null,"Накладные расходы",null,null,null,11.7,{"$f":"IF('Текущие цены с учетом расхода'!N66>0,'Текущие цены с учетом расхода'!N66,IF('Текущие цены с учетом расхода'!N66<0,'Текущие цены с учетом расхода'!N66,\"\"))","v":377},null,"Nakl",null,null,11.7,{"$f":"IF('Базовые цены с учетом расхода'!N66>0,'Базовые цены с учетом расхода'!N66,IF('Базовые цены с учетом расхода'!N66<0,'Базовые цены с учетом расхода'!N66,\"\"))","v":61}]
[null,null,"НР от ЗПР",null,null,null,null,{"$f":"IF('Текущие цены с учетом расхода'!P66>0,'Текущие цены с учетом расхода'!P66,IF('Текущие цены с учетом расхода'!P66<0,'Текущие цены с учетом расхода'!P66,\"\"))","v":""},null,"Nakl_ZPR",null,null,null,{"$f":"IF('Базовые цены с учетом расхода'!P66>0,'Базовые цены с учетом расхода'!P66,IF('Базовые цены с учетом расхода'!P66<0,'Базовые цены с учетом расхода'!P66,\"\"))","v":""}]
[null,null,"НР от ЗПМ",null,null,null,null,{"$f":"IF('Текущие цены с учетом расхода'!Q66>0,'Текущие цены с учетом расхода'!Q66,IF('Текущие цены с учетом расхода'!Q66<0,'Текущие цены с учетом расхода'!Q66,\"\"))","v":""},null,"Nakl_ZPM",null,null,null,{"$f":"IF('Базовые цены с учетом расхода'!Q66>0,'Базовые цены с учетом расхода'!Q66,IF('Базовые цены с учетом расхода'!Q66<0,'Базовые цены с учетом расхода'!Q66,\"\"))","v":""}]
[null,null,"Плановые накопления / Сметная прибыль",null,null,null,8,{"$f":"IF('Текущие цены с учетом расхода'!O66>0,'Текущие цены с учетом расхода'!O66,IF('Текущие цены с учетом расхода'!O66<0,'Текущие цены с учетом расхода'!O66,\"\"))","v":288},null,"Plan",null,null,8,{"$f":"IF('Базовые цены с учетом расхода'!O66>0,'Базовые цены с учетом расхода'!O66,IF('Базовые цены с учетом расхода'!O66<0,'Базовые цены с учетом расхода'!O66,\"\"))","v":47}]
[null,null,"СП от ЗПР",null,null,null,null,{"$f":"IF('Текущие цены с учетом расхода'!R66>0,'Текущие цены с учетом расхода'!R66,IF('Текущие цены с учетом расхода'!R66<0,'Текущие цены с учетом расхода'!R66,\"\"))","v":""},null,"Plan_ZPR",null,null,null,{"$f":"IF('Базовые цены с учетом расхода'!R66>0,'Базовые цены с учетом расхода'!R66,IF('Базовые цены с учетом расхода'!R66<0,'Базовые цены с учетом расхода'!R66,\"\"))","v":""}]
[null,null,"СП от ЗПМ",null,null,null,null,{"$f":"IF('Текущие цены с учетом расхода'!S66>0,'Текущие цены с учетом расхода'!S66,IF('Текущие цены с учетом расхода'!S66<0,'Текущие цены с учетом расхода'!S66,\"\"))","v":""},null,"Plan_ZPM",null,null,null,{"$f":"IF('Базовые цены с учетом расхода'!S66>0,'Базовые цены с учетом расхода'!S66,IF('Базовые цены с учетом расхода'!S66<0,'Базовые цены с учетом расхода'!S66,\"\"))","v":""}]
["62.","ГЭСНс 01-07-015-01","Выкашивание газонов газонокосилками моторными","1000 м2",null,8.0000000000000002E-3,{"$f":"ROUND(СУММПРОИЗВЕСЛИ(1,I1461:I1465,\"s\",E1461:E1465,G1461:G1465,0),2)+SUMIF(I1461:I1480,\"=NenormMatOtZPR\",G1461:G1480)","v":857.66},{"$f":"ROUND(СУММПРОИЗВЕСЛИ(F1461,I1461:I1465,\"s\",E1461:E1465,G1461:G1465,0),0)+SUMIF(I1461:I1480,\"=NenormMatOtZPR\",H1461:H1480)","v":7},"sum",null,null,null,{"$f":"ROUND(СУММПРОИЗВЕСЛИ(1,I1461:I1465,\"s\",E1461:E1465,M1461:M1465,0),2)+SUMIF(I1461:I1480,\"=NenormMatOtZPR\",M1461:M1480)","v":120.47},{"$f":"ROUND(СУММПРОИЗВЕСЛИ(F1461,I1461:I1465,\"s\",E1461:E1465,M1461:M1465,0),0)+SUMIF(I1461:I1480,\"=NenormMatOtZPR\",N1461:N1480)","v":1}]
["62. 0.","З1000-0001","Затраты труда машинистов","чел.ч",0,0,{"$f":"IF(F1462=0,0,ROUND(H1462/F1462,3))","v":0},null,null,"Ж",null,null,{"$f":"IF(F1462=0,0,ROUND(N1462/F1462,3))","v":0}]
["62. 1.",{"$f":"ПОЛУЧШИФР(Ресурсы!A3,1)","v":"0-4001"},{"$f":"Ресурсы!B3","v":"Дорожный рабочий 1 разряда"},"чел.-ч",1.65,{"$f":"ОКРУГЛВСЕ(IF(E1463=\"\",0,E1463)*IF(F1461=\"\",0,F1461),11)","v":1.32E-2},{"$f":"Ресурсы!D3","v":92.69},{"$f":"ROUND(IF(F1463=\"\",0,F1463)*IF(G1463=\"\",0,G1463),0)","v":1},"s","Г",null,null,{"$f":"Ресурсы!C3","v":7.19},{"$f":"ROUND(IF(F1463=\"\",0,F1463)*IF(M1463=\"\",0,M1463),0)","v":0}]
["62. 2.",{"$f":"ПОЛУЧШИФР(Ресурсы!A5,1)","v":"0-4003"},{"$f":"Ресурсы!B5","v":"Дорожный рабочий 3 разряда"},"чел.-ч",3.5,{"$f":"ОКРУГЛВСЕ(IF(E1464=\"\",0,E1464)*IF(F1461=\"\",0,F1461),11)","v":2.8000000000000001E-2},{"$f":"Ресурсы!D5","v":109.94},{"$f":"ROUND(IF(F1464=\"\",0,F1464)*IF(G1464=\"\",0,G1464),0)","v":3},"s","Г",null,null,{"$f":"Ресурсы!C5","v":8.5299999999999994},{"$f":"ROUND(IF(F1464=\"\",0,F1464)*IF(M1464=\"\",0,M1464),0)","v":0}]
["62. 3.",{"$f":"ПОЛУЧШИФР(Ресурсы!A83,1)","v":"СЦЭСМ 092402"},{"$f":"Ресурсы!B83","v":"Газонокосилки моторные"},"маш.-ч",3.5,{"$f":"ОКРУГЛВСЕ(IF(E1465=\"\",0,E1465)*IF(F1461=\"\",0,F1461),11)","v":2.8000000000000001E-2},{"$f":"Ресурсы!D83","v":91.41},{"$f":"ROUND(IF(F1465=\"\",0,F1465)*IF(G1465=\"\",0,G1465),0)","v":3},"s","IsMash",null,null,{"$f":"Ресурсы!C83","v":22.5},{"$f":"ROUND(IF(F1465=\"\",0,F1465)*IF(M1465=\"\",0,M1465),0)","v":1}]
[null,null,"Зарплата рабочих",null,null,null,null,4]
[null,null,"Эксплуатация машин",null,null,null,null,3,null,null,null,null,null,1]
[null,null,"в т.ч. зарплата машинистов"]
[null,null,"Материалы"]
[null,null,"в т.ч. Вспомогательные материалы от стоимости материалов"]
[null,null,"в т.ч. Вспомогательные ненормируемые материалы",null,null,null,null,null,"NenormMatOtZPR"]
[null,null,"в т.ч. Ненормированная з.п. рабочих"]
[null,null,"в т.ч. Ненормированная стоимость эксплуатации машин"]
[null,null,"в т.ч. Ненормированная оплата механизаторов"]
[null,null,"Накладные расходы",null,null,null,11.7,{"$f":"IF('Текущие цены с учетом расхода'!N67>0,'Текущие цены с учетом расхода'!N67,IF('Текущие цены с учетом расхода'!N67<0,'Текущие цены с учетом расхода'!N67,\"\"))","v":1},null,"Nakl",null,null,11.7,{"$f":"IF('Базовые цены с учетом расхода'!N67>0,'Базовые цены с учетом расхода'!N67,IF('Базовые цены с учетом расхода'!N67<0,'Базовые цены с учетом расхода'!N67,\"\"))","v":""}]
[null,null,"НР от ЗПР",null,null,null,null,{"$f":"IF('Текущие цены с учетом расхода'!P67>0,'Текущие цены с учетом расхода'!P67,IF('Текущие цены с учетом расхода'!P67<0,'Текущие цены с учетом расхода'!P67,\"\"))","v":""},null,"Nakl_ZPR",null,null,null,{"$f":"IF('Базовые цены с учетом расхода'!P67>0,'Базовые цены с учетом расхода'!P67,IF('Базовые цены с учетом расхода'!P67<0,'Базовые цены с учетом расхода'!P67,\"\"))","v":""}]
[null,null,"НР от ЗПМ",null,null,null,null,{"$f":"IF('Текущие цены с учетом расхода'!Q67>0,'Текущие цены с учетом расхода'!Q67,IF('Текущие цены с учетом расхода'!Q67<0,'Текущие цены с учетом расхода'!Q67,\"\"))","v":""},null,"Nakl_ZPM",null,null,null,{"$f":"IF('Базовые цены с учетом расхода'!Q67>0,'Базовые цены с учетом расхода'!Q67,IF('Базовые цены с учетом расхода'!Q67<0,'Базовые цены с учетом расхода'!Q67,\"\"))","v":""}]
[null,null,"Плановые накопления / Сметная прибыль",null,null,null,8,{"$f":"IF('Текущие цены с учетом расхода'!O67>0,'Текущие цены с учетом расхода'!O67,IF('Текущие цены с учетом расхода'!O67<0,'Текущие цены с учетом расхода'!O67,\"\"))","v":1},null,"Plan",null,null,8,{"$f":"IF('Базовые цены с учетом расхода'!O67>0,'Базовые цены с учетом расхода'!O67,IF('Базовые цены с учетом расхода'!O67<0,'Базовые цены с учетом расхода'!O67,\"\"))","v":""}]
[null,null,"СП от ЗПР",null,null,null,null,{"$f":"IF('Текущие цены с учетом расхода'!R67>0,'Текущие цены с учетом расхода'!R67,IF('Текущие цены с учетом расхода'!R67<0,'Текущие цены с учетом расхода'!R67,\"\"))","v":""},null,"Plan_ZPR",null,null,null,{"$f":"IF('Базовые цены с учетом расхода'!R67>0,'Базовые цены с учетом расхода'!R67,IF('Базовые цены с учетом расхода'!R67<0,'Базовые цены с учетом расхода'!R67,\"\"))","v":""}]
[null,null,"СП от ЗПМ",null,null,null,null,{"$f":"IF('Текущие цены с учетом расхода'!S67>0,'Текущие цены с учетом расхода'!S67,IF('Текущие цены с учетом расхода'!S67<0,'Текущие цены с учетом расхода'!S67,\"\"))","v":""},null,"Plan_ZPM",null,null,null,{"$f":"IF('Базовые цены с учетом расхода'!S67>0,'Базовые цены с учетом расхода'!S67,IF('Базовые цены с учетом расхода'!S67<0,'Базовые цены с учетом расхода'!S67,\"\"))","v":""}]
[null,"8.Сигнальные столбики"]
["63.","ГЭСНс 01-04-001-02","Очистка и мойка водой из шланга сигнальных столбиков и тумб","100 шт.",null,3.7199999999999997E-2,{"$f":"ROUND(СУММПРОИЗВЕСЛИ(1,I1482:I1487,\"s\",E1482:E1487,G1482:G1487,0),2)+SUMIF(I1482:I1502,\"=NenormMatOtZPR\",G1482:G1502)","v":9717.59},{"$f":"ROUND(СУММПРОИЗВЕСЛИ(F1482,I1482:I1487,\"s\",E1482:E1487,G1482:G1487,0),0)+SUMIF(I1482:I1502,\"=NenormMatOtZPR\",H1482:H1502)","v":361},"sum",null,null,null,{"$f":"ROUND(СУММПРОИЗВЕСЛИ(1,I1482:I1487,\"s\",E1482:E1487,M1482:M1487,0),2)+SUMIF(I1482:I1502,\"=NenormMatOtZPR\",M1482:M1502)","v":1546.63},{"$f":"ROUND(СУММПРОИЗВЕСЛИ(F1482,I1482:I1487,\"s\",E1482:E1487,M1482:M1487,0),0)+SUMIF(I1482:I1502,\"=NenormMatOtZPR\",N1482:N1502)","v":58}]
["63. 1.","2","Затраты труда машинистов","чел.-ч",{"$f":"ОКРУГЛВСЕ(СУММПРОИЗВЕСЛИ(1,K1482:K1487,\"mWithZTM\",D1482:D1487,E1482:E1487,-1)+СУММКОЭФПРОЦЕНТЕСЛИ(1,1,K1482:K1487,\"mWithZTM_Proch\",E1482:E1487,-1),11)","v":7.97},{"$f":"ОКРУГЛВСЕ(СУММПРОИЗВЕСЛИ(1,K1482:K1487,\"mWithZTM\",D1482:D1487,F1482:F1487,-1)+СУММКОЭФПРОЦЕНТЕСЛИ(1,1,K1482:K1487,\"mWithZTM_Proch\",F1482:F1487,-1),11)","v":0.29648400000000003},{"$f":"IF(F1483=0,0,ROUND(H1483/F1483,3))","v":175.38900000000001},{"$f":"ROUND(СУММЕСЛИДА1НЕ1(L1482:L1487,\"mWithZPM\",D1482:D1487,0,H1482:H1487),0)","v":52},null,"Ж",null,null,{"$f":"IF(F1483=0,0,ROUND(N1483/F1483,3))","v":13.491},{"$f":"ROUND(СУММЕСЛИДА1НЕ1(L1482:L1487,\"mWithZPM\",D1482:D1487,0,N1482:N1487),0)","v":4}]
["63. 2.",{"$f":"ПОЛУЧШИФР(Ресурсы!A4,1)","v":"0-4002"},{"$f":"Ресурсы!B4","v":"Дорожный рабочий 2 разряда"},"чел.-ч",7.97,{"$f":"ОКРУГЛВСЕ(IF(E1484=\"\",0,E1484)*IF(F1482=\"\",0,F1482),11)","v":0.29648400000000003},{"$f":"Ресурсы!D4","v":100.57},{"$f":"ROUND(IF(F1484=\"\",0,F1484)*IF(G1484=\"\",0,G1484),0)","v":30},"s","Г",null,null,{"$f":"Ресурсы!C4","v":7.8},{"$f":"ROUND(IF(F1484=\"\",0,F1484)*IF(M1484=\"\",0,M1484),0)","v":2}]
["63. 3.",{"$f":"ПОЛУЧШИФР(Ресурсы!A94,1)","v":"СЦЭСМ 121342"},{"$f":"Ресурсы!B94","v":"Машины дорожные комбинированные, мощностью от 210 до 270 л.с."},"маш.-ч",7.97,{"$f":"ОКРУГЛВСЕ(IF(E1485=\"\",0,E1485)*IF(F1482=\"\",0,F1482),11)","v":0.29648400000000003},{"$f":"Ресурсы!D94","v":1117.3399999999999},{"$f":"ROUND(IF(F1485=\"\",0,F1485)*IF(G1485=\"\",0,G1485),0)","v":331},"s","IsMash",null,null,{"$f":"Ресурсы!C94","v":185.95},{"$f":"ROUND(IF(F1485=\"\",0,F1485)*IF(M1485=\"\",0,M1485),0)","v":55}]
[null,null,null,{"$f":"Ресурсы!G94","v":1},null,null,{"$f":"Ресурсы!F94","v":174.31},{"$f":"ROUND(IF(F1485=\"\",0,F1485)*IF(G1486=\"\",0,G1486),0)","v":52},null,null,"mWithZTM","mWithZPM",{"$f":"Ресурсы!E94","v":13.5},{"$f":"ROUND(IF(F1485=\"\",0,F1485)*IF(M1486=\"\",0,M1486),0)","v":4}]
["63. 4.",{"$f":"ПОЛУЧШИФР(Ресурсы!A64,1)","v":"ССЦ 411-0001"},{"$f":"Ресурсы!B64","v":"Вода"},"м3",1,{"$f":"ОКРУГЛВСЕ(IF(E1487=\"\",0,E1487)*IF(F1482=\"\",0,F1482),11)","v":3.7199999999999997E-2},{"$f":"ROUND(Ресурсы!D64*Начисления!AV68,2)","v":10.85},{"$f":"ROUND(IF(F1487=\"\",0,F1487)*IF(G1487=\"\",0,G1487),0)","v":0},"s","IsMater",null,null,{"$f":"ROUND(Ресурсы!C64*Начисления!AV68,2)","v":2.44},{"$f":"ROUND(IF(F1487=\"\",0,F1487)*IF(M1487=\"\",0,M1487),0)","v":0}]
[null,null,"Зарплата рабочих",null,null,null,null,30,null,null,null,null,null,2]
[null,null,"Эксплуатация машин",null,null,null,null,331,null,null,null,null,null,55]
[null,null,"в т.ч. зарплата машинистов",null,null,null,null,52,null,null,null,null,null,4]
[null,null,"Материалы"]
[null,null,"в т.ч. Вспомогательные материалы от стоимости материалов"]
[null,null,"в т.ч. Вспомогательные ненормируемые материалы",null,null,null,null,null,"NenormMatOtZPR"]
[null,null,"в т.ч. Ненормированная з.п. рабочих"]
[null,null,"в т.ч. Ненормированная стоимость эксплуатации машин"]
[null,null,"в т.ч. Ненормированная оплата механизаторов"]
[null,null,"Накладные расходы",null,null,null,11.7,{"$f":"IF('Текущие цены с учетом расхода'!N68>0,'Текущие цены с учетом расхода'!N68,IF('Текущие цены с учетом расхода'!N68<0,'Текущие цены с учетом расхода'!N68,\"\"))","v":42},null,"Nakl",null,null,11.7,{"$f":"IF('Базовые цены с учетом расхода'!N68>0,'Базовые цены с учетом расхода'!N68,IF('Базовые цены с учетом расхода'!N68<0,'Базовые цены с учетом расхода'!N68,\"\"))","v":7}]
[null,null,"НР от ЗПР",null,null,null,null,{"$f":"IF('Текущие цены с учетом расхода'!P68>0,'Текущие цены с учетом расхода'!P68,IF('Текущие цены с учетом расхода'!P68<0,'Текущие цены с учетом расхода'!P68,\"\"))","v":""},null,"Nakl_ZPR",null,null,null,{"$f":"IF('Базовые цены с учетом расхода'!P68>0,'Базовые цены с учетом расхода'!P68,IF('Базовые цены с учетом расхода'!P68<0,'Базовые цены с учетом расхода'!P68,\"\"))","v":""}]
[null,null,"НР от ЗПМ",null,null,null,null,{"$f":"IF('Текущие цены с учетом расхода'!Q68>0,'Текущие цены с учетом расхода'!Q68,IF('Текущие цены с учетом расхода'!Q68<0,'Текущие цены с учетом расхода'!Q68,\"\"))","v":""},null,"Nakl_ZPM",null,null,null,{"$f":"IF('Базовые цены с учетом расхода'!Q68>0,'Базовые цены с учетом расхода'!Q68,IF('Базовые цены с учетом расхода'!Q68<0,'Базовые цены с учетом расхода'!Q68,\"\"))","v":""}]
[null,null,"Плановые накопления / Сметная прибыль",null,null,null,8,{"$f":"IF('Текущие цены с учетом расхода'!O68>0,'Текущие цены с учетом расхода'!O68,IF('Текущие цены с учетом расхода'!O68<0,'Текущие цены с учетом расхода'!O68,\"\"))","v":32},null,"Plan",null,null,8,{"$f":"IF('Базовые цены с учетом расхода'!O68>0,'Базовые цены с учетом расхода'!O68,IF('Базовые цены с учетом расхода'!O68<0,'Базовые цены с учетом расхода'!O68,\"\"))","v":5}]
[null,null,"СП от ЗПР",null,null,null,null,{"$f":"IF('Текущие цены с учетом расхода'!R68>0,'Текущие цены с учетом расхода'!R68,IF('Текущие цены с учетом расхода'!R68<0,'Текущие цены с учетом расхода'!R68,\"\"))","v":""},null,"Plan_ZPR",null,null,null,{"$f":"IF('Базовые цены с учетом расхода'!R68>0,'Базовые цены с учетом расхода'!R68,IF('Базовые цены с учетом расхода'!R68<0,'Базовые цены с учетом расхода'!R68,\"\"))","v":""}]
[null,null,"СП от ЗПМ",null,null,null,null,{"$f":"IF('Текущие цены с учетом расхода'!S68>0,'Текущие цены с учетом расхода'!S68,IF('Текущие цены с учетом расхода'!S68<0,'Текущие цены с учетом расхода'!S68,\"\"))","v":""},null,"Plan_ZPM",null,null,null,{"$f":"IF('Базовые цены с учетом расхода'!S68>0,'Базовые цены с учетом расхода'!S68,IF('Базовые цены с учетом расхода'!S68<0,'Базовые цены с учетом расхода'!S68,\"\"))","v":""}]
["64.","ГЭСНс 01-04-003-02","Окраска сигнальных столбиков (разметка 2.4)","100 шт.",null,1.2999999999999999E-3,{"$f":"ROUND(СУММПРОИЗВЕСЛИ(1,I1503:I1510,\"s\",E1503:E1510,G1503:G1510,0),2)+SUMIF(I1503:I1525,\"=NenormMatOtZPR\",G1503:G1525)","v":12254.76},{"$f":"ROUND(СУММПРОИЗВЕСЛИ(F1503,I1503:I1510,\"s\",E1503:E1510,G1503:G1510,0),0)+SUMIF(I1503:I1525,\"=NenormMatOtZPR\",H1503:H1525)","v":16},"sum",null,null,null,{"$f":"ROUND(СУММПРОИЗВЕСЛИ(1,I1503:I1510,\"s\",E1503:E1510,M1503:M1510,0),2)+SUMIF(I1503:I1525,\"=NenormMatOtZPR\",M1503:M1525)","v":1654.16},{"$f":"ROUND(СУММПРОИЗВЕСЛИ(F1503,I1503:I1510,\"s\",E1503:E1510,M1503:M1510,0),0)+SUMIF(I1503:I1525,\"=NenormMatOtZPR\",N1503:N1525)","v":2}]
["64. 1.","2","Затраты труда машинистов","чел.-ч",{"$f":"ОКРУГЛВСЕ(СУММПРОИЗВЕСЛИ(1,K1503:K1510,\"mWithZTM\",D1503:D1510,E1503:E1510,-1)+СУММКОЭФПРОЦЕНТЕСЛИ(1,1,K1503:K1510,\"mWithZTM_Proch\",E1503:E1510,-1),11)","v":10.82},{"$f":"ОКРУГЛВСЕ(СУММПРОИЗВЕСЛИ(1,K1503:K1510,\"mWithZTM\",D1503:D1510,F1503:F1510,-1)+СУММКОЭФПРОЦЕНТЕСЛИ(1,1,K1503:K1510,\"mWithZTM_Proch\",F1503:F1510,-1),11)","v":1.4066E-2},{"$f":"IF(F1504=0,0,ROUND(H1504/F1504,3))","v":142.18700000000001},{"$f":"ROUND(СУММЕСЛИДА1НЕ1(L1503:L1510,\"mWithZPM\",D1503:D1510,0,H1503:H1510),0)","v":2},null,"Ж",null,null,{"$f":"IF(F1504=0,0,ROUND(N1504/F1504,3))","v":0},{"$f":"ROUND(СУММЕСЛИДА1НЕ1(L1503:L1510,\"mWithZPM\",D1503:D1510,0,N1503:N1510),0)","v":0}]
["64. 2.",{"$f":"ПОЛУЧШИФР(Ресурсы!A4,1)","v":"0-4002"},{"$f":"Ресурсы!B4","v":"Дорожный рабочий 2 разряда"},"чел.-ч",21.64,{"$f":"ОКРУГЛВСЕ(IF(E1505=\"\",0,E1505)*IF(F1503=\"\",0,F1503),11)","v":2.8132000000000001E-2},{"$f":"Ресурсы!D4","v":100.57},{"$f":"ROUND(IF(F1505=\"\",0,F1505)*IF(G1505=\"\",0,G1505),0)","v":3},"s","Г",null,null,{"$f":"Ресурсы!C4","v":7.8},{"$f":"ROUND(IF(F1505=\"\",0,F1505)*IF(M1505=\"\",0,M1505),0)","v":0}]
["64. 3.",{"$f":"ПОЛУЧШИФР(Ресурсы!A5,1)","v":"0-4003"},{"$f":"Ресурсы!B5","v":"Дорожный рабочий 3 разряда"},"чел.-ч",21.64,{"$f":"ОКРУГЛВСЕ(IF(E1506=\"\",0,E1506)*IF(F1503=\"\",0,F1503),11)","v":2.8132000000000001E-2},{"$f":"Ресурсы!D5","v":109.94},{"$f":"ROUND(IF(F1506=\"\",0,F1506)*IF(G1506=\"\",0,G1506),0)","v":3},"s","Г",null,null,{"$f":"Ресурсы!C5","v":8.5299999999999994},{"$f":"ROUND(IF(F1506=\"\",0,F1506)*IF(M1506=\"\",0,M1506),0)","v":0}]
["64. 4.",{"$f":"ПОЛУЧШИФР(Ресурсы!A96,1)","v":"СЦЭСМ 121550"},{"$f":"Ресурсы!B96","v":"Машины дорожной службы (машина дорожного мастера)"},"маш.-ч",10.82,{"$f":"ОКРУГЛВСЕ(IF(E1507=\"\",0,E1507)*IF(F1503=\"\",0,F1503),11)","v":1.4066E-2},{"$f":"Ресурсы!D96","v":552.54999999999995},{"$f":"ROUND(IF(F1507=\"\",0,F1507)*IF(G1507=\"\",0,G1507),0)","v":8},"s","IsMash",null,null,{"$f":"Ресурсы!C96","v":86.5},{"$f":"ROUND(IF(F1507=\"\",0,F1507)*IF(M1507=\"\",0,M1507),0)","v":1}]
[null,null,null,{"$f":"Ресурсы!G96","v":1},null,null,{"$f":"Ресурсы!F96","v":149.81},{"$f":"ROUND(IF(F1507=\"\",0,F1507)*IF(G1508=\"\",0,G1508),0)","v":2},null,null,"mWithZTM","mWithZPM",{"$f":"Ресурсы!E96","v":11.6},{"$f":"ROUND(IF(F1507=\"\",0,F1507)*IF(M1508=\"\",0,M1508),0)","v":0}]
["64. 5.",{"$f":"ПОЛУЧШИФР(Ресурсы!A42,1)","v":"ССЦ 113-8028"},{"$f":"Ресурсы!B42","v":"Эмаль ПФ-115 белая"},"кг",27.4,{"$f":"ОКРУГЛВСЕ(IF(E1509=\"\",0,E1509)*IF(F1503=\"\",0,F1503),11)","v":3.5619999999999999E-2},{"$f":"ROUND(Ресурсы!D42*Начисления!AV69,2)","v":58.58},{"$f":"ROUND(IF(F1509=\"\",0,F1509)*IF(G1509=\"\",0,G1509),0)","v":2},"s","IsMater",null,null,{"$f":"ROUND(Ресурсы!C42*Начисления!AV69,2)","v":12.27},{"$f":"ROUND(IF(F1509=\"\",0,F1509)*IF(M1509=\"\",0,M1509),0)","v":0}]
["64. 6.",{"$f":"ПОЛУЧШИФР(Ресурсы!A43,1)","v":"ССЦ 113-8029"},{"$f":"Ресурсы!B43","v":"Эмаль ПФ-115 цветная"},"кг",1.72,{"$f":"ОКРУГЛВСЕ(IF(E1510=\"\",0,E1510)*IF(F1503=\"\",0,F1503),11)","v":2.2360000000000001E-3},{"$f":"ROUND(Ресурсы!D43*Начисления!AV69,2)","v":67.23},{"$f":"ROUND(IF(F1510=\"\",0,F1510)*IF(G1510=\"\",0,G1510),0)","v":0},"s","IsMater",null,null,{"$f":"ROUND(Ресурсы!C43*Начисления!AV69,2)","v":16.66},{"$f":"ROUND(IF(F1510=\"\",0,F1510)*IF(M1510=\"\",0,M1510),0)","v":0}]
[null,null,"Зарплата рабочих",null,null,null,null,6]
[null,null,"Эксплуатация машин",null,null,null,null,8,null,null,null,null,null,1]
[null,null,"в т.ч. зарплата машинистов",null,null,null,null,2]
[null,null,"Материалы",null,null,null,null,2]
[null,null,"в т.ч. Вспомогательные материалы от стоимости материалов"]
[null,null,"в т.ч. Вспомогательные ненормируемые материалы",null,null,null,null,null,"NenormMatOtZPR"]
[null,null,"в т.ч. Ненормированная з.п. рабочих"]
[null,null,"в т.ч. Ненормированная стоимость эксплуатации машин"]
[null,null,"в т.ч. Ненормированная оплата механизаторов"]
[null,null,"Накладные расходы",null,null,null,11.7,{"$f":"IF('Текущие цены с учетом расхода'!N69>0,'Текущие цены с учетом расхода'!N69,IF('Текущие цены с учетом расхода'!N69<0,'Текущие цены с учетом расхода'!N69,\"\"))","v":2},null,"Nakl",null,null,11.7,{"$f":"IF('Базовые цены с учетом расхода'!N69>0,'Базовые цены с учетом расхода'!N69,IF('Базовые цены с учетом расхода'!N69<0,'Базовые цены с учетом расхода'!N69,\"\"))","v":""}]
[null,null,"НР от ЗПР",null,null,null,null,{"$f":"IF('Текущие цены с учетом расхода'!P69>0,'Текущие цены с учетом расхода'!P69,IF('Текущие цены с учетом расхода'!P69<0,'Текущие цены с учетом расхода'!P69,\"\"))","v":""},null,"Nakl_ZPR",null,null,null,{"$f":"IF('Базовые цены с учетом расхода'!P69>0,'Базовые цены с учетом расхода'!P69,IF('Базовые цены с учетом расхода'!P69<0,'Базовые цены с учетом расхода'!P69,\"\"))","v":""}]
[null,null,"НР от ЗПМ",null,null,null,null,{"$f":"IF('Текущие цены с учетом расхода'!Q69>0,'Текущие цены с учетом расхода'!Q69,IF('Текущие цены с учетом расхода'!Q69<0,'Текущие цены с учетом расхода'!Q69,\"\"))","v":""},null,"Nakl_ZPM",null,null,null,{"$f":"IF('Базовые цены с учетом расхода'!Q69>0,'Базовые цены с учетом расхода'!Q69,IF('Базовые цены с учетом расхода'!Q69<0,'Базовые цены с учетом расхода'!Q69,\"\"))","v":""}]
[null,null,"Плановые накопления / Сметная прибыль",null,null,null,8,{"$f":"IF('Текущие цены с учетом расхода'!O69>0,'Текущие цены с учетом расхода'!O69,IF('Текущие цены с учетом расхода'!O69<0,'Текущие цены с учетом расхода'!O69,\"\"))","v":1},null,"Plan",null,null,8,{"$f":"IF('Базовые цены с учетом расхода'!O69>0,'Базовые цены с учетом расхода'!O69,IF('Базовые цены с учетом расхода'!O69<0,'Базовые цены с учетом расхода'!O69,\"\"))","v":""}]
[null,null,"СП от ЗПР",null,null,null,null,{"$f":"IF('Текущие цены с учетом расхода'!R69>0,'Текущие цены с учетом расхода'!R69,IF('Текущие цены с учетом расхода'!R69<0,'Текущие цены с учетом расхода'!R69,\"\"))","v":""},null,"Plan_ZPR",null,null,null,{"$f":"IF('Базовые цены с учетом расхода'!R69>0,'Базовые цены с учетом расхода'!R69,IF('Базовые цены с учетом расхода'!R69<0,'Базовые цены с учетом расхода'!R69,\"\"))","v":""}]
[null,null,"СП от ЗПМ",null,null,null,null,{"$f":"IF('Текущие цены с учетом расхода'!S69>0,'Текущие цены с учетом расхода'!S69,IF('Текущие цены с учетом расхода'!S69<0,'Текущие цены с учетом расхода'!S69,\"\"))","v":""},null,"Plan_ZPM",null,null,null,{"$f":"IF('Базовые цены с учетом расхода'!S69>0,'Базовые цены с учетом расхода'!S69,IF('Базовые цены с учетом расхода'!S69<0,'Базовые цены с учетом расхода'!S69,\"\"))","v":""}]
["65.","ГЭСНс 01-07-015-01","Выкашивание газонов газонокосилками моторными","1000 м2",null,8.6999999999999994E-3,{"$f":"ROUND(СУММПРОИЗВЕСЛИ(1,I1526:I1530,\"s\",E1526:E1530,G1526:G1530,0),2)+SUMIF(I1526:I1545,\"=NenormMatOtZPR\",G1526:G1545)","v":857.66},{"$f":"ROUND(СУММПРОИЗВЕСЛИ(F1526,I1526:I1530,\"s\",E1526:E1530,G1526:G1530,0),0)+SUMIF(I1526:I1545,\"=NenormMatOtZPR\",H1526:H1545)","v":7},"sum",null,null,null,{"$f":"ROUND(СУММПРОИЗВЕСЛИ(1,I1526:I1530,\"s\",E1526:E1530,M1526:M1530,0),2)+SUMIF(I1526:I1545,\"=NenormMatOtZPR\",M1526:M1545)","v":120.47},{"$f":"ROUND(СУММПРОИЗВЕСЛИ(F1526,I1526:I1530,\"s\",E1526:E1530,M1526:M1530,0),0)+SUMIF(I1526:I1545,\"=NenormMatOtZPR\",N1526:N1545)","v":1}]
["65. 0.","З1000-0001","Затраты труда машинистов","чел.ч",0,0,{"$f":"IF(F1527=0,0,ROUND(H1527/F1527,3))","v":0},null,null,"Ж",null,null,{"$f":"IF(F1527=0,0,ROUND(N1527/F1527,3))","v":0}]
["65. 1.",{"$f":"ПОЛУЧШИФР(Ресурсы!A3,1)","v":"0-4001"},{"$f":"Ресурсы!B3","v":"Дорожный рабочий 1 разряда"},"чел.-ч",1.65,{"$f":"ОКРУГЛВСЕ(IF(E1528=\"\",0,E1528)*IF(F1526=\"\",0,F1526),11)","v":1.4355E-2},{"$f":"Ресурсы!D3","v":92.69},{"$f":"ROUND(IF(F1528=\"\",0,F1528)*IF(G1528=\"\",0,G1528),0)","v":1},"s","Г",null,null,{"$f":"Ресурсы!C3","v":7.19},{"$f":"ROUND(IF(F1528=\"\",0,F1528)*IF(M1528=\"\",0,M1528),0)","v":0}]
["65. 2.",{"$f":"ПОЛУЧШИФР(Ресурсы!A5,1)","v":"0-4003"},{"$f":"Ресурсы!B5","v":"Дорожный рабочий 3 разряда"},"чел.-ч",3.5,{"$f":"ОКРУГЛВСЕ(IF(E1529=\"\",0,E1529)*IF(F1526=\"\",0,F1526),11)","v":3.0450000000000001E-2},{"$f":"Ресурсы!D5","v":109.94},{"$f":"ROUND(IF(F1529=\"\",0,F1529)*IF(G1529=\"\",0,G1529),0)","v":3},"s","Г",null,null,{"$f":"Ресурсы!C5","v":8.5299999999999994},{"$f":"ROUND(IF(F1529=\"\",0,F1529)*IF(M1529=\"\",0,M1529),0)","v":0}]
["65. 3.",{"$f":"ПОЛУЧШИФР(Ресурсы!A83,1)","v":"СЦЭСМ 092402"},{"$f":"Ресурсы!B83","v":"Газонокосилки моторные"},"маш.-ч",3.5,{"$f":"ОКРУГЛВСЕ(IF(E1530=\"\",0,E1530)*IF(F1526=\"\",0,F1526),11)","v":3.0450000000000001E-2},{"$f":"Ресурсы!D83","v":91.41},{"$f":"ROUND(IF(F1530=\"\",0,F1530)*IF(G1530=\"\",0,G1530),0)","v":3},"s","IsMash",null,null,{"$f":"Ресурсы!C83","v":22.5},{"$f":"ROUND(IF(F1530=\"\",0,F1530)*IF(M1530=\"\",0,M1530),0)","v":1}]
[null,null,"Зарплата рабочих",null,null,null,null,5]
[null,null,"Эксплуатация машин",null,null,null,null,3,null,null,null,null,null,1]
[null,null,"в т.ч. зарплата машинистов"]
[null,null,"Материалы"]
[null,null,"в т.ч. Вспомогательные материалы от стоимости материалов"]
[null,null,"в т.ч. Вспомогательные ненормируемые материалы",null,null,null,null,null,"NenormMatOtZPR"]
[null,null,"в т.ч. Ненормированная з.п. рабочих"]
[null,null,"в т.ч. Ненормированная стоимость эксплуатации машин"]
[null,null,"в т.ч. Ненормированная оплата механизаторов"]
[null,null,"Накладные расходы",null,null,null,11.7,{"$f":"IF('Текущие цены с учетом расхода'!N70>0,'Текущие цены с учетом расхода'!N70,IF('Текущие цены с учетом расхода'!N70<0,'Текущие цены с учетом расхода'!N70,\"\"))","v":1},null,"Nakl",null,null,11.7,{"$f":"IF('Базовые цены с учетом расхода'!N70>0,'Базовые цены с учетом расхода'!N70,IF('Базовые цены с учетом расхода'!N70<0,'Базовые цены с учетом расхода'!N70,\"\"))","v":""}]
[null,null,"НР от ЗПР",null,null,null,null,{"$f":"IF('Текущие цены с учетом расхода'!P70>0,'Текущие цены с учетом расхода'!P70,IF('Текущие цены с учетом расхода'!P70<0,'Текущие цены с учетом расхода'!P70,\"\"))","v":""},null,"Nakl_ZPR",null,null,null,{"$f":"IF('Базовые цены с учетом расхода'!P70>0,'Базовые цены с учетом расхода'!P70,IF('Базовые цены с учетом расхода'!P70<0,'Базовые цены с учетом расхода'!P70,\"\"))","v":""}]
[null,null,"НР от ЗПМ",null,null,null,null,{"$f":"IF('Текущие цены с учетом расхода'!Q70>0,'Текущие цены с учетом расхода'!Q70,IF('Текущие цены с учетом расхода'!Q70<0,'Текущие цены с учетом расхода'!Q70,\"\"))","v":""},null,"Nakl_ZPM",null,null,null,{"$f":"IF('Базовые цены с учетом расхода'!Q70>0,'Базовые цены с учетом расхода'!Q70,IF('Базовые цены с учетом расхода'!Q70<0,'Базовые цены с учетом расхода'!Q70,\"\"))","v":""}]
[null,null,"Плановые накопления / Сметная прибыль",null,null,null,8,{"$f":"IF('Текущие цены с учетом расхода'!O70>0,'Текущие цены с учетом расхода'!O70,IF('Текущие цены с учетом расхода'!O70<0,'Текущие цены с учетом расхода'!O70,\"\"))","v":1},null,"Plan",null,null,8,{"$f":"IF('Базовые цены с учетом расхода'!O70>0,'Базовые цены с учетом расхода'!O70,IF('Базовые цены с учетом расхода'!O70<0,'Базовые цены с учетом расхода'!O70,\"\"))","v":""}]
[null,null,"СП от ЗПР",null,null,null,null,{"$f":"IF('Текущие цены с учетом расхода'!R70>0,'Текущие цены с учетом расхода'!R70,IF('Текущие цены с учетом расхода'!R70<0,'Текущие цены с учетом расхода'!R70,\"\"))","v":""},null,"Plan_ZPR",null,null,null,{"$f":"IF('Базовые цены с учетом расхода'!R70>0,'Базовые цены с учетом расхода'!R70,IF('Базовые цены с учетом расхода'!R70<0,'Базовые цены с учетом расхода'!R70,\"\"))","v":""}]
[null,null,"СП от ЗПМ",null,null,null,null,{"$f":"IF('Текущие цены с учетом расхода'!S70>0,'Текущие цены с учетом расхода'!S70,IF('Текущие цены с учетом расхода'!S70<0,'Текущие цены с учетом расхода'!S70,\"\"))","v":""},null,"Plan_ZPM",null,null,null,{"$f":"IF('Базовые цены с учетом расхода'!S70>0,'Базовые цены с учетом расхода'!S70,IF('Базовые цены с учетом расхода'!S70<0,'Базовые цены с учетом расхода'!S70,\"\"))","v":""}]
["66.","ГЭСНс 01-04-007-03","Замена готовых к установке сигнальных столбиков ( деревянных )","100 шт.",null,6.4999999999999997E-4,{"$f":"ROUND(СУММПРОИЗВЕСЛИ(1,I1546:I1552,\"s\",E1546:E1552,G1546:G1552,0),2)+SUMIF(I1546:I1567,\"=NenormMatOtZPR\",G1546:G1567)","v":38678},{"$f":"ROUND(СУММПРОИЗВЕСЛИ(F1546,I1546:I1552,\"s\",E1546:E1552,G1546:G1552,0),0)+SUMIF(I1546:I1567,\"=NenormMatOtZPR\",H1546:H1567)","v":25},"sum",null,null,null,{"$f":"ROUND(СУММПРОИЗВЕСЛИ(1,I1546:I1552,\"s\",E1546:E1552,M1546:M1552,0),2)+SUMIF(I1546:I1567,\"=NenormMatOtZPR\",M1546:M1567)","v":3682.04},{"$f":"ROUND(СУММПРОИЗВЕСЛИ(F1546,I1546:I1552,\"s\",E1546:E1552,M1546:M1552,0),0)+SUMIF(I1546:I1567,\"=NenormMatOtZPR\",N1546:N1567)","v":2}]
["66. 1.","2","Затраты труда машинистов","чел.-ч",{"$f":"ОКРУГЛВСЕ(СУММПРОИЗВЕСЛИ(1,K1546:K1552,\"mWithZTM\",D1546:D1552,E1546:E1552,-1)+СУММКОЭФПРОЦЕНТЕСЛИ(1,1,K1546:K1552,\"mWithZTM_Proch\",E1546:E1552,-1),11)","v":30.9},{"$f":"ОКРУГЛВСЕ(СУММПРОИЗВЕСЛИ(1,K1546:K1552,\"mWithZTM\",D1546:D1552,F1546:F1552,-1)+СУММКОЭФПРОЦЕНТЕСЛИ(1,1,K1546:K1552,\"mWithZTM_Proch\",F1546:F1552,-1),11)","v":2.0084999999999999E-2},{"$f":"IF(F1547=0,0,ROUND(H1547/F1547,3))","v":149.36500000000001},{"$f":"ROUND(СУММЕСЛИДА1НЕ1(L1546:L1552,\"mWithZPM\",D1546:D1552,0,H1546:H1552),0)","v":3},null,"Ж",null,null,{"$f":"IF(F1547=0,0,ROUND(N1547/F1547,3))","v":0},{"$f":"ROUND(СУММЕСЛИДА1НЕ1(L1546:L1552,\"mWithZPM\",D1546:D1552,0,N1546:N1552),0)","v":0}]
["66. 2.",{"$f":"ПОЛУЧШИФР(Ресурсы!A4,1)","v":"0-4002"},{"$f":"Ресурсы!B4","v":"Дорожный рабочий 2 разряда"},"чел.-ч",61.8,{"$f":"ОКРУГЛВСЕ(IF(E1548=\"\",0,E1548)*IF(F1546=\"\",0,F1546),11)","v":4.0169999999999997E-2},{"$f":"Ресурсы!D4","v":100.57},{"$f":"ROUND(IF(F1548=\"\",0,F1548)*IF(G1548=\"\",0,G1548),0)","v":4},"s","Г",null,null,{"$f":"Ресурсы!C4","v":7.8},{"$f":"ROUND(IF(F1548=\"\",0,F1548)*IF(M1548=\"\",0,M1548),0)","v":0}]
["66. 3.",{"$f":"ПОЛУЧШИФР(Ресурсы!A5,1)","v":"0-4003"},{"$f":"Ресурсы!B5","v":"Дорожный рабочий 3 разряда"},"чел.-ч",61.8,{"$f":"ОКРУГЛВСЕ(IF(E1549=\"\",0,E1549)*IF(F1546=\"\",0,F1546),11)","v":4.0169999999999997E-2},{"$f":"Ресурсы!D5","v":109.94},{"$f":"ROUND(IF(F1549=\"\",0,F1549)*IF(G1549=\"\",0,G1549),0)","v":4},"s","Г",null,null,{"$f":"Ресурсы!C5","v":8.5299999999999994},{"$f":"ROUND(IF(F1549=\"\",0,F1549)*IF(M1549=\"\",0,M1549),0)","v":0}]
["66. 4.",{"$f":"ПОЛУЧШИФР(Ресурсы!A96,1)","v":"СЦЭСМ 121550"},{"$f":"Ресурсы!B96","v":"Машины дорожной службы (машина дорожного мастера)"},"маш.-ч",30.9,{"$f":"ОКРУГЛВСЕ(IF(E1550=\"\",0,E1550)*IF(F1546=\"\",0,F1546),11)","v":2.0084999999999999E-2},{"$f":"Ресурсы!D96","v":552.54999999999995},{"$f":"ROUND(IF(F1550=\"\",0,F1550)*IF(G1550=\"\",0,G1550),0)","v":11},"s","IsMash",null,null,{"$f":"Ресурсы!C96","v":86.5},{"$f":"ROUND(IF(F1550=\"\",0,F1550)*IF(M1550=\"\",0,M1550),0)","v":2}]
[null,null,null,{"$f":"Ресурсы!G96","v":1},null,null,{"$f":"Ресурсы!F96","v":149.81},{"$f":"ROUND(IF(F1550=\"\",0,F1550)*IF(G1551=\"\",0,G1551),0)","v":3},null,null,"mWithZTM","mWithZPM",{"$f":"Ресурсы!E96","v":11.6},{"$f":"ROUND(IF(F1550=\"\",0,F1550)*IF(M1551=\"\",0,M1551),0)","v":0}]
["66. 5.",{"$f":"ПОЛУЧШИФР(Ресурсы!A38,0)","v":"с102-0084"},{"$f":"Ресурсы!B38","v":"Пиломатериалы хвойных пород. Бруски обрезные длиной 2-3,75 м, шириной 75-150 мм, толщиной 40-75 мм II сорта"},"м3",2.14,{"$f":"ОКРУГЛВСЕ(IF(E1552=\"\",0,E1552)*IF(F1546=\"\",0,F1546),11)","v":1.3910000000000001E-3},{"$f":"ROUND(Ресурсы!D38*Начисления!AV71,2)","v":4016.21},{"$f":"ROUND(IF(F1552=\"\",0,F1552)*IF(G1552=\"\",0,G1552),0)","v":6},"s","IsMater",null,null,{"$f":"ROUND(Ресурсы!C38*Начисления!AV71,2)","v":0},{"$f":"ROUND(IF(F1552=\"\",0,F1552)*IF(M1552=\"\",0,M1552),0)","v":0}]
[null,null,"Зарплата рабочих",null,null,null,null,8,null,null,null,null,null,1]
[null,null,"Эксплуатация машин",null,null,null,null,11,null,null,null,null,null,2]
[null,null,"в т.ч. зарплата машинистов",null,null,null,null,3]
[null,null,"Материалы",null,null,null,null,6]
[null,null,"в т.ч. Вспомогательные материалы от стоимости материалов"]
[null,null,"в т.ч. Вспомогательные ненормируемые материалы",null,null,null,null,null,"NenormMatOtZPR"]
[null,null,"в т.ч. Ненормированная з.п. рабочих"]
[null,null,"в т.ч. Ненормированная стоимость эксплуатации машин"]
[null,null,"в т.ч. Ненормированная оплата механизаторов"]
[null,null,"Накладные расходы",null,null,null,11.7,{"$f":"IF('Текущие цены с учетом расхода'!N71>0,'Текущие цены с учетом расхода'!N71,IF('Текущие цены с учетом расхода'!N71<0,'Текущие цены с учетом расхода'!N71,\"\"))","v":3},null,"Nakl",null,null,11.7,{"$f":"IF('Базовые цены с учетом расхода'!N71>0,'Базовые цены с учетом расхода'!N71,IF('Базовые цены с учетом расхода'!N71<0,'Базовые цены с учетом расхода'!N71,\"\"))","v":""}]
[null,null,"НР от ЗПР",null,null,null,null,{"$f":"IF('Текущие цены с учетом расхода'!P71>0,'Текущие цены с учетом расхода'!P71,IF('Текущие цены с учетом расхода'!P71<0,'Текущие цены с учетом расхода'!P71,\"\"))","v":""},null,"Nakl_ZPR",null,null,null,{"$f":"IF('Базовые цены с учетом расхода'!P71>0,'Базовые цены с учетом расхода'!P71,IF('Базовые цены с учетом расхода'!P71<0,'Базовые цены с учетом расхода'!P71,\"\"))","v":""}]
[null,null,"НР от ЗПМ",null,null,null,null,{"$f":"IF('Текущие цены с учетом расхода'!Q71>0,'Текущие цены с учетом расхода'!Q71,IF('Текущие цены с учетом расхода'!Q71<0,'Текущие цены с учетом расхода'!Q71,\"\"))","v":""},null,"Nakl_ZPM",null,null,null,{"$f":"IF('Базовые цены с учетом расхода'!Q71>0,'Базовые цены с учетом расхода'!Q71,IF('Базовые цены с учетом расхода'!Q71<0,'Базовые цены с учетом расхода'!Q71,\"\"))","v":""}]
[null,null,"Плановые накопления / Сметная прибыль",null,null,null,8,{"$f":"IF('Текущие цены с учетом расхода'!O71>0,'Текущие цены с учетом расхода'!O71,IF('Текущие цены с учетом расхода'!O71<0,'Текущие цены с учетом расхода'!O71,\"\"))","v":2},null,"Plan",null,null,8,{"$f":"IF('Базовые цены с учетом расхода'!O71>0,'Базовые цены с учетом расхода'!O71,IF('Базовые цены с учетом расхода'!O71<0,'Базовые цены с учетом расхода'!O71,\"\"))","v":""}]
[null,null,"СП от ЗПР",null,null,null,null,{"$f":"IF('Текущие цены с учетом расхода'!R71>0,'Текущие цены с учетом расхода'!R71,IF('Текущие цены с учетом расхода'!R71<0,'Текущие цены с учетом расхода'!R71,\"\"))","v":""},null,"Plan_ZPR",null,null,null,{"$f":"IF('Базовые цены с учетом расхода'!R71>0,'Базовые цены с учетом расхода'!R71,IF('Базовые цены с учетом расхода'!R71<0,'Базовые цены с учетом расхода'!R71,\"\"))","v":""}]
[null,null,"СП от ЗПМ",null,null,null,null,{"$f":"IF('Текущие цены с учетом расхода'!S71>0,'Текущие цены с учетом расхода'!S71,IF('Текущие цены с учетом расхода'!S71<0,'Текущие цены с учетом расхода'!S71,\"\"))","v":""},null,"Plan_ZPM",null,null,null,{"$f":"IF('Базовые цены с учетом расхода'!S71>0,'Базовые цены с учетом расхода'!S71,IF('Базовые цены с учетом расхода'!S71<0,'Базовые цены с учетом расхода'!S71,\"\"))","v":""}]
["67.","ГЭСНс 01-04-007-03","Замена готовых к установке сигнальных столбиков (пластмассовых)","100 шт.",null,6.4999999999999997E-4,{"$f":"ROUND(СУММПРОИЗВЕСЛИ(1,I1568:I1574,\"s\",E1568:E1574,G1568:G1574,0),2)+SUMIF(I1568:I1589,\"=NenormMatOtZPR\",G1568:G1589)","v":52442.31},{"$f":"ROUND(СУММПРОИЗВЕСЛИ(F1568,I1568:I1574,\"s\",E1568:E1574,G1568:G1574,0),0)+SUMIF(I1568:I1589,\"=NenormMatOtZPR\",H1568:H1589)","v":34},"sum",null,null,null,{"$f":"ROUND(СУММПРОИЗВЕСЛИ(1,I1568:I1574,\"s\",E1568:E1574,M1568:M1574,0),2)+SUMIF(I1568:I1589,\"=NenormMatOtZPR\",M1568:M1589)","v":7988.04},{"$f":"ROUND(СУММПРОИЗВЕСЛИ(F1568,I1568:I1574,\"s\",E1568:E1574,M1568:M1574,0),0)+SUMIF(I1568:I1589,\"=NenormMatOtZPR\",N1568:N1589)","v":5}]
["67. 1.","2","Затраты труда машинистов","чел.-ч",{"$f":"ОКРУГЛВСЕ(СУММПРОИЗВЕСЛИ(1,K1568:K1574,\"mWithZTM\",D1568:D1574,E1568:E1574,-1)+СУММКОЭФПРОЦЕНТЕСЛИ(1,1,K1568:K1574,\"mWithZTM_Proch\",E1568:E1574,-1),11)","v":30.9},{"$f":"ОКРУГЛВСЕ(СУММПРОИЗВЕСЛИ(1,K1568:K1574,\"mWithZTM\",D1568:D1574,F1568:F1574,-1)+СУММКОЭФПРОЦЕНТЕСЛИ(1,1,K1568:K1574,\"mWithZTM_Proch\",F1568:F1574,-1),11)","v":2.0084999999999999E-2},{"$f":"IF(F1569=0,0,ROUND(H1569/F1569,3))","v":149.36500000000001},{"$f":"ROUND(СУММЕСЛИДА1НЕ1(L1568:L1574,\"mWithZPM\",D1568:D1574,0,H1568:H1574),0)","v":3},null,"Ж",null,null,{"$f":"IF(F1569=0,0,ROUND(N1569/F1569,3))","v":0},{"$f":"ROUND(СУММЕСЛИДА1НЕ1(L1568:L1574,\"mWithZPM\",D1568:D1574,0,N1568:N1574),0)","v":0}]
["67. 2.",{"$f":"ПОЛУЧШИФР(Ресурсы!A4,1)","v":"0-4002"},{"$f":"Ресурсы!B4","v":"Дорожный рабочий 2 разряда"},"чел.-ч",61.8,{"$f":"ОКРУГЛВСЕ(IF(E1570=\"\",0,E1570)*IF(F1568=\"\",0,F1568),11)","v":4.0169999999999997E-2},{"$f":"Ресурсы!D4","v":100.57},{"$f":"ROUND(IF(F1570=\"\",0,F1570)*IF(G1570=\"\",0,G1570),0)","v":4},"s","Г",null,null,{"$f":"Ресурсы!C4","v":7.8},{"$f":"ROUND(IF(F1570=\"\",0,F1570)*IF(M1570=\"\",0,M1570),0)","v":0}]
["67. 3.",{"$f":"ПОЛУЧШИФР(Ресурсы!A5,1)","v":"0-4003"},{"$f":"Ресурсы!B5","v":"Дорожный рабочий 3 разряда"},"чел.-ч",61.8,{"$f":"ОКРУГЛВСЕ(IF(E1571=\"\",0,E1571)*IF(F1568=\"\",0,F1568),11)","v":4.0169999999999997E-2},{"$f":"Ресурсы!D5","v":109.94},{"$f":"ROUND(IF(F1571=\"\",0,F1571)*IF(G1571=\"\",0,G1571),0)","v":4},"s","Г",null,null,{"$f":"Ресурсы!C5","v":8.5299999999999994},{"$f":"ROUND(IF(F1571=\"\",0,F1571)*IF(M1571=\"\",0,M1571),0)","v":0}]
["67. 4.",{"$f":"ПОЛУЧШИФР(Ресурсы!A96,1)","v":"СЦЭСМ 121550"},{"$f":"Ресурсы!B96","v":"Машины дорожной службы (машина дорожного мастера)"},"маш.-ч",30.9,{"$f":"ОКРУГЛВСЕ(IF(E1572=\"\",0,E1572)*IF(F1568=\"\",0,F1568),11)","v":2.0084999999999999E-2},{"$f":"Ресурсы!D96","v":552.54999999999995},{"$f":"ROUND(IF(F1572=\"\",0,F1572)*IF(G1572=\"\",0,G1572),0)","v":11},"s","IsMash",null,null,{"$f":"Ресурсы!C96","v":86.5},{"$f":"ROUND(IF(F1572=\"\",0,F1572)*IF(M1572=\"\",0,M1572),0)","v":2}]
[null,null,null,{"$f":"Ресурсы!G96","v":1},null,null,{"$f":"Ресурсы!F96","v":149.81},{"$f":"ROUND(IF(F1572=\"\",0,F1572)*IF(G1573=\"\",0,G1573),0)","v":3},null,null,"mWithZTM","mWithZPM",{"$f":"Ресурсы!E96","v":11.6},{"$f":"ROUND(IF(F1572=\"\",0,F1572)*IF(M1573=\"\",0,M1573),0)","v":0}]
["67. 5.",{"$f":"ПОЛУЧШИФР(Ресурсы!A30,1)","v":"ССЦ 101-2777"},{"$f":"Ресурсы!B30","v":"Столбики сигнальные дорожные пластиковые"},"шт.",100,{"$f":"ОКРУГЛВСЕ(IF(E1574=\"\",0,E1574)*IF(F1568=\"\",0,F1568),11)","v":6.5000000000000002E-2},{"$f":"ROUND(Ресурсы!D30*Начисления!AV72,2)","v":223.59},{"$f":"ROUND(IF(F1574=\"\",0,F1574)*IF(G1574=\"\",0,G1574),0)","v":15},"s","IsMater",null,null,{"$f":"ROUND(Ресурсы!C30*Начисления!AV72,2)","v":43.06},{"$f":"ROUND(IF(F1574=\"\",0,F1574)*IF(M1574=\"\",0,M1574),0)","v":3}]
[null,null,"Зарплата рабочих",null,null,null,null,8,null,null,null,null,null,1]
[null,null,"Эксплуатация машин",null,null,null,null,11,null,null,null,null,null,2]
[null,null,"в т.ч. зарплата машинистов",null,null,null,null,3]
[null,null,"Материалы",null,null,null,null,15,null,null,null,null,null,3]
[null,null,"в т.ч. Вспомогательные материалы от стоимости материалов"]
[null,null,"в т.ч. Вспомогательные ненормируемые материалы",null,null,null,null,null,"NenormMatOtZPR"]
[null,null,"в т.ч. Ненормированная з.п. рабочих"]
[null,null,"в т.ч. Ненормированная стоимость эксплуатации машин"]
[null,null,"в т.ч. Ненормированная оплата механизаторов"]
[null,null,"Накладные расходы",null,null,null,11.7,{"$f":"IF('Текущие цены с учетом расхода'!N72>0,'Текущие цены с учетом расхода'!N72,IF('Текущие цены с учетом расхода'!N72<0,'Текущие цены с учетом расхода'!N72,\"\"))","v":4},null,"Nakl",null,null,11.7,{"$f":"IF('Базовые цены с учетом расхода'!N72>0,'Базовые цены с учетом расхода'!N72,IF('Базовые цены с учетом расхода'!N72<0,'Базовые цены с учетом расхода'!N72,\"\"))","v":1}]
[null,null,"НР от ЗПР",null,null,null,null,{"$f":"IF('Текущие цены с учетом расхода'!P72>0,'Текущие цены с учетом расхода'!P72,IF('Текущие цены с учетом расхода'!P72<0,'Текущие цены с учетом расхода'!P72,\"\"))","v":""},null,"Nakl_ZPR",null,null,null,{"$f":"IF('Базовые цены с учетом расхода'!P72>0,'Базовые цены с учетом расхода'!P72,IF('Базовые цены с учетом расхода'!P72<0,'Базовые цены с учетом расхода'!P72,\"\"))","v":""}]
[null,null,"НР от ЗПМ",null,null,null,null,{"$f":"IF('Текущие цены с учетом расхода'!Q72>0,'Текущие цены с учетом расхода'!Q72,IF('Текущие цены с учетом расхода'!Q72<0,'Текущие цены с учетом расхода'!Q72,\"\"))","v":""},null,"Nakl_ZPM",null,null,null,{"$f":"IF('Базовые цены с учетом расхода'!Q72>0,'Базовые цены с учетом расхода'!Q72,IF('Базовые цены с учетом расхода'!Q72<0,'Базовые цены с учетом расхода'!Q72,\"\"))","v":""}]
[null,null,"Плановые накопления / Сметная прибыль",null,null,null,8,{"$f":"IF('Текущие цены с учетом расхода'!O72>0,'Текущие цены с учетом расхода'!O72,IF('Текущие цены с учетом расхода'!O72<0,'Текущие цены с учетом расхода'!O72,\"\"))","v":3},null,"Plan",null,null,8,{"$f":"IF('Базовые цены с учетом расхода'!O72>0,'Базовые цены с учетом расхода'!O72,IF('Базовые цены с учетом расхода'!O72<0,'Базовые цены с учетом расхода'!O72,\"\"))","v":""}]
[null,null,"СП от ЗПР",null,null,null,null,{"$f":"IF('Текущие цены с учетом расхода'!R72>0,'Текущие цены с учетом расхода'!R72,IF('Текущие цены с учетом расхода'!R72<0,'Текущие цены с учетом расхода'!R72,\"\"))","v":""},null,"Plan_ZPR",null,null,null,{"$f":"IF('Базовые цены с учетом расхода'!R72>0,'Базовые цены с учетом расхода'!R72,IF('Базовые цены с учетом расхода'!R72<0,'Базовые цены с учетом расхода'!R72,\"\"))","v":""}]
[null,null,"СП от ЗПМ",null,null,null,null,{"$f":"IF('Текущие цены с учетом расхода'!S72>0,'Текущие цены с учетом расхода'!S72,IF('Текущие цены с учетом расхода'!S72<0,'Текущие цены с учетом расхода'!S72,\"\"))","v":""},null,"Plan_ZPM",null,null,null,{"$f":"IF('Базовые цены с учетом расхода'!S72>0,'Базовые цены с учетом расхода'!S72,IF('Базовые цены с учетом расхода'!S72<0,'Базовые цены с учетом расхода'!S72,\"\"))","v":""}]
["68.","ГЭСНс 01-04-025-01","Наклеивание светоотражающей пленки на сигнальные столбики","100 шт.",null,0.01,{"$f":"ROUND(СУММПРОИЗВЕСЛИ(1,I1590:I1596,\"s\",E1590:E1596,G1590:G1596,0),2)+SUMIF(I1590:I1611,\"=NenormMatOtZPR\",G1590:G1611)","v":7326.97},{"$f":"ROUND(СУММПРОИЗВЕСЛИ(F1590,I1590:I1596,\"s\",E1590:E1596,G1590:G1596,0),0)+SUMIF(I1590:I1611,\"=NenormMatOtZPR\",H1590:H1611)","v":73},"sum",null,null,null,{"$f":"ROUND(СУММПРОИЗВЕСЛИ(1,I1590:I1596,\"s\",E1590:E1596,M1590:M1596,0),2)+SUMIF(I1590:I1611,\"=NenormMatOtZPR\",M1590:M1611)","v":917.36},{"$f":"ROUND(СУММПРОИЗВЕСЛИ(F1590,I1590:I1596,\"s\",E1590:E1596,M1590:M1596,0),0)+SUMIF(I1590:I1611,\"=NenormMatOtZPR\",N1590:N1611)","v":9}]
["68. 1.","2","Затраты труда машинистов","чел.-ч",{"$f":"ОКРУГЛВСЕ(СУММПРОИЗВЕСЛИ(1,K1590:K1596,\"mWithZTM\",D1590:D1596,E1590:E1596,-1)+СУММКОЭФПРОЦЕНТЕСЛИ(1,1,K1590:K1596,\"mWithZTM_Proch\",E1590:E1596,-1),11)","v":6.44},{"$f":"ОКРУГЛВСЕ(СУММПРОИЗВЕСЛИ(1,K1590:K1596,\"mWithZTM\",D1590:D1596,F1590:F1596,-1)+СУММКОЭФПРОЦЕНТЕСЛИ(1,1,K1590:K1596,\"mWithZTM_Proch\",F1590:F1596,-1),11)","v":6.4399999999999999E-2},{"$f":"IF(F1591=0,0,ROUND(H1591/F1591,3))","v":155.28},{"$f":"ROUND(СУММЕСЛИДА1НЕ1(L1590:L1596,\"mWithZPM\",D1590:D1596,0,H1590:H1596),0)","v":10},null,"Ж",null,null,{"$f":"IF(F1591=0,0,ROUND(N1591/F1591,3))","v":15.528},{"$f":"ROUND(СУММЕСЛИДА1НЕ1(L1590:L1596,\"mWithZPM\",D1590:D1596,0,N1590:N1596),0)","v":1}]
["68. 2.",{"$f":"ПОЛУЧШИФР(Ресурсы!A6,1)","v":"0-4004"},{"$f":"Ресурсы!B6","v":"Дорожный рабочий 4 разряда"},"чел.-ч",25.76,{"$f":"ОКРУГЛВСЕ(IF(E1592=\"\",0,E1592)*IF(F1590=\"\",0,F1590),11)","v":0.2576},{"$f":"Ресурсы!D6","v":124.02},{"$f":"ROUND(IF(F1592=\"\",0,F1592)*IF(G1592=\"\",0,G1592),0)","v":32},"s","Г",null,null,{"$f":"Ресурсы!C6","v":9.6199999999999992},{"$f":"ROUND(IF(F1592=\"\",0,F1592)*IF(M1592=\"\",0,M1592),0)","v":2}]
["68. 3.",{"$f":"ПОЛУЧШИФР(Ресурсы!A96,1)","v":"СЦЭСМ 121550"},{"$f":"Ресурсы!B96","v":"Машины дорожной службы (машина дорожного мастера)"},"маш.-ч",6.44,{"$f":"ОКРУГЛВСЕ(IF(E1593=\"\",0,E1593)*IF(F1590=\"\",0,F1590),11)","v":6.4399999999999999E-2},{"$f":"Ресурсы!D96","v":552.54999999999995},{"$f":"ROUND(IF(F1593=\"\",0,F1593)*IF(G1593=\"\",0,G1593),0)","v":36},"s","IsMash",null,null,{"$f":"Ресурсы!C96","v":86.5},{"$f":"ROUND(IF(F1593=\"\",0,F1593)*IF(M1593=\"\",0,M1593),0)","v":6}]
[null,null,null,{"$f":"Ресурсы!G96","v":1},null,null,{"$f":"Ресурсы!F96","v":149.81},{"$f":"ROUND(IF(F1593=\"\",0,F1593)*IF(G1594=\"\",0,G1594),0)","v":10},null,null,"mWithZTM","mWithZPM",{"$f":"Ресурсы!E96","v":11.6},{"$f":"ROUND(IF(F1593=\"\",0,F1593)*IF(M1594=\"\",0,M1594),0)","v":1}]
["68. 4.",{"$f":"ПОЛУЧШИФР(Ресурсы!A16,1)","v":"ССЦ 101-1292"},{"$f":"Ресурсы!B16","v":"Уайт-спирит"},"т",2.0000000000000001E-4,{"$f":"ОКРУГЛВСЕ(IF(E1595=\"\",0,E1595)*IF(F1590=\"\",0,F1590),11)","v":1.9999999999999999E-6},{"$f":"ROUND(Ресурсы!D16*Начисления!AV73,2)","v":34168.949999999997},{"$f":"ROUND(IF(F1595=\"\",0,F1595)*IF(G1595=\"\",0,G1595),0)","v":0},"s","IsMater",null,null,{"$f":"ROUND(Ресурсы!C16*Начисления!AV73,2)","v":6667},{"$f":"ROUND(IF(F1595=\"\",0,F1595)*IF(M1595=\"\",0,M1595),0)","v":0}]
["68. 5.",{"$f":"ПОЛУЧШИФР(Ресурсы!A21,1)","v":"ССЦ 101-1579"},{"$f":"Ресурсы!B21","v":"Пленка для дорожных знаков с покрытием обратной стороны клеевым составом"},"1000 м2",8.3199999999999995E-4,{"$f":"ОКРУГЛВСЕ(IF(E1596=\"\",0,E1596)*IF(F1590=\"\",0,F1590),11)","v":8.32E-6},{"$f":"ROUND(Ресурсы!D21*Начисления!AV73,2)","v":681443.95},{"$f":"ROUND(IF(F1596=\"\",0,F1596)*IF(G1596=\"\",0,G1596),0)","v":6},"s","IsMater",null,null,{"$f":"ROUND(Ресурсы!C21*Начисления!AV73,2)","v":133601.79999999999},{"$f":"ROUND(IF(F1596=\"\",0,F1596)*IF(M1596=\"\",0,M1596),0)","v":1}]
[null,null,"Зарплата рабочих",null,null,null,null,32,null,null,null,null,null,2]
[null,null,"Эксплуатация машин",null,null,null,null,36,null,null,null,null,null,6]
[null,null,"в т.ч. зарплата машинистов",null,null,null,null,10,null,null,null,null,null,1]
[null,null,"Материалы",null,null,null,null,6,null,null,null,null,null,1]
[null,null,"в т.ч. Вспомогательные материалы от стоимости материалов"]
[null,null,"в т.ч. Вспомогательные ненормируемые материалы",null,null,null,null,null,"NenormMatOtZPR"]
[null,null,"в т.ч. Ненормированная з.п. рабочих"]
[null,null,"в т.ч. Ненормированная стоимость эксплуатации машин"]
[null,null,"в т.ч. Ненормированная оплата механизаторов"]
[null,null,"Накладные расходы",null,null,null,11.7,{"$f":"IF('Текущие цены с учетом расхода'!N73>0,'Текущие цены с учетом расхода'!N73,IF('Текущие цены с учетом расхода'!N73<0,'Текущие цены с учетом расхода'!N73,\"\"))","v":9},null,"Nakl",null,null,11.7,{"$f":"IF('Базовые цены с учетом расхода'!N73>0,'Базовые цены с учетом расхода'!N73,IF('Базовые цены с учетом расхода'!N73<0,'Базовые цены с учетом расхода'!N73,\"\"))","v":1}]
[null,null,"НР от ЗПР",null,null,null,null,{"$f":"IF('Текущие цены с учетом расхода'!P73>0,'Текущие цены с учетом расхода'!P73,IF('Текущие цены с учетом расхода'!P73<0,'Текущие цены с учетом расхода'!P73,\"\"))","v":""},null,"Nakl_ZPR",null,null,null,{"$f":"IF('Базовые цены с учетом расхода'!P73>0,'Базовые цены с учетом расхода'!P73,IF('Базовые цены с учетом расхода'!P73<0,'Базовые цены с учетом расхода'!P73,\"\"))","v":""}]
[null,null,"НР от ЗПМ",null,null,null,null,{"$f":"IF('Текущие цены с учетом расхода'!Q73>0,'Текущие цены с учетом расхода'!Q73,IF('Текущие цены с учетом расхода'!Q73<0,'Текущие цены с учетом расхода'!Q73,\"\"))","v":""},null,"Nakl_ZPM",null,null,null,{"$f":"IF('Базовые цены с учетом расхода'!Q73>0,'Базовые цены с учетом расхода'!Q73,IF('Базовые цены с учетом расхода'!Q73<0,'Базовые цены с учетом расхода'!Q73,\"\"))","v":""}]
[null,null,"Плановые накопления / Сметная прибыль",null,null,null,8,{"$f":"IF('Текущие цены с учетом расхода'!O73>0,'Текущие цены с учетом расхода'!O73,IF('Текущие цены с учетом расхода'!O73<0,'Текущие цены с учетом расхода'!O73,\"\"))","v":7},null,"Plan",null,null,8,{"$f":"IF('Базовые цены с учетом расхода'!O73>0,'Базовые цены с учетом расхода'!O73,IF('Базовые цены с учетом расхода'!O73<0,'Базовые цены с учетом расхода'!O73,\"\"))","v":1}]
[null,null,"СП от ЗПР",null,null,null,null,{"$f":"IF('Текущие цены с учетом расхода'!R73>0,'Текущие цены с учетом расхода'!R73,IF('Текущие цены с учетом расхода'!R73<0,'Текущие цены с учетом расхода'!R73,\"\"))","v":""},null,"Plan_ZPR",null,null,null,{"$f":"IF('Базовые цены с учетом расхода'!R73>0,'Базовые цены с учетом расхода'!R73,IF('Базовые цены с учетом расхода'!R73<0,'Базовые цены с учетом расхода'!R73,\"\"))","v":""}]
[null,null,"СП от ЗПМ",null,null,null,null,{"$f":"IF('Текущие цены с учетом расхода'!S73>0,'Текущие цены с учетом расхода'!S73,IF('Текущие цены с учетом расхода'!S73<0,'Текущие цены с учетом расхода'!S73,\"\"))","v":""},null,"Plan_ZPM",null,null,null,{"$f":"IF('Базовые цены с учетом расхода'!S73>0,'Базовые цены с учетом расхода'!S73,IF('Базовые цены с учетом расхода'!S73<0,'Базовые цены с учетом расхода'!S73,\"\"))","v":""}]
[null,"9.Барьерное ограждение"]
["69.","ГЭСНс 01-04-008-01","Очистка ограждения от пыли и грязи водой из шланга","100 м",null,0.15,{"$f":"ROUND(СУММПРОИЗВЕСЛИ(1,I1613:I1618,\"s\",E1613:E1618,G1613:G1618,0),2)+SUMIF(I1613:I1633,\"=NenormMatOtZPR\",G1613:G1633)","v":745.1},{"$f":"ROUND(СУММПРОИЗВЕСЛИ(F1613,I1613:I1618,\"s\",E1613:E1618,G1613:G1618,0),0)+SUMIF(I1613:I1633,\"=NenormMatOtZPR\",H1613:H1633)","v":112},"sum",null,null,null,{"$f":"ROUND(СУММПРОИЗВЕСЛИ(1,I1613:I1618,\"s\",E1613:E1618,M1613:M1618,0),2)+SUMIF(I1613:I1633,\"=NenormMatOtZPR\",M1613:M1633)","v":118.68},{"$f":"ROUND(СУММПРОИЗВЕСЛИ(F1613,I1613:I1618,\"s\",E1613:E1618,M1613:M1618,0),0)+SUMIF(I1613:I1633,\"=NenormMatOtZPR\",N1613:N1633)","v":18}]
["69. 1.","2","Затраты труда машинистов","чел.-ч",{"$f":"ОКРУГЛВСЕ(СУММПРОИЗВЕСЛИ(1,K1613:K1618,\"mWithZTM\",D1613:D1618,E1613:E1618,-1)+СУММКОЭФПРОЦЕНТЕСЛИ(1,1,K1613:K1618,\"mWithZTM_Proch\",E1613:E1618,-1),11)","v":0.61},{"$f":"ОКРУГЛВСЕ(СУММПРОИЗВЕСЛИ(1,K1613:K1618,\"mWithZTM\",D1613:D1618,F1613:F1618,-1)+СУММКОЭФПРОЦЕНТЕСЛИ(1,1,K1613:K1618,\"mWithZTM_Proch\",F1613:F1618,-1),11)","v":9.1499999999999998E-2},{"$f":"IF(F1614=0,0,ROUND(H1614/F1614,3))","v":174.863},{"$f":"ROUND(СУММЕСЛИДА1НЕ1(L1613:L1618,\"mWithZPM\",D1613:D1618,0,H1613:H1618),0)","v":16},null,"Ж",null,null,{"$f":"IF(F1614=0,0,ROUND(N1614/F1614,3))","v":10.929},{"$f":"ROUND(СУММЕСЛИДА1НЕ1(L1613:L1618,\"mWithZPM\",D1613:D1618,0,N1613:N1618),0)","v":1}]
["69. 2.",{"$f":"ПОЛУЧШИФР(Ресурсы!A4,1)","v":"0-4002"},{"$f":"Ресурсы!B4","v":"Дорожный рабочий 2 разряда"},"чел.-ч",0.61,{"$f":"ОКРУГЛВСЕ(IF(E1615=\"\",0,E1615)*IF(F1613=\"\",0,F1613),11)","v":9.1499999999999998E-2},{"$f":"Ресурсы!D4","v":100.57},{"$f":"ROUND(IF(F1615=\"\",0,F1615)*IF(G1615=\"\",0,G1615),0)","v":9},"s","Г",null,null,{"$f":"Ресурсы!C4","v":7.8},{"$f":"ROUND(IF(F1615=\"\",0,F1615)*IF(M1615=\"\",0,M1615),0)","v":1}]
["69. 3.",{"$f":"ПОЛУЧШИФР(Ресурсы!A94,1)","v":"СЦЭСМ 121342"},{"$f":"Ресурсы!B94","v":"Машины дорожные комбинированные, мощностью от 210 до 270 л.с."},"маш.-ч",0.61,{"$f":"ОКРУГЛВСЕ(IF(E1616=\"\",0,E1616)*IF(F1613=\"\",0,F1613),11)","v":9.1499999999999998E-2},{"$f":"Ресурсы!D94","v":1117.3399999999999},{"$f":"ROUND(IF(F1616=\"\",0,F1616)*IF(G1616=\"\",0,G1616),0)","v":102},"s","IsMash",null,null,{"$f":"Ресурсы!C94","v":185.95},{"$f":"ROUND(IF(F1616=\"\",0,F1616)*IF(M1616=\"\",0,M1616),0)","v":17}]
[null,null,null,{"$f":"Ресурсы!G94","v":1},null,null,{"$f":"Ресурсы!F94","v":174.31},{"$f":"ROUND(IF(F1616=\"\",0,F1616)*IF(G1617=\"\",0,G1617),0)","v":16},null,null,"mWithZTM","mWithZPM",{"$f":"Ресурсы!E94","v":13.5},{"$f":"ROUND(IF(F1616=\"\",0,F1616)*IF(M1617=\"\",0,M1617),0)","v":1}]
["69. 4.",{"$f":"ПОЛУЧШИФР(Ресурсы!A64,1)","v":"ССЦ 411-0001"},{"$f":"Ресурсы!B64","v":"Вода"},"м3",0.2,{"$f":"ОКРУГЛВСЕ(IF(E1618=\"\",0,E1618)*IF(F1613=\"\",0,F1613),11)","v":0.03},{"$f":"ROUND(Ресурсы!D64*Начисления!AV74,2)","v":10.85},{"$f":"ROUND(IF(F1618=\"\",0,F1618)*IF(G1618=\"\",0,G1618),0)","v":0},"s","IsMater",null,null,{"$f":"ROUND(Ресурсы!C64*Начисления!AV74,2)","v":2.44},{"$f":"ROUND(IF(F1618=\"\",0,F1618)*IF(M1618=\"\",0,M1618),0)","v":0}]
[null,null,"Зарплата рабочих",null,null,null,null,9,null,null,null,null,null,1]
[null,null,"Эксплуатация машин",null,null,null,null,102,null,null,null,null,null,17]
[null,null,"в т.ч. зарплата машинистов",null,null,null,null,16,null,null,null,null,null,1]
[null,null,"Материалы"]
[null,null,"в т.ч. Вспомогательные материалы от стоимости материалов"]
[null,null,"в т.ч. Вспомогательные ненормируемые материалы",null,null,null,null,null,"NenormMatOtZPR"]
[null,null,"в т.ч. Ненормированная з.п. рабочих"]
[null,null,"в т.ч. Ненормированная стоимость эксплуатации машин"]
[null,null,"в т.ч. Ненормированная оплата механизаторов"]
[null,null,"Накладные расходы",null,null,null,11.7,{"$f":"IF('Текущие цены с учетом расхода'!N74>0,'Текущие цены с учетом расхода'!N74,IF('Текущие цены с учетом расхода'!N74<0,'Текущие цены с учетом расхода'!N74,\"\"))","v":13},null,"Nakl",null,null,11.7,{"$f":"IF('Базовые цены с учетом расхода'!N74>0,'Базовые цены с учетом расхода'!N74,IF('Базовые цены с учетом расхода'!N74<0,'Базовые цены с учетом расхода'!N74,\"\"))","v":2}]
[null,null,"НР от ЗПР",null,null,null,null,{"$f":"IF('Текущие цены с учетом расхода'!P74>0,'Текущие цены с учетом расхода'!P74,IF('Текущие цены с учетом расхода'!P74<0,'Текущие цены с учетом расхода'!P74,\"\"))","v":""},null,"Nakl_ZPR",null,null,null,{"$f":"IF('Базовые цены с учетом расхода'!P74>0,'Базовые цены с учетом расхода'!P74,IF('Базовые цены с учетом расхода'!P74<0,'Базовые цены с учетом расхода'!P74,\"\"))","v":""}]
[null,null,"НР от ЗПМ",null,null,null,null,{"$f":"IF('Текущие цены с учетом расхода'!Q74>0,'Текущие цены с учетом расхода'!Q74,IF('Текущие цены с учетом расхода'!Q74<0,'Текущие цены с учетом расхода'!Q74,\"\"))","v":""},null,"Nakl_ZPM",null,null,null,{"$f":"IF('Базовые цены с учетом расхода'!Q74>0,'Базовые цены с учетом расхода'!Q74,IF('Базовые цены с учетом расхода'!Q74<0,'Базовые цены с учетом расхода'!Q74,\"\"))","v":""}]
[null,null,"Плановые накопления / Сметная прибыль",null,null,null,8,{"$f":"IF('Текущие цены с учетом расхода'!O74>0,'Текущие цены с учетом расхода'!O74,IF('Текущие цены с учетом расхода'!O74<0,'Текущие цены с учетом расхода'!O74,\"\"))","v":10},null,"Plan",null,null,8,{"$f":"IF('Базовые цены с учетом расхода'!O74>0,'Базовые цены с учетом расхода'!O74,IF('Базовые цены с учетом расхода'!O74<0,'Базовые цены с учетом расхода'!O74,\"\"))","v":2}]
[null,null,"СП от ЗПР",null,null,null,null,{"$f":"IF('Текущие цены с учетом расхода'!R74>0,'Текущие цены с учетом расхода'!R74,IF('Текущие цены с учетом расхода'!R74<0,'Текущие цены с учетом расхода'!R74,\"\"))","v":""},null,"Plan_ZPR",null,null,null,{"$f":"IF('Базовые цены с учетом расхода'!R74>0,'Базовые цены с учетом расхода'!R74,IF('Базовые цены с учетом расхода'!R74<0,'Базовые цены с учетом расхода'!R74,\"\"))","v":""}]
[null,null,"СП от ЗПМ",null,null,null,null,{"$f":"IF('Текущие цены с учетом расхода'!S74>0,'Текущие цены с учетом расхода'!S74,IF('Текущие цены с учетом расхода'!S74<0,'Текущие цены с учетом расхода'!S74,\"\"))","v":""},null,"Plan_ZPM",null,null,null,{"$f":"IF('Базовые цены с учетом расхода'!S74>0,'Базовые цены с учетом расхода'!S74,IF('Базовые цены с учетом расхода'!S74<0,'Базовые цены с учетом расхода'!S74,\"\"))","v":""}]
["70.","ГЭСНс 01-04-010-01","Нанесение вертикальной разметки 2.5, 2.6 на металлическое барьерное ограждение","100 м",null,4.895E-2,{"$f":"ROUND(СУММПРОИЗВЕСЛИ(1,I1634:I1641,\"s\",E1634:E1641,G1634:G1641,0),2)+SUMIF(I1634:I1656,\"=NenormMatOtZPR\",G1634:G1656)","v":1839.83},{"$f":"ROUND(СУММПРОИЗВЕСЛИ(F1634,I1634:I1641,\"s\",E1634:E1641,G1634:G1641,0),0)+SUMIF(I1634:I1656,\"=NenormMatOtZPR\",H1634:H1656)","v":90},"sum",null,null,null,{"$f":"ROUND(СУММПРОИЗВЕСЛИ(1,I1634:I1641,\"s\",E1634:E1641,M1634:M1641,0),2)+SUMIF(I1634:I1656,\"=NenormMatOtZPR\",M1634:M1656)","v":269.86},{"$f":"ROUND(СУММПРОИЗВЕСЛИ(F1634,I1634:I1641,\"s\",E1634:E1641,M1634:M1641,0),0)+SUMIF(I1634:I1656,\"=NenormMatOtZPR\",N1634:N1656)","v":13}]
["70. 1.","2","Затраты труда машинистов","чел.-ч",{"$f":"ОКРУГЛВСЕ(СУММПРОИЗВЕСЛИ(1,K1634:K1641,\"mWithZTM\",D1634:D1641,E1634:E1641,-1)+СУММКОЭФПРОЦЕНТЕСЛИ(1,1,K1634:K1641,\"mWithZTM_Proch\",E1634:E1641,-1),11)","v":1.44},{"$f":"ОКРУГЛВСЕ(СУММПРОИЗВЕСЛИ(1,K1634:K1641,\"mWithZTM\",D1634:D1641,F1634:F1641,-1)+СУММКОЭФПРОЦЕНТЕСЛИ(1,1,K1634:K1641,\"mWithZTM_Proch\",F1634:F1641,-1),11)","v":7.0487999999999995E-2},{"$f":"IF(F1635=0,0,ROUND(H1635/F1635,3))","v":156.05500000000001},{"$f":"ROUND(СУММЕСЛИДА1НЕ1(L1634:L1641,\"mWithZPM\",D1634:D1641,0,H1634:H1641),0)","v":11},null,"Ж",null,null,{"$f":"IF(F1635=0,0,ROUND(N1635/F1635,3))","v":14.186999999999999},{"$f":"ROUND(СУММЕСЛИДА1НЕ1(L1634:L1641,\"mWithZPM\",D1634:D1641,0,N1634:N1641),0)","v":1}]
["70. 2.",{"$f":"ПОЛУЧШИФР(Ресурсы!A4,1)","v":"0-4002"},{"$f":"Ресурсы!B4","v":"Дорожный рабочий 2 разряда"},"чел.-ч",2.88,{"$f":"ОКРУГЛВСЕ(IF(E1636=\"\",0,E1636)*IF(F1634=\"\",0,F1634),11)","v":0.14097599999999999},{"$f":"Ресурсы!D4","v":100.57},{"$f":"ROUND(IF(F1636=\"\",0,F1636)*IF(G1636=\"\",0,G1636),0)","v":14},"s","Г",null,null,{"$f":"Ресурсы!C4","v":7.8},{"$f":"ROUND(IF(F1636=\"\",0,F1636)*IF(M1636=\"\",0,M1636),0)","v":1}]
["70. 3.",{"$f":"ПОЛУЧШИФР(Ресурсы!A5,1)","v":"0-4003"},{"$f":"Ресурсы!B5","v":"Дорожный рабочий 3 разряда"},"чел.-ч",2.88,{"$f":"ОКРУГЛВСЕ(IF(E1637=\"\",0,E1637)*IF(F1634=\"\",0,F1634),11)","v":0.14097599999999999},{"$f":"Ресурсы!D5","v":109.94},{"$f":"ROUND(IF(F1637=\"\",0,F1637)*IF(G1637=\"\",0,G1637),0)","v":15},"s","Г",null,null,{"$f":"Ресурсы!C5","v":8.5299999999999994},{"$f":"ROUND(IF(F1637=\"\",0,F1637)*IF(M1637=\"\",0,M1637),0)","v":1}]
["70. 4.",{"$f":"ПОЛУЧШИФР(Ресурсы!A96,1)","v":"СЦЭСМ 121550"},{"$f":"Ресурсы!B96","v":"Машины дорожной службы (машина дорожного мастера)"},"маш.-ч",1.44,{"$f":"ОКРУГЛВСЕ(IF(E1638=\"\",0,E1638)*IF(F1634=\"\",0,F1634),11)","v":7.0487999999999995E-2},{"$f":"Ресурсы!D96","v":552.54999999999995},{"$f":"ROUND(IF(F1638=\"\",0,F1638)*IF(G1638=\"\",0,G1638),0)","v":39},"s","IsMash",null,null,{"$f":"Ресурсы!C96","v":86.5},{"$f":"ROUND(IF(F1638=\"\",0,F1638)*IF(M1638=\"\",0,M1638),0)","v":6}]
[null,null,null,{"$f":"Ресурсы!G96","v":1},null,null,{"$f":"Ресурсы!F96","v":149.81},{"$f":"ROUND(IF(F1638=\"\",0,F1638)*IF(G1639=\"\",0,G1639),0)","v":11},null,null,"mWithZTM","mWithZPM",{"$f":"Ресурсы!E96","v":11.6},{"$f":"ROUND(IF(F1638=\"\",0,F1638)*IF(M1639=\"\",0,M1639),0)","v":1}]
["70. 5.",{"$f":"ПОЛУЧШИФР(Ресурсы!A42,1)","v":"ССЦ 113-8028"},{"$f":"Ресурсы!B42","v":"Эмаль ПФ-115 белая"},"кг",4.5599999999999996,{"$f":"ОКРУГЛВСЕ(IF(E1640=\"\",0,E1640)*IF(F1634=\"\",0,F1634),11)","v":0.22321199999999999},{"$f":"ROUND(Ресурсы!D42*Начисления!AV75,2)","v":58.58},{"$f":"ROUND(IF(F1640=\"\",0,F1640)*IF(G1640=\"\",0,G1640),0)","v":13},"s","IsMater",null,null,{"$f":"ROUND(Ресурсы!C42*Начисления!AV75,2)","v":12.27},{"$f":"ROUND(IF(F1640=\"\",0,F1640)*IF(M1640=\"\",0,M1640),0)","v":3}]
["70. 6.",{"$f":"ПОЛУЧШИФР(Ресурсы!A43,1)","v":"ССЦ 113-8029"},{"$f":"Ресурсы!B43","v":"Эмаль ПФ-115 цветная"},"кг",2.54,{"$f":"ОКРУГЛВСЕ(IF(E1641=\"\",0,E1641)*IF(F1634=\"\",0,F1634),11)","v":0.124333},{"$f":"ROUND(Ресурсы!D43*Начисления!AV75,2)","v":67.23},{"$f":"ROUND(IF(F1641=\"\",0,F1641)*IF(G1641=\"\",0,G1641),0)","v":8},"s","IsMater",null,null,{"$f":"ROUND(Ресурсы!C43*Начисления!AV75,2)","v":16.66},{"$f":"ROUND(IF(F1641=\"\",0,F1641)*IF(M1641=\"\",0,M1641),0)","v":2}]
[null,null,"Зарплата рабочих",null,null,null,null,30,null,null,null,null,null,2]
[null,null,"Эксплуатация машин",null,null,null,null,39,null,null,null,null,null,6]
[null,null,"в т.ч. зарплата машинистов",null,null,null,null,11,null,null,null,null,null,1]
[null,null,"Материалы",null,null,null,null,21,null,null,null,null,null,5]
[null,null,"в т.ч. Вспомогательные материалы от стоимости материалов"]
[null,null,"в т.ч. Вспомогательные ненормируемые материалы",null,null,null,null,null,"NenormMatOtZPR"]
[null,null,"в т.ч. Ненормированная з.п. рабочих"]
[null,null,"в т.ч. Ненормированная стоимость эксплуатации машин"]
[null,null,"в т.ч. Ненормированная оплата механизаторов"]
[null,null,"Накладные расходы",null,null,null,11.7,{"$f":"IF('Текущие цены с учетом расхода'!N75>0,'Текущие цены с учетом расхода'!N75,IF('Текущие цены с учетом расхода'!N75<0,'Текущие цены с учетом расхода'!N75,\"\"))","v":11},null,"Nakl",null,null,11.7,{"$f":"IF('Базовые цены с учетом расхода'!N75>0,'Базовые цены с учетом расхода'!N75,IF('Базовые цены с учетом расхода'!N75<0,'Базовые цены с учетом расхода'!N75,\"\"))","v":2}]
[null,null,"НР от ЗПР",null,null,null,null,{"$f":"IF('Текущие цены с учетом расхода'!P75>0,'Текущие цены с учетом расхода'!P75,IF('Текущие цены с учетом расхода'!P75<0,'Текущие цены с учетом расхода'!P75,\"\"))","v":""},null,"Nakl_ZPR",null,null,null,{"$f":"IF('Базовые цены с учетом расхода'!P75>0,'Базовые цены с учетом расхода'!P75,IF('Базовые цены с учетом расхода'!P75<0,'Базовые цены с учетом расхода'!P75,\"\"))","v":""}]
[null,null,"НР от ЗПМ",null,null,null,null,{"$f":"IF('Текущие цены с учетом расхода'!Q75>0,'Текущие цены с учетом расхода'!Q75,IF('Текущие цены с учетом расхода'!Q75<0,'Текущие цены с учетом расхода'!Q75,\"\"))","v":""},null,"Nakl_ZPM",null,null,null,{"$f":"IF('Базовые цены с учетом расхода'!Q75>0,'Базовые цены с учетом расхода'!Q75,IF('Базовые цены с учетом расхода'!Q75<0,'Базовые цены с учетом расхода'!Q75,\"\"))","v":""}]
[null,null,"Плановые накопления / Сметная прибыль",null,null,null,8,{"$f":"IF('Текущие цены с учетом расхода'!O75>0,'Текущие цены с учетом расхода'!O75,IF('Текущие цены с учетом расхода'!O75<0,'Текущие цены с учетом расхода'!O75,\"\"))","v":8},null,"Plan",null,null,8,{"$f":"IF('Базовые цены с учетом расхода'!O75>0,'Базовые цены с учетом расхода'!O75,IF('Базовые цены с учетом расхода'!O75<0,'Базовые цены с учетом расхода'!O75,\"\"))","v":1}]
[null,null,"СП от ЗПР",null,null,null,null,{"$f":"IF('Текущие цены с учетом расхода'!R75>0,'Текущие цены с учетом расхода'!R75,IF('Текущие цены с учетом расхода'!R75<0,'Текущие цены с учетом расхода'!R75,\"\"))","v":""},null,"Plan_ZPR",null,null,null,{"$f":"IF('Базовые цены с учетом расхода'!R75>0,'Базовые цены с учетом расхода'!R75,IF('Базовые цены с учетом расхода'!R75<0,'Базовые цены с учетом расхода'!R75,\"\"))","v":""}]
[null,null,"СП от ЗПМ",null,null,null,null,{"$f":"IF('Текущие цены с учетом расхода'!S75>0,'Текущие цены с учетом расхода'!S75,IF('Текущие цены с учетом расхода'!S75<0,'Текущие цены с учетом расхода'!S75,\"\"))","v":""},null,"Plan_ZPM",null,null,null,{"$f":"IF('Базовые цены с учетом расхода'!S75>0,'Базовые цены с учетом расхода'!S75,IF('Базовые цены с учетом расхода'!S75<0,'Базовые цены с учетом расхода'!S75,\"\"))","v":""}]
["71.","ГЭСНс 01-04-011-01","Выправка отдельных секций металлического барьерного ограждения","100 м",null,0.01,{"$f":"ROUND(СУММПРОИЗВЕСЛИ(1,I1657:I1668,\"s\",E1657:E1668,G1657:G1668,0),2)+SUMIF(I1657:I1683,\"=NenormMatOtZPR\",G1657:G1683)","v":26662.78},{"$f":"ROUND(СУММПРОИЗВЕСЛИ(F1657,I1657:I1668,\"s\",E1657:E1668,G1657:G1668,0),0)+SUMIF(I1657:I1683,\"=NenormMatOtZPR\",H1657:H1683)","v":267},"sum",null,null,null,{"$f":"ROUND(СУММПРОИЗВЕСЛИ(1,I1657:I1668,\"s\",E1657:E1668,M1657:M1668,0),2)+SUMIF(I1657:I1683,\"=NenormMatOtZPR\",M1657:M1683)","v":3246.64},{"$f":"ROUND(СУММПРОИЗВЕСЛИ(F1657,I1657:I1668,\"s\",E1657:E1668,M1657:M1668,0),0)+SUMIF(I1657:I1683,\"=NenormMatOtZPR\",N1657:N1683)","v":32}]
["71. 1.","2","Затраты труда машинистов","чел.-ч",{"$f":"ОКРУГЛВСЕ(СУММПРОИЗВЕСЛИ(1,K1657:K1668,\"mWithZTM\",D1657:D1668,E1657:E1668,-1)+СУММКОЭФПРОЦЕНТЕСЛИ(1,1,K1657:K1668,\"mWithZTM_Proch\",E1657:E1668,-1),11)","v":25.92},{"$f":"ОКРУГЛВСЕ(СУММПРОИЗВЕСЛИ(1,K1657:K1668,\"mWithZTM\",D1657:D1668,F1657:F1668,-1)+СУММКОЭФПРОЦЕНТЕСЛИ(1,1,K1657:K1668,\"mWithZTM_Proch\",F1657:F1668,-1),11)","v":0.25919999999999999},{"$f":"IF(F1658=0,0,ROUND(H1658/F1658,3))","v":146.60499999999999},{"$f":"ROUND(СУММЕСЛИДА1НЕ1(L1657:L1668,\"mWithZPM\",D1657:D1668,0,H1657:H1668),0)","v":38},null,"Ж",null,null,{"$f":"IF(F1658=0,0,ROUND(N1658/F1658,3))","v":15.432},{"$f":"ROUND(СУММЕСЛИДА1НЕ1(L1657:L1668,\"mWithZPM\",D1657:D1668,0,N1657:N1668),0)","v":4}]
["71. 2.",{"$f":"ПОЛУЧШИФР(Ресурсы!A4,1)","v":"0-4002"},{"$f":"Ресурсы!B4","v":"Дорожный рабочий 2 разряда"},"чел.-ч",38.869999999999997,{"$f":"ОКРУГЛВСЕ(IF(E1659=\"\",0,E1659)*IF(F1657=\"\",0,F1657),11)","v":0.38869999999999999},{"$f":"Ресурсы!D4","v":100.57},{"$f":"ROUND(IF(F1659=\"\",0,F1659)*IF(G1659=\"\",0,G1659),0)","v":39},"s","Г",null,null,{"$f":"Ресурсы!C4","v":7.8},{"$f":"ROUND(IF(F1659=\"\",0,F1659)*IF(M1659=\"\",0,M1659),0)","v":3}]
["71. 3.",{"$f":"ПОЛУЧШИФР(Ресурсы!A5,1)","v":"0-4003"},{"$f":"Ресурсы!B5","v":"Дорожный рабочий 3 разряда"},"чел.-ч",12.96,{"$f":"ОКРУГЛВСЕ(IF(E1660=\"\",0,E1660)*IF(F1657=\"\",0,F1657),11)","v":0.12959999999999999},{"$f":"Ресурсы!D5","v":109.94},{"$f":"ROUND(IF(F1660=\"\",0,F1660)*IF(G1660=\"\",0,G1660),0)","v":14},"s","Г",null,null,{"$f":"Ресурсы!C5","v":8.5299999999999994},{"$f":"ROUND(IF(F1660=\"\",0,F1660)*IF(M1660=\"\",0,M1660),0)","v":1}]
["71. 4.",{"$f":"ПОЛУЧШИФР(Ресурсы!A6,1)","v":"0-4004"},{"$f":"Ресурсы!B6","v":"Дорожный рабочий 4 разряда"},"чел.-ч",38.869999999999997,{"$f":"ОКРУГЛВСЕ(IF(E1661=\"\",0,E1661)*IF(F1657=\"\",0,F1657),11)","v":0.38869999999999999},{"$f":"Ресурсы!D6","v":124.02},{"$f":"ROUND(IF(F1661=\"\",0,F1661)*IF(G1661=\"\",0,G1661),0)","v":48},"s","Г",null,null,{"$f":"Ресурсы!C6","v":9.6199999999999992},{"$f":"ROUND(IF(F1661=\"\",0,F1661)*IF(M1661=\"\",0,M1661),0)","v":4}]
["71. 5.",{"$f":"ПОЛУЧШИФР(Ресурсы!A69,1)","v":"СЦЭСМ 021140"},{"$f":"Ресурсы!B69","v":"Краны на автомобильном ходу при работе на других видах строительства 6,3 т"},"маш.-ч",12.96,{"$f":"ОКРУГЛВСЕ(IF(E1662=\"\",0,E1662)*IF(F1657=\"\",0,F1657),11)","v":0.12959999999999999},{"$f":"Ресурсы!D69","v":534.98},{"$f":"ROUND(IF(F1662=\"\",0,F1662)*IF(G1662=\"\",0,G1662),0)","v":69},"s","IsMash",null,null,{"$f":"Ресурсы!C69","v":88.01},{"$f":"ROUND(IF(F1662=\"\",0,F1662)*IF(M1662=\"\",0,M1662),0)","v":11}]
[null,null,null,{"$f":"Ресурсы!G69","v":1},null,null,{"$f":"Ресурсы!F69","v":142.80000000000001},{"$f":"ROUND(IF(F1662=\"\",0,F1662)*IF(G1663=\"\",0,G1663),0)","v":19},null,null,"mWithZTM","mWithZPM",{"$f":"Ресурсы!E69","v":11.6},{"$f":"ROUND(IF(F1662=\"\",0,F1662)*IF(M1663=\"\",0,M1663),0)","v":2}]
["71. 6.",{"$f":"ПОЛУЧШИФР(Ресурсы!A74,1)","v":"СЦЭСМ 040202"},{"$f":"Ресурсы!B74","v":"Агрегаты сварочные передвижные с номинальным сварочным током 250-400 А с дизельным двигателем"},"маш.-ч",12.96,{"$f":"ОКРУГЛВСЕ(IF(E1664=\"\",0,E1664)*IF(F1657=\"\",0,F1657),11)","v":0.12959999999999999},{"$f":"Ресурсы!D74","v":80.34},{"$f":"ROUND(IF(F1664=\"\",0,F1664)*IF(G1664=\"\",0,G1664),0)","v":10},"s","IsMash",null,null,{"$f":"Ресурсы!C74","v":14},{"$f":"ROUND(IF(F1664=\"\",0,F1664)*IF(M1664=\"\",0,M1664),0)","v":2}]
["71. 7.",{"$f":"ПОЛУЧШИФР(Ресурсы!A96,1)","v":"СЦЭСМ 121550"},{"$f":"Ресурсы!B96","v":"Машины дорожной службы (машина дорожного мастера)"},"маш.-ч",12.96,{"$f":"ОКРУГЛВСЕ(IF(E1665=\"\",0,E1665)*IF(F1657=\"\",0,F1657),11)","v":0.12959999999999999},{"$f":"Ресурсы!D96","v":552.54999999999995},{"$f":"ROUND(IF(F1665=\"\",0,F1665)*IF(G1665=\"\",0,G1665),0)","v":72},"s","IsMash",null,null,{"$f":"Ресурсы!C96","v":86.5},{"$f":"ROUND(IF(F1665=\"\",0,F1665)*IF(M1665=\"\",0,M1665),0)","v":11}]
[null,null,null,{"$f":"Ресурсы!G96","v":1},null,null,{"$f":"Ресурсы!F96","v":149.81},{"$f":"ROUND(IF(F1665=\"\",0,F1665)*IF(G1666=\"\",0,G1666),0)","v":19},null,null,"mWithZTM","mWithZPM",{"$f":"Ресурсы!E96","v":11.6},{"$f":"ROUND(IF(F1665=\"\",0,F1665)*IF(M1666=\"\",0,M1666),0)","v":2}]
["71. 8.",{"$f":"ПОЛУЧШИФР(Ресурсы!A18,1)","v":"ССЦ 101-1513"},{"$f":"Ресурсы!B18","v":"Электроды диаметром 4 мм Э42"},"т",1.5399999999999999E-3,{"$f":"ОКРУГЛВСЕ(IF(E1667=\"\",0,E1667)*IF(F1657=\"\",0,F1657),11)","v":1.5400000000000002E-5},{"$f":"ROUND(Ресурсы!D18*Начисления!AV76,2)","v":52025.919999999998},{"$f":"ROUND(IF(F1667=\"\",0,F1667)*IF(G1667=\"\",0,G1667),0)","v":1},"s","IsMater",null,null,{"$f":"ROUND(Ресурсы!C18*Начисления!AV76,2)","v":10315},{"$f":"ROUND(IF(F1667=\"\",0,F1667)*IF(M1667=\"\",0,M1667),0)","v":0}]
["71. 9.",{"$f":"ПОЛУЧШИФР(Ресурсы!A27,0)","v":"с101-1977"},{"$f":"Ресурсы!B27","v":"Болты с гайками и шайбами строительные"},"кг",28.6,{"$f":"ОКРУГЛВСЕ(IF(E1668=\"\",0,E1668)*IF(F1657=\"\",0,F1657),11)","v":0.28599999999999998},{"$f":"ROUND(Ресурсы!D27*Начисления!AV76,2)","v":45.19},{"$f":"ROUND(IF(F1668=\"\",0,F1668)*IF(G1668=\"\",0,G1668),0)","v":13},"s","IsMater",null,null,{"$f":"ROUND(Ресурсы!C27*Начисления!AV76,2)","v":0},{"$f":"ROUND(IF(F1668=\"\",0,F1668)*IF(M1668=\"\",0,M1668),0)","v":0}]
[null,null,"Зарплата рабочих",null,null,null,null,102,null,null,null,null,null,8]
[null,null,"Эксплуатация машин",null,null,null,null,151,null,null,null,null,null,24]
[null,null,"в т.ч. зарплата машинистов",null,null,null,null,38,null,null,null,null,null,3]
[null,null,"Материалы",null,null,null,null,14]
[null,null,"в т.ч. Вспомогательные материалы от стоимости материалов"]
[null,null,"в т.ч. Вспомогательные ненормируемые материалы",null,null,null,null,null,"NenormMatOtZPR"]
[null,null,"в т.ч. Ненормированная з.п. рабочих"]
[null,null,"в т.ч. Ненормированная стоимость эксплуатации машин"]
[null,null,"в т.ч. Ненормированная оплата механизаторов"]
[null,null,"Накладные расходы",null,null,null,11.7,{"$f":"IF('Текущие цены с учетом расхода'!N76>0,'Текущие цены с учетом расхода'!N76,IF('Текущие цены с учетом расхода'!N76<0,'Текущие цены с учетом расхода'!N76,\"\"))","v":31},null,"Nakl",null,null,11.7,{"$f":"IF('Базовые цены с учетом расхода'!N76>0,'Базовые цены с учетом расхода'!N76,IF('Базовые цены с учетом расхода'!N76<0,'Базовые цены с учетом расхода'!N76,\"\"))","v":4}]
[null,null,"НР от ЗПР",null,null,null,null,{"$f":"IF('Текущие цены с учетом расхода'!P76>0,'Текущие цены с учетом расхода'!P76,IF('Текущие цены с учетом расхода'!P76<0,'Текущие цены с учетом расхода'!P76,\"\"))","v":""},null,"Nakl_ZPR",null,null,null,{"$f":"IF('Базовые цены с учетом расхода'!P76>0,'Базовые цены с учетом расхода'!P76,IF('Базовые цены с учетом расхода'!P76<0,'Базовые цены с учетом расхода'!P76,\"\"))","v":""}]
[null,null,"НР от ЗПМ",null,null,null,null,{"$f":"IF('Текущие цены с учетом расхода'!Q76>0,'Текущие цены с учетом расхода'!Q76,IF('Текущие цены с учетом расхода'!Q76<0,'Текущие цены с учетом расхода'!Q76,\"\"))","v":""},null,"Nakl_ZPM",null,null,null,{"$f":"IF('Базовые цены с учетом расхода'!Q76>0,'Базовые цены с учетом расхода'!Q76,IF('Базовые цены с учетом расхода'!Q76<0,'Базовые цены с учетом расхода'!Q76,\"\"))","v":""}]
[null,null,"Плановые накопления / Сметная прибыль",null,null,null,8,{"$f":"IF('Текущие цены с учетом расхода'!O76>0,'Текущие цены с учетом расхода'!O76,IF('Текущие цены с учетом расхода'!O76<0,'Текущие цены с учетом расхода'!O76,\"\"))","v":24},null,"Plan",null,null,8,{"$f":"IF('Базовые цены с учетом расхода'!O76>0,'Базовые цены с учетом расхода'!O76,IF('Базовые цены с учетом расхода'!O76<0,'Базовые цены с учетом расхода'!O76,\"\"))","v":3}]
[null,null,"СП от ЗПР",null,null,null,null,{"$f":"IF('Текущие цены с учетом расхода'!R76>0,'Текущие цены с учетом расхода'!R76,IF('Текущие цены с учетом расхода'!R76<0,'Текущие цены с учетом расхода'!R76,\"\"))","v":""},null,"Plan_ZPR",null,null,null,{"$f":"IF('Базовые цены с учетом расхода'!R76>0,'Базовые цены с учетом расхода'!R76,IF('Базовые цены с учетом расхода'!R76<0,'Базовые цены с учетом расхода'!R76,\"\"))","v":""}]
[null,null,"СП от ЗПМ",null,null,null,null,{"$f":"IF('Текущие цены с учетом расхода'!S76>0,'Текущие цены с учетом расхода'!S76,IF('Текущие цены с учетом расхода'!S76<0,'Текущие цены с учетом расхода'!S76,\"\"))","v":""},null,"Plan_ZPM",null,null,null,{"$f":"IF('Базовые цены с учетом расхода'!S76>0,'Базовые цены с учетом расхода'!S76,IF('Базовые цены с учетом расхода'!S76<0,'Базовые цены с учетом расхода'!S76,\"\"))","v":""}]
["72.","ВрСНиРс-04-012-2","Замена отдельных секций металлического барьерного ограждения на металлических стойках","100 м",null,4.3200000000000002E-2,{"$f":"ROUND(СУММПРОИЗВЕСЛИ(1,I1684:I1694,\"s\",E1684:E1694,G1684:G1694,0),2)+SUMIF(I1684:I1709,\"=NenormMatOtZPR\",G1684:G1709)","v":24332.53},{"$f":"ROUND(СУММПРОИЗВЕСЛИ(F1684,I1684:I1694,\"s\",E1684:E1694,G1684:G1694,0),0)+SUMIF(I1684:I1709,\"=NenormMatOtZPR\",H1684:H1709)","v":1051},"sum",null,null,null,{"$f":"ROUND(СУММПРОИЗВЕСЛИ(1,I1684:I1694,\"s\",E1684:E1694,M1684:M1694,0),2)+SUMIF(I1684:I1709,\"=NenormMatOtZPR\",M1684:M1709)","v":818.29},{"$f":"ROUND(СУММПРОИЗВЕСЛИ(F1684,I1684:I1694,\"s\",E1684:E1694,M1684:M1694,0),0)+SUMIF(I1684:I1709,\"=NenormMatOtZPR\",N1684:N1709)","v":35}]
["72. 1.","ГЭСН 2","Затраты труда машинистов","чел.-ч",{"$f":"ОКРУГЛВСЕ(СУММПРОИЗВЕСЛИ(1,K1684:K1694,\"mWithZTM\",D1684:D1694,E1684:E1694,-1)+СУММКОЭФПРОЦЕНТЕСЛИ(1,1,K1684:K1694,\"mWithZTM_Proch\",E1684:E1694,-1),11)","v":28.38},{"$f":"ОКРУГЛВСЕ(СУММПРОИЗВЕСЛИ(1,K1684:K1694,\"mWithZTM\",D1684:D1694,F1684:F1694,-1)+СУММКОЭФПРОЦЕНТЕСЛИ(1,1,K1684:K1694,\"mWithZTM_Proch\",F1684:F1694,-1),11)","v":1.226016},{"$f":"IF(F1685=0,0,ROUND(H1685/F1685,3))","v":145.18600000000001},{"$f":"ROUND(СУММЕСЛИДА1НЕ1(L1684:L1694,\"mWithZPM\",D1684:D1694,0,H1684:H1694),0)","v":178},null,"Ж",null,null,{"$f":"IF(F1685=0,0,ROUND(N1685/F1685,3))","v":4.0780000000000003},{"$f":"ROUND(СУММЕСЛИДА1НЕ1(L1684:L1694,\"mWithZPM\",D1684:D1694,0,N1684:N1694),0)","v":5}]
["72. 2.",{"$f":"ПОЛУЧШИФР(Ресурсы!A11,1)","v":"ГЭСН 2.0"},{"$f":"Ресурсы!B11","v":"Рабочие-строители (средний разряд 2.0)"},"чел.-ч",47.3,{"$f":"ОКРУГЛВСЕ(IF(E1686=\"\",0,E1686)*IF(F1684=\"\",0,F1684),11)","v":2.0433599999999998},{"$f":"Ресурсы!D11","v":100.57},{"$f":"ROUND(IF(F1686=\"\",0,F1686)*IF(G1686=\"\",0,G1686),0)","v":206},"s","Г",null,null,{"$f":"Ресурсы!C11","v":0},{"$f":"ROUND(IF(F1686=\"\",0,F1686)*IF(M1686=\"\",0,M1686),0)","v":0}]
["72. 3.",{"$f":"ПОЛУЧШИФР(Ресурсы!A12,1)","v":"ГЭСН 3.0"},{"$f":"Ресурсы!B12","v":"Рабочие-строители (средний разряд 3.0)"},"чел.-ч",9.4600000000000009,{"$f":"ОКРУГЛВСЕ(IF(E1687=\"\",0,E1687)*IF(F1684=\"\",0,F1684),11)","v":0.40867199999999998},{"$f":"Ресурсы!D12","v":109.94},{"$f":"ROUND(IF(F1687=\"\",0,F1687)*IF(G1687=\"\",0,G1687),0)","v":45},"s","Г",null,null,{"$f":"Ресурсы!C12","v":0},{"$f":"ROUND(IF(F1687=\"\",0,F1687)*IF(M1687=\"\",0,M1687),0)","v":0}]
["72. 4.",{"$f":"ПОЛУЧШИФР(Ресурсы!A13,1)","v":"ГЭСН 4.0"},{"$f":"Ресурсы!B13","v":"Рабочие-строители (средний разряд 4.0)"},"чел.-ч",18.920000000000002,{"$f":"ОКРУГЛВСЕ(IF(E1688=\"\",0,E1688)*IF(F1684=\"\",0,F1684),11)","v":0.81734399999999996},{"$f":"Ресурсы!D13","v":124.02},{"$f":"ROUND(IF(F1688=\"\",0,F1688)*IF(G1688=\"\",0,G1688),0)","v":101},"s","Г",null,null,{"$f":"Ресурсы!C13","v":0},{"$f":"ROUND(IF(F1688=\"\",0,F1688)*IF(M1688=\"\",0,M1688),0)","v":0}]
["72. 5.",{"$f":"ПОЛУЧШИФР(Ресурсы!A70,1)","v":"СЦЭСМ 021140"},{"$f":"Ресурсы!B70","v":"Краны на автомобильном ходу при работе на других видах строительства 6,3 т"},"маш.-ч",18.920000000000002,{"$f":"ОКРУГЛВСЕ(IF(E1689=\"\",0,E1689)*IF(F1684=\"\",0,F1684),11)","v":0.81734399999999996},{"$f":"Ресурсы!D70","v":534.98},{"$f":"ROUND(IF(F1689=\"\",0,F1689)*IF(G1689=\"\",0,G1689),0)","v":437},"s","IsMash",null,null,{"$f":"Ресурсы!C70","v":0},{"$f":"ROUND(IF(F1689=\"\",0,F1689)*IF(M1689=\"\",0,M1689),0)","v":0}]
[null,null,null,{"$f":"Ресурсы!G70","v":1},null,null,{"$f":"Ресурсы!F70","v":142.80000000000001},{"$f":"ROUND(IF(F1689=\"\",0,F1689)*IF(G1690=\"\",0,G1690),0)","v":117},null,null,"mWithZTM","mWithZPM",{"$f":"Ресурсы!E70","v":0},{"$f":"ROUND(IF(F1689=\"\",0,F1689)*IF(M1690=\"\",0,M1690),0)","v":0}]
["72. 6.",{"$f":"ПОЛУЧШИФР(Ресурсы!A75,1)","v":"СЦЭСМ 040202"},{"$f":"Ресурсы!B75","v":"Агрегаты сварочные передвижные с номинальным сварочным током 250-400 А с дизельным двигателем"},"маш.-ч",9.4600000000000009,{"$f":"ОКРУГЛВСЕ(IF(E1691=\"\",0,E1691)*IF(F1684=\"\",0,F1684),11)","v":0.40867199999999998},{"$f":"Ресурсы!D75","v":80.34},{"$f":"ROUND(IF(F1691=\"\",0,F1691)*IF(G1691=\"\",0,G1691),0)","v":33},"s","IsMash",null,null,{"$f":"Ресурсы!C75","v":0},{"$f":"ROUND(IF(F1691=\"\",0,F1691)*IF(M1691=\"\",0,M1691),0)","v":0}]
["72. 7.",{"$f":"ПОЛУЧШИФР(Ресурсы!A96,1)","v":"СЦЭСМ 121550"},{"$f":"Ресурсы!B96","v":"Машины дорожной службы (машина дорожного мастера)"},"маш.-ч",9.4600000000000009,{"$f":"ОКРУГЛВСЕ(IF(E1692=\"\",0,E1692)*IF(F1684=\"\",0,F1684),11)","v":0.40867199999999998},{"$f":"Ресурсы!D96","v":552.54999999999995},{"$f":"ROUND(IF(F1692=\"\",0,F1692)*IF(G1692=\"\",0,G1692),0)","v":226},"s","IsMash",null,null,{"$f":"Ресурсы!C96","v":86.5},{"$f":"ROUND(IF(F1692=\"\",0,F1692)*IF(M1692=\"\",0,M1692),0)","v":35}]
[null,null,null,{"$f":"Ресурсы!G96","v":1},null,null,{"$f":"Ресурсы!F96","v":149.81},{"$f":"ROUND(IF(F1692=\"\",0,F1692)*IF(G1693=\"\",0,G1693),0)","v":61},null,null,"mWithZTM","mWithZPM",{"$f":"Ресурсы!E96","v":11.6},{"$f":"ROUND(IF(F1692=\"\",0,F1692)*IF(M1693=\"\",0,M1693),0)","v":5}]
["72. 8.",{"$f":"ПОЛУЧШИФР(Ресурсы!A19,1)","v":"ССЦ 101-1513"},{"$f":"Ресурсы!B19","v":"Электроды диаметром 4 мм Э42"},"т",1.5399999999999999E-3,{"$f":"ОКРУГЛВСЕ(IF(E1694=\"\",0,E1694)*IF(F1684=\"\",0,F1684),11)","v":6.6527999999999997E-5},{"$f":"ROUND(Ресурсы!D19*Начисления!AV77,2)","v":52025.919999999998},{"$f":"ROUND(IF(F1694=\"\",0,F1694)*IF(G1694=\"\",0,G1694),0)","v":3},"s","IsMater",null,null,{"$f":"ROUND(Ресурсы!C19*Начисления!AV77,2)","v":0},{"$f":"ROUND(IF(F1694=\"\",0,F1694)*IF(M1694=\"\",0,M1694),0)","v":0}]
[null,null,"Зарплата рабочих",null,null,null,null,352]
[null,null,"Эксплуатация машин",null,null,null,null,696,null,null,null,null,null,35]
[null,null,"в т.ч. зарплата машинистов",null,null,null,null,178,null,null,null,null,null,5]
[null,null,"Материалы",null,null,null,null,3]
[null,null,"в т.ч. Вспомогательные материалы от стоимости материалов"]
[null,null,"в т.ч. Вспомогательные ненормируемые материалы",null,null,null,null,null,"NenormMatOtZPR"]
[null,null,"в т.ч. Ненормированная з.п. рабочих"]
[null,null,"в т.ч. Ненормированная стоимость эксплуатации машин"]
[null,null,"в т.ч. Ненормированная оплата механизаторов"]
[null,null,"Накладные расходы",null,null,null,11.7,{"$f":"IF('Текущие цены с учетом расхода'!N77>0,'Текущие цены с учетом расхода'!N77,IF('Текущие цены с учетом расхода'!N77<0,'Текущие цены с учетом расхода'!N77,\"\"))","v":123},null,"Nakl",null,null,11.7,{"$f":"IF('Базовые цены с учетом расхода'!N77>0,'Базовые цены с учетом расхода'!N77,IF('Базовые цены с учетом расхода'!N77<0,'Базовые цены с учетом расхода'!N77,\"\"))","v":4}]
[null,null,"НР от ЗПР",null,null,null,null,{"$f":"IF('Текущие цены с учетом расхода'!P77>0,'Текущие цены с учетом расхода'!P77,IF('Текущие цены с учетом расхода'!P77<0,'Текущие цены с учетом расхода'!P77,\"\"))","v":""},null,"Nakl_ZPR",null,null,null,{"$f":"IF('Базовые цены с учетом расхода'!P77>0,'Базовые цены с учетом расхода'!P77,IF('Базовые цены с учетом расхода'!P77<0,'Базовые цены с учетом расхода'!P77,\"\"))","v":""}]
[null,null,"НР от ЗПМ",null,null,null,null,{"$f":"IF('Текущие цены с учетом расхода'!Q77>0,'Текущие цены с учетом расхода'!Q77,IF('Текущие цены с учетом расхода'!Q77<0,'Текущие цены с учетом расхода'!Q77,\"\"))","v":""},null,"Nakl_ZPM",null,null,null,{"$f":"IF('Базовые цены с учетом расхода'!Q77>0,'Базовые цены с учетом расхода'!Q77,IF('Базовые цены с учетом расхода'!Q77<0,'Базовые цены с учетом расхода'!Q77,\"\"))","v":""}]
[null,null,"Плановые накопления / Сметная прибыль",null,null,null,8,{"$f":"IF('Текущие цены с учетом расхода'!O77>0,'Текущие цены с учетом расхода'!O77,IF('Текущие цены с учетом расхода'!O77<0,'Текущие цены с учетом расхода'!O77,\"\"))","v":94},null,"Plan",null,null,8,{"$f":"IF('Базовые цены с учетом расхода'!O77>0,'Базовые цены с учетом расхода'!O77,IF('Базовые цены с учетом расхода'!O77<0,'Базовые цены с учетом расхода'!O77,\"\"))","v":3}]
[null,null,"СП от ЗПР",null,null,null,null,{"$f":"IF('Текущие цены с учетом расхода'!R77>0,'Текущие цены с учетом расхода'!R77,IF('Текущие цены с учетом расхода'!R77<0,'Текущие цены с учетом расхода'!R77,\"\"))","v":""},null,"Plan_ZPR",null,null,null,{"$f":"IF('Базовые цены с учетом расхода'!R77>0,'Базовые цены с учетом расхода'!R77,IF('Базовые цены с учетом расхода'!R77<0,'Базовые цены с учетом расхода'!R77,\"\"))","v":""}]
[null,null,"СП от ЗПМ",null,null,null,null,{"$f":"IF('Текущие цены с учетом расхода'!S77>0,'Текущие цены с учетом расхода'!S77,IF('Текущие цены с учетом расхода'!S77<0,'Текущие цены с учетом расхода'!S77,\"\"))","v":""},null,"Plan_ZPM",null,null,null,{"$f":"IF('Базовые цены с учетом расхода'!S77>0,'Базовые цены с учетом расхода'!S77,IF('Базовые цены с учетом расхода'!S77<0,'Базовые цены с учетом расхода'!S77,\"\"))","v":""}]
["73.","С101-4432","Комплект металлоконструкций барьерного ограждения, марка: 11ДО-2,0-190 кДж У2(СД-1,68 Ш12), огрунтованное","км",null,4.3200000000000001E-3,{"$f":"ROUND(СУММПРОИЗВЕСЛИ(1,I1710:I1713,\"s\",E1710:E1713,G1710:G1713,0),2)+SUMIF(I1710:I1728,\"=NenormMatOtZPR\",G1710:G1728)","v":996830.51},{"$f":"ROUND(СУММПРОИЗВЕСЛИ(F1710,I1710:I1713,\"s\",E1710:E1713,G1710:G1713,0),0)+SUMIF(I1710:I1728,\"=NenormMatOtZPR\",H1710:H1728)","v":4306},"sum",null,null,null,{"$f":"ROUND(СУММПРОИЗВЕСЛИ(1,I1710:I1713,\"s\",E1710:E1713,M1710:M1713,0),2)+SUMIF(I1710:I1728,\"=NenormMatOtZPR\",M1710:M1728)","v":0},{"$f":"ROUND(СУММПРОИЗВЕСЛИ(F1710,I1710:I1713,\"s\",E1710:E1713,M1710:M1713,0),0)+SUMIF(I1710:I1728,\"=NenormMatOtZPR\",N1710:N1728)","v":0}]
[null,null,{"$f":"IF(ROUND((4.32/1000)/1,9)=F1710,\"Объем: 4.32/1000\",\"\")","v":"Объем: 4.32/1000"}]
["73. 0.","З1000-0001","Затраты труда машинистов","чел.ч",0,0,{"$f":"IF(F1712=0,0,ROUND(H1712/F1712,3))","v":0},null,null,"Ж",null,null,{"$f":"IF(F1712=0,0,ROUND(N1712/F1712,3))","v":0}]
["73. 1.",{"$f":"ПОЛУЧШИФР(Ресурсы!A33,1)","v":"С101-4432"},{"$f":"Ресурсы!B33","v":"Комплект металлоконструкций барьерного ограждения, марка: 11ДО-2,0-190 кДж У2(СД-1,68 Ш12), огрунтованное"},"км",1,{"$f":"ОКРУГЛВСЕ(IF(E1713=\"\",0,E1713)*IF(F1710=\"\",0,F1710),11)","v":4.3200000000000001E-3},{"$f":"ROUND(Ресурсы!D33*Начисления!AV78,2)","v":996830.51},{"$f":"ROUND(IF(F1713=\"\",0,F1713)*IF(G1713=\"\",0,G1713),0)","v":4306},"s","IsMater",null,null,{"$f":"ROUND(Ресурсы!C33*Начисления!AV78,2)","v":0},{"$f":"ROUND(IF(F1713=\"\",0,F1713)*IF(M1713=\"\",0,M1713),0)","v":0}]
[null,null,"Зарплата рабочих"]
[null,null,"Эксплуатация машин"]
[null,null,"в т.ч. зарплата машинистов"]
[null,null,"Материалы",null,null,null,null,4306]
[null,null,"в т.ч. Вспомогательные материалы от стоимости материалов"]
[null,null,"в т.ч. Вспомогательные ненормируемые материалы",null,null,null,null,null,"NenormMatOtZPR"]
[null,null,"в т.ч. Ненормированная з.п. рабочих"]
[null,null,"в т.ч. Ненормированная стоимость эксплуатации машин"]
[null,null,"в т.ч. Ненормированная оплата механизаторов"]
[null,null,"Накладные расходы",null,null,null,11.7,{"$f":"IF('Текущие цены с учетом расхода'!N78>0,'Текущие цены с учетом расхода'!N78,IF('Текущие цены с учетом расхода'!N78<0,'Текущие цены с учетом расхода'!N78,\"\"))","v":504},null,"Nakl",null,null,null,{"$f":"IF('Базовые цены с учетом расхода'!N78>0,'Базовые цены с учетом расхода'!N78,IF('Базовые цены с учетом расхода'!N78<0,'Базовые цены с учетом расхода'!N78,\"\"))","v":""}]
[null,null,"НР от ЗПР",null,null,null,null,{"$f":"IF('Текущие цены с учетом расхода'!P78>0,'Текущие цены с учетом расхода'!P78,IF('Текущие цены с учетом расхода'!P78<0,'Текущие цены с учетом расхода'!P78,\"\"))","v":""},null,"Nakl_ZPR",null,null,null,{"$f":"IF('Базовые цены с учетом расхода'!P78>0,'Базовые цены с учетом расхода'!P78,IF('Базовые цены с учетом расхода'!P78<0,'Базовые цены с учетом расхода'!P78,\"\"))","v":""}]
[null,null,"НР от ЗПМ",null,null,null,null,{"$f":"IF('Текущие цены с учетом расхода'!Q78>0,'Текущие цены с учетом расхода'!Q78,IF('Текущие цены с учетом расхода'!Q78<0,'Текущие цены с учетом расхода'!Q78,\"\"))","v":""},null,"Nakl_ZPM",null,null,null,{"$f":"IF('Базовые цены с учетом расхода'!Q78>0,'Базовые цены с учетом расхода'!Q78,IF('Базовые цены с учетом расхода'!Q78<0,'Базовые цены с учетом расхода'!Q78,\"\"))","v":""}]
[null,null,"Плановые накопления / Сметная прибыль",null,null,null,8,{"$f":"IF('Текущие цены с учетом расхода'!O78>0,'Текущие цены с учетом расхода'!O78,IF('Текущие цены с учетом расхода'!O78<0,'Текущие цены с учетом расхода'!O78,\"\"))","v":385},null,"Plan",null,null,null,{"$f":"IF('Базовые цены с учетом расхода'!O78>0,'Базовые цены с учетом расхода'!O78,IF('Базовые цены с учетом расхода'!O78<0,'Базовые цены с учетом расхода'!O78,\"\"))","v":""}]
[null,null,"СП от ЗПР",null,null,null,null,{"$f":"IF('Текущие цены с учетом расхода'!R78>0,'Текущие цены с учетом расхода'!R78,IF('Текущие цены с учетом расхода'!R78<0,'Текущие цены с учетом расхода'!R78,\"\"))","v":""},null,"Plan_ZPR",null,null,null,{"$f":"IF('Базовые цены с учетом расхода'!R78>0,'Базовые цены с учетом расхода'!R78,IF('Базовые цены с учетом расхода'!R78<0,'Базовые цены с учетом расхода'!R78,\"\"))","v":""}]
[null,null,"СП от ЗПМ",null,null,null,null,{"$f":"IF('Текущие цены с учетом расхода'!S78>0,'Текущие цены с учетом расхода'!S78,IF('Текущие цены с учетом расхода'!S78<0,'Текущие цены с учетом расхода'!S78,\"\"))","v":""},null,"Plan_ZPM",null,null,null,{"$f":"IF('Базовые цены с учетом расхода'!S78>0,'Базовые цены с учетом расхода'!S78,IF('Базовые цены с учетом расхода'!S78<0,'Базовые цены с учетом расхода'!S78,\"\"))","v":""}]
["74.","ГЭСНс 01-04-026-02","Замена световозвращающих элементов на барьерном ограждении","100 шт.",null,0.01,{"$f":"ROUND(СУММПРОИЗВЕСЛИ(1,I1729:I1735,\"s\",E1729:E1735,G1729:G1735,0),2)+SUMIF(I1729:I1750,\"=NenormMatOtZPR\",G1729:G1750)","v":23680.59},{"$f":"ROUND(СУММПРОИЗВЕСЛИ(F1729,I1729:I1735,\"s\",E1729:E1735,G1729:G1735,0),0)+SUMIF(I1729:I1750,\"=NenormMatOtZPR\",H1729:H1750)","v":237},"sum",null,null,null,{"$f":"ROUND(СУММПРОИЗВЕСЛИ(1,I1729:I1735,\"s\",E1729:E1735,M1729:M1735,0),2)+SUMIF(I1729:I1750,\"=NenormMatOtZPR\",M1729:M1750)","v":4006.39},{"$f":"ROUND(СУММПРОИЗВЕСЛИ(F1729,I1729:I1735,\"s\",E1729:E1735,M1729:M1735,0),0)+SUMIF(I1729:I1750,\"=NenormMatOtZPR\",N1729:N1750)","v":40}]
["74. 1.","2","Затраты труда машинистов","чел.-ч",{"$f":"ОКРУГЛВСЕ(СУММПРОИЗВЕСЛИ(1,K1729:K1735,\"mWithZTM\",D1729:D1735,E1729:E1735,-1)+СУММКОЭФПРОЦЕНТЕСЛИ(1,1,K1729:K1735,\"mWithZTM_Proch\",E1729:E1735,-1),11)","v":9.65},{"$f":"ОКРУГЛВСЕ(СУММПРОИЗВЕСЛИ(1,K1729:K1735,\"mWithZTM\",D1729:D1735,F1729:F1735,-1)+СУММКОЭФПРОЦЕНТЕСЛИ(1,1,K1729:K1735,\"mWithZTM_Proch\",F1729:F1735,-1),11)","v":9.6500000000000002E-2},{"$f":"IF(F1730=0,0,ROUND(H1730/F1730,3))","v":145.078},{"$f":"ROUND(СУММЕСЛИДА1НЕ1(L1729:L1735,\"mWithZPM\",D1729:D1735,0,H1729:H1735),0)","v":14},null,"Ж",null,null,{"$f":"IF(F1730=0,0,ROUND(N1730/F1730,3))","v":10.363},{"$f":"ROUND(СУММЕСЛИДА1НЕ1(L1729:L1735,\"mWithZPM\",D1729:D1735,0,N1729:N1735),0)","v":1}]
["74. 2.",{"$f":"ПОЛУЧШИФР(Ресурсы!A6,1)","v":"0-4004"},{"$f":"Ресурсы!B6","v":"Дорожный рабочий 4 разряда"},"чел.-ч",19.3,{"$f":"ОКРУГЛВСЕ(IF(E1731=\"\",0,E1731)*IF(F1729=\"\",0,F1729),11)","v":0.193},{"$f":"Ресурсы!D6","v":124.02},{"$f":"ROUND(IF(F1731=\"\",0,F1731)*IF(G1731=\"\",0,G1731),0)","v":24},"s","Г",null,null,{"$f":"Ресурсы!C6","v":9.6199999999999992},{"$f":"ROUND(IF(F1731=\"\",0,F1731)*IF(M1731=\"\",0,M1731),0)","v":2}]
["74. 3.",{"$f":"ПОЛУЧШИФР(Ресурсы!A96,1)","v":"СЦЭСМ 121550"},{"$f":"Ресурсы!B96","v":"Машины дорожной службы (машина дорожного мастера)"},"маш.-ч",9.65,{"$f":"ОКРУГЛВСЕ(IF(E1732=\"\",0,E1732)*IF(F1729=\"\",0,F1729),11)","v":9.6500000000000002E-2},{"$f":"Ресурсы!D96","v":552.54999999999995},{"$f":"ROUND(IF(F1732=\"\",0,F1732)*IF(G1732=\"\",0,G1732),0)","v":53},"s","IsMash",null,null,{"$f":"Ресурсы!C96","v":86.5},{"$f":"ROUND(IF(F1732=\"\",0,F1732)*IF(M1732=\"\",0,M1732),0)","v":8}]
[null,null,null,{"$f":"Ресурсы!G96","v":1},null,null,{"$f":"Ресурсы!F96","v":149.81},{"$f":"ROUND(IF(F1732=\"\",0,F1732)*IF(G1733=\"\",0,G1733),0)","v":14},null,null,"mWithZTM","mWithZPM",{"$f":"Ресурсы!E96","v":11.6},{"$f":"ROUND(IF(F1732=\"\",0,F1732)*IF(M1733=\"\",0,M1733),0)","v":1}]
["74. 4.",{"$f":"ПОЛУЧШИФР(Ресурсы!A27,0)","v":"с101-1977"},{"$f":"Ресурсы!B27","v":"Болты с гайками и шайбами строительные"},"кг",10,{"$f":"ОКРУГЛВСЕ(IF(E1734=\"\",0,E1734)*IF(F1729=\"\",0,F1729),11)","v":0.1},{"$f":"ROUND(Ресурсы!D27*Начисления!AV79,2)","v":45.19},{"$f":"ROUND(IF(F1734=\"\",0,F1734)*IF(G1734=\"\",0,G1734),0)","v":5},"s","IsMater",null,null,{"$f":"ROUND(Ресурсы!C27*Начисления!AV79,2)","v":0},{"$f":"ROUND(IF(F1734=\"\",0,F1734)*IF(M1734=\"\",0,M1734),0)","v":0}]
["74. 5.",{"$f":"ПОЛУЧШИФР(Ресурсы!A29,1)","v":"ССЦ 101-2776"},{"$f":"Ресурсы!B29","v":"Элементы светоотражающие на барьерные ограждения"},"шт.",100,{"$f":"ОКРУГЛВСЕ(IF(E1735=\"\",0,E1735)*IF(F1729=\"\",0,F1729),11)","v":1},{"$f":"ROUND(Ресурсы!D29*Начисления!AV79,2)","v":155.03},{"$f":"ROUND(IF(F1735=\"\",0,F1735)*IF(G1735=\"\",0,G1735),0)","v":155},"s","IsMater",null,null,{"$f":"ROUND(Ресурсы!C29*Начисления!AV79,2)","v":29.86},{"$f":"ROUND(IF(F1735=\"\",0,F1735)*IF(M1735=\"\",0,M1735),0)","v":30}]
[null,null,"Зарплата рабочих",null,null,null,null,24,null,null,null,null,null,2]
[null,null,"Эксплуатация машин",null,null,null,null,53,null,null,null,null,null,8]
[null,null,"в т.ч. зарплата машинистов",null,null,null,null,14,null,null,null,null,null,1]
[null,null,"Материалы",null,null,null,null,160,null,null,null,null,null,30]
[null,null,"в т.ч. Вспомогательные материалы от стоимости материалов"]
[null,null,"в т.ч. Вспомогательные ненормируемые материалы",null,null,null,null,null,"NenormMatOtZPR"]
[null,null,"в т.ч. Ненормированная з.п. рабочих"]
[null,null,"в т.ч. Ненормированная стоимость эксплуатации машин"]
[null,null,"в т.ч. Ненормированная оплата механизаторов"]
[null,null,"Накладные расходы",null,null,null,11.7,{"$f":"IF('Текущие цены с учетом расхода'!N79>0,'Текущие цены с учетом расхода'!N79,IF('Текущие цены с учетом расхода'!N79<0,'Текущие цены с учетом расхода'!N79,\"\"))","v":28},null,"Nakl",null,null,11.7,{"$f":"IF('Базовые цены с учетом расхода'!N79>0,'Базовые цены с учетом расхода'!N79,IF('Базовые цены с учетом расхода'!N79<0,'Базовые цены с учетом расхода'!N79,\"\"))","v":5}]
[null,null,"НР от ЗПР",null,null,null,null,{"$f":"IF('Текущие цены с учетом расхода'!P79>0,'Текущие цены с учетом расхода'!P79,IF('Текущие цены с учетом расхода'!P79<0,'Текущие цены с учетом расхода'!P79,\"\"))","v":""},null,"Nakl_ZPR",null,null,null,{"$f":"IF('Базовые цены с учетом расхода'!P79>0,'Базовые цены с учетом расхода'!P79,IF('Базовые цены с учетом расхода'!P79<0,'Базовые цены с учетом расхода'!P79,\"\"))","v":""}]
[null,null,"НР от ЗПМ",null,null,null,null,{"$f":"IF('Текущие цены с учетом расхода'!Q79>0,'Текущие цены с учетом расхода'!Q79,IF('Текущие цены с учетом расхода'!Q79<0,'Текущие цены с учетом расхода'!Q79,\"\"))","v":""},null,"Nakl_ZPM",null,null,null,{"$f":"IF('Базовые цены с учетом расхода'!Q79>0,'Базовые цены с учетом расхода'!Q79,IF('Базовые цены с учетом расхода'!Q79<0,'Базовые цены с учетом расхода'!Q79,\"\"))","v":""}]
[null,null,"Плановые накопления / Сметная прибыль",null,null,null,8,{"$f":"IF('Текущие цены с учетом расхода'!O79>0,'Текущие цены с учетом расхода'!O79,IF('Текущие цены с учетом расхода'!O79<0,'Текущие цены с учетом расхода'!O79,\"\"))","v":21},null,"Plan",null,null,8,{"$f":"IF('Базовые цены с учетом расхода'!O79>0,'Базовые цены с учетом расхода'!O79,IF('Базовые цены с учетом расхода'!O79<0,'Базовые цены с учетом расхода'!O79,\"\"))","v":4}]
[null,null,"СП от ЗПР",null,null,null,null,{"$f":"IF('Текущие цены с учетом расхода'!R79>0,'Текущие цены с учетом расхода'!R79,IF('Текущие цены с учетом расхода'!R79<0,'Текущие цены с учетом расхода'!R79,\"\"))","v":""},null,"Plan_ZPR",null,null,null,{"$f":"IF('Базовые цены с учетом расхода'!R79>0,'Базовые цены с учетом расхода'!R79,IF('Базовые цены с учетом расхода'!R79<0,'Базовые цены с учетом расхода'!R79,\"\"))","v":""}]
[null,null,"СП от ЗПМ",null,null,null,null,{"$f":"IF('Текущие цены с учетом расхода'!S79>0,'Текущие цены с учетом расхода'!S79,IF('Текущие цены с учетом расхода'!S79<0,'Текущие цены с учетом расхода'!S79,\"\"))","v":""},null,"Plan_ZPM",null,null,null,{"$f":"IF('Базовые цены с учетом расхода'!S79>0,'Базовые цены с учетом расхода'!S79,IF('Базовые цены с учетом расхода'!S79<0,'Базовые цены с учетом расхода'!S79,\"\"))","v":""}]
["75.","ГЭСНс 01-08-002-03","Очистка от грязи и мусора зон под ограждениями вручную","100 м2",null,0.02,{"$f":"ROUND(СУММПРОИЗВЕСЛИ(1,I1751:I1755,\"s\",E1751:E1755,G1751:G1755,0),2)+SUMIF(I1751:I1770,\"=NenormMatOtZPR\",G1751:G1770)","v":381},{"$f":"ROUND(СУММПРОИЗВЕСЛИ(F1751,I1751:I1755,\"s\",E1751:E1755,G1751:G1755,0),0)+SUMIF(I1751:I1770,\"=NenormMatOtZPR\",H1751:H1770)","v":8},"sum",null,null,null,{"$f":"ROUND(СУММПРОИЗВЕСЛИ(1,I1751:I1755,\"s\",E1751:E1755,M1751:M1755,0),2)+SUMIF(I1751:I1770,\"=NenormMatOtZPR\",M1751:M1770)","v":41.77},{"$f":"ROUND(СУММПРОИЗВЕСЛИ(F1751,I1751:I1755,\"s\",E1751:E1755,M1751:M1755,0),0)+SUMIF(I1751:I1770,\"=NenormMatOtZPR\",N1751:N1770)","v":1}]
["75. 1.","2","Затраты труда машинистов","чел.-ч",{"$f":"ОКРУГЛВСЕ(СУММПРОИЗВЕСЛИ(1,K1751:K1755,\"mWithZTM\",D1751:D1755,E1751:E1755,-1)+СУММКОЭФПРОЦЕНТЕСЛИ(1,1,K1751:K1755,\"mWithZTM_Proch\",E1751:E1755,-1),11)","v":0.28000000000000003},{"$f":"ОКРУГЛВСЕ(СУММПРОИЗВЕСЛИ(1,K1751:K1755,\"mWithZTM\",D1751:D1755,F1751:F1755,-1)+СУММКОЭФПРОЦЕНТЕСЛИ(1,1,K1751:K1755,\"mWithZTM_Proch\",F1751:F1755,-1),11)","v":5.5999999999999999E-3},{"$f":"IF(F1752=0,0,ROUND(H1752/F1752,3))","v":178.571},{"$f":"ROUND(СУММЕСЛИДА1НЕ1(L1751:L1755,\"mWithZPM\",D1751:D1755,0,H1751:H1755),0)","v":1},null,"Ж",null,null,{"$f":"IF(F1752=0,0,ROUND(N1752/F1752,3))","v":0},{"$f":"ROUND(СУММЕСЛИДА1НЕ1(L1751:L1755,\"mWithZPM\",D1751:D1755,0,N1751:N1755),0)","v":0}]
["75. 2.",{"$f":"ПОЛУЧШИФР(Ресурсы!A4,1)","v":"0-4002"},{"$f":"Ресурсы!B4","v":"Дорожный рабочий 2 разряда"},"чел.-ч",2.25,{"$f":"ОКРУГЛВСЕ(IF(E1753=\"\",0,E1753)*IF(F1751=\"\",0,F1751),11)","v":4.4999999999999998E-2},{"$f":"Ресурсы!D4","v":100.57},{"$f":"ROUND(IF(F1753=\"\",0,F1753)*IF(G1753=\"\",0,G1753),0)","v":5},"s","Г",null,null,{"$f":"Ресурсы!C4","v":7.8},{"$f":"ROUND(IF(F1753=\"\",0,F1753)*IF(M1753=\"\",0,M1753),0)","v":0}]
["75. 3.",{"$f":"ПОЛУЧШИФР(Ресурсы!A96,1)","v":"СЦЭСМ 121550"},{"$f":"Ресурсы!B96","v":"Машины дорожной службы (машина дорожного мастера)"},"маш.-ч",0.28000000000000003,{"$f":"ОКРУГЛВСЕ(IF(E1754=\"\",0,E1754)*IF(F1751=\"\",0,F1751),11)","v":5.5999999999999999E-3},{"$f":"Ресурсы!D96","v":552.54999999999995},{"$f":"ROUND(IF(F1754=\"\",0,F1754)*IF(G1754=\"\",0,G1754),0)","v":3},"s","IsMash",null,null,{"$f":"Ресурсы!C96","v":86.5},{"$f":"ROUND(IF(F1754=\"\",0,F1754)*IF(M1754=\"\",0,M1754),0)","v":0}]
[null,null,null,{"$f":"Ресурсы!G96","v":1},null,null,{"$f":"Ресурсы!F96","v":149.81},{"$f":"ROUND(IF(F1754=\"\",0,F1754)*IF(G1755=\"\",0,G1755),0)","v":1},null,null,"mWithZTM","mWithZPM",{"$f":"Ресурсы!E96","v":11.6},{"$f":"ROUND(IF(F1754=\"\",0,F1754)*IF(M1755=\"\",0,M1755),0)","v":0}]
[null,null,"Зарплата рабочих",null,null,null,null,5]
[null,null,"Эксплуатация машин",null,null,null,null,3]
[null,null,"в т.ч. зарплата машинистов",null,null,null,null,1]
[null,null,"Материалы"]
[null,null,"в т.ч. Вспомогательные материалы от стоимости материалов"]
[null,null,"в т.ч. Вспомогательные ненормируемые материалы",null,null,null,null,null,"NenormMatOtZPR"]
[null,null,"в т.ч. Ненормированная з.п. рабочих"]
[null,null,"в т.ч. Ненормированная стоимость эксплуатации машин"]
[null,null,"в т.ч. Ненормированная оплата механизаторов"]
[null,null,"Накладные расходы",null,null,null,11.7,{"$f":"IF('Текущие цены с учетом расхода'!N80>0,'Текущие цены с учетом расхода'!N80,IF('Текущие цены с учетом расхода'!N80<0,'Текущие цены с учетом расхода'!N80,\"\"))","v":1},null,"Nakl",null,null,11.7,{"$f":"IF('Базовые цены с учетом расхода'!N80>0,'Базовые цены с учетом расхода'!N80,IF('Базовые цены с учетом расхода'!N80<0,'Базовые цены с учетом расхода'!N80,\"\"))","v":""}]
[null,null,"НР от ЗПР",null,null,null,null,{"$f":"IF('Текущие цены с учетом расхода'!P80>0,'Текущие цены с учетом расхода'!P80,IF('Текущие цены с учетом расхода'!P80<0,'Текущие цены с учетом расхода'!P80,\"\"))","v":""},null,"Nakl_ZPR",null,null,null,{"$f":"IF('Базовые цены с учетом расхода'!P80>0,'Базовые цены с учетом расхода'!P80,IF('Базовые цены с учетом расхода'!P80<0,'Базовые цены с учетом расхода'!P80,\"\"))","v":""}]
[null,null,"НР от ЗПМ",null,null,null,null,{"$f":"IF('Текущие цены с учетом расхода'!Q80>0,'Текущие цены с учетом расхода'!Q80,IF('Текущие цены с учетом расхода'!Q80<0,'Текущие цены с учетом расхода'!Q80,\"\"))","v":""},null,"Nakl_ZPM",null,null,null,{"$f":"IF('Базовые цены с учетом расхода'!Q80>0,'Базовые цены с учетом расхода'!Q80,IF('Базовые цены с учетом расхода'!Q80<0,'Базовые цены с учетом расхода'!Q80,\"\"))","v":""}]
[null,null,"Плановые накопления / Сметная прибыль",null,null,null,8,{"$f":"IF('Текущие цены с учетом расхода'!O80>0,'Текущие цены с учетом расхода'!O80,IF('Текущие цены с учетом расхода'!O80<0,'Текущие цены с учетом расхода'!O80,\"\"))","v":1},null,"Plan",null,null,8,{"$f":"IF('Базовые цены с учетом расхода'!O80>0,'Базовые цены с учетом расхода'!O80,IF('Базовые цены с учетом расхода'!O80<0,'Базовые цены с учетом расхода'!O80,\"\"))","v":""}]
[null,null,"СП от ЗПР",null,null,null,null,{"$f":"IF('Текущие цены с учетом расхода'!R80>0,'Текущие цены с учетом расхода'!R80,IF('Текущие цены с учетом расхода'!R80<0,'Текущие цены с учетом расхода'!R80,\"\"))","v":""},null,"Plan_ZPR",null,null,null,{"$f":"IF('Базовые цены с учетом расхода'!R80>0,'Базовые цены с учетом расхода'!R80,IF('Базовые цены с учетом расхода'!R80<0,'Базовые цены с учетом расхода'!R80,\"\"))","v":""}]
[null,null,"СП от ЗПМ",null,null,null,null,{"$f":"IF('Текущие цены с учетом расхода'!S80>0,'Текущие цены с учетом расхода'!S80,IF('Текущие цены с учетом расхода'!S80<0,'Текущие цены с учетом расхода'!S80,\"\"))","v":""},null,"Plan_ZPM",null,null,null,{"$f":"IF('Базовые цены с учетом расхода'!S80>0,'Базовые цены с учетом расхода'!S80,IF('Базовые цены с учетом расхода'!S80<0,'Базовые цены с учетом расхода'!S80,\"\"))","v":""}]
["76.","ГЭСНс 01-10-005-01","Погрузка материалов в автотранспортные средства вручную сподручные и навалочные грузы","т",null,0.2,{"$f":"ROUND(СУММПРОИЗВЕСЛИ(1,I1771:I1773,\"s\",E1771:E1773,G1771:G1773,0),2)+SUMIF(I1771:I1788,\"=NenormMatOtZPR\",G1771:G1788)","v":55.31},{"$f":"ROUND(СУММПРОИЗВЕСЛИ(F1771,I1771:I1773,\"s\",E1771:E1773,G1771:G1773,0),0)+SUMIF(I1771:I1788,\"=NenormMatOtZPR\",H1771:H1788)","v":11},"sum",null,null,null,{"$f":"ROUND(СУММПРОИЗВЕСЛИ(1,I1771:I1773,\"s\",E1771:E1773,M1771:M1773,0),2)+SUMIF(I1771:I1788,\"=NenormMatOtZPR\",M1771:M1788)","v":4.29},{"$f":"ROUND(СУММПРОИЗВЕСЛИ(F1771,I1771:I1773,\"s\",E1771:E1773,M1771:M1773,0),0)+SUMIF(I1771:I1788,\"=NenormMatOtZPR\",N1771:N1788)","v":1}]
["76. 0.","З1000-0001","Затраты труда машинистов","чел.ч",0,0,{"$f":"IF(F1772=0,0,ROUND(H1772/F1772,3))","v":0},null,null,"Ж",null,null,{"$f":"IF(F1772=0,0,ROUND(N1772/F1772,3))","v":0}]
["76. 1.",{"$f":"ПОЛУЧШИФР(Ресурсы!A4,1)","v":"0-4002"},{"$f":"Ресурсы!B4","v":"Дорожный рабочий 2 разряда"},"чел.-ч",0.55000000000000004,{"$f":"ОКРУГЛВСЕ(IF(E1773=\"\",0,E1773)*IF(F1771=\"\",0,F1771),11)","v":0.11},{"$f":"Ресурсы!D4","v":100.57},{"$f":"ROUND(IF(F1773=\"\",0,F1773)*IF(G1773=\"\",0,G1773),0)","v":11},"s","Г",null,null,{"$f":"Ресурсы!C4","v":7.8},{"$f":"ROUND(IF(F1773=\"\",0,F1773)*IF(M1773=\"\",0,M1773),0)","v":1}]
[null,null,"Зарплата рабочих",null,null,null,null,11,null,null,null,null,null,1]
[null,null,"Эксплуатация машин"]
[null,null,"в т.ч. зарплата машинистов"]
[null,null,"Материалы"]
[null,null,"в т.ч. Вспомогательные материалы от стоимости материалов"]
[null,null,"в т.ч. Вспомогательные ненормируемые материалы",null,null,null,null,null,"NenormMatOtZPR"]
[null,null,"в т.ч. Ненормированная з.п. рабочих"]
[null,null,"в т.ч. Ненормированная стоимость эксплуатации машин"]
[null,null,"в т.ч. Ненормированная оплата механизаторов"]
[null,null,"Накладные расходы",null,null,null,11.7,{"$f":"IF('Текущие цены с учетом расхода'!N81>0,'Текущие цены с учетом расхода'!N81,IF('Текущие цены с учетом расхода'!N81<0,'Текущие цены с учетом расхода'!N81,\"\"))","v":1},null,"Nakl",null,null,11.7,{"$f":"IF('Базовые цены с учетом расхода'!N81>0,'Базовые цены с учетом расхода'!N81,IF('Базовые цены с учетом расхода'!N81<0,'Базовые цены с учетом расхода'!N81,\"\"))","v":""}]
[null,null,"НР от ЗПР",null,null,null,null,{"$f":"IF('Текущие цены с учетом расхода'!P81>0,'Текущие цены с учетом расхода'!P81,IF('Текущие цены с учетом расхода'!P81<0,'Текущие цены с учетом расхода'!P81,\"\"))","v":""},null,"Nakl_ZPR",null,null,null,{"$f":"IF('Базовые цены с учетом расхода'!P81>0,'Базовые цены с учетом расхода'!P81,IF('Базовые цены с учетом расхода'!P81<0,'Базовые цены с учетом расхода'!P81,\"\"))","v":""}]
[null,null,"НР от ЗПМ",null,null,null,null,{"$f":"IF('Текущие цены с учетом расхода'!Q81>0,'Текущие цены с учетом расхода'!Q81,IF('Текущие цены с учетом расхода'!Q81<0,'Текущие цены с учетом расхода'!Q81,\"\"))","v":""},null,"Nakl_ZPM",null,null,null,{"$f":"IF('Базовые цены с учетом расхода'!Q81>0,'Базовые цены с учетом расхода'!Q81,IF('Базовые цены с учетом расхода'!Q81<0,'Базовые цены с учетом расхода'!Q81,\"\"))","v":""}]
[null,null,"Плановые накопления / Сметная прибыль",null,null,null,8,{"$f":"IF('Текущие цены с учетом расхода'!O81>0,'Текущие цены с учетом расхода'!O81,IF('Текущие цены с учетом расхода'!O81<0,'Текущие цены с учетом расхода'!O81,\"\"))","v":1},null,"Plan",null,null,8,{"$f":"IF('Базовые цены с учетом расхода'!O81>0,'Базовые цены с учетом расхода'!O81,IF('Базовые цены с учетом расхода'!O81<0,'Базовые цены с учетом расхода'!O81,\"\"))","v":""}]
[null,null,"СП от ЗПР",null,null,null,null,{"$f":"IF('Текущие цены с учетом расхода'!R81>0,'Текущие цены с учетом расхода'!R81,IF('Текущие цены с учетом расхода'!R81<0,'Текущие цены с учетом расхода'!R81,\"\"))","v":""},null,"Plan_ZPR",null,null,null,{"$f":"IF('Базовые цены с учетом расхода'!R81>0,'Базовые цены с учетом расхода'!R81,IF('Базовые цены с учетом расхода'!R81<0,'Базовые цены с учетом расхода'!R81,\"\"))","v":""}]
[null,null,"СП от ЗПМ",null,null,null,null,{"$f":"IF('Текущие цены с учетом расхода'!S81>0,'Текущие цены с учетом расхода'!S81,IF('Текущие цены с учетом расхода'!S81<0,'Текущие цены с учетом расхода'!S81,\"\"))","v":""},null,"Plan_ZPM",null,null,null,{"$f":"IF('Базовые цены с учетом расхода'!S81>0,'Базовые цены с учетом расхода'!S81,IF('Базовые цены с учетом расхода'!S81<0,'Базовые цены с учетом расхода'!S81,\"\"))","v":""}]
["77.","ГЭСНс 01-11-002-05","Простой автомобилей-самосвалов под погрузкой-разгрузкой грузов 1-го класса при погрузке вручную грузоподъемность 10 т","100 т",null,2E-3,{"$f":"ROUND(СУММПРОИЗВЕСЛИ(1,I1789:I1792,\"s\",E1789:E1792,G1789:G1792,0),2)+SUMIF(I1789:I1807,\"=NenormMatOtZPR\",G1789:G1807)","v":5131.62},{"$f":"ROUND(СУММПРОИЗВЕСЛИ(F1789,I1789:I1792,\"s\",E1789:E1792,G1789:G1792,0),0)+SUMIF(I1789:I1807,\"=NenormMatOtZPR\",H1789:H1807)","v":10},"sum",null,null,null,{"$f":"ROUND(СУММПРОИЗВЕСЛИ(1,I1789:I1792,\"s\",E1789:E1792,M1789:M1792,0),2)+SUMIF(I1789:I1807,\"=NenormMatOtZPR\",M1789:M1807)","v":822.16},{"$f":"ROUND(СУММПРОИЗВЕСЛИ(F1789,I1789:I1792,\"s\",E1789:E1792,M1789:M1792,0),0)+SUMIF(I1789:I1807,\"=NenormMatOtZPR\",N1789:N1807)","v":2}]
["77. 0.","З1000-0001","Затраты труда машинистов","чел.ч",0,0,{"$f":"IF(F1790=0,0,ROUND(H1790/F1790,3))","v":0},null,null,"Ж",null,null,{"$f":"IF(F1790=0,0,ROUND(N1790/F1790,3))","v":0}]
["77. 1.",{"$f":"ПОЛУЧШИФР(Ресурсы!A106,1)","v":"СЦЭСМ 400052"},{"$f":"Ресурсы!B106","v":"Автомобиль-самосвал, грузоподъемность до 10 т"},"маш.-ч",7.31,{"$f":"ОКРУГЛВСЕ(IF(E1791=\"\",0,E1791)*IF(F1789=\"\",0,F1789),11)","v":1.4619999999999999E-2},{"$f":"Ресурсы!D106","v":702},{"$f":"ROUND(IF(F1791=\"\",0,F1791)*IF(G1791=\"\",0,G1791),0)","v":10},"s","IsMash",null,null,{"$f":"Ресурсы!C106","v":112.47},{"$f":"ROUND(IF(F1791=\"\",0,F1791)*IF(M1791=\"\",0,M1791),0)","v":2}]
[null,null,null,{"$f":"Ресурсы!G106","v":1},null,null,{"$f":"Ресурсы!F106","v":142.80000000000001},{"$f":"ROUND(IF(F1791=\"\",0,F1791)*IF(G1792=\"\",0,G1792),0)","v":2},null,null,null,null,{"$f":"Ресурсы!E106","v":13.5},{"$f":"ROUND(IF(F1791=\"\",0,F1791)*IF(M1792=\"\",0,M1792),0)","v":0}]
[null,null,"Зарплата рабочих"]
[null,null,"Эксплуатация машин",null,null,null,null,10,null,null,null,null,null,2]
[null,null,"в т.ч. зарплата машинистов"]
[null,null,"Материалы"]
[null,null,"в т.ч. Вспомогательные материалы от стоимости материалов"]
[null,null,"в т.ч. Вспомогательные ненормируемые материалы",null,null,null,null,null,"NenormMatOtZPR"]
[null,null,"в т.ч. Ненормированная з.п. рабочих"]
[null,null,"в т.ч. Ненормированная стоимость эксплуатации машин"]
[null,null,"в т.ч. Ненормированная оплата механизаторов"]
[null,null,"Накладные расходы",null,null,null,11.7,{"$f":"IF('Текущие цены с учетом расхода'!N82>0,'Текущие цены с учетом расхода'!N82,IF('Текущие цены с учетом расхода'!N82<0,'Текущие цены с учетом расхода'!N82,\"\"))","v":1},null,"Nakl",null,null,11.7,{"$f":"IF('Базовые цены с учетом расхода'!N82>0,'Базовые цены с учетом расхода'!N82,IF('Базовые цены с учетом расхода'!N82<0,'Базовые цены с учетом расхода'!N82,\"\"))","v":""}]
[null,null,"НР от ЗПР",null,null,null,null,{"$f":"IF('Текущие цены с учетом расхода'!P82>0,'Текущие цены с учетом расхода'!P82,IF('Текущие цены с учетом расхода'!P82<0,'Текущие цены с учетом расхода'!P82,\"\"))","v":""},null,"Nakl_ZPR",null,null,null,{"$f":"IF('Базовые цены с учетом расхода'!P82>0,'Базовые цены с учетом расхода'!P82,IF('Базовые цены с учетом расхода'!P82<0,'Базовые цены с учетом расхода'!P82,\"\"))","v":""}]
[null,null,"НР от ЗПМ",null,null,null,null,{"$f":"IF('Текущие цены с учетом расхода'!Q82>0,'Текущие цены с учетом расхода'!Q82,IF('Текущие цены с учетом расхода'!Q82<0,'Текущие цены с учетом расхода'!Q82,\"\"))","v":""},null,"Nakl_ZPM",null,null,null,{"$f":"IF('Базовые цены с учетом расхода'!Q82>0,'Базовые цены с учетом расхода'!Q82,IF('Базовые цены с учетом расхода'!Q82<0,'Базовые цены с учетом расхода'!Q82,\"\"))","v":""}]
[null,null,"Плановые накопления / Сметная прибыль",null,null,null,8,{"$f":"IF('Текущие цены с учетом расхода'!O82>0,'Текущие цены с учетом расхода'!O82,IF('Текущие цены с учетом расхода'!O82<0,'Текущие цены с учетом расхода'!O82,\"\"))","v":1},null,"Plan",null,null,8,{"$f":"IF('Базовые цены с учетом расхода'!O82>0,'Базовые цены с учетом расхода'!O82,IF('Базовые цены с учетом расхода'!O82<0,'Базовые цены с учетом расхода'!O82,\"\"))","v":""}]
[null,null,"СП от ЗПР",null,null,null,null,{"$f":"IF('Текущие цены с учетом расхода'!R82>0,'Текущие цены с учетом расхода'!R82,IF('Текущие цены с учетом расхода'!R82<0,'Текущие цены с учетом расхода'!R82,\"\"))","v":""},null,"Plan_ZPR",null,null,null,{"$f":"IF('Базовые цены с учетом расхода'!R82>0,'Базовые цены с учетом расхода'!R82,IF('Базовые цены с учетом расхода'!R82<0,'Базовые цены с учетом расхода'!R82,\"\"))","v":""}]
[null,null,"СП от ЗПМ",null,null,null,null,{"$f":"IF('Текущие цены с учетом расхода'!S82>0,'Текущие цены с учетом расхода'!S82,IF('Текущие цены с учетом расхода'!S82<0,'Текущие цены с учетом расхода'!S82,\"\"))","v":""},null,"Plan_ZPM",null,null,null,{"$f":"IF('Базовые цены с учетом расхода'!S82>0,'Базовые цены с учетом расхода'!S82,IF('Базовые цены с учетом расхода'!S82<0,'Базовые цены с учетом расхода'!S82,\"\"))","v":""}]
["78.","ГЭСНс 01-11-002-07","При перевозке грузов 1-го класса по дорогам с усовершествованным типом покрытия на расстояние до 3 км принимать на каждый километр (добавлять к нормам 1 - 5) грузоподъемность 10 т","100 т",null,2E-3,{"$f":"ROUND(СУММПРОИЗВЕСЛИ(1,I1808:I1811,\"s\",E1808:E1811,G1808:G1811,0),2)+SUMIF(I1808:I1826,\"=NenormMatOtZPR\",G1808:G1826)","v":456.3},{"$f":"ROUND(СУММПРОИЗВЕСЛИ(F1808,I1808:I1811,\"s\",E1808:E1811,G1808:G1811,0),0)+SUMIF(I1808:I1826,\"=NenormMatOtZPR\",H1808:H1826)","v":1},"sum",null,null,null,{"$f":"ROUND(СУММПРОИЗВЕСЛИ(1,I1808:I1811,\"s\",E1808:E1811,M1808:M1811,0),2)+SUMIF(I1808:I1826,\"=NenormMatOtZPR\",M1808:M1826)","v":73.11},{"$f":"ROUND(СУММПРОИЗВЕСЛИ(F1808,I1808:I1811,\"s\",E1808:E1811,M1808:M1811,0),0)+SUMIF(I1808:I1826,\"=NenormMatOtZPR\",N1808:N1826)","v":0}]
["78. 0.","З1000-0001","Затраты труда машинистов","чел.ч",0,0,{"$f":"IF(F1809=0,0,ROUND(H1809/F1809,3))","v":0},null,null,"Ж",null,null,{"$f":"IF(F1809=0,0,ROUND(N1809/F1809,3))","v":0}]
["78. 1.",{"$f":"ПОЛУЧШИФР(Ресурсы!A106,1)","v":"СЦЭСМ 400052"},{"$f":"Ресурсы!B106","v":"Автомобиль-самосвал, грузоподъемность до 10 т"},"маш.-ч",0.65,{"$f":"ОКРУГЛВСЕ(IF(E1810=\"\",0,E1810)*IF(F1808=\"\",0,F1808),11)","v":1.2999999999999999E-3},{"$f":"Ресурсы!D106","v":702},{"$f":"ROUND(IF(F1810=\"\",0,F1810)*IF(G1810=\"\",0,G1810),0)","v":1},"s","IsMash",null,null,{"$f":"Ресурсы!C106","v":112.47},{"$f":"ROUND(IF(F1810=\"\",0,F1810)*IF(M1810=\"\",0,M1810),0)","v":0}]
[null,null,null,{"$f":"Ресурсы!G106","v":1},null,null,{"$f":"Ресурсы!F106","v":142.80000000000001},{"$f":"ROUND(IF(F1810=\"\",0,F1810)*IF(G1811=\"\",0,G1811),0)","v":0},null,null,null,null,{"$f":"Ресурсы!E106","v":13.5},{"$f":"ROUND(IF(F1810=\"\",0,F1810)*IF(M1811=\"\",0,M1811),0)","v":0}]
[null,null,"Зарплата рабочих"]
[null,null,"Эксплуатация машин",null,null,null,null,1]
[null,null,"в т.ч. зарплата машинистов"]
[null,null,"Материалы"]
[null,null,"в т.ч. Вспомогательные материалы от стоимости материалов"]
[null,null,"в т.ч. Вспомогательные ненормируемые материалы",null,null,null,null,null,"NenormMatOtZPR"]
[null,null,"в т.ч. Ненормированная з.п. рабочих"]
[null,null,"в т.ч. Ненормированная стоимость эксплуатации машин"]
[null,null,"в т.ч. Ненормированная оплата механизаторов"]
[null,null,"Накладные расходы",null,null,null,11.7,{"$f":"IF('Текущие цены с учетом расхода'!N83>0,'Текущие цены с учетом расхода'!N83,IF('Текущие цены с учетом расхода'!N83<0,'Текущие цены с учетом расхода'!N83,\"\"))","v":""},null,"Nakl",null,null,null,{"$f":"IF('Базовые цены с учетом расхода'!N83>0,'Базовые цены с учетом расхода'!N83,IF('Базовые цены с учетом расхода'!N83<0,'Базовые цены с учетом расхода'!N83,\"\"))","v":""}]
[null,null,"НР от ЗПР",null,null,null,null,{"$f":"IF('Текущие цены с учетом расхода'!P83>0,'Текущие цены с учетом расхода'!P83,IF('Текущие цены с учетом расхода'!P83<0,'Текущие цены с учетом расхода'!P83,\"\"))","v":""},null,"Nakl_ZPR",null,null,null,{"$f":"IF('Базовые цены с учетом расхода'!P83>0,'Базовые цены с учетом расхода'!P83,IF('Базовые цены с учетом расхода'!P83<0,'Базовые цены с учетом расхода'!P83,\"\"))","v":""}]
[null,null,"НР от ЗПМ",null,null,null,null,{"$f":"IF('Текущие цены с учетом расхода'!Q83>0,'Текущие цены с учетом расхода'!Q83,IF('Текущие цены с учетом расхода'!Q83<0,'Текущие цены с учетом расхода'!Q83,\"\"))","v":""},null,"Nakl_ZPM",null,null,null,{"$f":"IF('Базовые цены с учетом расхода'!Q83>0,'Базовые цены с учетом расхода'!Q83,IF('Базовые цены с учетом расхода'!Q83<0,'Базовые цены с учетом расхода'!Q83,\"\"))","v":""}]
[null,null,"Плановые накопления / Сметная прибыль",null,null,null,8,{"$f":"IF('Текущие цены с учетом расхода'!O83>0,'Текущие цены с учетом расхода'!O83,IF('Текущие цены с учетом расхода'!O83<0,'Текущие цены с учетом расхода'!O83,\"\"))","v":""},null,"Plan",null,null,null,{"$f":"IF('Базовые цены с учетом расхода'!O83>0,'Базовые цены с учетом расхода'!O83,IF('Базовые цены с учетом расхода'!O83<0,'Базовые цены с учетом расхода'!O83,\"\"))","v":""}]
[null,null,"СП от ЗПР",null,null,null,null,{"$f":"IF('Текущие цены с учетом расхода'!R83>0,'Текущие цены с учетом расхода'!R83,IF('Текущие цены с учетом расхода'!R83<0,'Текущие цены с учетом расхода'!R83,\"\"))","v":""},null,"Plan_ZPR",null,null,null,{"$f":"IF('Базовые цены с учетом расхода'!R83>0,'Базовые цены с учетом расхода'!R83,IF('Базовые цены с учетом расхода'!R83<0,'Базовые цены с учетом расхода'!R83,\"\"))","v":""}]
[null,null,"СП от ЗПМ",null,null,null,null,{"$f":"IF('Текущие цены с учетом расхода'!S83>0,'Текущие цены с учетом расхода'!S83,IF('Текущие цены с учетом расхода'!S83<0,'Текущие цены с учетом расхода'!S83,\"\"))","v":""},null,"Plan_ZPM",null,null,null,{"$f":"IF('Базовые цены с учетом расхода'!S83>0,'Базовые цены с учетом расхода'!S83,IF('Базовые цены с учетом расхода'!S83<0,'Базовые цены с учетом расхода'!S83,\"\"))","v":""}]
[null,"10.Автопавильоны"]
["79.","ГЭСНс 01-04-016-01","Очистка автобусных остановок, площадок отдыха и стоянок автомобилей от грязи, пыли и мусора вручную","1000 м2",null,2.1000000000000001E-2,{"$f":"ROUND(СУММПРОИЗВЕСЛИ(1,I1828:I1832,\"s\",E1828:E1832,G1828:G1832,0),2)+SUMIF(I1828:I1847,\"=NenormMatOtZPR\",G1828:G1847)","v":2184.7800000000002},{"$f":"ROUND(СУММПРОИЗВЕСЛИ(F1828,I1828:I1832,\"s\",E1828:E1832,G1828:G1832,0),0)+SUMIF(I1828:I1847,\"=NenormMatOtZPR\",H1828:H1847)","v":46},"sum",null,null,null,{"$f":"ROUND(СУММПРОИЗВЕСЛИ(1,I1828:I1832,\"s\",E1828:E1832,M1828:M1832,0),2)+SUMIF(I1828:I1847,\"=NenormMatOtZPR\",M1828:M1847)","v":251.94},{"$f":"ROUND(СУММПРОИЗВЕСЛИ(F1828,I1828:I1832,\"s\",E1828:E1832,M1828:M1832,0),0)+SUMIF(I1828:I1847,\"=NenormMatOtZPR\",N1828:N1847)","v":5}]
["79. 1.","2","Затраты труда машинистов","чел.-ч",{"$f":"ОКРУГЛВСЕ(СУММПРОИЗВЕСЛИ(1,K1828:K1832,\"mWithZTM\",D1828:D1832,E1828:E1832,-1)+СУММКОЭФПРОЦЕНТЕСЛИ(1,1,K1828:K1832,\"mWithZTM_Proch\",E1828:E1832,-1),11)","v":1.89},{"$f":"ОКРУГЛВСЕ(СУММПРОИЗВЕСЛИ(1,K1828:K1832,\"mWithZTM\",D1828:D1832,F1828:F1832,-1)+СУММКОЭФПРОЦЕНТЕСЛИ(1,1,K1828:K1832,\"mWithZTM_Proch\",F1828:F1832,-1),11)","v":3.9690000000000003E-2},{"$f":"IF(F1829=0,0,ROUND(H1829/F1829,3))","v":151.172},{"$f":"ROUND(СУММЕСЛИДА1НЕ1(L1828:L1832,\"mWithZPM\",D1828:D1832,0,H1828:H1832),0)","v":6},null,"Ж",null,null,{"$f":"IF(F1829=0,0,ROUND(N1829/F1829,3))","v":0},{"$f":"ROUND(СУММЕСЛИДА1НЕ1(L1828:L1832,\"mWithZPM\",D1828:D1832,0,N1828:N1832),0)","v":0}]
["79. 2.",{"$f":"ПОЛУЧШИФР(Ресурсы!A4,1)","v":"0-4002"},{"$f":"Ресурсы!B4","v":"Дорожный рабочий 2 разряда"},"чел.-ч",11.34,{"$f":"ОКРУГЛВСЕ(IF(E1830=\"\",0,E1830)*IF(F1828=\"\",0,F1828),11)","v":0.23813999999999999},{"$f":"Ресурсы!D4","v":100.57},{"$f":"ROUND(IF(F1830=\"\",0,F1830)*IF(G1830=\"\",0,G1830),0)","v":24},"s","Г",null,null,{"$f":"Ресурсы!C4","v":7.8},{"$f":"ROUND(IF(F1830=\"\",0,F1830)*IF(M1830=\"\",0,M1830),0)","v":2}]
["79. 3.",{"$f":"ПОЛУЧШИФР(Ресурсы!A96,1)","v":"СЦЭСМ 121550"},{"$f":"Ресурсы!B96","v":"Машины дорожной службы (машина дорожного мастера)"},"маш.-ч",1.89,{"$f":"ОКРУГЛВСЕ(IF(E1831=\"\",0,E1831)*IF(F1828=\"\",0,F1828),11)","v":3.9690000000000003E-2},{"$f":"Ресурсы!D96","v":552.54999999999995},{"$f":"ROUND(IF(F1831=\"\",0,F1831)*IF(G1831=\"\",0,G1831),0)","v":22},"s","IsMash",null,null,{"$f":"Ресурсы!C96","v":86.5},{"$f":"ROUND(IF(F1831=\"\",0,F1831)*IF(M1831=\"\",0,M1831),0)","v":3}]
[null,null,null,{"$f":"Ресурсы!G96","v":1},null,null,{"$f":"Ресурсы!F96","v":149.81},{"$f":"ROUND(IF(F1831=\"\",0,F1831)*IF(G1832=\"\",0,G1832),0)","v":6},null,null,"mWithZTM","mWithZPM",{"$f":"Ресурсы!E96","v":11.6},{"$f":"ROUND(IF(F1831=\"\",0,F1831)*IF(M1832=\"\",0,M1832),0)","v":0}]
[null,null,"Зарплата рабочих",null,null,null,null,24,null,null,null,null,null,2]
[null,null,"Эксплуатация машин",null,null,null,null,22,null,null,null,null,null,3]
[null,null,"в т.ч. зарплата машинистов",null,null,null,null,6]
[null,null,"Материалы"]
[null,null,"в т.ч. Вспомогательные материалы от стоимости материалов"]
[null,null,"в т.ч. Вспомогательные ненормируемые материалы",null,null,null,null,null,"NenormMatOtZPR"]
[null,null,"в т.ч. Ненормированная з.п. рабочих"]
[null,null,"в т.ч. Ненормированная стоимость эксплуатации машин"]
[null,null,"в т.ч. Ненормированная оплата механизаторов"]
[null,null,"Накладные расходы",null,null,null,11.7,{"$f":"IF('Текущие цены с учетом расхода'!N84>0,'Текущие цены с учетом расхода'!N84,IF('Текущие цены с учетом расхода'!N84<0,'Текущие цены с учетом расхода'!N84,\"\"))","v":5},null,"Nakl",null,null,11.7,{"$f":"IF('Базовые цены с учетом расхода'!N84>0,'Базовые цены с учетом расхода'!N84,IF('Базовые цены с учетом расхода'!N84<0,'Базовые цены с учетом расхода'!N84,\"\"))","v":1}]
[null,null,"НР от ЗПР",null,null,null,null,{"$f":"IF('Текущие цены с учетом расхода'!P84>0,'Текущие цены с учетом расхода'!P84,IF('Текущие цены с учетом расхода'!P84<0,'Текущие цены с учетом расхода'!P84,\"\"))","v":""},null,"Nakl_ZPR",null,null,null,{"$f":"IF('Базовые цены с учетом расхода'!P84>0,'Базовые цены с учетом расхода'!P84,IF('Базовые цены с учетом расхода'!P84<0,'Базовые цены с учетом расхода'!P84,\"\"))","v":""}]
[null,null,"НР от ЗПМ",null,null,null,null,{"$f":"IF('Текущие цены с учетом расхода'!Q84>0,'Текущие цены с учетом расхода'!Q84,IF('Текущие цены с учетом расхода'!Q84<0,'Текущие цены с учетом расхода'!Q84,\"\"))","v":""},null,"Nakl_ZPM",null,null,null,{"$f":"IF('Базовые цены с учетом расхода'!Q84>0,'Базовые цены с учетом расхода'!Q84,IF('Базовые цены с учетом расхода'!Q84<0,'Базовые цены с учетом расхода'!Q84,\"\"))","v":""}]
[null,null,"Плановые накопления / Сметная прибыль",null,null,null,8,{"$f":"IF('Текущие цены с учетом расхода'!O84>0,'Текущие цены с учетом расхода'!O84,IF('Текущие цены с учетом расхода'!O84<0,'Текущие цены с учетом расхода'!O84,\"\"))","v":4},null,"Plan",null,null,8,{"$f":"IF('Базовые цены с учетом расхода'!O84>0,'Базовые цены с учетом расхода'!O84,IF('Базовые цены с учетом расхода'!O84<0,'Базовые цены с учетом расхода'!O84,\"\"))","v":""}]
[null,null,"СП от ЗПР",null,null,null,null,{"$f":"IF('Текущие цены с учетом расхода'!R84>0,'Текущие цены с учетом расхода'!R84,IF('Текущие цены с учетом расхода'!R84<0,'Текущие цены с учетом расхода'!R84,\"\"))","v":""},null,"Plan_ZPR",null,null,null,{"$f":"IF('Базовые цены с учетом расхода'!R84>0,'Базовые цены с учетом расхода'!R84,IF('Базовые цены с учетом расхода'!R84<0,'Базовые цены с учетом расхода'!R84,\"\"))","v":""}]
[null,null,"СП от ЗПМ",null,null,null,null,{"$f":"IF('Текущие цены с учетом расхода'!S84>0,'Текущие цены с учетом расхода'!S84,IF('Текущие цены с учетом расхода'!S84<0,'Текущие цены с учетом расхода'!S84,\"\"))","v":""},null,"Plan_ZPM",null,null,null,{"$f":"IF('Базовые цены с учетом расхода'!S84>0,'Базовые цены с учетом расхода'!S84,IF('Базовые цены с учетом расхода'!S84<0,'Базовые цены с учетом расхода'!S84,\"\"))","v":""}]
["80.","ГЭСНр 68-20-1","Разборка тротуаров и дорожек из плит с их отноской и укладкой в штабель","100 м2 основания",null,0.01,{"$f":"ROUND(СУММПРОИЗВЕСЛИ(1,I1848:I1850,\"s\",E1848:E1850,G1848:G1850,0),2)+SUMIF(I1848:I1865,\"=NenormMatOtZPR\",G1848:G1865)","v":1835.5},{"$f":"ROUND(СУММПРОИЗВЕСЛИ(F1848,I1848:I1850,\"s\",E1848:E1850,G1848:G1850,0),0)+SUMIF(I1848:I1865,\"=NenormMatOtZPR\",H1848:H1865)","v":18},"sum",null,null,null,{"$f":"ROUND(СУММПРОИЗВЕСЛИ(1,I1848:I1850,\"s\",E1848:E1850,M1848:M1850,0),2)+SUMIF(I1848:I1865,\"=NenormMatOtZPR\",M1848:M1865)","v":0},{"$f":"ROUND(СУММПРОИЗВЕСЛИ(F1848,I1848:I1850,\"s\",E1848:E1850,M1848:M1850,0),0)+SUMIF(I1848:I1865,\"=NenormMatOtZPR\",N1848:N1865)","v":0}]
["80. 0.","З1000-0001","Затраты труда машинистов","чел.ч",0,0,{"$f":"IF(F1849=0,0,ROUND(H1849/F1849,3))","v":0},null,null,"Ж",null,null,{"$f":"IF(F1849=0,0,ROUND(N1849/F1849,3))","v":0}]
["80. 1.",{"$f":"ПОЛУЧШИФР(Ресурсы!A7,1)","v":"ГЭСН 1-1017"},{"$f":"Ресурсы!B7","v":"Рабочий строитель среднего разряда 1,7"},"чел.-ч",18.68,{"$f":"ОКРУГЛВСЕ(IF(E1850=\"\",0,E1850)*IF(F1848=\"\",0,F1848),11)","v":0.18679999999999999},{"$f":"Ресурсы!D7","v":98.26},{"$f":"ROUND(IF(F1850=\"\",0,F1850)*IF(G1850=\"\",0,G1850),0)","v":18},"s","Г",null,null,{"$f":"Ресурсы!C7","v":0},{"$f":"ROUND(IF(F1850=\"\",0,F1850)*IF(M1850=\"\",0,M1850),0)","v":0}]
[null,null,"Зарплата рабочих",null,null,null,null,18]
[null,null,"Эксплуатация машин"]
[null,null,"в т.ч. зарплата машинистов"]
[null,null,"Материалы"]
[null,null,"в т.ч. Вспомогательные материалы от стоимости материалов"]
[null,null,"в т.ч. Вспомогательные ненормируемые материалы",null,null,null,null,null,"NenormMatOtZPR"]
[null,null,"в т.ч. Ненормированная з.п. рабочих"]
[null,null,"в т.ч. Ненормированная стоимость эксплуатации машин"]
[null,null,"в т.ч. Ненормированная оплата механизаторов"]
[null,null,"Накладные расходы",null,null,null,11.7,{"$f":"IF('Текущие цены с учетом расхода'!N85>0,'Текущие цены с учетом расхода'!N85,IF('Текущие цены с учетом расхода'!N85<0,'Текущие цены с учетом расхода'!N85,\"\"))","v":2},null,"Nakl",null,null,null,{"$f":"IF('Базовые цены с учетом расхода'!N85>0,'Базовые цены с учетом расхода'!N85,IF('Базовые цены с учетом расхода'!N85<0,'Базовые цены с учетом расхода'!N85,\"\"))","v":""}]
[null,null,"НР от ЗПР",null,null,null,null,{"$f":"IF('Текущие цены с учетом расхода'!P85>0,'Текущие цены с учетом расхода'!P85,IF('Текущие цены с учетом расхода'!P85<0,'Текущие цены с учетом расхода'!P85,\"\"))","v":""},null,"Nakl_ZPR",null,null,null,{"$f":"IF('Базовые цены с учетом расхода'!P85>0,'Базовые цены с учетом расхода'!P85,IF('Базовые цены с учетом расхода'!P85<0,'Базовые цены с учетом расхода'!P85,\"\"))","v":""}]
[null,null,"НР от ЗПМ",null,null,null,null,{"$f":"IF('Текущие цены с учетом расхода'!Q85>0,'Текущие цены с учетом расхода'!Q85,IF('Текущие цены с учетом расхода'!Q85<0,'Текущие цены с учетом расхода'!Q85,\"\"))","v":""},null,"Nakl_ZPM",null,null,null,{"$f":"IF('Базовые цены с учетом расхода'!Q85>0,'Базовые цены с учетом расхода'!Q85,IF('Базовые цены с учетом расхода'!Q85<0,'Базовые цены с учетом расхода'!Q85,\"\"))","v":""}]
[null,null,"Плановые накопления / Сметная прибыль",null,null,null,8,{"$f":"IF('Текущие цены с учетом расхода'!O85>0,'Текущие цены с учетом расхода'!O85,IF('Текущие цены с учетом расхода'!O85<0,'Текущие цены с учетом расхода'!O85,\"\"))","v":2},null,"Plan",null,null,null,{"$f":"IF('Базовые цены с учетом расхода'!O85>0,'Базовые цены с учетом расхода'!O85,IF('Базовые цены с учетом расхода'!O85<0,'Базовые цены с учетом расхода'!O85,\"\"))","v":""}]
[null,null,"СП от ЗПР",null,null,null,null,{"$f":"IF('Текущие цены с учетом расхода'!R85>0,'Текущие цены с учетом расхода'!R85,IF('Текущие цены с учетом расхода'!R85<0,'Текущие цены с учетом расхода'!R85,\"\"))","v":""},null,"Plan_ZPR",null,null,null,{"$f":"IF('Базовые цены с учетом расхода'!R85>0,'Базовые цены с учетом расхода'!R85,IF('Базовые цены с учетом расхода'!R85<0,'Базовые цены с учетом расхода'!R85,\"\"))","v":""}]
[null,null,"СП от ЗПМ",null,null,null,null,{"$f":"IF('Текущие цены с учетом расхода'!S85>0,'Текущие цены с учетом расхода'!S85,IF('Текущие цены с учетом расхода'!S85<0,'Текущие цены с учетом расхода'!S85,\"\"))","v":""},null,"Plan_ZPM",null,null,null,{"$f":"IF('Базовые цены с учетом расхода'!S85>0,'Базовые цены с учетом расхода'!S85,IF('Базовые цены с учетом расхода'!S85<0,'Базовые цены с учетом расхода'!S85,\"\"))","v":""}]
["81.","ГЭСН 27-07-003-02","Устройство бетонных плитных тротуаров с заполнением швов песком","100 м2 тротуара",null,0.01,{"$f":"ROUND(СУММПРОИЗВЕСЛИ(1,I1866:I1878,\"s\",E1866:E1878,G1866:G1878,0),2)+SUMIF(I1866:I1893,\"=NenormMatOtZPR\",G1866:G1893)","v":59943.92},{"$f":"ROUND(СУММПРОИЗВЕСЛИ(F1866,I1866:I1878,\"s\",E1866:E1878,G1866:G1878,0),0)+SUMIF(I1866:I1893,\"=NenormMatOtZPR\",H1866:H1893)","v":599},"sum",null,null,null,{"$f":"ROUND(СУММПРОИЗВЕСЛИ(1,I1866:I1878,\"s\",E1866:E1878,M1866:M1878,0),2)+SUMIF(I1866:I1893,\"=NenormMatOtZPR\",M1866:M1893)","v":0},{"$f":"ROUND(СУММПРОИЗВЕСЛИ(F1866,I1866:I1878,\"s\",E1866:E1878,M1866:M1878,0),0)+SUMIF(I1866:I1893,\"=NenormMatOtZPR\",N1866:N1893)","v":0}]
["81. 1.","ГЭСН 2","Затраты труда машинистов","чел.-ч",{"$f":"ОКРУГЛВСЕ(СУММПРОИЗВЕСЛИ(1,K1866:K1878,\"mWithZTM\",D1866:D1878,E1866:E1878,-1)+СУММКОЭФПРОЦЕНТЕСЛИ(1,1,K1866:K1878,\"mWithZTM_Proch\",E1866:E1878,-1),11)","v":0.42},{"$f":"ОКРУГЛВСЕ(СУММПРОИЗВЕСЛИ(1,K1866:K1878,\"mWithZTM\",D1866:D1878,F1866:F1878,-1)+СУММКОЭФПРОЦЕНТЕСЛИ(1,1,K1866:K1878,\"mWithZTM_Proch\",F1866:F1878,-1),11)","v":4.1999999999999997E-3},{"$f":"IF(F1867=0,0,ROUND(H1867/F1867,3))","v":238.095},{"$f":"ROUND(СУММЕСЛИДА1НЕ1(L1866:L1878,\"mWithZPM\",D1866:D1878,0,H1866:H1878),0)","v":1},null,"Ж",null,null,{"$f":"IF(F1867=0,0,ROUND(N1867/F1867,3))","v":0},{"$f":"ROUND(СУММЕСЛИДА1НЕ1(L1866:L1878,\"mWithZPM\",D1866:D1878,0,N1866:N1878),0)","v":0}]
["81. 2.",{"$f":"ПОЛУЧШИФР(Ресурсы!A8,1)","v":"ГЭСН 1-1025"},{"$f":"Ресурсы!B8","v":"Рабочий строитель среднего разряда 2,5"},"чел.-ч",42.4,{"$f":"ОКРУГЛВСЕ(IF(E1868=\"\",0,E1868)*IF(F1866=\"\",0,F1866),11)","v":0.42399999999999999},{"$f":"Ресурсы!D8","v":105.3},{"$f":"ROUND(IF(F1868=\"\",0,F1868)*IF(G1868=\"\",0,G1868),0)","v":45},"s","Г",null,null,{"$f":"Ресурсы!C8","v":0},{"$f":"ROUND(IF(F1868=\"\",0,F1868)*IF(M1868=\"\",0,M1868),0)","v":0}]
["81. 3.",{"$f":"ПОЛУЧШИФР(Ресурсы!A71,1)","v":"СЦЭСМ 021141"},{"$f":"Ресурсы!B71","v":"Краны на автомобильном ходу при работе на других видах строительства 10 т"},"маш.-ч",0.41,{"$f":"ОКРУГЛВСЕ(IF(E1869=\"\",0,E1869)*IF(F1866=\"\",0,F1866),11)","v":4.1000000000000003E-3},{"$f":"Ресурсы!D71","v":698.31},{"$f":"ROUND(IF(F1869=\"\",0,F1869)*IF(G1869=\"\",0,G1869),0)","v":3},"s","IsMash",null,null,{"$f":"Ресурсы!C71","v":0},{"$f":"ROUND(IF(F1869=\"\",0,F1869)*IF(M1869=\"\",0,M1869),0)","v":0}]
[null,null,null,{"$f":"Ресурсы!G71","v":1},null,null,{"$f":"Ресурсы!F71","v":166.8},{"$f":"ROUND(IF(F1869=\"\",0,F1869)*IF(G1870=\"\",0,G1870),0)","v":1},null,null,"mWithZTM","mWithZPM",{"$f":"Ресурсы!E71","v":0},{"$f":"ROUND(IF(F1869=\"\",0,F1869)*IF(M1870=\"\",0,M1870),0)","v":0}]
["81. 4.",{"$f":"ПОЛУЧШИФР(Ресурсы!A72,1)","v":"СЦЭСМ 030101"},{"$f":"Ресурсы!B72","v":"Автопогрузчики 5 т"},"маш.-ч",0.01,{"$f":"ОКРУГЛВСЕ(IF(E1871=\"\",0,E1871)*IF(F1866=\"\",0,F1866),11)","v":1E-4},{"$f":"Ресурсы!D72","v":553.5},{"$f":"ROUND(IF(F1871=\"\",0,F1871)*IF(G1871=\"\",0,G1871),0)","v":0},"s","IsMash",null,null,{"$f":"Ресурсы!C72","v":0},{"$f":"ROUND(IF(F1871=\"\",0,F1871)*IF(M1871=\"\",0,M1871),0)","v":0}]
[null,null,null,{"$f":"Ресурсы!G72","v":1},null,null,{"$f":"Ресурсы!F72","v":124.21},{"$f":"ROUND(IF(F1871=\"\",0,F1871)*IF(G1872=\"\",0,G1872),0)","v":0},null,null,"mWithZTM","mWithZPM",{"$f":"Ресурсы!E72","v":0},{"$f":"ROUND(IF(F1871=\"\",0,F1871)*IF(M1872=\"\",0,M1872),0)","v":0}]
["81. 5.",{"$f":"ПОЛУЧШИФР(Ресурсы!A104,1)","v":"СЦЭСМ 122801"},{"$f":"Ресурсы!B104","v":"Виброплита с двигателем внутреннего сгорания"},"маш.-ч",5.13,{"$f":"ОКРУГЛВСЕ(IF(E1873=\"\",0,E1873)*IF(F1866=\"\",0,F1866),11)","v":5.1299999999999998E-2},{"$f":"Ресурсы!D104","v":347.14},{"$f":"ROUND(IF(F1873=\"\",0,F1873)*IF(G1873=\"\",0,G1873),0)","v":18},"s","IsMash",null,null,{"$f":"Ресурсы!C104","v":0},{"$f":"ROUND(IF(F1873=\"\",0,F1873)*IF(M1873=\"\",0,M1873),0)","v":0}]
["81. 6.",{"$f":"ПОЛУЧШИФР(Ресурсы!A105,1)","v":"СЦЭСМ 400001"},{"$f":"Ресурсы!B105","v":"Автомобили бортовые, грузоподъемность до 5 т"},"маш.-ч",0.56000000000000005,{"$f":"ОКРУГЛВСЕ(IF(E1874=\"\",0,E1874)*IF(F1866=\"\",0,F1866),11)","v":5.5999999999999999E-3},{"$f":"Ресурсы!D105","v":516.34},{"$f":"ROUND(IF(F1874=\"\",0,F1874)*IF(G1874=\"\",0,G1874),0)","v":3},"s","IsMash",null,null,{"$f":"Ресурсы!C105","v":0},{"$f":"ROUND(IF(F1874=\"\",0,F1874)*IF(M1874=\"\",0,M1874),0)","v":0}]
[null,null,null,{"$f":"Ресурсы!G105","v":1},null,null,{"$f":"Ресурсы!F105","v":124.21},{"$f":"ROUND(IF(F1874=\"\",0,F1874)*IF(G1875=\"\",0,G1875),0)","v":1},null,null,null,null,{"$f":"Ресурсы!E105","v":0},{"$f":"ROUND(IF(F1874=\"\",0,F1874)*IF(M1875=\"\",0,M1875),0)","v":0}]
["81. 7.",{"$f":"ПОЛУЧШИФР(Ресурсы!A47,0)","v":"с403-8142"},{"$f":"Ресурсы!B47","v":"Плитки площадью до 0,1 м2 прямоугольные для покрытия тротуаров и площадок с ровной гладкой поверхностью на цветном цементе, при толщине: 50 мм"},"м2",100,{"$f":"ОКРУГЛВСЕ(IF(E1876=\"\",0,E1876)*IF(F1866=\"\",0,F1866),11)","v":1},{"$f":"ROUND(Ресурсы!D47*Начисления!AV86,2)","v":472.51},{"$f":"ROUND(IF(F1876=\"\",0,F1876)*IF(G1876=\"\",0,G1876),0)","v":473},"s","IsMater",null,null,{"$f":"ROUND(Ресурсы!C47*Начисления!AV86,2)","v":0},{"$f":"ROUND(IF(F1876=\"\",0,F1876)*IF(M1876=\"\",0,M1876),0)","v":0}]
["81. 8.",{"$f":"ПОЛУЧШИФР(Ресурсы!A50,0)","v":"с407-0028"},{"$f":"Ресурсы!B50","v":"Смесь пескоцементная (цемент М 400)"},"м3",5,{"$f":"ОКРУГЛВСЕ(IF(E1877=\"\",0,E1877)*IF(F1866=\"\",0,F1866),11)","v":0.05},{"$f":"ROUND(Ресурсы!D50*Начисления!AV86,2)","v":1171.8599999999999},{"$f":"ROUND(IF(F1877=\"\",0,F1877)*IF(G1877=\"\",0,G1877),0)","v":59},"s","IsMater",null,null,{"$f":"ROUND(Ресурсы!C50*Начисления!AV86,2)","v":0},{"$f":"ROUND(IF(F1877=\"\",0,F1877)*IF(M1877=\"\",0,M1877),0)","v":0}]
["81. 9.",{"$f":"ПОЛУЧШИФР(Ресурсы!A57,0)","v":"с408-0124"},{"$f":"Ресурсы!B57","v":"Песок природный для стрительных работ мелкий"},"м3",0.05,{"$f":"ОКРУГЛВСЕ(IF(E1878=\"\",0,E1878)*IF(F1866=\"\",0,F1866),11)","v":5.0000000000000001E-4},{"$f":"ROUND(Ресурсы!D57*Начисления!AV86,2)","v":141.55000000000001},{"$f":"ROUND(IF(F1878=\"\",0,F1878)*IF(G1878=\"\",0,G1878),0)","v":0},"s","IsMater",null,null,{"$f":"ROUND(Ресурсы!C57*Начисления!AV86,2)","v":0},{"$f":"ROUND(IF(F1878=\"\",0,F1878)*IF(M1878=\"\",0,M1878),0)","v":0}]
[null,null,"Зарплата рабочих",null,null,null,null,45]
[null,null,"Эксплуатация машин",null,null,null,null,24]
[null,null,"в т.ч. зарплата машинистов",null,null,null,null,1]
[null,null,"Материалы",null,null,null,null,531]
[null,null,"в т.ч. Вспомогательные материалы от стоимости материалов"]
[null,null,"в т.ч. Вспомогательные ненормируемые материалы",null,null,null,null,null,"NenormMatOtZPR"]
[null,null,"в т.ч. Ненормированная з.п. рабочих"]
[null,null,"в т.ч. Ненормированная стоимость эксплуатации машин"]
[null,null,"в т.ч. Ненормированная оплата механизаторов"]
[null,null,"Накладные расходы",null,null,null,11.7,{"$f":"IF('Текущие цены с учетом расхода'!N86>0,'Текущие цены с учетом расхода'!N86,IF('Текущие цены с учетом расхода'!N86<0,'Текущие цены с учетом расхода'!N86,\"\"))","v":70},null,"Nakl",null,null,null,{"$f":"IF('Базовые цены с учетом расхода'!N86>0,'Базовые цены с учетом расхода'!N86,IF('Базовые цены с учетом расхода'!N86<0,'Базовые цены с учетом расхода'!N86,\"\"))","v":""}]
[null,null,"НР от ЗПР",null,null,null,null,{"$f":"IF('Текущие цены с учетом расхода'!P86>0,'Текущие цены с учетом расхода'!P86,IF('Текущие цены с учетом расхода'!P86<0,'Текущие цены с учетом расхода'!P86,\"\"))","v":""},null,"Nakl_ZPR",null,null,null,{"$f":"IF('Базовые цены с учетом расхода'!P86>0,'Базовые цены с учетом расхода'!P86,IF('Базовые цены с учетом расхода'!P86<0,'Базовые цены с учетом расхода'!P86,\"\"))","v":""}]
[null,null,"НР от ЗПМ",null,null,null,null,{"$f":"IF('Текущие цены с учетом расхода'!Q86>0,'Текущие цены с учетом расхода'!Q86,IF('Текущие цены с учетом расхода'!Q86<0,'Текущие цены с учетом расхода'!Q86,\"\"))","v":""},null,"Nakl_ZPM",null,null,null,{"$f":"IF('Базовые цены с учетом расхода'!Q86>0,'Базовые цены с учетом расхода'!Q86,IF('Базовые цены с учетом расхода'!Q86<0,'Базовые цены с учетом расхода'!Q86,\"\"))","v":""}]
[null,null,"Плановые накопления / Сметная прибыль",null,null,null,8,{"$f":"IF('Текущие цены с учетом расхода'!O86>0,'Текущие цены с учетом расхода'!O86,IF('Текущие цены с учетом расхода'!O86<0,'Текущие цены с учетом расхода'!O86,\"\"))","v":54},null,"Plan",null,null,null,{"$f":"IF('Базовые цены с учетом расхода'!O86>0,'Базовые цены с учетом расхода'!O86,IF('Базовые цены с учетом расхода'!O86<0,'Базовые цены с учетом расхода'!O86,\"\"))","v":""}]
[null,null,"СП от ЗПР",null,null,null,null,{"$f":"IF('Текущие цены с учетом расхода'!R86>0,'Текущие цены с учетом расхода'!R86,IF('Текущие цены с учетом расхода'!R86<0,'Текущие цены с учетом расхода'!R86,\"\"))","v":""},null,"Plan_ZPR",null,null,null,{"$f":"IF('Базовые цены с учетом расхода'!R86>0,'Базовые цены с учетом расхода'!R86,IF('Базовые цены с учетом расхода'!R86<0,'Базовые цены с учетом расхода'!R86,\"\"))","v":""}]
[null,null,"СП от ЗПМ",null,null,null,null,{"$f":"IF('Текущие цены с учетом расхода'!S86>0,'Текущие цены с учетом расхода'!S86,IF('Текущие цены с учетом расхода'!S86<0,'Текущие цены с учетом расхода'!S86,\"\"))","v":""},null,"Plan_ZPM",null,null,null,{"$f":"IF('Базовые цены с учетом расхода'!S86>0,'Базовые цены с учетом расхода'!S86,IF('Базовые цены с учетом расхода'!S86<0,'Базовые цены с учетом расхода'!S86,\"\"))","v":""}]
["82.","ГЭСНс 01-04-022-01","Ямочный ремонт тротуаров песчаной асфальтобетонной смесью, толщина слоя 30 мм","100 м2",null,0.01,{"$f":"ROUND(СУММПРОИЗВЕСЛИ(1,I1894:I1906,\"s\",E1894:E1906,G1894:G1906,0),2)+SUMIF(I1894:I1921,\"=NenormMatOtZPR\",G1894:G1921)","v":32002.84},{"$f":"ROUND(СУММПРОИЗВЕСЛИ(F1894,I1894:I1906,\"s\",E1894:E1906,G1894:G1906,0),0)+SUMIF(I1894:I1921,\"=NenormMatOtZPR\",H1894:H1921)","v":320},"sum",null,null,null,{"$f":"ROUND(СУММПРОИЗВЕСЛИ(1,I1894:I1906,\"s\",E1894:E1906,M1894:M1906,0),2)+SUMIF(I1894:I1921,\"=NenormMatOtZPR\",M1894:M1921)","v":1365.59},{"$f":"ROUND(СУММПРОИЗВЕСЛИ(F1894,I1894:I1906,\"s\",E1894:E1906,M1894:M1906,0),0)+SUMIF(I1894:I1921,\"=NenormMatOtZPR\",N1894:N1921)","v":14}]
["82. 1.","2","Затраты труда машинистов","чел.-ч",{"$f":"ОКРУГЛВСЕ(СУММПРОИЗВЕСЛИ(1,K1894:K1906,\"mWithZTM\",D1894:D1906,E1894:E1906,-1)+СУММКОЭФПРОЦЕНТЕСЛИ(1,1,K1894:K1906,\"mWithZTM_Proch\",E1894:E1906,-1),11)","v":12.94},{"$f":"ОКРУГЛВСЕ(СУММПРОИЗВЕСЛИ(1,K1894:K1906,\"mWithZTM\",D1894:D1906,F1894:F1906,-1)+СУММКОЭФПРОЦЕНТЕСЛИ(1,1,K1894:K1906,\"mWithZTM_Proch\",F1894:F1906,-1),11)","v":0.12939999999999999},{"$f":"IF(F1895=0,0,ROUND(H1895/F1895,3))","v":139.10400000000001},{"$f":"ROUND(СУММЕСЛИДА1НЕ1(L1894:L1906,\"mWithZPM\",D1894:D1906,0,H1894:H1906),0)","v":18},null,"Ж",null,null,{"$f":"IF(F1895=0,0,ROUND(N1895/F1895,3))","v":15.456},{"$f":"ROUND(СУММЕСЛИДА1НЕ1(L1894:L1906,\"mWithZPM\",D1894:D1906,0,N1894:N1906),0)","v":2}]
["82. 2.",{"$f":"ПОЛУЧШИФР(Ресурсы!A3,1)","v":"0-4001"},{"$f":"Ресурсы!B3","v":"Дорожный рабочий 1 разряда"},"чел.-ч",6.47,{"$f":"ОКРУГЛВСЕ(IF(E1896=\"\",0,E1896)*IF(F1894=\"\",0,F1894),11)","v":6.4699999999999994E-2},{"$f":"Ресурсы!D3","v":92.69},{"$f":"ROUND(IF(F1896=\"\",0,F1896)*IF(G1896=\"\",0,G1896),0)","v":6},"s","Г",null,null,{"$f":"Ресурсы!C3","v":7.19},{"$f":"ROUND(IF(F1896=\"\",0,F1896)*IF(M1896=\"\",0,M1896),0)","v":0}]
["82. 3.",{"$f":"ПОЛУЧШИФР(Ресурсы!A4,1)","v":"0-4002"},{"$f":"Ресурсы!B4","v":"Дорожный рабочий 2 разряда"},"чел.-ч",12.95,{"$f":"ОКРУГЛВСЕ(IF(E1897=\"\",0,E1897)*IF(F1894=\"\",0,F1894),11)","v":0.1295},{"$f":"Ресурсы!D4","v":100.57},{"$f":"ROUND(IF(F1897=\"\",0,F1897)*IF(G1897=\"\",0,G1897),0)","v":13},"s","Г",null,null,{"$f":"Ресурсы!C4","v":7.8},{"$f":"ROUND(IF(F1897=\"\",0,F1897)*IF(M1897=\"\",0,M1897),0)","v":1}]
["82. 4.",{"$f":"ПОЛУЧШИФР(Ресурсы!A5,1)","v":"0-4003"},{"$f":"Ресурсы!B5","v":"Дорожный рабочий 3 разряда"},"чел.-ч",19.420000000000002,{"$f":"ОКРУГЛВСЕ(IF(E1898=\"\",0,E1898)*IF(F1894=\"\",0,F1894),11)","v":0.19420000000000001},{"$f":"Ресурсы!D5","v":109.94},{"$f":"ROUND(IF(F1898=\"\",0,F1898)*IF(G1898=\"\",0,G1898),0)","v":21},"s","Г",null,null,{"$f":"Ресурсы!C5","v":8.5299999999999994},{"$f":"ROUND(IF(F1898=\"\",0,F1898)*IF(M1898=\"\",0,M1898),0)","v":2}]
["82. 5.",{"$f":"ПОЛУЧШИФР(Ресурсы!A6,1)","v":"0-4004"},{"$f":"Ресурсы!B6","v":"Дорожный рабочий 4 разряда"},"чел.-ч",6.47,{"$f":"ОКРУГЛВСЕ(IF(E1899=\"\",0,E1899)*IF(F1894=\"\",0,F1894),11)","v":6.4699999999999994E-2},{"$f":"Ресурсы!D6","v":124.02},{"$f":"ROUND(IF(F1899=\"\",0,F1899)*IF(G1899=\"\",0,G1899),0)","v":8},"s","Г",null,null,{"$f":"Ресурсы!C6","v":9.6199999999999992},{"$f":"ROUND(IF(F1899=\"\",0,F1899)*IF(M1899=\"\",0,M1899),0)","v":1}]
["82. 6.",{"$f":"ПОЛУЧШИФР(Ресурсы!A88,1)","v":"СЦЭСМ 120901"},{"$f":"Ресурсы!B88","v":"Катки дорожные самоходные вибрационные 2,2 т"},"маш.-ч",6.47,{"$f":"ОКРУГЛВСЕ(IF(E1900=\"\",0,E1900)*IF(F1894=\"\",0,F1894),11)","v":6.4699999999999994E-2},{"$f":"Ресурсы!D88","v":267.33},{"$f":"ROUND(IF(F1900=\"\",0,F1900)*IF(G1900=\"\",0,G1900),0)","v":17},"s","IsMash",null,null,{"$f":"Ресурсы!C88","v":36.54},{"$f":"ROUND(IF(F1900=\"\",0,F1900)*IF(M1900=\"\",0,M1900),0)","v":2}]
[null,null,null,{"$f":"Ресурсы!G88","v":1},null,null,{"$f":"Ресурсы!F88","v":124.21},{"$f":"ROUND(IF(F1900=\"\",0,F1900)*IF(G1901=\"\",0,G1901),0)","v":8},null,null,"mWithZTM","mWithZPM",{"$f":"Ресурсы!E88","v":10.06},{"$f":"ROUND(IF(F1900=\"\",0,F1900)*IF(M1901=\"\",0,M1901),0)","v":1}]
["82. 7.",{"$f":"ПОЛУЧШИФР(Ресурсы!A93,1)","v":"СЦЭСМ 121011"},{"$f":"Ресурсы!B93","v":"Котлы битумные передвижные 400 л"},"маш.-ч",6.47,{"$f":"ОКРУГЛВСЕ(IF(E1902=\"\",0,E1902)*IF(F1894=\"\",0,F1894),11)","v":6.4699999999999994E-2},{"$f":"Ресурсы!D93","v":158.25},{"$f":"ROUND(IF(F1902=\"\",0,F1902)*IF(G1902=\"\",0,G1902),0)","v":10},"s","IsMash",null,null,{"$f":"Ресурсы!C93","v":30},{"$f":"ROUND(IF(F1902=\"\",0,F1902)*IF(M1902=\"\",0,M1902),0)","v":2}]
["82. 8.",{"$f":"ПОЛУЧШИФР(Ресурсы!A96,1)","v":"СЦЭСМ 121550"},{"$f":"Ресурсы!B96","v":"Машины дорожной службы (машина дорожного мастера)"},"маш.-ч",6.47,{"$f":"ОКРУГЛВСЕ(IF(E1903=\"\",0,E1903)*IF(F1894=\"\",0,F1894),11)","v":6.4699999999999994E-2},{"$f":"Ресурсы!D96","v":552.54999999999995},{"$f":"ROUND(IF(F1903=\"\",0,F1903)*IF(G1903=\"\",0,G1903),0)","v":36},"s","IsMash",null,null,{"$f":"Ресурсы!C96","v":86.5},{"$f":"ROUND(IF(F1903=\"\",0,F1903)*IF(M1903=\"\",0,M1903),0)","v":6}]
[null,null,null,{"$f":"Ресурсы!G96","v":1},null,null,{"$f":"Ресурсы!F96","v":149.81},{"$f":"ROUND(IF(F1903=\"\",0,F1903)*IF(G1904=\"\",0,G1904),0)","v":10},null,null,"mWithZTM","mWithZPM",{"$f":"Ресурсы!E96","v":11.6},{"$f":"ROUND(IF(F1903=\"\",0,F1903)*IF(M1904=\"\",0,M1904),0)","v":1}]
["82. 9.",{"$f":"ПОЛУЧШИФР(Ресурсы!A20,0)","v":"с101-1556"},{"$f":"Ресурсы!B20","v":"Битумы нефтяные дорожные марки БНД-60/90, БНД-90/130 первый сорт"},"т",5.2999999999999999E-2,{"$f":"ОКРУГЛВСЕ(IF(E1905=\"\",0,E1905)*IF(F1894=\"\",0,F1894),11)","v":5.2999999999999998E-4},{"$f":"ROUND(Ресурсы!D20*Начисления!AV87,2)","v":14016.54},{"$f":"ROUND(IF(F1905=\"\",0,F1905)*IF(G1905=\"\",0,G1905),0)","v":7},"s","IsMater",null,null,{"$f":"ROUND(Ресурсы!C20*Начисления!AV87,2)","v":0},{"$f":"ROUND(IF(F1905=\"\",0,F1905)*IF(M1905=\"\",0,M1905),0)","v":0}]
["82. 10.",{"$f":"ПОЛУЧШИФР(Ресурсы!A62,0)","v":"с410-0013"},{"$f":"Ресурсы!B62","v":"Смеси асфальтобетонные дорожные, аэродромные и асфальтобетон (горячие и тёплые для плотного асфальтобетона мелко и крупнозернистые, песчаныее), марка III, тип Д"},"т",6.89,{"$f":"ОКРУГЛВСЕ(IF(E1906=\"\",0,E1906)*IF(F1894=\"\",0,F1894),11)","v":6.8900000000000003E-2},{"$f":"ROUND(Ресурсы!D62*Начисления!AV87,2)","v":2916.1},{"$f":"ROUND(IF(F1906=\"\",0,F1906)*IF(G1906=\"\",0,G1906),0)","v":201},"s","IsMater",null,null,{"$f":"ROUND(Ресурсы!C62*Начисления!AV87,2)","v":0},{"$f":"ROUND(IF(F1906=\"\",0,F1906)*IF(M1906=\"\",0,M1906),0)","v":0}]
[null,null,"Зарплата рабочих",null,null,null,null,48,null,null,null,null,null,4]
[null,null,"Эксплуатация машин",null,null,null,null,63,null,null,null,null,null,10]
[null,null,"в т.ч. зарплата машинистов",null,null,null,null,18,null,null,null,null,null,1]
[null,null,"Материалы",null,null,null,null,208]
[null,null,"в т.ч. Вспомогательные материалы от стоимости материалов"]
[null,null,"в т.ч. Вспомогательные ненормируемые материалы",null,null,null,null,null,"NenormMatOtZPR"]
[null,null,"в т.ч. Ненормированная з.п. рабочих"]
[null,null,"в т.ч. Ненормированная стоимость эксплуатации машин"]
[null,null,"в т.ч. Ненормированная оплата механизаторов"]
[null,null,"Накладные расходы",null,null,null,11.7,{"$f":"IF('Текущие цены с учетом расхода'!N87>0,'Текущие цены с учетом расхода'!N87,IF('Текущие цены с учетом расхода'!N87<0,'Текущие цены с учетом расхода'!N87,\"\"))","v":37},null,"Nakl",null,null,11.7,{"$f":"IF('Базовые цены с учетом расхода'!N87>0,'Базовые цены с учетом расхода'!N87,IF('Базовые цены с учетом расхода'!N87<0,'Базовые цены с учетом расхода'!N87,\"\"))","v":2}]
[null,null,"НР от ЗПР",null,null,null,null,{"$f":"IF('Текущие цены с учетом расхода'!P87>0,'Текущие цены с учетом расхода'!P87,IF('Текущие цены с учетом расхода'!P87<0,'Текущие цены с учетом расхода'!P87,\"\"))","v":""},null,"Nakl_ZPR",null,null,null,{"$f":"IF('Базовые цены с учетом расхода'!P87>0,'Базовые цены с учетом расхода'!P87,IF('Базовые цены с учетом расхода'!P87<0,'Базовые цены с учетом расхода'!P87,\"\"))","v":""}]
[null,null,"НР от ЗПМ",null,null,null,null,{"$f":"IF('Текущие цены с учетом расхода'!Q87>0,'Текущие цены с учетом расхода'!Q87,IF('Текущие цены с учетом расхода'!Q87<0,'Текущие цены с учетом расхода'!Q87,\"\"))","v":""},null,"Nakl_ZPM",null,null,null,{"$f":"IF('Базовые цены с учетом расхода'!Q87>0,'Базовые цены с учетом расхода'!Q87,IF('Базовые цены с учетом расхода'!Q87<0,'Базовые цены с учетом расхода'!Q87,\"\"))","v":""}]
[null,null,"Плановые накопления / Сметная прибыль",null,null,null,8,{"$f":"IF('Текущие цены с учетом расхода'!O87>0,'Текущие цены с учетом расхода'!O87,IF('Текущие цены с учетом расхода'!O87<0,'Текущие цены с учетом расхода'!O87,\"\"))","v":29},null,"Plan",null,null,8,{"$f":"IF('Базовые цены с учетом расхода'!O87>0,'Базовые цены с учетом расхода'!O87,IF('Базовые цены с учетом расхода'!O87<0,'Базовые цены с учетом расхода'!O87,\"\"))","v":1}]
[null,null,"СП от ЗПР",null,null,null,null,{"$f":"IF('Текущие цены с учетом расхода'!R87>0,'Текущие цены с учетом расхода'!R87,IF('Текущие цены с учетом расхода'!R87<0,'Текущие цены с учетом расхода'!R87,\"\"))","v":""},null,"Plan_ZPR",null,null,null,{"$f":"IF('Базовые цены с учетом расхода'!R87>0,'Базовые цены с учетом расхода'!R87,IF('Базовые цены с учетом расхода'!R87<0,'Базовые цены с учетом расхода'!R87,\"\"))","v":""}]
[null,null,"СП от ЗПМ",null,null,null,null,{"$f":"IF('Текущие цены с учетом расхода'!S87>0,'Текущие цены с учетом расхода'!S87,IF('Текущие цены с учетом расхода'!S87<0,'Текущие цены с учетом расхода'!S87,\"\"))","v":""},null,"Plan_ZPM",null,null,null,{"$f":"IF('Базовые цены с учетом расхода'!S87>0,'Базовые цены с учетом расхода'!S87,IF('Базовые цены с учетом расхода'!S87<0,'Базовые цены с учетом расхода'!S87,\"\"))","v":""}]
["83.","ГЭСНс 01-04-018-01","Покраска автопавильонов, шумозащитных экранов и других вертикальных поверхностей краскопультом эмалью","100 м2",null,3.0000000000000001E-3,{"$f":"ROUND(СУММПРОИЗВЕСЛИ(1,I1922:I1928,\"s\",E1922:E1928,G1922:G1928,0),2)+SUMIF(I1922:I1943,\"=NenormMatOtZPR\",G1922:G1943)","v":4298.4399999999996},{"$f":"ROUND(СУММПРОИЗВЕСЛИ(F1922,I1922:I1928,\"s\",E1922:E1928,G1922:G1928,0),0)+SUMIF(I1922:I1943,\"=NenormMatOtZPR\",H1922:H1943)","v":13},"sum",null,null,null,{"$f":"ROUND(СУММПРОИЗВЕСЛИ(1,I1922:I1928,\"s\",E1922:E1928,M1922:M1928,0),2)+SUMIF(I1922:I1943,\"=NenormMatOtZPR\",M1922:M1943)","v":779.61},{"$f":"ROUND(СУММПРОИЗВЕСЛИ(F1922,I1922:I1928,\"s\",E1922:E1928,M1922:M1928,0),0)+SUMIF(I1922:I1943,\"=NenormMatOtZPR\",N1922:N1943)","v":2}]
["83. 1.","2","Затраты труда машинистов","чел.-ч",{"$f":"ОКРУГЛВСЕ(СУММПРОИЗВЕСЛИ(1,K1922:K1928,\"mWithZTM\",D1922:D1928,E1922:E1928,-1)+СУММКОЭФПРОЦЕНТЕСЛИ(1,1,K1922:K1928,\"mWithZTM_Proch\",E1922:E1928,-1),11)","v":1.81},{"$f":"ОКРУГЛВСЕ(СУММПРОИЗВЕСЛИ(1,K1922:K1928,\"mWithZTM\",D1922:D1928,F1922:F1928,-1)+СУММКОЭФПРОЦЕНТЕСЛИ(1,1,K1922:K1928,\"mWithZTM_Proch\",F1922:F1928,-1),11)","v":5.4299999999999999E-3},{"$f":"IF(F1923=0,0,ROUND(H1923/F1923,3))","v":184.16200000000001},{"$f":"ROUND(СУММЕСЛИДА1НЕ1(L1922:L1928,\"mWithZPM\",D1922:D1928,0,H1922:H1928),0)","v":1},null,"Ж",null,null,{"$f":"IF(F1923=0,0,ROUND(N1923/F1923,3))","v":0},{"$f":"ROUND(СУММЕСЛИДА1НЕ1(L1922:L1928,\"mWithZPM\",D1922:D1928,0,N1922:N1928),0)","v":0}]
["83. 2.",{"$f":"ПОЛУЧШИФР(Ресурсы!A4,1)","v":"0-4002"},{"$f":"Ресурсы!B4","v":"Дорожный рабочий 2 разряда"},"чел.-ч",3.62,{"$f":"ОКРУГЛВСЕ(IF(E1924=\"\",0,E1924)*IF(F1922=\"\",0,F1922),11)","v":1.086E-2},{"$f":"Ресурсы!D4","v":100.57},{"$f":"ROUND(IF(F1924=\"\",0,F1924)*IF(G1924=\"\",0,G1924),0)","v":1},"s","Г",null,null,{"$f":"Ресурсы!C4","v":7.8},{"$f":"ROUND(IF(F1924=\"\",0,F1924)*IF(M1924=\"\",0,M1924),0)","v":0}]
["83. 3.",{"$f":"ПОЛУЧШИФР(Ресурсы!A5,1)","v":"0-4003"},{"$f":"Ресурсы!B5","v":"Дорожный рабочий 3 разряда"},"чел.-ч",3.62,{"$f":"ОКРУГЛВСЕ(IF(E1925=\"\",0,E1925)*IF(F1922=\"\",0,F1922),11)","v":1.086E-2},{"$f":"Ресурсы!D5","v":109.94},{"$f":"ROUND(IF(F1925=\"\",0,F1925)*IF(G1925=\"\",0,G1925),0)","v":1},"s","Г",null,null,{"$f":"Ресурсы!C5","v":8.5299999999999994},{"$f":"ROUND(IF(F1925=\"\",0,F1925)*IF(M1925=\"\",0,M1925),0)","v":0}]
["83. 4.",{"$f":"ПОЛУЧШИФР(Ресурсы!A96,1)","v":"СЦЭСМ 121550"},{"$f":"Ресурсы!B96","v":"Машины дорожной службы (машина дорожного мастера)"},"маш.-ч",1.81,{"$f":"ОКРУГЛВСЕ(IF(E1926=\"\",0,E1926)*IF(F1922=\"\",0,F1922),11)","v":5.4299999999999999E-3},{"$f":"Ресурсы!D96","v":552.54999999999995},{"$f":"ROUND(IF(F1926=\"\",0,F1926)*IF(G1926=\"\",0,G1926),0)","v":3},"s","IsMash",null,null,{"$f":"Ресурсы!C96","v":86.5},{"$f":"ROUND(IF(F1926=\"\",0,F1926)*IF(M1926=\"\",0,M1926),0)","v":0}]
[null,null,null,{"$f":"Ресурсы!G96","v":1},null,null,{"$f":"Ресурсы!F96","v":149.81},{"$f":"ROUND(IF(F1926=\"\",0,F1926)*IF(G1927=\"\",0,G1927),0)","v":1},null,null,"mWithZTM","mWithZPM",{"$f":"Ресурсы!E96","v":11.6},{"$f":"ROUND(IF(F1926=\"\",0,F1926)*IF(M1927=\"\",0,M1927),0)","v":0}]
["83. 5.",{"$f":"ПОЛУЧШИФР(Ресурсы!A41,1)","v":"ССЦ 113-0246"},{"$f":"Ресурсы!B41","v":"Эмаль ПФ-115 серая"},"т",3.9399999999999998E-2,{"$f":"ОКРУГЛВСЕ(IF(E1928=\"\",0,E1928)*IF(F1922=\"\",0,F1922),11)","v":1.182E-4},{"$f":"ROUND(Ресурсы!D41*Начисления!AV88,2)","v":64372.5},{"$f":"ROUND(IF(F1928=\"\",0,F1928)*IF(G1928=\"\",0,G1928),0)","v":8},"s","IsMater",null,null,{"$f":"ROUND(Ресурсы!C41*Начисления!AV88,2)","v":14312.87},{"$f":"ROUND(IF(F1928=\"\",0,F1928)*IF(M1928=\"\",0,M1928),0)","v":2}]
[null,null,"Зарплата рабочих",null,null,null,null,2]
[null,null,"Эксплуатация машин",null,null,null,null,3]
[null,null,"в т.ч. зарплата машинистов",null,null,null,null,1]
[null,null,"Материалы",null,null,null,null,8,null,null,null,null,null,2]
[null,null,"в т.ч. Вспомогательные материалы от стоимости материалов"]
[null,null,"в т.ч. Вспомогательные ненормируемые материалы",null,null,null,null,null,"NenormMatOtZPR"]
[null,null,"в т.ч. Ненормированная з.п. рабочих"]
[null,null,"в т.ч. Ненормированная стоимость эксплуатации машин"]
[null,null,"в т.ч. Ненормированная оплата механизаторов"]
[null,null,"Накладные расходы",null,null,null,11.7,{"$f":"IF('Текущие цены с учетом расхода'!N88>0,'Текущие цены с учетом расхода'!N88,IF('Текущие цены с учетом расхода'!N88<0,'Текущие цены с учетом расхода'!N88,\"\"))","v":2},null,"Nakl",null,null,11.7,{"$f":"IF('Базовые цены с учетом расхода'!N88>0,'Базовые цены с учетом расхода'!N88,IF('Базовые цены с учетом расхода'!N88<0,'Базовые цены с учетом расхода'!N88,\"\"))","v":""}]
[null,null,"НР от ЗПР",null,null,null,null,{"$f":"IF('Текущие цены с учетом расхода'!P88>0,'Текущие цены с учетом расхода'!P88,IF('Текущие цены с учетом расхода'!P88<0,'Текущие цены с учетом расхода'!P88,\"\"))","v":""},null,"Nakl_ZPR",null,null,null,{"$f":"IF('Базовые цены с учетом расхода'!P88>0,'Базовые цены с учетом расхода'!P88,IF('Базовые цены с учетом расхода'!P88<0,'Базовые цены с учетом расхода'!P88,\"\"))","v":""}]
[null,null,"НР от ЗПМ",null,null,null,null,{"$f":"IF('Текущие цены с учетом расхода'!Q88>0,'Текущие цены с учетом расхода'!Q88,IF('Текущие цены с учетом расхода'!Q88<0,'Текущие цены с учетом расхода'!Q88,\"\"))","v":""},null,"Nakl_ZPM",null,null,null,{"$f":"IF('Базовые цены с учетом расхода'!Q88>0,'Базовые цены с учетом расхода'!Q88,IF('Базовые цены с учетом расхода'!Q88<0,'Базовые цены с учетом расхода'!Q88,\"\"))","v":""}]
[null,null,"Плановые накопления / Сметная прибыль",null,null,null,8,{"$f":"IF('Текущие цены с учетом расхода'!O88>0,'Текущие цены с учетом расхода'!O88,IF('Текущие цены с учетом расхода'!O88<0,'Текущие цены с учетом расхода'!O88,\"\"))","v":1},null,"Plan",null,null,8,{"$f":"IF('Базовые цены с учетом расхода'!O88>0,'Базовые цены с учетом расхода'!O88,IF('Базовые цены с учетом расхода'!O88<0,'Базовые цены с учетом расхода'!O88,\"\"))","v":""}]
[null,null,"СП от ЗПР",null,null,null,null,{"$f":"IF('Текущие цены с учетом расхода'!R88>0,'Текущие цены с учетом расхода'!R88,IF('Текущие цены с учетом расхода'!R88<0,'Текущие цены с учетом расхода'!R88,\"\"))","v":""},null,"Plan_ZPR",null,null,null,{"$f":"IF('Базовые цены с учетом расхода'!R88>0,'Базовые цены с учетом расхода'!R88,IF('Базовые цены с учетом расхода'!R88<0,'Базовые цены с учетом расхода'!R88,\"\"))","v":""}]
[null,null,"СП от ЗПМ",null,null,null,null,{"$f":"IF('Текущие цены с учетом расхода'!S88>0,'Текущие цены с учетом расхода'!S88,IF('Текущие цены с учетом расхода'!S88<0,'Текущие цены с учетом расхода'!S88,\"\"))","v":""},null,"Plan_ZPM",null,null,null,{"$f":"IF('Базовые цены с учетом расхода'!S88>0,'Базовые цены с учетом расхода'!S88,IF('Базовые цены с учетом расхода'!S88<0,'Базовые цены с учетом расхода'!S88,\"\"))","v":""}]
["84.","ГЭСНс 01-04-017-01","Очистка и мойка стен автопавильонов, подземных пешеходных переходов и шумозащитных экранов","100 м2",null,0.13100000000000001,{"$f":"ROUND(СУММПРОИЗВЕСЛИ(1,I1944:I1949,\"s\",E1944:E1949,G1944:G1949,0),2)+SUMIF(I1944:I1964,\"=NenormMatOtZPR\",G1944:G1964)","v":1147.01},{"$f":"ROUND(СУММПРОИЗВЕСЛИ(F1944,I1944:I1949,\"s\",E1944:E1949,G1944:G1949,0),0)+SUMIF(I1944:I1964,\"=NenormMatOtZPR\",H1944:H1964)","v":150},"sum",null,null,null,{"$f":"ROUND(СУММПРОИЗВЕСЛИ(1,I1944:I1949,\"s\",E1944:E1949,M1944:M1949,0),2)+SUMIF(I1944:I1964,\"=NenormMatOtZPR\",M1944:M1964)","v":182.61},{"$f":"ROUND(СУММПРОИЗВЕСЛИ(F1944,I1944:I1949,\"s\",E1944:E1949,M1944:M1949,0),0)+SUMIF(I1944:I1964,\"=NenormMatOtZPR\",N1944:N1964)","v":24}]
["84. 1.","2","Затраты труда машинистов","чел.-ч",{"$f":"ОКРУГЛВСЕ(СУММПРОИЗВЕСЛИ(1,K1944:K1949,\"mWithZTM\",D1944:D1949,E1944:E1949,-1)+СУММКОЭФПРОЦЕНТЕСЛИ(1,1,K1944:K1949,\"mWithZTM_Proch\",E1944:E1949,-1),11)","v":0.94},{"$f":"ОКРУГЛВСЕ(СУММПРОИЗВЕСЛИ(1,K1944:K1949,\"mWithZTM\",D1944:D1949,F1944:F1949,-1)+СУММКОЭФПРОЦЕНТЕСЛИ(1,1,K1944:K1949,\"mWithZTM_Proch\",F1944:F1949,-1),11)","v":0.12314},{"$f":"IF(F1945=0,0,ROUND(H1945/F1945,3))","v":170.53800000000001},{"$f":"ROUND(СУММЕСЛИДА1НЕ1(L1944:L1949,\"mWithZPM\",D1944:D1949,0,H1944:H1949),0)","v":21},null,"Ж",null,null,{"$f":"IF(F1945=0,0,ROUND(N1945/F1945,3))","v":16.242000000000001},{"$f":"ROUND(СУММЕСЛИДА1НЕ1(L1944:L1949,\"mWithZPM\",D1944:D1949,0,N1944:N1949),0)","v":2}]
["84. 2.",{"$f":"ПОЛУЧШИФР(Ресурсы!A4,1)","v":"0-4002"},{"$f":"Ресурсы!B4","v":"Дорожный рабочий 2 разряда"},"чел.-ч",0.94,{"$f":"ОКРУГЛВСЕ(IF(E1946=\"\",0,E1946)*IF(F1944=\"\",0,F1944),11)","v":0.12314},{"$f":"Ресурсы!D4","v":100.57},{"$f":"ROUND(IF(F1946=\"\",0,F1946)*IF(G1946=\"\",0,G1946),0)","v":12},"s","Г",null,null,{"$f":"Ресурсы!C4","v":7.8},{"$f":"ROUND(IF(F1946=\"\",0,F1946)*IF(M1946=\"\",0,M1946),0)","v":1}]
["84. 3.",{"$f":"ПОЛУЧШИФР(Ресурсы!A94,1)","v":"СЦЭСМ 121342"},{"$f":"Ресурсы!B94","v":"Машины дорожные комбинированные, мощностью от 210 до 270 л.с."},"маш.-ч",0.94,{"$f":"ОКРУГЛВСЕ(IF(E1947=\"\",0,E1947)*IF(F1944=\"\",0,F1944),11)","v":0.12314},{"$f":"Ресурсы!D94","v":1117.3399999999999},{"$f":"ROUND(IF(F1947=\"\",0,F1947)*IF(G1947=\"\",0,G1947),0)","v":138},"s","IsMash",null,null,{"$f":"Ресурсы!C94","v":185.95},{"$f":"ROUND(IF(F1947=\"\",0,F1947)*IF(M1947=\"\",0,M1947),0)","v":23}]
[null,null,null,{"$f":"Ресурсы!G94","v":1},null,null,{"$f":"Ресурсы!F94","v":174.31},{"$f":"ROUND(IF(F1947=\"\",0,F1947)*IF(G1948=\"\",0,G1948),0)","v":21},null,null,"mWithZTM","mWithZPM",{"$f":"Ресурсы!E94","v":13.5},{"$f":"ROUND(IF(F1947=\"\",0,F1947)*IF(M1948=\"\",0,M1948),0)","v":2}]
["84. 4.",{"$f":"ПОЛУЧШИФР(Ресурсы!A64,1)","v":"ССЦ 411-0001"},{"$f":"Ресурсы!B64","v":"Вода"},"м3",0.2,{"$f":"ОКРУГЛВСЕ(IF(E1949=\"\",0,E1949)*IF(F1944=\"\",0,F1944),11)","v":2.6200000000000001E-2},{"$f":"ROUND(Ресурсы!D64*Начисления!AV89,2)","v":10.85},{"$f":"ROUND(IF(F1949=\"\",0,F1949)*IF(G1949=\"\",0,G1949),0)","v":0},"s","IsMater",null,null,{"$f":"ROUND(Ресурсы!C64*Начисления!AV89,2)","v":2.44},{"$f":"ROUND(IF(F1949=\"\",0,F1949)*IF(M1949=\"\",0,M1949),0)","v":0}]
[null,null,"Зарплата рабочих",null,null,null,null,12,null,null,null,null,null,1]
[null,null,"Эксплуатация машин",null,null,null,null,138,null,null,null,null,null,23]
[null,null,"в т.ч. зарплата машинистов",null,null,null,null,21,null,null,null,null,null,2]
[null,null,"Материалы"]
[null,null,"в т.ч. Вспомогательные материалы от стоимости материалов"]
[null,null,"в т.ч. Вспомогательные ненормируемые материалы",null,null,null,null,null,"NenormMatOtZPR"]
[null,null,"в т.ч. Ненормированная з.п. рабочих"]
[null,null,"в т.ч. Ненормированная стоимость эксплуатации машин"]
[null,null,"в т.ч. Ненормированная оплата механизаторов"]
[null,null,"Накладные расходы",null,null,null,11.7,{"$f":"IF('Текущие цены с учетом расхода'!N89>0,'Текущие цены с учетом расхода'!N89,IF('Текущие цены с учетом расхода'!N89<0,'Текущие цены с учетом расхода'!N89,\"\"))","v":18},null,"Nakl",null,null,11.7,{"$f":"IF('Базовые цены с учетом расхода'!N89>0,'Базовые цены с учетом расхода'!N89,IF('Базовые цены с учетом расхода'!N89<0,'Базовые цены с учетом расхода'!N89,\"\"))","v":3}]
[null,null,"НР от ЗПР",null,null,null,null,{"$f":"IF('Текущие цены с учетом расхода'!P89>0,'Текущие цены с учетом расхода'!P89,IF('Текущие цены с учетом расхода'!P89<0,'Текущие цены с учетом расхода'!P89,\"\"))","v":""},null,"Nakl_ZPR",null,null,null,{"$f":"IF('Базовые цены с учетом расхода'!P89>0,'Базовые цены с учетом расхода'!P89,IF('Базовые цены с учетом расхода'!P89<0,'Базовые цены с учетом расхода'!P89,\"\"))","v":""}]
[null,null,"НР от ЗПМ",null,null,null,null,{"$f":"IF('Текущие цены с учетом расхода'!Q89>0,'Текущие цены с учетом расхода'!Q89,IF('Текущие цены с учетом расхода'!Q89<0,'Текущие цены с учетом расхода'!Q89,\"\"))","v":""},null,"Nakl_ZPM",null,null,null,{"$f":"IF('Базовые цены с учетом расхода'!Q89>0,'Базовые цены с учетом расхода'!Q89,IF('Базовые цены с учетом расхода'!Q89<0,'Базовые цены с учетом расхода'!Q89,\"\"))","v":""}]
[null,null,"Плановые накопления / Сметная прибыль",null,null,null,8,{"$f":"IF('Текущие цены с учетом расхода'!O89>0,'Текущие цены с учетом расхода'!O89,IF('Текущие цены с учетом расхода'!O89<0,'Текущие цены с учетом расхода'!O89,\"\"))","v":13},null,"Plan",null,null,8,{"$f":"IF('Базовые цены с учетом расхода'!O89>0,'Базовые цены с учетом расхода'!O89,IF('Базовые цены с учетом расхода'!O89<0,'Базовые цены с учетом расхода'!O89,\"\"))","v":2}]
[null,null,"СП от ЗПР",null,null,null,null,{"$f":"IF('Текущие цены с учетом расхода'!R89>0,'Текущие цены с учетом расхода'!R89,IF('Текущие цены с учетом расхода'!R89<0,'Текущие цены с учетом расхода'!R89,\"\"))","v":""},null,"Plan_ZPR",null,null,null,{"$f":"IF('Базовые цены с учетом расхода'!R89>0,'Базовые цены с учетом расхода'!R89,IF('Базовые цены с учетом расхода'!R89<0,'Базовые цены с учетом расхода'!R89,\"\"))","v":""}]
[null,null,"СП от ЗПМ",null,null,null,null,{"$f":"IF('Текущие цены с учетом расхода'!S89>0,'Текущие цены с учетом расхода'!S89,IF('Текущие цены с учетом расхода'!S89<0,'Текущие цены с учетом расхода'!S89,\"\"))","v":""},null,"Plan_ZPM",null,null,null,{"$f":"IF('Базовые цены с учетом расхода'!S89>0,'Базовые цены с учетом расхода'!S89,IF('Базовые цены с учетом расхода'!S89<0,'Базовые цены с учетом расхода'!S89,\"\"))","v":""}]
["85.","ГЭСНс 01-04-019-01","Заделка трещин, раковин и сколов стен железобетонных или оштукатуренных автопавильонов","100 м2",null,2.8E-3,{"$f":"ROUND(СУММПРОИЗВЕСЛИ(1,I1965:I1974,\"s\",E1965:E1974,G1965:G1974,0),2)+SUMIF(I1965:I1989,\"=NenormMatOtZPR\",G1965:G1989)","v":49833.09},{"$f":"ROUND(СУММПРОИЗВЕСЛИ(F1965,I1965:I1974,\"s\",E1965:E1974,G1965:G1974,0),0)+SUMIF(I1965:I1989,\"=NenormMatOtZPR\",H1965:H1989)","v":140},"sum",null,null,null,{"$f":"ROUND(СУММПРОИЗВЕСЛИ(1,I1965:I1974,\"s\",E1965:E1974,M1965:M1974,0),2)+SUMIF(I1965:I1989,\"=NenormMatOtZPR\",M1965:M1989)","v":5492.43},{"$f":"ROUND(СУММПРОИЗВЕСЛИ(F1965,I1965:I1974,\"s\",E1965:E1974,M1965:M1974,0),0)+SUMIF(I1965:I1989,\"=NenormMatOtZPR\",N1965:N1989)","v":15}]
["85. 1.","2","Затраты труда машинистов","чел.-ч",{"$f":"ОКРУГЛВСЕ(СУММПРОИЗВЕСЛИ(1,K1965:K1974,\"mWithZTM\",D1965:D1974,E1965:E1974,-1)+СУММКОЭФПРОЦЕНТЕСЛИ(1,1,K1965:K1974,\"mWithZTM_Proch\",E1965:E1974,-1),11)","v":37.5},{"$f":"ОКРУГЛВСЕ(СУММПРОИЗВЕСЛИ(1,K1965:K1974,\"mWithZTM\",D1965:D1974,F1965:F1974,-1)+СУММКОЭФПРОЦЕНТЕСЛИ(1,1,K1965:K1974,\"mWithZTM_Proch\",F1965:F1974,-1),11)","v":0.105},{"$f":"IF(F1966=0,0,ROUND(H1966/F1966,3))","v":152.381},{"$f":"ROUND(СУММЕСЛИДА1НЕ1(L1965:L1974,\"mWithZPM\",D1965:D1974,0,H1965:H1974),0)","v":16},null,"Ж",null,null,{"$f":"IF(F1966=0,0,ROUND(N1966/F1966,3))","v":9.5239999999999991},{"$f":"ROUND(СУММЕСЛИДА1НЕ1(L1965:L1974,\"mWithZPM\",D1965:D1974,0,N1965:N1974),0)","v":1}]
["85. 2.",{"$f":"ПОЛУЧШИФР(Ресурсы!A4,1)","v":"0-4002"},{"$f":"Ресурсы!B4","v":"Дорожный рабочий 2 разряда"},"чел.-ч",75,{"$f":"ОКРУГЛВСЕ(IF(E1967=\"\",0,E1967)*IF(F1965=\"\",0,F1965),11)","v":0.21},{"$f":"Ресурсы!D4","v":100.57},{"$f":"ROUND(IF(F1967=\"\",0,F1967)*IF(G1967=\"\",0,G1967),0)","v":21},"s","Г",null,null,{"$f":"Ресурсы!C4","v":7.8},{"$f":"ROUND(IF(F1967=\"\",0,F1967)*IF(M1967=\"\",0,M1967),0)","v":2}]
["85. 3.",{"$f":"ПОЛУЧШИФР(Ресурсы!A5,1)","v":"0-4003"},{"$f":"Ресурсы!B5","v":"Дорожный рабочий 3 разряда"},"чел.-ч",75,{"$f":"ОКРУГЛВСЕ(IF(E1968=\"\",0,E1968)*IF(F1965=\"\",0,F1965),11)","v":0.21},{"$f":"Ресурсы!D5","v":109.94},{"$f":"ROUND(IF(F1968=\"\",0,F1968)*IF(G1968=\"\",0,G1968),0)","v":23},"s","Г",null,null,{"$f":"Ресурсы!C5","v":8.5299999999999994},{"$f":"ROUND(IF(F1968=\"\",0,F1968)*IF(M1968=\"\",0,M1968),0)","v":2}]
["85. 4.",{"$f":"ПОЛУЧШИФР(Ресурсы!A96,1)","v":"СЦЭСМ 121550"},{"$f":"Ресурсы!B96","v":"Машины дорожной службы (машина дорожного мастера)"},"маш.-ч",37.5,{"$f":"ОКРУГЛВСЕ(IF(E1969=\"\",0,E1969)*IF(F1965=\"\",0,F1965),11)","v":0.105},{"$f":"Ресурсы!D96","v":552.54999999999995},{"$f":"ROUND(IF(F1969=\"\",0,F1969)*IF(G1969=\"\",0,G1969),0)","v":58},"s","IsMash",null,null,{"$f":"Ресурсы!C96","v":86.5},{"$f":"ROUND(IF(F1969=\"\",0,F1969)*IF(M1969=\"\",0,M1969),0)","v":9}]
[null,null,null,{"$f":"Ресурсы!G96","v":1},null,null,{"$f":"Ресурсы!F96","v":149.81},{"$f":"ROUND(IF(F1969=\"\",0,F1969)*IF(G1970=\"\",0,G1970),0)","v":16},null,null,"mWithZTM","mWithZPM",{"$f":"Ресурсы!E96","v":11.6},{"$f":"ROUND(IF(F1969=\"\",0,F1969)*IF(M1970=\"\",0,M1970),0)","v":1}]
["85. 5.",{"$f":"ПОЛУЧШИФР(Ресурсы!A17,0)","v":"с101-1305"},{"$f":"Ресурсы!B17","v":"Портландцемент общестроительного назначения бездобавочный, марки: 400"},"т",2.2400000000000002,{"$f":"ОКРУГЛВСЕ(IF(E1971=\"\",0,E1971)*IF(F1965=\"\",0,F1965),11)","v":6.2719999999999998E-3},{"$f":"ROUND(Ресурсы!D17*Начисления!AV90,2)","v":3708.31},{"$f":"ROUND(IF(F1971=\"\",0,F1971)*IF(G1971=\"\",0,G1971),0)","v":23},"s","IsMater",null,null,{"$f":"ROUND(Ресурсы!C17*Начисления!AV90,2)","v":0},{"$f":"ROUND(IF(F1971=\"\",0,F1971)*IF(M1971=\"\",0,M1971),0)","v":0}]
["85. 6.",{"$f":"ПОЛУЧШИФР(Ресурсы!A23,1)","v":"ССЦ 101-1668"},{"$f":"Ресурсы!B23","v":"Рогожа"},"м2",100,{"$f":"ОКРУГЛВСЕ(IF(E1972=\"\",0,E1972)*IF(F1965=\"\",0,F1965),11)","v":0.28000000000000003},{"$f":"ROUND(Ресурсы!D23*Начисления!AV90,2)","v":45.5},{"$f":"ROUND(IF(F1972=\"\",0,F1972)*IF(G1972=\"\",0,G1972),0)","v":13},"s","IsMater",null,null,{"$f":"ROUND(Ресурсы!C23*Начисления!AV90,2)","v":10.199999999999999},{"$f":"ROUND(IF(F1972=\"\",0,F1972)*IF(M1972=\"\",0,M1972),0)","v":3}]
["85. 7.",{"$f":"ПОЛУЧШИФР(Ресурсы!A57,0)","v":"с408-0124"},{"$f":"Ресурсы!B57","v":"Песок природный для стрительных работ мелкий"},"м3",3.18,{"$f":"ОКРУГЛВСЕ(IF(E1973=\"\",0,E1973)*IF(F1965=\"\",0,F1965),11)","v":8.9040000000000005E-3},{"$f":"ROUND(Ресурсы!D57*Начисления!AV90,2)","v":141.55000000000001},{"$f":"ROUND(IF(F1973=\"\",0,F1973)*IF(G1973=\"\",0,G1973),0)","v":1},"s","IsMater",null,null,{"$f":"ROUND(Ресурсы!C57*Начисления!AV90,2)","v":0},{"$f":"ROUND(IF(F1973=\"\",0,F1973)*IF(M1973=\"\",0,M1973),0)","v":0}]
["85. 8.",{"$f":"ПОЛУЧШИФР(Ресурсы!A64,1)","v":"ССЦ 411-0001"},{"$f":"Ресурсы!B64","v":"Вода"},"м3",1.61,{"$f":"ОКРУГЛВСЕ(IF(E1974=\"\",0,E1974)*IF(F1965=\"\",0,F1965),11)","v":4.5079999999999999E-3},{"$f":"ROUND(Ресурсы!D64*Начисления!AV90,2)","v":10.85},{"$f":"ROUND(IF(F1974=\"\",0,F1974)*IF(G1974=\"\",0,G1974),0)","v":0},"s","IsMater",null,null,{"$f":"ROUND(Ресурсы!C64*Начисления!AV90,2)","v":2.44},{"$f":"ROUND(IF(F1974=\"\",0,F1974)*IF(M1974=\"\",0,M1974),0)","v":0}]
[null,null,"Зарплата рабочих",null,null,null,null,44,null,null,null,null,null,3]
[null,null,"Эксплуатация машин",null,null,null,null,58,null,null,null,null,null,9]
[null,null,"в т.ч. зарплата машинистов",null,null,null,null,16,null,null,null,null,null,1]
[null,null,"Материалы",null,null,null,null,37,null,null,null,null,null,3]
[null,null,"в т.ч. Вспомогательные материалы от стоимости материалов"]
[null,null,"в т.ч. Вспомогательные ненормируемые материалы",null,null,null,null,null,"NenormMatOtZPR"]
[null,null,"в т.ч. Ненормированная з.п. рабочих"]
[null,null,"в т.ч. Ненормированная стоимость эксплуатации машин"]
[null,null,"в т.ч. Ненормированная оплата механизаторов"]
[null,null,"Накладные расходы",null,null,null,11.7,{"$f":"IF('Текущие цены с учетом расхода'!N90>0,'Текущие цены с учетом расхода'!N90,IF('Текущие цены с учетом расхода'!N90<0,'Текущие цены с учетом расхода'!N90,\"\"))","v":16},null,"Nakl",null,null,11.7,{"$f":"IF('Базовые цены с учетом расхода'!N90>0,'Базовые цены с учетом расхода'!N90,IF('Базовые цены с учетом расхода'!N90<0,'Базовые цены с учетом расхода'!N90,\"\"))","v":2}]
[null,null,"НР от ЗПР",null,null,null,null,{"$f":"IF('Текущие цены с учетом расхода'!P90>0,'Текущие цены с учетом расхода'!P90,IF('Текущие цены с учетом расхода'!P90<0,'Текущие цены с учетом расхода'!P90,\"\"))","v":""},null,"Nakl_ZPR",null,null,null,{"$f":"IF('Базовые цены с учетом расхода'!P90>0,'Базовые цены с учетом расхода'!P90,IF('Базовые цены с учетом расхода'!P90<0,'Базовые цены с учетом расхода'!P90,\"\"))","v":""}]
[null,null,"НР от ЗПМ",null,null,null,null,{"$f":"IF('Текущие цены с учетом расхода'!Q90>0,'Текущие цены с учетом расхода'!Q90,IF('Текущие цены с учетом расхода'!Q90<0,'Текущие цены с учетом расхода'!Q90,\"\"))","v":""},null,"Nakl_ZPM",null,null,null,{"$f":"IF('Базовые цены с учетом расхода'!Q90>0,'Базовые цены с учетом расхода'!Q90,IF('Базовые цены с учетом расхода'!Q90<0,'Базовые цены с учетом расхода'!Q90,\"\"))","v":""}]
[null,null,"Плановые накопления / Сметная прибыль",null,null,null,8,{"$f":"IF('Текущие цены с учетом расхода'!O90>0,'Текущие цены с учетом расхода'!O90,IF('Текущие цены с учетом расхода'!O90<0,'Текущие цены с учетом расхода'!O90,\"\"))","v":12},null,"Plan",null,null,8,{"$f":"IF('Базовые цены с учетом расхода'!O90>0,'Базовые цены с учетом расхода'!O90,IF('Базовые цены с учетом расхода'!O90<0,'Базовые цены с учетом расхода'!O90,\"\"))","v":1}]
[null,null,"СП от ЗПР",null,null,null,null,{"$f":"IF('Текущие цены с учетом расхода'!R90>0,'Текущие цены с учетом расхода'!R90,IF('Текущие цены с учетом расхода'!R90<0,'Текущие цены с учетом расхода'!R90,\"\"))","v":""},null,"Plan_ZPR",null,null,null,{"$f":"IF('Базовые цены с учетом расхода'!R90>0,'Базовые цены с учетом расхода'!R90,IF('Базовые цены с учетом расхода'!R90<0,'Базовые цены с учетом расхода'!R90,\"\"))","v":""}]
[null,null,"СП от ЗПМ",null,null,null,null,{"$f":"IF('Текущие цены с учетом расхода'!S90>0,'Текущие цены с учетом расхода'!S90,IF('Текущие цены с учетом расхода'!S90<0,'Текущие цены с учетом расхода'!S90,\"\"))","v":""},null,"Plan_ZPM",null,null,null,{"$f":"IF('Базовые цены с учетом расхода'!S90>0,'Базовые цены с учетом расхода'!S90,IF('Базовые цены с учетом расхода'!S90<0,'Базовые цены с учетом расхода'!S90,\"\"))","v":""}]
["86.","ГЭСНс 01-04-010-03","Нанесение вертикальной разметки 2.7 на бордюрный камень","100 м",null,0.05,{"$f":"ROUND(СУММПРОИЗВЕСЛИ(1,I1990:I1997,\"s\",E1990:E1997,G1990:G1997,0),2)+SUMIF(I1990:I2012,\"=NenormMatOtZPR\",G1990:G2012)","v":2151.85},{"$f":"ROUND(СУММПРОИЗВЕСЛИ(F1990,I1990:I1997,\"s\",E1990:E1997,G1990:G1997,0),0)+SUMIF(I1990:I2012,\"=NenormMatOtZPR\",H1990:H2012)","v":108},"sum",null,null,null,{"$f":"ROUND(СУММПРОИЗВЕСЛИ(1,I1990:I1997,\"s\",E1990:E1997,M1990:M1997,0),2)+SUMIF(I1990:I2012,\"=NenormMatOtZPR\",M1990:M2012)","v":322.48},{"$f":"ROUND(СУММПРОИЗВЕСЛИ(F1990,I1990:I1997,\"s\",E1990:E1997,M1990:M1997,0),0)+SUMIF(I1990:I2012,\"=NenormMatOtZPR\",N1990:N2012)","v":16}]
["86. 1.","2","Затраты труда машинистов","чел.-ч",{"$f":"ОКРУГЛВСЕ(СУММПРОИЗВЕСЛИ(1,K1990:K1997,\"mWithZTM\",D1990:D1997,E1990:E1997,-1)+СУММКОЭФПРОЦЕНТЕСЛИ(1,1,K1990:K1997,\"mWithZTM_Proch\",E1990:E1997,-1),11)","v":1.6},{"$f":"ОКРУГЛВСЕ(СУММПРОИЗВЕСЛИ(1,K1990:K1997,\"mWithZTM\",D1990:D1997,F1990:F1997,-1)+СУММКОЭФПРОЦЕНТЕСЛИ(1,1,K1990:K1997,\"mWithZTM_Proch\",F1990:F1997,-1),11)","v":0.08},{"$f":"IF(F1991=0,0,ROUND(H1991/F1991,3))","v":150},{"$f":"ROUND(СУММЕСЛИДА1НЕ1(L1990:L1997,\"mWithZPM\",D1990:D1997,0,H1990:H1997),0)","v":12},null,"Ж",null,null,{"$f":"IF(F1991=0,0,ROUND(N1991/F1991,3))","v":12.5},{"$f":"ROUND(СУММЕСЛИДА1НЕ1(L1990:L1997,\"mWithZPM\",D1990:D1997,0,N1990:N1997),0)","v":1}]
["86. 2.",{"$f":"ПОЛУЧШИФР(Ресурсы!A4,1)","v":"0-4002"},{"$f":"Ресурсы!B4","v":"Дорожный рабочий 2 разряда"},"чел.-ч",3.2,{"$f":"ОКРУГЛВСЕ(IF(E1992=\"\",0,E1992)*IF(F1990=\"\",0,F1990),11)","v":0.16},{"$f":"Ресурсы!D4","v":100.57},{"$f":"ROUND(IF(F1992=\"\",0,F1992)*IF(G1992=\"\",0,G1992),0)","v":16},"s","Г",null,null,{"$f":"Ресурсы!C4","v":7.8},{"$f":"ROUND(IF(F1992=\"\",0,F1992)*IF(M1992=\"\",0,M1992),0)","v":1}]
["86. 3.",{"$f":"ПОЛУЧШИФР(Ресурсы!A5,1)","v":"0-4003"},{"$f":"Ресурсы!B5","v":"Дорожный рабочий 3 разряда"},"чел.-ч",3.2,{"$f":"ОКРУГЛВСЕ(IF(E1993=\"\",0,E1993)*IF(F1990=\"\",0,F1990),11)","v":0.16},{"$f":"Ресурсы!D5","v":109.94},{"$f":"ROUND(IF(F1993=\"\",0,F1993)*IF(G1993=\"\",0,G1993),0)","v":18},"s","Г",null,null,{"$f":"Ресурсы!C5","v":8.5299999999999994},{"$f":"ROUND(IF(F1993=\"\",0,F1993)*IF(M1993=\"\",0,M1993),0)","v":1}]
["86. 4.",{"$f":"ПОЛУЧШИФР(Ресурсы!A96,1)","v":"СЦЭСМ 121550"},{"$f":"Ресурсы!B96","v":"Машины дорожной службы (машина дорожного мастера)"},"маш.-ч",1.6,{"$f":"ОКРУГЛВСЕ(IF(E1994=\"\",0,E1994)*IF(F1990=\"\",0,F1990),11)","v":0.08},{"$f":"Ресурсы!D96","v":552.54999999999995},{"$f":"ROUND(IF(F1994=\"\",0,F1994)*IF(G1994=\"\",0,G1994),0)","v":44},"s","IsMash",null,null,{"$f":"Ресурсы!C96","v":86.5},{"$f":"ROUND(IF(F1994=\"\",0,F1994)*IF(M1994=\"\",0,M1994),0)","v":7}]
[null,null,null,{"$f":"Ресурсы!G96","v":1},null,null,{"$f":"Ресурсы!F96","v":149.81},{"$f":"ROUND(IF(F1994=\"\",0,F1994)*IF(G1995=\"\",0,G1995),0)","v":12},null,null,"mWithZTM","mWithZPM",{"$f":"Ресурсы!E96","v":11.6},{"$f":"ROUND(IF(F1994=\"\",0,F1994)*IF(M1995=\"\",0,M1995),0)","v":1}]
["86. 5.",{"$f":"ПОЛУЧШИФР(Ресурсы!A42,1)","v":"ССЦ 113-8028"},{"$f":"Ресурсы!B42","v":"Эмаль ПФ-115 белая"},"кг",6.86,{"$f":"ОКРУГЛВСЕ(IF(E1996=\"\",0,E1996)*IF(F1990=\"\",0,F1990),11)","v":0.34300000000000003},{"$f":"ROUND(Ресурсы!D42*Начисления!AV91,2)","v":58.58},{"$f":"ROUND(IF(F1996=\"\",0,F1996)*IF(G1996=\"\",0,G1996),0)","v":20},"s","IsMater",null,null,{"$f":"ROUND(Ресурсы!C42*Начисления!AV91,2)","v":12.27},{"$f":"ROUND(IF(F1996=\"\",0,F1996)*IF(M1996=\"\",0,M1996),0)","v":4}]
["86. 6.",{"$f":"ПОЛУЧШИФР(Ресурсы!A43,1)","v":"ССЦ 113-8029"},{"$f":"Ресурсы!B43","v":"Эмаль ПФ-115 цветная"},"кг",2.86,{"$f":"ОКРУГЛВСЕ(IF(E1997=\"\",0,E1997)*IF(F1990=\"\",0,F1990),11)","v":0.14299999999999999},{"$f":"ROUND(Ресурсы!D43*Начисления!AV91,2)","v":67.23},{"$f":"ROUND(IF(F1997=\"\",0,F1997)*IF(G1997=\"\",0,G1997),0)","v":10},"s","IsMater",null,null,{"$f":"ROUND(Ресурсы!C43*Начисления!AV91,2)","v":16.66},{"$f":"ROUND(IF(F1997=\"\",0,F1997)*IF(M1997=\"\",0,M1997),0)","v":2}]
[null,null,"Зарплата рабочих",null,null,null,null,34,null,null,null,null,null,3]
[null,null,"Эксплуатация машин",null,null,null,null,44,null,null,null,null,null,7]
[null,null,"в т.ч. зарплата машинистов",null,null,null,null,12,null,null,null,null,null,1]
[null,null,"Материалы",null,null,null,null,30,null,null,null,null,null,7]
[null,null,"в т.ч. Вспомогательные материалы от стоимости материалов"]
[null,null,"в т.ч. Вспомогательные ненормируемые материалы",null,null,null,null,null,"NenormMatOtZPR"]
[null,null,"в т.ч. Ненормированная з.п. рабочих"]
[null,null,"в т.ч. Ненормированная стоимость эксплуатации машин"]
[null,null,"в т.ч. Ненормированная оплата механизаторов"]
[null,null,"Накладные расходы",null,null,null,11.7,{"$f":"IF('Текущие цены с учетом расхода'!N91>0,'Текущие цены с учетом расхода'!N91,IF('Текущие цены с учетом расхода'!N91<0,'Текущие цены с учетом расхода'!N91,\"\"))","v":13},null,"Nakl",null,null,11.7,{"$f":"IF('Базовые цены с учетом расхода'!N91>0,'Базовые цены с учетом расхода'!N91,IF('Базовые цены с учетом расхода'!N91<0,'Базовые цены с учетом расхода'!N91,\"\"))","v":2}]
[null,null,"НР от ЗПР",null,null,null,null,{"$f":"IF('Текущие цены с учетом расхода'!P91>0,'Текущие цены с учетом расхода'!P91,IF('Текущие цены с учетом расхода'!P91<0,'Текущие цены с учетом расхода'!P91,\"\"))","v":""},null,"Nakl_ZPR",null,null,null,{"$f":"IF('Базовые цены с учетом расхода'!P91>0,'Базовые цены с учетом расхода'!P91,IF('Базовые цены с учетом расхода'!P91<0,'Базовые цены с учетом расхода'!P91,\"\"))","v":""}]
[null,null,"НР от ЗПМ",null,null,null,null,{"$f":"IF('Текущие цены с учетом расхода'!Q91>0,'Текущие цены с учетом расхода'!Q91,IF('Текущие цены с учетом расхода'!Q91<0,'Текущие цены с учетом расхода'!Q91,\"\"))","v":""},null,"Nakl_ZPM",null,null,null,{"$f":"IF('Базовые цены с учетом расхода'!Q91>0,'Базовые цены с учетом расхода'!Q91,IF('Базовые цены с учетом расхода'!Q91<0,'Базовые цены с учетом расхода'!Q91,\"\"))","v":""}]
[null,null,"Плановые накопления / Сметная прибыль",null,null,null,8,{"$f":"IF('Текущие цены с учетом расхода'!O91>0,'Текущие цены с учетом расхода'!O91,IF('Текущие цены с учетом расхода'!O91<0,'Текущие цены с учетом расхода'!O91,\"\"))","v":10},null,"Plan",null,null,8,{"$f":"IF('Базовые цены с учетом расхода'!O91>0,'Базовые цены с учетом расхода'!O91,IF('Базовые цены с учетом расхода'!O91<0,'Базовые цены с учетом расхода'!O91,\"\"))","v":1}]
[null,null,"СП от ЗПР",null,null,null,null,{"$f":"IF('Текущие цены с учетом расхода'!R91>0,'Текущие цены с учетом расхода'!R91,IF('Текущие цены с учетом расхода'!R91<0,'Текущие цены с учетом расхода'!R91,\"\"))","v":""},null,"Plan_ZPR",null,null,null,{"$f":"IF('Базовые цены с учетом расхода'!R91>0,'Базовые цены с учетом расхода'!R91,IF('Базовые цены с учетом расхода'!R91<0,'Базовые цены с учетом расхода'!R91,\"\"))","v":""}]
[null,null,"СП от ЗПМ",null,null,null,null,{"$f":"IF('Текущие цены с учетом расхода'!S91>0,'Текущие цены с учетом расхода'!S91,IF('Текущие цены с учетом расхода'!S91<0,'Текущие цены с учетом расхода'!S91,\"\"))","v":""},null,"Plan_ZPM",null,null,null,{"$f":"IF('Базовые цены с учетом расхода'!S91>0,'Базовые цены с учетом расхода'!S91,IF('Базовые цены с учетом расхода'!S91<0,'Базовые цены с учетом расхода'!S91,\"\"))","v":""}]
["87.","ГЭСНс 01-04-023-01","Ремонт деревянных скамеек","шт.",null,0.29199999999999998,{"$f":"ROUND(СУММПРОИЗВЕСЛИ(1,I2013:I2019,\"s\",E2013:E2019,G2013:G2019,0),2)+SUMIF(I2013:I2034,\"=NenormMatOtZPR\",G2013:G2034)","v":213.44},{"$f":"ROUND(СУММПРОИЗВЕСЛИ(F2013,I2013:I2019,\"s\",E2013:E2019,G2013:G2019,0),0)+SUMIF(I2013:I2034,\"=NenormMatOtZPR\",H2013:H2034)","v":62},"sum",null,null,null,{"$f":"ROUND(СУММПРОИЗВЕСЛИ(1,I2013:I2019,\"s\",E2013:E2019,M2013:M2019,0),2)+SUMIF(I2013:I2034,\"=NenormMatOtZPR\",M2013:M2034)","v":44.12},{"$f":"ROUND(СУММПРОИЗВЕСЛИ(F2013,I2013:I2019,\"s\",E2013:E2019,M2013:M2019,0),0)+SUMIF(I2013:I2034,\"=NenormMatOtZPR\",N2013:N2034)","v":13}]
["87. 1.","2","Затраты труда машинистов","чел.-ч",{"$f":"ОКРУГЛВСЕ(СУММПРОИЗВЕСЛИ(1,K2013:K2019,\"mWithZTM\",D2013:D2019,E2013:E2019,-1)+СУММКОЭФПРОЦЕНТЕСЛИ(1,1,K2013:K2019,\"mWithZTM_Proch\",E2013:E2019,-1),11)","v":0.11},{"$f":"ОКРУГЛВСЕ(СУММПРОИЗВЕСЛИ(1,K2013:K2019,\"mWithZTM\",D2013:D2019,F2013:F2019,-1)+СУММКОЭФПРОЦЕНТЕСЛИ(1,1,K2013:K2019,\"mWithZTM_Proch\",F2013:F2019,-1),11)","v":3.2120000000000003E-2},{"$f":"IF(F2014=0,0,ROUND(H2014/F2014,3))","v":155.666},{"$f":"ROUND(СУММЕСЛИДА1НЕ1(L2013:L2019,\"mWithZPM\",D2013:D2019,0,H2013:H2019),0)","v":5},null,"Ж",null,null,{"$f":"IF(F2014=0,0,ROUND(N2014/F2014,3))","v":0},{"$f":"ROUND(СУММЕСЛИДА1НЕ1(L2013:L2019,\"mWithZPM\",D2013:D2019,0,N2013:N2019),0)","v":0}]
["87. 2.",{"$f":"ПОЛУЧШИФР(Ресурсы!A4,1)","v":"0-4002"},{"$f":"Ресурсы!B4","v":"Дорожный рабочий 2 разряда"},"чел.-ч",0.44,{"$f":"ОКРУГЛВСЕ(IF(E2015=\"\",0,E2015)*IF(F2013=\"\",0,F2013),11)","v":0.12848000000000001},{"$f":"Ресурсы!D4","v":100.57},{"$f":"ROUND(IF(F2015=\"\",0,F2015)*IF(G2015=\"\",0,G2015),0)","v":13},"s","Г",null,null,{"$f":"Ресурсы!C4","v":7.8},{"$f":"ROUND(IF(F2015=\"\",0,F2015)*IF(M2015=\"\",0,M2015),0)","v":1}]
["87. 3.",{"$f":"ПОЛУЧШИФР(Ресурсы!A96,1)","v":"СЦЭСМ 121550"},{"$f":"Ресурсы!B96","v":"Машины дорожной службы (машина дорожного мастера)"},"маш.-ч",0.11,{"$f":"ОКРУГЛВСЕ(IF(E2016=\"\",0,E2016)*IF(F2013=\"\",0,F2013),11)","v":3.2120000000000003E-2},{"$f":"Ресурсы!D96","v":552.54999999999995},{"$f":"ROUND(IF(F2016=\"\",0,F2016)*IF(G2016=\"\",0,G2016),0)","v":18},"s","IsMash",null,null,{"$f":"Ресурсы!C96","v":86.5},{"$f":"ROUND(IF(F2016=\"\",0,F2016)*IF(M2016=\"\",0,M2016),0)","v":3}]
[null,null,null,{"$f":"Ресурсы!G96","v":1},null,null,{"$f":"Ресурсы!F96","v":149.81},{"$f":"ROUND(IF(F2016=\"\",0,F2016)*IF(G2017=\"\",0,G2017),0)","v":5},null,null,"mWithZTM","mWithZPM",{"$f":"Ресурсы!E96","v":11.6},{"$f":"ROUND(IF(F2016=\"\",0,F2016)*IF(M2017=\"\",0,M2017),0)","v":0}]
["87. 4.",{"$f":"ПОЛУЧШИФР(Ресурсы!A26,1)","v":"ССЦ 101-1805"},{"$f":"Ресурсы!B26","v":"Гвозди строительные"},"т",3.4000000000000002E-4,{"$f":"ОКРУГЛВСЕ(IF(E2018=\"\",0,E2018)*IF(F2013=\"\",0,F2013),11)","v":9.9279999999999998E-5},{"$f":"ROUND(Ресурсы!D26*Начисления!AV92,2)","v":30959.39},{"$f":"ROUND(IF(F2018=\"\",0,F2018)*IF(G2018=\"\",0,G2018),0)","v":3},"s","IsMater",null,null,{"$f":"ROUND(Ресурсы!C26*Начисления!AV92,2)","v":11978},{"$f":"ROUND(IF(F2018=\"\",0,F2018)*IF(M2018=\"\",0,M2018),0)","v":1}]
["87. 5.",{"$f":"ПОЛУЧШИФР(Ресурсы!A39,1)","v":"ССЦ 102-0108"},{"$f":"Ресурсы!B39","v":"Доски обрезные хвойных пород длиной 2-3,75 м, шириной 75-150 мм, толщиной 19-22 мм, II сорта"},"м3",0.02,{"$f":"ОКРУГЛВСЕ(IF(E2019=\"\",0,E2019)*IF(F2013=\"\",0,F2013),11)","v":5.8399999999999997E-3},{"$f":"ROUND(Ресурсы!D39*Начисления!AV92,2)","v":4894.26},{"$f":"ROUND(IF(F2019=\"\",0,F2019)*IF(G2019=\"\",0,G2019),0)","v":29},"s","IsMater",null,null,{"$f":"ROUND(Ресурсы!C39*Начисления!AV92,2)","v":1355},{"$f":"ROUND(IF(F2019=\"\",0,F2019)*IF(M2019=\"\",0,M2019),0)","v":8}]
[null,null,"Зарплата рабочих",null,null,null,null,13,null,null,null,null,null,1]
[null,null,"Эксплуатация машин",null,null,null,null,18,null,null,null,null,null,3]
[null,null,"в т.ч. зарплата машинистов",null,null,null,null,5]
[null,null,"Материалы",null,null,null,null,32,null,null,null,null,null,9]
[null,null,"в т.ч. Вспомогательные материалы от стоимости материалов"]
[null,null,"в т.ч. Вспомогательные ненормируемые материалы",null,null,null,null,null,"NenormMatOtZPR"]
[null,null,"в т.ч. Ненормированная з.п. рабочих"]
[null,null,"в т.ч. Ненормированная стоимость эксплуатации машин"]
[null,null,"в т.ч. Ненормированная оплата механизаторов"]
[null,null,"Накладные расходы",null,null,null,11.7,{"$f":"IF('Текущие цены с учетом расхода'!N92>0,'Текущие цены с учетом расхода'!N92,IF('Текущие цены с учетом расхода'!N92<0,'Текущие цены с учетом расхода'!N92,\"\"))","v":7},null,"Nakl",null,null,11.7,{"$f":"IF('Базовые цены с учетом расхода'!N92>0,'Базовые цены с учетом расхода'!N92,IF('Базовые цены с учетом расхода'!N92<0,'Базовые цены с учетом расхода'!N92,\"\"))","v":2}]
[null,null,"НР от ЗПР",null,null,null,null,{"$f":"IF('Текущие цены с учетом расхода'!P92>0,'Текущие цены с учетом расхода'!P92,IF('Текущие цены с учетом расхода'!P92<0,'Текущие цены с учетом расхода'!P92,\"\"))","v":""},null,"Nakl_ZPR",null,null,null,{"$f":"IF('Базовые цены с учетом расхода'!P92>0,'Базовые цены с учетом расхода'!P92,IF('Базовые цены с учетом расхода'!P92<0,'Базовые цены с учетом расхода'!P92,\"\"))","v":""}]
[null,null,"НР от ЗПМ",null,null,null,null,{"$f":"IF('Текущие цены с учетом расхода'!Q92>0,'Текущие цены с учетом расхода'!Q92,IF('Текущие цены с учетом расхода'!Q92<0,'Текущие цены с учетом расхода'!Q92,\"\"))","v":""},null,"Nakl_ZPM",null,null,null,{"$f":"IF('Базовые цены с учетом расхода'!Q92>0,'Базовые цены с учетом расхода'!Q92,IF('Базовые цены с учетом расхода'!Q92<0,'Базовые цены с учетом расхода'!Q92,\"\"))","v":""}]
[null,null,"Плановые накопления / Сметная прибыль",null,null,null,8,{"$f":"IF('Текущие цены с учетом расхода'!O92>0,'Текущие цены с учетом расхода'!O92,IF('Текущие цены с учетом расхода'!O92<0,'Текущие цены с учетом расхода'!O92,\"\"))","v":6},null,"Plan",null,null,8,{"$f":"IF('Базовые цены с учетом расхода'!O92>0,'Базовые цены с учетом расхода'!O92,IF('Базовые цены с учетом расхода'!O92<0,'Базовые цены с учетом расхода'!O92,\"\"))","v":1}]
[null,null,"СП от ЗПР",null,null,null,null,{"$f":"IF('Текущие цены с учетом расхода'!R92>0,'Текущие цены с учетом расхода'!R92,IF('Текущие цены с учетом расхода'!R92<0,'Текущие цены с учетом расхода'!R92,\"\"))","v":""},null,"Plan_ZPR",null,null,null,{"$f":"IF('Базовые цены с учетом расхода'!R92>0,'Базовые цены с учетом расхода'!R92,IF('Базовые цены с учетом расхода'!R92<0,'Базовые цены с учетом расхода'!R92,\"\"))","v":""}]
[null,null,"СП от ЗПМ",null,null,null,null,{"$f":"IF('Текущие цены с учетом расхода'!S92>0,'Текущие цены с учетом расхода'!S92,IF('Текущие цены с учетом расхода'!S92<0,'Текущие цены с учетом расхода'!S92,\"\"))","v":""},null,"Plan_ZPM",null,null,null,{"$f":"IF('Базовые цены с учетом расхода'!S92>0,'Базовые цены с учетом расхода'!S92,IF('Базовые цены с учетом расхода'!S92<0,'Базовые цены с учетом расхода'!S92,\"\"))","v":""}]
["88.","ГЭСНс 01-04-020-02","Замена бортовых камней","100 м",null,0.01,{"$f":"ROUND(СУММПРОИЗВЕСЛИ(1,I2035:I2043,\"s\",E2035:E2043,G2035:G2043,0),2)+SUMIF(I2035:I2058,\"=NenormMatOtZPR\",G2035:G2058)","v":14594.46},{"$f":"ROUND(СУММПРОИЗВЕСЛИ(F2035,I2035:I2043,\"s\",E2035:E2043,G2035:G2043,0),0)+SUMIF(I2035:I2058,\"=NenormMatOtZPR\",H2035:H2058)","v":146},"sum",null,null,null,{"$f":"ROUND(СУММПРОИЗВЕСЛИ(1,I2035:I2043,\"s\",E2035:E2043,M2035:M2043,0),2)+SUMIF(I2035:I2058,\"=NenormMatOtZPR\",M2035:M2058)","v":1376.13},{"$f":"ROUND(СУММПРОИЗВЕСЛИ(F2035,I2035:I2043,\"s\",E2035:E2043,M2035:M2043,0),0)+SUMIF(I2035:I2058,\"=NenormMatOtZPR\",N2035:N2058)","v":14}]
["88. 1.","2","Затраты труда машинистов","чел.-ч",{"$f":"ОКРУГЛВСЕ(СУММПРОИЗВЕСЛИ(1,K2035:K2043,\"mWithZTM\",D2035:D2043,E2035:E2043,-1)+СУММКОЭФПРОЦЕНТЕСЛИ(1,1,K2035:K2043,\"mWithZTM_Proch\",E2035:E2043,-1),11)","v":10.15},{"$f":"ОКРУГЛВСЕ(СУММПРОИЗВЕСЛИ(1,K2035:K2043,\"mWithZTM\",D2035:D2043,F2035:F2043,-1)+СУММКОЭФПРОЦЕНТЕСЛИ(1,1,K2035:K2043,\"mWithZTM_Proch\",F2035:F2043,-1),11)","v":0.10150000000000001},{"$f":"IF(F2036=0,0,ROUND(H2036/F2036,3))","v":147.78299999999999},{"$f":"ROUND(СУММЕСЛИДА1НЕ1(L2035:L2043,\"mWithZPM\",D2035:D2043,0,H2035:H2043),0)","v":15},null,"Ж",null,null,{"$f":"IF(F2036=0,0,ROUND(N2036/F2036,3))","v":9.8520000000000003},{"$f":"ROUND(СУММЕСЛИДА1НЕ1(L2035:L2043,\"mWithZPM\",D2035:D2043,0,N2035:N2043),0)","v":1}]
["88. 2.",{"$f":"ПОЛУЧШИФР(Ресурсы!A4,1)","v":"0-4002"},{"$f":"Ресурсы!B4","v":"Дорожный рабочий 2 разряда"},"чел.-ч",30.45,{"$f":"ОКРУГЛВСЕ(IF(E2037=\"\",0,E2037)*IF(F2035=\"\",0,F2035),11)","v":0.30449999999999999},{"$f":"Ресурсы!D4","v":100.57},{"$f":"ROUND(IF(F2037=\"\",0,F2037)*IF(G2037=\"\",0,G2037),0)","v":31},"s","Г",null,null,{"$f":"Ресурсы!C4","v":7.8},{"$f":"ROUND(IF(F2037=\"\",0,F2037)*IF(M2037=\"\",0,M2037),0)","v":2}]
["88. 3.",{"$f":"ПОЛУЧШИФР(Ресурсы!A5,1)","v":"0-4003"},{"$f":"Ресурсы!B5","v":"Дорожный рабочий 3 разряда"},"чел.-ч",30.45,{"$f":"ОКРУГЛВСЕ(IF(E2038=\"\",0,E2038)*IF(F2035=\"\",0,F2035),11)","v":0.30449999999999999},{"$f":"Ресурсы!D5","v":109.94},{"$f":"ROUND(IF(F2038=\"\",0,F2038)*IF(G2038=\"\",0,G2038),0)","v":33},"s","Г",null,null,{"$f":"Ресурсы!C5","v":8.5299999999999994},{"$f":"ROUND(IF(F2038=\"\",0,F2038)*IF(M2038=\"\",0,M2038),0)","v":3}]
["88. 4.",{"$f":"ПОЛУЧШИФР(Ресурсы!A96,1)","v":"СЦЭСМ 121550"},{"$f":"Ресурсы!B96","v":"Машины дорожной службы (машина дорожного мастера)"},"маш.-ч",10.15,{"$f":"ОКРУГЛВСЕ(IF(E2039=\"\",0,E2039)*IF(F2035=\"\",0,F2035),11)","v":0.10150000000000001},{"$f":"Ресурсы!D96","v":552.54999999999995},{"$f":"ROUND(IF(F2039=\"\",0,F2039)*IF(G2039=\"\",0,G2039),0)","v":56},"s","IsMash",null,null,{"$f":"Ресурсы!C96","v":86.5},{"$f":"ROUND(IF(F2039=\"\",0,F2039)*IF(M2039=\"\",0,M2039),0)","v":9}]
[null,null,null,{"$f":"Ресурсы!G96","v":1},null,null,{"$f":"Ресурсы!F96","v":149.81},{"$f":"ROUND(IF(F2039=\"\",0,F2039)*IF(G2040=\"\",0,G2040),0)","v":15},null,null,"mWithZTM","mWithZPM",{"$f":"Ресурсы!E96","v":11.6},{"$f":"ROUND(IF(F2039=\"\",0,F2039)*IF(M2040=\"\",0,M2040),0)","v":1}]
["88. 5.",{"$f":"ПОЛУЧШИФР(Ресурсы!A17,0)","v":"с101-1305"},{"$f":"Ресурсы!B17","v":"Портландцемент общестроительного назначения бездобавочный, марки: 400"},"т",0.63900000000000001,{"$f":"ОКРУГЛВСЕ(IF(E2041=\"\",0,E2041)*IF(F2035=\"\",0,F2035),11)","v":6.3899999999999998E-3},{"$f":"ROUND(Ресурсы!D17*Начисления!AV93,2)","v":3708.31},{"$f":"ROUND(IF(F2041=\"\",0,F2041)*IF(G2041=\"\",0,G2041),0)","v":24},"s","IsMater",null,null,{"$f":"ROUND(Ресурсы!C17*Начисления!AV93,2)","v":0},{"$f":"ROUND(IF(F2041=\"\",0,F2041)*IF(M2041=\"\",0,M2041),0)","v":0}]
["88. 6.",{"$f":"ПОЛУЧШИФР(Ресурсы!A57,0)","v":"с408-0124"},{"$f":"Ресурсы!B57","v":"Песок природный для стрительных работ мелкий"},"м3",1.43,{"$f":"ОКРУГЛВСЕ(IF(E2042=\"\",0,E2042)*IF(F2035=\"\",0,F2035),11)","v":1.43E-2},{"$f":"ROUND(Ресурсы!D57*Начисления!AV93,2)","v":141.55000000000001},{"$f":"ROUND(IF(F2042=\"\",0,F2042)*IF(G2042=\"\",0,G2042),0)","v":2},"s","IsMater",null,null,{"$f":"ROUND(Ресурсы!C57*Начисления!AV93,2)","v":0},{"$f":"ROUND(IF(F2042=\"\",0,F2042)*IF(M2042=\"\",0,M2042),0)","v":0}]
["88. 7.",{"$f":"ПОЛУЧШИФР(Ресурсы!A64,1)","v":"ССЦ 411-0001"},{"$f":"Ресурсы!B64","v":"Вода"},"м3",0.371,{"$f":"ОКРУГЛВСЕ(IF(E2043=\"\",0,E2043)*IF(F2035=\"\",0,F2035),11)","v":3.7100000000000002E-3},{"$f":"ROUND(Ресурсы!D64*Начисления!AV93,2)","v":10.85},{"$f":"ROUND(IF(F2043=\"\",0,F2043)*IF(G2043=\"\",0,G2043),0)","v":0},"s","IsMater",null,null,{"$f":"ROUND(Ресурсы!C64*Начисления!AV93,2)","v":2.44},{"$f":"ROUND(IF(F2043=\"\",0,F2043)*IF(M2043=\"\",0,M2043),0)","v":0}]
[null,null,"Зарплата рабочих",null,null,null,null,64,null,null,null,null,null,5]
[null,null,"Эксплуатация машин",null,null,null,null,56,null,null,null,null,null,9]
[null,null,"в т.ч. зарплата машинистов",null,null,null,null,15,null,null,null,null,null,1]
[null,null,"Материалы",null,null,null,null,26]
[null,null,"в т.ч. Вспомогательные материалы от стоимости материалов"]
[null,null,"в т.ч. Вспомогательные ненормируемые материалы",null,null,null,null,null,"NenormMatOtZPR"]
[null,null,"в т.ч. Ненормированная з.п. рабочих"]
[null,null,"в т.ч. Ненормированная стоимость эксплуатации машин"]
[null,null,"в т.ч. Ненормированная оплата механизаторов"]
[null,null,"Накладные расходы",null,null,null,11.7,{"$f":"IF('Текущие цены с учетом расхода'!N93>0,'Текущие цены с учетом расхода'!N93,IF('Текущие цены с учетом расхода'!N93<0,'Текущие цены с учетом расхода'!N93,\"\"))","v":17},null,"Nakl",null,null,11.7,{"$f":"IF('Базовые цены с учетом расхода'!N93>0,'Базовые цены с учетом расхода'!N93,IF('Базовые цены с учетом расхода'!N93<0,'Базовые цены с учетом расхода'!N93,\"\"))","v":2}]
[null,null,"НР от ЗПР",null,null,null,null,{"$f":"IF('Текущие цены с учетом расхода'!P93>0,'Текущие цены с учетом расхода'!P93,IF('Текущие цены с учетом расхода'!P93<0,'Текущие цены с учетом расхода'!P93,\"\"))","v":""},null,"Nakl_ZPR",null,null,null,{"$f":"IF('Базовые цены с учетом расхода'!P93>0,'Базовые цены с учетом расхода'!P93,IF('Базовые цены с учетом расхода'!P93<0,'Базовые цены с учетом расхода'!P93,\"\"))","v":""}]
[null,null,"НР от ЗПМ",null,null,null,null,{"$f":"IF('Текущие цены с учетом расхода'!Q93>0,'Текущие цены с учетом расхода'!Q93,IF('Текущие цены с учетом расхода'!Q93<0,'Текущие цены с учетом расхода'!Q93,\"\"))","v":""},null,"Nakl_ZPM",null,null,null,{"$f":"IF('Базовые цены с учетом расхода'!Q93>0,'Базовые цены с учетом расхода'!Q93,IF('Базовые цены с учетом расхода'!Q93<0,'Базовые цены с учетом расхода'!Q93,\"\"))","v":""}]
[null,null,"Плановые накопления / Сметная прибыль",null,null,null,8,{"$f":"IF('Текущие цены с учетом расхода'!O93>0,'Текущие цены с учетом расхода'!O93,IF('Текущие цены с учетом расхода'!O93<0,'Текущие цены с учетом расхода'!O93,\"\"))","v":13},null,"Plan",null,null,8,{"$f":"IF('Базовые цены с учетом расхода'!O93>0,'Базовые цены с учетом расхода'!O93,IF('Базовые цены с учетом расхода'!O93<0,'Базовые цены с учетом расхода'!O93,\"\"))","v":1}]
[null,null,"СП от ЗПР",null,null,null,null,{"$f":"IF('Текущие цены с учетом расхода'!R93>0,'Текущие цены с учетом расхода'!R93,IF('Текущие цены с учетом расхода'!R93<0,'Текущие цены с учетом расхода'!R93,\"\"))","v":""},null,"Plan_ZPR",null,null,null,{"$f":"IF('Базовые цены с учетом расхода'!R93>0,'Базовые цены с учетом расхода'!R93,IF('Базовые цены с учетом расхода'!R93<0,'Базовые цены с учетом расхода'!R93,\"\"))","v":""}]
[null,null,"СП от ЗПМ",null,null,null,null,{"$f":"IF('Текущие цены с учетом расхода'!S93>0,'Текущие цены с учетом расхода'!S93,IF('Текущие цены с учетом расхода'!S93<0,'Текущие цены с учетом расхода'!S93,\"\"))","v":""},null,"Plan_ZPM",null,null,null,{"$f":"IF('Базовые цены с учетом расхода'!S93>0,'Базовые цены с учетом расхода'!S93,IF('Базовые цены с учетом расхода'!S93<0,'Базовые цены с учетом расхода'!S93,\"\"))","v":""}]
["89.","С403-8023","Камни бортовые: БР 100.20.8 / бетон В22,5 (М300), объем 0,016 м3/ (ГОСТ 6665-91)","шт.",null,{"$f":"ROUND(F2035*100*0.5,9)","v":0.5},{"$f":"ROUND(СУММПРОИЗВЕСЛИ(1,I2059:I2062,\"s\",E2059:E2062,G2059:G2062,0),2)+SUMIF(I2059:I2077,\"=NenormMatOtZPR\",G2059:G2077)","v":184.97},{"$f":"ROUND(СУММПРОИЗВЕСЛИ(F2059,I2059:I2062,\"s\",E2059:E2062,G2059:G2062,0),0)+SUMIF(I2059:I2077,\"=NenormMatOtZPR\",H2059:H2077)","v":92},"sum",null,null,null,{"$f":"ROUND(СУММПРОИЗВЕСЛИ(1,I2059:I2062,\"s\",E2059:E2062,M2059:M2062,0),2)+SUMIF(I2059:I2077,\"=NenormMatOtZPR\",M2059:M2077)","v":0},{"$f":"ROUND(СУММПРОИЗВЕСЛИ(F2059,I2059:I2062,\"s\",E2059:E2062,M2059:M2062,0),0)+SUMIF(I2059:I2077,\"=NenormMatOtZPR\",N2059:N2077)","v":0}]
[null,null,{"$f":"CONCATENATE(\"Объем: \",F2035,\"*100.0*0.5\")","v":"Объем: 0,01*100.0*0.5"}]
["89. 0.","З1000-0001","Затраты труда машинистов","чел.ч",0,0,{"$f":"IF(F2061=0,0,ROUND(H2061/F2061,3))","v":0},null,null,"Ж",null,null,{"$f":"IF(F2061=0,0,ROUND(N2061/F2061,3))","v":0}]
["89. 1.",{"$f":"ПОЛУЧШИФР(Ресурсы!A46,1)","v":"С403-8023"},{"$f":"Ресурсы!B46","v":"Камни бортовые: БР 100.20.8 / бетон В22,5 (М300), объем 0,016 м3/ (ГОСТ 6665-91)"},"шт.",1,{"$f":"ОКРУГЛВСЕ(IF(E2062=\"\",0,E2062)*IF(F2059=\"\",0,F2059),11)","v":0.5},{"$f":"ROUND(Ресурсы!D46*Начисления!AV94,2)","v":184.97},{"$f":"ROUND(IF(F2062=\"\",0,F2062)*IF(G2062=\"\",0,G2062),0)","v":92},"s","IsMater",null,null,{"$f":"ROUND(Ресурсы!C46*Начисления!AV94,2)","v":0},{"$f":"ROUND(IF(F2062=\"\",0,F2062)*IF(M2062=\"\",0,M2062),0)","v":0}]
[null,null,"Зарплата рабочих"]
[null,null,"Эксплуатация машин"]
[null,null,"в т.ч. зарплата машинистов"]
[null,null,"Материалы",null,null,null,null,92]
[null,null,"в т.ч. Вспомогательные материалы от стоимости материалов"]
[null,null,"в т.ч. Вспомогательные ненормируемые материалы",null,null,null,null,null,"NenormMatOtZPR"]
[null,null,"в т.ч. Ненормированная з.п. рабочих"]
[null,null,"в т.ч. Ненормированная стоимость эксплуатации машин"]
[null,null,"в т.ч. Ненормированная оплата механизаторов"]
[null,null,"Накладные расходы",null,null,null,11.7,{"$f":"IF('Текущие цены с учетом расхода'!N94>0,'Текущие цены с учетом расхода'!N94,IF('Текущие цены с учетом расхода'!N94<0,'Текущие цены с учетом расхода'!N94,\"\"))","v":11},null,"Nakl",null,null,null,{"$f":"IF('Базовые цены с учетом расхода'!N94>0,'Базовые цены с учетом расхода'!N94,IF('Базовые цены с учетом расхода'!N94<0,'Базовые цены с учетом расхода'!N94,\"\"))","v":""}]
[null,null,"НР от ЗПР",null,null,null,null,{"$f":"IF('Текущие цены с учетом расхода'!P94>0,'Текущие цены с учетом расхода'!P94,IF('Текущие цены с учетом расхода'!P94<0,'Текущие цены с учетом расхода'!P94,\"\"))","v":""},null,"Nakl_ZPR",null,null,null,{"$f":"IF('Базовые цены с учетом расхода'!P94>0,'Базовые цены с учетом расхода'!P94,IF('Базовые цены с учетом расхода'!P94<0,'Базовые цены с учетом расхода'!P94,\"\"))","v":""}]
[null,null,"НР от ЗПМ",null,null,null,null,{"$f":"IF('Текущие цены с учетом расхода'!Q94>0,'Текущие цены с учетом расхода'!Q94,IF('Текущие цены с учетом расхода'!Q94<0,'Текущие цены с учетом расхода'!Q94,\"\"))","v":""},null,"Nakl_ZPM",null,null,null,{"$f":"IF('Базовые цены с учетом расхода'!Q94>0,'Базовые цены с учетом расхода'!Q94,IF('Базовые цены с учетом расхода'!Q94<0,'Базовые цены с учетом расхода'!Q94,\"\"))","v":""}]
[null,null,"Плановые накопления / Сметная прибыль",null,null,null,8,{"$f":"IF('Текущие цены с учетом расхода'!O94>0,'Текущие цены с учетом расхода'!O94,IF('Текущие цены с учетом расхода'!O94<0,'Текущие цены с учетом расхода'!O94,\"\"))","v":8},null,"Plan",null,null,null,{"$f":"IF('Базовые цены с учетом расхода'!O94>0,'Базовые цены с учетом расхода'!O94,IF('Базовые цены с учетом расхода'!O94<0,'Базовые цены с учетом расхода'!O94,\"\"))","v":""}]
[null,null,"СП от ЗПР",null,null,null,null,{"$f":"IF('Текущие цены с учетом расхода'!R94>0,'Текущие цены с учетом расхода'!R94,IF('Текущие цены с учетом расхода'!R94<0,'Текущие цены с учетом расхода'!R94,\"\"))","v":""},null,"Plan_ZPR",null,null,null,{"$f":"IF('Базовые цены с учетом расхода'!R94>0,'Базовые цены с учетом расхода'!R94,IF('Базовые цены с учетом расхода'!R94<0,'Базовые цены с учетом расхода'!R94,\"\"))","v":""}]
[null,null,"СП от ЗПМ",null,null,null,null,{"$f":"IF('Текущие цены с учетом расхода'!S94>0,'Текущие цены с учетом расхода'!S94,IF('Текущие цены с учетом расхода'!S94<0,'Текущие цены с учетом расхода'!S94,\"\"))","v":""},null,"Plan_ZPM",null,null,null,{"$f":"IF('Базовые цены с учетом расхода'!S94>0,'Базовые цены с учетом расхода'!S94,IF('Базовые цены с учетом расхода'!S94<0,'Базовые цены с учетом расхода'!S94,\"\"))","v":""}]
["90.","С403-8021","Камни бортовые: БР 100.30.15 / бетон В30 (М400), объем 0,043 м3/ (ГОСТ 6665-91)","шт.",null,0.5,{"$f":"ROUND(СУММПРОИЗВЕСЛИ(1,I2078:I2080,\"s\",E2078:E2080,G2078:G2080,0),2)+SUMIF(I2078:I2095,\"=NenormMatOtZPR\",G2078:G2095)","v":439.98},{"$f":"ROUND(СУММПРОИЗВЕСЛИ(F2078,I2078:I2080,\"s\",E2078:E2080,G2078:G2080,0),0)+SUMIF(I2078:I2095,\"=NenormMatOtZPR\",H2078:H2095)","v":220},"sum",null,null,null,{"$f":"ROUND(СУММПРОИЗВЕСЛИ(1,I2078:I2080,\"s\",E2078:E2080,M2078:M2080,0),2)+SUMIF(I2078:I2095,\"=NenormMatOtZPR\",M2078:M2095)","v":0},{"$f":"ROUND(СУММПРОИЗВЕСЛИ(F2078,I2078:I2080,\"s\",E2078:E2080,M2078:M2080,0),0)+SUMIF(I2078:I2095,\"=NenormMatOtZPR\",N2078:N2095)","v":0}]
["90. 0.","З1000-0001","Затраты труда машинистов","чел.ч",0,0,{"$f":"IF(F2079=0,0,ROUND(H2079/F2079,3))","v":0},null,null,"Ж",null,null,{"$f":"IF(F2079=0,0,ROUND(N2079/F2079,3))","v":0}]
["90. 1.",{"$f":"ПОЛУЧШИФР(Ресурсы!A45,1)","v":"С403-8021"},{"$f":"Ресурсы!B45","v":"Камни бортовые: БР 100.30.15 / бетон В30 (М400), объем 0,043 м3/ (ГОСТ 6665-91)"},"шт.",1,{"$f":"ОКРУГЛВСЕ(IF(E2080=\"\",0,E2080)*IF(F2078=\"\",0,F2078),11)","v":0.5},{"$f":"ROUND(Ресурсы!D45*Начисления!AV95,2)","v":439.98},{"$f":"ROUND(IF(F2080=\"\",0,F2080)*IF(G2080=\"\",0,G2080),0)","v":220},"s","IsMater",null,null,{"$f":"ROUND(Ресурсы!C45*Начисления!AV95,2)","v":0},{"$f":"ROUND(IF(F2080=\"\",0,F2080)*IF(M2080=\"\",0,M2080),0)","v":0}]
[null,null,"Зарплата рабочих"]
[null,null,"Эксплуатация машин"]
[null,null,"в т.ч. зарплата машинистов"]
[null,null,"Материалы",null,null,null,null,220]
[null,null,"в т.ч. Вспомогательные материалы от стоимости материалов"]
[null,null,"в т.ч. Вспомогательные ненормируемые материалы",null,null,null,null,null,"NenormMatOtZPR"]
[null,null,"в т.ч. Ненормированная з.п. рабочих"]
[null,null,"в т.ч. Ненормированная стоимость эксплуатации машин"]
[null,null,"в т.ч. Ненормированная оплата механизаторов"]
[null,null,"Накладные расходы",null,null,null,11.7,{"$f":"IF('Текущие цены с учетом расхода'!N95>0,'Текущие цены с учетом расхода'!N95,IF('Текущие цены с учетом расхода'!N95<0,'Текущие цены с учетом расхода'!N95,\"\"))","v":26},null,"Nakl",null,null,null,{"$f":"IF('Базовые цены с учетом расхода'!N95>0,'Базовые цены с учетом расхода'!N95,IF('Базовые цены с учетом расхода'!N95<0,'Базовые цены с учетом расхода'!N95,\"\"))","v":""}]
[null,null,"НР от ЗПР",null,null,null,null,{"$f":"IF('Текущие цены с учетом расхода'!P95>0,'Текущие цены с учетом расхода'!P95,IF('Текущие цены с учетом расхода'!P95<0,'Текущие цены с учетом расхода'!P95,\"\"))","v":""},null,"Nakl_ZPR",null,null,null,{"$f":"IF('Базовые цены с учетом расхода'!P95>0,'Базовые цены с учетом расхода'!P95,IF('Базовые цены с учетом расхода'!P95<0,'Базовые цены с учетом расхода'!P95,\"\"))","v":""}]
[null,null,"НР от ЗПМ",null,null,null,null,{"$f":"IF('Текущие цены с учетом расхода'!Q95>0,'Текущие цены с учетом расхода'!Q95,IF('Текущие цены с учетом расхода'!Q95<0,'Текущие цены с учетом расхода'!Q95,\"\"))","v":""},null,"Nakl_ZPM",null,null,null,{"$f":"IF('Базовые цены с учетом расхода'!Q95>0,'Базовые цены с учетом расхода'!Q95,IF('Базовые цены с учетом расхода'!Q95<0,'Базовые цены с учетом расхода'!Q95,\"\"))","v":""}]
[null,null,"Плановые накопления / Сметная прибыль",null,null,null,8,{"$f":"IF('Текущие цены с учетом расхода'!O95>0,'Текущие цены с учетом расхода'!O95,IF('Текущие цены с учетом расхода'!O95<0,'Текущие цены с учетом расхода'!O95,\"\"))","v":20},null,"Plan",null,null,null,{"$f":"IF('Базовые цены с учетом расхода'!O95>0,'Базовые цены с учетом расхода'!O95,IF('Базовые цены с учетом расхода'!O95<0,'Базовые цены с учетом расхода'!O95,\"\"))","v":""}]
[null,null,"СП от ЗПР",null,null,null,null,{"$f":"IF('Текущие цены с учетом расхода'!R95>0,'Текущие цены с учетом расхода'!R95,IF('Текущие цены с учетом расхода'!R95<0,'Текущие цены с учетом расхода'!R95,\"\"))","v":""},null,"Plan_ZPR",null,null,null,{"$f":"IF('Базовые цены с учетом расхода'!R95>0,'Базовые цены с учетом расхода'!R95,IF('Базовые цены с учетом расхода'!R95<0,'Базовые цены с учетом расхода'!R95,\"\"))","v":""}]
[null,null,"СП от ЗПМ",null,null,null,null,{"$f":"IF('Текущие цены с учетом расхода'!S95>0,'Текущие цены с учетом расхода'!S95,IF('Текущие цены с учетом расхода'!S95<0,'Текущие цены с учетом расхода'!S95,\"\"))","v":""},null,"Plan_ZPM",null,null,null,{"$f":"IF('Базовые цены с учетом расхода'!S95>0,'Базовые цены с учетом расхода'!S95,IF('Базовые цены с учетом расхода'!S95<0,'Базовые цены с учетом расхода'!S95,\"\"))","v":""}]
["91.","ГЭСНс 01-04-019-03","Замена отдельных листов при ремонте металлических автопавильонов или кровли из листовой стали","100 м2",null,0.01,{"$f":"ROUND(СУММПРОИЗВЕСЛИ(1,I2096:I2104,\"s\",E2096:E2104,G2096:G2104,0),2)+SUMIF(I2096:I2119,\"=NenormMatOtZPR\",G2096:G2119)","v":85183.12},{"$f":"ROUND(СУММПРОИЗВЕСЛИ(F2096,I2096:I2104,\"s\",E2096:E2104,G2096:G2104,0),0)+SUMIF(I2096:I2119,\"=NenormMatOtZPR\",H2096:H2119)","v":852},"sum",null,null,null,{"$f":"ROUND(СУММПРОИЗВЕСЛИ(1,I2096:I2104,\"s\",E2096:E2104,M2096:M2104,0),2)+SUMIF(I2096:I2119,\"=NenormMatOtZPR\",M2096:M2119)","v":5211.1099999999997},{"$f":"ROUND(СУММПРОИЗВЕСЛИ(F2096,I2096:I2104,\"s\",E2096:E2104,M2096:M2104,0),0)+SUMIF(I2096:I2119,\"=NenormMatOtZPR\",N2096:N2119)","v":52}]
["91. 1.","2","Затраты труда машинистов","чел.-ч",{"$f":"ОКРУГЛВСЕ(СУММПРОИЗВЕСЛИ(1,K2096:K2104,\"mWithZTM\",D2096:D2104,E2096:E2104,-1)+СУММКОЭФПРОЦЕНТЕСЛИ(1,1,K2096:K2104,\"mWithZTM_Proch\",E2096:E2104,-1),11)","v":35.25},{"$f":"ОКРУГЛВСЕ(СУММПРОИЗВЕСЛИ(1,K2096:K2104,\"mWithZTM\",D2096:D2104,F2096:F2104,-1)+СУММКОЭФПРОЦЕНТЕСЛИ(1,1,K2096:K2104,\"mWithZTM_Proch\",F2096:F2104,-1),11)","v":0.35249999999999998},{"$f":"IF(F2097=0,0,ROUND(H2097/F2097,3))","v":150.35499999999999},{"$f":"ROUND(СУММЕСЛИДА1НЕ1(L2096:L2104,\"mWithZPM\",D2096:D2104,0,H2096:H2104),0)","v":53},null,"Ж",null,null,{"$f":"IF(F2097=0,0,ROUND(N2097/F2097,3))","v":11.348000000000001},{"$f":"ROUND(СУММЕСЛИДА1НЕ1(L2096:L2104,\"mWithZPM\",D2096:D2104,0,N2096:N2104),0)","v":4}]
["91. 2.",{"$f":"ПОЛУЧШИФР(Ресурсы!A4,1)","v":"0-4002"},{"$f":"Ресурсы!B4","v":"Дорожный рабочий 2 разряда"},"чел.-ч",70.5,{"$f":"ОКРУГЛВСЕ(IF(E2098=\"\",0,E2098)*IF(F2096=\"\",0,F2096),11)","v":0.70499999999999996},{"$f":"Ресурсы!D4","v":100.57},{"$f":"ROUND(IF(F2098=\"\",0,F2098)*IF(G2098=\"\",0,G2098),0)","v":71},"s","Г",null,null,{"$f":"Ресурсы!C4","v":7.8},{"$f":"ROUND(IF(F2098=\"\",0,F2098)*IF(M2098=\"\",0,M2098),0)","v":5}]
["91. 3.",{"$f":"ПОЛУЧШИФР(Ресурсы!A5,1)","v":"0-4003"},{"$f":"Ресурсы!B5","v":"Дорожный рабочий 3 разряда"},"чел.-ч",70.5,{"$f":"ОКРУГЛВСЕ(IF(E2099=\"\",0,E2099)*IF(F2096=\"\",0,F2096),11)","v":0.70499999999999996},{"$f":"Ресурсы!D5","v":109.94},{"$f":"ROUND(IF(F2099=\"\",0,F2099)*IF(G2099=\"\",0,G2099),0)","v":78},"s","Г",null,null,{"$f":"Ресурсы!C5","v":8.5299999999999994},{"$f":"ROUND(IF(F2099=\"\",0,F2099)*IF(M2099=\"\",0,M2099),0)","v":6}]
["91. 4.",{"$f":"ПОЛУЧШИФР(Ресурсы!A74,1)","v":"СЦЭСМ 040202"},{"$f":"Ресурсы!B74","v":"Агрегаты сварочные передвижные с номинальным сварочным током 250-400 А с дизельным двигателем"},"маш.-ч",70.5,{"$f":"ОКРУГЛВСЕ(IF(E2100=\"\",0,E2100)*IF(F2096=\"\",0,F2096),11)","v":0.70499999999999996},{"$f":"Ресурсы!D74","v":80.34},{"$f":"ROUND(IF(F2100=\"\",0,F2100)*IF(G2100=\"\",0,G2100),0)","v":57},"s","IsMash",null,null,{"$f":"Ресурсы!C74","v":14},{"$f":"ROUND(IF(F2100=\"\",0,F2100)*IF(M2100=\"\",0,M2100),0)","v":10}]
["91. 5.",{"$f":"ПОЛУЧШИФР(Ресурсы!A96,1)","v":"СЦЭСМ 121550"},{"$f":"Ресурсы!B96","v":"Машины дорожной службы (машина дорожного мастера)"},"маш.-ч",35.25,{"$f":"ОКРУГЛВСЕ(IF(E2101=\"\",0,E2101)*IF(F2096=\"\",0,F2096),11)","v":0.35249999999999998},{"$f":"Ресурсы!D96","v":552.54999999999995},{"$f":"ROUND(IF(F2101=\"\",0,F2101)*IF(G2101=\"\",0,G2101),0)","v":195},"s","IsMash",null,null,{"$f":"Ресурсы!C96","v":86.5},{"$f":"ROUND(IF(F2101=\"\",0,F2101)*IF(M2101=\"\",0,M2101),0)","v":30}]
[null,null,null,{"$f":"Ресурсы!G96","v":1},null,null,{"$f":"Ресурсы!F96","v":149.81},{"$f":"ROUND(IF(F2101=\"\",0,F2101)*IF(G2102=\"\",0,G2102),0)","v":53},null,null,"mWithZTM","mWithZPM",{"$f":"Ресурсы!E96","v":11.6},{"$f":"ROUND(IF(F2101=\"\",0,F2101)*IF(M2102=\"\",0,M2102),0)","v":4}]
["91. 6.",{"$f":"ПОЛУЧШИФР(Ресурсы!A18,1)","v":"ССЦ 101-1513"},{"$f":"Ресурсы!B18","v":"Электроды диаметром 4 мм Э42"},"т",2.3E-3,{"$f":"ОКРУГЛВСЕ(IF(E2103=\"\",0,E2103)*IF(F2096=\"\",0,F2096),11)","v":2.3E-5},{"$f":"ROUND(Ресурсы!D18*Начисления!AV96,2)","v":52025.919999999998},{"$f":"ROUND(IF(F2103=\"\",0,F2103)*IF(G2103=\"\",0,G2103),0)","v":1},"s","IsMater",null,null,{"$f":"ROUND(Ресурсы!C18*Начисления!AV96,2)","v":10315},{"$f":"ROUND(IF(F2103=\"\",0,F2103)*IF(M2103=\"\",0,M2103),0)","v":0}]
["91. 7.",{"$f":"ПОЛУЧШИФР(Ресурсы!A22,0)","v":"с101-1627"},{"$f":"Ресурсы!B22","v":"Сталь листовая углеродистая обыкновенного качества марки ВСт3пс5 толщиной: 4-6 мм"},"т",1.601,{"$f":"ОКРУГЛВСЕ(IF(E2104=\"\",0,E2104)*IF(F2096=\"\",0,F2096),11)","v":1.601E-2},{"$f":"ROUND(Ресурсы!D22*Начисления!AV96,2)","v":28158.12},{"$f":"ROUND(IF(F2104=\"\",0,F2104)*IF(G2104=\"\",0,G2104),0)","v":451},"s","IsMater",null,null,{"$f":"ROUND(Ресурсы!C22*Начисления!AV96,2)","v":0},{"$f":"ROUND(IF(F2104=\"\",0,F2104)*IF(M2104=\"\",0,M2104),0)","v":0}]
[null,null,"Зарплата рабочих",null,null,null,null,148,null,null,null,null,null,12]
[null,null,"Эксплуатация машин",null,null,null,null,251,null,null,null,null,null,40]
[null,null,"в т.ч. зарплата машинистов",null,null,null,null,53,null,null,null,null,null,4]
[null,null,"Материалы",null,null,null,null,452]
[null,null,"в т.ч. Вспомогательные материалы от стоимости материалов"]
[null,null,"в т.ч. Вспомогательные ненормируемые материалы",null,null,null,null,null,"NenormMatOtZPR"]
[null,null,"в т.ч. Ненормированная з.п. рабочих"]
[null,null,"в т.ч. Ненормированная стоимость эксплуатации машин"]
[null,null,"в т.ч. Ненормированная оплата механизаторов"]
[null,null,"Накладные расходы",null,null,null,11.7,{"$f":"IF('Текущие цены с учетом расхода'!N96>0,'Текущие цены с учетом расхода'!N96,IF('Текущие цены с учетом расхода'!N96<0,'Текущие цены с учетом расхода'!N96,\"\"))","v":100},null,"Nakl",null,null,11.7,{"$f":"IF('Базовые цены с учетом расхода'!N96>0,'Базовые цены с учетом расхода'!N96,IF('Базовые цены с учетом расхода'!N96<0,'Базовые цены с учетом расхода'!N96,\"\"))","v":6}]
[null,null,"НР от ЗПР",null,null,null,null,{"$f":"IF('Текущие цены с учетом расхода'!P96>0,'Текущие цены с учетом расхода'!P96,IF('Текущие цены с учетом расхода'!P96<0,'Текущие цены с учетом расхода'!P96,\"\"))","v":""},null,"Nakl_ZPR",null,null,null,{"$f":"IF('Базовые цены с учетом расхода'!P96>0,'Базовые цены с учетом расхода'!P96,IF('Базовые цены с учетом расхода'!P96<0,'Базовые цены с учетом расхода'!P96,\"\"))","v":""}]
[null,null,"НР от ЗПМ",null,null,null,null,{"$f":"IF('Текущие цены с учетом расхода'!Q96>0,'Текущие цены с учетом расхода'!Q96,IF('Текущие цены с учетом расхода'!Q96<0,'Текущие цены с учетом расхода'!Q96,\"\"))","v":""},null,"Nakl_ZPM",null,null,null,{"$f":"IF('Базовые цены с учетом расхода'!Q96>0,'Базовые цены с учетом расхода'!Q96,IF('Базовые цены с учетом расхода'!Q96<0,'Базовые цены с учетом расхода'!Q96,\"\"))","v":""}]
[null,null,"Плановые накопления / Сметная прибыль",null,null,null,8,{"$f":"IF('Текущие цены с учетом расхода'!O96>0,'Текущие цены с учетом расхода'!O96,IF('Текущие цены с учетом расхода'!O96<0,'Текущие цены с учетом расхода'!O96,\"\"))","v":76},null,"Plan",null,null,8,{"$f":"IF('Базовые цены с учетом расхода'!O96>0,'Базовые цены с учетом расхода'!O96,IF('Базовые цены с учетом расхода'!O96<0,'Базовые цены с учетом расхода'!O96,\"\"))","v":5}]
[null,null,"СП от ЗПР",null,null,null,null,{"$f":"IF('Текущие цены с учетом расхода'!R96>0,'Текущие цены с учетом расхода'!R96,IF('Текущие цены с учетом расхода'!R96<0,'Текущие цены с учетом расхода'!R96,\"\"))","v":""},null,"Plan_ZPR",null,null,null,{"$f":"IF('Базовые цены с учетом расхода'!R96>0,'Базовые цены с учетом расхода'!R96,IF('Базовые цены с учетом расхода'!R96<0,'Базовые цены с учетом расхода'!R96,\"\"))","v":""}]
[null,null,"СП от ЗПМ",null,null,null,null,{"$f":"IF('Текущие цены с учетом расхода'!S96>0,'Текущие цены с учетом расхода'!S96,IF('Текущие цены с учетом расхода'!S96<0,'Текущие цены с учетом расхода'!S96,\"\"))","v":""},null,"Plan_ZPM",null,null,null,{"$f":"IF('Базовые цены с учетом расхода'!S96>0,'Базовые цены с учетом расхода'!S96,IF('Базовые цены с учетом расхода'!S96<0,'Базовые цены с учетом расхода'!S96,\"\"))","v":""}]
[null,"11.Остановки и площадки отдыха"]
["92.","ГЭСНс 01-04-016-04","Очистка автобусных остановок, площадок отдыха и стоянок автомобилей от грязи, пыли и мусора механической щеткой на тракторе 55-80 л.с.","1000 м2",null,7.0000000000000007E-2,{"$f":"ROUND(СУММПРОИЗВЕСЛИ(1,I2121:I2124,\"s\",E2121:E2124,G2121:G2124,0),2)+SUMIF(I2121:I2139,\"=NenormMatOtZPR\",G2121:G2139)","v":104.4},{"$f":"ROUND(СУММПРОИЗВЕСЛИ(F2121,I2121:I2124,\"s\",E2121:E2124,G2121:G2124,0),0)+SUMIF(I2121:I2139,\"=NenormMatOtZPR\",H2121:H2139)","v":7},"sum",null,null,null,{"$f":"ROUND(СУММПРОИЗВЕСЛИ(1,I2121:I2124,\"s\",E2121:E2124,M2121:M2124,0),2)+SUMIF(I2121:I2139,\"=NenormMatOtZPR\",M2121:M2139)","v":17.97},{"$f":"ROUND(СУММПРОИЗВЕСЛИ(F2121,I2121:I2124,\"s\",E2121:E2124,M2121:M2124,0),0)+SUMIF(I2121:I2139,\"=NenormMatOtZPR\",N2121:N2139)","v":1}]
["92. 1.","2","Затраты труда машинистов","чел.-ч",{"$f":"ОКРУГЛВСЕ(СУММПРОИЗВЕСЛИ(1,K2121:K2124,\"mWithZTM\",D2121:D2124,E2121:E2124,-1)+СУММКОЭФПРОЦЕНТЕСЛИ(1,1,K2121:K2124,\"mWithZTM_Proch\",E2121:E2124,-1),11)","v":0.27},{"$f":"ОКРУГЛВСЕ(СУММПРОИЗВЕСЛИ(1,K2121:K2124,\"mWithZTM\",D2121:D2124,F2121:F2124,-1)+СУММКОЭФПРОЦЕНТЕСЛИ(1,1,K2121:K2124,\"mWithZTM_Proch\",F2121:F2124,-1),11)","v":1.89E-2},{"$f":"IF(F2122=0,0,ROUND(H2122/F2122,3))","v":158.72999999999999},{"$f":"ROUND(СУММЕСЛИДА1НЕ1(L2121:L2124,\"mWithZPM\",D2121:D2124,0,H2121:H2124),0)","v":3},null,"Ж",null,null,{"$f":"IF(F2122=0,0,ROUND(N2122/F2122,3))","v":0},{"$f":"ROUND(СУММЕСЛИДА1НЕ1(L2121:L2124,\"mWithZPM\",D2121:D2124,0,N2121:N2124),0)","v":0}]
["92. 2.",{"$f":"ПОЛУЧШИФР(Ресурсы!A67,1)","v":"СЦЭСМ 010409"},{"$f":"Ресурсы!B67","v":"Тракторы на пневмоколесном ходу при работе на других видах строительства 40 кВт (55 л.с.)"},"маш.-ч",0.27,{"$f":"ОКРУГЛВСЕ(IF(E2123=\"\",0,E2123)*IF(F2121=\"\",0,F2121),11)","v":1.89E-2},{"$f":"Ресурсы!D67","v":386.66},{"$f":"ROUND(IF(F2123=\"\",0,F2123)*IF(G2123=\"\",0,G2123),0)","v":7},"s","IsMash",null,null,{"$f":"Ресурсы!C67","v":66.56},{"$f":"ROUND(IF(F2123=\"\",0,F2123)*IF(M2123=\"\",0,M2123),0)","v":1}]
[null,null,null,{"$f":"Ресурсы!G67","v":1},null,null,{"$f":"Ресурсы!F67","v":142.80000000000001},{"$f":"ROUND(IF(F2123=\"\",0,F2123)*IF(G2124=\"\",0,G2124),0)","v":3},null,null,"mWithZTM","mWithZPM",{"$f":"Ресурсы!E67","v":11.6},{"$f":"ROUND(IF(F2123=\"\",0,F2123)*IF(M2124=\"\",0,M2124),0)","v":0}]
[null,null,"Зарплата рабочих"]
[null,null,"Эксплуатация машин",null,null,null,null,7,null,null,null,null,null,1]
[null,null,"в т.ч. зарплата машинистов",null,null,null,null,3]
[null,null,"Материалы"]
[null,null,"в т.ч. Вспомогательные материалы от стоимости материалов"]
[null,null,"в т.ч. Вспомогательные ненормируемые материалы",null,null,null,null,null,"NenormMatOtZPR"]
[null,null,"в т.ч. Ненормированная з.п. рабочих"]
[null,null,"в т.ч. Ненормированная стоимость эксплуатации машин"]
[null,null,"в т.ч. Ненормированная оплата механизаторов"]
[null,null,"Накладные расходы",null,null,null,11.7,{"$f":"IF('Текущие цены с учетом расхода'!N97>0,'Текущие цены с учетом расхода'!N97,IF('Текущие цены с учетом расхода'!N97<0,'Текущие цены с учетом расхода'!N97,\"\"))","v":1},null,"Nakl",null,null,11.7,{"$f":"IF('Базовые цены с учетом расхода'!N97>0,'Базовые цены с учетом расхода'!N97,IF('Базовые цены с учетом расхода'!N97<0,'Базовые цены с учетом расхода'!N97,\"\"))","v":""}]
[null,null,"НР от ЗПР",null,null,null,null,{"$f":"IF('Текущие цены с учетом расхода'!P97>0,'Текущие цены с учетом расхода'!P97,IF('Текущие цены с учетом расхода'!P97<0,'Текущие цены с учетом расхода'!P97,\"\"))","v":""},null,"Nakl_ZPR",null,null,null,{"$f":"IF('Базовые цены с учетом расхода'!P97>0,'Базовые цены с учетом расхода'!P97,IF('Базовые цены с учетом расхода'!P97<0,'Базовые цены с учетом расхода'!P97,\"\"))","v":""}]
[null,null,"НР от ЗПМ",null,null,null,null,{"$f":"IF('Текущие цены с учетом расхода'!Q97>0,'Текущие цены с учетом расхода'!Q97,IF('Текущие цены с учетом расхода'!Q97<0,'Текущие цены с учетом расхода'!Q97,\"\"))","v":""},null,"Nakl_ZPM",null,null,null,{"$f":"IF('Базовые цены с учетом расхода'!Q97>0,'Базовые цены с учетом расхода'!Q97,IF('Базовые цены с учетом расхода'!Q97<0,'Базовые цены с учетом расхода'!Q97,\"\"))","v":""}]
[null,null,"Плановые накопления / Сметная прибыль",null,null,null,8,{"$f":"IF('Текущие цены с учетом расхода'!O97>0,'Текущие цены с учетом расхода'!O97,IF('Текущие цены с учетом расхода'!O97<0,'Текущие цены с учетом расхода'!O97,\"\"))","v":1},null,"Plan",null,null,8,{"$f":"IF('Базовые цены с учетом расхода'!O97>0,'Базовые цены с учетом расхода'!O97,IF('Базовые цены с учетом расхода'!O97<0,'Базовые цены с учетом расхода'!O97,\"\"))","v":""}]
[null,null,"СП от ЗПР",null,null,null,null,{"$f":"IF('Текущие цены с учетом расхода'!R97>0,'Текущие цены с учетом расхода'!R97,IF('Текущие цены с учетом расхода'!R97<0,'Текущие цены с учетом расхода'!R97,\"\"))","v":""},null,"Plan_ZPR",null,null,null,{"$f":"IF('Базовые цены с учетом расхода'!R97>0,'Базовые цены с учетом расхода'!R97,IF('Базовые цены с учетом расхода'!R97<0,'Базовые цены с учетом расхода'!R97,\"\"))","v":""}]
[null,null,"СП от ЗПМ",null,null,null,null,{"$f":"IF('Текущие цены с учетом расхода'!S97>0,'Текущие цены с учетом расхода'!S97,IF('Текущие цены с учетом расхода'!S97<0,'Текущие цены с учетом расхода'!S97,\"\"))","v":""},null,"Plan_ZPM",null,null,null,{"$f":"IF('Базовые цены с учетом расхода'!S97>0,'Базовые цены с учетом расхода'!S97,IF('Базовые цены с учетом расхода'!S97<0,'Базовые цены с учетом расхода'!S97,\"\"))","v":""}]
["93.","ГЭСНс 01-04-023-01","Ремонт деревянных скамеек","шт.",null,1.4E-3,{"$f":"ROUND(СУММПРОИЗВЕСЛИ(1,I2140:I2146,\"s\",E2140:E2146,G2140:G2146,0),2)+SUMIF(I2140:I2161,\"=NenormMatOtZPR\",G2140:G2161)","v":213.44},{"$f":"ROUND(СУММПРОИЗВЕСЛИ(F2140,I2140:I2146,\"s\",E2140:E2146,G2140:G2146,0),0)+SUMIF(I2140:I2161,\"=NenormMatOtZPR\",H2140:H2161)","v":0},"sum",null,null,null,{"$f":"ROUND(СУММПРОИЗВЕСЛИ(1,I2140:I2146,\"s\",E2140:E2146,M2140:M2146,0),2)+SUMIF(I2140:I2161,\"=NenormMatOtZPR\",M2140:M2161)","v":44.12},{"$f":"ROUND(СУММПРОИЗВЕСЛИ(F2140,I2140:I2146,\"s\",E2140:E2146,M2140:M2146,0),0)+SUMIF(I2140:I2161,\"=NenormMatOtZPR\",N2140:N2161)","v":0}]
["93. 1.","2","Затраты труда машинистов","чел.-ч",{"$f":"ОКРУГЛВСЕ(СУММПРОИЗВЕСЛИ(1,K2140:K2146,\"mWithZTM\",D2140:D2146,E2140:E2146,-1)+СУММКОЭФПРОЦЕНТЕСЛИ(1,1,K2140:K2146,\"mWithZTM_Proch\",E2140:E2146,-1),11)","v":0.11},{"$f":"ОКРУГЛВСЕ(СУММПРОИЗВЕСЛИ(1,K2140:K2146,\"mWithZTM\",D2140:D2146,F2140:F2146,-1)+СУММКОЭФПРОЦЕНТЕСЛИ(1,1,K2140:K2146,\"mWithZTM_Proch\",F2140:F2146,-1),11)","v":1.54E-4},{"$f":"IF(F2141=0,0,ROUND(H2141/F2141,3))","v":0},{"$f":"ROUND(СУММЕСЛИДА1НЕ1(L2140:L2146,\"mWithZPM\",D2140:D2146,0,H2140:H2146),0)","v":0},null,"Ж",null,null,{"$f":"IF(F2141=0,0,ROUND(N2141/F2141,3))","v":0},{"$f":"ROUND(СУММЕСЛИДА1НЕ1(L2140:L2146,\"mWithZPM\",D2140:D2146,0,N2140:N2146),0)","v":0}]
["93. 2.",{"$f":"ПОЛУЧШИФР(Ресурсы!A4,1)","v":"0-4002"},{"$f":"Ресурсы!B4","v":"Дорожный рабочий 2 разряда"},"чел.-ч",0.44,{"$f":"ОКРУГЛВСЕ(IF(E2142=\"\",0,E2142)*IF(F2140=\"\",0,F2140),11)","v":6.1600000000000001E-4},{"$f":"Ресурсы!D4","v":100.57},{"$f":"ROUND(IF(F2142=\"\",0,F2142)*IF(G2142=\"\",0,G2142),0)","v":0},"s","Г",null,null,{"$f":"Ресурсы!C4","v":7.8},{"$f":"ROUND(IF(F2142=\"\",0,F2142)*IF(M2142=\"\",0,M2142),0)","v":0}]
["93. 3.",{"$f":"ПОЛУЧШИФР(Ресурсы!A96,1)","v":"СЦЭСМ 121550"},{"$f":"Ресурсы!B96","v":"Машины дорожной службы (машина дорожного мастера)"},"маш.-ч",0.11,{"$f":"ОКРУГЛВСЕ(IF(E2143=\"\",0,E2143)*IF(F2140=\"\",0,F2140),11)","v":1.54E-4},{"$f":"Ресурсы!D96","v":552.54999999999995},{"$f":"ROUND(IF(F2143=\"\",0,F2143)*IF(G2143=\"\",0,G2143),0)","v":0},"s","IsMash",null,null,{"$f":"Ресурсы!C96","v":86.5},{"$f":"ROUND(IF(F2143=\"\",0,F2143)*IF(M2143=\"\",0,M2143),0)","v":0}]
[null,null,null,{"$f":"Ресурсы!G96","v":1},null,null,{"$f":"Ресурсы!F96","v":149.81},{"$f":"ROUND(IF(F2143=\"\",0,F2143)*IF(G2144=\"\",0,G2144),0)","v":0},null,null,"mWithZTM","mWithZPM",{"$f":"Ресурсы!E96","v":11.6},{"$f":"ROUND(IF(F2143=\"\",0,F2143)*IF(M2144=\"\",0,M2144),0)","v":0}]
["93. 4.",{"$f":"ПОЛУЧШИФР(Ресурсы!A26,1)","v":"ССЦ 101-1805"},{"$f":"Ресурсы!B26","v":"Гвозди строительные"},"т",3.4000000000000002E-4,{"$f":"ОКРУГЛВСЕ(IF(E2145=\"\",0,E2145)*IF(F2140=\"\",0,F2140),11)","v":4.7599999999999997E-7},{"$f":"ROUND(Ресурсы!D26*Начисления!AV98,2)","v":30959.39},{"$f":"ROUND(IF(F2145=\"\",0,F2145)*IF(G2145=\"\",0,G2145),0)","v":0},"s","IsMater",null,null,{"$f":"ROUND(Ресурсы!C26*Начисления!AV98,2)","v":11978},{"$f":"ROUND(IF(F2145=\"\",0,F2145)*IF(M2145=\"\",0,M2145),0)","v":0}]
["93. 5.",{"$f":"ПОЛУЧШИФР(Ресурсы!A39,1)","v":"ССЦ 102-0108"},{"$f":"Ресурсы!B39","v":"Доски обрезные хвойных пород длиной 2-3,75 м, шириной 75-150 мм, толщиной 19-22 мм, II сорта"},"м3",0.02,{"$f":"ОКРУГЛВСЕ(IF(E2146=\"\",0,E2146)*IF(F2140=\"\",0,F2140),11)","v":2.8E-5},{"$f":"ROUND(Ресурсы!D39*Начисления!AV98,2)","v":4894.26},{"$f":"ROUND(IF(F2146=\"\",0,F2146)*IF(G2146=\"\",0,G2146),0)","v":0},"s","IsMater",null,null,{"$f":"ROUND(Ресурсы!C39*Начисления!AV98,2)","v":1355},{"$f":"ROUND(IF(F2146=\"\",0,F2146)*IF(M2146=\"\",0,M2146),0)","v":0}]
[null,null,"Зарплата рабочих"]
[null,null,"Эксплуатация машин"]
[null,null,"в т.ч. зарплата машинистов"]
[null,null,"Материалы"]
[null,null,"в т.ч. Вспомогательные материалы от стоимости материалов"]
[null,null,"в т.ч. Вспомогательные ненормируемые материалы",null,null,null,null,null,"NenormMatOtZPR"]
[null,null,"в т.ч. Ненормированная з.п. рабочих"]
[null,null,"в т.ч. Ненормированная стоимость эксплуатации машин"]
[null,null,"в т.ч. Ненормированная оплата механизаторов"]
[null,null,"Накладные расходы",null,null,null,null,{"$f":"IF('Текущие цены с учетом расхода'!N98>0,'Текущие цены с учетом расхода'!N98,IF('Текущие цены с учетом расхода'!N98<0,'Текущие цены с учетом расхода'!N98,\"\"))","v":""},null,"Nakl",null,null,null,{"$f":"IF('Базовые цены с учетом расхода'!N98>0,'Базовые цены с учетом расхода'!N98,IF('Базовые цены с учетом расхода'!N98<0,'Базовые цены с учетом расхода'!N98,\"\"))","v":""}]
[null,null,"НР от ЗПР",null,null,null,null,{"$f":"IF('Текущие цены с учетом расхода'!P98>0,'Текущие цены с учетом расхода'!P98,IF('Текущие цены с учетом расхода'!P98<0,'Текущие цены с учетом расхода'!P98,\"\"))","v":""},null,"Nakl_ZPR",null,null,null,{"$f":"IF('Базовые цены с учетом расхода'!P98>0,'Базовые цены с учетом расхода'!P98,IF('Базовые цены с учетом расхода'!P98<0,'Базовые цены с учетом расхода'!P98,\"\"))","v":""}]
[null,null,"НР от ЗПМ",null,null,null,null,{"$f":"IF('Текущие цены с учетом расхода'!Q98>0,'Текущие цены с учетом расхода'!Q98,IF('Текущие цены с учетом расхода'!Q98<0,'Текущие цены с учетом расхода'!Q98,\"\"))","v":""},null,"Nakl_ZPM",null,null,null,{"$f":"IF('Базовые цены с учетом расхода'!Q98>0,'Базовые цены с учетом расхода'!Q98,IF('Базовые цены с учетом расхода'!Q98<0,'Базовые цены с учетом расхода'!Q98,\"\"))","v":""}]
[null,null,"Плановые накопления / Сметная прибыль",null,null,null,null,{"$f":"IF('Текущие цены с учетом расхода'!O98>0,'Текущие цены с учетом расхода'!O98,IF('Текущие цены с учетом расхода'!O98<0,'Текущие цены с учетом расхода'!O98,\"\"))","v":""},null,"Plan",null,null,null,{"$f":"IF('Базовые цены с учетом расхода'!O98>0,'Базовые цены с учетом расхода'!O98,IF('Базовые цены с учетом расхода'!O98<0,'Базовые цены с учетом расхода'!O98,\"\"))","v":""}]
[null,null,"СП от ЗПР",null,null,null,null,{"$f":"IF('Текущие цены с учетом расхода'!R98>0,'Текущие цены с учетом расхода'!R98,IF('Текущие цены с учетом расхода'!R98<0,'Текущие цены с учетом расхода'!R98,\"\"))","v":""},null,"Plan_ZPR",null,null,null,{"$f":"IF('Базовые цены с учетом расхода'!R98>0,'Базовые цены с учетом расхода'!R98,IF('Базовые цены с учетом расхода'!R98<0,'Базовые цены с учетом расхода'!R98,\"\"))","v":""}]
[null,null,"СП от ЗПМ",null,null,null,null,{"$f":"IF('Текущие цены с учетом расхода'!S98>0,'Текущие цены с учетом расхода'!S98,IF('Текущие цены с учетом расхода'!S98<0,'Текущие цены с учетом расхода'!S98,\"\"))","v":""},null,"Plan_ZPM",null,null,null,{"$f":"IF('Базовые цены с учетом расхода'!S98>0,'Базовые цены с учетом расхода'!S98,IF('Базовые цены с учетом расхода'!S98<0,'Базовые цены с учетом расхода'!S98,\"\"))","v":""}]
[]
[null,".    ИТОГО  ПО  СМЕТЕ",null,null,null,null,null,{"$f":"'Текущие концовки'!F7","v":62459},null,null,null,null,null,{"$f":"'Базовые концовки'!F7","v":5451}]
[null,"СТОИМОСТЬ ОБОРУДОВАНИЯ -",null,null,null,null,null,{"$f":"'Текущие концовки'!F8","v":0},null,null,null,null,null,{"$f":"'Базовые концовки'!F8","v":0}]
[null,".   ЗАПАСНЫЕ ЧАСТИ -",null,null,null,null,null,{"$f":"'Текущие концовки'!F9","v":0},null,null,null,null,null,{"$f":"'Базовые концовки'!F9","v":0}]
[null,".   ТАРА И УПАКОВКА -",null,null,null,null,null,{"$f":"'Текущие концовки'!F10","v":0},null,null,null,null,null,{"$f":"'Базовые концовки'!F10","v":0}]
[null,".   ТРАНСПОРТНЫЕ РАСХОДЫ -",null,null,null,null,null,{"$f":"'Текущие концовки'!F11","v":0},null,null,null,null,null,{"$f":"'Базовые концовки'!F11","v":0}]
[null,".   КОМПЛЕКТАЦИЯ -",null,null,null,null,null,{"$f":"'Текущие концовки'!F12","v":0},null,null,null,null,null,{"$f":"'Базовые концовки'!F12","v":0}]
[null,".   НАЦЕНКА СНАБА -",null,null,null,null,null,{"$f":"'Текущие концовки'!F13","v":0},null,null,null,null,null,{"$f":"'Базовые концовки'!F13","v":0}]
[null,".   ЗАГОТОВИТЕЛЬНО-СКЛАДСКИЕ РАСХОДЫ -",null,null,null,null,null,{"$f":"'Текущие концовки'!F14","v":0},null,null,null,null,null,{"$f":"'Базовые концовки'!F14","v":0}]
[null,". ШЕФМОНТАЖ ПО ОБОРУДОВАНИЮ -",null,null,null,null,null,{"$f":"'Текущие концовки'!F15","v":0},null,null,null,null,null,{"$f":"'Базовые концовки'!F15","v":0}]
[null,". ШЕФМОНТАЖ -",null,null,null,null,null,{"$f":"'Текущие концовки'!F16","v":0},null,null,null,null,null,{"$f":"'Базовые концовки'!F16","v":0}]
[null,"ВСЕГО, СТОИМОСТЬ ОБОРУДОВАНИЯ -",null,null,null,null,null,{"$f":"'Текущие концовки'!F17","v":0},null,null,null,null,null,{"$f":"'Базовые концовки'!F17","v":0}]
[null,"СТОИМОСТЬ МОНТАЖНЫХ РАБОТ -",null,null,null,null,null,{"$f":"'Текущие концовки'!F18","v":0},null,null,null,null,null,{"$f":"'Базовые концовки'!F18","v":0}]
[null,".     В ТОМ ЧИСЛЕ:"]
[null,". ОТКЛОНЕНИЕ ПО ЗАРАБОТНОЙ ПЛАТЕ -",null,null,null,null,null,{"$f":"'Текущие концовки'!G20","v":0},null,null,null,null,null,{"$f":"'Базовые концовки'!G20","v":0}]
[null,". КОСВЕННЫЕ РАСХОДЫ -",null,null,null,null,null,{"$f":"'Текущие концовки'!F21","v":0},null,null,null,null,null,{"$f":"'Базовые концовки'!F21","v":0}]
[null,". МАТЕРИАЛЬНЫЕ РЕСУРСЫ НЕ УЧТЕННЫЕ В РАСЦЕНКАХ -",null,null,null,null,null,{"$f":"'Текущие концовки'!F22","v":0},null,null,null,null,null,{"$f":"'Базовые концовки'!F22","v":0}]
[null,".   СТОИМОСТЬ ВОЗВРАЩАЕМЫХ МАТЕРИАЛОВ -",null,null,null,null,null,{"$f":"'Текущие концовки'!F23","v":0},null,null,null,null,null,{"$f":"'Базовые концовки'!F23","v":0}]
[null,".   НАКЛАДНЫЕ РАСХОДЫ -",null,null,null,null,null,{"$f":"'Текущие концовки'!F24","v":0},null,null,null,null,null,{"$f":"'Базовые концовки'!F24","v":0}]
[null,".   СМЕТНАЯ ПРИБЫЛЬ -",null,null,null,null,null,{"$f":"'Текущие концовки'!F25","v":0},null,null,null,null,null,{"$f":"'Базовые концовки'!F25","v":0}]
[null,". ШЕФМОНТАЖ -",null,null,null,null,null,{"$f":"'Текущие концовки'!F26","v":0},null,null,null,null,null,{"$f":"'Базовые концовки'!F26","v":0}]
[null,"ВСЕГО, СТОИМОСТЬ МОНТАЖНЫХ РАБОТ -",null,null,null,null,null,{"$f":"'Текущие концовки'!F27","v":0},null,null,null,null,null,{"$f":"'Базовые концовки'!F27","v":0}]
[null,"СТОИМОСТЬ ОБЩЕСТРОИТЕЛЬНЫХ РАБОТ -",null,null,null,null,null,{"$f":"'Текущие концовки'!F28","v":62459},null,null,null,null,null,{"$f":"'Базовые концовки'!F28","v":5451}]
[null,".     В ТОМ ЧИСЛЕ:"]
[null,".       МАТЕРИАЛОВ -",null,null,null,null,null,{"$f":"'Текущие концовки'!F30","v":0},null,null,null,null,null,{"$f":"'Базовые концовки'!F30","v":0}]
[null,".   СТОИМОСТЬ ВОЗВРАЩАЕМЫХ МАТЕРИАЛОВ -",null,null,null,null,null,{"$f":"'Текущие концовки'!F31","v":0},null,null,null,null,null,{"$f":"'Базовые концовки'!F31","v":0}]
[null,".   НАКЛАДНЫЕ РАСХОДЫ - (%=11.7 - по стр. 1-92)",null,null,null,null,null,{"$f":"'Текущие концовки'!F32","v":7312},null,null,null,null,null,{"$f":"'Базовые концовки'!F32","v":640}]
[null,".   СМЕТНАЯ ПРИБЫЛЬ - (%=8 - по стр. 1-92)",null,null,null,null,null,{"$f":"'Текущие концовки'!F33","v":5583},null,null,null,null,null,{"$f":"'Базовые концовки'!F33","v":484}]
[null,"ВСЕГО, СТОИМОСТЬ ОБЩЕСТРОИТЕЛЬНЫХ РАБОТ -",null,null,null,null,null,{"$f":"'Текущие концовки'!F34","v":75354},null,null,null,null,null,{"$f":"'Базовые концовки'!F34","v":6575}]
[null,"СТОИМОСТЬ МЕТАЛЛОМОНТАЖНЫХ РАБОТ -",null,null,null,null,null,{"$f":"'Текущие концовки'!F35","v":0},null,null,null,null,null,{"$f":"'Базовые концовки'!F35","v":0}]
[null,".   СТОИМОСТЬ ВОЗВРАЩАЕМЫХ МАТЕРИАЛОВ -",null,null,null,null,null,{"$f":"'Текущие концовки'!F36","v":0},null,null,null,null,null,{"$f":"'Базовые концовки'!F36","v":0}]
[null,".   НАКЛАДНЫЕ РАСХОДЫ -",null,null,null,null,null,{"$f":"'Текущие концовки'!F37","v":0},null,null,null,null,null,{"$f":"'Базовые концовки'!F37","v":0}]
[null,".   СМЕТНАЯ ПРИБЫЛЬ -",null,null,null,null,null,{"$f":"'Текущие концовки'!F38","v":0},null,null,null,null,null,{"$f":"'Базовые концовки'!F38","v":0}]
[null,"ВСЕГО, СТОИМОСТЬ МЕТАЛЛОМОНТАЖНЫХ РАБОТ -",null,null,null,null,null,{"$f":"'Текущие концовки'!F39","v":0},null,null,null,null,null,{"$f":"'Базовые концовки'!F39","v":0}]
[null,"СТОИМОСТЬ САНТЕХНИЧЕСКИХ РАБОТ -",null,null,null,null,null,{"$f":"'Текущие концовки'!F40","v":0},null,null,null,null,null,{"$f":"'Базовые концовки'!F40","v":0}]
[null,".     В ТОМ ЧИСЛЕ:"]
[null,". СДАЧА И ИСПЫТАНИЕ -",null,null,null,null,null,{"$f":"'Текущие концовки'!F42","v":0},null,null,null,null,null,{"$f":"'Базовые концовки'!F42","v":0}]
[null,".   СТОИМОСТЬ ВОЗВРАЩАЕМЫХ МАТЕРИАЛОВ -",null,null,null,null,null,{"$f":"'Текущие концовки'!F43","v":0},null,null,null,null,null,{"$f":"'Базовые концовки'!F43","v":0}]
[null,".   НАКЛАДНЫЕ РАСХОДЫ -",null,null,null,null,null,{"$f":"'Текущие концовки'!F44","v":0},null,null,null,null,null,{"$f":"'Базовые концовки'!F44","v":0}]
[null,".   СМЕТНАЯ ПРИБЫЛЬ -",null,null,null,null,null,{"$f":"'Текущие концовки'!F45","v":0},null,null,null,null,null,{"$f":"'Базовые концовки'!F45","v":0}]
[null,". ШЕФМОНТАЖ -",null,null,null,null,null,{"$f":"'Текущие концовки'!F46","v":0},null,null,null,null,null,{"$f":"'Базовые концовки'!F46","v":0}]
[null,"ВСЕГО, СТОИМОСТЬ САНТЕХНИЧЕСКИХ РАБОТ -",null,null,null,null,null,{"$f":"'Текущие концовки'!F47","v":0},null,null,null,null,null,{"$f":"'Базовые концовки'!F47","v":0}]
[null,"СТОИМОСТЬ БУРО-ВЗРЫВНЫХ РАБОТ -",null,null,null,null,null,{"$f":"'Текущие концовки'!F48","v":0},null,null,null,null,null,{"$f":"'Базовые концовки'!F48","v":0}]
[null,".   СТОИМОСТЬ ВОЗВРАЩАЕМЫХ МАТЕРИАЛОВ -",null,null,null,null,null,{"$f":"'Текущие концовки'!F49","v":0},null,null,null,null,null,{"$f":"'Базовые концовки'!F49","v":0}]
[null,".   НАКЛАДНЫЕ РАСХОДЫ -",null,null,null,null,null,{"$f":"'Текущие концовки'!F50","v":0},null,null,null,null,null,{"$f":"'Базовые концовки'!F50","v":0}]
[null,".   СМЕТНАЯ ПРИБЫЛЬ -",null,null,null,null,null,{"$f":"'Текущие концовки'!F51","v":0},null,null,null,null,null,{"$f":"'Базовые концовки'!F51","v":0}]
[null,"ВСЕГО, СТОИМОСТЬ БУРО-ВЗРЫВНЫХ РАБОТ -",null,null,null,null,null,{"$f":"'Текущие концовки'!F52","v":0},null,null,null,null,null,{"$f":"'Базовые концовки'!F52","v":0}]
[null,"СТОИМОСТЬ ГОРНОПРОХОДЧЕСКИХ РАБОТ -",null,null,null,null,null,{"$f":"'Текущие концовки'!F53","v":0},null,null,null,null,null,{"$f":"'Базовые концовки'!F53","v":0}]
[null,".   СТОИМОСТЬ ВОЗВРАЩАЕМЫХ МАТЕРИАЛОВ -",null,null,null,null,null,{"$f":"'Текущие концовки'!F54","v":0},null,null,null,null,null,{"$f":"'Базовые концовки'!F54","v":0}]
[null,".   НАКЛАДНЫЕ РАСХОДЫ -",null,null,null,null,null,{"$f":"'Текущие концовки'!F55","v":0},null,null,null,null,null,{"$f":"'Базовые концовки'!F55","v":0}]
[null,".   СМЕТНАЯ ПРИБЫЛЬ -",null,null,null,null,null,{"$f":"'Текущие концовки'!F56","v":0},null,null,null,null,null,{"$f":"'Базовые концовки'!F56","v":0}]
[null,"ВСЕГО, СТОИМОСТЬ ГОРНОПРОХОДЧЕСКИХ РАБОТ -",null,null,null,null,null,{"$f":"'Текущие концовки'!F57","v":0},null,null,null,null,null,{"$f":"'Базовые концовки'!F57","v":0}]
[null,"СТОИМОСТЬ РЕСТАВРАЦИОННЫХ РАБОТ -",null,null,null,null,null,{"$f":"'Текущие концовки'!F58","v":0},null,null,null,null,null,{"$f":"'Базовые концовки'!F58","v":0}]
[null,".     В ТОМ ЧИСЛЕ:"]
[null,".       МАТЕРИАЛОВ -",null,null,null,null,null,{"$f":"'Текущие концовки'!F60","v":0},null,null,null,null,null,{"$f":"'Базовые концовки'!F60","v":0}]
[null,".   СТОИМОСТЬ ВОЗВРАЩАЕМЫХ МАТЕРИАЛОВ -",null,null,null,null,null,{"$f":"'Текущие концовки'!F61","v":0},null,null,null,null,null,{"$f":"'Базовые концовки'!F61","v":0}]
[null,".   НАКЛАДНЫЕ РАСХОДЫ -",null,null,null,null,null,{"$f":"'Текущие концовки'!F62","v":0},null,null,null,null,null,{"$f":"'Базовые концовки'!F62","v":0}]
[null,".   СМЕТНАЯ ПРИБЫЛЬ -",null,null,null,null,null,{"$f":"'Текущие концовки'!F63","v":0},null,null,null,null,null,{"$f":"'Базовые концовки'!F63","v":0}]
[null,"ВСЕГО, СТОИМОСТЬ РЕСТАВРАЦИОННЫХ РАБОТ -",null,null,null,null,null,{"$f":"'Текущие концовки'!F64","v":0},null,null,null,null,null,{"$f":"'Базовые концовки'!F64","v":0}]
[null,"СТОИМОСТЬ ПЕРЕВОЗКИ ГРУЗОВ -",null,null,null,null,null,{"$f":"'Текущие концовки'!F65","v":0},null,null,null,null,null,{"$f":"'Базовые концовки'!F65","v":0}]
[null,".   В Т.Ч. НАКЛАДНЫЕ РАСХОДЫ -",null,null,null,null,null,{"$f":"'Текущие концовки'!F66","v":0},null,null,null,null,null,{"$f":"'Базовые концовки'!F66","v":0}]
[null,".   В Т.Ч. СМЕТНАЯ ПРИБЫЛЬ -",null,null,null,null,null,{"$f":"'Текущие концовки'!F67","v":0},null,null,null,null,null,{"$f":"'Базовые концовки'!F67","v":0}]
[null,".   НАКЛАДНЫЕ РАСХОДЫ -",null,null,null,null,null,{"$f":"'Текущие концовки'!F68","v":0},null,null,null,null,null,{"$f":"'Базовые концовки'!F68","v":0}]
[null,".   СМЕТНАЯ ПРИБЫЛЬ -",null,null,null,null,null,{"$f":"'Текущие концовки'!F69","v":0},null,null,null,null,null,{"$f":"'Базовые концовки'!F69","v":0}]
[null,"ВСЕГО, СТОИМОСТЬ ПЕРЕВОЗКИ ГРУЗОВ -",null,null,null,null,null,{"$f":"'Текущие концовки'!F70","v":0},null,null,null,null,null,{"$f":"'Базовые концовки'!F70","v":0}]
[null,"СТОИМОСТЬ ПУСКОНАЛАДОЧНЫХ РАБОТ -",null,null,null,null,null,{"$f":"'Текущие концовки'!F71","v":0},null,null,null,null,null,{"$f":"'Базовые концовки'!F71","v":0}]
[null,".   НАКЛАДНЫЕ РАСХОДЫ -",null,null,null,null,null,{"$f":"'Текущие концовки'!F72","v":0},null,null,null,null,null,{"$f":"'Базовые концовки'!F72","v":0}]
[null,".   СМЕТНАЯ ПРИБЫЛЬ -",null,null,null,null,null,{"$f":"'Текущие концовки'!F73","v":0},null,null,null,null,null,{"$f":"'Базовые концовки'!F73","v":0}]
[null,"ВСЕГО, СТОИМОСТЬ ПУСКОНАЛАДОЧНЫХ РАБОТ -",null,null,null,null,null,{"$f":"'Текущие концовки'!F74","v":0},null,null,null,null,null,{"$f":"'Базовые концовки'!F74","v":0}]
[null,"СТОИМОСТЬ ПРОЧИХ РАБОТ (с НР и СП) -",null,null,null,null,null,{"$f":"'Текущие концовки'!F75","v":0},null,null,null,null,null,{"$f":"'Базовые концовки'!F75","v":0}]
[null,".   СТОИМОСТЬ ВОЗВРАЩАЕМЫХ МАТЕРИАЛОВ -",null,null,null,null,null,{"$f":"'Текущие концовки'!F76","v":0},null,null,null,null,null,{"$f":"'Базовые концовки'!F76","v":0}]
[null,".   НАКЛАДНЫЕ РАСХОДЫ -",null,null,null,null,null,{"$f":"'Текущие концовки'!F77","v":0},null,null,null,null,null,{"$f":"'Базовые концовки'!F77","v":0}]
[null,".   СМЕТНАЯ ПРИБЫЛЬ -",null,null,null,null,null,{"$f":"'Текущие концовки'!F78","v":0},null,null,null,null,null,{"$f":"'Базовые концовки'!F78","v":0}]
[null,"ВСЕГО, СТОИМОСТЬ ПРОЧИХ РАБОТ (с НР и СП) -",null,null,null,null,null,{"$f":"'Текущие концовки'!F79","v":0},null,null,null,null,null,{"$f":"'Базовые концовки'!F79","v":0}]
[null,"ВСЕГО, СТОИМОСТЬ ПРОЧИХ РАБОТ (без НР и СП) -",null,null,null,null,null,{"$f":"'Текущие концовки'!F80","v":0},null,null,null,null,null,{"$f":"'Базовые концовки'!F80","v":0}]
[null,".   СТОИМОСТЬ ВОЗВРАЩАЕМЫХ МАТЕРИАЛОВ -",null,null,null,null,null,{"$f":"'Текущие концовки'!F81","v":0},null,null,null,null,null,{"$f":"'Базовые концовки'!F81","v":0}]
[null,". ВСЕГО  ПО  СМЕТЕ",null,null,null,null,null,{"$f":"'Текущие концовки'!F82","v":75354},null,null,null,null,null,{"$f":"'Базовые концовки'!F82","v":6575}]
[null,"ВСЕГО СТОИМОСТЬ ВОЗВРАЩАЕМЫХ МАТЕРИАЛОВ -",null,null,null,null,null,{"$f":"'Текущие концовки'!F83","v":0},null,null,null,null,null,{"$f":"'Базовые концовки'!F83","v":0}]
[null,"ВСЕГО НАКЛАДНЫЕ РАСХОДЫ",null,null,null,null,null,{"$f":"'Текущие концовки'!F84","v":7312},null,null,null,null,null,{"$f":"'Базовые концовки'!F84","v":640}]
[null,"ВСЕГО СМЕТНАЯ ПРИБЫЛЬ",null,null,null,null,null,{"$f":"'Текущие концовки'!F85","v":5583},null,null,null,null,null,{"$f":"'Базовые концовки'!F85","v":484}]
[null,"НАКЛАДНЫЕ РАСХОДЫ 11,7% от прямых затрат",null,null,null,null,11.7,{"$f":"'Текущие концовки'!F86","v":7308},null,null,null,null,11.7,{"$f":"'Базовые концовки'!F86","v":638}]
[null,"в т.ч. Вспомогательные материалы от стоимости материалов",null,null,null,null,null,{"$f":"'Текущие концовки'!F87","v":0},null,null,null,null,null,{"$f":"'Базовые концовки'!F87","v":0}]
[null,"в т.ч. Вспомогательные материалы от ОЗП",null,null,null,null,null,{"$f":"'Текущие концовки'!F88","v":0},null,null,null,null,null,{"$f":"'Базовые концовки'!F88","v":0}]
[null,"Оплата основных рабочих",null,null,null,null,null,{"$f":"'Текущие концовки'!F89","v":15870},null,null,null,null,null,{"$f":"'Базовые концовки'!F89","v":1191}]
[null,"Оплата механизаторов",null,null,null,null,null,{"$f":"'Текущие концовки'!F90","v":3888},null,null,null,null,null,{"$f":"'Базовые концовки'!F90","v":298}]
[null,"Сметная заработная плата",null,null,null,null,null,{"$f":"'Текущие концовки'!F91","v":19758},null,null,null,null,null,{"$f":"'Базовые концовки'!F91","v":1489}]
[null,"Трудозатраты осн. рабочих",null,null,null,null,null,{"$f":"'Текущие концовки'!J92","v":153.45146500000001},null,null,null,null,null,{"$f":"'Базовые концовки'!J92","v":153.45146500000001}]
[null,"Трудозатраты механизаторов",null,null,null,null,null,{"$f":"'Текущие концовки'!J93","v":23.728274800000001},null,null,null,null,null,{"$f":"'Базовые концовки'!J93","v":23.728274800000001}]
[null,"Нормативная трудоемкость",null,null,null,null,null,{"$f":"'Текущие концовки'!J94","v":177.17973979999999},null,null,null,null,null,{"$f":"'Базовые концовки'!J94","v":177.17973979999999}]
[null,"ИТОГО  С  НР",null,null,null,null,null,{"$f":"'Текущие концовки'!F95","v":69767},null,null,null,null,null,{"$f":"'Базовые концовки'!F95","v":6089}]
[null,"СМЕТНАЯ ПРИБЫЛЬ 8% от прямых затрат + НР",null,null,null,null,8,{"$f":"'Текущие концовки'!F96","v":5581},null,null,null,null,8,{"$f":"'Базовые концовки'!F96","v":487}]
[null,"ИТОГО  С  НР  И  СП в уровне цен 3 квартала 2013 года",null,null,null,null,null,{"$f":"'Текущие концовки'!F97","v":75348},null,null,null,null,null,{"$f":"'Базовые концовки'!F97","v":6576}]
[null,"НДС 18%",null,null,null,null,18,{"$f":"'Текущие концовки'!F98","v":13563},null,null,null,null,18,{"$f":"'Базовые концовки'!F98","v":1184}]
[null,".   ВСЕГО ПО СМЕТЕ в ценах 2013 года с НДС",null,null,null,null,null,{"$f":"'Текущие концовки'!F99","v":88911},null,null,null,null,null,{"$f":"'Базовые концовки'!F99","v":7760}]
[null,"Сметная заработная плата",null,null,null,null,null,{"$f":"'Текущие концовки'!F100","v":19758},null,null,null,null,null,{"$f":"'Базовые концовки'!F100","v":1489}]
[null,"Сметная стоимость материалов",null,null,null,null,null,{"$f":"'Текущие концовки'!F101","v":25345},null,null,null,null,null,{"$f":"'Базовые концовки'!F101","v":619}]
[null,"Сметная стоимость материалов с НДС 18%",null,null,null,null,1.18,{"$f":"'Текущие концовки'!F102","v":29907},null,null,null,null,1.18,{"$f":"'Базовые концовки'!F102","v":730}]
[null,"Стоимость эксплуатации машин",null,null,null,null,null,{"$f":"'Текущие концовки'!F103","v":21246},null,null,null,null,null,{"$f":"'Базовые концовки'!F103","v":3636}]
[null,"Стоимость эксплуатации машин без зарплаты механизаторов",null,null,null,null,null,{"$f":"'Текущие концовки'!F104","v":17358},null,null,null,null,null,{"$f":"'Базовые концовки'!F104","v":3338}]
[null,"Стоимость эксплуатации машин без зар-ты механизаторов с НДС",null,null,null,null,1.18,{"$f":"'Текущие концовки'!F105","v":20482},null,null,null,null,1.18,{"$f":"'Базовые концовки'!F105","v":3939}]
[null,"ИТОГО ПО СМЕТЕ",null,null,null,null,null,{"$f":"'Текущие концовки'!F106","v":70147},null,null,null,null,null,{"$f":"'Базовые концовки'!F106","v":6158}]
[null,"ВСЕГО НАКЛАДНЫЕ РАСХОДЫ с К=0,94",null,null,null,null,0.94,{"$f":"'Текущие концовки'!F107","v":6870},null,null,null,null,0.94,{"$f":"'Базовые концовки'!F107","v":600}]
[null,"ВСЕГО СМЕТНАЯ ПРИБЫЛЬ с К=0,9",null,null,null,null,0.9,{"$f":"'Текущие концовки'!F108","v":5023},null,null,null,null,0.9,{"$f":"'Базовые концовки'!F108","v":438}]
[null,".   ВСЕГО ПО СМЕТЕ в ценах 3 квартала 2013 года",null,null,null,null,null,{"$f":"'Текущие концовки'!F109","v":82040},null,null,null,null,null,{"$f":"'Базовые концовки'!F109","v":7196}]
[]
[null,"Составил:"]
[null,null,"(должность, подпись, Ф.И.О)"]
[]
[null,"Проверил:"]
[null,null,"(должность, подпись, Ф.И.О)"]

{"sheet":"Ресурсы","index":1,"n_rows":107,"n_cols":8,"rows_kept":107,"cut":false,"hidden":false,"merged":[[0,7,1,7],[0,0,1,0],[0,1,1,1],[0,2,0,3],[0,4,0,5],[0,6,1,6]]}
["Шифр","Наименование","Цена за единицу",null,"В том числе",null,"Кол-во механизаторов","Tag"]
[null,null,"базовая","текущая","базовая","текущая"]
["0-4001","Дорожный рабочий 1 разряда",7.19,92.69,null,null,0,"0"]
["0-4002","Дорожный рабочий 2 разряда",7.8,100.57,null,null,0,"0"]
["0-4003","Дорожный рабочий 3 разряда",8.5299999999999994,109.94,null,null,0,"0"]
["0-4004","Дорожный рабочий 4 разряда",9.6199999999999992,124.02,null,null,0,"0"]
["ГЭСН 1-1017","Рабочий строитель среднего разряда 1,7",null,98.26,null,null,0,"0"]
["ГЭСН 1-1025","Рабочий строитель среднего разряда 2,5",null,105.3,null,null,0,"0"]
["1-1029","Рабочий строитель среднего разряда 2,9",null,109.01,null,null,0,"0"]
["ГЭСН 1-1040","Рабочий строитель среднего разряда 4",null,124.02,null,null,0,"0"]
["ГЭСН 2.0","Рабочие-строители (средний разряд 2.0)",null,100.57,null,null,0,"0"]
["ГЭСН 3.0","Рабочие-строители (средний разряд 3.0)",null,109.94,null,null,0,"0"]
["ГЭСН 4.0","Рабочие-строители (средний разряд 4.0)",null,124.02,null,null,0,"0"]
["2","Затраты труда машинистов"]
["ССЦ 101-0782","Поковки из квадратных заготовок, масса 1,8 кг",null,30976.48,null,null,0,"0"]
["ССЦ 101-1292","Уайт-спирит",6667,34168.949999999997,6489.2,null,0,"0"]
["С101-1305","Портландцемент общестроительного назначения бездобавочный, марки: 400",null,3708.31,null,null,0,"0"]
["ССЦ 101-1513","Электроды диаметром 4 мм Э42",10315,52025.919999999998,10066.36,null,0,"0"]
["ССЦ 101-1513","Электроды диаметром 4 мм Э42",null,52025.919999999998,null,null,0,"1"]
["С101-1556","Битумы нефтяные дорожные марки БНД-60/90, БНД-90/130 первый сорт",null,14016.54,null,null,0,"0"]
["ССЦ 101-1579","Пленка для дорожных знаков с покрытием обратной стороны клеевым составом",133601.79999999999,681443.95,130930.81,null,0,"0"]
["С101-1627","Сталь листовая углеродистая обыкновенного качества марки ВСт3пс5 толщиной: 4-6 мм",null,28158.12,null,null,0,"0"]
["ССЦ 101-1668","Рогожа",10.199999999999999,45.5,9.98,null,0,"0"]
["ССЦ 101-1705","Пакля пропитанная",9.0399999999999991,96.97,8.82,null,0,"0"]
["ССЦ 101-1757","Ветошь",1.82,10.68,1.75,null,0,"0"]
["ССЦ 101-1805","Гвозди строительные",11978,30959.39,11702.98,null,0,"0"]
["С101-1977","Болты с гайками и шайбами строительные",null,45.19,null,null,0,"0"]
["ССЦ 101-2775","Микросферы стеклянные для дорожной разметки",437.82,23728.81,422.06,null,0,"0"]
["ССЦ 101-2776","Элементы светоотражающие на барьерные ограждения",29.86,155.03,28.78,null,0,"0"]
["ССЦ 101-2777","Столбики сигнальные дорожные пластиковые",43.06,223.59,41.97,null,0,"0"]
["С101-3561","Олифа комбинированная ОКСОЛЬ",null,45007.83,null,null,0,"0"]
["С101-4289","Знаки дорожные на оцинкованной подоснове со световозвращающей пленкой: предупреждающие, размером 900х900х900 мм, тип 1.1, 1.2, 1.5-1.33",null,1011.86,null,null,0,"0"]
["С101-4432","Комплект металлоконструкций барьерного ограждения, марка: 11ДО-2,0-190 кДж У2(СД-1,68 Ш12), огрунтованное",null,996830.51,null,null,0,"0"]
["С101-4959","Эмульсия битумно-катионная, марка ЭБК-1",null,14602.07,null,null,0,"0"]
["ССЦ 101-9402","Краска полиакриловая для дорожной разметки",null,58.47,null,null,0,"0"]
["С101-9610-2","Знаки дорожные информационные индувиального изготовления  на оцинкованной подоснове со световозвращающей пленкой типа А",521.9,3220.93,521.9,null,0,"0"]
["ССЦ 102-0025","Бруски обрезные хвойных пород длиной 4-6,5 м, шириной 75-150 мм, толщиной 40-75 мм, III сорта",null,3526.67,null,null,0,"0"]
["С102-0084","Пиломатериалы хвойных пород. Бруски обрезные длиной 2-3,75 м, шириной 75-150 мм, толщиной 40-75 мм II сорта",null,4016.21,null,null,0,"0"]
["ССЦ 102-0108","Доски обрезные хвойных пород длиной 2-3,75 м, шириной 75-150 мм, толщиной 19-22 мм, II сорта",1355,4894.26,1319.64,null,0,"0"]
["ССЦ 102-0113","Доски обрезные хвойных пород длиной 2-3,75 м, шириной 75-150 мм, толщиной 25 мм, III сорта",1045,3774.49,1017.73,null,0,"0"]
["ССЦ 113-0246","Эмаль ПФ-115 серая",14312.87,64372.5,14018.48,null,0,"0"]
["ССЦ 113-8028","Эмаль ПФ-115 белая",12.27,58.58,12.02,null,0,"0"]
["ССЦ 113-8029","Эмаль ПФ-115 цветная",16.66,67.23,16.309999999999999,null,0,"0"]
["С201-0841","Стойки для дорожных знаков со струбцинами",null,38.450000000000003,null,null,0,"0"]
["С403-8021","Камни бортовые: БР 100.30.15 / бетон В30 (М400), объем 0,043 м3/ (ГОСТ 6665-91)",null,439.98,null,null,0,"0"]
["С403-8023","Камни бортовые: БР 100.20.8 / бетон В22,5 (М300), объем 0,016 м3/ (ГОСТ 6665-91)",null,184.97,null,null,0,"0"]
["С403-8142","Плитки площадью до 0,1 м2 прямоугольные для покрытия тротуаров и площадок с ровной гладкой поверхностью на цветном цементе, при толщине: 50 мм",null,472.51,null,null,0,"0"]
["ССЦ 405-0253","Известь строительная негашеная комовая, сорт I",734.5,2867.94,711.93,null,0,"0"]
["С407-0024","Грунт песчаный, супесчаный",null,330.39,null,null,0,"0"]
["С407-0028","Смесь пескоцементная (цемент М 400)",null,1171.8599999999999,null,null,0,"0"]
["С408-0009","Щебень из природного камня для строительных работ марка 1000, фракция 5(3)-10 мм",null,2007.44,null,null,0,"0"]
["С408-0020","Щебень из природого камня для строительных работ марка 600, фракция 40-70 мм",null,1329.33,null,null,0,"0"]
["С408-0023","Щебень из природного камня для строительных работ марка 400, фракция 20-40 мм",null,1269.01,null,null,0,"0"]
["С408-0023","Щебень из природного камня для строительных работ марка: 400, фракция 20-40 мм",null,1269.01,null,null,0,"1"]
["С408-0024","Щебень из природого камня для строительных работ марка 400, фракция 40-70 мм",null,1294.71,null,null,0,"0"]
["С408-0122","Песок природный для строительных работ средний",null,333.75,null,null,0,"0"]
["С408-0124","Песок природный для стрительных работ мелкий",null,141.55000000000001,null,null,0,"0"]
["С408-0256","Материалы из отсевов дробления осадочных горных пород для строитель-ных работ 2 класса марка 1200, размер зерен до 5 мм, очень крупные",null,210.57,null,null,0,"0"]
["С410-0006","Смеси асфальтобетонные дорожные, аэродромные и асфальтобетон (горячие и тёплые для плотного асфальтобетона мелко и крупнозернистые, песчаныее), марка II, тип Б",null,3607.16,null,null,0,"0"]
["С410-0007","Смеси асфальтобетонные дорожные, аэродромные и асфальтобетон (горячие и тёплые для плотного асфальтобетона мелко и крупнозернистые, песчаныее), марка II, тип B",null,3686.48,null,null,0,"0"]
["С410-0011","Смеси асфальтобетонные дорожные, аэродромные и асфальтобетон (горячие и тёплые для плотного асфальтобетона мелко и крупнозернистые, песчаныее), марка III, тип B",null,3444.91,null,null,0,"0"]
["С410-0013","Смеси асфальтобетонные дорожные, аэродромные и асфальтобетон (горячие и тёплые для плотного асфальтобетона мелко и крупнозернистые, песчаныее), марка III, тип Д",null,2916.1,null,null,0,"0"]
["ССЦ 411-0001","Вода",2.44,10.85,0.87,null,0,"0"]
["ССЦ 411-0001","Вода",2.44,10.85,0.87,null,0,"1"]
["СЦЭСМ 010311","Тракторы на гусеничном ходу при работе на других видах строительства 59 кВт (80 л.с.)",null,461.77,null,166.8,1,"0"]
["СЦЭСМ 010312","Тракторы на гусеничном ходу при работе на других видах строительства 79 кВт (108 л.с.)",null,501.55,null,178,1,"0"]
["СЦЭСМ 010409","Тракторы на пневмоколесном ходу при работе на других видах строительства 40 кВт (55 л.с.)",66.56,386.66,11.6,142.80000000000001,1,"0"]
["СЦЭСМ 010410","Тракторы на пневмоколесном ходу при работе на других видах строительства 59 кВт (80 л.с.)",74.61,437.58,13.5,166.8,1,"0"]
["СЦЭСМ 021140","Краны на автомобильном ходу при работе на других видах строительства 6,3 т",88.01,534.98,11.6,142.80000000000001,1,"0"]
["СЦЭСМ 021140","Краны на автомобильном ходу при работе на других видах строительства 6,3 т",null,534.98,null,142.80000000000001,1,"1"]
["СЦЭСМ 021141","Краны на автомобильном ходу при работе на других видах строительства 10 т",null,698.31,null,166.8,1,"0"]
["СЦЭСМ 030101","Автопогрузчики 5 т",null,553.5,null,124.21,1,"0"]
["СЦЭСМ 031811","Погрузчики одноковшовые универсальные фронтальные пневмоколесные 2 т",85,507.45,11.6,142.80000000000001,1,"0"]
["СЦЭСМ 040202","Агрегаты сварочные передвижные с номинальным сварочным током 250-400 А с дизельным двигателем",14,80.34,null,null,0,"0"]
["СЦЭСМ 040202","Агрегаты сварочные передвижные с номинальным сварочным током 250-400 А с дизельным двигателем",null,80.34,null,null,0,"1"]
["СЦЭСМ 050101","Компрессоры передвижные с двигателем внутреннего сгорания давлением до 686 кПа (7 ат), производительность 2,2 м3/мин",90,524.17999999999995,10.06,124.21,1,"0"]
["СЦЭСМ 070149","Бульдозеры при работе на других видах строительства 79 кВт (108 л.с.)",80.010000000000005,612,14.4,178,1,"0"]
["СЦЭСМ 090111","Бороны зубовые",null,5.07,null,null,0,"0"]
["СЦЭСМ 090200","Грабли кустарниковые навесные (без трактора)",null,20.72,null,null,0,"0"]
["СЦЭСМ 090520","Установки навесные для дробления растительности в щепу",10.27,45.17,null,null,0,"0"]
["СЦЭСМ 091306","Плуги четырехкорпусные навесные",null,43.22,null,null,0,"0"]
["СЦЭСМ 092401","Косилки прицепные",10.199999999999999,40.35,null,null,0,"0"]
["СЦЭСМ 092402","Газонокосилки моторные",22.5,91.41,null,null,0,"0"]
["СЦЭСМ 120101","Автогудронаторы 3500 л",null,903.2,null,285.58999999999997,2,"0"]
["СЦЭСМ 120202","Автогрейдеры среднего типа 99 кВт (135 л.с.)",123,958.4,13.5,166.8,1,"0"]
["СЦЭСМ 120500","Гудронаторы ручные",17.2,78.09,null,null,0,"0"]
["СЦЭСМ 120500","Гудронаторы ручные",17.2,78.09,null,null,0,"1"]
["СЦЭСМ 120901","Катки дорожные самоходные вибрационные 2,2 т",36.54,267.33,10.06,124.21,1,"0"]
["СЦЭСМ 120906","Катки дорожные самоходные гладкие 8 т",75,586.66999999999996,11.6,142.80000000000001,1,"0"]
["СЦЭСМ 120906","Катки дорожные самоходные гладкие 8 т",null,586.66999999999996,null,142.80000000000001,1,"1"]
["СЦЭСМ 120907","Катки дорожные самоходные гладкие 13 т",null,825.8,null,178,1,"0"]
["СЦЭСМ 120910","Катки на пневмоколесном ходу 16 т",156.32,1194.3,14.4,178,1,"0"]
["СЦЭСМ 121011","Котлы битумные передвижные 400 л",30,158.25,null,null,0,"0"]
["СЦЭСМ 121342","Машины дорожные комбинированные, мощностью от 210 до 270 л.с.",185.95,1117.3399999999999,13.5,174.31,1,"0"]
["СЦЭСМ 121343","Машины дорожные комбинированные, мощностью более 270 л.с.",245.66,1442.91,13.5,174.31,1,"0"]
["СЦЭСМ 121550","Машины дорожной службы (машина дорожного мастера)",86.5,552.54999999999995,11.6,149.81,1,"0"]
["СЦЭСМ 121550","Машины дорожной службы (машина дорожного мастера)",null,552.54999999999995,null,149.81,1,"1"]
["СЦЭСМ 121601","Машины поливомоечные 6000 л",null,761.25,null,142.80000000000001,1,"0"]
["СЦЭСМ 121805","Установки для ремонта покрытий струйно-инъекционным методом на базе автомобиля",247.16,1494.01,27.9,360.31,2,"0"]
["СЦЭСМ 122000","Укладчики асфальтобетона",null,1184,null,178,1,"0"]
["СЦЭСМ 122202","Фрезы навесные без трактора (болотные)",null,37.72,null,null,0,"0"]
["СЦЭСМ 122203","Самоходная дорожная холодная фреза шириной фрезерования 500-1000 мм импортного производства",350,2315.02,17.399999999999999,224.66,1,"0"]
["СЦЭСМ 122801","Виброплита с двигателем внутреннего сгорания",60,347.14,null,null,0,"0"]
["СЦЭСМ 122801","Виброплита с двигателем внутреннего сгорания",null,347.14,null,null,0,"1"]
["СЦЭСМ 400001","Автомобили бортовые, грузоподъемность до 5 т",null,516.34,null,124.21,1,"0"]
["СЦЭСМ 400052","Автомобиль-самосвал, грузоподъемность до 10 т",112.47,702,13.5,142.80000000000001,1,"0"]
["СЦЭСМ 400053","Автомобиль-самосвал, грузоподъемность до 15 т",null,741.94,null,142.80000000000001,1,"0"]

{"sheet":"Базовые цены за единицу","index":2,"n_rows":98,"n_cols":33,"rows_kept":98,"cut":false,"hidden":false,"merged":[[1,0,1,7],[2,1,2,7],[3,1,3,7],[4,0,4,7]]}
[null,"C1","C2","C3","C4","C5","C6","VOZVR","C8","C9","C10","C11","C12","NAKL","PLAN","NAKL_ZPR","NAKL_ZPM","PLAN_ZPR","PLAN_ZPM","RN11","RN12","RN13",null,"OBORUD_VSPOMOG","NAKL_PN","NAKL_VX","PLAN_PN","PLAN_VX","VTCH_PN","VTCH_VX","MR_BY_ZPR_VSPOMOG","NAKL_INC","PLAN_INC"]
[]
[null,"N = < ГЭСНс * 2015_s * 13_15_лр >"]
[null,"          Автомобильные дороги регионального или межмуниципального значения с допустимым уровнем содержания  - норматив \"К\" 4 категория (ЛЕТНИЕ РАБОТЫ)"]
[]
[{"$f":"'Форма по МДС 81-35.2004'!A16","v":"1."},{"$f":"'Форма по МДС 81-35.2004'!M16","v":25.83},{"$f":"ROUND(СУММПРОИЗВЕСЛИ(1,'Форма по МДС 81-35.2004'!J16:J35,\"Г\",'Форма по МДС 81-35.2004'!E16:E35,'Форма по МДС 81-35.2004'!M16:M35,0),2)","v":0},{"$f":"ROUND(СУММПРОИЗВЕСЛИ(1,'Форма по МДС 81-35.2004'!J16:J35,\"IsMash\",'Форма по МДС 81-35.2004'!E16:E35,'Форма по МДС 81-35.2004'!M16:M35,0),2)","v":25.83},{"$f":"ROUND(СУММПРОИЗВЕСЛИ(1,'Форма по МДС 81-35.2004'!J16:J35,\"Ж\",'Форма по МДС 81-35.2004'!E16:E35,'Форма по МДС 81-35.2004'!M16:M35,0),2)","v":0},{"$f":"ROUND(СУММПРОИЗВЕСЛИ(1,'Форма по МДС 81-35.2004'!J16:J35,\"IsMater\",'Форма по МДС 81-35.2004'!E16:E35,'Форма по МДС 81-35.2004'!M16:M35,0),2)","v":0},0,0,{"$f":"ОКРУГЛВСЕ(SUMIF('Форма по МДС 81-35.2004'!J16:J35,\"Г\",'Форма по МДС 81-35.2004'!E16:E35),8)","v":0},0,{"$f":"ОКРУГЛВСЕ(SUMIF('Форма по МДС 81-35.2004'!J16:J35,\"Ж\",'Форма по МДС 81-35.2004'!E16:E35),8)","v":0.21},0,0,3.0221100000000001,2.3081687999999998,0,0,0,0,0,0,0,null,0,0,0,0,0,0,0,0]
[{"$f":"'Форма по МДС 81-35.2004'!A36","v":"2."},{"$f":"'Форма по МДС 81-35.2004'!M36","v":231.35},{"$f":"ROUND(СУММПРОИЗВЕСЛИ(1,'Форма по МДС 81-35.2004'!J36:J54,\"Г\",'Форма по МДС 81-35.2004'!E36:E54,'Форма по МДС 81-35.2004'!M36:M54,0),2)","v":0},{"$f":"ROUND(СУММПРОИЗВЕСЛИ(1,'Форма по МДС 81-35.2004'!J36:J54,\"IsMash\",'Форма по МДС 81-35.2004'!E36:E54,'Форма по МДС 81-35.2004'!M36:M54,0),2)","v":231.35},{"$f":"ROUND(СУММПРОИЗВЕСЛИ(1,'Форма по МДС 81-35.2004'!J36:J54,\"Ж\",'Форма по МДС 81-35.2004'!E36:E54,'Форма по МДС 81-35.2004'!M36:M54,0),2)","v":0},{"$f":"ROUND(СУММПРОИЗВЕСЛИ(1,'Форма по МДС 81-35.2004'!J36:J54,\"IsMater\",'Форма по МДС 81-35.2004'!E36:E54,'Форма по МДС 81-35.2004'!M36:M54,0),2)","v":0},0,0,{"$f":"ОКРУГЛВСЕ(SUMIF('Форма по МДС 81-35.2004'!J36:J54,\"Г\",'Форма по МДС 81-35.2004'!E36:E54),8)","v":0},0,{"$f":"ОКРУГЛВСЕ(SUMIF('Форма по МДС 81-35.2004'!J36:J54,\"Ж\",'Форма по МДС 81-35.2004'!E36:E54),8)","v":1.48},0,0,27.06795,20.673435999999999,0,0,0,0,0,0,0,null,0,0,0,0,0,0,0,0]
[{"$f":"'Форма по МДС 81-35.2004'!A55","v":"3."},{"$f":"'Форма по МДС 81-35.2004'!M55","v":43.73},{"$f":"ROUND(СУММПРОИЗВЕСЛИ(1,'Форма по МДС 81-35.2004'!J55:J76,\"Г\",'Форма по МДС 81-35.2004'!E55:E76,'Форма по МДС 81-35.2004'!M55:M76,0),2)","v":0},{"$f":"ROUND(СУММПРОИЗВЕСЛИ(1,'Форма по МДС 81-35.2004'!J55:J76,\"IsMash\",'Форма по МДС 81-35.2004'!E55:E76,'Форма по МДС 81-35.2004'!M55:M76,0),2)","v":43.73},{"$f":"ROUND(СУММПРОИЗВЕСЛИ(1,'Форма по МДС 81-35.2004'!J55:J76,\"Ж\",'Форма по МДС 81-35.2004'!E55:E76,'Форма по МДС 81-35.2004'!M55:M76,0),2)","v":0},{"$f":"ROUND(СУММПРОИЗВЕСЛИ(1,'Форма по МДС 81-35.2004'!J55:J76,\"IsMater\",'Форма по МДС 81-35.2004'!E55:E76,'Форма по МДС 81-35.2004'!M55:M76,0),2)","v":0},0,0,{"$f":"ОКРУГЛВСЕ(SUMIF('Форма по МДС 81-35.2004'!J55:J76,\"Г\",'Форма по МДС 81-35.2004'!E55:E76),8)","v":0},0,{"$f":"ОКРУГЛВСЕ(SUMIF('Форма по МДС 81-35.2004'!J55:J76,\"Ж\",'Форма по МДС 81-35.2004'!E55:E76),8)","v":0.7},0,0,5.1164100000000001,3.9077128000000001,0,0,0,0,0,0,0,null,0,0,0,0,0,0,0,0]
[{"$f":"'Форма по МДС 81-35.2004'!A77","v":"4."},{"$f":"'Форма по МДС 81-35.2004'!M77","v":28.29},{"$f":"ROUND(СУММПРОИЗВЕСЛИ(1,'Форма по МДС 81-35.2004'!J77:J95,\"Г\",'Форма по МДС 81-35.2004'!E77:E95,'Форма по МДС 81-35.2004'!M77:M95,0),2)","v":0},{"$f":"ROUND(СУММПРОИЗВЕСЛИ(1,'Форма по МДС 81-35.2004'!J77:J95,\"IsMash\",'Форма по МДС 81-35.2004'!E77:E95,'Форма по МДС 81-35.2004'!M77:M95,0),2)","v":28.29},{"$f":"ROUND(СУММПРОИЗВЕСЛИ(1,'Форма по МДС 81-35.2004'!J77:J95,\"Ж\",'Форма по МДС 81-35.2004'!E77:E95,'Форма по МДС 81-35.2004'!M77:M95,0),2)","v":3},{"$f":"ROUND(СУММПРОИЗВЕСЛИ(1,'Форма по МДС 81-35.2004'!J77:J95,\"IsMater\",'Форма по МДС 81-35.2004'!E77:E95,'Форма по МДС 81-35.2004'!M77:M95,0),2)","v":0},0,0,{"$f":"ОКРУГЛВСЕ(SUMIF('Форма по МДС 81-35.2004'!J77:J95,\"Г\",'Форма по МДС 81-35.2004'!E77:E95),8)","v":0},0,{"$f":"ОКРУГЛВСЕ(SUMIF('Форма по МДС 81-35.2004'!J77:J95,\"Ж\",'Форма по МДС 81-35.2004'!E77:E95),8)","v":0.23},0,0,3.30993,2.5279943999999999,0,0,0,0,0,0,0,null,0,0,0,0,0,0,0,0]
[{"$f":"'Форма по МДС 81-35.2004'!A96","v":"5."},{"$f":"'Форма по МДС 81-35.2004'!M96","v":117.74},{"$f":"ROUND(СУММПРОИЗВЕСЛИ(1,'Форма по МДС 81-35.2004'!J96:J114,\"Г\",'Форма по МДС 81-35.2004'!E96:E114,'Форма по МДС 81-35.2004'!M96:M114,0),3)","v":117.739},{"$f":"ROUND(СУММПРОИЗВЕСЛИ(1,'Форма по МДС 81-35.2004'!J96:J114,\"IsMash\",'Форма по МДС 81-35.2004'!E96:E114,'Форма по МДС 81-35.2004'!M96:M114,0),3)","v":0},{"$f":"ROUND(СУММПРОИЗВЕСЛИ(1,'Форма по МДС 81-35.2004'!J96:J114,\"Ж\",'Форма по МДС 81-35.2004'!E96:E114,'Форма по МДС 81-35.2004'!M96:M114,0),3)","v":0},{"$f":"ROUND(СУММПРОИЗВЕСЛИ(1,'Форма по МДС 81-35.2004'!J96:J114,\"IsMater\",'Форма по МДС 81-35.2004'!E96:E114,'Форма по МДС 81-35.2004'!M96:M114,0),3)","v":0},0,0,{"$f":"ОКРУГЛВСЕ(SUMIF('Форма по МДС 81-35.2004'!J96:J114,\"Г\",'Форма по МДС 81-35.2004'!E96:E114),8)","v":14.42},0,{"$f":"ОКРУГЛВСЕ(SUMIF('Форма по МДС 81-35.2004'!J96:J114,\"Ж\",'Форма по МДС 81-35.2004'!E96:E114),8)","v":0},0,0,13.77558,10.521246400000001,0,0,0,0,0,0,0,null,0,0,0,0,0,0,0,0]
[{"$f":"'Форма по МДС 81-35.2004'!A115","v":"6."},{"$f":"'Форма по МДС 81-35.2004'!M115","v":15.27},{"$f":"ROUND(СУММПРОИЗВЕСЛИ(1,'Форма по МДС 81-35.2004'!J115:J134,\"Г\",'Форма по МДС 81-35.2004'!E115:E134,'Форма по МДС 81-35.2004'!M115:M134,0),2)","v":0},{"$f":"ROUND(СУММПРОИЗВЕСЛИ(1,'Форма по МДС 81-35.2004'!J115:J134,\"IsMash\",'Форма по МДС 81-35.2004'!E115:E134,'Форма по МДС 81-35.2004'!M115:M134,0),2)","v":15.27},{"$f":"ROUND(СУММПРОИЗВЕСЛИ(1,'Форма по МДС 81-35.2004'!J115:J134,\"Ж\",'Форма по МДС 81-35.2004'!E115:E134,'Форма по МДС 81-35.2004'!M115:M134,0),2)","v":2.44},{"$f":"ROUND(СУММПРОИЗВЕСЛИ(1,'Форма по МДС 81-35.2004'!J115:J134,\"IsMater\",'Форма по МДС 81-35.2004'!E115:E134,'Форма по МДС 81-35.2004'!M115:M134,0),2)","v":0},0,0,{"$f":"ОКРУГЛВСЕ(SUMIF('Форма по МДС 81-35.2004'!J115:J134,\"Г\",'Форма по МДС 81-35.2004'!E115:E134),8)","v":0},0,{"$f":"ОКРУГЛВСЕ(SUMIF('Форма по МДС 81-35.2004'!J115:J134,\"Ж\",'Форма по МДС 81-35.2004'!E115:E134),8)","v":0.18},0,0,1.7865899999999999,1.3645271999999999,0,0,0,0,0,0,0,null,0,0,0,0,0,0,0,0]
[{"$f":"'Форма по МДС 81-35.2004'!A135","v":"7."},{"$f":"'Форма по МДС 81-35.2004'!M135","v":0.94},{"$f":"ROUND(СУММПРОИЗВЕСЛИ(1,'Форма по МДС 81-35.2004'!J135:J152,\"Г\",'Форма по МДС 81-35.2004'!E135:E152,'Форма по МДС 81-35.2004'!M135:M152,0),3)","v":0.93600000000000005},{"$f":"ROUND(СУММПРОИЗВЕСЛИ(1,'Форма по МДС 81-35.2004'!J135:J152,\"IsMash\",'Форма по МДС 81-35.2004'!E135:E152,'Форма по МДС 81-35.2004'!M135:M152,0),3)","v":0},{"$f":"ROUND(СУММПРОИЗВЕСЛИ(1,'Форма по МДС 81-35.2004'!J135:J152,\"Ж\",'Форма по МДС 81-35.2004'!E135:E152,'Форма по МДС 81-35.2004'!M135:M152,0),3)","v":0},{"$f":"ROUND(СУММПРОИЗВЕСЛИ(1,'Форма по МДС 81-35.2004'!J135:J152,\"IsMater\",'Форма по МДС 81-35.2004'!E135:E152,'Форма по МДС 81-35.2004'!M135:M152,0),3)","v":0},0,0,{"$f":"ОКРУГЛВСЕ(SUMIF('Форма по МДС 81-35.2004'!J135:J152,\"Г\",'Форма по МДС 81-35.2004'!E135:E152),8)","v":0.12},0,{"$f":"ОКРУГЛВСЕ(SUMIF('Форма по МДС 81-35.2004'!J135:J152,\"Ж\",'Форма по МДС 81-35.2004'!E135:E152),8)","v":0},0,0,0.10997999999999999,8.3998400000000001E-2,0,0,0,0,0,0,0,null,0,0,0,0,0,0,0,0]
[{"$f":"'Форма по МДС 81-35.2004'!A153","v":"8."},{"$f":"'Форма по МДС 81-35.2004'!M153","v":2645.55},{"$f":"ROUND(СУММПРОИЗВЕСЛИ(1,'Форма по МДС 81-35.2004'!J153:J173,\"Г\",'Форма по МДС 81-35.2004'!E153:E173,'Форма по МДС 81-35.2004'!M153:M173,0),2)","v":1950},{"$f":"ROUND(СУММПРОИЗВЕСЛИ(1,'Форма по МДС 81-35.2004'!J153:J173,\"IsMash\",'Форма по МДС 81-35.2004'!E153:E173,'Форма по МДС 81-35.2004'!M153:M173,0),2)","v":695.55},{"$f":"ROUND(СУММПРОИЗВЕСЛИ(1,'Форма по МДС 81-35.2004'!J153:J173,\"Ж\",'Форма по МДС 81-35.2004'!E153:E173,'Форма по МДС 81-35.2004'!M153:M173,0),2)","v":100},{"$f":"ROUND(СУММПРОИЗВЕСЛИ(1,'Форма по МДС 81-35.2004'!J153:J173,\"IsMater\",'Форма по МДС 81-35.2004'!E153:E173,'Форма по МДС 81-35.2004'!M153:M173,0),2)","v":0},0,0,{"$f":"ОКРУГЛВСЕ(SUMIF('Форма по МДС 81-35.2004'!J153:J173,\"Г\",'Форма по МДС 81-35.2004'!E153:E173),8)","v":250},0,{"$f":"ОКРУГЛВСЕ(SUMIF('Форма по МДС 81-35.2004'!J153:J173,\"Ж\",'Форма по МДС 81-35.2004'!E153:E173),8)","v":10.45},0,0,309.52935000000002,236.40634800000001,0,0,0,0,0,0,0,null,0,0,0,0,0,0,0,0]
[{"$f":"'Форма по МДС 81-35.2004'!A174","v":"9."},{"$f":"'Форма по МДС 81-35.2004'!M174","v":21.6},{"$f":"ROUND(СУММПРОИЗВЕСЛИ(1,'Форма по МДС 81-35.2004'!J174:J192,\"Г\",'Форма по МДС 81-35.2004'!E174:E192,'Форма по МДС 81-35.2004'!M174:M192,0),2)","v":0},{"$f":"ROUND(СУММПРОИЗВЕСЛИ(1,'Форма по МДС 81-35.2004'!J174:J192,\"IsMash\",'Форма по МДС 81-35.2004'!E174:E192,'Форма по МДС 81-35.2004'!M174:M192,0),2)","v":21.6},{"$f":"ROUND(СУММПРОИЗВЕСЛИ(1,'Форма по МДС 81-35.2004'!J174:J192,\"Ж\",'Форма по МДС 81-35.2004'!E174:E192,'Форма по МДС 81-35.2004'!M174:M192,0),2)","v":4},{"$f":"ROUND(СУММПРОИЗВЕСЛИ(1,'Форма по МДС 81-35.2004'!J174:J192,\"IsMater\",'Форма по МДС 81-35.2004'!E174:E192,'Форма по МДС 81-35.2004'!M174:M192,0),2)","v":0},0,0,{"$f":"ОКРУГЛВСЕ(SUMIF('Форма по МДС 81-35.2004'!J174:J192,\"Г\",'Форма по МДС 81-35.2004'!E174:E192),8)","v":0},0,{"$f":"ОКРУГЛВСЕ(SUMIF('Форма по МДС 81-35.2004'!J174:J192,\"Ж\",'Форма по МДС 81-35.2004'!E174:E192),8)","v":0.27},0,0,2.5272000000000001,1.9301759999999999,0,0,0,0,0,0,0,null,0,0,0,0,0,0,0,0]
[{"$f":"'Форма по МДС 81-35.2004'!A194","v":"10."},{"$f":"'Форма по МДС 81-35.2004'!M194","v":178.8},{"$f":"ROUND(СУММПРОИЗВЕСЛИ(1,'Форма по МДС 81-35.2004'!J194:J215,\"Г\",'Форма по МДС 81-35.2004'!E194:E215,'Форма по МДС 81-35.2004'!M194:M215,0),2)","v":61.16},{"$f":"ROUND(СУММПРОИЗВЕСЛИ(1,'Форма по МДС 81-35.2004'!J194:J215,\"IsMash\",'Форма по МДС 81-35.2004'!E194:E215,'Форма по МДС 81-35.2004'!M194:M215,0),2)","v":117.64},{"$f":"ROUND(СУММПРОИЗВЕСЛИ(1,'Форма по МДС 81-35.2004'!J194:J215,\"Ж\",'Форма по МДС 81-35.2004'!E194:E215,'Форма по МДС 81-35.2004'!M194:M215,0),2)","v":16.32},{"$f":"ROUND(СУММПРОИЗВЕСЛИ(1,'Форма по МДС 81-35.2004'!J194:J215,\"IsMater\",'Форма по МДС 81-35.2004'!E194:E215,'Форма по МДС 81-35.2004'!M194:M215,0),2)","v":0},0,0,{"$f":"ОКРУГЛВСЕ(SUMIF('Форма по МДС 81-35.2004'!J194:J215,\"Г\",'Форма по МДС 81-35.2004'!E194:E215),8)","v":8.16},0,{"$f":"ОКРУГЛВСЕ(SUMIF('Форма по МДС 81-35.2004'!J194:J215,\"Ж\",'Форма по МДС 81-35.2004'!E194:E215),8)","v":1.36},0,0,20.919599999999999,15.977568,0,0,0,0,0,0,0,null,0,0,0,0,0,0,0,0]
[{"$f":"'Форма по МДС 81-35.2004'!A216","v":"11."},{"$f":"'Форма по МДС 81-35.2004'!M216","v":79.95},{"$f":"ROUND(СУММПРОИЗВЕСЛИ(1,'Форма по МДС 81-35.2004'!J216:J234,\"Г\",'Форма по МДС 81-35.2004'!E216:E234,'Форма по МДС 81-35.2004'!M216:M234,0),2)","v":0},{"$f":"ROUND(СУММПРОИЗВЕСЛИ(1,'Форма по МДС 81-35.2004'!J216:J234,\"IsMash\",'Форма по МДС 81-35.2004'!E216:E234,'Форма по МДС 81-35.2004'!M216:M234,0),2)","v":79.95},{"$f":"ROUND(СУММПРОИЗВЕСЛИ(1,'Форма по МДС 81-35.2004'!J216:J234,\"Ж\",'Форма по МДС 81-35.2004'!E216:E234,'Форма по МДС 81-35.2004'!M216:M234,0),2)","v":8.33},{"$f":"ROUND(СУММПРОИЗВЕСЛИ(1,'Форма по МДС 81-35.2004'!J216:J234,\"IsMater\",'Форма по МДС 81-35.2004'!E216:E234,'Форма по МДС 81-35.2004'!M216:M234,0),2)","v":0},0,0,{"$f":"ОКРУГЛВСЕ(SUMIF('Форма по МДС 81-35.2004'!J216:J234,\"Г\",'Форма по МДС 81-35.2004'!E216:E234),8)","v":0},0,{"$f":"ОКРУГЛВСЕ(SUMIF('Форма по МДС 81-35.2004'!J216:J234,\"Ж\",'Форма по МДС 81-35.2004'!E216:E234),8)","v":0.65},0,0,9.3541500000000006,7.1443320000000003,0,0,0,0,0,0,0,null,0,0,0,0,0,0,0,0]
[{"$f":"'Форма по МДС 81-35.2004'!A235","v":"12."},{"$f":"'Форма по МДС 81-35.2004'!M235","v":15.27},{"$f":"ROUND(СУММПРОИЗВЕСЛИ(1,'Форма по МДС 81-35.2004'!J235:J254,\"Г\",'Форма по МДС 81-35.2004'!E235:E254,'Форма по МДС 81-35.2004'!M235:M254,0),2)","v":0},{"$f":"ROUND(СУММПРОИЗВЕСЛИ(1,'Форма по МДС 81-35.2004'!J235:J254,\"IsMash\",'Форма по МДС 81-35.2004'!E235:E254,'Форма по МДС 81-35.2004'!M235:M254,0),2)","v":15.27},{"$f":"ROUND(СУММПРОИЗВЕСЛИ(1,'Форма по МДС 81-35.2004'!J235:J254,\"Ж\",'Форма по МДС 81-35.2004'!E235:E254,'Форма по МДС 81-35.2004'!M235:M254,0),2)","v":2.44},{"$f":"ROUND(СУММПРОИЗВЕСЛИ(1,'Форма по МДС 81-35.2004'!J235:J254,\"IsMater\",'Форма по МДС 81-35.2004'!E235:E254,'Форма по МДС 81-35.2004'!M235:M254,0),2)","v":0},0,0,{"$f":"ОКРУГЛВСЕ(SUMIF('Форма по МДС 81-35.2004'!J235:J254,\"Г\",'Форма по МДС 81-35.2004'!E235:E254),8)","v":0},0,{"$f":"ОКРУГЛВСЕ(SUMIF('Форма по МДС 81-35.2004'!J235:J254,\"Ж\",'Форма по МДС 81-35.2004'!E235:E254),8)","v":0.18},0,0,1.7865899999999999,1.3645271999999999,0,0,0,0,0,0,0,null,0,0,0,0,0,0,0,0]
[{"$f":"'Форма по МДС 81-35.2004'!A255","v":"13."},{"$f":"'Форма по МДС 81-35.2004'!M255","v":1977.2},{"$f":"ROUND(СУММПРОИЗВЕСЛИ(1,'Форма по МДС 81-35.2004'!J255:J273,\"Г\",'Форма по МДС 81-35.2004'!E255:E273,'Форма по МДС 81-35.2004'!M255:M273,0),3)","v":1977.1980000000001},{"$f":"ROUND(СУММПРОИЗВЕСЛИ(1,'Форма по МДС 81-35.2004'!J255:J273,\"IsMash\",'Форма по МДС 81-35.2004'!E255:E273,'Форма по МДС 81-35.2004'!M255:M273,0),3)","v":0},{"$f":"ROUND(СУММПРОИЗВЕСЛИ(1,'Форма по МДС 81-35.2004'!J255:J273,\"Ж\",'Форма по МДС 81-35.2004'!E255:E273,'Форма по МДС 81-35.2004'!M255:M273,0),3)","v":0},{"$f":"ROUND(СУММПРОИЗВЕСЛИ(1,'Форма по МДС 81-35.2004'!J255:J273,\"IsMater\",'Форма по МДС 81-35.2004'!E255:E273,'Форма по МДС 81-35.2004'!M255:M273,0),3)","v":0},0,0,{"$f":"ОКРУГЛВСЕ(SUMIF('Форма по МДС 81-35.2004'!J255:J273,\"Г\",'Форма по МДС 81-35.2004'!E255:E273),8)","v":241.44},0,{"$f":"ОКРУГЛВСЕ(SUMIF('Форма по МДС 81-35.2004'!J255:J273,\"Ж\",'Форма по МДС 81-35.2004'!E255:E273),8)","v":0},0,0,231.33240000000001,176.682592,0,0,0,0,0,0,0,null,0,0,0,0,0,0,0,0]
[{"$f":"'Форма по МДС 81-35.2004'!A274","v":"14."},{"$f":"'Форма по МДС 81-35.2004'!M274","v":8508.02},{"$f":"ROUND(СУММПРОИЗВЕСЛИ(1,'Форма по МДС 81-35.2004'!J274:J294,\"Г\",'Форма по МДС 81-35.2004'!E274:E294,'Форма по МДС 81-35.2004'!M274:M294,0),2)","v":716.04},{"$f":"ROUND(СУММПРОИЗВЕСЛИ(1,'Форма по МДС 81-35.2004'!J274:J294,\"IsMash\",'Форма по МДС 81-35.2004'!E274:E294,'Форма по МДС 81-35.2004'!M274:M294,0),2)","v":7791.98},{"$f":"ROUND(СУММПРОИЗВЕСЛИ(1,'Форма по МДС 81-35.2004'!J274:J294,\"Ж\",'Форма по МДС 81-35.2004'!E274:E294,'Форма по МДС 81-35.2004'!M274:M294,0),2)","v":1233.33},{"$f":"ROUND(СУММПРОИЗВЕСЛИ(1,'Форма по МДС 81-35.2004'!J274:J294,\"IsMater\",'Форма по МДС 81-35.2004'!E274:E294,'Форма по МДС 81-35.2004'!M274:M294,0),2)","v":0},0,0,{"$f":"ОКРУГЛВСЕ(SUMIF('Форма по МДС 81-35.2004'!J274:J294,\"Г\",'Форма по МДС 81-35.2004'!E274:E294),8)","v":91.8},0,{"$f":"ОКРУГЛВСЕ(SUMIF('Форма по МДС 81-35.2004'!J274:J294,\"Ж\",'Форма по МДС 81-35.2004'!E274:E294),8)","v":91.8},0,0,995.43834000000004,760.27666720000002,0,0,0,0,0,0,0,null,0,0,0,0,0,0,0,0]
[{"$f":"'Форма по МДС 81-35.2004'!A295","v":"15."},{"$f":"'Форма по МДС 81-35.2004'!M295","v":4.29},{"$f":"ROUND(СУММПРОИЗВЕСЛИ(1,'Форма по МДС 81-35.2004'!J295:J312,\"Г\",'Форма по МДС 81-35.2004'!E295:E312,'Форма по МДС 81-35.2004'!M295:M312,0),3)","v":4.29},{"$f":"ROUND(СУММПРОИЗВЕСЛИ(1,'Форма по МДС 81-35.2004'!J295:J312,\"IsMash\",'Форма по МДС 81-35.2004'!E295:E312,'Форма по МДС 81-35.2004'!M295:M312,0),3)","v":0},{"$f":"ROUND(СУММПРОИЗВЕСЛИ(1,'Форма по МДС 81-35.2004'!J295:J312,\"Ж\",'Форма по МДС 81-35.2004'!E295:E312,'Форма по МДС 81-35.2004'!M295:M312,0),3)","v":0},{"$f":"ROUND(СУММПРОИЗВЕСЛИ(1,'Форма по МДС 81-35.2004'!J295:J312,\"IsMater\",'Форма по МДС 81-35.2004'!E295:E312,'Форма по МДС 81-35.2004'!M295:M312,0),3)","v":0},0,0,{"$f":"ОКРУГЛВСЕ(SUMIF('Форма по МДС 81-35.2004'!J295:J312,\"Г\",'Форма по МДС 81-35.2004'!E295:E312),8)","v":0.55000000000000004},0,{"$f":"ОКРУГЛВСЕ(SUMIF('Форма по МДС 81-35.2004'!J295:J312,\"Ж\",'Форма по МДС 81-35.2004'!E295:E312),8)","v":0},0,0,0.50192999999999999,0.38335439999999998,0,0,0,0,0,0,0,null,0,0,0,0,0,0,0,0]
[{"$f":"'Форма по МДС 81-35.2004'!A313","v":"16."},{"$f":"'Форма по МДС 81-35.2004'!M313","v":822.16},{"$f":"ROUND(СУММПРОИЗВЕСЛИ(1,'Форма по МДС 81-35.2004'!J313:J331,\"Г\",'Форма по МДС 81-35.2004'!E313:E331,'Форма по МДС 81-35.2004'!M313:M331,0),2)","v":0},{"$f":"ROUND(СУММПРОИЗВЕСЛИ(1,'Форма по МДС 81-35.2004'!J313:J331,\"IsMash\",'Форма по МДС 81-35.2004'!E313:E331,'Форма по МДС 81-35.2004'!M313:M331,0),2)","v":822.16},{"$f":"ROUND(СУММПРОИЗВЕСЛИ(1,'Форма по МДС 81-35.2004'!J313:J331,\"Ж\",'Форма по МДС 81-35.2004'!E313:E331,'Форма по МДС 81-35.2004'!M313:M331,0),2)","v":0},{"$f":"ROUND(СУММПРОИЗВЕСЛИ(1,'Форма по МДС 81-35.2004'!J313:J331,\"IsMater\",'Форма по МДС 81-35.2004'!E313:E331,'Форма по МДС 81-35.2004'!M313:M331,0),2)","v":0},0,0,{"$f":"ОКРУГЛВСЕ(SUMIF('Форма по МДС 81-35.2004'!J313:J331,\"Г\",'Форма по МДС 81-35.2004'!E313:E331),8)","v":0},0,{"$f":"ОКРУГЛВСЕ(SUMIF('Форма по МДС 81-35.2004'!J313:J331,\"Ж\",'Форма по МДС 81-35.2004'!E313:E331),8)","v":0},0,0,96.192719999999994,73.468217600000003,0,0,0,0,0,0,0,null,0,0,0,0,0,0,0,0]
[{"$f":"'Форма по МДС 81-35.2004'!A332","v":"17."},{"$f":"'Форма по МДС 81-35.2004'!M332","v":65.23},{"$f":"ROUND(СУММПРОИЗВЕСЛИ(1,'Форма по МДС 81-35.2004'!J332:J351,\"Г\",'Форма по МДС 81-35.2004'!E332:E351,'Форма по МДС 81-35.2004'!M332:M351,0),2)","v":0},{"$f":"ROUND(СУММПРОИЗВЕСЛИ(1,'Форма по МДС 81-35.2004'!J332:J351,\"IsMash\",'Форма по МДС 81-35.2004'!E332:E351,'Форма по МДС 81-35.2004'!M332:M351,0),2)","v":65.23},{"$f":"ROUND(СУММПРОИЗВЕСЛИ(1,'Форма по МДС 81-35.2004'!J332:J351,\"Ж\",'Форма по МДС 81-35.2004'!E332:E351,'Форма по МДС 81-35.2004'!M332:M351,0),2)","v":0},{"$f":"ROUND(СУММПРОИЗВЕСЛИ(1,'Форма по МДС 81-35.2004'!J332:J351,\"IsMater\",'Форма по МДС 81-35.2004'!E332:E351,'Форма по МДС 81-35.2004'!M332:M351,0),2)","v":0},0,0,{"$f":"ОКРУГЛВСЕ(SUMIF('Форма по МДС 81-35.2004'!J332:J351,\"Г\",'Форма по МДС 81-35.2004'!E332:E351),8)","v":0},0,{"$f":"ОКРУГЛВСЕ(SUMIF('Форма по МДС 81-35.2004'!J332:J351,\"Ж\",'Форма по МДС 81-35.2004'!E332:E351),8)","v":0},0,0,7.6319100000000004,5.8289527999999997,0,0,0,0,0,0,0,null,0,0,0,0,0,0,0,0]
[{"$f":"'Форма по МДС 81-35.2004'!A352","v":"18."},{"$f":"'Форма по МДС 81-35.2004'!M352","v":25.08},{"$f":"ROUND(СУММПРОИЗВЕСЛИ(1,'Форма по МДС 81-35.2004'!J352:J371,\"Г\",'Форма по МДС 81-35.2004'!E352:E371,'Форма по МДС 81-35.2004'!M352:M371,0),2)","v":8.35},{"$f":"ROUND(СУММПРОИЗВЕСЛИ(1,'Форма по МДС 81-35.2004'!J352:J371,\"IsMash\",'Форма по МДС 81-35.2004'!E352:E371,'Форма по МДС 81-35.2004'!M352:M371,0),2)","v":16.739999999999998},{"$f":"ROUND(СУММПРОИЗВЕСЛИ(1,'Форма по МДС 81-35.2004'!J352:J371,\"Ж\",'Форма по МДС 81-35.2004'!E352:E371,'Форма по МДС 81-35.2004'!M352:M371,0),2)","v":1.19},{"$f":"ROUND(СУММПРОИЗВЕСЛИ(1,'Форма по МДС 81-35.2004'!J352:J371,\"IsMater\",'Форма по МДС 81-35.2004'!E352:E371,'Форма по МДС 81-35.2004'!M352:M371,0),2)","v":0},0,0,{"$f":"ОКРУГЛВСЕ(SUMIF('Форма по МДС 81-35.2004'!J352:J371,\"Г\",'Форма по МДС 81-35.2004'!E352:E371),8)","v":1.07},0,{"$f":"ОКРУГЛВСЕ(SUMIF('Форма по МДС 81-35.2004'!J352:J371,\"Ж\",'Форма по МДС 81-35.2004'!E352:E371),8)","v":0.09},0,0,2.9343599999999999,2.2411487999999999,0,0,0,0,0,0,0,null,0,0,0,0,0,0,0,0]
[{"$f":"'Форма по МДС 81-35.2004'!A372","v":"19."},{"$f":"'Форма по МДС 81-35.2004'!M372","v":0},{"$f":"ROUND(СУММПРОИЗВЕСЛИ(1,'Форма по МДС 81-35.2004'!J372:J396,\"Г\",'Форма по МДС 81-35.2004'!E372:E396,'Форма по МДС 81-35.2004'!M372:M396,0),2)","v":0},{"$f":"ROUND(СУММПРОИЗВЕСЛИ(1,'Форма по МДС 81-35.2004'!J372:J396,\"IsMash\",'Форма по МДС 81-35.2004'!E372:E396,'Форма по МДС 81-35.2004'!M372:M396,0),2)","v":0},{"$f":"ROUND(СУММПРОИЗВЕСЛИ(1,'Форма по МДС 81-35.2004'!J372:J396,\"Ж\",'Форма по МДС 81-35.2004'!E372:E396,'Форма по МДС 81-35.2004'!M372:M396,0),2)","v":0},{"$f":"ROUND(СУММПРОИЗВЕСЛИ(1,'Форма по МДС 81-35.2004'!J372:J396,\"IsMater\",'Форма по МДС 81-35.2004'!E372:E396,'Форма по МДС 81-35.2004'!M372:M396,0),2)","v":0},0,0,{"$f":"ОКРУГЛВСЕ(SUMIF('Форма по МДС 81-35.2004'!J372:J396,\"Г\",'Форма по МДС 81-35.2004'!E372:E396),8)","v":0},0,{"$f":"ОКРУГЛВСЕ(SUMIF('Форма по МДС 81-35.2004'!J372:J396,\"Ж\",'Форма по МДС 81-35.2004'!E372:E396),8)","v":18.649999999999999},0,0,0,0,0,0,0,0,0,0,0,null,0,0,0,0,0,0,0,0]
[{"$f":"'Форма по МДС 81-35.2004'!A398","v":"20."},{"$f":"'Форма по МДС 81-35.2004'!M398","v":5.62},{"$f":"ROUND(СУММПРОИЗВЕСЛИ(1,'Форма по МДС 81-35.2004'!J398:J416,\"Г\",'Форма по МДС 81-35.2004'!E398:E416,'Форма по МДС 81-35.2004'!M398:M416,0),3)","v":5.6159999999999997},{"$f":"ROUND(СУММПРОИЗВЕСЛИ(1,'Форма по МДС 81-35.2004'!J398:J416,\"IsMash\",'Форма по МДС 81-35.2004'!E398:E416,'Форма по МДС 81-35.2004'!M398:M416,0),3)","v":0},{"$f":"ROUND(СУММПРОИЗВЕСЛИ(1,'Форма по МДС 81-35.2004'!J398:J416,\"Ж\",'Форма по МДС 81-35.2004'!E398:E416,'Форма по МДС 81-35.2004'!M398:M416,0),3)","v":0},{"$f":"ROUND(СУММПРОИЗВЕСЛИ(1,'Форма по МДС 81-35.2004'!J398:J416,\"IsMater\",'Форма по МДС 81-35.2004'!E398:E416,'Форма по МДС 81-35.2004'!M398:M416,0),3)","v":0},0,0,{"$f":"ОКРУГЛВСЕ(SUMIF('Форма по МДС 81-35.2004'!J398:J416,\"Г\",'Форма по МДС 81-35.2004'!E398:E416),8)","v":0.72},0,{"$f":"ОКРУГЛВСЕ(SUMIF('Форма по МДС 81-35.2004'!J398:J416,\"Ж\",'Форма по МДС 81-35.2004'!E398:E416),8)","v":0},0,0,0.65754000000000001,0.50220319999999996,0,0,0,0,0,0,0,null,0,0,0,0,0,0,0,0]
[{"$f":"'Форма по МДС 81-35.2004'!A417","v":"21."},{"$f":"'Форма по МДС 81-35.2004'!M417","v":120.47},{"$f":"ROUND(СУММПРОИЗВЕСЛИ(1,'Форма по МДС 81-35.2004'!J417:J436,\"Г\",'Форма по МДС 81-35.2004'!E417:E436,'Форма по МДС 81-35.2004'!M417:M436,0),2)","v":41.72},{"$f":"ROUND(СУММПРОИЗВЕСЛИ(1,'Форма по МДС 81-35.2004'!J417:J436,\"IsMash\",'Форма по МДС 81-35.2004'!E417:E436,'Форма по МДС 81-35.2004'!M417:M436,0),2)","v":78.75},{"$f":"ROUND(СУММПРОИЗВЕСЛИ(1,'Форма по МДС 81-35.2004'!J417:J436,\"Ж\",'Форма по МДС 81-35.2004'!E417:E436,'Форма по МДС 81-35.2004'!M417:M436,0),2)","v":0},{"$f":"ROUND(СУММПРОИЗВЕСЛИ(1,'Форма по МДС 81-35.2004'!J417:J436,\"IsMater\",'Форма по МДС 81-35.2004'!E417:E436,'Форма по МДС 81-35.2004'!M417:M436,0),2)","v":0},0,0,{"$f":"ОКРУГЛВСЕ(SUMIF('Форма по МДС 81-35.2004'!J417:J436,\"Г\",'Форма по МДС 81-35.2004'!E417:E436),8)","v":5.15},0,{"$f":"ОКРУГЛВСЕ(SUMIF('Форма по МДС 81-35.2004'!J417:J436,\"Ж\",'Форма по МДС 81-35.2004'!E417:E436),8)","v":0},0,0,14.094989999999999,10.7651992,0,0,0,0,0,0,0,null,0,0,0,0,0,0,0,0]
[{"$f":"'Форма по МДС 81-35.2004'!A437","v":"22."},{"$f":"'Форма по МДС 81-35.2004'!M437","v":35.67},{"$f":"ROUND(СУММПРОИЗВЕСЛИ(1,'Форма по МДС 81-35.2004'!J437:J455,\"Г\",'Форма по МДС 81-35.2004'!E437:E455,'Форма по МДС 81-35.2004'!M437:M455,0),2)","v":0},{"$f":"ROUND(СУММПРОИЗВЕСЛИ(1,'Форма по МДС 81-35.2004'!J437:J455,\"IsMash\",'Форма по МДС 81-35.2004'!E437:E455,'Форма по МДС 81-35.2004'!M437:M455,0),2)","v":35.67},{"$f":"ROUND(СУММПРОИЗВЕСЛИ(1,'Форма по МДС 81-35.2004'!J437:J455,\"Ж\",'Форма по МДС 81-35.2004'!E437:E455,'Форма по МДС 81-35.2004'!M437:M455,0),2)","v":4},{"$f":"ROUND(СУММПРОИЗВЕСЛИ(1,'Форма по МДС 81-35.2004'!J437:J455,\"IsMater\",'Форма по МДС 81-35.2004'!E437:E455,'Форма по МДС 81-35.2004'!M437:M455,0),2)","v":0},0,0,{"$f":"ОКРУГЛВСЕ(SUMIF('Форма по МДС 81-35.2004'!J437:J455,\"Г\",'Форма по МДС 81-35.2004'!E437:E455),8)","v":0},0,{"$f":"ОКРУГЛВСЕ(SUMIF('Форма по МДС 81-35.2004'!J437:J455,\"Ж\",'Форма по МДС 81-35.2004'!E437:E455),8)","v":0.28999999999999998},0,0,4.1733900000000004,3.1874712000000001,0,0,0,0,0,0,0,null,0,0,0,0,0,0,0,0]
[{"$f":"'Форма по МДС 81-35.2004'!A457","v":"23."},{"$f":"'Форма по МДС 81-35.2004'!M457","v":78.099999999999994},{"$f":"ROUND(СУММПРОИЗВЕСЛИ(1,'Форма по МДС 81-35.2004'!J457:J475,\"Г\",'Форма по МДС 81-35.2004'!E457:E475,'Форма по МДС 81-35.2004'!M457:M475,0),2)","v":0},{"$f":"ROUND(СУММПРОИЗВЕСЛИ(1,'Форма по МДС 81-35.2004'!J457:J475,\"IsMash\",'Форма по МДС 81-35.2004'!E457:E475,'Форма по МДС 81-35.2004'!M457:M475,0),2)","v":78.099999999999994},{"$f":"ROUND(СУММПРОИЗВЕСЛИ(1,'Форма по МДС 81-35.2004'!J457:J475,\"Ж\",'Форма по МДС 81-35.2004'!E457:E475,'Форма по МДС 81-35.2004'!M457:M475,0),2)","v":5},{"$f":"ROUND(СУММПРОИЗВЕСЛИ(1,'Форма по МДС 81-35.2004'!J457:J475,\"IsMater\",'Форма по МДС 81-35.2004'!E457:E475,'Форма по МДС 81-35.2004'!M457:M475,0),2)","v":0},0,0,{"$f":"ОКРУГЛВСЕ(SUMIF('Форма по МДС 81-35.2004'!J457:J475,\"Г\",'Форма по МДС 81-35.2004'!E457:E475),8)","v":0},0,{"$f":"ОКРУГЛВСЕ(SUMIF('Форма по МДС 81-35.2004'!J457:J475,\"Ж\",'Форма по МДС 81-35.2004'!E457:E475),8)","v":0.42},0,0,9.1377000000000006,6.9790159999999997,0,0,0,0,0,0,0,null,0,0,0,0,0,0,0,0]
[{"$f":"'Форма по МДС 81-35.2004'!A476","v":"24."},{"$f":"'Форма по МДС 81-35.2004'!M476","v":25.08},{"$f":"ROUND(СУММПРОИЗВЕСЛИ(1,'Форма по МДС 81-35.2004'!J476:J495,\"Г\",'Форма по МДС 81-35.2004'!E476:E495,'Форма по МДС 81-35.2004'!M476:M495,0),2)","v":8.35},{"$f":"ROUND(СУММПРОИЗВЕСЛИ(1,'Форма по МДС 81-35.2004'!J476:J495,\"IsMash\",'Форма по МДС 81-35.2004'!E476:E495,'Форма по МДС 81-35.2004'!M476:M495,0),2)","v":16.739999999999998},{"$f":"ROUND(СУММПРОИЗВЕСЛИ(1,'Форма по МДС 81-35.2004'!J476:J495,\"Ж\",'Форма по МДС 81-35.2004'!E476:E495,'Форма по МДС 81-35.2004'!M476:M495,0),2)","v":1.2},{"$f":"ROUND(СУММПРОИЗВЕСЛИ(1,'Форма по МДС 81-35.2004'!J476:J495,\"IsMater\",'Форма по МДС 81-35.2004'!E476:E495,'Форма по МДС 81-35.2004'!M476:M495,0),2)","v":0},0,0,{"$f":"ОКРУГЛВСЕ(SUMIF('Форма по МДС 81-35.2004'!J476:J495,\"Г\",'Форма по МДС 81-35.2004'!E476:E495),8)","v":1.07},0,{"$f":"ОКРУГЛВСЕ(SUMIF('Форма по МДС 81-35.2004'!J476:J495,\"Ж\",'Форма по МДС 81-35.2004'!E476:E495),8)","v":0.09},0,0,2.9343599999999999,2.2411487999999999,0,0,0,0,0,0,0,null,0,0,0,0,0,0,0,0]
[{"$f":"'Форма по МДС 81-35.2004'!A496","v":"25."},{"$f":"'Форма по МДС 81-35.2004'!M496","v":822.16},{"$f":"ROUND(СУММПРОИЗВЕСЛИ(1,'Форма по МДС 81-35.2004'!J496:J514,\"Г\",'Форма по МДС 81-35.2004'!E496:E514,'Форма по МДС 81-35.2004'!M496:M514,0),2)","v":0},{"$f":"ROUND(СУММПРОИЗВЕСЛИ(1,'Форма по МДС 81-35.2004'!J496:J514,\"IsMash\",'Форма по МДС 81-35.2004'!E496:E514,'Форма по МДС 81-35.2004'!M496:M514,0),2)","v":822.16},{"$f":"ROUND(СУММПРОИЗВЕСЛИ(1,'Форма по МДС 81-35.2004'!J496:J514,\"Ж\",'Форма по МДС 81-35.2004'!E496:E514,'Форма по МДС 81-35.2004'!M496:M514,0),2)","v":0},{"$f":"ROUND(СУММПРОИЗВЕСЛИ(1,'Форма по МДС 81-35.2004'!J496:J514,\"IsMater\",'Форма по МДС 81-35.2004'!E496:E514,'Форма по МДС 81-35.2004'!M496:M514,0),2)","v":0},0,0,{"$f":"ОКРУГЛВСЕ(SUMIF('Форма по МДС 81-35.2004'!J496:J514,\"Г\",'Форма по МДС 81-35.2004'!E496:E514),8)","v":0},0,{"$f":"ОКРУГЛВСЕ(SUMIF('Форма по МДС 81-35.2004'!J496:J514,\"Ж\",'Форма по МДС 81-35.2004'!E496:E514),8)","v":0},0,0,96.192719999999994,73.468217600000003,0,0,0,0,0,0,0,null,0,0,0,0,0,0,0,0]
[{"$f":"'Форма по МДС 81-35.2004'!A515","v":"26."},{"$f":"'Форма по МДС 81-35.2004'!M515","v":65.23},{"$f":"ROUND(СУММПРОИЗВЕСЛИ(1,'Форма по МДС 81-35.2004'!J515:J534,\"Г\",'Форма по МДС 81-35.2004'!E515:E534,'Форма по МДС 81-35.2004'!M515:M534,0),2)","v":0},{"$f":"ROUND(СУММПРОИЗВЕСЛИ(1,'Форма по МДС 81-35.2004'!J515:J534,\"IsMash\",'Форма по МДС 81-35.2004'!E515:E534,'Форма по МДС 81-35.2004'!M515:M534,0),2)","v":65.23},{"$f":"ROUND(СУММПРОИЗВЕСЛИ(1,'Форма по МДС 81-35.2004'!J515:J534,\"Ж\",'Форма по МДС 81-35.2004'!E515:E534,'Форма по МДС 81-35.2004'!M515:M534,0),2)","v":0},{"$f":"ROUND(СУММПРОИЗВЕСЛИ(1,'Форма по МДС 81-35.2004'!J515:J534,\"IsMater\",'Форма по МДС 81-35.2004'!E515:E534,'Форма по МДС 81-35.2004'!M515:M534,0),2)","v":0},0,0,{"$f":"ОКРУГЛВСЕ(SUMIF('Форма по МДС 81-35.2004'!J515:J534,\"Г\",'Форма по МДС 81-35.2004'!E515:E534),8)","v":0},0,{"$f":"ОКРУГЛВСЕ(SUMIF('Форма по МДС 81-35.2004'!J515:J534,\"Ж\",'Форма по МДС 81-35.2004'!E515:E534),8)","v":0},0,0,7.6319100000000004,5.8289527999999997,0,0,0,0,0,0,0,null,0,0,0,0,0,0,0,0]
[{"$f":"'Форма по МДС 81-35.2004'!A535","v":"27."},{"$f":"'Форма по МДС 81-35.2004'!M535","v":1599.45},{"$f":"ROUND(СУММПРОИЗВЕСЛИ(1,'Форма по МДС 81-35.2004'!J535:J558,\"Г\",'Форма по МДС 81-35.2004'!E535:E558,'Форма по МДС 81-35.2004'!M535:M558,0),2)","v":48.44},{"$f":"ROUND(СУММПРОИЗВЕСЛИ(1,'Форма по МДС 81-35.2004'!J535:J558,\"IsMash\",'Форма по МДС 81-35.2004'!E535:E558,'Форма по МДС 81-35.2004'!M535:M558,0),2)","v":1551.01},{"$f":"ROUND(СУММПРОИЗВЕСЛИ(1,'Форма по МДС 81-35.2004'!J535:J558,\"Ж\",'Форма по МДС 81-35.2004'!E535:E558,'Форма по МДС 81-35.2004'!M535:M558,0),2)","v":199.99},{"$f":"ROUND(СУММПРОИЗВЕСЛИ(1,'Форма по МДС 81-35.2004'!J535:J558,\"IsMater\",'Форма по МДС 81-35.2004'!E535:E558,'Форма по МДС 81-35.2004'!M535:M558,0),2)","v":0},0,0,{"$f":"ОКРУГЛВСЕ(SUMIF('Форма по МДС 81-35.2004'!J535:J558,\"Г\",'Форма по МДС 81-35.2004'!E535:E558),8)","v":6.21},0,{"$f":"ОКРУГЛВСЕ(SUMIF('Форма по МДС 81-35.2004'!J535:J558,\"Ж\",'Форма по МДС 81-35.2004'!E535:E558),8)","v":12.61},0,0,187.13565,142.926852,0,0,0,0,0,0,0,null,0,0,0,0,0,0,0,0]
[{"$f":"'Форма по МДС 81-35.2004'!A559","v":"28."},{"$f":"'Форма по МДС 81-35.2004'!M559","v":102.27},{"$f":"ROUND(СУММПРОИЗВЕСЛИ(1,'Форма по МДС 81-35.2004'!J559:J577,\"Г\",'Форма по МДС 81-35.2004'!E559:E577,'Форма по МДС 81-35.2004'!M559:M577,0),2)","v":0},{"$f":"ROUND(СУММПРОИЗВЕСЛИ(1,'Форма по МДС 81-35.2004'!J559:J577,\"IsMash\",'Форма по МДС 81-35.2004'!E559:E577,'Форма по МДС 81-35.2004'!M559:M577,0),2)","v":102.27},{"$f":"ROUND(СУММПРОИЗВЕСЛИ(1,'Форма по МДС 81-35.2004'!J559:J577,\"Ж\",'Форма по МДС 81-35.2004'!E559:E577,'Форма по МДС 81-35.2004'!M559:M577,0),2)","v":8},{"$f":"ROUND(СУММПРОИЗВЕСЛИ(1,'Форма по МДС 81-35.2004'!J559:J577,\"IsMater\",'Форма по МДС 81-35.2004'!E559:E577,'Форма по МДС 81-35.2004'!M559:M577,0),2)","v":0},0,0,{"$f":"ОКРУГЛВСЕ(SUMIF('Форма по МДС 81-35.2004'!J559:J577,\"Г\",'Форма по МДС 81-35.2004'!E559:E577),8)","v":0},0,{"$f":"ОКРУГЛВСЕ(SUMIF('Форма по МДС 81-35.2004'!J559:J577,\"Ж\",'Форма по МДС 81-35.2004'!E559:E577),8)","v":0.55000000000000004},0,0,11.965590000000001,9.1388472000000007,0,0,0,0,0,0,0,null,0,0,0,0,0,0,0,0]
[{"$f":"'Форма по МДС 81-35.2004'!A578","v":"29."},{"$f":"'Форма по МДС 81-35.2004'!M578","v":1938.62},{"$f":"ROUND(СУММПРОИЗВЕСЛИ(1,'Форма по МДС 81-35.2004'!J578:J605,\"Г\",'Форма по МДС 81-35.2004'!E578:E605,'Форма по МДС 81-35.2004'!M578:M605,0),2)","v":450.66},{"$f":"ROUND(СУММПРОИЗВЕСЛИ(1,'Форма по МДС 81-35.2004'!J578:J605,\"IsMash\",'Форма по МДС 81-35.2004'!E578:E605,'Форма по МДС 81-35.2004'!M578:M605,0),2)","v":1487.96},{"$f":"ROUND(СУММПРОИЗВЕСЛИ(1,'Форма по МДС 81-35.2004'!J578:J605,\"Ж\",'Форма по МДС 81-35.2004'!E578:E605,'Форма по МДС 81-35.2004'!M578:M605,0),2)","v":200},{"$f":"ROUND(СУММПРОИЗВЕСЛИ(1,'Форма по МДС 81-35.2004'!J578:J605,\"IsMater\",'Форма по МДС 81-35.2004'!E578:E605,'Форма по МДС 81-35.2004'!M578:M605,0),2)","v":0},0,0,{"$f":"ОКРУГЛВСЕ(SUMIF('Форма по МДС 81-35.2004'!J578:J605,\"Г\",'Форма по МДС 81-35.2004'!E578:E605),8)","v":54.39},0,{"$f":"ОКРУГЛВСЕ(SUMIF('Форма по МДС 81-35.2004'!J578:J605,\"Ж\",'Форма по МДС 81-35.2004'!E578:E605),8)","v":15.54},0,0,226.81854000000001,173.23508319999999,0,0,0,0,0,0,0,null,0,0,0,0,0,0,0,0]
[{"$f":"'Форма по МДС 81-35.2004'!A606","v":"30."},{"$f":"'Форма по МДС 81-35.2004'!M606","v":1938.62},{"$f":"ROUND(СУММПРОИЗВЕСЛИ(1,'Форма по МДС 81-35.2004'!J606:J633,\"Г\",'Форма по МДС 81-35.2004'!E606:E633,'Форма по МДС 81-35.2004'!M606:M633,0),2)","v":450.66},{"$f":"ROUND(СУММПРОИЗВЕСЛИ(1,'Форма по МДС 81-35.2004'!J606:J633,\"IsMash\",'Форма по МДС 81-35.2004'!E606:E633,'Форма по МДС 81-35.2004'!M606:M633,0),2)","v":1487.96},{"$f":"ROUND(СУММПРОИЗВЕСЛИ(1,'Форма по МДС 81-35.2004'!J606:J633,\"Ж\",'Форма по МДС 81-35.2004'!E606:E633,'Форма по МДС 81-35.2004'!M606:M633,0),2)","v":200},{"$f":"ROUND(СУММПРОИЗВЕСЛИ(1,'Форма по МДС 81-35.2004'!J606:J633,\"IsMater\",'Форма по МДС 81-35.2004'!E606:E633,'Форма по МДС 81-35.2004'!M606:M633,0),2)","v":0},0,0,{"$f":"ОКРУГЛВСЕ(SUMIF('Форма по МДС 81-35.2004'!J606:J633,\"Г\",'Форма по МДС 81-35.2004'!E606:E633),8)","v":54.39},0,{"$f":"ОКРУГЛВСЕ(SUMIF('Форма по МДС 81-35.2004'!J606:J633,\"Ж\",'Форма по МДС 81-35.2004'!E606:E633),8)","v":15.54},0,0,226.81854000000001,173.23508319999999,0,0,0,0,0,0,0,null,0,0,0,0,0,0,0,0]
[{"$f":"'Форма по МДС 81-35.2004'!A634","v":"31."},{"$f":"'Форма по МДС 81-35.2004'!M634","v":1938.62},{"$f":"ROUND(СУММПРОИЗВЕСЛИ(1,'Форма по МДС 81-35.2004'!J634:J661,\"Г\",'Форма по МДС 81-35.2004'!E634:E661,'Форма по МДС 81-35.2004'!M634:M661,0),2)","v":450.66},{"$f":"ROUND(СУММПРОИЗВЕСЛИ(1,'Форма по МДС 81-35.2004'!J634:J661,\"IsMash\",'Форма по МДС 81-35.2004'!E634:E661,'Форма по МДС 81-35.2004'!M634:M661,0),2)","v":1487.96},{"$f":"ROUND(СУММПРОИЗВЕСЛИ(1,'Форма по МДС 81-35.2004'!J634:J661,\"Ж\",'Форма по МДС 81-35.2004'!E634:E661,'Форма по МДС 81-35.2004'!M634:M661,0),2)","v":200},{"$f":"ROUND(СУММПРОИЗВЕСЛИ(1,'Форма по МДС 81-35.2004'!J634:J661,\"IsMater\",'Форма по МДС 81-35.2004'!E634:E661,'Форма по МДС 81-35.2004'!M634:M661,0),2)","v":0},0,0,{"$f":"ОКРУГЛВСЕ(SUMIF('Форма по МДС 81-35.2004'!J634:J661,\"Г\",'Форма по МДС 81-35.2004'!E634:E661),8)","v":54.39},0,{"$f":"ОКРУГЛВСЕ(SUMIF('Форма по МДС 81-35.2004'!J634:J661,\"Ж\",'Форма по МДС 81-35.2004'!E634:E661),8)","v":15.54},0,0,226.81854000000001,173.23508319999999,0,0,0,0,0,0,0,null,0,0,0,0,0,0,0,0]
[{"$f":"'Форма по МДС 81-35.2004'!A662","v":"32."},{"$f":"'Форма по МДС 81-35.2004'!M662","v":1611},{"$f":"ROUND(СУММПРОИЗВЕСЛИ(1,'Форма по МДС 81-35.2004'!J662:J683,\"Г\",'Форма по МДС 81-35.2004'!E662:E683,'Форма по МДС 81-35.2004'!M662:M683,0),2)","v":363.67},{"$f":"ROUND(СУММПРОИЗВЕСЛИ(1,'Форма по МДС 81-35.2004'!J662:J683,\"IsMash\",'Форма по МДС 81-35.2004'!E662:E683,'Форма по МДС 81-35.2004'!M662:M683,0),2)","v":1247.33},{"$f":"ROUND(СУММПРОИЗВЕСЛИ(1,'Форма по МДС 81-35.2004'!J662:J683,\"Ж\",'Форма по МДС 81-35.2004'!E662:E683,'Форма по МДС 81-35.2004'!M662:M683,0),2)","v":200.01},{"$f":"ROUND(СУММПРОИЗВЕСЛИ(1,'Форма по МДС 81-35.2004'!J662:J683,\"IsMater\",'Форма по МДС 81-35.2004'!E662:E683,'Форма по МДС 81-35.2004'!M662:M683,0),2)","v":0},0,0,{"$f":"ОКРУГЛВСЕ(SUMIF('Форма по МДС 81-35.2004'!J662:J683,\"Г\",'Форма по МДС 81-35.2004'!E662:E683),8)","v":43.26},0,{"$f":"ОКРУГЛВСЕ(SUMIF('Форма по МДС 81-35.2004'!J662:J683,\"Ж\",'Форма по МДС 81-35.2004'!E662:E683),8)","v":14.42},0,0,188.48699999999999,143.95895999999999,0,0,0,0,0,0,0,null,0,0,0,0,0,0,0,0]
[{"$f":"'Форма по МДС 81-35.2004'!A684","v":"33."},{"$f":"'Форма по МДС 81-35.2004'!M684","v":1611},{"$f":"ROUND(СУММПРОИЗВЕСЛИ(1,'Форма по МДС 81-35.2004'!J684:J705,\"Г\",'Форма по МДС 81-35.2004'!E684:E705,'Форма по МДС 81-35.2004'!M684:M705,0),2)","v":363.67},{"$f":"ROUND(СУММПРОИЗВЕСЛИ(1,'Форма по МДС 81-35.2004'!J684:J705,\"IsMash\",'Форма по МДС 81-35.2004'!E684:E705,'Форма по МДС 81-35.2004'!M684:M705,0),2)","v":1247.33},{"$f":"ROUND(СУММПРОИЗВЕСЛИ(1,'Форма по МДС 81-35.2004'!J684:J705,\"Ж\",'Форма по МДС 81-35.2004'!E684:E705,'Форма по МДС 81-35.2004'!M684:M705,0),2)","v":200.01},{"$f":"ROUND(СУММПРОИЗВЕСЛИ(1,'Форма по МДС 81-35.2004'!J684:J705,\"IsMater\",'Форма по МДС 81-35.2004'!E684:E705,'Форма по МДС 81-35.2004'!M684:M705,0),2)","v":0},0,0,{"$f":"ОКРУГЛВСЕ(SUMIF('Форма по МДС 81-35.2004'!J684:J705,\"Г\",'Форма по МДС 81-35.2004'!E684:E705),8)","v":43.26},0,{"$f":"ОКРУГЛВСЕ(SUMIF('Форма по МДС 81-35.2004'!J684:J705,\"Ж\",'Форма по МДС 81-35.2004'!E684:E705),8)","v":14.42},0,0,188.48699999999999,143.95895999999999,0,0,0,0,0,0,0,null,0,0,0,0,0,0,0,0]
[{"$f":"'Форма по МДС 81-35.2004'!A706","v":"34."},{"$f":"'Форма по МДС 81-35.2004'!M706","v":0},{"$f":"ROUND(СУММПРОИЗВЕСЛИ(1,'Форма по МДС 81-35.2004'!J706:J730,\"Г\",'Форма по МДС 81-35.2004'!E706:E730,'Форма по МДС 81-35.2004'!M706:M730,0),2)","v":0},{"$f":"ROUND(СУММПРОИЗВЕСЛИ(1,'Форма по МДС 81-35.2004'!J706:J730,\"IsMash\",'Форма по МДС 81-35.2004'!E706:E730,'Форма по МДС 81-35.2004'!M706:M730,0),2)","v":0},{"$f":"ROUND(СУММПРОИЗВЕСЛИ(1,'Форма по МДС 81-35.2004'!J706:J730,\"Ж\",'Форма по МДС 81-35.2004'!E706:E730,'Форма по МДС 81-35.2004'!M706:M730,0),2)","v":0},{"$f":"ROUND(СУММПРОИЗВЕСЛИ(1,'Форма по МДС 81-35.2004'!J706:J730,\"IsMater\",'Форма по МДС 81-35.2004'!E706:E730,'Форма по МДС 81-35.2004'!M706:M730,0),2)","v":0},0,0,{"$f":"ОКРУГЛВСЕ(SUMIF('Форма по МДС 81-35.2004'!J706:J730,\"Г\",'Форма по МДС 81-35.2004'!E706:E730),8)","v":0},0,{"$f":"ОКРУГЛВСЕ(SUMIF('Форма по МДС 81-35.2004'!J706:J730,\"Ж\",'Форма по МДС 81-35.2004'!E706:E730),8)","v":0.79200000000000004},0,0,0,0,0,0,0,0,0,0,0,null,0,0,0,0,0,0,0,0]
[{"$f":"'Форма по МДС 81-35.2004'!A731","v":"35."},{"$f":"'Форма по МДС 81-35.2004'!M731","v":28.9},{"$f":"ROUND(СУММПРОИЗВЕСЛИ(1,'Форма по МДС 81-35.2004'!J731:J770,\"Г\",'Форма по МДС 81-35.2004'!E731:E770,'Форма по МДС 81-35.2004'!M731:M770,0),2)","v":0},{"$f":"ROUND(СУММПРОИЗВЕСЛИ(1,'Форма по МДС 81-35.2004'!J731:J770,\"IsMash\",'Форма по МДС 81-35.2004'!E731:E770,'Форма по МДС 81-35.2004'!M731:M770,0),2)","v":28.9},{"$f":"ROUND(СУММПРОИЗВЕСЛИ(1,'Форма по МДС 81-35.2004'!J731:J770,\"Ж\",'Форма по МДС 81-35.2004'!E731:E770,'Форма по МДС 81-35.2004'!M731:M770,0),2)","v":0},{"$f":"ROUND(СУММПРОИЗВЕСЛИ(1,'Форма по МДС 81-35.2004'!J731:J770,\"IsMater\",'Форма по МДС 81-35.2004'!E731:E770,'Форма по МДС 81-35.2004'!M731:M770,0),2)","v":0},0,0,{"$f":"ОКРУГЛВСЕ(SUMIF('Форма по МДС 81-35.2004'!J731:J770,\"Г\",'Форма по МДС 81-35.2004'!E731:E770),8)","v":45.96},0,{"$f":"ОКРУГЛВСЕ(SUMIF('Форма по МДС 81-35.2004'!J731:J770,\"Ж\",'Форма по МДС 81-35.2004'!E731:E770),8)","v":22.896000000000001},0,0,3.3813,2.5825040000000001,0,0,0,0,0,0,0,null,0,0,0,0,0,0,0,0]
[{"$f":"'Форма по МДС 81-35.2004'!A771","v":"36."},{"$f":"'Форма по МДС 81-35.2004'!M771","v":3.72},{"$f":"ROUND(СУММПРОИЗВЕСЛИ(1,'Форма по МДС 81-35.2004'!J771:J797,\"Г\",'Форма по МДС 81-35.2004'!E771:E797,'Форма по МДС 81-35.2004'!M771:M797,0),2)","v":0},{"$f":"ROUND(СУММПРОИЗВЕСЛИ(1,'Форма по МДС 81-35.2004'!J771:J797,\"IsMash\",'Форма по МДС 81-35.2004'!E771:E797,'Форма по МДС 81-35.2004'!M771:M797,0),2)","v":3.72},{"$f":"ROUND(СУММПРОИЗВЕСЛИ(1,'Форма по МДС 81-35.2004'!J771:J797,\"Ж\",'Форма по МДС 81-35.2004'!E771:E797,'Форма по МДС 81-35.2004'!M771:M797,0),2)","v":0},{"$f":"ROUND(СУММПРОИЗВЕСЛИ(1,'Форма по МДС 81-35.2004'!J771:J797,\"IsMater\",'Форма по МДС 81-35.2004'!E771:E797,'Форма по МДС 81-35.2004'!M771:M797,0),2)","v":0},0,0,{"$f":"ОКРУГЛВСЕ(SUMIF('Форма по МДС 81-35.2004'!J771:J797,\"Г\",'Форма по МДС 81-35.2004'!E771:E797),8)","v":0.108},0,{"$f":"ОКРУГЛВСЕ(SUMIF('Форма по МДС 81-35.2004'!J771:J797,\"Ж\",'Форма по МДС 81-35.2004'!E771:E797),8)","v":0},0,0,0.43524000000000002,0.33241920000000003,0,0,0,0,0,0,0,null,0,0,0,0,0,0,0,0]
[{"$f":"'Форма по МДС 81-35.2004'!A798","v":"37."},{"$f":"'Форма по МДС 81-35.2004'!M798","v":0},{"$f":"ROUND(СУММПРОИЗВЕСЛИ(1,'Форма по МДС 81-35.2004'!J798:J822,\"Г\",'Форма по МДС 81-35.2004'!E798:E822,'Форма по МДС 81-35.2004'!M798:M822,0),2)","v":0},{"$f":"ROUND(СУММПРОИЗВЕСЛИ(1,'Форма по МДС 81-35.2004'!J798:J822,\"IsMash\",'Форма по МДС 81-35.2004'!E798:E822,'Форма по МДС 81-35.2004'!M798:M822,0),2)","v":0},{"$f":"ROUND(СУММПРОИЗВЕСЛИ(1,'Форма по МДС 81-35.2004'!J798:J822,\"Ж\",'Форма по МДС 81-35.2004'!E798:E822,'Форма по МДС 81-35.2004'!M798:M822,0),2)","v":0},{"$f":"ROUND(СУММПРОИЗВЕСЛИ(1,'Форма по МДС 81-35.2004'!J798:J822,\"IsMater\",'Форма по МДС 81-35.2004'!E798:E822,'Форма по МДС 81-35.2004'!M798:M822,0),2)","v":0},0,0,{"$f":"ОКРУГЛВСЕ(SUMIF('Форма по МДС 81-35.2004'!J798:J822,\"Г\",'Форма по МДС 81-35.2004'!E798:E822),8)","v":0},0,{"$f":"ОКРУГЛВСЕ(SUMIF('Форма по МДС 81-35.2004'!J798:J822,\"Ж\",'Форма по МДС 81-35.2004'!E798:E822),8)","v":0.79200000000000004},0,0,0,0,0,0,0,0,0,0,0,null,0,0,0,0,0,0,0,0]
[{"$f":"'Форма по МДС 81-35.2004'!A823","v":"38."},{"$f":"'Форма по МДС 81-35.2004'!M823","v":28.9},{"$f":"ROUND(СУММПРОИЗВЕСЛИ(1,'Форма по МДС 81-35.2004'!J823:J862,\"Г\",'Форма по МДС 81-35.2004'!E823:E862,'Форма по МДС 81-35.2004'!M823:M862,0),2)","v":0},{"$f":"ROUND(СУММПРОИЗВЕСЛИ(1,'Форма по МДС 81-35.2004'!J823:J862,\"IsMash\",'Форма по МДС 81-35.2004'!E823:E862,'Форма по МДС 81-35.2004'!M823:M862,0),2)","v":28.9},{"$f":"ROUND(СУММПРОИЗВЕСЛИ(1,'Форма по МДС 81-35.2004'!J823:J862,\"Ж\",'Форма по МДС 81-35.2004'!E823:E862,'Форма по МДС 81-35.2004'!M823:M862,0),2)","v":0},{"$f":"ROUND(СУММПРОИЗВЕСЛИ(1,'Форма по МДС 81-35.2004'!J823:J862,\"IsMater\",'Форма по МДС 81-35.2004'!E823:E862,'Форма по МДС 81-35.2004'!M823:M862,0),2)","v":0},0,0,{"$f":"ОКРУГЛВСЕ(SUMIF('Форма по МДС 81-35.2004'!J823:J862,\"Г\",'Форма по МДС 81-35.2004'!E823:E862),8)","v":45.96},0,{"$f":"ОКРУГЛВСЕ(SUMIF('Форма по МДС 81-35.2004'!J823:J862,\"Ж\",'Форма по МДС 81-35.2004'!E823:E862),8)","v":22.896000000000001},0,0,3.3813,2.5825040000000001,0,0,0,0,0,0,0,null,0,0,0,0,0,0,0,0]
[{"$f":"'Форма по МДС 81-35.2004'!A863","v":"39."},{"$f":"'Форма по МДС 81-35.2004'!M863","v":3.72},{"$f":"ROUND(СУММПРОИЗВЕСЛИ(1,'Форма по МДС 81-35.2004'!J863:J889,\"Г\",'Форма по МДС 81-35.2004'!E863:E889,'Форма по МДС 81-35.2004'!M863:M889,0),2)","v":0},{"$f":"ROUND(СУММПРОИЗВЕСЛИ(1,'Форма по МДС 81-35.2004'!J863:J889,\"IsMash\",'Форма по МДС 81-35.2004'!E863:E889,'Форма по МДС 81-35.2004'!M863:M889,0),2)","v":3.72},{"$f":"ROUND(СУММПРОИЗВЕСЛИ(1,'Форма по МДС 81-35.2004'!J863:J889,\"Ж\",'Форма по МДС 81-35.2004'!E863:E889,'Форма по МДС 81-35.2004'!M863:M889,0),2)","v":0},{"$f":"ROUND(СУММПРОИЗВЕСЛИ(1,'Форма по МДС 81-35.2004'!J863:J889,\"IsMater\",'Форма по МДС 81-35.2004'!E863:E889,'Форма по МДС 81-35.2004'!M863:M889,0),2)","v":0},0,0,{"$f":"ОКРУГЛВСЕ(SUMIF('Форма по МДС 81-35.2004'!J863:J889,\"Г\",'Форма по МДС 81-35.2004'!E863:E889),8)","v":0.108},0,{"$f":"ОКРУГЛВСЕ(SUMIF('Форма по МДС 81-35.2004'!J863:J889,\"Ж\",'Форма по МДС 81-35.2004'!E863:E889),8)","v":0},0,0,0.43524000000000002,0.33241920000000003,0,0,0,0,0,0,0,null,0,0,0,0,0,0,0,0]
[{"$f":"'Форма по МДС 81-35.2004'!A890","v":"40."},{"$f":"'Форма по МДС 81-35.2004'!M890","v":0},{"$f":"ROUND(СУММПРОИЗВЕСЛИ(1,'Форма по МДС 81-35.2004'!J890:J914,\"Г\",'Форма по МДС 81-35.2004'!E890:E914,'Форма по МДС 81-35.2004'!M890:M914,0),2)","v":0},{"$f":"ROUND(СУММПРОИЗВЕСЛИ(1,'Форма по МДС 81-35.2004'!J890:J914,\"IsMash\",'Форма по МДС 81-35.2004'!E890:E914,'Форма по МДС 81-35.2004'!M890:M914,0),2)","v":0},{"$f":"ROUND(СУММПРОИЗВЕСЛИ(1,'Форма по МДС 81-35.2004'!J890:J914,\"Ж\",'Форма по МДС 81-35.2004'!E890:E914,'Форма по МДС 81-35.2004'!M890:M914,0),2)","v":0},{"$f":"ROUND(СУММПРОИЗВЕСЛИ(1,'Форма по МДС 81-35.2004'!J890:J914,\"IsMater\",'Форма по МДС 81-35.2004'!E890:E914,'Форма по МДС 81-35.2004'!M890:M914,0),2)","v":0},0,0,{"$f":"ОКРУГЛВСЕ(SUMIF('Форма по МДС 81-35.2004'!J890:J914,\"Г\",'Форма по МДС 81-35.2004'!E890:E914),8)","v":0},0,{"$f":"ОКРУГЛВСЕ(SUMIF('Форма по МДС 81-35.2004'!J890:J914,\"Ж\",'Форма по МДС 81-35.2004'!E890:E914),8)","v":0.79200000000000004},0,0,0,0,0,0,0,0,0,0,0,null,0,0,0,0,0,0,0,0]
[{"$f":"'Форма по МДС 81-35.2004'!A915","v":"41."},{"$f":"'Форма по МДС 81-35.2004'!M915","v":28.9},{"$f":"ROUND(СУММПРОИЗВЕСЛИ(1,'Форма по МДС 81-35.2004'!J915:J954,\"Г\",'Форма по МДС 81-35.2004'!E915:E954,'Форма по МДС 81-35.2004'!M915:M954,0),2)","v":0},{"$f":"ROUND(СУММПРОИЗВЕСЛИ(1,'Форма по МДС 81-35.2004'!J915:J954,\"IsMash\",'Форма по МДС 81-35.2004'!E915:E954,'Форма по МДС 81-35.2004'!M915:M954,0),2)","v":28.9},{"$f":"ROUND(СУММПРОИЗВЕСЛИ(1,'Форма по МДС 81-35.2004'!J915:J954,\"Ж\",'Форма по МДС 81-35.2004'!E915:E954,'Форма по МДС 81-35.2004'!M915:M954,0),2)","v":0},{"$f":"ROUND(СУММПРОИЗВЕСЛИ(1,'Форма по МДС 81-35.2004'!J915:J954,\"IsMater\",'Форма по МДС 81-35.2004'!E915:E954,'Форма по МДС 81-35.2004'!M915:M954,0),2)","v":0},0,0,{"$f":"ОКРУГЛВСЕ(SUMIF('Форма по МДС 81-35.2004'!J915:J954,\"Г\",'Форма по МДС 81-35.2004'!E915:E954),8)","v":45.96},0,{"$f":"ОКРУГЛВСЕ(SUMIF('Форма по МДС 81-35.2004'!J915:J954,\"Ж\",'Форма по МДС 81-35.2004'!E915:E954),8)","v":22.896000000000001},0,0,3.3813,2.5825040000000001,0,0,0,0,0,0,0,null,0,0,0,0,0,0,0,0]
[{"$f":"'Форма по МДС 81-35.2004'!A955","v":"42."},{"$f":"'Форма по МДС 81-35.2004'!M955","v":3.72},{"$f":"ROUND(СУММПРОИЗВЕСЛИ(1,'Форма по МДС 81-35.2004'!J955:J981,\"Г\",'Форма по МДС 81-35.2004'!E955:E981,'Форма по МДС 81-35.2004'!M955:M981,0),2)","v":0},{"$f":"ROUND(СУММПРОИЗВЕСЛИ(1,'Форма по МДС 81-35.2004'!J955:J981,\"IsMash\",'Форма по МДС 81-35.2004'!E955:E981,'Форма по МДС 81-35.2004'!M955:M981,0),2)","v":3.72},{"$f":"ROUND(СУММПРОИЗВЕСЛИ(1,'Форма по МДС 81-35.2004'!J955:J981,\"Ж\",'Форма по МДС 81-35.2004'!E955:E981,'Форма по МДС 81-35.2004'!M955:M981,0),2)","v":0},{"$f":"ROUND(СУММПРОИЗВЕСЛИ(1,'Форма по МДС 81-35.2004'!J955:J981,\"IsMater\",'Форма по МДС 81-35.2004'!E955:E981,'Форма по МДС 81-35.2004'!M955:M981,0),2)","v":0},0,0,{"$f":"ОКРУГЛВСЕ(SUMIF('Форма по МДС 81-35.2004'!J955:J981,\"Г\",'Форма по МДС 81-35.2004'!E955:E981),8)","v":0.108},0,{"$f":"ОКРУГЛВСЕ(SUMIF('Форма по МДС 81-35.2004'!J955:J981,\"Ж\",'Форма по МДС 81-35.2004'!E955:E981),8)","v":0},0,0,0.43524000000000002,0.33241920000000003,0,0,0,0,0,0,0,null,0,0,0,0,0,0,0,0]
[{"$f":"'Форма по МДС 81-35.2004'!A982","v":"43."},{"$f":"'Форма по МДС 81-35.2004'!M982","v":4957.17},{"$f":"ROUND(СУММПРОИЗВЕСЛИ(1,'Форма по МДС 81-35.2004'!J982:J1012,\"Г\",'Форма по МДС 81-35.2004'!E982:E1012,'Форма по МДС 81-35.2004'!M982:M1012,0),2)","v":308.77},{"$f":"ROUND(СУММПРОИЗВЕСЛИ(1,'Форма по МДС 81-35.2004'!J982:J1012,\"IsMash\",'Форма по МДС 81-35.2004'!E982:E1012,'Форма по МДС 81-35.2004'!M982:M1012,0),2)","v":4648.3999999999996},{"$f":"ROUND(СУММПРОИЗВЕСЛИ(1,'Форма по МДС 81-35.2004'!J982:J1012,\"Ж\",'Форма по МДС 81-35.2004'!E982:E1012,'Форма по МДС 81-35.2004'!M982:M1012,0),2)","v":257.14},{"$f":"ROUND(СУММПРОИЗВЕСЛИ(1,'Форма по МДС 81-35.2004'!J982:J1012,\"IsMater\",'Форма по МДС 81-35.2004'!E982:E1012,'Форма по МДС 81-35.2004'!M982:M1012,0),2)","v":0},0,0,{"$f":"ОКРУГЛВСЕ(SUMIF('Форма по МДС 81-35.2004'!J982:J1012,\"Г\",'Форма по МДС 81-35.2004'!E982:E1012),8)","v":36.119999999999997},0,{"$f":"ОКРУГЛВСЕ(SUMIF('Форма по МДС 81-35.2004'!J982:J1012,\"Ж\",'Форма по МДС 81-35.2004'!E982:E1012),8)","v":18.059999999999999},0,0,579.98888999999997,442.97271119999999,0,0,0,0,0,0,0,null,0,0,0,0,0,0,0,0]
[{"$f":"'Форма по МДС 81-35.2004'!A1013","v":"44."},{"$f":"'Форма по МДС 81-35.2004'!M1013","v":4957.17},{"$f":"ROUND(СУММПРОИЗВЕСЛИ(1,'Форма по МДС 81-35.2004'!J1013:J1043,\"Г\",'Форма по МДС 81-35.2004'!E1013:E1043,'Форма по МДС 81-35.2004'!M1013:M1043,0),2)","v":308.77},{"$f":"ROUND(СУММПРОИЗВЕСЛИ(1,'Форма по МДС 81-35.2004'!J1013:J1043,\"IsMash\",'Форма по МДС 81-35.2004'!E1013:E1043,'Форма по МДС 81-35.2004'!M1013:M1043,0),2)","v":4648.3999999999996},{"$f":"ROUND(СУММПРОИЗВЕСЛИ(1,'Форма по МДС 81-35.2004'!J1013:J1043,\"Ж\",'Форма по МДС 81-35.2004'!E1013:E1043,'Форма по МДС 81-35.2004'!M1013:M1043,0),2)","v":299.99},{"$f":"ROUND(СУММПРОИЗВЕСЛИ(1,'Форма по МДС 81-35.2004'!J1013:J1043,\"IsMater\",'Форма по МДС 81-35.2004'!E1013:E1043,'Форма по МДС 81-35.2004'!M1013:M1043,0),2)","v":0},0,0,{"$f":"ОКРУГЛВСЕ(SUMIF('Форма по МДС 81-35.2004'!J1013:J1043,\"Г\",'Форма по МДС 81-35.2004'!E1013:E1043),8)","v":36.119999999999997},0,{"$f":"ОКРУГЛВСЕ(SUMIF('Форма по МДС 81-35.2004'!J1013:J1043,\"Ж\",'Форма по МДС 81-35.2004'!E1013:E1043),8)","v":18.059999999999999},0,0,579.98888999999997,442.97271119999999,0,0,0,0,0,0,0,null,0,0,0,0,0,0,0,0]
[{"$f":"'Форма по МДС 81-35.2004'!A1044","v":"45."},{"$f":"'Форма по МДС 81-35.2004'!M1044","v":4957.17},{"$f":"ROUND(СУММПРОИЗВЕСЛИ(1,'Форма по МДС 81-35.2004'!J1044:J1074,\"Г\",'Форма по МДС 81-35.2004'!E1044:E1074,'Форма по МДС 81-35.2004'!M1044:M1074,0),2)","v":308.77},{"$f":"ROUND(СУММПРОИЗВЕСЛИ(1,'Форма по МДС 81-35.2004'!J1044:J1074,\"IsMash\",'Форма по МДС 81-35.2004'!E1044:E1074,'Форма по МДС 81-35.2004'!M1044:M1074,0),2)","v":4648.3999999999996},{"$f":"ROUND(СУММПРОИЗВЕСЛИ(1,'Форма по МДС 81-35.2004'!J1044:J1074,\"Ж\",'Форма по МДС 81-35.2004'!E1044:E1074,'Форма по МДС 81-35.2004'!M1044:M1074,0),2)","v":299.99},{"$f":"ROUND(СУММПРОИЗВЕСЛИ(1,'Форма по МДС 81-35.2004'!J1044:J1074,\"IsMater\",'Форма по МДС 81-35.2004'!E1044:E1074,'Форма по МДС 81-35.2004'!M1044:M1074,0),2)","v":0},0,0,{"$f":"ОКРУГЛВСЕ(SUMIF('Форма по МДС 81-35.2004'!J1044:J1074,\"Г\",'Форма по МДС 81-35.2004'!E1044:E1074),8)","v":36.119999999999997},0,{"$f":"ОКРУГЛВСЕ(SUMIF('Форма по МДС 81-35.2004'!J1044:J1074,\"Ж\",'Форма по МДС 81-35.2004'!E1044:E1074),8)","v":18.059999999999999},0,0,579.98888999999997,442.97271119999999,0,0,0,0,0,0,0,null,0,0,0,0,0,0,0,0]
[{"$f":"'Форма по МДС 81-35.2004'!A1075","v":"46."},{"$f":"'Форма по МДС 81-35.2004'!M1075","v":113.59},{"$f":"ROUND(СУММПРОИЗВЕСЛИ(1,'Форма по МДС 81-35.2004'!J1075:J1106,\"Г\",'Форма по МДС 81-35.2004'!E1075:E1106,'Форма по МДС 81-35.2004'!M1075:M1106,0),2)","v":0},{"$f":"ROUND(СУММПРОИЗВЕСЛИ(1,'Форма по МДС 81-35.2004'!J1075:J1106,\"IsMash\",'Форма по МДС 81-35.2004'!E1075:E1106,'Форма по МДС 81-35.2004'!M1075:M1106,0),2)","v":113.4},{"$f":"ROUND(СУММПРОИЗВЕСЛИ(1,'Форма по МДС 81-35.2004'!J1075:J1106,\"Ж\",'Форма по МДС 81-35.2004'!E1075:E1106,'Форма по МДС 81-35.2004'!M1075:M1106,0),2)","v":0},{"$f":"ROUND(СУММПРОИЗВЕСЛИ(1,'Форма по МДС 81-35.2004'!J1075:J1106,\"IsMater\",'Форма по МДС 81-35.2004'!E1075:E1106,'Форма по МДС 81-35.2004'!M1075:M1106,0),2)","v":0.19},7.0000000000000007E-2,0,{"$f":"ОКРУГЛВСЕ(SUMIF('Форма по МДС 81-35.2004'!J1075:J1106,\"Г\",'Форма по МДС 81-35.2004'!E1075:E1106),8)","v":0.312},0,{"$f":"ОКРУГЛВСЕ(SUMIF('Форма по МДС 81-35.2004'!J1075:J1106,\"Ж\",'Форма по МДС 81-35.2004'!E1075:E1106),8)","v":0.66},0,0,13.29003,10.150402400000001,0,0,0,0,0,0,0,null,0,0,0,0,0,0,0,0]
[{"$f":"'Форма по МДС 81-35.2004'!A1107","v":"47."},{"$f":"'Форма по МДС 81-35.2004'!M1107","v":194.69},{"$f":"ROUND(СУММПРОИЗВЕСЛИ(1,'Форма по МДС 81-35.2004'!J1107:J1131,\"Г\",'Форма по МДС 81-35.2004'!E1107:E1131,'Форма по МДС 81-35.2004'!M1107:M1131,0),2)","v":40.770000000000003},{"$f":"ROUND(СУММПРОИЗВЕСЛИ(1,'Форма по МДС 81-35.2004'!J1107:J1131,\"IsMash\",'Форма по МДС 81-35.2004'!E1107:E1131,'Форма по МДС 81-35.2004'!M1107:M1131,0),2)","v":153.91999999999999},{"$f":"ROUND(СУММПРОИЗВЕСЛИ(1,'Форма по МДС 81-35.2004'!J1107:J1131,\"Ж\",'Форма по МДС 81-35.2004'!E1107:E1131,'Форма по МДС 81-35.2004'!M1107:M1131,0),2)","v":12.22},{"$f":"ROUND(СУММПРОИЗВЕСЛИ(1,'Форма по МДС 81-35.2004'!J1107:J1131,\"IsMater\",'Форма по МДС 81-35.2004'!E1107:E1131,'Форма по МДС 81-35.2004'!M1107:M1131,0),2)","v":0},0,0,{"$f":"ОКРУГЛВСЕ(SUMIF('Форма по МДС 81-35.2004'!J1107:J1131,\"Г\",'Форма по МДС 81-35.2004'!E1107:E1131),8)","v":5.0999999999999996},0,{"$f":"ОКРУГЛВСЕ(SUMIF('Форма по МДС 81-35.2004'!J1107:J1131,\"Ж\",'Форма по МДС 81-35.2004'!E1107:E1131),8)","v":1.02},0,0,22.778729999999999,17.3974984,0,0,0,0,0,0,0,null,0,0,0,0,0,0,0,0]
[{"$f":"'Форма по МДС 81-35.2004'!A1132","v":"48."},{"$f":"'Форма по МДС 81-35.2004'!M1132","v":1.25},{"$f":"ROUND(СУММПРОИЗВЕСЛИ(1,'Форма по МДС 81-35.2004'!J1132:J1150,\"Г\",'Форма по МДС 81-35.2004'!E1132:E1150,'Форма по МДС 81-35.2004'!M1132:M1150,0),2)","v":1.25},{"$f":"ROUND(СУММПРОИЗВЕСЛИ(1,'Форма по МДС 81-35.2004'!J1132:J1150,\"IsMash\",'Форма по МДС 81-35.2004'!E1132:E1150,'Форма по МДС 81-35.2004'!M1132:M1150,0),2)","v":0},{"$f":"ROUND(СУММПРОИЗВЕСЛИ(1,'Форма по МДС 81-35.2004'!J1132:J1150,\"Ж\",'Форма по МДС 81-35.2004'!E1132:E1150,'Форма по МДС 81-35.2004'!M1132:M1150,0),2)","v":0},{"$f":"ROUND(СУММПРОИЗВЕСЛИ(1,'Форма по МДС 81-35.2004'!J1132:J1150,\"IsMater\",'Форма по МДС 81-35.2004'!E1132:E1150,'Форма по МДС 81-35.2004'!M1132:M1150,0),2)","v":0},0,0,{"$f":"ОКРУГЛВСЕ(SUMIF('Форма по МДС 81-35.2004'!J1132:J1150,\"Г\",'Форма по МДС 81-35.2004'!E1132:E1150),8)","v":0.16},0,{"$f":"ОКРУГЛВСЕ(SUMIF('Форма по МДС 81-35.2004'!J1132:J1150,\"Ж\",'Форма по МДС 81-35.2004'!E1132:E1150),8)","v":0},0,0,0.14624999999999999,0.11169999999999999,0,0,0,0,0,0,0,null,0,0,0,0,0,0,0,0]
[{"$f":"'Форма по МДС 81-35.2004'!A1151","v":"49."},{"$f":"'Форма по МДС 81-35.2004'!M1151","v":1248.78},{"$f":"ROUND(СУММПРОИЗВЕСЛИ(1,'Форма по МДС 81-35.2004'!J1151:J1175,\"Г\",'Форма по МДС 81-35.2004'!E1151:E1175,'Форма по МДС 81-35.2004'!M1151:M1175,0),2)","v":161.68},{"$f":"ROUND(СУММПРОИЗВЕСЛИ(1,'Форма по МДС 81-35.2004'!J1151:J1175,\"IsMash\",'Форма по МДС 81-35.2004'!E1151:E1175,'Форма по МДС 81-35.2004'!M1151:M1175,0),2)","v":1069.5899999999999},{"$f":"ROUND(СУММПРОИЗВЕСЛИ(1,'Форма по МДС 81-35.2004'!J1151:J1175,\"Ж\",'Форма по МДС 81-35.2004'!E1151:E1175,'Форма по МДС 81-35.2004'!M1151:M1175,0),2)","v":100},{"$f":"ROUND(СУММПРОИЗВЕСЛИ(1,'Форма по МДС 81-35.2004'!J1151:J1175,\"IsMater\",'Форма по МДС 81-35.2004'!E1151:E1175,'Форма по МДС 81-35.2004'!M1151:M1175,0),2)","v":17.510000000000002},16.88,0,{"$f":"ОКРУГЛВСЕ(SUMIF('Форма по МДС 81-35.2004'!J1151:J1175,\"Г\",'Форма по МДС 81-35.2004'!E1151:E1175),8)","v":18.18},0,{"$f":"ОКРУГЛВСЕ(SUMIF('Форма по МДС 81-35.2004'!J1151:J1175,\"Ж\",'Форма по МДС 81-35.2004'!E1151:E1175),8)","v":12.12},0,0,146.10726,111.5909808,0,0,0,0,0,0,0,null,0,0,0,0,0,0,0,0]
[{"$f":"'Форма по МДС 81-35.2004'!A1178","v":"50."},{"$f":"'Форма по МДС 81-35.2004'!M1178","v":59.56},{"$f":"ROUND(СУММПРОИЗВЕСЛИ(1,'Форма по МДС 81-35.2004'!J1178:J1197,\"Г\",'Форма по МДС 81-35.2004'!E1178:E1197,'Форма по МДС 81-35.2004'!M1178:M1197,0),2)","v":24.96},{"$f":"ROUND(СУММПРОИЗВЕСЛИ(1,'Форма по МДС 81-35.2004'!J1178:J1197,\"IsMash\",'Форма по МДС 81-35.2004'!E1178:E1197,'Форма по МДС 81-35.2004'!M1178:M1197,0),2)","v":34.6},{"$f":"ROUND(СУММПРОИЗВЕСЛИ(1,'Форма по МДС 81-35.2004'!J1178:J1197,\"Ж\",'Форма по МДС 81-35.2004'!E1178:E1197,'Форма по МДС 81-35.2004'!M1178:M1197,0),2)","v":4.5},{"$f":"ROUND(СУММПРОИЗВЕСЛИ(1,'Форма по МДС 81-35.2004'!J1178:J1197,\"IsMater\",'Форма по МДС 81-35.2004'!E1178:E1197,'Форма по МДС 81-35.2004'!M1178:M1197,0),2)","v":0},0,0,{"$f":"ОКРУГЛВСЕ(SUMIF('Форма по МДС 81-35.2004'!J1178:J1197,\"Г\",'Форма по МДС 81-35.2004'!E1178:E1197),8)","v":3.2},0,{"$f":"ОКРУГЛВСЕ(SUMIF('Форма по МДС 81-35.2004'!J1178:J1197,\"Ж\",'Форма по МДС 81-35.2004'!E1178:E1197),8)","v":0.4},0,0,6.9685199999999998,5.3222816000000002,0,0,0,0,0,0,0,null,0,0,0,0,0,0,0,0]
[{"$f":"'Форма по МДС 81-35.2004'!A1198","v":"51."},{"$f":"'Форма по МДС 81-35.2004'!M1198","v":1329.74},{"$f":"ROUND(СУММПРОИЗВЕСЛИ(1,'Форма по МДС 81-35.2004'!J1198:J1222,\"Г\",'Форма по МДС 81-35.2004'!E1198:E1222,'Форма по МДС 81-35.2004'!M1198:M1222,0),2)","v":336.4},{"$f":"ROUND(СУММПРОИЗВЕСЛИ(1,'Форма по МДС 81-35.2004'!J1198:J1222,\"IsMash\",'Форма по МДС 81-35.2004'!E1198:E1222,'Форма по МДС 81-35.2004'!M1198:M1222,0),2)","v":890.95},{"$f":"ROUND(СУММПРОИЗВЕСЛИ(1,'Форма по МДС 81-35.2004'!J1198:J1222,\"Ж\",'Форма по МДС 81-35.2004'!E1198:E1222,'Форма по МДС 81-35.2004'!M1198:M1222,0),2)","v":117.65},{"$f":"ROUND(СУММПРОИЗВЕСЛИ(1,'Форма по МДС 81-35.2004'!J1198:J1222,\"IsMater\",'Форма по МДС 81-35.2004'!E1198:E1222,'Форма по МДС 81-35.2004'!M1198:M1222,0),2)","v":102.39},99.94,0,{"$f":"ОКРУГЛВСЕ(SUMIF('Форма по МДС 81-35.2004'!J1198:J1222,\"Г\",'Форма по МДС 81-35.2004'!E1198:E1222),8)","v":41.2},0,{"$f":"ОКРУГЛВСЕ(SUMIF('Форма по МДС 81-35.2004'!J1198:J1222,\"Ж\",'Форма по МДС 81-35.2004'!E1198:E1222),8)","v":10.3},0,0,155.57957999999999,118.8255664,0,0,0,0,0,0,0,null,0,0,0,0,0,0,0,0]
[{"$f":"'Форма по МДС 81-35.2004'!A1223","v":"52."},{"$f":"'Форма по МДС 81-35.2004'!M1223","v":377.78},{"$f":"ROUND(СУММПРОИЗВЕСЛИ(1,'Форма по МДС 81-35.2004'!J1223:J1246,\"Г\",'Форма по МДС 81-35.2004'!E1223:E1246,'Форма по МДС 81-35.2004'!M1223:M1246,0),2)","v":99.61},{"$f":"ROUND(СУММПРОИЗВЕСЛИ(1,'Форма по МДС 81-35.2004'!J1223:J1246,\"IsMash\",'Форма по МДС 81-35.2004'!E1223:E1246,'Форма по МДС 81-35.2004'!M1223:M1246,0),2)","v":263.83},{"$f":"ROUND(СУММПРОИЗВЕСЛИ(1,'Форма по МДС 81-35.2004'!J1223:J1246,\"Ж\",'Форма по МДС 81-35.2004'!E1223:E1246,'Форма по МДС 81-35.2004'!M1223:M1246,0),2)","v":0},{"$f":"ROUND(СУММПРОИЗВЕСЛИ(1,'Форма по МДС 81-35.2004'!J1223:J1246,\"IsMater\",'Форма по МДС 81-35.2004'!E1223:E1246,'Форма по МДС 81-35.2004'!M1223:M1246,0),2)","v":14.34},13.71,0,{"$f":"ОКРУГЛВСЕ(SUMIF('Форма по МДС 81-35.2004'!J1223:J1246,\"Г\",'Форма по МДС 81-35.2004'!E1223:E1246),8)","v":12.2},0,{"$f":"ОКРУГЛВСЕ(SUMIF('Форма по МДС 81-35.2004'!J1223:J1246,\"Ж\",'Форма по МДС 81-35.2004'!E1223:E1246),8)","v":3.05},0,0,44.20026,33.758420800000003,0,0,0,0,0,0,0,null,0,0,0,0,0,0,0,0]
[{"$f":"'Форма по МДС 81-35.2004'!A1247","v":"53."},{"$f":"'Форма по МДС 81-35.2004'!M1247","v":120.47},{"$f":"ROUND(СУММПРОИЗВЕСЛИ(1,'Форма по МДС 81-35.2004'!J1247:J1266,\"Г\",'Форма по МДС 81-35.2004'!E1247:E1266,'Форма по МДС 81-35.2004'!M1247:M1266,0),2)","v":41.72},{"$f":"ROUND(СУММПРОИЗВЕСЛИ(1,'Форма по МДС 81-35.2004'!J1247:J1266,\"IsMash\",'Форма по МДС 81-35.2004'!E1247:E1266,'Форма по МДС 81-35.2004'!M1247:M1266,0),2)","v":78.75},{"$f":"ROUND(СУММПРОИЗВЕСЛИ(1,'Форма по МДС 81-35.2004'!J1247:J1266,\"Ж\",'Форма по МДС 81-35.2004'!E1247:E1266,'Форма по МДС 81-35.2004'!M1247:M1266,0),2)","v":0},{"$f":"ROUND(СУММПРОИЗВЕСЛИ(1,'Форма по МДС 81-35.2004'!J1247:J1266,\"IsMater\",'Форма по МДС 81-35.2004'!E1247:E1266,'Форма по МДС 81-35.2004'!M1247:M1266,0),2)","v":0},0,0,{"$f":"ОКРУГЛВСЕ(SUMIF('Форма по МДС 81-35.2004'!J1247:J1266,\"Г\",'Форма по МДС 81-35.2004'!E1247:E1266),8)","v":5.15},0,{"$f":"ОКРУГЛВСЕ(SUMIF('Форма по МДС 81-35.2004'!J1247:J1266,\"Ж\",'Форма по МДС 81-35.2004'!E1247:E1266),8)","v":0},0,0,14.094989999999999,10.7651992,0,0,0,0,0,0,0,null,0,0,0,0,0,0,0,0]
[{"$f":"'Форма по МДС 81-35.2004'!A1267","v":"54."},{"$f":"'Форма по МДС 81-35.2004'!M1267","v":455},{"$f":"ROUND(СУММПРОИЗВЕСЛИ(1,'Форма по МДС 81-35.2004'!J1267:J1292,\"Г\",'Форма по МДС 81-35.2004'!E1267:E1292,'Форма по МДС 81-35.2004'!M1267:M1292,0),2)","v":162.09},{"$f":"ROUND(СУММПРОИЗВЕСЛИ(1,'Форма по МДС 81-35.2004'!J1267:J1292,\"IsMash\",'Форма по МДС 81-35.2004'!E1267:E1292,'Форма по МДС 81-35.2004'!M1267:M1292,0),2)","v":281.99},{"$f":"ROUND(СУММПРОИЗВЕСЛИ(1,'Форма по МДС 81-35.2004'!J1267:J1292,\"Ж\",'Форма по МДС 81-35.2004'!E1267:E1292,'Форма по МДС 81-35.2004'!M1267:M1292,0),2)","v":42.25},{"$f":"ROUND(СУММПРОИЗВЕСЛИ(1,'Форма по МДС 81-35.2004'!J1267:J1292,\"IsMater\",'Форма по МДС 81-35.2004'!E1267:E1292,'Форма по МДС 81-35.2004'!M1267:M1292,0),2)","v":10.92},10.35,0,{"$f":"ОКРУГЛВСЕ(SUMIF('Форма по МДС 81-35.2004'!J1267:J1292,\"Г\",'Форма по МДС 81-35.2004'!E1267:E1292),8)","v":19.559999999999999},0,{"$f":"ОКРУГЛВСЕ(SUMIF('Форма по МДС 81-35.2004'!J1267:J1292,\"Ж\",'Форма по МДС 81-35.2004'!E1267:E1292),8)","v":3.26},0,0,53.234999999999999,40.658799999999999,0,0,0,0,0,0,0,null,0,0,0,0,0,0,0,0]
[{"$f":"'Форма по МДС 81-35.2004'!A1293","v":"55."},{"$f":"'Форма по МДС 81-35.2004'!M1293","v":56.1},{"$f":"ROUND(СУММПРОИЗВЕСЛИ(1,'Форма по МДС 81-35.2004'!J1293:J1314,\"Г\",'Форма по МДС 81-35.2004'!E1293:E1314,'Форма по МДС 81-35.2004'!M1293:M1314,0),2)","v":6.53},{"$f":"ROUND(СУММПРОИЗВЕСЛИ(1,'Форма по МДС 81-35.2004'!J1293:J1314,\"IsMash\",'Форма по МДС 81-35.2004'!E1293:E1314,'Форма по МДС 81-35.2004'!M1293:M1314,0),2)","v":17.3},{"$f":"ROUND(СУММПРОИЗВЕСЛИ(1,'Форма по МДС 81-35.2004'!J1293:J1314,\"Ж\",'Форма по МДС 81-35.2004'!E1293:E1314,'Форма по МДС 81-35.2004'!M1293:M1314,0),2)","v":2.17},{"$f":"ROUND(СУММПРОИЗВЕСЛИ(1,'Форма по МДС 81-35.2004'!J1293:J1314,\"IsMater\",'Форма по МДС 81-35.2004'!E1293:E1314,'Форма по МДС 81-35.2004'!M1293:M1314,0),2)","v":32.270000000000003},31.49,0,{"$f":"ОКРУГЛВСЕ(SUMIF('Форма по МДС 81-35.2004'!J1293:J1314,\"Г\",'Форма по МДС 81-35.2004'!E1293:E1314),8)","v":0.8},0,{"$f":"ОКРУГЛВСЕ(SUMIF('Форма по МДС 81-35.2004'!J1293:J1314,\"Ж\",'Форма по МДС 81-35.2004'!E1293:E1314),8)","v":0.2},0,0,6.5636999999999999,5.013096,0,0,0,0,0,0,0,null,0,0,0,0,0,0,0,0]
[{"$f":"'Форма по МДС 81-35.2004'!A1315","v":"56."},{"$f":"'Форма по МДС 81-35.2004'!M1315","v":70.34},{"$f":"ROUND(СУММПРОИЗВЕСЛИ(1,'Форма по МДС 81-35.2004'!J1315:J1338,\"Г\",'Форма по МДС 81-35.2004'!E1315:E1338,'Форма по МДС 81-35.2004'!M1315:M1338,0),2)","v":19.27},{"$f":"ROUND(СУММПРОИЗВЕСЛИ(1,'Форма по МДС 81-35.2004'!J1315:J1338,\"IsMash\",'Форма по МДС 81-35.2004'!E1315:E1338,'Форма по МДС 81-35.2004'!M1315:M1338,0),2)","v":51.04},{"$f":"ROUND(СУММПРОИЗВЕСЛИ(1,'Форма по МДС 81-35.2004'!J1315:J1338,\"Ж\",'Форма по МДС 81-35.2004'!E1315:E1338,'Форма по МДС 81-35.2004'!M1315:M1338,0),2)","v":6.52},{"$f":"ROUND(СУММПРОИЗВЕСЛИ(1,'Форма по МДС 81-35.2004'!J1315:J1338,\"IsMater\",'Форма по МДС 81-35.2004'!E1315:E1338,'Форма по МДС 81-35.2004'!M1315:M1338,0),2)","v":0.03},0.01,0,{"$f":"ОКРУГЛВСЕ(SUMIF('Форма по МДС 81-35.2004'!J1315:J1338,\"Г\",'Форма по МДС 81-35.2004'!E1315:E1338),8)","v":2.36},0,{"$f":"ОКРУГЛВСЕ(SUMIF('Форма по МДС 81-35.2004'!J1315:J1338,\"Ж\",'Форма по МДС 81-35.2004'!E1315:E1338),8)","v":0.59},0,0,8.2297799999999999,6.2855824,0,0,0,0,0,0,0,null,0,0,0,0,0,0,0,0]
[{"$f":"'Форма по МДС 81-35.2004'!A1341","v":"57."},{"$f":"'Форма по МДС 81-35.2004'!M1341","v":1989.29},{"$f":"ROUND(СУММПРОИЗВЕСЛИ(1,'Форма по МДС 81-35.2004'!J1341:J1362,\"Г\",'Форма по МДС 81-35.2004'!E1341:E1362,'Форма по МДС 81-35.2004'!M1341:M1362,0),2)","v":79.95},{"$f":"ROUND(СУММПРОИЗВЕСЛИ(1,'Форма по МДС 81-35.2004'!J1341:J1362,\"IsMash\",'Форма по МДС 81-35.2004'!E1341:E1362,'Форма по МДС 81-35.2004'!M1341:M1362,0),2)","v":1905.99},{"$f":"ROUND(СУММПРОИЗВЕСЛИ(1,'Форма по МДС 81-35.2004'!J1341:J1362,\"Ж\",'Форма по МДС 81-35.2004'!E1341:E1362,'Форма по МДС 81-35.2004'!M1341:M1362,0),2)","v":150},{"$f":"ROUND(СУММПРОИЗВЕСЛИ(1,'Форма по МДС 81-35.2004'!J1341:J1362,\"IsMater\",'Форма по МДС 81-35.2004'!E1341:E1362,'Форма по МДС 81-35.2004'!M1341:M1362,0),2)","v":3.35},1.75,0,{"$f":"ОКРУГЛВСЕ(SUMIF('Форма по МДС 81-35.2004'!J1341:J1362,\"Г\",'Форма по МДС 81-35.2004'!E1341:E1362),8)","v":10.25},0,{"$f":"ОКРУГЛВСЕ(SUMIF('Форма по МДС 81-35.2004'!J1341:J1362,\"Ж\",'Форма по МДС 81-35.2004'!E1341:E1362),8)","v":10.25},0,0,232.74692999999999,177.76295440000001,0,0,0,0,0,0,0,null,0,0,0,0,0,0,0,0]
[{"$f":"'Форма по МДС 81-35.2004'!A1363","v":"58."},{"$f":"'Форма по МДС 81-35.2004'!M1363","v":1051.7},{"$f":"ROUND(СУММПРОИЗВЕСЛИ(1,'Форма по МДС 81-35.2004'!J1363:J1385,\"Г\",'Форма по МДС 81-35.2004'!E1363:E1385,'Форма по МДС 81-35.2004'!M1363:M1385,0),2)","v":235.48},{"$f":"ROUND(СУММПРОИЗВЕСЛИ(1,'Форма по МДС 81-35.2004'!J1363:J1385,\"IsMash\",'Форма по МДС 81-35.2004'!E1363:E1385,'Форма по МДС 81-35.2004'!M1363:M1385,0),2)","v":623.66999999999996},{"$f":"ROUND(СУММПРОИЗВЕСЛИ(1,'Форма по МДС 81-35.2004'!J1363:J1385,\"Ж\",'Форма по МДС 81-35.2004'!E1363:E1385,'Форма по МДС 81-35.2004'!M1363:M1385,0),2)","v":105.27},{"$f":"ROUND(СУММПРОИЗВЕСЛИ(1,'Форма по МДС 81-35.2004'!J1363:J1385,\"IsMater\",'Форма по МДС 81-35.2004'!E1363:E1385,'Форма по МДС 81-35.2004'!M1363:M1385,0),2)","v":192.56},188.6,0,{"$f":"ОКРУГЛВСЕ(SUMIF('Форма по МДС 81-35.2004'!J1363:J1385,\"Г\",'Форма по МДС 81-35.2004'!E1363:E1385),8)","v":28.84},0,{"$f":"ОКРУГЛВСЕ(SUMIF('Форма по МДС 81-35.2004'!J1363:J1385,\"Ж\",'Форма по МДС 81-35.2004'!E1363:E1385),8)","v":7.21},0,0,123.0489,93.979911999999999,0,0,0,0,0,0,0,null,0,0,0,0,0,0,0,0]
[{"$f":"'Форма по МДС 81-35.2004'!A1386","v":"59."},{"$f":"'Форма по МДС 81-35.2004'!M1386","v":9081.93},{"$f":"ROUND(СУММПРОИЗВЕСЛИ(1,'Форма по МДС 81-35.2004'!J1386:J1414,\"Г\",'Форма по МДС 81-35.2004'!E1386:E1414,'Форма по МДС 81-35.2004'!M1386:M1414,0),2)","v":2447.21},{"$f":"ROUND(СУММПРОИЗВЕСЛИ(1,'Форма по МДС 81-35.2004'!J1386:J1414,\"IsMash\",'Форма по МДС 81-35.2004'!E1386:E1414,'Форма по МДС 81-35.2004'!M1386:M1414,0),2)","v":6481.45},{"$f":"ROUND(СУММПРОИЗВЕСЛИ(1,'Форма по МДС 81-35.2004'!J1386:J1414,\"Ж\",'Форма по МДС 81-35.2004'!E1386:E1414,'Форма по МДС 81-35.2004'!M1386:M1414,0),2)","v":1666.67},{"$f":"ROUND(СУММПРОИЗВЕСЛИ(1,'Форма по МДС 81-35.2004'!J1386:J1414,\"IsMater\",'Форма по МДС 81-35.2004'!E1386:E1414,'Форма по МДС 81-35.2004'!M1386:M1414,0),2)","v":153.27000000000001},148.15,0,{"$f":"ОКРУГЛВСЕ(SUMIF('Форма по МДС 81-35.2004'!J1386:J1414,\"Г\",'Форма по МДС 81-35.2004'!E1386:E1414),8)","v":299.72000000000003},0,{"$f":"ОКРУГЛВСЕ(SUMIF('Форма по МДС 81-35.2004'!J1386:J1414,\"Ж\",'Форма по МДС 81-35.2004'!E1386:E1414),8)","v":74.930000000000007},0,0,1062.58581,811.5612648,0,0,0,0,0,0,0,null,0,0,0,0,0,0,0,0]
[{"$f":"'Форма по МДС 81-35.2004'!A1415","v":"60."},{"$f":"'Форма по МДС 81-35.2004'!M1415","v":9081.93},{"$f":"ROUND(СУММПРОИЗВЕСЛИ(1,'Форма по МДС 81-35.2004'!J1415:J1442,\"Г\",'Форма по МДС 81-35.2004'!E1415:E1442,'Форма по МДС 81-35.2004'!M1415:M1442,0),2)","v":2447.21},{"$f":"ROUND(СУММПРОИЗВЕСЛИ(1,'Форма по МДС 81-35.2004'!J1415:J1442,\"IsMash\",'Форма по МДС 81-35.2004'!E1415:E1442,'Форма по МДС 81-35.2004'!M1415:M1442,0),2)","v":6481.45},{"$f":"ROUND(СУММПРОИЗВЕСЛИ(1,'Форма по МДС 81-35.2004'!J1415:J1442,\"Ж\",'Форма по МДС 81-35.2004'!E1415:E1442,'Форма по МДС 81-35.2004'!M1415:M1442,0),2)","v":899.98},{"$f":"ROUND(СУММПРОИЗВЕСЛИ(1,'Форма по МДС 81-35.2004'!J1415:J1442,\"IsMater\",'Форма по МДС 81-35.2004'!E1415:E1442,'Форма по МДС 81-35.2004'!M1415:M1442,0),2)","v":153.27000000000001},148.15,0,{"$f":"ОКРУГЛВСЕ(SUMIF('Форма по МДС 81-35.2004'!J1415:J1442,\"Г\",'Форма по МДС 81-35.2004'!E1415:E1442),8)","v":299.72000000000003},0,{"$f":"ОКРУГЛВСЕ(SUMIF('Форма по МДС 81-35.2004'!J1415:J1442,\"Ж\",'Форма по МДС 81-35.2004'!E1415:E1442),8)","v":74.930000000000007},0,0,1062.58581,811.5612648,0,0,0,0,0,0,0,null,0,0,0,0,0,0,0,0]
[{"$f":"'Форма по МДС 81-35.2004'!A1443","v":"61."},{"$f":"'Форма по МДС 81-35.2004'!M1443","v":521.9},{"$f":"ROUND(СУММПРОИЗВЕСЛИ(1,'Форма по МДС 81-35.2004'!J1443:J1460,\"Г\",'Форма по МДС 81-35.2004'!E1443:E1460,'Форма по МДС 81-35.2004'!M1443:M1460,0),2)","v":0},{"$f":"ROUND(СУММПРОИЗВЕСЛИ(1,'Форма по МДС 81-35.2004'!J1443:J1460,\"IsMash\",'Форма по МДС 81-35.2004'!E1443:E1460,'Форма по МДС 81-35.2004'!M1443:M1460,0),2)","v":0},{"$f":"ROUND(СУММПРОИЗВЕСЛИ(1,'Форма по МДС 81-35.2004'!J1443:J1460,\"Ж\",'Форма по МДС 81-35.2004'!E1443:E1460,'Форма по МДС 81-35.2004'!M1443:M1460,0),2)","v":0},{"$f":"ROUND(СУММПРОИЗВЕСЛИ(1,'Форма по МДС 81-35.2004'!J1443:J1460,\"IsMater\",'Форма по МДС 81-35.2004'!E1443:E1460,'Форма по МДС 81-35.2004'!M1443:M1460,0),2)","v":521.9},521.9,0,{"$f":"ОКРУГЛВСЕ(SUMIF('Форма по МДС 81-35.2004'!J1443:J1460,\"Г\",'Форма по МДС 81-35.2004'!E1443:E1460),8)","v":0},0,{"$f":"ОКРУГЛВСЕ(SUMIF('Форма по МДС 81-35.2004'!J1443:J1460,\"Ж\",'Форма по МДС 81-35.2004'!E1443:E1460),8)","v":0},0,0,61.0623,46.636983999999998,0,0,0,0,0,0,0,null,0,0,0,0,0,0,0,0]
[{"$f":"'Форма по МДС 81-35.2004'!A1461","v":"62."},{"$f":"'Форма по МДС 81-35.2004'!M1461","v":120.47},{"$f":"ROUND(СУММПРОИЗВЕСЛИ(1,'Форма по МДС 81-35.2004'!J1461:J1480,\"Г\",'Форма по МДС 81-35.2004'!E1461:E1480,'Форма по МДС 81-35.2004'!M1461:M1480,0),2)","v":41.72},{"$f":"ROUND(СУММПРОИЗВЕСЛИ(1,'Форма по МДС 81-35.2004'!J1461:J1480,\"IsMash\",'Форма по МДС 81-35.2004'!E1461:E1480,'Форма по МДС 81-35.2004'!M1461:M1480,0),2)","v":78.75},{"$f":"ROUND(СУММПРОИЗВЕСЛИ(1,'Форма по МДС 81-35.2004'!J1461:J1480,\"Ж\",'Форма по МДС 81-35.2004'!E1461:E1480,'Форма по МДС 81-35.2004'!M1461:M1480,0),2)","v":0},{"$f":"ROUND(СУММПРОИЗВЕСЛИ(1,'Форма по МДС 81-35.2004'!J1461:J1480,\"IsMater\",'Форма по МДС 81-35.2004'!E1461:E1480,'Форма по МДС 81-35.2004'!M1461:M1480,0),2)","v":0},0,0,{"$f":"ОКРУГЛВСЕ(SUMIF('Форма по МДС 81-35.2004'!J1461:J1480,\"Г\",'Форма по МДС 81-35.2004'!E1461:E1480),8)","v":5.15},0,{"$f":"ОКРУГЛВСЕ(SUMIF('Форма по МДС 81-35.2004'!J1461:J1480,\"Ж\",'Форма по МДС 81-35.2004'!E1461:E1480),8)","v":0},0,0,14.094989999999999,10.7651992,0,0,0,0,0,0,0,null,0,0,0,0,0,0,0,0]
[{"$f":"'Форма по МДС 81-35.2004'!A1482","v":"63."},{"$f":"'Форма по МДС 81-35.2004'!M1482","v":1546.63},{"$f":"ROUND(СУММПРОИЗВЕСЛИ(1,'Форма по МДС 81-35.2004'!J1482:J1502,\"Г\",'Форма по МДС 81-35.2004'!E1482:E1502,'Форма по МДС 81-35.2004'!M1482:M1502,0),2)","v":62.17},{"$f":"ROUND(СУММПРОИЗВЕСЛИ(1,'Форма по МДС 81-35.2004'!J1482:J1502,\"IsMash\",'Форма по МДС 81-35.2004'!E1482:E1502,'Форма по МДС 81-35.2004'!M1482:M1502,0),2)","v":1482.02},{"$f":"ROUND(СУММПРОИЗВЕСЛИ(1,'Форма по МДС 81-35.2004'!J1482:J1502,\"Ж\",'Форма по МДС 81-35.2004'!E1482:E1502,'Форма по МДС 81-35.2004'!M1482:M1502,0),2)","v":107.52},{"$f":"ROUND(СУММПРОИЗВЕСЛИ(1,'Форма по МДС 81-35.2004'!J1482:J1502,\"IsMater\",'Форма по МДС 81-35.2004'!E1482:E1502,'Форма по МДС 81-35.2004'!M1482:M1502,0),2)","v":2.44},0.87,0,{"$f":"ОКРУГЛВСЕ(SUMIF('Форма по МДС 81-35.2004'!J1482:J1502,\"Г\",'Форма по МДС 81-35.2004'!E1482:E1502),8)","v":7.97},0,{"$f":"ОКРУГЛВСЕ(SUMIF('Форма по МДС 81-35.2004'!J1482:J1502,\"Ж\",'Форма по МДС 81-35.2004'!E1482:E1502),8)","v":7.97},0,0,180.95571000000001,138.2068568,0,0,0,0,0,0,0,null,0,0,0,0,0,0,0,0]
[{"$f":"'Форма по МДС 81-35.2004'!A1503","v":"64."},{"$f":"'Форма по МДС 81-35.2004'!M1503","v":1654.16},{"$f":"ROUND(СУММПРОИЗВЕСЛИ(1,'Форма по МДС 81-35.2004'!J1503:J1525,\"Г\",'Форма по МДС 81-35.2004'!E1503:E1525,'Форма по МДС 81-35.2004'!M1503:M1525,0),2)","v":353.38},{"$f":"ROUND(СУММПРОИЗВЕСЛИ(1,'Форма по МДС 81-35.2004'!J1503:J1525,\"IsMash\",'Форма по МДС 81-35.2004'!E1503:E1525,'Форма по МДС 81-35.2004'!M1503:M1525,0),2)","v":935.93},{"$f":"ROUND(СУММПРОИЗВЕСЛИ(1,'Форма по МДС 81-35.2004'!J1503:J1525,\"Ж\",'Форма по МДС 81-35.2004'!E1503:E1525,'Форма по МДС 81-35.2004'!M1503:M1525,0),2)","v":0},{"$f":"ROUND(СУММПРОИЗВЕСЛИ(1,'Форма по МДС 81-35.2004'!J1503:J1525,\"IsMater\",'Форма по МДС 81-35.2004'!E1503:E1525,'Форма по МДС 81-35.2004'!M1503:M1525,0),2)","v":364.85},357.4,0,{"$f":"ОКРУГЛВСЕ(SUMIF('Форма по МДС 81-35.2004'!J1503:J1525,\"Г\",'Форма по МДС 81-35.2004'!E1503:E1525),8)","v":43.28},0,{"$f":"ОКРУГЛВСЕ(SUMIF('Форма по МДС 81-35.2004'!J1503:J1525,\"Ж\",'Форма по МДС 81-35.2004'!E1503:E1525),8)","v":10.82},0,0,193.53672,147.81573760000001,0,0,0,0,0,0,0,null,0,0,0,0,0,0,0,0]
[{"$f":"'Форма по МДС 81-35.2004'!A1526","v":"65."},{"$f":"'Форма по МДС 81-35.2004'!M1526","v":120.47},{"$f":"ROUND(СУММПРОИЗВЕСЛИ(1,'Форма по МДС 81-35.2004'!J1526:J1545,\"Г\",'Форма по МДС 81-35.2004'!E1526:E1545,'Форма по МДС 81-35.2004'!M1526:M1545,0),2)","v":41.72},{"$f":"ROUND(СУММПРОИЗВЕСЛИ(1,'Форма по МДС 81-35.2004'!J1526:J1545,\"IsMash\",'Форма по МДС 81-35.2004'!E1526:E1545,'Форма по МДС 81-35.2004'!M1526:M1545,0),2)","v":78.75},{"$f":"ROUND(СУММПРОИЗВЕСЛИ(1,'Форма по МДС 81-35.2004'!J1526:J1545,\"Ж\",'Форма по МДС 81-35.2004'!E1526:E1545,'Форма по МДС 81-35.2004'!M1526:M1545,0),2)","v":0},{"$f":"ROUND(СУММПРОИЗВЕСЛИ(1,'Форма по МДС 81-35.2004'!J1526:J1545,\"IsMater\",'Форма по МДС 81-35.2004'!E1526:E1545,'Форма по МДС 81-35.2004'!M1526:M1545,0),2)","v":0},0,0,{"$f":"ОКРУГЛВСЕ(SUMIF('Форма по МДС 81-35.2004'!J1526:J1545,\"Г\",'Форма по МДС 81-35.2004'!E1526:E1545),8)","v":5.15},0,{"$f":"ОКРУГЛВСЕ(SUMIF('Форма по МДС 81-35.2004'!J1526:J1545,\"Ж\",'Форма по МДС 81-35.2004'!E1526:E1545),8)","v":0},0,0,14.094989999999999,10.7651992,0,0,0,0,0,0,0,null,0,0,0,0,0,0,0,0]
[{"$f":"'Форма по МДС 81-35.2004'!A1546","v":"66."},{"$f":"'Форма по МДС 81-35.2004'!M1546","v":3682.04},{"$f":"ROUND(СУММПРОИЗВЕСЛИ(1,'Форма по МДС 81-35.2004'!J1546:J1567,\"Г\",'Форма по МДС 81-35.2004'!E1546:E1567,'Форма по МДС 81-35.2004'!M1546:M1567,0),2)","v":1009.19},{"$f":"ROUND(СУММПРОИЗВЕСЛИ(1,'Форма по МДС 81-35.2004'!J1546:J1567,\"IsMash\",'Форма по МДС 81-35.2004'!E1546:E1567,'Форма по МДС 81-35.2004'!M1546:M1567,0),2)","v":2672.85},{"$f":"ROUND(СУММПРОИЗВЕСЛИ(1,'Форма по МДС 81-35.2004'!J1546:J1567,\"Ж\",'Форма по МДС 81-35.2004'!E1546:E1567,'Форма по МДС 81-35.2004'!M1546:M1567,0),2)","v":0},{"$f":"ROUND(СУММПРОИЗВЕСЛИ(1,'Форма по МДС 81-35.2004'!J1546:J1567,\"IsMater\",'Форма по МДС 81-35.2004'!E1546:E1567,'Форма по МДС 81-35.2004'!M1546:M1567,0),2)","v":0},0,0,{"$f":"ОКРУГЛВСЕ(SUMIF('Форма по МДС 81-35.2004'!J1546:J1567,\"Г\",'Форма по МДС 81-35.2004'!E1546:E1567),8)","v":123.6},0,{"$f":"ОКРУГЛВСЕ(SUMIF('Форма по МДС 81-35.2004'!J1546:J1567,\"Ж\",'Форма по МДС 81-35.2004'!E1546:E1567),8)","v":30.9},0,0,430.79867999999999,329.02709440000001,0,0,0,0,0,0,0,null,0,0,0,0,0,0,0,0]
[{"$f":"'Форма по МДС 81-35.2004'!A1568","v":"67."},{"$f":"'Форма по МДС 81-35.2004'!M1568","v":7988.04},{"$f":"ROUND(СУММПРОИЗВЕСЛИ(1,'Форма по МДС 81-35.2004'!J1568:J1589,\"Г\",'Форма по МДС 81-35.2004'!E1568:E1589,'Форма по МДС 81-35.2004'!M1568:M1589,0),2)","v":1009.19},{"$f":"ROUND(СУММПРОИЗВЕСЛИ(1,'Форма по МДС 81-35.2004'!J1568:J1589,\"IsMash\",'Форма по МДС 81-35.2004'!E1568:E1589,'Форма по МДС 81-35.2004'!M1568:M1589,0),2)","v":2672.85},{"$f":"ROUND(СУММПРОИЗВЕСЛИ(1,'Форма по МДС 81-35.2004'!J1568:J1589,\"Ж\",'Форма по МДС 81-35.2004'!E1568:E1589,'Форма по МДС 81-35.2004'!M1568:M1589,0),2)","v":0},{"$f":"ROUND(СУММПРОИЗВЕСЛИ(1,'Форма по МДС 81-35.2004'!J1568:J1589,\"IsMater\",'Форма по МДС 81-35.2004'!E1568:E1589,'Форма по МДС 81-35.2004'!M1568:M1589,0),2)","v":4306},4197,0,{"$f":"ОКРУГЛВСЕ(SUMIF('Форма по МДС 81-35.2004'!J1568:J1589,\"Г\",'Форма по МДС 81-35.2004'!E1568:E1589),8)","v":123.6},0,{"$f":"ОКРУГЛВСЕ(SUMIF('Форма по МДС 81-35.2004'!J1568:J1589,\"Ж\",'Форма по МДС 81-35.2004'!E1568:E1589),8)","v":30.9},0,0,934.60068000000001,713.81125440000005,0,0,0,0,0,0,0,null,0,0,0,0,0,0,0,0]
[{"$f":"'Форма по МДС 81-35.2004'!A1590","v":"68."},{"$f":"'Форма по МДС 81-35.2004'!M1590","v":917.36},{"$f":"ROUND(СУММПРОИЗВЕСЛИ(1,'Форма по МДС 81-35.2004'!J1590:J1611,\"Г\",'Форма по МДС 81-35.2004'!E1590:E1611,'Форма по МДС 81-35.2004'!M1590:M1611,0),2)","v":247.81},{"$f":"ROUND(СУММПРОИЗВЕСЛИ(1,'Форма по МДС 81-35.2004'!J1590:J1611,\"IsMash\",'Форма по МДС 81-35.2004'!E1590:E1611,'Форма по МДС 81-35.2004'!M1590:M1611,0),2)","v":557.05999999999995},{"$f":"ROUND(СУММПРОИЗВЕСЛИ(1,'Форма по МДС 81-35.2004'!J1590:J1611,\"Ж\",'Форма по МДС 81-35.2004'!E1590:E1611,'Форма по МДС 81-35.2004'!M1590:M1611,0),2)","v":100},{"$f":"ROUND(СУММПРОИЗВЕСЛИ(1,'Форма по МДС 81-35.2004'!J1590:J1611,\"IsMater\",'Форма по МДС 81-35.2004'!E1590:E1611,'Форма по МДС 81-35.2004'!M1590:M1611,0),2)","v":112.49},110.23,0,{"$f":"ОКРУГЛВСЕ(SUMIF('Форма по МДС 81-35.2004'!J1590:J1611,\"Г\",'Форма по МДС 81-35.2004'!E1590:E1611),8)","v":25.76},0,{"$f":"ОКРУГЛВСЕ(SUMIF('Форма по МДС 81-35.2004'!J1590:J1611,\"Ж\",'Форма по МДС 81-35.2004'!E1590:E1611),8)","v":6.44},0,0,107.33112,81.975289599999996,0,0,0,0,0,0,0,null,0,0,0,0,0,0,0,0]
[{"$f":"'Форма по МДС 81-35.2004'!A1613","v":"69."},{"$f":"'Форма по МДС 81-35.2004'!M1613","v":118.68},{"$f":"ROUND(СУММПРОИЗВЕСЛИ(1,'Форма по МДС 81-35.2004'!J1613:J1633,\"Г\",'Форма по МДС 81-35.2004'!E1613:E1633,'Форма по МДС 81-35.2004'!M1613:M1633,0),2)","v":4.76},{"$f":"ROUND(СУММПРОИЗВЕСЛИ(1,'Форма по МДС 81-35.2004'!J1613:J1633,\"IsMash\",'Форма по МДС 81-35.2004'!E1613:E1633,'Форма по МДС 81-35.2004'!M1613:M1633,0),2)","v":113.43},{"$f":"ROUND(СУММПРОИЗВЕСЛИ(1,'Форма по МДС 81-35.2004'!J1613:J1633,\"Ж\",'Форма по МДС 81-35.2004'!E1613:E1633,'Форма по МДС 81-35.2004'!M1613:M1633,0),2)","v":6.67},{"$f":"ROUND(СУММПРОИЗВЕСЛИ(1,'Форма по МДС 81-35.2004'!J1613:J1633,\"IsMater\",'Форма по МДС 81-35.2004'!E1613:E1633,'Форма по МДС 81-35.2004'!M1613:M1633,0),2)","v":0.49},0.17,0,{"$f":"ОКРУГЛВСЕ(SUMIF('Форма по МДС 81-35.2004'!J1613:J1633,\"Г\",'Форма по МДС 81-35.2004'!E1613:E1633),8)","v":0.61},0,{"$f":"ОКРУГЛВСЕ(SUMIF('Форма по МДС 81-35.2004'!J1613:J1633,\"Ж\",'Форма по МДС 81-35.2004'!E1613:E1633),8)","v":0.61},0,0,13.88556,10.605244799999999,0,0,0,0,0,0,0,null,0,0,0,0,0,0,0,0]
[{"$f":"'Форма по МДС 81-35.2004'!A1634","v":"70."},{"$f":"'Форма по МДС 81-35.2004'!M1634","v":269.86},{"$f":"ROUND(СУММПРОИЗВЕСЛИ(1,'Форма по МДС 81-35.2004'!J1634:J1656,\"Г\",'Форма по МДС 81-35.2004'!E1634:E1656,'Форма по МДС 81-35.2004'!M1634:M1656,0),2)","v":47.03},{"$f":"ROUND(СУММПРОИЗВЕСЛИ(1,'Форма по МДС 81-35.2004'!J1634:J1656,\"IsMash\",'Форма по МДС 81-35.2004'!E1634:E1656,'Форма по МДС 81-35.2004'!M1634:M1656,0),2)","v":124.56},{"$f":"ROUND(СУММПРОИЗВЕСЛИ(1,'Форма по МДС 81-35.2004'!J1634:J1656,\"Ж\",'Форма по МДС 81-35.2004'!E1634:E1656,'Форма по МДС 81-35.2004'!M1634:M1656,0),2)","v":20.43},{"$f":"ROUND(СУММПРОИЗВЕСЛИ(1,'Форма по МДС 81-35.2004'!J1634:J1656,\"IsMater\",'Форма по МДС 81-35.2004'!E1634:E1656,'Форма по МДС 81-35.2004'!M1634:M1656,0),2)","v":98.27},96.24,0,{"$f":"ОКРУГЛВСЕ(SUMIF('Форма по МДС 81-35.2004'!J1634:J1656,\"Г\",'Форма по МДС 81-35.2004'!E1634:E1656),8)","v":5.76},0,{"$f":"ОКРУГЛВСЕ(SUMIF('Форма по МДС 81-35.2004'!J1634:J1656,\"Ж\",'Форма по МДС 81-35.2004'!E1634:E1656),8)","v":1.44},0,0,31.573619999999998,24.114689599999998,0,0,0,0,0,0,0,null,0,0,0,0,0,0,0,0]
[{"$f":"'Форма по МДС 81-35.2004'!A1657","v":"71."},{"$f":"'Форма по МДС 81-35.2004'!M1657","v":3246.64},{"$f":"ROUND(СУММПРОИЗВЕСЛИ(1,'Форма по МДС 81-35.2004'!J1657:J1683,\"Г\",'Форма по МДС 81-35.2004'!E1657:E1683,'Форма по МДС 81-35.2004'!M1657:M1683,0),2)","v":787.66},{"$f":"ROUND(СУММПРОИЗВЕСЛИ(1,'Форма по МДС 81-35.2004'!J1657:J1683,\"IsMash\",'Форма по МДС 81-35.2004'!E1657:E1683,'Форма по МДС 81-35.2004'!M1657:M1683,0),2)","v":2443.09},{"$f":"ROUND(СУММПРОИЗВЕСЛИ(1,'Форма по МДС 81-35.2004'!J1657:J1683,\"Ж\",'Форма по МДС 81-35.2004'!E1657:E1683,'Форма по МДС 81-35.2004'!M1657:M1683,0),2)","v":400},{"$f":"ROUND(СУММПРОИЗВЕСЛИ(1,'Форма по МДС 81-35.2004'!J1657:J1683,\"IsMater\",'Форма по МДС 81-35.2004'!E1657:E1683,'Форма по МДС 81-35.2004'!M1657:M1683,0),2)","v":15.89},15.5,0,{"$f":"ОКРУГЛВСЕ(SUMIF('Форма по МДС 81-35.2004'!J1657:J1683,\"Г\",'Форма по МДС 81-35.2004'!E1657:E1683),8)","v":90.7},0,{"$f":"ОКРУГЛВСЕ(SUMIF('Форма по МДС 81-35.2004'!J1657:J1683,\"Ж\",'Форма по МДС 81-35.2004'!E1657:E1683),8)","v":25.92},0,0,379.85687999999999,290.11975039999999,0,0,0,0,0,0,0,null,0,0,0,0,0,0,0,0]
[{"$f":"'Форма по МДС 81-35.2004'!A1684","v":"72."},{"$f":"'Форма по МДС 81-35.2004'!M1684","v":818.29},{"$f":"ROUND(СУММПРОИЗВЕСЛИ(1,'Форма по МДС 81-35.2004'!J1684:J1709,\"Г\",'Форма по МДС 81-35.2004'!E1684:E1709,'Форма по МДС 81-35.2004'!M1684:M1709,0),2)","v":0},{"$f":"ROUND(СУММПРОИЗВЕСЛИ(1,'Форма по МДС 81-35.2004'!J1684:J1709,\"IsMash\",'Форма по МДС 81-35.2004'!E1684:E1709,'Форма по МДС 81-35.2004'!M1684:M1709,0),2)","v":818.29},{"$f":"ROUND(СУММПРОИЗВЕСЛИ(1,'Форма по МДС 81-35.2004'!J1684:J1709,\"Ж\",'Форма по МДС 81-35.2004'!E1684:E1709,'Форма по МДС 81-35.2004'!M1684:M1709,0),2)","v":115.73},{"$f":"ROUND(СУММПРОИЗВЕСЛИ(1,'Форма по МДС 81-35.2004'!J1684:J1709,\"IsMater\",'Форма по МДС 81-35.2004'!E1684:E1709,'Форма по МДС 81-35.2004'!M1684:M1709,0),2)","v":0},0,0,{"$f":"ОКРУГЛВСЕ(SUMIF('Форма по МДС 81-35.2004'!J1684:J1709,\"Г\",'Форма по МДС 81-35.2004'!E1684:E1709),8)","v":75.680000000000007},0,{"$f":"ОКРУГЛВСЕ(SUMIF('Форма по МДС 81-35.2004'!J1684:J1709,\"Ж\",'Форма по МДС 81-35.2004'!E1684:E1709),8)","v":28.38},0,0,95.739930000000001,73.122394400000005,0,0,0,0,0,0,0,null,0,0,0,0,0,0,0,0]
[{"$f":"'Форма по МДС 81-35.2004'!A1710","v":"73."},{"$f":"'Форма по МДС 81-35.2004'!M1710","v":0},{"$f":"ROUND(СУММПРОИЗВЕСЛИ(1,'Форма по МДС 81-35.2004'!J1710:J1728,\"Г\",'Форма по МДС 81-35.2004'!E1710:E1728,'Форма по МДС 81-35.2004'!M1710:M1728,0),2)","v":0},{"$f":"ROUND(СУММПРОИЗВЕСЛИ(1,'Форма по МДС 81-35.2004'!J1710:J1728,\"IsMash\",'Форма по МДС 81-35.2004'!E1710:E1728,'Форма по МДС 81-35.2004'!M1710:M1728,0),2)","v":0},{"$f":"ROUND(СУММПРОИЗВЕСЛИ(1,'Форма по МДС 81-35.2004'!J1710:J1728,\"Ж\",'Форма по МДС 81-35.2004'!E1710:E1728,'Форма по МДС 81-35.2004'!M1710:M1728,0),2)","v":0},{"$f":"ROUND(СУММПРОИЗВЕСЛИ(1,'Форма по МДС 81-35.2004'!J1710:J1728,\"IsMater\",'Форма по МДС 81-35.2004'!E1710:E1728,'Форма по МДС 81-35.2004'!M1710:M1728,0),2)","v":0},0,0,{"$f":"ОКРУГЛВСЕ(SUMIF('Форма по МДС 81-35.2004'!J1710:J1728,\"Г\",'Форма по МДС 81-35.2004'!E1710:E1728),8)","v":0},0,{"$f":"ОКРУГЛВСЕ(SUMIF('Форма по МДС 81-35.2004'!J1710:J1728,\"Ж\",'Форма по МДС 81-35.2004'!E1710:E1728),8)","v":0},0,0,0,0,0,0,0,0,0,0,0,null,0,0,0,0,0,0,0,0]
[{"$f":"'Форма по МДС 81-35.2004'!A1729","v":"74."},{"$f":"'Форма по МДС 81-35.2004'!M1729","v":4006.39},{"$f":"ROUND(СУММПРОИЗВЕСЛИ(1,'Форма по МДС 81-35.2004'!J1729:J1750,\"Г\",'Форма по МДС 81-35.2004'!E1729:E1750,'Форма по МДС 81-35.2004'!M1729:M1750,0),2)","v":185.67},{"$f":"ROUND(СУММПРОИЗВЕСЛИ(1,'Форма по МДС 81-35.2004'!J1729:J1750,\"IsMash\",'Форма по МДС 81-35.2004'!E1729:E1750,'Форма по МДС 81-35.2004'!M1729:M1750,0),2)","v":834.73},{"$f":"ROUND(СУММПРОИЗВЕСЛИ(1,'Форма по МДС 81-35.2004'!J1729:J1750,\"Ж\",'Форма по МДС 81-35.2004'!E1729:E1750,'Форма по МДС 81-35.2004'!M1729:M1750,0),2)","v":100},{"$f":"ROUND(СУММПРОИЗВЕСЛИ(1,'Форма по МДС 81-35.2004'!J1729:J1750,\"IsMater\",'Форма по МДС 81-35.2004'!E1729:E1750,'Форма по МДС 81-35.2004'!M1729:M1750,0),2)","v":2986},2878,0,{"$f":"ОКРУГЛВСЕ(SUMIF('Форма по МДС 81-35.2004'!J1729:J1750,\"Г\",'Форма по МДС 81-35.2004'!E1729:E1750),8)","v":19.3},0,{"$f":"ОКРУГЛВСЕ(SUMIF('Форма по МДС 81-35.2004'!J1729:J1750,\"Ж\",'Форма по МДС 81-35.2004'!E1729:E1750),8)","v":9.65},0,0,468.74763000000002,358.01101039999998,0,0,0,0,0,0,0,null,0,0,0,0,0,0,0,0]
[{"$f":"'Форма по МДС 81-35.2004'!A1751","v":"75."},{"$f":"'Форма по МДС 81-35.2004'!M1751","v":41.77},{"$f":"ROUND(СУММПРОИЗВЕСЛИ(1,'Форма по МДС 81-35.2004'!J1751:J1770,\"Г\",'Форма по МДС 81-35.2004'!E1751:E1770,'Форма по МДС 81-35.2004'!M1751:M1770,0),2)","v":17.55},{"$f":"ROUND(СУММПРОИЗВЕСЛИ(1,'Форма по МДС 81-35.2004'!J1751:J1770,\"IsMash\",'Форма по МДС 81-35.2004'!E1751:E1770,'Форма по МДС 81-35.2004'!M1751:M1770,0),2)","v":24.22},{"$f":"ROUND(СУММПРОИЗВЕСЛИ(1,'Форма по МДС 81-35.2004'!J1751:J1770,\"Ж\",'Форма по МДС 81-35.2004'!E1751:E1770,'Форма по МДС 81-35.2004'!M1751:M1770,0),2)","v":0},{"$f":"ROUND(СУММПРОИЗВЕСЛИ(1,'Форма по МДС 81-35.2004'!J1751:J1770,\"IsMater\",'Форма по МДС 81-35.2004'!E1751:E1770,'Форма по МДС 81-35.2004'!M1751:M1770,0),2)","v":0},0,0,{"$f":"ОКРУГЛВСЕ(SUMIF('Форма по МДС 81-35.2004'!J1751:J1770,\"Г\",'Форма по МДС 81-35.2004'!E1751:E1770),8)","v":2.25},0,{"$f":"ОКРУГЛВСЕ(SUMIF('Форма по МДС 81-35.2004'!J1751:J1770,\"Ж\",'Форма по МДС 81-35.2004'!E1751:E1770),8)","v":0.28000000000000003},0,0,4.8870899999999997,3.7325672000000001,0,0,0,0,0,0,0,null,0,0,0,0,0,0,0,0]
[{"$f":"'Форма по МДС 81-35.2004'!A1771","v":"76."},{"$f":"'Форма по МДС 81-35.2004'!M1771","v":4.29},{"$f":"ROUND(СУММПРОИЗВЕСЛИ(1,'Форма по МДС 81-35.2004'!J1771:J1788,\"Г\",'Форма по МДС 81-35.2004'!E1771:E1788,'Форма по МДС 81-35.2004'!M1771:M1788,0),3)","v":4.29},{"$f":"ROUND(СУММПРОИЗВЕСЛИ(1,'Форма по МДС 81-35.2004'!J1771:J1788,\"IsMash\",'Форма по МДС 81-35.2004'!E1771:E1788,'Форма по МДС 81-35.2004'!M1771:M1788,0),3)","v":0},{"$f":"ROUND(СУММПРОИЗВЕСЛИ(1,'Форма по МДС 81-35.2004'!J1771:J1788,\"Ж\",'Форма по МДС 81-35.2004'!E1771:E1788,'Форма по МДС 81-35.2004'!M1771:M1788,0),3)","v":0},{"$f":"ROUND(СУММПРОИЗВЕСЛИ(1,'Форма по МДС 81-35.2004'!J1771:J1788,\"IsMater\",'Форма по МДС 81-35.2004'!E1771:E1788,'Форма по МДС 81-35.2004'!M1771:M1788,0),3)","v":0},0,0,{"$f":"ОКРУГЛВСЕ(SUMIF('Форма по МДС 81-35.2004'!J1771:J1788,\"Г\",'Форма по МДС 81-35.2004'!E1771:E1788),8)","v":0.55000000000000004},0,{"$f":"ОКРУГЛВСЕ(SUMIF('Форма по МДС 81-35.2004'!J1771:J1788,\"Ж\",'Форма по МДС 81-35.2004'!E1771:E1788),8)","v":0},0,0,0.50192999999999999,0.38335439999999998,0,0,0,0,0,0,0,null,0,0,0,0,0,0,0,0]
[{"$f":"'Форма по МДС 81-35.2004'!A1789","v":"77."},{"$f":"'Форма по МДС 81-35.2004'!M1789","v":822.16},{"$f":"ROUND(СУММПРОИЗВЕСЛИ(1,'Форма по МДС 81-35.2004'!J1789:J1807,\"Г\",'Форма по МДС 81-35.2004'!E1789:E1807,'Форма по МДС 81-35.2004'!M1789:M1807,0),2)","v":0},{"$f":"ROUND(СУММПРОИЗВЕСЛИ(1,'Форма по МДС 81-35.2004'!J1789:J1807,\"IsMash\",'Форма по МДС 81-35.2004'!E1789:E1807,'Форма по МДС 81-35.2004'!M1789:M1807,0),2)","v":822.16},{"$f":"ROUND(СУММПРОИЗВЕСЛИ(1,'Форма по МДС 81-35.2004'!J1789:J1807,\"Ж\",'Форма по МДС 81-35.2004'!E1789:E1807,'Форма по МДС 81-35.2004'!M1789:M1807,0),2)","v":0},{"$f":"ROUND(СУММПРОИЗВЕСЛИ(1,'Форма по МДС 81-35.2004'!J1789:J1807,\"IsMater\",'Форма по МДС 81-35.2004'!E1789:E1807,'Форма по МДС 81-35.2004'!M1789:M1807,0),2)","v":0},0,0,{"$f":"ОКРУГЛВСЕ(SUMIF('Форма по МДС 81-35.2004'!J1789:J1807,\"Г\",'Форма по МДС 81-35.2004'!E1789:E1807),8)","v":0},0,{"$f":"ОКРУГЛВСЕ(SUMIF('Форма по МДС 81-35.2004'!J1789:J1807,\"Ж\",'Форма по МДС 81-35.2004'!E1789:E1807),8)","v":0},0,0,96.192719999999994,73.468217600000003,0,0,0,0,0,0,0,null,0,0,0,0,0,0,0,0]
[{"$f":"'Форма по МДС 81-35.2004'!A1808","v":"78."},{"$f":"'Форма по МДС 81-35.2004'!M1808","v":73.11},{"$f":"ROUND(СУММПРОИЗВЕСЛИ(1,'Форма по МДС 81-35.2004'!J1808:J1826,\"Г\",'Форма по МДС 81-35.2004'!E1808:E1826,'Форма по МДС 81-35.2004'!M1808:M1826,0),2)","v":0},{"$f":"ROUND(СУММПРОИЗВЕСЛИ(1,'Форма по МДС 81-35.2004'!J1808:J1826,\"IsMash\",'Форма по МДС 81-35.2004'!E1808:E1826,'Форма по МДС 81-35.2004'!M1808:M1826,0),2)","v":73.11},{"$f":"ROUND(СУММПРОИЗВЕСЛИ(1,'Форма по МДС 81-35.2004'!J1808:J1826,\"Ж\",'Форма по МДС 81-35.2004'!E1808:E1826,'Форма по МДС 81-35.2004'!M1808:M1826,0),2)","v":0},{"$f":"ROUND(СУММПРОИЗВЕСЛИ(1,'Форма по МДС 81-35.2004'!J1808:J1826,\"IsMater\",'Форма по МДС 81-35.2004'!E1808:E1826,'Форма по МДС 81-35.2004'!M1808:M1826,0),2)","v":0},0,0,{"$f":"ОКРУГЛВСЕ(SUMIF('Форма по МДС 81-35.2004'!J1808:J1826,\"Г\",'Форма по МДС 81-35.2004'!E1808:E1826),8)","v":0},0,{"$f":"ОКРУГЛВСЕ(SUMIF('Форма по МДС 81-35.2004'!J1808:J1826,\"Ж\",'Форма по МДС 81-35.2004'!E1808:E1826),8)","v":0},0,0,8.5538699999999999,6.5331096000000004,0,0,0,0,0,0,0,null,0,0,0,0,0,0,0,0]
[{"$f":"'Форма по МДС 81-35.2004'!A1828","v":"79."},{"$f":"'Форма по МДС 81-35.2004'!M1828","v":251.94},{"$f":"ROUND(СУММПРОИЗВЕСЛИ(1,'Форма по МДС 81-35.2004'!J1828:J1847,\"Г\",'Форма по МДС 81-35.2004'!E1828:E1847,'Форма по МДС 81-35.2004'!M1828:M1847,0),2)","v":88.45},{"$f":"ROUND(СУММПРОИЗВЕСЛИ(1,'Форма по МДС 81-35.2004'!J1828:J1847,\"IsMash\",'Форма по МДС 81-35.2004'!E1828:E1847,'Форма по МДС 81-35.2004'!M1828:M1847,0),2)","v":163.49},{"$f":"ROUND(СУММПРОИЗВЕСЛИ(1,'Форма по МДС 81-35.2004'!J1828:J1847,\"Ж\",'Форма по МДС 81-35.2004'!E1828:E1847,'Форма по МДС 81-35.2004'!M1828:M1847,0),2)","v":0},{"$f":"ROUND(СУММПРОИЗВЕСЛИ(1,'Форма по МДС 81-35.2004'!J1828:J1847,\"IsMater\",'Форма по МДС 81-35.2004'!E1828:E1847,'Форма по МДС 81-35.2004'!M1828:M1847,0),2)","v":0},0,0,{"$f":"ОКРУГЛВСЕ(SUMIF('Форма по МДС 81-35.2004'!J1828:J1847,\"Г\",'Форма по МДС 81-35.2004'!E1828:E1847),8)","v":11.34},0,{"$f":"ОКРУГЛВСЕ(SUMIF('Форма по МДС 81-35.2004'!J1828:J1847,\"Ж\",'Форма по МДС 81-35.2004'!E1828:E1847),8)","v":1.89},0,0,29.476980000000001,22.513358400000001,0,0,0,0,0,0,0,null,0,0,0,0,0,0,0,0]
[{"$f":"'Форма по МДС 81-35.2004'!A1848","v":"80."},{"$f":"'Форма по МДС 81-35.2004'!M1848","v":0},{"$f":"ROUND(СУММПРОИЗВЕСЛИ(1,'Форма по МДС 81-35.2004'!J1848:J1865,\"Г\",'Форма по МДС 81-35.2004'!E1848:E1865,'Форма по МДС 81-35.2004'!M1848:M1865,0),3)","v":0},{"$f":"ROUND(СУММПРОИЗВЕСЛИ(1,'Форма по МДС 81-35.2004'!J1848:J1865,\"IsMash\",'Форма по МДС 81-35.2004'!E1848:E1865,'Форма по МДС 81-35.2004'!M1848:M1865,0),3)","v":0},{"$f":"ROUND(СУММПРОИЗВЕСЛИ(1,'Форма по МДС 81-35.2004'!J1848:J1865,\"Ж\",'Форма по МДС 81-35.2004'!E1848:E1865,'Форма по МДС 81-35.2004'!M1848:M1865,0),3)","v":0},{"$f":"ROUND(СУММПРОИЗВЕСЛИ(1,'Форма по МДС 81-35.2004'!J1848:J1865,\"IsMater\",'Форма по МДС 81-35.2004'!E1848:E1865,'Форма по МДС 81-35.2004'!M1848:M1865,0),3)","v":0},0,0,{"$f":"ОКРУГЛВСЕ(SUMIF('Форма по МДС 81-35.2004'!J1848:J1865,\"Г\",'Форма по МДС 81-35.2004'!E1848:E1865),8)","v":18.68},0,{"$f":"ОКРУГЛВСЕ(SUMIF('Форма по МДС 81-35.2004'!J1848:J1865,\"Ж\",'Форма по МДС 81-35.2004'!E1848:E1865),8)","v":0},0,0,0,0,0,0,0,0,0,0,0,null,0,0,0,0,0,0,0,0]
[{"$f":"'Форма по МДС 81-35.2004'!A1866","v":"81."},{"$f":"'Форма по МДС 81-35.2004'!M1866","v":0},{"$f":"ROUND(СУММПРОИЗВЕСЛИ(1,'Форма по МДС 81-35.2004'!J1866:J1893,\"Г\",'Форма по МДС 81-35.2004'!E1866:E1893,'Форма по МДС 81-35.2004'!M1866:M1893,0),2)","v":0},{"$f":"ROUND(СУММПРОИЗВЕСЛИ(1,'Форма по МДС 81-35.2004'!J1866:J1893,\"IsMash\",'Форма по МДС 81-35.2004'!E1866:E1893,'Форма по МДС 81-35.2004'!M1866:M1893,0),2)","v":0},{"$f":"ROUND(СУММПРОИЗВЕСЛИ(1,'Форма по МДС 81-35.2004'!J1866:J1893,\"Ж\",'Форма по МДС 81-35.2004'!E1866:E1893,'Форма по МДС 81-35.2004'!M1866:M1893,0),2)","v":0},{"$f":"ROUND(СУММПРОИЗВЕСЛИ(1,'Форма по МДС 81-35.2004'!J1866:J1893,\"IsMater\",'Форма по МДС 81-35.2004'!E1866:E1893,'Форма по МДС 81-35.2004'!M1866:M1893,0),2)","v":0},0,0,{"$f":"ОКРУГЛВСЕ(SUMIF('Форма по МДС 81-35.2004'!J1866:J1893,\"Г\",'Форма по МДС 81-35.2004'!E1866:E1893),8)","v":42.4},0,{"$f":"ОКРУГЛВСЕ(SUMIF('Форма по МДС 81-35.2004'!J1866:J1893,\"Ж\",'Форма по МДС 81-35.2004'!E1866:E1893),8)","v":0.42},0,0,0,0,0,0,0,0,0,0,0,null,0,0,0,0,0,0,0,0]
[{"$f":"'Форма по МДС 81-35.2004'!A1894","v":"82."},{"$f":"'Форма по МДС 81-35.2004'!M1894","v":1365.59},{"$f":"ROUND(СУММПРОИЗВЕСЛИ(1,'Форма по МДС 81-35.2004'!J1894:J1921,\"Г\",'Форма по МДС 81-35.2004'!E1894:E1921,'Форма по МДС 81-35.2004'!M1894:M1921,0),2)","v":375.42},{"$f":"ROUND(СУММПРОИЗВЕСЛИ(1,'Форма по МДС 81-35.2004'!J1894:J1921,\"IsMash\",'Форма по МДС 81-35.2004'!E1894:E1921,'Форма по МДС 81-35.2004'!M1894:M1921,0),2)","v":990.17},{"$f":"ROUND(СУММПРОИЗВЕСЛИ(1,'Форма по МДС 81-35.2004'!J1894:J1921,\"Ж\",'Форма по МДС 81-35.2004'!E1894:E1921,'Форма по МДС 81-35.2004'!M1894:M1921,0),2)","v":200},{"$f":"ROUND(СУММПРОИЗВЕСЛИ(1,'Форма по МДС 81-35.2004'!J1894:J1921,\"IsMater\",'Форма по МДС 81-35.2004'!E1894:E1921,'Форма по МДС 81-35.2004'!M1894:M1921,0),2)","v":0},0,0,{"$f":"ОКРУГЛВСЕ(SUMIF('Форма по МДС 81-35.2004'!J1894:J1921,\"Г\",'Форма по МДС 81-35.2004'!E1894:E1921),8)","v":45.31},0,{"$f":"ОКРУГЛВСЕ(SUMIF('Форма по МДС 81-35.2004'!J1894:J1921,\"Ж\",'Форма по МДС 81-35.2004'!E1894:E1921),8)","v":12.94},0,0,159.77403000000001,122.02912240000001,0,0,0,0,0,0,0,null,0,0,0,0,0,0,0,0]
[{"$f":"'Форма по МДС 81-35.2004'!A1922","v":"83."},{"$f":"'Форма по МДС 81-35.2004'!M1922","v":779.61},{"$f":"ROUND(СУММПРОИЗВЕСЛИ(1,'Форма по МДС 81-35.2004'!J1922:J1943,\"Г\",'Форма по МДС 81-35.2004'!E1922:E1943,'Форма по МДС 81-35.2004'!M1922:M1943,0),2)","v":59.11},{"$f":"ROUND(СУММПРОИЗВЕСЛИ(1,'Форма по МДС 81-35.2004'!J1922:J1943,\"IsMash\",'Форма по МДС 81-35.2004'!E1922:E1943,'Форма по МДС 81-35.2004'!M1922:M1943,0),2)","v":156.57},{"$f":"ROUND(СУММПРОИЗВЕСЛИ(1,'Форма по МДС 81-35.2004'!J1922:J1943,\"Ж\",'Форма по МДС 81-35.2004'!E1922:E1943,'Форма по МДС 81-35.2004'!M1922:M1943,0),2)","v":0},{"$f":"ROUND(СУММПРОИЗВЕСЛИ(1,'Форма по МДС 81-35.2004'!J1922:J1943,\"IsMater\",'Форма по МДС 81-35.2004'!E1922:E1943,'Форма по МДС 81-35.2004'!M1922:M1943,0),2)","v":563.92999999999995},552.33000000000004,0,{"$f":"ОКРУГЛВСЕ(SUMIF('Форма по МДС 81-35.2004'!J1922:J1943,\"Г\",'Форма по МДС 81-35.2004'!E1922:E1943),8)","v":7.24},0,{"$f":"ОКРУГЛВСЕ(SUMIF('Форма по МДС 81-35.2004'!J1922:J1943,\"Ж\",'Форма по МДС 81-35.2004'!E1922:E1943),8)","v":1.81},0,0,91.214370000000002,69.665949600000005,0,0,0,0,0,0,0,null,0,0,0,0,0,0,0,0]
[{"$f":"'Форма по МДС 81-35.2004'!A1944","v":"84."},{"$f":"'Форма по МДС 81-35.2004'!M1944","v":182.61},{"$f":"ROUND(СУММПРОИЗВЕСЛИ(1,'Форма по МДС 81-35.2004'!J1944:J1964,\"Г\",'Форма по МДС 81-35.2004'!E1944:E1964,'Форма по МДС 81-35.2004'!M1944:M1964,0),2)","v":7.33},{"$f":"ROUND(СУММПРОИЗВЕСЛИ(1,'Форма по МДС 81-35.2004'!J1944:J1964,\"IsMash\",'Форма по МДС 81-35.2004'!E1944:E1964,'Форма по МДС 81-35.2004'!M1944:M1964,0),2)","v":174.79},{"$f":"ROUND(СУММПРОИЗВЕСЛИ(1,'Форма по МДС 81-35.2004'!J1944:J1964,\"Ж\",'Форма по МДС 81-35.2004'!E1944:E1964,'Форма по МДС 81-35.2004'!M1944:M1964,0),2)","v":15.27},{"$f":"ROUND(СУММПРОИЗВЕСЛИ(1,'Форма по МДС 81-35.2004'!J1944:J1964,\"IsMater\",'Форма по МДС 81-35.2004'!E1944:E1964,'Форма по МДС 81-35.2004'!M1944:M1964,0),2)","v":0.49},0.17,0,{"$f":"ОКРУГЛВСЕ(SUMIF('Форма по МДС 81-35.2004'!J1944:J1964,\"Г\",'Форма по МДС 81-35.2004'!E1944:E1964),8)","v":0.94},0,{"$f":"ОКРУГЛВСЕ(SUMIF('Форма по МДС 81-35.2004'!J1944:J1964,\"Ж\",'Форма по МДС 81-35.2004'!E1944:E1964),8)","v":0.94},0,0,21.365369999999999,16.318029599999999,0,0,0,0,0,0,0,null,0,0,0,0,0,0,0,0]
[{"$f":"'Форма по МДС 81-35.2004'!A1965","v":"85."},{"$f":"'Форма по МДС 81-35.2004'!M1965","v":5492.43},{"$f":"ROUND(СУММПРОИЗВЕСЛИ(1,'Форма по МДС 81-35.2004'!J1965:J1989,\"Г\",'Форма по МДС 81-35.2004'!E1965:E1989,'Форма по МДС 81-35.2004'!M1965:M1989,0),2)","v":1224.75},{"$f":"ROUND(СУММПРОИЗВЕСЛИ(1,'Форма по МДС 81-35.2004'!J1965:J1989,\"IsMash\",'Форма по МДС 81-35.2004'!E1965:E1989,'Форма по МДС 81-35.2004'!M1965:M1989,0),2)","v":3243.75},{"$f":"ROUND(СУММПРОИЗВЕСЛИ(1,'Форма по МДС 81-35.2004'!J1965:J1989,\"Ж\",'Форма по МДС 81-35.2004'!E1965:E1989,'Форма по МДС 81-35.2004'!M1965:M1989,0),2)","v":357.15},{"$f":"ROUND(СУММПРОИЗВЕСЛИ(1,'Форма по МДС 81-35.2004'!J1965:J1989,\"IsMater\",'Форма по МДС 81-35.2004'!E1965:E1989,'Форма по МДС 81-35.2004'!M1965:M1989,0),2)","v":1023.93},999.4,0,{"$f":"ОКРУГЛВСЕ(SUMIF('Форма по МДС 81-35.2004'!J1965:J1989,\"Г\",'Форма по МДС 81-35.2004'!E1965:E1989),8)","v":150},0,{"$f":"ОКРУГЛВСЕ(SUMIF('Форма по МДС 81-35.2004'!J1965:J1989,\"Ж\",'Форма по МДС 81-35.2004'!E1965:E1989),8)","v":37.5},0,0,642.61431000000005,490.8035448,0,0,0,0,0,0,0,null,0,0,0,0,0,0,0,0]
[{"$f":"'Форма по МДС 81-35.2004'!A1990","v":"86."},{"$f":"'Форма по МДС 81-35.2004'!M1990","v":322.48},{"$f":"ROUND(СУММПРОИЗВЕСЛИ(1,'Форма по МДС 81-35.2004'!J1990:J2012,\"Г\",'Форма по МДС 81-35.2004'!E1990:E2012,'Форма по МДС 81-35.2004'!M1990:M2012,0),2)","v":52.26},{"$f":"ROUND(СУММПРОИЗВЕСЛИ(1,'Форма по МДС 81-35.2004'!J1990:J2012,\"IsMash\",'Форма по МДС 81-35.2004'!E1990:E2012,'Форма по МДС 81-35.2004'!M1990:M2012,0),2)","v":138.4},{"$f":"ROUND(СУММПРОИЗВЕСЛИ(1,'Форма по МДС 81-35.2004'!J1990:J2012,\"Ж\",'Форма по МДС 81-35.2004'!E1990:E2012,'Форма по МДС 81-35.2004'!M1990:M2012,0),2)","v":20},{"$f":"ROUND(СУММПРОИЗВЕСЛИ(1,'Форма по МДС 81-35.2004'!J1990:J2012,\"IsMater\",'Форма по МДС 81-35.2004'!E1990:E2012,'Форма по МДС 81-35.2004'!M1990:M2012,0),2)","v":131.82},129.1,0,{"$f":"ОКРУГЛВСЕ(SUMIF('Форма по МДС 81-35.2004'!J1990:J2012,\"Г\",'Форма по МДС 81-35.2004'!E1990:E2012),8)","v":6.4},0,{"$f":"ОКРУГЛВСЕ(SUMIF('Форма по МДС 81-35.2004'!J1990:J2012,\"Ж\",'Форма по МДС 81-35.2004'!E1990:E2012),8)","v":1.6},0,0,37.730159999999998,28.816812800000001,0,0,0,0,0,0,0,null,0,0,0,0,0,0,0,0]
[{"$f":"'Форма по МДС 81-35.2004'!A2013","v":"87."},{"$f":"'Форма по МДС 81-35.2004'!M2013","v":44.12},{"$f":"ROUND(СУММПРОИЗВЕСЛИ(1,'Форма по МДС 81-35.2004'!J2013:J2034,\"Г\",'Форма по МДС 81-35.2004'!E2013:E2034,'Форма по МДС 81-35.2004'!M2013:M2034,0),2)","v":3.43},{"$f":"ROUND(СУММПРОИЗВЕСЛИ(1,'Форма по МДС 81-35.2004'!J2013:J2034,\"IsMash\",'Форма по МДС 81-35.2004'!E2013:E2034,'Форма по МДС 81-35.2004'!M2013:M2034,0),2)","v":9.52},{"$f":"ROUND(СУММПРОИЗВЕСЛИ(1,'Форма по МДС 81-35.2004'!J2013:J2034,\"Ж\",'Форма по МДС 81-35.2004'!E2013:E2034,'Форма по МДС 81-35.2004'!M2013:M2034,0),2)","v":0},{"$f":"ROUND(СУММПРОИЗВЕСЛИ(1,'Форма по МДС 81-35.2004'!J2013:J2034,\"IsMater\",'Форма по МДС 81-35.2004'!E2013:E2034,'Форма по МДС 81-35.2004'!M2013:M2034,0),2)","v":31.17},30.37,0,{"$f":"ОКРУГЛВСЕ(SUMIF('Форма по МДС 81-35.2004'!J2013:J2034,\"Г\",'Форма по МДС 81-35.2004'!E2013:E2034),8)","v":0.44},0,{"$f":"ОКРУГЛВСЕ(SUMIF('Форма по МДС 81-35.2004'!J2013:J2034,\"Ж\",'Форма по МДС 81-35.2004'!E2013:E2034),8)","v":0.11},0,0,5.1620400000000002,3.9425631999999999,0,0,0,0,0,0,0,null,0,0,0,0,0,0,0,0]
[{"$f":"'Форма по МДС 81-35.2004'!A2035","v":"88."},{"$f":"'Форма по МДС 81-35.2004'!M2035","v":1376.13},{"$f":"ROUND(СУММПРОИЗВЕСЛИ(1,'Форма по МДС 81-35.2004'!J2035:J2058,\"Г\",'Форма по МДС 81-35.2004'!E2035:E2058,'Форма по МДС 81-35.2004'!M2035:M2058,0),2)","v":497.25},{"$f":"ROUND(СУММПРОИЗВЕСЛИ(1,'Форма по МДС 81-35.2004'!J2035:J2058,\"IsMash\",'Форма по МДС 81-35.2004'!E2035:E2058,'Форма по МДС 81-35.2004'!M2035:M2058,0),2)","v":877.98},{"$f":"ROUND(СУММПРОИЗВЕСЛИ(1,'Форма по МДС 81-35.2004'!J2035:J2058,\"Ж\",'Форма по МДС 81-35.2004'!E2035:E2058,'Форма по МДС 81-35.2004'!M2035:M2058,0),2)","v":100},{"$f":"ROUND(СУММПРОИЗВЕСЛИ(1,'Форма по МДС 81-35.2004'!J2035:J2058,\"IsMater\",'Форма по МДС 81-35.2004'!E2035:E2058,'Форма по МДС 81-35.2004'!M2035:M2058,0),2)","v":0.91},0.32,0,{"$f":"ОКРУГЛВСЕ(SUMIF('Форма по МДС 81-35.2004'!J2035:J2058,\"Г\",'Форма по МДС 81-35.2004'!E2035:E2058),8)","v":60.9},0,{"$f":"ОКРУГЛВСЕ(SUMIF('Форма по МДС 81-35.2004'!J2035:J2058,\"Ж\",'Форма по МДС 81-35.2004'!E2035:E2058),8)","v":10.15},0,0,161.00720999999999,122.9709768,0,0,0,0,0,0,0,null,0,0,0,0,0,0,0,0]
[{"$f":"'Форма по МДС 81-35.2004'!A2059","v":"89."},{"$f":"'Форма по МДС 81-35.2004'!M2059","v":0},{"$f":"ROUND(СУММПРОИЗВЕСЛИ(1,'Форма по МДС 81-35.2004'!J2059:J2077,\"Г\",'Форма по МДС 81-35.2004'!E2059:E2077,'Форма по МДС 81-35.2004'!M2059:M2077,0),2)","v":0},{"$f":"ROUND(СУММПРОИЗВЕСЛИ(1,'Форма по МДС 81-35.2004'!J2059:J2077,\"IsMash\",'Форма по МДС 81-35.2004'!E2059:E2077,'Форма по МДС 81-35.2004'!M2059:M2077,0),2)","v":0},{"$f":"ROUND(СУММПРОИЗВЕСЛИ(1,'Форма по МДС 81-35.2004'!J2059:J2077,\"Ж\",'Форма по МДС 81-35.2004'!E2059:E2077,'Форма по МДС 81-35.2004'!M2059:M2077,0),2)","v":0},{"$f":"ROUND(СУММПРОИЗВЕСЛИ(1,'Форма по МДС 81-35.2004'!J2059:J2077,\"IsMater\",'Форма по МДС 81-35.2004'!E2059:E2077,'Форма по МДС 81-35.2004'!M2059:M2077,0),2)","v":0},0,0,{"$f":"ОКРУГЛВСЕ(SUMIF('Форма по МДС 81-35.2004'!J2059:J2077,\"Г\",'Форма по МДС 81-35.2004'!E2059:E2077),8)","v":0},0,{"$f":"ОКРУГЛВСЕ(SUMIF('Форма по МДС 81-35.2004'!J2059:J2077,\"Ж\",'Форма по МДС 81-35.2004'!E2059:E2077),8)","v":0},0,0,0,0,0,0,0,0,0,0,0,null,0,0,0,0,0,0,0,0]
[{"$f":"'Форма по МДС 81-35.2004'!A2078","v":"90."},{"$f":"'Форма по МДС 81-35.2004'!M2078","v":0},{"$f":"ROUND(СУММПРОИЗВЕСЛИ(1,'Форма по МДС 81-35.2004'!J2078:J2095,\"Г\",'Форма по МДС 81-35.2004'!E2078:E2095,'Форма по МДС 81-35.2004'!M2078:M2095,0),2)","v":0},{"$f":"ROUND(СУММПРОИЗВЕСЛИ(1,'Форма по МДС 81-35.2004'!J2078:J2095,\"IsMash\",'Форма по МДС 81-35.2004'!E2078:E2095,'Форма по МДС 81-35.2004'!M2078:M2095,0),2)","v":0},{"$f":"ROUND(СУММПРОИЗВЕСЛИ(1,'Форма по МДС 81-35.2004'!J2078:J2095,\"Ж\",'Форма по МДС 81-35.2004'!E2078:E2095,'Форма по МДС 81-35.2004'!M2078:M2095,0),2)","v":0},{"$f":"ROUND(СУММПРОИЗВЕСЛИ(1,'Форма по МДС 81-35.2004'!J2078:J2095,\"IsMater\",'Форма по МДС 81-35.2004'!E2078:E2095,'Форма по МДС 81-35.2004'!M2078:M2095,0),2)","v":0},0,0,{"$f":"ОКРУГЛВСЕ(SUMIF('Форма по МДС 81-35.2004'!J2078:J2095,\"Г\",'Форма по МДС 81-35.2004'!E2078:E2095),8)","v":0},0,{"$f":"ОКРУГЛВСЕ(SUMIF('Форма по МДС 81-35.2004'!J2078:J2095,\"Ж\",'Форма по МДС 81-35.2004'!E2078:E2095),8)","v":0},0,0,0,0,0,0,0,0,0,0,0,null,0,0,0,0,0,0,0,0]
[{"$f":"'Форма по МДС 81-35.2004'!A2096","v":"91."},{"$f":"'Форма по МДС 81-35.2004'!M2096","v":5211.1099999999997},{"$f":"ROUND(СУММПРОИЗВЕСЛИ(1,'Форма по МДС 81-35.2004'!J2096:J2119,\"Г\",'Форма по МДС 81-35.2004'!E2096:E2119,'Форма по МДС 81-35.2004'!M2096:M2119,0),2)","v":1151.27},{"$f":"ROUND(СУММПРОИЗВЕСЛИ(1,'Форма по МДС 81-35.2004'!J2096:J2119,\"IsMash\",'Форма по МДС 81-35.2004'!E2096:E2119,'Форма по МДС 81-35.2004'!M2096:M2119,0),2)","v":4036.13},{"$f":"ROUND(СУММПРОИЗВЕСЛИ(1,'Форма по МДС 81-35.2004'!J2096:J2119,\"Ж\",'Форма по МДС 81-35.2004'!E2096:E2119,'Форма по МДС 81-35.2004'!M2096:M2119,0),2)","v":400.02},{"$f":"ROUND(СУММПРОИЗВЕСЛИ(1,'Форма по МДС 81-35.2004'!J2096:J2119,\"IsMater\",'Форма по МДС 81-35.2004'!E2096:E2119,'Форма по МДС 81-35.2004'!M2096:M2119,0),2)","v":23.72},23.15,0,{"$f":"ОКРУГЛВСЕ(SUMIF('Форма по МДС 81-35.2004'!J2096:J2119,\"Г\",'Форма по МДС 81-35.2004'!E2096:E2119),8)","v":141},0,{"$f":"ОКРУГЛВСЕ(SUMIF('Форма по МДС 81-35.2004'!J2096:J2119,\"Ж\",'Форма по МДС 81-35.2004'!E2096:E2119),8)","v":35.25},0,0,609.69987000000003,465.66478960000001,0,0,0,0,0,0,0,null,0,0,0,0,0,0,0,0]
[{"$f":"'Форма по МДС 81-35.2004'!A2121","v":"92."},{"$f":"'Форма по МДС 81-35.2004'!M2121","v":17.97},{"$f":"ROUND(СУММПРОИЗВЕСЛИ(1,'Форма по МДС 81-35.2004'!J2121:J2139,\"Г\",'Форма по МДС 81-35.2004'!E2121:E2139,'Форма по МДС 81-35.2004'!M2121:M2139,0),2)","v":0},{"$f":"ROUND(СУММПРОИЗВЕСЛИ(1,'Форма по МДС 81-35.2004'!J2121:J2139,\"IsMash\",'Форма по МДС 81-35.2004'!E2121:E2139,'Форма по МДС 81-35.2004'!M2121:M2139,0),2)","v":17.97},{"$f":"ROUND(СУММПРОИЗВЕСЛИ(1,'Форма по МДС 81-35.2004'!J2121:J2139,\"Ж\",'Форма по МДС 81-35.2004'!E2121:E2139,'Форма по МДС 81-35.2004'!M2121:M2139,0),2)","v":0},{"$f":"ROUND(СУММПРОИЗВЕСЛИ(1,'Форма по МДС 81-35.2004'!J2121:J2139,\"IsMater\",'Форма по МДС 81-35.2004'!E2121:E2139,'Форма по МДС 81-35.2004'!M2121:M2139,0),2)","v":0},0,0,{"$f":"ОКРУГЛВСЕ(SUMIF('Форма по МДС 81-35.2004'!J2121:J2139,\"Г\",'Форма по МДС 81-35.2004'!E2121:E2139),8)","v":0},0,{"$f":"ОКРУГЛВСЕ(SUMIF('Форма по МДС 81-35.2004'!J2121:J2139,\"Ж\",'Форма по МДС 81-35.2004'!E2121:E2139),8)","v":0.27},0,0,2.10249,1.6057992000000001,0,0,0,0,0,0,0,null,0,0,0,0,0,0,0,0]
[{"$f":"'Форма по МДС 81-35.2004'!A2140","v":"93."},{"$f":"'Форма по МДС 81-35.2004'!M2140","v":44.12},{"$f":"ROUND(СУММПРОИЗВЕСЛИ(1,'Форма по МДС 81-35.2004'!J2140:J2161,\"Г\",'Форма по МДС 81-35.2004'!E2140:E2161,'Форма по МДС 81-35.2004'!M2140:M2161,0),2)","v":3.43},{"$f":"ROUND(СУММПРОИЗВЕСЛИ(1,'Форма по МДС 81-35.2004'!J2140:J2161,\"IsMash\",'Форма по МДС 81-35.2004'!E2140:E2161,'Форма по МДС 81-35.2004'!M2140:M2161,0),2)","v":9.52},{"$f":"ROUND(СУММПРОИЗВЕСЛИ(1,'Форма по МДС 81-35.2004'!J2140:J2161,\"Ж\",'Форма по МДС 81-35.2004'!E2140:E2161,'Форма по МДС 81-35.2004'!M2140:M2161,0),2)","v":0},{"$f":"ROUND(СУММПРОИЗВЕСЛИ(1,'Форма по МДС 81-35.2004'!J2140:J2161,\"IsMater\",'Форма по МДС 81-35.2004'!E2140:E2161,'Форма по МДС 81-35.2004'!M2140:M2161,0),2)","v":31.17},30.37,0,{"$f":"ОКРУГЛВСЕ(SUMIF('Форма по МДС 81-35.2004'!J2140:J2161,\"Г\",'Форма по МДС 81-35.2004'!E2140:E2161),8)","v":0.44},0,{"$f":"ОКРУГЛВСЕ(SUMIF('Форма по МДС 81-35.2004'!J2140:J2161,\"Ж\",'Форма по МДС 81-35.2004'!E2140:E2161),8)","v":0.11},0,0,5.1620400000000002,3.9425631999999999,0,0,0,0,0,0,0,null,0,0,0,0,0,0,0,0]

{"sheet":"Текущие цены за единицу","index":3,"n_rows":98,"n_cols":33,"rows_kept":98,"cut":false,"hidden":false,"merged":[[1,0,1,7],[2,1,2,7],[3,1,3,7],[4,0,4,7]]}
[null,"C1","C2","C3","C4","C5","C6","VOZVR","C8","C9","C10","C11","C12","NAKL","PLAN","NAKL_ZPR","NAKL_ZPM","PLAN_ZPR","PLAN_ZPM","RN11","RN12","RN13",null,"OBORUD_VSPOMOG","NAKL_PN","NAKL_VX","PLAN_PN","PLAN_VX","VTCH_PN","VTCH_VX","MR_BY_ZPR_VSPOMOG","NAKL_INC","PLAN_INC"]
[]
[null,"N = < ГЭСНс * 2015_s * 13_15_лр >"]
[null,"          Автомобильные дороги регионального или межмуниципального значения с допустимым уровнем содержания  - норматив \"К\" 4 категория (ЛЕТНИЕ РАБОТЫ)"]
[]
[{"$f":"'Форма по МДС 81-35.2004'!A16","v":"1."},{"$f":"'Форма по МДС 81-35.2004'!G16","v":38196.11},{"$f":"ROUND(СУММПРОИЗВЕСЛИ(1,'Форма по МДС 81-35.2004'!J16:J35,\"Г\",'Форма по МДС 81-35.2004'!E16:E35,'Форма по МДС 81-35.2004'!G16:G35,0),16777275)","v":0},{"$f":"ROUND(СУММПРОИЗВЕСЛИ(1,'Форма по МДС 81-35.2004'!J16:J35,\"IsMash\",'Форма по МДС 81-35.2004'!E16:E35,'Форма по МДС 81-35.2004'!G16:G35,0),16777275)","v":201.26400000000001},{"$f":"ROUND(СУММПРОИЗВЕСЛИ(1,'Форма по МДС 81-35.2004'!J16:J35,\"Ж\",'Форма по МДС 81-35.2004'!E16:E35,'Форма по МДС 81-35.2004'!G16:G35,0),16777275)","v":0},{"$f":"ROUND(СУММПРОИЗВЕСЛИ(1,'Форма по МДС 81-35.2004'!J16:J35,\"IsMater\",'Форма по МДС 81-35.2004'!E16:E35,'Форма по МДС 81-35.2004'!G16:G35,0),16777275)","v":37994.85},0,0,{"$f":"ОКРУГЛВСЕ(SUMIF('Форма по МДС 81-35.2004'!J16:J35,\"Г\",'Форма по МДС 81-35.2004'!E16:E35),8)","v":0},0,{"$f":"ОКРУГЛВСЕ(SUMIF('Форма по МДС 81-35.2004'!J16:J35,\"Ж\",'Форма по МДС 81-35.2004'!E16:E35),8)","v":0.21},0,0,4468.9448700000003,3413.2043896,0,0,0,0,0,0,0,null,0,0,0,0,0,0,0,0]
[{"$f":"'Форма по МДС 81-35.2004'!A36","v":"2."},{"$f":"'Форма по МДС 81-35.2004'!G36","v":1767.56},{"$f":"ROUND(СУММПРОИЗВЕСЛИ(1,'Форма по МДС 81-35.2004'!J36:J54,\"Г\",'Форма по МДС 81-35.2004'!E36:E54,'Форма по МДС 81-35.2004'!G36:G54,0),16777275)","v":0},{"$f":"ROUND(СУММПРОИЗВЕСЛИ(1,'Форма по МДС 81-35.2004'!J36:J54,\"IsMash\",'Форма по МДС 81-35.2004'!E36:E54,'Форма по МДС 81-35.2004'!G36:G54,0),16777275)","v":1767.5640000000001},{"$f":"ROUND(СУММПРОИЗВЕСЛИ(1,'Форма по МДС 81-35.2004'!J36:J54,\"Ж\",'Форма по МДС 81-35.2004'!E36:E54,'Форма по МДС 81-35.2004'!G36:G54,0),16777275)","v":300.00044000000003},{"$f":"ROUND(СУММПРОИЗВЕСЛИ(1,'Форма по МДС 81-35.2004'!J36:J54,\"IsMater\",'Форма по МДС 81-35.2004'!E36:E54,'Форма по МДС 81-35.2004'!G36:G54,0),16777275)","v":0},0,0,{"$f":"ОКРУГЛВСЕ(SUMIF('Форма по МДС 81-35.2004'!J36:J54,\"Г\",'Форма по МДС 81-35.2004'!E36:E54),8)","v":0},0,{"$f":"ОКРУГЛВСЕ(SUMIF('Форма по МДС 81-35.2004'!J36:J54,\"Ж\",'Форма по МДС 81-35.2004'!E36:E54),8)","v":1.48},0,0,206.80452,157.9491616,0,0,0,0,0,0,0,null,0,0,0,0,0,0,0,0]
[{"$f":"'Форма по МДС 81-35.2004'!A55","v":"3."},{"$f":"'Форма по МДС 81-35.2004'!G55","v":16321.78},{"$f":"ROUND(СУММПРОИЗВЕСЛИ(1,'Форма по МДС 81-35.2004'!J55:J76,\"Г\",'Форма по МДС 81-35.2004'!E55:E76,'Форма по МДС 81-35.2004'!G55:G76,0),16777275)","v":0},{"$f":"ROUND(СУММПРОИЗВЕСЛИ(1,'Форма по МДС 81-35.2004'!J55:J76,\"IsMash\",'Форма по МДС 81-35.2004'!E55:E76,'Форма по МДС 81-35.2004'!G55:G76,0),16777275)","v":332.25569999999999},{"$f":"ROUND(СУММПРОИЗВЕСЛИ(1,'Форма по МДС 81-35.2004'!J55:J76,\"Ж\",'Форма по МДС 81-35.2004'!E55:E76,'Форма по МДС 81-35.2004'!G55:G76,0),16777275)","v":99.999899999999997},{"$f":"ROUND(СУММПРОИЗВЕСЛИ(1,'Форма по МДС 81-35.2004'!J55:J76,\"IsMater\",'Форма по МДС 81-35.2004'!E55:E76,'Форма по МДС 81-35.2004'!G55:G76,0),16777275)","v":15989.526},0,0,{"$f":"ОКРУГЛВСЕ(SUMIF('Форма по МДС 81-35.2004'!J55:J76,\"Г\",'Форма по МДС 81-35.2004'!E55:E76),8)","v":0},0,{"$f":"ОКРУГЛВСЕ(SUMIF('Форма по МДС 81-35.2004'!J55:J76,\"Ж\",'Форма по МДС 81-35.2004'!E55:E76),8)","v":0.7},0,0,1909.6482599999999,1458.5142608000001,0,0,0,0,0,0,0,null,0,0,0,0,0,0,0,0]
[{"$f":"'Форма по МДС 81-35.2004'!A77","v":"4."},{"$f":"'Форма по МДС 81-35.2004'!G77","v":220.43},{"$f":"ROUND(СУММПРОИЗВЕСЛИ(1,'Форма по МДС 81-35.2004'!J77:J95,\"Г\",'Форма по МДС 81-35.2004'!E77:E95,'Форма по МДС 81-35.2004'!G77:G95,0),16777275)","v":0},{"$f":"ROUND(СУММПРОИЗВЕСЛИ(1,'Форма по МДС 81-35.2004'!J77:J95,\"IsMash\",'Форма по МДС 81-35.2004'!E77:E95,'Форма по МДС 81-35.2004'!G77:G95,0),16777275)","v":220.43199999999999},{"$f":"ROUND(СУММПРОИЗВЕСЛИ(1,'Форма по МДС 81-35.2004'!J77:J95,\"Ж\",'Форма по МДС 81-35.2004'!E77:E95,'Форма по МДС 81-35.2004'!G77:G95,0),16777275)","v":38.499929999999999},{"$f":"ROUND(СУММПРОИЗВЕСЛИ(1,'Форма по МДС 81-35.2004'!J77:J95,\"IsMater\",'Форма по МДС 81-35.2004'!E77:E95,'Форма по МДС 81-35.2004'!G77:G95,0),16777275)","v":0},0,0,{"$f":"ОКРУГЛВСЕ(SUMIF('Форма по МДС 81-35.2004'!J77:J95,\"Г\",'Форма по МДС 81-35.2004'!E77:E95),8)","v":0},0,{"$f":"ОКРУГЛВСЕ(SUMIF('Форма по МДС 81-35.2004'!J77:J95,\"Ж\",'Форма по МДС 81-35.2004'!E77:E95),8)","v":0.23},0,0,25.790310000000002,19.6976248,0,0,0,0,0,0,0,null,0,0,0,0,0,0,0,0]
[{"$f":"'Форма по МДС 81-35.2004'!A96","v":"5."},{"$f":"'Форма по МДС 81-35.2004'!G96","v":1517.78},{"$f":"ROUND(СУММПРОИЗВЕСЛИ(1,'Форма по МДС 81-35.2004'!J96:J114,\"Г\",'Форма по МДС 81-35.2004'!E96:E114,'Форма по МДС 81-35.2004'!G96:G114,0),16777275)","v":1517.7771},{"$f":"ROUND(СУММПРОИЗВЕСЛИ(1,'Форма по МДС 81-35.2004'!J96:J114,\"IsMash\",'Форма по МДС 81-35.2004'!E96:E114,'Форма по МДС 81-35.2004'!G96:G114,0),16777275)","v":0},{"$f":"ROUND(СУММПРОИЗВЕСЛИ(1,'Форма по МДС 81-35.2004'!J96:J114,\"Ж\",'Форма по МДС 81-35.2004'!E96:E114,'Форма по МДС 81-35.2004'!G96:G114,0),16777275)","v":0},{"$f":"ROUND(СУММПРОИЗВЕСЛИ(1,'Форма по МДС 81-35.2004'!J96:J114,\"IsMater\",'Форма по МДС 81-35.2004'!E96:E114,'Форма по МДС 81-35.2004'!G96:G114,0),16777275)","v":0},0,0,{"$f":"ОКРУГЛВСЕ(SUMIF('Форма по МДС 81-35.2004'!J96:J114,\"Г\",'Форма по МДС 81-35.2004'!E96:E114),8)","v":14.42},0,{"$f":"ОКРУГЛВСЕ(SUMIF('Форма по МДС 81-35.2004'!J96:J114,\"Ж\",'Форма по МДС 81-35.2004'!E96:E114),8)","v":0},0,0,177.58026000000001,135.6288208,0,0,0,0,0,0,0,null,0,0,0,0,0,0,0,0]
[{"$f":"'Форма по МДС 81-35.2004'!A115","v":"6."},{"$f":"'Форма по МДС 81-35.2004'!G115","v":86.03},{"$f":"ROUND(СУММПРОИЗВЕСЛИ(1,'Форма по МДС 81-35.2004'!J115:J134,\"Г\",'Форма по МДС 81-35.2004'!E115:E134,'Форма по МДС 81-35.2004'!G115:G134,0),16777275)","v":0},{"$f":"ROUND(СУММПРОИЗВЕСЛИ(1,'Форма по МДС 81-35.2004'!J115:J134,\"IsMash\",'Форма по МДС 81-35.2004'!E115:E134,'Форма по МДС 81-35.2004'!G115:G134,0),16777275)","v":86.0274},{"$f":"ROUND(СУММПРОИЗВЕСЛИ(1,'Форма по МДС 81-35.2004'!J115:J134,\"Ж\",'Форма по МДС 81-35.2004'!E115:E134,'Форма по МДС 81-35.2004'!G115:G134,0),16777275)","v":30.000060000000001},{"$f":"ROUND(СУММПРОИЗВЕСЛИ(1,'Форма по МДС 81-35.2004'!J115:J134,\"IsMater\",'Форма по МДС 81-35.2004'!E115:E134,'Форма по МДС 81-35.2004'!G115:G134,0),16777275)","v":0},0,0,{"$f":"ОКРУГЛВСЕ(SUMIF('Форма по МДС 81-35.2004'!J115:J134,\"Г\",'Форма по МДС 81-35.2004'!E115:E134),8)","v":0},0,{"$f":"ОКРУГЛВСЕ(SUMIF('Форма по МДС 81-35.2004'!J115:J134,\"Ж\",'Форма по МДС 81-35.2004'!E115:E134),8)","v":0.18},0,0,10.06551,7.6876407999999996,0,0,0,0,0,0,0,null,0,0,0,0,0,0,0,0]
[{"$f":"'Форма по МДС 81-35.2004'!A135","v":"7."},{"$f":"'Форма по МДС 81-35.2004'!G135","v":12.07},{"$f":"ROUND(СУММПРОИЗВЕСЛИ(1,'Форма по МДС 81-35.2004'!J135:J152,\"Г\",'Форма по МДС 81-35.2004'!E135:E152,'Форма по МДС 81-35.2004'!G135:G152,0),16777275)","v":12.0684},{"$f":"ROUND(СУММПРОИЗВЕСЛИ(1,'Форма по МДС 81-35.2004'!J135:J152,\"IsMash\",'Форма по МДС 81-35.2004'!E135:E152,'Форма по МДС 81-35.2004'!G135:G152,0),16777275)","v":0},{"$f":"ROUND(СУММПРОИЗВЕСЛИ(1,'Форма по МДС 81-35.2004'!J135:J152,\"Ж\",'Форма по МДС 81-35.2004'!E135:E152,'Форма по МДС 81-35.2004'!G135:G152,0),16777275)","v":0},{"$f":"ROUND(СУММПРОИЗВЕСЛИ(1,'Форма по МДС 81-35.2004'!J135:J152,\"IsMater\",'Форма по МДС 81-35.2004'!E135:E152,'Форма по МДС 81-35.2004'!G135:G152,0),16777275)","v":0},0,0,{"$f":"ОКРУГЛВСЕ(SUMIF('Форма по МДС 81-35.2004'!J135:J152,\"Г\",'Форма по МДС 81-35.2004'!E135:E152),8)","v":0.12},0,{"$f":"ОКРУГЛВСЕ(SUMIF('Форма по МДС 81-35.2004'!J135:J152,\"Ж\",'Форма по МДС 81-35.2004'!E135:E152),8)","v":0},0,0,1.4121900000000001,1.0785752,0,0,0,0,0,0,0,null,0,0,0,0,0,0,0,0]
[{"$f":"'Форма по МДС 81-35.2004'!A153","v":"8."},{"$f":"'Форма по МДС 81-35.2004'!G153","v":163185.57999999999},{"$f":"ROUND(СУММПРОИЗВЕСЛИ(1,'Форма по МДС 81-35.2004'!J153:J173,\"Г\",'Форма по МДС 81-35.2004'!E153:E173,'Форма по МДС 81-35.2004'!G153:G173,0),16777275)","v":25142.5},{"$f":"ROUND(СУММПРОИЗВЕСЛИ(1,'Форма по МДС 81-35.2004'!J153:J173,\"IsMash\",'Форма по МДС 81-35.2004'!E153:E173,'Форма по МДС 81-35.2004'!G153:G173,0),16777275)","v":4040.5970000000002},{"$f":"ROUND(СУММПРОИЗВЕСЛИ(1,'Форма по МДС 81-35.2004'!J153:J173,\"Ж\",'Форма по МДС 81-35.2004'!E153:E173,'Форма по МДС 81-35.2004'!G153:G173,0),16777275)","v":1500.0034499999999},{"$f":"ROUND(СУММПРОИЗВЕСЛИ(1,'Форма по МДС 81-35.2004'!J153:J173,\"IsMater\",'Форма по МДС 81-35.2004'!E153:E173,'Форма по МДС 81-35.2004'!G153:G173,0),16777275)","v":134002.48499999999},0,0,{"$f":"ОКРУГЛВСЕ(SUMIF('Форма по МДС 81-35.2004'!J153:J173,\"Г\",'Форма по МДС 81-35.2004'!E153:E173),8)","v":250},0,{"$f":"ОКРУГЛВСЕ(SUMIF('Форма по МДС 81-35.2004'!J153:J173,\"Ж\",'Форма по МДС 81-35.2004'!E153:E173),8)","v":10.45},0,0,19092.71286,14582.263428800001,0,0,0,0,0,0,0,null,0,0,0,0,0,0,0,0]
[{"$f":"'Форма по МДС 81-35.2004'!A174","v":"9."},{"$f":"'Форма по МДС 81-35.2004'!G174","v":165.24},{"$f":"ROUND(СУММПРОИЗВЕСЛИ(1,'Форма по МДС 81-35.2004'!J174:J192,\"Г\",'Форма по МДС 81-35.2004'!E174:E192,'Форма по МДС 81-35.2004'!G174:G192,0),16777275)","v":0},{"$f":"ROUND(СУММПРОИЗВЕСЛИ(1,'Форма по МДС 81-35.2004'!J174:J192,\"IsMash\",'Форма по МДС 81-35.2004'!E174:E192,'Форма по МДС 81-35.2004'!G174:G192,0),16777275)","v":165.24},{"$f":"ROUND(СУММПРОИЗВЕСЛИ(1,'Форма по МДС 81-35.2004'!J174:J192,\"Ж\",'Форма по МДС 81-35.2004'!E174:E192,'Форма по МДС 81-35.2004'!G174:G192,0),16777275)","v":48.000059999999998},{"$f":"ROUND(СУММПРОИЗВЕСЛИ(1,'Форма по МДС 81-35.2004'!J174:J192,\"IsMater\",'Форма по МДС 81-35.2004'!E174:E192,'Форма по МДС 81-35.2004'!G174:G192,0),16777275)","v":0},0,0,{"$f":"ОКРУГЛВСЕ(SUMIF('Форма по МДС 81-35.2004'!J174:J192,\"Г\",'Форма по МДС 81-35.2004'!E174:E192),8)","v":0},0,{"$f":"ОКРУГЛВСЕ(SUMIF('Форма по МДС 81-35.2004'!J174:J192,\"Ж\",'Форма по МДС 81-35.2004'!E174:E192),8)","v":0.27},0,0,19.333079999999999,14.765846399999999,0,0,0,0,0,0,0,null,0,0,0,0,0,0,0,0]
[{"$f":"'Форма по МДС 81-35.2004'!A194","v":"10."},{"$f":"'Форма по МДС 81-35.2004'!G194","v":5339.45},{"$f":"ROUND(СУММПРОИЗВЕСЛИ(1,'Форма по МДС 81-35.2004'!J194:J215,\"Г\",'Форма по МДС 81-35.2004'!E194:E215,'Форма по МДС 81-35.2004'!G194:G215,0),16777275)","v":788.50080000000003},{"$f":"ROUND(СУММПРОИЗВЕСЛИ(1,'Форма по МДС 81-35.2004'!J194:J215,\"IsMash\",'Форма по МДС 81-35.2004'!E194:E215,'Форма по МДС 81-35.2004'!G194:G215,0),16777275)","v":751.46799999999996},{"$f":"ROUND(СУММПРОИЗВЕСЛИ(1,'Форма по МДС 81-35.2004'!J194:J215,\"Ж\",'Форма по МДС 81-35.2004'!E194:E215,'Форма по МДС 81-35.2004'!G194:G215,0),16777275)","v":201.30583999999999},{"$f":"ROUND(СУММПРОИЗВЕСЛИ(1,'Форма по МДС 81-35.2004'!J194:J215,\"IsMater\",'Форма по МДС 81-35.2004'!E194:E215,'Форма по МДС 81-35.2004'!G194:G215,0),16777275)","v":3799.4850000000001},0,0,{"$f":"ОКРУГЛВСЕ(SUMIF('Форма по МДС 81-35.2004'!J194:J215,\"Г\",'Форма по МДС 81-35.2004'!E194:E215),8)","v":8.16},0,{"$f":"ОКРУГЛВСЕ(SUMIF('Форма по МДС 81-35.2004'!J194:J215,\"Ж\",'Форма по МДС 81-35.2004'!E194:E215),8)","v":1.36},0,0,624.71564999999998,477.13325200000003,0,0,0,0,0,0,0,null,0,0,0,0,0,0,0,0]
[{"$f":"'Форма по МДС 81-35.2004'!A216","v":"11."},{"$f":"'Форма по МДС 81-35.2004'!G216","v":622.96},{"$f":"ROUND(СУММПРОИЗВЕСЛИ(1,'Форма по МДС 81-35.2004'!J216:J234,\"Г\",'Форма по МДС 81-35.2004'!E216:E234,'Форма по МДС 81-35.2004'!G216:G234,0),16777275)","v":0},{"$f":"ROUND(СУММПРОИЗВЕСЛИ(1,'Форма по МДС 81-35.2004'!J216:J234,\"IsMash\",'Форма по МДС 81-35.2004'!E216:E234,'Форма по МДС 81-35.2004'!G216:G234,0),16777275)","v":622.96},{"$f":"ROUND(СУММПРОИЗВЕСЛИ(1,'Форма по МДС 81-35.2004'!J216:J234,\"Ж\",'Форма по МДС 81-35.2004'!E216:E234,'Форма по МДС 81-35.2004'!G216:G234,0),16777275)","v":108.33355},{"$f":"ROUND(СУММПРОИЗВЕСЛИ(1,'Форма по МДС 81-35.2004'!J216:J234,\"IsMater\",'Форма по МДС 81-35.2004'!E216:E234,'Форма по МДС 81-35.2004'!G216:G234,0),16777275)","v":0},0,0,{"$f":"ОКРУГЛВСЕ(SUMIF('Форма по МДС 81-35.2004'!J216:J234,\"Г\",'Форма по МДС 81-35.2004'!E216:E234),8)","v":0},0,{"$f":"ОКРУГЛВСЕ(SUMIF('Форма по МДС 81-35.2004'!J216:J234,\"Ж\",'Форма по МДС 81-35.2004'!E216:E234),8)","v":0.65},0,0,72.886319999999998,55.667705599999998,0,0,0,0,0,0,0,null,0,0,0,0,0,0,0,0]
[{"$f":"'Форма по МДС 81-35.2004'!A235","v":"12."},{"$f":"'Форма по МДС 81-35.2004'!G235","v":86.03},{"$f":"ROUND(СУММПРОИЗВЕСЛИ(1,'Форма по МДС 81-35.2004'!J235:J254,\"Г\",'Форма по МДС 81-35.2004'!E235:E254,'Форма по МДС 81-35.2004'!G235:G254,0),16777275)","v":0},{"$f":"ROUND(СУММПРОИЗВЕСЛИ(1,'Форма по МДС 81-35.2004'!J235:J254,\"IsMash\",'Форма по МДС 81-35.2004'!E235:E254,'Форма по МДС 81-35.2004'!G235:G254,0),16777275)","v":86.0274},{"$f":"ROUND(СУММПРОИЗВЕСЛИ(1,'Форма по МДС 81-35.2004'!J235:J254,\"Ж\",'Форма по МДС 81-35.2004'!E235:E254,'Форма по МДС 81-35.2004'!G235:G254,0),16777275)","v":30.000060000000001},{"$f":"ROUND(СУММПРОИЗВЕСЛИ(1,'Форма по МДС 81-35.2004'!J235:J254,\"IsMater\",'Форма по МДС 81-35.2004'!E235:E254,'Форма по МДС 81-35.2004'!G235:G254,0),16777275)","v":0},0,0,{"$f":"ОКРУГЛВСЕ(SUMIF('Форма по МДС 81-35.2004'!J235:J254,\"Г\",'Форма по МДС 81-35.2004'!E235:E254),8)","v":0},0,{"$f":"ОКРУГЛВСЕ(SUMIF('Форма по МДС 81-35.2004'!J235:J254,\"Ж\",'Форма по МДС 81-35.2004'!E235:E254),8)","v":0.18},0,0,10.06551,7.6876407999999996,0,0,0,0,0,0,0,null,0,0,0,0,0,0,0,0]
[{"$f":"'Форма по МДС 81-35.2004'!A255","v":"13."},{"$f":"'Форма по МДС 81-35.2004'!G255","v":25487.73},{"$f":"ROUND(СУММПРОИЗВЕСЛИ(1,'Форма по МДС 81-35.2004'!J255:J273,\"Г\",'Форма по МДС 81-35.2004'!E255:E273,'Форма по МДС 81-35.2004'!G255:G273,0),16777275)","v":25487.727200000001},{"$f":"ROUND(СУММПРОИЗВЕСЛИ(1,'Форма по МДС 81-35.2004'!J255:J273,\"IsMash\",'Форма по МДС 81-35.2004'!E255:E273,'Форма по МДС 81-35.2004'!G255:G273,0),16777275)","v":0},{"$f":"ROUND(СУММПРОИЗВЕСЛИ(1,'Форма по МДС 81-35.2004'!J255:J273,\"Ж\",'Форма по МДС 81-35.2004'!E255:E273,'Форма по МДС 81-35.2004'!G255:G273,0),16777275)","v":0},{"$f":"ROUND(СУММПРОИЗВЕСЛИ(1,'Форма по МДС 81-35.2004'!J255:J273,\"IsMater\",'Форма по МДС 81-35.2004'!E255:E273,'Форма по МДС 81-35.2004'!G255:G273,0),16777275)","v":0},0,0,{"$f":"ОКРУГЛВСЕ(SUMIF('Форма по МДС 81-35.2004'!J255:J273,\"Г\",'Форма по МДС 81-35.2004'!E255:E273),8)","v":241.44},0,{"$f":"ОКРУГЛВСЕ(SUMIF('Форма по МДС 81-35.2004'!J255:J273,\"Ж\",'Форма по МДС 81-35.2004'!E255:E273),8)","v":0},0,0,2982.06441,2277.5835527999998,0,0,0,0,0,0,0,null,0,0,0,0,0,0,0,0]
[{"$f":"'Форма по МДС 81-35.2004'!A274","v":"14."},{"$f":"'Форма по МДС 81-35.2004'!G274","v":53548.78},{"$f":"ROUND(СУММПРОИЗВЕСЛИ(1,'Форма по МДС 81-35.2004'!J274:J294,\"Г\",'Форма по МДС 81-35.2004'!E274:E294,'Форма по МДС 81-35.2004'!G274:G294,0),16777275)","v":9232.3259999999991},{"$f":"ROUND(СУММПРОИЗВЕСЛИ(1,'Форма по МДС 81-35.2004'!J274:J294,\"IsMash\",'Форма по МДС 81-35.2004'!E274:E294,'Форма по МДС 81-35.2004'!G274:G294,0),16777275)","v":44316.45},{"$f":"ROUND(СУММПРОИЗВЕСЛИ(1,'Форма по МДС 81-35.2004'!J274:J294,\"Ж\",'Форма по МДС 81-35.2004'!E274:E294,'Форма по МДС 81-35.2004'!G274:G294,0),16777275)","v":15300.0306},{"$f":"ROUND(СУММПРОИЗВЕСЛИ(1,'Форма по МДС 81-35.2004'!J274:J294,\"IsMater\",'Форма по МДС 81-35.2004'!E274:E294,'Форма по МДС 81-35.2004'!G274:G294,0),16777275)","v":0},0,0,{"$f":"ОКРУГЛВСЕ(SUMIF('Форма по МДС 81-35.2004'!J274:J294,\"Г\",'Форма по МДС 81-35.2004'!E274:E294),8)","v":91.8},0,{"$f":"ОКРУГЛВСЕ(SUMIF('Форма по МДС 81-35.2004'!J274:J294,\"Ж\",'Форма по МДС 81-35.2004'!E274:E294),8)","v":91.8},0,0,6265.2072600000001,4785.1189807999999,0,0,0,0,0,0,0,null,0,0,0,0,0,0,0,0]
[{"$f":"'Форма по МДС 81-35.2004'!A295","v":"15."},{"$f":"'Форма по МДС 81-35.2004'!G295","v":55.31},{"$f":"ROUND(СУММПРОИЗВЕСЛИ(1,'Форма по МДС 81-35.2004'!J295:J312,\"Г\",'Форма по МДС 81-35.2004'!E295:E312,'Форма по МДС 81-35.2004'!G295:G312,0),16777275)","v":55.313499999999998},{"$f":"ROUND(СУММПРОИЗВЕСЛИ(1,'Форма по МДС 81-35.2004'!J295:J312,\"IsMash\",'Форма по МДС 81-35.2004'!E295:E312,'Форма по МДС 81-35.2004'!G295:G312,0),16777275)","v":0},{"$f":"ROUND(СУММПРОИЗВЕСЛИ(1,'Форма по МДС 81-35.2004'!J295:J312,\"Ж\",'Форма по МДС 81-35.2004'!E295:E312,'Форма по МДС 81-35.2004'!G295:G312,0),16777275)","v":0},{"$f":"ROUND(СУММПРОИЗВЕСЛИ(1,'Форма по МДС 81-35.2004'!J295:J312,\"IsMater\",'Форма по МДС 81-35.2004'!E295:E312,'Форма по МДС 81-35.2004'!G295:G312,0),16777275)","v":0},0,0,{"$f":"ОКРУГЛВСЕ(SUMIF('Форма по МДС 81-35.2004'!J295:J312,\"Г\",'Форма по МДС 81-35.2004'!E295:E312),8)","v":0.55000000000000004},0,{"$f":"ОКРУГЛВСЕ(SUMIF('Форма по МДС 81-35.2004'!J295:J312,\"Ж\",'Форма по МДС 81-35.2004'!E295:E312),8)","v":0},0,0,6.4712699999999996,4.9425015999999999,0,0,0,0,0,0,0,null,0,0,0,0,0,0,0,0]
[{"$f":"'Форма по МДС 81-35.2004'!A313","v":"16."},{"$f":"'Форма по МДС 81-35.2004'!G313","v":5131.62},{"$f":"ROUND(СУММПРОИЗВЕСЛИ(1,'Форма по МДС 81-35.2004'!J313:J331,\"Г\",'Форма по МДС 81-35.2004'!E313:E331,'Форма по МДС 81-35.2004'!G313:G331,0),16777275)","v":0},{"$f":"ROUND(СУММПРОИЗВЕСЛИ(1,'Форма по МДС 81-35.2004'!J313:J331,\"IsMash\",'Форма по МДС 81-35.2004'!E313:E331,'Форма по МДС 81-35.2004'!G313:G331,0),16777275)","v":5131.62},{"$f":"ROUND(СУММПРОИЗВЕСЛИ(1,'Форма по МДС 81-35.2004'!J313:J331,\"Ж\",'Форма по МДС 81-35.2004'!E313:E331,'Форма по МДС 81-35.2004'!G313:G331,0),16777275)","v":0},{"$f":"ROUND(СУММПРОИЗВЕСЛИ(1,'Форма по МДС 81-35.2004'!J313:J331,\"IsMater\",'Форма по МДС 81-35.2004'!E313:E331,'Форма по МДС 81-35.2004'!G313:G331,0),16777275)","v":0},0,0,{"$f":"ОКРУГЛВСЕ(SUMIF('Форма по МДС 81-35.2004'!J313:J331,\"Г\",'Форма по МДС 81-35.2004'!E313:E331),8)","v":0},0,{"$f":"ОКРУГЛВСЕ(SUMIF('Форма по МДС 81-35.2004'!J313:J331,\"Ж\",'Форма по МДС 81-35.2004'!E313:E331),8)","v":0},0,0,600.39954,458.56156320000002,0,0,0,0,0,0,0,null,0,0,0,0,0,0,0,0]
[{"$f":"'Форма по МДС 81-35.2004'!A332","v":"17."},{"$f":"'Форма по МДС 81-35.2004'!G332","v":407.16},{"$f":"ROUND(СУММПРОИЗВЕСЛИ(1,'Форма по МДС 81-35.2004'!J332:J351,\"Г\",'Форма по МДС 81-35.2004'!E332:E351,'Форма по МДС 81-35.2004'!G332:G351,0),16777275)","v":0},{"$f":"ROUND(СУММПРОИЗВЕСЛИ(1,'Форма по МДС 81-35.2004'!J332:J351,\"IsMash\",'Форма по МДС 81-35.2004'!E332:E351,'Форма по МДС 81-35.2004'!G332:G351,0),16777275)","v":407.16},{"$f":"ROUND(СУММПРОИЗВЕСЛИ(1,'Форма по МДС 81-35.2004'!J332:J351,\"Ж\",'Форма по МДС 81-35.2004'!E332:E351,'Форма по МДС 81-35.2004'!G332:G351,0),16777275)","v":0},{"$f":"ROUND(СУММПРОИЗВЕСЛИ(1,'Форма по МДС 81-35.2004'!J332:J351,\"IsMater\",'Форма по МДС 81-35.2004'!E332:E351,'Форма по МДС 81-35.2004'!G332:G351,0),16777275)","v":0},0,0,{"$f":"ОКРУГЛВСЕ(SUMIF('Форма по МДС 81-35.2004'!J332:J351,\"Г\",'Форма по МДС 81-35.2004'!E332:E351),8)","v":0},0,{"$f":"ОКРУГЛВСЕ(SUMIF('Форма по МДС 81-35.2004'!J332:J351,\"Ж\",'Форма по МДС 81-35.2004'!E332:E351),8)","v":0},0,0,47.637720000000002,36.3838176,0,0,0,0,0,0,0,null,0,0,0,0,0,0,0,0]
[{"$f":"'Форма по МДС 81-35.2004'!A352","v":"18."},{"$f":"'Форма по МДС 81-35.2004'!G352","v":208.17},{"$f":"ROUND(СУММПРОИЗВЕСЛИ(1,'Форма по МДС 81-35.2004'!J352:J371,\"Г\",'Форма по МДС 81-35.2004'!E352:E371,'Форма по МДС 81-35.2004'!G352:G371,0),16777275)","v":107.6099},{"$f":"ROUND(СУММПРОИЗВЕСЛИ(1,'Форма по МДС 81-35.2004'!J352:J371,\"IsMash\",'Форма по МДС 81-35.2004'!E352:E371,'Форма по МДС 81-35.2004'!G352:G371,0),16777275)","v":100.56059999999999},{"$f":"ROUND(СУММПРОИЗВЕСЛИ(1,'Форма по МДС 81-35.2004'!J352:J371,\"Ж\",'Форма по МДС 81-35.2004'!E352:E371,'Форма по МДС 81-35.2004'!G352:G371,0),16777275)","v":15.646229999999999},{"$f":"ROUND(СУММПРОИЗВЕСЛИ(1,'Форма по МДС 81-35.2004'!J352:J371,\"IsMater\",'Форма по МДС 81-35.2004'!E352:E371,'Форма по МДС 81-35.2004'!G352:G371,0),16777275)","v":0},0,0,{"$f":"ОКРУГЛВСЕ(SUMIF('Форма по МДС 81-35.2004'!J352:J371,\"Г\",'Форма по МДС 81-35.2004'!E352:E371),8)","v":1.07},0,{"$f":"ОКРУГЛВСЕ(SUMIF('Форма по МДС 81-35.2004'!J352:J371,\"Ж\",'Форма по МДС 81-35.2004'!E352:E371),8)","v":0.09},0,0,24.355889999999999,18.602071200000001,0,0,0,0,0,0,0,null,0,0,0,0,0,0,0,0]
[{"$f":"'Форма по МДС 81-35.2004'!A372","v":"19."},{"$f":"'Форма по МДС 81-35.2004'!G372","v":9321.2999999999993},{"$f":"ROUND(СУММПРОИЗВЕСЛИ(1,'Форма по МДС 81-35.2004'!J372:J396,\"Г\",'Форма по МДС 81-35.2004'!E372:E396,'Форма по МДС 81-35.2004'!G372:G396,0),16777275)","v":0},{"$f":"ROUND(СУММПРОИЗВЕСЛИ(1,'Форма по МДС 81-35.2004'!J372:J396,\"IsMash\",'Форма по МДС 81-35.2004'!E372:E396,'Форма по МДС 81-35.2004'!G372:G396,0),16777275)","v":9321.3045000000002},{"$f":"ROUND(СУММПРОИЗВЕСЛИ(1,'Форма по МДС 81-35.2004'!J372:J396,\"Ж\",'Форма по МДС 81-35.2004'!E372:E396,'Форма по МДС 81-35.2004'!G372:G396,0),16777275)","v":3035.7164499999999},{"$f":"ROUND(СУММПРОИЗВЕСЛИ(1,'Форма по МДС 81-35.2004'!J372:J396,\"IsMater\",'Форма по МДС 81-35.2004'!E372:E396,'Форма по МДС 81-35.2004'!G372:G396,0),16777275)","v":0},0,0,{"$f":"ОКРУГЛВСЕ(SUMIF('Форма по МДС 81-35.2004'!J372:J396,\"Г\",'Форма по МДС 81-35.2004'!E372:E396),8)","v":0},0,{"$f":"ОКРУГЛВСЕ(SUMIF('Форма по МДС 81-35.2004'!J372:J396,\"Ж\",'Форма по МДС 81-35.2004'!E372:E396),8)","v":18.649999999999999},0,0,1090.5921000000001,832.951368,0,0,0,0,0,0,0,null,0,0,0,0,0,0,0,0]
[{"$f":"'Форма по МДС 81-35.2004'!A398","v":"20."},{"$f":"'Форма по МДС 81-35.2004'!G398","v":72.41},{"$f":"ROUND(СУММПРОИЗВЕСЛИ(1,'Форма по МДС 81-35.2004'!J398:J416,\"Г\",'Форма по МДС 81-35.2004'!E398:E416,'Форма по МДС 81-35.2004'!G398:G416,0),16777275)","v":72.410399999999996},{"$f":"ROUND(СУММПРОИЗВЕСЛИ(1,'Форма по МДС 81-35.2004'!J398:J416,\"IsMash\",'Форма по МДС 81-35.2004'!E398:E416,'Форма по МДС 81-35.2004'!G398:G416,0),16777275)","v":0},{"$f":"ROUND(СУММПРОИЗВЕСЛИ(1,'Форма по МДС 81-35.2004'!J398:J416,\"Ж\",'Форма по МДС 81-35.2004'!E398:E416,'Форма по МДС 81-35.2004'!G398:G416,0),16777275)","v":0},{"$f":"ROUND(СУММПРОИЗВЕСЛИ(1,'Форма по МДС 81-35.2004'!J398:J416,\"IsMater\",'Форма по МДС 81-35.2004'!E398:E416,'Форма по МДС 81-35.2004'!G398:G416,0),16777275)","v":0},0,0,{"$f":"ОКРУГЛВСЕ(SUMIF('Форма по МДС 81-35.2004'!J398:J416,\"Г\",'Форма по МДС 81-35.2004'!E398:E416),8)","v":0.72},0,{"$f":"ОКРУГЛВСЕ(SUMIF('Форма по МДС 81-35.2004'!J398:J416,\"Ж\",'Форма по МДС 81-35.2004'!E398:E416),8)","v":0},0,0,8.4719700000000007,6.4705576000000002,0,0,0,0,0,0,0,null,0,0,0,0,0,0,0,0]
[{"$f":"'Форма по МДС 81-35.2004'!A417","v":"21."},{"$f":"'Форма по МДС 81-35.2004'!G417","v":857.66},{"$f":"ROUND(СУММПРОИЗВЕСЛИ(1,'Форма по МДС 81-35.2004'!J417:J436,\"Г\",'Форма по МДС 81-35.2004'!E417:E436,'Форма по МДС 81-35.2004'!G417:G436,0),16777275)","v":537.72850000000005},{"$f":"ROUND(СУММПРОИЗВЕСЛИ(1,'Форма по МДС 81-35.2004'!J417:J436,\"IsMash\",'Форма по МДС 81-35.2004'!E417:E436,'Форма по МДС 81-35.2004'!G417:G436,0),16777275)","v":319.935},{"$f":"ROUND(СУММПРОИЗВЕСЛИ(1,'Форма по МДС 81-35.2004'!J417:J436,\"Ж\",'Форма по МДС 81-35.2004'!E417:E436,'Форма по МДС 81-35.2004'!G417:G436,0),16777275)","v":0},{"$f":"ROUND(СУММПРОИЗВЕСЛИ(1,'Форма по МДС 81-35.2004'!J417:J436,\"IsMater\",'Форма по МДС 81-35.2004'!E417:E436,'Форма по МДС 81-35.2004'!G417:G436,0),16777275)","v":0},0,0,{"$f":"ОКРУГЛВСЕ(SUMIF('Форма по МДС 81-35.2004'!J417:J436,\"Г\",'Форма по МДС 81-35.2004'!E417:E436),8)","v":5.15},0,{"$f":"ОКРУГЛВСЕ(SUMIF('Форма по МДС 81-35.2004'!J417:J436,\"Ж\",'Форма по МДС 81-35.2004'!E417:E436),8)","v":0},0,0,100.34622,76.640497600000003,0,0,0,0,0,0,0,null,0,0,0,0,0,0,0,0]
[{"$f":"'Форма по МДС 81-35.2004'!A437","v":"22."},{"$f":"'Форма по МДС 81-35.2004'!G437","v":277.94},{"$f":"ROUND(СУММПРОИЗВЕСЛИ(1,'Форма по МДС 81-35.2004'!J437:J455,\"Г\",'Форма по МДС 81-35.2004'!E437:E455,'Форма по МДС 81-35.2004'!G437:G455,0),16777275)","v":0},{"$f":"ROUND(СУММПРОИЗВЕСЛИ(1,'Форма по МДС 81-35.2004'!J437:J455,\"IsMash\",'Форма по МДС 81-35.2004'!E437:E455,'Форма по МДС 81-35.2004'!G437:G455,0),16777275)","v":277.93599999999998},{"$f":"ROUND(СУММПРОИЗВЕСЛИ(1,'Форма по МДС 81-35.2004'!J437:J455,\"Ж\",'Форма по МДС 81-35.2004'!E437:E455,'Форма по МДС 81-35.2004'!G437:G455,0),16777275)","v":47.999929999999999},{"$f":"ROUND(СУММПРОИЗВЕСЛИ(1,'Форма по МДС 81-35.2004'!J437:J455,\"IsMater\",'Форма по МДС 81-35.2004'!E437:E455,'Форма по МДС 81-35.2004'!G437:G455,0),16777275)","v":0},0,0,{"$f":"ОКРУГЛВСЕ(SUMIF('Форма по МДС 81-35.2004'!J437:J455,\"Г\",'Форма по МДС 81-35.2004'!E437:E455),8)","v":0},0,{"$f":"ОКРУГЛВСЕ(SUMIF('Форма по МДС 81-35.2004'!J437:J455,\"Ж\",'Форма по МДС 81-35.2004'!E437:E455),8)","v":0.28999999999999998},0,0,32.518979999999999,24.836718399999999,0,0,0,0,0,0,0,null,0,0,0,0,0,0,0,0]
[{"$f":"'Форма по МДС 81-35.2004'!A457","v":"23."},{"$f":"'Форма по МДС 81-35.2004'!G457","v":469.28},{"$f":"ROUND(СУММПРОИЗВЕСЛИ(1,'Форма по МДС 81-35.2004'!J457:J475,\"Г\",'Форма по МДС 81-35.2004'!E457:E475,'Форма по МДС 81-35.2004'!G457:G475,0),16777275)","v":0},{"$f":"ROUND(СУММПРОИЗВЕСЛИ(1,'Форма по МДС 81-35.2004'!J457:J475,\"IsMash\",'Форма по МДС 81-35.2004'!E457:E475,'Форма по МДС 81-35.2004'!G457:G475,0),16777275)","v":469.28280000000001},{"$f":"ROUND(СУММПРОИЗВЕСЛИ(1,'Форма по МДС 81-35.2004'!J457:J475,\"Ж\",'Форма по МДС 81-35.2004'!E457:E475,'Форма по МДС 81-35.2004'!G457:G475,0),16777275)","v":73.333259999999996},{"$f":"ROUND(СУММПРОИЗВЕСЛИ(1,'Форма по МДС 81-35.2004'!J457:J475,\"IsMater\",'Форма по МДС 81-35.2004'!E457:E475,'Форма по МДС 81-35.2004'!G457:G475,0),16777275)","v":0},0,0,{"$f":"ОКРУГЛВСЕ(SUMIF('Форма по МДС 81-35.2004'!J457:J475,\"Г\",'Форма по МДС 81-35.2004'!E457:E475),8)","v":0},0,{"$f":"ОКРУГЛВСЕ(SUMIF('Форма по МДС 81-35.2004'!J457:J475,\"Ж\",'Форма по МДС 81-35.2004'!E457:E475),8)","v":0.42},0,0,54.905760000000001,41.934860800000003,0,0,0,0,0,0,0,null,0,0,0,0,0,0,0,0]
[{"$f":"'Форма по МДС 81-35.2004'!A476","v":"24."},{"$f":"'Форма по МДС 81-35.2004'!G476","v":208.17},{"$f":"ROUND(СУММПРОИЗВЕСЛИ(1,'Форма по МДС 81-35.2004'!J476:J495,\"Г\",'Форма по МДС 81-35.2004'!E476:E495,'Форма по МДС 81-35.2004'!G476:G495,0),16777275)","v":107.6099},{"$f":"ROUND(СУММПРОИЗВЕСЛИ(1,'Форма по МДС 81-35.2004'!J476:J495,\"IsMash\",'Форма по МДС 81-35.2004'!E476:E495,'Форма по МДС 81-35.2004'!G476:G495,0),16777275)","v":100.56059999999999},{"$f":"ROUND(СУММПРОИЗВЕСЛИ(1,'Форма по МДС 81-35.2004'!J476:J495,\"Ж\",'Форма по МДС 81-35.2004'!E476:E495,'Форма по МДС 81-35.2004'!G476:G495,0),16777275)","v":15.699960000000001},{"$f":"ROUND(СУММПРОИЗВЕСЛИ(1,'Форма по МДС 81-35.2004'!J476:J495,\"IsMater\",'Форма по МДС 81-35.2004'!E476:E495,'Форма по МДС 81-35.2004'!G476:G495,0),16777275)","v":0},0,0,{"$f":"ОКРУГЛВСЕ(SUMIF('Форма по МДС 81-35.2004'!J476:J495,\"Г\",'Форма по МДС 81-35.2004'!E476:E495),8)","v":1.07},0,{"$f":"ОКРУГЛВСЕ(SUMIF('Форма по МДС 81-35.2004'!J476:J495,\"Ж\",'Форма по МДС 81-35.2004'!E476:E495),8)","v":0.09},0,0,24.355889999999999,18.602071200000001,0,0,0,0,0,0,0,null,0,0,0,0,0,0,0,0]
[{"$f":"'Форма по МДС 81-35.2004'!A496","v":"25."},{"$f":"'Форма по МДС 81-35.2004'!G496","v":5131.62},{"$f":"ROUND(СУММПРОИЗВЕСЛИ(1,'Форма по МДС 81-35.2004'!J496:J514,\"Г\",'Форма по МДС 81-35.2004'!E496:E514,'Форма по МДС 81-35.2004'!G496:G514,0),16777275)","v":0},{"$f":"ROUND(СУММПРОИЗВЕСЛИ(1,'Форма по МДС 81-35.2004'!J496:J514,\"IsMash\",'Форма по МДС 81-35.2004'!E496:E514,'Форма по МДС 81-35.2004'!G496:G514,0),16777275)","v":5131.62},{"$f":"ROUND(СУММПРОИЗВЕСЛИ(1,'Форма по МДС 81-35.2004'!J496:J514,\"Ж\",'Форма по МДС 81-35.2004'!E496:E514,'Форма по МДС 81-35.2004'!G496:G514,0),16777275)","v":0},{"$f":"ROUND(СУММПРОИЗВЕСЛИ(1,'Форма по МДС 81-35.2004'!J496:J514,\"IsMater\",'Форма по МДС 81-35.2004'!E496:E514,'Форма по МДС 81-35.2004'!G496:G514,0),16777275)","v":0},0,0,{"$f":"ОКРУГЛВСЕ(SUMIF('Форма по МДС 81-35.2004'!J496:J514,\"Г\",'Форма по МДС 81-35.2004'!E496:E514),8)","v":0},0,{"$f":"ОКРУГЛВСЕ(SUMIF('Форма по МДС 81-35.2004'!J496:J514,\"Ж\",'Форма по МДС 81-35.2004'!E496:E514),8)","v":0},0,0,600.39954,458.56156320000002,0,0,0,0,0,0,0,null,0,0,0,0,0,0,0,0]
[{"$f":"'Форма по МДС 81-35.2004'!A515","v":"26."},{"$f":"'Форма по МДС 81-35.2004'!G515","v":407.16},{"$f":"ROUND(СУММПРОИЗВЕСЛИ(1,'Форма по МДС 81-35.2004'!J515:J534,\"Г\",'Форма по МДС 81-35.2004'!E515:E534,'Форма по МДС 81-35.2004'!G515:G534,0),16777275)","v":0},{"$f":"ROUND(СУММПРОИЗВЕСЛИ(1,'Форма по МДС 81-35.2004'!J515:J534,\"IsMash\",'Форма по МДС 81-35.2004'!E515:E534,'Форма по МДС 81-35.2004'!G515:G534,0),16777275)","v":407.16},{"$f":"ROUND(СУММПРОИЗВЕСЛИ(1,'Форма по МДС 81-35.2004'!J515:J534,\"Ж\",'Форма по МДС 81-35.2004'!E515:E534,'Форма по МДС 81-35.2004'!G515:G534,0),16777275)","v":0},{"$f":"ROUND(СУММПРОИЗВЕСЛИ(1,'Форма по МДС 81-35.2004'!J515:J534,\"IsMater\",'Форма по МДС 81-35.2004'!E515:E534,'Форма по МДС 81-35.2004'!G515:G534,0),16777275)","v":0},0,0,{"$f":"ОКРУГЛВСЕ(SUMIF('Форма по МДС 81-35.2004'!J515:J534,\"Г\",'Форма по МДС 81-35.2004'!E515:E534),8)","v":0},0,{"$f":"ОКРУГЛВСЕ(SUMIF('Форма по МДС 81-35.2004'!J515:J534,\"Ж\",'Форма по МДС 81-35.2004'!E515:E534),8)","v":0},0,0,47.637720000000002,36.3838176,0,0,0,0,0,0,0,null,0,0,0,0,0,0,0,0]
[{"$f":"'Форма по МДС 81-35.2004'!A535","v":"27."},{"$f":"'Форма по МДС 81-35.2004'!G535","v":33657.410000000003},{"$f":"ROUND(СУММПРОИЗВЕСЛИ(1,'Форма по МДС 81-35.2004'!J535:J558,\"Г\",'Форма по МДС 81-35.2004'!E535:E558,'Форма по МДС 81-35.2004'!G535:G558,0),16777275)","v":624.53970000000004},{"$f":"ROUND(СУММПРОИЗВЕСЛИ(1,'Форма по МДС 81-35.2004'!J535:J558,\"IsMash\",'Форма по МДС 81-35.2004'!E535:E558,'Форма по МДС 81-35.2004'!G535:G558,0),16777275)","v":9374.2175999999999},{"$f":"ROUND(СУММПРОИЗВЕСЛИ(1,'Форма по МДС 81-35.2004'!J535:J558,\"Ж\",'Форма по МДС 81-35.2004'!E535:E558,'Форма по МДС 81-35.2004'!G535:G558,0),16777275)","v":2200.0036500000001},{"$f":"ROUND(СУММПРОИЗВЕСЛИ(1,'Форма по МДС 81-35.2004'!J535:J558,\"IsMater\",'Форма по МДС 81-35.2004'!E535:E558,'Форма по МДС 81-35.2004'!G535:G558,0),16777275)","v":23658.647700000001},0,0,{"$f":"ОКРУГЛВСЕ(SUMIF('Форма по МДС 81-35.2004'!J535:J558,\"Г\",'Форма по МДС 81-35.2004'!E535:E558),8)","v":6.21},0,{"$f":"ОКРУГЛВСЕ(SUMIF('Форма по МДС 81-35.2004'!J535:J558,\"Ж\",'Форма по МДС 81-35.2004'!E535:E558),8)","v":12.61},0,0,3937.9169700000002,3007.6261576000002,0,0,0,0,0,0,0,null,0,0,0,0,0,0,0,0]
[{"$f":"'Форма по МДС 81-35.2004'!A559","v":"28."},{"$f":"'Форма по МДС 81-35.2004'!G559","v":614.54},{"$f":"ROUND(СУММПРОИЗВЕСЛИ(1,'Форма по МДС 81-35.2004'!J559:J577,\"Г\",'Форма по МДС 81-35.2004'!E559:E577,'Форма по МДС 81-35.2004'!G559:G577,0),16777275)","v":0},{"$f":"ROUND(СУММПРОИЗВЕСЛИ(1,'Форма по МДС 81-35.2004'!J559:J577,\"IsMash\",'Форма по МДС 81-35.2004'!E559:E577,'Форма по МДС 81-35.2004'!G559:G577,0),16777275)","v":614.53700000000003},{"$f":"ROUND(СУММПРОИЗВЕСЛИ(1,'Форма по МДС 81-35.2004'!J559:J577,\"Ж\",'Форма по МДС 81-35.2004'!E559:E577,'Форма по МДС 81-35.2004'!G559:G577,0),16777275)","v":95.999750000000006},{"$f":"ROUND(СУММПРОИЗВЕСЛИ(1,'Форма по МДС 81-35.2004'!J559:J577,\"IsMater\",'Форма по МДС 81-35.2004'!E559:E577,'Форма по МДС 81-35.2004'!G559:G577,0),16777275)","v":0},0,0,{"$f":"ОКРУГЛВСЕ(SUMIF('Форма по МДС 81-35.2004'!J559:J577,\"Г\",'Форма по МДС 81-35.2004'!E559:E577),8)","v":0},0,{"$f":"ОКРУГЛВСЕ(SUMIF('Форма по МДС 81-35.2004'!J559:J577,\"Ж\",'Форма по МДС 81-35.2004'!E559:E577),8)","v":0.55000000000000004},0,0,71.901179999999997,54.915294400000001,0,0,0,0,0,0,0,null,0,0,0,0,0,0,0,0]
[{"$f":"'Форма по МДС 81-35.2004'!A578","v":"29."},{"$f":"'Форма по МДС 81-35.2004'!G578","v":58543.040000000001},{"$f":"ROUND(СУММПРОИЗВЕСЛИ(1,'Форма по МДС 81-35.2004'!J578:J605,\"Г\",'Форма по МДС 81-35.2004'!E578:E605,'Форма по МДС 81-35.2004'!G578:G605,0),16777275)","v":5809.3959000000004},{"$f":"ROUND(СУММПРОИЗВЕСЛИ(1,'Форма по МДС 81-35.2004'!J578:J605,\"IsMash\",'Форма по МДС 81-35.2004'!E578:E605,'Форма по МДС 81-35.2004'!G578:G605,0),16777275)","v":10081.341899999999},{"$f":"ROUND(СУММПРОИЗВЕСЛИ(1,'Форма по МДС 81-35.2004'!J578:J605,\"Ж\",'Форма по МДС 81-35.2004'!E578:E605,'Форма по МДС 81-35.2004'!G578:G605,0),16777275)","v":2299.9976999999999},{"$f":"ROUND(СУММПРОИЗВЕСЛИ(1,'Форма по МДС 81-35.2004'!J578:J605,\"IsMater\",'Форма по МДС 81-35.2004'!E578:E605,'Форма по МДС 81-35.2004'!G578:G605,0),16777275)","v":42652.30128},0,0,{"$f":"ОКРУГЛВСЕ(SUMIF('Форма по МДС 81-35.2004'!J578:J605,\"Г\",'Форма по МДС 81-35.2004'!E578:E605),8)","v":54.39},0,{"$f":"ОКРУГЛВСЕ(SUMIF('Форма по МДС 81-35.2004'!J578:J605,\"Ж\",'Форма по МДС 81-35.2004'!E578:E605),8)","v":15.54},0,0,6849.53568,5231.4060544000004,0,0,0,0,0,0,0,null,0,0,0,0,0,0,0,0]
[{"$f":"'Форма по МДС 81-35.2004'!A606","v":"30."},{"$f":"'Форма по МДС 81-35.2004'!G606","v":59471.08},{"$f":"ROUND(СУММПРОИЗВЕСЛИ(1,'Форма по МДС 81-35.2004'!J606:J633,\"Г\",'Форма по МДС 81-35.2004'!E606:E633,'Форма по МДС 81-35.2004'!G606:G633,0),16777275)","v":5809.3959000000004},{"$f":"ROUND(СУММПРОИЗВЕСЛИ(1,'Форма по МДС 81-35.2004'!J606:J633,\"IsMash\",'Форма по МДС 81-35.2004'!E606:E633,'Форма по МДС 81-35.2004'!G606:G633,0),16777275)","v":10081.341899999999},{"$f":"ROUND(СУММПРОИЗВЕСЛИ(1,'Форма по МДС 81-35.2004'!J606:J633,\"Ж\",'Форма по МДС 81-35.2004'!E606:E633,'Форма по МДС 81-35.2004'!G606:G633,0),16777275)","v":2299.9976999999999},{"$f":"ROUND(СУММПРОИЗВЕСЛИ(1,'Форма по МДС 81-35.2004'!J606:J633,\"IsMater\",'Форма по МДС 81-35.2004'!E606:E633,'Форма по МДС 81-35.2004'!G606:G633,0),16777275)","v":43580.345280000001},0,0,{"$f":"ОКРУГЛВСЕ(SUMIF('Форма по МДС 81-35.2004'!J606:J633,\"Г\",'Форма по МДС 81-35.2004'!E606:E633),8)","v":54.39},0,{"$f":"ОКРУГЛВСЕ(SUMIF('Форма по МДС 81-35.2004'!J606:J633,\"Ж\",'Форма по МДС 81-35.2004'!E606:E633),8)","v":15.54},0,0,6958.11636,5314.3357088000002,0,0,0,0,0,0,0,null,0,0,0,0,0,0,0,0]
[{"$f":"'Форма по МДС 81-35.2004'!A634","v":"31."},{"$f":"'Форма по МДС 81-35.2004'!G634","v":56644.71},{"$f":"ROUND(СУММПРОИЗВЕСЛИ(1,'Форма по МДС 81-35.2004'!J634:J661,\"Г\",'Форма по МДС 81-35.2004'!E634:E661,'Форма по МДС 81-35.2004'!G634:G661,0),16777275)","v":5809.3959000000004},{"$f":"ROUND(СУММПРОИЗВЕСЛИ(1,'Форма по МДС 81-35.2004'!J634:J661,\"IsMash\",'Форма по МДС 81-35.2004'!E634:E661,'Форма по МДС 81-35.2004'!G634:G661,0),16777275)","v":10081.341899999999},{"$f":"ROUND(СУММПРОИЗВЕСЛИ(1,'Форма по МДС 81-35.2004'!J634:J661,\"Ж\",'Форма по МДС 81-35.2004'!E634:E661,'Форма по МДС 81-35.2004'!G634:G661,0),16777275)","v":2299.9976999999999},{"$f":"ROUND(СУММПРОИЗВЕСЛИ(1,'Форма по МДС 81-35.2004'!J634:J661,\"IsMater\",'Форма по МДС 81-35.2004'!E634:E661,'Форма по МДС 81-35.2004'!G634:G661,0),16777275)","v":40753.976280000003},0,0,{"$f":"ОКРУГЛВСЕ(SUMIF('Форма по МДС 81-35.2004'!J634:J661,\"Г\",'Форма по МДС 81-35.2004'!E634:E661),8)","v":54.39},0,{"$f":"ОКРУГЛВСЕ(SUMIF('Форма по МДС 81-35.2004'!J634:J661,\"Ж\",'Форма по МДС 81-35.2004'!E634:E661),8)","v":15.54},0,0,6627.4310699999996,5061.7712855999998,0,0,0,0,0,0,0,null,0,0,0,0,0,0,0,0]
[{"$f":"'Форма по МДС 81-35.2004'!A662","v":"32."},{"$f":"'Форма по МДС 81-35.2004'!G662","v":25733.15},{"$f":"ROUND(СУММПРОИЗВЕСЛИ(1,'Форма по МДС 81-35.2004'!J662:J683,\"Г\",'Форма по МДС 81-35.2004'!E662:E683,'Форма по МДС 81-35.2004'!G662:G683,0),16777275)","v":4688.8072000000002},{"$f":"ROUND(СУММПРОИЗВЕСЛИ(1,'Форма по МДС 81-35.2004'!J662:J683,\"IsMash\",'Форма по МДС 81-35.2004'!E662:E683,'Форма по МДС 81-35.2004'!G662:G683,0),16777275)","v":7967.7709999999997},{"$f":"ROUND(СУММПРОИЗВЕСЛИ(1,'Форма по МДС 81-35.2004'!J662:J683,\"Ж\",'Форма по МДС 81-35.2004'!E662:E683,'Форма по МДС 81-35.2004'!G662:G683,0),16777275)","v":2200.0017200000002},{"$f":"ROUND(СУММПРОИЗВЕСЛИ(1,'Форма по МДС 81-35.2004'!J662:J683,\"IsMater\",'Форма по МДС 81-35.2004'!E662:E683,'Форма по МДС 81-35.2004'!G662:G683,0),16777275)","v":13076.571},0,0,{"$f":"ОКРУГЛВСЕ(SUMIF('Форма по МДС 81-35.2004'!J662:J683,\"Г\",'Форма по МДС 81-35.2004'!E662:E683),8)","v":43.26},0,{"$f":"ОКРУГЛВСЕ(SUMIF('Форма по МДС 81-35.2004'!J662:J683,\"Ж\",'Форма по МДС 81-35.2004'!E662:E683),8)","v":14.42},0,0,3010.77855,2299.5142839999999,0,0,0,0,0,0,0,null,0,0,0,0,0,0,0,0]
[{"$f":"'Форма по МДС 81-35.2004'!A684","v":"33."},{"$f":"'Форма по МДС 81-35.2004'!G684","v":26082.81},{"$f":"ROUND(СУММПРОИЗВЕСЛИ(1,'Форма по МДС 81-35.2004'!J684:J705,\"Г\",'Форма по МДС 81-35.2004'!E684:E705,'Форма по МДС 81-35.2004'!G684:G705,0),16777275)","v":4688.8072000000002},{"$f":"ROUND(СУММПРОИЗВЕСЛИ(1,'Форма по МДС 81-35.2004'!J684:J705,\"IsMash\",'Форма по МДС 81-35.2004'!E684:E705,'Форма по МДС 81-35.2004'!G684:G705,0),16777275)","v":7967.7709999999997},{"$f":"ROUND(СУММПРОИЗВЕСЛИ(1,'Форма по МДС 81-35.2004'!J684:J705,\"Ж\",'Форма по МДС 81-35.2004'!E684:E705,'Форма по МДС 81-35.2004'!G684:G705,0),16777275)","v":2200.0017200000002},{"$f":"ROUND(СУММПРОИЗВЕСЛИ(1,'Форма по МДС 81-35.2004'!J684:J705,\"IsMater\",'Форма по МДС 81-35.2004'!E684:E705,'Форма по МДС 81-35.2004'!G684:G705,0),16777275)","v":13426.233},0,0,{"$f":"ОКРУГЛВСЕ(SUMIF('Форма по МДС 81-35.2004'!J684:J705,\"Г\",'Форма по МДС 81-35.2004'!E684:E705),8)","v":43.26},0,{"$f":"ОКРУГЛВСЕ(SUMIF('Форма по МДС 81-35.2004'!J684:J705,\"Ж\",'Форма по МДС 81-35.2004'!E684:E705),8)","v":14.42},0,0,3051.6887700000002,2330.7599015999999,0,0,0,0,0,0,0,null,0,0,0,0,0,0,0,0]
[{"$f":"'Форма по МДС 81-35.2004'!A706","v":"34."},{"$f":"'Форма по МДС 81-35.2004'!G706","v":14794.7},{"$f":"ROUND(СУММПРОИЗВЕСЛИ(1,'Форма по МДС 81-35.2004'!J706:J730,\"Г\",'Форма по МДС 81-35.2004'!E706:E730,'Форма по МДС 81-35.2004'!G706:G730,0),16777275)","v":0},{"$f":"ROUND(СУММПРОИЗВЕСЛИ(1,'Форма по МДС 81-35.2004'!J706:J730,\"IsMash\",'Форма по МДС 81-35.2004'!E706:E730,'Форма по МДС 81-35.2004'!G706:G730,0),16777275)","v":357.66719999999998},{"$f":"ROUND(СУММПРОИЗВЕСЛИ(1,'Форма по МДС 81-35.2004'!J706:J730,\"Ж\",'Форма по МДС 81-35.2004'!E706:E730,'Форма по МДС 81-35.2004'!G706:G730,0),16777275)","v":0},{"$f":"ROUND(СУММПРОИЗВЕСЛИ(1,'Форма по МДС 81-35.2004'!J706:J730,\"IsMater\",'Форма по МДС 81-35.2004'!E706:E730,'Форма по МДС 81-35.2004'!G706:G730,0),16777275)","v":14437.0362},0,0,{"$f":"ОКРУГЛВСЕ(SUMIF('Форма по МДС 81-35.2004'!J706:J730,\"Г\",'Форма по МДС 81-35.2004'!E706:E730),8)","v":0},0,{"$f":"ОКРУГЛВСЕ(SUMIF('Форма по МДС 81-35.2004'!J706:J730,\"Ж\",'Форма по МДС 81-35.2004'!E706:E730),8)","v":0.79200000000000004},0,0,1730.9799,1322.054392,0,0,0,0,0,0,0,null,0,0,0,0,0,0,0,0]
[{"$f":"'Форма по МДС 81-35.2004'!A731","v":"35."},{"$f":"'Форма по МДС 81-35.2004'!G731","v":374287.59},{"$f":"ROUND(СУММПРОИЗВЕСЛИ(1,'Форма по МДС 81-35.2004'!J731:J770,\"Г\",'Форма по МДС 81-35.2004'!E731:E770,'Форма по МДС 81-35.2004'!G731:G770,0),16777275)","v":5699.9592000000002},{"$f":"ROUND(СУММПРОИЗВЕСЛИ(1,'Форма по МДС 81-35.2004'!J731:J770,\"IsMash\",'Форма по МДС 81-35.2004'!E731:E770,'Форма по МДС 81-35.2004'!G731:G770,0),16777275)","v":19263.537120000001},{"$f":"ROUND(СУММПРОИЗВЕСЛИ(1,'Форма по МДС 81-35.2004'!J731:J770,\"Ж\",'Форма по МДС 81-35.2004'!E731:E770,'Форма по МДС 81-35.2004'!G731:G770,0),16777275)","v":3999.9998879999998},{"$f":"ROUND(СУММПРОИЗВЕСЛИ(1,'Форма по МДС 81-35.2004'!J731:J770,\"IsMater\",'Форма по МДС 81-35.2004'!E731:E770,'Форма по МДС 81-35.2004'!G731:G770,0),16777275)","v":349324.089308},0,0,{"$f":"ОКРУГЛВСЕ(SUMIF('Форма по МДС 81-35.2004'!J731:J770,\"Г\",'Форма по МДС 81-35.2004'!E731:E770),8)","v":45.96},0,{"$f":"ОКРУГЛВСЕ(SUMIF('Форма по МДС 81-35.2004'!J731:J770,\"Ж\",'Форма по МДС 81-35.2004'!E731:E770),8)","v":22.896000000000001},0,0,43791.648029999997,33446.339042400003,0,0,0,0,0,0,0,null,0,0,0,0,0,0,0,0]
[{"$f":"'Форма по МДС 81-35.2004'!A771","v":"36."},{"$f":"'Форма по МДС 81-35.2004'!G771","v":43696.52},{"$f":"ROUND(СУММПРОИЗВЕСЛИ(1,'Форма по МДС 81-35.2004'!J771:J797,\"Г\",'Форма по МДС 81-35.2004'!E771:E797,'Форма по МДС 81-35.2004'!G771:G797,0),16777275)","v":13.394159999999999},{"$f":"ROUND(СУММПРОИЗВЕСЛИ(1,'Форма по МДС 81-35.2004'!J771:J797,\"IsMash\",'Форма по МДС 81-35.2004'!E771:E797,'Форма по МДС 81-35.2004'!G771:G797,0),16777275)","v":16.867439999999998},{"$f":"ROUND(СУММПРОИЗВЕСЛИ(1,'Форма по МДС 81-35.2004'!J771:J797,\"Ж\",'Форма по МДС 81-35.2004'!E771:E797,'Форма по МДС 81-35.2004'!G771:G797,0),16777275)","v":0},{"$f":"ROUND(СУММПРОИЗВЕСЛИ(1,'Форма по МДС 81-35.2004'!J771:J797,\"IsMater\",'Форма по МДС 81-35.2004'!E771:E797,'Форма по МДС 81-35.2004'!G771:G797,0),16777275)","v":43666.259156},0,0,{"$f":"ОКРУГЛВСЕ(SUMIF('Форма по МДС 81-35.2004'!J771:J797,\"Г\",'Форма по МДС 81-35.2004'!E771:E797),8)","v":0.108},0,{"$f":"ОКРУГЛВСЕ(SUMIF('Форма по МДС 81-35.2004'!J771:J797,\"Ж\",'Форма по МДС 81-35.2004'!E771:E797),8)","v":0},0,0,5112.4928399999999,3904.7210272000002,0,0,0,0,0,0,0,null,0,0,0,0,0,0,0,0]
[{"$f":"'Форма по МДС 81-35.2004'!A798","v":"37."},{"$f":"'Форма по МДС 81-35.2004'!G798","v":14794.7},{"$f":"ROUND(СУММПРОИЗВЕСЛИ(1,'Форма по МДС 81-35.2004'!J798:J822,\"Г\",'Форма по МДС 81-35.2004'!E798:E822,'Форма по МДС 81-35.2004'!G798:G822,0),16777275)","v":0},{"$f":"ROUND(СУММПРОИЗВЕСЛИ(1,'Форма по МДС 81-35.2004'!J798:J822,\"IsMash\",'Форма по МДС 81-35.2004'!E798:E822,'Форма по МДС 81-35.2004'!G798:G822,0),16777275)","v":357.66719999999998},{"$f":"ROUND(СУММПРОИЗВЕСЛИ(1,'Форма по МДС 81-35.2004'!J798:J822,\"Ж\",'Форма по МДС 81-35.2004'!E798:E822,'Форма по МДС 81-35.2004'!G798:G822,0),16777275)","v":0},{"$f":"ROUND(СУММПРОИЗВЕСЛИ(1,'Форма по МДС 81-35.2004'!J798:J822,\"IsMater\",'Форма по МДС 81-35.2004'!E798:E822,'Форма по МДС 81-35.2004'!G798:G822,0),16777275)","v":14437.0362},0,0,{"$f":"ОКРУГЛВСЕ(SUMIF('Форма по МДС 81-35.2004'!J798:J822,\"Г\",'Форма по МДС 81-35.2004'!E798:E822),8)","v":0},0,{"$f":"ОКРУГЛВСЕ(SUMIF('Форма по МДС 81-35.2004'!J798:J822,\"Ж\",'Форма по МДС 81-35.2004'!E798:E822),8)","v":0.79200000000000004},0,0,1730.9799,1322.054392,0,0,0,0,0,0,0,null,0,0,0,0,0,0,0,0]
[{"$f":"'Форма по МДС 81-35.2004'!A823","v":"38."},{"$f":"'Форма по МДС 81-35.2004'!G823","v":381949.9},{"$f":"ROUND(СУММПРОИЗВЕСЛИ(1,'Форма по МДС 81-35.2004'!J823:J862,\"Г\",'Форма по МДС 81-35.2004'!E823:E862,'Форма по МДС 81-35.2004'!G823:G862,0),16777275)","v":5699.9592000000002},{"$f":"ROUND(СУММПРОИЗВЕСЛИ(1,'Форма по МДС 81-35.2004'!J823:J862,\"IsMash\",'Форма по МДС 81-35.2004'!E823:E862,'Форма по МДС 81-35.2004'!G823:G862,0),16777275)","v":19263.537120000001},{"$f":"ROUND(СУММПРОИЗВЕСЛИ(1,'Форма по МДС 81-35.2004'!J823:J862,\"Ж\",'Форма по МДС 81-35.2004'!E823:E862,'Форма по МДС 81-35.2004'!G823:G862,0),16777275)","v":3999.9998879999998},{"$f":"ROUND(СУММПРОИЗВЕСЛИ(1,'Форма по МДС 81-35.2004'!J823:J862,\"IsMater\",'Форма по МДС 81-35.2004'!E823:E862,'Форма по МДС 81-35.2004'!G823:G862,0),16777275)","v":356986.40130799997},0,0,{"$f":"ОКРУГЛВСЕ(SUMIF('Форма по МДС 81-35.2004'!J823:J862,\"Г\",'Форма по МДС 81-35.2004'!E823:E862),8)","v":45.96},0,{"$f":"ОКРУГЛВСЕ(SUMIF('Форма по МДС 81-35.2004'!J823:J862,\"Ж\",'Форма по МДС 81-35.2004'!E823:E862),8)","v":22.896000000000001},0,0,44688.138299999999,34131.043063999998,0,0,0,0,0,0,0,null,0,0,0,0,0,0,0,0]
[{"$f":"'Форма по МДС 81-35.2004'!A863","v":"39."},{"$f":"'Форма по МДС 81-35.2004'!G863","v":44656.29},{"$f":"ROUND(СУММПРОИЗВЕСЛИ(1,'Форма по МДС 81-35.2004'!J863:J889,\"Г\",'Форма по МДС 81-35.2004'!E863:E889,'Форма по МДС 81-35.2004'!G863:G889,0),16777275)","v":13.394159999999999},{"$f":"ROUND(СУММПРОИЗВЕСЛИ(1,'Форма по МДС 81-35.2004'!J863:J889,\"IsMash\",'Форма по МДС 81-35.2004'!E863:E889,'Форма по МДС 81-35.2004'!G863:G889,0),16777275)","v":16.867439999999998},{"$f":"ROUND(СУММПРОИЗВЕСЛИ(1,'Форма по МДС 81-35.2004'!J863:J889,\"Ж\",'Форма по МДС 81-35.2004'!E863:E889,'Форма по МДС 81-35.2004'!G863:G889,0),16777275)","v":0},{"$f":"ROUND(СУММПРОИЗВЕСЛИ(1,'Форма по МДС 81-35.2004'!J863:J889,\"IsMater\",'Форма по МДС 81-35.2004'!E863:E889,'Форма по МДС 81-35.2004'!G863:G889,0),16777275)","v":44626.031155999997},0,0,{"$f":"ОКРУГЛВСЕ(SUMIF('Форма по МДС 81-35.2004'!J863:J889,\"Г\",'Форма по МДС 81-35.2004'!E863:E889),8)","v":0.108},0,{"$f":"ОКРУГЛВСЕ(SUMIF('Форма по МДС 81-35.2004'!J863:J889,\"Ж\",'Форма по МДС 81-35.2004'!E863:E889),8)","v":0},0,0,5224.78593,3990.4860743999998,0,0,0,0,0,0,0,null,0,0,0,0,0,0,0,0]
[{"$f":"'Форма по МДС 81-35.2004'!A890","v":"40."},{"$f":"'Форма по МДС 81-35.2004'!G890","v":14794.7},{"$f":"ROUND(СУММПРОИЗВЕСЛИ(1,'Форма по МДС 81-35.2004'!J890:J914,\"Г\",'Форма по МДС 81-35.2004'!E890:E914,'Форма по МДС 81-35.2004'!G890:G914,0),16777275)","v":0},{"$f":"ROUND(СУММПРОИЗВЕСЛИ(1,'Форма по МДС 81-35.2004'!J890:J914,\"IsMash\",'Форма по МДС 81-35.2004'!E890:E914,'Форма по МДС 81-35.2004'!G890:G914,0),16777275)","v":357.66719999999998},{"$f":"ROUND(СУММПРОИЗВЕСЛИ(1,'Форма по МДС 81-35.2004'!J890:J914,\"Ж\",'Форма по МДС 81-35.2004'!E890:E914,'Форма по МДС 81-35.2004'!G890:G914,0),16777275)","v":0},{"$f":"ROUND(СУММПРОИЗВЕСЛИ(1,'Форма по МДС 81-35.2004'!J890:J914,\"IsMater\",'Форма по МДС 81-35.2004'!E890:E914,'Форма по МДС 81-35.2004'!G890:G914,0),16777275)","v":14437.0362},0,0,{"$f":"ОКРУГЛВСЕ(SUMIF('Форма по МДС 81-35.2004'!J890:J914,\"Г\",'Форма по МДС 81-35.2004'!E890:E914),8)","v":0},0,{"$f":"ОКРУГЛВСЕ(SUMIF('Форма по МДС 81-35.2004'!J890:J914,\"Ж\",'Форма по МДС 81-35.2004'!E890:E914),8)","v":0.79200000000000004},0,0,1730.9799,1322.054392,0,0,0,0,0,0,0,null,0,0,0,0,0,0,0,0]
[{"$f":"'Форма по МДС 81-35.2004'!A915","v":"41."},{"$f":"'Форма по МДС 81-35.2004'!G915","v":358614.24},{"$f":"ROUND(СУММПРОИЗВЕСЛИ(1,'Форма по МДС 81-35.2004'!J915:J954,\"Г\",'Форма по МДС 81-35.2004'!E915:E954,'Форма по МДС 81-35.2004'!G915:G954,0),16777275)","v":5699.9592000000002},{"$f":"ROUND(СУММПРОИЗВЕСЛИ(1,'Форма по МДС 81-35.2004'!J915:J954,\"IsMash\",'Форма по МДС 81-35.2004'!E915:E954,'Форма по МДС 81-35.2004'!G915:G954,0),16777275)","v":19263.537120000001},{"$f":"ROUND(СУММПРОИЗВЕСЛИ(1,'Форма по МДС 81-35.2004'!J915:J954,\"Ж\",'Форма по МДС 81-35.2004'!E915:E954,'Форма по МДС 81-35.2004'!G915:G954,0),16777275)","v":3999.9998879999998},{"$f":"ROUND(СУММПРОИЗВЕСЛИ(1,'Форма по МДС 81-35.2004'!J915:J954,\"IsMater\",'Форма по МДС 81-35.2004'!E915:E954,'Форма по МДС 81-35.2004'!G915:G954,0),16777275)","v":333650.73930800002},0,0,{"$f":"ОКРУГЛВСЕ(SUMIF('Форма по МДС 81-35.2004'!J915:J954,\"Г\",'Форма по МДС 81-35.2004'!E915:E954),8)","v":45.96},0,{"$f":"ОКРУГЛВСЕ(SUMIF('Форма по МДС 81-35.2004'!J915:J954,\"Ж\",'Форма по МДС 81-35.2004'!E915:E954),8)","v":22.896000000000001},0,0,41957.86608,32045.7684864,0,0,0,0,0,0,0,null,0,0,0,0,0,0,0,0]
[{"$f":"'Форма по МДС 81-35.2004'!A955","v":"42."},{"$f":"'Форма по МДС 81-35.2004'!G955","v":41733.300000000003},{"$f":"ROUND(СУММПРОИЗВЕСЛИ(1,'Форма по МДС 81-35.2004'!J955:J981,\"Г\",'Форма по МДС 81-35.2004'!E955:E981,'Форма по МДС 81-35.2004'!G955:G981,0),16777275)","v":13.394159999999999},{"$f":"ROUND(СУММПРОИЗВЕСЛИ(1,'Форма по МДС 81-35.2004'!J955:J981,\"IsMash\",'Форма по МДС 81-35.2004'!E955:E981,'Форма по МДС 81-35.2004'!G955:G981,0),16777275)","v":16.867439999999998},{"$f":"ROUND(СУММПРОИЗВЕСЛИ(1,'Форма по МДС 81-35.2004'!J955:J981,\"Ж\",'Форма по МДС 81-35.2004'!E955:E981,'Форма по МДС 81-35.2004'!G955:G981,0),16777275)","v":0},{"$f":"ROUND(СУММПРОИЗВЕСЛИ(1,'Форма по МДС 81-35.2004'!J955:J981,\"IsMater\",'Форма по МДС 81-35.2004'!E955:E981,'Форма по МДС 81-35.2004'!G955:G981,0),16777275)","v":41703.034156000002},0,0,{"$f":"ОКРУГЛВСЕ(SUMIF('Форма по МДС 81-35.2004'!J955:J981,\"Г\",'Форма по МДС 81-35.2004'!E955:E981),8)","v":0.108},0,{"$f":"ОКРУГЛВСЕ(SUMIF('Форма по МДС 81-35.2004'!J955:J981,\"Ж\",'Форма по МДС 81-35.2004'!E955:E981),8)","v":0},0,0,4882.7960999999996,3729.2876879999999,0,0,0,0,0,0,0,null,0,0,0,0,0,0,0,0]
[{"$f":"'Форма по МДС 81-35.2004'!A982","v":"43."},{"$f":"'Форма по МДС 81-35.2004'!G982","v":75624.14},{"$f":"ROUND(СУММПРОИЗВЕСЛИ(1,'Форма по МДС 81-35.2004'!J982:J1012,\"Г\",'Форма по МДС 81-35.2004'!E982:E1012,'Форма по МДС 81-35.2004'!G982:G1012,0),16777275)","v":3980.3036000000002},{"$f":"ROUND(СУММПРОИЗВЕСЛИ(1,'Форма по МДС 81-35.2004'!J982:J1012,\"IsMash\",'Форма по МДС 81-35.2004'!E982:E1012,'Форма по МДС 81-35.2004'!G982:G1012,0),16777275)","v":28991.537400000001},{"$f":"ROUND(СУММПРОИЗВЕСЛИ(1,'Форма по МДС 81-35.2004'!J982:J1012,\"Ж\",'Форма по МДС 81-35.2004'!E982:E1012,'Форма по МДС 81-35.2004'!G982:G1012,0),16777275)","v":3299.9954400000001},{"$f":"ROUND(СУММПРОИЗВЕСЛИ(1,'Форма по МДС 81-35.2004'!J982:J1012,\"IsMater\",'Форма по МДС 81-35.2004'!E982:E1012,'Форма по МДС 81-35.2004'!G982:G1012,0),16777275)","v":42652.30128},0,0,{"$f":"ОКРУГЛВСЕ(SUMIF('Форма по МДС 81-35.2004'!J982:J1012,\"Г\",'Форма по МДС 81-35.2004'!E982:E1012),8)","v":36.119999999999997},0,{"$f":"ОКРУГЛВСЕ(SUMIF('Форма по МДС 81-35.2004'!J982:J1012,\"Ж\",'Форма по МДС 81-35.2004'!E982:E1012),8)","v":18.059999999999999},0,0,8848.0243800000007,6757.7731504000003,0,0,0,0,0,0,0,null,0,0,0,0,0,0,0,0]
[{"$f":"'Форма по МДС 81-35.2004'!A1013","v":"44."},{"$f":"'Форма по МДС 81-35.2004'!G1013","v":76552.19},{"$f":"ROUND(СУММПРОИЗВЕСЛИ(1,'Форма по МДС 81-35.2004'!J1013:J1043,\"Г\",'Форма по МДС 81-35.2004'!E1013:E1043,'Форма по МДС 81-35.2004'!G1013:G1043,0),16777275)","v":3980.3036000000002},{"$f":"ROUND(СУММПРОИЗВЕСЛИ(1,'Форма по МДС 81-35.2004'!J1013:J1043,\"IsMash\",'Форма по МДС 81-35.2004'!E1013:E1043,'Форма по МДС 81-35.2004'!G1013:G1043,0),16777275)","v":28991.537400000001},{"$f":"ROUND(СУММПРОИЗВЕСЛИ(1,'Форма по МДС 81-35.2004'!J1013:J1043,\"Ж\",'Форма по МДС 81-35.2004'!E1013:E1043,'Форма по МДС 81-35.2004'!G1013:G1043,0),16777275)","v":3299.9954400000001},{"$f":"ROUND(СУММПРОИЗВЕСЛИ(1,'Форма по МДС 81-35.2004'!J1013:J1043,\"IsMater\",'Форма по МДС 81-35.2004'!E1013:E1043,'Форма по МДС 81-35.2004'!G1013:G1043,0),16777275)","v":43580.345280000001},0,0,{"$f":"ОКРУГЛВСЕ(SUMIF('Форма по МДС 81-35.2004'!J1013:J1043,\"Г\",'Форма по МДС 81-35.2004'!E1013:E1043),8)","v":36.119999999999997},0,{"$f":"ОКРУГЛВСЕ(SUMIF('Форма по МДС 81-35.2004'!J1013:J1043,\"Ж\",'Форма по МДС 81-35.2004'!E1013:E1043),8)","v":18.059999999999999},0,0,8956.6062299999994,6840.7036983999997,0,0,0,0,0,0,0,null,0,0,0,0,0,0,0,0]
[{"$f":"'Форма по МДС 81-35.2004'!A1044","v":"45."},{"$f":"'Форма по МДС 81-35.2004'!G1044","v":73725.820000000007},{"$f":"ROUND(СУММПРОИЗВЕСЛИ(1,'Форма по МДС 81-35.2004'!J1044:J1074,\"Г\",'Форма по МДС 81-35.2004'!E1044:E1074,'Форма по МДС 81-35.2004'!G1044:G1074,0),16777275)","v":3980.3036000000002},{"$f":"ROUND(СУММПРОИЗВЕСЛИ(1,'Форма по МДС 81-35.2004'!J1044:J1074,\"IsMash\",'Форма по МДС 81-35.2004'!E1044:E1074,'Форма по МДС 81-35.2004'!G1044:G1074,0),16777275)","v":28991.537400000001},{"$f":"ROUND(СУММПРОИЗВЕСЛИ(1,'Форма по МДС 81-35.2004'!J1044:J1074,\"Ж\",'Форма по МДС 81-35.2004'!E1044:E1074,'Форма по МДС 81-35.2004'!G1044:G1074,0),16777275)","v":3299.9954400000001},{"$f":"ROUND(СУММПРОИЗВЕСЛИ(1,'Форма по МДС 81-35.2004'!J1044:J1074,\"IsMater\",'Форма по МДС 81-35.2004'!E1044:E1074,'Форма по МДС 81-35.2004'!G1044:G1074,0),16777275)","v":40753.976280000003},0,0,{"$f":"ОКРУГЛВСЕ(SUMIF('Форма по МДС 81-35.2004'!J1044:J1074,\"Г\",'Форма по МДС 81-35.2004'!E1044:E1074),8)","v":36.119999999999997},0,{"$f":"ОКРУГЛВСЕ(SUMIF('Форма по МДС 81-35.2004'!J1044:J1074,\"Ж\",'Форма по МДС 81-35.2004'!E1044:E1074),8)","v":18.059999999999999},0,0,8625.92094,6588.1392752000002,0,0,0,0,0,0,0,null,0,0,0,0,0,0,0,0]
[{"$f":"'Форма по МДС 81-35.2004'!A1075","v":"46."},{"$f":"'Форма по МДС 81-35.2004'!G1075","v":1160.04},{"$f":"ROUND(СУММПРОИЗВЕСЛИ(1,'Форма по МДС 81-35.2004'!J1075:J1106,\"Г\",'Форма по МДС 81-35.2004'!E1075:E1106,'Форма по МДС 81-35.2004'!G1075:G1106,0),16777275)","v":34.011119999999998},{"$f":"ROUND(СУММПРОИЗВЕСЛИ(1,'Форма по МДС 81-35.2004'!J1075:J1106,\"IsMash\",'Форма по МДС 81-35.2004'!E1075:E1106,'Форма по МДС 81-35.2004'!G1075:G1106,0),16777275)","v":1125.1965600000001},{"$f":"ROUND(СУММПРОИЗВЕСЛИ(1,'Форма по МДС 81-35.2004'!J1075:J1106,\"Ж\",'Форма по МДС 81-35.2004'!E1075:E1106,'Форма по МДС 81-35.2004'!G1075:G1106,0),16777275)","v":99.999899999999997},{"$f":"ROUND(СУММПРОИЗВЕСЛИ(1,'Форма по МДС 81-35.2004'!J1075:J1106,\"IsMater\",'Форма по МДС 81-35.2004'!E1075:E1106,'Форма по МДС 81-35.2004'!G1075:G1106,0),16777275)","v":0.83545000000000003},0,0,{"$f":"ОКРУГЛВСЕ(SUMIF('Форма по МДС 81-35.2004'!J1075:J1106,\"Г\",'Форма по МДС 81-35.2004'!E1075:E1106),8)","v":0.312},0,{"$f":"ОКРУГЛВСЕ(SUMIF('Форма по МДС 81-35.2004'!J1075:J1106,\"Ж\",'Форма по МДС 81-35.2004'!E1075:E1106),8)","v":0.66},0,0,135.72468000000001,103.66117439999999,0,0,0,0,0,0,0,null,0,0,0,0,0,0,0,0]
[{"$f":"'Форма по МДС 81-35.2004'!A1107","v":"47."},{"$f":"'Форма по МДС 81-35.2004'!G1107","v":2903.65},{"$f":"ROUND(СУММПРОИЗВЕСЛИ(1,'Форма по МДС 81-35.2004'!J1107:J1131,\"Г\",'Форма по МДС 81-35.2004'!E1107:E1131,'Форма по МДС 81-35.2004'!G1107:G1131,0),16777275)","v":525.50400000000002},{"$f":"ROUND(СУММПРОИЗВЕСЛИ(1,'Форма по МДС 81-35.2004'!J1107:J1131,\"IsMash\",'Форма по МДС 81-35.2004'!E1107:E1131,'Форма по МДС 81-35.2004'!G1107:G1131,0),16777275)","v":884.31960000000004},{"$f":"ROUND(СУММПРОИЗВЕСЛИ(1,'Форма по МДС 81-35.2004'!J1107:J1131,\"Ж\",'Форма по МДС 81-35.2004'!E1107:E1131,'Форма по МДС 81-35.2004'!G1107:G1131,0),16777275)","v":153.33354},{"$f":"ROUND(СУММПРОИЗВЕСЛИ(1,'Форма по МДС 81-35.2004'!J1107:J1131,\"IsMater\",'Форма по МДС 81-35.2004'!E1107:E1131,'Форма по МДС 81-35.2004'!G1107:G1131,0),16777275)","v":1493.829894},0,0,{"$f":"ОКРУГЛВСЕ(SUMIF('Форма по МДС 81-35.2004'!J1107:J1131,\"Г\",'Форма по МДС 81-35.2004'!E1107:E1131),8)","v":5.0999999999999996},0,{"$f":"ОКРУГЛВСЕ(SUMIF('Форма по МДС 81-35.2004'!J1107:J1131,\"Ж\",'Форма по МДС 81-35.2004'!E1107:E1131),8)","v":1.02},0,0,339.72705000000002,259.47016400000001,0,0,0,0,0,0,0,null,0,0,0,0,0,0,0,0]
[{"$f":"'Форма по МДС 81-35.2004'!A1132","v":"48."},{"$f":"'Форма по МДС 81-35.2004'!G1132","v":59.05},{"$f":"ROUND(СУММПРОИЗВЕСЛИ(1,'Форма по МДС 81-35.2004'!J1132:J1150,\"Г\",'Форма по МДС 81-35.2004'!E1132:E1150,'Форма по МДС 81-35.2004'!G1132:G1150,0),16777275)","v":16.091200000000001},{"$f":"ROUND(СУММПРОИЗВЕСЛИ(1,'Форма по МДС 81-35.2004'!J1132:J1150,\"IsMash\",'Форма по МДС 81-35.2004'!E1132:E1150,'Форма по МДС 81-35.2004'!G1132:G1150,0),16777275)","v":0},{"$f":"ROUND(СУММПРОИЗВЕСЛИ(1,'Форма по МДС 81-35.2004'!J1132:J1150,\"Ж\",'Форма по МДС 81-35.2004'!E1132:E1150,'Форма по МДС 81-35.2004'!G1132:G1150,0),16777275)","v":0},{"$f":"ROUND(СУММПРОИЗВЕСЛИ(1,'Форма по МДС 81-35.2004'!J1132:J1150,\"IsMater\",'Форма по МДС 81-35.2004'!E1132:E1150,'Форма по МДС 81-35.2004'!G1132:G1150,0),16777275)","v":42.95628},0,0,{"$f":"ОКРУГЛВСЕ(SUMIF('Форма по МДС 81-35.2004'!J1132:J1150,\"Г\",'Форма по МДС 81-35.2004'!E1132:E1150),8)","v":0.16},0,{"$f":"ОКРУГЛВСЕ(SUMIF('Форма по МДС 81-35.2004'!J1132:J1150,\"Ж\",'Форма по МДС 81-35.2004'!E1132:E1150),8)","v":0},0,0,6.9088500000000002,5.2767080000000002,0,0,0,0,0,0,0,null,0,0,0,0,0,0,0,0]
[{"$f":"'Форма по МДС 81-35.2004'!A1151","v":"49."},{"$f":"'Форма по МДС 81-35.2004'!G1151","v":15639.05},{"$f":"ROUND(СУММПРОИЗВЕСЛИ(1,'Форма по МДС 81-35.2004'!J1151:J1175,\"Г\",'Форма по МДС 81-35.2004'!E1151:E1175,'Форма по МДС 81-35.2004'!G1151:G1175,0),16777275)","v":2084.0340000000001},{"$f":"ROUND(СУММПРОИЗВЕСЛИ(1,'Форма по МДС 81-35.2004'!J1151:J1175,\"IsMash\",'Форма по МДС 81-35.2004'!E1151:E1175,'Форма по МДС 81-35.2004'!G1151:G1175,0),16777275)","v":6524.9838},{"$f":"ROUND(СУММПРОИЗВЕСЛИ(1,'Форма по МДС 81-35.2004'!J1151:J1175,\"Ж\",'Форма по МДС 81-35.2004'!E1151:E1175,'Форма по МДС 81-35.2004'!G1151:G1175,0),16777275)","v":1650.00468},{"$f":"ROUND(СУММПРОИЗВЕСЛИ(1,'Форма по МДС 81-35.2004'!J1151:J1175,\"IsMater\",'Форма по МДС 81-35.2004'!E1151:E1175,'Форма по МДС 81-35.2004'!G1151:G1175,0),16777275)","v":7030.0324000000001},0,0,{"$f":"ОКРУГЛВСЕ(SUMIF('Форма по МДС 81-35.2004'!J1151:J1175,\"Г\",'Форма по МДС 81-35.2004'!E1151:E1175),8)","v":18.18},0,{"$f":"ОКРУГЛВСЕ(SUMIF('Форма по МДС 81-35.2004'!J1151:J1175,\"Ж\",'Форма по МДС 81-35.2004'!E1151:E1175),8)","v":12.12},0,0,1829.7688499999999,1397.505508,0,0,0,0,0,0,0,null,0,0,0,0,0,0,0,0]
[{"$f":"'Форма по МДС 81-35.2004'!A1178","v":"50."},{"$f":"'Форма по МДС 81-35.2004'!G1178","v":542.84},{"$f":"ROUND(СУММПРОИЗВЕСЛИ(1,'Форма по МДС 81-35.2004'!J1178:J1197,\"Г\",'Форма по МДС 81-35.2004'!E1178:E1197,'Форма по МДС 81-35.2004'!G1178:G1197,0),16777275)","v":321.82400000000001},{"$f":"ROUND(СУММПРОИЗВЕСЛИ(1,'Форма по МДС 81-35.2004'!J1178:J1197,\"IsMash\",'Форма по МДС 81-35.2004'!E1178:E1197,'Форма по МДС 81-35.2004'!G1178:G1197,0),16777275)","v":221.02},{"$f":"ROUND(СУММПРОИЗВЕСЛИ(1,'Форма по МДС 81-35.2004'!J1178:J1197,\"Ж\",'Форма по МДС 81-35.2004'!E1178:E1197,'Форма по МДС 81-35.2004'!G1178:G1197,0),16777275)","v":60},{"$f":"ROUND(СУММПРОИЗВЕСЛИ(1,'Форма по МДС 81-35.2004'!J1178:J1197,\"IsMater\",'Форма по МДС 81-35.2004'!E1178:E1197,'Форма по МДС 81-35.2004'!G1178:G1197,0),16777275)","v":0},0,0,{"$f":"ОКРУГЛВСЕ(SUMIF('Форма по МДС 81-35.2004'!J1178:J1197,\"Г\",'Форма по МДС 81-35.2004'!E1178:E1197),8)","v":3.2},0,{"$f":"ОКРУГЛВСЕ(SUMIF('Форма по МДС 81-35.2004'!J1178:J1197,\"Ж\",'Форма по МДС 81-35.2004'!E1178:E1197),8)","v":0.4},0,0,63.512279999999997,48.508182400000003,0,0,0,0,0,0,0,null,0,0,0,0,0,0,0,0]
[{"$f":"'Форма по МДС 81-35.2004'!A1198","v":"51."},{"$f":"'Форма по МДС 81-35.2004'!G1198","v":11360.19},{"$f":"ROUND(СУММПРОИЗВЕСЛИ(1,'Форма по МДС 81-35.2004'!J1198:J1222,\"Г\",'Форма по МДС 81-35.2004'!E1198:E1222,'Форма по МДС 81-35.2004'!G1198:G1222,0),16777275)","v":4336.5060000000003},{"$f":"ROUND(СУММПРОИЗВЕСЛИ(1,'Форма по МДС 81-35.2004'!J1198:J1222,\"IsMash\",'Форма по МДС 81-35.2004'!E1198:E1222,'Форма по МДС 81-35.2004'!G1198:G1222,0),16777275)","v":5691.2650000000003},{"$f":"ROUND(СУММПРОИЗВЕСЛИ(1,'Форма по МДС 81-35.2004'!J1198:J1222,\"Ж\",'Форма по МДС 81-35.2004'!E1198:E1222,'Форма по МДС 81-35.2004'!G1198:G1222,0),16777275)","v":1529.4160999999999},{"$f":"ROUND(СУММПРОИЗВЕСЛИ(1,'Форма по МДС 81-35.2004'!J1198:J1222,\"IsMater\",'Форма по МДС 81-35.2004'!E1198:E1222,'Форма по МДС 81-35.2004'!G1198:G1222,0),16777275)","v":1332.42119},0,0,{"$f":"ОКРУГЛВСЕ(SUMIF('Форма по МДС 81-35.2004'!J1198:J1222,\"Г\",'Форма по МДС 81-35.2004'!E1198:E1222),8)","v":41.2},0,{"$f":"ОКРУГЛВСЕ(SUMIF('Форма по МДС 81-35.2004'!J1198:J1222,\"Ж\",'Форма по МДС 81-35.2004'!E1198:E1222),8)","v":10.3},0,0,1329.1422299999999,1015.1465784,0,0,0,0,0,0,0,null,0,0,0,0,0,0,0,0]
[{"$f":"'Форма по МДС 81-35.2004'!A1223","v":"52."},{"$f":"'Форма по МДС 81-35.2004'!G1223","v":3082.7},{"$f":"ROUND(СУММПРОИЗВЕСЛИ(1,'Форма по МДС 81-35.2004'!J1223:J1246,\"Г\",'Форма по МДС 81-35.2004'!E1223:E1246,'Форма по МДС 81-35.2004'!G1223:G1246,0),16777275)","v":1284.1110000000001},{"$f":"ROUND(СУММПРОИЗВЕСЛИ(1,'Форма по МДС 81-35.2004'!J1223:J1246,\"IsMash\",'Форма по МДС 81-35.2004'!E1223:E1246,'Форма по МДС 81-35.2004'!G1223:G1246,0),16777275)","v":1685.2774999999999},{"$f":"ROUND(СУММПРОИЗВЕСЛИ(1,'Форма по МДС 81-35.2004'!J1223:J1246,\"Ж\",'Форма по МДС 81-35.2004'!E1223:E1246,'Форма по МДС 81-35.2004'!G1223:G1246,0),16777275)","v":499.99869999999999},{"$f":"ROUND(СУММПРОИЗВЕСЛИ(1,'Форма по МДС 81-35.2004'!J1223:J1246,\"IsMater\",'Форма по МДС 81-35.2004'!E1223:E1246,'Форма по МДС 81-35.2004'!G1223:G1246,0),16777275)","v":113.3155481},0,0,{"$f":"ОКРУГЛВСЕ(SUMIF('Форма по МДС 81-35.2004'!J1223:J1246,\"Г\",'Форма по МДС 81-35.2004'!E1223:E1246),8)","v":12.2},0,{"$f":"ОКРУГЛВСЕ(SUMIF('Форма по МДС 81-35.2004'!J1223:J1246,\"Ж\",'Форма по МДС 81-35.2004'!E1223:E1246),8)","v":3.05},0,0,360.67590000000001,275.47007200000002,0,0,0,0,0,0,0,null,0,0,0,0,0,0,0,0]
[{"$f":"'Форма по МДС 81-35.2004'!A1247","v":"53."},{"$f":"'Форма по МДС 81-35.2004'!G1247","v":857.66},{"$f":"ROUND(СУММПРОИЗВЕСЛИ(1,'Форма по МДС 81-35.2004'!J1247:J1266,\"Г\",'Форма по МДС 81-35.2004'!E1247:E1266,'Форма по МДС 81-35.2004'!G1247:G1266,0),16777275)","v":537.72850000000005},{"$f":"ROUND(СУММПРОИЗВЕСЛИ(1,'Форма по МДС 81-35.2004'!J1247:J1266,\"IsMash\",'Форма по МДС 81-35.2004'!E1247:E1266,'Форма по МДС 81-35.2004'!G1247:G1266,0),16777275)","v":319.935},{"$f":"ROUND(СУММПРОИЗВЕСЛИ(1,'Форма по МДС 81-35.2004'!J1247:J1266,\"Ж\",'Форма по МДС 81-35.2004'!E1247:E1266,'Форма по МДС 81-35.2004'!G1247:G1266,0),16777275)","v":0},{"$f":"ROUND(СУММПРОИЗВЕСЛИ(1,'Форма по МДС 81-35.2004'!J1247:J1266,\"IsMater\",'Форма по МДС 81-35.2004'!E1247:E1266,'Форма по МДС 81-35.2004'!G1247:G1266,0),16777275)","v":0},0,0,{"$f":"ОКРУГЛВСЕ(SUMIF('Форма по МДС 81-35.2004'!J1247:J1266,\"Г\",'Форма по МДС 81-35.2004'!E1247:E1266),8)","v":5.15},0,{"$f":"ОКРУГЛВСЕ(SUMIF('Форма по МДС 81-35.2004'!J1247:J1266,\"Ж\",'Форма по МДС 81-35.2004'!E1247:E1266),8)","v":0},0,0,100.34622,76.640497600000003,0,0,0,0,0,0,0,null,0,0,0,0,0,0,0,0]
[{"$f":"'Форма по МДС 81-35.2004'!A1267","v":"54."},{"$f":"'Форма по МДС 81-35.2004'!G1267","v":6632.19},{"$f":"ROUND(СУММПРОИЗВЕСЛИ(1,'Форма по МДС 81-35.2004'!J1267:J1292,\"Г\",'Форма по МДС 81-35.2004'!E1267:E1292,'Форма по МДС 81-35.2004'!G1267:G1292,0),16777275)","v":2089.3339999999998},{"$f":"ROUND(СУММПРОИЗВЕСЛИ(1,'Форма по МДС 81-35.2004'!J1267:J1292,\"IsMash\",'Форма по МДС 81-35.2004'!E1267:E1292,'Форма по МДС 81-35.2004'!G1267:G1292,0),16777275)","v":1801.3130000000001},{"$f":"ROUND(СУММПРОИЗВЕСЛИ(1,'Форма по МДС 81-35.2004'!J1267:J1292,\"Ж\",'Форма по МДС 81-35.2004'!E1267:E1292,'Форма по МДС 81-35.2004'!G1267:G1292,0),16777275)","v":492.95764000000003},{"$f":"ROUND(СУММПРОИЗВЕСЛИ(1,'Форма по МДС 81-35.2004'!J1267:J1292,\"IsMater\",'Форма по МДС 81-35.2004'!E1267:E1292,'Форма по МДС 81-35.2004'!G1267:G1292,0),16777275)","v":2741.5405500000002},0,0,{"$f":"ОКРУГЛВСЕ(SUMIF('Форма по МДС 81-35.2004'!J1267:J1292,\"Г\",'Форма по МДС 81-35.2004'!E1267:E1292),8)","v":19.559999999999999},0,{"$f":"ОКРУГЛВСЕ(SUMIF('Форма по МДС 81-35.2004'!J1267:J1292,\"Ж\",'Форма по МДС 81-35.2004'!E1267:E1292),8)","v":3.26},0,0,775.96623,592.65249840000001,0,0,0,0,0,0,0,null,0,0,0,0,0,0,0,0]
[{"$f":"'Форма по МДС 81-35.2004'!A1293","v":"55."},{"$f":"'Форма по МДС 81-35.2004'!G1293","v":540.9},{"$f":"ROUND(СУММПРОИЗВЕСЛИ(1,'Форма по МДС 81-35.2004'!J1293:J1314,\"Г\",'Форма по МДС 81-35.2004'!E1293:E1314,'Форма по МДС 81-35.2004'!G1293:G1314,0),16777275)","v":84.203999999999994},{"$f":"ROUND(СУММПРОИЗВЕСЛИ(1,'Форма по МДС 81-35.2004'!J1293:J1314,\"IsMash\",'Форма по МДС 81-35.2004'!E1293:E1314,'Форма по МДС 81-35.2004'!G1293:G1314,0),16777275)","v":110.51},{"$f":"ROUND(СУММПРОИЗВЕСЛИ(1,'Форма по МДС 81-35.2004'!J1293:J1314,\"Ж\",'Форма по МДС 81-35.2004'!E1293:E1314,'Форма по МДС 81-35.2004'!G1293:G1314,0),16777275)","v":30.434799999999999},{"$f":"ROUND(СУММПРОИЗВЕСЛИ(1,'Форма по МДС 81-35.2004'!J1293:J1314,\"IsMater\",'Форма по МДС 81-35.2004'!E1293:E1314,'Форма по МДС 81-35.2004'!G1293:G1314,0),16777275)","v":346.18290000000002},0,0,{"$f":"ОКРУГЛВСЕ(SUMIF('Форма по МДС 81-35.2004'!J1293:J1314,\"Г\",'Форма по МДС 81-35.2004'!E1293:E1314),8)","v":0.8},0,{"$f":"ОКРУГЛВСЕ(SUMIF('Форма по МДС 81-35.2004'!J1293:J1314,\"Ж\",'Форма по МДС 81-35.2004'!E1293:E1314),8)","v":0.2},0,0,63.285299999999999,48.334823999999998,0,0,0,0,0,0,0,null,0,0,0,0,0,0,0,0]
[{"$f":"'Форма по МДС 81-35.2004'!A1315","v":"56."},{"$f":"'Форма по МДС 81-35.2004'!G1315","v":654.38},{"$f":"ROUND(СУММПРОИЗВЕСЛИ(1,'Форма по МДС 81-35.2004'!J1315:J1338,\"Г\",'Форма по МДС 81-35.2004'!E1315:E1338,'Форма по МДС 81-35.2004'!G1315:G1338,0),16777275)","v":248.40180000000001},{"$f":"ROUND(СУММПРОИЗВЕСЛИ(1,'Форма по МДС 81-35.2004'!J1315:J1338,\"IsMash\",'Форма по МДС 81-35.2004'!E1315:E1338,'Форма по МДС 81-35.2004'!G1315:G1338,0),16777275)","v":326.00450000000001},{"$f":"ROUND(СУММПРОИЗВЕСЛИ(1,'Форма по МДС 81-35.2004'!J1315:J1338,\"Ж\",'Форма по МДС 81-35.2004'!E1315:E1338,'Форма по МДС 81-35.2004'!G1315:G1338,0),16777275)","v":88.043340000000001},{"$f":"ROUND(СУММПРОИЗВЕСЛИ(1,'Форма по МДС 81-35.2004'!J1315:J1338,\"IsMater\",'Форма по МДС 81-35.2004'!E1315:E1338,'Форма по МДС 81-35.2004'!G1315:G1338,0),16777275)","v":79.974675000000005},0,0,{"$f":"ОКРУГЛВСЕ(SUMIF('Форма по МДС 81-35.2004'!J1315:J1338,\"Г\",'Форма по МДС 81-35.2004'!E1315:E1338),8)","v":2.36},0,{"$f":"ОКРУГЛВСЕ(SUMIF('Форма по МДС 81-35.2004'!J1315:J1338,\"Ж\",'Форма по МДС 81-35.2004'!E1315:E1338),8)","v":0.59},0,0,76.562460000000002,58.475396799999999,0,0,0,0,0,0,0,null,0,0,0,0,0,0,0,0]
[{"$f":"'Форма по МДС 81-35.2004'!A1341","v":"57."},{"$f":"'Форма по МДС 81-35.2004'!G1341","v":12499.77},{"$f":"ROUND(СУММПРОИЗВЕСЛИ(1,'Форма по МДС 81-35.2004'!J1341:J1362,\"Г\",'Форма по МДС 81-35.2004'!E1341:E1362,'Форма по МДС 81-35.2004'!G1341:G1362,0),16777275)","v":1030.8425},{"$f":"ROUND(СУММПРОИЗВЕСЛИ(1,'Форма по МДС 81-35.2004'!J1341:J1362,\"IsMash\",'Форма по МДС 81-35.2004'!E1341:E1362,'Форма по МДС 81-35.2004'!G1341:G1362,0),16777275)","v":11452.735000000001},{"$f":"ROUND(СУММПРОИЗВЕСЛИ(1,'Форма по МДС 81-35.2004'!J1341:J1362,\"Ж\",'Форма по МДС 81-35.2004'!E1341:E1362,'Форма по МДС 81-35.2004'!G1341:G1362,0),16777275)","v":1800.0025000000001},{"$f":"ROUND(СУММПРОИЗВЕСЛИ(1,'Форма по МДС 81-35.2004'!J1341:J1362,\"IsMater\",'Форма по МДС 81-35.2004'!E1341:E1362,'Форма по МДС 81-35.2004'!G1341:G1362,0),16777275)","v":16.190000000000001},0,0,{"$f":"ОКРУГЛВСЕ(SUMIF('Форма по МДС 81-35.2004'!J1341:J1362,\"Г\",'Форма по МДС 81-35.2004'!E1341:E1362),8)","v":10.25},0,{"$f":"ОКРУГЛВСЕ(SUMIF('Форма по МДС 81-35.2004'!J1341:J1362,\"Ж\",'Форма по МДС 81-35.2004'!E1341:E1362),8)","v":10.25},0,0,1462.47309,1116.9794472000001,0,0,0,0,0,0,0,null,0,0,0,0,0,0,0,0]
[{"$f":"'Форма по МДС 81-35.2004'!A1363","v":"58."},{"$f":"'Форма по МДС 81-35.2004'!G1363","v":7905.27},{"$f":"ROUND(СУММПРОИЗВЕСЛИ(1,'Форма по МДС 81-35.2004'!J1363:J1385,\"Г\",'Форма по МДС 81-35.2004'!E1363:E1385,'Форма по МДС 81-35.2004'!G1363:G1385,0),16777275)","v":3035.5542},{"$f":"ROUND(СУММПРОИЗВЕСЛИ(1,'Форма по МДС 81-35.2004'!J1363:J1385,\"IsMash\",'Форма по МДС 81-35.2004'!E1363:E1385,'Форма по МДС 81-35.2004'!G1363:G1385,0),16777275)","v":3983.8854999999999},{"$f":"ROUND(СУММПРОИЗВЕСЛИ(1,'Форма по МДС 81-35.2004'!J1363:J1385,\"Ж\",'Форма по МДС 81-35.2004'!E1363:E1385,'Форма по МДС 81-35.2004'!G1363:G1385,0),16777275)","v":1105.2641599999999},{"$f":"ROUND(СУММПРОИЗВЕСЛИ(1,'Форма по МДС 81-35.2004'!J1363:J1385,\"IsMater\",'Форма по МДС 81-35.2004'!E1363:E1385,'Форма по МДС 81-35.2004'!G1363:G1385,0),16777275)","v":885.82560000000001},0,0,{"$f":"ОКРУГЛВСЕ(SUMIF('Форма по МДС 81-35.2004'!J1363:J1385,\"Г\",'Форма по МДС 81-35.2004'!E1363:E1385),8)","v":28.84},0,{"$f":"ОКРУГЛВСЕ(SUMIF('Форма по МДС 81-35.2004'!J1363:J1385,\"Ж\",'Форма по МДС 81-35.2004'!E1363:E1385),8)","v":7.21},0,0,924.91659000000004,706.41492719999997,0,0,0,0,0,0,0,null,0,0,0,0,0,0,0,0]
[{"$f":"'Форма по МДС 81-35.2004'!A1386","v":"59."},{"$f":"'Форма по МДС 81-35.2004'!G1386","v":296935.78999999998},{"$f":"ROUND(СУММПРОИЗВЕСЛИ(1,'Форма по МДС 81-35.2004'!J1386:J1414,\"Г\",'Форма по МДС 81-35.2004'!E1386:E1414,'Форма по МДС 81-35.2004'!G1386:G1414,0),16777275)","v":31547.028600000001},{"$f":"ROUND(СУММПРОИЗВЕСЛИ(1,'Форма по МДС 81-35.2004'!J1386:J1414,\"IsMash\",'Форма по МДС 81-35.2004'!E1386:E1414,'Форма по МДС 81-35.2004'!G1386:G1414,0),16777275)","v":41402.571499999998},{"$f":"ROUND(СУММПРОИЗВЕСЛИ(1,'Форма по МДС 81-35.2004'!J1386:J1414,\"Ж\",'Форма по МДС 81-35.2004'!E1386:E1414,'Форма по МДС 81-35.2004'!G1386:G1414,0),16777275)","v":11666.675929999999},{"$f":"ROUND(СУММПРОИЗВЕСЛИ(1,'Форма по МДС 81-35.2004'!J1386:J1414,\"IsMater\",'Форма по МДС 81-35.2004'!E1386:E1414,'Форма по МДС 81-35.2004'!G1386:G1414,0),16777275)","v":223986.19304000001},0,0,{"$f":"ОКРУГЛВСЕ(SUMIF('Форма по МДС 81-35.2004'!J1386:J1414,\"Г\",'Форма по МДС 81-35.2004'!E1386:E1414),8)","v":299.72000000000003},0,{"$f":"ОКРУГЛВСЕ(SUMIF('Форма по МДС 81-35.2004'!J1386:J1414,\"Ж\",'Форма по МДС 81-35.2004'!E1386:E1414),8)","v":74.930000000000007},0,0,34741.487430000001,26534.1821944,0,0,0,0,0,0,0,null,0,0,0,0,0,0,0,0]
[{"$f":"'Форма по МДС 81-35.2004'!A1415","v":"60."},{"$f":"'Форма по МДС 81-35.2004'!G1415","v":195749.79},{"$f":"ROUND(СУММПРОИЗВЕСЛИ(1,'Форма по МДС 81-35.2004'!J1415:J1442,\"Г\",'Форма по МДС 81-35.2004'!E1415:E1442,'Форма по МДС 81-35.2004'!G1415:G1442,0),16777275)","v":31547.028600000001},{"$f":"ROUND(СУММПРОИЗВЕСЛИ(1,'Форма по МДС 81-35.2004'!J1415:J1442,\"IsMash\",'Форма по МДС 81-35.2004'!E1415:E1442,'Форма по МДС 81-35.2004'!G1415:G1442,0),16777275)","v":41402.571499999998},{"$f":"ROUND(СУММПРОИЗВЕСЛИ(1,'Форма по МДС 81-35.2004'!J1415:J1442,\"Ж\",'Форма по МДС 81-35.2004'!E1415:E1442,'Форма по МДС 81-35.2004'!G1415:G1442,0),16777275)","v":11200.01189},{"$f":"ROUND(СУММПРОИЗВЕСЛИ(1,'Форма по МДС 81-35.2004'!J1415:J1442,\"IsMater\",'Форма по МДС 81-35.2004'!E1415:E1442,'Форма по МДС 81-35.2004'!G1415:G1442,0),16777275)","v":122800.19304},0,0,{"$f":"ОКРУГЛВСЕ(SUMIF('Форма по МДС 81-35.2004'!J1415:J1442,\"Г\",'Форма по МДС 81-35.2004'!E1415:E1442),8)","v":299.72000000000003},0,{"$f":"ОКРУГЛВСЕ(SUMIF('Форма по МДС 81-35.2004'!J1415:J1442,\"Ж\",'Форма по МДС 81-35.2004'!E1415:E1442),8)","v":74.930000000000007},0,0,22902.725429999999,17492.2012344,0,0,0,0,0,0,0,null,0,0,0,0,0,0,0,0]
[{"$f":"'Форма по МДС 81-35.2004'!A1443","v":"61."},{"$f":"'Форма по МДС 81-35.2004'!G1443","v":3220.93},{"$f":"ROUND(СУММПРОИЗВЕСЛИ(1,'Форма по МДС 81-35.2004'!J1443:J1460,\"Г\",'Форма по МДС 81-35.2004'!E1443:E1460,'Форма по МДС 81-35.2004'!G1443:G1460,0),16777275)","v":0},{"$f":"ROUND(СУММПРОИЗВЕСЛИ(1,'Форма по МДС 81-35.2004'!J1443:J1460,\"IsMash\",'Форма по МДС 81-35.2004'!E1443:E1460,'Форма по МДС 81-35.2004'!G1443:G1460,0),16777275)","v":0},{"$f":"ROUND(СУММПРОИЗВЕСЛИ(1,'Форма по МДС 81-35.2004'!J1443:J1460,\"Ж\",'Форма по МДС 81-35.2004'!E1443:E1460,'Форма по МДС 81-35.2004'!G1443:G1460,0),16777275)","v":0},{"$f":"ROUND(СУММПРОИЗВЕСЛИ(1,'Форма по МДС 81-35.2004'!J1443:J1460,\"IsMater\",'Форма по МДС 81-35.2004'!E1443:E1460,'Форма по МДС 81-35.2004'!G1443:G1460,0),16777275)","v":3220.93},0,0,{"$f":"ОКРУГЛВСЕ(SUMIF('Форма по МДС 81-35.2004'!J1443:J1460,\"Г\",'Форма по МДС 81-35.2004'!E1443:E1460),8)","v":0},0,{"$f":"ОКРУГЛВСЕ(SUMIF('Форма по МДС 81-35.2004'!J1443:J1460,\"Ж\",'Форма по МДС 81-35.2004'!E1443:E1460),8)","v":0},0,0,376.84881000000001,287.82230479999998,0,0,0,0,0,0,0,null,0,0,0,0,0,0,0,0]
[{"$f":"'Форма по МДС 81-35.2004'!A1461","v":"62."},{"$f":"'Форма по МДС 81-35.2004'!G1461","v":857.66},{"$f":"ROUND(СУММПРОИЗВЕСЛИ(1,'Форма по МДС 81-35.2004'!J1461:J1480,\"Г\",'Форма по МДС 81-35.2004'!E1461:E1480,'Форма по МДС 81-35.2004'!G1461:G1480,0),16777275)","v":537.72850000000005},{"$f":"ROUND(СУММПРОИЗВЕСЛИ(1,'Форма по МДС 81-35.2004'!J1461:J1480,\"IsMash\",'Форма по МДС 81-35.2004'!E1461:E1480,'Форма по МДС 81-35.2004'!G1461:G1480,0),16777275)","v":319.935},{"$f":"ROUND(СУММПРОИЗВЕСЛИ(1,'Форма по МДС 81-35.2004'!J1461:J1480,\"Ж\",'Форма по МДС 81-35.2004'!E1461:E1480,'Форма по МДС 81-35.2004'!G1461:G1480,0),16777275)","v":0},{"$f":"ROUND(СУММПРОИЗВЕСЛИ(1,'Форма по МДС 81-35.2004'!J1461:J1480,\"IsMater\",'Форма по МДС 81-35.2004'!E1461:E1480,'Форма по МДС 81-35.2004'!G1461:G1480,0),16777275)","v":0},0,0,{"$f":"ОКРУГЛВСЕ(SUMIF('Форма по МДС 81-35.2004'!J1461:J1480,\"Г\",'Форма по МДС 81-35.2004'!E1461:E1480),8)","v":5.15},0,{"$f":"ОКРУГЛВСЕ(SUMIF('Форма по МДС 81-35.2004'!J1461:J1480,\"Ж\",'Форма по МДС 81-35.2004'!E1461:E1480),8)","v":0},0,0,100.34622,76.640497600000003,0,0,0,0,0,0,0,null,0,0,0,0,0,0,0,0]
[{"$f":"'Форма по МДС 81-35.2004'!A1482","v":"63."},{"$f":"'Форма по МДС 81-35.2004'!G1482","v":9717.59},{"$f":"ROUND(СУММПРОИЗВЕСЛИ(1,'Форма по МДС 81-35.2004'!J1482:J1502,\"Г\",'Форма по МДС 81-35.2004'!E1482:E1502,'Форма по МДС 81-35.2004'!G1482:G1502,0),16777275)","v":801.54290000000003},{"$f":"ROUND(СУММПРОИЗВЕСЛИ(1,'Форма по МДС 81-35.2004'!J1482:J1502,\"IsMash\",'Форма по МДС 81-35.2004'!E1482:E1502,'Форма по МДС 81-35.2004'!G1482:G1502,0),16777275)","v":8905.1998000000003},{"$f":"ROUND(СУММПРОИЗВЕСЛИ(1,'Форма по МДС 81-35.2004'!J1482:J1502,\"Ж\",'Форма по МДС 81-35.2004'!E1482:E1502,'Форма по МДС 81-35.2004'!G1482:G1502,0),16777275)","v":1397.85033},{"$f":"ROUND(СУММПРОИЗВЕСЛИ(1,'Форма по МДС 81-35.2004'!J1482:J1502,\"IsMater\",'Форма по МДС 81-35.2004'!E1482:E1502,'Форма по МДС 81-35.2004'!G1482:G1502,0),16777275)","v":10.85},0,0,{"$f":"ОКРУГЛВСЕ(SUMIF('Форма по МДС 81-35.2004'!J1482:J1502,\"Г\",'Форма по МДС 81-35.2004'!E1482:E1502),8)","v":7.97},0,{"$f":"ОКРУГЛВСЕ(SUMIF('Форма по МДС 81-35.2004'!J1482:J1502,\"Ж\",'Форма по МДС 81-35.2004'!E1482:E1502),8)","v":7.97},0,0,1136.95803,868.36384239999995,0,0,0,0,0,0,0,null,0,0,0,0,0,0,0,0]
[{"$f":"'Форма по МДС 81-35.2004'!A1503","v":"64."},{"$f":"'Форма по МДС 81-35.2004'!G1503","v":12254.76},{"$f":"ROUND(СУММПРОИЗВЕСЛИ(1,'Форма по МДС 81-35.2004'!J1503:J1525,\"Г\",'Форма по МДС 81-35.2004'!E1503:E1525,'Форма по МДС 81-35.2004'!G1503:G1525,0),16777275)","v":4555.4363999999996},{"$f":"ROUND(СУММПРОИЗВЕСЛИ(1,'Форма по МДС 81-35.2004'!J1503:J1525,\"IsMash\",'Форма по МДС 81-35.2004'!E1503:E1525,'Форма по МДС 81-35.2004'!G1503:G1525,0),16777275)","v":5978.5910000000003},{"$f":"ROUND(СУММПРОИЗВЕСЛИ(1,'Форма по МДС 81-35.2004'!J1503:J1525,\"Ж\",'Форма по МДС 81-35.2004'!E1503:E1525,'Форма по МДС 81-35.2004'!G1503:G1525,0),16777275)","v":1538.46334},{"$f":"ROUND(СУММПРОИЗВЕСЛИ(1,'Форма по МДС 81-35.2004'!J1503:J1525,\"IsMater\",'Форма по МДС 81-35.2004'!E1503:E1525,'Форма по МДС 81-35.2004'!G1503:G1525,0),16777275)","v":1720.7275999999999},0,0,{"$f":"ОКРУГЛВСЕ(SUMIF('Форма по МДС 81-35.2004'!J1503:J1525,\"Г\",'Форма по МДС 81-35.2004'!E1503:E1525),8)","v":43.28},0,{"$f":"ОКРУГЛВСЕ(SUMIF('Форма по МДС 81-35.2004'!J1503:J1525,\"Ж\",'Форма по МДС 81-35.2004'!E1503:E1525),8)","v":10.82},0,0,1433.80692,1095.0853536,0,0,0,0,0,0,0,null,0,0,0,0,0,0,0,0]
[{"$f":"'Форма по МДС 81-35.2004'!A1526","v":"65."},{"$f":"'Форма по МДС 81-35.2004'!G1526","v":857.66},{"$f":"ROUND(СУММПРОИЗВЕСЛИ(1,'Форма по МДС 81-35.2004'!J1526:J1545,\"Г\",'Форма по МДС 81-35.2004'!E1526:E1545,'Форма по МДС 81-35.2004'!G1526:G1545,0),16777275)","v":537.72850000000005},{"$f":"ROUND(СУММПРОИЗВЕСЛИ(1,'Форма по МДС 81-35.2004'!J1526:J1545,\"IsMash\",'Форма по МДС 81-35.2004'!E1526:E1545,'Форма по МДС 81-35.2004'!G1526:G1545,0),16777275)","v":319.935},{"$f":"ROUND(СУММПРОИЗВЕСЛИ(1,'Форма по МДС 81-35.2004'!J1526:J1545,\"Ж\",'Форма по МДС 81-35.2004'!E1526:E1545,'Форма по МДС 81-35.2004'!G1526:G1545,0),16777275)","v":0},{"$f":"ROUND(СУММПРОИЗВЕСЛИ(1,'Форма по МДС 81-35.2004'!J1526:J1545,\"IsMater\",'Форма по МДС 81-35.2004'!E1526:E1545,'Форма по МДС 81-35.2004'!G1526:G1545,0),16777275)","v":0},0,0,{"$f":"ОКРУГЛВСЕ(SUMIF('Форма по МДС 81-35.2004'!J1526:J1545,\"Г\",'Форма по МДС 81-35.2004'!E1526:E1545),8)","v":5.15},0,{"$f":"ОКРУГЛВСЕ(SUMIF('Форма по МДС 81-35.2004'!J1526:J1545,\"Ж\",'Форма по МДС 81-35.2004'!E1526:E1545),8)","v":0},0,0,100.34622,76.640497600000003,0,0,0,0,0,0,0,null,0,0,0,0,0,0,0,0]
[{"$f":"'Форма по МДС 81-35.2004'!A1546","v":"66."},{"$f":"'Форма по МДС 81-35.2004'!G1546","v":38678},{"$f":"ROUND(СУММПРОИЗВЕСЛИ(1,'Форма по МДС 81-35.2004'!J1546:J1567,\"Г\",'Форма по МДС 81-35.2004'!E1546:E1567,'Форма по МДС 81-35.2004'!G1546:G1567,0),16777275)","v":13009.518},{"$f":"ROUND(СУММПРОИЗВЕСЛИ(1,'Форма по МДС 81-35.2004'!J1546:J1567,\"IsMash\",'Форма по МДС 81-35.2004'!E1546:E1567,'Форма по МДС 81-35.2004'!G1546:G1567,0),16777275)","v":17073.794999999998},{"$f":"ROUND(СУММПРОИЗВЕСЛИ(1,'Форма по МДС 81-35.2004'!J1546:J1567,\"Ж\",'Форма по МДС 81-35.2004'!E1546:E1567,'Форма по МДС 81-35.2004'!G1546:G1567,0),16777275)","v":4615.3784999999998},{"$f":"ROUND(СУММПРОИЗВЕСЛИ(1,'Форма по МДС 81-35.2004'!J1546:J1567,\"IsMater\",'Форма по МДС 81-35.2004'!E1546:E1567,'Форма по МДС 81-35.2004'!G1546:G1567,0),16777275)","v":8594.6893999999993},0,0,{"$f":"ОКРУГЛВСЕ(SUMIF('Форма по МДС 81-35.2004'!J1546:J1567,\"Г\",'Форма по МДС 81-35.2004'!E1546:E1567),8)","v":123.6},0,{"$f":"ОКРУГЛВСЕ(SUMIF('Форма по МДС 81-35.2004'!J1546:J1567,\"Ж\",'Форма по МДС 81-35.2004'!E1546:E1567),8)","v":30.9},0,0,4525.326,3456.2660799999999,0,0,0,0,0,0,0,null,0,0,0,0,0,0,0,0]
[{"$f":"'Форма по МДС 81-35.2004'!A1568","v":"67."},{"$f":"'Форма по МДС 81-35.2004'!G1568","v":52442.31},{"$f":"ROUND(СУММПРОИЗВЕСЛИ(1,'Форма по МДС 81-35.2004'!J1568:J1589,\"Г\",'Форма по МДС 81-35.2004'!E1568:E1589,'Форма по МДС 81-35.2004'!G1568:G1589,0),16777275)","v":13009.518},{"$f":"ROUND(СУММПРОИЗВЕСЛИ(1,'Форма по МДС 81-35.2004'!J1568:J1589,\"IsMash\",'Форма по МДС 81-35.2004'!E1568:E1589,'Форма по МДС 81-35.2004'!G1568:G1589,0),16777275)","v":17073.794999999998},{"$f":"ROUND(СУММПРОИЗВЕСЛИ(1,'Форма по МДС 81-35.2004'!J1568:J1589,\"Ж\",'Форма по МДС 81-35.2004'!E1568:E1589,'Форма по МДС 81-35.2004'!G1568:G1589,0),16777275)","v":4615.3784999999998},{"$f":"ROUND(СУММПРОИЗВЕСЛИ(1,'Форма по МДС 81-35.2004'!J1568:J1589,\"IsMater\",'Форма по МДС 81-35.2004'!E1568:E1589,'Форма по МДС 81-35.2004'!G1568:G1589,0),16777275)","v":22359},0,0,{"$f":"ОКРУГЛВСЕ(SUMIF('Форма по МДС 81-35.2004'!J1568:J1589,\"Г\",'Форма по МДС 81-35.2004'!E1568:E1589),8)","v":123.6},0,{"$f":"ОКРУГЛВСЕ(SUMIF('Форма по МДС 81-35.2004'!J1568:J1589,\"Ж\",'Форма по МДС 81-35.2004'!E1568:E1589),8)","v":30.9},0,0,6135.7502699999995,4686.2448216000003,0,0,0,0,0,0,0,null,0,0,0,0,0,0,0,0]
[{"$f":"'Форма по МДС 81-35.2004'!A1590","v":"68."},{"$f":"'Форма по МДС 81-35.2004'!G1590","v":7326.97},{"$f":"ROUND(СУММПРОИЗВЕСЛИ(1,'Форма по МДС 81-35.2004'!J1590:J1611,\"Г\",'Форма по МДС 81-35.2004'!E1590:E1611,'Форма по МДС 81-35.2004'!G1590:G1611,0),16777275)","v":3194.7552000000001},{"$f":"ROUND(СУММПРОИЗВЕСЛИ(1,'Форма по МДС 81-35.2004'!J1590:J1611,\"IsMash\",'Форма по МДС 81-35.2004'!E1590:E1611,'Форма по МДС 81-35.2004'!G1590:G1611,0),16777275)","v":3558.422},{"$f":"ROUND(СУММПРОИЗВЕСЛИ(1,'Форма по МДС 81-35.2004'!J1590:J1611,\"Ж\",'Форма по МДС 81-35.2004'!E1590:E1611,'Форма по МДС 81-35.2004'!G1590:G1611,0),16777275)","v":1000.0032},{"$f":"ROUND(СУММПРОИЗВЕСЛИ(1,'Форма по МДС 81-35.2004'!J1590:J1611,\"IsMater\",'Форма по МДС 81-35.2004'!E1590:E1611,'Форма по МДС 81-35.2004'!G1590:G1611,0),16777275)","v":573.7951564},0,0,{"$f":"ОКРУГЛВСЕ(SUMIF('Форма по МДС 81-35.2004'!J1590:J1611,\"Г\",'Форма по МДС 81-35.2004'!E1590:E1611),8)","v":25.76},0,{"$f":"ОКРУГЛВСЕ(SUMIF('Форма по МДС 81-35.2004'!J1590:J1611,\"Ж\",'Форма по МДС 81-35.2004'!E1590:E1611),8)","v":6.44},0,0,857.25549000000001,654.7380392,0,0,0,0,0,0,0,null,0,0,0,0,0,0,0,0]
[{"$f":"'Форма по МДС 81-35.2004'!A1613","v":"69."},{"$f":"'Форма по МДС 81-35.2004'!G1613","v":745.1},{"$f":"ROUND(СУММПРОИЗВЕСЛИ(1,'Форма по МДС 81-35.2004'!J1613:J1633,\"Г\",'Форма по МДС 81-35.2004'!E1613:E1633,'Форма по МДС 81-35.2004'!G1613:G1633,0),16777275)","v":61.347700000000003},{"$f":"ROUND(СУММПРОИЗВЕСЛИ(1,'Форма по МДС 81-35.2004'!J1613:J1633,\"IsMash\",'Форма по МДС 81-35.2004'!E1613:E1633,'Форма по МДС 81-35.2004'!G1613:G1633,0),16777275)","v":681.57740000000001},{"$f":"ROUND(СУММПРОИЗВЕСЛИ(1,'Форма по МДС 81-35.2004'!J1613:J1633,\"Ж\",'Форма по МДС 81-35.2004'!E1613:E1633,'Форма по МДС 81-35.2004'!G1613:G1633,0),16777275)","v":106.66643000000001},{"$f":"ROUND(СУММПРОИЗВЕСЛИ(1,'Форма по МДС 81-35.2004'!J1613:J1633,\"IsMater\",'Форма по МДС 81-35.2004'!E1613:E1633,'Форма по МДС 81-35.2004'!G1613:G1633,0),16777275)","v":2.17},0,0,{"$f":"ОКРУГЛВСЕ(SUMIF('Форма по МДС 81-35.2004'!J1613:J1633,\"Г\",'Форма по МДС 81-35.2004'!E1613:E1633),8)","v":0.61},0,{"$f":"ОКРУГЛВСЕ(SUMIF('Форма по МДС 81-35.2004'!J1613:J1633,\"Ж\",'Форма по МДС 81-35.2004'!E1613:E1633),8)","v":0.61},0,0,87.176699999999997,66.582136000000006,0,0,0,0,0,0,0,null,0,0,0,0,0,0,0,0]
[{"$f":"'Форма по МДС 81-35.2004'!A1634","v":"70."},{"$f":"'Форма по МДС 81-35.2004'!G1634","v":1839.83},{"$f":"ROUND(СУММПРОИЗВЕСЛИ(1,'Форма по МДС 81-35.2004'!J1634:J1656,\"Г\",'Форма по МДС 81-35.2004'!E1634:E1656,'Форма по МДС 81-35.2004'!G1634:G1656,0),16777275)","v":606.26880000000006},{"$f":"ROUND(СУММПРОИЗВЕСЛИ(1,'Форма по МДС 81-35.2004'!J1634:J1656,\"IsMash\",'Форма по МДС 81-35.2004'!E1634:E1656,'Форма по МДС 81-35.2004'!G1634:G1656,0),16777275)","v":795.67200000000003},{"$f":"ROUND(СУММПРОИЗВЕСЛИ(1,'Форма по МДС 81-35.2004'!J1634:J1656,\"Ж\",'Форма по МДС 81-35.2004'!E1634:E1656,'Форма по МДС 81-35.2004'!G1634:G1656,0),16777275)","v":224.7192},{"$f":"ROUND(СУММПРОИЗВЕСЛИ(1,'Форма по МДС 81-35.2004'!J1634:J1656,\"IsMater\",'Форма по МДС 81-35.2004'!E1634:E1656,'Форма по МДС 81-35.2004'!G1634:G1656,0),16777275)","v":437.88900000000001},0,0,{"$f":"ОКРУГЛВСЕ(SUMIF('Форма по МДС 81-35.2004'!J1634:J1656,\"Г\",'Форма по МДС 81-35.2004'!E1634:E1656),8)","v":5.76},0,{"$f":"ОКРУГЛВСЕ(SUMIF('Форма по МДС 81-35.2004'!J1634:J1656,\"Ж\",'Форма по МДС 81-35.2004'!E1634:E1656),8)","v":1.44},0,0,215.26011,164.40720880000001,0,0,0,0,0,0,0,null,0,0,0,0,0,0,0,0]
[{"$f":"'Форма по МДС 81-35.2004'!A1657","v":"71."},{"$f":"'Форма по МДС 81-35.2004'!G1657","v":26662.78},{"$f":"ROUND(СУММПРОИЗВЕСЛИ(1,'Форма по МДС 81-35.2004'!J1657:J1683,\"Г\",'Форма по МДС 81-35.2004'!E1657:E1683,'Форма по МДС 81-35.2004'!G1657:G1683,0),16777275)","v":10154.635700000001},{"$f":"ROUND(СУММПРОИЗВЕСЛИ(1,'Форма по МДС 81-35.2004'!J1657:J1683,\"IsMash\",'Форма по МДС 81-35.2004'!E1657:E1683,'Форма по МДС 81-35.2004'!G1657:G1683,0),16777275)","v":15135.5952},{"$f":"ROUND(СУММПРОИЗВЕСЛИ(1,'Форма по МДС 81-35.2004'!J1657:J1683,\"Ж\",'Форма по МДС 81-35.2004'!E1657:E1683,'Форма по МДС 81-35.2004'!G1657:G1683,0),16777275)","v":3800.0016000000001},{"$f":"ROUND(СУММПРОИЗВЕСЛИ(1,'Форма по МДС 81-35.2004'!J1657:J1683,\"IsMater\",'Форма по МДС 81-35.2004'!E1657:E1683,'Форма по МДС 81-35.2004'!G1657:G1683,0),16777275)","v":1372.5539168},0,0,{"$f":"ОКРУГЛВСЕ(SUMIF('Форма по МДС 81-35.2004'!J1657:J1683,\"Г\",'Форма по МДС 81-35.2004'!E1657:E1683),8)","v":90.7},0,{"$f":"ОКРУГЛВСЕ(SUMIF('Форма по МДС 81-35.2004'!J1657:J1683,\"Ж\",'Форма по МДС 81-35.2004'!E1657:E1683),8)","v":25.92},0,0,3119.5452599999999,2382.5860207999999,0,0,0,0,0,0,0,null,0,0,0,0,0,0,0,0]
[{"$f":"'Форма по МДС 81-35.2004'!A1684","v":"72."},{"$f":"'Форма по МДС 81-35.2004'!G1684","v":24332.53},{"$f":"ROUND(СУММПРОИЗВЕСЛИ(1,'Форма по МДС 81-35.2004'!J1684:J1709,\"Г\",'Форма по МДС 81-35.2004'!E1684:E1709,'Форма по МДС 81-35.2004'!G1684:G1709,0),16777275)","v":8143.4517999999998},{"$f":"ROUND(СУММПРОИЗВЕСЛИ(1,'Форма по МДС 81-35.2004'!J1684:J1709,\"IsMash\",'Форма по МДС 81-35.2004'!E1684:E1709,'Форма по МДС 81-35.2004'!G1684:G1709,0),16777275)","v":16108.960999999999},{"$f":"ROUND(СУММПРОИЗВЕСЛИ(1,'Форма по МДС 81-35.2004'!J1684:J1709,\"Ж\",'Форма по МДС 81-35.2004'!E1684:E1709,'Форма по МДС 81-35.2004'!G1684:G1709,0),16777275)","v":4120.3786799999998},{"$f":"ROUND(СУММПРОИЗВЕСЛИ(1,'Форма по МДС 81-35.2004'!J1684:J1709,\"IsMater\",'Форма по МДС 81-35.2004'!E1684:E1709,'Форма по МДС 81-35.2004'!G1684:G1709,0),16777275)","v":80.119916799999999},0,0,{"$f":"ОКРУГЛВСЕ(SUMIF('Форма по МДС 81-35.2004'!J1684:J1709,\"Г\",'Форма по МДС 81-35.2004'!E1684:E1709),8)","v":75.680000000000007},0,{"$f":"ОКРУГЛВСЕ(SUMIF('Форма по МДС 81-35.2004'!J1684:J1709,\"Ж\",'Форма по МДС 81-35.2004'!E1684:E1709),8)","v":28.38},0,0,2846.9060100000002,2174.3548808,0,0,0,0,0,0,0,null,0,0,0,0,0,0,0,0]
[{"$f":"'Форма по МДС 81-35.2004'!A1710","v":"73."},{"$f":"'Форма по МДС 81-35.2004'!G1710","v":996830.51},{"$f":"ROUND(СУММПРОИЗВЕСЛИ(1,'Форма по МДС 81-35.2004'!J1710:J1728,\"Г\",'Форма по МДС 81-35.2004'!E1710:E1728,'Форма по МДС 81-35.2004'!G1710:G1728,0),16777275)","v":0},{"$f":"ROUND(СУММПРОИЗВЕСЛИ(1,'Форма по МДС 81-35.2004'!J1710:J1728,\"IsMash\",'Форма по МДС 81-35.2004'!E1710:E1728,'Форма по МДС 81-35.2004'!G1710:G1728,0),16777275)","v":0},{"$f":"ROUND(СУММПРОИЗВЕСЛИ(1,'Форма по МДС 81-35.2004'!J1710:J1728,\"Ж\",'Форма по МДС 81-35.2004'!E1710:E1728,'Форма по МДС 81-35.2004'!G1710:G1728,0),16777275)","v":0},{"$f":"ROUND(СУММПРОИЗВЕСЛИ(1,'Форма по МДС 81-35.2004'!J1710:J1728,\"IsMater\",'Форма по МДС 81-35.2004'!E1710:E1728,'Форма по МДС 81-35.2004'!G1710:G1728,0),16777275)","v":996830.51},0,0,{"$f":"ОКРУГЛВСЕ(SUMIF('Форма по МДС 81-35.2004'!J1710:J1728,\"Г\",'Форма по МДС 81-35.2004'!E1710:E1728),8)","v":0},0,{"$f":"ОКРУГЛВСЕ(SUMIF('Форма по МДС 81-35.2004'!J1710:J1728,\"Ж\",'Форма по МДС 81-35.2004'!E1710:E1728),8)","v":0},0,0,116629.16967,89076.774373599997,0,0,0,0,0,0,0,null,0,0,0,0,0,0,0,0]
[{"$f":"'Форма по МДС 81-35.2004'!A1729","v":"74."},{"$f":"'Форма по МДС 81-35.2004'!G1729","v":23680.59},{"$f":"ROUND(СУММПРОИЗВЕСЛИ(1,'Форма по МДС 81-35.2004'!J1729:J1750,\"Г\",'Форма по МДС 81-35.2004'!E1729:E1750,'Форма по МДС 81-35.2004'!G1729:G1750,0),16777275)","v":2393.5859999999998},{"$f":"ROUND(СУММПРОИЗВЕСЛИ(1,'Форма по МДС 81-35.2004'!J1729:J1750,\"IsMash\",'Форма по МДС 81-35.2004'!E1729:E1750,'Форма по МДС 81-35.2004'!G1729:G1750,0),16777275)","v":5332.1075000000001},{"$f":"ROUND(СУММПРОИЗВЕСЛИ(1,'Форма по МДС 81-35.2004'!J1729:J1750,\"Ж\",'Форма по МДС 81-35.2004'!E1729:E1750,'Форма по МДС 81-35.2004'!G1729:G1750,0),16777275)","v":1400.0027},{"$f":"ROUND(СУММПРОИЗВЕСЛИ(1,'Форма по МДС 81-35.2004'!J1729:J1750,\"IsMater\",'Форма по МДС 81-35.2004'!E1729:E1750,'Форма по МДС 81-35.2004'!G1729:G1750,0),16777275)","v":15954.9},0,0,{"$f":"ОКРУГЛВСЕ(SUMIF('Форма по МДС 81-35.2004'!J1729:J1750,\"Г\",'Форма по МДС 81-35.2004'!E1729:E1750),8)","v":19.3},0,{"$f":"ОКРУГЛВСЕ(SUMIF('Форма по МДС 81-35.2004'!J1729:J1750,\"Ж\",'Форма по МДС 81-35.2004'!E1729:E1750),8)","v":9.65},0,0,2770.6290300000001,2116.0975223999999,0,0,0,0,0,0,0,null,0,0,0,0,0,0,0,0]
[{"$f":"'Форма по МДС 81-35.2004'!A1751","v":"75."},{"$f":"'Форма по МДС 81-35.2004'!G1751","v":381},{"$f":"ROUND(СУММПРОИЗВЕСЛИ(1,'Форма по МДС 81-35.2004'!J1751:J1770,\"Г\",'Форма по МДС 81-35.2004'!E1751:E1770,'Форма по МДС 81-35.2004'!G1751:G1770,0),16777275)","v":226.2825},{"$f":"ROUND(СУММПРОИЗВЕСЛИ(1,'Форма по МДС 81-35.2004'!J1751:J1770,\"IsMash\",'Форма по МДС 81-35.2004'!E1751:E1770,'Форма по МДС 81-35.2004'!G1751:G1770,0),16777275)","v":154.714},{"$f":"ROUND(СУММПРОИЗВЕСЛИ(1,'Форма по МДС 81-35.2004'!J1751:J1770,\"Ж\",'Форма по МДС 81-35.2004'!E1751:E1770,'Форма по МДС 81-35.2004'!G1751:G1770,0),16777275)","v":49.999879999999997},{"$f":"ROUND(СУММПРОИЗВЕСЛИ(1,'Форма по МДС 81-35.2004'!J1751:J1770,\"IsMater\",'Форма по МДС 81-35.2004'!E1751:E1770,'Форма по МДС 81-35.2004'!G1751:G1770,0),16777275)","v":0},0,0,{"$f":"ОКРУГЛВСЕ(SUMIF('Форма по МДС 81-35.2004'!J1751:J1770,\"Г\",'Форма по МДС 81-35.2004'!E1751:E1770),8)","v":2.25},0,{"$f":"ОКРУГЛВСЕ(SUMIF('Форма по МДС 81-35.2004'!J1751:J1770,\"Ж\",'Форма по МДС 81-35.2004'!E1751:E1770),8)","v":0.28000000000000003},0,0,44.576999999999998,34.04616,0,0,0,0,0,0,0,null,0,0,0,0,0,0,0,0]
[{"$f":"'Форма по МДС 81-35.2004'!A1771","v":"76."},{"$f":"'Форма по МДС 81-35.2004'!G1771","v":55.31},{"$f":"ROUND(СУММПРОИЗВЕСЛИ(1,'Форма по МДС 81-35.2004'!J1771:J1788,\"Г\",'Форма по МДС 81-35.2004'!E1771:E1788,'Форма по МДС 81-35.2004'!G1771:G1788,0),16777275)","v":55.313499999999998},{"$f":"ROUND(СУММПРОИЗВЕСЛИ(1,'Форма по МДС 81-35.2004'!J1771:J1788,\"IsMash\",'Форма по МДС 81-35.2004'!E1771:E1788,'Форма по МДС 81-35.2004'!G1771:G1788,0),16777275)","v":0},{"$f":"ROUND(СУММПРОИЗВЕСЛИ(1,'Форма по МДС 81-35.2004'!J1771:J1788,\"Ж\",'Форма по МДС 81-35.2004'!E1771:E1788,'Форма по МДС 81-35.2004'!G1771:G1788,0),16777275)","v":0},{"$f":"ROUND(СУММПРОИЗВЕСЛИ(1,'Форма по МДС 81-35.2004'!J1771:J1788,\"IsMater\",'Форма по МДС 81-35.2004'!E1771:E1788,'Форма по МДС 81-35.2004'!G1771:G1788,0),16777275)","v":0},0,0,{"$f":"ОКРУГЛВСЕ(SUMIF('Форма по МДС 81-35.2004'!J1771:J1788,\"Г\",'Форма по МДС 81-35.2004'!E1771:E1788),8)","v":0.55000000000000004},0,{"$f":"ОКРУГЛВСЕ(SUMIF('Форма по МДС 81-35.2004'!J1771:J1788,\"Ж\",'Форма по МДС 81-35.2004'!E1771:E1788),8)","v":0},0,0,6.4712699999999996,4.9425015999999999,0,0,0,0,0,0,0,null,0,0,0,0,0,0,0,0]
[{"$f":"'Форма по МДС 81-35.2004'!A1789","v":"77."},{"$f":"'Форма по МДС 81-35.2004'!G1789","v":5131.62},{"$f":"ROUND(СУММПРОИЗВЕСЛИ(1,'Форма по МДС 81-35.2004'!J1789:J1807,\"Г\",'Форма по МДС 81-35.2004'!E1789:E1807,'Форма по МДС 81-35.2004'!G1789:G1807,0),16777275)","v":0},{"$f":"ROUND(СУММПРОИЗВЕСЛИ(1,'Форма по МДС 81-35.2004'!J1789:J1807,\"IsMash\",'Форма по МДС 81-35.2004'!E1789:E1807,'Форма по МДС 81-35.2004'!G1789:G1807,0),16777275)","v":5131.62},{"$f":"ROUND(СУММПРОИЗВЕСЛИ(1,'Форма по МДС 81-35.2004'!J1789:J1807,\"Ж\",'Форма по МДС 81-35.2004'!E1789:E1807,'Форма по МДС 81-35.2004'!G1789:G1807,0),16777275)","v":0},{"$f":"ROUND(СУММПРОИЗВЕСЛИ(1,'Форма по МДС 81-35.2004'!J1789:J1807,\"IsMater\",'Форма по МДС 81-35.2004'!E1789:E1807,'Форма по МДС 81-35.2004'!G1789:G1807,0),16777275)","v":0},0,0,{"$f":"ОКРУГЛВСЕ(SUMIF('Форма по МДС 81-35.2004'!J1789:J1807,\"Г\",'Форма по МДС 81-35.2004'!E1789:E1807),8)","v":0},0,{"$f":"ОКРУГЛВСЕ(SUMIF('Форма по МДС 81-35.2004'!J1789:J1807,\"Ж\",'Форма по МДС 81-35.2004'!E1789:E1807),8)","v":0},0,0,600.39954,458.56156320000002,0,0,0,0,0,0,0,null,0,0,0,0,0,0,0,0]
[{"$f":"'Форма по МДС 81-35.2004'!A1808","v":"78."},{"$f":"'Форма по МДС 81-35.2004'!G1808","v":456.3},{"$f":"ROUND(СУММПРОИЗВЕСЛИ(1,'Форма по МДС 81-35.2004'!J1808:J1826,\"Г\",'Форма по МДС 81-35.2004'!E1808:E1826,'Форма по МДС 81-35.2004'!G1808:G1826,0),16777275)","v":0},{"$f":"ROUND(СУММПРОИЗВЕСЛИ(1,'Форма по МДС 81-35.2004'!J1808:J1826,\"IsMash\",'Форма по МДС 81-35.2004'!E1808:E1826,'Форма по МДС 81-35.2004'!G1808:G1826,0),16777275)","v":456.3},{"$f":"ROUND(СУММПРОИЗВЕСЛИ(1,'Форма по МДС 81-35.2004'!J1808:J1826,\"Ж\",'Форма по МДС 81-35.2004'!E1808:E1826,'Форма по МДС 81-35.2004'!G1808:G1826,0),16777275)","v":0},{"$f":"ROUND(СУММПРОИЗВЕСЛИ(1,'Форма по МДС 81-35.2004'!J1808:J1826,\"IsMater\",'Форма по МДС 81-35.2004'!E1808:E1826,'Форма по МДС 81-35.2004'!G1808:G1826,0),16777275)","v":0},0,0,{"$f":"ОКРУГЛВСЕ(SUMIF('Форма по МДС 81-35.2004'!J1808:J1826,\"Г\",'Форма по МДС 81-35.2004'!E1808:E1826),8)","v":0},0,{"$f":"ОКРУГЛВСЕ(SUMIF('Форма по МДС 81-35.2004'!J1808:J1826,\"Ж\",'Форма по МДС 81-35.2004'!E1808:E1826),8)","v":0},0,0,53.387099999999997,40.774968000000001,0,0,0,0,0,0,0,null,0,0,0,0,0,0,0,0]
[{"$f":"'Форма по МДС 81-35.2004'!A1828","v":"79."},{"$f":"'Форма по МДС 81-35.2004'!G1828","v":2184.7800000000002},{"$f":"ROUND(СУММПРОИЗВЕСЛИ(1,'Форма по МДС 81-35.2004'!J1828:J1847,\"Г\",'Форма по МДС 81-35.2004'!E1828:E1847,'Форма по МДС 81-35.2004'!G1828:G1847,0),16777275)","v":1140.4638},{"$f":"ROUND(СУММПРОИЗВЕСЛИ(1,'Форма по МДС 81-35.2004'!J1828:J1847,\"IsMash\",'Форма по МДС 81-35.2004'!E1828:E1847,'Форма по МДС 81-35.2004'!G1828:G1847,0),16777275)","v":1044.3195000000001},{"$f":"ROUND(СУММПРОИЗВЕСЛИ(1,'Форма по МДС 81-35.2004'!J1828:J1847,\"Ж\",'Форма по МДС 81-35.2004'!E1828:E1847,'Форма по МДС 81-35.2004'!G1828:G1847,0),16777275)","v":285.71508},{"$f":"ROUND(СУММПРОИЗВЕСЛИ(1,'Форма по МДС 81-35.2004'!J1828:J1847,\"IsMater\",'Форма по МДС 81-35.2004'!E1828:E1847,'Форма по МДС 81-35.2004'!G1828:G1847,0),16777275)","v":0},0,0,{"$f":"ОКРУГЛВСЕ(SUMIF('Форма по МДС 81-35.2004'!J1828:J1847,\"Г\",'Форма по МДС 81-35.2004'!E1828:E1847),8)","v":11.34},0,{"$f":"ОКРУГЛВСЕ(SUMIF('Форма по МДС 81-35.2004'!J1828:J1847,\"Ж\",'Форма по МДС 81-35.2004'!E1828:E1847),8)","v":1.89},0,0,255.61926,195.23194079999999,0,0,0,0,0,0,0,null,0,0,0,0,0,0,0,0]
[{"$f":"'Форма по МДС 81-35.2004'!A1848","v":"80."},{"$f":"'Форма по МДС 81-35.2004'!G1848","v":1835.5},{"$f":"ROUND(СУММПРОИЗВЕСЛИ(1,'Форма по МДС 81-35.2004'!J1848:J1865,\"Г\",'Форма по МДС 81-35.2004'!E1848:E1865,'Форма по МДС 81-35.2004'!G1848:G1865,0),16777275)","v":1835.4967999999999},{"$f":"ROUND(СУММПРОИЗВЕСЛИ(1,'Форма по МДС 81-35.2004'!J1848:J1865,\"IsMash\",'Форма по МДС 81-35.2004'!E1848:E1865,'Форма по МДС 81-35.2004'!G1848:G1865,0),16777275)","v":0},{"$f":"ROUND(СУММПРОИЗВЕСЛИ(1,'Форма по МДС 81-35.2004'!J1848:J1865,\"Ж\",'Форма по МДС 81-35.2004'!E1848:E1865,'Форма по МДС 81-35.2004'!G1848:G1865,0),16777275)","v":0},{"$f":"ROUND(СУММПРОИЗВЕСЛИ(1,'Форма по МДС 81-35.2004'!J1848:J1865,\"IsMater\",'Форма по МДС 81-35.2004'!E1848:E1865,'Форма по МДС 81-35.2004'!G1848:G1865,0),16777275)","v":0},0,0,{"$f":"ОКРУГЛВСЕ(SUMIF('Форма по МДС 81-35.2004'!J1848:J1865,\"Г\",'Форма по МДС 81-35.2004'!E1848:E1865),8)","v":18.68},0,{"$f":"ОКРУГЛВСЕ(SUMIF('Форма по МДС 81-35.2004'!J1848:J1865,\"Ж\",'Форма по МДС 81-35.2004'!E1848:E1865),8)","v":0},0,0,214.7535,164.02028000000001,0,0,0,0,0,0,0,null,0,0,0,0,0,0,0,0]
[{"$f":"'Форма по МДС 81-35.2004'!A1866","v":"81."},{"$f":"'Форма по МДС 81-35.2004'!G1866","v":59943.92},{"$f":"ROUND(СУММПРОИЗВЕСЛИ(1,'Форма по МДС 81-35.2004'!J1866:J1893,\"Г\",'Форма по МДС 81-35.2004'!E1866:E1893,'Форма по МДС 81-35.2004'!G1866:G1893,0),16777275)","v":4464.72},{"$f":"ROUND(СУММПРОИЗВЕСЛИ(1,'Форма по МДС 81-35.2004'!J1866:J1893,\"IsMash\",'Форма по МДС 81-35.2004'!E1866:E1893,'Форма по МДС 81-35.2004'!G1866:G1893,0),16777275)","v":2361.8207000000002},{"$f":"ROUND(СУММПРОИЗВЕСЛИ(1,'Форма по МДС 81-35.2004'!J1866:J1893,\"Ж\",'Форма по МДС 81-35.2004'!E1866:E1893,'Форма по МДС 81-35.2004'!G1866:G1893,0),16777275)","v":99.999899999999997},{"$f":"ROUND(СУММПРОИЗВЕСЛИ(1,'Форма по МДС 81-35.2004'!J1866:J1893,\"IsMater\",'Форма по МДС 81-35.2004'!E1866:E1893,'Форма по МДС 81-35.2004'!G1866:G1893,0),16777275)","v":53117.377500000002},0,0,{"$f":"ОКРУГЛВСЕ(SUMIF('Форма по МДС 81-35.2004'!J1866:J1893,\"Г\",'Форма по МДС 81-35.2004'!E1866:E1893),8)","v":42.4},0,{"$f":"ОКРУГЛВСЕ(SUMIF('Форма по МДС 81-35.2004'!J1866:J1893,\"Ж\",'Форма по МДС 81-35.2004'!E1866:E1893),8)","v":0.42},0,0,7013.4386400000003,5356.5886911999996,0,0,0,0,0,0,0,null,0,0,0,0,0,0,0,0]
[{"$f":"'Форма по МДС 81-35.2004'!A1894","v":"82."},{"$f":"'Форма по МДС 81-35.2004'!G1894","v":32002.84},{"$f":"ROUND(СУММПРОИЗВЕСЛИ(1,'Форма по МДС 81-35.2004'!J1894:J1921,\"Г\",'Форма по МДС 81-35.2004'!E1894:E1921,'Форма по МДС 81-35.2004'!G1894:G1921,0),16777275)","v":4839.53},{"$f":"ROUND(СУММПРОИЗВЕСЛИ(1,'Форма по МДС 81-35.2004'!J1894:J1921,\"IsMash\",'Форма по МДС 81-35.2004'!E1894:E1921,'Форма по МДС 81-35.2004'!G1894:G1921,0),16777275)","v":6328.5011000000004},{"$f":"ROUND(СУММПРОИЗВЕСЛИ(1,'Форма по МДС 81-35.2004'!J1894:J1921,\"Ж\",'Форма по МДС 81-35.2004'!E1894:E1921,'Форма по МДС 81-35.2004'!G1894:G1921,0),16777275)","v":1800.00576},{"$f":"ROUND(СУММПРОИЗВЕСЛИ(1,'Форма по МДС 81-35.2004'!J1894:J1921,\"IsMater\",'Форма по МДС 81-35.2004'!E1894:E1921,'Форма по МДС 81-35.2004'!G1894:G1921,0),16777275)","v":20834.805619999901},0,0,{"$f":"ОКРУГЛВСЕ(SUMIF('Форма по МДС 81-35.2004'!J1894:J1921,\"Г\",'Форма по МДС 81-35.2004'!E1894:E1921),8)","v":45.31},0,{"$f":"ОКРУГЛВСЕ(SUMIF('Форма по МДС 81-35.2004'!J1894:J1921,\"Ж\",'Форма по МДС 81-35.2004'!E1894:E1921),8)","v":12.94},0,0,3744.3322800000001,2859.7737824000001,0,0,0,0,0,0,0,null,0,0,0,0,0,0,0,0]
[{"$f":"'Форма по МДС 81-35.2004'!A1922","v":"83."},{"$f":"'Форма по МДС 81-35.2004'!G1922","v":4298.4399999999996},{"$f":"ROUND(СУММПРОИЗВЕСЛИ(1,'Форма по МДС 81-35.2004'!J1922:J1943,\"Г\",'Форма по МДС 81-35.2004'!E1922:E1943,'Форма по МДС 81-35.2004'!G1922:G1943,0),16777275)","v":762.0462},{"$f":"ROUND(СУММПРОИЗВЕСЛИ(1,'Форма по МДС 81-35.2004'!J1922:J1943,\"IsMash\",'Форма по МДС 81-35.2004'!E1922:E1943,'Форма по МДС 81-35.2004'!G1922:G1943,0),16777275)","v":1000.1155},{"$f":"ROUND(СУММПРОИЗВЕСЛИ(1,'Форма по МДС 81-35.2004'!J1922:J1943,\"Ж\",'Форма по МДС 81-35.2004'!E1922:E1943,'Форма по МДС 81-35.2004'!G1922:G1943,0),16777275)","v":333.33321999999998},{"$f":"ROUND(СУММПРОИЗВЕСЛИ(1,'Форма по МДС 81-35.2004'!J1922:J1943,\"IsMater\",'Форма по МДС 81-35.2004'!E1922:E1943,'Форма по МДС 81-35.2004'!G1922:G1943,0),16777275)","v":2536.2764999999999},0,0,{"$f":"ОКРУГЛВСЕ(SUMIF('Форма по МДС 81-35.2004'!J1922:J1943,\"Г\",'Форма по МДС 81-35.2004'!E1922:E1943),8)","v":7.24},0,{"$f":"ОКРУГЛВСЕ(SUMIF('Форма по МДС 81-35.2004'!J1922:J1943,\"Ж\",'Форма по МДС 81-35.2004'!E1922:E1943),8)","v":1.81},0,0,502.91748000000001,384.10859840000001,0,0,0,0,0,0,0,null,0,0,0,0,0,0,0,0]
[{"$f":"'Форма по МДС 81-35.2004'!A1944","v":"84."},{"$f":"'Форма по МДС 81-35.2004'!G1944","v":1147.01},{"$f":"ROUND(СУММПРОИЗВЕСЛИ(1,'Форма по МДС 81-35.2004'!J1944:J1964,\"Г\",'Форма по МДС 81-35.2004'!E1944:E1964,'Форма по МДС 81-35.2004'!G1944:G1964,0),16777275)","v":94.535799999999995},{"$f":"ROUND(СУММПРОИЗВЕСЛИ(1,'Форма по МДС 81-35.2004'!J1944:J1964,\"IsMash\",'Форма по МДС 81-35.2004'!E1944:E1964,'Форма по МДС 81-35.2004'!G1944:G1964,0),16777275)","v":1050.2996000000001},{"$f":"ROUND(СУММПРОИЗВЕСЛИ(1,'Форма по МДС 81-35.2004'!J1944:J1964,\"Ж\",'Форма по МДС 81-35.2004'!E1944:E1964,'Форма по МДС 81-35.2004'!G1944:G1964,0),16777275)","v":160.30572000000001},{"$f":"ROUND(СУММПРОИЗВЕСЛИ(1,'Форма по МДС 81-35.2004'!J1944:J1964,\"IsMater\",'Форма по МДС 81-35.2004'!E1944:E1964,'Форма по МДС 81-35.2004'!G1944:G1964,0),16777275)","v":2.17},0,0,{"$f":"ОКРУГЛВСЕ(SUMIF('Форма по МДС 81-35.2004'!J1944:J1964,\"Г\",'Форма по МДС 81-35.2004'!E1944:E1964),8)","v":0.94},0,{"$f":"ОКРУГЛВСЕ(SUMIF('Форма по МДС 81-35.2004'!J1944:J1964,\"Ж\",'Форма по МДС 81-35.2004'!E1944:E1964),8)","v":0.94},0,0,134.20017000000001,102.4968136,0,0,0,0,0,0,0,null,0,0,0,0,0,0,0,0]
[{"$f":"'Форма по МДС 81-35.2004'!A1965","v":"85."},{"$f":"'Форма по МДС 81-35.2004'!G1965","v":49833.09},{"$f":"ROUND(СУММПРОИЗВЕСЛИ(1,'Форма по МДС 81-35.2004'!J1965:J1989,\"Г\",'Форма по МДС 81-35.2004'!E1965:E1989,'Форма по МДС 81-35.2004'!G1965:G1989,0),16777275)","v":15788.25},{"$f":"ROUND(СУММПРОИЗВЕСЛИ(1,'Форма по МДС 81-35.2004'!J1965:J1989,\"IsMash\",'Форма по МДС 81-35.2004'!E1965:E1989,'Форма по МДС 81-35.2004'!G1965:G1989,0),16777275)","v":20720.625},{"$f":"ROUND(СУММПРОИЗВЕСЛИ(1,'Форма по МДС 81-35.2004'!J1965:J1989,\"Ж\",'Форма по МДС 81-35.2004'!E1965:E1989,'Форма по МДС 81-35.2004'!G1965:G1989,0),16777275)","v":5714.2875000000004},{"$f":"ROUND(СУММПРОИЗВЕСЛИ(1,'Форма по МДС 81-35.2004'!J1965:J1989,\"IsMater\",'Форма по МДС 81-35.2004'!E1965:E1989,'Форма по МДС 81-35.2004'!G1965:G1989,0),16777275)","v":13324.2119},0,0,{"$f":"ОКРУГЛВСЕ(SUMIF('Форма по МДС 81-35.2004'!J1965:J1989,\"Г\",'Форма по МДС 81-35.2004'!E1965:E1989),8)","v":150},0,{"$f":"ОКРУГЛВСЕ(SUMIF('Форма по МДС 81-35.2004'!J1965:J1989,\"Ж\",'Форма по МДС 81-35.2004'!E1965:E1989),8)","v":37.5},0,0,5830.4715299999998,4453.0849224000003,0,0,0,0,0,0,0,null,0,0,0,0,0,0,0,0]
[{"$f":"'Форма по МДС 81-35.2004'!A1990","v":"86."},{"$f":"'Форма по МДС 81-35.2004'!G1990","v":2151.85},{"$f":"ROUND(СУММПРОИЗВЕСЛИ(1,'Форма по МДС 81-35.2004'!J1990:J2012,\"Г\",'Форма по МДС 81-35.2004'!E1990:E2012,'Форма по МДС 81-35.2004'!G1990:G2012,0),16777275)","v":673.63199999999995},{"$f":"ROUND(СУММПРОИЗВЕСЛИ(1,'Форма по МДС 81-35.2004'!J1990:J2012,\"IsMash\",'Форма по МДС 81-35.2004'!E1990:E2012,'Форма по МДС 81-35.2004'!G1990:G2012,0),16777275)","v":884.08},{"$f":"ROUND(СУММПРОИЗВЕСЛИ(1,'Форма по МДС 81-35.2004'!J1990:J2012,\"Ж\",'Форма по МДС 81-35.2004'!E1990:E2012,'Форма по МДС 81-35.2004'!G1990:G2012,0),16777275)","v":240},{"$f":"ROUND(СУММПРОИЗВЕСЛИ(1,'Форма по МДС 81-35.2004'!J1990:J2012,\"IsMater\",'Форма по МДС 81-35.2004'!E1990:E2012,'Форма по МДС 81-35.2004'!G1990:G2012,0),16777275)","v":594.13660000000004},0,0,{"$f":"ОКРУГЛВСЕ(SUMIF('Форма по МДС 81-35.2004'!J1990:J2012,\"Г\",'Форма по МДС 81-35.2004'!E1990:E2012),8)","v":6.4},0,{"$f":"ОКРУГЛВСЕ(SUMIF('Форма по МДС 81-35.2004'!J1990:J2012,\"Ж\",'Форма по МДС 81-35.2004'!E1990:E2012),8)","v":1.6},0,0,251.76644999999999,192.28931600000001,0,0,0,0,0,0,0,null,0,0,0,0,0,0,0,0]
[{"$f":"'Форма по МДС 81-35.2004'!A2013","v":"87."},{"$f":"'Форма по МДС 81-35.2004'!G2013","v":213.44},{"$f":"ROUND(СУММПРОИЗВЕСЛИ(1,'Форма по МДС 81-35.2004'!J2013:J2034,\"Г\",'Форма по МДС 81-35.2004'!E2013:E2034,'Форма по МДС 81-35.2004'!G2013:G2034,0),16777275)","v":44.250799999999998},{"$f":"ROUND(СУММПРОИЗВЕСЛИ(1,'Форма по МДС 81-35.2004'!J2013:J2034,\"IsMash\",'Форма по МДС 81-35.2004'!E2013:E2034,'Форма по МДС 81-35.2004'!G2013:G2034,0),16777275)","v":60.780500000000004},{"$f":"ROUND(СУММПРОИЗВЕСЛИ(1,'Форма по МДС 81-35.2004'!J2013:J2034,\"Ж\",'Форма по МДС 81-35.2004'!E2013:E2034,'Форма по МДС 81-35.2004'!G2013:G2034,0),16777275)","v":17.123259999999998},{"$f":"ROUND(СУММПРОИЗВЕСЛИ(1,'Форма по МДС 81-35.2004'!J2013:J2034,\"IsMater\",'Форма по МДС 81-35.2004'!E2013:E2034,'Форма по МДС 81-35.2004'!G2013:G2034,0),16777275)","v":108.4113926},0,0,{"$f":"ОКРУГЛВСЕ(SUMIF('Форма по МДС 81-35.2004'!J2013:J2034,\"Г\",'Форма по МДС 81-35.2004'!E2013:E2034),8)","v":0.44},0,{"$f":"ОКРУГЛВСЕ(SUMIF('Форма по МДС 81-35.2004'!J2013:J2034,\"Ж\",'Форма по МДС 81-35.2004'!E2013:E2034),8)","v":0.11},0,0,24.972480000000001,19.072998399999999,0,0,0,0,0,0,0,null,0,0,0,0,0,0,0,0]
[{"$f":"'Форма по МДС 81-35.2004'!A2035","v":"88."},{"$f":"'Форма по МДС 81-35.2004'!G2035","v":14594.46},{"$f":"ROUND(СУММПРОИЗВЕСЛИ(1,'Форма по МДС 81-35.2004'!J2035:J2058,\"Г\",'Форма по МДС 81-35.2004'!E2035:E2058,'Форма по МДС 81-35.2004'!G2035:G2058,0),16777275)","v":6410.0294999999996},{"$f":"ROUND(СУММПРОИЗВЕСЛИ(1,'Форма по МДС 81-35.2004'!J2035:J2058,\"IsMash\",'Форма по МДС 81-35.2004'!E2035:E2058,'Форма по МДС 81-35.2004'!G2035:G2058,0),16777275)","v":5608.3824999999997},{"$f":"ROUND(СУММПРОИЗВЕСЛИ(1,'Форма по МДС 81-35.2004'!J2035:J2058,\"Ж\",'Форма по МДС 81-35.2004'!E2035:E2058,'Форма по МДС 81-35.2004'!G2035:G2058,0),16777275)","v":1499.9974500000001},{"$f":"ROUND(СУММПРОИЗВЕСЛИ(1,'Форма по МДС 81-35.2004'!J2035:J2058,\"IsMater\",'Форма по МДС 81-35.2004'!E2035:E2058,'Форма по МДС 81-35.2004'!G2035:G2058,0),16777275)","v":2576.0519399999998},0,0,{"$f":"ОКРУГЛВСЕ(SUMIF('Форма по МДС 81-35.2004'!J2035:J2058,\"Г\",'Форма по МДС 81-35.2004'!E2035:E2058),8)","v":60.9},0,{"$f":"ОКРУГЛВСЕ(SUMIF('Форма по МДС 81-35.2004'!J2035:J2058,\"Ж\",'Форма по МДС 81-35.2004'!E2035:E2058),8)","v":10.15},0,0,1707.5518199999999,1304.1609456000001,0,0,0,0,0,0,0,null,0,0,0,0,0,0,0,0]
[{"$f":"'Форма по МДС 81-35.2004'!A2059","v":"89."},{"$f":"'Форма по МДС 81-35.2004'!G2059","v":184.97},{"$f":"ROUND(СУММПРОИЗВЕСЛИ(1,'Форма по МДС 81-35.2004'!J2059:J2077,\"Г\",'Форма по МДС 81-35.2004'!E2059:E2077,'Форма по МДС 81-35.2004'!G2059:G2077,0),16777275)","v":0},{"$f":"ROUND(СУММПРОИЗВЕСЛИ(1,'Форма по МДС 81-35.2004'!J2059:J2077,\"IsMash\",'Форма по МДС 81-35.2004'!E2059:E2077,'Форма по МДС 81-35.2004'!G2059:G2077,0),16777275)","v":0},{"$f":"ROUND(СУММПРОИЗВЕСЛИ(1,'Форма по МДС 81-35.2004'!J2059:J2077,\"Ж\",'Форма по МДС 81-35.2004'!E2059:E2077,'Форма по МДС 81-35.2004'!G2059:G2077,0),16777275)","v":0},{"$f":"ROUND(СУММПРОИЗВЕСЛИ(1,'Форма по МДС 81-35.2004'!J2059:J2077,\"IsMater\",'Форма по МДС 81-35.2004'!E2059:E2077,'Форма по МДС 81-35.2004'!G2059:G2077,0),16777275)","v":184.97},0,0,{"$f":"ОКРУГЛВСЕ(SUMIF('Форма по МДС 81-35.2004'!J2059:J2077,\"Г\",'Форма по МДС 81-35.2004'!E2059:E2077),8)","v":0},0,{"$f":"ОКРУГЛВСЕ(SUMIF('Форма по МДС 81-35.2004'!J2059:J2077,\"Ж\",'Форма по МДС 81-35.2004'!E2059:E2077),8)","v":0},0,0,21.641490000000001,16.528919200000001,0,0,0,0,0,0,0,null,0,0,0,0,0,0,0,0]
[{"$f":"'Форма по МДС 81-35.2004'!A2078","v":"90."},{"$f":"'Форма по МДС 81-35.2004'!G2078","v":439.98},{"$f":"ROUND(СУММПРОИЗВЕСЛИ(1,'Форма по МДС 81-35.2004'!J2078:J2095,\"Г\",'Форма по МДС 81-35.2004'!E2078:E2095,'Форма по МДС 81-35.2004'!G2078:G2095,0),16777275)","v":0},{"$f":"ROUND(СУММПРОИЗВЕСЛИ(1,'Форма по МДС 81-35.2004'!J2078:J2095,\"IsMash\",'Форма по МДС 81-35.2004'!E2078:E2095,'Форма по МДС 81-35.2004'!G2078:G2095,0),16777275)","v":0},{"$f":"ROUND(СУММПРОИЗВЕСЛИ(1,'Форма по МДС 81-35.2004'!J2078:J2095,\"Ж\",'Форма по МДС 81-35.2004'!E2078:E2095,'Форма по МДС 81-35.2004'!G2078:G2095,0),16777275)","v":0},{"$f":"ROUND(СУММПРОИЗВЕСЛИ(1,'Форма по МДС 81-35.2004'!J2078:J2095,\"IsMater\",'Форма по МДС 81-35.2004'!E2078:E2095,'Форма по МДС 81-35.2004'!G2078:G2095,0),16777275)","v":439.98},0,0,{"$f":"ОКРУГЛВСЕ(SUMIF('Форма по МДС 81-35.2004'!J2078:J2095,\"Г\",'Форма по МДС 81-35.2004'!E2078:E2095),8)","v":0},0,{"$f":"ОКРУГЛВСЕ(SUMIF('Форма по МДС 81-35.2004'!J2078:J2095,\"Ж\",'Форма по МДС 81-35.2004'!E2078:E2095),8)","v":0},0,0,51.47766,39.316612800000001,0,0,0,0,0,0,0,null,0,0,0,0,0,0,0,0]
[{"$f":"'Форма по МДС 81-35.2004'!A2096","v":"91."},{"$f":"'Форма по МДС 81-35.2004'!G2096","v":85183.12},{"$f":"ROUND(СУММПРОИЗВЕСЛИ(1,'Форма по МДС 81-35.2004'!J2096:J2119,\"Г\",'Форма по МДС 81-35.2004'!E2096:E2119,'Форма по МДС 81-35.2004'!G2096:G2119,0),16777275)","v":14840.955},{"$f":"ROUND(СУММПРОИЗВЕСЛИ(1,'Форма по МДС 81-35.2004'!J2096:J2119,\"IsMash\",'Форма по МДС 81-35.2004'!E2096:E2119,'Форма по МДС 81-35.2004'!G2096:G2119,0),16777275)","v":25141.357499999998},{"$f":"ROUND(СУММПРОИЗВЕСЛИ(1,'Форма по МДС 81-35.2004'!J2096:J2119,\"Ж\",'Форма по МДС 81-35.2004'!E2096:E2119,'Форма по МДС 81-35.2004'!G2096:G2119,0),16777275)","v":5300.0137500000001},{"$f":"ROUND(СУММПРОИЗВЕСЛИ(1,'Форма по МДС 81-35.2004'!J2096:J2119,\"IsMater\",'Форма по МДС 81-35.2004'!E2096:E2119,'Форма по МДС 81-35.2004'!G2096:G2119,0),16777275)","v":45200.809736000003},0,0,{"$f":"ОКРУГЛВСЕ(SUMIF('Форма по МДС 81-35.2004'!J2096:J2119,\"Г\",'Форма по МДС 81-35.2004'!E2096:E2119),8)","v":141},0,{"$f":"ОКРУГЛВСЕ(SUMIF('Форма по МДС 81-35.2004'!J2096:J2119,\"Ж\",'Форма по МДС 81-35.2004'!E2096:E2119),8)","v":35.25},0,0,9966.4250400000001,7611.9636031999999,0,0,0,0,0,0,0,null,0,0,0,0,0,0,0,0]
[{"$f":"'Форма по МДС 81-35.2004'!A2121","v":"92."},{"$f":"'Форма по МДС 81-35.2004'!G2121","v":104.4},{"$f":"ROUND(СУММПРОИЗВЕСЛИ(1,'Форма по МДС 81-35.2004'!J2121:J2139,\"Г\",'Форма по МДС 81-35.2004'!E2121:E2139,'Форма по МДС 81-35.2004'!G2121:G2139,0),16777275)","v":0},{"$f":"ROUND(СУММПРОИЗВЕСЛИ(1,'Форма по МДС 81-35.2004'!J2121:J2139,\"IsMash\",'Форма по МДС 81-35.2004'!E2121:E2139,'Форма по МДС 81-35.2004'!G2121:G2139,0),16777275)","v":104.3982},{"$f":"ROUND(СУММПРОИЗВЕСЛИ(1,'Форма по МДС 81-35.2004'!J2121:J2139,\"Ж\",'Форма по МДС 81-35.2004'!E2121:E2139,'Форма по МДС 81-35.2004'!G2121:G2139,0),16777275)","v":42.857100000000003},{"$f":"ROUND(СУММПРОИЗВЕСЛИ(1,'Форма по МДС 81-35.2004'!J2121:J2139,\"IsMater\",'Форма по МДС 81-35.2004'!E2121:E2139,'Форма по МДС 81-35.2004'!G2121:G2139,0),16777275)","v":0},0,0,{"$f":"ОКРУГЛВСЕ(SUMIF('Форма по МДС 81-35.2004'!J2121:J2139,\"Г\",'Форма по МДС 81-35.2004'!E2121:E2139),8)","v":0},0,{"$f":"ОКРУГЛВСЕ(SUMIF('Форма по МДС 81-35.2004'!J2121:J2139,\"Ж\",'Форма по МДС 81-35.2004'!E2121:E2139),8)","v":0.27},0,0,12.2148,9.3291839999999997,0,0,0,0,0,0,0,null,0,0,0,0,0,0,0,0]
[{"$f":"'Форма по МДС 81-35.2004'!A2140","v":"93."},{"$f":"'Форма по МДС 81-35.2004'!G2140","v":213.44},{"$f":"ROUND(СУММПРОИЗВЕСЛИ(1,'Форма по МДС 81-35.2004'!J2140:J2161,\"Г\",'Форма по МДС 81-35.2004'!E2140:E2161,'Форма по МДС 81-35.2004'!G2140:G2161,0),16777275)","v":44.250799999999998},{"$f":"ROUND(СУММПРОИЗВЕСЛИ(1,'Форма по МДС 81-35.2004'!J2140:J2161,\"IsMash\",'Форма по МДС 81-35.2004'!E2140:E2161,'Форма по МДС 81-35.2004'!G2140:G2161,0),16777275)","v":60.780500000000004},{"$f":"ROUND(СУММПРОИЗВЕСЛИ(1,'Форма по МДС 81-35.2004'!J2140:J2161,\"Ж\",'Форма по МДС 81-35.2004'!E2140:E2161,'Форма по МДС 81-35.2004'!G2140:G2161,0),16777275)","v":0},{"$f":"ROUND(СУММПРОИЗВЕСЛИ(1,'Форма по МДС 81-35.2004'!J2140:J2161,\"IsMater\",'Форма по МДС 81-35.2004'!E2140:E2161,'Форма по МДС 81-35.2004'!G2140:G2161,0),16777275)","v":108.4113926},0,0,{"$f":"ОКРУГЛВСЕ(SUMIF('Форма по МДС 81-35.2004'!J2140:J2161,\"Г\",'Форма по МДС 81-35.2004'!E2140:E2161),8)","v":0.44},0,{"$f":"ОКРУГЛВСЕ(SUMIF('Форма по МДС 81-35.2004'!J2140:J2161,\"Ж\",'Форма по МДС 81-35.2004'!E2140:E2161),8)","v":0.11},0,0,24.972480000000001,19.072998399999999,0,0,0,0,0,0,0,null,0,0,0,0,0,0,0,0]

{"sheet":"Базовые цены с учетом расхода","index":4,"n_rows":98,"n_cols":33,"rows_kept":98,"cut":false,"hidden":false,"merged":[[1,0,1,7],[2,1,2,7],[3,1,3,7],[4,0,4,7]]}
[null,"C1","C2","C3","C4","C5","C6","VOZVR","C8","C9","C10","C11","C12","NAKL","PLAN","NAKL_ZPR","NAKL_ZPM","PLAN_ZPR","PLAN_ZPM","RN11","RN12","RN13",null,"OBORUD_VSPOMOG","NAKL_PN","NAKL_VX","PLAN_PN","PLAN_VX","VTCH_PN","VTCH_VX","MR_BY_ZPR_VSPOMOG","NAKL_INC","PLAN_INC"]
[]
[null,"N = < ГЭСНс * 2015_s * 13_15_лр >"]
[null,"          Автомобильные дороги регионального или межмуниципального значения с допустимым уровнем содержания  - норматив \"К\" 4 категория (ЛЕТНИЕ РАБОТЫ)"]
[]
[{"$f":"'Форма по МДС 81-35.2004'!A16","v":"1."},{"$f":"'Форма по МДС 81-35.2004'!N16","v":0},{"$f":"ROUND(SUMIF('Форма по МДС 81-35.2004'!J16:J35,\"Г\",'Форма по МДС 81-35.2004'!N16:N35),0)","v":0},{"$f":"ROUND(SUMIF('Форма по МДС 81-35.2004'!J16:J35,\"IsMash\",'Форма по МДС 81-35.2004'!N16:N35),0)","v":0},{"$f":"'Форма по МДС 81-35.2004'!N17","v":0},{"$f":"ROUND(SUMIF('Форма по МДС 81-35.2004'!J16:J35,\"IsMater\",'Форма по МДС 81-35.2004'!N16:N35),0)","v":0},{"$f":"ROUND('Форма по МДС 81-35.2004'!F16*'Базовые цены за единицу'!G6,0)","v":0},{"$f":"ROUND('Форма по МДС 81-35.2004'!F16*'Базовые цены за единицу'!H6,0)","v":0},{"$f":"ОКРУГЛВСЕ(SUMIF('Форма по МДС 81-35.2004'!J16:J35,\"Г\",'Форма по МДС 81-35.2004'!F16:F35),8)","v":0},{"$f":"ОКРУГЛВСЕ('Форма по МДС 81-35.2004'!F16*'Базовые цены за единицу'!J6,8)","v":0},{"$f":"ОКРУГЛВСЕ(SUMIF('Форма по МДС 81-35.2004'!J16:J35,\"Ж\",'Форма по МДС 81-35.2004'!F16:F35),8)","v":2.0999999999999999E-3},{"$f":"ROUND('Форма по МДС 81-35.2004'!F16*'Базовые цены за единицу'!L6,0)","v":0},{"$f":"ROUND('Форма по МДС 81-35.2004'!F16*'Базовые цены за единицу'!M6,0)","v":0},{"$f":"ROUND(B6*'Форма по МДС 81-35.2004'!M30/100,0)","v":0},{"$f":"ROUND((B6+N6)*'Форма по МДС 81-35.2004'!M33/100,0)","v":0},{"$f":"ROUND('Форма по МДС 81-35.2004'!F16*'Базовые цены за единицу'!P6,0)","v":0},{"$f":"ROUND('Форма по МДС 81-35.2004'!F16*'Базовые цены за единицу'!Q6,0)","v":0},{"$f":"ROUND('Форма по МДС 81-35.2004'!F16*'Базовые цены за единицу'!R6,0)","v":0},{"$f":"ROUND('Форма по МДС 81-35.2004'!F16*'Базовые цены за единицу'!S6,0)","v":0},{"$f":"ROUND('Форма по МДС 81-35.2004'!F16*'Базовые цены за единицу'!T6,0)","v":0},{"$f":"ROUND('Форма по МДС 81-35.2004'!F16*'Базовые цены за единицу'!U6,0)","v":0},{"$f":"ROUND('Форма по МДС 81-35.2004'!F16*'Базовые цены за единицу'!V6,0)","v":0},null,{"$f":"ROUND('Форма по МДС 81-35.2004'!F16*'Базовые цены за единицу'!X6,0)","v":0},{"$f":"IF(Определители!I6=\"9\",ROUND(B6*(Начисления!M6/100)*'Форма по МДС 81-35.2004'!M30/100,0),0)","v":0},{"$f":"IF(Определители!I6=\"9\",ROUND(B6*(100-Начисления!M6/100)*'Форма по МДС 81-35.2004'!M30/100,0),0)","v":0},{"$f":"IF(Определители!I6=\"9\",ROUND((C6+E6)*(Начисления!M6/100)*('Форма по МДС 81-35.2004'!M33/100),0),0)","v":0},{"$f":"IF(Определители!I6=\"9\",ROUND((C6+E6)*(100-Начисления!M6/100)*('Форма по МДС 81-35.2004'!M33/100),0),0)","v":0},{"$f":"IF(Определители!I6=\"9\",ROUND(B6*Начисления!M6/100,0),0)","v":0},{"$f":"IF(Определители!I6=\"9\",ROUND(B6*(100-Начисления!M6)/100,0),0)","v":0},{"$f":"ROUND('Форма по МДС 81-35.2004'!F16*'Базовые цены за единицу'!AE6,0)","v":0}]
[{"$f":"'Форма по МДС 81-35.2004'!A36","v":"2."},{"$f":"'Форма по МДС 81-35.2004'!N36","v":2},{"$f":"ROUND(SUMIF('Форма по МДС 81-35.2004'!J36:J54,\"Г\",'Форма по МДС 81-35.2004'!N36:N54),0)","v":0},{"$f":"ROUND(SUMIF('Форма по МДС 81-35.2004'!J36:J54,\"IsMash\",'Форма по МДС 81-35.2004'!N36:N54),0)","v":2},{"$f":"'Форма по МДС 81-35.2004'!N37","v":0},{"$f":"ROUND(SUMIF('Форма по МДС 81-35.2004'!J36:J54,\"IsMater\",'Форма по МДС 81-35.2004'!N36:N54),0)","v":0},{"$f":"ROUND('Форма по МДС 81-35.2004'!F36*'Базовые цены за единицу'!G7,0)","v":0},{"$f":"ROUND('Форма по МДС 81-35.2004'!F36*'Базовые цены за единицу'!H7,0)","v":0},{"$f":"ОКРУГЛВСЕ(SUMIF('Форма по МДС 81-35.2004'!J36:J54,\"Г\",'Форма по МДС 81-35.2004'!F36:F54),8)","v":0},{"$f":"ОКРУГЛВСЕ('Форма по МДС 81-35.2004'!F36*'Базовые цены за единицу'!J7,8)","v":0},{"$f":"ОКРУГЛВСЕ(SUMIF('Форма по МДС 81-35.2004'!J36:J54,\"Ж\",'Форма по МДС 81-35.2004'!F36:F54),8)","v":1.4800000000000001E-2},{"$f":"ROUND('Форма по МДС 81-35.2004'!F36*'Базовые цены за единицу'!L7,0)","v":0},{"$f":"ROUND('Форма по МДС 81-35.2004'!F36*'Базовые цены за единицу'!M7,0)","v":0},{"$f":"ROUND(B7*'Форма по МДС 81-35.2004'!M49/100,0)","v":0},{"$f":"ROUND((B7+N7)*'Форма по МДС 81-35.2004'!M52/100,0)","v":0},{"$f":"ROUND('Форма по МДС 81-35.2004'!F36*'Базовые цены за единицу'!P7,0)","v":0},{"$f":"ROUND('Форма по МДС 81-35.2004'!F36*'Базовые цены за единицу'!Q7,0)","v":0},{"$f":"ROUND('Форма по МДС 81-35.2004'!F36*'Базовые цены за единицу'!R7,0)","v":0},{"$f":"ROUND('Форма по МДС 81-35.2004'!F36*'Базовые цены за единицу'!S7,0)","v":0},{"$f":"ROUND('Форма по МДС 81-35.2004'!F36*'Базовые цены за единицу'!T7,0)","v":0},{"$f":"ROUND('Форма по МДС 81-35.2004'!F36*'Базовые цены за единицу'!U7,0)","v":0},{"$f":"ROUND('Форма по МДС 81-35.2004'!F36*'Базовые цены за единицу'!V7,0)","v":0},null,{"$f":"ROUND('Форма по МДС 81-35.2004'!F36*'Базовые цены за единицу'!X7,0)","v":0},{"$f":"IF(Определители!I7=\"9\",ROUND(B7*(Начисления!M7/100)*'Форма по МДС 81-35.2004'!M49/100,0),0)","v":0},{"$f":"IF(Определители!I7=\"9\",ROUND(B7*(100-Начисления!M7/100)*'Форма по МДС 81-35.2004'!M49/100,0),0)","v":0},{"$f":"IF(Определители!I7=\"9\",ROUND((C7+E7)*(Начисления!M7/100)*('Форма по МДС 81-35.2004'!M52/100),0),0)","v":0},{"$f":"IF(Определители!I7=\"9\",ROUND((C7+E7)*(100-Начисления!M7/100)*('Форма по МДС 81-35.2004'!M52/100),0),0)","v":0},{"$f":"IF(Определители!I7=\"9\",ROUND(B7*Начисления!M7/100,0),0)","v":0},{"$f":"IF(Определители!I7=\"9\",ROUND(B7*(100-Начисления!M7)/100,0),0)","v":0},{"$f":"ROUND('Форма по МДС 81-35.2004'!F36*'Базовые цены за единицу'!AE7,0)","v":0}]
[{"$f":"'Форма по МДС 81-35.2004'!A55","v":"3."},{"$f":"'Форма по МДС 81-35.2004'!N55","v":0},{"$f":"ROUND(SUMIF('Форма по МДС 81-35.2004'!J55:J76,\"Г\",'Форма по МДС 81-35.2004'!N55:N76),0)","v":0},{"$f":"ROUND(SUMIF('Форма по МДС 81-35.2004'!J55:J76,\"IsMash\",'Форма по МДС 81-35.2004'!N55:N76),0)","v":0},{"$f":"'Форма по МДС 81-35.2004'!N56","v":0},{"$f":"ROUND(SUMIF('Форма по МДС 81-35.2004'!J55:J76,\"IsMater\",'Форма по МДС 81-35.2004'!N55:N76),0)","v":0},{"$f":"ROUND('Форма по МДС 81-35.2004'!F55*'Базовые цены за единицу'!G8,0)","v":0},{"$f":"ROUND('Форма по МДС 81-35.2004'!F55*'Базовые цены за единицу'!H8,0)","v":0},{"$f":"ОКРУГЛВСЕ(SUMIF('Форма по МДС 81-35.2004'!J55:J76,\"Г\",'Форма по МДС 81-35.2004'!F55:F76),8)","v":0},{"$f":"ОКРУГЛВСЕ('Форма по МДС 81-35.2004'!F55*'Базовые цены за единицу'!J8,8)","v":0},{"$f":"ОКРУГЛВСЕ(SUMIF('Форма по МДС 81-35.2004'!J55:J76,\"Ж\",'Форма по МДС 81-35.2004'!F55:F76),8)","v":7.0000000000000001E-3},{"$f":"ROUND('Форма по МДС 81-35.2004'!F55*'Базовые цены за единицу'!L8,0)","v":0},{"$f":"ROUND('Форма по МДС 81-35.2004'!F55*'Базовые цены за единицу'!M8,0)","v":0},{"$f":"ROUND(B8*'Форма по МДС 81-35.2004'!M71/100,0)","v":0},{"$f":"ROUND((B8+N8)*'Форма по МДС 81-35.2004'!M74/100,0)","v":0},{"$f":"ROUND('Форма по МДС 81-35.2004'!F55*'Базовые цены за единицу'!P8,0)","v":0},{"$f":"ROUND('Форма по МДС 81-35.2004'!F55*'Базовые цены за единицу'!Q8,0)","v":0},{"$f":"ROUND('Форма по МДС 81-35.2004'!F55*'Базовые цены за единицу'!R8,0)","v":0},{"$f":"ROUND('Форма по МДС 81-35.2004'!F55*'Базовые цены за единицу'!S8,0)","v":0},{"$f":"ROUND('Форма по МДС 81-35.2004'!F55*'Базовые цены за единицу'!T8,0)","v":0},{"$f":"ROUND('Форма по МДС 81-35.2004'!F55*'Базовые цены за единицу'!U8,0)","v":0},{"$f":"ROUND('Форма по МДС 81-35.2004'!F55*'Базовые цены за единицу'!V8,0)","v":0},null,{"$f":"ROUND('Форма по МДС 81-35.2004'!F55*'Базовые цены за единицу'!X8,0)","v":0},{"$f":"IF(Определители!I8=\"9\",ROUND(B8*(Начисления!M8/100)*'Форма по МДС 81-35.2004'!M71/100,0),0)","v":0},{"$f":"IF(Определители!I8=\"9\",ROUND(B8*(100-Начисления!M8/100)*'Форма по МДС 81-35.2004'!M71/100,0),0)","v":0},{"$f":"IF(Определители!I8=\"9\",ROUND((C8+E8)*(Начисления!M8/100)*('Форма по МДС 81-35.2004'!M74/100),0),0)","v":0},{"$f":"IF(Определители!I8=\"9\",ROUND((C8+E8)*(100-Начисления!M8/100)*('Форма по МДС 81-35.2004'!M74/100),0),0)","v":0},{"$f":"IF(Определители!I8=\"9\",ROUND(B8*Начисления!M8/100,0),0)","v":0},{"$f":"IF(Определители!I8=\"9\",ROUND(B8*(100-Начисления!M8)/100,0),0)","v":0},{"$f":"ROUND('Форма по МДС 81-35.2004'!F55*'Базовые цены за единицу'!AE8,0)","v":0}]
[{"$f":"'Форма по МДС 81-35.2004'!A77","v":"4."},{"$f":"'Форма по МДС 81-35.2004'!N77","v":57},{"$f":"ROUND(SUMIF('Форма по МДС 81-35.2004'!J77:J95,\"Г\",'Форма по МДС 81-35.2004'!N77:N95),0)","v":0},{"$f":"ROUND(SUMIF('Форма по МДС 81-35.2004'!J77:J95,\"IsMash\",'Форма по МДС 81-35.2004'!N77:N95),0)","v":57},{"$f":"'Форма по МДС 81-35.2004'!N78","v":6},{"$f":"ROUND(SUMIF('Форма по МДС 81-35.2004'!J77:J95,\"IsMater\",'Форма по МДС 81-35.2004'!N77:N95),0)","v":0},{"$f":"ROUND('Форма по МДС 81-35.2004'!F77*'Базовые цены за единицу'!G9,0)","v":0},{"$f":"ROUND('Форма по МДС 81-35.2004'!F77*'Базовые цены за единицу'!H9,0)","v":0},{"$f":"ОКРУГЛВСЕ(SUMIF('Форма по МДС 81-35.2004'!J77:J95,\"Г\",'Форма по МДС 81-35.2004'!F77:F95),8)","v":0},{"$f":"ОКРУГЛВСЕ('Форма по МДС 81-35.2004'!F77*'Базовые цены за единицу'!J9,8)","v":0},{"$f":"ОКРУГЛВСЕ(SUMIF('Форма по МДС 81-35.2004'!J77:J95,\"Ж\",'Форма по МДС 81-35.2004'!F77:F95),8)","v":0.46},{"$f":"ROUND('Форма по МДС 81-35.2004'!F77*'Базовые цены за единицу'!L9,0)","v":0},{"$f":"ROUND('Форма по МДС 81-35.2004'!F77*'Базовые цены за единицу'!M9,0)","v":0},{"$f":"ROUND(B9*'Форма по МДС 81-35.2004'!M90/100,0)","v":7},{"$f":"ROUND((B9+N9)*'Форма по МДС 81-35.2004'!M93/100,0)","v":5},{"$f":"ROUND('Форма по МДС 81-35.2004'!F77*'Базовые цены за единицу'!P9,0)","v":0},{"$f":"ROUND('Форма по МДС 81-35.2004'!F77*'Базовые цены за единицу'!Q9,0)","v":0},{"$f":"ROUND('Форма по МДС 81-35.2004'!F77*'Базовые цены за единицу'!R9,0)","v":0},{"$f":"ROUND('Форма по МДС 81-35.2004'!F77*'Базовые цены за единицу'!S9,0)","v":0},{"$f":"ROUND('Форма по МДС 81-35.2004'!F77*'Базовые цены за единицу'!T9,0)","v":0},{"$f":"ROUND('Форма по МДС 81-35.2004'!F77*'Базовые цены за единицу'!U9,0)","v":0},{"$f":"ROUND('Форма по МДС 81-35.2004'!F77*'Базовые цены за единицу'!V9,0)","v":0},null,{"$f":"ROUND('Форма по МДС 81-35.2004'!F77*'Базовые цены за единицу'!X9,0)","v":0},{"$f":"IF(Определители!I9=\"9\",ROUND(B9*(Начисления!M9/100)*'Форма по МДС 81-35.2004'!M90/100,0),0)","v":0},{"$f":"IF(Определители!I9=\"9\",ROUND(B9*(100-Начисления!M9/100)*'Форма по МДС 81-35.2004'!M90/100,0),0)","v":0},{"$f":"IF(Определители!I9=\"9\",ROUND((C9+E9)*(Начисления!M9/100)*('Форма по МДС 81-35.2004'!M93/100),0),0)","v":0},{"$f":"IF(Определители!I9=\"9\",ROUND((C9+E9)*(100-Начисления!M9/100)*('Форма по МДС 81-35.2004'!M93/100),0),0)","v":0},{"$f":"IF(Определители!I9=\"9\",ROUND(B9*Начисления!M9/100,0),0)","v":0},{"$f":"IF(Определители!I9=\"9\",ROUND(B9*(100-Начисления!M9)/100,0),0)","v":0},{"$f":"ROUND('Форма по МДС 81-35.2004'!F77*'Базовые цены за единицу'!AE9,0)","v":0}]
[{"$f":"'Форма по МДС 81-35.2004'!A96","v":"5."},{"$f":"'Форма по МДС 81-35.2004'!N96","v":9},{"$f":"ROUND(SUMIF('Форма по МДС 81-35.2004'!J96:J114,\"Г\",'Форма по МДС 81-35.2004'!N96:N114),0)","v":9},{"$f":"ROUND(SUMIF('Форма по МДС 81-35.2004'!J96:J114,\"IsMash\",'Форма по МДС 81-35.2004'!N96:N114),0)","v":0},{"$f":"'Форма по МДС 81-35.2004'!N97","v":0},{"$f":"ROUND(SUMIF('Форма по МДС 81-35.2004'!J96:J114,\"IsMater\",'Форма по МДС 81-35.2004'!N96:N114),0)","v":0},{"$f":"ROUND('Форма по МДС 81-35.2004'!F96*'Базовые цены за единицу'!G10,0)","v":0},{"$f":"ROUND('Форма по МДС 81-35.2004'!F96*'Базовые цены за единицу'!H10,0)","v":0},{"$f":"ОКРУГЛВСЕ(SUMIF('Форма по МДС 81-35.2004'!J96:J114,\"Г\",'Форма по МДС 81-35.2004'!F96:F114),8)","v":1.1536},{"$f":"ОКРУГЛВСЕ('Форма по МДС 81-35.2004'!F96*'Базовые цены за единицу'!J10,8)","v":0},{"$f":"ОКРУГЛВСЕ(SUMIF('Форма по МДС 81-35.2004'!J96:J114,\"Ж\",'Форма по МДС 81-35.2004'!F96:F114),8)","v":0},{"$f":"ROUND('Форма по МДС 81-35.2004'!F96*'Базовые цены за единицу'!L10,0)","v":0},{"$f":"ROUND('Форма по МДС 81-35.2004'!F96*'Базовые цены за единицу'!M10,0)","v":0},{"$f":"ROUND(B10*'Форма по МДС 81-35.2004'!M109/100,0)","v":1},{"$f":"ROUND((B10+N10)*'Форма по МДС 81-35.2004'!M112/100,0)","v":1},{"$f":"ROUND('Форма по МДС 81-35.2004'!F96*'Базовые цены за единицу'!P10,0)","v":0},{"$f":"ROUND('Форма по МДС 81-35.2004'!F96*'Базовые цены за единицу'!Q10,0)","v":0},{"$f":"ROUND('Форма по МДС 81-35.2004'!F96*'Базовые цены за единицу'!R10,0)","v":0},{"$f":"ROUND('Форма по МДС 81-35.2004'!F96*'Базовые цены за единицу'!S10,0)","v":0},{"$f":"ROUND('Форма по МДС 81-35.2004'!F96*'Базовые цены за единицу'!T10,0)","v":0},{"$f":"ROUND('Форма по МДС 81-35.2004'!F96*'Базовые цены за единицу'!U10,0)","v":0},{"$f":"ROUND('Форма по МДС 81-35.2004'!F96*'Базовые цены за единицу'!V10,0)","v":0},null,{"$f":"ROUND('Форма по МДС 81-35.2004'!F96*'Базовые цены за единицу'!X10,0)","v":0},{"$f":"IF(Определители!I10=\"9\",ROUND(B10*(Начисления!M10/100)*'Форма по МДС 81-35.2004'!M109/100,0),0)","v":0},{"$f":"IF(Определители!I10=\"9\",ROUND(B10*(100-Начисления!M10/100)*'Форма по МДС 81-35.2004'!M109/100,0),0)","v":0},{"$f":"IF(Определители!I10=\"9\",ROUND((C10+E10)*(Начисления!M10/100)*('Форма по МДС 81-35.2004'!M112/100),0),0)","v":0},{"$f":"IF(Определители!I10=\"9\",ROUND((C10+E10)*(100-Начисления!M10/100)*('Форма по МДС 81-35.2004'!M112/100),0),0)","v":0},{"$f":"IF(Определители!I10=\"9\",ROUND(B10*Начисления!M10/100,0),0)","v":0},{"$f":"IF(Определители!I10=\"9\",ROUND(B10*(100-Начисления!M10)/100,0),0)","v":0},{"$f":"ROUND('Форма по МДС 81-35.2004'!F96*'Базовые цены за единицу'!AE10,0)","v":0}]
[{"$f":"'Форма по МДС 81-35.2004'!A115","v":"6."},{"$f":"'Форма по МДС 81-35.2004'!N115","v":244},{"$f":"ROUND(SUMIF('Форма по МДС 81-35.2004'!J115:J134,\"Г\",'Форма по МДС 81-35.2004'!N115:N134),0)","v":0},{"$f":"ROUND(SUMIF('Форма по МДС 81-35.2004'!J115:J134,\"IsMash\",'Форма по МДС 81-35.2004'!N115:N134),0)","v":244},{"$f":"'Форма по МДС 81-35.2004'!N116","v":39},{"$f":"ROUND(SUMIF('Форма по МДС 81-35.2004'!J115:J134,\"IsMater\",'Форма по МДС 81-35.2004'!N115:N134),0)","v":0},{"$f":"ROUND('Форма по МДС 81-35.2004'!F115*'Базовые цены за единицу'!G11,0)","v":0},{"$f":"ROUND('Форма по МДС 81-35.2004'!F115*'Базовые цены за единицу'!H11,0)","v":0},{"$f":"ОКРУГЛВСЕ(SUMIF('Форма по МДС 81-35.2004'!J115:J134,\"Г\",'Форма по МДС 81-35.2004'!F115:F134),8)","v":0},{"$f":"ОКРУГЛВСЕ('Форма по МДС 81-35.2004'!F115*'Базовые цены за единицу'!J11,8)","v":0},{"$f":"ОКРУГЛВСЕ(SUMIF('Форма по МДС 81-35.2004'!J115:J134,\"Ж\",'Форма по МДС 81-35.2004'!F115:F134),8)","v":2.88},{"$f":"ROUND('Форма по МДС 81-35.2004'!F115*'Базовые цены за единицу'!L11,0)","v":0},{"$f":"ROUND('Форма по МДС 81-35.2004'!F115*'Базовые цены за единицу'!M11,0)","v":0},{"$f":"ROUND(B11*'Форма по МДС 81-35.2004'!M129/100,0)","v":29},{"$f":"ROUND((B11+N11)*'Форма по МДС 81-35.2004'!M132/100,0)","v":22},{"$f":"ROUND('Форма по МДС 81-35.2004'!F115*'Базовые цены за единицу'!P11,0)","v":0},{"$f":"ROUND('Форма по МДС 81-35.2004'!F115*'Базовые цены за единицу'!Q11,0)","v":0},{"$f":"ROUND('Форма по МДС 81-35.2004'!F115*'Базовые цены за единицу'!R11,0)","v":0},{"$f":"ROUND('Форма по МДС 81-35.2004'!F115*'Базовые цены за единицу'!S11,0)","v":0},{"$f":"ROUND('Форма по МДС 81-35.2004'!F115*'Базовые цены за единицу'!T11,0)","v":0},{"$f":"ROUND('Форма по МДС 81-35.2004'!F115*'Базовые цены за единицу'!U11,0)","v":0},{"$f":"ROUND('Форма по МДС 81-35.2004'!F115*'Базовые цены за единицу'!V11,0)","v":0},null,{"$f":"ROUND('Форма по МДС 81-35.2004'!F115*'Базовые цены за единицу'!X11,0)","v":0},{"$f":"IF(Определители!I11=\"9\",ROUND(B11*(Начисления!M11/100)*'Форма по МДС 81-35.2004'!M129/100,0),0)","v":0},{"$f":"IF(Определители!I11=\"9\",ROUND(B11*(100-Начисления!M11/100)*'Форма по МДС 81-35.2004'!M129/100,0),0)","v":0},{"$f":"IF(Определители!I11=\"9\",ROUND((C11+E11)*(Начисления!M11/100)*('Форма по МДС 81-35.2004'!M132/100),0),0)","v":0},{"$f":"IF(Определители!I11=\"9\",ROUND((C11+E11)*(100-Начисления!M11/100)*('Форма по МДС 81-35.2004'!M132/100),0),0)","v":0},{"$f":"IF(Определители!I11=\"9\",ROUND(B11*Начисления!M11/100,0),0)","v":0},{"$f":"IF(Определители!I11=\"9\",ROUND(B11*(100-Начисления!M11)/100,0),0)","v":0},{"$f":"ROUND('Форма по МДС 81-35.2004'!F115*'Базовые цены за единицу'!AE11,0)","v":0}]
[{"$f":"'Форма по МДС 81-35.2004'!A135","v":"7."},{"$f":"'Форма по МДС 81-35.2004'!N135","v":150},{"$f":"ROUND(SUMIF('Форма по МДС 81-35.2004'!J135:J152,\"Г\",'Форма по МДС 81-35.2004'!N135:N152),0)","v":150},{"$f":"ROUND(SUMIF('Форма по МДС 81-35.2004'!J135:J152,\"IsMash\",'Форма по МДС 81-35.2004'!N135:N152),0)","v":0},{"$f":"'Форма по МДС 81-35.2004'!N136","v":0},{"$f":"ROUND(SUMIF('Форма по МДС 81-35.2004'!J135:J152,\"IsMater\",'Форма по МДС 81-35.2004'!N135:N152),0)","v":0},{"$f":"ROUND('Форма по МДС 81-35.2004'!F135*'Базовые цены за единицу'!G12,0)","v":0},{"$f":"ROUND('Форма по МДС 81-35.2004'!F135*'Базовые цены за единицу'!H12,0)","v":0},{"$f":"ОКРУГЛВСЕ(SUMIF('Форма по МДС 81-35.2004'!J135:J152,\"Г\",'Форма по МДС 81-35.2004'!F135:F152),8)","v":19.2},{"$f":"ОКРУГЛВСЕ('Форма по МДС 81-35.2004'!F135*'Базовые цены за единицу'!J12,8)","v":0},{"$f":"ОКРУГЛВСЕ(SUMIF('Форма по МДС 81-35.2004'!J135:J152,\"Ж\",'Форма по МДС 81-35.2004'!F135:F152),8)","v":0},{"$f":"ROUND('Форма по МДС 81-35.2004'!F135*'Базовые цены за единицу'!L12,0)","v":0},{"$f":"ROUND('Форма по МДС 81-35.2004'!F135*'Базовые цены за единицу'!M12,0)","v":0},{"$f":"ROUND(B12*'Форма по МДС 81-35.2004'!M147/100,0)","v":18},{"$f":"ROUND((B12+N12)*'Форма по МДС 81-35.2004'!M150/100,0)","v":13},{"$f":"ROUND('Форма по МДС 81-35.2004'!F135*'Базовые цены за единицу'!P12,0)","v":0},{"$f":"ROUND('Форма по МДС 81-35.2004'!F135*'Базовые цены за единицу'!Q12,0)","v":0},{"$f":"ROUND('Форма по МДС 81-35.2004'!F135*'Базовые цены за единицу'!R12,0)","v":0},{"$f":"ROUND('Форма по МДС 81-35.2004'!F135*'Базовые цены за единицу'!S12,0)","v":0},{"$f":"ROUND('Форма по МДС 81-35.2004'!F135*'Базовые цены за единицу'!T12,0)","v":0},{"$f":"ROUND('Форма по МДС 81-35.2004'!F135*'Базовые цены за единицу'!U12,0)","v":0},{"$f":"ROUND('Форма по МДС 81-35.2004'!F135*'Базовые цены за единицу'!V12,0)","v":0},null,{"$f":"ROUND('Форма по МДС 81-35.2004'!F135*'Базовые цены за единицу'!X12,0)","v":0},{"$f":"IF(Определители!I12=\"9\",ROUND(B12*(Начисления!M12/100)*'Форма по МДС 81-35.2004'!M147/100,0),0)","v":0},{"$f":"IF(Определители!I12=\"9\",ROUND(B12*(100-Начисления!M12/100)*'Форма по МДС 81-35.2004'!M147/100,0),0)","v":0},{"$f":"IF(Определители!I12=\"9\",ROUND((C12+E12)*(Начисления!M12/100)*('Форма по МДС 81-35.2004'!M150/100),0),0)","v":0},{"$f":"IF(Определители!I12=\"9\",ROUND((C12+E12)*(100-Начисления!M12/100)*('Форма по МДС 81-35.2004'!M150/100),0),0)","v":0},{"$f":"IF(Определители!I12=\"9\",ROUND(B12*Начисления!M12/100,0),0)","v":0},{"$f":"IF(Определители!I12=\"9\",ROUND(B12*(100-Начисления!M12)/100,0),0)","v":0},{"$f":"ROUND('Форма по МДС 81-35.2004'!F135*'Базовые цены за единицу'!AE12,0)","v":0}]
[{"$f":"'Форма по МДС 81-35.2004'!A153","v":"8."},{"$f":"'Форма по МДС 81-35.2004'!N153","v":26},{"$f":"ROUND(SUMIF('Форма по МДС 81-35.2004'!J153:J173,\"Г\",'Форма по МДС 81-35.2004'!N153:N173),0)","v":20},{"$f":"ROUND(SUMIF('Форма по МДС 81-35.2004'!J153:J173,\"IsMash\",'Форма по МДС 81-35.2004'!N153:N173),0)","v":7},{"$f":"'Форма по МДС 81-35.2004'!N154","v":1},{"$f":"ROUND(SUMIF('Форма по МДС 81-35.2004'!J153:J173,\"IsMater\",'Форма по МДС 81-35.2004'!N153:N173),0)","v":0},{"$f":"ROUND('Форма по МДС 81-35.2004'!F153*'Базовые цены за единицу'!G13,0)","v":0},{"$f":"ROUND('Форма по МДС 81-35.2004'!F153*'Базовые цены за единицу'!H13,0)","v":0},{"$f":"ОКРУГЛВСЕ(SUMIF('Форма по МДС 81-35.2004'!J153:J173,\"Г\",'Форма по МДС 81-35.2004'!F153:F173),8)","v":2.5},{"$f":"ОКРУГЛВСЕ('Форма по МДС 81-35.2004'!F153*'Базовые цены за единицу'!J13,8)","v":0},{"$f":"ОКРУГЛВСЕ(SUMIF('Форма по МДС 81-35.2004'!J153:J173,\"Ж\",'Форма по МДС 81-35.2004'!F153:F173),8)","v":0.1045},{"$f":"ROUND('Форма по МДС 81-35.2004'!F153*'Базовые цены за единицу'!L13,0)","v":0},{"$f":"ROUND('Форма по МДС 81-35.2004'!F153*'Базовые цены за единицу'!M13,0)","v":0},{"$f":"ROUND(B13*'Форма по МДС 81-35.2004'!M168/100,0)","v":3},{"$f":"ROUND((B13+N13)*'Форма по МДС 81-35.2004'!M171/100,0)","v":2},{"$f":"ROUND('Форма по МДС 81-35.2004'!F153*'Базовые цены за единицу'!P13,0)","v":0},{"$f":"ROUND('Форма по МДС 81-35.2004'!F153*'Базовые цены за единицу'!Q13,0)","v":0},{"$f":"ROUND('Форма по МДС 81-35.2004'!F153*'Базовые цены за единицу'!R13,0)","v":0},{"$f":"ROUND('Форма по МДС 81-35.2004'!F153*'Базовые цены за единицу'!S13,0)","v":0},{"$f":"ROUND('Форма по МДС 81-35.2004'!F153*'Базовые цены за единицу'!T13,0)","v":0},{"$f":"ROUND('Форма по МДС 81-35.2004'!F153*'Базовые цены за единицу'!U13,0)","v":0},{"$f":"ROUND('Форма по МДС 81-35.2004'!F153*'Базовые цены за единицу'!V13,0)","v":0},null,{"$f":"ROUND('Форма по МДС 81-35.2004'!F153*'Базовые цены за единицу'!X13,0)","v":0},{"$f":"IF(Определители!I13=\"9\",ROUND(B13*(Начисления!M13/100)*'Форма по МДС 81-35.2004'!M168/100,0),0)","v":0},{"$f":"IF(Определители!I13=\"9\",ROUND(B13*(100-Начисления!M13/100)*'Форма по МДС 81-35.2004'!M168/100,0),0)","v":0},{"$f":"IF(Определители!I13=\"9\",ROUND((C13+E13)*(Начисления!M13/100)*('Форма по МДС 81-35.2004'!M171/100),0),0)","v":0},{"$f":"IF(Определители!I13=\"9\",ROUND((C13+E13)*(100-Начисления!M13/100)*('Форма по МДС 81-35.2004'!M171/100),0),0)","v":0},{"$f":"IF(Определители!I13=\"9\",ROUND(B13*Начисления!M13/100,0),0)","v":0},{"$f":"IF(Определители!I13=\"9\",ROUND(B13*(100-Начисления!M13)/100,0),0)","v":0},{"$f":"ROUND('Форма по МДС 81-35.2004'!F153*'Базовые цены за единицу'!AE13,0)","v":0}]
[{"$f":"'Форма по МДС 81-35.2004'!A174","v":"9."},{"$f":"'Форма по МДС 81-35.2004'!N174","v":43},{"$f":"ROUND(SUMIF('Форма по МДС 81-35.2004'!J174:J192,\"Г\",'Форма по МДС 81-35.2004'!N174:N192),0)","v":0},{"$f":"ROUND(SUMIF('Форма по МДС 81-35.2004'!J174:J192,\"IsMash\",'Форма по МДС 81-35.2004'!N174:N192),0)","v":43},{"$f":"'Форма по МДС 81-35.2004'!N175","v":8},{"$f":"ROUND(SUMIF('Форма по МДС 81-35.2004'!J174:J192,\"IsMater\",'Форма по МДС 81-35.2004'!N174:N192),0)","v":0},{"$f":"ROUND('Форма по МДС 81-35.2004'!F174*'Базовые цены за единицу'!G14,0)","v":0},{"$f":"ROUND('Форма по МДС 81-35.2004'!F174*'Базовые цены за единицу'!H14,0)","v":0},{"$f":"ОКРУГЛВСЕ(SUMIF('Форма по МДС 81-35.2004'!J174:J192,\"Г\",'Форма по МДС 81-35.2004'!F174:F192),8)","v":0},{"$f":"ОКРУГЛВСЕ('Форма по МДС 81-35.2004'!F174*'Базовые цены за единицу'!J14,8)","v":0},{"$f":"ОКРУГЛВСЕ(SUMIF('Форма по МДС 81-35.2004'!J174:J192,\"Ж\",'Форма по МДС 81-35.2004'!F174:F192),8)","v":0.54},{"$f":"ROUND('Форма по МДС 81-35.2004'!F174*'Базовые цены за единицу'!L14,0)","v":0},{"$f":"ROUND('Форма по МДС 81-35.2004'!F174*'Базовые цены за единицу'!M14,0)","v":0},{"$f":"ROUND(B14*'Форма по МДС 81-35.2004'!M187/100,0)","v":5},{"$f":"ROUND((B14+N14)*'Форма по МДС 81-35.2004'!M190/100,0)","v":4},{"$f":"ROUND('Форма по МДС 81-35.2004'!F174*'Базовые цены за единицу'!P14,0)","v":0},{"$f":"ROUND('Форма по МДС 81-35.2004'!F174*'Базовые цены за единицу'!Q14,0)","v":0},{"$f":"ROUND('Форма по МДС 81-35.2004'!F174*'Базовые цены за единицу'!R14,0)","v":0},{"$f":"ROUND('Форма по МДС 81-35.2004'!F174*'Базовые цены за единицу'!S14,0)","v":0},{"$f":"ROUND('Форма по МДС 81-35.2004'!F174*'Базовые цены за единицу'!T14,0)","v":0},{"$f":"ROUND('Форма по МДС 81-35.2004'!F174*'Базовые цены за единицу'!U14,0)","v":0},{"$f":"ROUND('Форма по МДС 81-35.2004'!F174*'Базовые цены за единицу'!V14,0)","v":0},null,{"$f":"ROUND('Форма по МДС 81-35.2004'!F174*'Базовые цены за единицу'!X14,0)","v":0},{"$f":"IF(Определители!I14=\"9\",ROUND(B14*(Начисления!M14/100)*'Форма по МДС 81-35.2004'!M187/100,0),0)","v":0},{"$f":"IF(Определители!I14=\"9\",ROUND(B14*(100-Начисления!M14/100)*'Форма по МДС 81-35.2004'!M187/100,0),0)","v":0},{"$f":"IF(Определители!I14=\"9\",ROUND((C14+E14)*(Начисления!M14/100)*('Форма по МДС 81-35.2004'!M190/100),0),0)","v":0},{"$f":"IF(Определители!I14=\"9\",ROUND((C14+E14)*(100-Начисления!M14/100)*('Форма по МДС 81-35.2004'!M190/100),0),0)","v":0},{"$f":"IF(Определители!I14=\"9\",ROUND(B14*Начисления!M14/100,0),0)","v":0},{"$f":"IF(Определители!I14=\"9\",ROUND(B14*(100-Начисления!M14)/100,0),0)","v":0},{"$f":"ROUND('Форма по МДС 81-35.2004'!F174*'Базовые цены за единицу'!AE14,0)","v":0}]
[{"$f":"'Форма по МДС 81-35.2004'!A194","v":"10."},{"$f":"'Форма по МДС 81-35.2004'!N194","v":33},{"$f":"ROUND(SUMIF('Форма по МДС 81-35.2004'!J194:J215,\"Г\",'Форма по МДС 81-35.2004'!N194:N215),0)","v":11},{"$f":"ROUND(SUMIF('Форма по МДС 81-35.2004'!J194:J215,\"IsMash\",'Форма по МДС 81-35.2004'!N194:N215),0)","v":22},{"$f":"'Форма по МДС 81-35.2004'!N195","v":3},{"$f":"ROUND(SUMIF('Форма по МДС 81-35.2004'!J194:J215,\"IsMater\",'Форма по МДС 81-35.2004'!N194:N215),0)","v":0},{"$f":"ROUND('Форма по МДС 81-35.2004'!F194*'Базовые цены за единицу'!G15,0)","v":0},{"$f":"ROUND('Форма по МДС 81-35.2004'!F194*'Базовые цены за единицу'!H15,0)","v":0},{"$f":"ОКРУГЛВСЕ(SUMIF('Форма по МДС 81-35.2004'!J194:J215,\"Г\",'Форма по МДС 81-35.2004'!F194:F215),8)","v":1.499808},{"$f":"ОКРУГЛВСЕ('Форма по МДС 81-35.2004'!F194*'Базовые цены за единицу'!J15,8)","v":0},{"$f":"ОКРУГЛВСЕ(SUMIF('Форма по МДС 81-35.2004'!J194:J215,\"Ж\",'Форма по МДС 81-35.2004'!F194:F215),8)","v":0.249968},{"$f":"ROUND('Форма по МДС 81-35.2004'!F194*'Базовые цены за единицу'!L15,0)","v":0},{"$f":"ROUND('Форма по МДС 81-35.2004'!F194*'Базовые цены за единицу'!M15,0)","v":0},{"$f":"ROUND(B15*'Форма по МДС 81-35.2004'!M210/100,0)","v":4},{"$f":"ROUND((B15+N15)*'Форма по МДС 81-35.2004'!M213/100,0)","v":3},{"$f":"ROUND('Форма по МДС 81-35.2004'!F194*'Базовые цены за единицу'!P15,0)","v":0},{"$f":"ROUND('Форма по МДС 81-35.2004'!F194*'Базовые цены за единицу'!Q15,0)","v":0},{"$f":"ROUND('Форма по МДС 81-35.2004'!F194*'Базовые цены за единицу'!R15,0)","v":0},{"$f":"ROUND('Форма по МДС 81-35.2004'!F194*'Базовые цены за единицу'!S15,0)","v":0},{"$f":"ROUND('Форма по МДС 81-35.2004'!F194*'Базовые цены за единицу'!T15,0)","v":0},{"$f":"ROUND('Форма по МДС 81-35.2004'!F194*'Базовые цены за единицу'!U15,0)","v":0},{"$f":"ROUND('Форма по МДС 81-35.2004'!F194*'Базовые цены за единицу'!V15,0)","v":0},null,{"$f":"ROUND('Форма по МДС 81-35.2004'!F194*'Базовые цены за единицу'!X15,0)","v":0},{"$f":"IF(Определители!I15=\"9\",ROUND(B15*(Начисления!M15/100)*'Форма по МДС 81-35.2004'!M210/100,0),0)","v":0},{"$f":"IF(Определители!I15=\"9\",ROUND(B15*(100-Начисления!M15/100)*'Форма по МДС 81-35.2004'!M210/100,0),0)","v":0},{"$f":"IF(Определители!I15=\"9\",ROUND((C15+E15)*(Начисления!M15/100)*('Форма по МДС 81-35.2004'!M213/100),0),0)","v":0},{"$f":"IF(Определители!I15=\"9\",ROUND((C15+E15)*(100-Начисления!M15/100)*('Форма по МДС 81-35.2004'!M213/100),0),0)","v":0},{"$f":"IF(Определители!I15=\"9\",ROUND(B15*Начисления!M15/100,0),0)","v":0},{"$f":"IF(Определители!I15=\"9\",ROUND(B15*(100-Начисления!M15)/100,0),0)","v":0},{"$f":"ROUND('Форма по МДС 81-35.2004'!F194*'Базовые цены за единицу'!AE15,0)","v":0}]
[{"$f":"'Форма по МДС 81-35.2004'!A216","v":"11."},{"$f":"'Форма по МДС 81-35.2004'!N216","v":10},{"$f":"ROUND(SUMIF('Форма по МДС 81-35.2004'!J216:J234,\"Г\",'Форма по МДС 81-35.2004'!N216:N234),0)","v":0},{"$f":"ROUND(SUMIF('Форма по МДС 81-35.2004'!J216:J234,\"IsMash\",'Форма по МДС 81-35.2004'!N216:N234),0)","v":10},{"$f":"'Форма по МДС 81-35.2004'!N217","v":1},{"$f":"ROUND(SUMIF('Форма по МДС 81-35.2004'!J216:J234,\"IsMater\",'Форма по МДС 81-35.2004'!N216:N234),0)","v":0},{"$f":"ROUND('Форма по МДС 81-35.2004'!F216*'Базовые цены за единицу'!G16,0)","v":0},{"$f":"ROUND('Форма по МДС 81-35.2004'!F216*'Базовые цены за единицу'!H16,0)","v":0},{"$f":"ОКРУГЛВСЕ(SUMIF('Форма по МДС 81-35.2004'!J216:J234,\"Г\",'Форма по МДС 81-35.2004'!F216:F234),8)","v":0},{"$f":"ОКРУГЛВСЕ('Форма по МДС 81-35.2004'!F216*'Базовые цены за единицу'!J16,8)","v":0},{"$f":"ОКРУГЛВСЕ(SUMIF('Форма по МДС 81-35.2004'!J216:J234,\"Ж\",'Форма по МДС 81-35.2004'!F216:F234),8)","v":7.8E-2},{"$f":"ROUND('Форма по МДС 81-35.2004'!F216*'Базовые цены за единицу'!L16,0)","v":0},{"$f":"ROUND('Форма по МДС 81-35.2004'!F216*'Базовые цены за единицу'!M16,0)","v":0},{"$f":"ROUND(B16*'Форма по МДС 81-35.2004'!M229/100,0)","v":1},{"$f":"ROUND((B16+N16)*'Форма по МДС 81-35.2004'!M232/100,0)","v":1},{"$f":"ROUND('Форма по МДС 81-35.2004'!F216*'Базовые цены за единицу'!P16,0)","v":0},{"$f":"ROUND('Форма по МДС 81-35.2004'!F216*'Базовые цены за единицу'!Q16,0)","v":0},{"$f":"ROUND('Форма по МДС 81-35.2004'!F216*'Базовые цены за единицу'!R16,0)","v":0},{"$f":"ROUND('Форма по МДС 81-35.2004'!F216*'Базовые цены за единицу'!S16,0)","v":0},{"$f":"ROUND('Форма по МДС 81-35.2004'!F216*'Базовые цены за единицу'!T16,0)","v":0},{"$f":"ROUND('Форма по МДС 81-35.2004'!F216*'Базовые цены за единицу'!U16,0)","v":0},{"$f":"ROUND('Форма по МДС 81-35.2004'!F216*'Базовые цены за единицу'!V16,0)","v":0},null,{"$f":"ROUND('Форма по МДС 81-35.2004'!F216*'Базовые цены за единицу'!X16,0)","v":0},{"$f":"IF(Определители!I16=\"9\",ROUND(B16*(Начисления!M16/100)*'Форма по МДС 81-35.2004'!M229/100,0),0)","v":0},{"$f":"IF(Определители!I16=\"9\",ROUND(B16*(100-Начисления!M16/100)*'Форма по МДС 81-35.2004'!M229/100,0),0)","v":0},{"$f":"IF(Определители!I16=\"9\",ROUND((C16+E16)*(Начисления!M16/100)*('Форма по МДС 81-35.2004'!M232/100),0),0)","v":0},{"$f":"IF(Определители!I16=\"9\",ROUND((C16+E16)*(100-Начисления!M16/100)*('Форма по МДС 81-35.2004'!M232/100),0),0)","v":0},{"$f":"IF(Определители!I16=\"9\",ROUND(B16*Начисления!M16/100,0),0)","v":0},{"$f":"IF(Определители!I16=\"9\",ROUND(B16*(100-Начисления!M16)/100,0),0)","v":0},{"$f":"ROUND('Форма по МДС 81-35.2004'!F216*'Базовые цены за единицу'!AE16,0)","v":0}]
[{"$f":"'Форма по МДС 81-35.2004'!A235","v":"12."},{"$f":"'Форма по МДС 81-35.2004'!N235","v":256},{"$f":"ROUND(SUMIF('Форма по МДС 81-35.2004'!J235:J254,\"Г\",'Форма по МДС 81-35.2004'!N235:N254),0)","v":0},{"$f":"ROUND(SUMIF('Форма по МДС 81-35.2004'!J235:J254,\"IsMash\",'Форма по МДС 81-35.2004'!N235:N254),0)","v":257},{"$f":"'Форма по МДС 81-35.2004'!N236","v":41},{"$f":"ROUND(SUMIF('Форма по МДС 81-35.2004'!J235:J254,\"IsMater\",'Форма по МДС 81-35.2004'!N235:N254),0)","v":0},{"$f":"ROUND('Форма по МДС 81-35.2004'!F235*'Базовые цены за единицу'!G17,0)","v":0},{"$f":"ROUND('Форма по МДС 81-35.2004'!F235*'Базовые цены за единицу'!H17,0)","v":0},{"$f":"ОКРУГЛВСЕ(SUMIF('Форма по МДС 81-35.2004'!J235:J254,\"Г\",'Форма по МДС 81-35.2004'!F235:F254),8)","v":0},{"$f":"ОКРУГЛВСЕ('Форма по МДС 81-35.2004'!F235*'Базовые цены за единицу'!J17,8)","v":0},{"$f":"ОКРУГЛВСЕ(SUMIF('Форма по МДС 81-35.2004'!J235:J254,\"Ж\",'Форма по МДС 81-35.2004'!F235:F254),8)","v":3.024},{"$f":"ROUND('Форма по МДС 81-35.2004'!F235*'Базовые цены за единицу'!L17,0)","v":0},{"$f":"ROUND('Форма по МДС 81-35.2004'!F235*'Базовые цены за единицу'!M17,0)","v":0},{"$f":"ROUND(B17*'Форма по МДС 81-35.2004'!M249/100,0)","v":30},{"$f":"ROUND((B17+N17)*'Форма по МДС 81-35.2004'!M252/100,0)","v":23},{"$f":"ROUND('Форма по МДС 81-35.2004'!F235*'Базовые цены за единицу'!P17,0)","v":0},{"$f":"ROUND('Форма по МДС 81-35.2004'!F235*'Базовые цены за единицу'!Q17,0)","v":0},{"$f":"ROUND('Форма по МДС 81-35.2004'!F235*'Базовые цены за единицу'!R17,0)","v":0},{"$f":"ROUND('Форма по МДС 81-35.2004'!F235*'Базовые цены за единицу'!S17,0)","v":0},{"$f":"ROUND('Форма по МДС 81-35.2004'!F235*'Базовые цены за единицу'!T17,0)","v":0},{"$f":"ROUND('Форма по МДС 81-35.2004'!F235*'Базовые цены за единицу'!U17,0)","v":0},{"$f":"ROUND('Форма по МДС 81-35.2004'!F235*'Базовые цены за единицу'!V17,0)","v":0},null,{"$f":"ROUND('Форма по МДС 81-35.2004'!F235*'Базовые цены за единицу'!X17,0)","v":0},{"$f":"IF(Определители!I17=\"9\",ROUND(B17*(Начисления!M17/100)*'Форма по МДС 81-35.2004'!M249/100,0),0)","v":0},{"$f":"IF(Определители!I17=\"9\",ROUND(B17*(100-Начисления!M17/100)*'Форма по МДС 81-35.2004'!M249/100,0),0)","v":0},{"$f":"IF(Определители!I17=\"9\",ROUND((C17+E17)*(Начисления!M17/100)*('Форма по МДС 81-35.2004'!M252/100),0),0)","v":0},{"$f":"IF(Определители!I17=\"9\",ROUND((C17+E17)*(100-Начисления!M17/100)*('Форма по МДС 81-35.2004'!M252/100),0),0)","v":0},{"$f":"IF(Определители!I17=\"9\",ROUND(B17*Начисления!M17/100,0),0)","v":0},{"$f":"IF(Определители!I17=\"9\",ROUND(B17*(100-Начисления!M17)/100,0),0)","v":0},{"$f":"ROUND('Форма по МДС 81-35.2004'!F235*'Базовые цены за единицу'!AE17,0)","v":0}]
[{"$f":"'Форма по МДС 81-35.2004'!A255","v":"13."},{"$f":"'Форма по МДС 81-35.2004'!N255","v":59},{"$f":"ROUND(SUMIF('Форма по МДС 81-35.2004'!J255:J273,\"Г\",'Форма по МДС 81-35.2004'!N255:N273),0)","v":59},{"$f":"ROUND(SUMIF('Форма по МДС 81-35.2004'!J255:J273,\"IsMash\",'Форма по МДС 81-35.2004'!N255:N273),0)","v":0},{"$f":"'Форма по МДС 81-35.2004'!N256","v":0},{"$f":"ROUND(SUMIF('Форма по МДС 81-35.2004'!J255:J273,\"IsMater\",'Форма по МДС 81-35.2004'!N255:N273),0)","v":0},{"$f":"ROUND('Форма по МДС 81-35.2004'!F255*'Базовые цены за единицу'!G18,0)","v":0},{"$f":"ROUND('Форма по МДС 81-35.2004'!F255*'Базовые цены за единицу'!H18,0)","v":0},{"$f":"ОКРУГЛВСЕ(SUMIF('Форма по МДС 81-35.2004'!J255:J273,\"Г\",'Форма по МДС 81-35.2004'!F255:F273),8)","v":7.2431999999999999},{"$f":"ОКРУГЛВСЕ('Форма по МДС 81-35.2004'!F255*'Базовые цены за единицу'!J18,8)","v":0},{"$f":"ОКРУГЛВСЕ(SUMIF('Форма по МДС 81-35.2004'!J255:J273,\"Ж\",'Форма по МДС 81-35.2004'!F255:F273),8)","v":0},{"$f":"ROUND('Форма по МДС 81-35.2004'!F255*'Базовые цены за единицу'!L18,0)","v":0},{"$f":"ROUND('Форма по МДС 81-35.2004'!F255*'Базовые цены за единицу'!M18,0)","v":0},{"$f":"ROUND(B18*'Форма по МДС 81-35.2004'!M268/100,0)","v":7},{"$f":"ROUND((B18+N18)*'Форма по МДС 81-35.2004'!M271/100,0)","v":5},{"$f":"ROUND('Форма по МДС 81-35.2004'!F255*'Базовые цены за единицу'!P18,0)","v":0},{"$f":"ROUND('Форма по МДС 81-35.2004'!F255*'Базовые цены за единицу'!Q18,0)","v":0},{"$f":"ROUND('Форма по МДС 81-35.2004'!F255*'Базовые цены за единицу'!R18,0)","v":0},{"$f":"ROUND('Форма по МДС 81-35.2004'!F255*'Базовые цены за единицу'!S18,0)","v":0},{"$f":"ROUND('Форма по МДС 81-35.2004'!F255*'Базовые цены за единицу'!T18,0)","v":0},{"$f":"ROUND('Форма по МДС 81-35.2004'!F255*'Базовые цены за единицу'!U18,0)","v":0},{"$f":"ROUND('Форма по МДС 81-35.2004'!F255*'Базовые цены за единицу'!V18,0)","v":0},null,{"$f":"ROUND('Форма по МДС 81-35.2004'!F255*'Базовые цены за единицу'!X18,0)","v":0},{"$f":"IF(Определители!I18=\"9\",ROUND(B18*(Начисления!M18/100)*'Форма по МДС 81-35.2004'!M268/100,0),0)","v":0},{"$f":"IF(Определители!I18=\"9\",ROUND(B18*(100-Начисления!M18/100)*'Форма по МДС 81-35.2004'!M268/100,0),0)","v":0},{"$f":"IF(Определители!I18=\"9\",ROUND((C18+E18)*(Начисления!M18/100)*('Форма по МДС 81-35.2004'!M271/100),0),0)","v":0},{"$f":"IF(Определители!I18=\"9\",ROUND((C18+E18)*(100-Начисления!M18/100)*('Форма по МДС 81-35.2004'!M271/100),0),0)","v":0},{"$f":"IF(Определители!I18=\"9\",ROUND(B18*Начисления!M18/100,0),0)","v":0},{"$f":"IF(Определители!I18=\"9\",ROUND(B18*(100-Начисления!M18)/100,0),0)","v":0},{"$f":"ROUND('Форма по МДС 81-35.2004'!F255*'Базовые цены за единицу'!AE18,0)","v":0}]
[{"$f":"'Форма по МДС 81-35.2004'!A274","v":"14."},{"$f":"'Форма по МДС 81-35.2004'!N274","v":255},{"$f":"ROUND(SUMIF('Форма по МДС 81-35.2004'!J274:J294,\"Г\",'Форма по МДС 81-35.2004'!N274:N294),0)","v":21},{"$f":"ROUND(SUMIF('Форма по МДС 81-35.2004'!J274:J294,\"IsMash\",'Форма по МДС 81-35.2004'!N274:N294),0)","v":233},{"$f":"'Форма по МДС 81-35.2004'!N275","v":37},{"$f":"ROUND(SUMIF('Форма по МДС 81-35.2004'!J274:J294,\"IsMater\",'Форма по МДС 81-35.2004'!N274:N294),0)","v":0},{"$f":"ROUND('Форма по МДС 81-35.2004'!F274*'Базовые цены за единицу'!G19,0)","v":0},{"$f":"ROUND('Форма по МДС 81-35.2004'!F274*'Базовые цены за единицу'!H19,0)","v":0},{"$f":"ОКРУГЛВСЕ(SUMIF('Форма по МДС 81-35.2004'!J274:J294,\"Г\",'Форма по МДС 81-35.2004'!F274:F294),8)","v":2.754},{"$f":"ОКРУГЛВСЕ('Форма по МДС 81-35.2004'!F274*'Базовые цены за единицу'!J19,8)","v":0},{"$f":"ОКРУГЛВСЕ(SUMIF('Форма по МДС 81-35.2004'!J274:J294,\"Ж\",'Форма по МДС 81-35.2004'!F274:F294),8)","v":2.754},{"$f":"ROUND('Форма по МДС 81-35.2004'!F274*'Базовые цены за единицу'!L19,0)","v":0},{"$f":"ROUND('Форма по МДС 81-35.2004'!F274*'Базовые цены за единицу'!M19,0)","v":0},{"$f":"ROUND(B19*'Форма по МДС 81-35.2004'!M289/100,0)","v":30},{"$f":"ROUND((B19+N19)*'Форма по МДС 81-35.2004'!M292/100,0)","v":23},{"$f":"ROUND('Форма по МДС 81-35.2004'!F274*'Базовые цены за единицу'!P19,0)","v":0},{"$f":"ROUND('Форма по МДС 81-35.2004'!F274*'Базовые цены за единицу'!Q19,0)","v":0},{"$f":"ROUND('Форма по МДС 81-35.2004'!F274*'Базовые цены за единицу'!R19,0)","v":0},{"$f":"ROUND('Форма по МДС 81-35.2004'!F274*'Базовые цены за единицу'!S19,0)","v":0},{"$f":"ROUND('Форма по МДС 81-35.2004'!F274*'Базовые цены за единицу'!T19,0)","v":0},{"$f":"ROUND('Форма по МДС 81-35.2004'!F274*'Базовые цены за единицу'!U19,0)","v":0},{"$f":"ROUND('Форма по МДС 81-35.2004'!F274*'Базовые цены за единицу'!V19,0)","v":0},null,{"$f":"ROUND('Форма по МДС 81-35.2004'!F274*'Базовые цены за единицу'!X19,0)","v":0},{"$f":"IF(Определители!I19=\"9\",ROUND(B19*(Начисления!M19/100)*'Форма по МДС 81-35.2004'!M289/100,0),0)","v":0},{"$f":"IF(Определители!I19=\"9\",ROUND(B19*(100-Начисления!M19/100)*'Форма по МДС 81-35.2004'!M289/100,0),0)","v":0},{"$f":"IF(Определители!I19=\"9\",ROUND((C19+E19)*(Начисления!M19/100)*('Форма по МДС 81-35.2004'!M292/100),0),0)","v":0},{"$f":"IF(Определители!I19=\"9\",ROUND((C19+E19)*(100-Начисления!M19/100)*('Форма по МДС 81-35.2004'!M292/100),0),0)","v":0},{"$f":"IF(Определители!I19=\"9\",ROUND(B19*Начисления!M19/100,0),0)","v":0},{"$f":"IF(Определители!I19=\"9\",ROUND(B19*(100-Начисления!M19)/100,0),0)","v":0},{"$f":"ROUND('Форма по МДС 81-35.2004'!F274*'Базовые цены за единицу'!AE19,0)","v":0}]
[{"$f":"'Форма по МДС 81-35.2004'!A295","v":"15."},{"$f":"'Форма по МДС 81-35.2004'!N295","v":3},{"$f":"ROUND(SUMIF('Форма по МДС 81-35.2004'!J295:J312,\"Г\",'Форма по МДС 81-35.2004'!N295:N312),0)","v":3},{"$f":"ROUND(SUMIF('Форма по МДС 81-35.2004'!J295:J312,\"IsMash\",'Форма по МДС 81-35.2004'!N295:N312),0)","v":0},{"$f":"'Форма по МДС 81-35.2004'!N296","v":0},{"$f":"ROUND(SUMIF('Форма по МДС 81-35.2004'!J295:J312,\"IsMater\",'Форма по МДС 81-35.2004'!N295:N312),0)","v":0},{"$f":"ROUND('Форма по МДС 81-35.2004'!F295*'Базовые цены за единицу'!G20,0)","v":0},{"$f":"ROUND('Форма по МДС 81-35.2004'!F295*'Базовые цены за единицу'!H20,0)","v":0},{"$f":"ОКРУГЛВСЕ(SUMIF('Форма по МДС 81-35.2004'!J295:J312,\"Г\",'Форма по МДС 81-35.2004'!F295:F312),8)","v":0.33},{"$f":"ОКРУГЛВСЕ('Форма по МДС 81-35.2004'!F295*'Базовые цены за единицу'!J20,8)","v":0},{"$f":"ОКРУГЛВСЕ(SUMIF('Форма по МДС 81-35.2004'!J295:J312,\"Ж\",'Форма по МДС 81-35.2004'!F295:F312),8)","v":0},{"$f":"ROUND('Форма по МДС 81-35.2004'!F295*'Базовые цены за единицу'!L20,0)","v":0},{"$f":"ROUND('Форма по МДС 81-35.2004'!F295*'Базовые цены за единицу'!M20,0)","v":0},{"$f":"ROUND(B20*'Форма по МДС 81-35.2004'!M307/100,0)","v":0},{"$f":"ROUND((B20+N20)*'Форма по МДС 81-35.2004'!M310/100,0)","v":0},{"$f":"ROUND('Форма по МДС 81-35.2004'!F295*'Базовые цены за единицу'!P20,0)","v":0},{"$f":"ROUND('Форма по МДС 81-35.2004'!F295*'Базовые цены за единицу'!Q20,0)","v":0},{"$f":"ROUND('Форма по МДС 81-35.2004'!F295*'Базовые цены за единицу'!R20,0)","v":0},{"$f":"ROUND('Форма по МДС 81-35.2004'!F295*'Базовые цены за единицу'!S20,0)","v":0},{"$f":"ROUND('Форма по МДС 81-35.2004'!F295*'Базовые цены за единицу'!T20,0)","v":0},{"$f":"ROUND('Форма по МДС 81-35.2004'!F295*'Базовые цены за единицу'!U20,0)","v":0},{"$f":"ROUND('Форма по МДС 81-35.2004'!F295*'Базовые цены за единицу'!V20,0)","v":0},null,{"$f":"ROUND('Форма по МДС 81-35.2004'!F295*'Базовые цены за единицу'!X20,0)","v":0},{"$f":"IF(Определители!I20=\"9\",ROUND(B20*(Начисления!M20/100)*'Форма по МДС 81-35.2004'!M307/100,0),0)","v":0},{"$f":"IF(Определители!I20=\"9\",ROUND(B20*(100-Начисления!M20/100)*'Форма по МДС 81-35.2004'!M307/100,0),0)","v":0},{"$f":"IF(Определители!I20=\"9\",ROUND((C20+E20)*(Начисления!M20/100)*('Форма по МДС 81-35.2004'!M310/100),0),0)","v":0},{"$f":"IF(Определители!I20=\"9\",ROUND((C20+E20)*(100-Начисления!M20/100)*('Форма по МДС 81-35.2004'!M310/100),0),0)","v":0},{"$f":"IF(Определители!I20=\"9\",ROUND(B20*Начисления!M20/100,0),0)","v":0},{"$f":"IF(Определители!I20=\"9\",ROUND(B20*(100-Начисления!M20)/100,0),0)","v":0},{"$f":"ROUND('Форма по МДС 81-35.2004'!F295*'Базовые цены за единицу'!AE20,0)","v":0}]
[{"$f":"'Форма по МДС 81-35.2004'!A313","v":"16."},{"$f":"'Форма по МДС 81-35.2004'!N313","v":5},{"$f":"ROUND(SUMIF('Форма по МДС 81-35.2004'!J313:J331,\"Г\",'Форма по МДС 81-35.2004'!N313:N331),0)","v":0},{"$f":"ROUND(SUMIF('Форма по МДС 81-35.2004'!J313:J331,\"IsMash\",'Форма по МДС 81-35.2004'!N313:N331),0)","v":5},{"$f":"'Форма по МДС 81-35.2004'!N314","v":0},{"$f":"ROUND(SUMIF('Форма по МДС 81-35.2004'!J313:J331,\"IsMater\",'Форма по МДС 81-35.2004'!N313:N331),0)","v":0},{"$f":"ROUND('Форма по МДС 81-35.2004'!F313*'Базовые цены за единицу'!G21,0)","v":0},{"$f":"ROUND('Форма по МДС 81-35.2004'!F313*'Базовые цены за единицу'!H21,0)","v":0},{"$f":"ОКРУГЛВСЕ(SUMIF('Форма по МДС 81-35.2004'!J313:J331,\"Г\",'Форма по МДС 81-35.2004'!F313:F331),8)","v":0},{"$f":"ОКРУГЛВСЕ('Форма по МДС 81-35.2004'!F313*'Базовые цены за единицу'!J21,8)","v":0},{"$f":"ОКРУГЛВСЕ(SUMIF('Форма по МДС 81-35.2004'!J313:J331,\"Ж\",'Форма по МДС 81-35.2004'!F313:F331),8)","v":0},{"$f":"ROUND('Форма по МДС 81-35.2004'!F313*'Базовые цены за единицу'!L21,0)","v":0},{"$f":"ROUND('Форма по МДС 81-35.2004'!F313*'Базовые цены за единицу'!M21,0)","v":0},{"$f":"ROUND(B21*'Форма по МДС 81-35.2004'!M326/100,0)","v":1},{"$f":"ROUND((B21+N21)*'Форма по МДС 81-35.2004'!M329/100,0)","v":0},{"$f":"ROUND('Форма по МДС 81-35.2004'!F313*'Базовые цены за единицу'!P21,0)","v":0},{"$f":"ROUND('Форма по МДС 81-35.2004'!F313*'Базовые цены за единицу'!Q21,0)","v":0},{"$f":"ROUND('Форма по МДС 81-35.2004'!F313*'Базовые цены за единицу'!R21,0)","v":0},{"$f":"ROUND('Форма по МДС 81-35.2004'!F313*'Базовые цены за единицу'!S21,0)","v":0},{"$f":"ROUND('Форма по МДС 81-35.2004'!F313*'Базовые цены за единицу'!T21,0)","v":0},{"$f":"ROUND('Форма по МДС 81-35.2004'!F313*'Базовые цены за единицу'!U21,0)","v":0},{"$f":"ROUND('Форма по МДС 81-35.2004'!F313*'Базовые цены за единицу'!V21,0)","v":0},null,{"$f":"ROUND('Форма по МДС 81-35.2004'!F313*'Базовые цены за единицу'!X21,0)","v":0},{"$f":"IF(Определители!I21=\"9\",ROUND(B21*(Начисления!M21/100)*'Форма по МДС 81-35.2004'!M326/100,0),0)","v":0},{"$f":"IF(Определители!I21=\"9\",ROUND(B21*(100-Начисления!M21/100)*'Форма по МДС 81-35.2004'!M326/100,0),0)","v":0},{"$f":"IF(Определители!I21=\"9\",ROUND((C21+E21)*(Начисления!M21/100)*('Форма по МДС 81-35.2004'!M329/100),0),0)","v":0},{"$f":"IF(Определители!I21=\"9\",ROUND((C21+E21)*(100-Начисления!M21/100)*('Форма по МДС 81-35.2004'!M329/100),0),0)","v":0},{"$f":"IF(Определители!I21=\"9\",ROUND(B21*Начисления!M21/100,0),0)","v":0},{"$f":"IF(Определители!I21=\"9\",ROUND(B21*(100-Начисления!M21)/100,0),0)","v":0},{"$f":"ROUND('Форма по МДС 81-35.2004'!F313*'Базовые цены за единицу'!AE21,0)","v":0}]
[{"$f":"'Форма по МДС 81-35.2004'!A332","v":"17."},{"$f":"'Форма по МДС 81-35.2004'!N332","v":4},{"$f":"ROUND(SUMIF('Форма по МДС 81-35.2004'!J332:J351,\"Г\",'Форма по МДС 81-35.2004'!N332:N351),0)","v":0},{"$f":"ROUND(SUMIF('Форма по МДС 81-35.2004'!J332:J351,\"IsMash\",'Форма по МДС 81-35.2004'!N332:N351),0)","v":4},{"$f":"'Форма по МДС 81-35.2004'!N334","v":0},{"$f":"ROUND(SUMIF('Форма по МДС 81-35.2004'!J332:J351,\"IsMater\",'Форма по МДС 81-35.2004'!N332:N351),0)","v":0},{"$f":"ROUND('Форма по МДС 81-35.2004'!F332*'Базовые цены за единицу'!G22,0)","v":0},{"$f":"ROUND('Форма по МДС 81-35.2004'!F332*'Базовые цены за единицу'!H22,0)","v":0},{"$f":"ОКРУГЛВСЕ(SUMIF('Форма по МДС 81-35.2004'!J332:J351,\"Г\",'Форма по МДС 81-35.2004'!F332:F351),8)","v":0},{"$f":"ОКРУГЛВСЕ('Форма по МДС 81-35.2004'!F332*'Базовые цены за единицу'!J22,8)","v":0},{"$f":"ОКРУГЛВСЕ(SUMIF('Форма по МДС 81-35.2004'!J332:J351,\"Ж\",'Форма по МДС 81-35.2004'!F332:F351),8)","v":0},{"$f":"ROUND('Форма по МДС 81-35.2004'!F332*'Базовые цены за единицу'!L22,0)","v":0},{"$f":"ROUND('Форма по МДС 81-35.2004'!F332*'Базовые цены за единицу'!M22,0)","v":0},{"$f":"ROUND(B22*'Форма по МДС 81-35.2004'!M346/100,0)","v":0},{"$f":"ROUND((B22+N22)*'Форма по МДС 81-35.2004'!M349/100,0)","v":0},{"$f":"ROUND('Форма по МДС 81-35.2004'!F332*'Базовые цены за единицу'!P22,0)","v":0},{"$f":"ROUND('Форма по МДС 81-35.2004'!F332*'Базовые цены за единицу'!Q22,0)","v":0},{"$f":"ROUND('Форма по МДС 81-35.2004'!F332*'Базовые цены за единицу'!R22,0)","v":0},{"$f":"ROUND('Форма по МДС 81-35.2004'!F332*'Базовые цены за единицу'!S22,0)","v":0},{"$f":"ROUND('Форма по МДС 81-35.2004'!F332*'Базовые цены за единицу'!T22,0)","v":0},{"$f":"ROUND('Форма по МДС 81-35.2004'!F332*'Базовые цены за единицу'!U22,0)","v":0},{"$f":"ROUND('Форма по МДС 81-35.2004'!F332*'Базовые цены за единицу'!V22,0)","v":0},null,{"$f":"ROUND('Форма по МДС 81-35.2004'!F332*'Базовые цены за единицу'!X22,0)","v":0},{"$f":"IF(Определители!I22=\"9\",ROUND(B22*(Начисления!M22/100)*'Форма по МДС 81-35.2004'!M346/100,0),0)","v":0},{"$f":"IF(Определители!I22=\"9\",ROUND(B22*(100-Начисления!M22/100)*'Форма по МДС 81-35.2004'!M346/100,0),0)","v":0},{"$f":"IF(Определители!I22=\"9\",ROUND((C22+E22)*(Начисления!M22/100)*('Форма по МДС 81-35.2004'!M349/100),0),0)","v":0},{"$f":"IF(Определители!I22=\"9\",ROUND((C22+E22)*(100-Начисления!M22/100)*('Форма по МДС 81-35.2004'!M349/100),0),0)","v":0},{"$f":"IF(Определители!I22=\"9\",ROUND(B22*Начисления!M22/100,0),0)","v":0},{"$f":"IF(Определители!I22=\"9\",ROUND(B22*(100-Начисления!M22)/100,0),0)","v":0},{"$f":"ROUND('Форма по МДС 81-35.2004'!F332*'Базовые цены за единицу'!AE22,0)","v":0}]
[{"$f":"'Форма по МДС 81-35.2004'!A352","v":"18."},{"$f":"'Форма по МДС 81-35.2004'!N352","v":147},{"$f":"ROUND(SUMIF('Форма по МДС 81-35.2004'!J352:J371,\"Г\",'Форма по МДС 81-35.2004'!N352:N371),0)","v":49},{"$f":"ROUND(SUMIF('Форма по МДС 81-35.2004'!J352:J371,\"IsMash\",'Форма по МДС 81-35.2004'!N352:N371),0)","v":98},{"$f":"'Форма по МДС 81-35.2004'!N353","v":7},{"$f":"ROUND(SUMIF('Форма по МДС 81-35.2004'!J352:J371,\"IsMater\",'Форма по МДС 81-35.2004'!N352:N371),0)","v":0},{"$f":"ROUND('Форма по МДС 81-35.2004'!F352*'Базовые цены за единицу'!G23,0)","v":0},{"$f":"ROUND('Форма по МДС 81-35.2004'!F352*'Базовые цены за единицу'!H23,0)","v":0},{"$f":"ОКРУГЛВСЕ(SUMIF('Форма по МДС 81-35.2004'!J352:J371,\"Г\",'Форма по МДС 81-35.2004'!F352:F371),8)","v":6.2915999999999999},{"$f":"ОКРУГЛВСЕ('Форма по МДС 81-35.2004'!F352*'Базовые цены за единицу'!J23,8)","v":0},{"$f":"ОКРУГЛВСЕ(SUMIF('Форма по МДС 81-35.2004'!J352:J371,\"Ж\",'Форма по МДС 81-35.2004'!F352:F371),8)","v":0.5292},{"$f":"ROUND('Форма по МДС 81-35.2004'!F352*'Базовые цены за единицу'!L23,0)","v":0},{"$f":"ROUND('Форма по МДС 81-35.2004'!F352*'Базовые цены за единицу'!M23,0)","v":0},{"$f":"ROUND(B23*'Форма по МДС 81-35.2004'!M366/100,0)","v":17},{"$f":"ROUND((B23+N23)*'Форма по МДС 81-35.2004'!M369/100,0)","v":13},{"$f":"ROUND('Форма по МДС 81-35.2004'!F352*'Базовые цены за единицу'!P23,0)","v":0},{"$f":"ROUND('Форма по МДС 81-35.2004'!F352*'Базовые цены за единицу'!Q23,0)","v":0},{"$f":"ROUND('Форма по МДС 81-35.2004'!F352*'Базовые цены за единицу'!R23,0)","v":0},{"$f":"ROUND('Форма по МДС 81-35.2004'!F352*'Базовые цены за единицу'!S23,0)","v":0},{"$f":"ROUND('Форма по МДС 81-35.2004'!F352*'Базовые цены за единицу'!T23,0)","v":0},{"$f":"ROUND('Форма по МДС 81-35.2004'!F352*'Базовые цены за единицу'!U23,0)","v":0},{"$f":"ROUND('Форма по МДС 81-35.2004'!F352*'Базовые цены за единицу'!V23,0)","v":0},null,{"$f":"ROUND('Форма по МДС 81-35.2004'!F352*'Базовые цены за единицу'!X23,0)","v":0},{"$f":"IF(Определители!I23=\"9\",ROUND(B23*(Начисления!M23/100)*'Форма по МДС 81-35.2004'!M366/100,0),0)","v":0},{"$f":"IF(Определители!I23=\"9\",ROUND(B23*(100-Начисления!M23/100)*'Форма по МДС 81-35.2004'!M366/100,0),0)","v":0},{"$f":"IF(Определители!I23=\"9\",ROUND((C23+E23)*(Начисления!M23/100)*('Форма по МДС 81-35.2004'!M369/100),0),0)","v":0},{"$f":"IF(Определители!I23=\"9\",ROUND((C23+E23)*(100-Начисления!M23/100)*('Форма по МДС 81-35.2004'!M369/100),0),0)","v":0},{"$f":"IF(Определители!I23=\"9\",ROUND(B23*Начисления!M23/100,0),0)","v":0},{"$f":"IF(Определители!I23=\"9\",ROUND(B23*(100-Начисления!M23)/100,0),0)","v":0},{"$f":"ROUND('Форма по МДС 81-35.2004'!F352*'Базовые цены за единицу'!AE23,0)","v":0}]
[{"$f":"'Форма по МДС 81-35.2004'!A372","v":"19."},{"$f":"'Форма по МДС 81-35.2004'!N372","v":0},{"$f":"ROUND(SUMIF('Форма по МДС 81-35.2004'!J372:J396,\"Г\",'Форма по МДС 81-35.2004'!N372:N396),0)","v":0},{"$f":"ROUND(SUMIF('Форма по МДС 81-35.2004'!J372:J396,\"IsMash\",'Форма по МДС 81-35.2004'!N372:N396),0)","v":0},{"$f":"'Форма по МДС 81-35.2004'!N373","v":0},{"$f":"ROUND(SUMIF('Форма по МДС 81-35.2004'!J372:J396,\"IsMater\",'Форма по МДС 81-35.2004'!N372:N396),0)","v":0},{"$f":"ROUND('Форма по МДС 81-35.2004'!F372*'Базовые цены за единицу'!G24,0)","v":0},{"$f":"ROUND('Форма по МДС 81-35.2004'!F372*'Базовые цены за единицу'!H24,0)","v":0},{"$f":"ОКРУГЛВСЕ(SUMIF('Форма по МДС 81-35.2004'!J372:J396,\"Г\",'Форма по МДС 81-35.2004'!F372:F396),8)","v":0},{"$f":"ОКРУГЛВСЕ('Форма по МДС 81-35.2004'!F372*'Базовые цены за единицу'!J24,8)","v":0},{"$f":"ОКРУГЛВСЕ(SUMIF('Форма по МДС 81-35.2004'!J372:J396,\"Ж\",'Форма по МДС 81-35.2004'!F372:F396),8)","v":0.10444000000000001},{"$f":"ROUND('Форма по МДС 81-35.2004'!F372*'Базовые цены за единицу'!L24,0)","v":0},{"$f":"ROUND('Форма по МДС 81-35.2004'!F372*'Базовые цены за единицу'!M24,0)","v":0},{"$f":"ROUND(B24*'Форма по МДС 81-35.2004'!M391/100,0)","v":0},{"$f":"ROUND((B24+N24)*'Форма по МДС 81-35.2004'!M394/100,0)","v":0},{"$f":"ROUND('Форма по МДС 81-35.2004'!F372*'Базовые цены за единицу'!P24,0)","v":0},{"$f":"ROUND('Форма по МДС 81-35.2004'!F372*'Базовые цены за единицу'!Q24,0)","v":0},{"$f":"ROUND('Форма по МДС 81-35.2004'!F372*'Базовые цены за единицу'!R24,0)","v":0},{"$f":"ROUND('Форма по МДС 81-35.2004'!F372*'Базовые цены за единицу'!S24,0)","v":0},{"$f":"ROUND('Форма по МДС 81-35.2004'!F372*'Базовые цены за единицу'!T24,0)","v":0},{"$f":"ROUND('Форма по МДС 81-35.2004'!F372*'Базовые цены за единицу'!U24,0)","v":0},{"$f":"ROUND('Форма по МДС 81-35.2004'!F372*'Базовые цены за единицу'!V24,0)","v":0},null,{"$f":"ROUND('Форма по МДС 81-35.2004'!F372*'Базовые цены за единицу'!X24,0)","v":0},{"$f":"IF(Определители!I24=\"9\",ROUND(B24*(Начисления!M24/100)*'Форма по МДС 81-35.2004'!M391/100,0),0)","v":0},{"$f":"IF(Определители!I24=\"9\",ROUND(B24*(100-Начисления!M24/100)*'Форма по МДС 81-35.2004'!M391/100,0),0)","v":0},{"$f":"IF(Определители!I24=\"9\",ROUND((C24+E24)*(Начисления!M24/100)*('Форма по МДС 81-35.2004'!M394/100),0),0)","v":0},{"$f":"IF(Определители!I24=\"9\",ROUND((C24+E24)*(100-Начисления!M24/100)*('Форма по МДС 81-35.2004'!M394/100),0),0)","v":0},{"$f":"IF(Определители!I24=\"9\",ROUND(B24*Начисления!M24/100,0),0)","v":0},{"$f":"IF(Определители!I24=\"9\",ROUND(B24*(100-Начисления!M24)/100,0),0)","v":0},{"$f":"ROUND('Форма по МДС 81-35.2004'!F372*'Базовые цены за единицу'!AE24,0)","v":0}]
[{"$f":"'Форма по МДС 81-35.2004'!A398","v":"20."},{"$f":"'Форма по МДС 81-35.2004'!N398","v":85},{"$f":"ROUND(SUMIF('Форма по МДС 81-35.2004'!J398:J416,\"Г\",'Форма по МДС 81-35.2004'!N398:N416),0)","v":85},{"$f":"ROUND(SUMIF('Форма по МДС 81-35.2004'!J398:J416,\"IsMash\",'Форма по МДС 81-35.2004'!N398:N416),0)","v":0},{"$f":"'Форма по МДС 81-35.2004'!N400","v":0},{"$f":"ROUND(SUMIF('Форма по МДС 81-35.2004'!J398:J416,\"IsMater\",'Форма по МДС 81-35.2004'!N398:N416),0)","v":0},{"$f":"ROUND('Форма по МДС 81-35.2004'!F398*'Базовые цены за единицу'!G25,0)","v":0},{"$f":"ROUND('Форма по МДС 81-35.2004'!F398*'Базовые цены за единицу'!H25,0)","v":0},{"$f":"ОКРУГЛВСЕ(SUMIF('Форма по МДС 81-35.2004'!J398:J416,\"Г\",'Форма по МДС 81-35.2004'!F398:F416),8)","v":10.907999999999999},{"$f":"ОКРУГЛВСЕ('Форма по МДС 81-35.2004'!F398*'Базовые цены за единицу'!J25,8)","v":0},{"$f":"ОКРУГЛВСЕ(SUMIF('Форма по МДС 81-35.2004'!J398:J416,\"Ж\",'Форма по МДС 81-35.2004'!F398:F416),8)","v":0},{"$f":"ROUND('Форма по МДС 81-35.2004'!F398*'Базовые цены за единицу'!L25,0)","v":0},{"$f":"ROUND('Форма по МДС 81-35.2004'!F398*'Базовые цены за единицу'!M25,0)","v":0},{"$f":"ROUND(B25*'Форма по МДС 81-35.2004'!M411/100,0)","v":10},{"$f":"ROUND((B25+N25)*'Форма по МДС 81-35.2004'!M414/100,0)","v":8},{"$f":"ROUND('Форма по МДС 81-35.2004'!F398*'Базовые цены за единицу'!P25,0)","v":0},{"$f":"ROUND('Форма по МДС 81-35.2004'!F398*'Базовые цены за единицу'!Q25,0)","v":0},{"$f":"ROUND('Форма по МДС 81-35.2004'!F398*'Базовые цены за единицу'!R25,0)","v":0},{"$f":"ROUND('Форма по МДС 81-35.2004'!F398*'Базовые цены за единицу'!S25,0)","v":0},{"$f":"ROUND('Форма по МДС 81-35.2004'!F398*'Базовые цены за единицу'!T25,0)","v":0},{"$f":"ROUND('Форма по МДС 81-35.2004'!F398*'Базовые цены за единицу'!U25,0)","v":0},{"$f":"ROUND('Форма по МДС 81-35.2004'!F398*'Базовые цены за единицу'!V25,0)","v":0},null,{"$f":"ROUND('Форма по МДС 81-35.2004'!F398*'Базовые цены за единицу'!X25,0)","v":0},{"$f":"IF(Определители!I25=\"9\",ROUND(B25*(Начисления!M25/100)*'Форма по МДС 81-35.2004'!M411/100,0),0)","v":0},{"$f":"IF(Определители!I25=\"9\",ROUND(B25*(100-Начисления!M25/100)*'Форма по МДС 81-35.2004'!M411/100,0),0)","v":0},{"$f":"IF(Определители!I25=\"9\",ROUND((C25+E25)*(Начисления!M25/100)*('Форма по МДС 81-35.2004'!M414/100),0),0)","v":0},{"$f":"IF(Определители!I25=\"9\",ROUND((C25+E25)*(100-Начисления!M25/100)*('Форма по МДС 81-35.2004'!M414/100),0),0)","v":0},{"$f":"IF(Определители!I25=\"9\",ROUND(B25*Начисления!M25/100,0),0)","v":0},{"$f":"IF(Определители!I25=\"9\",ROUND(B25*(100-Начисления!M25)/100,0),0)","v":0},{"$f":"ROUND('Форма по МДС 81-35.2004'!F398*'Базовые цены за единицу'!AE25,0)","v":0}]
[{"$f":"'Форма по МДС 81-35.2004'!A417","v":"21."},{"$f":"'Форма по МДС 81-35.2004'!N417","v":1205},{"$f":"ROUND(SUMIF('Форма по МДС 81-35.2004'!J417:J436,\"Г\",'Форма по МДС 81-35.2004'!N417:N436),0)","v":418},{"$f":"ROUND(SUMIF('Форма по МДС 81-35.2004'!J417:J436,\"IsMash\",'Форма по МДС 81-35.2004'!N417:N436),0)","v":788},{"$f":"'Форма по МДС 81-35.2004'!N418","v":0},{"$f":"ROUND(SUMIF('Форма по МДС 81-35.2004'!J417:J436,\"IsMater\",'Форма по МДС 81-35.2004'!N417:N436),0)","v":0},{"$f":"ROUND('Форма по МДС 81-35.2004'!F417*'Базовые цены за единицу'!G26,0)","v":0},{"$f":"ROUND('Форма по МДС 81-35.2004'!F417*'Базовые цены за единицу'!H26,0)","v":0},{"$f":"ОКРУГЛВСЕ(SUMIF('Форма по МДС 81-35.2004'!J417:J436,\"Г\",'Форма по МДС 81-35.2004'!F417:F436),8)","v":51.5},{"$f":"ОКРУГЛВСЕ('Форма по МДС 81-35.2004'!F417*'Базовые цены за единицу'!J26,8)","v":0},{"$f":"ОКРУГЛВСЕ(SUMIF('Форма по МДС 81-35.2004'!J417:J436,\"Ж\",'Форма по МДС 81-35.2004'!F417:F436),8)","v":0},{"$f":"ROUND('Форма по МДС 81-35.2004'!F417*'Базовые цены за единицу'!L26,0)","v":0},{"$f":"ROUND('Форма по МДС 81-35.2004'!F417*'Базовые цены за единицу'!M26,0)","v":0},{"$f":"ROUND(B26*'Форма по МДС 81-35.2004'!M431/100,0)","v":141},{"$f":"ROUND((B26+N26)*'Форма по МДС 81-35.2004'!M434/100,0)","v":108},{"$f":"ROUND('Форма по МДС 81-35.2004'!F417*'Базовые цены за единицу'!P26,0)","v":0},{"$f":"ROUND('Форма по МДС 81-35.2004'!F417*'Базовые цены за единицу'!Q26,0)","v":0},{"$f":"ROUND('Форма по МДС 81-35.2004'!F417*'Базовые цены за единицу'!R26,0)","v":0},{"$f":"ROUND('Форма по МДС 81-35.2004'!F417*'Базовые цены за единицу'!S26,0)","v":0},{"$f":"ROUND('Форма по МДС 81-35.2004'!F417*'Базовые цены за единицу'!T26,0)","v":0},{"$f":"ROUND('Форма по МДС 81-35.2004'!F417*'Базовые цены за единицу'!U26,0)","v":0},{"$f":"ROUND('Форма по МДС 81-35.2004'!F417*'Базовые цены за единицу'!V26,0)","v":0},null,{"$f":"ROUND('Форма по МДС 81-35.2004'!F417*'Базовые цены за единицу'!X26,0)","v":0},{"$f":"IF(Определители!I26=\"9\",ROUND(B26*(Начисления!M26/100)*'Форма по МДС 81-35.2004'!M431/100,0),0)","v":0},{"$f":"IF(Определители!I26=\"9\",ROUND(B26*(100-Начисления!M26/100)*'Форма по МДС 81-35.2004'!M431/100,0),0)","v":0},{"$f":"IF(Определители!I26=\"9\",ROUND((C26+E26)*(Начисления!M26/100)*('Форма по МДС 81-35.2004'!M434/100),0),0)","v":0},{"$f":"IF(Определители!I26=\"9\",ROUND((C26+E26)*(100-Начисления!M26/100)*('Форма по МДС 81-35.2004'!M434/100),0),0)","v":0},{"$f":"IF(Определители!I26=\"9\",ROUND(B26*Начисления!M26/100,0),0)","v":0},{"$f":"IF(Определители!I26=\"9\",ROUND(B26*(100-Начисления!M26)/100,0),0)","v":0},{"$f":"ROUND('Форма по МДС 81-35.2004'!F417*'Базовые цены за единицу'!AE26,0)","v":0}]
[{"$f":"'Форма по МДС 81-35.2004'!A437","v":"22."},{"$f":"'Форма по МДС 81-35.2004'!N437","v":36},{"$f":"ROUND(SUMIF('Форма по МДС 81-35.2004'!J437:J455,\"Г\",'Форма по МДС 81-35.2004'!N437:N455),0)","v":0},{"$f":"ROUND(SUMIF('Форма по МДС 81-35.2004'!J437:J455,\"IsMash\",'Форма по МДС 81-35.2004'!N437:N455),0)","v":36},{"$f":"'Форма по МДС 81-35.2004'!N438","v":4},{"$f":"ROUND(SUMIF('Форма по МДС 81-35.2004'!J437:J455,\"IsMater\",'Форма по МДС 81-35.2004'!N437:N455),0)","v":0},{"$f":"ROUND('Форма по МДС 81-35.2004'!F437*'Базовые цены за единицу'!G27,0)","v":0},{"$f":"ROUND('Форма по МДС 81-35.2004'!F437*'Базовые цены за единицу'!H27,0)","v":0},{"$f":"ОКРУГЛВСЕ(SUMIF('Форма по МДС 81-35.2004'!J437:J455,\"Г\",'Форма по МДС 81-35.2004'!F437:F455),8)","v":0},{"$f":"ОКРУГЛВСЕ('Форма по МДС 81-35.2004'!F437*'Базовые цены за единицу'!J27,8)","v":0},{"$f":"ОКРУГЛВСЕ(SUMIF('Форма по МДС 81-35.2004'!J437:J455,\"Ж\",'Форма по МДС 81-35.2004'!F437:F455),8)","v":0.28999999999999998},{"$f":"ROUND('Форма по МДС 81-35.2004'!F437*'Базовые цены за единицу'!L27,0)","v":0},{"$f":"ROUND('Форма по МДС 81-35.2004'!F437*'Базовые цены за единицу'!M27,0)","v":0},{"$f":"ROUND(B27*'Форма по МДС 81-35.2004'!M450/100,0)","v":4},{"$f":"ROUND((B27+N27)*'Форма по МДС 81-35.2004'!M453/100,0)","v":3},{"$f":"ROUND('Форма по МДС 81-35.2004'!F437*'Базовые цены за единицу'!P27,0)","v":0},{"$f":"ROUND('Форма по МДС 81-35.2004'!F437*'Базовые цены за единицу'!Q27,0)","v":0},{"$f":"ROUND('Форма по МДС 81-35.2004'!F437*'Базовые цены за единицу'!R27,0)","v":0},{"$f":"ROUND('Форма по МДС 81-35.2004'!F437*'Базовые цены за единицу'!S27,0)","v":0},{"$f":"ROUND('Форма по МДС 81-35.2004'!F437*'Базовые цены за единицу'!T27,0)","v":0},{"$f":"ROUND('Форма по МДС 81-35.2004'!F437*'Базовые цены за единицу'!U27,0)","v":0},{"$f":"ROUND('Форма по МДС 81-35.2004'!F437*'Базовые цены за единицу'!V27,0)","v":0},null,{"$f":"ROUND('Форма по МДС 81-35.2004'!F437*'Базовые цены за единицу'!X27,0)","v":0},{"$f":"IF(Определители!I27=\"9\",ROUND(B27*(Начисления!M27/100)*'Форма по МДС 81-35.2004'!M450/100,0),0)","v":0},{"$f":"IF(Определители!I27=\"9\",ROUND(B27*(100-Начисления!M27/100)*'Форма по МДС 81-35.2004'!M450/100,0),0)","v":0},{"$f":"IF(Определители!I27=\"9\",ROUND((C27+E27)*(Начисления!M27/100)*('Форма по МДС 81-35.2004'!M453/100),0),0)","v":0},{"$f":"IF(Определители!I27=\"9\",ROUND((C27+E27)*(100-Начисления!M27/100)*('Форма по МДС 81-35.2004'!M453/100),0),0)","v":0},{"$f":"IF(Определители!I27=\"9\",ROUND(B27*Начисления!M27/100,0),0)","v":0},{"$f":"IF(Определители!I27=\"9\",ROUND(B27*(100-Начисления!M27)/100,0),0)","v":0},{"$f":"ROUND('Форма по МДС 81-35.2004'!F437*'Базовые цены за единицу'!AE27,0)","v":0}]
[{"$f":"'Форма по МДС 81-35.2004'!A457","v":"23."},{"$f":"'Форма по МДС 81-35.2004'!N457","v":47},{"$f":"ROUND(SUMIF('Форма по МДС 81-35.2004'!J457:J475,\"Г\",'Форма по МДС 81-35.2004'!N457:N475),0)","v":0},{"$f":"ROUND(SUMIF('Форма по МДС 81-35.2004'!J457:J475,\"IsMash\",'Форма по МДС 81-35.2004'!N457:N475),0)","v":47},{"$f":"'Форма по МДС 81-35.2004'!N458","v":3},{"$f":"ROUND(SUMIF('Форма по МДС 81-35.2004'!J457:J475,\"IsMater\",'Форма по МДС 81-35.2004'!N457:N475),0)","v":0},{"$f":"ROUND('Форма по МДС 81-35.2004'!F457*'Базовые цены за единицу'!G28,0)","v":0},{"$f":"ROUND('Форма по МДС 81-35.2004'!F457*'Базовые цены за единицу'!H28,0)","v":0},{"$f":"ОКРУГЛВСЕ(SUMIF('Форма по МДС 81-35.2004'!J457:J475,\"Г\",'Форма по МДС 81-35.2004'!F457:F475),8)","v":0},{"$f":"ОКРУГЛВСЕ('Форма по МДС 81-35.2004'!F457*'Базовые цены за единицу'!J28,8)","v":0},{"$f":"ОКРУГЛВСЕ(SUMIF('Форма по МДС 81-35.2004'!J457:J475,\"Ж\",'Форма по МДС 81-35.2004'!F457:F475),8)","v":0.252},{"$f":"ROUND('Форма по МДС 81-35.2004'!F457*'Базовые цены за единицу'!L28,0)","v":0},{"$f":"ROUND('Форма по МДС 81-35.2004'!F457*'Базовые цены за единицу'!M28,0)","v":0},{"$f":"ROUND(B28*'Форма по МДС 81-35.2004'!M470/100,0)","v":5},{"$f":"ROUND((B28+N28)*'Форма по МДС 81-35.2004'!M473/100,0)","v":4},{"$f":"ROUND('Форма по МДС 81-35.2004'!F457*'Базовые цены за единицу'!P28,0)","v":0},{"$f":"ROUND('Форма по МДС 81-35.2004'!F457*'Базовые цены за единицу'!Q28,0)","v":0},{"$f":"ROUND('Форма по МДС 81-35.2004'!F457*'Базовые цены за единицу'!R28,0)","v":0},{"$f":"ROUND('Форма по МДС 81-35.2004'!F457*'Базовые цены за единицу'!S28,0)","v":0},{"$f":"ROUND('Форма по МДС 81-35.2004'!F457*'Базовые цены за единицу'!T28,0)","v":0},{"$f":"ROUND('Форма по МДС 81-35.2004'!F457*'Базовые цены за единицу'!U28,0)","v":0},{"$f":"ROUND('Форма по МДС 81-35.2004'!F457*'Базовые цены за единицу'!V28,0)","v":0},null,{"$f":"ROUND('Форма по МДС 81-35.2004'!F457*'Базовые цены за единицу'!X28,0)","v":0},{"$f":"IF(Определители!I28=\"9\",ROUND(B28*(Начисления!M28/100)*'Форма по МДС 81-35.2004'!M470/100,0),0)","v":0},{"$f":"IF(Определители!I28=\"9\",ROUND(B28*(100-Начисления!M28/100)*'Форма по МДС 81-35.2004'!M470/100,0),0)","v":0},{"$f":"IF(Определители!I28=\"9\",ROUND((C28+E28)*(Начисления!M28/100)*('Форма по МДС 81-35.2004'!M473/100),0),0)","v":0},{"$f":"IF(Определители!I28=\"9\",ROUND((C28+E28)*(100-Начисления!M28/100)*('Форма по МДС 81-35.2004'!M473/100),0),0)","v":0},{"$f":"IF(Определители!I28=\"9\",ROUND(B28*Начисления!M28/100,0),0)","v":0},{"$f":"IF(Определители!I28=\"9\",ROUND(B28*(100-Начисления!M28)/100,0),0)","v":0},{"$f":"ROUND('Форма по МДС 81-35.2004'!F457*'Базовые цены за единицу'!AE28,0)","v":0}]
[{"$f":"'Форма по МДС 81-35.2004'!A476","v":"24."},{"$f":"'Форма по МДС 81-35.2004'!N476","v":251},{"$f":"ROUND(SUMIF('Форма по МДС 81-35.2004'!J476:J495,\"Г\",'Форма по МДС 81-35.2004'!N476:N495),0)","v":83},{"$f":"ROUND(SUMIF('Форма по МДС 81-35.2004'!J476:J495,\"IsMash\",'Форма по МДС 81-35.2004'!N476:N495),0)","v":167},{"$f":"'Форма по МДС 81-35.2004'!N477","v":12},{"$f":"ROUND(SUMIF('Форма по МДС 81-35.2004'!J476:J495,\"IsMater\",'Форма по МДС 81-35.2004'!N476:N495),0)","v":0},{"$f":"ROUND('Форма по МДС 81-35.2004'!F476*'Базовые цены за единицу'!G29,0)","v":0},{"$f":"ROUND('Форма по МДС 81-35.2004'!F476*'Базовые цены за единицу'!H29,0)","v":0},{"$f":"ОКРУГЛВСЕ(SUMIF('Форма по МДС 81-35.2004'!J476:J495,\"Г\",'Форма по МДС 81-35.2004'!F476:F495),8)","v":10.7},{"$f":"ОКРУГЛВСЕ('Форма по МДС 81-35.2004'!F476*'Базовые цены за единицу'!J29,8)","v":0},{"$f":"ОКРУГЛВСЕ(SUMIF('Форма по МДС 81-35.2004'!J476:J495,\"Ж\",'Форма по МДС 81-35.2004'!F476:F495),8)","v":0.9},{"$f":"ROUND('Форма по МДС 81-35.2004'!F476*'Базовые цены за единицу'!L29,0)","v":0},{"$f":"ROUND('Форма по МДС 81-35.2004'!F476*'Базовые цены за единицу'!M29,0)","v":0},{"$f":"ROUND(B29*'Форма по МДС 81-35.2004'!M490/100,0)","v":29},{"$f":"ROUND((B29+N29)*'Форма по МДС 81-35.2004'!M493/100,0)","v":22},{"$f":"ROUND('Форма по МДС 81-35.2004'!F476*'Базовые цены за единицу'!P29,0)","v":0},{"$f":"ROUND('Форма по МДС 81-35.2004'!F476*'Базовые цены за единицу'!Q29,0)","v":0},{"$f":"ROUND('Форма по МДС 81-35.2004'!F476*'Базовые цены за единицу'!R29,0)","v":0},{"$f":"ROUND('Форма по МДС 81-35.2004'!F476*'Базовые цены за единицу'!S29,0)","v":0},{"$f":"ROUND('Форма по МДС 81-35.2004'!F476*'Базовые цены за единицу'!T29,0)","v":0},{"$f":"ROUND('Форма по МДС 81-35.2004'!F476*'Базовые цены за единицу'!U29,0)","v":0},{"$f":"ROUND('Форма по МДС 81-35.2004'!F476*'Базовые цены за единицу'!V29,0)","v":0},null,{"$f":"ROUND('Форма по МДС 81-35.2004'!F476*'Базовые цены за единицу'!X29,0)","v":0},{"$f":"IF(Определители!I29=\"9\",ROUND(B29*(Начисления!M29/100)*'Форма по МДС 81-35.2004'!M490/100,0),0)","v":0},{"$f":"IF(Определители!I29=\"9\",ROUND(B29*(100-Начисления!M29/100)*'Форма по МДС 81-35.2004'!M490/100,0),0)","v":0},{"$f":"IF(Определители!I29=\"9\",ROUND((C29+E29)*(Начисления!M29/100)*('Форма по МДС 81-35.2004'!M493/100),0),0)","v":0},{"$f":"IF(Определители!I29=\"9\",ROUND((C29+E29)*(100-Начисления!M29/100)*('Форма по МДС 81-35.2004'!M493/100),0),0)","v":0},{"$f":"IF(Определители!I29=\"9\",ROUND(B29*Начисления!M29/100,0),0)","v":0},{"$f":"IF(Определители!I29=\"9\",ROUND(B29*(100-Начисления!M29)/100,0),0)","v":0},{"$f":"ROUND('Форма по МДС 81-35.2004'!F476*'Базовые цены за единицу'!AE29,0)","v":0}]
[{"$f":"'Форма по МДС 81-35.2004'!A496","v":"25."},{"$f":"'Форма по МДС 81-35.2004'!N496","v":8},{"$f":"ROUND(SUMIF('Форма по МДС 81-35.2004'!J496:J514,\"Г\",'Форма по МДС 81-35.2004'!N496:N514),0)","v":0},{"$f":"ROUND(SUMIF('Форма по МДС 81-35.2004'!J496:J514,\"IsMash\",'Форма по МДС 81-35.2004'!N496:N514),0)","v":8},{"$f":"'Форма по МДС 81-35.2004'!N497","v":0},{"$f":"ROUND(SUMIF('Форма по МДС 81-35.2004'!J496:J514,\"IsMater\",'Форма по МДС 81-35.2004'!N496:N514),0)","v":0},{"$f":"ROUND('Форма по МДС 81-35.2004'!F496*'Базовые цены за единицу'!G30,0)","v":0},{"$f":"ROUND('Форма по МДС 81-35.2004'!F496*'Базовые цены за единицу'!H30,0)","v":0},{"$f":"ОКРУГЛВСЕ(SUMIF('Форма по МДС 81-35.2004'!J496:J514,\"Г\",'Форма по МДС 81-35.2004'!F496:F514),8)","v":0},{"$f":"ОКРУГЛВСЕ('Форма по МДС 81-35.2004'!F496*'Базовые цены за единицу'!J30,8)","v":0},{"$f":"ОКРУГЛВСЕ(SUMIF('Форма по МДС 81-35.2004'!J496:J514,\"Ж\",'Форма по МДС 81-35.2004'!F496:F514),8)","v":0},{"$f":"ROUND('Форма по МДС 81-35.2004'!F496*'Базовые цены за единицу'!L30,0)","v":0},{"$f":"ROUND('Форма по МДС 81-35.2004'!F496*'Базовые цены за единицу'!M30,0)","v":0},{"$f":"ROUND(B30*'Форма по МДС 81-35.2004'!M509/100,0)","v":1},{"$f":"ROUND((B30+N30)*'Форма по МДС 81-35.2004'!M512/100,0)","v":1},{"$f":"ROUND('Форма по МДС 81-35.2004'!F496*'Базовые цены за единицу'!P30,0)","v":0},{"$f":"ROUND('Форма по МДС 81-35.2004'!F496*'Базовые цены за единицу'!Q30,0)","v":0},{"$f":"ROUND('Форма по МДС 81-35.2004'!F496*'Базовые цены за единицу'!R30,0)","v":0},{"$f":"ROUND('Форма по МДС 81-35.2004'!F496*'Базовые цены за единицу'!S30,0)","v":0},{"$f":"ROUND('Форма по МДС 81-35.2004'!F496*'Базовые цены за единицу'!T30,0)","v":0},{"$f":"ROUND('Форма по МДС 81-35.2004'!F496*'Базовые цены за единицу'!U30,0)","v":0},{"$f":"ROUND('Форма по МДС 81-35.2004'!F496*'Базовые цены за единицу'!V30,0)","v":0},null,{"$f":"ROUND('Форма по МДС 81-35.2004'!F496*'Базовые цены за единицу'!X30,0)","v":0},{"$f":"IF(Определители!I30=\"9\",ROUND(B30*(Начисления!M30/100)*'Форма по МДС 81-35.2004'!M509/100,0),0)","v":0},{"$f":"IF(Определители!I30=\"9\",ROUND(B30*(100-Начисления!M30/100)*'Форма по МДС 81-35.2004'!M509/100,0),0)","v":0},{"$f":"IF(Определители!I30=\"9\",ROUND((C30+E30)*(Начисления!M30/100)*('Форма по МДС 81-35.2004'!M512/100),0),0)","v":0},{"$f":"IF(Определители!I30=\"9\",ROUND((C30+E30)*(100-Начисления!M30/100)*('Форма по МДС 81-35.2004'!M512/100),0),0)","v":0},{"$f":"IF(Определители!I30=\"9\",ROUND(B30*Начисления!M30/100,0),0)","v":0},{"$f":"IF(Определители!I30=\"9\",ROUND(B30*(100-Начисления!M30)/100,0),0)","v":0},{"$f":"ROUND('Форма по МДС 81-35.2004'!F496*'Базовые цены за единицу'!AE30,0)","v":0}]
[{"$f":"'Форма по МДС 81-35.2004'!A515","v":"26."},{"$f":"'Форма по МДС 81-35.2004'!N515","v":7},{"$f":"ROUND(SUMIF('Форма по МДС 81-35.2004'!J515:J534,\"Г\",'Форма по МДС 81-35.2004'!N515:N534),0)","v":0},{"$f":"ROUND(SUMIF('Форма по МДС 81-35.2004'!J515:J534,\"IsMash\",'Форма по МДС 81-35.2004'!N515:N534),0)","v":7},{"$f":"'Форма по МДС 81-35.2004'!N517","v":0},{"$f":"ROUND(SUMIF('Форма по МДС 81-35.2004'!J515:J534,\"IsMater\",'Форма по МДС 81-35.2004'!N515:N534),0)","v":0},{"$f":"ROUND('Форма по МДС 81-35.2004'!F515*'Базовые цены за единицу'!G31,0)","v":0},{"$f":"ROUND('Форма по МДС 81-35.2004'!F515*'Базовые цены за единицу'!H31,0)","v":0},{"$f":"ОКРУГЛВСЕ(SUMIF('Форма по МДС 81-35.2004'!J515:J534,\"Г\",'Форма по МДС 81-35.2004'!F515:F534),8)","v":0},{"$f":"ОКРУГЛВСЕ('Форма по МДС 81-35.2004'!F515*'Базовые цены за единицу'!J31,8)","v":0},{"$f":"ОКРУГЛВСЕ(SUMIF('Форма по МДС 81-35.2004'!J515:J534,\"Ж\",'Форма по МДС 81-35.2004'!F515:F534),8)","v":0},{"$f":"ROUND('Форма по МДС 81-35.2004'!F515*'Базовые цены за единицу'!L31,0)","v":0},{"$f":"ROUND('Форма по МДС 81-35.2004'!F515*'Базовые цены за единицу'!M31,0)","v":0},{"$f":"ROUND(B31*'Форма по МДС 81-35.2004'!M529/100,0)","v":1},{"$f":"ROUND((B31+N31)*'Форма по МДС 81-35.2004'!M532/100,0)","v":1},{"$f":"ROUND('Форма по МДС 81-35.2004'!F515*'Базовые цены за единицу'!P31,0)","v":0},{"$f":"ROUND('Форма по МДС 81-35.2004'!F515*'Базовые цены за единицу'!Q31,0)","v":0},{"$f":"ROUND('Форма по МДС 81-35.2004'!F515*'Базовые цены за единицу'!R31,0)","v":0},{"$f":"ROUND('Форма по МДС 81-35.2004'!F515*'Базовые цены за единицу'!S31,0)","v":0},{"$f":"ROUND('Форма по МДС 81-35.2004'!F515*'Базовые цены за единицу'!T31,0)","v":0},{"$f":"ROUND('Форма по МДС 81-35.2004'!F515*'Базовые цены за единицу'!U31,0)","v":0},{"$f":"ROUND('Форма по МДС 81-35.2004'!F515*'Базовые цены за единицу'!V31,0)","v":0},null,{"$f":"ROUND('Форма по МДС 81-35.2004'!F515*'Базовые цены за единицу'!X31,0)","v":0},{"$f":"IF(Определители!I31=\"9\",ROUND(B31*(Начисления!M31/100)*'Форма по МДС 81-35.2004'!M529/100,0),0)","v":0},{"$f":"IF(Определители!I31=\"9\",ROUND(B31*(100-Начисления!M31/100)*'Форма по МДС 81-35.2004'!M529/100,0),0)","v":0},{"$f":"IF(Определители!I31=\"9\",ROUND((C31+E31)*(Начисления!M31/100)*('Форма по МДС 81-35.2004'!M532/100),0),0)","v":0},{"$f":"IF(Определители!I31=\"9\",ROUND((C31+E31)*(100-Начисления!M31/100)*('Форма по МДС 81-35.2004'!M532/100),0),0)","v":0},{"$f":"IF(Определители!I31=\"9\",ROUND(B31*Начисления!M31/100,0),0)","v":0},{"$f":"IF(Определители!I31=\"9\",ROUND(B31*(100-Начисления!M31)/100,0),0)","v":0},{"$f":"ROUND('Форма по МДС 81-35.2004'!F515*'Базовые цены за единицу'!AE31,0)","v":0}]
[{"$f":"'Форма по МДС 81-35.2004'!A535","v":"27."},{"$f":"'Форма по МДС 81-35.2004'!N535","v":16},{"$f":"ROUND(SUMIF('Форма по МДС 81-35.2004'!J535:J558,\"Г\",'Форма по МДС 81-35.2004'!N535:N558),0)","v":0},{"$f":"ROUND(SUMIF('Форма по МДС 81-35.2004'!J535:J558,\"IsMash\",'Форма по МДС 81-35.2004'!N535:N558),0)","v":15},{"$f":"'Форма по МДС 81-35.2004'!N536","v":2},{"$f":"ROUND(SUMIF('Форма по МДС 81-35.2004'!J535:J558,\"IsMater\",'Форма по МДС 81-35.2004'!N535:N558),0)","v":0},{"$f":"ROUND('Форма по МДС 81-35.2004'!F535*'Базовые цены за единицу'!G32,0)","v":0},{"$f":"ROUND('Форма по МДС 81-35.2004'!F535*'Базовые цены за единицу'!H32,0)","v":0},{"$f":"ОКРУГЛВСЕ(SUMIF('Форма по МДС 81-35.2004'!J535:J558,\"Г\",'Форма по МДС 81-35.2004'!F535:F558),8)","v":6.2100000000000002E-2},{"$f":"ОКРУГЛВСЕ('Форма по МДС 81-35.2004'!F535*'Базовые цены за единицу'!J32,8)","v":0},{"$f":"ОКРУГЛВСЕ(SUMIF('Форма по МДС 81-35.2004'!J535:J558,\"Ж\",'Форма по МДС 81-35.2004'!F535:F558),8)","v":0.12609999999999999},{"$f":"ROUND('Форма по МДС 81-35.2004'!F535*'Базовые цены за единицу'!L32,0)","v":0},{"$f":"ROUND('Форма по МДС 81-35.2004'!F535*'Базовые цены за единицу'!M32,0)","v":0},{"$f":"ROUND(B32*'Форма по МДС 81-35.2004'!M553/100,0)","v":2},{"$f":"ROUND((B32+N32)*'Форма по МДС 81-35.2004'!M556/100,0)","v":1},{"$f":"ROUND('Форма по МДС 81-35.2004'!F535*'Базовые цены за единицу'!P32,0)","v":0},{"$f":"ROUND('Форма по МДС 81-35.2004'!F535*'Базовые цены за единицу'!Q32,0)","v":0},{"$f":"ROUND('Форма по МДС 81-35.2004'!F535*'Базовые цены за единицу'!R32,0)","v":0},{"$f":"ROUND('Форма по МДС 81-35.2004'!F535*'Базовые цены за единицу'!S32,0)","v":0},{"$f":"ROUND('Форма по МДС 81-35.2004'!F535*'Базовые цены за единицу'!T32,0)","v":0},{"$f":"ROUND('Форма по МДС 81-35.2004'!F535*'Базовые цены за единицу'!U32,0)","v":0},{"$f":"ROUND('Форма по МДС 81-35.2004'!F535*'Базовые цены за единицу'!V32,0)","v":0},null,{"$f":"ROUND('Форма по МДС 81-35.2004'!F535*'Базовые цены за единицу'!X32,0)","v":0},{"$f":"IF(Определители!I32=\"9\",ROUND(B32*(Начисления!M32/100)*'Форма по МДС 81-35.2004'!M553/100,0),0)","v":0},{"$f":"IF(Определители!I32=\"9\",ROUND(B32*(100-Начисления!M32/100)*'Форма по МДС 81-35.2004'!M553/100,0),0)","v":0},{"$f":"IF(Определители!I32=\"9\",ROUND((C32+E32)*(Начисления!M32/100)*('Форма по МДС 81-35.2004'!M556/100),0),0)","v":0},{"$f":"IF(Определители!I32=\"9\",ROUND((C32+E32)*(100-Начисления!M32/100)*('Форма по МДС 81-35.2004'!M556/100),0),0)","v":0},{"$f":"IF(Определители!I32=\"9\",ROUND(B32*Начисления!M32/100,0),0)","v":0},{"$f":"IF(Определители!I32=\"9\",ROUND(B32*(100-Начисления!M32)/100,0),0)","v":0},{"$f":"ROUND('Форма по МДС 81-35.2004'!F535*'Базовые цены за единицу'!AE32,0)","v":0}]
[{"$f":"'Форма по МДС 81-35.2004'!A559","v":"28."},{"$f":"'Форма по МДС 81-35.2004'!N559","v":51},{"$f":"ROUND(SUMIF('Форма по МДС 81-35.2004'!J559:J577,\"Г\",'Форма по МДС 81-35.2004'!N559:N577),0)","v":0},{"$f":"ROUND(SUMIF('Форма по МДС 81-35.2004'!J559:J577,\"IsMash\",'Форма по МДС 81-35.2004'!N559:N577),0)","v":51},{"$f":"'Форма по МДС 81-35.2004'!N560","v":4},{"$f":"ROUND(SUMIF('Форма по МДС 81-35.2004'!J559:J577,\"IsMater\",'Форма по МДС 81-35.2004'!N559:N577),0)","v":0},{"$f":"ROUND('Форма по МДС 81-35.2004'!F559*'Базовые цены за единицу'!G33,0)","v":0},{"$f":"ROUND('Форма по МДС 81-35.2004'!F559*'Базовые цены за единицу'!H33,0)","v":0},{"$f":"ОКРУГЛВСЕ(SUMIF('Форма по МДС 81-35.2004'!J559:J577,\"Г\",'Форма по МДС 81-35.2004'!F559:F577),8)","v":0},{"$f":"ОКРУГЛВСЕ('Форма по МДС 81-35.2004'!F559*'Базовые цены за единицу'!J33,8)","v":0},{"$f":"ОКРУГЛВСЕ(SUMIF('Форма по МДС 81-35.2004'!J559:J577,\"Ж\",'Форма по МДС 81-35.2004'!F559:F577),8)","v":0.27500000000000002},{"$f":"ROUND('Форма по МДС 81-35.2004'!F559*'Базовые цены за единицу'!L33,0)","v":0},{"$f":"ROUND('Форма по МДС 81-35.2004'!F559*'Базовые цены за единицу'!M33,0)","v":0},{"$f":"ROUND(B33*'Форма по МДС 81-35.2004'!M572/100,0)","v":6},{"$f":"ROUND((B33+N33)*'Форма по МДС 81-35.2004'!M575/100,0)","v":5},{"$f":"ROUND('Форма по МДС 81-35.2004'!F559*'Базовые цены за единицу'!P33,0)","v":0},{"$f":"ROUND('Форма по МДС 81-35.2004'!F559*'Базовые цены за единицу'!Q33,0)","v":0},{"$f":"ROUND('Форма по МДС 81-35.2004'!F559*'Базовые цены за единицу'!R33,0)","v":0},{"$f":"ROUND('Форма по МДС 81-35.2004'!F559*'Базовые цены за единицу'!S33,0)","v":0},{"$f":"ROUND('Форма по МДС 81-35.2004'!F559*'Базовые цены за единицу'!T33,0)","v":0},{"$f":"ROUND('Форма по МДС 81-35.2004'!F559*'Базовые цены за единицу'!U33,0)","v":0},{"$f":"ROUND('Форма по МДС 81-35.2004'!F559*'Базовые цены за единицу'!V33,0)","v":0},null,{"$f":"ROUND('Форма по МДС 81-35.2004'!F559*'Базовые цены за единицу'!X33,0)","v":0},{"$f":"IF(Определители!I33=\"9\",ROUND(B33*(Начисления!M33/100)*'Форма по МДС 81-35.2004'!M572/100,0),0)","v":0},{"$f":"IF(Определители!I33=\"9\",ROUND(B33*(100-Начисления!M33/100)*'Форма по МДС 81-35.2004'!M572/100,0),0)","v":0},{"$f":"IF(Определители!I33=\"9\",ROUND((C33+E33)*(Начисления!M33/100)*('Форма по МДС 81-35.2004'!M575/100),0),0)","v":0},{"$f":"IF(Определители!I33=\"9\",ROUND((C33+E33)*(100-Начисления!M33/100)*('Форма по МДС 81-35.2004'!M575/100),0),0)","v":0},{"$f":"IF(Определители!I33=\"9\",ROUND(B33*Начисления!M33/100,0),0)","v":0},{"$f":"IF(Определители!I33=\"9\",ROUND(B33*(100-Начисления!M33)/100,0),0)","v":0},{"$f":"ROUND('Форма по МДС 81-35.2004'!F559*'Базовые цены за единицу'!AE33,0)","v":0}]
[{"$f":"'Форма по МДС 81-35.2004'!A578","v":"29."},{"$f":"'Форма по МДС 81-35.2004'!N578","v":19},{"$f":"ROUND(SUMIF('Форма по МДС 81-35.2004'!J578:J605,\"Г\",'Форма по МДС 81-35.2004'!N578:N605),0)","v":5},{"$f":"ROUND(SUMIF('Форма по МДС 81-35.2004'!J578:J605,\"IsMash\",'Форма по МДС 81-35.2004'!N578:N605),0)","v":15},{"$f":"'Форма по МДС 81-35.2004'!N579","v":2},{"$f":"ROUND(SUMIF('Форма по МДС 81-35.2004'!J578:J605,\"IsMater\",'Форма по МДС 81-35.2004'!N578:N605),0)","v":0},{"$f":"ROUND('Форма по МДС 81-35.2004'!F578*'Базовые цены за единицу'!G34,0)","v":0},{"$f":"ROUND('Форма по МДС 81-35.2004'!F578*'Базовые цены за единицу'!H34,0)","v":0},{"$f":"ОКРУГЛВСЕ(SUMIF('Форма по МДС 81-35.2004'!J578:J605,\"Г\",'Форма по МДС 81-35.2004'!F578:F605),8)","v":0.54390000000000005},{"$f":"ОКРУГЛВСЕ('Форма по МДС 81-35.2004'!F578*'Базовые цены за единицу'!J34,8)","v":0},{"$f":"ОКРУГЛВСЕ(SUMIF('Форма по МДС 81-35.2004'!J578:J605,\"Ж\",'Форма по МДС 81-35.2004'!F578:F605),8)","v":0.15540000000000001},{"$f":"ROUND('Форма по МДС 81-35.2004'!F578*'Базовые цены за единицу'!L34,0)","v":0},{"$f":"ROUND('Форма по МДС 81-35.2004'!F578*'Базовые цены за единицу'!M34,0)","v":0},{"$f":"ROUND(B34*'Форма по МДС 81-35.2004'!M600/100,0)","v":2},{"$f":"ROUND((B34+N34)*'Форма по МДС 81-35.2004'!M603/100,0)","v":2},{"$f":"ROUND('Форма по МДС 81-35.2004'!F578*'Базовые цены за единицу'!P34,0)","v":0},{"$f":"ROUND('Форма по МДС 81-35.2004'!F578*'Базовые цены за единицу'!Q34,0)","v":0},{"$f":"ROUND('Форма по МДС 81-35.2004'!F578*'Базовые цены за единицу'!R34,0)","v":0},{"$f":"ROUND('Форма по МДС 81-35.2004'!F578*'Базовые цены за единицу'!S34,0)","v":0},{"$f":"ROUND('Форма по МДС 81-35.2004'!F578*'Базовые цены за единицу'!T34,0)","v":0},{"$f":"ROUND('Форма по МДС 81-35.2004'!F578*'Базовые цены за единицу'!U34,0)","v":0},{"$f":"ROUND('Форма по МДС 81-35.2004'!F578*'Базовые цены за единицу'!V34,0)","v":0},null,{"$f":"ROUND('Форма по МДС 81-35.2004'!F578*'Базовые цены за единицу'!X34,0)","v":0},{"$f":"IF(Определители!I34=\"9\",ROUND(B34*(Начисления!M34/100)*'Форма по МДС 81-35.2004'!M600/100,0),0)","v":0},{"$f":"IF(Определители!I34=\"9\",ROUND(B34*(100-Начисления!M34/100)*'Форма по МДС 81-35.2004'!M600/100,0),0)","v":0},{"$f":"IF(Определители!I34=\"9\",ROUND((C34+E34)*(Начисления!M34/100)*('Форма по МДС 81-35.2004'!M603/100),0),0)","v":0},{"$f":"IF(Определители!I34=\"9\",ROUND((C34+E34)*(100-Начисления!M34/100)*('Форма по МДС 81-35.2004'!M603/100),0),0)","v":0},{"$f":"IF(Определители!I34=\"9\",ROUND(B34*Начисления!M34/100,0),0)","v":0},{"$f":"IF(Определители!I34=\"9\",ROUND(B34*(100-Начисления!M34)/100,0),0)","v":0},{"$f":"ROUND('Форма по МДС 81-35.2004'!F578*'Базовые цены за единицу'!AE34,0)","v":0}]
[{"$f":"'Форма по МДС 81-35.2004'!A606","v":"30."},{"$f":"'Форма по МДС 81-35.2004'!N606","v":19},{"$f":"ROUND(SUMIF('Форма по МДС 81-35.2004'!J606:J633,\"Г\",'Форма по МДС 81-35.2004'!N606:N633),0)","v":5},{"$f":"ROUND(SUMIF('Форма по МДС 81-35.2004'!J606:J633,\"IsMash\",'Форма по МДС 81-35.2004'!N606:N633),0)","v":15},{"$f":"'Форма по МДС 81-35.2004'!N607","v":2},{"$f":"ROUND(SUMIF('Форма по МДС 81-35.2004'!J606:J633,\"IsMater\",'Форма по МДС 81-35.2004'!N606:N633),0)","v":0},{"$f":"ROUND('Форма по МДС 81-35.2004'!F606*'Базовые цены за единицу'!G35,0)","v":0},{"$f":"ROUND('Форма по МДС 81-35.2004'!F606*'Базовые цены за единицу'!H35,0)","v":0},{"$f":"ОКРУГЛВСЕ(SUMIF('Форма по МДС 81-35.2004'!J606:J633,\"Г\",'Форма по МДС 81-35.2004'!F606:F633),8)","v":0.54390000000000005},{"$f":"ОКРУГЛВСЕ('Форма по МДС 81-35.2004'!F606*'Базовые цены за единицу'!J35,8)","v":0},{"$f":"ОКРУГЛВСЕ(SUMIF('Форма по МДС 81-35.2004'!J606:J633,\"Ж\",'Форма по МДС 81-35.2004'!F606:F633),8)","v":0.15540000000000001},{"$f":"ROUND('Форма по МДС 81-35.2004'!F606*'Базовые цены за единицу'!L35,0)","v":0},{"$f":"ROUND('Форма по МДС 81-35.2004'!F606*'Базовые цены за единицу'!M35,0)","v":0},{"$f":"ROUND(B35*'Форма по МДС 81-35.2004'!M628/100,0)","v":2},{"$f":"ROUND((B35+N35)*'Форма по МДС 81-35.2004'!M631/100,0)","v":2},{"$f":"ROUND('Форма по МДС 81-35.2004'!F606*'Базовые цены за единицу'!P35,0)","v":0},{"$f":"ROUND('Форма по МДС 81-35.2004'!F606*'Базовые цены за единицу'!Q35,0)","v":0},{"$f":"ROUND('Форма по МДС 81-35.2004'!F606*'Базовые цены за единицу'!R35,0)","v":0},{"$f":"ROUND('Форма по МДС 81-35.2004'!F606*'Базовые цены за единицу'!S35,0)","v":0},{"$f":"ROUND('Форма по МДС 81-35.2004'!F606*'Базовые цены за единицу'!T35,0)","v":0},{"$f":"ROUND('Форма по МДС 81-35.2004'!F606*'Базовые цены за единицу'!U35,0)","v":0},{"$f":"ROUND('Форма по МДС 81-35.2004'!F606*'Базовые цены за единицу'!V35,0)","v":0},null,{"$f":"ROUND('Форма по МДС 81-35.2004'!F606*'Базовые цены за единицу'!X35,0)","v":0},{"$f":"IF(Определители!I35=\"9\",ROUND(B35*(Начисления!M35/100)*'Форма по МДС 81-35.2004'!M628/100,0),0)","v":0},{"$f":"IF(Определители!I35=\"9\",ROUND(B35*(100-Начисления!M35/100)*'Форма по МДС 81-35.2004'!M628/100,0),0)","v":0},{"$f":"IF(Определители!I35=\"9\",ROUND((C35+E35)*(Начисления!M35/100)*('Форма по МДС 81-35.2004'!M631/100),0),0)","v":0},{"$f":"IF(Определители!I35=\"9\",ROUND((C35+E35)*(100-Начисления!M35/100)*('Форма по МДС 81-35.2004'!M631/100),0),0)","v":0},{"$f":"IF(Определители!I35=\"9\",ROUND(B35*Начисления!M35/100,0),0)","v":0},{"$f":"IF(Определители!I35=\"9\",ROUND(B35*(100-Начисления!M35)/100,0),0)","v":0},{"$f":"ROUND('Форма по МДС 81-35.2004'!F606*'Базовые цены за единицу'!AE35,0)","v":0}]
[{"$f":"'Форма по МДС 81-35.2004'!A634","v":"31."},{"$f":"'Форма по МДС 81-35.2004'!N634","v":19},{"$f":"ROUND(SUMIF('Форма по МДС 81-35.2004'!J634:J661,\"Г\",'Форма по МДС 81-35.2004'!N634:N661),0)","v":5},{"$f":"ROUND(SUMIF('Форма по МДС 81-35.2004'!J634:J661,\"IsMash\",'Форма по МДС 81-35.2004'!N634:N661),0)","v":15},{"$f":"'Форма по МДС 81-35.2004'!N635","v":2},{"$f":"ROUND(SUMIF('Форма по МДС 81-35.2004'!J634:J661,\"IsMater\",'Форма по МДС 81-35.2004'!N634:N661),0)","v":0},{"$f":"ROUND('Форма по МДС 81-35.2004'!F634*'Базовые цены за единицу'!G36,0)","v":0},{"$f":"ROUND('Форма по МДС 81-35.2004'!F634*'Базовые цены за единицу'!H36,0)","v":0},{"$f":"ОКРУГЛВСЕ(SUMIF('Форма по МДС 81-35.2004'!J634:J661,\"Г\",'Форма по МДС 81-35.2004'!F634:F661),8)","v":0.54390000000000005},{"$f":"ОКРУГЛВСЕ('Форма по МДС 81-35.2004'!F634*'Базовые цены за единицу'!J36,8)","v":0},{"$f":"ОКРУГЛВСЕ(SUMIF('Форма по МДС 81-35.2004'!J634:J661,\"Ж\",'Форма по МДС 81-35.2004'!F634:F661),8)","v":0.15540000000000001},{"$f":"ROUND('Форма по МДС 81-35.2004'!F634*'Базовые цены за единицу'!L36,0)","v":0},{"$f":"ROUND('Форма по МДС 81-35.2004'!F634*'Базовые цены за единицу'!M36,0)","v":0},{"$f":"ROUND(B36*'Форма по МДС 81-35.2004'!M656/100,0)","v":2},{"$f":"ROUND((B36+N36)*'Форма по МДС 81-35.2004'!M659/100,0)","v":2},{"$f":"ROUND('Форма по МДС 81-35.2004'!F634*'Базовые цены за единицу'!P36,0)","v":0},{"$f":"ROUND('Форма по МДС 81-35.2004'!F634*'Базовые цены за единицу'!Q36,0)","v":0},{"$f":"ROUND('Форма по МДС 81-35.2004'!F634*'Базовые цены за единицу'!R36,0)","v":0},{"$f":"ROUND('Форма по МДС 81-35.2004'!F634*'Базовые цены за единицу'!S36,0)","v":0},{"$f":"ROUND('Форма по МДС 81-35.2004'!F634*'Базовые цены за единицу'!T36,0)","v":0},{"$f":"ROUND('Форма по МДС 81-35.2004'!F634*'Базовые цены за единицу'!U36,0)","v":0},{"$f":"ROUND('Форма по МДС 81-35.2004'!F634*'Базовые цены за единицу'!V36,0)","v":0},null,{"$f":"ROUND('Форма по МДС 81-35.2004'!F634*'Базовые цены за единицу'!X36,0)","v":0},{"$f":"IF(Определители!I36=\"9\",ROUND(B36*(Начисления!M36/100)*'Форма по МДС 81-35.2004'!M656/100,0),0)","v":0},{"$f":"IF(Определители!I36=\"9\",ROUND(B36*(100-Начисления!M36/100)*'Форма по МДС 81-35.2004'!M656/100,0),0)","v":0},{"$f":"IF(Определители!I36=\"9\",ROUND((C36+E36)*(Начисления!M36/100)*('Форма по МДС 81-35.2004'!M659/100),0),0)","v":0},{"$f":"IF(Определители!I36=\"9\",ROUND((C36+E36)*(100-Начисления!M36/100)*('Форма по МДС 81-35.2004'!M659/100),0),0)","v":0},{"$f":"IF(Определители!I36=\"9\",ROUND(B36*Начисления!M36/100,0),0)","v":0},{"$f":"IF(Определители!I36=\"9\",ROUND(B36*(100-Начисления!M36)/100,0),0)","v":0},{"$f":"ROUND('Форма по МДС 81-35.2004'!F634*'Базовые цены за единицу'!AE36,0)","v":0}]
[{"$f":"'Форма по МДС 81-35.2004'!A662","v":"32."},{"$f":"'Форма по МДС 81-35.2004'!N662","v":16},{"$f":"ROUND(SUMIF('Форма по МДС 81-35.2004'!J662:J683,\"Г\",'Форма по МДС 81-35.2004'!N662:N683),0)","v":3},{"$f":"ROUND(SUMIF('Форма по МДС 81-35.2004'!J662:J683,\"IsMash\",'Форма по МДС 81-35.2004'!N662:N683),0)","v":12},{"$f":"'Форма по МДС 81-35.2004'!N663","v":2},{"$f":"ROUND(SUMIF('Форма по МДС 81-35.2004'!J662:J683,\"IsMater\",'Форма по МДС 81-35.2004'!N662:N683),0)","v":0},{"$f":"ROUND('Форма по МДС 81-35.2004'!F662*'Базовые цены за единицу'!G37,0)","v":0},{"$f":"ROUND('Форма по МДС 81-35.2004'!F662*'Базовые цены за единицу'!H37,0)","v":0},{"$f":"ОКРУГЛВСЕ(SUMIF('Форма по МДС 81-35.2004'!J662:J683,\"Г\",'Форма по МДС 81-35.2004'!F662:F683),8)","v":0.43259999999999998},{"$f":"ОКРУГЛВСЕ('Форма по МДС 81-35.2004'!F662*'Базовые цены за единицу'!J37,8)","v":0},{"$f":"ОКРУГЛВСЕ(SUMIF('Форма по МДС 81-35.2004'!J662:J683,\"Ж\",'Форма по МДС 81-35.2004'!F662:F683),8)","v":0.14419999999999999},{"$f":"ROUND('Форма по МДС 81-35.2004'!F662*'Базовые цены за единицу'!L37,0)","v":0},{"$f":"ROUND('Форма по МДС 81-35.2004'!F662*'Базовые цены за единицу'!M37,0)","v":0},{"$f":"ROUND(B37*'Форма по МДС 81-35.2004'!M678/100,0)","v":2},{"$f":"ROUND((B37+N37)*'Форма по МДС 81-35.2004'!M681/100,0)","v":1},{"$f":"ROUND('Форма по МДС 81-35.2004'!F662*'Базовые цены за единицу'!P37,0)","v":0},{"$f":"ROUND('Форма по МДС 81-35.2004'!F662*'Базовые цены за единицу'!Q37,0)","v":0},{"$f":"ROUND('Форма по МДС 81-35.2004'!F662*'Базовые цены за единицу'!R37,0)","v":0},{"$f":"ROUND('Форма по МДС 81-35.2004'!F662*'Базовые цены за единицу'!S37,0)","v":0},{"$f":"ROUND('Форма по МДС 81-35.2004'!F662*'Базовые цены за единицу'!T37,0)","v":0},{"$f":"ROUND('Форма по МДС 81-35.2004'!F662*'Базовые цены за единицу'!U37,0)","v":0},{"$f":"ROUND('Форма по МДС 81-35.2004'!F662*'Базовые цены за единицу'!V37,0)","v":0},null,{"$f":"ROUND('Форма по МДС 81-35.2004'!F662*'Базовые цены за единицу'!X37,0)","v":0},{"$f":"IF(Определители!I37=\"9\",ROUND(B37*(Начисления!M37/100)*'Форма по МДС 81-35.2004'!M678/100,0),0)","v":0},{"$f":"IF(Определители!I37=\"9\",ROUND(B37*(100-Начисления!M37/100)*'Форма по МДС 81-35.2004'!M678/100,0),0)","v":0},{"$f":"IF(Определители!I37=\"9\",ROUND((C37+E37)*(Начисления!M37/100)*('Форма по МДС 81-35.2004'!M681/100),0),0)","v":0},{"$f":"IF(Определители!I37=\"9\",ROUND((C37+E37)*(100-Начисления!M37/100)*('Форма по МДС 81-35.2004'!M681/100),0),0)","v":0},{"$f":"IF(Определители!I37=\"9\",ROUND(B37*Начисления!M37/100,0),0)","v":0},{"$f":"IF(Определители!I37=\"9\",ROUND(B37*(100-Начисления!M37)/100,0),0)","v":0},{"$f":"ROUND('Форма по МДС 81-35.2004'!F662*'Базовые цены за единицу'!AE37,0)","v":0}]
[{"$f":"'Форма по МДС 81-35.2004'!A684","v":"33."},{"$f":"'Форма по МДС 81-35.2004'!N684","v":16},{"$f":"ROUND(SUMIF('Форма по МДС 81-35.2004'!J684:J705,\"Г\",'Форма по МДС 81-35.2004'!N684:N705),0)","v":3},{"$f":"ROUND(SUMIF('Форма по МДС 81-35.2004'!J684:J705,\"IsMash\",'Форма по МДС 81-35.2004'!N684:N705),0)","v":12},{"$f":"'Форма по МДС 81-35.2004'!N685","v":2},{"$f":"ROUND(SUMIF('Форма по МДС 81-35.2004'!J684:J705,\"IsMater\",'Форма по МДС 81-35.2004'!N684:N705),0)","v":0},{"$f":"ROUND('Форма по МДС 81-35.2004'!F684*'Базовые цены за единицу'!G38,0)","v":0},{"$f":"ROUND('Форма по МДС 81-35.2004'!F684*'Базовые цены за единицу'!H38,0)","v":0},{"$f":"ОКРУГЛВСЕ(SUMIF('Форма по МДС 81-35.2004'!J684:J705,\"Г\",'Форма по МДС 81-35.2004'!F684:F705),8)","v":0.43259999999999998},{"$f":"ОКРУГЛВСЕ('Форма по МДС 81-35.2004'!F684*'Базовые цены за единицу'!J38,8)","v":0},{"$f":"ОКРУГЛВСЕ(SUMIF('Форма по МДС 81-35.2004'!J684:J705,\"Ж\",'Форма по МДС 81-35.2004'!F684:F705),8)","v":0.14419999999999999},{"$f":"ROUND('Форма по МДС 81-35.2004'!F684*'Базовые цены за единицу'!L38,0)","v":0},{"$f":"ROUND('Форма по МДС 81-35.2004'!F684*'Базовые цены за единицу'!M38,0)","v":0},{"$f":"ROUND(B38*'Форма по МДС 81-35.2004'!M700/100,0)","v":2},{"$f":"ROUND((B38+N38)*'Форма по МДС 81-35.2004'!M703/100,0)","v":1},{"$f":"ROUND('Форма по МДС 81-35.2004'!F684*'Базовые цены за единицу'!P38,0)","v":0},{"$f":"ROUND('Форма по МДС 81-35.2004'!F684*'Базовые цены за единицу'!Q38,0)","v":0},{"$f":"ROUND('Форма по МДС 81-35.2004'!F684*'Базовые цены за единицу'!R38,0)","v":0},{"$f":"ROUND('Форма по МДС 81-35.2004'!F684*'Базовые цены за единицу'!S38,0)","v":0},{"$f":"ROUND('Форма по МДС 81-35.2004'!F684*'Базовые цены за единицу'!T38,0)","v":0},{"$f":"ROUND('Форма по МДС 81-35.2004'!F684*'Базовые цены за единицу'!U38,0)","v":0},{"$f":"ROUND('Форма по МДС 81-35.2004'!F684*'Базовые цены за единицу'!V38,0)","v":0},null,{"$f":"ROUND('Форма по МДС 81-35.2004'!F684*'Базовые цены за единицу'!X38,0)","v":0},{"$f":"IF(Определители!I38=\"9\",ROUND(B38*(Начисления!M38/100)*'Форма по МДС 81-35.2004'!M700/100,0),0)","v":0},{"$f":"IF(Определители!I38=\"9\",ROUND(B38*(100-Начисления!M38/100)*'Форма по МДС 81-35.2004'!M700/100,0),0)","v":0},{"$f":"IF(Определители!I38=\"9\",ROUND((C38+E38)*(Начисления!M38/100)*('Форма по МДС 81-35.2004'!M703/100),0),0)","v":0},{"$f":"IF(Определители!I38=\"9\",ROUND((C38+E38)*(100-Начисления!M38/100)*('Форма по МДС 81-35.2004'!M703/100),0),0)","v":0},{"$f":"IF(Определители!I38=\"9\",ROUND(B38*Начисления!M38/100,0),0)","v":0},{"$f":"IF(Определители!I38=\"9\",ROUND(B38*(100-Начисления!M38)/100,0),0)","v":0},{"$f":"ROUND('Форма по МДС 81-35.2004'!F684*'Базовые цены за единицу'!AE38,0)","v":0}]
[{"$f":"'Форма по МДС 81-35.2004'!A706","v":"34."},{"$f":"'Форма по МДС 81-35.2004'!N706","v":0},{"$f":"ROUND(SUMIF('Форма по МДС 81-35.2004'!J706:J730,\"Г\",'Форма по МДС 81-35.2004'!N706:N730),0)","v":0},{"$f":"ROUND(SUMIF('Форма по МДС 81-35.2004'!J706:J730,\"IsMash\",'Форма по МДС 81-35.2004'!N706:N730),0)","v":0},{"$f":"'Форма по МДС 81-35.2004'!N712","v":0},{"$f":"ROUND(SUMIF('Форма по МДС 81-35.2004'!J706:J730,\"IsMater\",'Форма по МДС 81-35.2004'!N706:N730),0)","v":0},{"$f":"ROUND('Форма по МДС 81-35.2004'!F706*'Базовые цены за единицу'!G39,0)","v":0},{"$f":"ROUND('Форма по МДС 81-35.2004'!F706*'Базовые цены за единицу'!H39,0)","v":0},{"$f":"ОКРУГЛВСЕ(SUMIF('Форма по МДС 81-35.2004'!J706:J730,\"Г\",'Форма по МДС 81-35.2004'!F706:F730),8)","v":0},{"$f":"ОКРУГЛВСЕ('Форма по МДС 81-35.2004'!F706*'Базовые цены за единицу'!J39,8)","v":0},{"$f":"ОКРУГЛВСЕ(SUMIF('Форма по МДС 81-35.2004'!J706:J730,\"Ж\",'Форма по МДС 81-35.2004'!F706:F730),8)","v":2.376E-4},{"$f":"ROUND('Форма по МДС 81-35.2004'!F706*'Базовые цены за единицу'!L39,0)","v":0},{"$f":"ROUND('Форма по МДС 81-35.2004'!F706*'Базовые цены за единицу'!M39,0)","v":0},{"$f":"ROUND(B39*'Форма по МДС 81-35.2004'!M725/100,0)","v":0},{"$f":"ROUND((B39+N39)*'Форма по МДС 81-35.2004'!M728/100,0)","v":0},{"$f":"ROUND('Форма по МДС 81-35.2004'!F706*'Базовые цены за единицу'!P39,0)","v":0},{"$f":"ROUND('Форма по МДС 81-35.2004'!F706*'Базовые цены за единицу'!Q39,0)","v":0},{"$f":"ROUND('Форма по МДС 81-35.2004'!F706*'Базовые цены за единицу'!R39,0)","v":0},{"$f":"ROUND('Форма по МДС 81-35.2004'!F706*'Базовые цены за единицу'!S39,0)","v":0},{"$f":"ROUND('Форма по МДС 81-35.2004'!F706*'Базовые цены за единицу'!T39,0)","v":0},{"$f":"ROUND('Форма по МДС 81-35.2004'!F706*'Базовые цены за единицу'!U39,0)","v":0},{"$f":"ROUND('Форма по МДС 81-35.2004'!F706*'Базовые цены за единицу'!V39,0)","v":0},null,{"$f":"ROUND('Форма по МДС 81-35.2004'!F706*'Базовые цены за единицу'!X39,0)","v":0},{"$f":"IF(Определители!I39=\"9\",ROUND(B39*(Начисления!M39/100)*'Форма по МДС 81-35.2004'!M725/100,0),0)","v":0},{"$f":"IF(Определители!I39=\"9\",ROUND(B39*(100-Начисления!M39/100)*'Форма по МДС 81-35.2004'!M725/100,0),0)","v":0},{"$f":"IF(Определители!I39=\"9\",ROUND((C39+E39)*(Начисления!M39/100)*('Форма по МДС 81-35.2004'!M728/100),0),0)","v":0},{"$f":"IF(Определители!I39=\"9\",ROUND((C39+E39)*(100-Начисления!M39/100)*('Форма по МДС 81-35.2004'!M728/100),0),0)","v":0},{"$f":"IF(Определители!I39=\"9\",ROUND(B39*Начисления!M39/100,0),0)","v":0},{"$f":"IF(Определители!I39=\"9\",ROUND(B39*(100-Начисления!M39)/100,0),0)","v":0},{"$f":"ROUND('Форма по МДС 81-35.2004'!F706*'Базовые цены за единицу'!AE39,0)","v":0}]
[{"$f":"'Форма по МДС 81-35.2004'!A731","v":"35."},{"$f":"'Форма по МДС 81-35.2004'!N731","v":0},{"$f":"ROUND(SUMIF('Форма по МДС 81-35.2004'!J731:J770,\"Г\",'Форма по МДС 81-35.2004'!N731:N770),0)","v":0},{"$f":"ROUND(SUMIF('Форма по МДС 81-35.2004'!J731:J770,\"IsMash\",'Форма по МДС 81-35.2004'!N731:N770),0)","v":0},{"$f":"'Форма по МДС 81-35.2004'!N737","v":0},{"$f":"ROUND(SUMIF('Форма по МДС 81-35.2004'!J731:J770,\"IsMater\",'Форма по МДС 81-35.2004'!N731:N770),0)","v":0},{"$f":"ROUND('Форма по МДС 81-35.2004'!F731*'Базовые цены за единицу'!G40,0)","v":0},{"$f":"ROUND('Форма по МДС 81-35.2004'!F731*'Базовые цены за единицу'!H40,0)","v":0},{"$f":"ОКРУГЛВСЕ(SUMIF('Форма по МДС 81-35.2004'!J731:J770,\"Г\",'Форма по МДС 81-35.2004'!F731:F770),8)","v":4.5960000000000001E-2},{"$f":"ОКРУГЛВСЕ('Форма по МДС 81-35.2004'!F731*'Базовые цены за единицу'!J40,8)","v":0},{"$f":"ОКРУГЛВСЕ(SUMIF('Форма по МДС 81-35.2004'!J731:J770,\"Ж\",'Форма по МДС 81-35.2004'!F731:F770),8)","v":2.2896E-2},{"$f":"ROUND('Форма по МДС 81-35.2004'!F731*'Базовые цены за единицу'!L40,0)","v":0},{"$f":"ROUND('Форма по МДС 81-35.2004'!F731*'Базовые цены за единицу'!M40,0)","v":0},{"$f":"ROUND(B40*'Форма по МДС 81-35.2004'!M765/100,0)","v":0},{"$f":"ROUND((B40+N40)*'Форма по МДС 81-35.2004'!M768/100,0)","v":0},{"$f":"ROUND('Форма по МДС 81-35.2004'!F731*'Базовые цены за единицу'!P40,0)","v":0},{"$f":"ROUND('Форма по МДС 81-35.2004'!F731*'Базовые цены за единицу'!Q40,0)","v":0},{"$f":"ROUND('Форма по МДС 81-35.2004'!F731*'Базовые цены за единицу'!R40,0)","v":0},{"$f":"ROUND('Форма по МДС 81-35.2004'!F731*'Базовые цены за единицу'!S40,0)","v":0},{"$f":"ROUND('Форма по МДС 81-35.2004'!F731*'Базовые цены за единицу'!T40,0)","v":0},{"$f":"ROUND('Форма по МДС 81-35.2004'!F731*'Базовые цены за единицу'!U40,0)","v":0},{"$f":"ROUND('Форма по МДС 81-35.2004'!F731*'Базовые цены за единицу'!V40,0)","v":0},null,{"$f":"ROUND('Форма по МДС 81-35.2004'!F731*'Базовые цены за единицу'!X40,0)","v":0},{"$f":"IF(Определители!I40=\"9\",ROUND(B40*(Начисления!M40/100)*'Форма по МДС 81-35.2004'!M765/100,0),0)","v":0},{"$f":"IF(Определители!I40=\"9\",ROUND(B40*(100-Начисления!M40/100)*'Форма по МДС 81-35.2004'!M765/100,0),0)","v":0},{"$f":"IF(Определители!I40=\"9\",ROUND((C40+E40)*(Начисления!M40/100)*('Форма по МДС 81-35.2004'!M768/100),0),0)","v":0},{"$f":"IF(Определители!I40=\"9\",ROUND((C40+E40)*(100-Начисления!M40/100)*('Форма по МДС 81-35.2004'!M768/100),0),0)","v":0},{"$f":"IF(Определители!I40=\"9\",ROUND(B40*Начисления!M40/100,0),0)","v":0},{"$f":"IF(Определители!I40=\"9\",ROUND(B40*(100-Начисления!M40)/100,0),0)","v":0},{"$f":"ROUND('Форма по МДС 81-35.2004'!F731*'Базовые цены за единицу'!AE40,0)","v":0}]
[{"$f":"'Форма по МДС 81-35.2004'!A771","v":"36."},{"$f":"'Форма по МДС 81-35.2004'!N771","v":0},{"$f":"ROUND(SUMIF('Форма по МДС 81-35.2004'!J771:J797,\"Г\",'Форма по МДС 81-35.2004'!N771:N797),0)","v":0},{"$f":"ROUND(SUMIF('Форма по МДС 81-35.2004'!J771:J797,\"IsMash\",'Форма по МДС 81-35.2004'!N771:N797),0)","v":0},{"$f":"'Форма по МДС 81-35.2004'!N778","v":0},{"$f":"ROUND(SUMIF('Форма по МДС 81-35.2004'!J771:J797,\"IsMater\",'Форма по МДС 81-35.2004'!N771:N797),0)","v":0},{"$f":"ROUND('Форма по МДС 81-35.2004'!F771*'Базовые цены за единицу'!G41,0)","v":0},{"$f":"ROUND('Форма по МДС 81-35.2004'!F771*'Базовые цены за единицу'!H41,0)","v":0},{"$f":"ОКРУГЛВСЕ(SUMIF('Форма по МДС 81-35.2004'!J771:J797,\"Г\",'Форма по МДС 81-35.2004'!F771:F797),8)","v":2.1599999999999999E-4},{"$f":"ОКРУГЛВСЕ('Форма по МДС 81-35.2004'!F771*'Базовые цены за единицу'!J41,8)","v":0},{"$f":"ОКРУГЛВСЕ(SUMIF('Форма по МДС 81-35.2004'!J771:J797,\"Ж\",'Форма по МДС 81-35.2004'!F771:F797),8)","v":0},{"$f":"ROUND('Форма по МДС 81-35.2004'!F771*'Базовые цены за единицу'!L41,0)","v":0},{"$f":"ROUND('Форма по МДС 81-35.2004'!F771*'Базовые цены за единицу'!M41,0)","v":0},{"$f":"ROUND(B41*'Форма по МДС 81-35.2004'!M792/100,0)","v":0},{"$f":"ROUND((B41+N41)*'Форма по МДС 81-35.2004'!M795/100,0)","v":0},{"$f":"ROUND('Форма по МДС 81-35.2004'!F771*'Базовые цены за единицу'!P41,0)","v":0},{"$f":"ROUND('Форма по МДС 81-35.2004'!F771*'Базовые цены за единицу'!Q41,0)","v":0},{"$f":"ROUND('Форма по МДС 81-35.2004'!F771*'Базовые цены за единицу'!R41,0)","v":0},{"$f":"ROUND('Форма по МДС 81-35.2004'!F771*'Базовые цены за единицу'!S41,0)","v":0},{"$f":"ROUND('Форма по МДС 81-35.2004'!F771*'Базовые цены за единицу'!T41,0)","v":0},{"$f":"ROUND('Форма по МДС 81-35.2004'!F771*'Базовые цены за единицу'!U41,0)","v":0},{"$f":"ROUND('Форма по МДС 81-35.2004'!F771*'Базовые цены за единицу'!V41,0)","v":0},null,{"$f":"ROUND('Форма по МДС 81-35.2004'!F771*'Базовые цены за единицу'!X41,0)","v":0},{"$f":"IF(Определители!I41=\"9\",ROUND(B41*(Начисления!M41/100)*'Форма по МДС 81-35.2004'!M792/100,0),0)","v":0},{"$f":"IF(Определители!I41=\"9\",ROUND(B41*(100-Начисления!M41/100)*'Форма по МДС 81-35.2004'!M792/100,0),0)","v":0},{"$f":"IF(Определители!I41=\"9\",ROUND((C41+E41)*(Начисления!M41/100)*('Форма по МДС 81-35.2004'!M795/100),0),0)","v":0},{"$f":"IF(Определители!I41=\"9\",ROUND((C41+E41)*(100-Начисления!M41/100)*('Форма по МДС 81-35.2004'!M795/100),0),0)","v":0},{"$f":"IF(Определители!I41=\"9\",ROUND(B41*Начисления!M41/100,0),0)","v":0},{"$f":"IF(Определители!I41=\"9\",ROUND(B41*(100-Начисления!M41)/100,0),0)","v":0},{"$f":"ROUND('Форма по МДС 81-35.2004'!F771*'Базовые цены за единицу'!AE41,0)","v":0}]
[{"$f":"'Форма по МДС 81-35.2004'!A798","v":"37."},{"$f":"'Форма по МДС 81-35.2004'!N798","v":0},{"$f":"ROUND(SUMIF('Форма по МДС 81-35.2004'!J798:J822,\"Г\",'Форма по МДС 81-35.2004'!N798:N822),0)","v":0},{"$f":"ROUND(SUMIF('Форма по МДС 81-35.2004'!J798:J822,\"IsMash\",'Форма по МДС 81-35.2004'!N798:N822),0)","v":0},{"$f":"'Форма по МДС 81-35.2004'!N804","v":0},{"$f":"ROUND(SUMIF('Форма по МДС 81-35.2004'!J798:J822,\"IsMater\",'Форма по МДС 81-35.2004'!N798:N822),0)","v":0},{"$f":"ROUND('Форма по МДС 81-35.2004'!F798*'Базовые цены за единицу'!G42,0)","v":0},{"$f":"ROUND('Форма по МДС 81-35.2004'!F798*'Базовые цены за единицу'!H42,0)","v":0},{"$f":"ОКРУГЛВСЕ(SUMIF('Форма по МДС 81-35.2004'!J798:J822,\"Г\",'Форма по МДС 81-35.2004'!F798:F822),8)","v":0},{"$f":"ОКРУГЛВСЕ('Форма по МДС 81-35.2004'!F798*'Базовые цены за единицу'!J42,8)","v":0},{"$f":"ОКРУГЛВСЕ(SUMIF('Форма по МДС 81-35.2004'!J798:J822,\"Ж\",'Форма по МДС 81-35.2004'!F798:F822),8)","v":2.376E-4},{"$f":"ROUND('Форма по МДС 81-35.2004'!F798*'Базовые цены за единицу'!L42,0)","v":0},{"$f":"ROUND('Форма по МДС 81-35.2004'!F798*'Базовые цены за единицу'!M42,0)","v":0},{"$f":"ROUND(B42*'Форма по МДС 81-35.2004'!M817/100,0)","v":0},{"$f":"ROUND((B42+N42)*'Форма по МДС 81-35.2004'!M820/100,0)","v":0},{"$f":"ROUND('Форма по МДС 81-35.2004'!F798*'Базовые цены за единицу'!P42,0)","v":0},{"$f":"ROUND('Форма по МДС 81-35.2004'!F798*'Базовые цены за единицу'!Q42,0)","v":0},{"$f":"ROUND('Форма по МДС 81-35.2004'!F798*'Базовые цены за единицу'!R42,0)","v":0},{"$f":"ROUND('Форма по МДС 81-35.2004'!F798*'Базовые цены за единицу'!S42,0)","v":0},{"$f":"ROUND('Форма по МДС 81-35.2004'!F798*'Базовые цены за единицу'!T42,0)","v":0},{"$f":"ROUND('Форма по МДС 81-35.2004'!F798*'Базовые цены за единицу'!U42,0)","v":0},{"$f":"ROUND('Форма по МДС 81-35.2004'!F798*'Базовые цены за единицу'!V42,0)","v":0},null,{"$f":"ROUND('Форма по МДС 81-35.2004'!F798*'Базовые цены за единицу'!X42,0)","v":0},{"$f":"IF(Определители!I42=\"9\",ROUND(B42*(Начисления!M42/100)*'Форма по МДС 81-35.2004'!M817/100,0),0)","v":0},{"$f":"IF(Определители!I42=\"9\",ROUND(B42*(100-Начисления!M42/100)*'Форма по МДС 81-35.2004'!M817/100,0),0)","v":0},{"$f":"IF(Определители!I42=\"9\",ROUND((C42+E42)*(Начисления!M42/100)*('Форма по МДС 81-35.2004'!M820/100),0),0)","v":0},{"$f":"IF(Определители!I42=\"9\",ROUND((C42+E42)*(100-Начисления!M42/100)*('Форма по МДС 81-35.2004'!M820/100),0),0)","v":0},{"$f":"IF(Определители!I42=\"9\",ROUND(B42*Начисления!M42/100,0),0)","v":0},{"$f":"IF(Определители!I42=\"9\",ROUND(B42*(100-Начисления!M42)/100,0),0)","v":0},{"$f":"ROUND('Форма по МДС 81-35.2004'!F798*'Базовые цены за единицу'!AE42,0)","v":0}]
[{"$f":"'Форма по МДС 81-35.2004'!A823","v":"38."},{"$f":"'Форма по МДС 81-35.2004'!N823","v":0},{"$f":"ROUND(SUMIF('Форма по МДС 81-35.2004'!J823:J862,\"Г\",'Форма по МДС 81-35.2004'!N823:N862),0)","v":0},{"$f":"ROUND(SUMIF('Форма по МДС 81-35.2004'!J823:J862,\"IsMash\",'Форма по МДС 81-35.2004'!N823:N862),0)","v":0},{"$f":"'Форма по МДС 81-35.2004'!N829","v":0},{"$f":"ROUND(SUMIF('Форма по МДС 81-35.2004'!J823:J862,\"IsMater\",'Форма по МДС 81-35.2004'!N823:N862),0)","v":0},{"$f":"ROUND('Форма по МДС 81-35.2004'!F823*'Базовые цены за единицу'!G43,0)","v":0},{"$f":"ROUND('Форма по МДС 81-35.2004'!F823*'Базовые цены за единицу'!H43,0)","v":0},{"$f":"ОКРУГЛВСЕ(SUMIF('Форма по МДС 81-35.2004'!J823:J862,\"Г\",'Форма по МДС 81-35.2004'!F823:F862),8)","v":4.5960000000000001E-2},{"$f":"ОКРУГЛВСЕ('Форма по МДС 81-35.2004'!F823*'Базовые цены за единицу'!J43,8)","v":0},{"$f":"ОКРУГЛВСЕ(SUMIF('Форма по МДС 81-35.2004'!J823:J862,\"Ж\",'Форма по МДС 81-35.2004'!F823:F862),8)","v":2.2896E-2},{"$f":"ROUND('Форма по МДС 81-35.2004'!F823*'Базовые цены за единицу'!L43,0)","v":0},{"$f":"ROUND('Форма по МДС 81-35.2004'!F823*'Базовые цены за единицу'!M43,0)","v":0},{"$f":"ROUND(B43*'Форма по МДС 81-35.2004'!M857/100,0)","v":0},{"$f":"ROUND((B43+N43)*'Форма по МДС 81-35.2004'!M860/100,0)","v":0},{"$f":"ROUND('Форма по МДС 81-35.2004'!F823*'Базовые цены за единицу'!P43,0)","v":0},{"$f":"ROUND('Форма по МДС 81-35.2004'!F823*'Базовые цены за единицу'!Q43,0)","v":0},{"$f":"ROUND('Форма по МДС 81-35.2004'!F823*'Базовые цены за единицу'!R43,0)","v":0},{"$f":"ROUND('Форма по МДС 81-35.2004'!F823*'Базовые цены за единицу'!S43,0)","v":0},{"$f":"ROUND('Форма по МДС 81-35.2004'!F823*'Базовые цены за единицу'!T43,0)","v":0},{"$f":"ROUND('Форма по МДС 81-35.2004'!F823*'Базовые цены за единицу'!U43,0)","v":0},{"$f":"ROUND('Форма по МДС 81-35.2004'!F823*'Базовые цены за единицу'!V43,0)","v":0},null,{"$f":"ROUND('Форма по МДС 81-35.2004'!F823*'Базовые цены за единицу'!X43,0)","v":0},{"$f":"IF(Определители!I43=\"9\",ROUND(B43*(Начисления!M43/100)*'Форма по МДС 81-35.2004'!M857/100,0),0)","v":0},{"$f":"IF(Определители!I43=\"9\",ROUND(B43*(100-Начисления!M43/100)*'Форма по МДС 81-35.2004'!M857/100,0),0)","v":0},{"$f":"IF(Определители!I43=\"9\",ROUND((C43+E43)*(Начисления!M43/100)*('Форма по МДС 81-35.2004'!M860/100),0),0)","v":0},{"$f":"IF(Определители!I43=\"9\",ROUND((C43+E43)*(100-Начисления!M43/100)*('Форма по МДС 81-35.2004'!M860/100),0),0)","v":0},{"$f":"IF(Определители!I43=\"9\",ROUND(B43*Начисления!M43/100,0),0)","v":0},{"$f":"IF(Определители!I43=\"9\",ROUND(B43*(100-Начисления!M43)/100,0),0)","v":0},{"$f":"ROUND('Форма по МДС 81-35.2004'!F823*'Базовые цены за единицу'!AE43,0)","v":0}]
[{"$f":"'Форма по МДС 81-35.2004'!A863","v":"39."},{"$f":"'Форма по МДС 81-35.2004'!N863","v":0},{"$f":"ROUND(SUMIF('Форма по МДС 81-35.2004'!J863:J889,\"Г\",'Форма по МДС 81-35.2004'!N863:N889),0)","v":0},{"$f":"ROUND(SUMIF('Форма по МДС 81-35.2004'!J863:J889,\"IsMash\",'Форма по МДС 81-35.2004'!N863:N889),0)","v":0},{"$f":"'Форма по МДС 81-35.2004'!N870","v":0},{"$f":"ROUND(SUMIF('Форма по МДС 81-35.2004'!J863:J889,\"IsMater\",'Форма по МДС 81-35.2004'!N863:N889),0)","v":0},{"$f":"ROUND('Форма по МДС 81-35.2004'!F863*'Базовые цены за единицу'!G44,0)","v":0},{"$f":"ROUND('Форма по МДС 81-35.2004'!F863*'Базовые цены за единицу'!H44,0)","v":0},{"$f":"ОКРУГЛВСЕ(SUMIF('Форма по МДС 81-35.2004'!J863:J889,\"Г\",'Форма по МДС 81-35.2004'!F863:F889),8)","v":2.1599999999999999E-4},{"$f":"ОКРУГЛВСЕ('Форма по МДС 81-35.2004'!F863*'Базовые цены за единицу'!J44,8)","v":0},{"$f":"ОКРУГЛВСЕ(SUMIF('Форма по МДС 81-35.2004'!J863:J889,\"Ж\",'Форма по МДС 81-35.2004'!F863:F889),8)","v":0},{"$f":"ROUND('Форма по МДС 81-35.2004'!F863*'Базовые цены за единицу'!L44,0)","v":0},{"$f":"ROUND('Форма по МДС 81-35.2004'!F863*'Базовые цены за единицу'!M44,0)","v":0},{"$f":"ROUND(B44*'Форма по МДС 81-35.2004'!M884/100,0)","v":0},{"$f":"ROUND((B44+N44)*'Форма по МДС 81-35.2004'!M887/100,0)","v":0},{"$f":"ROUND('Форма по МДС 81-35.2004'!F863*'Базовые цены за единицу'!P44,0)","v":0},{"$f":"ROUND('Форма по МДС 81-35.2004'!F863*'Базовые цены за единицу'!Q44,0)","v":0},{"$f":"ROUND('Форма по МДС 81-35.2004'!F863*'Базовые цены за единицу'!R44,0)","v":0},{"$f":"ROUND('Форма по МДС 81-35.2004'!F863*'Базовые цены за единицу'!S44,0)","v":0},{"$f":"ROUND('Форма по МДС 81-35.2004'!F863*'Базовые цены за единицу'!T44,0)","v":0},{"$f":"ROUND('Форма по МДС 81-35.2004'!F863*'Базовые цены за единицу'!U44,0)","v":0},{"$f":"ROUND('Форма по МДС 81-35.2004'!F863*'Базовые цены за единицу'!V44,0)","v":0},null,{"$f":"ROUND('Форма по МДС 81-35.2004'!F863*'Базовые цены за единицу'!X44,0)","v":0},{"$f":"IF(Определители!I44=\"9\",ROUND(B44*(Начисления!M44/100)*'Форма по МДС 81-35.2004'!M884/100,0),0)","v":0},{"$f":"IF(Определители!I44=\"9\",ROUND(B44*(100-Начисления!M44/100)*'Форма по МДС 81-35.2004'!M884/100,0),0)","v":0},{"$f":"IF(Определители!I44=\"9\",ROUND((C44+E44)*(Начисления!M44/100)*('Форма по МДС 81-35.2004'!M887/100),0),0)","v":0},{"$f":"IF(Определители!I44=\"9\",ROUND((C44+E44)*(100-Начисления!M44/100)*('Форма по МДС 81-35.2004'!M887/100),0),0)","v":0},{"$f":"IF(Определители!I44=\"9\",ROUND(B44*Начисления!M44/100,0),0)","v":0},{"$f":"IF(Определители!I44=\"9\",ROUND(B44*(100-Начисления!M44)/100,0),0)","v":0},{"$f":"ROUND('Форма по МДС 81-35.2004'!F863*'Базовые цены за единицу'!AE44,0)","v":0}]
[{"$f":"'Форма по МДС 81-35.2004'!A890","v":"40."},{"$f":"'Форма по МДС 81-35.2004'!N890","v":0},{"$f":"ROUND(SUMIF('Форма по МДС 81-35.2004'!J890:J914,\"Г\",'Форма по МДС 81-35.2004'!N890:N914),0)","v":0},{"$f":"ROUND(SUMIF('Форма по МДС 81-35.2004'!J890:J914,\"IsMash\",'Форма по МДС 81-35.2004'!N890:N914),0)","v":0},{"$f":"'Форма по МДС 81-35.2004'!N896","v":0},{"$f":"ROUND(SUMIF('Форма по МДС 81-35.2004'!J890:J914,\"IsMater\",'Форма по МДС 81-35.2004'!N890:N914),0)","v":0},{"$f":"ROUND('Форма по МДС 81-35.2004'!F890*'Базовые цены за единицу'!G45,0)","v":0},{"$f":"ROUND('Форма по МДС 81-35.2004'!F890*'Базовые цены за единицу'!H45,0)","v":0},{"$f":"ОКРУГЛВСЕ(SUMIF('Форма по МДС 81-35.2004'!J890:J914,\"Г\",'Форма по МДС 81-35.2004'!F890:F914),8)","v":0},{"$f":"ОКРУГЛВСЕ('Форма по МДС 81-35.2004'!F890*'Базовые цены за единицу'!J45,8)","v":0},{"$f":"ОКРУГЛВСЕ(SUMIF('Форма по МДС 81-35.2004'!J890:J914,\"Ж\",'Форма по МДС 81-35.2004'!F890:F914),8)","v":2.376E-4},{"$f":"ROUND('Форма по МДС 81-35.2004'!F890*'Базовые цены за единицу'!L45,0)","v":0},{"$f":"ROUND('Форма по МДС 81-35.2004'!F890*'Базовые цены за единицу'!M45,0)","v":0},{"$f":"ROUND(B45*'Форма по МДС 81-35.2004'!M909/100,0)","v":0},{"$f":"ROUND((B45+N45)*'Форма по МДС 81-35.2004'!M912/100,0)","v":0},{"$f":"ROUND('Форма по МДС 81-35.2004'!F890*'Базовые цены за единицу'!P45,0)","v":0},{"$f":"ROUND('Форма по МДС 81-35.2004'!F890*'Базовые цены за единицу'!Q45,0)","v":0},{"$f":"ROUND('Форма по МДС 81-35.2004'!F890*'Базовые цены за единицу'!R45,0)","v":0},{"$f":"ROUND('Форма по МДС 81-35.2004'!F890*'Базовые цены за единицу'!S45,0)","v":0},{"$f":"ROUND('Форма по МДС 81-35.2004'!F890*'Базовые цены за единицу'!T45,0)","v":0},{"$f":"ROUND('Форма по МДС 81-35.2004'!F890*'Базовые цены за единицу'!U45,0)","v":0},{"$f":"ROUND('Форма по МДС 81-35.2004'!F890*'Базовые цены за единицу'!V45,0)","v":0},null,{"$f":"ROUND('Форма по МДС 81-35.2004'!F890*'Базовые цены за единицу'!X45,0)","v":0},{"$f":"IF(Определители!I45=\"9\",ROUND(B45*(Начисления!M45/100)*'Форма по МДС 81-35.2004'!M909/100,0),0)","v":0},{"$f":"IF(Определители!I45=\"9\",ROUND(B45*(100-Начисления!M45/100)*'Форма по МДС 81-35.2004'!M909/100,0),0)","v":0},{"$f":"IF(Определители!I45=\"9\",ROUND((C45+E45)*(Начисления!M45/100)*('Форма по МДС 81-35.2004'!M912/100),0),0)","v":0},{"$f":"IF(Определители!I45=\"9\",ROUND((C45+E45)*(100-Начисления!M45/100)*('Форма по МДС 81-35.2004'!M912/100),0),0)","v":0},{"$f":"IF(Определители!I45=\"9\",ROUND(B45*Начисления!M45/100,0),0)","v":0},{"$f":"IF(Определители!I45=\"9\",ROUND(B45*(100-Начисления!M45)/100,0),0)","v":0},{"$f":"ROUND('Форма по МДС 81-35.2004'!F890*'Базовые цены за единицу'!AE45,0)","v":0}]
[{"$f":"'Форма по МДС 81-35.2004'!A915","v":"41."},{"$f":"'Форма по МДС 81-35.2004'!N915","v":0},{"$f":"ROUND(SUMIF('Форма по МДС 81-35.2004'!J915:J954,\"Г\",'Форма по МДС 81-35.2004'!N915:N954),0)","v":0},{"$f":"ROUND(SUMIF('Форма по МДС 81-35.2004'!J915:J954,\"IsMash\",'Форма по МДС 81-35.2004'!N915:N954),0)","v":0},{"$f":"'Форма по МДС 81-35.2004'!N921","v":0},{"$f":"ROUND(SUMIF('Форма по МДС 81-35.2004'!J915:J954,\"IsMater\",'Форма по МДС 81-35.2004'!N915:N954),0)","v":0},{"$f":"ROUND('Форма по МДС 81-35.2004'!F915*'Базовые цены за единицу'!G46,0)","v":0},{"$f":"ROUND('Форма по МДС 81-35.2004'!F915*'Базовые цены за единицу'!H46,0)","v":0},{"$f":"ОКРУГЛВСЕ(SUMIF('Форма по МДС 81-35.2004'!J915:J954,\"Г\",'Форма по МДС 81-35.2004'!F915:F954),8)","v":4.5960000000000001E-2},{"$f":"ОКРУГЛВСЕ('Форма по МДС 81-35.2004'!F915*'Базовые цены за единицу'!J46,8)","v":0},{"$f":"ОКРУГЛВСЕ(SUMIF('Форма по МДС 81-35.2004'!J915:J954,\"Ж\",'Форма по МДС 81-35.2004'!F915:F954),8)","v":2.2896E-2},{"$f":"ROUND('Форма по МДС 81-35.2004'!F915*'Базовые цены за единицу'!L46,0)","v":0},{"$f":"ROUND('Форма по МДС 81-35.2004'!F915*'Базовые цены за единицу'!M46,0)","v":0},{"$f":"ROUND(B46*'Форма по МДС 81-35.2004'!M949/100,0)","v":0},{"$f":"ROUND((B46+N46)*'Форма по МДС 81-35.2004'!M952/100,0)","v":0},{"$f":"ROUND('Форма по МДС 81-35.2004'!F915*'Базовые цены за единицу'!P46,0)","v":0},{"$f":"ROUND('Форма по МДС 81-35.2004'!F915*'Базовые цены за единицу'!Q46,0)","v":0},{"$f":"ROUND('Форма по МДС 81-35.2004'!F915*'Базовые цены за единицу'!R46,0)","v":0},{"$f":"ROUND('Форма по МДС 81-35.2004'!F915*'Базовые цены за единицу'!S46,0)","v":0},{"$f":"ROUND('Форма по МДС 81-35.2004'!F915*'Базовые цены за единицу'!T46,0)","v":0},{"$f":"ROUND('Форма по МДС 81-35.2004'!F915*'Базовые цены за единицу'!U46,0)","v":0},{"$f":"ROUND('Форма по МДС 81-35.2004'!F915*'Базовые цены за единицу'!V46,0)","v":0},null,{"$f":"ROUND('Форма по МДС 81-35.2004'!F915*'Базовые цены за единицу'!X46,0)","v":0},{"$f":"IF(Определители!I46=\"9\",ROUND(B46*(Начисления!M46/100)*'Форма по МДС 81-35.2004'!M949/100,0),0)","v":0},{"$f":"IF(Определители!I46=\"9\",ROUND(B46*(100-Начисления!M46/100)*'Форма по МДС 81-35.2004'!M949/100,0),0)","v":0},{"$f":"IF(Определители!I46=\"9\",ROUND((C46+E46)*(Начисления!M46/100)*('Форма по МДС 81-35.2004'!M952/100),0),0)","v":0},{"$f":"IF(Определители!I46=\"9\",ROUND((C46+E46)*(100-Начисления!M46/100)*('Форма по МДС 81-35.2004'!M952/100),0),0)","v":0},{"$f":"IF(Определители!I46=\"9\",ROUND(B46*Начисления!M46/100,0),0)","v":0},{"$f":"IF(Определители!I46=\"9\",ROUND(B46*(100-Начисления!M46)/100,0),0)","v":0},{"$f":"ROUND('Форма по МДС 81-35.2004'!F915*'Базовые цены за единицу'!AE46,0)","v":0}]
[{"$f":"'Форма по МДС 81-35.2004'!A955","v":"42."},{"$f":"'Форма по МДС 81-35.2004'!N955","v":0},{"$f":"ROUND(SUMIF('Форма по МДС 81-35.2004'!J955:J981,\"Г\",'Форма по МДС 81-35.2004'!N955:N981),0)","v":0},{"$f":"ROUND(SUMIF('Форма по МДС 81-35.2004'!J955:J981,\"IsMash\",'Форма по МДС 81-35.2004'!N955:N981),0)","v":0},{"$f":"'Форма по МДС 81-35.2004'!N962","v":0},{"$f":"ROUND(SUMIF('Форма по МДС 81-35.2004'!J955:J981,\"IsMater\",'Форма по МДС 81-35.2004'!N955:N981),0)","v":0},{"$f":"ROUND('Форма по МДС 81-35.2004'!F955*'Базовые цены за единицу'!G47,0)","v":0},{"$f":"ROUND('Форма по МДС 81-35.2004'!F955*'Базовые цены за единицу'!H47,0)","v":0},{"$f":"ОКРУГЛВСЕ(SUMIF('Форма по МДС 81-35.2004'!J955:J981,\"Г\",'Форма по МДС 81-35.2004'!F955:F981),8)","v":2.1599999999999999E-4},{"$f":"ОКРУГЛВСЕ('Форма по МДС 81-35.2004'!F955*'Базовые цены за единицу'!J47,8)","v":0},{"$f":"ОКРУГЛВСЕ(SUMIF('Форма по МДС 81-35.2004'!J955:J981,\"Ж\",'Форма по МДС 81-35.2004'!F955:F981),8)","v":0},{"$f":"ROUND('Форма по МДС 81-35.2004'!F955*'Базовые цены за единицу'!L47,0)","v":0},{"$f":"ROUND('Форма по МДС 81-35.2004'!F955*'Базовые цены за единицу'!M47,0)","v":0},{"$f":"ROUND(B47*'Форма по МДС 81-35.2004'!M976/100,0)","v":0},{"$f":"ROUND((B47+N47)*'Форма по МДС 81-35.2004'!M979/100,0)","v":0},{"$f":"ROUND('Форма по МДС 81-35.2004'!F955*'Базовые цены за единицу'!P47,0)","v":0},{"$f":"ROUND('Форма по МДС 81-35.2004'!F955*'Базовые цены за единицу'!Q47,0)","v":0},{"$f":"ROUND('Форма по МДС 81-35.2004'!F955*'Базовые цены за единицу'!R47,0)","v":0},{"$f":"ROUND('Форма по МДС 81-35.2004'!F955*'Базовые цены за единицу'!S47,0)","v":0},{"$f":"ROUND('Форма по МДС 81-35.2004'!F955*'Базовые цены за единицу'!T47,0)","v":0},{"$f":"ROUND('Форма по МДС 81-35.2004'!F955*'Базовые цены за единицу'!U47,0)","v":0},{"$f":"ROUND('Форма по МДС 81-35.2004'!F955*'Базовые цены за единицу'!V47,0)","v":0},null,{"$f":"ROUND('Форма по МДС 81-35.2004'!F955*'Базовые цены за единицу'!X47,0)","v":0},{"$f":"IF(Определители!I47=\"9\",ROUND(B47*(Начисления!M47/100)*'Форма по МДС 81-35.2004'!M976/100,0),0)","v":0},{"$f":"IF(Определители!I47=\"9\",ROUND(B47*(100-Начисления!M47/100)*'Форма по МДС 81-35.2004'!M976/100,0),0)","v":0},{"$f":"IF(Определители!I47=\"9\",ROUND((C47+E47)*(Начисления!M47/100)*('Форма по МДС 81-35.2004'!M979/100),0),0)","v":0},{"$f":"IF(Определители!I47=\"9\",ROUND((C47+E47)*(100-Начисления!M47/100)*('Форма по МДС 81-35.2004'!M979/100),0),0)","v":0},{"$f":"IF(Определители!I47=\"9\",ROUND(B47*Начисления!M47/100,0),0)","v":0},{"$f":"IF(Определители!I47=\"9\",ROUND(B47*(100-Начисления!M47)/100,0),0)","v":0},{"$f":"ROUND('Форма по МДС 81-35.2004'!F955*'Базовые цены за единицу'!AE47,0)","v":0}]
[{"$f":"'Форма по МДС 81-35.2004'!A982","v":"43."},{"$f":"'Форма по МДС 81-35.2004'!N982","v":694},{"$f":"ROUND(SUMIF('Форма по МДС 81-35.2004'!J982:J1012,\"Г\",'Форма по МДС 81-35.2004'!N982:N1012),0)","v":43},{"$f":"ROUND(SUMIF('Форма по МДС 81-35.2004'!J982:J1012,\"IsMash\",'Форма по МДС 81-35.2004'!N982:N1012),0)","v":651},{"$f":"'Форма по МДС 81-35.2004'!N983","v":36},{"$f":"ROUND(SUMIF('Форма по МДС 81-35.2004'!J982:J1012,\"IsMater\",'Форма по МДС 81-35.2004'!N982:N1012),0)","v":0},{"$f":"ROUND('Форма по МДС 81-35.2004'!F982*'Базовые цены за единицу'!G48,0)","v":0},{"$f":"ROUND('Форма по МДС 81-35.2004'!F982*'Базовые цены за единицу'!H48,0)","v":0},{"$f":"ОКРУГЛВСЕ(SUMIF('Форма по МДС 81-35.2004'!J982:J1012,\"Г\",'Форма по МДС 81-35.2004'!F982:F1012),8)","v":5.0568},{"$f":"ОКРУГЛВСЕ('Форма по МДС 81-35.2004'!F982*'Базовые цены за единицу'!J48,8)","v":0},{"$f":"ОКРУГЛВСЕ(SUMIF('Форма по МДС 81-35.2004'!J982:J1012,\"Ж\",'Форма по МДС 81-35.2004'!F982:F1012),8)","v":2.5284},{"$f":"ROUND('Форма по МДС 81-35.2004'!F982*'Базовые цены за единицу'!L48,0)","v":0},{"$f":"ROUND('Форма по МДС 81-35.2004'!F982*'Базовые цены за единицу'!M48,0)","v":0},{"$f":"ROUND(B48*'Форма по МДС 81-35.2004'!M1007/100,0)","v":81},{"$f":"ROUND((B48+N48)*'Форма по МДС 81-35.2004'!M1010/100,0)","v":62},{"$f":"ROUND('Форма по МДС 81-35.2004'!F982*'Базовые цены за единицу'!P48,0)","v":0},{"$f":"ROUND('Форма по МДС 81-35.2004'!F982*'Базовые цены за единицу'!Q48,0)","v":0},{"$f":"ROUND('Форма по МДС 81-35.2004'!F982*'Базовые цены за единицу'!R48,0)","v":0},{"$f":"ROUND('Форма по МДС 81-35.2004'!F982*'Базовые цены за единицу'!S48,0)","v":0},{"$f":"ROUND('Форма по МДС 81-35.2004'!F982*'Базовые цены за единицу'!T48,0)","v":0},{"$f":"ROUND('Форма по МДС 81-35.2004'!F982*'Базовые цены за единицу'!U48,0)","v":0},{"$f":"ROUND('Форма по МДС 81-35.2004'!F982*'Базовые цены за единицу'!V48,0)","v":0},null,{"$f":"ROUND('Форма по МДС 81-35.2004'!F982*'Базовые цены за единицу'!X48,0)","v":0},{"$f":"IF(Определители!I48=\"9\",ROUND(B48*(Начисления!M48/100)*'Форма по МДС 81-35.2004'!M1007/100,0),0)","v":0},{"$f":"IF(Определители!I48=\"9\",ROUND(B48*(100-Начисления!M48/100)*'Форма по МДС 81-35.2004'!M1007/100,0),0)","v":0},{"$f":"IF(Определители!I48=\"9\",ROUND((C48+E48)*(Начисления!M48/100)*('Форма по МДС 81-35.2004'!M1010/100),0),0)","v":0},{"$f":"IF(Определители!I48=\"9\",ROUND((C48+E48)*(100-Начисления!M48/100)*('Форма по МДС 81-35.2004'!M1010/100),0),0)","v":0},{"$f":"IF(Определители!I48=\"9\",ROUND(B48*Начисления!M48/100,0),0)","v":0},{"$f":"IF(Определители!I48=\"9\",ROUND(B48*(100-Начисления!M48)/100,0),0)","v":0},{"$f":"ROUND('Форма по МДС 81-35.2004'!F982*'Базовые цены за единицу'!AE48,0)","v":0}]
[{"$f":"'Форма по МДС 81-35.2004'!A1013","v":"44."},{"$f":"'Форма по МДС 81-35.2004'!N1013","v":50},{"$f":"ROUND(SUMIF('Форма по МДС 81-35.2004'!J1013:J1043,\"Г\",'Форма по МДС 81-35.2004'!N1013:N1043),0)","v":2},{"$f":"ROUND(SUMIF('Форма по МДС 81-35.2004'!J1013:J1043,\"IsMash\",'Форма по МДС 81-35.2004'!N1013:N1043),0)","v":47},{"$f":"'Форма по МДС 81-35.2004'!N1014","v":3},{"$f":"ROUND(SUMIF('Форма по МДС 81-35.2004'!J1013:J1043,\"IsMater\",'Форма по МДС 81-35.2004'!N1013:N1043),0)","v":0},{"$f":"ROUND('Форма по МДС 81-35.2004'!F1013*'Базовые цены за единицу'!G49,0)","v":0},{"$f":"ROUND('Форма по МДС 81-35.2004'!F1013*'Базовые цены за единицу'!H49,0)","v":0},{"$f":"ОКРУГЛВСЕ(SUMIF('Форма по МДС 81-35.2004'!J1013:J1043,\"Г\",'Форма по МДС 81-35.2004'!F1013:F1043),8)","v":0.36120000000000002},{"$f":"ОКРУГЛВСЕ('Форма по МДС 81-35.2004'!F1013*'Базовые цены за единицу'!J49,8)","v":0},{"$f":"ОКРУГЛВСЕ(SUMIF('Форма по МДС 81-35.2004'!J1013:J1043,\"Ж\",'Форма по МДС 81-35.2004'!F1013:F1043),8)","v":0.18060000000000001},{"$f":"ROUND('Форма по МДС 81-35.2004'!F1013*'Базовые цены за единицу'!L49,0)","v":0},{"$f":"ROUND('Форма по МДС 81-35.2004'!F1013*'Базовые цены за единицу'!M49,0)","v":0},{"$f":"ROUND(B49*'Форма по МДС 81-35.2004'!M1038/100,0)","v":6},{"$f":"ROUND((B49+N49)*'Форма по МДС 81-35.2004'!M1041/100,0)","v":4},{"$f":"ROUND('Форма по МДС 81-35.2004'!F1013*'Базовые цены за единицу'!P49,0)","v":0},{"$f":"ROUND('Форма по МДС 81-35.2004'!F1013*'Базовые цены за единицу'!Q49,0)","v":0},{"$f":"ROUND('Форма по МДС 81-35.2004'!F1013*'Базовые цены за единицу'!R49,0)","v":0},{"$f":"ROUND('Форма по МДС 81-35.2004'!F1013*'Базовые цены за единицу'!S49,0)","v":0},{"$f":"ROUND('Форма по МДС 81-35.2004'!F1013*'Базовые цены за единицу'!T49,0)","v":0},{"$f":"ROUND('Форма по МДС 81-35.2004'!F1013*'Базовые цены за единицу'!U49,0)","v":0},{"$f":"ROUND('Форма по МДС 81-35.2004'!F1013*'Базовые цены за единицу'!V49,0)","v":0},null,{"$f":"ROUND('Форма по МДС 81-35.2004'!F1013*'Базовые цены за единицу'!X49,0)","v":0},{"$f":"IF(Определители!I49=\"9\",ROUND(B49*(Начисления!M49/100)*'Форма по МДС 81-35.2004'!M1038/100,0),0)","v":0},{"$f":"IF(Определители!I49=\"9\",ROUND(B49*(100-Начисления!M49/100)*'Форма по МДС 81-35.2004'!M1038/100,0),0)","v":0},{"$f":"IF(Определители!I49=\"9\",ROUND((C49+E49)*(Начисления!M49/100)*('Форма по МДС 81-35.2004'!M1041/100),0),0)","v":0},{"$f":"IF(Определители!I49=\"9\",ROUND((C49+E49)*(100-Начисления!M49/100)*('Форма по МДС 81-35.2004'!M1041/100),0),0)","v":0},{"$f":"IF(Определители!I49=\"9\",ROUND(B49*Начисления!M49/100,0),0)","v":0},{"$f":"IF(Определители!I49=\"9\",ROUND(B49*(100-Начисления!M49)/100,0),0)","v":0},{"$f":"ROUND('Форма по МДС 81-35.2004'!F1013*'Базовые цены за единицу'!AE49,0)","v":0}]
[{"$f":"'Форма по МДС 81-35.2004'!A1044","v":"45."},{"$f":"'Форма по МДС 81-35.2004'!N1044","v":50},{"$f":"ROUND(SUMIF('Форма по МДС 81-35.2004'!J1044:J1074,\"Г\",'Форма по МДС 81-35.2004'!N1044:N1074),0)","v":2},{"$f":"ROUND(SUMIF('Форма по МДС 81-35.2004'!J1044:J1074,\"IsMash\",'Форма по МДС 81-35.2004'!N1044:N1074),0)","v":47},{"$f":"'Форма по МДС 81-35.2004'!N1045","v":3},{"$f":"ROUND(SUMIF('Форма по МДС 81-35.2004'!J1044:J1074,\"IsMater\",'Форма по МДС 81-35.2004'!N1044:N1074),0)","v":0},{"$f":"ROUND('Форма по МДС 81-35.2004'!F1044*'Базовые цены за единицу'!G50,0)","v":0},{"$f":"ROUND('Форма по МДС 81-35.2004'!F1044*'Базовые цены за единицу'!H50,0)","v":0},{"$f":"ОКРУГЛВСЕ(SUMIF('Форма по МДС 81-35.2004'!J1044:J1074,\"Г\",'Форма по МДС 81-35.2004'!F1044:F1074),8)","v":0.36120000000000002},{"$f":"ОКРУГЛВСЕ('Форма по МДС 81-35.2004'!F1044*'Базовые цены за единицу'!J50,8)","v":0},{"$f":"ОКРУГЛВСЕ(SUMIF('Форма по МДС 81-35.2004'!J1044:J1074,\"Ж\",'Форма по МДС 81-35.2004'!F1044:F1074),8)","v":0.18060000000000001},{"$f":"ROUND('Форма по МДС 81-35.2004'!F1044*'Базовые цены за единицу'!L50,0)","v":0},{"$f":"ROUND('Форма по МДС 81-35.2004'!F1044*'Базовые цены за единицу'!M50,0)","v":0},{"$f":"ROUND(B50*'Форма по МДС 81-35.2004'!M1069/100,0)","v":6},{"$f":"ROUND((B50+N50)*'Форма по МДС 81-35.2004'!M1072/100,0)","v":4},{"$f":"ROUND('Форма по МДС 81-35.2004'!F1044*'Базовые цены за единицу'!P50,0)","v":0},{"$f":"ROUND('Форма по МДС 81-35.2004'!F1044*'Базовые цены за единицу'!Q50,0)","v":0},{"$f":"ROUND('Форма по МДС 81-35.2004'!F1044*'Базовые цены за единицу'!R50,0)","v":0},{"$f":"ROUND('Форма по МДС 81-35.2004'!F1044*'Базовые цены за единицу'!S50,0)","v":0},{"$f":"ROUND('Форма по МДС 81-35.2004'!F1044*'Базовые цены за единицу'!T50,0)","v":0},{"$f":"ROUND('Форма по МДС 81-35.2004'!F1044*'Базовые цены за единицу'!U50,0)","v":0},{"$f":"ROUND('Форма по МДС 81-35.2004'!F1044*'Базовые цены за единицу'!V50,0)","v":0},null,{"$f":"ROUND('Форма по МДС 81-35.2004'!F1044*'Базовые цены за единицу'!X50,0)","v":0},{"$f":"IF(Определители!I50=\"9\",ROUND(B50*(Начисления!M50/100)*'Форма по МДС 81-35.2004'!M1069/100,0),0)","v":0},{"$f":"IF(Определители!I50=\"9\",ROUND(B50*(100-Начисления!M50/100)*'Форма по МДС 81-35.2004'!M1069/100,0),0)","v":0},{"$f":"IF(Определители!I50=\"9\",ROUND((C50+E50)*(Начисления!M50/100)*('Форма по МДС 81-35.2004'!M1072/100),0),0)","v":0},{"$f":"IF(Определители!I50=\"9\",ROUND((C50+E50)*(100-Начисления!M50/100)*('Форма по МДС 81-35.2004'!M1072/100),0),0)","v":0},{"$f":"IF(Определители!I50=\"9\",ROUND(B50*Начисления!M50/100,0),0)","v":0},{"$f":"IF(Определители!I50=\"9\",ROUND(B50*(100-Начисления!M50)/100,0),0)","v":0},{"$f":"ROUND('Форма по МДС 81-35.2004'!F1044*'Базовые цены за единицу'!AE50,0)","v":0}]
[{"$f":"'Форма по МДС 81-35.2004'!A1075","v":"46."},{"$f":"'Форма по МДС 81-35.2004'!N1075","v":1},{"$f":"ROUND(SUMIF('Форма по МДС 81-35.2004'!J1075:J1106,\"Г\",'Форма по МДС 81-35.2004'!N1075:N1106),0)","v":0},{"$f":"ROUND(SUMIF('Форма по МДС 81-35.2004'!J1075:J1106,\"IsMash\",'Форма по МДС 81-35.2004'!N1075:N1106),0)","v":1},{"$f":"'Форма по МДС 81-35.2004'!N1081","v":0},{"$f":"ROUND(SUMIF('Форма по МДС 81-35.2004'!J1075:J1106,\"IsMater\",'Форма по МДС 81-35.2004'!N1075:N1106),0)","v":0},{"$f":"ROUND('Форма по МДС 81-35.2004'!F1075*'Базовые цены за единицу'!G51,0)","v":0},{"$f":"ROUND('Форма по МДС 81-35.2004'!F1075*'Базовые цены за единицу'!H51,0)","v":0},{"$f":"ОКРУГЛВСЕ(SUMIF('Форма по МДС 81-35.2004'!J1075:J1106,\"Г\",'Форма по МДС 81-35.2004'!F1075:F1106),8)","v":3.1199999999999999E-3},{"$f":"ОКРУГЛВСЕ('Форма по МДС 81-35.2004'!F1075*'Базовые цены за единицу'!J51,8)","v":0},{"$f":"ОКРУГЛВСЕ(SUMIF('Форма по МДС 81-35.2004'!J1075:J1106,\"Ж\",'Форма по МДС 81-35.2004'!F1075:F1106),8)","v":6.6E-3},{"$f":"ROUND('Форма по МДС 81-35.2004'!F1075*'Базовые цены за единицу'!L51,0)","v":0},{"$f":"ROUND('Форма по МДС 81-35.2004'!F1075*'Базовые цены за единицу'!M51,0)","v":0},{"$f":"ROUND(B51*'Форма по МДС 81-35.2004'!M1101/100,0)","v":0},{"$f":"ROUND((B51+N51)*'Форма по МДС 81-35.2004'!M1104/100,0)","v":0},{"$f":"ROUND('Форма по МДС 81-35.2004'!F1075*'Базовые цены за единицу'!P51,0)","v":0},{"$f":"ROUND('Форма по МДС 81-35.2004'!F1075*'Базовые цены за единицу'!Q51,0)","v":0},{"$f":"ROUND('Форма по МДС 81-35.2004'!F1075*'Базовые цены за единицу'!R51,0)","v":0},{"$f":"ROUND('Форма по МДС 81-35.2004'!F1075*'Базовые цены за единицу'!S51,0)","v":0},{"$f":"ROUND('Форма по МДС 81-35.2004'!F1075*'Базовые цены за единицу'!T51,0)","v":0},{"$f":"ROUND('Форма по МДС 81-35.2004'!F1075*'Базовые цены за единицу'!U51,0)","v":0},{"$f":"ROUND('Форма по МДС 81-35.2004'!F1075*'Базовые цены за единицу'!V51,0)","v":0},null,{"$f":"ROUND('Форма по МДС 81-35.2004'!F1075*'Базовые цены за единицу'!X51,0)","v":0},{"$f":"IF(Определители!I51=\"9\",ROUND(B51*(Начисления!M51/100)*'Форма по МДС 81-35.2004'!M1101/100,0),0)","v":0},{"$f":"IF(Определители!I51=\"9\",ROUND(B51*(100-Начисления!M51/100)*'Форма по МДС 81-35.2004'!M1101/100,0),0)","v":0},{"$f":"IF(Определители!I51=\"9\",ROUND((C51+E51)*(Начисления!M51/100)*('Форма по МДС 81-35.2004'!M1104/100),0),0)","v":0},{"$f":"IF(Определители!I51=\"9\",ROUND((C51+E51)*(100-Начисления!M51/100)*('Форма по МДС 81-35.2004'!M1104/100),0),0)","v":0},{"$f":"IF(Определители!I51=\"9\",ROUND(B51*Начисления!M51/100,0),0)","v":0},{"$f":"IF(Определители!I51=\"9\",ROUND(B51*(100-Начисления!M51)/100,0),0)","v":0},{"$f":"ROUND('Форма по МДС 81-35.2004'!F1075*'Базовые цены за единицу'!AE51,0)","v":0}]
[{"$f":"'Форма по МДС 81-35.2004'!A1107","v":"47."},{"$f":"'Форма по МДС 81-35.2004'!N1107","v":175},{"$f":"ROUND(SUMIF('Форма по МДС 81-35.2004'!J1107:J1131,\"Г\",'Форма по МДС 81-35.2004'!N1107:N1131),0)","v":36},{"$f":"ROUND(SUMIF('Форма по МДС 81-35.2004'!J1107:J1131,\"IsMash\",'Форма по МДС 81-35.2004'!N1107:N1131),0)","v":139},{"$f":"'Форма по МДС 81-35.2004'!N1108","v":11},{"$f":"ROUND(SUMIF('Форма по МДС 81-35.2004'!J1107:J1131,\"IsMater\",'Форма по МДС 81-35.2004'!N1107:N1131),0)","v":0},{"$f":"ROUND('Форма по МДС 81-35.2004'!F1107*'Базовые цены за единицу'!G52,0)","v":0},{"$f":"ROUND('Форма по МДС 81-35.2004'!F1107*'Базовые цены за единицу'!H52,0)","v":0},{"$f":"ОКРУГЛВСЕ(SUMIF('Форма по МДС 81-35.2004'!J1107:J1131,\"Г\",'Форма по МДС 81-35.2004'!F1107:F1131),8)","v":4.59},{"$f":"ОКРУГЛВСЕ('Форма по МДС 81-35.2004'!F1107*'Базовые цены за единицу'!J52,8)","v":0},{"$f":"ОКРУГЛВСЕ(SUMIF('Форма по МДС 81-35.2004'!J1107:J1131,\"Ж\",'Форма по МДС 81-35.2004'!F1107:F1131),8)","v":0.91800000000000004},{"$f":"ROUND('Форма по МДС 81-35.2004'!F1107*'Базовые цены за единицу'!L52,0)","v":0},{"$f":"ROUND('Форма по МДС 81-35.2004'!F1107*'Базовые цены за единицу'!M52,0)","v":0},{"$f":"ROUND(B52*'Форма по МДС 81-35.2004'!M1126/100,0)","v":20},{"$f":"ROUND((B52+N52)*'Форма по МДС 81-35.2004'!M1129/100,0)","v":16},{"$f":"ROUND('Форма по МДС 81-35.2004'!F1107*'Базовые цены за единицу'!P52,0)","v":0},{"$f":"ROUND('Форма по МДС 81-35.2004'!F1107*'Базовые цены за единицу'!Q52,0)","v":0},{"$f":"ROUND('Форма по МДС 81-35.2004'!F1107*'Базовые цены за единицу'!R52,0)","v":0},{"$f":"ROUND('Форма по МДС 81-35.2004'!F1107*'Базовые цены за единицу'!S52,0)","v":0},{"$f":"ROUND('Форма по МДС 81-35.2004'!F1107*'Базовые цены за единицу'!T52,0)","v":0},{"$f":"ROUND('Форма по МДС 81-35.2004'!F1107*'Базовые цены за единицу'!U52,0)","v":0},{"$f":"ROUND('Форма по МДС 81-35.2004'!F1107*'Базовые цены за единицу'!V52,0)","v":0},null,{"$f":"ROUND('Форма по МДС 81-35.2004'!F1107*'Базовые цены за единицу'!X52,0)","v":0},{"$f":"IF(Определители!I52=\"9\",ROUND(B52*(Начисления!M52/100)*'Форма по МДС 81-35.2004'!M1126/100,0),0)","v":0},{"$f":"IF(Определители!I52=\"9\",ROUND(B52*(100-Начисления!M52/100)*'Форма по МДС 81-35.2004'!M1126/100,0),0)","v":0},{"$f":"IF(Определители!I52=\"9\",ROUND((C52+E52)*(Начисления!M52/100)*('Форма по МДС 81-35.2004'!M1129/100),0),0)","v":0},{"$f":"IF(Определители!I52=\"9\",ROUND((C52+E52)*(100-Начисления!M52/100)*('Форма по МДС 81-35.2004'!M1129/100),0),0)","v":0},{"$f":"IF(Определители!I52=\"9\",ROUND(B52*Начисления!M52/100,0),0)","v":0},{"$f":"IF(Определители!I52=\"9\",ROUND(B52*(100-Начисления!M52)/100,0),0)","v":0},{"$f":"ROUND('Форма по МДС 81-35.2004'!F1107*'Базовые цены за единицу'!AE52,0)","v":0}]
[{"$f":"'Форма по МДС 81-35.2004'!A1132","v":"48."},{"$f":"'Форма по МДС 81-35.2004'!N1132","v":0},{"$f":"ROUND(SUMIF('Форма по МДС 81-35.2004'!J1132:J1150,\"Г\",'Форма по МДС 81-35.2004'!N1132:N1150),0)","v":0},{"$f":"ROUND(SUMIF('Форма по МДС 81-35.2004'!J1132:J1150,\"IsMash\",'Форма по МДС 81-35.2004'!N1132:N1150),0)","v":0},{"$f":"'Форма по МДС 81-35.2004'!N1133","v":0},{"$f":"ROUND(SUMIF('Форма по МДС 81-35.2004'!J1132:J1150,\"IsMater\",'Форма по МДС 81-35.2004'!N1132:N1150),0)","v":0},{"$f":"ROUND('Форма по МДС 81-35.2004'!F1132*'Базовые цены за единицу'!G53,0)","v":0},{"$f":"ROUND('Форма по МДС 81-35.2004'!F1132*'Базовые цены за единицу'!H53,0)","v":0},{"$f":"ОКРУГЛВСЕ(SUMIF('Форма по МДС 81-35.2004'!J1132:J1150,\"Г\",'Форма по МДС 81-35.2004'!F1132:F1150),8)","v":2.8799999999999999E-2},{"$f":"ОКРУГЛВСЕ('Форма по МДС 81-35.2004'!F1132*'Базовые цены за единицу'!J53,8)","v":0},{"$f":"ОКРУГЛВСЕ(SUMIF('Форма по МДС 81-35.2004'!J1132:J1150,\"Ж\",'Форма по МДС 81-35.2004'!F1132:F1150),8)","v":0},{"$f":"ROUND('Форма по МДС 81-35.2004'!F1132*'Базовые цены за единицу'!L53,0)","v":0},{"$f":"ROUND('Форма по МДС 81-35.2004'!F1132*'Базовые цены за единицу'!M53,0)","v":0},{"$f":"ROUND(B53*'Форма по МДС 81-35.2004'!M1145/100,0)","v":0},{"$f":"ROUND((B53+N53)*'Форма по МДС 81-35.2004'!M1148/100,0)","v":0},{"$f":"ROUND('Форма по МДС 81-35.2004'!F1132*'Базовые цены за единицу'!P53,0)","v":0},{"$f":"ROUND('Форма по МДС 81-35.2004'!F1132*'Базовые цены за единицу'!Q53,0)","v":0},{"$f":"ROUND('Форма по МДС 81-35.2004'!F1132*'Базовые цены за единицу'!R53,0)","v":0},{"$f":"ROUND('Форма по МДС 81-35.2004'!F1132*'Базовые цены за единицу'!S53,0)","v":0},{"$f":"ROUND('Форма по МДС 81-35.2004'!F1132*'Базовые цены за единицу'!T53,0)","v":0},{"$f":"ROUND('Форма по МДС 81-35.2004'!F1132*'Базовые цены за единицу'!U53,0)","v":0},{"$f":"ROUND('Форма по МДС 81-35.2004'!F1132*'Базовые цены за единицу'!V53,0)","v":0},null,{"$f":"ROUND('Форма по МДС 81-35.2004'!F1132*'Базовые цены за единицу'!X53,0)","v":0},{"$f":"IF(Определители!I53=\"9\",ROUND(B53*(Начисления!M53/100)*'Форма по МДС 81-35.2004'!M1145/100,0),0)","v":0},{"$f":"IF(Определители!I53=\"9\",ROUND(B53*(100-Начисления!M53/100)*'Форма по МДС 81-35.2004'!M1145/100,0),0)","v":0},{"$f":"IF(Определители!I53=\"9\",ROUND((C53+E53)*(Начисления!M53/100)*('Форма по МДС 81-35.2004'!M1148/100),0),0)","v":0},{"$f":"IF(Определители!I53=\"9\",ROUND((C53+E53)*(100-Начисления!M53/100)*('Форма по МДС 81-35.2004'!M1148/100),0),0)","v":0},{"$f":"IF(Определители!I53=\"9\",ROUND(B53*Начисления!M53/100,0),0)","v":0},{"$f":"IF(Определители!I53=\"9\",ROUND(B53*(100-Начисления!M53)/100,0),0)","v":0},{"$f":"ROUND('Форма по МДС 81-35.2004'!F1132*'Базовые цены за единицу'!AE53,0)","v":0}]
[{"$f":"'Форма по МДС 81-35.2004'!A1151","v":"49."},{"$f":"'Форма по МДС 81-35.2004'!N1151","v":25},{"$f":"ROUND(SUMIF('Форма по МДС 81-35.2004'!J1151:J1175,\"Г\",'Форма по МДС 81-35.2004'!N1151:N1175),0)","v":3},{"$f":"ROUND(SUMIF('Форма по МДС 81-35.2004'!J1151:J1175,\"IsMash\",'Форма по МДС 81-35.2004'!N1151:N1175),0)","v":21},{"$f":"'Форма по МДС 81-35.2004'!N1152","v":2},{"$f":"ROUND(SUMIF('Форма по МДС 81-35.2004'!J1151:J1175,\"IsMater\",'Форма по МДС 81-35.2004'!N1151:N1175),0)","v":0},{"$f":"ROUND('Форма по МДС 81-35.2004'!F1151*'Базовые цены за единицу'!G54,0)","v":0},{"$f":"ROUND('Форма по МДС 81-35.2004'!F1151*'Базовые цены за единицу'!H54,0)","v":0},{"$f":"ОКРУГЛВСЕ(SUMIF('Форма по МДС 81-35.2004'!J1151:J1175,\"Г\",'Форма по МДС 81-35.2004'!F1151:F1175),8)","v":0.36359999999999998},{"$f":"ОКРУГЛВСЕ('Форма по МДС 81-35.2004'!F1151*'Базовые цены за единицу'!J54,8)","v":0},{"$f":"ОКРУГЛВСЕ(SUMIF('Форма по МДС 81-35.2004'!J1151:J1175,\"Ж\",'Форма по МДС 81-35.2004'!F1151:F1175),8)","v":0.2424},{"$f":"ROUND('Форма по МДС 81-35.2004'!F1151*'Базовые цены за единицу'!L54,0)","v":0},{"$f":"ROUND('Форма по МДС 81-35.2004'!F1151*'Базовые цены за единицу'!M54,0)","v":0},{"$f":"ROUND(B54*'Форма по МДС 81-35.2004'!M1170/100,0)","v":3},{"$f":"ROUND((B54+N54)*'Форма по МДС 81-35.2004'!M1173/100,0)","v":2},{"$f":"ROUND('Форма по МДС 81-35.2004'!F1151*'Базовые цены за единицу'!P54,0)","v":0},{"$f":"ROUND('Форма по МДС 81-35.2004'!F1151*'Базовые цены за единицу'!Q54,0)","v":0},{"$f":"ROUND('Форма по МДС 81-35.2004'!F1151*'Базовые цены за единицу'!R54,0)","v":0},{"$f":"ROUND('Форма по МДС 81-35.2004'!F1151*'Базовые цены за единицу'!S54,0)","v":0},{"$f":"ROUND('Форма по МДС 81-35.2004'!F1151*'Базовые цены за единицу'!T54,0)","v":0},{"$f":"ROUND('Форма по МДС 81-35.2004'!F1151*'Базовые цены за единицу'!U54,0)","v":0},{"$f":"ROUND('Форма по МДС 81-35.2004'!F1151*'Базовые цены за единицу'!V54,0)","v":0},null,{"$f":"ROUND('Форма по МДС 81-35.2004'!F1151*'Базовые цены за единицу'!X54,0)","v":0},{"$f":"IF(Определители!I54=\"9\",ROUND(B54*(Начисления!M54/100)*'Форма по МДС 81-35.2004'!M1170/100,0),0)","v":0},{"$f":"IF(Определители!I54=\"9\",ROUND(B54*(100-Начисления!M54/100)*'Форма по МДС 81-35.2004'!M1170/100,0),0)","v":0},{"$f":"IF(Определители!I54=\"9\",ROUND((C54+E54)*(Начисления!M54/100)*('Форма по МДС 81-35.2004'!M1173/100),0),0)","v":0},{"$f":"IF(Определители!I54=\"9\",ROUND((C54+E54)*(100-Начисления!M54/100)*('Форма по МДС 81-35.2004'!M1173/100),0),0)","v":0},{"$f":"IF(Определители!I54=\"9\",ROUND(B54*Начисления!M54/100,0),0)","v":0},{"$f":"IF(Определители!I54=\"9\",ROUND(B54*(100-Начисления!M54)/100,0),0)","v":0},{"$f":"ROUND('Форма по МДС 81-35.2004'!F1151*'Базовые цены за единицу'!AE54,0)","v":0}]
[{"$f":"'Форма по МДС 81-35.2004'!A1178","v":"50."},{"$f":"'Форма по МДС 81-35.2004'!N1178","v":119},{"$f":"ROUND(SUMIF('Форма по МДС 81-35.2004'!J1178:J1197,\"Г\",'Форма по МДС 81-35.2004'!N1178:N1197),0)","v":50},{"$f":"ROUND(SUMIF('Форма по МДС 81-35.2004'!J1178:J1197,\"IsMash\",'Форма по МДС 81-35.2004'!N1178:N1197),0)","v":69},{"$f":"'Форма по МДС 81-35.2004'!N1179","v":9},{"$f":"ROUND(SUMIF('Форма по МДС 81-35.2004'!J1178:J1197,\"IsMater\",'Форма по МДС 81-35.2004'!N1178:N1197),0)","v":0},{"$f":"ROUND('Форма по МДС 81-35.2004'!F1178*'Базовые цены за единицу'!G55,0)","v":0},{"$f":"ROUND('Форма по МДС 81-35.2004'!F1178*'Базовые цены за единицу'!H55,0)","v":0},{"$f":"ОКРУГЛВСЕ(SUMIF('Форма по МДС 81-35.2004'!J1178:J1197,\"Г\",'Форма по МДС 81-35.2004'!F1178:F1197),8)","v":6.4},{"$f":"ОКРУГЛВСЕ('Форма по МДС 81-35.2004'!F1178*'Базовые цены за единицу'!J55,8)","v":0},{"$f":"ОКРУГЛВСЕ(SUMIF('Форма по МДС 81-35.2004'!J1178:J1197,\"Ж\",'Форма по МДС 81-35.2004'!F1178:F1197),8)","v":0.8},{"$f":"ROUND('Форма по МДС 81-35.2004'!F1178*'Базовые цены за единицу'!L55,0)","v":0},{"$f":"ROUND('Форма по МДС 81-35.2004'!F1178*'Базовые цены за единицу'!M55,0)","v":0},{"$f":"ROUND(B55*'Форма по МДС 81-35.2004'!M1192/100,0)","v":14},{"$f":"ROUND((B55+N55)*'Форма по МДС 81-35.2004'!M1195/100,0)","v":11},{"$f":"ROUND('Форма по МДС 81-35.2004'!F1178*'Базовые цены за единицу'!P55,0)","v":0},{"$f":"ROUND('Форма по МДС 81-35.2004'!F1178*'Базовые цены за единицу'!Q55,0)","v":0},{"$f":"ROUND('Форма по МДС 81-35.2004'!F1178*'Базовые цены за единицу'!R55,0)","v":0},{"$f":"ROUND('Форма по МДС 81-35.2004'!F1178*'Базовые цены за единицу'!S55,0)","v":0},{"$f":"ROUND('Форма по МДС 81-35.2004'!F1178*'Базовые цены за единицу'!T55,0)","v":0},{"$f":"ROUND('Форма по МДС 81-35.2004'!F1178*'Базовые цены за единицу'!U55,0)","v":0},{"$f":"ROUND('Форма по МДС 81-35.2004'!F1178*'Базовые цены за единицу'!V55,0)","v":0},null,{"$f":"ROUND('Форма по МДС 81-35.2004'!F1178*'Базовые цены за единицу'!X55,0)","v":0},{"$f":"IF(Определители!I55=\"9\",ROUND(B55*(Начисления!M55/100)*'Форма по МДС 81-35.2004'!M1192/100,0),0)","v":0},{"$f":"IF(Определители!I55=\"9\",ROUND(B55*(100-Начисления!M55/100)*'Форма по МДС 81-35.2004'!M1192/100,0),0)","v":0},{"$f":"IF(Определители!I55=\"9\",ROUND((C55+E55)*(Начисления!M55/100)*('Форма по МДС 81-35.2004'!M1195/100),0),0)","v":0},{"$f":"IF(Определители!I55=\"9\",ROUND((C55+E55)*(100-Начисления!M55/100)*('Форма по МДС 81-35.2004'!M1195/100),0),0)","v":0},{"$f":"IF(Определители!I55=\"9\",ROUND(B55*Начисления!M55/100,0),0)","v":0},{"$f":"IF(Определители!I55=\"9\",ROUND(B55*(100-Начисления!M55)/100,0),0)","v":0},{"$f":"ROUND('Форма по МДС 81-35.2004'!F1178*'Базовые цены за единицу'!AE55,0)","v":0}]
[{"$f":"'Форма по МДС 81-35.2004'!A1198","v":"51."},{"$f":"'Форма по МДС 81-35.2004'!N1198","v":23},{"$f":"ROUND(SUMIF('Форма по МДС 81-35.2004'!J1198:J1222,\"Г\",'Форма по МДС 81-35.2004'!N1198:N1222),0)","v":6},{"$f":"ROUND(SUMIF('Форма по МДС 81-35.2004'!J1198:J1222,\"IsMash\",'Форма по МДС 81-35.2004'!N1198:N1222),0)","v":15},{"$f":"'Форма по МДС 81-35.2004'!N1199","v":2},{"$f":"ROUND(SUMIF('Форма по МДС 81-35.2004'!J1198:J1222,\"IsMater\",'Форма по МДС 81-35.2004'!N1198:N1222),0)","v":2},{"$f":"ROUND('Форма по МДС 81-35.2004'!F1198*'Базовые цены за единицу'!G56,0)","v":2},{"$f":"ROUND('Форма по МДС 81-35.2004'!F1198*'Базовые цены за единицу'!H56,0)","v":0},{"$f":"ОКРУГЛВСЕ(SUMIF('Форма по МДС 81-35.2004'!J1198:J1222,\"Г\",'Форма по МДС 81-35.2004'!F1198:F1222),8)","v":0.70040000000000002},{"$f":"ОКРУГЛВСЕ('Форма по МДС 81-35.2004'!F1198*'Базовые цены за единицу'!J56,8)","v":0},{"$f":"ОКРУГЛВСЕ(SUMIF('Форма по МДС 81-35.2004'!J1198:J1222,\"Ж\",'Форма по МДС 81-35.2004'!F1198:F1222),8)","v":0.17510000000000001},{"$f":"ROUND('Форма по МДС 81-35.2004'!F1198*'Базовые цены за единицу'!L56,0)","v":0},{"$f":"ROUND('Форма по МДС 81-35.2004'!F1198*'Базовые цены за единицу'!M56,0)","v":0},{"$f":"ROUND(B56*'Форма по МДС 81-35.2004'!M1217/100,0)","v":3},{"$f":"ROUND((B56+N56)*'Форма по МДС 81-35.2004'!M1220/100,0)","v":2},{"$f":"ROUND('Форма по МДС 81-35.2004'!F1198*'Базовые цены за единицу'!P56,0)","v":0},{"$f":"ROUND('Форма по МДС 81-35.2004'!F1198*'Базовые цены за единицу'!Q56,0)","v":0},{"$f":"ROUND('Форма по МДС 81-35.2004'!F1198*'Базовые цены за единицу'!R56,0)","v":0},{"$f":"ROUND('Форма по МДС 81-35.2004'!F1198*'Базовые цены за единицу'!S56,0)","v":0},{"$f":"ROUND('Форма по МДС 81-35.2004'!F1198*'Базовые цены за единицу'!T56,0)","v":0},{"$f":"ROUND('Форма по МДС 81-35.2004'!F1198*'Базовые цены за единицу'!U56,0)","v":0},{"$f":"ROUND('Форма по МДС 81-35.2004'!F1198*'Базовые цены за единицу'!V56,0)","v":0},null,{"$f":"ROUND('Форма по МДС 81-35.2004'!F1198*'Базовые цены за единицу'!X56,0)","v":0},{"$f":"IF(Определители!I56=\"9\",ROUND(B56*(Начисления!M56/100)*'Форма по МДС 81-35.2004'!M1217/100,0),0)","v":0},{"$f":"IF(Определители!I56=\"9\",ROUND(B56*(100-Начисления!M56/100)*'Форма по МДС 81-35.2004'!M1217/100,0),0)","v":0},{"$f":"IF(Определители!I56=\"9\",ROUND((C56+E56)*(Начисления!M56/100)*('Форма по МДС 81-35.2004'!M1220/100),0),0)","v":0},{"$f":"IF(Определители!I56=\"9\",ROUND((C56+E56)*(100-Начисления!M56/100)*('Форма по МДС 81-35.2004'!M1220/100),0),0)","v":0},{"$f":"IF(Определители!I56=\"9\",ROUND(B56*Начисления!M56/100,0),0)","v":0},{"$f":"IF(Определители!I56=\"9\",ROUND(B56*(100-Начисления!M56)/100,0),0)","v":0},{"$f":"ROUND('Форма по МДС 81-35.2004'!F1198*'Базовые цены за единицу'!AE56,0)","v":0}]
[{"$f":"'Форма по МДС 81-35.2004'!A1223","v":"52."},{"$f":"'Форма по МДС 81-35.2004'!N1223","v":4},{"$f":"ROUND(SUMIF('Форма по МДС 81-35.2004'!J1223:J1246,\"Г\",'Форма по МДС 81-35.2004'!N1223:N1246),0)","v":1},{"$f":"ROUND(SUMIF('Форма по МДС 81-35.2004'!J1223:J1246,\"IsMash\",'Форма по МДС 81-35.2004'!N1223:N1246),0)","v":3},{"$f":"'Форма по МДС 81-35.2004'!N1224","v":0},{"$f":"ROUND(SUMIF('Форма по МДС 81-35.2004'!J1223:J1246,\"IsMater\",'Форма по МДС 81-35.2004'!N1223:N1246),0)","v":0},{"$f":"ROUND('Форма по МДС 81-35.2004'!F1223*'Базовые цены за единицу'!G57,0)","v":0},{"$f":"ROUND('Форма по МДС 81-35.2004'!F1223*'Базовые цены за единицу'!H57,0)","v":0},{"$f":"ОКРУГЛВСЕ(SUMIF('Форма по МДС 81-35.2004'!J1223:J1246,\"Г\",'Форма по МДС 81-35.2004'!F1223:F1246),8)","v":0.122},{"$f":"ОКРУГЛВСЕ('Форма по МДС 81-35.2004'!F1223*'Базовые цены за единицу'!J57,8)","v":0},{"$f":"ОКРУГЛВСЕ(SUMIF('Форма по МДС 81-35.2004'!J1223:J1246,\"Ж\",'Форма по МДС 81-35.2004'!F1223:F1246),8)","v":3.0499999999999999E-2},{"$f":"ROUND('Форма по МДС 81-35.2004'!F1223*'Базовые цены за единицу'!L57,0)","v":0},{"$f":"ROUND('Форма по МДС 81-35.2004'!F1223*'Базовые цены за единицу'!M57,0)","v":0},{"$f":"ROUND(B57*'Форма по МДС 81-35.2004'!M1241/100,0)","v":0},{"$f":"ROUND((B57+N57)*'Форма по МДС 81-35.2004'!M1244/100,0)","v":0},{"$f":"ROUND('Форма по МДС 81-35.2004'!F1223*'Базовые цены за единицу'!P57,0)","v":0},{"$f":"ROUND('Форма по МДС 81-35.2004'!F1223*'Базовые цены за единицу'!Q57,0)","v":0},{"$f":"ROUND('Форма по МДС 81-35.2004'!F1223*'Базовые цены за единицу'!R57,0)","v":0},{"$f":"ROUND('Форма по МДС 81-35.2004'!F1223*'Базовые цены за единицу'!S57,0)","v":0},{"$f":"ROUND('Форма по МДС 81-35.2004'!F1223*'Базовые цены за единицу'!T57,0)","v":0},{"$f":"ROUND('Форма по МДС 81-35.2004'!F1223*'Базовые цены за единицу'!U57,0)","v":0},{"$f":"ROUND('Форма по МДС 81-35.2004'!F1223*'Базовые цены за единицу'!V57,0)","v":0},null,{"$f":"ROUND('Форма по МДС 81-35.2004'!F1223*'Базовые цены за единицу'!X57,0)","v":0},{"$f":"IF(Определители!I57=\"9\",ROUND(B57*(Начисления!M57/100)*'Форма по МДС 81-35.2004'!M1241/100,0),0)","v":0},{"$f":"IF(Определители!I57=\"9\",ROUND(B57*(100-Начисления!M57/100)*'Форма по МДС 81-35.2004'!M1241/100,0),0)","v":0},{"$f":"IF(Определители!I57=\"9\",ROUND((C57+E57)*(Начисления!M57/100)*('Форма по МДС 81-35.2004'!M1244/100),0),0)","v":0},{"$f":"IF(Определители!I57=\"9\",ROUND((C57+E57)*(100-Начисления!M57/100)*('Форма по МДС 81-35.2004'!M1244/100),0),0)","v":0},{"$f":"IF(Определители!I57=\"9\",ROUND(B57*Начисления!M57/100,0),0)","v":0},{"$f":"IF(Определители!I57=\"9\",ROUND(B57*(100-Начисления!M57)/100,0),0)","v":0},{"$f":"ROUND('Форма по МДС 81-35.2004'!F1223*'Базовые цены за единицу'!AE57,0)","v":0}]
[{"$f":"'Форма по МДС 81-35.2004'!A1247","v":"53."},{"$f":"'Форма по МДС 81-35.2004'!N1247","v":9},{"$f":"ROUND(SUMIF('Форма по МДС 81-35.2004'!J1247:J1266,\"Г\",'Форма по МДС 81-35.2004'!N1247:N1266),0)","v":3},{"$f":"ROUND(SUMIF('Форма по МДС 81-35.2004'!J1247:J1266,\"IsMash\",'Форма по МДС 81-35.2004'!N1247:N1266),0)","v":6},{"$f":"'Форма по МДС 81-35.2004'!N1248","v":0},{"$f":"ROUND(SUMIF('Форма по МДС 81-35.2004'!J1247:J1266,\"IsMater\",'Форма по МДС 81-35.2004'!N1247:N1266),0)","v":0},{"$f":"ROUND('Форма по МДС 81-35.2004'!F1247*'Базовые цены за единицу'!G58,0)","v":0},{"$f":"ROUND('Форма по МДС 81-35.2004'!F1247*'Базовые цены за единицу'!H58,0)","v":0},{"$f":"ОКРУГЛВСЕ(SUMIF('Форма по МДС 81-35.2004'!J1247:J1266,\"Г\",'Форма по МДС 81-35.2004'!F1247:F1266),8)","v":0.37080000000000002},{"$f":"ОКРУГЛВСЕ('Форма по МДС 81-35.2004'!F1247*'Базовые цены за единицу'!J58,8)","v":0},{"$f":"ОКРУГЛВСЕ(SUMIF('Форма по МДС 81-35.2004'!J1247:J1266,\"Ж\",'Форма по МДС 81-35.2004'!F1247:F1266),8)","v":0},{"$f":"ROUND('Форма по МДС 81-35.2004'!F1247*'Базовые цены за единицу'!L58,0)","v":0},{"$f":"ROUND('Форма по МДС 81-35.2004'!F1247*'Базовые цены за единицу'!M58,0)","v":0},{"$f":"ROUND(B58*'Форма по МДС 81-35.2004'!M1261/100,0)","v":1},{"$f":"ROUND((B58+N58)*'Форма по МДС 81-35.2004'!M1264/100,0)","v":1},{"$f":"ROUND('Форма по МДС 81-35.2004'!F1247*'Базовые цены за единицу'!P58,0)","v":0},{"$f":"ROUND('Форма по МДС 81-35.2004'!F1247*'Базовые цены за единицу'!Q58,0)","v":0},{"$f":"ROUND('Форма по МДС 81-35.2004'!F1247*'Базовые цены за единицу'!R58,0)","v":0},{"$f":"ROUND('Форма по МДС 81-35.2004'!F1247*'Базовые цены за единицу'!S58,0)","v":0},{"$f":"ROUND('Форма по МДС 81-35.2004'!F1247*'Базовые цены за единицу'!T58,0)","v":0},{"$f":"ROUND('Форма по МДС 81-35.2004'!F1247*'Базовые цены за единицу'!U58,0)","v":0},{"$f":"ROUND('Форма по МДС 81-35.2004'!F1247*'Базовые цены за единицу'!V58,0)","v":0},null,{"$f":"ROUND('Форма по МДС 81-35.2004'!F1247*'Базовые цены за единицу'!X58,0)","v":0},{"$f":"IF(Определители!I58=\"9\",ROUND(B58*(Начисления!M58/100)*'Форма по МДС 81-35.2004'!M1261/100,0),0)","v":0},{"$f":"IF(Определители!I58=\"9\",ROUND(B58*(100-Начисления!M58/100)*'Форма по МДС 81-35.2004'!M1261/100,0),0)","v":0},{"$f":"IF(Определители!I58=\"9\",ROUND((C58+E58)*(Начисления!M58/100)*('Форма по МДС 81-35.2004'!M1264/100),0),0)","v":0},{"$f":"IF(Определители!I58=\"9\",ROUND((C58+E58)*(100-Начисления!M58/100)*('Форма по МДС 81-35.2004'!M1264/100),0),0)","v":0},{"$f":"IF(Определители!I58=\"9\",ROUND(B58*Начисления!M58/100,0),0)","v":0},{"$f":"IF(Определители!I58=\"9\",ROUND(B58*(100-Начисления!M58)/100,0),0)","v":0},{"$f":"ROUND('Форма по МДС 81-35.2004'!F1247*'Базовые цены за единицу'!AE58,0)","v":0}]
[{"$f":"'Форма по МДС 81-35.2004'!A1267","v":"54."},{"$f":"'Форма по МДС 81-35.2004'!N1267","v":32},{"$f":"ROUND(SUMIF('Форма по МДС 81-35.2004'!J1267:J1292,\"Г\",'Форма по МДС 81-35.2004'!N1267:N1292),0)","v":12},{"$f":"ROUND(SUMIF('Форма по МДС 81-35.2004'!J1267:J1292,\"IsMash\",'Форма по МДС 81-35.2004'!N1267:N1292),0)","v":20},{"$f":"'Форма по МДС 81-35.2004'!N1268","v":3},{"$f":"ROUND(SUMIF('Форма по МДС 81-35.2004'!J1267:J1292,\"IsMater\",'Форма по МДС 81-35.2004'!N1267:N1292),0)","v":1},{"$f":"ROUND('Форма по МДС 81-35.2004'!F1267*'Базовые цены за единицу'!G59,0)","v":1},{"$f":"ROUND('Форма по МДС 81-35.2004'!F1267*'Базовые цены за единицу'!H59,0)","v":0},{"$f":"ОКРУГЛВСЕ(SUMIF('Форма по МДС 81-35.2004'!J1267:J1292,\"Г\",'Форма по МДС 81-35.2004'!F1267:F1292),8)","v":1.38876},{"$f":"ОКРУГЛВСЕ('Форма по МДС 81-35.2004'!F1267*'Базовые цены за единицу'!J59,8)","v":0},{"$f":"ОКРУГЛВСЕ(SUMIF('Форма по МДС 81-35.2004'!J1267:J1292,\"Ж\",'Форма по МДС 81-35.2004'!F1267:F1292),8)","v":0.23146},{"$f":"ROUND('Форма по МДС 81-35.2004'!F1267*'Базовые цены за единицу'!L59,0)","v":0},{"$f":"ROUND('Форма по МДС 81-35.2004'!F1267*'Базовые цены за единицу'!M59,0)","v":0},{"$f":"ROUND(B59*'Форма по МДС 81-35.2004'!M1287/100,0)","v":4},{"$f":"ROUND((B59+N59)*'Форма по МДС 81-35.2004'!M1290/100,0)","v":3},{"$f":"ROUND('Форма по МДС 81-35.2004'!F1267*'Базовые цены за единицу'!P59,0)","v":0},{"$f":"ROUND('Форма по МДС 81-35.2004'!F1267*'Базовые цены за единицу'!Q59,0)","v":0},{"$f":"ROUND('Форма по МДС 81-35.2004'!F1267*'Базовые цены за единицу'!R59,0)","v":0},{"$f":"ROUND('Форма по МДС 81-35.2004'!F1267*'Базовые цены за единицу'!S59,0)","v":0},{"$f":"ROUND('Форма по МДС 81-35.2004'!F1267*'Базовые цены за единицу'!T59,0)","v":0},{"$f":"ROUND('Форма по МДС 81-35.2004'!F1267*'Базовые цены за единицу'!U59,0)","v":0},{"$f":"ROUND('Форма по МДС 81-35.2004'!F1267*'Базовые цены за единицу'!V59,0)","v":0},null,{"$f":"ROUND('Форма по МДС 81-35.2004'!F1267*'Базовые цены за единицу'!X59,0)","v":0},{"$f":"IF(Определители!I59=\"9\",ROUND(B59*(Начисления!M59/100)*'Форма по МДС 81-35.2004'!M1287/100,0),0)","v":0},{"$f":"IF(Определители!I59=\"9\",ROUND(B59*(100-Начисления!M59/100)*'Форма по МДС 81-35.2004'!M1287/100,0),0)","v":0},{"$f":"IF(Определители!I59=\"9\",ROUND((C59+E59)*(Начисления!M59/100)*('Форма по МДС 81-35.2004'!M1290/100),0),0)","v":0},{"$f":"IF(Определители!I59=\"9\",ROUND((C59+E59)*(100-Начисления!M59/100)*('Форма по МДС 81-35.2004'!M1290/100),0),0)","v":0},{"$f":"IF(Определители!I59=\"9\",ROUND(B59*Начисления!M59/100,0),0)","v":0},{"$f":"IF(Определители!I59=\"9\",ROUND(B59*(100-Начисления!M59)/100,0),0)","v":0},{"$f":"ROUND('Форма по МДС 81-35.2004'!F1267*'Базовые цены за единицу'!AE59,0)","v":0}]
[{"$f":"'Форма по МДС 81-35.2004'!A1293","v":"55."},{"$f":"'Форма по МДС 81-35.2004'!N1293","v":52},{"$f":"ROUND(SUMIF('Форма по МДС 81-35.2004'!J1293:J1314,\"Г\",'Форма по МДС 81-35.2004'!N1293:N1314),0)","v":6},{"$f":"ROUND(SUMIF('Форма по МДС 81-35.2004'!J1293:J1314,\"IsMash\",'Форма по МДС 81-35.2004'!N1293:N1314),0)","v":16},{"$f":"'Форма по МДС 81-35.2004'!N1294","v":2},{"$f":"ROUND(SUMIF('Форма по МДС 81-35.2004'!J1293:J1314,\"IsMater\",'Форма по МДС 81-35.2004'!N1293:N1314),0)","v":30},{"$f":"ROUND('Форма по МДС 81-35.2004'!F1293*'Базовые цены за единицу'!G60,0)","v":29},{"$f":"ROUND('Форма по МДС 81-35.2004'!F1293*'Базовые цены за единицу'!H60,0)","v":0},{"$f":"ОКРУГЛВСЕ(SUMIF('Форма по МДС 81-35.2004'!J1293:J1314,\"Г\",'Форма по МДС 81-35.2004'!F1293:F1314),8)","v":0.73599999999999999},{"$f":"ОКРУГЛВСЕ('Форма по МДС 81-35.2004'!F1293*'Базовые цены за единицу'!J60,8)","v":0},{"$f":"ОКРУГЛВСЕ(SUMIF('Форма по МДС 81-35.2004'!J1293:J1314,\"Ж\",'Форма по МДС 81-35.2004'!F1293:F1314),8)","v":0.184},{"$f":"ROUND('Форма по МДС 81-35.2004'!F1293*'Базовые цены за единицу'!L60,0)","v":0},{"$f":"ROUND('Форма по МДС 81-35.2004'!F1293*'Базовые цены за единицу'!M60,0)","v":0},{"$f":"ROUND(B60*'Форма по МДС 81-35.2004'!M1309/100,0)","v":6},{"$f":"ROUND((B60+N60)*'Форма по МДС 81-35.2004'!M1312/100,0)","v":5},{"$f":"ROUND('Форма по МДС 81-35.2004'!F1293*'Базовые цены за единицу'!P60,0)","v":0},{"$f":"ROUND('Форма по МДС 81-35.2004'!F1293*'Базовые цены за единицу'!Q60,0)","v":0},{"$f":"ROUND('Форма по МДС 81-35.2004'!F1293*'Базовые цены за единицу'!R60,0)","v":0},{"$f":"ROUND('Форма по МДС 81-35.2004'!F1293*'Базовые цены за единицу'!S60,0)","v":0},{"$f":"ROUND('Форма по МДС 81-35.2004'!F1293*'Базовые цены за единицу'!T60,0)","v":0},{"$f":"ROUND('Форма по МДС 81-35.2004'!F1293*'Базовые цены за единицу'!U60,0)","v":0},{"$f":"ROUND('Форма по МДС 81-35.2004'!F1293*'Базовые цены за единицу'!V60,0)","v":0},null,{"$f":"ROUND('Форма по МДС 81-35.2004'!F1293*'Базовые цены за единицу'!X60,0)","v":0},{"$f":"IF(Определители!I60=\"9\",ROUND(B60*(Начисления!M60/100)*'Форма по МДС 81-35.2004'!M1309/100,0),0)","v":0},{"$f":"IF(Определители!I60=\"9\",ROUND(B60*(100-Начисления!M60/100)*'Форма по МДС 81-35.2004'!M1309/100,0),0)","v":0},{"$f":"IF(Определители!I60=\"9\",ROUND((C60+E60)*(Начисления!M60/100)*('Форма по МДС 81-35.2004'!M1312/100),0),0)","v":0},{"$f":"IF(Определители!I60=\"9\",ROUND((C60+E60)*(100-Начисления!M60/100)*('Форма по МДС 81-35.2004'!M1312/100),0),0)","v":0},{"$f":"IF(Определители!I60=\"9\",ROUND(B60*Начисления!M60/100,0),0)","v":0},{"$f":"IF(Определители!I60=\"9\",ROUND(B60*(100-Начисления!M60)/100,0),0)","v":0},{"$f":"ROUND('Форма по МДС 81-35.2004'!F1293*'Базовые цены за единицу'!AE60,0)","v":0}]
[{"$f":"'Форма по МДС 81-35.2004'!A1315","v":"56."},{"$f":"'Форма по МДС 81-35.2004'!N1315","v":65},{"$f":"ROUND(SUMIF('Форма по МДС 81-35.2004'!J1315:J1338,\"Г\",'Форма по МДС 81-35.2004'!N1315:N1338),0)","v":17},{"$f":"ROUND(SUMIF('Форма по МДС 81-35.2004'!J1315:J1338,\"IsMash\",'Форма по МДС 81-35.2004'!N1315:N1338),0)","v":47},{"$f":"'Форма по МДС 81-35.2004'!N1316","v":6},{"$f":"ROUND(SUMIF('Форма по МДС 81-35.2004'!J1315:J1338,\"IsMater\",'Форма по МДС 81-35.2004'!N1315:N1338),0)","v":0},{"$f":"ROUND('Форма по МДС 81-35.2004'!F1315*'Базовые цены за единицу'!G61,0)","v":0},{"$f":"ROUND('Форма по МДС 81-35.2004'!F1315*'Базовые цены за единицу'!H61,0)","v":0},{"$f":"ОКРУГЛВСЕ(SUMIF('Форма по МДС 81-35.2004'!J1315:J1338,\"Г\",'Форма по МДС 81-35.2004'!F1315:F1338),8)","v":2.1711999999999998},{"$f":"ОКРУГЛВСЕ('Форма по МДС 81-35.2004'!F1315*'Базовые цены за единицу'!J61,8)","v":0},{"$f":"ОКРУГЛВСЕ(SUMIF('Форма по МДС 81-35.2004'!J1315:J1338,\"Ж\",'Форма по МДС 81-35.2004'!F1315:F1338),8)","v":0.54279999999999995},{"$f":"ROUND('Форма по МДС 81-35.2004'!F1315*'Базовые цены за единицу'!L61,0)","v":0},{"$f":"ROUND('Форма по МДС 81-35.2004'!F1315*'Базовые цены за единицу'!M61,0)","v":0},{"$f":"ROUND(B61*'Форма по МДС 81-35.2004'!M1333/100,0)","v":8},{"$f":"ROUND((B61+N61)*'Форма по МДС 81-35.2004'!M1336/100,0)","v":6},{"$f":"ROUND('Форма по МДС 81-35.2004'!F1315*'Базовые цены за единицу'!P61,0)","v":0},{"$f":"ROUND('Форма по МДС 81-35.2004'!F1315*'Базовые цены за единицу'!Q61,0)","v":0},{"$f":"ROUND('Форма по МДС 81-35.2004'!F1315*'Базовые цены за единицу'!R61,0)","v":0},{"$f":"ROUND('Форма по МДС 81-35.2004'!F1315*'Базовые цены за единицу'!S61,0)","v":0},{"$f":"ROUND('Форма по МДС 81-35.2004'!F1315*'Базовые цены за единицу'!T61,0)","v":0},{"$f":"ROUND('Форма по МДС 81-35.2004'!F1315*'Базовые цены за единицу'!U61,0)","v":0},{"$f":"ROUND('Форма по МДС 81-35.2004'!F1315*'Базовые цены за единицу'!V61,0)","v":0},null,{"$f":"ROUND('Форма по МДС 81-35.2004'!F1315*'Базовые цены за единицу'!X61,0)","v":0},{"$f":"IF(Определители!I61=\"9\",ROUND(B61*(Начисления!M61/100)*'Форма по МДС 81-35.2004'!M1333/100,0),0)","v":0},{"$f":"IF(Определители!I61=\"9\",ROUND(B61*(100-Начисления!M61/100)*'Форма по МДС 81-35.2004'!M1333/100,0),0)","v":0},{"$f":"IF(Определители!I61=\"9\",ROUND((C61+E61)*(Начисления!M61/100)*('Форма по МДС 81-35.2004'!M1336/100),0),0)","v":0},{"$f":"IF(Определители!I61=\"9\",ROUND((C61+E61)*(100-Начисления!M61/100)*('Форма по МДС 81-35.2004'!M1336/100),0),0)","v":0},{"$f":"IF(Определители!I61=\"9\",ROUND(B61*Начисления!M61/100,0),0)","v":0},{"$f":"IF(Определители!I61=\"9\",ROUND(B61*(100-Начисления!M61)/100,0),0)","v":0},{"$f":"ROUND('Форма по МДС 81-35.2004'!F1315*'Базовые цены за единицу'!AE61,0)","v":0}]
[{"$f":"'Форма по МДС 81-35.2004'!A1341","v":"57."},{"$f":"'Форма по МДС 81-35.2004'!N1341","v":40},{"$f":"ROUND(SUMIF('Форма по МДС 81-35.2004'!J1341:J1362,\"Г\",'Форма по МДС 81-35.2004'!N1341:N1362),0)","v":2},{"$f":"ROUND(SUMIF('Форма по МДС 81-35.2004'!J1341:J1362,\"IsMash\",'Форма по МДС 81-35.2004'!N1341:N1362),0)","v":38},{"$f":"'Форма по МДС 81-35.2004'!N1342","v":3},{"$f":"ROUND(SUMIF('Форма по МДС 81-35.2004'!J1341:J1362,\"IsMater\",'Форма по МДС 81-35.2004'!N1341:N1362),0)","v":0},{"$f":"ROUND('Форма по МДС 81-35.2004'!F1341*'Базовые цены за единицу'!G62,0)","v":0},{"$f":"ROUND('Форма по МДС 81-35.2004'!F1341*'Базовые цены за единицу'!H62,0)","v":0},{"$f":"ОКРУГЛВСЕ(SUMIF('Форма по МДС 81-35.2004'!J1341:J1362,\"Г\",'Форма по МДС 81-35.2004'!F1341:F1362),8)","v":0.20499999999999999},{"$f":"ОКРУГЛВСЕ('Форма по МДС 81-35.2004'!F1341*'Базовые цены за единицу'!J62,8)","v":0},{"$f":"ОКРУГЛВСЕ(SUMIF('Форма по МДС 81-35.2004'!J1341:J1362,\"Ж\",'Форма по МДС 81-35.2004'!F1341:F1362),8)","v":0.20499999999999999},{"$f":"ROUND('Форма по МДС 81-35.2004'!F1341*'Базовые цены за единицу'!L62,0)","v":0},{"$f":"ROUND('Форма по МДС 81-35.2004'!F1341*'Базовые цены за единицу'!M62,0)","v":0},{"$f":"ROUND(B62*'Форма по МДС 81-35.2004'!M1357/100,0)","v":5},{"$f":"ROUND((B62+N62)*'Форма по МДС 81-35.2004'!M1360/100,0)","v":4},{"$f":"ROUND('Форма по МДС 81-35.2004'!F1341*'Базовые цены за единицу'!P62,0)","v":0},{"$f":"ROUND('Форма по МДС 81-35.2004'!F1341*'Базовые цены за единицу'!Q62,0)","v":0},{"$f":"ROUND('Форма по МДС 81-35.2004'!F1341*'Базовые цены за единицу'!R62,0)","v":0},{"$f":"ROUND('Форма по МДС 81-35.2004'!F1341*'Базовые цены за единицу'!S62,0)","v":0},{"$f":"ROUND('Форма по МДС 81-35.2004'!F1341*'Базовые цены за единицу'!T62,0)","v":0},{"$f":"ROUND('Форма по МДС 81-35.2004'!F1341*'Базовые цены за единицу'!U62,0)","v":0},{"$f":"ROUND('Форма по МДС 81-35.2004'!F1341*'Базовые цены за единицу'!V62,0)","v":0},null,{"$f":"ROUND('Форма по МДС 81-35.2004'!F1341*'Базовые цены за единицу'!X62,0)","v":0},{"$f":"IF(Определители!I62=\"9\",ROUND(B62*(Начисления!M62/100)*'Форма по МДС 81-35.2004'!M1357/100,0),0)","v":0},{"$f":"IF(Определители!I62=\"9\",ROUND(B62*(100-Начисления!M62/100)*'Форма по МДС 81-35.2004'!M1357/100,0),0)","v":0},{"$f":"IF(Определители!I62=\"9\",ROUND((C62+E62)*(Начисления!M62/100)*('Форма по МДС 81-35.2004'!M1360/100),0),0)","v":0},{"$f":"IF(Определители!I62=\"9\",ROUND((C62+E62)*(100-Начисления!M62/100)*('Форма по МДС 81-35.2004'!M1360/100),0),0)","v":0},{"$f":"IF(Определители!I62=\"9\",ROUND(B62*Начисления!M62/100,0),0)","v":0},{"$f":"IF(Определители!I62=\"9\",ROUND(B62*(100-Начисления!M62)/100,0),0)","v":0},{"$f":"ROUND('Форма по МДС 81-35.2004'!F1341*'Базовые цены за единицу'!AE62,0)","v":0}]
[{"$f":"'Форма по МДС 81-35.2004'!A1363","v":"58."},{"$f":"'Форма по МДС 81-35.2004'!N1363","v":20},{"$f":"ROUND(SUMIF('Форма по МДС 81-35.2004'!J1363:J1385,\"Г\",'Форма по МДС 81-35.2004'!N1363:N1385),0)","v":4},{"$f":"ROUND(SUMIF('Форма по МДС 81-35.2004'!J1363:J1385,\"IsMash\",'Форма по МДС 81-35.2004'!N1363:N1385),0)","v":12},{"$f":"'Форма по МДС 81-35.2004'!N1364","v":2},{"$f":"ROUND(SUMIF('Форма по МДС 81-35.2004'!J1363:J1385,\"IsMater\",'Форма по МДС 81-35.2004'!N1363:N1385),0)","v":4},{"$f":"ROUND('Форма по МДС 81-35.2004'!F1363*'Базовые цены за единицу'!G63,0)","v":4},{"$f":"ROUND('Форма по МДС 81-35.2004'!F1363*'Базовые цены за единицу'!H63,0)","v":0},{"$f":"ОКРУГЛВСЕ(SUMIF('Форма по МДС 81-35.2004'!J1363:J1385,\"Г\",'Форма по МДС 81-35.2004'!F1363:F1385),8)","v":0.54796},{"$f":"ОКРУГЛВСЕ('Форма по МДС 81-35.2004'!F1363*'Базовые цены за единицу'!J63,8)","v":0},{"$f":"ОКРУГЛВСЕ(SUMIF('Форма по МДС 81-35.2004'!J1363:J1385,\"Ж\",'Форма по МДС 81-35.2004'!F1363:F1385),8)","v":0.13699},{"$f":"ROUND('Форма по МДС 81-35.2004'!F1363*'Базовые цены за единицу'!L63,0)","v":0},{"$f":"ROUND('Форма по МДС 81-35.2004'!F1363*'Базовые цены за единицу'!M63,0)","v":0},{"$f":"ROUND(B63*'Форма по МДС 81-35.2004'!M1380/100,0)","v":2},{"$f":"ROUND((B63+N63)*'Форма по МДС 81-35.2004'!M1383/100,0)","v":2},{"$f":"ROUND('Форма по МДС 81-35.2004'!F1363*'Базовые цены за единицу'!P63,0)","v":0},{"$f":"ROUND('Форма по МДС 81-35.2004'!F1363*'Базовые цены за единицу'!Q63,0)","v":0},{"$f":"ROUND('Форма по МДС 81-35.2004'!F1363*'Базовые цены за единицу'!R63,0)","v":0},{"$f":"ROUND('Форма по МДС 81-35.2004'!F1363*'Базовые цены за единицу'!S63,0)","v":0},{"$f":"ROUND('Форма по МДС 81-35.2004'!F1363*'Базовые цены за единицу'!T63,0)","v":0},{"$f":"ROUND('Форма по МДС 81-35.2004'!F1363*'Базовые цены за единицу'!U63,0)","v":0},{"$f":"ROUND('Форма по МДС 81-35.2004'!F1363*'Базовые цены за единицу'!V63,0)","v":0},null,{"$f":"ROUND('Форма по МДС 81-35.2004'!F1363*'Базовые цены за единицу'!X63,0)","v":0},{"$f":"IF(Определители!I63=\"9\",ROUND(B63*(Начисления!M63/100)*'Форма по МДС 81-35.2004'!M1380/100,0),0)","v":0},{"$f":"IF(Определители!I63=\"9\",ROUND(B63*(100-Начисления!M63/100)*'Форма по МДС 81-35.2004'!M1380/100,0),0)","v":0},{"$f":"IF(Определители!I63=\"9\",ROUND((C63+E63)*(Начисления!M63/100)*('Форма по МДС 81-35.2004'!M1383/100),0),0)","v":0},{"$f":"IF(Определители!I63=\"9\",ROUND((C63+E63)*(100-Начисления!M63/100)*('Форма по МДС 81-35.2004'!M1383/100),0),0)","v":0},{"$f":"IF(Определители!I63=\"9\",ROUND(B63*Начисления!M63/100,0),0)","v":0},{"$f":"IF(Определители!I63=\"9\",ROUND(B63*(100-Начисления!M63)/100,0),0)","v":0},{"$f":"ROUND('Форма по МДС 81-35.2004'!F1363*'Базовые цены за единицу'!AE63,0)","v":0}]
[{"$f":"'Форма по МДС 81-35.2004'!A1386","v":"59."},{"$f":"'Форма по МДС 81-35.2004'!N1386","v":5},{"$f":"ROUND(SUMIF('Форма по МДС 81-35.2004'!J1386:J1414,\"Г\",'Форма по МДС 81-35.2004'!N1386:N1414),0)","v":2},{"$f":"ROUND(SUMIF('Форма по МДС 81-35.2004'!J1386:J1414,\"IsMash\",'Форма по МДС 81-35.2004'!N1386:N1414),0)","v":4},{"$f":"'Форма по МДС 81-35.2004'!N1387","v":1},{"$f":"ROUND(SUMIF('Форма по МДС 81-35.2004'!J1386:J1414,\"IsMater\",'Форма по МДС 81-35.2004'!N1386:N1414),0)","v":0},{"$f":"ROUND('Форма по МДС 81-35.2004'!F1386*'Базовые цены за единицу'!G64,0)","v":0},{"$f":"ROUND('Форма по МДС 81-35.2004'!F1386*'Базовые цены за единицу'!H64,0)","v":0},{"$f":"ОКРУГЛВСЕ(SUMIF('Форма по МДС 81-35.2004'!J1386:J1414,\"Г\",'Форма по МДС 81-35.2004'!F1386:F1414),8)","v":0.17983199999999999},{"$f":"ОКРУГЛВСЕ('Форма по МДС 81-35.2004'!F1386*'Базовые цены за единицу'!J64,8)","v":0},{"$f":"ОКРУГЛВСЕ(SUMIF('Форма по МДС 81-35.2004'!J1386:J1414,\"Ж\",'Форма по МДС 81-35.2004'!F1386:F1414),8)","v":4.4957999999999998E-2},{"$f":"ROUND('Форма по МДС 81-35.2004'!F1386*'Базовые цены за единицу'!L64,0)","v":0},{"$f":"ROUND('Форма по МДС 81-35.2004'!F1386*'Базовые цены за единицу'!M64,0)","v":0},{"$f":"ROUND(B64*'Форма по МДС 81-35.2004'!M1409/100,0)","v":1},{"$f":"ROUND((B64+N64)*'Форма по МДС 81-35.2004'!M1412/100,0)","v":0},{"$f":"ROUND('Форма по МДС 81-35.2004'!F1386*'Базовые цены за единицу'!P64,0)","v":0},{"$f":"ROUND('Форма по МДС 81-35.2004'!F1386*'Базовые цены за единицу'!Q64,0)","v":0},{"$f":"ROUND('Форма по МДС 81-35.2004'!F1386*'Базовые цены за единицу'!R64,0)","v":0},{"$f":"ROUND('Форма по МДС 81-35.2004'!F1386*'Базовые цены за единицу'!S64,0)","v":0},{"$f":"ROUND('Форма по МДС 81-35.2004'!F1386*'Базовые цены за единицу'!T64,0)","v":0},{"$f":"ROUND('Форма по МДС 81-35.2004'!F1386*'Базовые цены за единицу'!U64,0)","v":0},{"$f":"ROUND('Форма по МДС 81-35.2004'!F1386*'Базовые цены за единицу'!V64,0)","v":0},null,{"$f":"ROUND('Форма по МДС 81-35.2004'!F1386*'Базовые цены за единицу'!X64,0)","v":0},{"$f":"IF(Определители!I64=\"9\",ROUND(B64*(Начисления!M64/100)*'Форма по МДС 81-35.2004'!M1409/100,0),0)","v":0},{"$f":"IF(Определители!I64=\"9\",ROUND(B64*(100-Начисления!M64/100)*'Форма по МДС 81-35.2004'!M1409/100,0),0)","v":0},{"$f":"IF(Определители!I64=\"9\",ROUND((C64+E64)*(Начисления!M64/100)*('Форма по МДС 81-35.2004'!M1412/100),0),0)","v":0},{"$f":"IF(Определители!I64=\"9\",ROUND((C64+E64)*(100-Начисления!M64/100)*('Форма по МДС 81-35.2004'!M1412/100),0),0)","v":0},{"$f":"IF(Определители!I64=\"9\",ROUND(B64*Начисления!M64/100,0),0)","v":0},{"$f":"IF(Определители!I64=\"9\",ROUND(B64*(100-Начисления!M64)/100,0),0)","v":0},{"$f":"ROUND('Форма по МДС 81-35.2004'!F1386*'Базовые цены за единицу'!AE64,0)","v":0}]
[{"$f":"'Форма по МДС 81-35.2004'!A1415","v":"60."},{"$f":"'Форма по МДС 81-35.2004'!N1415","v":91},{"$f":"ROUND(SUMIF('Форма по МДС 81-35.2004'!J1415:J1442,\"Г\",'Форма по МДС 81-35.2004'!N1415:N1442),0)","v":25},{"$f":"ROUND(SUMIF('Форма по МДС 81-35.2004'!J1415:J1442,\"IsMash\",'Форма по МДС 81-35.2004'!N1415:N1442),0)","v":65},{"$f":"'Форма по МДС 81-35.2004'!N1416","v":9},{"$f":"ROUND(SUMIF('Форма по МДС 81-35.2004'!J1415:J1442,\"IsMater\",'Форма по МДС 81-35.2004'!N1415:N1442),0)","v":1},{"$f":"ROUND('Форма по МДС 81-35.2004'!F1415*'Базовые цены за единицу'!G65,0)","v":1},{"$f":"ROUND('Форма по МДС 81-35.2004'!F1415*'Базовые цены за единицу'!H65,0)","v":0},{"$f":"ОКРУГЛВСЕ(SUMIF('Форма по МДС 81-35.2004'!J1415:J1442,\"Г\",'Форма по МДС 81-35.2004'!F1415:F1442),8)","v":2.9971999999999999},{"$f":"ОКРУГЛВСЕ('Форма по МДС 81-35.2004'!F1415*'Базовые цены за единицу'!J65,8)","v":0},{"$f":"ОКРУГЛВСЕ(SUMIF('Форма по МДС 81-35.2004'!J1415:J1442,\"Ж\",'Форма по МДС 81-35.2004'!F1415:F1442),8)","v":0.74929999999999997},{"$f":"ROUND('Форма по МДС 81-35.2004'!F1415*'Базовые цены за единицу'!L65,0)","v":0},{"$f":"ROUND('Форма по МДС 81-35.2004'!F1415*'Базовые цены за единицу'!M65,0)","v":0},{"$f":"ROUND(B65*'Форма по МДС 81-35.2004'!M1437/100,0)","v":11},{"$f":"ROUND((B65+N65)*'Форма по МДС 81-35.2004'!M1440/100,0)","v":8},{"$f":"ROUND('Форма по МДС 81-35.2004'!F1415*'Базовые цены за единицу'!P65,0)","v":0},{"$f":"ROUND('Форма по МДС 81-35.2004'!F1415*'Базовые цены за единицу'!Q65,0)","v":0},{"$f":"ROUND('Форма по МДС 81-35.2004'!F1415*'Базовые цены за единицу'!R65,0)","v":0},{"$f":"ROUND('Форма по МДС 81-35.2004'!F1415*'Базовые цены за единицу'!S65,0)","v":0},{"$f":"ROUND('Форма по МДС 81-35.2004'!F1415*'Базовые цены за единицу'!T65,0)","v":0},{"$f":"ROUND('Форма по МДС 81-35.2004'!F1415*'Базовые цены за единицу'!U65,0)","v":0},{"$f":"ROUND('Форма по МДС 81-35.2004'!F1415*'Базовые цены за единицу'!V65,0)","v":0},null,{"$f":"ROUND('Форма по МДС 81-35.2004'!F1415*'Базовые цены за единицу'!X65,0)","v":0},{"$f":"IF(Определители!I65=\"9\",ROUND(B65*(Начисления!M65/100)*'Форма по МДС 81-35.2004'!M1437/100,0),0)","v":0},{"$f":"IF(Определители!I65=\"9\",ROUND(B65*(100-Начисления!M65/100)*'Форма по МДС 81-35.2004'!M1437/100,0),0)","v":0},{"$f":"IF(Определители!I65=\"9\",ROUND((C65+E65)*(Начисления!M65/100)*('Форма по МДС 81-35.2004'!M1440/100),0),0)","v":0},{"$f":"IF(Определители!I65=\"9\",ROUND((C65+E65)*(100-Начисления!M65/100)*('Форма по МДС 81-35.2004'!M1440/100),0),0)","v":0},{"$f":"IF(Определители!I65=\"9\",ROUND(B65*Начисления!M65/100,0),0)","v":0},{"$f":"IF(Определители!I65=\"9\",ROUND(B65*(100-Начисления!M65)/100,0),0)","v":0},{"$f":"ROUND('Форма по МДС 81-35.2004'!F1415*'Базовые цены за единицу'!AE65,0)","v":0}]
[{"$f":"'Форма по МДС 81-35.2004'!A1443","v":"61."},{"$f":"'Форма по МДС 81-35.2004'!N1443","v":522},{"$f":"ROUND(SUMIF('Форма по МДС 81-35.2004'!J1443:J1460,\"Г\",'Форма по МДС 81-35.2004'!N1443:N1460),0)","v":0},{"$f":"ROUND(SUMIF('Форма по МДС 81-35.2004'!J1443:J1460,\"IsMash\",'Форма по МДС 81-35.2004'!N1443:N1460),0)","v":0},{"$f":"'Форма по МДС 81-35.2004'!N1444","v":0},{"$f":"ROUND(SUMIF('Форма по МДС 81-35.2004'!J1443:J1460,\"IsMater\",'Форма по МДС 81-35.2004'!N1443:N1460),0)","v":522},{"$f":"ROUND('Форма по МДС 81-35.2004'!F1443*'Базовые цены за единицу'!G66,0)","v":522},{"$f":"ROUND('Форма по МДС 81-35.2004'!F1443*'Базовые цены за единицу'!H66,0)","v":0},{"$f":"ОКРУГЛВСЕ(SUMIF('Форма по МДС 81-35.2004'!J1443:J1460,\"Г\",'Форма по МДС 81-35.2004'!F1443:F1460),8)","v":0},{"$f":"ОКРУГЛВСЕ('Форма по МДС 81-35.2004'!F1443*'Базовые цены за единицу'!J66,8)","v":0},{"$f":"ОКРУГЛВСЕ(SUMIF('Форма по МДС 81-35.2004'!J1443:J1460,\"Ж\",'Форма по МДС 81-35.2004'!F1443:F1460),8)","v":0},{"$f":"ROUND('Форма по МДС 81-35.2004'!F1443*'Базовые цены за единицу'!L66,0)","v":0},{"$f":"ROUND('Форма по МДС 81-35.2004'!F1443*'Базовые цены за единицу'!M66,0)","v":0},{"$f":"ROUND(B66*'Форма по МДС 81-35.2004'!M1455/100,0)","v":61},{"$f":"ROUND((B66+N66)*'Форма по МДС 81-35.2004'!M1458/100,0)","v":47},{"$f":"ROUND('Форма по МДС 81-35.2004'!F1443*'Базовые цены за единицу'!P66,0)","v":0},{"$f":"ROUND('Форма по МДС 81-35.2004'!F1443*'Базовые цены за единицу'!Q66,0)","v":0},{"$f":"ROUND('Форма по МДС 81-35.2004'!F1443*'Базовые цены за единицу'!R66,0)","v":0},{"$f":"ROUND('Форма по МДС 81-35.2004'!F1443*'Базовые цены за единицу'!S66,0)","v":0},{"$f":"ROUND('Форма по МДС 81-35.2004'!F1443*'Базовые цены за единицу'!T66,0)","v":0},{"$f":"ROUND('Форма по МДС 81-35.2004'!F1443*'Базовые цены за единицу'!U66,0)","v":0},{"$f":"ROUND('Форма по МДС 81-35.2004'!F1443*'Базовые цены за единицу'!V66,0)","v":0},null,{"$f":"ROUND('Форма по МДС 81-35.2004'!F1443*'Базовые цены за единицу'!X66,0)","v":0},{"$f":"IF(Определители!I66=\"9\",ROUND(B66*(Начисления!M66/100)*'Форма по МДС 81-35.2004'!M1455/100,0),0)","v":0},{"$f":"IF(Определители!I66=\"9\",ROUND(B66*(100-Начисления!M66/100)*'Форма по МДС 81-35.2004'!M1455/100,0),0)","v":0},{"$f":"IF(Определители!I66=\"9\",ROUND((C66+E66)*(Начисления!M66/100)*('Форма по МДС 81-35.2004'!M1458/100),0),0)","v":0},{"$f":"IF(Определители!I66=\"9\",ROUND((C66+E66)*(100-Начисления!M66/100)*('Форма по МДС 81-35.2004'!M1458/100),0),0)","v":0},{"$f":"IF(Определители!I66=\"9\",ROUND(B66*Начисления!M66/100,0),0)","v":0},{"$f":"IF(Определители!I66=\"9\",ROUND(B66*(100-Начисления!M66)/100,0),0)","v":0},{"$f":"ROUND('Форма по МДС 81-35.2004'!F1443*'Базовые цены за единицу'!AE66,0)","v":0}]
[{"$f":"'Форма по МДС 81-35.2004'!A1461","v":"62."},{"$f":"'Форма по МДС 81-35.2004'!N1461","v":1},{"$f":"ROUND(SUMIF('Форма по МДС 81-35.2004'!J1461:J1480,\"Г\",'Форма по МДС 81-35.2004'!N1461:N1480),0)","v":0},{"$f":"ROUND(SUMIF('Форма по МДС 81-35.2004'!J1461:J1480,\"IsMash\",'Форма по МДС 81-35.2004'!N1461:N1480),0)","v":1},{"$f":"'Форма по МДС 81-35.2004'!N1462","v":0},{"$f":"ROUND(SUMIF('Форма по МДС 81-35.2004'!J1461:J1480,\"IsMater\",'Форма по МДС 81-35.2004'!N1461:N1480),0)","v":0},{"$f":"ROUND('Форма по МДС 81-35.2004'!F1461*'Базовые цены за единицу'!G67,0)","v":0},{"$f":"ROUND('Форма по МДС 81-35.2004'!F1461*'Базовые цены за единицу'!H67,0)","v":0},{"$f":"ОКРУГЛВСЕ(SUMIF('Форма по МДС 81-35.2004'!J1461:J1480,\"Г\",'Форма по МДС 81-35.2004'!F1461:F1480),8)","v":4.1200000000000001E-2},{"$f":"ОКРУГЛВСЕ('Форма по МДС 81-35.2004'!F1461*'Базовые цены за единицу'!J67,8)","v":0},{"$f":"ОКРУГЛВСЕ(SUMIF('Форма по МДС 81-35.2004'!J1461:J1480,\"Ж\",'Форма по МДС 81-35.2004'!F1461:F1480),8)","v":0},{"$f":"ROUND('Форма по МДС 81-35.2004'!F1461*'Базовые цены за единицу'!L67,0)","v":0},{"$f":"ROUND('Форма по МДС 81-35.2004'!F1461*'Базовые цены за единицу'!M67,0)","v":0},{"$f":"ROUND(B67*'Форма по МДС 81-35.2004'!M1475/100,0)","v":0},{"$f":"ROUND((B67+N67)*'Форма по МДС 81-35.2004'!M1478/100,0)","v":0},{"$f":"ROUND('Форма по МДС 81-35.2004'!F1461*'Базовые цены за единицу'!P67,0)","v":0},{"$f":"ROUND('Форма по МДС 81-35.2004'!F1461*'Базовые цены за единицу'!Q67,0)","v":0},{"$f":"ROUND('Форма по МДС 81-35.2004'!F1461*'Базовые цены за единицу'!R67,0)","v":0},{"$f":"ROUND('Форма по МДС 81-35.2004'!F1461*'Базовые цены за единицу'!S67,0)","v":0},{"$f":"ROUND('Форма по МДС 81-35.2004'!F1461*'Базовые цены за единицу'!T67,0)","v":0},{"$f":"ROUND('Форма по МДС 81-35.2004'!F1461*'Базовые цены за единицу'!U67,0)","v":0},{"$f":"ROUND('Форма по МДС 81-35.2004'!F1461*'Базовые цены за единицу'!V67,0)","v":0},null,{"$f":"ROUND('Форма по МДС 81-35.2004'!F1461*'Базовые цены за единицу'!X67,0)","v":0},{"$f":"IF(Определители!I67=\"9\",ROUND(B67*(Начисления!M67/100)*'Форма по МДС 81-35.2004'!M1475/100,0),0)","v":0},{"$f":"IF(Определители!I67=\"9\",ROUND(B67*(100-Начисления!M67/100)*'Форма по МДС 81-35.2004'!M1475/100,0),0)","v":0},{"$f":"IF(Определители!I67=\"9\",ROUND((C67+E67)*(Начисления!M67/100)*('Форма по МДС 81-35.2004'!M1478/100),0),0)","v":0},{"$f":"IF(Определители!I67=\"9\",ROUND((C67+E67)*(100-Начисления!M67/100)*('Форма по МДС 81-35.2004'!M1478/100),0),0)","v":0},{"$f":"IF(Определители!I67=\"9\",ROUND(B67*Начисления!M67/100,0),0)","v":0},{"$f":"IF(Определители!I67=\"9\",ROUND(B67*(100-Начисления!M67)/100,0),0)","v":0},{"$f":"ROUND('Форма по МДС 81-35.2004'!F1461*'Базовые цены за единицу'!AE67,0)","v":0}]
[{"$f":"'Форма по МДС 81-35.2004'!A1482","v":"63."},{"$f":"'Форма по МДС 81-35.2004'!N1482","v":58},{"$f":"ROUND(SUMIF('Форма по МДС 81-35.2004'!J1482:J1502,\"Г\",'Форма по МДС 81-35.2004'!N1482:N1502),0)","v":2},{"$f":"ROUND(SUMIF('Форма по МДС 81-35.2004'!J1482:J1502,\"IsMash\",'Форма по МДС 81-35.2004'!N1482:N1502),0)","v":55},{"$f":"'Форма по МДС 81-35.2004'!N1483","v":4},{"$f":"ROUND(SUMIF('Форма по МДС 81-35.2004'!J1482:J1502,\"IsMater\",'Форма по МДС 81-35.2004'!N1482:N1502),0)","v":0},{"$f":"ROUND('Форма по МДС 81-35.2004'!F1482*'Базовые цены за единицу'!G68,0)","v":0},{"$f":"ROUND('Форма по МДС 81-35.2004'!F1482*'Базовые цены за единицу'!H68,0)","v":0},{"$f":"ОКРУГЛВСЕ(SUMIF('Форма по МДС 81-35.2004'!J1482:J1502,\"Г\",'Форма по МДС 81-35.2004'!F1482:F1502),8)","v":0.29648400000000003},{"$f":"ОКРУГЛВСЕ('Форма по МДС 81-35.2004'!F1482*'Базовые цены за единицу'!J68,8)","v":0},{"$f":"ОКРУГЛВСЕ(SUMIF('Форма по МДС 81-35.2004'!J1482:J1502,\"Ж\",'Форма по МДС 81-35.2004'!F1482:F1502),8)","v":0.29648400000000003},{"$f":"ROUND('Форма по МДС 81-35.2004'!F1482*'Базовые цены за единицу'!L68,0)","v":0},{"$f":"ROUND('Форма по МДС 81-35.2004'!F1482*'Базовые цены за единицу'!M68,0)","v":0},{"$f":"ROUND(B68*'Форма по МДС 81-35.2004'!M1497/100,0)","v":7},{"$f":"ROUND((B68+N68)*'Форма по МДС 81-35.2004'!M1500/100,0)","v":5},{"$f":"ROUND('Форма по МДС 81-35.2004'!F1482*'Базовые цены за единицу'!P68,0)","v":0},{"$f":"ROUND('Форма по МДС 81-35.2004'!F1482*'Базовые цены за единицу'!Q68,0)","v":0},{"$f":"ROUND('Форма по МДС 81-35.2004'!F1482*'Базовые цены за единицу'!R68,0)","v":0},{"$f":"ROUND('Форма по МДС 81-35.2004'!F1482*'Базовые цены за единицу'!S68,0)","v":0},{"$f":"ROUND('Форма по МДС 81-35.2004'!F1482*'Базовые цены за единицу'!T68,0)","v":0},{"$f":"ROUND('Форма по МДС 81-35.2004'!F1482*'Базовые цены за единицу'!U68,0)","v":0},{"$f":"ROUND('Форма по МДС 81-35.2004'!F1482*'Базовые цены за единицу'!V68,0)","v":0},null,{"$f":"ROUND('Форма по МДС 81-35.2004'!F1482*'Базовые цены за единицу'!X68,0)","v":0},{"$f":"IF(Определители!I68=\"9\",ROUND(B68*(Начисления!M68/100)*'Форма по МДС 81-35.2004'!M1497/100,0),0)","v":0},{"$f":"IF(Определители!I68=\"9\",ROUND(B68*(100-Начисления!M68/100)*'Форма по МДС 81-35.2004'!M1497/100,0),0)","v":0},{"$f":"IF(Определители!I68=\"9\",ROUND((C68+E68)*(Начисления!M68/100)*('Форма по МДС 81-35.2004'!M1500/100),0),0)","v":0},{"$f":"IF(Определители!I68=\"9\",ROUND((C68+E68)*(100-Начисления!M68/100)*('Форма по МДС 81-35.2004'!M1500/100),0),0)","v":0},{"$f":"IF(Определители!I68=\"9\",ROUND(B68*Начисления!M68/100,0),0)","v":0},{"$f":"IF(Определители!I68=\"9\",ROUND(B68*(100-Начисления!M68)/100,0),0)","v":0},{"$f":"ROUND('Форма по МДС 81-35.2004'!F1482*'Базовые цены за единицу'!AE68,0)","v":0}]
[{"$f":"'Форма по МДС 81-35.2004'!A1503","v":"64."},{"$f":"'Форма по МДС 81-35.2004'!N1503","v":2},{"$f":"ROUND(SUMIF('Форма по МДС 81-35.2004'!J1503:J1525,\"Г\",'Форма по МДС 81-35.2004'!N1503:N1525),0)","v":0},{"$f":"ROUND(SUMIF('Форма по МДС 81-35.2004'!J1503:J1525,\"IsMash\",'Форма по МДС 81-35.2004'!N1503:N1525),0)","v":1},{"$f":"'Форма по МДС 81-35.2004'!N1504","v":0},{"$f":"ROUND(SUMIF('Форма по МДС 81-35.2004'!J1503:J1525,\"IsMater\",'Форма по МДС 81-35.2004'!N1503:N1525),0)","v":0},{"$f":"ROUND('Форма по МДС 81-35.2004'!F1503*'Базовые цены за единицу'!G69,0)","v":0},{"$f":"ROUND('Форма по МДС 81-35.2004'!F1503*'Базовые цены за единицу'!H69,0)","v":0},{"$f":"ОКРУГЛВСЕ(SUMIF('Форма по МДС 81-35.2004'!J1503:J1525,\"Г\",'Форма по МДС 81-35.2004'!F1503:F1525),8)","v":5.6264000000000002E-2},{"$f":"ОКРУГЛВСЕ('Форма по МДС 81-35.2004'!F1503*'Базовые цены за единицу'!J69,8)","v":0},{"$f":"ОКРУГЛВСЕ(SUMIF('Форма по МДС 81-35.2004'!J1503:J1525,\"Ж\",'Форма по МДС 81-35.2004'!F1503:F1525),8)","v":1.4066E-2},{"$f":"ROUND('Форма по МДС 81-35.2004'!F1503*'Базовые цены за единицу'!L69,0)","v":0},{"$f":"ROUND('Форма по МДС 81-35.2004'!F1503*'Базовые цены за единицу'!M69,0)","v":0},{"$f":"ROUND(B69*'Форма по МДС 81-35.2004'!M1520/100,0)","v":0},{"$f":"ROUND((B69+N69)*'Форма по МДС 81-35.2004'!M1523/100,0)","v":0},{"$f":"ROUND('Форма по МДС 81-35.2004'!F1503*'Базовые цены за единицу'!P69,0)","v":0},{"$f":"ROUND('Форма по МДС 81-35.2004'!F1503*'Базовые цены за единицу'!Q69,0)","v":0},{"$f":"ROUND('Форма по МДС 81-35.2004'!F1503*'Базовые цены за единицу'!R69,0)","v":0},{"$f":"ROUND('Форма по МДС 81-35.2004'!F1503*'Базовые цены за единицу'!S69,0)","v":0},{"$f":"ROUND('Форма по МДС 81-35.2004'!F1503*'Базовые цены за единицу'!T69,0)","v":0},{"$f":"ROUND('Форма по МДС 81-35.2004'!F1503*'Базовые цены за единицу'!U69,0)","v":0},{"$f":"ROUND('Форма по МДС 81-35.2004'!F1503*'Базовые цены за единицу'!V69,0)","v":0},null,{"$f":"ROUND('Форма по МДС 81-35.2004'!F1503*'Базовые цены за единицу'!X69,0)","v":0},{"$f":"IF(Определители!I69=\"9\",ROUND(B69*(Начисления!M69/100)*'Форма по МДС 81-35.2004'!M1520/100,0),0)","v":0},{"$f":"IF(Определители!I69=\"9\",ROUND(B69*(100-Начисления!M69/100)*'Форма по МДС 81-35.2004'!M1520/100,0),0)","v":0},{"$f":"IF(Определители!I69=\"9\",ROUND((C69+E69)*(Начисления!M69/100)*('Форма по МДС 81-35.2004'!M1523/100),0),0)","v":0},{"$f":"IF(Определители!I69=\"9\",ROUND((C69+E69)*(100-Начисления!M69/100)*('Форма по МДС 81-35.2004'!M1523/100),0),0)","v":0},{"$f":"IF(Определители!I69=\"9\",ROUND(B69*Начисления!M69/100,0),0)","v":0},{"$f":"IF(Определители!I69=\"9\",ROUND(B69*(100-Начисления!M69)/100,0),0)","v":0},{"$f":"ROUND('Форма по МДС 81-35.2004'!F1503*'Базовые цены за единицу'!AE69,0)","v":0}]
[{"$f":"'Форма по МДС 81-35.2004'!A1526","v":"65."},{"$f":"'Форма по МДС 81-35.2004'!N1526","v":1},{"$f":"ROUND(SUMIF('Форма по МДС 81-35.2004'!J1526:J1545,\"Г\",'Форма по МДС 81-35.2004'!N1526:N1545),0)","v":0},{"$f":"ROUND(SUMIF('Форма по МДС 81-35.2004'!J1526:J1545,\"IsMash\",'Форма по МДС 81-35.2004'!N1526:N1545),0)","v":1},{"$f":"'Форма по МДС 81-35.2004'!N1527","v":0},{"$f":"ROUND(SUMIF('Форма по МДС 81-35.2004'!J1526:J1545,\"IsMater\",'Форма по МДС 81-35.2004'!N1526:N1545),0)","v":0},{"$f":"ROUND('Форма по МДС 81-35.2004'!F1526*'Базовые цены за единицу'!G70,0)","v":0},{"$f":"ROUND('Форма по МДС 81-35.2004'!F1526*'Базовые цены за единицу'!H70,0)","v":0},{"$f":"ОКРУГЛВСЕ(SUMIF('Форма по МДС 81-35.2004'!J1526:J1545,\"Г\",'Форма по МДС 81-35.2004'!F1526:F1545),8)","v":4.4804999999999998E-2},{"$f":"ОКРУГЛВСЕ('Форма по МДС 81-35.2004'!F1526*'Базовые цены за единицу'!J70,8)","v":0},{"$f":"ОКРУГЛВСЕ(SUMIF('Форма по МДС 81-35.2004'!J1526:J1545,\"Ж\",'Форма по МДС 81-35.2004'!F1526:F1545),8)","v":0},{"$f":"ROUND('Форма по МДС 81-35.2004'!F1526*'Базовые цены за единицу'!L70,0)","v":0},{"$f":"ROUND('Форма по МДС 81-35.2004'!F1526*'Базовые цены за единицу'!M70,0)","v":0},{"$f":"ROUND(B70*'Форма по МДС 81-35.2004'!M1540/100,0)","v":0},{"$f":"ROUND((B70+N70)*'Форма по МДС 81-35.2004'!M1543/100,0)","v":0},{"$f":"ROUND('Форма по МДС 81-35.2004'!F1526*'Базовые цены за единицу'!P70,0)","v":0},{"$f":"ROUND('Форма по МДС 81-35.2004'!F1526*'Базовые цены за единицу'!Q70,0)","v":0},{"$f":"ROUND('Форма по МДС 81-35.2004'!F1526*'Базовые цены за единицу'!R70,0)","v":0},{"$f":"ROUND('Форма по МДС 81-35.2004'!F1526*'Базовые цены за единицу'!S70,0)","v":0},{"$f":"ROUND('Форма по МДС 81-35.2004'!F1526*'Базовые цены за единицу'!T70,0)","v":0},{"$f":"ROUND('Форма по МДС 81-35.2004'!F1526*'Базовые цены за единицу'!U70,0)","v":0},{"$f":"ROUND('Форма по МДС 81-35.2004'!F1526*'Базовые цены за единицу'!V70,0)","v":0},null,{"$f":"ROUND('Форма по МДС 81-35.2004'!F1526*'Базовые цены за единицу'!X70,0)","v":0},{"$f":"IF(Определители!I70=\"9\",ROUND(B70*(Начисления!M70/100)*'Форма по МДС 81-35.2004'!M1540/100,0),0)","v":0},{"$f":"IF(Определители!I70=\"9\",ROUND(B70*(100-Начисления!M70/100)*'Форма по МДС 81-35.2004'!M1540/100,0),0)","v":0},{"$f":"IF(Определители!I70=\"9\",ROUND((C70+E70)*(Начисления!M70/100)*('Форма по МДС 81-35.2004'!M1543/100),0),0)","v":0},{"$f":"IF(Определители!I70=\"9\",ROUND((C70+E70)*(100-Начисления!M70/100)*('Форма по МДС 81-35.2004'!M1543/100),0),0)","v":0},{"$f":"IF(Определители!I70=\"9\",ROUND(B70*Начисления!M70/100,0),0)","v":0},{"$f":"IF(Определители!I70=\"9\",ROUND(B70*(100-Начисления!M70)/100,0),0)","v":0},{"$f":"ROUND('Форма по МДС 81-35.2004'!F1526*'Базовые цены за единицу'!AE70,0)","v":0}]
[{"$f":"'Форма по МДС 81-35.2004'!A1546","v":"66."},{"$f":"'Форма по МДС 81-35.2004'!N1546","v":2},{"$f":"ROUND(SUMIF('Форма по МДС 81-35.2004'!J1546:J1567,\"Г\",'Форма по МДС 81-35.2004'!N1546:N1567),0)","v":0},{"$f":"ROUND(SUMIF('Форма по МДС 81-35.2004'!J1546:J1567,\"IsMash\",'Форма по МДС 81-35.2004'!N1546:N1567),0)","v":2},{"$f":"'Форма по МДС 81-35.2004'!N1547","v":0},{"$f":"ROUND(SUMIF('Форма по МДС 81-35.2004'!J1546:J1567,\"IsMater\",'Форма по МДС 81-35.2004'!N1546:N1567),0)","v":0},{"$f":"ROUND('Форма по МДС 81-35.2004'!F1546*'Базовые цены за единицу'!G71,0)","v":0},{"$f":"ROUND('Форма по МДС 81-35.2004'!F1546*'Базовые цены за единицу'!H71,0)","v":0},{"$f":"ОКРУГЛВСЕ(SUMIF('Форма по МДС 81-35.2004'!J1546:J1567,\"Г\",'Форма по МДС 81-35.2004'!F1546:F1567),8)","v":8.0339999999999995E-2},{"$f":"ОКРУГЛВСЕ('Форма по МДС 81-35.2004'!F1546*'Базовые цены за единицу'!J71,8)","v":0},{"$f":"ОКРУГЛВСЕ(SUMIF('Форма по МДС 81-35.2004'!J1546:J1567,\"Ж\",'Форма по МДС 81-35.2004'!F1546:F1567),8)","v":2.0084999999999999E-2},{"$f":"ROUND('Форма по МДС 81-35.2004'!F1546*'Базовые цены за единицу'!L71,0)","v":0},{"$f":"ROUND('Форма по МДС 81-35.2004'!F1546*'Базовые цены за единицу'!M71,0)","v":0},{"$f":"ROUND(B71*'Форма по МДС 81-35.2004'!M1562/100,0)","v":0},{"$f":"ROUND((B71+N71)*'Форма по МДС 81-35.2004'!M1565/100,0)","v":0},{"$f":"ROUND('Форма по МДС 81-35.2004'!F1546*'Базовые цены за единицу'!P71,0)","v":0},{"$f":"ROUND('Форма по МДС 81-35.2004'!F1546*'Базовые цены за единицу'!Q71,0)","v":0},{"$f":"ROUND('Форма по МДС 81-35.2004'!F1546*'Базовые цены за единицу'!R71,0)","v":0},{"$f":"ROUND('Форма по МДС 81-35.2004'!F1546*'Базовые цены за единицу'!S71,0)","v":0},{"$f":"ROUND('Форма по МДС 81-35.2004'!F1546*'Базовые цены за единицу'!T71,0)","v":0},{"$f":"ROUND('Форма по МДС 81-35.2004'!F1546*'Базовые цены за единицу'!U71,0)","v":0},{"$f":"ROUND('Форма по МДС 81-35.2004'!F1546*'Базовые цены за единицу'!V71,0)","v":0},null,{"$f":"ROUND('Форма по МДС 81-35.2004'!F1546*'Базовые цены за единицу'!X71,0)","v":0},{"$f":"IF(Определители!I71=\"9\",ROUND(B71*(Начисления!M71/100)*'Форма по МДС 81-35.2004'!M1562/100,0),0)","v":0},{"$f":"IF(Определители!I71=\"9\",ROUND(B71*(100-Начисления!M71/100)*'Форма по МДС 81-35.2004'!M1562/100,0),0)","v":0},{"$f":"IF(Определители!I71=\"9\",ROUND((C71+E71)*(Начисления!M71/100)*('Форма по МДС 81-35.2004'!M1565/100),0),0)","v":0},{"$f":"IF(Определители!I71=\"9\",ROUND((C71+E71)*(100-Начисления!M71/100)*('Форма по МДС 81-35.2004'!M1565/100),0),0)","v":0},{"$f":"IF(Определители!I71=\"9\",ROUND(B71*Начисления!M71/100,0),0)","v":0},{"$f":"IF(Определители!I71=\"9\",ROUND(B71*(100-Начисления!M71)/100,0),0)","v":0},{"$f":"ROUND('Форма по МДС 81-35.2004'!F1546*'Базовые цены за единицу'!AE71,0)","v":0}]
[{"$f":"'Форма по МДС 81-35.2004'!A1568","v":"67."},{"$f":"'Форма по МДС 81-35.2004'!N1568","v":5},{"$f":"ROUND(SUMIF('Форма по МДС 81-35.2004'!J1568:J1589,\"Г\",'Форма по МДС 81-35.2004'!N1568:N1589),0)","v":0},{"$f":"ROUND(SUMIF('Форма по МДС 81-35.2004'!J1568:J1589,\"IsMash\",'Форма по МДС 81-35.2004'!N1568:N1589),0)","v":2},{"$f":"'Форма по МДС 81-35.2004'!N1569","v":0},{"$f":"ROUND(SUMIF('Форма по МДС 81-35.2004'!J1568:J1589,\"IsMater\",'Форма по МДС 81-35.2004'!N1568:N1589),0)","v":3},{"$f":"ROUND('Форма по МДС 81-35.2004'!F1568*'Базовые цены за единицу'!G72,0)","v":3},{"$f":"ROUND('Форма по МДС 81-35.2004'!F1568*'Базовые цены за единицу'!H72,0)","v":0},{"$f":"ОКРУГЛВСЕ(SUMIF('Форма по МДС 81-35.2004'!J1568:J1589,\"Г\",'Форма по МДС 81-35.2004'!F1568:F1589),8)","v":8.0339999999999995E-2},{"$f":"ОКРУГЛВСЕ('Форма по МДС 81-35.2004'!F1568*'Базовые цены за единицу'!J72,8)","v":0},{"$f":"ОКРУГЛВСЕ(SUMIF('Форма по МДС 81-35.2004'!J1568:J1589,\"Ж\",'Форма по МДС 81-35.2004'!F1568:F1589),8)","v":2.0084999999999999E-2},{"$f":"ROUND('Форма по МДС 81-35.2004'!F1568*'Базовые цены за единицу'!L72,0)","v":0},{"$f":"ROUND('Форма по МДС 81-35.2004'!F1568*'Базовые цены за единицу'!M72,0)","v":0},{"$f":"ROUND(B72*'Форма по МДС 81-35.2004'!M1584/100,0)","v":1},{"$f":"ROUND((B72+N72)*'Форма по МДС 81-35.2004'!M1587/100,0)","v":0},{"$f":"ROUND('Форма по МДС 81-35.2004'!F1568*'Базовые цены за единицу'!P72,0)","v":0},{"$f":"ROUND('Форма по МДС 81-35.2004'!F1568*'Базовые цены за единицу'!Q72,0)","v":0},{"$f":"ROUND('Форма по МДС 81-35.2004'!F1568*'Базовые цены за единицу'!R72,0)","v":0},{"$f":"ROUND('Форма по МДС 81-35.2004'!F1568*'Базовые цены за единицу'!S72,0)","v":0},{"$f":"ROUND('Форма по МДС 81-35.2004'!F1568*'Базовые цены за единицу'!T72,0)","v":0},{"$f":"ROUND('Форма по МДС 81-35.2004'!F1568*'Базовые цены за единицу'!U72,0)","v":0},{"$f":"ROUND('Форма по МДС 81-35.2004'!F1568*'Базовые цены за единицу'!V72,0)","v":0},null,{"$f":"ROUND('Форма по МДС 81-35.2004'!F1568*'Базовые цены за единицу'!X72,0)","v":0},{"$f":"IF(Определители!I72=\"9\",ROUND(B72*(Начисления!M72/100)*'Форма по МДС 81-35.2004'!M1584/100,0),0)","v":0},{"$f":"IF(Определители!I72=\"9\",ROUND(B72*(100-Начисления!M72/100)*'Форма по МДС 81-35.2004'!M1584/100,0),0)","v":0},{"$f":"IF(Определители!I72=\"9\",ROUND((C72+E72)*(Начисления!M72/100)*('Форма по МДС 81-35.2004'!M1587/100),0),0)","v":0},{"$f":"IF(Определители!I72=\"9\",ROUND((C72+E72)*(100-Начисления!M72/100)*('Форма по МДС 81-35.2004'!M1587/100),0),0)","v":0},{"$f":"IF(Определители!I72=\"9\",ROUND(B72*Начисления!M72/100,0),0)","v":0},{"$f":"IF(Определители!I72=\"9\",ROUND(B72*(100-Начисления!M72)/100,0),0)","v":0},{"$f":"ROUND('Форма по МДС 81-35.2004'!F1568*'Базовые цены за единицу'!AE72,0)","v":0}]
[{"$f":"'Форма по МДС 81-35.2004'!A1590","v":"68."},{"$f":"'Форма по МДС 81-35.2004'!N1590","v":9},{"$f":"ROUND(SUMIF('Форма по МДС 81-35.2004'!J1590:J1611,\"Г\",'Форма по МДС 81-35.2004'!N1590:N1611),0)","v":2},{"$f":"ROUND(SUMIF('Форма по МДС 81-35.2004'!J1590:J1611,\"IsMash\",'Форма по МДС 81-35.2004'!N1590:N1611),0)","v":6},{"$f":"'Форма по МДС 81-35.2004'!N1591","v":1},{"$f":"ROUND(SUMIF('Форма по МДС 81-35.2004'!J1590:J1611,\"IsMater\",'Форма по МДС 81-35.2004'!N1590:N1611),0)","v":1},{"$f":"ROUND('Форма по МДС 81-35.2004'!F1590*'Базовые цены за единицу'!G73,0)","v":1},{"$f":"ROUND('Форма по МДС 81-35.2004'!F1590*'Базовые цены за единицу'!H73,0)","v":0},{"$f":"ОКРУГЛВСЕ(SUMIF('Форма по МДС 81-35.2004'!J1590:J1611,\"Г\",'Форма по МДС 81-35.2004'!F1590:F1611),8)","v":0.2576},{"$f":"ОКРУГЛВСЕ('Форма по МДС 81-35.2004'!F1590*'Базовые цены за единицу'!J73,8)","v":0},{"$f":"ОКРУГЛВСЕ(SUMIF('Форма по МДС 81-35.2004'!J1590:J1611,\"Ж\",'Форма по МДС 81-35.2004'!F1590:F1611),8)","v":6.4399999999999999E-2},{"$f":"ROUND('Форма по МДС 81-35.2004'!F1590*'Базовые цены за единицу'!L73,0)","v":0},{"$f":"ROUND('Форма по МДС 81-35.2004'!F1590*'Базовые цены за единицу'!M73,0)","v":0},{"$f":"ROUND(B73*'Форма по МДС 81-35.2004'!M1606/100,0)","v":1},{"$f":"ROUND((B73+N73)*'Форма по МДС 81-35.2004'!M1609/100,0)","v":1},{"$f":"ROUND('Форма по МДС 81-35.2004'!F1590*'Базовые цены за единицу'!P73,0)","v":0},{"$f":"ROUND('Форма по МДС 81-35.2004'!F1590*'Базовые цены за единицу'!Q73,0)","v":0},{"$f":"ROUND('Форма по МДС 81-35.2004'!F1590*'Базовые цены за единицу'!R73,0)","v":0},{"$f":"ROUND('Форма по МДС 81-35.2004'!F1590*'Базовые цены за единицу'!S73,0)","v":0},{"$f":"ROUND('Форма по МДС 81-35.2004'!F1590*'Базовые цены за единицу'!T73,0)","v":0},{"$f":"ROUND('Форма по МДС 81-35.2004'!F1590*'Базовые цены за единицу'!U73,0)","v":0},{"$f":"ROUND('Форма по МДС 81-35.2004'!F1590*'Базовые цены за единицу'!V73,0)","v":0},null,{"$f":"ROUND('Форма по МДС 81-35.2004'!F1590*'Базовые цены за единицу'!X73,0)","v":0},{"$f":"IF(Определители!I73=\"9\",ROUND(B73*(Начисления!M73/100)*'Форма по МДС 81-35.2004'!M1606/100,0),0)","v":0},{"$f":"IF(Определители!I73=\"9\",ROUND(B73*(100-Начисления!M73/100)*'Форма по МДС 81-35.2004'!M1606/100,0),0)","v":0},{"$f":"IF(Определители!I73=\"9\",ROUND((C73+E73)*(Начисления!M73/100)*('Форма по МДС 81-35.2004'!M1609/100),0),0)","v":0},{"$f":"IF(Определители!I73=\"9\",ROUND((C73+E73)*(100-Начисления!M73/100)*('Форма по МДС 81-35.2004'!M1609/100),0),0)","v":0},{"$f":"IF(Определители!I73=\"9\",ROUND(B73*Начисления!M73/100,0),0)","v":0},{"$f":"IF(Определители!I73=\"9\",ROUND(B73*(100-Начисления!M73)/100,0),0)","v":0},{"$f":"ROUND('Форма по МДС 81-35.2004'!F1590*'Базовые цены за единицу'!AE73,0)","v":0}]
[{"$f":"'Форма по МДС 81-35.2004'!A1613","v":"69."},{"$f":"'Форма по МДС 81-35.2004'!N1613","v":18},{"$f":"ROUND(SUMIF('Форма по МДС 81-35.2004'!J1613:J1633,\"Г\",'Форма по МДС 81-35.2004'!N1613:N1633),0)","v":1},{"$f":"ROUND(SUMIF('Форма по МДС 81-35.2004'!J1613:J1633,\"IsMash\",'Форма по МДС 81-35.2004'!N1613:N1633),0)","v":17},{"$f":"'Форма по МДС 81-35.2004'!N1614","v":1},{"$f":"ROUND(SUMIF('Форма по МДС 81-35.2004'!J1613:J1633,\"IsMater\",'Форма по МДС 81-35.2004'!N1613:N1633),0)","v":0},{"$f":"ROUND('Форма по МДС 81-35.2004'!F1613*'Базовые цены за единицу'!G74,0)","v":0},{"$f":"ROUND('Форма по МДС 81-35.2004'!F1613*'Базовые цены за единицу'!H74,0)","v":0},{"$f":"ОКРУГЛВСЕ(SUMIF('Форма по МДС 81-35.2004'!J1613:J1633,\"Г\",'Форма по МДС 81-35.2004'!F1613:F1633),8)","v":9.1499999999999998E-2},{"$f":"ОКРУГЛВСЕ('Форма по МДС 81-35.2004'!F1613*'Базовые цены за единицу'!J74,8)","v":0},{"$f":"ОКРУГЛВСЕ(SUMIF('Форма по МДС 81-35.2004'!J1613:J1633,\"Ж\",'Форма по МДС 81-35.2004'!F1613:F1633),8)","v":9.1499999999999998E-2},{"$f":"ROUND('Форма по МДС 81-35.2004'!F1613*'Базовые цены за единицу'!L74,0)","v":0},{"$f":"ROUND('Форма по МДС 81-35.2004'!F1613*'Базовые цены за единицу'!M74,0)","v":0},{"$f":"ROUND(B74*'Форма по МДС 81-35.2004'!M1628/100,0)","v":2},{"$f":"ROUND((B74+N74)*'Форма по МДС 81-35.2004'!M1631/100,0)","v":2},{"$f":"ROUND('Форма по МДС 81-35.2004'!F1613*'Базовые цены за единицу'!P74,0)","v":0},{"$f":"ROUND('Форма по МДС 81-35.2004'!F1613*'Базовые цены за единицу'!Q74,0)","v":0},{"$f":"ROUND('Форма по МДС 81-35.2004'!F1613*'Базовые цены за единицу'!R74,0)","v":0},{"$f":"ROUND('Форма по МДС 81-35.2004'!F1613*'Базовые цены за единицу'!S74,0)","v":0},{"$f":"ROUND('Форма по МДС 81-35.2004'!F1613*'Базовые цены за единицу'!T74,0)","v":0},{"$f":"ROUND('Форма по МДС 81-35.2004'!F1613*'Базовые цены за единицу'!U74,0)","v":0},{"$f":"ROUND('Форма по МДС 81-35.2004'!F1613*'Базовые цены за единицу'!V74,0)","v":0},null,{"$f":"ROUND('Форма по МДС 81-35.2004'!F1613*'Базовые цены за единицу'!X74,0)","v":0},{"$f":"IF(Определители!I74=\"9\",ROUND(B74*(Начисления!M74/100)*'Форма по МДС 81-35.2004'!M1628/100,0),0)","v":0},{"$f":"IF(Определители!I74=\"9\",ROUND(B74*(100-Начисления!M74/100)*'Форма по МДС 81-35.2004'!M1628/100,0),0)","v":0},{"$f":"IF(Определители!I74=\"9\",ROUND((C74+E74)*(Начисления!M74/100)*('Форма по МДС 81-35.2004'!M1631/100),0),0)","v":0},{"$f":"IF(Определители!I74=\"9\",ROUND((C74+E74)*(100-Начисления!M74/100)*('Форма по МДС 81-35.2004'!M1631/100),0),0)","v":0},{"$f":"IF(Определители!I74=\"9\",ROUND(B74*Начисления!M74/100,0),0)","v":0},{"$f":"IF(Определители!I74=\"9\",ROUND(B74*(100-Начисления!M74)/100,0),0)","v":0},{"$f":"ROUND('Форма по МДС 81-35.2004'!F1613*'Базовые цены за единицу'!AE74,0)","v":0}]
[{"$f":"'Форма по МДС 81-35.2004'!A1634","v":"70."},{"$f":"'Форма по МДС 81-35.2004'!N1634","v":13},{"$f":"ROUND(SUMIF('Форма по МДС 81-35.2004'!J1634:J1656,\"Г\",'Форма по МДС 81-35.2004'!N1634:N1656),0)","v":2},{"$f":"ROUND(SUMIF('Форма по МДС 81-35.2004'!J1634:J1656,\"IsMash\",'Форма по МДС 81-35.2004'!N1634:N1656),0)","v":6},{"$f":"'Форма по МДС 81-35.2004'!N1635","v":1},{"$f":"ROUND(SUMIF('Форма по МДС 81-35.2004'!J1634:J1656,\"IsMater\",'Форма по МДС 81-35.2004'!N1634:N1656),0)","v":5},{"$f":"ROUND('Форма по МДС 81-35.2004'!F1634*'Базовые цены за единицу'!G75,0)","v":5},{"$f":"ROUND('Форма по МДС 81-35.2004'!F1634*'Базовые цены за единицу'!H75,0)","v":0},{"$f":"ОКРУГЛВСЕ(SUMIF('Форма по МДС 81-35.2004'!J1634:J1656,\"Г\",'Форма по МДС 81-35.2004'!F1634:F1656),8)","v":0.28195199999999998},{"$f":"ОКРУГЛВСЕ('Форма по МДС 81-35.2004'!F1634*'Базовые цены за единицу'!J75,8)","v":0},{"$f":"ОКРУГЛВСЕ(SUMIF('Форма по МДС 81-35.2004'!J1634:J1656,\"Ж\",'Форма по МДС 81-35.2004'!F1634:F1656),8)","v":7.0487999999999995E-2},{"$f":"ROUND('Форма по МДС 81-35.2004'!F1634*'Базовые цены за единицу'!L75,0)","v":0},{"$f":"ROUND('Форма по МДС 81-35.2004'!F1634*'Базовые цены за единицу'!M75,0)","v":0},{"$f":"ROUND(B75*'Форма по МДС 81-35.2004'!M1651/100,0)","v":2},{"$f":"ROUND((B75+N75)*'Форма по МДС 81-35.2004'!M1654/100,0)","v":1},{"$f":"ROUND('Форма по МДС 81-35.2004'!F1634*'Базовые цены за единицу'!P75,0)","v":0},{"$f":"ROUND('Форма по МДС 81-35.2004'!F1634*'Базовые цены за единицу'!Q75,0)","v":0},{"$f":"ROUND('Форма по МДС 81-35.2004'!F1634*'Базовые цены за единицу'!R75,0)","v":0},{"$f":"ROUND('Форма по МДС 81-35.2004'!F1634*'Базовые цены за единицу'!S75,0)","v":0},{"$f":"ROUND('Форма по МДС 81-35.2004'!F1634*'Базовые цены за единицу'!T75,0)","v":0},{"$f":"ROUND('Форма по МДС 81-35.2004'!F1634*'Базовые цены за единицу'!U75,0)","v":0},{"$f":"ROUND('Форма по МДС 81-35.2004'!F1634*'Базовые цены за единицу'!V75,0)","v":0},null,{"$f":"ROUND('Форма по МДС 81-35.2004'!F1634*'Базовые цены за единицу'!X75,0)","v":0},{"$f":"IF(Определители!I75=\"9\",ROUND(B75*(Начисления!M75/100)*'Форма по МДС 81-35.2004'!M1651/100,0),0)","v":0},{"$f":"IF(Определители!I75=\"9\",ROUND(B75*(100-Начисления!M75/100)*'Форма по МДС 81-35.2004'!M1651/100,0),0)","v":0},{"$f":"IF(Определители!I75=\"9\",ROUND((C75+E75)*(Начисления!M75/100)*('Форма по МДС 81-35.2004'!M1654/100),0),0)","v":0},{"$f":"IF(Определители!I75=\"9\",ROUND((C75+E75)*(100-Начисления!M75/100)*('Форма по МДС 81-35.2004'!M1654/100),0),0)","v":0},{"$f":"IF(Определители!I75=\"9\",ROUND(B75*Начисления!M75/100,0),0)","v":0},{"$f":"IF(Определители!I75=\"9\",ROUND(B75*(100-Начисления!M75)/100,0),0)","v":0},{"$f":"ROUND('Форма по МДС 81-35.2004'!F1634*'Базовые цены за единицу'!AE75,0)","v":0}]
[{"$f":"'Форма по МДС 81-35.2004'!A1657","v":"71."},{"$f":"'Форма по МДС 81-35.2004'!N1657","v":32},{"$f":"ROUND(SUMIF('Форма по МДС 81-35.2004'!J1657:J1683,\"Г\",'Форма по МДС 81-35.2004'!N1657:N1683),0)","v":8},{"$f":"ROUND(SUMIF('Форма по МДС 81-35.2004'!J1657:J1683,\"IsMash\",'Форма по МДС 81-35.2004'!N1657:N1683),0)","v":24},{"$f":"'Форма по МДС 81-35.2004'!N1658","v":4},{"$f":"ROUND(SUMIF('Форма по МДС 81-35.2004'!J1657:J1683,\"IsMater\",'Форма по МДС 81-35.2004'!N1657:N1683),0)","v":0},{"$f":"ROUND('Форма по МДС 81-35.2004'!F1657*'Базовые цены за единицу'!G76,0)","v":0},{"$f":"ROUND('Форма по МДС 81-35.2004'!F1657*'Базовые цены за единицу'!H76,0)","v":0},{"$f":"ОКРУГЛВСЕ(SUMIF('Форма по МДС 81-35.2004'!J1657:J1683,\"Г\",'Форма по МДС 81-35.2004'!F1657:F1683),8)","v":0.90700000000000003},{"$f":"ОКРУГЛВСЕ('Форма по МДС 81-35.2004'!F1657*'Базовые цены за единицу'!J76,8)","v":0},{"$f":"ОКРУГЛВСЕ(SUMIF('Форма по МДС 81-35.2004'!J1657:J1683,\"Ж\",'Форма по МДС 81-35.2004'!F1657:F1683),8)","v":0.25919999999999999},{"$f":"ROUND('Форма по МДС 81-35.2004'!F1657*'Базовые цены за единицу'!L76,0)","v":0},{"$f":"ROUND('Форма по МДС 81-35.2004'!F1657*'Базовые цены за единицу'!M76,0)","v":0},{"$f":"ROUND(B76*'Форма по МДС 81-35.2004'!M1678/100,0)","v":4},{"$f":"ROUND((B76+N76)*'Форма по МДС 81-35.2004'!M1681/100,0)","v":3},{"$f":"ROUND('Форма по МДС 81-35.2004'!F1657*'Базовые цены за единицу'!P76,0)","v":0},{"$f":"ROUND('Форма по МДС 81-35.2004'!F1657*'Базовые цены за единицу'!Q76,0)","v":0},{"$f":"ROUND('Форма по МДС 81-35.2004'!F1657*'Базовые цены за единицу'!R76,0)","v":0},{"$f":"ROUND('Форма по МДС 81-35.2004'!F1657*'Базовые цены за единицу'!S76,0)","v":0},{"$f":"ROUND('Форма по МДС 81-35.2004'!F1657*'Базовые цены за единицу'!T76,0)","v":0},{"$f":"ROUND('Форма по МДС 81-35.2004'!F1657*'Базовые цены за единицу'!U76,0)","v":0},{"$f":"ROUND('Форма по МДС 81-35.2004'!F1657*'Базовые цены за единицу'!V76,0)","v":0},null,{"$f":"ROUND('Форма по МДС 81-35.2004'!F1657*'Базовые цены за единицу'!X76,0)","v":0},{"$f":"IF(Определители!I76=\"9\",ROUND(B76*(Начисления!M76/100)*'Форма по МДС 81-35.2004'!M1678/100,0),0)","v":0},{"$f":"IF(Определители!I76=\"9\",ROUND(B76*(100-Начисления!M76/100)*'Форма по МДС 81-35.2004'!M1678/100,0),0)","v":0},{"$f":"IF(Определители!I76=\"9\",ROUND((C76+E76)*(Начисления!M76/100)*('Форма по МДС 81-35.2004'!M1681/100),0),0)","v":0},{"$f":"IF(Определители!I76=\"9\",ROUND((C76+E76)*(100-Начисления!M76/100)*('Форма по МДС 81-35.2004'!M1681/100),0),0)","v":0},{"$f":"IF(Определители!I76=\"9\",ROUND(B76*Начисления!M76/100,0),0)","v":0},{"$f":"IF(Определители!I76=\"9\",ROUND(B76*(100-Начисления!M76)/100,0),0)","v":0},{"$f":"ROUND('Форма по МДС 81-35.2004'!F1657*'Базовые цены за единицу'!AE76,0)","v":0}]
[{"$f":"'Форма по МДС 81-35.2004'!A1684","v":"72."},{"$f":"'Форма по МДС 81-35.2004'!N1684","v":35},{"$f":"ROUND(SUMIF('Форма по МДС 81-35.2004'!J1684:J1709,\"Г\",'Форма по МДС 81-35.2004'!N1684:N1709),0)","v":0},{"$f":"ROUND(SUMIF('Форма по МДС 81-35.2004'!J1684:J1709,\"IsMash\",'Форма по МДС 81-35.2004'!N1684:N1709),0)","v":35},{"$f":"'Форма по МДС 81-35.2004'!N1685","v":5},{"$f":"ROUND(SUMIF('Форма по МДС 81-35.2004'!J1684:J1709,\"IsMater\",'Форма по МДС 81-35.2004'!N1684:N1709),0)","v":0},{"$f":"ROUND('Форма по МДС 81-35.2004'!F1684*'Базовые цены за единицу'!G77,0)","v":0},{"$f":"ROUND('Форма по МДС 81-35.2004'!F1684*'Базовые цены за единицу'!H77,0)","v":0},{"$f":"ОКРУГЛВСЕ(SUMIF('Форма по МДС 81-35.2004'!J1684:J1709,\"Г\",'Форма по МДС 81-35.2004'!F1684:F1709),8)","v":3.2693759999999998},{"$f":"ОКРУГЛВСЕ('Форма по МДС 81-35.2004'!F1684*'Базовые цены за единицу'!J77,8)","v":0},{"$f":"ОКРУГЛВСЕ(SUMIF('Форма по МДС 81-35.2004'!J1684:J1709,\"Ж\",'Форма по МДС 81-35.2004'!F1684:F1709),8)","v":1.226016},{"$f":"ROUND('Форма по МДС 81-35.2004'!F1684*'Базовые цены за единицу'!L77,0)","v":0},{"$f":"ROUND('Форма по МДС 81-35.2004'!F1684*'Базовые цены за единицу'!M77,0)","v":0},{"$f":"ROUND(B77*'Форма по МДС 81-35.2004'!M1704/100,0)","v":4},{"$f":"ROUND((B77+N77)*'Форма по МДС 81-35.2004'!M1707/100,0)","v":3},{"$f":"ROUND('Форма по МДС 81-35.2004'!F1684*'Базовые цены за единицу'!P77,0)","v":0},{"$f":"ROUND('Форма по МДС 81-35.2004'!F1684*'Базовые цены за единицу'!Q77,0)","v":0},{"$f":"ROUND('Форма по МДС 81-35.2004'!F1684*'Базовые цены за единицу'!R77,0)","v":0},{"$f":"ROUND('Форма по МДС 81-35.2004'!F1684*'Базовые цены за единицу'!S77,0)","v":0},{"$f":"ROUND('Форма по МДС 81-35.2004'!F1684*'Базовые цены за единицу'!T77,0)","v":0},{"$f":"ROUND('Форма по МДС 81-35.2004'!F1684*'Базовые цены за единицу'!U77,0)","v":0},{"$f":"ROUND('Форма по МДС 81-35.2004'!F1684*'Базовые цены за единицу'!V77,0)","v":0},null,{"$f":"ROUND('Форма по МДС 81-35.2004'!F1684*'Базовые цены за единицу'!X77,0)","v":0},{"$f":"IF(Определители!I77=\"9\",ROUND(B77*(Начисления!M77/100)*'Форма по МДС 81-35.2004'!M1704/100,0),0)","v":0},{"$f":"IF(Определители!I77=\"9\",ROUND(B77*(100-Начисления!M77/100)*'Форма по МДС 81-35.2004'!M1704/100,0),0)","v":0},{"$f":"IF(Определители!I77=\"9\",ROUND((C77+E77)*(Начисления!M77/100)*('Форма по МДС 81-35.2004'!M1707/100),0),0)","v":0},{"$f":"IF(Определители!I77=\"9\",ROUND((C77+E77)*(100-Начисления!M77/100)*('Форма по МДС 81-35.2004'!M1707/100),0),0)","v":0},{"$f":"IF(Определители!I77=\"9\",ROUND(B77*Начисления!M77/100,0),0)","v":0},{"$f":"IF(Определители!I77=\"9\",ROUND(B77*(100-Начисления!M77)/100,0),0)","v":0},{"$f":"ROUND('Форма по МДС 81-35.2004'!F1684*'Базовые цены за единицу'!AE77,0)","v":0}]
[{"$f":"'Форма по МДС 81-35.2004'!A1710","v":"73."},{"$f":"'Форма по МДС 81-35.2004'!N1710","v":0},{"$f":"ROUND(SUMIF('Форма по МДС 81-35.2004'!J1710:J1728,\"Г\",'Форма по МДС 81-35.2004'!N1710:N1728),0)","v":0},{"$f":"ROUND(SUMIF('Форма по МДС 81-35.2004'!J1710:J1728,\"IsMash\",'Форма по МДС 81-35.2004'!N1710:N1728),0)","v":0},{"$f":"'Форма по МДС 81-35.2004'!N1712","v":0},{"$f":"ROUND(SUMIF('Форма по МДС 81-35.2004'!J1710:J1728,\"IsMater\",'Форма по МДС 81-35.2004'!N1710:N1728),0)","v":0},{"$f":"ROUND('Форма по МДС 81-35.2004'!F1710*'Базовые цены за единицу'!G78,0)","v":0},{"$f":"ROUND('Форма по МДС 81-35.2004'!F1710*'Базовые цены за единицу'!H78,0)","v":0},{"$f":"ОКРУГЛВСЕ(SUMIF('Форма по МДС 81-35.2004'!J1710:J1728,\"Г\",'Форма по МДС 81-35.2004'!F1710:F1728),8)","v":0},{"$f":"ОКРУГЛВСЕ('Форма по МДС 81-35.2004'!F1710*'Базовые цены за единицу'!J78,8)","v":0},{"$f":"ОКРУГЛВСЕ(SUMIF('Форма по МДС 81-35.2004'!J1710:J1728,\"Ж\",'Форма по МДС 81-35.2004'!F1710:F1728),8)","v":0},{"$f":"ROUND('Форма по МДС 81-35.2004'!F1710*'Базовые цены за единицу'!L78,0)","v":0},{"$f":"ROUND('Форма по МДС 81-35.2004'!F1710*'Базовые цены за единицу'!M78,0)","v":0},{"$f":"ROUND(B78*'Форма по МДС 81-35.2004'!M1723/100,0)","v":0},{"$f":"ROUND((B78+N78)*'Форма по МДС 81-35.2004'!M1726/100,0)","v":0},{"$f":"ROUND('Форма по МДС 81-35.2004'!F1710*'Базовые цены за единицу'!P78,0)","v":0},{"$f":"ROUND('Форма по МДС 81-35.2004'!F1710*'Базовые цены за единицу'!Q78,0)","v":0},{"$f":"ROUND('Форма по МДС 81-35.2004'!F1710*'Базовые цены за единицу'!R78,0)","v":0},{"$f":"ROUND('Форма по МДС 81-35.2004'!F1710*'Базовые цены за единицу'!S78,0)","v":0},{"$f":"ROUND('Форма по МДС 81-35.2004'!F1710*'Базовые цены за единицу'!T78,0)","v":0},{"$f":"ROUND('Форма по МДС 81-35.2004'!F1710*'Базовые цены за единицу'!U78,0)","v":0},{"$f":"ROUND('Форма по МДС 81-35.2004'!F1710*'Базовые цены за единицу'!V78,0)","v":0},null,{"$f":"ROUND('Форма по МДС 81-35.2004'!F1710*'Базовые цены за единицу'!X78,0)","v":0},{"$f":"IF(Определители!I78=\"9\",ROUND(B78*(Начисления!M78/100)*'Форма по МДС 81-35.2004'!M1723/100,0),0)","v":0},{"$f":"IF(Определители!I78=\"9\",ROUND(B78*(100-Начисления!M78/100)*'Форма по МДС 81-35.2004'!M1723/100,0),0)","v":0},{"$f":"IF(Определители!I78=\"9\",ROUND((C78+E78)*(Начисления!M78/100)*('Форма по МДС 81-35.2004'!M1726/100),0),0)","v":0},{"$f":"IF(Определители!I78=\"9\",ROUND((C78+E78)*(100-Начисления!M78/100)*('Форма по МДС 81-35.2004'!M1726/100),0),0)","v":0},{"$f":"IF(Определители!I78=\"9\",ROUND(B78*Начисления!M78/100,0),0)","v":0},{"$f":"IF(Определители!I78=\"9\",ROUND(B78*(100-Начисления!M78)/100,0),0)","v":0},{"$f":"ROUND('Форма по МДС 81-35.2004'!F1710*'Базовые цены за единицу'!AE78,0)","v":0}]
[{"$f":"'Форма по МДС 81-35.2004'!A1729","v":"74."},{"$f":"'Форма по МДС 81-35.2004'!N1729","v":40},{"$f":"ROUND(SUMIF('Форма по МДС 81-35.2004'!J1729:J1750,\"Г\",'Форма по МДС 81-35.2004'!N1729:N1750),0)","v":2},{"$f":"ROUND(SUMIF('Форма по МДС 81-35.2004'!J1729:J1750,\"IsMash\",'Форма по МДС 81-35.2004'!N1729:N1750),0)","v":8},{"$f":"'Форма по МДС 81-35.2004'!N1730","v":1},{"$f":"ROUND(SUMIF('Форма по МДС 81-35.2004'!J1729:J1750,\"IsMater\",'Форма по МДС 81-35.2004'!N1729:N1750),0)","v":30},{"$f":"ROUND('Форма по МДС 81-35.2004'!F1729*'Базовые цены за единицу'!G79,0)","v":29},{"$f":"ROUND('Форма по МДС 81-35.2004'!F1729*'Базовые цены за единицу'!H79,0)","v":0},{"$f":"ОКРУГЛВСЕ(SUMIF('Форма по МДС 81-35.2004'!J1729:J1750,\"Г\",'Форма по МДС 81-35.2004'!F1729:F1750),8)","v":0.193},{"$f":"ОКРУГЛВСЕ('Форма по МДС 81-35.2004'!F1729*'Базовые цены за единицу'!J79,8)","v":0},{"$f":"ОКРУГЛВСЕ(SUMIF('Форма по МДС 81-35.2004'!J1729:J1750,\"Ж\",'Форма по МДС 81-35.2004'!F1729:F1750),8)","v":9.6500000000000002E-2},{"$f":"ROUND('Форма по МДС 81-35.2004'!F1729*'Базовые цены за единицу'!L79,0)","v":0},{"$f":"ROUND('Форма по МДС 81-35.2004'!F1729*'Базовые цены за единицу'!M79,0)","v":0},{"$f":"ROUND(B79*'Форма по МДС 81-35.2004'!M1745/100,0)","v":5},{"$f":"ROUND((B79+N79)*'Форма по МДС 81-35.2004'!M1748/100,0)","v":4},{"$f":"ROUND('Форма по МДС 81-35.2004'!F1729*'Базовые цены за единицу'!P79,0)","v":0},{"$f":"ROUND('Форма по МДС 81-35.2004'!F1729*'Базовые цены за единицу'!Q79,0)","v":0},{"$f":"ROUND('Форма по МДС 81-35.2004'!F1729*'Базовые цены за единицу'!R79,0)","v":0},{"$f":"ROUND('Форма по МДС 81-35.2004'!F1729*'Базовые цены за единицу'!S79,0)","v":0},{"$f":"ROUND('Форма по МДС 81-35.2004'!F1729*'Базовые цены за единицу'!T79,0)","v":0},{"$f":"ROUND('Форма по МДС 81-35.2004'!F1729*'Базовые цены за единицу'!U79,0)","v":0},{"$f":"ROUND('Форма по МДС 81-35.2004'!F1729*'Базовые цены за единицу'!V79,0)","v":0},null,{"$f":"ROUND('Форма по МДС 81-35.2004'!F1729*'Базовые цены за единицу'!X79,0)","v":0},{"$f":"IF(Определители!I79=\"9\",ROUND(B79*(Начисления!M79/100)*'Форма по МДС 81-35.2004'!M1745/100,0),0)","v":0},{"$f":"IF(Определители!I79=\"9\",ROUND(B79*(100-Начисления!M79/100)*'Форма по МДС 81-35.2004'!M1745/100,0),0)","v":0},{"$f":"IF(Определители!I79=\"9\",ROUND((C79+E79)*(Начисления!M79/100)*('Форма по МДС 81-35.2004'!M1748/100),0),0)","v":0},{"$f":"IF(Определители!I79=\"9\",ROUND((C79+E79)*(100-Начисления!M79/100)*('Форма по МДС 81-35.2004'!M1748/100),0),0)","v":0},{"$f":"IF(Определители!I79=\"9\",ROUND(B79*Начисления!M79/100,0),0)","v":0},{"$f":"IF(Определители!I79=\"9\",ROUND(B79*(100-Начисления!M79)/100,0),0)","v":0},{"$f":"ROUND('Форма по МДС 81-35.2004'!F1729*'Базовые цены за единицу'!AE79,0)","v":0}]
[{"$f":"'Форма по МДС 81-35.2004'!A1751","v":"75."},{"$f":"'Форма по МДС 81-35.2004'!N1751","v":1},{"$f":"ROUND(SUMIF('Форма по МДС 81-35.2004'!J1751:J1770,\"Г\",'Форма по МДС 81-35.2004'!N1751:N1770),0)","v":0},{"$f":"ROUND(SUMIF('Форма по МДС 81-35.2004'!J1751:J1770,\"IsMash\",'Форма по МДС 81-35.2004'!N1751:N1770),0)","v":0},{"$f":"'Форма по МДС 81-35.2004'!N1752","v":0},{"$f":"ROUND(SUMIF('Форма по МДС 81-35.2004'!J1751:J1770,\"IsMater\",'Форма по МДС 81-35.2004'!N1751:N1770),0)","v":0},{"$f":"ROUND('Форма по МДС 81-35.2004'!F1751*'Базовые цены за единицу'!G80,0)","v":0},{"$f":"ROUND('Форма по МДС 81-35.2004'!F1751*'Базовые цены за единицу'!H80,0)","v":0},{"$f":"ОКРУГЛВСЕ(SUMIF('Форма по МДС 81-35.2004'!J1751:J1770,\"Г\",'Форма по МДС 81-35.2004'!F1751:F1770),8)","v":4.4999999999999998E-2},{"$f":"ОКРУГЛВСЕ('Форма по МДС 81-35.2004'!F1751*'Базовые цены за единицу'!J80,8)","v":0},{"$f":"ОКРУГЛВСЕ(SUMIF('Форма по МДС 81-35.2004'!J1751:J1770,\"Ж\",'Форма по МДС 81-35.2004'!F1751:F1770),8)","v":5.5999999999999999E-3},{"$f":"ROUND('Форма по МДС 81-35.2004'!F1751*'Базовые цены за единицу'!L80,0)","v":0},{"$f":"ROUND('Форма по МДС 81-35.2004'!F1751*'Базовые цены за единицу'!M80,0)","v":0},{"$f":"ROUND(B80*'Форма по МДС 81-35.2004'!M1765/100,0)","v":0},{"$f":"ROUND((B80+N80)*'Форма по МДС 81-35.2004'!M1768/100,0)","v":0},{"$f":"ROUND('Форма по МДС 81-35.2004'!F1751*'Базовые цены за единицу'!P80,0)","v":0},{"$f":"ROUND('Форма по МДС 81-35.2004'!F1751*'Базовые цены за единицу'!Q80,0)","v":0},{"$f":"ROUND('Форма по МДС 81-35.2004'!F1751*'Базовые цены за единицу'!R80,0)","v":0},{"$f":"ROUND('Форма по МДС 81-35.2004'!F1751*'Базовые цены за единицу'!S80,0)","v":0},{"$f":"ROUND('Форма по МДС 81-35.2004'!F1751*'Базовые цены за единицу'!T80,0)","v":0},{"$f":"ROUND('Форма по МДС 81-35.2004'!F1751*'Базовые цены за единицу'!U80,0)","v":0},{"$f":"ROUND('Форма по МДС 81-35.2004'!F1751*'Базовые цены за единицу'!V80,0)","v":0},null,{"$f":"ROUND('Форма по МДС 81-35.2004'!F1751*'Базовые цены за единицу'!X80,0)","v":0},{"$f":"IF(Определители!I80=\"9\",ROUND(B80*(Начисления!M80/100)*'Форма по МДС 81-35.2004'!M1765/100,0),0)","v":0},{"$f":"IF(Определители!I80=\"9\",ROUND(B80*(100-Начисления!M80/100)*'Форма по МДС 81-35.2004'!M1765/100,0),0)","v":0},{"$f":"IF(Определители!I80=\"9\",ROUND((C80+E80)*(Начисления!M80/100)*('Форма по МДС 81-35.2004'!M1768/100),0),0)","v":0},{"$f":"IF(Определители!I80=\"9\",ROUND((C80+E80)*(100-Начисления!M80/100)*('Форма по МДС 81-35.2004'!M1768/100),0),0)","v":0},{"$f":"IF(Определители!I80=\"9\",ROUND(B80*Начисления!M80/100,0),0)","v":0},{"$f":"IF(Определители!I80=\"9\",ROUND(B80*(100-Начисления!M80)/100,0),0)","v":0},{"$f":"ROUND('Форма по МДС 81-35.2004'!F1751*'Базовые цены за единицу'!AE80,0)","v":0}]
[{"$f":"'Форма по МДС 81-35.2004'!A1771","v":"76."},{"$f":"'Форма по МДС 81-35.2004'!N1771","v":1},{"$f":"ROUND(SUMIF('Форма по МДС 81-35.2004'!J1771:J1788,\"Г\",'Форма по МДС 81-35.2004'!N1771:N1788),0)","v":1},{"$f":"ROUND(SUMIF('Форма по МДС 81-35.2004'!J1771:J1788,\"IsMash\",'Форма по МДС 81-35.2004'!N1771:N1788),0)","v":0},{"$f":"'Форма по МДС 81-35.2004'!N1772","v":0},{"$f":"ROUND(SUMIF('Форма по МДС 81-35.2004'!J1771:J1788,\"IsMater\",'Форма по МДС 81-35.2004'!N1771:N1788),0)","v":0},{"$f":"ROUND('Форма по МДС 81-35.2004'!F1771*'Базовые цены за единицу'!G81,0)","v":0},{"$f":"ROUND('Форма по МДС 81-35.2004'!F1771*'Базовые цены за единицу'!H81,0)","v":0},{"$f":"ОКРУГЛВСЕ(SUMIF('Форма по МДС 81-35.2004'!J1771:J1788,\"Г\",'Форма по МДС 81-35.2004'!F1771:F1788),8)","v":0.11},{"$f":"ОКРУГЛВСЕ('Форма по МДС 81-35.2004'!F1771*'Базовые цены за единицу'!J81,8)","v":0},{"$f":"ОКРУГЛВСЕ(SUMIF('Форма по МДС 81-35.2004'!J1771:J1788,\"Ж\",'Форма по МДС 81-35.2004'!F1771:F1788),8)","v":0},{"$f":"ROUND('Форма по МДС 81-35.2004'!F1771*'Базовые цены за единицу'!L81,0)","v":0},{"$f":"ROUND('Форма по МДС 81-35.2004'!F1771*'Базовые цены за единицу'!M81,0)","v":0},{"$f":"ROUND(B81*'Форма по МДС 81-35.2004'!M1783/100,0)","v":0},{"$f":"ROUND((B81+N81)*'Форма по МДС 81-35.2004'!M1786/100,0)","v":0},{"$f":"ROUND('Форма по МДС 81-35.2004'!F1771*'Базовые цены за единицу'!P81,0)","v":0},{"$f":"ROUND('Форма по МДС 81-35.2004'!F1771*'Базовые цены за единицу'!Q81,0)","v":0},{"$f":"ROUND('Форма по МДС 81-35.2004'!F1771*'Базовые цены за единицу'!R81,0)","v":0},{"$f":"ROUND('Форма по МДС 81-35.2004'!F1771*'Базовые цены за единицу'!S81,0)","v":0},{"$f":"ROUND('Форма по МДС 81-35.2004'!F1771*'Базовые цены за единицу'!T81,0)","v":0},{"$f":"ROUND('Форма по МДС 81-35.2004'!F1771*'Базовые цены за единицу'!U81,0)","v":0},{"$f":"ROUND('Форма по МДС 81-35.2004'!F1771*'Базовые цены за единицу'!V81,0)","v":0},null,{"$f":"ROUND('Форма по МДС 81-35.2004'!F1771*'Базовые цены за единицу'!X81,0)","v":0},{"$f":"IF(Определители!I81=\"9\",ROUND(B81*(Начисления!M81/100)*'Форма по МДС 81-35.2004'!M1783/100,0),0)","v":0},{"$f":"IF(Определители!I81=\"9\",ROUND(B81*(100-Начисления!M81/100)*'Форма по МДС 81-35.2004'!M1783/100,0),0)","v":0},{"$f":"IF(Определители!I81=\"9\",ROUND((C81+E81)*(Начисления!M81/100)*('Форма по МДС 81-35.2004'!M1786/100),0),0)","v":0},{"$f":"IF(Определители!I81=\"9\",ROUND((C81+E81)*(100-Начисления!M81/100)*('Форма по МДС 81-35.2004'!M1786/100),0),0)","v":0},{"$f":"IF(Определители!I81=\"9\",ROUND(B81*Начисления!M81/100,0),0)","v":0},{"$f":"IF(Определители!I81=\"9\",ROUND(B81*(100-Начисления!M81)/100,0),0)","v":0},{"$f":"ROUND('Форма по МДС 81-35.2004'!F1771*'Базовые цены за единицу'!AE81,0)","v":0}]
[{"$f":"'Форма по МДС 81-35.2004'!A1789","v":"77."},{"$f":"'Форма по МДС 81-35.2004'!N1789","v":2},{"$f":"ROUND(SUMIF('Форма по МДС 81-35.2004'!J1789:J1807,\"Г\",'Форма по МДС 81-35.2004'!N1789:N1807),0)","v":0},{"$f":"ROUND(SUMIF('Форма по МДС 81-35.2004'!J1789:J1807,\"IsMash\",'Форма по МДС 81-35.2004'!N1789:N1807),0)","v":2},{"$f":"'Форма по МДС 81-35.2004'!N1790","v":0},{"$f":"ROUND(SUMIF('Форма по МДС 81-35.2004'!J1789:J1807,\"IsMater\",'Форма по МДС 81-35.2004'!N1789:N1807),0)","v":0},{"$f":"ROUND('Форма по МДС 81-35.2004'!F1789*'Базовые цены за единицу'!G82,0)","v":0},{"$f":"ROUND('Форма по МДС 81-35.2004'!F1789*'Базовые цены за единицу'!H82,0)","v":0},{"$f":"ОКРУГЛВСЕ(SUMIF('Форма по МДС 81-35.2004'!J1789:J1807,\"Г\",'Форма по МДС 81-35.2004'!F1789:F1807),8)","v":0},{"$f":"ОКРУГЛВСЕ('Форма по МДС 81-35.2004'!F1789*'Базовые цены за единицу'!J82,8)","v":0},{"$f":"ОКРУГЛВСЕ(SUMIF('Форма по МДС 81-35.2004'!J1789:J1807,\"Ж\",'Форма по МДС 81-35.2004'!F1789:F1807),8)","v":0},{"$f":"ROUND('Форма по МДС 81-35.2004'!F1789*'Базовые цены за единицу'!L82,0)","v":0},{"$f":"ROUND('Форма по МДС 81-35.2004'!F1789*'Базовые цены за единицу'!M82,0)","v":0},{"$f":"ROUND(B82*'Форма по МДС 81-35.2004'!M1802/100,0)","v":0},{"$f":"ROUND((B82+N82)*'Форма по МДС 81-35.2004'!M1805/100,0)","v":0},{"$f":"ROUND('Форма по МДС 81-35.2004'!F1789*'Базовые цены за единицу'!P82,0)","v":0},{"$f":"ROUND('Форма по МДС 81-35.2004'!F1789*'Базовые цены за единицу'!Q82,0)","v":0},{"$f":"ROUND('Форма по МДС 81-35.2004'!F1789*'Базовые цены за единицу'!R82,0)","v":0},{"$f":"ROUND('Форма по МДС 81-35.2004'!F1789*'Базовые цены за единицу'!S82,0)","v":0},{"$f":"ROUND('Форма по МДС 81-35.2004'!F1789*'Базовые цены за единицу'!T82,0)","v":0},{"$f":"ROUND('Форма по МДС 81-35.2004'!F1789*'Базовые цены за единицу'!U82,0)","v":0},{"$f":"ROUND('Форма по МДС 81-35.2004'!F1789*'Базовые цены за единицу'!V82,0)","v":0},null,{"$f":"ROUND('Форма по МДС 81-35.2004'!F1789*'Базовые цены за единицу'!X82,0)","v":0},{"$f":"IF(Определители!I82=\"9\",ROUND(B82*(Начисления!M82/100)*'Форма по МДС 81-35.2004'!M1802/100,0),0)","v":0},{"$f":"IF(Определители!I82=\"9\",ROUND(B82*(100-Начисления!M82/100)*'Форма по МДС 81-35.2004'!M1802/100,0),0)","v":0},{"$f":"IF(Определители!I82=\"9\",ROUND((C82+E82)*(Начисления!M82/100)*('Форма по МДС 81-35.2004'!M1805/100),0),0)","v":0},{"$f":"IF(Определители!I82=\"9\",ROUND((C82+E82)*(100-Начисления!M82/100)*('Форма по МДС 81-35.2004'!M1805/100),0),0)","v":0},{"$f":"IF(Определители!I82=\"9\",ROUND(B82*Начисления!M82/100,0),0)","v":0},{"$f":"IF(Определители!I82=\"9\",ROUND(B82*(100-Начисления!M82)/100,0),0)","v":0},{"$f":"ROUND('Форма по МДС 81-35.2004'!F1789*'Базовые цены за единицу'!AE82,0)","v":0}]
[{"$f":"'Форма по МДС 81-35.2004'!A1808","v":"78."},{"$f":"'Форма по МДС 81-35.2004'!N1808","v":0},{"$f":"ROUND(SUMIF('Форма по МДС 81-35.2004'!J1808:J1826,\"Г\",'Форма по МДС 81-35.2004'!N1808:N1826),0)","v":0},{"$f":"ROUND(SUMIF('Форма по МДС 81-35.2004'!J1808:J1826,\"IsMash\",'Форма по МДС 81-35.2004'!N1808:N1826),0)","v":0},{"$f":"'Форма по МДС 81-35.2004'!N1809","v":0},{"$f":"ROUND(SUMIF('Форма по МДС 81-35.2004'!J1808:J1826,\"IsMater\",'Форма по МДС 81-35.2004'!N1808:N1826),0)","v":0},{"$f":"ROUND('Форма по МДС 81-35.2004'!F1808*'Базовые цены за единицу'!G83,0)","v":0},{"$f":"ROUND('Форма по МДС 81-35.2004'!F1808*'Базовые цены за единицу'!H83,0)","v":0},{"$f":"ОКРУГЛВСЕ(SUMIF('Форма по МДС 81-35.2004'!J1808:J1826,\"Г\",'Форма по МДС 81-35.2004'!F1808:F1826),8)","v":0},{"$f":"ОКРУГЛВСЕ('Форма по МДС 81-35.2004'!F1808*'Базовые цены за единицу'!J83,8)","v":0},{"$f":"ОКРУГЛВСЕ(SUMIF('Форма по МДС 81-35.2004'!J1808:J1826,\"Ж\",'Форма по МДС 81-35.2004'!F1808:F1826),8)","v":0},{"$f":"ROUND('Форма по МДС 81-35.2004'!F1808*'Базовые цены за единицу'!L83,0)","v":0},{"$f":"ROUND('Форма по МДС 81-35.2004'!F1808*'Базовые цены за единицу'!M83,0)","v":0},{"$f":"ROUND(B83*'Форма по МДС 81-35.2004'!M1821/100,0)","v":0},{"$f":"ROUND((B83+N83)*'Форма по МДС 81-35.2004'!M1824/100,0)","v":0},{"$f":"ROUND('Форма по МДС 81-35.2004'!F1808*'Базовые цены за единицу'!P83,0)","v":0},{"$f":"ROUND('Форма по МДС 81-35.2004'!F1808*'Базовые цены за единицу'!Q83,0)","v":0},{"$f":"ROUND('Форма по МДС 81-35.2004'!F1808*'Базовые цены за единицу'!R83,0)","v":0},{"$f":"ROUND('Форма по МДС 81-35.2004'!F1808*'Базовые цены за единицу'!S83,0)","v":0},{"$f":"ROUND('Форма по МДС 81-35.2004'!F1808*'Базовые цены за единицу'!T83,0)","v":0},{"$f":"ROUND('Форма по МДС 81-35.2004'!F1808*'Базовые цены за единицу'!U83,0)","v":0},{"$f":"ROUND('Форма по МДС 81-35.2004'!F1808*'Базовые цены за единицу'!V83,0)","v":0},null,{"$f":"ROUND('Форма по МДС 81-35.2004'!F1808*'Базовые цены за единицу'!X83,0)","v":0},{"$f":"IF(Определители!I83=\"9\",ROUND(B83*(Начисления!M83/100)*'Форма по МДС 81-35.2004'!M1821/100,0),0)","v":0},{"$f":"IF(Определители!I83=\"9\",ROUND(B83*(100-Начисления!M83/100)*'Форма по МДС 81-35.2004'!M1821/100,0),0)","v":0},{"$f":"IF(Определители!I83=\"9\",ROUND((C83+E83)*(Начисления!M83/100)*('Форма по МДС 81-35.2004'!M1824/100),0),0)","v":0},{"$f":"IF(Определители!I83=\"9\",ROUND((C83+E83)*(100-Начисления!M83/100)*('Форма по МДС 81-35.2004'!M1824/100),0),0)","v":0},{"$f":"IF(Определители!I83=\"9\",ROUND(B83*Начисления!M83/100,0),0)","v":0},{"$f":"IF(Определители!I83=\"9\",ROUND(B83*(100-Начисления!M83)/100,0),0)","v":0},{"$f":"ROUND('Форма по МДС 81-35.2004'!F1808*'Базовые цены за единицу'!AE83,0)","v":0}]
[{"$f":"'Форма по МДС 81-35.2004'!A1828","v":"79."},{"$f":"'Форма по МДС 81-35.2004'!N1828","v":5},{"$f":"ROUND(SUMIF('Форма по МДС 81-35.2004'!J1828:J1847,\"Г\",'Форма по МДС 81-35.2004'!N1828:N1847),0)","v":2},{"$f":"ROUND(SUMIF('Форма по МДС 81-35.2004'!J1828:J1847,\"IsMash\",'Форма по МДС 81-35.2004'!N1828:N1847),0)","v":3},{"$f":"'Форма по МДС 81-35.2004'!N1829","v":0},{"$f":"ROUND(SUMIF('Форма по МДС 81-35.2004'!J1828:J1847,\"IsMater\",'Форма по МДС 81-35.2004'!N1828:N1847),0)","v":0},{"$f":"ROUND('Форма по МДС 81-35.2004'!F1828*'Базовые цены за единицу'!G84,0)","v":0},{"$f":"ROUND('Форма по МДС 81-35.2004'!F1828*'Базовые цены за единицу'!H84,0)","v":0},{"$f":"ОКРУГЛВСЕ(SUMIF('Форма по МДС 81-35.2004'!J1828:J1847,\"Г\",'Форма по МДС 81-35.2004'!F1828:F1847),8)","v":0.23813999999999999},{"$f":"ОКРУГЛВСЕ('Форма по МДС 81-35.2004'!F1828*'Базовые цены за единицу'!J84,8)","v":0},{"$f":"ОКРУГЛВСЕ(SUMIF('Форма по МДС 81-35.2004'!J1828:J1847,\"Ж\",'Форма по МДС 81-35.2004'!F1828:F1847),8)","v":3.9690000000000003E-2},{"$f":"ROUND('Форма по МДС 81-35.2004'!F1828*'Базовые цены за единицу'!L84,0)","v":0},{"$f":"ROUND('Форма по МДС 81-35.2004'!F1828*'Базовые цены за единицу'!M84,0)","v":0},{"$f":"ROUND(B84*'Форма по МДС 81-35.2004'!M1842/100,0)","v":1},{"$f":"ROUND((B84+N84)*'Форма по МДС 81-35.2004'!M1845/100,0)","v":0},{"$f":"ROUND('Форма по МДС 81-35.2004'!F1828*'Базовые цены за единицу'!P84,0)","v":0},{"$f":"ROUND('Форма по МДС 81-35.2004'!F1828*'Базовые цены за единицу'!Q84,0)","v":0},{"$f":"ROUND('Форма по МДС 81-35.2004'!F1828*'Базовые цены за единицу'!R84,0)","v":0},{"$f":"ROUND('Форма по МДС 81-35.2004'!F1828*'Базовые цены за единицу'!S84,0)","v":0},{"$f":"ROUND('Форма по МДС 81-35.2004'!F1828*'Базовые цены за единицу'!T84,0)","v":0},{"$f":"ROUND('Форма по МДС 81-35.2004'!F1828*'Базовые цены за единицу'!U84,0)","v":0},{"$f":"ROUND('Форма по МДС 81-35.2004'!F1828*'Базовые цены за единицу'!V84,0)","v":0},null,{"$f":"ROUND('Форма по МДС 81-35.2004'!F1828*'Базовые цены за единицу'!X84,0)","v":0},{"$f":"IF(Определители!I84=\"9\",ROUND(B84*(Начисления!M84/100)*'Форма по МДС 81-35.2004'!M1842/100,0),0)","v":0},{"$f":"IF(Определители!I84=\"9\",ROUND(B84*(100-Начисления!M84/100)*'Форма по МДС 81-35.2004'!M1842/100,0),0)","v":0},{"$f":"IF(Определители!I84=\"9\",ROUND((C84+E84)*(Начисления!M84/100)*('Форма по МДС 81-35.2004'!M1845/100),0),0)","v":0},{"$f":"IF(Определители!I84=\"9\",ROUND((C84+E84)*(100-Начисления!M84/100)*('Форма по МДС 81-35.2004'!M1845/100),0),0)","v":0},{"$f":"IF(Определители!I84=\"9\",ROUND(B84*Начисления!M84/100,0),0)","v":0},{"$f":"IF(Определители!I84=\"9\",ROUND(B84*(100-Начисления!M84)/100,0),0)","v":0},{"$f":"ROUND('Форма по МДС 81-35.2004'!F1828*'Базовые цены за единицу'!AE84,0)","v":0}]
[{"$f":"'Форма по МДС 81-35.2004'!A1848","v":"80."},{"$f":"'Форма по МДС 81-35.2004'!N1848","v":0},{"$f":"ROUND(SUMIF('Форма по МДС 81-35.2004'!J1848:J1865,\"Г\",'Форма по МДС 81-35.2004'!N1848:N1865),0)","v":0},{"$f":"ROUND(SUMIF('Форма по МДС 81-35.2004'!J1848:J1865,\"IsMash\",'Форма по МДС 81-35.2004'!N1848:N1865),0)","v":0},{"$f":"'Форма по МДС 81-35.2004'!N1849","v":0},{"$f":"ROUND(SUMIF('Форма по МДС 81-35.2004'!J1848:J1865,\"IsMater\",'Форма по МДС 81-35.2004'!N1848:N1865),0)","v":0},{"$f":"ROUND('Форма по МДС 81-35.2004'!F1848*'Базовые цены за единицу'!G85,0)","v":0},{"$f":"ROUND('Форма по МДС 81-35.2004'!F1848*'Базовые цены за единицу'!H85,0)","v":0},{"$f":"ОКРУГЛВСЕ(SUMIF('Форма по МДС 81-35.2004'!J1848:J1865,\"Г\",'Форма по МДС 81-35.2004'!F1848:F1865),8)","v":0.18679999999999999},{"$f":"ОКРУГЛВСЕ('Форма по МДС 81-35.2004'!F1848*'Базовые цены за единицу'!J85,8)","v":0},{"$f":"ОКРУГЛВСЕ(SUMIF('Форма по МДС 81-35.2004'!J1848:J1865,\"Ж\",'Форма по МДС 81-35.2004'!F1848:F1865),8)","v":0},{"$f":"ROUND('Форма по МДС 81-35.2004'!F1848*'Базовые цены за единицу'!L85,0)","v":0},{"$f":"ROUND('Форма по МДС 81-35.2004'!F1848*'Базовые цены за единицу'!M85,0)","v":0},{"$f":"ROUND(B85*'Форма по МДС 81-35.2004'!M1860/100,0)","v":0},{"$f":"ROUND((B85+N85)*'Форма по МДС 81-35.2004'!M1863/100,0)","v":0},{"$f":"ROUND('Форма по МДС 81-35.2004'!F1848*'Базовые цены за единицу'!P85,0)","v":0},{"$f":"ROUND('Форма по МДС 81-35.2004'!F1848*'Базовые цены за единицу'!Q85,0)","v":0},{"$f":"ROUND('Форма по МДС 81-35.2004'!F1848*'Базовые цены за единицу'!R85,0)","v":0},{"$f":"ROUND('Форма по МДС 81-35.2004'!F1848*'Базовые цены за единицу'!S85,0)","v":0},{"$f":"ROUND('Форма по МДС 81-35.2004'!F1848*'Базовые цены за единицу'!T85,0)","v":0},{"$f":"ROUND('Форма по МДС 81-35.2004'!F1848*'Базовые цены за единицу'!U85,0)","v":0},{"$f":"ROUND('Форма по МДС 81-35.2004'!F1848*'Базовые цены за единицу'!V85,0)","v":0},null,{"$f":"ROUND('Форма по МДС 81-35.2004'!F1848*'Базовые цены за единицу'!X85,0)","v":0},{"$f":"IF(Определители!I85=\"9\",ROUND(B85*(Начисления!M85/100)*'Форма по МДС 81-35.2004'!M1860/100,0),0)","v":0},{"$f":"IF(Определители!I85=\"9\",ROUND(B85*(100-Начисления!M85/100)*'Форма по МДС 81-35.2004'!M1860/100,0),0)","v":0},{"$f":"IF(Определители!I85=\"9\",ROUND((C85+E85)*(Начисления!M85/100)*('Форма по МДС 81-35.2004'!M1863/100),0),0)","v":0},{"$f":"IF(Определители!I85=\"9\",ROUND((C85+E85)*(100-Начисления!M85/100)*('Форма по МДС 81-35.2004'!M1863/100),0),0)","v":0},{"$f":"IF(Определители!I85=\"9\",ROUND(B85*Начисления!M85/100,0),0)","v":0},{"$f":"IF(Определители!I85=\"9\",ROUND(B85*(100-Начисления!M85)/100,0),0)","v":0},{"$f":"ROUND('Форма по МДС 81-35.2004'!F1848*'Базовые цены за единицу'!AE85,0)","v":0}]
[{"$f":"'Форма по МДС 81-35.2004'!A1866","v":"81."},{"$f":"'Форма по МДС 81-35.2004'!N1866","v":0},{"$f":"ROUND(SUMIF('Форма по МДС 81-35.2004'!J1866:J1893,\"Г\",'Форма по МДС 81-35.2004'!N1866:N1893),0)","v":0},{"$f":"ROUND(SUMIF('Форма по МДС 81-35.2004'!J1866:J1893,\"IsMash\",'Форма по МДС 81-35.2004'!N1866:N1893),0)","v":0},{"$f":"'Форма по МДС 81-35.2004'!N1867","v":0},{"$f":"ROUND(SUMIF('Форма по МДС 81-35.2004'!J1866:J1893,\"IsMater\",'Форма по МДС 81-35.2004'!N1866:N1893),0)","v":0},{"$f":"ROUND('Форма по МДС 81-35.2004'!F1866*'Базовые цены за единицу'!G86,0)","v":0},{"$f":"ROUND('Форма по МДС 81-35.2004'!F1866*'Базовые цены за единицу'!H86,0)","v":0},{"$f":"ОКРУГЛВСЕ(SUMIF('Форма по МДС 81-35.2004'!J1866:J1893,\"Г\",'Форма по МДС 81-35.2004'!F1866:F1893),8)","v":0.42399999999999999},{"$f":"ОКРУГЛВСЕ('Форма по МДС 81-35.2004'!F1866*'Базовые цены за единицу'!J86,8)","v":0},{"$f":"ОКРУГЛВСЕ(SUMIF('Форма по МДС 81-35.2004'!J1866:J1893,\"Ж\",'Форма по МДС 81-35.2004'!F1866:F1893),8)","v":4.1999999999999997E-3},{"$f":"ROUND('Форма по МДС 81-35.2004'!F1866*'Базовые цены за единицу'!L86,0)","v":0},{"$f":"ROUND('Форма по МДС 81-35.2004'!F1866*'Базовые цены за единицу'!M86,0)","v":0},{"$f":"ROUND(B86*'Форма по МДС 81-35.2004'!M1888/100,0)","v":0},{"$f":"ROUND((B86+N86)*'Форма по МДС 81-35.2004'!M1891/100,0)","v":0},{"$f":"ROUND('Форма по МДС 81-35.2004'!F1866*'Базовые цены за единицу'!P86,0)","v":0},{"$f":"ROUND('Форма по МДС 81-35.2004'!F1866*'Базовые цены за единицу'!Q86,0)","v":0},{"$f":"ROUND('Форма по МДС 81-35.2004'!F1866*'Базовые цены за единицу'!R86,0)","v":0},{"$f":"ROUND('Форма по МДС 81-35.2004'!F1866*'Базовые цены за единицу'!S86,0)","v":0},{"$f":"ROUND('Форма по МДС 81-35.2004'!F1866*'Базовые цены за единицу'!T86,0)","v":0},{"$f":"ROUND('Форма по МДС 81-35.2004'!F1866*'Базовые цены за единицу'!U86,0)","v":0},{"$f":"ROUND('Форма по МДС 81-35.2004'!F1866*'Базовые цены за единицу'!V86,0)","v":0},null,{"$f":"ROUND('Форма по МДС 81-35.2004'!F1866*'Базовые цены за единицу'!X86,0)","v":0},{"$f":"IF(Определители!I86=\"9\",ROUND(B86*(Начисления!M86/100)*'Форма по МДС 81-35.2004'!M1888/100,0),0)","v":0},{"$f":"IF(Определители!I86=\"9\",ROUND(B86*(100-Начисления!M86/100)*'Форма по МДС 81-35.2004'!M1888/100,0),0)","v":0},{"$f":"IF(Определители!I86=\"9\",ROUND((C86+E86)*(Начисления!M86/100)*('Форма по МДС 81-35.2004'!M1891/100),0),0)","v":0},{"$f":"IF(Определители!I86=\"9\",ROUND((C86+E86)*(100-Начисления!M86/100)*('Форма по МДС 81-35.2004'!M1891/100),0),0)","v":0},{"$f":"IF(Определители!I86=\"9\",ROUND(B86*Начисления!M86/100,0),0)","v":0},{"$f":"IF(Определители!I86=\"9\",ROUND(B86*(100-Начисления!M86)/100,0),0)","v":0},{"$f":"ROUND('Форма по МДС 81-35.2004'!F1866*'Базовые цены за единицу'!AE86,0)","v":0}]
[{"$f":"'Форма по МДС 81-35.2004'!A1894","v":"82."},{"$f":"'Форма по МДС 81-35.2004'!N1894","v":14},{"$f":"ROUND(SUMIF('Форма по МДС 81-35.2004'!J1894:J1921,\"Г\",'Форма по МДС 81-35.2004'!N1894:N1921),0)","v":4},{"$f":"ROUND(SUMIF('Форма по МДС 81-35.2004'!J1894:J1921,\"IsMash\",'Форма по МДС 81-35.2004'!N1894:N1921),0)","v":10},{"$f":"'Форма по МДС 81-35.2004'!N1895","v":2},{"$f":"ROUND(SUMIF('Форма по МДС 81-35.2004'!J1894:J1921,\"IsMater\",'Форма по МДС 81-35.2004'!N1894:N1921),0)","v":0},{"$f":"ROUND('Форма по МДС 81-35.2004'!F1894*'Базовые цены за единицу'!G87,0)","v":0},{"$f":"ROUND('Форма по МДС 81-35.2004'!F1894*'Базовые цены за единицу'!H87,0)","v":0},{"$f":"ОКРУГЛВСЕ(SUMIF('Форма по МДС 81-35.2004'!J1894:J1921,\"Г\",'Форма по МДС 81-35.2004'!F1894:F1921),8)","v":0.4531},{"$f":"ОКРУГЛВСЕ('Форма по МДС 81-35.2004'!F1894*'Базовые цены за единицу'!J87,8)","v":0},{"$f":"ОКРУГЛВСЕ(SUMIF('Форма по МДС 81-35.2004'!J1894:J1921,\"Ж\",'Форма по МДС 81-35.2004'!F1894:F1921),8)","v":0.12939999999999999},{"$f":"ROUND('Форма по МДС 81-35.2004'!F1894*'Базовые цены за единицу'!L87,0)","v":0},{"$f":"ROUND('Форма по МДС 81-35.2004'!F1894*'Базовые цены за единицу'!M87,0)","v":0},{"$f":"ROUND(B87*'Форма по МДС 81-35.2004'!M1916/100,0)","v":2},{"$f":"ROUND((B87+N87)*'Форма по МДС 81-35.2004'!M1919/100,0)","v":1},{"$f":"ROUND('Форма по МДС 81-35.2004'!F1894*'Базовые цены за единицу'!P87,0)","v":0},{"$f":"ROUND('Форма по МДС 81-35.2004'!F1894*'Базовые цены за единицу'!Q87,0)","v":0},{"$f":"ROUND('Форма по МДС 81-35.2004'!F1894*'Базовые цены за единицу'!R87,0)","v":0},{"$f":"ROUND('Форма по МДС 81-35.2004'!F1894*'Базовые цены за единицу'!S87,0)","v":0},{"$f":"ROUND('Форма по МДС 81-35.2004'!F1894*'Базовые цены за единицу'!T87,0)","v":0},{"$f":"ROUND('Форма по МДС 81-35.2004'!F1894*'Базовые цены за единицу'!U87,0)","v":0},{"$f":"ROUND('Форма по МДС 81-35.2004'!F1894*'Базовые цены за единицу'!V87,0)","v":0},null,{"$f":"ROUND('Форма по МДС 81-35.2004'!F1894*'Базовые цены за единицу'!X87,0)","v":0},{"$f":"IF(Определители!I87=\"9\",ROUND(B87*(Начисления!M87/100)*'Форма по МДС 81-35.2004'!M1916/100,0),0)","v":0},{"$f":"IF(Определители!I87=\"9\",ROUND(B87*(100-Начисления!M87/100)*'Форма по МДС 81-35.2004'!M1916/100,0),0)","v":0},{"$f":"IF(Определители!I87=\"9\",ROUND((C87+E87)*(Начисления!M87/100)*('Форма по МДС 81-35.2004'!M1919/100),0),0)","v":0},{"$f":"IF(Определители!I87=\"9\",ROUND((C87+E87)*(100-Начисления!M87/100)*('Форма по МДС 81-35.2004'!M1919/100),0),0)","v":0},{"$f":"IF(Определители!I87=\"9\",ROUND(B87*Начисления!M87/100,0),0)","v":0},{"$f":"IF(Определители!I87=\"9\",ROUND(B87*(100-Начисления!M87)/100,0),0)","v":0},{"$f":"ROUND('Форма по МДС 81-35.2004'!F1894*'Базовые цены за единицу'!AE87,0)","v":0}]
[{"$f":"'Форма по МДС 81-35.2004'!A1922","v":"83."},{"$f":"'Форма по МДС 81-35.2004'!N1922","v":2},{"$f":"ROUND(SUMIF('Форма по МДС 81-35.2004'!J1922:J1943,\"Г\",'Форма по МДС 81-35.2004'!N1922:N1943),0)","v":0},{"$f":"ROUND(SUMIF('Форма по МДС 81-35.2004'!J1922:J1943,\"IsMash\",'Форма по МДС 81-35.2004'!N1922:N1943),0)","v":0},{"$f":"'Форма по МДС 81-35.2004'!N1923","v":0},{"$f":"ROUND(SUMIF('Форма по МДС 81-35.2004'!J1922:J1943,\"IsMater\",'Форма по МДС 81-35.2004'!N1922:N1943),0)","v":2},{"$f":"ROUND('Форма по МДС 81-35.2004'!F1922*'Базовые цены за единицу'!G88,0)","v":2},{"$f":"ROUND('Форма по МДС 81-35.2004'!F1922*'Базовые цены за единицу'!H88,0)","v":0},{"$f":"ОКРУГЛВСЕ(SUMIF('Форма по МДС 81-35.2004'!J1922:J1943,\"Г\",'Форма по МДС 81-35.2004'!F1922:F1943),8)","v":2.172E-2},{"$f":"ОКРУГЛВСЕ('Форма по МДС 81-35.2004'!F1922*'Базовые цены за единицу'!J88,8)","v":0},{"$f":"ОКРУГЛВСЕ(SUMIF('Форма по МДС 81-35.2004'!J1922:J1943,\"Ж\",'Форма по МДС 81-35.2004'!F1922:F1943),8)","v":5.4299999999999999E-3},{"$f":"ROUND('Форма по МДС 81-35.2004'!F1922*'Базовые цены за единицу'!L88,0)","v":0},{"$f":"ROUND('Форма по МДС 81-35.2004'!F1922*'Базовые цены за единицу'!M88,0)","v":0},{"$f":"ROUND(B88*'Форма по МДС 81-35.2004'!M1938/100,0)","v":0},{"$f":"ROUND((B88+N88)*'Форма по МДС 81-35.2004'!M1941/100,0)","v":0},{"$f":"ROUND('Форма по МДС 81-35.2004'!F1922*'Базовые цены за единицу'!P88,0)","v":0},{"$f":"ROUND('Форма по МДС 81-35.2004'!F1922*'Базовые цены за единицу'!Q88,0)","v":0},{"$f":"ROUND('Форма по МДС 81-35.2004'!F1922*'Базовые цены за единицу'!R88,0)","v":0},{"$f":"ROUND('Форма по МДС 81-35.2004'!F1922*'Базовые цены за единицу'!S88,0)","v":0},{"$f":"ROUND('Форма по МДС 81-35.2004'!F1922*'Базовые цены за единицу'!T88,0)","v":0},{"$f":"ROUND('Форма по МДС 81-35.2004'!F1922*'Базовые цены за единицу'!U88,0)","v":0},{"$f":"ROUND('Форма по МДС 81-35.2004'!F1922*'Базовые цены за единицу'!V88,0)","v":0},null,{"$f":"ROUND('Форма по МДС 81-35.2004'!F1922*'Базовые цены за единицу'!X88,0)","v":0},{"$f":"IF(Определители!I88=\"9\",ROUND(B88*(Начисления!M88/100)*'Форма по МДС 81-35.2004'!M1938/100,0),0)","v":0},{"$f":"IF(Определители!I88=\"9\",ROUND(B88*(100-Начисления!M88/100)*'Форма по МДС 81-35.2004'!M1938/100,0),0)","v":0},{"$f":"IF(Определители!I88=\"9\",ROUND((C88+E88)*(Начисления!M88/100)*('Форма по МДС 81-35.2004'!M1941/100),0),0)","v":0},{"$f":"IF(Определители!I88=\"9\",ROUND((C88+E88)*(100-Начисления!M88/100)*('Форма по МДС 81-35.2004'!M1941/100),0),0)","v":0},{"$f":"IF(Определители!I88=\"9\",ROUND(B88*Начисления!M88/100,0),0)","v":0},{"$f":"IF(Определители!I88=\"9\",ROUND(B88*(100-Начисления!M88)/100,0),0)","v":0},{"$f":"ROUND('Форма по МДС 81-35.2004'!F1922*'Базовые цены за единицу'!AE88,0)","v":0}]
[{"$f":"'Форма по МДС 81-35.2004'!A1944","v":"84."},{"$f":"'Форма по МДС 81-35.2004'!N1944","v":24},{"$f":"ROUND(SUMIF('Форма по МДС 81-35.2004'!J1944:J1964,\"Г\",'Форма по МДС 81-35.2004'!N1944:N1964),0)","v":1},{"$f":"ROUND(SUMIF('Форма по МДС 81-35.2004'!J1944:J1964,\"IsMash\",'Форма по МДС 81-35.2004'!N1944:N1964),0)","v":23},{"$f":"'Форма по МДС 81-35.2004'!N1945","v":2},{"$f":"ROUND(SUMIF('Форма по МДС 81-35.2004'!J1944:J1964,\"IsMater\",'Форма по МДС 81-35.2004'!N1944:N1964),0)","v":0},{"$f":"ROUND('Форма по МДС 81-35.2004'!F1944*'Базовые цены за единицу'!G89,0)","v":0},{"$f":"ROUND('Форма по МДС 81-35.2004'!F1944*'Базовые цены за единицу'!H89,0)","v":0},{"$f":"ОКРУГЛВСЕ(SUMIF('Форма по МДС 81-35.2004'!J1944:J1964,\"Г\",'Форма по МДС 81-35.2004'!F1944:F1964),8)","v":0.12314},{"$f":"ОКРУГЛВСЕ('Форма по МДС 81-35.2004'!F1944*'Базовые цены за единицу'!J89,8)","v":0},{"$f":"ОКРУГЛВСЕ(SUMIF('Форма по МДС 81-35.2004'!J1944:J1964,\"Ж\",'Форма по МДС 81-35.2004'!F1944:F1964),8)","v":0.12314},{"$f":"ROUND('Форма по МДС 81-35.2004'!F1944*'Базовые цены за единицу'!L89,0)","v":0},{"$f":"ROUND('Форма по МДС 81-35.2004'!F1944*'Базовые цены за единицу'!M89,0)","v":0},{"$f":"ROUND(B89*'Форма по МДС 81-35.2004'!M1959/100,0)","v":3},{"$f":"ROUND((B89+N89)*'Форма по МДС 81-35.2004'!M1962/100,0)","v":2},{"$f":"ROUND('Форма по МДС 81-35.2004'!F1944*'Базовые цены за единицу'!P89,0)","v":0},{"$f":"ROUND('Форма по МДС 81-35.2004'!F1944*'Базовые цены за единицу'!Q89,0)","v":0},{"$f":"ROUND('Форма по МДС 81-35.2004'!F1944*'Базовые цены за единицу'!R89,0)","v":0},{"$f":"ROUND('Форма по МДС 81-35.2004'!F1944*'Базовые цены за единицу'!S89,0)","v":0},{"$f":"ROUND('Форма по МДС 81-35.2004'!F1944*'Базовые цены за единицу'!T89,0)","v":0},{"$f":"ROUND('Форма по МДС 81-35.2004'!F1944*'Базовые цены за единицу'!U89,0)","v":0},{"$f":"ROUND('Форма по МДС 81-35.2004'!F1944*'Базовые цены за единицу'!V89,0)","v":0},null,{"$f":"ROUND('Форма по МДС 81-35.2004'!F1944*'Базовые цены за единицу'!X89,0)","v":0},{"$f":"IF(Определители!I89=\"9\",ROUND(B89*(Начисления!M89/100)*'Форма по МДС 81-35.2004'!M1959/100,0),0)","v":0},{"$f":"IF(Определители!I89=\"9\",ROUND(B89*(100-Начисления!M89/100)*'Форма по МДС 81-35.2004'!M1959/100,0),0)","v":0},{"$f":"IF(Определители!I89=\"9\",ROUND((C89+E89)*(Начисления!M89/100)*('Форма по МДС 81-35.2004'!M1962/100),0),0)","v":0},{"$f":"IF(Определители!I89=\"9\",ROUND((C89+E89)*(100-Начисления!M89/100)*('Форма по МДС 81-35.2004'!M1962/100),0),0)","v":0},{"$f":"IF(Определители!I89=\"9\",ROUND(B89*Начисления!M89/100,0),0)","v":0},{"$f":"IF(Определители!I89=\"9\",ROUND(B89*(100-Начисления!M89)/100,0),0)","v":0},{"$f":"ROUND('Форма по МДС 81-35.2004'!F1944*'Базовые цены за единицу'!AE89,0)","v":0}]
[{"$f":"'Форма по МДС 81-35.2004'!A1965","v":"85."},{"$f":"'Форма по МДС 81-35.2004'!N1965","v":15},{"$f":"ROUND(SUMIF('Форма по МДС 81-35.2004'!J1965:J1989,\"Г\",'Форма по МДС 81-35.2004'!N1965:N1989),0)","v":4},{"$f":"ROUND(SUMIF('Форма по МДС 81-35.2004'!J1965:J1989,\"IsMash\",'Форма по МДС 81-35.2004'!N1965:N1989),0)","v":9},{"$f":"'Форма по МДС 81-35.2004'!N1966","v":1},{"$f":"ROUND(SUMIF('Форма по МДС 81-35.2004'!J1965:J1989,\"IsMater\",'Форма по МДС 81-35.2004'!N1965:N1989),0)","v":3},{"$f":"ROUND('Форма по МДС 81-35.2004'!F1965*'Базовые цены за единицу'!G90,0)","v":3},{"$f":"ROUND('Форма по МДС 81-35.2004'!F1965*'Базовые цены за единицу'!H90,0)","v":0},{"$f":"ОКРУГЛВСЕ(SUMIF('Форма по МДС 81-35.2004'!J1965:J1989,\"Г\",'Форма по МДС 81-35.2004'!F1965:F1989),8)","v":0.42},{"$f":"ОКРУГЛВСЕ('Форма по МДС 81-35.2004'!F1965*'Базовые цены за единицу'!J90,8)","v":0},{"$f":"ОКРУГЛВСЕ(SUMIF('Форма по МДС 81-35.2004'!J1965:J1989,\"Ж\",'Форма по МДС 81-35.2004'!F1965:F1989),8)","v":0.105},{"$f":"ROUND('Форма по МДС 81-35.2004'!F1965*'Базовые цены за единицу'!L90,0)","v":0},{"$f":"ROUND('Форма по МДС 81-35.2004'!F1965*'Базовые цены за единицу'!M90,0)","v":0},{"$f":"ROUND(B90*'Форма по МДС 81-35.2004'!M1984/100,0)","v":2},{"$f":"ROUND((B90+N90)*'Форма по МДС 81-35.2004'!M1987/100,0)","v":1},{"$f":"ROUND('Форма по МДС 81-35.2004'!F1965*'Базовые цены за единицу'!P90,0)","v":0},{"$f":"ROUND('Форма по МДС 81-35.2004'!F1965*'Базовые цены за единицу'!Q90,0)","v":0},{"$f":"ROUND('Форма по МДС 81-35.2004'!F1965*'Базовые цены за единицу'!R90,0)","v":0},{"$f":"ROUND('Форма по МДС 81-35.2004'!F1965*'Базовые цены за единицу'!S90,0)","v":0},{"$f":"ROUND('Форма по МДС 81-35.2004'!F1965*'Базовые цены за единицу'!T90,0)","v":0},{"$f":"ROUND('Форма по МДС 81-35.2004'!F1965*'Базовые цены за единицу'!U90,0)","v":0},{"$f":"ROUND('Форма по МДС 81-35.2004'!F1965*'Базовые цены за единицу'!V90,0)","v":0},null,{"$f":"ROUND('Форма по МДС 81-35.2004'!F1965*'Базовые цены за единицу'!X90,0)","v":0},{"$f":"IF(Определители!I90=\"9\",ROUND(B90*(Начисления!M90/100)*'Форма по МДС 81-35.2004'!M1984/100,0),0)","v":0},{"$f":"IF(Определители!I90=\"9\",ROUND(B90*(100-Начисления!M90/100)*'Форма по МДС 81-35.2004'!M1984/100,0),0)","v":0},{"$f":"IF(Определители!I90=\"9\",ROUND((C90+E90)*(Начисления!M90/100)*('Форма по МДС 81-35.2004'!M1987/100),0),0)","v":0},{"$f":"IF(Определители!I90=\"9\",ROUND((C90+E90)*(100-Начисления!M90/100)*('Форма по МДС 81-35.2004'!M1987/100),0),0)","v":0},{"$f":"IF(Определители!I90=\"9\",ROUND(B90*Начисления!M90/100,0),0)","v":0},{"$f":"IF(Определители!I90=\"9\",ROUND(B90*(100-Начисления!M90)/100,0),0)","v":0},{"$f":"ROUND('Форма по МДС 81-35.2004'!F1965*'Базовые цены за единицу'!AE90,0)","v":0}]
[{"$f":"'Форма по МДС 81-35.2004'!A1990","v":"86."},{"$f":"'Форма по МДС 81-35.2004'!N1990","v":16},{"$f":"ROUND(SUMIF('Форма по МДС 81-35.2004'!J1990:J2012,\"Г\",'Форма по МДС 81-35.2004'!N1990:N2012),0)","v":2},{"$f":"ROUND(SUMIF('Форма по МДС 81-35.2004'!J1990:J2012,\"IsMash\",'Форма по МДС 81-35.2004'!N1990:N2012),0)","v":7},{"$f":"'Форма по МДС 81-35.2004'!N1991","v":1},{"$f":"ROUND(SUMIF('Форма по МДС 81-35.2004'!J1990:J2012,\"IsMater\",'Форма по МДС 81-35.2004'!N1990:N2012),0)","v":6},{"$f":"ROUND('Форма по МДС 81-35.2004'!F1990*'Базовые цены за единицу'!G91,0)","v":6},{"$f":"ROUND('Форма по МДС 81-35.2004'!F1990*'Базовые цены за единицу'!H91,0)","v":0},{"$f":"ОКРУГЛВСЕ(SUMIF('Форма по МДС 81-35.2004'!J1990:J2012,\"Г\",'Форма по МДС 81-35.2004'!F1990:F2012),8)","v":0.32},{"$f":"ОКРУГЛВСЕ('Форма по МДС 81-35.2004'!F1990*'Базовые цены за единицу'!J91,8)","v":0},{"$f":"ОКРУГЛВСЕ(SUMIF('Форма по МДС 81-35.2004'!J1990:J2012,\"Ж\",'Форма по МДС 81-35.2004'!F1990:F2012),8)","v":0.08},{"$f":"ROUND('Форма по МДС 81-35.2004'!F1990*'Базовые цены за единицу'!L91,0)","v":0},{"$f":"ROUND('Форма по МДС 81-35.2004'!F1990*'Базовые цены за единицу'!M91,0)","v":0},{"$f":"ROUND(B91*'Форма по МДС 81-35.2004'!M2007/100,0)","v":2},{"$f":"ROUND((B91+N91)*'Форма по МДС 81-35.2004'!M2010/100,0)","v":1},{"$f":"ROUND('Форма по МДС 81-35.2004'!F1990*'Базовые цены за единицу'!P91,0)","v":0},{"$f":"ROUND('Форма по МДС 81-35.2004'!F1990*'Базовые цены за единицу'!Q91,0)","v":0},{"$f":"ROUND('Форма по МДС 81-35.2004'!F1990*'Базовые цены за единицу'!R91,0)","v":0},{"$f":"ROUND('Форма по МДС 81-35.2004'!F1990*'Базовые цены за единицу'!S91,0)","v":0},{"$f":"ROUND('Форма по МДС 81-35.2004'!F1990*'Базовые цены за единицу'!T91,0)","v":0},{"$f":"ROUND('Форма по МДС 81-35.2004'!F1990*'Базовые цены за единицу'!U91,0)","v":0},{"$f":"ROUND('Форма по МДС 81-35.2004'!F1990*'Базовые цены за единицу'!V91,0)","v":0},null,{"$f":"ROUND('Форма по МДС 81-35.2004'!F1990*'Базовые цены за единицу'!X91,0)","v":0},{"$f":"IF(Определители!I91=\"9\",ROUND(B91*(Начисления!M91/100)*'Форма по МДС 81-35.2004'!M2007/100,0),0)","v":0},{"$f":"IF(Определители!I91=\"9\",ROUND(B91*(100-Начисления!M91/100)*'Форма по МДС 81-35.2004'!M2007/100,0),0)","v":0},{"$f":"IF(Определители!I91=\"9\",ROUND((C91+E91)*(Начисления!M91/100)*('Форма по МДС 81-35.2004'!M2010/100),0),0)","v":0},{"$f":"IF(Определители!I91=\"9\",ROUND((C91+E91)*(100-Начисления!M91/100)*('Форма по МДС 81-35.2004'!M2010/100),0),0)","v":0},{"$f":"IF(Определители!I91=\"9\",ROUND(B91*Начисления!M91/100,0),0)","v":0},{"$f":"IF(Определители!I91=\"9\",ROUND(B91*(100-Начисления!M91)/100,0),0)","v":0},{"$f":"ROUND('Форма по МДС 81-35.2004'!F1990*'Базовые цены за единицу'!AE91,0)","v":0}]
[{"$f":"'Форма по МДС 81-35.2004'!A2013","v":"87."},{"$f":"'Форма по МДС 81-35.2004'!N2013","v":13},{"$f":"ROUND(SUMIF('Форма по МДС 81-35.2004'!J2013:J2034,\"Г\",'Форма по МДС 81-35.2004'!N2013:N2034),0)","v":1},{"$f":"ROUND(SUMIF('Форма по МДС 81-35.2004'!J2013:J2034,\"IsMash\",'Форма по МДС 81-35.2004'!N2013:N2034),0)","v":3},{"$f":"'Форма по МДС 81-35.2004'!N2014","v":0},{"$f":"ROUND(SUMIF('Форма по МДС 81-35.2004'!J2013:J2034,\"IsMater\",'Форма по МДС 81-35.2004'!N2013:N2034),0)","v":9},{"$f":"ROUND('Форма по МДС 81-35.2004'!F2013*'Базовые цены за единицу'!G92,0)","v":9},{"$f":"ROUND('Форма по МДС 81-35.2004'!F2013*'Базовые цены за единицу'!H92,0)","v":0},{"$f":"ОКРУГЛВСЕ(SUMIF('Форма по МДС 81-35.2004'!J2013:J2034,\"Г\",'Форма по МДС 81-35.2004'!F2013:F2034),8)","v":0.12848000000000001},{"$f":"ОКРУГЛВСЕ('Форма по МДС 81-35.2004'!F2013*'Базовые цены за единицу'!J92,8)","v":0},{"$f":"ОКРУГЛВСЕ(SUMIF('Форма по МДС 81-35.2004'!J2013:J2034,\"Ж\",'Форма по МДС 81-35.2004'!F2013:F2034),8)","v":3.2120000000000003E-2},{"$f":"ROUND('Форма по МДС 81-35.2004'!F2013*'Базовые цены за единицу'!L92,0)","v":0},{"$f":"ROUND('Форма по МДС 81-35.2004'!F2013*'Базовые цены за единицу'!M92,0)","v":0},{"$f":"ROUND(B92*'Форма по МДС 81-35.2004'!M2029/100,0)","v":2},{"$f":"ROUND((B92+N92)*'Форма по МДС 81-35.2004'!M2032/100,0)","v":1},{"$f":"ROUND('Форма по МДС 81-35.2004'!F2013*'Базовые цены за единицу'!P92,0)","v":0},{"$f":"ROUND('Форма по МДС 81-35.2004'!F2013*'Базовые цены за единицу'!Q92,0)","v":0},{"$f":"ROUND('Форма по МДС 81-35.2004'!F2013*'Базовые цены за единицу'!R92,0)","v":0},{"$f":"ROUND('Форма по МДС 81-35.2004'!F2013*'Базовые цены за единицу'!S92,0)","v":0},{"$f":"ROUND('Форма по МДС 81-35.2004'!F2013*'Базовые цены за единицу'!T92,0)","v":0},{"$f":"ROUND('Форма по МДС 81-35.2004'!F2013*'Базовые цены за единицу'!U92,0)","v":0},{"$f":"ROUND('Форма по МДС 81-35.2004'!F2013*'Базовые цены за единицу'!V92,0)","v":0},null,{"$f":"ROUND('Форма по МДС 81-35.2004'!F2013*'Базовые цены за единицу'!X92,0)","v":0},{"$f":"IF(Определители!I92=\"9\",ROUND(B92*(Начисления!M92/100)*'Форма по МДС 81-35.2004'!M2029/100,0),0)","v":0},{"$f":"IF(Определители!I92=\"9\",ROUND(B92*(100-Начисления!M92/100)*'Форма по МДС 81-35.2004'!M2029/100,0),0)","v":0},{"$f":"IF(Определители!I92=\"9\",ROUND((C92+E92)*(Начисления!M92/100)*('Форма по МДС 81-35.2004'!M2032/100),0),0)","v":0},{"$f":"IF(Определители!I92=\"9\",ROUND((C92+E92)*(100-Начисления!M92/100)*('Форма по МДС 81-35.2004'!M2032/100),0),0)","v":0},{"$f":"IF(Определители!I92=\"9\",ROUND(B92*Начисления!M92/100,0),0)","v":0},{"$f":"IF(Определители!I92=\"9\",ROUND(B92*(100-Начисления!M92)/100,0),0)","v":0},{"$f":"ROUND('Форма по МДС 81-35.2004'!F2013*'Базовые цены за единицу'!AE92,0)","v":0}]
[{"$f":"'Форма по МДС 81-35.2004'!A2035","v":"88."},{"$f":"'Форма по МДС 81-35.2004'!N2035","v":14},{"$f":"ROUND(SUMIF('Форма по МДС 81-35.2004'!J2035:J2058,\"Г\",'Форма по МДС 81-35.2004'!N2035:N2058),0)","v":5},{"$f":"ROUND(SUMIF('Форма по МДС 81-35.2004'!J2035:J2058,\"IsMash\",'Форма по МДС 81-35.2004'!N2035:N2058),0)","v":9},{"$f":"'Форма по МДС 81-35.2004'!N2036","v":1},{"$f":"ROUND(SUMIF('Форма по МДС 81-35.2004'!J2035:J2058,\"IsMater\",'Форма по МДС 81-35.2004'!N2035:N2058),0)","v":0},{"$f":"ROUND('Форма по МДС 81-35.2004'!F2035*'Базовые цены за единицу'!G93,0)","v":0},{"$f":"ROUND('Форма по МДС 81-35.2004'!F2035*'Базовые цены за единицу'!H93,0)","v":0},{"$f":"ОКРУГЛВСЕ(SUMIF('Форма по МДС 81-35.2004'!J2035:J2058,\"Г\",'Форма по МДС 81-35.2004'!F2035:F2058),8)","v":0.60899999999999999},{"$f":"ОКРУГЛВСЕ('Форма по МДС 81-35.2004'!F2035*'Базовые цены за единицу'!J93,8)","v":0},{"$f":"ОКРУГЛВСЕ(SUMIF('Форма по МДС 81-35.2004'!J2035:J2058,\"Ж\",'Форма по МДС 81-35.2004'!F2035:F2058),8)","v":0.10150000000000001},{"$f":"ROUND('Форма по МДС 81-35.2004'!F2035*'Базовые цены за единицу'!L93,0)","v":0},{"$f":"ROUND('Форма по МДС 81-35.2004'!F2035*'Базовые цены за единицу'!M93,0)","v":0},{"$f":"ROUND(B93*'Форма по МДС 81-35.2004'!M2053/100,0)","v":2},{"$f":"ROUND((B93+N93)*'Форма по МДС 81-35.2004'!M2056/100,0)","v":1},{"$f":"ROUND('Форма по МДС 81-35.2004'!F2035*'Базовые цены за единицу'!P93,0)","v":0},{"$f":"ROUND('Форма по МДС 81-35.2004'!F2035*'Базовые цены за единицу'!Q93,0)","v":0},{"$f":"ROUND('Форма по МДС 81-35.2004'!F2035*'Базовые цены за единицу'!R93,0)","v":0},{"$f":"ROUND('Форма по МДС 81-35.2004'!F2035*'Базовые цены за единицу'!S93,0)","v":0},{"$f":"ROUND('Форма по МДС 81-35.2004'!F2035*'Базовые цены за единицу'!T93,0)","v":0},{"$f":"ROUND('Форма по МДС 81-35.2004'!F2035*'Базовые цены за единицу'!U93,0)","v":0},{"$f":"ROUND('Форма по МДС 81-35.2004'!F2035*'Базовые цены за единицу'!V93,0)","v":0},null,{"$f":"ROUND('Форма по МДС 81-35.2004'!F2035*'Базовые цены за единицу'!X93,0)","v":0},{"$f":"IF(Определители!I93=\"9\",ROUND(B93*(Начисления!M93/100)*'Форма по МДС 81-35.2004'!M2053/100,0),0)","v":0},{"$f":"IF(Определители!I93=\"9\",ROUND(B93*(100-Начисления!M93/100)*'Форма по МДС 81-35.2004'!M2053/100,0),0)","v":0},{"$f":"IF(Определители!I93=\"9\",ROUND((C93+E93)*(Начисления!M93/100)*('Форма по МДС 81-35.2004'!M2056/100),0),0)","v":0},{"$f":"IF(Определители!I93=\"9\",ROUND((C93+E93)*(100-Начисления!M93/100)*('Форма по МДС 81-35.2004'!M2056/100),0),0)","v":0},{"$f":"IF(Определители!I93=\"9\",ROUND(B93*Начисления!M93/100,0),0)","v":0},{"$f":"IF(Определители!I93=\"9\",ROUND(B93*(100-Начисления!M93)/100,0),0)","v":0},{"$f":"ROUND('Форма по МДС 81-35.2004'!F2035*'Базовые цены за единицу'!AE93,0)","v":0}]
[{"$f":"'Форма по МДС 81-35.2004'!A2059","v":"89."},{"$f":"'Форма по МДС 81-35.2004'!N2059","v":0},{"$f":"ROUND(SUMIF('Форма по МДС 81-35.2004'!J2059:J2077,\"Г\",'Форма по МДС 81-35.2004'!N2059:N2077),0)","v":0},{"$f":"ROUND(SUMIF('Форма по МДС 81-35.2004'!J2059:J2077,\"IsMash\",'Форма по МДС 81-35.2004'!N2059:N2077),0)","v":0},{"$f":"'Форма по МДС 81-35.2004'!N2061","v":0},{"$f":"ROUND(SUMIF('Форма по МДС 81-35.2004'!J2059:J2077,\"IsMater\",'Форма по МДС 81-35.2004'!N2059:N2077),0)","v":0},{"$f":"ROUND('Форма по МДС 81-35.2004'!F2059*'Базовые цены за единицу'!G94,0)","v":0},{"$f":"ROUND('Форма по МДС 81-35.2004'!F2059*'Базовые цены за единицу'!H94,0)","v":0},{"$f":"ОКРУГЛВСЕ(SUMIF('Форма по МДС 81-35.2004'!J2059:J2077,\"Г\",'Форма по МДС 81-35.2004'!F2059:F2077),8)","v":0},{"$f":"ОКРУГЛВСЕ('Форма по МДС 81-35.2004'!F2059*'Базовые цены за единицу'!J94,8)","v":0},{"$f":"ОКРУГЛВСЕ(SUMIF('Форма по МДС 81-35.2004'!J2059:J2077,\"Ж\",'Форма по МДС 81-35.2004'!F2059:F2077),8)","v":0},{"$f":"ROUND('Форма по МДС 81-35.2004'!F2059*'Базовые цены за единицу'!L94,0)","v":0},{"$f":"ROUND('Форма по МДС 81-35.2004'!F2059*'Базовые цены за единицу'!M94,0)","v":0},{"$f":"ROUND(B94*'Форма по МДС 81-35.2004'!M2072/100,0)","v":0},{"$f":"ROUND((B94+N94)*'Форма по МДС 81-35.2004'!M2075/100,0)","v":0},{"$f":"ROUND('Форма по МДС 81-35.2004'!F2059*'Базовые цены за единицу'!P94,0)","v":0},{"$f":"ROUND('Форма по МДС 81-35.2004'!F2059*'Базовые цены за единицу'!Q94,0)","v":0},{"$f":"ROUND('Форма по МДС 81-35.2004'!F2059*'Базовые цены за единицу'!R94,0)","v":0},{"$f":"ROUND('Форма по МДС 81-35.2004'!F2059*'Базовые цены за единицу'!S94,0)","v":0},{"$f":"ROUND('Форма по МДС 81-35.2004'!F2059*'Базовые цены за единицу'!T94,0)","v":0},{"$f":"ROUND('Форма по МДС 81-35.2004'!F2059*'Базовые цены за единицу'!U94,0)","v":0},{"$f":"ROUND('Форма по МДС 81-35.2004'!F2059*'Базовые цены за единицу'!V94,0)","v":0},null,{"$f":"ROUND('Форма по МДС 81-35.2004'!F2059*'Базовые цены за единицу'!X94,0)","v":0},{"$f":"IF(Определители!I94=\"9\",ROUND(B94*(Начисления!M94/100)*'Форма по МДС 81-35.2004'!M2072/100,0),0)","v":0},{"$f":"IF(Определители!I94=\"9\",ROUND(B94*(100-Начисления!M94/100)*'Форма по МДС 81-35.2004'!M2072/100,0),0)","v":0},{"$f":"IF(Определители!I94=\"9\",ROUND((C94+E94)*(Начисления!M94/100)*('Форма по МДС 81-35.2004'!M2075/100),0),0)","v":0},{"$f":"IF(Определители!I94=\"9\",ROUND((C94+E94)*(100-Начисления!M94/100)*('Форма по МДС 81-35.2004'!M2075/100),0),0)","v":0},{"$f":"IF(Определители!I94=\"9\",ROUND(B94*Начисления!M94/100,0),0)","v":0},{"$f":"IF(Определители!I94=\"9\",ROUND(B94*(100-Начисления!M94)/100,0),0)","v":0},{"$f":"ROUND('Форма по МДС 81-35.2004'!F2059*'Базовые цены за единицу'!AE94,0)","v":0}]
[{"$f":"'Форма по МДС 81-35.2004'!A2078","v":"90."},{"$f":"'Форма по МДС 81-35.2004'!N2078","v":0},{"$f":"ROUND(SUMIF('Форма по МДС 81-35.2004'!J2078:J2095,\"Г\",'Форма по МДС 81-35.2004'!N2078:N2095),0)","v":0},{"$f":"ROUND(SUMIF('Форма по МДС 81-35.2004'!J2078:J2095,\"IsMash\",'Форма по МДС 81-35.2004'!N2078:N2095),0)","v":0},{"$f":"'Форма по МДС 81-35.2004'!N2079","v":0},{"$f":"ROUND(SUMIF('Форма по МДС 81-35.2004'!J2078:J2095,\"IsMater\",'Форма по МДС 81-35.2004'!N2078:N2095),0)","v":0},{"$f":"ROUND('Форма по МДС 81-35.2004'!F2078*'Базовые цены за единицу'!G95,0)","v":0},{"$f":"ROUND('Форма по МДС 81-35.2004'!F2078*'Базовые цены за единицу'!H95,0)","v":0},{"$f":"ОКРУГЛВСЕ(SUMIF('Форма по МДС 81-35.2004'!J2078:J2095,\"Г\",'Форма по МДС 81-35.2004'!F2078:F2095),8)","v":0},{"$f":"ОКРУГЛВСЕ('Форма по МДС 81-35.2004'!F2078*'Базовые цены за единицу'!J95,8)","v":0},{"$f":"ОКРУГЛВСЕ(SUMIF('Форма по МДС 81-35.2004'!J2078:J2095,\"Ж\",'Форма по МДС 81-35.2004'!F2078:F2095),8)","v":0},{"$f":"ROUND('Форма по МДС 81-35.2004'!F2078*'Базовые цены за единицу'!L95,0)","v":0},{"$f":"ROUND('Форма по МДС 81-35.2004'!F2078*'Базовые цены за единицу'!M95,0)","v":0},{"$f":"ROUND(B95*'Форма по МДС 81-35.2004'!M2090/100,0)","v":0},{"$f":"ROUND((B95+N95)*'Форма по МДС 81-35.2004'!M2093/100,0)","v":0},{"$f":"ROUND('Форма по МДС 81-35.2004'!F2078*'Базовые цены за единицу'!P95,0)","v":0},{"$f":"ROUND('Форма по МДС 81-35.2004'!F2078*'Базовые цены за единицу'!Q95,0)","v":0},{"$f":"ROUND('Форма по МДС 81-35.2004'!F2078*'Базовые цены за единицу'!R95,0)","v":0},{"$f":"ROUND('Форма по МДС 81-35.2004'!F2078*'Базовые цены за единицу'!S95,0)","v":0},{"$f":"ROUND('Форма по МДС 81-35.2004'!F2078*'Базовые цены за единицу'!T95,0)","v":0},{"$f":"ROUND('Форма по МДС 81-35.2004'!F2078*'Базовые цены за единицу'!U95,0)","v":0},{"$f":"ROUND('Форма по МДС 81-35.2004'!F2078*'Базовые цены за единицу'!V95,0)","v":0},null,{"$f":"ROUND('Форма по МДС 81-35.2004'!F2078*'Базовые цены за единицу'!X95,0)","v":0},{"$f":"IF(Определители!I95=\"9\",ROUND(B95*(Начисления!M95/100)*'Форма по МДС 81-35.2004'!M2090/100,0),0)","v":0},{"$f":"IF(Определители!I95=\"9\",ROUND(B95*(100-Начисления!M95/100)*'Форма по МДС 81-35.2004'!M2090/100,0),0)","v":0},{"$f":"IF(Определители!I95=\"9\",ROUND((C95+E95)*(Начисления!M95/100)*('Форма по МДС 81-35.2004'!M2093/100),0),0)","v":0},{"$f":"IF(Определители!I95=\"9\",ROUND((C95+E95)*(100-Начисления!M95/100)*('Форма по МДС 81-35.2004'!M2093/100),0),0)","v":0},{"$f":"IF(Определители!I95=\"9\",ROUND(B95*Начисления!M95/100,0),0)","v":0},{"$f":"IF(Определители!I95=\"9\",ROUND(B95*(100-Начисления!M95)/100,0),0)","v":0},{"$f":"ROUND('Форма по МДС 81-35.2004'!F2078*'Базовые цены за единицу'!AE95,0)","v":0}]
[{"$f":"'Форма по МДС 81-35.2004'!A2096","v":"91."},{"$f":"'Форма по МДС 81-35.2004'!N2096","v":52},{"$f":"ROUND(SUMIF('Форма по МДС 81-35.2004'!J2096:J2119,\"Г\",'Форма по МДС 81-35.2004'!N2096:N2119),0)","v":11},{"$f":"ROUND(SUMIF('Форма по МДС 81-35.2004'!J2096:J2119,\"IsMash\",'Форма по МДС 81-35.2004'!N2096:N2119),0)","v":40},{"$f":"'Форма по МДС 81-35.2004'!N2097","v":4},{"$f":"ROUND(SUMIF('Форма по МДС 81-35.2004'!J2096:J2119,\"IsMater\",'Форма по МДС 81-35.2004'!N2096:N2119),0)","v":0},{"$f":"ROUND('Форма по МДС 81-35.2004'!F2096*'Базовые цены за единицу'!G96,0)","v":0},{"$f":"ROUND('Форма по МДС 81-35.2004'!F2096*'Базовые цены за единицу'!H96,0)","v":0},{"$f":"ОКРУГЛВСЕ(SUMIF('Форма по МДС 81-35.2004'!J2096:J2119,\"Г\",'Форма по МДС 81-35.2004'!F2096:F2119),8)","v":1.41},{"$f":"ОКРУГЛВСЕ('Форма по МДС 81-35.2004'!F2096*'Базовые цены за единицу'!J96,8)","v":0},{"$f":"ОКРУГЛВСЕ(SUMIF('Форма по МДС 81-35.2004'!J2096:J2119,\"Ж\",'Форма по МДС 81-35.2004'!F2096:F2119),8)","v":0.35249999999999998},{"$f":"ROUND('Форма по МДС 81-35.2004'!F2096*'Базовые цены за единицу'!L96,0)","v":0},{"$f":"ROUND('Форма по МДС 81-35.2004'!F2096*'Базовые цены за единицу'!M96,0)","v":0},{"$f":"ROUND(B96*'Форма по МДС 81-35.2004'!M2114/100,0)","v":6},{"$f":"ROUND((B96+N96)*'Форма по МДС 81-35.2004'!M2117/100,0)","v":5},{"$f":"ROUND('Форма по МДС 81-35.2004'!F2096*'Базовые цены за единицу'!P96,0)","v":0},{"$f":"ROUND('Форма по МДС 81-35.2004'!F2096*'Базовые цены за единицу'!Q96,0)","v":0},{"$f":"ROUND('Форма по МДС 81-35.2004'!F2096*'Базовые цены за единицу'!R96,0)","v":0},{"$f":"ROUND('Форма по МДС 81-35.2004'!F2096*'Базовые цены за единицу'!S96,0)","v":0},{"$f":"ROUND('Форма по МДС 81-35.2004'!F2096*'Базовые цены за единицу'!T96,0)","v":0},{"$f":"ROUND('Форма по МДС 81-35.2004'!F2096*'Базовые цены за единицу'!U96,0)","v":0},{"$f":"ROUND('Форма по МДС 81-35.2004'!F2096*'Базовые цены за единицу'!V96,0)","v":0},null,{"$f":"ROUND('Форма по МДС 81-35.2004'!F2096*'Базовые цены за единицу'!X96,0)","v":0},{"$f":"IF(Определители!I96=\"9\",ROUND(B96*(Начисления!M96/100)*'Форма по МДС 81-35.2004'!M2114/100,0),0)","v":0},{"$f":"IF(Определители!I96=\"9\",ROUND(B96*(100-Начисления!M96/100)*'Форма по МДС 81-35.2004'!M2114/100,0),0)","v":0},{"$f":"IF(Определители!I96=\"9\",ROUND((C96+E96)*(Начисления!M96/100)*('Форма по МДС 81-35.2004'!M2117/100),0),0)","v":0},{"$f":"IF(Определители!I96=\"9\",ROUND((C96+E96)*(100-Начисления!M96/100)*('Форма по МДС 81-35.2004'!M2117/100),0),0)","v":0},{"$f":"IF(Определители!I96=\"9\",ROUND(B96*Начисления!M96/100,0),0)","v":0},{"$f":"IF(Определители!I96=\"9\",ROUND(B96*(100-Начисления!M96)/100,0),0)","v":0},{"$f":"ROUND('Форма по МДС 81-35.2004'!F2096*'Базовые цены за единицу'!AE96,0)","v":0}]
[{"$f":"'Форма по МДС 81-35.2004'!A2121","v":"92."},{"$f":"'Форма по МДС 81-35.2004'!N2121","v":1},{"$f":"ROUND(SUMIF('Форма по МДС 81-35.2004'!J2121:J2139,\"Г\",'Форма по МДС 81-35.2004'!N2121:N2139),0)","v":0},{"$f":"ROUND(SUMIF('Форма по МДС 81-35.2004'!J2121:J2139,\"IsMash\",'Форма по МДС 81-35.2004'!N2121:N2139),0)","v":1},{"$f":"'Форма по МДС 81-35.2004'!N2122","v":0},{"$f":"ROUND(SUMIF('Форма по МДС 81-35.2004'!J2121:J2139,\"IsMater\",'Форма по МДС 81-35.2004'!N2121:N2139),0)","v":0},{"$f":"ROUND('Форма по МДС 81-35.2004'!F2121*'Базовые цены за единицу'!G97,0)","v":0},{"$f":"ROUND('Форма по МДС 81-35.2004'!F2121*'Базовые цены за единицу'!H97,0)","v":0},{"$f":"ОКРУГЛВСЕ(SUMIF('Форма по МДС 81-35.2004'!J2121:J2139,\"Г\",'Форма по МДС 81-35.2004'!F2121:F2139),8)","v":0},{"$f":"ОКРУГЛВСЕ('Форма по МДС 81-35.2004'!F2121*'Базовые цены за единицу'!J97,8)","v":0},{"$f":"ОКРУГЛВСЕ(SUMIF('Форма по МДС 81-35.2004'!J2121:J2139,\"Ж\",'Форма по МДС 81-35.2004'!F2121:F2139),8)","v":1.89E-2},{"$f":"ROUND('Форма по МДС 81-35.2004'!F2121*'Базовые цены за единицу'!L97,0)","v":0},{"$f":"ROUND('Форма по МДС 81-35.2004'!F2121*'Базовые цены за единицу'!M97,0)","v":0},{"$f":"ROUND(B97*'Форма по МДС 81-35.2004'!M2134/100,0)","v":0},{"$f":"ROUND((B97+N97)*'Форма по МДС 81-35.2004'!M2137/100,0)","v":0},{"$f":"ROUND('Форма по МДС 81-35.2004'!F2121*'Базовые цены за единицу'!P97,0)","v":0},{"$f":"ROUND('Форма по МДС 81-35.2004'!F2121*'Базовые цены за единицу'!Q97,0)","v":0},{"$f":"ROUND('Форма по МДС 81-35.2004'!F2121*'Базовые цены за единицу'!R97,0)","v":0},{"$f":"ROUND('Форма по МДС 81-35.2004'!F2121*'Базовые цены за единицу'!S97,0)","v":0},{"$f":"ROUND('Форма по МДС 81-35.2004'!F2121*'Базовые цены за единицу'!T97,0)","v":0},{"$f":"ROUND('Форма по МДС 81-35.2004'!F2121*'Базовые цены за единицу'!U97,0)","v":0},{"$f":"ROUND('Форма по МДС 81-35.2004'!F2121*'Базовые цены за единицу'!V97,0)","v":0},null,{"$f":"ROUND('Форма по МДС 81-35.2004'!F2121*'Базовые цены за единицу'!X97,0)","v":0},{"$f":"IF(Определители!I97=\"9\",ROUND(B97*(Начисления!M97/100)*'Форма по МДС 81-35.2004'!M2134/100,0),0)","v":0},{"$f":"IF(Определители!I97=\"9\",ROUND(B97*(100-Начисления!M97/100)*'Форма по МДС 81-35.2004'!M2134/100,0),0)","v":0},{"$f":"IF(Определители!I97=\"9\",ROUND((C97+E97)*(Начисления!M97/100)*('Форма по МДС 81-35.2004'!M2137/100),0),0)","v":0},{"$f":"IF(Определители!I97=\"9\",ROUND((C97+E97)*(100-Начисления!M97/100)*('Форма по МДС 81-35.2004'!M2137/100),0),0)","v":0},{"$f":"IF(Определители!I97=\"9\",ROUND(B97*Начисления!M97/100,0),0)","v":0},{"$f":"IF(Определители!I97=\"9\",ROUND(B97*(100-Начисления!M97)/100,0),0)","v":0},{"$f":"ROUND('Форма по МДС 81-35.2004'!F2121*'Базовые цены за единицу'!AE97,0)","v":0}]
[{"$f":"'Форма по МДС 81-35.2004'!A2140","v":"93."},{"$f":"'Форма по МДС 81-35.2004'!N2140","v":0},{"$f":"ROUND(SUMIF('Форма по МДС 81-35.2004'!J2140:J2161,\"Г\",'Форма по МДС 81-35.2004'!N2140:N2161),0)","v":0},{"$f":"ROUND(SUMIF('Форма по МДС 81-35.2004'!J2140:J2161,\"IsMash\",'Форма по МДС 81-35.2004'!N2140:N2161),0)","v":0},{"$f":"'Форма по МДС 81-35.2004'!N2141","v":0},{"$f":"ROUND(SUMIF('Форма по МДС 81-35.2004'!J2140:J2161,\"IsMater\",'Форма по МДС 81-35.2004'!N2140:N2161),0)","v":0},{"$f":"ROUND('Форма по МДС 81-35.2004'!F2140*'Базовые цены за единицу'!G98,0)","v":0},{"$f":"ROUND('Форма по МДС 81-35.2004'!F2140*'Базовые цены за единицу'!H98,0)","v":0},{"$f":"ОКРУГЛВСЕ(SUMIF('Форма по МДС 81-35.2004'!J2140:J2161,\"Г\",'Форма по МДС 81-35.2004'!F2140:F2161),8)","v":6.1600000000000001E-4},{"$f":"ОКРУГЛВСЕ('Форма по МДС 81-35.2004'!F2140*'Базовые цены за единицу'!J98,8)","v":0},{"$f":"ОКРУГЛВСЕ(SUMIF('Форма по МДС 81-35.2004'!J2140:J2161,\"Ж\",'Форма по МДС 81-35.2004'!F2140:F2161),8)","v":1.54E-4},{"$f":"ROUND('Форма по МДС 81-35.2004'!F2140*'Базовые цены за единицу'!L98,0)","v":0},{"$f":"ROUND('Форма по МДС 81-35.2004'!F2140*'Базовые цены за единицу'!M98,0)","v":0},{"$f":"ROUND(B98*'Форма по МДС 81-35.2004'!M2156/100,0)","v":0},{"$f":"ROUND((B98+N98)*'Форма по МДС 81-35.2004'!M2159/100,0)","v":0},{"$f":"ROUND('Форма по МДС 81-35.2004'!F2140*'Базовые цены за единицу'!P98,0)","v":0},{"$f":"ROUND('Форма по МДС 81-35.2004'!F2140*'Базовые цены за единицу'!Q98,0)","v":0},{"$f":"ROUND('Форма по МДС 81-35.2004'!F2140*'Базовые цены за единицу'!R98,0)","v":0},{"$f":"ROUND('Форма по МДС 81-35.2004'!F2140*'Базовые цены за единицу'!S98,0)","v":0},{"$f":"ROUND('Форма по МДС 81-35.2004'!F2140*'Базовые цены за единицу'!T98,0)","v":0},{"$f":"ROUND('Форма по МДС 81-35.2004'!F2140*'Базовые цены за единицу'!U98,0)","v":0},{"$f":"ROUND('Форма по МДС 81-35.2004'!F2140*'Базовые цены за единицу'!V98,0)","v":0},null,{"$f":"ROUND('Форма по МДС 81-35.2004'!F2140*'Базовые цены за единицу'!X98,0)","v":0},{"$f":"IF(Определители!I98=\"9\",ROUND(B98*(Начисления!M98/100)*'Форма по МДС 81-35.2004'!M2156/100,0),0)","v":0},{"$f":"IF(Определители!I98=\"9\",ROUND(B98*(100-Начисления!M98/100)*'Форма по МДС 81-35.2004'!M2156/100,0),0)","v":0},{"$f":"IF(Определители!I98=\"9\",ROUND((C98+E98)*(Начисления!M98/100)*('Форма по МДС 81-35.2004'!M2159/100),0),0)","v":0},{"$f":"IF(Определители!I98=\"9\",ROUND((C98+E98)*(100-Начисления!M98/100)*('Форма по МДС 81-35.2004'!M2159/100),0),0)","v":0},{"$f":"IF(Определители!I98=\"9\",ROUND(B98*Начисления!M98/100,0),0)","v":0},{"$f":"IF(Определители!I98=\"9\",ROUND(B98*(100-Начисления!M98)/100,0),0)","v":0},{"$f":"ROUND('Форма по МДС 81-35.2004'!F2140*'Базовые цены за единицу'!AE98,0)","v":0}]

{"sheet":"Текущие цены с учетом расхода","index":5,"n_rows":98,"n_cols":33,"rows_kept":98,"cut":false,"hidden":false,"merged":[[1,0,1,7],[2,1,2,7],[3,1,3,7],[4,0,4,7]]}
[null,"C1","C2","C3","C4","C5","C6","VOZVR","C8","C9","C10","C11","C12","NAKL","PLAN","NAKL_ZPR","NAKL_ZPM","PLAN_ZPR","PLAN_ZPM","RN11","RN12","RN13",null,"OBORUD_VSPOMOG","NAKL_PN","NAKL_VX","PLAN_PN","PLAN_VX","VTCH_PN","VTCH_VX","MR_BY_ZPR_VSPOMOG","NAKL_INC","PLAN_INC"]
[]
[null,"N = < ГЭСНс * 2015_s * 13_15_лр >"]
[null,"          Автомобильные дороги регионального или межмуниципального значения с допустимым уровнем содержания  - норматив \"К\" 4 категория (ЛЕТНИЕ РАБОТЫ)"]
[]
[{"$f":"'Форма по МДС 81-35.2004'!A16","v":"1."},{"$f":"'Форма по МДС 81-35.2004'!H16","v":382},{"$f":"ROUND(SUMIF('Форма по МДС 81-35.2004'!J16:J35,\"Г\",'Форма по МДС 81-35.2004'!H16:H35),0)","v":0},{"$f":"ROUND(SUMIF('Форма по МДС 81-35.2004'!J16:J35,\"IsMash\",'Форма по МДС 81-35.2004'!H16:H35),0)","v":2},{"$f":"'Форма по МДС 81-35.2004'!H17","v":0},{"$f":"ROUND(SUMIF('Форма по МДС 81-35.2004'!J16:J35,\"IsMater\",'Форма по МДС 81-35.2004'!H16:H35),0)","v":380},{"$f":"ROUND('Форма по МДС 81-35.2004'!F16*'Текущие цены за единицу'!G6,0)","v":0},{"$f":"ROUND('Форма по МДС 81-35.2004'!F16*'Текущие цены за единицу'!H6,0)","v":0},{"$f":"ОКРУГЛВСЕ(SUMIF('Форма по МДС 81-35.2004'!J16:J35,\"Г\",'Форма по МДС 81-35.2004'!F16:F35),8)","v":0},{"$f":"ОКРУГЛВСЕ('Форма по МДС 81-35.2004'!F16*'Текущие цены за единицу'!J6,8)","v":0},{"$f":"ОКРУГЛВСЕ(SUMIF('Форма по МДС 81-35.2004'!J16:J35,\"Ж\",'Форма по МДС 81-35.2004'!F16:F35),8)","v":2.0999999999999999E-3},{"$f":"ROUND('Форма по МДС 81-35.2004'!F16*'Текущие цены за единицу'!L6,0)","v":0},{"$f":"ROUND('Форма по МДС 81-35.2004'!F16*'Текущие цены за единицу'!M6,0)","v":0},{"$f":"ROUND(B6*'Форма по МДС 81-35.2004'!G30/100,0)","v":45},{"$f":"ROUND((B6+N6)*'Форма по МДС 81-35.2004'!G33/100,0)","v":34},{"$f":"ROUND('Форма по МДС 81-35.2004'!F16*'Текущие цены за единицу'!P6,0)","v":0},{"$f":"ROUND('Форма по МДС 81-35.2004'!F16*'Текущие цены за единицу'!Q6,0)","v":0},{"$f":"ROUND('Форма по МДС 81-35.2004'!F16*'Текущие цены за единицу'!R6,0)","v":0},{"$f":"ROUND('Форма по МДС 81-35.2004'!F16*'Текущие цены за единицу'!S6,0)","v":0},{"$f":"ROUND('Форма по МДС 81-35.2004'!F16*'Текущие цены за единицу'!T6,0)","v":0},{"$f":"ROUND('Форма по МДС 81-35.2004'!F16*'Текущие цены за единицу'!U6,0)","v":0},{"$f":"ROUND('Форма по МДС 81-35.2004'!F16*'Текущие цены за единицу'!V6,0)","v":0},null,{"$f":"ROUND('Форма по МДС 81-35.2004'!F16*'Текущие цены за единицу'!X6,0)","v":0},{"$f":"IF(Определители!I6=\"9\",ROUND(B6*(Начисления!M6/100)*'Форма по МДС 81-35.2004'!G30/100,0),0)","v":0},{"$f":"IF(Определители!I6=\"9\",ROUND(B6*(100-Начисления!M6/100)*'Форма по МДС 81-35.2004'!G30/100,0),0)","v":0},{"$f":"IF(Определители!I6=\"9\",ROUND((C6+E6)*(Начисления!M6/100)*('Форма по МДС 81-35.2004'!G33/100),0),0)","v":0},{"$f":"IF(Определители!I6=\"9\",ROUND((C6+E6)*(100-Начисления!M6/100)*('Форма по МДС 81-35.2004'!G33/100),0),0)","v":0},{"$f":"IF(Определители!I6=\"9\",ROUND(B6*Начисления!M6/100,0),0)","v":0},{"$f":"IF(Определители!I6=\"9\",ROUND(B6*(100-Начисления!M6)/100,0),0)","v":0},{"$f":"ROUND('Форма по МДС 81-35.2004'!F16*'Текущие цены за единицу'!AE6,0)","v":0}]
[{"$f":"'Форма по МДС 81-35.2004'!A36","v":"2."},{"$f":"'Форма по МДС 81-35.2004'!H36","v":18},{"$f":"ROUND(SUMIF('Форма по МДС 81-35.2004'!J36:J54,\"Г\",'Форма по МДС 81-35.2004'!H36:H54),0)","v":0},{"$f":"ROUND(SUMIF('Форма по МДС 81-35.2004'!J36:J54,\"IsMash\",'Форма по МДС 81-35.2004'!H36:H54),0)","v":18},{"$f":"'Форма по МДС 81-35.2004'!H37","v":3},{"$f":"ROUND(SUMIF('Форма по МДС 81-35.2004'!J36:J54,\"IsMater\",'Форма по МДС 81-35.2004'!H36:H54),0)","v":0},{"$f":"ROUND('Форма по МДС 81-35.2004'!F36*'Текущие цены за единицу'!G7,0)","v":0},{"$f":"ROUND('Форма по МДС 81-35.2004'!F36*'Текущие цены за единицу'!H7,0)","v":0},{"$f":"ОКРУГЛВСЕ(SUMIF('Форма по МДС 81-35.2004'!J36:J54,\"Г\",'Форма по МДС 81-35.2004'!F36:F54),8)","v":0},{"$f":"ОКРУГЛВСЕ('Форма по МДС 81-35.2004'!F36*'Текущие цены за единицу'!J7,8)","v":0},{"$f":"ОКРУГЛВСЕ(SUMIF('Форма по МДС 81-35.2004'!J36:J54,\"Ж\",'Форма по МДС 81-35.2004'!F36:F54),8)","v":1.4800000000000001E-2},{"$f":"ROUND('Форма по МДС 81-35.2004'!F36*'Текущие цены за единицу'!L7,0)","v":0},{"$f":"ROUND('Форма по МДС 81-35.2004'!F36*'Текущие цены за единицу'!M7,0)","v":0},{"$f":"ROUND(B7*'Форма по МДС 81-35.2004'!G49/100,0)","v":2},{"$f":"ROUND((B7+N7)*'Форма по МДС 81-35.2004'!G52/100,0)","v":2},{"$f":"ROUND('Форма по МДС 81-35.2004'!F36*'Текущие цены за единицу'!P7,0)","v":0},{"$f":"ROUND('Форма по МДС 81-35.2004'!F36*'Текущие цены за единицу'!Q7,0)","v":0},{"$f":"ROUND('Форма по МДС 81-35.2004'!F36*'Текущие цены за единицу'!R7,0)","v":0},{"$f":"ROUND('Форма по МДС 81-35.2004'!F36*'Текущие цены за единицу'!S7,0)","v":0},{"$f":"ROUND('Форма по МДС 81-35.2004'!F36*'Текущие цены за единицу'!T7,0)","v":0},{"$f":"ROUND('Форма по МДС 81-35.2004'!F36*'Текущие цены за единицу'!U7,0)","v":0},{"$f":"ROUND('Форма по МДС 81-35.2004'!F36*'Текущие цены за единицу'!V7,0)","v":0},null,{"$f":"ROUND('Форма по МДС 81-35.2004'!F36*'Текущие цены за единицу'!X7,0)","v":0},{"$f":"IF(Определители!I7=\"9\",ROUND(B7*(Начисления!M7/100)*'Форма по МДС 81-35.2004'!G49/100,0),0)","v":0},{"$f":"IF(Определители!I7=\"9\",ROUND(B7*(100-Начисления!M7/100)*'Форма по МДС 81-35.2004'!G49/100,0),0)","v":0},{"$f":"IF(Определители!I7=\"9\",ROUND((C7+E7)*(Начисления!M7/100)*('Форма по МДС 81-35.2004'!G52/100),0),0)","v":0},{"$f":"IF(Определители!I7=\"9\",ROUND((C7+E7)*(100-Начисления!M7/100)*('Форма по МДС 81-35.2004'!G52/100),0),0)","v":0},{"$f":"IF(Определители!I7=\"9\",ROUND(B7*Начисления!M7/100,0),0)","v":0},{"$f":"IF(Определители!I7=\"9\",ROUND(B7*(100-Начисления!M7)/100,0),0)","v":0},{"$f":"ROUND('Форма по МДС 81-35.2004'!F36*'Текущие цены за единицу'!AE7,0)","v":0}]
[{"$f":"'Форма по МДС 81-35.2004'!A55","v":"3."},{"$f":"'Форма по МДС 81-35.2004'!H55","v":163},{"$f":"ROUND(SUMIF('Форма по МДС 81-35.2004'!J55:J76,\"Г\",'Форма по МДС 81-35.2004'!H55:H76),0)","v":0},{"$f":"ROUND(SUMIF('Форма по МДС 81-35.2004'!J55:J76,\"IsMash\",'Форма по МДС 81-35.2004'!H55:H76),0)","v":3},{"$f":"'Форма по МДС 81-35.2004'!H56","v":1},{"$f":"ROUND(SUMIF('Форма по МДС 81-35.2004'!J55:J76,\"IsMater\",'Форма по МДС 81-35.2004'!H55:H76),0)","v":160},{"$f":"ROUND('Форма по МДС 81-35.2004'!F55*'Текущие цены за единицу'!G8,0)","v":0},{"$f":"ROUND('Форма по МДС 81-35.2004'!F55*'Текущие цены за единицу'!H8,0)","v":0},{"$f":"ОКРУГЛВСЕ(SUMIF('Форма по МДС 81-35.2004'!J55:J76,\"Г\",'Форма по МДС 81-35.2004'!F55:F76),8)","v":0},{"$f":"ОКРУГЛВСЕ('Форма по МДС 81-35.2004'!F55*'Текущие цены за единицу'!J8,8)","v":0},{"$f":"ОКРУГЛВСЕ(SUMIF('Форма по МДС 81-35.2004'!J55:J76,\"Ж\",'Форма по МДС 81-35.2004'!F55:F76),8)","v":7.0000000000000001E-3},{"$f":"ROUND('Форма по МДС 81-35.2004'!F55*'Текущие цены за единицу'!L8,0)","v":0},{"$f":"ROUND('Форма по МДС 81-35.2004'!F55*'Текущие цены за единицу'!M8,0)","v":0},{"$f":"ROUND(B8*'Форма по МДС 81-35.2004'!G71/100,0)","v":19},{"$f":"ROUND((B8+N8)*'Форма по МДС 81-35.2004'!G74/100,0)","v":15},{"$f":"ROUND('Форма по МДС 81-35.2004'!F55*'Текущие цены за единицу'!P8,0)","v":0},{"$f":"ROUND('Форма по МДС 81-35.2004'!F55*'Текущие цены за единицу'!Q8,0)","v":0},{"$f":"ROUND('Форма по МДС 81-35.2004'!F55*'Текущие цены за единицу'!R8,0)","v":0},{"$f":"ROUND('Форма по МДС 81-35.2004'!F55*'Текущие цены за единицу'!S8,0)","v":0},{"$f":"ROUND('Форма по МДС 81-35.2004'!F55*'Текущие цены за единицу'!T8,0)","v":0},{"$f":"ROUND('Форма по МДС 81-35.2004'!F55*'Текущие цены за единицу'!U8,0)","v":0},{"$f":"ROUND('Форма по МДС 81-35.2004'!F55*'Текущие цены за единицу'!V8,0)","v":0},null,{"$f":"ROUND('Форма по МДС 81-35.2004'!F55*'Текущие цены за единицу'!X8,0)","v":0},{"$f":"IF(Определители!I8=\"9\",ROUND(B8*(Начисления!M8/100)*'Форма по МДС 81-35.2004'!G71/100,0),0)","v":0},{"$f":"IF(Определители!I8=\"9\",ROUND(B8*(100-Начисления!M8/100)*'Форма по МДС 81-35.2004'!G71/100,0),0)","v":0},{"$f":"IF(Определители!I8=\"9\",ROUND((C8+E8)*(Начисления!M8/100)*('Форма по МДС 81-35.2004'!G74/100),0),0)","v":0},{"$f":"IF(Определители!I8=\"9\",ROUND((C8+E8)*(100-Начисления!M8/100)*('Форма по МДС 81-35.2004'!G74/100),0),0)","v":0},{"$f":"IF(Определители!I8=\"9\",ROUND(B8*Начисления!M8/100,0),0)","v":0},{"$f":"IF(Определители!I8=\"9\",ROUND(B8*(100-Начисления!M8)/100,0),0)","v":0},{"$f":"ROUND('Форма по МДС 81-35.2004'!F55*'Текущие цены за единицу'!AE8,0)","v":0}]
[{"$f":"'Форма по МДС 81-35.2004'!A77","v":"4."},{"$f":"'Форма по МДС 81-35.2004'!H77","v":441},{"$f":"ROUND(SUMIF('Форма по МДС 81-35.2004'!J77:J95,\"Г\",'Форма по МДС 81-35.2004'!H77:H95),0)","v":0},{"$f":"ROUND(SUMIF('Форма по МДС 81-35.2004'!J77:J95,\"IsMash\",'Форма по МДС 81-35.2004'!H77:H95),0)","v":441},{"$f":"'Форма по МДС 81-35.2004'!H78","v":77},{"$f":"ROUND(SUMIF('Форма по МДС 81-35.2004'!J77:J95,\"IsMater\",'Форма по МДС 81-35.2004'!H77:H95),0)","v":0},{"$f":"ROUND('Форма по МДС 81-35.2004'!F77*'Текущие цены за единицу'!G9,0)","v":0},{"$f":"ROUND('Форма по МДС 81-35.2004'!F77*'Текущие цены за единицу'!H9,0)","v":0},{"$f":"ОКРУГЛВСЕ(SUMIF('Форма по МДС 81-35.2004'!J77:J95,\"Г\",'Форма по МДС 81-35.2004'!F77:F95),8)","v":0},{"$f":"ОКРУГЛВСЕ('Форма по МДС 81-35.2004'!F77*'Текущие цены за единицу'!J9,8)","v":0},{"$f":"ОКРУГЛВСЕ(SUMIF('Форма по МДС 81-35.2004'!J77:J95,\"Ж\",'Форма по МДС 81-35.2004'!F77:F95),8)","v":0.46},{"$f":"ROUND('Форма по МДС 81-35.2004'!F77*'Текущие цены за единицу'!L9,0)","v":0},{"$f":"ROUND('Форма по МДС 81-35.2004'!F77*'Текущие цены за единицу'!M9,0)","v":0},{"$f":"ROUND(B9*'Форма по МДС 81-35.2004'!G90/100,0)","v":52},{"$f":"ROUND((B9+N9)*'Форма по МДС 81-35.2004'!G93/100,0)","v":39},{"$f":"ROUND('Форма по МДС 81-35.2004'!F77*'Текущие цены за единицу'!P9,0)","v":0},{"$f":"ROUND('Форма по МДС 81-35.2004'!F77*'Текущие цены за единицу'!Q9,0)","v":0},{"$f":"ROUND('Форма по МДС 81-35.2004'!F77*'Текущие цены за единицу'!R9,0)","v":0},{"$f":"ROUND('Форма по МДС 81-35.2004'!F77*'Текущие цены за единицу'!S9,0)","v":0},{"$f":"ROUND('Форма по МДС 81-35.2004'!F77*'Текущие цены за единицу'!T9,0)","v":0},{"$f":"ROUND('Форма по МДС 81-35.2004'!F77*'Текущие цены за единицу'!U9,0)","v":0},{"$f":"ROUND('Форма по МДС 81-35.2004'!F77*'Текущие цены за единицу'!V9,0)","v":0},null,{"$f":"ROUND('Форма по МДС 81-35.2004'!F77*'Текущие цены за единицу'!X9,0)","v":0},{"$f":"IF(Определители!I9=\"9\",ROUND(B9*(Начисления!M9/100)*'Форма по МДС 81-35.2004'!G90/100,0),0)","v":0},{"$f":"IF(Определители!I9=\"9\",ROUND(B9*(100-Начисления!M9/100)*'Форма по МДС 81-35.2004'!G90/100,0),0)","v":0},{"$f":"IF(Определители!I9=\"9\",ROUND((C9+E9)*(Начисления!M9/100)*('Форма по МДС 81-35.2004'!G93/100),0),0)","v":0},{"$f":"IF(Определители!I9=\"9\",ROUND((C9+E9)*(100-Начисления!M9/100)*('Форма по МДС 81-35.2004'!G93/100),0),0)","v":0},{"$f":"IF(Определители!I9=\"9\",ROUND(B9*Начисления!M9/100,0),0)","v":0},{"$f":"IF(Определители!I9=\"9\",ROUND(B9*(100-Начисления!M9)/100,0),0)","v":0},{"$f":"ROUND('Форма по МДС 81-35.2004'!F77*'Текущие цены за единицу'!AE9,0)","v":0}]
[{"$f":"'Форма по МДС 81-35.2004'!A96","v":"5."},{"$f":"'Форма по МДС 81-35.2004'!H96","v":121},{"$f":"ROUND(SUMIF('Форма по МДС 81-35.2004'!J96:J114,\"Г\",'Форма по МДС 81-35.2004'!H96:H114),0)","v":121},{"$f":"ROUND(SUMIF('Форма по МДС 81-35.2004'!J96:J114,\"IsMash\",'Форма по МДС 81-35.2004'!H96:H114),0)","v":0},{"$f":"'Форма по МДС 81-35.2004'!H97","v":0},{"$f":"ROUND(SUMIF('Форма по МДС 81-35.2004'!J96:J114,\"IsMater\",'Форма по МДС 81-35.2004'!H96:H114),0)","v":0},{"$f":"ROUND('Форма по МДС 81-35.2004'!F96*'Текущие цены за единицу'!G10,0)","v":0},{"$f":"ROUND('Форма по МДС 81-35.2004'!F96*'Текущие цены за единицу'!H10,0)","v":0},{"$f":"ОКРУГЛВСЕ(SUMIF('Форма по МДС 81-35.2004'!J96:J114,\"Г\",'Форма по МДС 81-35.2004'!F96:F114),8)","v":1.1536},{"$f":"ОКРУГЛВСЕ('Форма по МДС 81-35.2004'!F96*'Текущие цены за единицу'!J10,8)","v":0},{"$f":"ОКРУГЛВСЕ(SUMIF('Форма по МДС 81-35.2004'!J96:J114,\"Ж\",'Форма по МДС 81-35.2004'!F96:F114),8)","v":0},{"$f":"ROUND('Форма по МДС 81-35.2004'!F96*'Текущие цены за единицу'!L10,0)","v":0},{"$f":"ROUND('Форма по МДС 81-35.2004'!F96*'Текущие цены за единицу'!M10,0)","v":0},{"$f":"ROUND(B10*'Форма по МДС 81-35.2004'!G109/100,0)","v":14},{"$f":"ROUND((B10+N10)*'Форма по МДС 81-35.2004'!G112/100,0)","v":11},{"$f":"ROUND('Форма по МДС 81-35.2004'!F96*'Текущие цены за единицу'!P10,0)","v":0},{"$f":"ROUND('Форма по МДС 81-35.2004'!F96*'Текущие цены за единицу'!Q10,0)","v":0},{"$f":"ROUND('Форма по МДС 81-35.2004'!F96*'Текущие цены за единицу'!R10,0)","v":0},{"$f":"ROUND('Форма по МДС 81-35.2004'!F96*'Текущие цены за единицу'!S10,0)","v":0},{"$f":"ROUND('Форма по МДС 81-35.2004'!F96*'Текущие цены за единицу'!T10,0)","v":0},{"$f":"ROUND('Форма по МДС 81-35.2004'!F96*'Текущие цены за единицу'!U10,0)","v":0},{"$f":"ROUND('Форма по МДС 81-35.2004'!F96*'Текущие цены за единицу'!V10,0)","v":0},null,{"$f":"ROUND('Форма по МДС 81-35.2004'!F96*'Текущие цены за единицу'!X10,0)","v":0},{"$f":"IF(Определители!I10=\"9\",ROUND(B10*(Начисления!M10/100)*'Форма по МДС 81-35.2004'!G109/100,0),0)","v":0},{"$f":"IF(Определители!I10=\"9\",ROUND(B10*(100-Начисления!M10/100)*'Форма по МДС 81-35.2004'!G109/100,0),0)","v":0},{"$f":"IF(Определители!I10=\"9\",ROUND((C10+E10)*(Начисления!M10/100)*('Форма по МДС 81-35.2004'!G112/100),0),0)","v":0},{"$f":"IF(Определители!I10=\"9\",ROUND((C10+E10)*(100-Начисления!M10/100)*('Форма по МДС 81-35.2004'!G112/100),0),0)","v":0},{"$f":"IF(Определители!I10=\"9\",ROUND(B10*Начисления!M10/100,0),0)","v":0},{"$f":"IF(Определители!I10=\"9\",ROUND(B10*(100-Начисления!M10)/100,0),0)","v":0},{"$f":"ROUND('Форма по МДС 81-35.2004'!F96*'Текущие цены за единицу'!AE10,0)","v":0}]
[{"$f":"'Форма по МДС 81-35.2004'!A115","v":"6."},{"$f":"'Форма по МДС 81-35.2004'!H115","v":1376},{"$f":"ROUND(SUMIF('Форма по МДС 81-35.2004'!J115:J134,\"Г\",'Форма по МДС 81-35.2004'!H115:H134),0)","v":0},{"$f":"ROUND(SUMIF('Форма по МДС 81-35.2004'!J115:J134,\"IsMash\",'Форма по МДС 81-35.2004'!H115:H134),0)","v":1376},{"$f":"'Форма по МДС 81-35.2004'!H116","v":480},{"$f":"ROUND(SUMIF('Форма по МДС 81-35.2004'!J115:J134,\"IsMater\",'Форма по МДС 81-35.2004'!H115:H134),0)","v":0},{"$f":"ROUND('Форма по МДС 81-35.2004'!F115*'Текущие цены за единицу'!G11,0)","v":0},{"$f":"ROUND('Форма по МДС 81-35.2004'!F115*'Текущие цены за единицу'!H11,0)","v":0},{"$f":"ОКРУГЛВСЕ(SUMIF('Форма по МДС 81-35.2004'!J115:J134,\"Г\",'Форма по МДС 81-35.2004'!F115:F134),8)","v":0},{"$f":"ОКРУГЛВСЕ('Форма по МДС 81-35.2004'!F115*'Текущие цены за единицу'!J11,8)","v":0},{"$f":"ОКРУГЛВСЕ(SUMIF('Форма по МДС 81-35.2004'!J115:J134,\"Ж\",'Форма по МДС 81-35.2004'!F115:F134),8)","v":2.88},{"$f":"ROUND('Форма по МДС 81-35.2004'!F115*'Текущие цены за единицу'!L11,0)","v":0},{"$f":"ROUND('Форма по МДС 81-35.2004'!F115*'Текущие цены за единицу'!M11,0)","v":0},{"$f":"ROUND(B11*'Форма по МДС 81-35.2004'!G129/100,0)","v":161},{"$f":"ROUND((B11+N11)*'Форма по МДС 81-35.2004'!G132/100,0)","v":123},{"$f":"ROUND('Форма по МДС 81-35.2004'!F115*'Текущие цены за единицу'!P11,0)","v":0},{"$f":"ROUND('Форма по МДС 81-35.2004'!F115*'Текущие цены за единицу'!Q11,0)","v":0},{"$f":"ROUND('Форма по МДС 81-35.2004'!F115*'Текущие цены за единицу'!R11,0)","v":0},{"$f":"ROUND('Форма по МДС 81-35.2004'!F115*'Текущие цены за единицу'!S11,0)","v":0},{"$f":"ROUND('Форма по МДС 81-35.2004'!F115*'Текущие цены за единицу'!T11,0)","v":0},{"$f":"ROUND('Форма по МДС 81-35.2004'!F115*'Текущие цены за единицу'!U11,0)","v":0},{"$f":"ROUND('Форма по МДС 81-35.2004'!F115*'Текущие цены за единицу'!V11,0)","v":0},null,{"$f":"ROUND('Форма по МДС 81-35.2004'!F115*'Текущие цены за единицу'!X11,0)","v":0},{"$f":"IF(Определители!I11=\"9\",ROUND(B11*(Начисления!M11/100)*'Форма по МДС 81-35.2004'!G129/100,0),0)","v":0},{"$f":"IF(Определители!I11=\"9\",ROUND(B11*(100-Начисления!M11/100)*'Форма по МДС 81-35.2004'!G129/100,0),0)","v":0},{"$f":"IF(Определители!I11=\"9\",ROUND((C11+E11)*(Начисления!M11/100)*('Форма по МДС 81-35.2004'!G132/100),0),0)","v":0},{"$f":"IF(Определители!I11=\"9\",ROUND((C11+E11)*(100-Начисления!M11/100)*('Форма по МДС 81-35.2004'!G132/100),0),0)","v":0},{"$f":"IF(Определители!I11=\"9\",ROUND(B11*Начисления!M11/100,0),0)","v":0},{"$f":"IF(Определители!I11=\"9\",ROUND(B11*(100-Начисления!M11)/100,0),0)","v":0},{"$f":"ROUND('Форма по МДС 81-35.2004'!F115*'Текущие цены за единицу'!AE11,0)","v":0}]
[{"$f":"'Форма по МДС 81-35.2004'!A135","v":"7."},{"$f":"'Форма по МДС 81-35.2004'!H135","v":1931},{"$f":"ROUND(SUMIF('Форма по МДС 81-35.2004'!J135:J152,\"Г\",'Форма по МДС 81-35.2004'!H135:H152),0)","v":1931},{"$f":"ROUND(SUMIF('Форма по МДС 81-35.2004'!J135:J152,\"IsMash\",'Форма по МДС 81-35.2004'!H135:H152),0)","v":0},{"$f":"'Форма по МДС 81-35.2004'!H136","v":0},{"$f":"ROUND(SUMIF('Форма по МДС 81-35.2004'!J135:J152,\"IsMater\",'Форма по МДС 81-35.2004'!H135:H152),0)","v":0},{"$f":"ROUND('Форма по МДС 81-35.2004'!F135*'Текущие цены за единицу'!G12,0)","v":0},{"$f":"ROUND('Форма по МДС 81-35.2004'!F135*'Текущие цены за единицу'!H12,0)","v":0},{"$f":"ОКРУГЛВСЕ(SUMIF('Форма по МДС 81-35.2004'!J135:J152,\"Г\",'Форма по МДС 81-35.2004'!F135:F152),8)","v":19.2},{"$f":"ОКРУГЛВСЕ('Форма по МДС 81-35.2004'!F135*'Текущие цены за единицу'!J12,8)","v":0},{"$f":"ОКРУГЛВСЕ(SUMIF('Форма по МДС 81-35.2004'!J135:J152,\"Ж\",'Форма по МДС 81-35.2004'!F135:F152),8)","v":0},{"$f":"ROUND('Форма по МДС 81-35.2004'!F135*'Текущие цены за единицу'!L12,0)","v":0},{"$f":"ROUND('Форма по МДС 81-35.2004'!F135*'Текущие цены за единицу'!M12,0)","v":0},{"$f":"ROUND(B12*'Форма по МДС 81-35.2004'!G147/100,0)","v":226},{"$f":"ROUND((B12+N12)*'Форма по МДС 81-35.2004'!G150/100,0)","v":173},{"$f":"ROUND('Форма по МДС 81-35.2004'!F135*'Текущие цены за единицу'!P12,0)","v":0},{"$f":"ROUND('Форма по МДС 81-35.2004'!F135*'Текущие цены за единицу'!Q12,0)","v":0},{"$f":"ROUND('Форма по МДС 81-35.2004'!F135*'Текущие цены за единицу'!R12,0)","v":0},{"$f":"ROUND('Форма по МДС 81-35.2004'!F135*'Текущие цены за единицу'!S12,0)","v":0},{"$f":"ROUND('Форма по МДС 81-35.2004'!F135*'Текущие цены за единицу'!T12,0)","v":0},{"$f":"ROUND('Форма по МДС 81-35.2004'!F135*'Текущие цены за единицу'!U12,0)","v":0},{"$f":"ROUND('Форма по МДС 81-35.2004'!F135*'Текущие цены за единицу'!V12,0)","v":0},null,{"$f":"ROUND('Форма по МДС 81-35.2004'!F135*'Текущие цены за единицу'!X12,0)","v":0},{"$f":"IF(Определители!I12=\"9\",ROUND(B12*(Начисления!M12/100)*'Форма по МДС 81-35.2004'!G147/100,0),0)","v":0},{"$f":"IF(Определители!I12=\"9\",ROUND(B12*(100-Начисления!M12/100)*'Форма по МДС 81-35.2004'!G147/100,0),0)","v":0},{"$f":"IF(Определители!I12=\"9\",ROUND((C12+E12)*(Начисления!M12/100)*('Форма по МДС 81-35.2004'!G150/100),0),0)","v":0},{"$f":"IF(Определители!I12=\"9\",ROUND((C12+E12)*(100-Начисления!M12/100)*('Форма по МДС 81-35.2004'!G150/100),0),0)","v":0},{"$f":"IF(Определители!I12=\"9\",ROUND(B12*Начисления!M12/100,0),0)","v":0},{"$f":"IF(Определители!I12=\"9\",ROUND(B12*(100-Начисления!M12)/100,0),0)","v":0},{"$f":"ROUND('Форма по МДС 81-35.2004'!F135*'Текущие цены за единицу'!AE12,0)","v":0}]
[{"$f":"'Форма по МДС 81-35.2004'!A153","v":"8."},{"$f":"'Форма по МДС 81-35.2004'!H153","v":1632},{"$f":"ROUND(SUMIF('Форма по МДС 81-35.2004'!J153:J173,\"Г\",'Форма по МДС 81-35.2004'!H153:H173),0)","v":251},{"$f":"ROUND(SUMIF('Форма по МДС 81-35.2004'!J153:J173,\"IsMash\",'Форма по МДС 81-35.2004'!H153:H173),0)","v":40},{"$f":"'Форма по МДС 81-35.2004'!H154","v":15},{"$f":"ROUND(SUMIF('Форма по МДС 81-35.2004'!J153:J173,\"IsMater\",'Форма по МДС 81-35.2004'!H153:H173),0)","v":1340},{"$f":"ROUND('Форма по МДС 81-35.2004'!F153*'Текущие цены за единицу'!G13,0)","v":0},{"$f":"ROUND('Форма по МДС 81-35.2004'!F153*'Текущие цены за единицу'!H13,0)","v":0},{"$f":"ОКРУГЛВСЕ(SUMIF('Форма по МДС 81-35.2004'!J153:J173,\"Г\",'Форма по МДС 81-35.2004'!F153:F173),8)","v":2.5},{"$f":"ОКРУГЛВСЕ('Форма по МДС 81-35.2004'!F153*'Текущие цены за единицу'!J13,8)","v":0},{"$f":"ОКРУГЛВСЕ(SUMIF('Форма по МДС 81-35.2004'!J153:J173,\"Ж\",'Форма по МДС 81-35.2004'!F153:F173),8)","v":0.1045},{"$f":"ROUND('Форма по МДС 81-35.2004'!F153*'Текущие цены за единицу'!L13,0)","v":0},{"$f":"ROUND('Форма по МДС 81-35.2004'!F153*'Текущие цены за единицу'!M13,0)","v":0},{"$f":"ROUND(B13*'Форма по МДС 81-35.2004'!G168/100,0)","v":191},{"$f":"ROUND((B13+N13)*'Форма по МДС 81-35.2004'!G171/100,0)","v":146},{"$f":"ROUND('Форма по МДС 81-35.2004'!F153*'Текущие цены за единицу'!P13,0)","v":0},{"$f":"ROUND('Форма по МДС 81-35.2004'!F153*'Текущие цены за единицу'!Q13,0)","v":0},{"$f":"ROUND('Форма по МДС 81-35.2004'!F153*'Текущие цены за единицу'!R13,0)","v":0},{"$f":"ROUND('Форма по МДС 81-35.2004'!F153*'Текущие цены за единицу'!S13,0)","v":0},{"$f":"ROUND('Форма по МДС 81-35.2004'!F153*'Текущие цены за единицу'!T13,0)","v":0},{"$f":"ROUND('Форма по МДС 81-35.2004'!F153*'Текущие цены за единицу'!U13,0)","v":0},{"$f":"ROUND('Форма по МДС 81-35.2004'!F153*'Текущие цены за единицу'!V13,0)","v":0},null,{"$f":"ROUND('Форма по МДС 81-35.2004'!F153*'Текущие цены за единицу'!X13,0)","v":0},{"$f":"IF(Определители!I13=\"9\",ROUND(B13*(Начисления!M13/100)*'Форма по МДС 81-35.2004'!G168/100,0),0)","v":0},{"$f":"IF(Определители!I13=\"9\",ROUND(B13*(100-Начисления!M13/100)*'Форма по МДС 81-35.2004'!G168/100,0),0)","v":0},{"$f":"IF(Определители!I13=\"9\",ROUND((C13+E13)*(Начисления!M13/100)*('Форма по МДС 81-35.2004'!G171/100),0),0)","v":0},{"$f":"IF(Определители!I13=\"9\",ROUND((C13+E13)*(100-Начисления!M13/100)*('Форма по МДС 81-35.2004'!G171/100),0),0)","v":0},{"$f":"IF(Определители!I13=\"9\",ROUND(B13*Начисления!M13/100,0),0)","v":0},{"$f":"IF(Определители!I13=\"9\",ROUND(B13*(100-Начисления!M13)/100,0),0)","v":0},{"$f":"ROUND('Форма по МДС 81-35.2004'!F153*'Текущие цены за единицу'!AE13,0)","v":0}]
[{"$f":"'Форма по МДС 81-35.2004'!A174","v":"9."},{"$f":"'Форма по МДС 81-35.2004'!H174","v":330},{"$f":"ROUND(SUMIF('Форма по МДС 81-35.2004'!J174:J192,\"Г\",'Форма по МДС 81-35.2004'!H174:H192),0)","v":0},{"$f":"ROUND(SUMIF('Форма по МДС 81-35.2004'!J174:J192,\"IsMash\",'Форма по МДС 81-35.2004'!H174:H192),0)","v":330},{"$f":"'Форма по МДС 81-35.2004'!H175","v":96},{"$f":"ROUND(SUMIF('Форма по МДС 81-35.2004'!J174:J192,\"IsMater\",'Форма по МДС 81-35.2004'!H174:H192),0)","v":0},{"$f":"ROUND('Форма по МДС 81-35.2004'!F174*'Текущие цены за единицу'!G14,0)","v":0},{"$f":"ROUND('Форма по МДС 81-35.2004'!F174*'Текущие цены за единицу'!H14,0)","v":0},{"$f":"ОКРУГЛВСЕ(SUMIF('Форма по МДС 81-35.2004'!J174:J192,\"Г\",'Форма по МДС 81-35.2004'!F174:F192),8)","v":0},{"$f":"ОКРУГЛВСЕ('Форма по МДС 81-35.2004'!F174*'Текущие цены за единицу'!J14,8)","v":0},{"$f":"ОКРУГЛВСЕ(SUMIF('Форма по МДС 81-35.2004'!J174:J192,\"Ж\",'Форма по МДС 81-35.2004'!F174:F192),8)","v":0.54},{"$f":"ROUND('Форма по МДС 81-35.2004'!F174*'Текущие цены за единицу'!L14,0)","v":0},{"$f":"ROUND('Форма по МДС 81-35.2004'!F174*'Текущие цены за единицу'!M14,0)","v":0},{"$f":"ROUND(B14*'Форма по МДС 81-35.2004'!G187/100,0)","v":39},{"$f":"ROUND((B14+N14)*'Форма по МДС 81-35.2004'!G190/100,0)","v":30},{"$f":"ROUND('Форма по МДС 81-35.2004'!F174*'Текущие цены за единицу'!P14,0)","v":0},{"$f":"ROUND('Форма по МДС 81-35.2004'!F174*'Текущие цены за единицу'!Q14,0)","v":0},{"$f":"ROUND('Форма по МДС 81-35.2004'!F174*'Текущие цены за единицу'!R14,0)","v":0},{"$f":"ROUND('Форма по МДС 81-35.2004'!F174*'Текущие цены за единицу'!S14,0)","v":0},{"$f":"ROUND('Форма по МДС 81-35.2004'!F174*'Текущие цены за единицу'!T14,0)","v":0},{"$f":"ROUND('Форма по МДС 81-35.2004'!F174*'Текущие цены за единицу'!U14,0)","v":0},{"$f":"ROUND('Форма по МДС 81-35.2004'!F174*'Текущие цены за единицу'!V14,0)","v":0},null,{"$f":"ROUND('Форма по МДС 81-35.2004'!F174*'Текущие цены за единицу'!X14,0)","v":0},{"$f":"IF(Определители!I14=\"9\",ROUND(B14*(Начисления!M14/100)*'Форма по МДС 81-35.2004'!G187/100,0),0)","v":0},{"$f":"IF(Определители!I14=\"9\",ROUND(B14*(100-Начисления!M14/100)*'Форма по МДС 81-35.2004'!G187/100,0),0)","v":0},{"$f":"IF(Определители!I14=\"9\",ROUND((C14+E14)*(Начисления!M14/100)*('Форма по МДС 81-35.2004'!G190/100),0),0)","v":0},{"$f":"IF(Определители!I14=\"9\",ROUND((C14+E14)*(100-Начисления!M14/100)*('Форма по МДС 81-35.2004'!G190/100),0),0)","v":0},{"$f":"IF(Определители!I14=\"9\",ROUND(B14*Начисления!M14/100,0),0)","v":0},{"$f":"IF(Определители!I14=\"9\",ROUND(B14*(100-Начисления!M14)/100,0),0)","v":0},{"$f":"ROUND('Форма по МДС 81-35.2004'!F174*'Текущие цены за единицу'!AE14,0)","v":0}]
[{"$f":"'Форма по МДС 81-35.2004'!A194","v":"10."},{"$f":"'Форма по МДС 81-35.2004'!H194","v":981},{"$f":"ROUND(SUMIF('Форма по МДС 81-35.2004'!J194:J215,\"Г\",'Форма по МДС 81-35.2004'!H194:H215),0)","v":145},{"$f":"ROUND(SUMIF('Форма по МДС 81-35.2004'!J194:J215,\"IsMash\",'Форма по МДС 81-35.2004'!H194:H215),0)","v":138},{"$f":"'Форма по МДС 81-35.2004'!H195","v":37},{"$f":"ROUND(SUMIF('Форма по МДС 81-35.2004'!J194:J215,\"IsMater\",'Форма по МДС 81-35.2004'!H194:H215),0)","v":698},{"$f":"ROUND('Форма по МДС 81-35.2004'!F194*'Текущие цены за единицу'!G15,0)","v":0},{"$f":"ROUND('Форма по МДС 81-35.2004'!F194*'Текущие цены за единицу'!H15,0)","v":0},{"$f":"ОКРУГЛВСЕ(SUMIF('Форма по МДС 81-35.2004'!J194:J215,\"Г\",'Форма по МДС 81-35.2004'!F194:F215),8)","v":1.499808},{"$f":"ОКРУГЛВСЕ('Форма по МДС 81-35.2004'!F194*'Текущие цены за единицу'!J15,8)","v":0},{"$f":"ОКРУГЛВСЕ(SUMIF('Форма по МДС 81-35.2004'!J194:J215,\"Ж\",'Форма по МДС 81-35.2004'!F194:F215),8)","v":0.249968},{"$f":"ROUND('Форма по МДС 81-35.2004'!F194*'Текущие цены за единицу'!L15,0)","v":0},{"$f":"ROUND('Форма по МДС 81-35.2004'!F194*'Текущие цены за единицу'!M15,0)","v":0},{"$f":"ROUND(B15*'Форма по МДС 81-35.2004'!G210/100,0)","v":115},{"$f":"ROUND((B15+N15)*'Форма по МДС 81-35.2004'!G213/100,0)","v":88},{"$f":"ROUND('Форма по МДС 81-35.2004'!F194*'Текущие цены за единицу'!P15,0)","v":0},{"$f":"ROUND('Форма по МДС 81-35.2004'!F194*'Текущие цены за единицу'!Q15,0)","v":0},{"$f":"ROUND('Форма по МДС 81-35.2004'!F194*'Текущие цены за единицу'!R15,0)","v":0},{"$f":"ROUND('Форма по МДС 81-35.2004'!F194*'Текущие цены за единицу'!S15,0)","v":0},{"$f":"ROUND('Форма по МДС 81-35.2004'!F194*'Текущие цены за единицу'!T15,0)","v":0},{"$f":"ROUND('Форма по МДС 81-35.2004'!F194*'Текущие цены за единицу'!U15,0)","v":0},{"$f":"ROUND('Форма по МДС 81-35.2004'!F194*'Текущие цены за единицу'!V15,0)","v":0},null,{"$f":"ROUND('Форма по МДС 81-35.2004'!F194*'Текущие цены за единицу'!X15,0)","v":0},{"$f":"IF(Определители!I15=\"9\",ROUND(B15*(Начисления!M15/100)*'Форма по МДС 81-35.2004'!G210/100,0),0)","v":0},{"$f":"IF(Определители!I15=\"9\",ROUND(B15*(100-Начисления!M15/100)*'Форма по МДС 81-35.2004'!G210/100,0),0)","v":0},{"$f":"IF(Определители!I15=\"9\",ROUND((C15+E15)*(Начисления!M15/100)*('Форма по МДС 81-35.2004'!G213/100),0),0)","v":0},{"$f":"IF(Определители!I15=\"9\",ROUND((C15+E15)*(100-Начисления!M15/100)*('Форма по МДС 81-35.2004'!G213/100),0),0)","v":0},{"$f":"IF(Определители!I15=\"9\",ROUND(B15*Начисления!M15/100,0),0)","v":0},{"$f":"IF(Определители!I15=\"9\",ROUND(B15*(100-Начисления!M15)/100,0),0)","v":0},{"$f":"ROUND('Форма по МДС 81-35.2004'!F194*'Текущие цены за единицу'!AE15,0)","v":0}]
[{"$f":"'Форма по МДС 81-35.2004'!A216","v":"11."},{"$f":"'Форма по МДС 81-35.2004'!H216","v":75},{"$f":"ROUND(SUMIF('Форма по МДС 81-35.2004'!J216:J234,\"Г\",'Форма по МДС 81-35.2004'!H216:H234),0)","v":0},{"$f":"ROUND(SUMIF('Форма по МДС 81-35.2004'!J216:J234,\"IsMash\",'Форма по МДС 81-35.2004'!H216:H234),0)","v":75},{"$f":"'Форма по МДС 81-35.2004'!H217","v":13},{"$f":"ROUND(SUMIF('Форма по МДС 81-35.2004'!J216:J234,\"IsMater\",'Форма по МДС 81-35.2004'!H216:H234),0)","v":0},{"$f":"ROUND('Форма по МДС 81-35.2004'!F216*'Текущие цены за единицу'!G16,0)","v":0},{"$f":"ROUND('Форма по МДС 81-35.2004'!F216*'Текущие цены за единицу'!H16,0)","v":0},{"$f":"ОКРУГЛВСЕ(SUMIF('Форма по МДС 81-35.2004'!J216:J234,\"Г\",'Форма по МДС 81-35.2004'!F216:F234),8)","v":0},{"$f":"ОКРУГЛВСЕ('Форма по МДС 81-35.2004'!F216*'Текущие цены за единицу'!J16,8)","v":0},{"$f":"ОКРУГЛВСЕ(SUMIF('Форма по МДС 81-35.2004'!J216:J234,\"Ж\",'Форма по МДС 81-35.2004'!F216:F234),8)","v":7.8E-2},{"$f":"ROUND('Форма по МДС 81-35.2004'!F216*'Текущие цены за единицу'!L16,0)","v":0},{"$f":"ROUND('Форма по МДС 81-35.2004'!F216*'Текущие цены за единицу'!M16,0)","v":0},{"$f":"ROUND(B16*'Форма по МДС 81-35.2004'!G229/100,0)","v":9},{"$f":"ROUND((B16+N16)*'Форма по МДС 81-35.2004'!G232/100,0)","v":7},{"$f":"ROUND('Форма по МДС 81-35.2004'!F216*'Текущие цены за единицу'!P16,0)","v":0},{"$f":"ROUND('Форма по МДС 81-35.2004'!F216*'Текущие цены за единицу'!Q16,0)","v":0},{"$f":"ROUND('Форма по МДС 81-35.2004'!F216*'Текущие цены за единицу'!R16,0)","v":0},{"$f":"ROUND('Форма по МДС 81-35.2004'!F216*'Текущие цены за единицу'!S16,0)","v":0},{"$f":"ROUND('Форма по МДС 81-35.2004'!F216*'Текущие цены за единицу'!T16,0)","v":0},{"$f":"ROUND('Форма по МДС 81-35.2004'!F216*'Текущие цены за единицу'!U16,0)","v":0},{"$f":"ROUND('Форма по МДС 81-35.2004'!F216*'Текущие цены за единицу'!V16,0)","v":0},null,{"$f":"ROUND('Форма по МДС 81-35.2004'!F216*'Текущие цены за единицу'!X16,0)","v":0},{"$f":"IF(Определители!I16=\"9\",ROUND(B16*(Начисления!M16/100)*'Форма по МДС 81-35.2004'!G229/100,0),0)","v":0},{"$f":"IF(Определители!I16=\"9\",ROUND(B16*(100-Начисления!M16/100)*'Форма по МДС 81-35.2004'!G229/100,0),0)","v":0},{"$f":"IF(Определители!I16=\"9\",ROUND((C16+E16)*(Начисления!M16/100)*('Форма по МДС 81-35.2004'!G232/100),0),0)","v":0},{"$f":"IF(Определители!I16=\"9\",ROUND((C16+E16)*(100-Начисления!M16/100)*('Форма по МДС 81-35.2004'!G232/100),0),0)","v":0},{"$f":"IF(Определители!I16=\"9\",ROUND(B16*Начисления!M16/100,0),0)","v":0},{"$f":"IF(Определители!I16=\"9\",ROUND(B16*(100-Начисления!M16)/100,0),0)","v":0},{"$f":"ROUND('Форма по МДС 81-35.2004'!F216*'Текущие цены за единицу'!AE16,0)","v":0}]
[{"$f":"'Форма по МДС 81-35.2004'!A235","v":"12."},{"$f":"'Форма по МДС 81-35.2004'!H235","v":1445},{"$f":"ROUND(SUMIF('Форма по МДС 81-35.2004'!J235:J254,\"Г\",'Форма по МДС 81-35.2004'!H235:H254),0)","v":0},{"$f":"ROUND(SUMIF('Форма по МДС 81-35.2004'!J235:J254,\"IsMash\",'Форма по МДС 81-35.2004'!H235:H254),0)","v":1445},{"$f":"'Форма по МДС 81-35.2004'!H236","v":504},{"$f":"ROUND(SUMIF('Форма по МДС 81-35.2004'!J235:J254,\"IsMater\",'Форма по МДС 81-35.2004'!H235:H254),0)","v":0},{"$f":"ROUND('Форма по МДС 81-35.2004'!F235*'Текущие цены за единицу'!G17,0)","v":0},{"$f":"ROUND('Форма по МДС 81-35.2004'!F235*'Текущие цены за единицу'!H17,0)","v":0},{"$f":"ОКРУГЛВСЕ(SUMIF('Форма по МДС 81-35.2004'!J235:J254,\"Г\",'Форма по МДС 81-35.2004'!F235:F254),8)","v":0},{"$f":"ОКРУГЛВСЕ('Форма по МДС 81-35.2004'!F235*'Текущие цены за единицу'!J17,8)","v":0},{"$f":"ОКРУГЛВСЕ(SUMIF('Форма по МДС 81-35.2004'!J235:J254,\"Ж\",'Форма по МДС 81-35.2004'!F235:F254),8)","v":3.024},{"$f":"ROUND('Форма по МДС 81-35.2004'!F235*'Текущие цены за единицу'!L17,0)","v":0},{"$f":"ROUND('Форма по МДС 81-35.2004'!F235*'Текущие цены за единицу'!M17,0)","v":0},{"$f":"ROUND(B17*'Форма по МДС 81-35.2004'!G249/100,0)","v":169},{"$f":"ROUND((B17+N17)*'Форма по МДС 81-35.2004'!G252/100,0)","v":129},{"$f":"ROUND('Форма по МДС 81-35.2004'!F235*'Текущие цены за единицу'!P17,0)","v":0},{"$f":"ROUND('Форма по МДС 81-35.2004'!F235*'Текущие цены за единицу'!Q17,0)","v":0},{"$f":"ROUND('Форма по МДС 81-35.2004'!F235*'Текущие цены за единицу'!R17,0)","v":0},{"$f":"ROUND('Форма по МДС 81-35.2004'!F235*'Текущие цены за единицу'!S17,0)","v":0},{"$f":"ROUND('Форма по МДС 81-35.2004'!F235*'Текущие цены за единицу'!T17,0)","v":0},{"$f":"ROUND('Форма по МДС 81-35.2004'!F235*'Текущие цены за единицу'!U17,0)","v":0},{"$f":"ROUND('Форма по МДС 81-35.2004'!F235*'Текущие цены за единицу'!V17,0)","v":0},null,{"$f":"ROUND('Форма по МДС 81-35.2004'!F235*'Текущие цены за единицу'!X17,0)","v":0},{"$f":"IF(Определители!I17=\"9\",ROUND(B17*(Начисления!M17/100)*'Форма по МДС 81-35.2004'!G249/100,0),0)","v":0},{"$f":"IF(Определители!I17=\"9\",ROUND(B17*(100-Начисления!M17/100)*'Форма по МДС 81-35.2004'!G249/100,0),0)","v":0},{"$f":"IF(Определители!I17=\"9\",ROUND((C17+E17)*(Начисления!M17/100)*('Форма по МДС 81-35.2004'!G252/100),0),0)","v":0},{"$f":"IF(Определители!I17=\"9\",ROUND((C17+E17)*(100-Начисления!M17/100)*('Форма по МДС 81-35.2004'!G252/100),0),0)","v":0},{"$f":"IF(Определители!I17=\"9\",ROUND(B17*Начисления!M17/100,0),0)","v":0},{"$f":"IF(Определители!I17=\"9\",ROUND(B17*(100-Начисления!M17)/100,0),0)","v":0},{"$f":"ROUND('Форма по МДС 81-35.2004'!F235*'Текущие цены за единицу'!AE17,0)","v":0}]
[{"$f":"'Форма по МДС 81-35.2004'!A255","v":"13."},{"$f":"'Форма по МДС 81-35.2004'!H255","v":765},{"$f":"ROUND(SUMIF('Форма по МДС 81-35.2004'!J255:J273,\"Г\",'Форма по МДС 81-35.2004'!H255:H273),0)","v":765},{"$f":"ROUND(SUMIF('Форма по МДС 81-35.2004'!J255:J273,\"IsMash\",'Форма по МДС 81-35.2004'!H255:H273),0)","v":0},{"$f":"'Форма по МДС 81-35.2004'!H256","v":0},{"$f":"ROUND(SUMIF('Форма по МДС 81-35.2004'!J255:J273,\"IsMater\",'Форма по МДС 81-35.2004'!H255:H273),0)","v":0},{"$f":"ROUND('Форма по МДС 81-35.2004'!F255*'Текущие цены за единицу'!G18,0)","v":0},{"$f":"ROUND('Форма по МДС 81-35.2004'!F255*'Текущие цены за единицу'!H18,0)","v":0},{"$f":"ОКРУГЛВСЕ(SUMIF('Форма по МДС 81-35.2004'!J255:J273,\"Г\",'Форма по МДС 81-35.2004'!F255:F273),8)","v":7.2431999999999999},{"$f":"ОКРУГЛВСЕ('Форма по МДС 81-35.2004'!F255*'Текущие цены за единицу'!J18,8)","v":0},{"$f":"ОКРУГЛВСЕ(SUMIF('Форма по МДС 81-35.2004'!J255:J273,\"Ж\",'Форма по МДС 81-35.2004'!F255:F273),8)","v":0},{"$f":"ROUND('Форма по МДС 81-35.2004'!F255*'Текущие цены за единицу'!L18,0)","v":0},{"$f":"ROUND('Форма по МДС 81-35.2004'!F255*'Текущие цены за единицу'!M18,0)","v":0},{"$f":"ROUND(B18*'Форма по МДС 81-35.2004'!G268/100,0)","v":90},{"$f":"ROUND((B18+N18)*'Форма по МДС 81-35.2004'!G271/100,0)","v":68},{"$f":"ROUND('Форма по МДС 81-35.2004'!F255*'Текущие цены за единицу'!P18,0)","v":0},{"$f":"ROUND('Форма по МДС 81-35.2004'!F255*'Текущие цены за единицу'!Q18,0)","v":0},{"$f":"ROUND('Форма по МДС 81-35.2004'!F255*'Текущие цены за единицу'!R18,0)","v":0},{"$f":"ROUND('Форма по МДС 81-35.2004'!F255*'Текущие цены за единицу'!S18,0)","v":0},{"$f":"ROUND('Форма по МДС 81-35.2004'!F255*'Текущие цены за единицу'!T18,0)","v":0},{"$f":"ROUND('Форма по МДС 81-35.2004'!F255*'Текущие цены за единицу'!U18,0)","v":0},{"$f":"ROUND('Форма по МДС 81-35.2004'!F255*'Текущие цены за единицу'!V18,0)","v":0},null,{"$f":"ROUND('Форма по МДС 81-35.2004'!F255*'Текущие цены за единицу'!X18,0)","v":0},{"$f":"IF(Определители!I18=\"9\",ROUND(B18*(Начисления!M18/100)*'Форма по МДС 81-35.2004'!G268/100,0),0)","v":0},{"$f":"IF(Определители!I18=\"9\",ROUND(B18*(100-Начисления!M18/100)*'Форма по МДС 81-35.2004'!G268/100,0),0)","v":0},{"$f":"IF(Определители!I18=\"9\",ROUND((C18+E18)*(Начисления!M18/100)*('Форма по МДС 81-35.2004'!G271/100),0),0)","v":0},{"$f":"IF(Определители!I18=\"9\",ROUND((C18+E18)*(100-Начисления!M18/100)*('Форма по МДС 81-35.2004'!G271/100),0),0)","v":0},{"$f":"IF(Определители!I18=\"9\",ROUND(B18*Начисления!M18/100,0),0)","v":0},{"$f":"IF(Определители!I18=\"9\",ROUND(B18*(100-Начисления!M18)/100,0),0)","v":0},{"$f":"ROUND('Форма по МДС 81-35.2004'!F255*'Текущие цены за единицу'!AE18,0)","v":0}]
[{"$f":"'Форма по МДС 81-35.2004'!A274","v":"14."},{"$f":"'Форма по МДС 81-35.2004'!H274","v":1606},{"$f":"ROUND(SUMIF('Форма по МДС 81-35.2004'!J274:J294,\"Г\",'Форма по МДС 81-35.2004'!H274:H294),0)","v":277},{"$f":"ROUND(SUMIF('Форма по МДС 81-35.2004'!J274:J294,\"IsMash\",'Форма по МДС 81-35.2004'!H274:H294),0)","v":1329},{"$f":"'Форма по МДС 81-35.2004'!H275","v":459},{"$f":"ROUND(SUMIF('Форма по МДС 81-35.2004'!J274:J294,\"IsMater\",'Форма по МДС 81-35.2004'!H274:H294),0)","v":0},{"$f":"ROUND('Форма по МДС 81-35.2004'!F274*'Текущие цены за единицу'!G19,0)","v":0},{"$f":"ROUND('Форма по МДС 81-35.2004'!F274*'Текущие цены за единицу'!H19,0)","v":0},{"$f":"ОКРУГЛВСЕ(SUMIF('Форма по МДС 81-35.2004'!J274:J294,\"Г\",'Форма по МДС 81-35.2004'!F274:F294),8)","v":2.754},{"$f":"ОКРУГЛВСЕ('Форма по МДС 81-35.2004'!F274*'Текущие цены за единицу'!J19,8)","v":0},{"$f":"ОКРУГЛВСЕ(SUMIF('Форма по МДС 81-35.2004'!J274:J294,\"Ж\",'Форма по МДС 81-35.2004'!F274:F294),8)","v":2.754},{"$f":"ROUND('Форма по МДС 81-35.2004'!F274*'Текущие цены за единицу'!L19,0)","v":0},{"$f":"ROUND('Форма по МДС 81-35.2004'!F274*'Текущие цены за единицу'!M19,0)","v":0},{"$f":"ROUND(B19*'Форма по МДС 81-35.2004'!G289/100,0)","v":188},{"$f":"ROUND((B19+N19)*'Форма по МДС 81-35.2004'!G292/100,0)","v":144},{"$f":"ROUND('Форма по МДС 81-35.2004'!F274*'Текущие цены за единицу'!P19,0)","v":0},{"$f":"ROUND('Форма по МДС 81-35.2004'!F274*'Текущие цены за единицу'!Q19,0)","v":0},{"$f":"ROUND('Форма по МДС 81-35.2004'!F274*'Текущие цены за единицу'!R19,0)","v":0},{"$f":"ROUND('Форма по МДС 81-35.2004'!F274*'Текущие цены за единицу'!S19,0)","v":0},{"$f":"ROUND('Форма по МДС 81-35.2004'!F274*'Текущие цены за единицу'!T19,0)","v":0},{"$f":"ROUND('Форма по МДС 81-35.2004'!F274*'Текущие цены за единицу'!U19,0)","v":0},{"$f":"ROUND('Форма по МДС 81-35.2004'!F274*'Текущие цены за единицу'!V19,0)","v":0},null,{"$f":"ROUND('Форма по МДС 81-35.2004'!F274*'Текущие цены за единицу'!X19,0)","v":0},{"$f":"IF(Определители!I19=\"9\",ROUND(B19*(Начисления!M19/100)*'Форма по МДС 81-35.2004'!G289/100,0),0)","v":0},{"$f":"IF(Определители!I19=\"9\",ROUND(B19*(100-Начисления!M19/100)*'Форма по МДС 81-35.2004'!G289/100,0),0)","v":0},{"$f":"IF(Определители!I19=\"9\",ROUND((C19+E19)*(Начисления!M19/100)*('Форма по МДС 81-35.2004'!G292/100),0),0)","v":0},{"$f":"IF(Определители!I19=\"9\",ROUND((C19+E19)*(100-Начисления!M19/100)*('Форма по МДС 81-35.2004'!G292/100),0),0)","v":0},{"$f":"IF(Определители!I19=\"9\",ROUND(B19*Начисления!M19/100,0),0)","v":0},{"$f":"IF(Определители!I19=\"9\",ROUND(B19*(100-Начисления!M19)/100,0),0)","v":0},{"$f":"ROUND('Форма по МДС 81-35.2004'!F274*'Текущие цены за единицу'!AE19,0)","v":0}]
[{"$f":"'Форма по МДС 81-35.2004'!A295","v":"15."},{"$f":"'Форма по МДС 81-35.2004'!H295","v":33},{"$f":"ROUND(SUMIF('Форма по МДС 81-35.2004'!J295:J312,\"Г\",'Форма по МДС 81-35.2004'!H295:H312),0)","v":33},{"$f":"ROUND(SUMIF('Форма по МДС 81-35.2004'!J295:J312,\"IsMash\",'Форма по МДС 81-35.2004'!H295:H312),0)","v":0},{"$f":"'Форма по МДС 81-35.2004'!H296","v":0},{"$f":"ROUND(SUMIF('Форма по МДС 81-35.2004'!J295:J312,\"IsMater\",'Форма по МДС 81-35.2004'!H295:H312),0)","v":0},{"$f":"ROUND('Форма по МДС 81-35.2004'!F295*'Текущие цены за единицу'!G20,0)","v":0},{"$f":"ROUND('Форма по МДС 81-35.2004'!F295*'Текущие цены за единицу'!H20,0)","v":0},{"$f":"ОКРУГЛВСЕ(SUMIF('Форма по МДС 81-35.2004'!J295:J312,\"Г\",'Форма по МДС 81-35.2004'!F295:F312),8)","v":0.33},{"$f":"ОКРУГЛВСЕ('Форма по МДС 81-35.2004'!F295*'Текущие цены за единицу'!J20,8)","v":0},{"$f":"ОКРУГЛВСЕ(SUMIF('Форма по МДС 81-35.2004'!J295:J312,\"Ж\",'Форма по МДС 81-35.2004'!F295:F312),8)","v":0},{"$f":"ROUND('Форма по МДС 81-35.2004'!F295*'Текущие цены за единицу'!L20,0)","v":0},{"$f":"ROUND('Форма по МДС 81-35.2004'!F295*'Текущие цены за единицу'!M20,0)","v":0},{"$f":"ROUND(B20*'Форма по МДС 81-35.2004'!G307/100,0)","v":4},{"$f":"ROUND((B20+N20)*'Форма по МДС 81-35.2004'!G310/100,0)","v":3},{"$f":"ROUND('Форма по МДС 81-35.2004'!F295*'Текущие цены за единицу'!P20,0)","v":0},{"$f":"ROUND('Форма по МДС 81-35.2004'!F295*'Текущие цены за единицу'!Q20,0)","v":0},{"$f":"ROUND('Форма по МДС 81-35.2004'!F295*'Текущие цены за единицу'!R20,0)","v":0},{"$f":"ROUND('Форма по МДС 81-35.2004'!F295*'Текущие цены за единицу'!S20,0)","v":0},{"$f":"ROUND('Форма по МДС 81-35.2004'!F295*'Текущие цены за единицу'!T20,0)","v":0},{"$f":"ROUND('Форма по МДС 81-35.2004'!F295*'Текущие цены за единицу'!U20,0)","v":0},{"$f":"ROUND('Форма по МДС 81-35.2004'!F295*'Текущие цены за единицу'!V20,0)","v":0},null,{"$f":"ROUND('Форма по МДС 81-35.2004'!F295*'Текущие цены за единицу'!X20,0)","v":0},{"$f":"IF(Определители!I20=\"9\",ROUND(B20*(Начисления!M20/100)*'Форма по МДС 81-35.2004'!G307/100,0),0)","v":0},{"$f":"IF(Определители!I20=\"9\",ROUND(B20*(100-Начисления!M20/100)*'Форма по МДС 81-35.2004'!G307/100,0),0)","v":0},{"$f":"IF(Определители!I20=\"9\",ROUND((C20+E20)*(Начисления!M20/100)*('Форма по МДС 81-35.2004'!G310/100),0),0)","v":0},{"$f":"IF(Определители!I20=\"9\",ROUND((C20+E20)*(100-Начисления!M20/100)*('Форма по МДС 81-35.2004'!G310/100),0),0)","v":0},{"$f":"IF(Определители!I20=\"9\",ROUND(B20*Начисления!M20/100,0),0)","v":0},{"$f":"IF(Определители!I20=\"9\",ROUND(B20*(100-Начисления!M20)/100,0),0)","v":0},{"$f":"ROUND('Форма по МДС 81-35.2004'!F295*'Текущие цены за единицу'!AE20,0)","v":0}]
[{"$f":"'Форма по МДС 81-35.2004'!A313","v":"16."},{"$f":"'Форма по МДС 81-35.2004'!H313","v":31},{"$f":"ROUND(SUMIF('Форма по МДС 81-35.2004'!J313:J331,\"Г\",'Форма по МДС 81-35.2004'!H313:H331),0)","v":0},{"$f":"ROUND(SUMIF('Форма по МДС 81-35.2004'!J313:J331,\"IsMash\",'Форма по МДС 81-35.2004'!H313:H331),0)","v":31},{"$f":"'Форма по МДС 81-35.2004'!H314","v":0},{"$f":"ROUND(SUMIF('Форма по МДС 81-35.2004'!J313:J331,\"IsMater\",'Форма по МДС 81-35.2004'!H313:H331),0)","v":0},{"$f":"ROUND('Форма по МДС 81-35.2004'!F313*'Текущие цены за единицу'!G21,0)","v":0},{"$f":"ROUND('Форма по МДС 81-35.2004'!F313*'Текущие цены за единицу'!H21,0)","v":0},{"$f":"ОКРУГЛВСЕ(SUMIF('Форма по МДС 81-35.2004'!J313:J331,\"Г\",'Форма по МДС 81-35.2004'!F313:F331),8)","v":0},{"$f":"ОКРУГЛВСЕ('Форма по МДС 81-35.2004'!F313*'Текущие цены за единицу'!J21,8)","v":0},{"$f":"ОКРУГЛВСЕ(SUMIF('Форма по МДС 81-35.2004'!J313:J331,\"Ж\",'Форма по МДС 81-35.2004'!F313:F331),8)","v":0},{"$f":"ROUND('Форма по МДС 81-35.2004'!F313*'Текущие цены за единицу'!L21,0)","v":0},{"$f":"ROUND('Форма по МДС 81-35.2004'!F313*'Текущие цены за единицу'!M21,0)","v":0},{"$f":"ROUND(B21*'Форма по МДС 81-35.2004'!G326/100,0)","v":4},{"$f":"ROUND((B21+N21)*'Форма по МДС 81-35.2004'!G329/100,0)","v":3},{"$f":"ROUND('Форма по МДС 81-35.2004'!F313*'Текущие цены за единицу'!P21,0)","v":0},{"$f":"ROUND('Форма по МДС 81-35.2004'!F313*'Текущие цены за единицу'!Q21,0)","v":0},{"$f":"ROUND('Форма по МДС 81-35.2004'!F313*'Текущие цены за единицу'!R21,0)","v":0},{"$f":"ROUND('Форма по МДС 81-35.2004'!F313*'Текущие цены за единицу'!S21,0)","v":0},{"$f":"ROUND('Форма по МДС 81-35.2004'!F313*'Текущие цены за единицу'!T21,0)","v":0},{"$f":"ROUND('Форма по МДС 81-35.2004'!F313*'Текущие цены за единицу'!U21,0)","v":0},{"$f":"ROUND('Форма по МДС 81-35.2004'!F313*'Текущие цены за единицу'!V21,0)","v":0},null,{"$f":"ROUND('Форма по МДС 81-35.2004'!F313*'Текущие цены за единицу'!X21,0)","v":0},{"$f":"IF(Определители!I21=\"9\",ROUND(B21*(Начисления!M21/100)*'Форма по МДС 81-35.2004'!G326/100,0),0)","v":0},{"$f":"IF(Определители!I21=\"9\",ROUND(B21*(100-Начисления!M21/100)*'Форма по МДС 81-35.2004'!G326/100,0),0)","v":0},{"$f":"IF(Определители!I21=\"9\",ROUND((C21+E21)*(Начисления!M21/100)*('Форма по МДС 81-35.2004'!G329/100),0),0)","v":0},{"$f":"IF(Определители!I21=\"9\",ROUND((C21+E21)*(100-Начисления!M21/100)*('Форма по МДС 81-35.2004'!G329/100),0),0)","v":0},{"$f":"IF(Определители!I21=\"9\",ROUND(B21*Начисления!M21/100,0),0)","v":0},{"$f":"IF(Определители!I21=\"9\",ROUND(B21*(100-Начисления!M21)/100,0),0)","v":0},{"$f":"ROUND('Форма по МДС 81-35.2004'!F313*'Текущие цены за единицу'!AE21,0)","v":0}]
[{"$f":"'Форма по МДС 81-35.2004'!A332","v":"17."},{"$f":"'Форма по МДС 81-35.2004'!H332","v":24},{"$f":"ROUND(SUMIF('Форма по МДС 81-35.2004'!J332:J351,\"Г\",'Форма по МДС 81-35.2004'!H332:H351),0)","v":0},{"$f":"ROUND(SUMIF('Форма по МДС 81-35.2004'!J332:J351,\"IsMash\",'Форма по МДС 81-35.2004'!H332:H351),0)","v":24},{"$f":"'Форма по МДС 81-35.2004'!H334","v":0},{"$f":"ROUND(SUMIF('Форма по МДС 81-35.2004'!J332:J351,\"IsMater\",'Форма по МДС 81-35.2004'!H332:H351),0)","v":0},{"$f":"ROUND('Форма по МДС 81-35.2004'!F332*'Текущие цены за единицу'!G22,0)","v":0},{"$f":"ROUND('Форма по МДС 81-35.2004'!F332*'Текущие цены за единицу'!H22,0)","v":0},{"$f":"ОКРУГЛВСЕ(SUMIF('Форма по МДС 81-35.2004'!J332:J351,\"Г\",'Форма по МДС 81-35.2004'!F332:F351),8)","v":0},{"$f":"ОКРУГЛВСЕ('Форма по МДС 81-35.2004'!F332*'Текущие цены за единицу'!J22,8)","v":0},{"$f":"ОКРУГЛВСЕ(SUMIF('Форма по МДС 81-35.2004'!J332:J351,\"Ж\",'Форма по МДС 81-35.2004'!F332:F351),8)","v":0},{"$f":"ROUND('Форма по МДС 81-35.2004'!F332*'Текущие цены за единицу'!L22,0)","v":0},{"$f":"ROUND('Форма по МДС 81-35.2004'!F332*'Текущие цены за единицу'!M22,0)","v":0},{"$f":"ROUND(B22*'Форма по МДС 81-35.2004'!G346/100,0)","v":3},{"$f":"ROUND((B22+N22)*'Форма по МДС 81-35.2004'!G349/100,0)","v":2},{"$f":"ROUND('Форма по МДС 81-35.2004'!F332*'Текущие цены за единицу'!P22,0)","v":0},{"$f":"ROUND('Форма по МДС 81-35.2004'!F332*'Текущие цены за единицу'!Q22,0)","v":0},{"$f":"ROUND('Форма по МДС 81-35.2004'!F332*'Текущие цены за единицу'!R22,0)","v":0},{"$f":"ROUND('Форма по МДС 81-35.2004'!F332*'Текущие цены за единицу'!S22,0)","v":0},{"$f":"ROUND('Форма по МДС 81-35.2004'!F332*'Текущие цены за единицу'!T22,0)","v":0},{"$f":"ROUND('Форма по МДС 81-35.2004'!F332*'Текущие цены за единицу'!U22,0)","v":0},{"$f":"ROUND('Форма по МДС 81-35.2004'!F332*'Текущие цены за единицу'!V22,0)","v":0},null,{"$f":"ROUND('Форма по МДС 81-35.2004'!F332*'Текущие цены за единицу'!X22,0)","v":0},{"$f":"IF(Определители!I22=\"9\",ROUND(B22*(Начисления!M22/100)*'Форма по МДС 81-35.2004'!G346/100,0),0)","v":0},{"$f":"IF(Определители!I22=\"9\",ROUND(B22*(100-Начисления!M22/100)*'Форма по МДС 81-35.2004'!G346/100,0),0)","v":0},{"$f":"IF(Определители!I22=\"9\",ROUND((C22+E22)*(Начисления!M22/100)*('Форма по МДС 81-35.2004'!G349/100),0),0)","v":0},{"$f":"IF(Определители!I22=\"9\",ROUND((C22+E22)*(100-Начисления!M22/100)*('Форма по МДС 81-35.2004'!G349/100),0),0)","v":0},{"$f":"IF(Определители!I22=\"9\",ROUND(B22*Начисления!M22/100,0),0)","v":0},{"$f":"IF(Определители!I22=\"9\",ROUND(B22*(100-Начисления!M22)/100,0),0)","v":0},{"$f":"ROUND('Форма по МДС 81-35.2004'!F332*'Текущие цены за единицу'!AE22,0)","v":0}]
[{"$f":"'Форма по МДС 81-35.2004'!A352","v":"18."},{"$f":"'Форма по МДС 81-35.2004'!H352","v":1224},{"$f":"ROUND(SUMIF('Форма по МДС 81-35.2004'!J352:J371,\"Г\",'Форма по МДС 81-35.2004'!H352:H371),0)","v":633},{"$f":"ROUND(SUMIF('Форма по МДС 81-35.2004'!J352:J371,\"IsMash\",'Форма по МДС 81-35.2004'!H352:H371),0)","v":591},{"$f":"'Форма по МДС 81-35.2004'!H353","v":92},{"$f":"ROUND(SUMIF('Форма по МДС 81-35.2004'!J352:J371,\"IsMater\",'Форма по МДС 81-35.2004'!H352:H371),0)","v":0},{"$f":"ROUND('Форма по МДС 81-35.2004'!F352*'Текущие цены за единицу'!G23,0)","v":0},{"$f":"ROUND('Форма по МДС 81-35.2004'!F352*'Текущие цены за единицу'!H23,0)","v":0},{"$f":"ОКРУГЛВСЕ(SUMIF('Форма по МДС 81-35.2004'!J352:J371,\"Г\",'Форма по МДС 81-35.2004'!F352:F371),8)","v":6.2915999999999999},{"$f":"ОКРУГЛВСЕ('Форма по МДС 81-35.2004'!F352*'Текущие цены за единицу'!J23,8)","v":0},{"$f":"ОКРУГЛВСЕ(SUMIF('Форма по МДС 81-35.2004'!J352:J371,\"Ж\",'Форма по МДС 81-35.2004'!F352:F371),8)","v":0.5292},{"$f":"ROUND('Форма по МДС 81-35.2004'!F352*'Текущие цены за единицу'!L23,0)","v":0},{"$f":"ROUND('Форма по МДС 81-35.2004'!F352*'Текущие цены за единицу'!M23,0)","v":0},{"$f":"ROUND(B23*'Форма по МДС 81-35.2004'!G366/100,0)","v":143},{"$f":"ROUND((B23+N23)*'Форма по МДС 81-35.2004'!G369/100,0)","v":109},{"$f":"ROUND('Форма по МДС 81-35.2004'!F352*'Текущие цены за единицу'!P23,0)","v":0},{"$f":"ROUND('Форма по МДС 81-35.2004'!F352*'Текущие цены за единицу'!Q23,0)","v":0},{"$f":"ROUND('Форма по МДС 81-35.2004'!F352*'Текущие цены за единицу'!R23,0)","v":0},{"$f":"ROUND('Форма по МДС 81-35.2004'!F352*'Текущие цены за единицу'!S23,0)","v":0},{"$f":"ROUND('Форма по МДС 81-35.2004'!F352*'Текущие цены за единицу'!T23,0)","v":0},{"$f":"ROUND('Форма по МДС 81-35.2004'!F352*'Текущие цены за единицу'!U23,0)","v":0},{"$f":"ROUND('Форма по МДС 81-35.2004'!F352*'Текущие цены за единицу'!V23,0)","v":0},null,{"$f":"ROUND('Форма по МДС 81-35.2004'!F352*'Текущие цены за единицу'!X23,0)","v":0},{"$f":"IF(Определители!I23=\"9\",ROUND(B23*(Начисления!M23/100)*'Форма по МДС 81-35.2004'!G366/100,0),0)","v":0},{"$f":"IF(Определители!I23=\"9\",ROUND(B23*(100-Начисления!M23/100)*'Форма по МДС 81-35.2004'!G366/100,0),0)","v":0},{"$f":"IF(Определители!I23=\"9\",ROUND((C23+E23)*(Начисления!M23/100)*('Форма по МДС 81-35.2004'!G369/100),0),0)","v":0},{"$f":"IF(Определители!I23=\"9\",ROUND((C23+E23)*(100-Начисления!M23/100)*('Форма по МДС 81-35.2004'!G369/100),0),0)","v":0},{"$f":"IF(Определители!I23=\"9\",ROUND(B23*Начисления!M23/100,0),0)","v":0},{"$f":"IF(Определители!I23=\"9\",ROUND(B23*(100-Начисления!M23)/100,0),0)","v":0},{"$f":"ROUND('Форма по МДС 81-35.2004'!F352*'Текущие цены за единицу'!AE23,0)","v":0}]
[{"$f":"'Форма по МДС 81-35.2004'!A372","v":"19."},{"$f":"'Форма по МДС 81-35.2004'!H372","v":52},{"$f":"ROUND(SUMIF('Форма по МДС 81-35.2004'!J372:J396,\"Г\",'Форма по МДС 81-35.2004'!H372:H396),0)","v":0},{"$f":"ROUND(SUMIF('Форма по МДС 81-35.2004'!J372:J396,\"IsMash\",'Форма по МДС 81-35.2004'!H372:H396),0)","v":52},{"$f":"'Форма по МДС 81-35.2004'!H373","v":17},{"$f":"ROUND(SUMIF('Форма по МДС 81-35.2004'!J372:J396,\"IsMater\",'Форма по МДС 81-35.2004'!H372:H396),0)","v":0},{"$f":"ROUND('Форма по МДС 81-35.2004'!F372*'Текущие цены за единицу'!G24,0)","v":0},{"$f":"ROUND('Форма по МДС 81-35.2004'!F372*'Текущие цены за единицу'!H24,0)","v":0},{"$f":"ОКРУГЛВСЕ(SUMIF('Форма по МДС 81-35.2004'!J372:J396,\"Г\",'Форма по МДС 81-35.2004'!F372:F396),8)","v":0},{"$f":"ОКРУГЛВСЕ('Форма по МДС 81-35.2004'!F372*'Текущие цены за единицу'!J24,8)","v":0},{"$f":"ОКРУГЛВСЕ(SUMIF('Форма по МДС 81-35.2004'!J372:J396,\"Ж\",'Форма по МДС 81-35.2004'!F372:F396),8)","v":0.10444000000000001},{"$f":"ROUND('Форма по МДС 81-35.2004'!F372*'Текущие цены за единицу'!L24,0)","v":0},{"$f":"ROUND('Форма по МДС 81-35.2004'!F372*'Текущие цены за единицу'!M24,0)","v":0},{"$f":"ROUND(B24*'Форма по МДС 81-35.2004'!G391/100,0)","v":6},{"$f":"ROUND((B24+N24)*'Форма по МДС 81-35.2004'!G394/100,0)","v":5},{"$f":"ROUND('Форма по МДС 81-35.2004'!F372*'Текущие цены за единицу'!P24,0)","v":0},{"$f":"ROUND('Форма по МДС 81-35.2004'!F372*'Текущие цены за единицу'!Q24,0)","v":0},{"$f":"ROUND('Форма по МДС 81-35.2004'!F372*'Текущие цены за единицу'!R24,0)","v":0},{"$f":"ROUND('Форма по МДС 81-35.2004'!F372*'Текущие цены за единицу'!S24,0)","v":0},{"$f":"ROUND('Форма по МДС 81-35.2004'!F372*'Текущие цены за единицу'!T24,0)","v":0},{"$f":"ROUND('Форма по МДС 81-35.2004'!F372*'Текущие цены за единицу'!U24,0)","v":0},{"$f":"ROUND('Форма по МДС 81-35.2004'!F372*'Текущие цены за единицу'!V24,0)","v":0},null,{"$f":"ROUND('Форма по МДС 81-35.2004'!F372*'Текущие цены за единицу'!X24,0)","v":0},{"$f":"IF(Определители!I24=\"9\",ROUND(B24*(Начисления!M24/100)*'Форма по МДС 81-35.2004'!G391/100,0),0)","v":0},{"$f":"IF(Определители!I24=\"9\",ROUND(B24*(100-Начисления!M24/100)*'Форма по МДС 81-35.2004'!G391/100,0),0)","v":0},{"$f":"IF(Определители!I24=\"9\",ROUND((C24+E24)*(Начисления!M24/100)*('Форма по МДС 81-35.2004'!G394/100),0),0)","v":0},{"$f":"IF(Определители!I24=\"9\",ROUND((C24+E24)*(100-Начисления!M24/100)*('Форма по МДС 81-35.2004'!G394/100),0),0)","v":0},{"$f":"IF(Определители!I24=\"9\",ROUND(B24*Начисления!M24/100,0),0)","v":0},{"$f":"IF(Определители!I24=\"9\",ROUND(B24*(100-Начисления!M24)/100,0),0)","v":0},{"$f":"ROUND('Форма по МДС 81-35.2004'!F372*'Текущие цены за единицу'!AE24,0)","v":0}]
[{"$f":"'Форма по МДС 81-35.2004'!A398","v":"20."},{"$f":"'Форма по МДС 81-35.2004'!H398","v":1097},{"$f":"ROUND(SUMIF('Форма по МДС 81-35.2004'!J398:J416,\"Г\",'Форма по МДС 81-35.2004'!H398:H416),0)","v":1097},{"$f":"ROUND(SUMIF('Форма по МДС 81-35.2004'!J398:J416,\"IsMash\",'Форма по МДС 81-35.2004'!H398:H416),0)","v":0},{"$f":"'Форма по МДС 81-35.2004'!H400","v":0},{"$f":"ROUND(SUMIF('Форма по МДС 81-35.2004'!J398:J416,\"IsMater\",'Форма по МДС 81-35.2004'!H398:H416),0)","v":0},{"$f":"ROUND('Форма по МДС 81-35.2004'!F398*'Текущие цены за единицу'!G25,0)","v":0},{"$f":"ROUND('Форма по МДС 81-35.2004'!F398*'Текущие цены за единицу'!H25,0)","v":0},{"$f":"ОКРУГЛВСЕ(SUMIF('Форма по МДС 81-35.2004'!J398:J416,\"Г\",'Форма по МДС 81-35.2004'!F398:F416),8)","v":10.907999999999999},{"$f":"ОКРУГЛВСЕ('Форма по МДС 81-35.2004'!F398*'Текущие цены за единицу'!J25,8)","v":0},{"$f":"ОКРУГЛВСЕ(SUMIF('Форма по МДС 81-35.2004'!J398:J416,\"Ж\",'Форма по МДС 81-35.2004'!F398:F416),8)","v":0},{"$f":"ROUND('Форма по МДС 81-35.2004'!F398*'Текущие цены за единицу'!L25,0)","v":0},{"$f":"ROUND('Форма по МДС 81-35.2004'!F398*'Текущие цены за единицу'!M25,0)","v":0},{"$f":"ROUND(B25*'Форма по МДС 81-35.2004'!G411/100,0)","v":128},{"$f":"ROUND((B25+N25)*'Форма по МДС 81-35.2004'!G414/100,0)","v":98},{"$f":"ROUND('Форма по МДС 81-35.2004'!F398*'Текущие цены за единицу'!P25,0)","v":0},{"$f":"ROUND('Форма по МДС 81-35.2004'!F398*'Текущие цены за единицу'!Q25,0)","v":0},{"$f":"ROUND('Форма по МДС 81-35.2004'!F398*'Текущие цены за единицу'!R25,0)","v":0},{"$f":"ROUND('Форма по МДС 81-35.2004'!F398*'Текущие цены за единицу'!S25,0)","v":0},{"$f":"ROUND('Форма по МДС 81-35.2004'!F398*'Текущие цены за единицу'!T25,0)","v":0},{"$f":"ROUND('Форма по МДС 81-35.2004'!F398*'Текущие цены за единицу'!U25,0)","v":0},{"$f":"ROUND('Форма по МДС 81-35.2004'!F398*'Текущие цены за единицу'!V25,0)","v":0},null,{"$f":"ROUND('Форма по МДС 81-35.2004'!F398*'Текущие цены за единицу'!X25,0)","v":0},{"$f":"IF(Определители!I25=\"9\",ROUND(B25*(Начисления!M25/100)*'Форма по МДС 81-35.2004'!G411/100,0),0)","v":0},{"$f":"IF(Определители!I25=\"9\",ROUND(B25*(100-Начисления!M25/100)*'Форма по МДС 81-35.2004'!G411/100,0),0)","v":0},{"$f":"IF(Определители!I25=\"9\",ROUND((C25+E25)*(Начисления!M25/100)*('Форма по МДС 81-35.2004'!G414/100),0),0)","v":0},{"$f":"IF(Определители!I25=\"9\",ROUND((C25+E25)*(100-Начисления!M25/100)*('Форма по МДС 81-35.2004'!G414/100),0),0)","v":0},{"$f":"IF(Определители!I25=\"9\",ROUND(B25*Начисления!M25/100,0),0)","v":0},{"$f":"IF(Определители!I25=\"9\",ROUND(B25*(100-Начисления!M25)/100,0),0)","v":0},{"$f":"ROUND('Форма по МДС 81-35.2004'!F398*'Текущие цены за единицу'!AE25,0)","v":0}]
[{"$f":"'Форма по МДС 81-35.2004'!A417","v":"21."},{"$f":"'Форма по МДС 81-35.2004'!H417","v":8577},{"$f":"ROUND(SUMIF('Форма по МДС 81-35.2004'!J417:J436,\"Г\",'Форма по МДС 81-35.2004'!H417:H436),0)","v":5377},{"$f":"ROUND(SUMIF('Форма по МДС 81-35.2004'!J417:J436,\"IsMash\",'Форма по МДС 81-35.2004'!H417:H436),0)","v":3199},{"$f":"'Форма по МДС 81-35.2004'!H418","v":0},{"$f":"ROUND(SUMIF('Форма по МДС 81-35.2004'!J417:J436,\"IsMater\",'Форма по МДС 81-35.2004'!H417:H436),0)","v":0},{"$f":"ROUND('Форма по МДС 81-35.2004'!F417*'Текущие цены за единицу'!G26,0)","v":0},{"$f":"ROUND('Форма по МДС 81-35.2004'!F417*'Текущие цены за единицу'!H26,0)","v":0},{"$f":"ОКРУГЛВСЕ(SUMIF('Форма по МДС 81-35.2004'!J417:J436,\"Г\",'Форма по МДС 81-35.2004'!F417:F436),8)","v":51.5},{"$f":"ОКРУГЛВСЕ('Форма по МДС 81-35.2004'!F417*'Текущие цены за единицу'!J26,8)","v":0},{"$f":"ОКРУГЛВСЕ(SUMIF('Форма по МДС 81-35.2004'!J417:J436,\"Ж\",'Форма по МДС 81-35.2004'!F417:F436),8)","v":0},{"$f":"ROUND('Форма по МДС 81-35.2004'!F417*'Текущие цены за единицу'!L26,0)","v":0},{"$f":"ROUND('Форма по МДС 81-35.2004'!F417*'Текущие цены за единицу'!M26,0)","v":0},{"$f":"ROUND(B26*'Форма по МДС 81-35.2004'!G431/100,0)","v":1004},{"$f":"ROUND((B26+N26)*'Форма по МДС 81-35.2004'!G434/100,0)","v":766},{"$f":"ROUND('Форма по МДС 81-35.2004'!F417*'Текущие цены за единицу'!P26,0)","v":0},{"$f":"ROUND('Форма по МДС 81-35.2004'!F417*'Текущие цены за единицу'!Q26,0)","v":0},{"$f":"ROUND('Форма по МДС 81-35.2004'!F417*'Текущие цены за единицу'!R26,0)","v":0},{"$f":"ROUND('Форма по МДС 81-35.2004'!F417*'Текущие цены за единицу'!S26,0)","v":0},{"$f":"ROUND('Форма по МДС 81-35.2004'!F417*'Текущие цены за единицу'!T26,0)","v":0},{"$f":"ROUND('Форма по МДС 81-35.2004'!F417*'Текущие цены за единицу'!U26,0)","v":0},{"$f":"ROUND('Форма по МДС 81-35.2004'!F417*'Текущие цены за единицу'!V26,0)","v":0},null,{"$f":"ROUND('Форма по МДС 81-35.2004'!F417*'Текущие цены за единицу'!X26,0)","v":0},{"$f":"IF(Определители!I26=\"9\",ROUND(B26*(Начисления!M26/100)*'Форма по МДС 81-35.2004'!G431/100,0),0)","v":0},{"$f":"IF(Определители!I26=\"9\",ROUND(B26*(100-Начисления!M26/100)*'Форма по МДС 81-35.2004'!G431/100,0),0)","v":0},{"$f":"IF(Определители!I26=\"9\",ROUND((C26+E26)*(Начисления!M26/100)*('Форма по МДС 81-35.2004'!G434/100),0),0)","v":0},{"$f":"IF(Определители!I26=\"9\",ROUND((C26+E26)*(100-Начисления!M26/100)*('Форма по МДС 81-35.2004'!G434/100),0),0)","v":0},{"$f":"IF(Определители!I26=\"9\",ROUND(B26*Начисления!M26/100,0),0)","v":0},{"$f":"IF(Определители!I26=\"9\",ROUND(B26*(100-Начисления!M26)/100,0),0)","v":0},{"$f":"ROUND('Форма по МДС 81-35.2004'!F417*'Текущие цены за единицу'!AE26,0)","v":0}]
[{"$f":"'Форма по МДС 81-35.2004'!A437","v":"22."},{"$f":"'Форма по МДС 81-35.2004'!H437","v":278},{"$f":"ROUND(SUMIF('Форма по МДС 81-35.2004'!J437:J455,\"Г\",'Форма по МДС 81-35.2004'!H437:H455),0)","v":0},{"$f":"ROUND(SUMIF('Форма по МДС 81-35.2004'!J437:J455,\"IsMash\",'Форма по МДС 81-35.2004'!H437:H455),0)","v":278},{"$f":"'Форма по МДС 81-35.2004'!H438","v":48},{"$f":"ROUND(SUMIF('Форма по МДС 81-35.2004'!J437:J455,\"IsMater\",'Форма по МДС 81-35.2004'!H437:H455),0)","v":0},{"$f":"ROUND('Форма по МДС 81-35.2004'!F437*'Текущие цены за единицу'!G27,0)","v":0},{"$f":"ROUND('Форма по МДС 81-35.2004'!F437*'Текущие цены за единицу'!H27,0)","v":0},{"$f":"ОКРУГЛВСЕ(SUMIF('Форма по МДС 81-35.2004'!J437:J455,\"Г\",'Форма по МДС 81-35.2004'!F437:F455),8)","v":0},{"$f":"ОКРУГЛВСЕ('Форма по МДС 81-35.2004'!F437*'Текущие цены за единицу'!J27,8)","v":0},{"$f":"ОКРУГЛВСЕ(SUMIF('Форма по МДС 81-35.2004'!J437:J455,\"Ж\",'Форма по МДС 81-35.2004'!F437:F455),8)","v":0.28999999999999998},{"$f":"ROUND('Форма по МДС 81-35.2004'!F437*'Текущие цены за единицу'!L27,0)","v":0},{"$f":"ROUND('Форма по МДС 81-35.2004'!F437*'Текущие цены за единицу'!M27,0)","v":0},{"$f":"ROUND(B27*'Форма по МДС 81-35.2004'!G450/100,0)","v":33},{"$f":"ROUND((B27+N27)*'Форма по МДС 81-35.2004'!G453/100,0)","v":25},{"$f":"ROUND('Форма по МДС 81-35.2004'!F437*'Текущие цены за единицу'!P27,0)","v":0},{"$f":"ROUND('Форма по МДС 81-35.2004'!F437*'Текущие цены за единицу'!Q27,0)","v":0},{"$f":"ROUND('Форма по МДС 81-35.2004'!F437*'Текущие цены за единицу'!R27,0)","v":0},{"$f":"ROUND('Форма по МДС 81-35.2004'!F437*'Текущие цены за единицу'!S27,0)","v":0},{"$f":"ROUND('Форма по МДС 81-35.2004'!F437*'Текущие цены за единицу'!T27,0)","v":0},{"$f":"ROUND('Форма по МДС 81-35.2004'!F437*'Текущие цены за единицу'!U27,0)","v":0},{"$f":"ROUND('Форма по МДС 81-35.2004'!F437*'Текущие цены за единицу'!V27,0)","v":0},null,{"$f":"ROUND('Форма по МДС 81-35.2004'!F437*'Текущие цены за единицу'!X27,0)","v":0},{"$f":"IF(Определители!I27=\"9\",ROUND(B27*(Начисления!M27/100)*'Форма по МДС 81-35.2004'!G450/100,0),0)","v":0},{"$f":"IF(Определители!I27=\"9\",ROUND(B27*(100-Начисления!M27/100)*'Форма по МДС 81-35.2004'!G450/100,0),0)","v":0},{"$f":"IF(Определители!I27=\"9\",ROUND((C27+E27)*(Начисления!M27/100)*('Форма по МДС 81-35.2004'!G453/100),0),0)","v":0},{"$f":"IF(Определители!I27=\"9\",ROUND((C27+E27)*(100-Начисления!M27/100)*('Форма по МДС 81-35.2004'!G453/100),0),0)","v":0},{"$f":"IF(Определители!I27=\"9\",ROUND(B27*Начисления!M27/100,0),0)","v":0},{"$f":"IF(Определители!I27=\"9\",ROUND(B27*(100-Начисления!M27)/100,0),0)","v":0},{"$f":"ROUND('Форма по МДС 81-35.2004'!F437*'Текущие цены за единицу'!AE27,0)","v":0}]
[{"$f":"'Форма по МДС 81-35.2004'!A457","v":"23."},{"$f":"'Форма по МДС 81-35.2004'!H457","v":282},{"$f":"ROUND(SUMIF('Форма по МДС 81-35.2004'!J457:J475,\"Г\",'Форма по МДС 81-35.2004'!H457:H475),0)","v":0},{"$f":"ROUND(SUMIF('Форма по МДС 81-35.2004'!J457:J475,\"IsMash\",'Форма по МДС 81-35.2004'!H457:H475),0)","v":282},{"$f":"'Форма по МДС 81-35.2004'!H458","v":44},{"$f":"ROUND(SUMIF('Форма по МДС 81-35.2004'!J457:J475,\"IsMater\",'Форма по МДС 81-35.2004'!H457:H475),0)","v":0},{"$f":"ROUND('Форма по МДС 81-35.2004'!F457*'Текущие цены за единицу'!G28,0)","v":0},{"$f":"ROUND('Форма по МДС 81-35.2004'!F457*'Текущие цены за единицу'!H28,0)","v":0},{"$f":"ОКРУГЛВСЕ(SUMIF('Форма по МДС 81-35.2004'!J457:J475,\"Г\",'Форма по МДС 81-35.2004'!F457:F475),8)","v":0},{"$f":"ОКРУГЛВСЕ('Форма по МДС 81-35.2004'!F457*'Текущие цены за единицу'!J28,8)","v":0},{"$f":"ОКРУГЛВСЕ(SUMIF('Форма по МДС 81-35.2004'!J457:J475,\"Ж\",'Форма по МДС 81-35.2004'!F457:F475),8)","v":0.252},{"$f":"ROUND('Форма по МДС 81-35.2004'!F457*'Текущие цены за единицу'!L28,0)","v":0},{"$f":"ROUND('Форма по МДС 81-35.2004'!F457*'Текущие цены за единицу'!M28,0)","v":0},{"$f":"ROUND(B28*'Форма по МДС 81-35.2004'!G470/100,0)","v":33},{"$f":"ROUND((B28+N28)*'Форма по МДС 81-35.2004'!G473/100,0)","v":25},{"$f":"ROUND('Форма по МДС 81-35.2004'!F457*'Текущие цены за единицу'!P28,0)","v":0},{"$f":"ROUND('Форма по МДС 81-35.2004'!F457*'Текущие цены за единицу'!Q28,0)","v":0},{"$f":"ROUND('Форма по МДС 81-35.2004'!F457*'Текущие цены за единицу'!R28,0)","v":0},{"$f":"ROUND('Форма по МДС 81-35.2004'!F457*'Текущие цены за единицу'!S28,0)","v":0},{"$f":"ROUND('Форма по МДС 81-35.2004'!F457*'Текущие цены за единицу'!T28,0)","v":0},{"$f":"ROUND('Форма по МДС 81-35.2004'!F457*'Текущие цены за единицу'!U28,0)","v":0},{"$f":"ROUND('Форма по МДС 81-35.2004'!F457*'Текущие цены за единицу'!V28,0)","v":0},null,{"$f":"ROUND('Форма по МДС 81-35.2004'!F457*'Текущие цены за единицу'!X28,0)","v":0},{"$f":"IF(Определители!I28=\"9\",ROUND(B28*(Начисления!M28/100)*'Форма по МДС 81-35.2004'!G470/100,0),0)","v":0},{"$f":"IF(Определители!I28=\"9\",ROUND(B28*(100-Начисления!M28/100)*'Форма по МДС 81-35.2004'!G470/100,0),0)","v":0},{"$f":"IF(Определители!I28=\"9\",ROUND((C28+E28)*(Начисления!M28/100)*('Форма по МДС 81-35.2004'!G473/100),0),0)","v":0},{"$f":"IF(Определители!I28=\"9\",ROUND((C28+E28)*(100-Начисления!M28/100)*('Форма по МДС 81-35.2004'!G473/100),0),0)","v":0},{"$f":"IF(Определители!I28=\"9\",ROUND(B28*Начисления!M28/100,0),0)","v":0},{"$f":"IF(Определители!I28=\"9\",ROUND(B28*(100-Начисления!M28)/100,0),0)","v":0},{"$f":"ROUND('Форма по МДС 81-35.2004'!F457*'Текущие цены за единицу'!AE28,0)","v":0}]
[{"$f":"'Форма по МДС 81-35.2004'!A476","v":"24."},{"$f":"'Форма по МДС 81-35.2004'!H476","v":2082},{"$f":"ROUND(SUMIF('Форма по МДС 81-35.2004'!J476:J495,\"Г\",'Форма по МДС 81-35.2004'!H476:H495),0)","v":1076},{"$f":"ROUND(SUMIF('Форма по МДС 81-35.2004'!J476:J495,\"IsMash\",'Форма по МДС 81-35.2004'!H476:H495),0)","v":1006},{"$f":"'Форма по МДС 81-35.2004'!H477","v":157},{"$f":"ROUND(SUMIF('Форма по МДС 81-35.2004'!J476:J495,\"IsMater\",'Форма по МДС 81-35.2004'!H476:H495),0)","v":0},{"$f":"ROUND('Форма по МДС 81-35.2004'!F476*'Текущие цены за единицу'!G29,0)","v":0},{"$f":"ROUND('Форма по МДС 81-35.2004'!F476*'Текущие цены за единицу'!H29,0)","v":0},{"$f":"ОКРУГЛВСЕ(SUMIF('Форма по МДС 81-35.2004'!J476:J495,\"Г\",'Форма по МДС 81-35.2004'!F476:F495),8)","v":10.7},{"$f":"ОКРУГЛВСЕ('Форма по МДС 81-35.2004'!F476*'Текущие цены за единицу'!J29,8)","v":0},{"$f":"ОКРУГЛВСЕ(SUMIF('Форма по МДС 81-35.2004'!J476:J495,\"Ж\",'Форма по МДС 81-35.2004'!F476:F495),8)","v":0.9},{"$f":"ROUND('Форма по МДС 81-35.2004'!F476*'Текущие цены за единицу'!L29,0)","v":0},{"$f":"ROUND('Форма по МДС 81-35.2004'!F476*'Текущие цены за единицу'!M29,0)","v":0},{"$f":"ROUND(B29*'Форма по МДС 81-35.2004'!G490/100,0)","v":244},{"$f":"ROUND((B29+N29)*'Форма по МДС 81-35.2004'!G493/100,0)","v":186},{"$f":"ROUND('Форма по МДС 81-35.2004'!F476*'Текущие цены за единицу'!P29,0)","v":0},{"$f":"ROUND('Форма по МДС 81-35.2004'!F476*'Текущие цены за единицу'!Q29,0)","v":0},{"$f":"ROUND('Форма по МДС 81-35.2004'!F476*'Текущие цены за единицу'!R29,0)","v":0},{"$f":"ROUND('Форма по МДС 81-35.2004'!F476*'Текущие цены за единицу'!S29,0)","v":0},{"$f":"ROUND('Форма по МДС 81-35.2004'!F476*'Текущие цены за единицу'!T29,0)","v":0},{"$f":"ROUND('Форма по МДС 81-35.2004'!F476*'Текущие цены за единицу'!U29,0)","v":0},{"$f":"ROUND('Форма по МДС 81-35.2004'!F476*'Текущие цены за единицу'!V29,0)","v":0},null,{"$f":"ROUND('Форма по МДС 81-35.2004'!F476*'Текущие цены за единицу'!X29,0)","v":0},{"$f":"IF(Определители!I29=\"9\",ROUND(B29*(Начисления!M29/100)*'Форма по МДС 81-35.2004'!G490/100,0),0)","v":0},{"$f":"IF(Определители!I29=\"9\",ROUND(B29*(100-Начисления!M29/100)*'Форма по МДС 81-35.2004'!G490/100,0),0)","v":0},{"$f":"IF(Определители!I29=\"9\",ROUND((C29+E29)*(Начисления!M29/100)*('Форма по МДС 81-35.2004'!G493/100),0),0)","v":0},{"$f":"IF(Определители!I29=\"9\",ROUND((C29+E29)*(100-Начисления!M29/100)*('Форма по МДС 81-35.2004'!G493/100),0),0)","v":0},{"$f":"IF(Определители!I29=\"9\",ROUND(B29*Начисления!M29/100,0),0)","v":0},{"$f":"IF(Определители!I29=\"9\",ROUND(B29*(100-Начисления!M29)/100,0),0)","v":0},{"$f":"ROUND('Форма по МДС 81-35.2004'!F476*'Текущие цены за единицу'!AE29,0)","v":0}]
[{"$f":"'Форма по МДС 81-35.2004'!A496","v":"25."},{"$f":"'Форма по МДС 81-35.2004'!H496","v":51},{"$f":"ROUND(SUMIF('Форма по МДС 81-35.2004'!J496:J514,\"Г\",'Форма по МДС 81-35.2004'!H496:H514),0)","v":0},{"$f":"ROUND(SUMIF('Форма по МДС 81-35.2004'!J496:J514,\"IsMash\",'Форма по МДС 81-35.2004'!H496:H514),0)","v":51},{"$f":"'Форма по МДС 81-35.2004'!H497","v":0},{"$f":"ROUND(SUMIF('Форма по МДС 81-35.2004'!J496:J514,\"IsMater\",'Форма по МДС 81-35.2004'!H496:H514),0)","v":0},{"$f":"ROUND('Форма по МДС 81-35.2004'!F496*'Текущие цены за единицу'!G30,0)","v":0},{"$f":"ROUND('Форма по МДС 81-35.2004'!F496*'Текущие цены за единицу'!H30,0)","v":0},{"$f":"ОКРУГЛВСЕ(SUMIF('Форма по МДС 81-35.2004'!J496:J514,\"Г\",'Форма по МДС 81-35.2004'!F496:F514),8)","v":0},{"$f":"ОКРУГЛВСЕ('Форма по МДС 81-35.2004'!F496*'Текущие цены за единицу'!J30,8)","v":0},{"$f":"ОКРУГЛВСЕ(SUMIF('Форма по МДС 81-35.2004'!J496:J514,\"Ж\",'Форма по МДС 81-35.2004'!F496:F514),8)","v":0},{"$f":"ROUND('Форма по МДС 81-35.2004'!F496*'Текущие цены за единицу'!L30,0)","v":0},{"$f":"ROUND('Форма по МДС 81-35.2004'!F496*'Текущие цены за единицу'!M30,0)","v":0},{"$f":"ROUND(B30*'Форма по МДС 81-35.2004'!G509/100,0)","v":6},{"$f":"ROUND((B30+N30)*'Форма по МДС 81-35.2004'!G512/100,0)","v":5},{"$f":"ROUND('Форма по МДС 81-35.2004'!F496*'Текущие цены за единицу'!P30,0)","v":0},{"$f":"ROUND('Форма по МДС 81-35.2004'!F496*'Текущие цены за единицу'!Q30,0)","v":0},{"$f":"ROUND('Форма по МДС 81-35.2004'!F496*'Текущие цены за единицу'!R30,0)","v":0},{"$f":"ROUND('Форма по МДС 81-35.2004'!F496*'Текущие цены за единицу'!S30,0)","v":0},{"$f":"ROUND('Форма по МДС 81-35.2004'!F496*'Текущие цены за единицу'!T30,0)","v":0},{"$f":"ROUND('Форма по МДС 81-35.2004'!F496*'Текущие цены за единицу'!U30,0)","v":0},{"$f":"ROUND('Форма по МДС 81-35.2004'!F496*'Текущие цены за единицу'!V30,0)","v":0},null,{"$f":"ROUND('Форма по МДС 81-35.2004'!F496*'Текущие цены за единицу'!X30,0)","v":0},{"$f":"IF(Определители!I30=\"9\",ROUND(B30*(Начисления!M30/100)*'Форма по МДС 81-35.2004'!G509/100,0),0)","v":0},{"$f":"IF(Определители!I30=\"9\",ROUND(B30*(100-Начисления!M30/100)*'Форма по МДС 81-35.2004'!G509/100,0),0)","v":0},{"$f":"IF(Определители!I30=\"9\",ROUND((C30+E30)*(Начисления!M30/100)*('Форма по МДС 81-35.2004'!G512/100),0),0)","v":0},{"$f":"IF(Определители!I30=\"9\",ROUND((C30+E30)*(100-Начисления!M30/100)*('Форма по МДС 81-35.2004'!G512/100),0),0)","v":0},{"$f":"IF(Определители!I30=\"9\",ROUND(B30*Начисления!M30/100,0),0)","v":0},{"$f":"IF(Определители!I30=\"9\",ROUND(B30*(100-Начисления!M30)/100,0),0)","v":0},{"$f":"ROUND('Форма по МДС 81-35.2004'!F496*'Текущие цены за единицу'!AE30,0)","v":0}]
[{"$f":"'Форма по МДС 81-35.2004'!A515","v":"26."},{"$f":"'Форма по МДС 81-35.2004'!H515","v":41},{"$f":"ROUND(SUMIF('Форма по МДС 81-35.2004'!J515:J534,\"Г\",'Форма по МДС 81-35.2004'!H515:H534),0)","v":0},{"$f":"ROUND(SUMIF('Форма по МДС 81-35.2004'!J515:J534,\"IsMash\",'Форма по МДС 81-35.2004'!H515:H534),0)","v":41},{"$f":"'Форма по МДС 81-35.2004'!H517","v":0},{"$f":"ROUND(SUMIF('Форма по МДС 81-35.2004'!J515:J534,\"IsMater\",'Форма по МДС 81-35.2004'!H515:H534),0)","v":0},{"$f":"ROUND('Форма по МДС 81-35.2004'!F515*'Текущие цены за единицу'!G31,0)","v":0},{"$f":"ROUND('Форма по МДС 81-35.2004'!F515*'Текущие цены за единицу'!H31,0)","v":0},{"$f":"ОКРУГЛВСЕ(SUMIF('Форма по МДС 81-35.2004'!J515:J534,\"Г\",'Форма по МДС 81-35.2004'!F515:F534),8)","v":0},{"$f":"ОКРУГЛВСЕ('Форма по МДС 81-35.2004'!F515*'Текущие цены за единицу'!J31,8)","v":0},{"$f":"ОКРУГЛВСЕ(SUMIF('Форма по МДС 81-35.2004'!J515:J534,\"Ж\",'Форма по МДС 81-35.2004'!F515:F534),8)","v":0},{"$f":"ROUND('Форма по МДС 81-35.2004'!F515*'Текущие цены за единицу'!L31,0)","v":0},{"$f":"ROUND('Форма по МДС 81-35.2004'!F515*'Текущие цены за единицу'!M31,0)","v":0},{"$f":"ROUND(B31*'Форма по МДС 81-35.2004'!G529/100,0)","v":5},{"$f":"ROUND((B31+N31)*'Форма по МДС 81-35.2004'!G532/100,0)","v":4},{"$f":"ROUND('Форма по МДС 81-35.2004'!F515*'Текущие цены за единицу'!P31,0)","v":0},{"$f":"ROUND('Форма по МДС 81-35.2004'!F515*'Текущие цены за единицу'!Q31,0)","v":0},{"$f":"ROUND('Форма по МДС 81-35.2004'!F515*'Текущие цены за единицу'!R31,0)","v":0},{"$f":"ROUND('Форма по МДС 81-35.2004'!F515*'Текущие цены за единицу'!S31,0)","v":0},{"$f":"ROUND('Форма по МДС 81-35.2004'!F515*'Текущие цены за единицу'!T31,0)","v":0},{"$f":"ROUND('Форма по МДС 81-35.2004'!F515*'Текущие цены за единицу'!U31,0)","v":0},{"$f":"ROUND('Форма по МДС 81-35.2004'!F515*'Текущие цены за единицу'!V31,0)","v":0},null,{"$f":"ROUND('Форма по МДС 81-35.2004'!F515*'Текущие цены за единицу'!X31,0)","v":0},{"$f":"IF(Определители!I31=\"9\",ROUND(B31*(Начисления!M31/100)*'Форма по МДС 81-35.2004'!G529/100,0),0)","v":0},{"$f":"IF(Определители!I31=\"9\",ROUND(B31*(100-Начисления!M31/100)*'Форма по МДС 81-35.2004'!G529/100,0),0)","v":0},{"$f":"IF(Определители!I31=\"9\",ROUND((C31+E31)*(Начисления!M31/100)*('Форма по МДС 81-35.2004'!G532/100),0),0)","v":0},{"$f":"IF(Определители!I31=\"9\",ROUND((C31+E31)*(100-Начисления!M31/100)*('Форма по МДС 81-35.2004'!G532/100),0),0)","v":0},{"$f":"IF(Определители!I31=\"9\",ROUND(B31*Начисления!M31/100,0),0)","v":0},{"$f":"IF(Определители!I31=\"9\",ROUND(B31*(100-Начисления!M31)/100,0),0)","v":0},{"$f":"ROUND('Форма по МДС 81-35.2004'!F515*'Текущие цены за единицу'!AE31,0)","v":0}]
[{"$f":"'Форма по МДС 81-35.2004'!A535","v":"27."},{"$f":"'Форма по МДС 81-35.2004'!H535","v":337},{"$f":"ROUND(SUMIF('Форма по МДС 81-35.2004'!J535:J558,\"Г\",'Форма по МДС 81-35.2004'!H535:H558),0)","v":6},{"$f":"ROUND(SUMIF('Форма по МДС 81-35.2004'!J535:J558,\"IsMash\",'Форма по МДС 81-35.2004'!H535:H558),0)","v":94},{"$f":"'Форма по МДС 81-35.2004'!H536","v":22},{"$f":"ROUND(SUMIF('Форма по МДС 81-35.2004'!J535:J558,\"IsMater\",'Форма по МДС 81-35.2004'!H535:H558),0)","v":237},{"$f":"ROUND('Форма по МДС 81-35.2004'!F535*'Текущие цены за единицу'!G32,0)","v":0},{"$f":"ROUND('Форма по МДС 81-35.2004'!F535*'Текущие цены за единицу'!H32,0)","v":0},{"$f":"ОКРУГЛВСЕ(SUMIF('Форма по МДС 81-35.2004'!J535:J558,\"Г\",'Форма по МДС 81-35.2004'!F535:F558),8)","v":6.2100000000000002E-2},{"$f":"ОКРУГЛВСЕ('Форма по МДС 81-35.2004'!F535*'Текущие цены за единицу'!J32,8)","v":0},{"$f":"ОКРУГЛВСЕ(SUMIF('Форма по МДС 81-35.2004'!J535:J558,\"Ж\",'Форма по МДС 81-35.2004'!F535:F558),8)","v":0.12609999999999999},{"$f":"ROUND('Форма по МДС 81-35.2004'!F535*'Текущие цены за единицу'!L32,0)","v":0},{"$f":"ROUND('Форма по МДС 81-35.2004'!F535*'Текущие цены за единицу'!M32,0)","v":0},{"$f":"ROUND(B32*'Форма по МДС 81-35.2004'!G553/100,0)","v":39},{"$f":"ROUND((B32+N32)*'Форма по МДС 81-35.2004'!G556/100,0)","v":30},{"$f":"ROUND('Форма по МДС 81-35.2004'!F535*'Текущие цены за единицу'!P32,0)","v":0},{"$f":"ROUND('Форма по МДС 81-35.2004'!F535*'Текущие цены за единицу'!Q32,0)","v":0},{"$f":"ROUND('Форма по МДС 81-35.2004'!F535*'Текущие цены за единицу'!R32,0)","v":0},{"$f":"ROUND('Форма по МДС 81-35.2004'!F535*'Текущие цены за единицу'!S32,0)","v":0},{"$f":"ROUND('Форма по МДС 81-35.2004'!F535*'Текущие цены за единицу'!T32,0)","v":0},{"$f":"ROUND('Форма по МДС 81-35.2004'!F535*'Текущие цены за единицу'!U32,0)","v":0},{"$f":"ROUND('Форма по МДС 81-35.2004'!F535*'Текущие цены за единицу'!V32,0)","v":0},null,{"$f":"ROUND('Форма по МДС 81-35.2004'!F535*'Текущие цены за единицу'!X32,0)","v":0},{"$f":"IF(Определители!I32=\"9\",ROUND(B32*(Начисления!M32/100)*'Форма по МДС 81-35.2004'!G553/100,0),0)","v":0},{"$f":"IF(Определители!I32=\"9\",ROUND(B32*(100-Начисления!M32/100)*'Форма по МДС 81-35.2004'!G553/100,0),0)","v":0},{"$f":"IF(Определители!I32=\"9\",ROUND((C32+E32)*(Начисления!M32/100)*('Форма по МДС 81-35.2004'!G556/100),0),0)","v":0},{"$f":"IF(Определители!I32=\"9\",ROUND((C32+E32)*(100-Начисления!M32/100)*('Форма по МДС 81-35.2004'!G556/100),0),0)","v":0},{"$f":"IF(Определители!I32=\"9\",ROUND(B32*Начисления!M32/100,0),0)","v":0},{"$f":"IF(Определители!I32=\"9\",ROUND(B32*(100-Начисления!M32)/100,0),0)","v":0},{"$f":"ROUND('Форма по МДС 81-35.2004'!F535*'Текущие цены за единицу'!AE32,0)","v":0}]
[{"$f":"'Форма по МДС 81-35.2004'!A559","v":"28."},{"$f":"'Форма по МДС 81-35.2004'!H559","v":307},{"$f":"ROUND(SUMIF('Форма по МДС 81-35.2004'!J559:J577,\"Г\",'Форма по МДС 81-35.2004'!H559:H577),0)","v":0},{"$f":"ROUND(SUMIF('Форма по МДС 81-35.2004'!J559:J577,\"IsMash\",'Форма по МДС 81-35.2004'!H559:H577),0)","v":307},{"$f":"'Форма по МДС 81-35.2004'!H560","v":48},{"$f":"ROUND(SUMIF('Форма по МДС 81-35.2004'!J559:J577,\"IsMater\",'Форма по МДС 81-35.2004'!H559:H577),0)","v":0},{"$f":"ROUND('Форма по МДС 81-35.2004'!F559*'Текущие цены за единицу'!G33,0)","v":0},{"$f":"ROUND('Форма по МДС 81-35.2004'!F559*'Текущие цены за единицу'!H33,0)","v":0},{"$f":"ОКРУГЛВСЕ(SUMIF('Форма по МДС 81-35.2004'!J559:J577,\"Г\",'Форма по МДС 81-35.2004'!F559:F577),8)","v":0},{"$f":"ОКРУГЛВСЕ('Форма по МДС 81-35.2004'!F559*'Текущие цены за единицу'!J33,8)","v":0},{"$f":"ОКРУГЛВСЕ(SUMIF('Форма по МДС 81-35.2004'!J559:J577,\"Ж\",'Форма по МДС 81-35.2004'!F559:F577),8)","v":0.27500000000000002},{"$f":"ROUND('Форма по МДС 81-35.2004'!F559*'Текущие цены за единицу'!L33,0)","v":0},{"$f":"ROUND('Форма по МДС 81-35.2004'!F559*'Текущие цены за единицу'!M33,0)","v":0},{"$f":"ROUND(B33*'Форма по МДС 81-35.2004'!G572/100,0)","v":36},{"$f":"ROUND((B33+N33)*'Форма по МДС 81-35.2004'!G575/100,0)","v":27},{"$f":"ROUND('Форма по МДС 81-35.2004'!F559*'Текущие цены за единицу'!P33,0)","v":0},{"$f":"ROUND('Форма по МДС 81-35.2004'!F559*'Текущие цены за единицу'!Q33,0)","v":0},{"$f":"ROUND('Форма по МДС 81-35.2004'!F559*'Текущие цены за единицу'!R33,0)","v":0},{"$f":"ROUND('Форма по МДС 81-35.2004'!F559*'Текущие цены за единицу'!S33,0)","v":0},{"$f":"ROUND('Форма по МДС 81-35.2004'!F559*'Текущие цены за единицу'!T33,0)","v":0},{"$f":"ROUND('Форма по МДС 81-35.2004'!F559*'Текущие цены за единицу'!U33,0)","v":0},{"$f":"ROUND('Форма по МДС 81-35.2004'!F559*'Текущие цены за единицу'!V33,0)","v":0},null,{"$f":"ROUND('Форма по МДС 81-35.2004'!F559*'Текущие цены за единицу'!X33,0)","v":0},{"$f":"IF(Определители!I33=\"9\",ROUND(B33*(Начисления!M33/100)*'Форма по МДС 81-35.2004'!G572/100,0),0)","v":0},{"$f":"IF(Определители!I33=\"9\",ROUND(B33*(100-Начисления!M33/100)*'Форма по МДС 81-35.2004'!G572/100,0),0)","v":0},{"$f":"IF(Определители!I33=\"9\",ROUND((C33+E33)*(Начисления!M33/100)*('Форма по МДС 81-35.2004'!G575/100),0),0)","v":0},{"$f":"IF(Определители!I33=\"9\",ROUND((C33+E33)*(100-Начисления!M33/100)*('Форма по МДС 81-35.2004'!G575/100),0),0)","v":0},{"$f":"IF(Определители!I33=\"9\",ROUND(B33*Начисления!M33/100,0),0)","v":0},{"$f":"IF(Определители!I33=\"9\",ROUND(B33*(100-Начисления!M33)/100,0),0)","v":0},{"$f":"ROUND('Форма по МДС 81-35.2004'!F559*'Текущие цены за единицу'!AE33,0)","v":0}]
[{"$f":"'Форма по МДС 81-35.2004'!A578","v":"29."},{"$f":"'Форма по МДС 81-35.2004'!H578","v":585},{"$f":"ROUND(SUMIF('Форма по МДС 81-35.2004'!J578:J605,\"Г\",'Форма по МДС 81-35.2004'!H578:H605),0)","v":59},{"$f":"ROUND(SUMIF('Форма по МДС 81-35.2004'!J578:J605,\"IsMash\",'Форма по МДС 81-35.2004'!H578:H605),0)","v":101},{"$f":"'Форма по МДС 81-35.2004'!H579","v":23},{"$f":"ROUND(SUMIF('Форма по МДС 81-35.2004'!J578:J605,\"IsMater\",'Форма по МДС 81-35.2004'!H578:H605),0)","v":426},{"$f":"ROUND('Форма по МДС 81-35.2004'!F578*'Текущие цены за единицу'!G34,0)","v":0},{"$f":"ROUND('Форма по МДС 81-35.2004'!F578*'Текущие цены за единицу'!H34,0)","v":0},{"$f":"ОКРУГЛВСЕ(SUMIF('Форма по МДС 81-35.2004'!J578:J605,\"Г\",'Форма по МДС 81-35.2004'!F578:F605),8)","v":0.54390000000000005},{"$f":"ОКРУГЛВСЕ('Форма по МДС 81-35.2004'!F578*'Текущие цены за единицу'!J34,8)","v":0},{"$f":"ОКРУГЛВСЕ(SUMIF('Форма по МДС 81-35.2004'!J578:J605,\"Ж\",'Форма по МДС 81-35.2004'!F578:F605),8)","v":0.15540000000000001},{"$f":"ROUND('Форма по МДС 81-35.2004'!F578*'Текущие цены за единицу'!L34,0)","v":0},{"$f":"ROUND('Форма по МДС 81-35.2004'!F578*'Текущие цены за единицу'!M34,0)","v":0},{"$f":"ROUND(B34*'Форма по МДС 81-35.2004'!G600/100,0)","v":68},{"$f":"ROUND((B34+N34)*'Форма по МДС 81-35.2004'!G603/100,0)","v":52},{"$f":"ROUND('Форма по МДС 81-35.2004'!F578*'Текущие цены за единицу'!P34,0)","v":0},{"$f":"ROUND('Форма по МДС 81-35.2004'!F578*'Текущие цены за единицу'!Q34,0)","v":0},{"$f":"ROUND('Форма по МДС 81-35.2004'!F578*'Текущие цены за единицу'!R34,0)","v":0},{"$f":"ROUND('Форма по МДС 81-35.2004'!F578*'Текущие цены за единицу'!S34,0)","v":0},{"$f":"ROUND('Форма по МДС 81-35.2004'!F578*'Текущие цены за единицу'!T34,0)","v":0},{"$f":"ROUND('Форма по МДС 81-35.2004'!F578*'Текущие цены за единицу'!U34,0)","v":0},{"$f":"ROUND('Форма по МДС 81-35.2004'!F578*'Текущие цены за единицу'!V34,0)","v":0},null,{"$f":"ROUND('Форма по МДС 81-35.2004'!F578*'Текущие цены за единицу'!X34,0)","v":0},{"$f":"IF(Определители!I34=\"9\",ROUND(B34*(Начисления!M34/100)*'Форма по МДС 81-35.2004'!G600/100,0),0)","v":0},{"$f":"IF(Определители!I34=\"9\",ROUND(B34*(100-Начисления!M34/100)*'Форма по МДС 81-35.2004'!G600/100,0),0)","v":0},{"$f":"IF(Определители!I34=\"9\",ROUND((C34+E34)*(Начисления!M34/100)*('Форма по МДС 81-35.2004'!G603/100),0),0)","v":0},{"$f":"IF(Определители!I34=\"9\",ROUND((C34+E34)*(100-Начисления!M34/100)*('Форма по МДС 81-35.2004'!G603/100),0),0)","v":0},{"$f":"IF(Определители!I34=\"9\",ROUND(B34*Начисления!M34/100,0),0)","v":0},{"$f":"IF(Определители!I34=\"9\",ROUND(B34*(100-Начисления!M34)/100,0),0)","v":0},{"$f":"ROUND('Форма по МДС 81-35.2004'!F578*'Текущие цены за единицу'!AE34,0)","v":0}]
[{"$f":"'Форма по МДС 81-35.2004'!A606","v":"30."},{"$f":"'Форма по МДС 81-35.2004'!H606","v":595},{"$f":"ROUND(SUMIF('Форма по МДС 81-35.2004'!J606:J633,\"Г\",'Форма по МДС 81-35.2004'!H606:H633),0)","v":59},{"$f":"ROUND(SUMIF('Форма по МДС 81-35.2004'!J606:J633,\"IsMash\",'Форма по МДС 81-35.2004'!H606:H633),0)","v":101},{"$f":"'Форма по МДС 81-35.2004'!H607","v":23},{"$f":"ROUND(SUMIF('Форма по МДС 81-35.2004'!J606:J633,\"IsMater\",'Форма по МДС 81-35.2004'!H606:H633),0)","v":435},{"$f":"ROUND('Форма по МДС 81-35.2004'!F606*'Текущие цены за единицу'!G35,0)","v":0},{"$f":"ROUND('Форма по МДС 81-35.2004'!F606*'Текущие цены за единицу'!H35,0)","v":0},{"$f":"ОКРУГЛВСЕ(SUMIF('Форма по МДС 81-35.2004'!J606:J633,\"Г\",'Форма по МДС 81-35.2004'!F606:F633),8)","v":0.54390000000000005},{"$f":"ОКРУГЛВСЕ('Форма по МДС 81-35.2004'!F606*'Текущие цены за единицу'!J35,8)","v":0},{"$f":"ОКРУГЛВСЕ(SUMIF('Форма по МДС 81-35.2004'!J606:J633,\"Ж\",'Форма по МДС 81-35.2004'!F606:F633),8)","v":0.15540000000000001},{"$f":"ROUND('Форма по МДС 81-35.2004'!F606*'Текущие цены за единицу'!L35,0)","v":0},{"$f":"ROUND('Форма по МДС 81-35.2004'!F606*'Текущие цены за единицу'!M35,0)","v":0},{"$f":"ROUND(B35*'Форма по МДС 81-35.2004'!G628/100,0)","v":70},{"$f":"ROUND((B35+N35)*'Форма по МДС 81-35.2004'!G631/100,0)","v":53},{"$f":"ROUND('Форма по МДС 81-35.2004'!F606*'Текущие цены за единицу'!P35,0)","v":0},{"$f":"ROUND('Форма по МДС 81-35.2004'!F606*'Текущие цены за единицу'!Q35,0)","v":0},{"$f":"ROUND('Форма по МДС 81-35.2004'!F606*'Текущие цены за единицу'!R35,0)","v":0},{"$f":"ROUND('Форма по МДС 81-35.2004'!F606*'Текущие цены за единицу'!S35,0)","v":0},{"$f":"ROUND('Форма по МДС 81-35.2004'!F606*'Текущие цены за единицу'!T35,0)","v":0},{"$f":"ROUND('Форма по МДС 81-35.2004'!F606*'Текущие цены за единицу'!U35,0)","v":0},{"$f":"ROUND('Форма по МДС 81-35.2004'!F606*'Текущие цены за единицу'!V35,0)","v":0},null,{"$f":"ROUND('Форма по МДС 81-35.2004'!F606*'Текущие цены за единицу'!X35,0)","v":0},{"$f":"IF(Определители!I35=\"9\",ROUND(B35*(Начисления!M35/100)*'Форма по МДС 81-35.2004'!G628/100,0),0)","v":0},{"$f":"IF(Определители!I35=\"9\",ROUND(B35*(100-Начисления!M35/100)*'Форма по МДС 81-35.2004'!G628/100,0),0)","v":0},{"$f":"IF(Определители!I35=\"9\",ROUND((C35+E35)*(Начисления!M35/100)*('Форма по МДС 81-35.2004'!G631/100),0),0)","v":0},{"$f":"IF(Определители!I35=\"9\",ROUND((C35+E35)*(100-Начисления!M35/100)*('Форма по МДС 81-35.2004'!G631/100),0),0)","v":0},{"$f":"IF(Определители!I35=\"9\",ROUND(B35*Начисления!M35/100,0),0)","v":0},{"$f":"IF(Определители!I35=\"9\",ROUND(B35*(100-Начисления!M35)/100,0),0)","v":0},{"$f":"ROUND('Форма по МДС 81-35.2004'!F606*'Текущие цены за единицу'!AE35,0)","v":0}]
[{"$f":"'Форма по МДС 81-35.2004'!A634","v":"31."},{"$f":"'Форма по МДС 81-35.2004'!H634","v":566},{"$f":"ROUND(SUMIF('Форма по МДС 81-35.2004'!J634:J661,\"Г\",'Форма по МДС 81-35.2004'!H634:H661),0)","v":59},{"$f":"ROUND(SUMIF('Форма по МДС 81-35.2004'!J634:J661,\"IsMash\",'Форма по МДС 81-35.2004'!H634:H661),0)","v":101},{"$f":"'Форма по МДС 81-35.2004'!H635","v":23},{"$f":"ROUND(SUMIF('Форма по МДС 81-35.2004'!J634:J661,\"IsMater\",'Форма по МДС 81-35.2004'!H634:H661),0)","v":407},{"$f":"ROUND('Форма по МДС 81-35.2004'!F634*'Текущие цены за единицу'!G36,0)","v":0},{"$f":"ROUND('Форма по МДС 81-35.2004'!F634*'Текущие цены за единицу'!H36,0)","v":0},{"$f":"ОКРУГЛВСЕ(SUMIF('Форма по МДС 81-35.2004'!J634:J661,\"Г\",'Форма по МДС 81-35.2004'!F634:F661),8)","v":0.54390000000000005},{"$f":"ОКРУГЛВСЕ('Форма по МДС 81-35.2004'!F634*'Текущие цены за единицу'!J36,8)","v":0},{"$f":"ОКРУГЛВСЕ(SUMIF('Форма по МДС 81-35.2004'!J634:J661,\"Ж\",'Форма по МДС 81-35.2004'!F634:F661),8)","v":0.15540000000000001},{"$f":"ROUND('Форма по МДС 81-35.2004'!F634*'Текущие цены за единицу'!L36,0)","v":0},{"$f":"ROUND('Форма по МДС 81-35.2004'!F634*'Текущие цены за единицу'!M36,0)","v":0},{"$f":"ROUND(B36*'Форма по МДС 81-35.2004'!G656/100,0)","v":66},{"$f":"ROUND((B36+N36)*'Форма по МДС 81-35.2004'!G659/100,0)","v":51},{"$f":"ROUND('Форма по МДС 81-35.2004'!F634*'Текущие цены за единицу'!P36,0)","v":0},{"$f":"ROUND('Форма по МДС 81-35.2004'!F634*'Текущие цены за единицу'!Q36,0)","v":0},{"$f":"ROUND('Форма по МДС 81-35.2004'!F634*'Текущие цены за единицу'!R36,0)","v":0},{"$f":"ROUND('Форма по МДС 81-35.2004'!F634*'Текущие цены за единицу'!S36,0)","v":0},{"$f":"ROUND('Форма по МДС 81-35.2004'!F634*'Текущие цены за единицу'!T36,0)","v":0},{"$f":"ROUND('Форма по МДС 81-35.2004'!F634*'Текущие цены за единицу'!U36,0)","v":0},{"$f":"ROUND('Форма по МДС 81-35.2004'!F634*'Текущие цены за единицу'!V36,0)","v":0},null,{"$f":"ROUND('Форма по МДС 81-35.2004'!F634*'Текущие цены за единицу'!X36,0)","v":0},{"$f":"IF(Определители!I36=\"9\",ROUND(B36*(Начисления!M36/100)*'Форма по МДС 81-35.2004'!G656/100,0),0)","v":0},{"$f":"IF(Определители!I36=\"9\",ROUND(B36*(100-Начисления!M36/100)*'Форма по МДС 81-35.2004'!G656/100,0),0)","v":0},{"$f":"IF(Определители!I36=\"9\",ROUND((C36+E36)*(Начисления!M36/100)*('Форма по МДС 81-35.2004'!G659/100),0),0)","v":0},{"$f":"IF(Определители!I36=\"9\",ROUND((C36+E36)*(100-Начисления!M36/100)*('Форма по МДС 81-35.2004'!G659/100),0),0)","v":0},{"$f":"IF(Определители!I36=\"9\",ROUND(B36*Начисления!M36/100,0),0)","v":0},{"$f":"IF(Определители!I36=\"9\",ROUND(B36*(100-Начисления!M36)/100,0),0)","v":0},{"$f":"ROUND('Форма по МДС 81-35.2004'!F634*'Текущие цены за единицу'!AE36,0)","v":0}]
[{"$f":"'Форма по МДС 81-35.2004'!A662","v":"32."},{"$f":"'Форма по МДС 81-35.2004'!H662","v":257},{"$f":"ROUND(SUMIF('Форма по МДС 81-35.2004'!J662:J683,\"Г\",'Форма по МДС 81-35.2004'!H662:H683),0)","v":47},{"$f":"ROUND(SUMIF('Форма по МДС 81-35.2004'!J662:J683,\"IsMash\",'Форма по МДС 81-35.2004'!H662:H683),0)","v":80},{"$f":"'Форма по МДС 81-35.2004'!H663","v":22},{"$f":"ROUND(SUMIF('Форма по МДС 81-35.2004'!J662:J683,\"IsMater\",'Форма по МДС 81-35.2004'!H662:H683),0)","v":131},{"$f":"ROUND('Форма по МДС 81-35.2004'!F662*'Текущие цены за единицу'!G37,0)","v":0},{"$f":"ROUND('Форма по МДС 81-35.2004'!F662*'Текущие цены за единицу'!H37,0)","v":0},{"$f":"ОКРУГЛВСЕ(SUMIF('Форма по МДС 81-35.2004'!J662:J683,\"Г\",'Форма по МДС 81-35.2004'!F662:F683),8)","v":0.43259999999999998},{"$f":"ОКРУГЛВСЕ('Форма по МДС 81-35.2004'!F662*'Текущие цены за единицу'!J37,8)","v":0},{"$f":"ОКРУГЛВСЕ(SUMIF('Форма по МДС 81-35.2004'!J662:J683,\"Ж\",'Форма по МДС 81-35.2004'!F662:F683),8)","v":0.14419999999999999},{"$f":"ROUND('Форма по МДС 81-35.2004'!F662*'Текущие цены за единицу'!L37,0)","v":0},{"$f":"ROUND('Форма по МДС 81-35.2004'!F662*'Текущие цены за единицу'!M37,0)","v":0},{"$f":"ROUND(B37*'Форма по МДС 81-35.2004'!G678/100,0)","v":30},{"$f":"ROUND((B37+N37)*'Форма по МДС 81-35.2004'!G681/100,0)","v":23},{"$f":"ROUND('Форма по МДС 81-35.2004'!F662*'Текущие цены за единицу'!P37,0)","v":0},{"$f":"ROUND('Форма по МДС 81-35.2004'!F662*'Текущие цены за единицу'!Q37,0)","v":0},{"$f":"ROUND('Форма по МДС 81-35.2004'!F662*'Текущие цены за единицу'!R37,0)","v":0},{"$f":"ROUND('Форма по МДС 81-35.2004'!F662*'Текущие цены за единицу'!S37,0)","v":0},{"$f":"ROUND('Форма по МДС 81-35.2004'!F662*'Текущие цены за единицу'!T37,0)","v":0},{"$f":"ROUND('Форма по МДС 81-35.2004'!F662*'Текущие цены за единицу'!U37,0)","v":0},{"$f":"ROUND('Форма по МДС 81-35.2004'!F662*'Текущие цены за единицу'!V37,0)","v":0},null,{"$f":"ROUND('Форма по МДС 81-35.2004'!F662*'Текущие цены за единицу'!X37,0)","v":0},{"$f":"IF(Определители!I37=\"9\",ROUND(B37*(Начисления!M37/100)*'Форма по МДС 81-35.2004'!G678/100,0),0)","v":0},{"$f":"IF(Определители!I37=\"9\",ROUND(B37*(100-Начисления!M37/100)*'Форма по МДС 81-35.2004'!G678/100,0),0)","v":0},{"$f":"IF(Определители!I37=\"9\",ROUND((C37+E37)*(Начисления!M37/100)*('Форма по МДС 81-35.2004'!G681/100),0),0)","v":0},{"$f":"IF(Определители!I37=\"9\",ROUND((C37+E37)*(100-Начисления!M37/100)*('Форма по МДС 81-35.2004'!G681/100),0),0)","v":0},{"$f":"IF(Определители!I37=\"9\",ROUND(B37*Начисления!M37/100,0),0)","v":0},{"$f":"IF(Определители!I37=\"9\",ROUND(B37*(100-Начисления!M37)/100,0),0)","v":0},{"$f":"ROUND('Форма по МДС 81-35.2004'!F662*'Текущие цены за единицу'!AE37,0)","v":0}]
[{"$f":"'Форма по МДС 81-35.2004'!A684","v":"33."},{"$f":"'Форма по МДС 81-35.2004'!H684","v":261},{"$f":"ROUND(SUMIF('Форма по МДС 81-35.2004'!J684:J705,\"Г\",'Форма по МДС 81-35.2004'!H684:H705),0)","v":47},{"$f":"ROUND(SUMIF('Форма по МДС 81-35.2004'!J684:J705,\"IsMash\",'Форма по МДС 81-35.2004'!H684:H705),0)","v":80},{"$f":"'Форма по МДС 81-35.2004'!H685","v":22},{"$f":"ROUND(SUMIF('Форма по МДС 81-35.2004'!J684:J705,\"IsMater\",'Форма по МДС 81-35.2004'!H684:H705),0)","v":134},{"$f":"ROUND('Форма по МДС 81-35.2004'!F684*'Текущие цены за единицу'!G38,0)","v":0},{"$f":"ROUND('Форма по МДС 81-35.2004'!F684*'Текущие цены за единицу'!H38,0)","v":0},{"$f":"ОКРУГЛВСЕ(SUMIF('Форма по МДС 81-35.2004'!J684:J705,\"Г\",'Форма по МДС 81-35.2004'!F684:F705),8)","v":0.43259999999999998},{"$f":"ОКРУГЛВСЕ('Форма по МДС 81-35.2004'!F684*'Текущие цены за единицу'!J38,8)","v":0},{"$f":"ОКРУГЛВСЕ(SUMIF('Форма по МДС 81-35.2004'!J684:J705,\"Ж\",'Форма по МДС 81-35.2004'!F684:F705),8)","v":0.14419999999999999},{"$f":"ROUND('Форма по МДС 81-35.2004'!F684*'Текущие цены за единицу'!L38,0)","v":0},{"$f":"ROUND('Форма по МДС 81-35.2004'!F684*'Текущие цены за единицу'!M38,0)","v":0},{"$f":"ROUND(B38*'Форма по МДС 81-35.2004'!G700/100,0)","v":31},{"$f":"ROUND((B38+N38)*'Форма по МДС 81-35.2004'!G703/100,0)","v":23},{"$f":"ROUND('Форма по МДС 81-35.2004'!F684*'Текущие цены за единицу'!P38,0)","v":0},{"$f":"ROUND('Форма по МДС 81-35.2004'!F684*'Текущие цены за единицу'!Q38,0)","v":0},{"$f":"ROUND('Форма по МДС 81-35.2004'!F684*'Текущие цены за единицу'!R38,0)","v":0},{"$f":"ROUND('Форма по МДС 81-35.2004'!F684*'Текущие цены за единицу'!S38,0)","v":0},{"$f":"ROUND('Форма по МДС 81-35.2004'!F684*'Текущие цены за единицу'!T38,0)","v":0},{"$f":"ROUND('Форма по МДС 81-35.2004'!F684*'Текущие цены за единицу'!U38,0)","v":0},{"$f":"ROUND('Форма по МДС 81-35.2004'!F684*'Текущие цены за единицу'!V38,0)","v":0},null,{"$f":"ROUND('Форма по МДС 81-35.2004'!F684*'Текущие цены за единицу'!X38,0)","v":0},{"$f":"IF(Определители!I38=\"9\",ROUND(B38*(Начисления!M38/100)*'Форма по МДС 81-35.2004'!G700/100,0),0)","v":0},{"$f":"IF(Определители!I38=\"9\",ROUND(B38*(100-Начисления!M38/100)*'Форма по МДС 81-35.2004'!G700/100,0),0)","v":0},{"$f":"IF(Определители!I38=\"9\",ROUND((C38+E38)*(Начисления!M38/100)*('Форма по МДС 81-35.2004'!G703/100),0),0)","v":0},{"$f":"IF(Определители!I38=\"9\",ROUND((C38+E38)*(100-Начисления!M38/100)*('Форма по МДС 81-35.2004'!G703/100),0),0)","v":0},{"$f":"IF(Определители!I38=\"9\",ROUND(B38*Начисления!M38/100,0),0)","v":0},{"$f":"IF(Определители!I38=\"9\",ROUND(B38*(100-Начисления!M38)/100,0),0)","v":0},{"$f":"ROUND('Форма по МДС 81-35.2004'!F684*'Текущие цены за единицу'!AE38,0)","v":0}]
[{"$f":"'Форма по МДС 81-35.2004'!A706","v":"34."},{"$f":"'Форма по МДС 81-35.2004'!H706","v":4},{"$f":"ROUND(SUMIF('Форма по МДС 81-35.2004'!J706:J730,\"Г\",'Форма по МДС 81-35.2004'!H706:H730),0)","v":0},{"$f":"ROUND(SUMIF('Форма по МДС 81-35.2004'!J706:J730,\"IsMash\",'Форма по МДС 81-35.2004'!H706:H730),0)","v":0},{"$f":"'Форма по МДС 81-35.2004'!H712","v":0},{"$f":"ROUND(SUMIF('Форма по МДС 81-35.2004'!J706:J730,\"IsMater\",'Форма по МДС 81-35.2004'!H706:H730),0)","v":4},{"$f":"ROUND('Форма по МДС 81-35.2004'!F706*'Текущие цены за единицу'!G39,0)","v":0},{"$f":"ROUND('Форма по МДС 81-35.2004'!F706*'Текущие цены за единицу'!H39,0)","v":0},{"$f":"ОКРУГЛВСЕ(SUMIF('Форма по МДС 81-35.2004'!J706:J730,\"Г\",'Форма по МДС 81-35.2004'!F706:F730),8)","v":0},{"$f":"ОКРУГЛВСЕ('Форма по МДС 81-35.2004'!F706*'Текущие цены за единицу'!J39,8)","v":0},{"$f":"ОКРУГЛВСЕ(SUMIF('Форма по МДС 81-35.2004'!J706:J730,\"Ж\",'Форма по МДС 81-35.2004'!F706:F730),8)","v":2.376E-4},{"$f":"ROUND('Форма по МДС 81-35.2004'!F706*'Текущие цены за единицу'!L39,0)","v":0},{"$f":"ROUND('Форма по МДС 81-35.2004'!F706*'Текущие цены за единицу'!M39,0)","v":0},{"$f":"ROUND(B39*'Форма по МДС 81-35.2004'!G725/100,0)","v":0},{"$f":"ROUND((B39+N39)*'Форма по МДС 81-35.2004'!G728/100,0)","v":0},{"$f":"ROUND('Форма по МДС 81-35.2004'!F706*'Текущие цены за единицу'!P39,0)","v":0},{"$f":"ROUND('Форма по МДС 81-35.2004'!F706*'Текущие цены за единицу'!Q39,0)","v":0},{"$f":"ROUND('Форма по МДС 81-35.2004'!F706*'Текущие цены за единицу'!R39,0)","v":0},{"$f":"ROUND('Форма по МДС 81-35.2004'!F706*'Текущие цены за единицу'!S39,0)","v":0},{"$f":"ROUND('Форма по МДС 81-35.2004'!F706*'Текущие цены за единицу'!T39,0)","v":0},{"$f":"ROUND('Форма по МДС 81-35.2004'!F706*'Текущие цены за единицу'!U39,0)","v":0},{"$f":"ROUND('Форма по МДС 81-35.2004'!F706*'Текущие цены за единицу'!V39,0)","v":0},null,{"$f":"ROUND('Форма по МДС 81-35.2004'!F706*'Текущие цены за единицу'!X39,0)","v":0},{"$f":"IF(Определители!I39=\"9\",ROUND(B39*(Начисления!M39/100)*'Форма по МДС 81-35.2004'!G725/100,0),0)","v":0},{"$f":"IF(Определители!I39=\"9\",ROUND(B39*(100-Начисления!M39/100)*'Форма по МДС 81-35.2004'!G725/100,0),0)","v":0},{"$f":"IF(Определители!I39=\"9\",ROUND((C39+E39)*(Начисления!M39/100)*('Форма по МДС 81-35.2004'!G728/100),0),0)","v":0},{"$f":"IF(Определители!I39=\"9\",ROUND((C39+E39)*(100-Начисления!M39/100)*('Форма по МДС 81-35.2004'!G728/100),0),0)","v":0},{"$f":"IF(Определители!I39=\"9\",ROUND(B39*Начисления!M39/100,0),0)","v":0},{"$f":"IF(Определители!I39=\"9\",ROUND(B39*(100-Начисления!M39)/100,0),0)","v":0},{"$f":"ROUND('Форма по МДС 81-35.2004'!F706*'Текущие цены за единицу'!AE39,0)","v":0}]
[{"$f":"'Форма по МДС 81-35.2004'!A731","v":"35."},{"$f":"'Форма по МДС 81-35.2004'!H731","v":374},{"$f":"ROUND(SUMIF('Форма по МДС 81-35.2004'!J731:J770,\"Г\",'Форма по МДС 81-35.2004'!H731:H770),0)","v":6},{"$f":"ROUND(SUMIF('Форма по МДС 81-35.2004'!J731:J770,\"IsMash\",'Форма по МДС 81-35.2004'!H731:H770),0)","v":19},{"$f":"'Форма по МДС 81-35.2004'!H737","v":4},{"$f":"ROUND(SUMIF('Форма по МДС 81-35.2004'!J731:J770,\"IsMater\",'Форма по МДС 81-35.2004'!H731:H770),0)","v":349},{"$f":"ROUND('Форма по МДС 81-35.2004'!F731*'Текущие цены за единицу'!G40,0)","v":0},{"$f":"ROUND('Форма по МДС 81-35.2004'!F731*'Текущие цены за единицу'!H40,0)","v":0},{"$f":"ОКРУГЛВСЕ(SUMIF('Форма по МДС 81-35.2004'!J731:J770,\"Г\",'Форма по МДС 81-35.2004'!F731:F770),8)","v":4.5960000000000001E-2},{"$f":"ОКРУГЛВСЕ('Форма по МДС 81-35.2004'!F731*'Текущие цены за единицу'!J40,8)","v":0},{"$f":"ОКРУГЛВСЕ(SUMIF('Форма по МДС 81-35.2004'!J731:J770,\"Ж\",'Форма по МДС 81-35.2004'!F731:F770),8)","v":2.2896E-2},{"$f":"ROUND('Форма по МДС 81-35.2004'!F731*'Текущие цены за единицу'!L40,0)","v":0},{"$f":"ROUND('Форма по МДС 81-35.2004'!F731*'Текущие цены за единицу'!M40,0)","v":0},{"$f":"ROUND(B40*'Форма по МДС 81-35.2004'!G765/100,0)","v":44},{"$f":"ROUND((B40+N40)*'Форма по МДС 81-35.2004'!G768/100,0)","v":33},{"$f":"ROUND('Форма по МДС 81-35.2004'!F731*'Текущие цены за единицу'!P40,0)","v":0},{"$f":"ROUND('Форма по МДС 81-35.2004'!F731*'Текущие цены за единицу'!Q40,0)","v":0},{"$f":"ROUND('Форма по МДС 81-35.2004'!F731*'Текущие цены за единицу'!R40,0)","v":0},{"$f":"ROUND('Форма по МДС 81-35.2004'!F731*'Текущие цены за единицу'!S40,0)","v":0},{"$f":"ROUND('Форма по МДС 81-35.2004'!F731*'Текущие цены за единицу'!T40,0)","v":0},{"$f":"ROUND('Форма по МДС 81-35.2004'!F731*'Текущие цены за единицу'!U40,0)","v":0},{"$f":"ROUND('Форма по МДС 81-35.2004'!F731*'Текущие цены за единицу'!V40,0)","v":0},null,{"$f":"ROUND('Форма по МДС 81-35.2004'!F731*'Текущие цены за единицу'!X40,0)","v":0},{"$f":"IF(Определители!I40=\"9\",ROUND(B40*(Начисления!M40/100)*'Форма по МДС 81-35.2004'!G765/100,0),0)","v":0},{"$f":"IF(Определители!I40=\"9\",ROUND(B40*(100-Начисления!M40/100)*'Форма по МДС 81-35.2004'!G765/100,0),0)","v":0},{"$f":"IF(Определители!I40=\"9\",ROUND((C40+E40)*(Начисления!M40/100)*('Форма по МДС 81-35.2004'!G768/100),0),0)","v":0},{"$f":"IF(Определители!I40=\"9\",ROUND((C40+E40)*(100-Начисления!M40/100)*('Форма по МДС 81-35.2004'!G768/100),0),0)","v":0},{"$f":"IF(Определители!I40=\"9\",ROUND(B40*Начисления!M40/100,0),0)","v":0},{"$f":"IF(Определители!I40=\"9\",ROUND(B40*(100-Начисления!M40)/100,0),0)","v":0},{"$f":"ROUND('Форма по МДС 81-35.2004'!F731*'Текущие цены за единицу'!AE40,0)","v":0}]
[{"$f":"'Форма по МДС 81-35.2004'!A771","v":"36."},{"$f":"'Форма по МДС 81-35.2004'!H771","v":87},{"$f":"ROUND(SUMIF('Форма по МДС 81-35.2004'!J771:J797,\"Г\",'Форма по МДС 81-35.2004'!H771:H797),0)","v":0},{"$f":"ROUND(SUMIF('Форма по МДС 81-35.2004'!J771:J797,\"IsMash\",'Форма по МДС 81-35.2004'!H771:H797),0)","v":0},{"$f":"'Форма по МДС 81-35.2004'!H778","v":0},{"$f":"ROUND(SUMIF('Форма по МДС 81-35.2004'!J771:J797,\"IsMater\",'Форма по МДС 81-35.2004'!H771:H797),0)","v":87},{"$f":"ROUND('Форма по МДС 81-35.2004'!F771*'Текущие цены за единицу'!G41,0)","v":0},{"$f":"ROUND('Форма по МДС 81-35.2004'!F771*'Текущие цены за единицу'!H41,0)","v":0},{"$f":"ОКРУГЛВСЕ(SUMIF('Форма по МДС 81-35.2004'!J771:J797,\"Г\",'Форма по МДС 81-35.2004'!F771:F797),8)","v":2.1599999999999999E-4},{"$f":"ОКРУГЛВСЕ('Форма по МДС 81-35.2004'!F771*'Текущие цены за единицу'!J41,8)","v":0},{"$f":"ОКРУГЛВСЕ(SUMIF('Форма по МДС 81-35.2004'!J771:J797,\"Ж\",'Форма по МДС 81-35.2004'!F771:F797),8)","v":0},{"$f":"ROUND('Форма по МДС 81-35.2004'!F771*'Текущие цены за единицу'!L41,0)","v":0},{"$f":"ROUND('Форма по МДС 81-35.2004'!F771*'Текущие цены за единицу'!M41,0)","v":0},{"$f":"ROUND(B41*'Форма по МДС 81-35.2004'!G792/100,0)","v":10},{"$f":"ROUND((B41+N41)*'Форма по МДС 81-35.2004'!G795/100,0)","v":8},{"$f":"ROUND('Форма по МДС 81-35.2004'!F771*'Текущие цены за единицу'!P41,0)","v":0},{"$f":"ROUND('Форма по МДС 81-35.2004'!F771*'Текущие цены за единицу'!Q41,0)","v":0},{"$f":"ROUND('Форма по МДС 81-35.2004'!F771*'Текущие цены за единицу'!R41,0)","v":0},{"$f":"ROUND('Форма по МДС 81-35.2004'!F771*'Текущие цены за единицу'!S41,0)","v":0},{"$f":"ROUND('Форма по МДС 81-35.2004'!F771*'Текущие цены за единицу'!T41,0)","v":0},{"$f":"ROUND('Форма по МДС 81-35.2004'!F771*'Текущие цены за единицу'!U41,0)","v":0},{"$f":"ROUND('Форма по МДС 81-35.2004'!F771*'Текущие цены за единицу'!V41,0)","v":0},null,{"$f":"ROUND('Форма по МДС 81-35.2004'!F771*'Текущие цены за единицу'!X41,0)","v":0},{"$f":"IF(Определители!I41=\"9\",ROUND(B41*(Начисления!M41/100)*'Форма по МДС 81-35.2004'!G792/100,0),0)","v":0},{"$f":"IF(Определители!I41=\"9\",ROUND(B41*(100-Начисления!M41/100)*'Форма по МДС 81-35.2004'!G792/100,0),0)","v":0},{"$f":"IF(Определители!I41=\"9\",ROUND((C41+E41)*(Начисления!M41/100)*('Форма по МДС 81-35.2004'!G795/100),0),0)","v":0},{"$f":"IF(Определители!I41=\"9\",ROUND((C41+E41)*(100-Начисления!M41/100)*('Форма по МДС 81-35.2004'!G795/100),0),0)","v":0},{"$f":"IF(Определители!I41=\"9\",ROUND(B41*Начисления!M41/100,0),0)","v":0},{"$f":"IF(Определители!I41=\"9\",ROUND(B41*(100-Начисления!M41)/100,0),0)","v":0},{"$f":"ROUND('Форма по МДС 81-35.2004'!F771*'Текущие цены за единицу'!AE41,0)","v":0}]
[{"$f":"'Форма по МДС 81-35.2004'!A798","v":"37."},{"$f":"'Форма по МДС 81-35.2004'!H798","v":4},{"$f":"ROUND(SUMIF('Форма по МДС 81-35.2004'!J798:J822,\"Г\",'Форма по МДС 81-35.2004'!H798:H822),0)","v":0},{"$f":"ROUND(SUMIF('Форма по МДС 81-35.2004'!J798:J822,\"IsMash\",'Форма по МДС 81-35.2004'!H798:H822),0)","v":0},{"$f":"'Форма по МДС 81-35.2004'!H804","v":0},{"$f":"ROUND(SUMIF('Форма по МДС 81-35.2004'!J798:J822,\"IsMater\",'Форма по МДС 81-35.2004'!H798:H822),0)","v":4},{"$f":"ROUND('Форма по МДС 81-35.2004'!F798*'Текущие цены за единицу'!G42,0)","v":0},{"$f":"ROUND('Форма по МДС 81-35.2004'!F798*'Текущие цены за единицу'!H42,0)","v":0},{"$f":"ОКРУГЛВСЕ(SUMIF('Форма по МДС 81-35.2004'!J798:J822,\"Г\",'Форма по МДС 81-35.2004'!F798:F822),8)","v":0},{"$f":"ОКРУГЛВСЕ('Форма по МДС 81-35.2004'!F798*'Текущие цены за единицу'!J42,8)","v":0},{"$f":"ОКРУГЛВСЕ(SUMIF('Форма по МДС 81-35.2004'!J798:J822,\"Ж\",'Форма по МДС 81-35.2004'!F798:F822),8)","v":2.376E-4},{"$f":"ROUND('Форма по МДС 81-35.2004'!F798*'Текущие цены за единицу'!L42,0)","v":0},{"$f":"ROUND('Форма по МДС 81-35.2004'!F798*'Текущие цены за единицу'!M42,0)","v":0},{"$f":"ROUND(B42*'Форма по МДС 81-35.2004'!G817/100,0)","v":0},{"$f":"ROUND((B42+N42)*'Форма по МДС 81-35.2004'!G820/100,0)","v":0},{"$f":"ROUND('Форма по МДС 81-35.2004'!F798*'Текущие цены за единицу'!P42,0)","v":0},{"$f":"ROUND('Форма по МДС 81-35.2004'!F798*'Текущие цены за единицу'!Q42,0)","v":0},{"$f":"ROUND('Форма по МДС 81-35.2004'!F798*'Текущие цены за единицу'!R42,0)","v":0},{"$f":"ROUND('Форма по МДС 81-35.2004'!F798*'Текущие цены за единицу'!S42,0)","v":0},{"$f":"ROUND('Форма по МДС 81-35.2004'!F798*'Текущие цены за единицу'!T42,0)","v":0},{"$f":"ROUND('Форма по МДС 81-35.2004'!F798*'Текущие цены за единицу'!U42,0)","v":0},{"$f":"ROUND('Форма по МДС 81-35.2004'!F798*'Текущие цены за единицу'!V42,0)","v":0},null,{"$f":"ROUND('Форма по МДС 81-35.2004'!F798*'Текущие цены за единицу'!X42,0)","v":0},{"$f":"IF(Определители!I42=\"9\",ROUND(B42*(Начисления!M42/100)*'Форма по МДС 81-35.2004'!G817/100,0),0)","v":0},{"$f":"IF(Определители!I42=\"9\",ROUND(B42*(100-Начисления!M42/100)*'Форма по МДС 81-35.2004'!G817/100,0),0)","v":0},{"$f":"IF(Определители!I42=\"9\",ROUND((C42+E42)*(Начисления!M42/100)*('Форма по МДС 81-35.2004'!G820/100),0),0)","v":0},{"$f":"IF(Определители!I42=\"9\",ROUND((C42+E42)*(100-Начисления!M42/100)*('Форма по МДС 81-35.2004'!G820/100),0),0)","v":0},{"$f":"IF(Определители!I42=\"9\",ROUND(B42*Начисления!M42/100,0),0)","v":0},{"$f":"IF(Определители!I42=\"9\",ROUND(B42*(100-Начисления!M42)/100,0),0)","v":0},{"$f":"ROUND('Форма по МДС 81-35.2004'!F798*'Текущие цены за единицу'!AE42,0)","v":0}]
[{"$f":"'Форма по МДС 81-35.2004'!A823","v":"38."},{"$f":"'Форма по МДС 81-35.2004'!H823","v":382},{"$f":"ROUND(SUMIF('Форма по МДС 81-35.2004'!J823:J862,\"Г\",'Форма по МДС 81-35.2004'!H823:H862),0)","v":6},{"$f":"ROUND(SUMIF('Форма по МДС 81-35.2004'!J823:J862,\"IsMash\",'Форма по МДС 81-35.2004'!H823:H862),0)","v":19},{"$f":"'Форма по МДС 81-35.2004'!H829","v":4},{"$f":"ROUND(SUMIF('Форма по МДС 81-35.2004'!J823:J862,\"IsMater\",'Форма по МДС 81-35.2004'!H823:H862),0)","v":357},{"$f":"ROUND('Форма по МДС 81-35.2004'!F823*'Текущие цены за единицу'!G43,0)","v":0},{"$f":"ROUND('Форма по МДС 81-35.2004'!F823*'Текущие цены за единицу'!H43,0)","v":0},{"$f":"ОКРУГЛВСЕ(SUMIF('Форма по МДС 81-35.2004'!J823:J862,\"Г\",'Форма по МДС 81-35.2004'!F823:F862),8)","v":4.5960000000000001E-2},{"$f":"ОКРУГЛВСЕ('Форма по МДС 81-35.2004'!F823*'Текущие цены за единицу'!J43,8)","v":0},{"$f":"ОКРУГЛВСЕ(SUMIF('Форма по МДС 81-35.2004'!J823:J862,\"Ж\",'Форма по МДС 81-35.2004'!F823:F862),8)","v":2.2896E-2},{"$f":"ROUND('Форма по МДС 81-35.2004'!F823*'Текущие цены за единицу'!L43,0)","v":0},{"$f":"ROUND('Форма по МДС 81-35.2004'!F823*'Текущие цены за единицу'!M43,0)","v":0},{"$f":"ROUND(B43*'Форма по МДС 81-35.2004'!G857/100,0)","v":45},{"$f":"ROUND((B43+N43)*'Форма по МДС 81-35.2004'!G860/100,0)","v":34},{"$f":"ROUND('Форма по МДС 81-35.2004'!F823*'Текущие цены за единицу'!P43,0)","v":0},{"$f":"ROUND('Форма по МДС 81-35.2004'!F823*'Текущие цены за единицу'!Q43,0)","v":0},{"$f":"ROUND('Форма по МДС 81-35.2004'!F823*'Текущие цены за единицу'!R43,0)","v":0},{"$f":"ROUND('Форма по МДС 81-35.2004'!F823*'Текущие цены за единицу'!S43,0)","v":0},{"$f":"ROUND('Форма по МДС 81-35.2004'!F823*'Текущие цены за единицу'!T43,0)","v":0},{"$f":"ROUND('Форма по МДС 81-35.2004'!F823*'Текущие цены за единицу'!U43,0)","v":0},{"$f":"ROUND('Форма по МДС 81-35.2004'!F823*'Текущие цены за единицу'!V43,0)","v":0},null,{"$f":"ROUND('Форма по МДС 81-35.2004'!F823*'Текущие цены за единицу'!X43,0)","v":0},{"$f":"IF(Определители!I43=\"9\",ROUND(B43*(Начисления!M43/100)*'Форма по МДС 81-35.2004'!G857/100,0),0)","v":0},{"$f":"IF(Определители!I43=\"9\",ROUND(B43*(100-Начисления!M43/100)*'Форма по МДС 81-35.2004'!G857/100,0),0)","v":0},{"$f":"IF(Определители!I43=\"9\",ROUND((C43+E43)*(Начисления!M43/100)*('Форма по МДС 81-35.2004'!G860/100),0),0)","v":0},{"$f":"IF(Определители!I43=\"9\",ROUND((C43+E43)*(100-Начисления!M43/100)*('Форма по МДС 81-35.2004'!G860/100),0),0)","v":0},{"$f":"IF(Определители!I43=\"9\",ROUND(B43*Начисления!M43/100,0),0)","v":0},{"$f":"IF(Определители!I43=\"9\",ROUND(B43*(100-Начисления!M43)/100,0),0)","v":0},{"$f":"ROUND('Форма по МДС 81-35.2004'!F823*'Текущие цены за единицу'!AE43,0)","v":0}]
[{"$f":"'Форма по МДС 81-35.2004'!A863","v":"39."},{"$f":"'Форма по МДС 81-35.2004'!H863","v":89},{"$f":"ROUND(SUMIF('Форма по МДС 81-35.2004'!J863:J889,\"Г\",'Форма по МДС 81-35.2004'!H863:H889),0)","v":0},{"$f":"ROUND(SUMIF('Форма по МДС 81-35.2004'!J863:J889,\"IsMash\",'Форма по МДС 81-35.2004'!H863:H889),0)","v":0},{"$f":"'Форма по МДС 81-35.2004'!H870","v":0},{"$f":"ROUND(SUMIF('Форма по МДС 81-35.2004'!J863:J889,\"IsMater\",'Форма по МДС 81-35.2004'!H863:H889),0)","v":89},{"$f":"ROUND('Форма по МДС 81-35.2004'!F863*'Текущие цены за единицу'!G44,0)","v":0},{"$f":"ROUND('Форма по МДС 81-35.2004'!F863*'Текущие цены за единицу'!H44,0)","v":0},{"$f":"ОКРУГЛВСЕ(SUMIF('Форма по МДС 81-35.2004'!J863:J889,\"Г\",'Форма по МДС 81-35.2004'!F863:F889),8)","v":2.1599999999999999E-4},{"$f":"ОКРУГЛВСЕ('Форма по МДС 81-35.2004'!F863*'Текущие цены за единицу'!J44,8)","v":0},{"$f":"ОКРУГЛВСЕ(SUMIF('Форма по МДС 81-35.2004'!J863:J889,\"Ж\",'Форма по МДС 81-35.2004'!F863:F889),8)","v":0},{"$f":"ROUND('Форма по МДС 81-35.2004'!F863*'Текущие цены за единицу'!L44,0)","v":0},{"$f":"ROUND('Форма по МДС 81-35.2004'!F863*'Текущие цены за единицу'!M44,0)","v":0},{"$f":"ROUND(B44*'Форма по МДС 81-35.2004'!G884/100,0)","v":10},{"$f":"ROUND((B44+N44)*'Форма по МДС 81-35.2004'!G887/100,0)","v":8},{"$f":"ROUND('Форма по МДС 81-35.2004'!F863*'Текущие цены за единицу'!P44,0)","v":0},{"$f":"ROUND('Форма по МДС 81-35.2004'!F863*'Текущие цены за единицу'!Q44,0)","v":0},{"$f":"ROUND('Форма по МДС 81-35.2004'!F863*'Текущие цены за единицу'!R44,0)","v":0},{"$f":"ROUND('Форма по МДС 81-35.2004'!F863*'Текущие цены за единицу'!S44,0)","v":0},{"$f":"ROUND('Форма по МДС 81-35.2004'!F863*'Текущие цены за единицу'!T44,0)","v":0},{"$f":"ROUND('Форма по МДС 81-35.2004'!F863*'Текущие цены за единицу'!U44,0)","v":0},{"$f":"ROUND('Форма по МДС 81-35.2004'!F863*'Текущие цены за единицу'!V44,0)","v":0},null,{"$f":"ROUND('Форма по МДС 81-35.2004'!F863*'Текущие цены за единицу'!X44,0)","v":0},{"$f":"IF(Определители!I44=\"9\",ROUND(B44*(Начисления!M44/100)*'Форма по МДС 81-35.2004'!G884/100,0),0)","v":0},{"$f":"IF(Определители!I44=\"9\",ROUND(B44*(100-Начисления!M44/100)*'Форма по МДС 81-35.2004'!G884/100,0),0)","v":0},{"$f":"IF(Определители!I44=\"9\",ROUND((C44+E44)*(Начисления!M44/100)*('Форма по МДС 81-35.2004'!G887/100),0),0)","v":0},{"$f":"IF(Определители!I44=\"9\",ROUND((C44+E44)*(100-Начисления!M44/100)*('Форма по МДС 81-35.2004'!G887/100),0),0)","v":0},{"$f":"IF(Определители!I44=\"9\",ROUND(B44*Начисления!M44/100,0),0)","v":0},{"$f":"IF(Определители!I44=\"9\",ROUND(B44*(100-Начисления!M44)/100,0),0)","v":0},{"$f":"ROUND('Форма по МДС 81-35.2004'!F863*'Текущие цены за единицу'!AE44,0)","v":0}]
[{"$f":"'Форма по МДС 81-35.2004'!A890","v":"40."},{"$f":"'Форма по МДС 81-35.2004'!H890","v":4},{"$f":"ROUND(SUMIF('Форма по МДС 81-35.2004'!J890:J914,\"Г\",'Форма по МДС 81-35.2004'!H890:H914),0)","v":0},{"$f":"ROUND(SUMIF('Форма по МДС 81-35.2004'!J890:J914,\"IsMash\",'Форма по МДС 81-35.2004'!H890:H914),0)","v":0},{"$f":"'Форма по МДС 81-35.2004'!H896","v":0},{"$f":"ROUND(SUMIF('Форма по МДС 81-35.2004'!J890:J914,\"IsMater\",'Форма по МДС 81-35.2004'!H890:H914),0)","v":4},{"$f":"ROUND('Форма по МДС 81-35.2004'!F890*'Текущие цены за единицу'!G45,0)","v":0},{"$f":"ROUND('Форма по МДС 81-35.2004'!F890*'Текущие цены за единицу'!H45,0)","v":0},{"$f":"ОКРУГЛВСЕ(SUMIF('Форма по МДС 81-35.2004'!J890:J914,\"Г\",'Форма по МДС 81-35.2004'!F890:F914),8)","v":0},{"$f":"ОКРУГЛВСЕ('Форма по МДС 81-35.2004'!F890*'Текущие цены за единицу'!J45,8)","v":0},{"$f":"ОКРУГЛВСЕ(SUMIF('Форма по МДС 81-35.2004'!J890:J914,\"Ж\",'Форма по МДС 81-35.2004'!F890:F914),8)","v":2.376E-4},{"$f":"ROUND('Форма по МДС 81-35.2004'!F890*'Текущие цены за единицу'!L45,0)","v":0},{"$f":"ROUND('Форма по МДС 81-35.2004'!F890*'Текущие цены за единицу'!M45,0)","v":0},{"$f":"ROUND(B45*'Форма по МДС 81-35.2004'!G909/100,0)","v":0},{"$f":"ROUND((B45+N45)*'Форма по МДС 81-35.2004'!G912/100,0)","v":0},{"$f":"ROUND('Форма по МДС 81-35.2004'!F890*'Текущие цены за единицу'!P45,0)","v":0},{"$f":"ROUND('Форма по МДС 81-35.2004'!F890*'Текущие цены за единицу'!Q45,0)","v":0},{"$f":"ROUND('Форма по МДС 81-35.2004'!F890*'Текущие цены за единицу'!R45,0)","v":0},{"$f":"ROUND('Форма по МДС 81-35.2004'!F890*'Текущие цены за единицу'!S45,0)","v":0},{"$f":"ROUND('Форма по МДС 81-35.2004'!F890*'Текущие цены за единицу'!T45,0)","v":0},{"$f":"ROUND('Форма по МДС 81-35.2004'!F890*'Текущие цены за единицу'!U45,0)","v":0},{"$f":"ROUND('Форма по МДС 81-35.2004'!F890*'Текущие цены за единицу'!V45,0)","v":0},null,{"$f":"ROUND('Форма по МДС 81-35.2004'!F890*'Текущие цены за единицу'!X45,0)","v":0},{"$f":"IF(Определители!I45=\"9\",ROUND(B45*(Начисления!M45/100)*'Форма по МДС 81-35.2004'!G909/100,0),0)","v":0},{"$f":"IF(Определители!I45=\"9\",ROUND(B45*(100-Начисления!M45/100)*'Форма по МДС 81-35.2004'!G909/100,0),0)","v":0},{"$f":"IF(Определители!I45=\"9\",ROUND((C45+E45)*(Начисления!M45/100)*('Форма по МДС 81-35.2004'!G912/100),0),0)","v":0},{"$f":"IF(Определители!I45=\"9\",ROUND((C45+E45)*(100-Начисления!M45/100)*('Форма по МДС 81-35.2004'!G912/100),0),0)","v":0},{"$f":"IF(Определители!I45=\"9\",ROUND(B45*Начисления!M45/100,0),0)","v":0},{"$f":"IF(Определители!I45=\"9\",ROUND(B45*(100-Начисления!M45)/100,0),0)","v":0},{"$f":"ROUND('Форма по МДС 81-35.2004'!F890*'Текущие цены за единицу'!AE45,0)","v":0}]
[{"$f":"'Форма по МДС 81-35.2004'!A915","v":"41."},{"$f":"'Форма по МДС 81-35.2004'!H915","v":359},{"$f":"ROUND(SUMIF('Форма по МДС 81-35.2004'!J915:J954,\"Г\",'Форма по МДС 81-35.2004'!H915:H954),0)","v":6},{"$f":"ROUND(SUMIF('Форма по МДС 81-35.2004'!J915:J954,\"IsMash\",'Форма по МДС 81-35.2004'!H915:H954),0)","v":19},{"$f":"'Форма по МДС 81-35.2004'!H921","v":4},{"$f":"ROUND(SUMIF('Форма по МДС 81-35.2004'!J915:J954,\"IsMater\",'Форма по МДС 81-35.2004'!H915:H954),0)","v":334},{"$f":"ROUND('Форма по МДС 81-35.2004'!F915*'Текущие цены за единицу'!G46,0)","v":0},{"$f":"ROUND('Форма по МДС 81-35.2004'!F915*'Текущие цены за единицу'!H46,0)","v":0},{"$f":"ОКРУГЛВСЕ(SUMIF('Форма по МДС 81-35.2004'!J915:J954,\"Г\",'Форма по МДС 81-35.2004'!F915:F954),8)","v":4.5960000000000001E-2},{"$f":"ОКРУГЛВСЕ('Форма по МДС 81-35.2004'!F915*'Текущие цены за единицу'!J46,8)","v":0},{"$f":"ОКРУГЛВСЕ(SUMIF('Форма по МДС 81-35.2004'!J915:J954,\"Ж\",'Форма по МДС 81-35.2004'!F915:F954),8)","v":2.2896E-2},{"$f":"ROUND('Форма по МДС 81-35.2004'!F915*'Текущие цены за единицу'!L46,0)","v":0},{"$f":"ROUND('Форма по МДС 81-35.2004'!F915*'Текущие цены за единицу'!M46,0)","v":0},{"$f":"ROUND(B46*'Форма по МДС 81-35.2004'!G949/100,0)","v":42},{"$f":"ROUND((B46+N46)*'Форма по МДС 81-35.2004'!G952/100,0)","v":32},{"$f":"ROUND('Форма по МДС 81-35.2004'!F915*'Текущие цены за единицу'!P46,0)","v":0},{"$f":"ROUND('Форма по МДС 81-35.2004'!F915*'Текущие цены за единицу'!Q46,0)","v":0},{"$f":"ROUND('Форма по МДС 81-35.2004'!F915*'Текущие цены за единицу'!R46,0)","v":0},{"$f":"ROUND('Форма по МДС 81-35.2004'!F915*'Текущие цены за единицу'!S46,0)","v":0},{"$f":"ROUND('Форма по МДС 81-35.2004'!F915*'Текущие цены за единицу'!T46,0)","v":0},{"$f":"ROUND('Форма по МДС 81-35.2004'!F915*'Текущие цены за единицу'!U46,0)","v":0},{"$f":"ROUND('Форма по МДС 81-35.2004'!F915*'Текущие цены за единицу'!V46,0)","v":0},null,{"$f":"ROUND('Форма по МДС 81-35.2004'!F915*'Текущие цены за единицу'!X46,0)","v":0},{"$f":"IF(Определители!I46=\"9\",ROUND(B46*(Начисления!M46/100)*'Форма по МДС 81-35.2004'!G949/100,0),0)","v":0},{"$f":"IF(Определители!I46=\"9\",ROUND(B46*(100-Начисления!M46/100)*'Форма по МДС 81-35.2004'!G949/100,0),0)","v":0},{"$f":"IF(Определители!I46=\"9\",ROUND((C46+E46)*(Начисления!M46/100)*('Форма по МДС 81-35.2004'!G952/100),0),0)","v":0},{"$f":"IF(Определители!I46=\"9\",ROUND((C46+E46)*(100-Начисления!M46/100)*('Форма по МДС 81-35.2004'!G952/100),0),0)","v":0},{"$f":"IF(Определители!I46=\"9\",ROUND(B46*Начисления!M46/100,0),0)","v":0},{"$f":"IF(Определители!I46=\"9\",ROUND(B46*(100-Начисления!M46)/100,0),0)","v":0},{"$f":"ROUND('Форма по МДС 81-35.2004'!F915*'Текущие цены за единицу'!AE46,0)","v":0}]
[{"$f":"'Форма по МДС 81-35.2004'!A955","v":"42."},{"$f":"'Форма по МДС 81-35.2004'!H955","v":83},{"$f":"ROUND(SUMIF('Форма по МДС 81-35.2004'!J955:J981,\"Г\",'Форма по МДС 81-35.2004'!H955:H981),0)","v":0},{"$f":"ROUND(SUMIF('Форма по МДС 81-35.2004'!J955:J981,\"IsMash\",'Форма по МДС 81-35.2004'!H955:H981),0)","v":0},{"$f":"'Форма по МДС 81-35.2004'!H962","v":0},{"$f":"ROUND(SUMIF('Форма по МДС 81-35.2004'!J955:J981,\"IsMater\",'Форма по МДС 81-35.2004'!H955:H981),0)","v":83},{"$f":"ROUND('Форма по МДС 81-35.2004'!F955*'Текущие цены за единицу'!G47,0)","v":0},{"$f":"ROUND('Форма по МДС 81-35.2004'!F955*'Текущие цены за единицу'!H47,0)","v":0},{"$f":"ОКРУГЛВСЕ(SUMIF('Форма по МДС 81-35.2004'!J955:J981,\"Г\",'Форма по МДС 81-35.2004'!F955:F981),8)","v":2.1599999999999999E-4},{"$f":"ОКРУГЛВСЕ('Форма по МДС 81-35.2004'!F955*'Текущие цены за единицу'!J47,8)","v":0},{"$f":"ОКРУГЛВСЕ(SUMIF('Форма по МДС 81-35.2004'!J955:J981,\"Ж\",'Форма по МДС 81-35.2004'!F955:F981),8)","v":0},{"$f":"ROUND('Форма по МДС 81-35.2004'!F955*'Текущие цены за единицу'!L47,0)","v":0},{"$f":"ROUND('Форма по МДС 81-35.2004'!F955*'Текущие цены за единицу'!M47,0)","v":0},{"$f":"ROUND(B47*'Форма по МДС 81-35.2004'!G976/100,0)","v":10},{"$f":"ROUND((B47+N47)*'Форма по МДС 81-35.2004'!G979/100,0)","v":7},{"$f":"ROUND('Форма по МДС 81-35.2004'!F955*'Текущие цены за единицу'!P47,0)","v":0},{"$f":"ROUND('Форма по МДС 81-35.2004'!F955*'Текущие цены за единицу'!Q47,0)","v":0},{"$f":"ROUND('Форма по МДС 81-35.2004'!F955*'Текущие цены за единицу'!R47,0)","v":0},{"$f":"ROUND('Форма по МДС 81-35.2004'!F955*'Текущие цены за единицу'!S47,0)","v":0},{"$f":"ROUND('Форма по МДС 81-35.2004'!F955*'Текущие цены за единицу'!T47,0)","v":0},{"$f":"ROUND('Форма по МДС 81-35.2004'!F955*'Текущие цены за единицу'!U47,0)","v":0},{"$f":"ROUND('Форма по МДС 81-35.2004'!F955*'Текущие цены за единицу'!V47,0)","v":0},null,{"$f":"ROUND('Форма по МДС 81-35.2004'!F955*'Текущие цены за единицу'!X47,0)","v":0},{"$f":"IF(Определители!I47=\"9\",ROUND(B47*(Начисления!M47/100)*'Форма по МДС 81-35.2004'!G976/100,0),0)","v":0},{"$f":"IF(Определители!I47=\"9\",ROUND(B47*(100-Начисления!M47/100)*'Форма по МДС 81-35.2004'!G976/100,0),0)","v":0},{"$f":"IF(Определители!I47=\"9\",ROUND((C47+E47)*(Начисления!M47/100)*('Форма по МДС 81-35.2004'!G979/100),0),0)","v":0},{"$f":"IF(Определители!I47=\"9\",ROUND((C47+E47)*(100-Начисления!M47/100)*('Форма по МДС 81-35.2004'!G979/100),0),0)","v":0},{"$f":"IF(Определители!I47=\"9\",ROUND(B47*Начисления!M47/100,0),0)","v":0},{"$f":"IF(Определители!I47=\"9\",ROUND(B47*(100-Начисления!M47)/100,0),0)","v":0},{"$f":"ROUND('Форма по МДС 81-35.2004'!F955*'Текущие цены за единицу'!AE47,0)","v":0}]
[{"$f":"'Форма по МДС 81-35.2004'!A982","v":"43."},{"$f":"'Форма по МДС 81-35.2004'!H982","v":10587},{"$f":"ROUND(SUMIF('Форма по МДС 81-35.2004'!J982:J1012,\"Г\",'Форма по МДС 81-35.2004'!H982:H1012),0)","v":557},{"$f":"ROUND(SUMIF('Форма по МДС 81-35.2004'!J982:J1012,\"IsMash\",'Форма по МДС 81-35.2004'!H982:H1012),0)","v":4059},{"$f":"'Форма по МДС 81-35.2004'!H983","v":462},{"$f":"ROUND(SUMIF('Форма по МДС 81-35.2004'!J982:J1012,\"IsMater\",'Форма по МДС 81-35.2004'!H982:H1012),0)","v":5972},{"$f":"ROUND('Форма по МДС 81-35.2004'!F982*'Текущие цены за единицу'!G48,0)","v":0},{"$f":"ROUND('Форма по МДС 81-35.2004'!F982*'Текущие цены за единицу'!H48,0)","v":0},{"$f":"ОКРУГЛВСЕ(SUMIF('Форма по МДС 81-35.2004'!J982:J1012,\"Г\",'Форма по МДС 81-35.2004'!F982:F1012),8)","v":5.0568},{"$f":"ОКРУГЛВСЕ('Форма по МДС 81-35.2004'!F982*'Текущие цены за единицу'!J48,8)","v":0},{"$f":"ОКРУГЛВСЕ(SUMIF('Форма по МДС 81-35.2004'!J982:J1012,\"Ж\",'Форма по МДС 81-35.2004'!F982:F1012),8)","v":2.5284},{"$f":"ROUND('Форма по МДС 81-35.2004'!F982*'Текущие цены за единицу'!L48,0)","v":0},{"$f":"ROUND('Форма по МДС 81-35.2004'!F982*'Текущие цены за единицу'!M48,0)","v":0},{"$f":"ROUND(B48*'Форма по МДС 81-35.2004'!G1007/100,0)","v":1239},{"$f":"ROUND((B48+N48)*'Форма по МДС 81-35.2004'!G1010/100,0)","v":946},{"$f":"ROUND('Форма по МДС 81-35.2004'!F982*'Текущие цены за единицу'!P48,0)","v":0},{"$f":"ROUND('Форма по МДС 81-35.2004'!F982*'Текущие цены за единицу'!Q48,0)","v":0},{"$f":"ROUND('Форма по МДС 81-35.2004'!F982*'Текущие цены за единицу'!R48,0)","v":0},{"$f":"ROUND('Форма по МДС 81-35.2004'!F982*'Текущие цены за единицу'!S48,0)","v":0},{"$f":"ROUND('Форма по МДС 81-35.2004'!F982*'Текущие цены за единицу'!T48,0)","v":0},{"$f":"ROUND('Форма по МДС 81-35.2004'!F982*'Текущие цены за единицу'!U48,0)","v":0},{"$f":"ROUND('Форма по МДС 81-35.2004'!F982*'Текущие цены за единицу'!V48,0)","v":0},null,{"$f":"ROUND('Форма по МДС 81-35.2004'!F982*'Текущие цены за единицу'!X48,0)","v":0},{"$f":"IF(Определители!I48=\"9\",ROUND(B48*(Начисления!M48/100)*'Форма по МДС 81-35.2004'!G1007/100,0),0)","v":0},{"$f":"IF(Определители!I48=\"9\",ROUND(B48*(100-Начисления!M48/100)*'Форма по МДС 81-35.2004'!G1007/100,0),0)","v":0},{"$f":"IF(Определители!I48=\"9\",ROUND((C48+E48)*(Начисления!M48/100)*('Форма по МДС 81-35.2004'!G1010/100),0),0)","v":0},{"$f":"IF(Определители!I48=\"9\",ROUND((C48+E48)*(100-Начисления!M48/100)*('Форма по МДС 81-35.2004'!G1010/100),0),0)","v":0},{"$f":"IF(Определители!I48=\"9\",ROUND(B48*Начисления!M48/100,0),0)","v":0},{"$f":"IF(Определители!I48=\"9\",ROUND(B48*(100-Начисления!M48)/100,0),0)","v":0},{"$f":"ROUND('Форма по МДС 81-35.2004'!F982*'Текущие цены за единицу'!AE48,0)","v":0}]
[{"$f":"'Форма по МДС 81-35.2004'!A1013","v":"44."},{"$f":"'Форма по МДС 81-35.2004'!H1013","v":766},{"$f":"ROUND(SUMIF('Форма по МДС 81-35.2004'!J1013:J1043,\"Г\",'Форма по МДС 81-35.2004'!H1013:H1043),0)","v":40},{"$f":"ROUND(SUMIF('Форма по МДС 81-35.2004'!J1013:J1043,\"IsMash\",'Форма по МДС 81-35.2004'!H1013:H1043),0)","v":290},{"$f":"'Форма по МДС 81-35.2004'!H1014","v":33},{"$f":"ROUND(SUMIF('Форма по МДС 81-35.2004'!J1013:J1043,\"IsMater\",'Форма по МДС 81-35.2004'!H1013:H1043),0)","v":435},{"$f":"ROUND('Форма по МДС 81-35.2004'!F1013*'Текущие цены за единицу'!G49,0)","v":0},{"$f":"ROUND('Форма по МДС 81-35.2004'!F1013*'Текущие цены за единицу'!H49,0)","v":0},{"$f":"ОКРУГЛВСЕ(SUMIF('Форма по МДС 81-35.2004'!J1013:J1043,\"Г\",'Форма по МДС 81-35.2004'!F1013:F1043),8)","v":0.36120000000000002},{"$f":"ОКРУГЛВСЕ('Форма по МДС 81-35.2004'!F1013*'Текущие цены за единицу'!J49,8)","v":0},{"$f":"ОКРУГЛВСЕ(SUMIF('Форма по МДС 81-35.2004'!J1013:J1043,\"Ж\",'Форма по МДС 81-35.2004'!F1013:F1043),8)","v":0.18060000000000001},{"$f":"ROUND('Форма по МДС 81-35.2004'!F1013*'Текущие цены за единицу'!L49,0)","v":0},{"$f":"ROUND('Форма по МДС 81-35.2004'!F1013*'Текущие цены за единицу'!M49,0)","v":0},{"$f":"ROUND(B49*'Форма по МДС 81-35.2004'!G1038/100,0)","v":90},{"$f":"ROUND((B49+N49)*'Форма по МДС 81-35.2004'!G1041/100,0)","v":68},{"$f":"ROUND('Форма по МДС 81-35.2004'!F1013*'Текущие цены за единицу'!P49,0)","v":0},{"$f":"ROUND('Форма по МДС 81-35.2004'!F1013*'Текущие цены за единицу'!Q49,0)","v":0},{"$f":"ROUND('Форма по МДС 81-35.2004'!F1013*'Текущие цены за единицу'!R49,0)","v":0},{"$f":"ROUND('Форма по МДС 81-35.2004'!F1013*'Текущие цены за единицу'!S49,0)","v":0},{"$f":"ROUND('Форма по МДС 81-35.2004'!F1013*'Текущие цены за единицу'!T49,0)","v":0},{"$f":"ROUND('Форма по МДС 81-35.2004'!F1013*'Текущие цены за единицу'!U49,0)","v":0},{"$f":"ROUND('Форма по МДС 81-35.2004'!F1013*'Текущие цены за единицу'!V49,0)","v":0},null,{"$f":"ROUND('Форма по МДС 81-35.2004'!F1013*'Текущие цены за единицу'!X49,0)","v":0},{"$f":"IF(Определители!I49=\"9\",ROUND(B49*(Начисления!M49/100)*'Форма по МДС 81-35.2004'!G1038/100,0),0)","v":0},{"$f":"IF(Определители!I49=\"9\",ROUND(B49*(100-Начисления!M49/100)*'Форма по МДС 81-35.2004'!G1038/100,0),0)","v":0},{"$f":"IF(Определители!I49=\"9\",ROUND((C49+E49)*(Начисления!M49/100)*('Форма по МДС 81-35.2004'!G1041/100),0),0)","v":0},{"$f":"IF(Определители!I49=\"9\",ROUND((C49+E49)*(100-Начисления!M49/100)*('Форма по МДС 81-35.2004'!G1041/100),0),0)","v":0},{"$f":"IF(Определители!I49=\"9\",ROUND(B49*Начисления!M49/100,0),0)","v":0},{"$f":"IF(Определители!I49=\"9\",ROUND(B49*(100-Начисления!M49)/100,0),0)","v":0},{"$f":"ROUND('Форма по МДС 81-35.2004'!F1013*'Текущие цены за единицу'!AE49,0)","v":0}]
[{"$f":"'Форма по МДС 81-35.2004'!A1044","v":"45."},{"$f":"'Форма по МДС 81-35.2004'!H1044","v":737},{"$f":"ROUND(SUMIF('Форма по МДС 81-35.2004'!J1044:J1074,\"Г\",'Форма по МДС 81-35.2004'!H1044:H1074),0)","v":40},{"$f":"ROUND(SUMIF('Форма по МДС 81-35.2004'!J1044:J1074,\"IsMash\",'Форма по МДС 81-35.2004'!H1044:H1074),0)","v":290},{"$f":"'Форма по МДС 81-35.2004'!H1045","v":33},{"$f":"ROUND(SUMIF('Форма по МДС 81-35.2004'!J1044:J1074,\"IsMater\",'Форма по МДС 81-35.2004'!H1044:H1074),0)","v":407},{"$f":"ROUND('Форма по МДС 81-35.2004'!F1044*'Текущие цены за единицу'!G50,0)","v":0},{"$f":"ROUND('Форма по МДС 81-35.2004'!F1044*'Текущие цены за единицу'!H50,0)","v":0},{"$f":"ОКРУГЛВСЕ(SUMIF('Форма по МДС 81-35.2004'!J1044:J1074,\"Г\",'Форма по МДС 81-35.2004'!F1044:F1074),8)","v":0.36120000000000002},{"$f":"ОКРУГЛВСЕ('Форма по МДС 81-35.2004'!F1044*'Текущие цены за единицу'!J50,8)","v":0},{"$f":"ОКРУГЛВСЕ(SUMIF('Форма по МДС 81-35.2004'!J1044:J1074,\"Ж\",'Форма по МДС 81-35.2004'!F1044:F1074),8)","v":0.18060000000000001},{"$f":"ROUND('Форма по МДС 81-35.2004'!F1044*'Текущие цены за единицу'!L50,0)","v":0},{"$f":"ROUND('Форма по МДС 81-35.2004'!F1044*'Текущие цены за единицу'!M50,0)","v":0},{"$f":"ROUND(B50*'Форма по МДС 81-35.2004'!G1069/100,0)","v":86},{"$f":"ROUND((B50+N50)*'Форма по МДС 81-35.2004'!G1072/100,0)","v":66},{"$f":"ROUND('Форма по МДС 81-35.2004'!F1044*'Текущие цены за единицу'!P50,0)","v":0},{"$f":"ROUND('Форма по МДС 81-35.2004'!F1044*'Текущие цены за единицу'!Q50,0)","v":0},{"$f":"ROUND('Форма по МДС 81-35.2004'!F1044*'Текущие цены за единицу'!R50,0)","v":0},{"$f":"ROUND('Форма по МДС 81-35.2004'!F1044*'Текущие цены за единицу'!S50,0)","v":0},{"$f":"ROUND('Форма по МДС 81-35.2004'!F1044*'Текущие цены за единицу'!T50,0)","v":0},{"$f":"ROUND('Форма по МДС 81-35.2004'!F1044*'Текущие цены за единицу'!U50,0)","v":0},{"$f":"ROUND('Форма по МДС 81-35.2004'!F1044*'Текущие цены за единицу'!V50,0)","v":0},null,{"$f":"ROUND('Форма по МДС 81-35.2004'!F1044*'Текущие цены за единицу'!X50,0)","v":0},{"$f":"IF(Определители!I50=\"9\",ROUND(B50*(Начисления!M50/100)*'Форма по МДС 81-35.2004'!G1069/100,0),0)","v":0},{"$f":"IF(Определители!I50=\"9\",ROUND(B50*(100-Начисления!M50/100)*'Форма по МДС 81-35.2004'!G1069/100,0),0)","v":0},{"$f":"IF(Определители!I50=\"9\",ROUND((C50+E50)*(Начисления!M50/100)*('Форма по МДС 81-35.2004'!G1072/100),0),0)","v":0},{"$f":"IF(Определители!I50=\"9\",ROUND((C50+E50)*(100-Начисления!M50/100)*('Форма по МДС 81-35.2004'!G1072/100),0),0)","v":0},{"$f":"IF(Определители!I50=\"9\",ROUND(B50*Начисления!M50/100,0),0)","v":0},{"$f":"IF(Определители!I50=\"9\",ROUND(B50*(100-Начисления!M50)/100,0),0)","v":0},{"$f":"ROUND('Форма по МДС 81-35.2004'!F1044*'Текущие цены за единицу'!AE50,0)","v":0}]
[{"$f":"'Форма по МДС 81-35.2004'!A1075","v":"46."},{"$f":"'Форма по МДС 81-35.2004'!H1075","v":12},{"$f":"ROUND(SUMIF('Форма по МДС 81-35.2004'!J1075:J1106,\"Г\",'Форма по МДС 81-35.2004'!H1075:H1106),0)","v":0},{"$f":"ROUND(SUMIF('Форма по МДС 81-35.2004'!J1075:J1106,\"IsMash\",'Форма по МДС 81-35.2004'!H1075:H1106),0)","v":12},{"$f":"'Форма по МДС 81-35.2004'!H1081","v":1},{"$f":"ROUND(SUMIF('Форма по МДС 81-35.2004'!J1075:J1106,\"IsMater\",'Форма по МДС 81-35.2004'!H1075:H1106),0)","v":0},{"$f":"ROUND('Форма по МДС 81-35.2004'!F1075*'Текущие цены за единицу'!G51,0)","v":0},{"$f":"ROUND('Форма по МДС 81-35.2004'!F1075*'Текущие цены за единицу'!H51,0)","v":0},{"$f":"ОКРУГЛВСЕ(SUMIF('Форма по МДС 81-35.2004'!J1075:J1106,\"Г\",'Форма по МДС 81-35.2004'!F1075:F1106),8)","v":3.1199999999999999E-3},{"$f":"ОКРУГЛВСЕ('Форма по МДС 81-35.2004'!F1075*'Текущие цены за единицу'!J51,8)","v":0},{"$f":"ОКРУГЛВСЕ(SUMIF('Форма по МДС 81-35.2004'!J1075:J1106,\"Ж\",'Форма по МДС 81-35.2004'!F1075:F1106),8)","v":6.6E-3},{"$f":"ROUND('Форма по МДС 81-35.2004'!F1075*'Текущие цены за единицу'!L51,0)","v":0},{"$f":"ROUND('Форма по МДС 81-35.2004'!F1075*'Текущие цены за единицу'!M51,0)","v":0},{"$f":"ROUND(B51*'Форма по МДС 81-35.2004'!G1101/100,0)","v":1},{"$f":"ROUND((B51+N51)*'Форма по МДС 81-35.2004'!G1104/100,0)","v":1},{"$f":"ROUND('Форма по МДС 81-35.2004'!F1075*'Текущие цены за единицу'!P51,0)","v":0},{"$f":"ROUND('Форма по МДС 81-35.2004'!F1075*'Текущие цены за единицу'!Q51,0)","v":0},{"$f":"ROUND('Форма по МДС 81-35.2004'!F1075*'Текущие цены за единицу'!R51,0)","v":0},{"$f":"ROUND('Форма по МДС 81-35.2004'!F1075*'Текущие цены за единицу'!S51,0)","v":0},{"$f":"ROUND('Форма по МДС 81-35.2004'!F1075*'Текущие цены за единицу'!T51,0)","v":0},{"$f":"ROUND('Форма по МДС 81-35.2004'!F1075*'Текущие цены за единицу'!U51,0)","v":0},{"$f":"ROUND('Форма по МДС 81-35.2004'!F1075*'Текущие цены за единицу'!V51,0)","v":0},null,{"$f":"ROUND('Форма по МДС 81-35.2004'!F1075*'Текущие цены за единицу'!X51,0)","v":0},{"$f":"IF(Определители!I51=\"9\",ROUND(B51*(Начисления!M51/100)*'Форма по МДС 81-35.2004'!G1101/100,0),0)","v":0},{"$f":"IF(Определители!I51=\"9\",ROUND(B51*(100-Начисления!M51/100)*'Форма по МДС 81-35.2004'!G1101/100,0),0)","v":0},{"$f":"IF(Определители!I51=\"9\",ROUND((C51+E51)*(Начисления!M51/100)*('Форма по МДС 81-35.2004'!G1104/100),0),0)","v":0},{"$f":"IF(Определители!I51=\"9\",ROUND((C51+E51)*(100-Начисления!M51/100)*('Форма по МДС 81-35.2004'!G1104/100),0),0)","v":0},{"$f":"IF(Определители!I51=\"9\",ROUND(B51*Начисления!M51/100,0),0)","v":0},{"$f":"IF(Определители!I51=\"9\",ROUND(B51*(100-Начисления!M51)/100,0),0)","v":0},{"$f":"ROUND('Форма по МДС 81-35.2004'!F1075*'Текущие цены за единицу'!AE51,0)","v":0}]
[{"$f":"'Форма по МДС 81-35.2004'!A1107","v":"47."},{"$f":"'Форма по МДС 81-35.2004'!H1107","v":2613},{"$f":"ROUND(SUMIF('Форма по МДС 81-35.2004'!J1107:J1131,\"Г\",'Форма по МДС 81-35.2004'!H1107:H1131),0)","v":473},{"$f":"ROUND(SUMIF('Форма по МДС 81-35.2004'!J1107:J1131,\"IsMash\",'Форма по МДС 81-35.2004'!H1107:H1131),0)","v":795},{"$f":"'Форма по МДС 81-35.2004'!H1108","v":138},{"$f":"ROUND(SUMIF('Форма по МДС 81-35.2004'!J1107:J1131,\"IsMater\",'Форма по МДС 81-35.2004'!H1107:H1131),0)","v":1344},{"$f":"ROUND('Форма по МДС 81-35.2004'!F1107*'Текущие цены за единицу'!G52,0)","v":0},{"$f":"ROUND('Форма по МДС 81-35.2004'!F1107*'Текущие цены за единицу'!H52,0)","v":0},{"$f":"ОКРУГЛВСЕ(SUMIF('Форма по МДС 81-35.2004'!J1107:J1131,\"Г\",'Форма по МДС 81-35.2004'!F1107:F1131),8)","v":4.59},{"$f":"ОКРУГЛВСЕ('Форма по МДС 81-35.2004'!F1107*'Текущие цены за единицу'!J52,8)","v":0},{"$f":"ОКРУГЛВСЕ(SUMIF('Форма по МДС 81-35.2004'!J1107:J1131,\"Ж\",'Форма по МДС 81-35.2004'!F1107:F1131),8)","v":0.91800000000000004},{"$f":"ROUND('Форма по МДС 81-35.2004'!F1107*'Текущие цены за единицу'!L52,0)","v":0},{"$f":"ROUND('Форма по МДС 81-35.2004'!F1107*'Текущие цены за единицу'!M52,0)","v":0},{"$f":"ROUND(B52*'Форма по МДС 81-35.2004'!G1126/100,0)","v":306},{"$f":"ROUND((B52+N52)*'Форма по МДС 81-35.2004'!G1129/100,0)","v":234},{"$f":"ROUND('Форма по МДС 81-35.2004'!F1107*'Текущие цены за единицу'!P52,0)","v":0},{"$f":"ROUND('Форма по МДС 81-35.2004'!F1107*'Текущие цены за единицу'!Q52,0)","v":0},{"$f":"ROUND('Форма по МДС 81-35.2004'!F1107*'Текущие цены за единицу'!R52,0)","v":0},{"$f":"ROUND('Форма по МДС 81-35.2004'!F1107*'Текущие цены за единицу'!S52,0)","v":0},{"$f":"ROUND('Форма по МДС 81-35.2004'!F1107*'Текущие цены за единицу'!T52,0)","v":0},{"$f":"ROUND('Форма по МДС 81-35.2004'!F1107*'Текущие цены за единицу'!U52,0)","v":0},{"$f":"ROUND('Форма по МДС 81-35.2004'!F1107*'Текущие цены за единицу'!V52,0)","v":0},null,{"$f":"ROUND('Форма по МДС 81-35.2004'!F1107*'Текущие цены за единицу'!X52,0)","v":0},{"$f":"IF(Определители!I52=\"9\",ROUND(B52*(Начисления!M52/100)*'Форма по МДС 81-35.2004'!G1126/100,0),0)","v":0},{"$f":"IF(Определители!I52=\"9\",ROUND(B52*(100-Начисления!M52/100)*'Форма по МДС 81-35.2004'!G1126/100,0),0)","v":0},{"$f":"IF(Определители!I52=\"9\",ROUND((C52+E52)*(Начисления!M52/100)*('Форма по МДС 81-35.2004'!G1129/100),0),0)","v":0},{"$f":"IF(Определители!I52=\"9\",ROUND((C52+E52)*(100-Начисления!M52/100)*('Форма по МДС 81-35.2004'!G1129/100),0),0)","v":0},{"$f":"IF(Определители!I52=\"9\",ROUND(B52*Начисления!M52/100,0),0)","v":0},{"$f":"IF(Определители!I52=\"9\",ROUND(B52*(100-Начисления!M52)/100,0),0)","v":0},{"$f":"ROUND('Форма по МДС 81-35.2004'!F1107*'Текущие цены за единицу'!AE52,0)","v":0}]
[{"$f":"'Форма по МДС 81-35.2004'!A1132","v":"48."},{"$f":"'Форма по МДС 81-35.2004'!H1132","v":11},{"$f":"ROUND(SUMIF('Форма по МДС 81-35.2004'!J1132:J1150,\"Г\",'Форма по МДС 81-35.2004'!H1132:H1150),0)","v":3},{"$f":"ROUND(SUMIF('Форма по МДС 81-35.2004'!J1132:J1150,\"IsMash\",'Форма по МДС 81-35.2004'!H1132:H1150),0)","v":0},{"$f":"'Форма по МДС 81-35.2004'!H1133","v":0},{"$f":"ROUND(SUMIF('Форма по МДС 81-35.2004'!J1132:J1150,\"IsMater\",'Форма по МДС 81-35.2004'!H1132:H1150),0)","v":8},{"$f":"ROUND('Форма по МДС 81-35.2004'!F1132*'Текущие цены за единицу'!G53,0)","v":0},{"$f":"ROUND('Форма по МДС 81-35.2004'!F1132*'Текущие цены за единицу'!H53,0)","v":0},{"$f":"ОКРУГЛВСЕ(SUMIF('Форма по МДС 81-35.2004'!J1132:J1150,\"Г\",'Форма по МДС 81-35.2004'!F1132:F1150),8)","v":2.8799999999999999E-2},{"$f":"ОКРУГЛВСЕ('Форма по МДС 81-35.2004'!F1132*'Текущие цены за единицу'!J53,8)","v":0},{"$f":"ОКРУГЛВСЕ(SUMIF('Форма по МДС 81-35.2004'!J1132:J1150,\"Ж\",'Форма по МДС 81-35.2004'!F1132:F1150),8)","v":0},{"$f":"ROUND('Форма по МДС 81-35.2004'!F1132*'Текущие цены за единицу'!L53,0)","v":0},{"$f":"ROUND('Форма по МДС 81-35.2004'!F1132*'Текущие цены за единицу'!M53,0)","v":0},{"$f":"ROUND(B53*'Форма по МДС 81-35.2004'!G1145/100,0)","v":1},{"$f":"ROUND((B53+N53)*'Форма по МДС 81-35.2004'!G1148/100,0)","v":1},{"$f":"ROUND('Форма по МДС 81-35.2004'!F1132*'Текущие цены за единицу'!P53,0)","v":0},{"$f":"ROUND('Форма по МДС 81-35.2004'!F1132*'Текущие цены за единицу'!Q53,0)","v":0},{"$f":"ROUND('Форма по МДС 81-35.2004'!F1132*'Текущие цены за единицу'!R53,0)","v":0},{"$f":"ROUND('Форма по МДС 81-35.2004'!F1132*'Текущие цены за единицу'!S53,0)","v":0},{"$f":"ROUND('Форма по МДС 81-35.2004'!F1132*'Текущие цены за единицу'!T53,0)","v":0},{"$f":"ROUND('Форма по МДС 81-35.2004'!F1132*'Текущие цены за единицу'!U53,0)","v":0},{"$f":"ROUND('Форма по МДС 81-35.2004'!F1132*'Текущие цены за единицу'!V53,0)","v":0},null,{"$f":"ROUND('Форма по МДС 81-35.2004'!F1132*'Текущие цены за единицу'!X53,0)","v":0},{"$f":"IF(Определители!I53=\"9\",ROUND(B53*(Начисления!M53/100)*'Форма по МДС 81-35.2004'!G1145/100,0),0)","v":0},{"$f":"IF(Определители!I53=\"9\",ROUND(B53*(100-Начисления!M53/100)*'Форма по МДС 81-35.2004'!G1145/100,0),0)","v":0},{"$f":"IF(Определители!I53=\"9\",ROUND((C53+E53)*(Начисления!M53/100)*('Форма по МДС 81-35.2004'!G1148/100),0),0)","v":0},{"$f":"IF(Определители!I53=\"9\",ROUND((C53+E53)*(100-Начисления!M53/100)*('Форма по МДС 81-35.2004'!G1148/100),0),0)","v":0},{"$f":"IF(Определители!I53=\"9\",ROUND(B53*Начисления!M53/100,0),0)","v":0},{"$f":"IF(Определители!I53=\"9\",ROUND(B53*(100-Начисления!M53)/100,0),0)","v":0},{"$f":"ROUND('Форма по МДС 81-35.2004'!F1132*'Текущие цены за единицу'!AE53,0)","v":0}]
[{"$f":"'Форма по МДС 81-35.2004'!A1151","v":"49."},{"$f":"'Форма по МДС 81-35.2004'!H1151","v":313},{"$f":"ROUND(SUMIF('Форма по МДС 81-35.2004'!J1151:J1175,\"Г\",'Форма по МДС 81-35.2004'!H1151:H1175),0)","v":42},{"$f":"ROUND(SUMIF('Форма по МДС 81-35.2004'!J1151:J1175,\"IsMash\",'Форма по МДС 81-35.2004'!H1151:H1175),0)","v":131},{"$f":"'Форма по МДС 81-35.2004'!H1152","v":33},{"$f":"ROUND(SUMIF('Форма по МДС 81-35.2004'!J1151:J1175,\"IsMater\",'Форма по МДС 81-35.2004'!H1151:H1175),0)","v":141},{"$f":"ROUND('Форма по МДС 81-35.2004'!F1151*'Текущие цены за единицу'!G54,0)","v":0},{"$f":"ROUND('Форма по МДС 81-35.2004'!F1151*'Текущие цены за единицу'!H54,0)","v":0},{"$f":"ОКРУГЛВСЕ(SUMIF('Форма по МДС 81-35.2004'!J1151:J1175,\"Г\",'Форма по МДС 81-35.2004'!F1151:F1175),8)","v":0.36359999999999998},{"$f":"ОКРУГЛВСЕ('Форма по МДС 81-35.2004'!F1151*'Текущие цены за единицу'!J54,8)","v":0},{"$f":"ОКРУГЛВСЕ(SUMIF('Форма по МДС 81-35.2004'!J1151:J1175,\"Ж\",'Форма по МДС 81-35.2004'!F1151:F1175),8)","v":0.2424},{"$f":"ROUND('Форма по МДС 81-35.2004'!F1151*'Текущие цены за единицу'!L54,0)","v":0},{"$f":"ROUND('Форма по МДС 81-35.2004'!F1151*'Текущие цены за единицу'!M54,0)","v":0},{"$f":"ROUND(B54*'Форма по МДС 81-35.2004'!G1170/100,0)","v":37},{"$f":"ROUND((B54+N54)*'Форма по МДС 81-35.2004'!G1173/100,0)","v":28},{"$f":"ROUND('Форма по МДС 81-35.2004'!F1151*'Текущие цены за единицу'!P54,0)","v":0},{"$f":"ROUND('Форма по МДС 81-35.2004'!F1151*'Текущие цены за единицу'!Q54,0)","v":0},{"$f":"ROUND('Форма по МДС 81-35.2004'!F1151*'Текущие цены за единицу'!R54,0)","v":0},{"$f":"ROUND('Форма по МДС 81-35.2004'!F1151*'Текущие цены за единицу'!S54,0)","v":0},{"$f":"ROUND('Форма по МДС 81-35.2004'!F1151*'Текущие цены за единицу'!T54,0)","v":0},{"$f":"ROUND('Форма по МДС 81-35.2004'!F1151*'Текущие цены за единицу'!U54,0)","v":0},{"$f":"ROUND('Форма по МДС 81-35.2004'!F1151*'Текущие цены за единицу'!V54,0)","v":0},null,{"$f":"ROUND('Форма по МДС 81-35.2004'!F1151*'Текущие цены за единицу'!X54,0)","v":0},{"$f":"IF(Определители!I54=\"9\",ROUND(B54*(Начисления!M54/100)*'Форма по МДС 81-35.2004'!G1170/100,0),0)","v":0},{"$f":"IF(Определители!I54=\"9\",ROUND(B54*(100-Начисления!M54/100)*'Форма по МДС 81-35.2004'!G1170/100,0),0)","v":0},{"$f":"IF(Определители!I54=\"9\",ROUND((C54+E54)*(Начисления!M54/100)*('Форма по МДС 81-35.2004'!G1173/100),0),0)","v":0},{"$f":"IF(Определители!I54=\"9\",ROUND((C54+E54)*(100-Начисления!M54/100)*('Форма по МДС 81-35.2004'!G1173/100),0),0)","v":0},{"$f":"IF(Определители!I54=\"9\",ROUND(B54*Начисления!M54/100,0),0)","v":0},{"$f":"IF(Определители!I54=\"9\",ROUND(B54*(100-Начисления!M54)/100,0),0)","v":0},{"$f":"ROUND('Форма по МДС 81-35.2004'!F1151*'Текущие цены за единицу'!AE54,0)","v":0}]
[{"$f":"'Форма по МДС 81-35.2004'!A1178","v":"50."},{"$f":"'Форма по МДС 81-35.2004'!H1178","v":1086},{"$f":"ROUND(SUMIF('Форма по МДС 81-35.2004'!J1178:J1197,\"Г\",'Форма по МДС 81-35.2004'!H1178:H1197),0)","v":644},{"$f":"ROUND(SUMIF('Форма по МДС 81-35.2004'!J1178:J1197,\"IsMash\",'Форма по МДС 81-35.2004'!H1178:H1197),0)","v":442},{"$f":"'Форма по МДС 81-35.2004'!H1179","v":120},{"$f":"ROUND(SUMIF('Форма по МДС 81-35.2004'!J1178:J1197,\"IsMater\",'Форма по МДС 81-35.2004'!H1178:H1197),0)","v":0},{"$f":"ROUND('Форма по МДС 81-35.2004'!F1178*'Текущие цены за единицу'!G55,0)","v":0},{"$f":"ROUND('Форма по МДС 81-35.2004'!F1178*'Текущие цены за единицу'!H55,0)","v":0},{"$f":"ОКРУГЛВСЕ(SUMIF('Форма по МДС 81-35.2004'!J1178:J1197,\"Г\",'Форма по МДС 81-35.2004'!F1178:F1197),8)","v":6.4},{"$f":"ОКРУГЛВСЕ('Форма по МДС 81-35.2004'!F1178*'Текущие цены за единицу'!J55,8)","v":0},{"$f":"ОКРУГЛВСЕ(SUMIF('Форма по МДС 81-35.2004'!J1178:J1197,\"Ж\",'Форма по МДС 81-35.2004'!F1178:F1197),8)","v":0.8},{"$f":"ROUND('Форма по МДС 81-35.2004'!F1178*'Текущие цены за единицу'!L55,0)","v":0},{"$f":"ROUND('Форма по МДС 81-35.2004'!F1178*'Текущие цены за единицу'!M55,0)","v":0},{"$f":"ROUND(B55*'Форма по МДС 81-35.2004'!G1192/100,0)","v":127},{"$f":"ROUND((B55+N55)*'Форма по МДС 81-35.2004'!G1195/100,0)","v":97},{"$f":"ROUND('Форма по МДС 81-35.2004'!F1178*'Текущие цены за единицу'!P55,0)","v":0},{"$f":"ROUND('Форма по МДС 81-35.2004'!F1178*'Текущие цены за единицу'!Q55,0)","v":0},{"$f":"ROUND('Форма по МДС 81-35.2004'!F1178*'Текущие цены за единицу'!R55,0)","v":0},{"$f":"ROUND('Форма по МДС 81-35.2004'!F1178*'Текущие цены за единицу'!S55,0)","v":0},{"$f":"ROUND('Форма по МДС 81-35.2004'!F1178*'Текущие цены за единицу'!T55,0)","v":0},{"$f":"ROUND('Форма по МДС 81-35.2004'!F1178*'Текущие цены за единицу'!U55,0)","v":0},{"$f":"ROUND('Форма по МДС 81-35.2004'!F1178*'Текущие цены за единицу'!V55,0)","v":0},null,{"$f":"ROUND('Форма по МДС 81-35.2004'!F1178*'Текущие цены за единицу'!X55,0)","v":0},{"$f":"IF(Определители!I55=\"9\",ROUND(B55*(Начисления!M55/100)*'Форма по МДС 81-35.2004'!G1192/100,0),0)","v":0},{"$f":"IF(Определители!I55=\"9\",ROUND(B55*(100-Начисления!M55/100)*'Форма по МДС 81-35.2004'!G1192/100,0),0)","v":0},{"$f":"IF(Определители!I55=\"9\",ROUND((C55+E55)*(Начисления!M55/100)*('Форма по МДС 81-35.2004'!G1195/100),0),0)","v":0},{"$f":"IF(Определители!I55=\"9\",ROUND((C55+E55)*(100-Начисления!M55/100)*('Форма по МДС 81-35.2004'!G1195/100),0),0)","v":0},{"$f":"IF(Определители!I55=\"9\",ROUND(B55*Начисления!M55/100,0),0)","v":0},{"$f":"IF(Определители!I55=\"9\",ROUND(B55*(100-Начисления!M55)/100,0),0)","v":0},{"$f":"ROUND('Форма по МДС 81-35.2004'!F1178*'Текущие цены за единицу'!AE55,0)","v":0}]
[{"$f":"'Форма по МДС 81-35.2004'!A1198","v":"51."},{"$f":"'Форма по МДС 81-35.2004'!H1198","v":193},{"$f":"ROUND(SUMIF('Форма по МДС 81-35.2004'!J1198:J1222,\"Г\",'Форма по МДС 81-35.2004'!H1198:H1222),0)","v":74},{"$f":"ROUND(SUMIF('Форма по МДС 81-35.2004'!J1198:J1222,\"IsMash\",'Форма по МДС 81-35.2004'!H1198:H1222),0)","v":97},{"$f":"'Форма по МДС 81-35.2004'!H1199","v":26},{"$f":"ROUND(SUMIF('Форма по МДС 81-35.2004'!J1198:J1222,\"IsMater\",'Форма по МДС 81-35.2004'!H1198:H1222),0)","v":23},{"$f":"ROUND('Форма по МДС 81-35.2004'!F1198*'Текущие цены за единицу'!G56,0)","v":0},{"$f":"ROUND('Форма по МДС 81-35.2004'!F1198*'Текущие цены за единицу'!H56,0)","v":0},{"$f":"ОКРУГЛВСЕ(SUMIF('Форма по МДС 81-35.2004'!J1198:J1222,\"Г\",'Форма по МДС 81-35.2004'!F1198:F1222),8)","v":0.70040000000000002},{"$f":"ОКРУГЛВСЕ('Форма по МДС 81-35.2004'!F1198*'Текущие цены за единицу'!J56,8)","v":0},{"$f":"ОКРУГЛВСЕ(SUMIF('Форма по МДС 81-35.2004'!J1198:J1222,\"Ж\",'Форма по МДС 81-35.2004'!F1198:F1222),8)","v":0.17510000000000001},{"$f":"ROUND('Форма по МДС 81-35.2004'!F1198*'Текущие цены за единицу'!L56,0)","v":0},{"$f":"ROUND('Форма по МДС 81-35.2004'!F1198*'Текущие цены за единицу'!M56,0)","v":0},{"$f":"ROUND(B56*'Форма по МДС 81-35.2004'!G1217/100,0)","v":23},{"$f":"ROUND((B56+N56)*'Форма по МДС 81-35.2004'!G1220/100,0)","v":17},{"$f":"ROUND('Форма по МДС 81-35.2004'!F1198*'Текущие цены за единицу'!P56,0)","v":0},{"$f":"ROUND('Форма по МДС 81-35.2004'!F1198*'Текущие цены за единицу'!Q56,0)","v":0},{"$f":"ROUND('Форма по МДС 81-35.2004'!F1198*'Текущие цены за единицу'!R56,0)","v":0},{"$f":"ROUND('Форма по МДС 81-35.2004'!F1198*'Текущие цены за единицу'!S56,0)","v":0},{"$f":"ROUND('Форма по МДС 81-35.2004'!F1198*'Текущие цены за единицу'!T56,0)","v":0},{"$f":"ROUND('Форма по МДС 81-35.2004'!F1198*'Текущие цены за единицу'!U56,0)","v":0},{"$f":"ROUND('Форма по МДС 81-35.2004'!F1198*'Текущие цены за единицу'!V56,0)","v":0},null,{"$f":"ROUND('Форма по МДС 81-35.2004'!F1198*'Текущие цены за единицу'!X56,0)","v":0},{"$f":"IF(Определители!I56=\"9\",ROUND(B56*(Начисления!M56/100)*'Форма по МДС 81-35.2004'!G1217/100,0),0)","v":0},{"$f":"IF(Определители!I56=\"9\",ROUND(B56*(100-Начисления!M56/100)*'Форма по МДС 81-35.2004'!G1217/100,0),0)","v":0},{"$f":"IF(Определители!I56=\"9\",ROUND((C56+E56)*(Начисления!M56/100)*('Форма по МДС 81-35.2004'!G1220/100),0),0)","v":0},{"$f":"IF(Определители!I56=\"9\",ROUND((C56+E56)*(100-Начисления!M56/100)*('Форма по МДС 81-35.2004'!G1220/100),0),0)","v":0},{"$f":"IF(Определители!I56=\"9\",ROUND(B56*Начисления!M56/100,0),0)","v":0},{"$f":"IF(Определители!I56=\"9\",ROUND(B56*(100-Начисления!M56)/100,0),0)","v":0},{"$f":"ROUND('Форма по МДС 81-35.2004'!F1198*'Текущие цены за единицу'!AE56,0)","v":0}]
[{"$f":"'Форма по МДС 81-35.2004'!A1223","v":"52."},{"$f":"'Форма по МДС 81-35.2004'!H1223","v":31},{"$f":"ROUND(SUMIF('Форма по МДС 81-35.2004'!J1223:J1246,\"Г\",'Форма по МДС 81-35.2004'!H1223:H1246),0)","v":13},{"$f":"ROUND(SUMIF('Форма по МДС 81-35.2004'!J1223:J1246,\"IsMash\",'Форма по МДС 81-35.2004'!H1223:H1246),0)","v":17},{"$f":"'Форма по МДС 81-35.2004'!H1224","v":5},{"$f":"ROUND(SUMIF('Форма по МДС 81-35.2004'!J1223:J1246,\"IsMater\",'Форма по МДС 81-35.2004'!H1223:H1246),0)","v":2},{"$f":"ROUND('Форма по МДС 81-35.2004'!F1223*'Текущие цены за единицу'!G57,0)","v":0},{"$f":"ROUND('Форма по МДС 81-35.2004'!F1223*'Текущие цены за единицу'!H57,0)","v":0},{"$f":"ОКРУГЛВСЕ(SUMIF('Форма по МДС 81-35.2004'!J1223:J1246,\"Г\",'Форма по МДС 81-35.2004'!F1223:F1246),8)","v":0.122},{"$f":"ОКРУГЛВСЕ('Форма по МДС 81-35.2004'!F1223*'Текущие цены за единицу'!J57,8)","v":0},{"$f":"ОКРУГЛВСЕ(SUMIF('Форма по МДС 81-35.2004'!J1223:J1246,\"Ж\",'Форма по МДС 81-35.2004'!F1223:F1246),8)","v":3.0499999999999999E-2},{"$f":"ROUND('Форма по МДС 81-35.2004'!F1223*'Текущие цены за единицу'!L57,0)","v":0},{"$f":"ROUND('Форма по МДС 81-35.2004'!F1223*'Текущие цены за единицу'!M57,0)","v":0},{"$f":"ROUND(B57*'Форма по МДС 81-35.2004'!G1241/100,0)","v":4},{"$f":"ROUND((B57+N57)*'Форма по МДС 81-35.2004'!G1244/100,0)","v":3},{"$f":"ROUND('Форма по МДС 81-35.2004'!F1223*'Текущие цены за единицу'!P57,0)","v":0},{"$f":"ROUND('Форма по МДС 81-35.2004'!F1223*'Текущие цены за единицу'!Q57,0)","v":0},{"$f":"ROUND('Форма по МДС 81-35.2004'!F1223*'Текущие цены за единицу'!R57,0)","v":0},{"$f":"ROUND('Форма по МДС 81-35.2004'!F1223*'Текущие цены за единицу'!S57,0)","v":0},{"$f":"ROUND('Форма по МДС 81-35.2004'!F1223*'Текущие цены за единицу'!T57,0)","v":0},{"$f":"ROUND('Форма по МДС 81-35.2004'!F1223*'Текущие цены за единицу'!U57,0)","v":0},{"$f":"ROUND('Форма по МДС 81-35.2004'!F1223*'Текущие цены за единицу'!V57,0)","v":0},null,{"$f":"ROUND('Форма по МДС 81-35.2004'!F1223*'Текущие цены за единицу'!X57,0)","v":0},{"$f":"IF(Определители!I57=\"9\",ROUND(B57*(Начисления!M57/100)*'Форма по МДС 81-35.2004'!G1241/100,0),0)","v":0},{"$f":"IF(Определители!I57=\"9\",ROUND(B57*(100-Начисления!M57/100)*'Форма по МДС 81-35.2004'!G1241/100,0),0)","v":0},{"$f":"IF(Определители!I57=\"9\",ROUND((C57+E57)*(Начисления!M57/100)*('Форма по МДС 81-35.2004'!G1244/100),0),0)","v":0},{"$f":"IF(Определители!I57=\"9\",ROUND((C57+E57)*(100-Начисления!M57/100)*('Форма по МДС 81-35.2004'!G1244/100),0),0)","v":0},{"$f":"IF(Определители!I57=\"9\",ROUND(B57*Начисления!M57/100,0),0)","v":0},{"$f":"IF(Определители!I57=\"9\",ROUND(B57*(100-Начисления!M57)/100,0),0)","v":0},{"$f":"ROUND('Форма по МДС 81-35.2004'!F1223*'Текущие цены за единицу'!AE57,0)","v":0}]
[{"$f":"'Форма по МДС 81-35.2004'!A1247","v":"53."},{"$f":"'Форма по МДС 81-35.2004'!H1247","v":62},{"$f":"ROUND(SUMIF('Форма по МДС 81-35.2004'!J1247:J1266,\"Г\",'Форма по МДС 81-35.2004'!H1247:H1266),0)","v":39},{"$f":"ROUND(SUMIF('Форма по МДС 81-35.2004'!J1247:J1266,\"IsMash\",'Форма по МДС 81-35.2004'!H1247:H1266),0)","v":23},{"$f":"'Форма по МДС 81-35.2004'!H1248","v":0},{"$f":"ROUND(SUMIF('Форма по МДС 81-35.2004'!J1247:J1266,\"IsMater\",'Форма по МДС 81-35.2004'!H1247:H1266),0)","v":0},{"$f":"ROUND('Форма по МДС 81-35.2004'!F1247*'Текущие цены за единицу'!G58,0)","v":0},{"$f":"ROUND('Форма по МДС 81-35.2004'!F1247*'Текущие цены за единицу'!H58,0)","v":0},{"$f":"ОКРУГЛВСЕ(SUMIF('Форма по МДС 81-35.2004'!J1247:J1266,\"Г\",'Форма по МДС 81-35.2004'!F1247:F1266),8)","v":0.37080000000000002},{"$f":"ОКРУГЛВСЕ('Форма по МДС 81-35.2004'!F1247*'Текущие цены за единицу'!J58,8)","v":0},{"$f":"ОКРУГЛВСЕ(SUMIF('Форма по МДС 81-35.2004'!J1247:J1266,\"Ж\",'Форма по МДС 81-35.2004'!F1247:F1266),8)","v":0},{"$f":"ROUND('Форма по МДС 81-35.2004'!F1247*'Текущие цены за единицу'!L58,0)","v":0},{"$f":"ROUND('Форма по МДС 81-35.2004'!F1247*'Текущие цены за единицу'!M58,0)","v":0},{"$f":"ROUND(B58*'Форма по МДС 81-35.2004'!G1261/100,0)","v":7},{"$f":"ROUND((B58+N58)*'Форма по МДС 81-35.2004'!G1264/100,0)","v":6},{"$f":"ROUND('Форма по МДС 81-35.2004'!F1247*'Текущие цены за единицу'!P58,0)","v":0},{"$f":"ROUND('Форма по МДС 81-35.2004'!F1247*'Текущие цены за единицу'!Q58,0)","v":0},{"$f":"ROUND('Форма по МДС 81-35.2004'!F1247*'Текущие цены за единицу'!R58,0)","v":0},{"$f":"ROUND('Форма по МДС 81-35.2004'!F1247*'Текущие цены за единицу'!S58,0)","v":0},{"$f":"ROUND('Форма по МДС 81-35.2004'!F1247*'Текущие цены за единицу'!T58,0)","v":0},{"$f":"ROUND('Форма по МДС 81-35.2004'!F1247*'Текущие цены за единицу'!U58,0)","v":0},{"$f":"ROUND('Форма по МДС 81-35.2004'!F1247*'Текущие цены за единицу'!V58,0)","v":0},null,{"$f":"ROUND('Форма по МДС 81-35.2004'!F1247*'Текущие цены за единицу'!X58,0)","v":0},{"$f":"IF(Определители!I58=\"9\",ROUND(B58*(Начисления!M58/100)*'Форма по МДС 81-35.2004'!G1261/100,0),0)","v":0},{"$f":"IF(Определители!I58=\"9\",ROUND(B58*(100-Начисления!M58/100)*'Форма по МДС 81-35.2004'!G1261/100,0),0)","v":0},{"$f":"IF(Определители!I58=\"9\",ROUND((C58+E58)*(Начисления!M58/100)*('Форма по МДС 81-35.2004'!G1264/100),0),0)","v":0},{"$f":"IF(Определители!I58=\"9\",ROUND((C58+E58)*(100-Начисления!M58/100)*('Форма по МДС 81-35.2004'!G1264/100),0),0)","v":0},{"$f":"IF(Определители!I58=\"9\",ROUND(B58*Начисления!M58/100,0),0)","v":0},{"$f":"IF(Определители!I58=\"9\",ROUND(B58*(100-Начисления!M58)/100,0),0)","v":0},{"$f":"ROUND('Форма по МДС 81-35.2004'!F1247*'Текущие цены за единицу'!AE58,0)","v":0}]
[{"$f":"'Форма по МДС 81-35.2004'!A1267","v":"54."},{"$f":"'Форма по МДС 81-35.2004'!H1267","v":471},{"$f":"ROUND(SUMIF('Форма по МДС 81-35.2004'!J1267:J1292,\"Г\",'Форма по МДС 81-35.2004'!H1267:H1292),0)","v":149},{"$f":"ROUND(SUMIF('Форма по МДС 81-35.2004'!J1267:J1292,\"IsMash\",'Форма по МДС 81-35.2004'!H1267:H1292),0)","v":128},{"$f":"'Форма по МДС 81-35.2004'!H1268","v":35},{"$f":"ROUND(SUMIF('Форма по МДС 81-35.2004'!J1267:J1292,\"IsMater\",'Форма по МДС 81-35.2004'!H1267:H1292),0)","v":194},{"$f":"ROUND('Форма по МДС 81-35.2004'!F1267*'Текущие цены за единицу'!G59,0)","v":0},{"$f":"ROUND('Форма по МДС 81-35.2004'!F1267*'Текущие цены за единицу'!H59,0)","v":0},{"$f":"ОКРУГЛВСЕ(SUMIF('Форма по МДС 81-35.2004'!J1267:J1292,\"Г\",'Форма по МДС 81-35.2004'!F1267:F1292),8)","v":1.38876},{"$f":"ОКРУГЛВСЕ('Форма по МДС 81-35.2004'!F1267*'Текущие цены за единицу'!J59,8)","v":0},{"$f":"ОКРУГЛВСЕ(SUMIF('Форма по МДС 81-35.2004'!J1267:J1292,\"Ж\",'Форма по МДС 81-35.2004'!F1267:F1292),8)","v":0.23146},{"$f":"ROUND('Форма по МДС 81-35.2004'!F1267*'Текущие цены за единицу'!L59,0)","v":0},{"$f":"ROUND('Форма по МДС 81-35.2004'!F1267*'Текущие цены за единицу'!M59,0)","v":0},{"$f":"ROUND(B59*'Форма по МДС 81-35.2004'!G1287/100,0)","v":55},{"$f":"ROUND((B59+N59)*'Форма по МДС 81-35.2004'!G1290/100,0)","v":42},{"$f":"ROUND('Форма по МДС 81-35.2004'!F1267*'Текущие цены за единицу'!P59,0)","v":0},{"$f":"ROUND('Форма по МДС 81-35.2004'!F1267*'Текущие цены за единицу'!Q59,0)","v":0},{"$f":"ROUND('Форма по МДС 81-35.2004'!F1267*'Текущие цены за единицу'!R59,0)","v":0},{"$f":"ROUND('Форма по МДС 81-35.2004'!F1267*'Текущие цены за единицу'!S59,0)","v":0},{"$f":"ROUND('Форма по МДС 81-35.2004'!F1267*'Текущие цены за единицу'!T59,0)","v":0},{"$f":"ROUND('Форма по МДС 81-35.2004'!F1267*'Текущие цены за единицу'!U59,0)","v":0},{"$f":"ROUND('Форма по МДС 81-35.2004'!F1267*'Текущие цены за единицу'!V59,0)","v":0},null,{"$f":"ROUND('Форма по МДС 81-35.2004'!F1267*'Текущие цены за единицу'!X59,0)","v":0},{"$f":"IF(Определители!I59=\"9\",ROUND(B59*(Начисления!M59/100)*'Форма по МДС 81-35.2004'!G1287/100,0),0)","v":0},{"$f":"IF(Определители!I59=\"9\",ROUND(B59*(100-Начисления!M59/100)*'Форма по МДС 81-35.2004'!G1287/100,0),0)","v":0},{"$f":"IF(Определители!I59=\"9\",ROUND((C59+E59)*(Начисления!M59/100)*('Форма по МДС 81-35.2004'!G1290/100),0),0)","v":0},{"$f":"IF(Определители!I59=\"9\",ROUND((C59+E59)*(100-Начисления!M59/100)*('Форма по МДС 81-35.2004'!G1290/100),0),0)","v":0},{"$f":"IF(Определители!I59=\"9\",ROUND(B59*Начисления!M59/100,0),0)","v":0},{"$f":"IF(Определители!I59=\"9\",ROUND(B59*(100-Начисления!M59)/100,0),0)","v":0},{"$f":"ROUND('Форма по МДС 81-35.2004'!F1267*'Текущие цены за единицу'!AE59,0)","v":0}]
[{"$f":"'Форма по МДС 81-35.2004'!A1293","v":"55."},{"$f":"'Форма по МДС 81-35.2004'!H1293","v":498},{"$f":"ROUND(SUMIF('Форма по МДС 81-35.2004'!J1293:J1314,\"Г\",'Форма по МДС 81-35.2004'!H1293:H1314),0)","v":77},{"$f":"ROUND(SUMIF('Форма по МДС 81-35.2004'!J1293:J1314,\"IsMash\",'Форма по МДС 81-35.2004'!H1293:H1314),0)","v":102},{"$f":"'Форма по МДС 81-35.2004'!H1294","v":28},{"$f":"ROUND(SUMIF('Форма по МДС 81-35.2004'!J1293:J1314,\"IsMater\",'Форма по МДС 81-35.2004'!H1293:H1314),0)","v":318},{"$f":"ROUND('Форма по МДС 81-35.2004'!F1293*'Текущие цены за единицу'!G60,0)","v":0},{"$f":"ROUND('Форма по МДС 81-35.2004'!F1293*'Текущие цены за единицу'!H60,0)","v":0},{"$f":"ОКРУГЛВСЕ(SUMIF('Форма по МДС 81-35.2004'!J1293:J1314,\"Г\",'Форма по МДС 81-35.2004'!F1293:F1314),8)","v":0.73599999999999999},{"$f":"ОКРУГЛВСЕ('Форма по МДС 81-35.2004'!F1293*'Текущие цены за единицу'!J60,8)","v":0},{"$f":"ОКРУГЛВСЕ(SUMIF('Форма по МДС 81-35.2004'!J1293:J1314,\"Ж\",'Форма по МДС 81-35.2004'!F1293:F1314),8)","v":0.184},{"$f":"ROUND('Форма по МДС 81-35.2004'!F1293*'Текущие цены за единицу'!L60,0)","v":0},{"$f":"ROUND('Форма по МДС 81-35.2004'!F1293*'Текущие цены за единицу'!M60,0)","v":0},{"$f":"ROUND(B60*'Форма по МДС 81-35.2004'!G1309/100,0)","v":58},{"$f":"ROUND((B60+N60)*'Форма по МДС 81-35.2004'!G1312/100,0)","v":44},{"$f":"ROUND('Форма по МДС 81-35.2004'!F1293*'Текущие цены за единицу'!P60,0)","v":0},{"$f":"ROUND('Форма по МДС 81-35.2004'!F1293*'Текущие цены за единицу'!Q60,0)","v":0},{"$f":"ROUND('Форма по МДС 81-35.2004'!F1293*'Текущие цены за единицу'!R60,0)","v":0},{"$f":"ROUND('Форма по МДС 81-35.2004'!F1293*'Текущие цены за единицу'!S60,0)","v":0},{"$f":"ROUND('Форма по МДС 81-35.2004'!F1293*'Текущие цены за единицу'!T60,0)","v":0},{"$f":"ROUND('Форма по МДС 81-35.2004'!F1293*'Текущие цены за единицу'!U60,0)","v":0},{"$f":"ROUND('Форма по МДС 81-35.2004'!F1293*'Текущие цены за единицу'!V60,0)","v":0},null,{"$f":"ROUND('Форма по МДС 81-35.2004'!F1293*'Текущие цены за единицу'!X60,0)","v":0},{"$f":"IF(Определители!I60=\"9\",ROUND(B60*(Начисления!M60/100)*'Форма по МДС 81-35.2004'!G1309/100,0),0)","v":0},{"$f":"IF(Определители!I60=\"9\",ROUND(B60*(100-Начисления!M60/100)*'Форма по МДС 81-35.2004'!G1309/100,0),0)","v":0},{"$f":"IF(Определители!I60=\"9\",ROUND((C60+E60)*(Начисления!M60/100)*('Форма по МДС 81-35.2004'!G1312/100),0),0)","v":0},{"$f":"IF(Определители!I60=\"9\",ROUND((C60+E60)*(100-Начисления!M60/100)*('Форма по МДС 81-35.2004'!G1312/100),0),0)","v":0},{"$f":"IF(Определители!I60=\"9\",ROUND(B60*Начисления!M60/100,0),0)","v":0},{"$f":"IF(Определители!I60=\"9\",ROUND(B60*(100-Начисления!M60)/100,0),0)","v":0},{"$f":"ROUND('Форма по МДС 81-35.2004'!F1293*'Текущие цены за единицу'!AE60,0)","v":0}]
[{"$f":"'Форма по МДС 81-35.2004'!A1315","v":"56."},{"$f":"'Форма по МДС 81-35.2004'!H1315","v":602},{"$f":"ROUND(SUMIF('Форма по МДС 81-35.2004'!J1315:J1338,\"Г\",'Форма по МДС 81-35.2004'!H1315:H1338),0)","v":228},{"$f":"ROUND(SUMIF('Форма по МДС 81-35.2004'!J1315:J1338,\"IsMash\",'Форма по МДС 81-35.2004'!H1315:H1338),0)","v":300},{"$f":"'Форма по МДС 81-35.2004'!H1316","v":81},{"$f":"ROUND(SUMIF('Форма по МДС 81-35.2004'!J1315:J1338,\"IsMater\",'Форма по МДС 81-35.2004'!H1315:H1338),0)","v":73},{"$f":"ROUND('Форма по МДС 81-35.2004'!F1315*'Текущие цены за единицу'!G61,0)","v":0},{"$f":"ROUND('Форма по МДС 81-35.2004'!F1315*'Текущие цены за единицу'!H61,0)","v":0},{"$f":"ОКРУГЛВСЕ(SUMIF('Форма по МДС 81-35.2004'!J1315:J1338,\"Г\",'Форма по МДС 81-35.2004'!F1315:F1338),8)","v":2.1711999999999998},{"$f":"ОКРУГЛВСЕ('Форма по МДС 81-35.2004'!F1315*'Текущие цены за единицу'!J61,8)","v":0},{"$f":"ОКРУГЛВСЕ(SUMIF('Форма по МДС 81-35.2004'!J1315:J1338,\"Ж\",'Форма по МДС 81-35.2004'!F1315:F1338),8)","v":0.54279999999999995},{"$f":"ROUND('Форма по МДС 81-35.2004'!F1315*'Текущие цены за единицу'!L61,0)","v":0},{"$f":"ROUND('Форма по МДС 81-35.2004'!F1315*'Текущие цены за единицу'!M61,0)","v":0},{"$f":"ROUND(B61*'Форма по МДС 81-35.2004'!G1333/100,0)","v":70},{"$f":"ROUND((B61+N61)*'Форма по МДС 81-35.2004'!G1336/100,0)","v":54},{"$f":"ROUND('Форма по МДС 81-35.2004'!F1315*'Текущие цены за единицу'!P61,0)","v":0},{"$f":"ROUND('Форма по МДС 81-35.2004'!F1315*'Текущие цены за единицу'!Q61,0)","v":0},{"$f":"ROUND('Форма по МДС 81-35.2004'!F1315*'Текущие цены за единицу'!R61,0)","v":0},{"$f":"ROUND('Форма по МДС 81-35.2004'!F1315*'Текущие цены за единицу'!S61,0)","v":0},{"$f":"ROUND('Форма по МДС 81-35.2004'!F1315*'Текущие цены за единицу'!T61,0)","v":0},{"$f":"ROUND('Форма по МДС 81-35.2004'!F1315*'Текущие цены за единицу'!U61,0)","v":0},{"$f":"ROUND('Форма по МДС 81-35.2004'!F1315*'Текущие цены за единицу'!V61,0)","v":0},null,{"$f":"ROUND('Форма по МДС 81-35.2004'!F1315*'Текущие цены за единицу'!X61,0)","v":0},{"$f":"IF(Определители!I61=\"9\",ROUND(B61*(Начисления!M61/100)*'Форма по МДС 81-35.2004'!G1333/100,0),0)","v":0},{"$f":"IF(Определители!I61=\"9\",ROUND(B61*(100-Начисления!M61/100)*'Форма по МДС 81-35.2004'!G1333/100,0),0)","v":0},{"$f":"IF(Определители!I61=\"9\",ROUND((C61+E61)*(Начисления!M61/100)*('Форма по МДС 81-35.2004'!G1336/100),0),0)","v":0},{"$f":"IF(Определители!I61=\"9\",ROUND((C61+E61)*(100-Начисления!M61/100)*('Форма по МДС 81-35.2004'!G1336/100),0),0)","v":0},{"$f":"IF(Определители!I61=\"9\",ROUND(B61*Начисления!M61/100,0),0)","v":0},{"$f":"IF(Определители!I61=\"9\",ROUND(B61*(100-Начисления!M61)/100,0),0)","v":0},{"$f":"ROUND('Форма по МДС 81-35.2004'!F1315*'Текущие цены за единицу'!AE61,0)","v":0}]
[{"$f":"'Форма по МДС 81-35.2004'!A1341","v":"57."},{"$f":"'Форма по МДС 81-35.2004'!H1341","v":250},{"$f":"ROUND(SUMIF('Форма по МДС 81-35.2004'!J1341:J1362,\"Г\",'Форма по МДС 81-35.2004'!H1341:H1362),0)","v":21},{"$f":"ROUND(SUMIF('Форма по МДС 81-35.2004'!J1341:J1362,\"IsMash\",'Форма по МДС 81-35.2004'!H1341:H1362),0)","v":229},{"$f":"'Форма по МДС 81-35.2004'!H1342","v":36},{"$f":"ROUND(SUMIF('Форма по МДС 81-35.2004'!J1341:J1362,\"IsMater\",'Форма по МДС 81-35.2004'!H1341:H1362),0)","v":0},{"$f":"ROUND('Форма по МДС 81-35.2004'!F1341*'Текущие цены за единицу'!G62,0)","v":0},{"$f":"ROUND('Форма по МДС 81-35.2004'!F1341*'Текущие цены за единицу'!H62,0)","v":0},{"$f":"ОКРУГЛВСЕ(SUMIF('Форма по МДС 81-35.2004'!J1341:J1362,\"Г\",'Форма по МДС 81-35.2004'!F1341:F1362),8)","v":0.20499999999999999},{"$f":"ОКРУГЛВСЕ('Форма по МДС 81-35.2004'!F1341*'Текущие цены за единицу'!J62,8)","v":0},{"$f":"ОКРУГЛВСЕ(SUMIF('Форма по МДС 81-35.2004'!J1341:J1362,\"Ж\",'Форма по МДС 81-35.2004'!F1341:F1362),8)","v":0.20499999999999999},{"$f":"ROUND('Форма по МДС 81-35.2004'!F1341*'Текущие цены за единицу'!L62,0)","v":0},{"$f":"ROUND('Форма по МДС 81-35.2004'!F1341*'Текущие цены за единицу'!M62,0)","v":0},{"$f":"ROUND(B62*'Форма по МДС 81-35.2004'!G1357/100,0)","v":29},{"$f":"ROUND((B62+N62)*'Форма по МДС 81-35.2004'!G1360/100,0)","v":22},{"$f":"ROUND('Форма по МДС 81-35.2004'!F1341*'Текущие цены за единицу'!P62,0)","v":0},{"$f":"ROUND('Форма по МДС 81-35.2004'!F1341*'Текущие цены за единицу'!Q62,0)","v":0},{"$f":"ROUND('Форма по МДС 81-35.2004'!F1341*'Текущие цены за единицу'!R62,0)","v":0},{"$f":"ROUND('Форма по МДС 81-35.2004'!F1341*'Текущие цены за единицу'!S62,0)","v":0},{"$f":"ROUND('Форма по МДС 81-35.2004'!F1341*'Текущие цены за единицу'!T62,0)","v":0},{"$f":"ROUND('Форма по МДС 81-35.2004'!F1341*'Текущие цены за единицу'!U62,0)","v":0},{"$f":"ROUND('Форма по МДС 81-35.2004'!F1341*'Текущие цены за единицу'!V62,0)","v":0},null,{"$f":"ROUND('Форма по МДС 81-35.2004'!F1341*'Текущие цены за единицу'!X62,0)","v":0},{"$f":"IF(Определители!I62=\"9\",ROUND(B62*(Начисления!M62/100)*'Форма по МДС 81-35.2004'!G1357/100,0),0)","v":0},{"$f":"IF(Определители!I62=\"9\",ROUND(B62*(100-Начисления!M62/100)*'Форма по МДС 81-35.2004'!G1357/100,0),0)","v":0},{"$f":"IF(Определители!I62=\"9\",ROUND((C62+E62)*(Начисления!M62/100)*('Форма по МДС 81-35.2004'!G1360/100),0),0)","v":0},{"$f":"IF(Определители!I62=\"9\",ROUND((C62+E62)*(100-Начисления!M62/100)*('Форма по МДС 81-35.2004'!G1360/100),0),0)","v":0},{"$f":"IF(Определители!I62=\"9\",ROUND(B62*Начисления!M62/100,0),0)","v":0},{"$f":"IF(Определители!I62=\"9\",ROUND(B62*(100-Начисления!M62)/100,0),0)","v":0},{"$f":"ROUND('Форма по МДС 81-35.2004'!F1341*'Текущие цены за единицу'!AE62,0)","v":0}]
[{"$f":"'Форма по МДС 81-35.2004'!A1363","v":"58."},{"$f":"'Форма по МДС 81-35.2004'!H1363","v":150},{"$f":"ROUND(SUMIF('Форма по МДС 81-35.2004'!J1363:J1385,\"Г\",'Форма по МДС 81-35.2004'!H1363:H1385),0)","v":58},{"$f":"ROUND(SUMIF('Форма по МДС 81-35.2004'!J1363:J1385,\"IsMash\",'Форма по МДС 81-35.2004'!H1363:H1385),0)","v":76},{"$f":"'Форма по МДС 81-35.2004'!H1364","v":21},{"$f":"ROUND(SUMIF('Форма по МДС 81-35.2004'!J1363:J1385,\"IsMater\",'Форма по МДС 81-35.2004'!H1363:H1385),0)","v":16},{"$f":"ROUND('Форма по МДС 81-35.2004'!F1363*'Текущие цены за единицу'!G63,0)","v":0},{"$f":"ROUND('Форма по МДС 81-35.2004'!F1363*'Текущие цены за единицу'!H63,0)","v":0},{"$f":"ОКРУГЛВСЕ(SUMIF('Форма по МДС 81-35.2004'!J1363:J1385,\"Г\",'Форма по МДС 81-35.2004'!F1363:F1385),8)","v":0.54796},{"$f":"ОКРУГЛВСЕ('Форма по МДС 81-35.2004'!F1363*'Текущие цены за единицу'!J63,8)","v":0},{"$f":"ОКРУГЛВСЕ(SUMIF('Форма по МДС 81-35.2004'!J1363:J1385,\"Ж\",'Форма по МДС 81-35.2004'!F1363:F1385),8)","v":0.13699},{"$f":"ROUND('Форма по МДС 81-35.2004'!F1363*'Текущие цены за единицу'!L63,0)","v":0},{"$f":"ROUND('Форма по МДС 81-35.2004'!F1363*'Текущие цены за единицу'!M63,0)","v":0},{"$f":"ROUND(B63*'Форма по МДС 81-35.2004'!G1380/100,0)","v":18},{"$f":"ROUND((B63+N63)*'Форма по МДС 81-35.2004'!G1383/100,0)","v":13},{"$f":"ROUND('Форма по МДС 81-35.2004'!F1363*'Текущие цены за единицу'!P63,0)","v":0},{"$f":"ROUND('Форма по МДС 81-35.2004'!F1363*'Текущие цены за единицу'!Q63,0)","v":0},{"$f":"ROUND('Форма по МДС 81-35.2004'!F1363*'Текущие цены за единицу'!R63,0)","v":0},{"$f":"ROUND('Форма по МДС 81-35.2004'!F1363*'Текущие цены за единицу'!S63,0)","v":0},{"$f":"ROUND('Форма по МДС 81-35.2004'!F1363*'Текущие цены за единицу'!T63,0)","v":0},{"$f":"ROUND('Форма по МДС 81-35.2004'!F1363*'Текущие цены за единицу'!U63,0)","v":0},{"$f":"ROUND('Форма по МДС 81-35.2004'!F1363*'Текущие цены за единицу'!V63,0)","v":0},null,{"$f":"ROUND('Форма по МДС 81-35.2004'!F1363*'Текущие цены за единицу'!X63,0)","v":0},{"$f":"IF(Определители!I63=\"9\",ROUND(B63*(Начисления!M63/100)*'Форма по МДС 81-35.2004'!G1380/100,0),0)","v":0},{"$f":"IF(Определители!I63=\"9\",ROUND(B63*(100-Начисления!M63/100)*'Форма по МДС 81-35.2004'!G1380/100,0),0)","v":0},{"$f":"IF(Определители!I63=\"9\",ROUND((C63+E63)*(Начисления!M63/100)*('Форма по МДС 81-35.2004'!G1383/100),0),0)","v":0},{"$f":"IF(Определители!I63=\"9\",ROUND((C63+E63)*(100-Начисления!M63/100)*('Форма по МДС 81-35.2004'!G1383/100),0),0)","v":0},{"$f":"IF(Определители!I63=\"9\",ROUND(B63*Начисления!M63/100,0),0)","v":0},{"$f":"IF(Определители!I63=\"9\",ROUND(B63*(100-Начисления!M63)/100,0),0)","v":0},{"$f":"ROUND('Форма по МДС 81-35.2004'!F1363*'Текущие цены за единицу'!AE63,0)","v":0}]
[{"$f":"'Форма по МДС 81-35.2004'!A1386","v":"59."},{"$f":"'Форма по МДС 81-35.2004'!H1386","v":178},{"$f":"ROUND(SUMIF('Форма по МДС 81-35.2004'!J1386:J1414,\"Г\",'Форма по МДС 81-35.2004'!H1386:H1414),0)","v":19},{"$f":"ROUND(SUMIF('Форма по МДС 81-35.2004'!J1386:J1414,\"IsMash\",'Форма по МДС 81-35.2004'!H1386:H1414),0)","v":25},{"$f":"'Форма по МДС 81-35.2004'!H1387","v":7},{"$f":"ROUND(SUMIF('Форма по МДС 81-35.2004'!J1386:J1414,\"IsMater\",'Форма по МДС 81-35.2004'!H1386:H1414),0)","v":135},{"$f":"ROUND('Форма по МДС 81-35.2004'!F1386*'Текущие цены за единицу'!G64,0)","v":0},{"$f":"ROUND('Форма по МДС 81-35.2004'!F1386*'Текущие цены за единицу'!H64,0)","v":0},{"$f":"ОКРУГЛВСЕ(SUMIF('Форма по МДС 81-35.2004'!J1386:J1414,\"Г\",'Форма по МДС 81-35.2004'!F1386:F1414),8)","v":0.17983199999999999},{"$f":"ОКРУГЛВСЕ('Форма по МДС 81-35.2004'!F1386*'Текущие цены за единицу'!J64,8)","v":0},{"$f":"ОКРУГЛВСЕ(SUMIF('Форма по МДС 81-35.2004'!J1386:J1414,\"Ж\",'Форма по МДС 81-35.2004'!F1386:F1414),8)","v":4.4957999999999998E-2},{"$f":"ROUND('Форма по МДС 81-35.2004'!F1386*'Текущие цены за единицу'!L64,0)","v":0},{"$f":"ROUND('Форма по МДС 81-35.2004'!F1386*'Текущие цены за единицу'!M64,0)","v":0},{"$f":"ROUND(B64*'Форма по МДС 81-35.2004'!G1409/100,0)","v":21},{"$f":"ROUND((B64+N64)*'Форма по МДС 81-35.2004'!G1412/100,0)","v":16},{"$f":"ROUND('Форма по МДС 81-35.2004'!F1386*'Текущие цены за единицу'!P64,0)","v":0},{"$f":"ROUND('Форма по МДС 81-35.2004'!F1386*'Текущие цены за единицу'!Q64,0)","v":0},{"$f":"ROUND('Форма по МДС 81-35.2004'!F1386*'Текущие цены за единицу'!R64,0)","v":0},{"$f":"ROUND('Форма по МДС 81-35.2004'!F1386*'Текущие цены за единицу'!S64,0)","v":0},{"$f":"ROUND('Форма по МДС 81-35.2004'!F1386*'Текущие цены за единицу'!T64,0)","v":0},{"$f":"ROUND('Форма по МДС 81-35.2004'!F1386*'Текущие цены за единицу'!U64,0)","v":0},{"$f":"ROUND('Форма по МДС 81-35.2004'!F1386*'Текущие цены за единицу'!V64,0)","v":0},null,{"$f":"ROUND('Форма по МДС 81-35.2004'!F1386*'Текущие цены за единицу'!X64,0)","v":0},{"$f":"IF(Определители!I64=\"9\",ROUND(B64*(Начисления!M64/100)*'Форма по МДС 81-35.2004'!G1409/100,0),0)","v":0},{"$f":"IF(Определители!I64=\"9\",ROUND(B64*(100-Начисления!M64/100)*'Форма по МДС 81-35.2004'!G1409/100,0),0)","v":0},{"$f":"IF(Определители!I64=\"9\",ROUND((C64+E64)*(Начисления!M64/100)*('Форма по МДС 81-35.2004'!G1412/100),0),0)","v":0},{"$f":"IF(Определители!I64=\"9\",ROUND((C64+E64)*(100-Начисления!M64/100)*('Форма по МДС 81-35.2004'!G1412/100),0),0)","v":0},{"$f":"IF(Определители!I64=\"9\",ROUND(B64*Начисления!M64/100,0),0)","v":0},{"$f":"IF(Определители!I64=\"9\",ROUND(B64*(100-Начисления!M64)/100,0),0)","v":0},{"$f":"ROUND('Форма по МДС 81-35.2004'!F1386*'Текущие цены за единицу'!AE64,0)","v":0}]
[{"$f":"'Форма по МДС 81-35.2004'!A1415","v":"60."},{"$f":"'Форма по МДС 81-35.2004'!H1415","v":1957},{"$f":"ROUND(SUMIF('Форма по МДС 81-35.2004'!J1415:J1442,\"Г\",'Форма по МДС 81-35.2004'!H1415:H1442),0)","v":316},{"$f":"ROUND(SUMIF('Форма по МДС 81-35.2004'!J1415:J1442,\"IsMash\",'Форма по МДС 81-35.2004'!H1415:H1442),0)","v":414},{"$f":"'Форма по МДС 81-35.2004'!H1416","v":112},{"$f":"ROUND(SUMIF('Форма по МДС 81-35.2004'!J1415:J1442,\"IsMater\",'Форма по МДС 81-35.2004'!H1415:H1442),0)","v":1227},{"$f":"ROUND('Форма по МДС 81-35.2004'!F1415*'Текущие цены за единицу'!G65,0)","v":0},{"$f":"ROUND('Форма по МДС 81-35.2004'!F1415*'Текущие цены за единицу'!H65,0)","v":0},{"$f":"ОКРУГЛВСЕ(SUMIF('Форма по МДС 81-35.2004'!J1415:J1442,\"Г\",'Форма по МДС 81-35.2004'!F1415:F1442),8)","v":2.9971999999999999},{"$f":"ОКРУГЛВСЕ('Форма по МДС 81-35.2004'!F1415*'Текущие цены за единицу'!J65,8)","v":0},{"$f":"ОКРУГЛВСЕ(SUMIF('Форма по МДС 81-35.2004'!J1415:J1442,\"Ж\",'Форма по МДС 81-35.2004'!F1415:F1442),8)","v":0.74929999999999997},{"$f":"ROUND('Форма по МДС 81-35.2004'!F1415*'Текущие цены за единицу'!L65,0)","v":0},{"$f":"ROUND('Форма по МДС 81-35.2004'!F1415*'Текущие цены за единицу'!M65,0)","v":0},{"$f":"ROUND(B65*'Форма по МДС 81-35.2004'!G1437/100,0)","v":229},{"$f":"ROUND((B65+N65)*'Форма по МДС 81-35.2004'!G1440/100,0)","v":175},{"$f":"ROUND('Форма по МДС 81-35.2004'!F1415*'Текущие цены за единицу'!P65,0)","v":0},{"$f":"ROUND('Форма по МДС 81-35.2004'!F1415*'Текущие цены за единицу'!Q65,0)","v":0},{"$f":"ROUND('Форма по МДС 81-35.2004'!F1415*'Текущие цены за единицу'!R65,0)","v":0},{"$f":"ROUND('Форма по МДС 81-35.2004'!F1415*'Текущие цены за единицу'!S65,0)","v":0},{"$f":"ROUND('Форма по МДС 81-35.2004'!F1415*'Текущие цены за единицу'!T65,0)","v":0},{"$f":"ROUND('Форма по МДС 81-35.2004'!F1415*'Текущие цены за единицу'!U65,0)","v":0},{"$f":"ROUND('Форма по МДС 81-35.2004'!F1415*'Текущие цены за единицу'!V65,0)","v":0},null,{"$f":"ROUND('Форма по МДС 81-35.2004'!F1415*'Текущие цены за единицу'!X65,0)","v":0},{"$f":"IF(Определители!I65=\"9\",ROUND(B65*(Начисления!M65/100)*'Форма по МДС 81-35.2004'!G1437/100,0),0)","v":0},{"$f":"IF(Определители!I65=\"9\",ROUND(B65*(100-Начисления!M65/100)*'Форма по МДС 81-35.2004'!G1437/100,0),0)","v":0},{"$f":"IF(Определители!I65=\"9\",ROUND((C65+E65)*(Начисления!M65/100)*('Форма по МДС 81-35.2004'!G1440/100),0),0)","v":0},{"$f":"IF(Определители!I65=\"9\",ROUND((C65+E65)*(100-Начисления!M65/100)*('Форма по МДС 81-35.2004'!G1440/100),0),0)","v":0},{"$f":"IF(Определители!I65=\"9\",ROUND(B65*Начисления!M65/100,0),0)","v":0},{"$f":"IF(Определители!I65=\"9\",ROUND(B65*(100-Начисления!M65)/100,0),0)","v":0},{"$f":"ROUND('Форма по МДС 81-35.2004'!F1415*'Текущие цены за единицу'!AE65,0)","v":0}]
[{"$f":"'Форма по МДС 81-35.2004'!A1443","v":"61."},{"$f":"'Форма по МДС 81-35.2004'!H1443","v":3221},{"$f":"ROUND(SUMIF('Форма по МДС 81-35.2004'!J1443:J1460,\"Г\",'Форма по МДС 81-35.2004'!H1443:H1460),0)","v":0},{"$f":"ROUND(SUMIF('Форма по МДС 81-35.2004'!J1443:J1460,\"IsMash\",'Форма по МДС 81-35.2004'!H1443:H1460),0)","v":0},{"$f":"'Форма по МДС 81-35.2004'!H1444","v":0},{"$f":"ROUND(SUMIF('Форма по МДС 81-35.2004'!J1443:J1460,\"IsMater\",'Форма по МДС 81-35.2004'!H1443:H1460),0)","v":3221},{"$f":"ROUND('Форма по МДС 81-35.2004'!F1443*'Текущие цены за единицу'!G66,0)","v":0},{"$f":"ROUND('Форма по МДС 81-35.2004'!F1443*'Текущие цены за единицу'!H66,0)","v":0},{"$f":"ОКРУГЛВСЕ(SUMIF('Форма по МДС 81-35.2004'!J1443:J1460,\"Г\",'Форма по МДС 81-35.2004'!F1443:F1460),8)","v":0},{"$f":"ОКРУГЛВСЕ('Форма по МДС 81-35.2004'!F1443*'Текущие цены за единицу'!J66,8)","v":0},{"$f":"ОКРУГЛВСЕ(SUMIF('Форма по МДС 81-35.2004'!J1443:J1460,\"Ж\",'Форма по МДС 81-35.2004'!F1443:F1460),8)","v":0},{"$f":"ROUND('Форма по МДС 81-35.2004'!F1443*'Текущие цены за единицу'!L66,0)","v":0},{"$f":"ROUND('Форма по МДС 81-35.2004'!F1443*'Текущие цены за единицу'!M66,0)","v":0},{"$f":"ROUND(B66*'Форма по МДС 81-35.2004'!G1455/100,0)","v":377},{"$f":"ROUND((B66+N66)*'Форма по МДС 81-35.2004'!G1458/100,0)","v":288},{"$f":"ROUND('Форма по МДС 81-35.2004'!F1443*'Текущие цены за единицу'!P66,0)","v":0},{"$f":"ROUND('Форма по МДС 81-35.2004'!F1443*'Текущие цены за единицу'!Q66,0)","v":0},{"$f":"ROUND('Форма по МДС 81-35.2004'!F1443*'Текущие цены за единицу'!R66,0)","v":0},{"$f":"ROUND('Форма по МДС 81-35.2004'!F1443*'Текущие цены за единицу'!S66,0)","v":0},{"$f":"ROUND('Форма по МДС 81-35.2004'!F1443*'Текущие цены за единицу'!T66,0)","v":0},{"$f":"ROUND('Форма по МДС 81-35.2004'!F1443*'Текущие цены за единицу'!U66,0)","v":0},{"$f":"ROUND('Форма по МДС 81-35.2004'!F1443*'Текущие цены за единицу'!V66,0)","v":0},null,{"$f":"ROUND('Форма по МДС 81-35.2004'!F1443*'Текущие цены за единицу'!X66,0)","v":0},{"$f":"IF(Определители!I66=\"9\",ROUND(B66*(Начисления!M66/100)*'Форма по МДС 81-35.2004'!G1455/100,0),0)","v":0},{"$f":"IF(Определители!I66=\"9\",ROUND(B66*(100-Начисления!M66/100)*'Форма по МДС 81-35.2004'!G1455/100,0),0)","v":0},{"$f":"IF(Определители!I66=\"9\",ROUND((C66+E66)*(Начисления!M66/100)*('Форма по МДС 81-35.2004'!G1458/100),0),0)","v":0},{"$f":"IF(Определители!I66=\"9\",ROUND((C66+E66)*(100-Начисления!M66/100)*('Форма по МДС 81-35.2004'!G1458/100),0),0)","v":0},{"$f":"IF(Определители!I66=\"9\",ROUND(B66*Начисления!M66/100,0),0)","v":0},{"$f":"IF(Определители!I66=\"9\",ROUND(B66*(100-Начисления!M66)/100,0),0)","v":0},{"$f":"ROUND('Форма по МДС 81-35.2004'!F1443*'Текущие цены за единицу'!AE66,0)","v":0}]
[{"$f":"'Форма по МДС 81-35.2004'!A1461","v":"62."},{"$f":"'Форма по МДС 81-35.2004'!H1461","v":7},{"$f":"ROUND(SUMIF('Форма по МДС 81-35.2004'!J1461:J1480,\"Г\",'Форма по МДС 81-35.2004'!H1461:H1480),0)","v":4},{"$f":"ROUND(SUMIF('Форма по МДС 81-35.2004'!J1461:J1480,\"IsMash\",'Форма по МДС 81-35.2004'!H1461:H1480),0)","v":3},{"$f":"'Форма по МДС 81-35.2004'!H1462","v":0},{"$f":"ROUND(SUMIF('Форма по МДС 81-35.2004'!J1461:J1480,\"IsMater\",'Форма по МДС 81-35.2004'!H1461:H1480),0)","v":0},{"$f":"ROUND('Форма по МДС 81-35.2004'!F1461*'Текущие цены за единицу'!G67,0)","v":0},{"$f":"ROUND('Форма по МДС 81-35.2004'!F1461*'Текущие цены за единицу'!H67,0)","v":0},{"$f":"ОКРУГЛВСЕ(SUMIF('Форма по МДС 81-35.2004'!J1461:J1480,\"Г\",'Форма по МДС 81-35.2004'!F1461:F1480),8)","v":4.1200000000000001E-2},{"$f":"ОКРУГЛВСЕ('Форма по МДС 81-35.2004'!F1461*'Текущие цены за единицу'!J67,8)","v":0},{"$f":"ОКРУГЛВСЕ(SUMIF('Форма по МДС 81-35.2004'!J1461:J1480,\"Ж\",'Форма по МДС 81-35.2004'!F1461:F1480),8)","v":0},{"$f":"ROUND('Форма по МДС 81-35.2004'!F1461*'Текущие цены за единицу'!L67,0)","v":0},{"$f":"ROUND('Форма по МДС 81-35.2004'!F1461*'Текущие цены за единицу'!M67,0)","v":0},{"$f":"ROUND(B67*'Форма по МДС 81-35.2004'!G1475/100,0)","v":1},{"$f":"ROUND((B67+N67)*'Форма по МДС 81-35.2004'!G1478/100,0)","v":1},{"$f":"ROUND('Форма по МДС 81-35.2004'!F1461*'Текущие цены за единицу'!P67,0)","v":0},{"$f":"ROUND('Форма по МДС 81-35.2004'!F1461*'Текущие цены за единицу'!Q67,0)","v":0},{"$f":"ROUND('Форма по МДС 81-35.2004'!F1461*'Текущие цены за единицу'!R67,0)","v":0},{"$f":"ROUND('Форма по МДС 81-35.2004'!F1461*'Текущие цены за единицу'!S67,0)","v":0},{"$f":"ROUND('Форма по МДС 81-35.2004'!F1461*'Текущие цены за единицу'!T67,0)","v":0},{"$f":"ROUND('Форма по МДС 81-35.2004'!F1461*'Текущие цены за единицу'!U67,0)","v":0},{"$f":"ROUND('Форма по МДС 81-35.2004'!F1461*'Текущие цены за единицу'!V67,0)","v":0},null,{"$f":"ROUND('Форма по МДС 81-35.2004'!F1461*'Текущие цены за единицу'!X67,0)","v":0},{"$f":"IF(Определители!I67=\"9\",ROUND(B67*(Начисления!M67/100)*'Форма по МДС 81-35.2004'!G1475/100,0),0)","v":0},{"$f":"IF(Определители!I67=\"9\",ROUND(B67*(100-Начисления!M67/100)*'Форма по МДС 81-35.2004'!G1475/100,0),0)","v":0},{"$f":"IF(Определители!I67=\"9\",ROUND((C67+E67)*(Начисления!M67/100)*('Форма по МДС 81-35.2004'!G1478/100),0),0)","v":0},{"$f":"IF(Определители!I67=\"9\",ROUND((C67+E67)*(100-Начисления!M67/100)*('Форма по МДС 81-35.2004'!G1478/100),0),0)","v":0},{"$f":"IF(Определители!I67=\"9\",ROUND(B67*Начисления!M67/100,0),0)","v":0},{"$f":"IF(Определители!I67=\"9\",ROUND(B67*(100-Начисления!M67)/100,0),0)","v":0},{"$f":"ROUND('Форма по МДС 81-35.2004'!F1461*'Текущие цены за единицу'!AE67,0)","v":0}]
[{"$f":"'Форма по МДС 81-35.2004'!A1482","v":"63."},{"$f":"'Форма по МДС 81-35.2004'!H1482","v":361},{"$f":"ROUND(SUMIF('Форма по МДС 81-35.2004'!J1482:J1502,\"Г\",'Форма по МДС 81-35.2004'!H1482:H1502),0)","v":30},{"$f":"ROUND(SUMIF('Форма по МДС 81-35.2004'!J1482:J1502,\"IsMash\",'Форма по МДС 81-35.2004'!H1482:H1502),0)","v":331},{"$f":"'Форма по МДС 81-35.2004'!H1483","v":52},{"$f":"ROUND(SUMIF('Форма по МДС 81-35.2004'!J1482:J1502,\"IsMater\",'Форма по МДС 81-35.2004'!H1482:H1502),0)","v":0},{"$f":"ROUND('Форма по МДС 81-35.2004'!F1482*'Текущие цены за единицу'!G68,0)","v":0},{"$f":"ROUND('Форма по МДС 81-35.2004'!F1482*'Текущие цены за единицу'!H68,0)","v":0},{"$f":"ОКРУГЛВСЕ(SUMIF('Форма по МДС 81-35.2004'!J1482:J1502,\"Г\",'Форма по МДС 81-35.2004'!F1482:F1502),8)","v":0.29648400000000003},{"$f":"ОКРУГЛВСЕ('Форма по МДС 81-35.2004'!F1482*'Текущие цены за единицу'!J68,8)","v":0},{"$f":"ОКРУГЛВСЕ(SUMIF('Форма по МДС 81-35.2004'!J1482:J1502,\"Ж\",'Форма по МДС 81-35.2004'!F1482:F1502),8)","v":0.29648400000000003},{"$f":"ROUND('Форма по МДС 81-35.2004'!F1482*'Текущие цены за единицу'!L68,0)","v":0},{"$f":"ROUND('Форма по МДС 81-35.2004'!F1482*'Текущие цены за единицу'!M68,0)","v":0},{"$f":"ROUND(B68*'Форма по МДС 81-35.2004'!G1497/100,0)","v":42},{"$f":"ROUND((B68+N68)*'Форма по МДС 81-35.2004'!G1500/100,0)","v":32},{"$f":"ROUND('Форма по МДС 81-35.2004'!F1482*'Текущие цены за единицу'!P68,0)","v":0},{"$f":"ROUND('Форма по МДС 81-35.2004'!F1482*'Текущие цены за единицу'!Q68,0)","v":0},{"$f":"ROUND('Форма по МДС 81-35.2004'!F1482*'Текущие цены за единицу'!R68,0)","v":0},{"$f":"ROUND('Форма по МДС 81-35.2004'!F1482*'Текущие цены за единицу'!S68,0)","v":0},{"$f":"ROUND('Форма по МДС 81-35.2004'!F1482*'Текущие цены за единицу'!T68,0)","v":0},{"$f":"ROUND('Форма по МДС 81-35.2004'!F1482*'Текущие цены за единицу'!U68,0)","v":0},{"$f":"ROUND('Форма по МДС 81-35.2004'!F1482*'Текущие цены за единицу'!V68,0)","v":0},null,{"$f":"ROUND('Форма по МДС 81-35.2004'!F1482*'Текущие цены за единицу'!X68,0)","v":0},{"$f":"IF(Определители!I68=\"9\",ROUND(B68*(Начисления!M68/100)*'Форма по МДС 81-35.2004'!G1497/100,0),0)","v":0},{"$f":"IF(Определители!I68=\"9\",ROUND(B68*(100-Начисления!M68/100)*'Форма по МДС 81-35.2004'!G1497/100,0),0)","v":0},{"$f":"IF(Определители!I68=\"9\",ROUND((C68+E68)*(Начисления!M68/100)*('Форма по МДС 81-35.2004'!G1500/100),0),0)","v":0},{"$f":"IF(Определители!I68=\"9\",ROUND((C68+E68)*(100-Начисления!M68/100)*('Форма по МДС 81-35.2004'!G1500/100),0),0)","v":0},{"$f":"IF(Определители!I68=\"9\",ROUND(B68*Начисления!M68/100,0),0)","v":0},{"$f":"IF(Определители!I68=\"9\",ROUND(B68*(100-Начисления!M68)/100,0),0)","v":0},{"$f":"ROUND('Форма по МДС 81-35.2004'!F1482*'Текущие цены за единицу'!AE68,0)","v":0}]
[{"$f":"'Форма по МДС 81-35.2004'!A1503","v":"64."},{"$f":"'Форма по МДС 81-35.2004'!H1503","v":16},{"$f":"ROUND(SUMIF('Форма по МДС 81-35.2004'!J1503:J1525,\"Г\",'Форма по МДС 81-35.2004'!H1503:H1525),0)","v":6},{"$f":"ROUND(SUMIF('Форма по МДС 81-35.2004'!J1503:J1525,\"IsMash\",'Форма по МДС 81-35.2004'!H1503:H1525),0)","v":8},{"$f":"'Форма по МДС 81-35.2004'!H1504","v":2},{"$f":"ROUND(SUMIF('Форма по МДС 81-35.2004'!J1503:J1525,\"IsMater\",'Форма по МДС 81-35.2004'!H1503:H1525),0)","v":2},{"$f":"ROUND('Форма по МДС 81-35.2004'!F1503*'Текущие цены за единицу'!G69,0)","v":0},{"$f":"ROUND('Форма по МДС 81-35.2004'!F1503*'Текущие цены за единицу'!H69,0)","v":0},{"$f":"ОКРУГЛВСЕ(SUMIF('Форма по МДС 81-35.2004'!J1503:J1525,\"Г\",'Форма по МДС 81-35.2004'!F1503:F1525),8)","v":5.6264000000000002E-2},{"$f":"ОКРУГЛВСЕ('Форма по МДС 81-35.2004'!F1503*'Текущие цены за единицу'!J69,8)","v":0},{"$f":"ОКРУГЛВСЕ(SUMIF('Форма по МДС 81-35.2004'!J1503:J1525,\"Ж\",'Форма по МДС 81-35.2004'!F1503:F1525),8)","v":1.4066E-2},{"$f":"ROUND('Форма по МДС 81-35.2004'!F1503*'Текущие цены за единицу'!L69,0)","v":0},{"$f":"ROUND('Форма по МДС 81-35.2004'!F1503*'Текущие цены за единицу'!M69,0)","v":0},{"$f":"ROUND(B69*'Форма по МДС 81-35.2004'!G1520/100,0)","v":2},{"$f":"ROUND((B69+N69)*'Форма по МДС 81-35.2004'!G1523/100,0)","v":1},{"$f":"ROUND('Форма по МДС 81-35.2004'!F1503*'Текущие цены за единицу'!P69,0)","v":0},{"$f":"ROUND('Форма по МДС 81-35.2004'!F1503*'Текущие цены за единицу'!Q69,0)","v":0},{"$f":"ROUND('Форма по МДС 81-35.2004'!F1503*'Текущие цены за единицу'!R69,0)","v":0},{"$f":"ROUND('Форма по МДС 81-35.2004'!F1503*'Текущие цены за единицу'!S69,0)","v":0},{"$f":"ROUND('Форма по МДС 81-35.2004'!F1503*'Текущие цены за единицу'!T69,0)","v":0},{"$f":"ROUND('Форма по МДС 81-35.2004'!F1503*'Текущие цены за единицу'!U69,0)","v":0},{"$f":"ROUND('Форма по МДС 81-35.2004'!F1503*'Текущие цены за единицу'!V69,0)","v":0},null,{"$f":"ROUND('Форма по МДС 81-35.2004'!F1503*'Текущие цены за единицу'!X69,0)","v":0},{"$f":"IF(Определители!I69=\"9\",ROUND(B69*(Начисления!M69/100)*'Форма по МДС 81-35.2004'!G1520/100,0),0)","v":0},{"$f":"IF(Определители!I69=\"9\",ROUND(B69*(100-Начисления!M69/100)*'Форма по МДС 81-35.2004'!G1520/100,0),0)","v":0},{"$f":"IF(Определители!I69=\"9\",ROUND((C69+E69)*(Начисления!M69/100)*('Форма по МДС 81-35.2004'!G1523/100),0),0)","v":0},{"$f":"IF(Определители!I69=\"9\",ROUND((C69+E69)*(100-Начисления!M69/100)*('Форма по МДС 81-35.2004'!G1523/100),0),0)","v":0},{"$f":"IF(Определители!I69=\"9\",ROUND(B69*Начисления!M69/100,0),0)","v":0},{"$f":"IF(Определители!I69=\"9\",ROUND(B69*(100-Начисления!M69)/100,0),0)","v":0},{"$f":"ROUND('Форма по МДС 81-35.2004'!F1503*'Текущие цены за единицу'!AE69,0)","v":0}]
[{"$f":"'Форма по МДС 81-35.2004'!A1526","v":"65."},{"$f":"'Форма по МДС 81-35.2004'!H1526","v":7},{"$f":"ROUND(SUMIF('Форма по МДС 81-35.2004'!J1526:J1545,\"Г\",'Форма по МДС 81-35.2004'!H1526:H1545),0)","v":4},{"$f":"ROUND(SUMIF('Форма по МДС 81-35.2004'!J1526:J1545,\"IsMash\",'Форма по МДС 81-35.2004'!H1526:H1545),0)","v":3},{"$f":"'Форма по МДС 81-35.2004'!H1527","v":0},{"$f":"ROUND(SUMIF('Форма по МДС 81-35.2004'!J1526:J1545,\"IsMater\",'Форма по МДС 81-35.2004'!H1526:H1545),0)","v":0},{"$f":"ROUND('Форма по МДС 81-35.2004'!F1526*'Текущие цены за единицу'!G70,0)","v":0},{"$f":"ROUND('Форма по МДС 81-35.2004'!F1526*'Текущие цены за единицу'!H70,0)","v":0},{"$f":"ОКРУГЛВСЕ(SUMIF('Форма по МДС 81-35.2004'!J1526:J1545,\"Г\",'Форма по МДС 81-35.2004'!F1526:F1545),8)","v":4.4804999999999998E-2},{"$f":"ОКРУГЛВСЕ('Форма по МДС 81-35.2004'!F1526*'Текущие цены за единицу'!J70,8)","v":0},{"$f":"ОКРУГЛВСЕ(SUMIF('Форма по МДС 81-35.2004'!J1526:J1545,\"Ж\",'Форма по МДС 81-35.2004'!F1526:F1545),8)","v":0},{"$f":"ROUND('Форма по МДС 81-35.2004'!F1526*'Текущие цены за единицу'!L70,0)","v":0},{"$f":"ROUND('Форма по МДС 81-35.2004'!F1526*'Текущие цены за единицу'!M70,0)","v":0},{"$f":"ROUND(B70*'Форма по МДС 81-35.2004'!G1540/100,0)","v":1},{"$f":"ROUND((B70+N70)*'Форма по МДС 81-35.2004'!G1543/100,0)","v":1},{"$f":"ROUND('Форма по МДС 81-35.2004'!F1526*'Текущие цены за единицу'!P70,0)","v":0},{"$f":"ROUND('Форма по МДС 81-35.2004'!F1526*'Текущие цены за единицу'!Q70,0)","v":0},{"$f":"ROUND('Форма по МДС 81-35.2004'!F1526*'Текущие цены за единицу'!R70,0)","v":0},{"$f":"ROUND('Форма по МДС 81-35.2004'!F1526*'Текущие цены за единицу'!S70,0)","v":0},{"$f":"ROUND('Форма по МДС 81-35.2004'!F1526*'Текущие цены за единицу'!T70,0)","v":0},{"$f":"ROUND('Форма по МДС 81-35.2004'!F1526*'Текущие цены за единицу'!U70,0)","v":0},{"$f":"ROUND('Форма по МДС 81-35.2004'!F1526*'Текущие цены за единицу'!V70,0)","v":0},null,{"$f":"ROUND('Форма по МДС 81-35.2004'!F1526*'Текущие цены за единицу'!X70,0)","v":0},{"$f":"IF(Определители!I70=\"9\",ROUND(B70*(Начисления!M70/100)*'Форма по МДС 81-35.2004'!G1540/100,0),0)","v":0},{"$f":"IF(Определители!I70=\"9\",ROUND(B70*(100-Начисления!M70/100)*'Форма по МДС 81-35.2004'!G1540/100,0),0)","v":0},{"$f":"IF(Определители!I70=\"9\",ROUND((C70+E70)*(Начисления!M70/100)*('Форма по МДС 81-35.2004'!G1543/100),0),0)","v":0},{"$f":"IF(Определители!I70=\"9\",ROUND((C70+E70)*(100-Начисления!M70/100)*('Форма по МДС 81-35.2004'!G1543/100),0),0)","v":0},{"$f":"IF(Определители!I70=\"9\",ROUND(B70*Начисления!M70/100,0),0)","v":0},{"$f":"IF(Определители!I70=\"9\",ROUND(B70*(100-Начисления!M70)/100,0),0)","v":0},{"$f":"ROUND('Форма по МДС 81-35.2004'!F1526*'Текущие цены за единицу'!AE70,0)","v":0}]
[{"$f":"'Форма по МДС 81-35.2004'!A1546","v":"66."},{"$f":"'Форма по МДС 81-35.2004'!H1546","v":25},{"$f":"ROUND(SUMIF('Форма по МДС 81-35.2004'!J1546:J1567,\"Г\",'Форма по МДС 81-35.2004'!H1546:H1567),0)","v":8},{"$f":"ROUND(SUMIF('Форма по МДС 81-35.2004'!J1546:J1567,\"IsMash\",'Форма по МДС 81-35.2004'!H1546:H1567),0)","v":11},{"$f":"'Форма по МДС 81-35.2004'!H1547","v":3},{"$f":"ROUND(SUMIF('Форма по МДС 81-35.2004'!J1546:J1567,\"IsMater\",'Форма по МДС 81-35.2004'!H1546:H1567),0)","v":6},{"$f":"ROUND('Форма по МДС 81-35.2004'!F1546*'Текущие цены за единицу'!G71,0)","v":0},{"$f":"ROUND('Форма по МДС 81-35.2004'!F1546*'Текущие цены за единицу'!H71,0)","v":0},{"$f":"ОКРУГЛВСЕ(SUMIF('Форма по МДС 81-35.2004'!J1546:J1567,\"Г\",'Форма по МДС 81-35.2004'!F1546:F1567),8)","v":8.0339999999999995E-2},{"$f":"ОКРУГЛВСЕ('Форма по МДС 81-35.2004'!F1546*'Текущие цены за единицу'!J71,8)","v":0},{"$f":"ОКРУГЛВСЕ(SUMIF('Форма по МДС 81-35.2004'!J1546:J1567,\"Ж\",'Форма по МДС 81-35.2004'!F1546:F1567),8)","v":2.0084999999999999E-2},{"$f":"ROUND('Форма по МДС 81-35.2004'!F1546*'Текущие цены за единицу'!L71,0)","v":0},{"$f":"ROUND('Форма по МДС 81-35.2004'!F1546*'Текущие цены за единицу'!M71,0)","v":0},{"$f":"ROUND(B71*'Форма по МДС 81-35.2004'!G1562/100,0)","v":3},{"$f":"ROUND((B71+N71)*'Форма по МДС 81-35.2004'!G1565/100,0)","v":2},{"$f":"ROUND('Форма по МДС 81-35.2004'!F1546*'Текущие цены за единицу'!P71,0)","v":0},{"$f":"ROUND('Форма по МДС 81-35.2004'!F1546*'Текущие цены за единицу'!Q71,0)","v":0},{"$f":"ROUND('Форма по МДС 81-35.2004'!F1546*'Текущие цены за единицу'!R71,0)","v":0},{"$f":"ROUND('Форма по МДС 81-35.2004'!F1546*'Текущие цены за единицу'!S71,0)","v":0},{"$f":"ROUND('Форма по МДС 81-35.2004'!F1546*'Текущие цены за единицу'!T71,0)","v":0},{"$f":"ROUND('Форма по МДС 81-35.2004'!F1546*'Текущие цены за единицу'!U71,0)","v":0},{"$f":"ROUND('Форма по МДС 81-35.2004'!F1546*'Текущие цены за единицу'!V71,0)","v":0},null,{"$f":"ROUND('Форма по МДС 81-35.2004'!F1546*'Текущие цены за единицу'!X71,0)","v":0},{"$f":"IF(Определители!I71=\"9\",ROUND(B71*(Начисления!M71/100)*'Форма по МДС 81-35.2004'!G1562/100,0),0)","v":0},{"$f":"IF(Определители!I71=\"9\",ROUND(B71*(100-Начисления!M71/100)*'Форма по МДС 81-35.2004'!G1562/100,0),0)","v":0},{"$f":"IF(Определители!I71=\"9\",ROUND((C71+E71)*(Начисления!M71/100)*('Форма по МДС 81-35.2004'!G1565/100),0),0)","v":0},{"$f":"IF(Определители!I71=\"9\",ROUND((C71+E71)*(100-Начисления!M71/100)*('Форма по МДС 81-35.2004'!G1565/100),0),0)","v":0},{"$f":"IF(Определители!I71=\"9\",ROUND(B71*Начисления!M71/100,0),0)","v":0},{"$f":"IF(Определители!I71=\"9\",ROUND(B71*(100-Начисления!M71)/100,0),0)","v":0},{"$f":"ROUND('Форма по МДС 81-35.2004'!F1546*'Текущие цены за единицу'!AE71,0)","v":0}]
[{"$f":"'Форма по МДС 81-35.2004'!A1568","v":"67."},{"$f":"'Форма по МДС 81-35.2004'!H1568","v":34},{"$f":"ROUND(SUMIF('Форма по МДС 81-35.2004'!J1568:J1589,\"Г\",'Форма по МДС 81-35.2004'!H1568:H1589),0)","v":8},{"$f":"ROUND(SUMIF('Форма по МДС 81-35.2004'!J1568:J1589,\"IsMash\",'Форма по МДС 81-35.2004'!H1568:H1589),0)","v":11},{"$f":"'Форма по МДС 81-35.2004'!H1569","v":3},{"$f":"ROUND(SUMIF('Форма по МДС 81-35.2004'!J1568:J1589,\"IsMater\",'Форма по МДС 81-35.2004'!H1568:H1589),0)","v":15},{"$f":"ROUND('Форма по МДС 81-35.2004'!F1568*'Текущие цены за единицу'!G72,0)","v":0},{"$f":"ROUND('Форма по МДС 81-35.2004'!F1568*'Текущие цены за единицу'!H72,0)","v":0},{"$f":"ОКРУГЛВСЕ(SUMIF('Форма по МДС 81-35.2004'!J1568:J1589,\"Г\",'Форма по МДС 81-35.2004'!F1568:F1589),8)","v":8.0339999999999995E-2},{"$f":"ОКРУГЛВСЕ('Форма по МДС 81-35.2004'!F1568*'Текущие цены за единицу'!J72,8)","v":0},{"$f":"ОКРУГЛВСЕ(SUMIF('Форма по МДС 81-35.2004'!J1568:J1589,\"Ж\",'Форма по МДС 81-35.2004'!F1568:F1589),8)","v":2.0084999999999999E-2},{"$f":"ROUND('Форма по МДС 81-35.2004'!F1568*'Текущие цены за единицу'!L72,0)","v":0},{"$f":"ROUND('Форма по МДС 81-35.2004'!F1568*'Текущие цены за единицу'!M72,0)","v":0},{"$f":"ROUND(B72*'Форма по МДС 81-35.2004'!G1584/100,0)","v":4},{"$f":"ROUND((B72+N72)*'Форма по МДС 81-35.2004'!G1587/100,0)","v":3},{"$f":"ROUND('Форма по МДС 81-35.2004'!F1568*'Текущие цены за единицу'!P72,0)","v":0},{"$f":"ROUND('Форма по МДС 81-35.2004'!F1568*'Текущие цены за единицу'!Q72,0)","v":0},{"$f":"ROUND('Форма по МДС 81-35.2004'!F1568*'Текущие цены за единицу'!R72,0)","v":0},{"$f":"ROUND('Форма по МДС 81-35.2004'!F1568*'Текущие цены за единицу'!S72,0)","v":0},{"$f":"ROUND('Форма по МДС 81-35.2004'!F1568*'Текущие цены за единицу'!T72,0)","v":0},{"$f":"ROUND('Форма по МДС 81-35.2004'!F1568*'Текущие цены за единицу'!U72,0)","v":0},{"$f":"ROUND('Форма по МДС 81-35.2004'!F1568*'Текущие цены за единицу'!V72,0)","v":0},null,{"$f":"ROUND('Форма по МДС 81-35.2004'!F1568*'Текущие цены за единицу'!X72,0)","v":0},{"$f":"IF(Определители!I72=\"9\",ROUND(B72*(Начисления!M72/100)*'Форма по МДС 81-35.2004'!G1584/100,0),0)","v":0},{"$f":"IF(Определители!I72=\"9\",ROUND(B72*(100-Начисления!M72/100)*'Форма по МДС 81-35.2004'!G1584/100,0),0)","v":0},{"$f":"IF(Определители!I72=\"9\",ROUND((C72+E72)*(Начисления!M72/100)*('Форма по МДС 81-35.2004'!G1587/100),0),0)","v":0},{"$f":"IF(Определители!I72=\"9\",ROUND((C72+E72)*(100-Начисления!M72/100)*('Форма по МДС 81-35.2004'!G1587/100),0),0)","v":0},{"$f":"IF(Определители!I72=\"9\",ROUND(B72*Начисления!M72/100,0),0)","v":0},{"$f":"IF(Определители!I72=\"9\",ROUND(B72*(100-Начисления!M72)/100,0),0)","v":0},{"$f":"ROUND('Форма по МДС 81-35.2004'!F1568*'Текущие цены за единицу'!AE72,0)","v":0}]
[{"$f":"'Форма по МДС 81-35.2004'!A1590","v":"68."},{"$f":"'Форма по МДС 81-35.2004'!H1590","v":73},{"$f":"ROUND(SUMIF('Форма по МДС 81-35.2004'!J1590:J1611,\"Г\",'Форма по МДС 81-35.2004'!H1590:H1611),0)","v":32},{"$f":"ROUND(SUMIF('Форма по МДС 81-35.2004'!J1590:J1611,\"IsMash\",'Форма по МДС 81-35.2004'!H1590:H1611),0)","v":36},{"$f":"'Форма по МДС 81-35.2004'!H1591","v":10},{"$f":"ROUND(SUMIF('Форма по МДС 81-35.2004'!J1590:J1611,\"IsMater\",'Форма по МДС 81-35.2004'!H1590:H1611),0)","v":6},{"$f":"ROUND('Форма по МДС 81-35.2004'!F1590*'Текущие цены за единицу'!G73,0)","v":0},{"$f":"ROUND('Форма по МДС 81-35.2004'!F1590*'Текущие цены за единицу'!H73,0)","v":0},{"$f":"ОКРУГЛВСЕ(SUMIF('Форма по МДС 81-35.2004'!J1590:J1611,\"Г\",'Форма по МДС 81-35.2004'!F1590:F1611),8)","v":0.2576},{"$f":"ОКРУГЛВСЕ('Форма по МДС 81-35.2004'!F1590*'Текущие цены за единицу'!J73,8)","v":0},{"$f":"ОКРУГЛВСЕ(SUMIF('Форма по МДС 81-35.2004'!J1590:J1611,\"Ж\",'Форма по МДС 81-35.2004'!F1590:F1611),8)","v":6.4399999999999999E-2},{"$f":"ROUND('Форма по МДС 81-35.2004'!F1590*'Текущие цены за единицу'!L73,0)","v":0},{"$f":"ROUND('Форма по МДС 81-35.2004'!F1590*'Текущие цены за единицу'!M73,0)","v":0},{"$f":"ROUND(B73*'Форма по МДС 81-35.2004'!G1606/100,0)","v":9},{"$f":"ROUND((B73+N73)*'Форма по МДС 81-35.2004'!G1609/100,0)","v":7},{"$f":"ROUND('Форма по МДС 81-35.2004'!F1590*'Текущие цены за единицу'!P73,0)","v":0},{"$f":"ROUND('Форма по МДС 81-35.2004'!F1590*'Текущие цены за единицу'!Q73,0)","v":0},{"$f":"ROUND('Форма по МДС 81-35.2004'!F1590*'Текущие цены за единицу'!R73,0)","v":0},{"$f":"ROUND('Форма по МДС 81-35.2004'!F1590*'Текущие цены за единицу'!S73,0)","v":0},{"$f":"ROUND('Форма по МДС 81-35.2004'!F1590*'Текущие цены за единицу'!T73,0)","v":0},{"$f":"ROUND('Форма по МДС 81-35.2004'!F1590*'Текущие цены за единицу'!U73,0)","v":0},{"$f":"ROUND('Форма по МДС 81-35.2004'!F1590*'Текущие цены за единицу'!V73,0)","v":0},null,{"$f":"ROUND('Форма по МДС 81-35.2004'!F1590*'Текущие цены за единицу'!X73,0)","v":0},{"$f":"IF(Определители!I73=\"9\",ROUND(B73*(Начисления!M73/100)*'Форма по МДС 81-35.2004'!G1606/100,0),0)","v":0},{"$f":"IF(Определители!I73=\"9\",ROUND(B73*(100-Начисления!M73/100)*'Форма по МДС 81-35.2004'!G1606/100,0),0)","v":0},{"$f":"IF(Определители!I73=\"9\",ROUND((C73+E73)*(Начисления!M73/100)*('Форма по МДС 81-35.2004'!G1609/100),0),0)","v":0},{"$f":"IF(Определители!I73=\"9\",ROUND((C73+E73)*(100-Начисления!M73/100)*('Форма по МДС 81-35.2004'!G1609/100),0),0)","v":0},{"$f":"IF(Определители!I73=\"9\",ROUND(B73*Начисления!M73/100,0),0)","v":0},{"$f":"IF(Определители!I73=\"9\",ROUND(B73*(100-Начисления!M73)/100,0),0)","v":0},{"$f":"ROUND('Форма по МДС 81-35.2004'!F1590*'Текущие цены за единицу'!AE73,0)","v":0}]
[{"$f":"'Форма по МДС 81-35.2004'!A1613","v":"69."},{"$f":"'Форма по МДС 81-35.2004'!H1613","v":112},{"$f":"ROUND(SUMIF('Форма по МДС 81-35.2004'!J1613:J1633,\"Г\",'Форма по МДС 81-35.2004'!H1613:H1633),0)","v":9},{"$f":"ROUND(SUMIF('Форма по МДС 81-35.2004'!J1613:J1633,\"IsMash\",'Форма по МДС 81-35.2004'!H1613:H1633),0)","v":102},{"$f":"'Форма по МДС 81-35.2004'!H1614","v":16},{"$f":"ROUND(SUMIF('Форма по МДС 81-35.2004'!J1613:J1633,\"IsMater\",'Форма по МДС 81-35.2004'!H1613:H1633),0)","v":0},{"$f":"ROUND('Форма по МДС 81-35.2004'!F1613*'Текущие цены за единицу'!G74,0)","v":0},{"$f":"ROUND('Форма по МДС 81-35.2004'!F1613*'Текущие цены за единицу'!H74,0)","v":0},{"$f":"ОКРУГЛВСЕ(SUMIF('Форма по МДС 81-35.2004'!J1613:J1633,\"Г\",'Форма по МДС 81-35.2004'!F1613:F1633),8)","v":9.1499999999999998E-2},{"$f":"ОКРУГЛВСЕ('Форма по МДС 81-35.2004'!F1613*'Текущие цены за единицу'!J74,8)","v":0},{"$f":"ОКРУГЛВСЕ(SUMIF('Форма по МДС 81-35.2004'!J1613:J1633,\"Ж\",'Форма по МДС 81-35.2004'!F1613:F1633),8)","v":9.1499999999999998E-2},{"$f":"ROUND('Форма по МДС 81-35.2004'!F1613*'Текущие цены за единицу'!L74,0)","v":0},{"$f":"ROUND('Форма по МДС 81-35.2004'!F1613*'Текущие цены за единицу'!M74,0)","v":0},{"$f":"ROUND(B74*'Форма по МДС 81-35.2004'!G1628/100,0)","v":13},{"$f":"ROUND((B74+N74)*'Форма по МДС 81-35.2004'!G1631/100,0)","v":10},{"$f":"ROUND('Форма по МДС 81-35.2004'!F1613*'Текущие цены за единицу'!P74,0)","v":0},{"$f":"ROUND('Форма по МДС 81-35.2004'!F1613*'Текущие цены за единицу'!Q74,0)","v":0},{"$f":"ROUND('Форма по МДС 81-35.2004'!F1613*'Текущие цены за единицу'!R74,0)","v":0},{"$f":"ROUND('Форма по МДС 81-35.2004'!F1613*'Текущие цены за единицу'!S74,0)","v":0},{"$f":"ROUND('Форма по МДС 81-35.2004'!F1613*'Текущие цены за единицу'!T74,0)","v":0},{"$f":"ROUND('Форма по МДС 81-35.2004'!F1613*'Текущие цены за единицу'!U74,0)","v":0},{"$f":"ROUND('Форма по МДС 81-35.2004'!F1613*'Текущие цены за единицу'!V74,0)","v":0},null,{"$f":"ROUND('Форма по МДС 81-35.2004'!F1613*'Текущие цены за единицу'!X74,0)","v":0},{"$f":"IF(Определители!I74=\"9\",ROUND(B74*(Начисления!M74/100)*'Форма по МДС 81-35.2004'!G1628/100,0),0)","v":0},{"$f":"IF(Определители!I74=\"9\",ROUND(B74*(100-Начисления!M74/100)*'Форма по МДС 81-35.2004'!G1628/100,0),0)","v":0},{"$f":"IF(Определители!I74=\"9\",ROUND((C74+E74)*(Начисления!M74/100)*('Форма по МДС 81-35.2004'!G1631/100),0),0)","v":0},{"$f":"IF(Определители!I74=\"9\",ROUND((C74+E74)*(100-Начисления!M74/100)*('Форма по МДС 81-35.2004'!G1631/100),0),0)","v":0},{"$f":"IF(Определители!I74=\"9\",ROUND(B74*Начисления!M74/100,0),0)","v":0},{"$f":"IF(Определители!I74=\"9\",ROUND(B74*(100-Начисления!M74)/100,0),0)","v":0},{"$f":"ROUND('Форма по МДС 81-35.2004'!F1613*'Текущие цены за единицу'!AE74,0)","v":0}]
[{"$f":"'Форма по МДС 81-35.2004'!A1634","v":"70."},{"$f":"'Форма по МДС 81-35.2004'!H1634","v":90},{"$f":"ROUND(SUMIF('Форма по МДС 81-35.2004'!J1634:J1656,\"Г\",'Форма по МДС 81-35.2004'!H1634:H1656),0)","v":29},{"$f":"ROUND(SUMIF('Форма по МДС 81-35.2004'!J1634:J1656,\"IsMash\",'Форма по МДС 81-35.2004'!H1634:H1656),0)","v":39},{"$f":"'Форма по МДС 81-35.2004'!H1635","v":11},{"$f":"ROUND(SUMIF('Форма по МДС 81-35.2004'!J1634:J1656,\"IsMater\",'Форма по МДС 81-35.2004'!H1634:H1656),0)","v":21},{"$f":"ROUND('Форма по МДС 81-35.2004'!F1634*'Текущие цены за единицу'!G75,0)","v":0},{"$f":"ROUND('Форма по МДС 81-35.2004'!F1634*'Текущие цены за единицу'!H75,0)","v":0},{"$f":"ОКРУГЛВСЕ(SUMIF('Форма по МДС 81-35.2004'!J1634:J1656,\"Г\",'Форма по МДС 81-35.2004'!F1634:F1656),8)","v":0.28195199999999998},{"$f":"ОКРУГЛВСЕ('Форма по МДС 81-35.2004'!F1634*'Текущие цены за единицу'!J75,8)","v":0},{"$f":"ОКРУГЛВСЕ(SUMIF('Форма по МДС 81-35.2004'!J1634:J1656,\"Ж\",'Форма по МДС 81-35.2004'!F1634:F1656),8)","v":7.0487999999999995E-2},{"$f":"ROUND('Форма по МДС 81-35.2004'!F1634*'Текущие цены за единицу'!L75,0)","v":0},{"$f":"ROUND('Форма по МДС 81-35.2004'!F1634*'Текущие цены за единицу'!M75,0)","v":0},{"$f":"ROUND(B75*'Форма по МДС 81-35.2004'!G1651/100,0)","v":11},{"$f":"ROUND((B75+N75)*'Форма по МДС 81-35.2004'!G1654/100,0)","v":8},{"$f":"ROUND('Форма по МДС 81-35.2004'!F1634*'Текущие цены за единицу'!P75,0)","v":0},{"$f":"ROUND('Форма по МДС 81-35.2004'!F1634*'Текущие цены за единицу'!Q75,0)","v":0},{"$f":"ROUND('Форма по МДС 81-35.2004'!F1634*'Текущие цены за единицу'!R75,0)","v":0},{"$f":"ROUND('Форма по МДС 81-35.2004'!F1634*'Текущие цены за единицу'!S75,0)","v":0},{"$f":"ROUND('Форма по МДС 81-35.2004'!F1634*'Текущие цены за единицу'!T75,0)","v":0},{"$f":"ROUND('Форма по МДС 81-35.2004'!F1634*'Текущие цены за единицу'!U75,0)","v":0},{"$f":"ROUND('Форма по МДС 81-35.2004'!F1634*'Текущие цены за единицу'!V75,0)","v":0},null,{"$f":"ROUND('Форма по МДС 81-35.2004'!F1634*'Текущие цены за единицу'!X75,0)","v":0},{"$f":"IF(Определители!I75=\"9\",ROUND(B75*(Начисления!M75/100)*'Форма по МДС 81-35.2004'!G1651/100,0),0)","v":0},{"$f":"IF(Определители!I75=\"9\",ROUND(B75*(100-Начисления!M75/100)*'Форма по МДС 81-35.2004'!G1651/100,0),0)","v":0},{"$f":"IF(Определители!I75=\"9\",ROUND((C75+E75)*(Начисления!M75/100)*('Форма по МДС 81-35.2004'!G1654/100),0),0)","v":0},{"$f":"IF(Определители!I75=\"9\",ROUND((C75+E75)*(100-Начисления!M75/100)*('Форма по МДС 81-35.2004'!G1654/100),0),0)","v":0},{"$f":"IF(Определители!I75=\"9\",ROUND(B75*Начисления!M75/100,0),0)","v":0},{"$f":"IF(Определители!I75=\"9\",ROUND(B75*(100-Начисления!M75)/100,0),0)","v":0},{"$f":"ROUND('Форма по МДС 81-35.2004'!F1634*'Текущие цены за единицу'!AE75,0)","v":0}]
[{"$f":"'Форма по МДС 81-35.2004'!A1657","v":"71."},{"$f":"'Форма по МДС 81-35.2004'!H1657","v":267},{"$f":"ROUND(SUMIF('Форма по МДС 81-35.2004'!J1657:J1683,\"Г\",'Форма по МДС 81-35.2004'!H1657:H1683),0)","v":101},{"$f":"ROUND(SUMIF('Форма по МДС 81-35.2004'!J1657:J1683,\"IsMash\",'Форма по МДС 81-35.2004'!H1657:H1683),0)","v":151},{"$f":"'Форма по МДС 81-35.2004'!H1658","v":38},{"$f":"ROUND(SUMIF('Форма по МДС 81-35.2004'!J1657:J1683,\"IsMater\",'Форма по МДС 81-35.2004'!H1657:H1683),0)","v":14},{"$f":"ROUND('Форма по МДС 81-35.2004'!F1657*'Текущие цены за единицу'!G76,0)","v":0},{"$f":"ROUND('Форма по МДС 81-35.2004'!F1657*'Текущие цены за единицу'!H76,0)","v":0},{"$f":"ОКРУГЛВСЕ(SUMIF('Форма по МДС 81-35.2004'!J1657:J1683,\"Г\",'Форма по МДС 81-35.2004'!F1657:F1683),8)","v":0.90700000000000003},{"$f":"ОКРУГЛВСЕ('Форма по МДС 81-35.2004'!F1657*'Текущие цены за единицу'!J76,8)","v":0},{"$f":"ОКРУГЛВСЕ(SUMIF('Форма по МДС 81-35.2004'!J1657:J1683,\"Ж\",'Форма по МДС 81-35.2004'!F1657:F1683),8)","v":0.25919999999999999},{"$f":"ROUND('Форма по МДС 81-35.2004'!F1657*'Текущие цены за единицу'!L76,0)","v":0},{"$f":"ROUND('Форма по МДС 81-35.2004'!F1657*'Текущие цены за единицу'!M76,0)","v":0},{"$f":"ROUND(B76*'Форма по МДС 81-35.2004'!G1678/100,0)","v":31},{"$f":"ROUND((B76+N76)*'Форма по МДС 81-35.2004'!G1681/100,0)","v":24},{"$f":"ROUND('Форма по МДС 81-35.2004'!F1657*'Текущие цены за единицу'!P76,0)","v":0},{"$f":"ROUND('Форма по МДС 81-35.2004'!F1657*'Текущие цены за единицу'!Q76,0)","v":0},{"$f":"ROUND('Форма по МДС 81-35.2004'!F1657*'Текущие цены за единицу'!R76,0)","v":0},{"$f":"ROUND('Форма по МДС 81-35.2004'!F1657*'Текущие цены за единицу'!S76,0)","v":0},{"$f":"ROUND('Форма по МДС 81-35.2004'!F1657*'Текущие цены за единицу'!T76,0)","v":0},{"$f":"ROUND('Форма по МДС 81-35.2004'!F1657*'Текущие цены за единицу'!U76,0)","v":0},{"$f":"ROUND('Форма по МДС 81-35.2004'!F1657*'Текущие цены за единицу'!V76,0)","v":0},null,{"$f":"ROUND('Форма по МДС 81-35.2004'!F1657*'Текущие цены за единицу'!X76,0)","v":0},{"$f":"IF(Определители!I76=\"9\",ROUND(B76*(Начисления!M76/100)*'Форма по МДС 81-35.2004'!G1678/100,0),0)","v":0},{"$f":"IF(Определители!I76=\"9\",ROUND(B76*(100-Начисления!M76/100)*'Форма по МДС 81-35.2004'!G1678/100,0),0)","v":0},{"$f":"IF(Определители!I76=\"9\",ROUND((C76+E76)*(Начисления!M76/100)*('Форма по МДС 81-35.2004'!G1681/100),0),0)","v":0},{"$f":"IF(Определители!I76=\"9\",ROUND((C76+E76)*(100-Начисления!M76/100)*('Форма по МДС 81-35.2004'!G1681/100),0),0)","v":0},{"$f":"IF(Определители!I76=\"9\",ROUND(B76*Начисления!M76/100,0),0)","v":0},{"$f":"IF(Определители!I76=\"9\",ROUND(B76*(100-Начисления!M76)/100,0),0)","v":0},{"$f":"ROUND('Форма по МДС 81-35.2004'!F1657*'Текущие цены за единицу'!AE76,0)","v":0}]
[{"$f":"'Форма по МДС 81-35.2004'!A1684","v":"72."},{"$f":"'Форма по МДС 81-35.2004'!H1684","v":1051},{"$f":"ROUND(SUMIF('Форма по МДС 81-35.2004'!J1684:J1709,\"Г\",'Форма по МДС 81-35.2004'!H1684:H1709),0)","v":352},{"$f":"ROUND(SUMIF('Форма по МДС 81-35.2004'!J1684:J1709,\"IsMash\",'Форма по МДС 81-35.2004'!H1684:H1709),0)","v":696},{"$f":"'Форма по МДС 81-35.2004'!H1685","v":178},{"$f":"ROUND(SUMIF('Форма по МДС 81-35.2004'!J1684:J1709,\"IsMater\",'Форма по МДС 81-35.2004'!H1684:H1709),0)","v":3},{"$f":"ROUND('Форма по МДС 81-35.2004'!F1684*'Текущие цены за единицу'!G77,0)","v":0},{"$f":"ROUND('Форма по МДС 81-35.2004'!F1684*'Текущие цены за единицу'!H77,0)","v":0},{"$f":"ОКРУГЛВСЕ(SUMIF('Форма по МДС 81-35.2004'!J1684:J1709,\"Г\",'Форма по МДС 81-35.2004'!F1684:F1709),8)","v":3.2693759999999998},{"$f":"ОКРУГЛВСЕ('Форма по МДС 81-35.2004'!F1684*'Текущие цены за единицу'!J77,8)","v":0},{"$f":"ОКРУГЛВСЕ(SUMIF('Форма по МДС 81-35.2004'!J1684:J1709,\"Ж\",'Форма по МДС 81-35.2004'!F1684:F1709),8)","v":1.226016},{"$f":"ROUND('Форма по МДС 81-35.2004'!F1684*'Текущие цены за единицу'!L77,0)","v":0},{"$f":"ROUND('Форма по МДС 81-35.2004'!F1684*'Текущие цены за единицу'!M77,0)","v":0},{"$f":"ROUND(B77*'Форма по МДС 81-35.2004'!G1704/100,0)","v":123},{"$f":"ROUND((B77+N77)*'Форма по МДС 81-35.2004'!G1707/100,0)","v":94},{"$f":"ROUND('Форма по МДС 81-35.2004'!F1684*'Текущие цены за единицу'!P77,0)","v":0},{"$f":"ROUND('Форма по МДС 81-35.2004'!F1684*'Текущие цены за единицу'!Q77,0)","v":0},{"$f":"ROUND('Форма по МДС 81-35.2004'!F1684*'Текущие цены за единицу'!R77,0)","v":0},{"$f":"ROUND('Форма по МДС 81-35.2004'!F1684*'Текущие цены за единицу'!S77,0)","v":0},{"$f":"ROUND('Форма по МДС 81-35.2004'!F1684*'Текущие цены за единицу'!T77,0)","v":0},{"$f":"ROUND('Форма по МДС 81-35.2004'!F1684*'Текущие цены за единицу'!U77,0)","v":0},{"$f":"ROUND('Форма по МДС 81-35.2004'!F1684*'Текущие цены за единицу'!V77,0)","v":0},null,{"$f":"ROUND('Форма по МДС 81-35.2004'!F1684*'Текущие цены за единицу'!X77,0)","v":0},{"$f":"IF(Определители!I77=\"9\",ROUND(B77*(Начисления!M77/100)*'Форма по МДС 81-35.2004'!G1704/100,0),0)","v":0},{"$f":"IF(Определители!I77=\"9\",ROUND(B77*(100-Начисления!M77/100)*'Форма по МДС 81-35.2004'!G1704/100,0),0)","v":0},{"$f":"IF(Определители!I77=\"9\",ROUND((C77+E77)*(Начисления!M77/100)*('Форма по МДС 81-35.2004'!G1707/100),0),0)","v":0},{"$f":"IF(Определители!I77=\"9\",ROUND((C77+E77)*(100-Начисления!M77/100)*('Форма по МДС 81-35.2004'!G1707/100),0),0)","v":0},{"$f":"IF(Определители!I77=\"9\",ROUND(B77*Начисления!M77/100,0),0)","v":0},{"$f":"IF(Определители!I77=\"9\",ROUND(B77*(100-Начисления!M77)/100,0),0)","v":0},{"$f":"ROUND('Форма по МДС 81-35.2004'!F1684*'Текущие цены за единицу'!AE77,0)","v":0}]
[{"$f":"'Форма по МДС 81-35.2004'!A1710","v":"73."},{"$f":"'Форма по МДС 81-35.2004'!H1710","v":4306},{"$f":"ROUND(SUMIF('Форма по МДС 81-35.2004'!J1710:J1728,\"Г\",'Форма по МДС 81-35.2004'!H1710:H1728),0)","v":0},{"$f":"ROUND(SUMIF('Форма по МДС 81-35.2004'!J1710:J1728,\"IsMash\",'Форма по МДС 81-35.2004'!H1710:H1728),0)","v":0},{"$f":"'Форма по МДС 81-35.2004'!H1712","v":0},{"$f":"ROUND(SUMIF('Форма по МДС 81-35.2004'!J1710:J1728,\"IsMater\",'Форма по МДС 81-35.2004'!H1710:H1728),0)","v":4306},{"$f":"ROUND('Форма по МДС 81-35.2004'!F1710*'Текущие цены за единицу'!G78,0)","v":0},{"$f":"ROUND('Форма по МДС 81-35.2004'!F1710*'Текущие цены за единицу'!H78,0)","v":0},{"$f":"ОКРУГЛВСЕ(SUMIF('Форма по МДС 81-35.2004'!J1710:J1728,\"Г\",'Форма по МДС 81-35.2004'!F1710:F1728),8)","v":0},{"$f":"ОКРУГЛВСЕ('Форма по МДС 81-35.2004'!F1710*'Текущие цены за единицу'!J78,8)","v":0},{"$f":"ОКРУГЛВСЕ(SUMIF('Форма по МДС 81-35.2004'!J1710:J1728,\"Ж\",'Форма по МДС 81-35.2004'!F1710:F1728),8)","v":0},{"$f":"ROUND('Форма по МДС 81-35.2004'!F1710*'Текущие цены за единицу'!L78,0)","v":0},{"$f":"ROUND('Форма по МДС 81-35.2004'!F1710*'Текущие цены за единицу'!M78,0)","v":0},{"$f":"ROUND(B78*'Форма по МДС 81-35.2004'!G1723/100,0)","v":504},{"$f":"ROUND((B78+N78)*'Форма по МДС 81-35.2004'!G1726/100,0)","v":385},{"$f":"ROUND('Форма по МДС 81-35.2004'!F1710*'Текущие цены за единицу'!P78,0)","v":0},{"$f":"ROUND('Форма по МДС 81-35.2004'!F1710*'Текущие цены за единицу'!Q78,0)","v":0},{"$f":"ROUND('Форма по МДС 81-35.2004'!F1710*'Текущие цены за единицу'!R78,0)","v":0},{"$f":"ROUND('Форма по МДС 81-35.2004'!F1710*'Текущие цены за единицу'!S78,0)","v":0},{"$f":"ROUND('Форма по МДС 81-35.2004'!F1710*'Текущие цены за единицу'!T78,0)","v":0},{"$f":"ROUND('Форма по МДС 81-35.2004'!F1710*'Текущие цены за единицу'!U78,0)","v":0},{"$f":"ROUND('Форма по МДС 81-35.2004'!F1710*'Текущие цены за единицу'!V78,0)","v":0},null,{"$f":"ROUND('Форма по МДС 81-35.2004'!F1710*'Текущие цены за единицу'!X78,0)","v":0},{"$f":"IF(Определители!I78=\"9\",ROUND(B78*(Начисления!M78/100)*'Форма по МДС 81-35.2004'!G1723/100,0),0)","v":0},{"$f":"IF(Определители!I78=\"9\",ROUND(B78*(100-Начисления!M78/100)*'Форма по МДС 81-35.2004'!G1723/100,0),0)","v":0},{"$f":"IF(Определители!I78=\"9\",ROUND((C78+E78)*(Начисления!M78/100)*('Форма по МДС 81-35.2004'!G1726/100),0),0)","v":0},{"$f":"IF(Определители!I78=\"9\",ROUND((C78+E78)*(100-Начисления!M78/100)*('Форма по МДС 81-35.2004'!G1726/100),0),0)","v":0},{"$f":"IF(Определители!I78=\"9\",ROUND(B78*Начисления!M78/100,0),0)","v":0},{"$f":"IF(Определители!I78=\"9\",ROUND(B78*(100-Начисления!M78)/100,0),0)","v":0},{"$f":"ROUND('Форма по МДС 81-35.2004'!F1710*'Текущие цены за единицу'!AE78,0)","v":0}]
[{"$f":"'Форма по МДС 81-35.2004'!A1729","v":"74."},{"$f":"'Форма по МДС 81-35.2004'!H1729","v":237},{"$f":"ROUND(SUMIF('Форма по МДС 81-35.2004'!J1729:J1750,\"Г\",'Форма по МДС 81-35.2004'!H1729:H1750),0)","v":24},{"$f":"ROUND(SUMIF('Форма по МДС 81-35.2004'!J1729:J1750,\"IsMash\",'Форма по МДС 81-35.2004'!H1729:H1750),0)","v":53},{"$f":"'Форма по МДС 81-35.2004'!H1730","v":14},{"$f":"ROUND(SUMIF('Форма по МДС 81-35.2004'!J1729:J1750,\"IsMater\",'Форма по МДС 81-35.2004'!H1729:H1750),0)","v":160},{"$f":"ROUND('Форма по МДС 81-35.2004'!F1729*'Текущие цены за единицу'!G79,0)","v":0},{"$f":"ROUND('Форма по МДС 81-35.2004'!F1729*'Текущие цены за единицу'!H79,0)","v":0},{"$f":"ОКРУГЛВСЕ(SUMIF('Форма по МДС 81-35.2004'!J1729:J1750,\"Г\",'Форма по МДС 81-35.2004'!F1729:F1750),8)","v":0.193},{"$f":"ОКРУГЛВСЕ('Форма по МДС 81-35.2004'!F1729*'Текущие цены за единицу'!J79,8)","v":0},{"$f":"ОКРУГЛВСЕ(SUMIF('Форма по МДС 81-35.2004'!J1729:J1750,\"Ж\",'Форма по МДС 81-35.2004'!F1729:F1750),8)","v":9.6500000000000002E-2},{"$f":"ROUND('Форма по МДС 81-35.2004'!F1729*'Текущие цены за единицу'!L79,0)","v":0},{"$f":"ROUND('Форма по МДС 81-35.2004'!F1729*'Текущие цены за единицу'!M79,0)","v":0},{"$f":"ROUND(B79*'Форма по МДС 81-35.2004'!G1745/100,0)","v":28},{"$f":"ROUND((B79+N79)*'Форма по МДС 81-35.2004'!G1748/100,0)","v":21},{"$f":"ROUND('Форма по МДС 81-35.2004'!F1729*'Текущие цены за единицу'!P79,0)","v":0},{"$f":"ROUND('Форма по МДС 81-35.2004'!F1729*'Текущие цены за единицу'!Q79,0)","v":0},{"$f":"ROUND('Форма по МДС 81-35.2004'!F1729*'Текущие цены за единицу'!R79,0)","v":0},{"$f":"ROUND('Форма по МДС 81-35.2004'!F1729*'Текущие цены за единицу'!S79,0)","v":0},{"$f":"ROUND('Форма по МДС 81-35.2004'!F1729*'Текущие цены за единицу'!T79,0)","v":0},{"$f":"ROUND('Форма по МДС 81-35.2004'!F1729*'Текущие цены за единицу'!U79,0)","v":0},{"$f":"ROUND('Форма по МДС 81-35.2004'!F1729*'Текущие цены за единицу'!V79,0)","v":0},null,{"$f":"ROUND('Форма по МДС 81-35.2004'!F1729*'Текущие цены за единицу'!X79,0)","v":0},{"$f":"IF(Определители!I79=\"9\",ROUND(B79*(Начисления!M79/100)*'Форма по МДС 81-35.2004'!G1745/100,0),0)","v":0},{"$f":"IF(Определители!I79=\"9\",ROUND(B79*(100-Начисления!M79/100)*'Форма по МДС 81-35.2004'!G1745/100,0),0)","v":0},{"$f":"IF(Определители!I79=\"9\",ROUND((C79+E79)*(Начисления!M79/100)*('Форма по МДС 81-35.2004'!G1748/100),0),0)","v":0},{"$f":"IF(Определители!I79=\"9\",ROUND((C79+E79)*(100-Начисления!M79/100)*('Форма по МДС 81-35.2004'!G1748/100),0),0)","v":0},{"$f":"IF(Определители!I79=\"9\",ROUND(B79*Начисления!M79/100,0),0)","v":0},{"$f":"IF(Определители!I79=\"9\",ROUND(B79*(100-Начисления!M79)/100,0),0)","v":0},{"$f":"ROUND('Форма по МДС 81-35.2004'!F1729*'Текущие цены за единицу'!AE79,0)","v":0}]
[{"$f":"'Форма по МДС 81-35.2004'!A1751","v":"75."},{"$f":"'Форма по МДС 81-35.2004'!H1751","v":8},{"$f":"ROUND(SUMIF('Форма по МДС 81-35.2004'!J1751:J1770,\"Г\",'Форма по МДС 81-35.2004'!H1751:H1770),0)","v":5},{"$f":"ROUND(SUMIF('Форма по МДС 81-35.2004'!J1751:J1770,\"IsMash\",'Форма по МДС 81-35.2004'!H1751:H1770),0)","v":3},{"$f":"'Форма по МДС 81-35.2004'!H1752","v":1},{"$f":"ROUND(SUMIF('Форма по МДС 81-35.2004'!J1751:J1770,\"IsMater\",'Форма по МДС 81-35.2004'!H1751:H1770),0)","v":0},{"$f":"ROUND('Форма по МДС 81-35.2004'!F1751*'Текущие цены за единицу'!G80,0)","v":0},{"$f":"ROUND('Форма по МДС 81-35.2004'!F1751*'Текущие цены за единицу'!H80,0)","v":0},{"$f":"ОКРУГЛВСЕ(SUMIF('Форма по МДС 81-35.2004'!J1751:J1770,\"Г\",'Форма по МДС 81-35.2004'!F1751:F1770),8)","v":4.4999999999999998E-2},{"$f":"ОКРУГЛВСЕ('Форма по МДС 81-35.2004'!F1751*'Текущие цены за единицу'!J80,8)","v":0},{"$f":"ОКРУГЛВСЕ(SUMIF('Форма по МДС 81-35.2004'!J1751:J1770,\"Ж\",'Форма по МДС 81-35.2004'!F1751:F1770),8)","v":5.5999999999999999E-3},{"$f":"ROUND('Форма по МДС 81-35.2004'!F1751*'Текущие цены за единицу'!L80,0)","v":0},{"$f":"ROUND('Форма по МДС 81-35.2004'!F1751*'Текущие цены за единицу'!M80,0)","v":0},{"$f":"ROUND(B80*'Форма по МДС 81-35.2004'!G1765/100,0)","v":1},{"$f":"ROUND((B80+N80)*'Форма по МДС 81-35.2004'!G1768/100,0)","v":1},{"$f":"ROUND('Форма по МДС 81-35.2004'!F1751*'Текущие цены за единицу'!P80,0)","v":0},{"$f":"ROUND('Форма по МДС 81-35.2004'!F1751*'Текущие цены за единицу'!Q80,0)","v":0},{"$f":"ROUND('Форма по МДС 81-35.2004'!F1751*'Текущие цены за единицу'!R80,0)","v":0},{"$f":"ROUND('Форма по МДС 81-35.2004'!F1751*'Текущие цены за единицу'!S80,0)","v":0},{"$f":"ROUND('Форма по МДС 81-35.2004'!F1751*'Текущие цены за единицу'!T80,0)","v":0},{"$f":"ROUND('Форма по МДС 81-35.2004'!F1751*'Текущие цены за единицу'!U80,0)","v":0},{"$f":"ROUND('Форма по МДС 81-35.2004'!F1751*'Текущие цены за единицу'!V80,0)","v":0},null,{"$f":"ROUND('Форма по МДС 81-35.2004'!F1751*'Текущие цены за единицу'!X80,0)","v":0},{"$f":"IF(Определители!I80=\"9\",ROUND(B80*(Начисления!M80/100)*'Форма по МДС 81-35.2004'!G1765/100,0),0)","v":0},{"$f":"IF(Определители!I80=\"9\",ROUND(B80*(100-Начисления!M80/100)*'Форма по МДС 81-35.2004'!G1765/100,0),0)","v":0},{"$f":"IF(Определители!I80=\"9\",ROUND((C80+E80)*(Начисления!M80/100)*('Форма по МДС 81-35.2004'!G1768/100),0),0)","v":0},{"$f":"IF(Определители!I80=\"9\",ROUND((C80+E80)*(100-Начисления!M80/100)*('Форма по МДС 81-35.2004'!G1768/100),0),0)","v":0},{"$f":"IF(Определители!I80=\"9\",ROUND(B80*Начисления!M80/100,0),0)","v":0},{"$f":"IF(Определители!I80=\"9\",ROUND(B80*(100-Начисления!M80)/100,0),0)","v":0},{"$f":"ROUND('Форма по МДС 81-35.2004'!F1751*'Текущие цены за единицу'!AE80,0)","v":0}]
[{"$f":"'Форма по МДС 81-35.2004'!A1771","v":"76."},{"$f":"'Форма по МДС 81-35.2004'!H1771","v":11},{"$f":"ROUND(SUMIF('Форма по МДС 81-35.2004'!J1771:J1788,\"Г\",'Форма по МДС 81-35.2004'!H1771:H1788),0)","v":11},{"$f":"ROUND(SUMIF('Форма по МДС 81-35.2004'!J1771:J1788,\"IsMash\",'Форма по МДС 81-35.2004'!H1771:H1788),0)","v":0},{"$f":"'Форма по МДС 81-35.2004'!H1772","v":0},{"$f":"ROUND(SUMIF('Форма по МДС 81-35.2004'!J1771:J1788,\"IsMater\",'Форма по МДС 81-35.2004'!H1771:H1788),0)","v":0},{"$f":"ROUND('Форма по МДС 81-35.2004'!F1771*'Текущие цены за единицу'!G81,0)","v":0},{"$f":"ROUND('Форма по МДС 81-35.2004'!F1771*'Текущие цены за единицу'!H81,0)","v":0},{"$f":"ОКРУГЛВСЕ(SUMIF('Форма по МДС 81-35.2004'!J1771:J1788,\"Г\",'Форма по МДС 81-35.2004'!F1771:F1788),8)","v":0.11},{"$f":"ОКРУГЛВСЕ('Форма по МДС 81-35.2004'!F1771*'Текущие цены за единицу'!J81,8)","v":0},{"$f":"ОКРУГЛВСЕ(SUMIF('Форма по МДС 81-35.2004'!J1771:J1788,\"Ж\",'Форма по МДС 81-35.2004'!F1771:F1788),8)","v":0},{"$f":"ROUND('Форма по МДС 81-35.2004'!F1771*'Текущие цены за единицу'!L81,0)","v":0},{"$f":"ROUND('Форма по МДС 81-35.2004'!F1771*'Текущие цены за единицу'!M81,0)","v":0},{"$f":"ROUND(B81*'Форма по МДС 81-35.2004'!G1783/100,0)","v":1},{"$f":"ROUND((B81+N81)*'Форма по МДС 81-35.2004'!G1786/100,0)","v":1},{"$f":"ROUND('Форма по МДС 81-35.2004'!F1771*'Текущие цены за единицу'!P81,0)","v":0},{"$f":"ROUND('Форма по МДС 81-35.2004'!F1771*'Текущие цены за единицу'!Q81,0)","v":0},{"$f":"ROUND('Форма по МДС 81-35.2004'!F1771*'Текущие цены за единицу'!R81,0)","v":0},{"$f":"ROUND('Форма по МДС 81-35.2004'!F1771*'Текущие цены за единицу'!S81,0)","v":0},{"$f":"ROUND('Форма по МДС 81-35.2004'!F1771*'Текущие цены за единицу'!T81,0)","v":0},{"$f":"ROUND('Форма по МДС 81-35.2004'!F1771*'Текущие цены за единицу'!U81,0)","v":0},{"$f":"ROUND('Форма по МДС 81-35.2004'!F1771*'Текущие цены за единицу'!V81,0)","v":0},null,{"$f":"ROUND('Форма по МДС 81-35.2004'!F1771*'Текущие цены за единицу'!X81,0)","v":0},{"$f":"IF(Определители!I81=\"9\",ROUND(B81*(Начисления!M81/100)*'Форма по МДС 81-35.2004'!G1783/100,0),0)","v":0},{"$f":"IF(Определители!I81=\"9\",ROUND(B81*(100-Начисления!M81/100)*'Форма по МДС 81-35.2004'!G1783/100,0),0)","v":0},{"$f":"IF(Определители!I81=\"9\",ROUND((C81+E81)*(Начисления!M81/100)*('Форма по МДС 81-35.2004'!G1786/100),0),0)","v":0},{"$f":"IF(Определители!I81=\"9\",ROUND((C81+E81)*(100-Начисления!M81/100)*('Форма по МДС 81-35.2004'!G1786/100),0),0)","v":0},{"$f":"IF(Определители!I81=\"9\",ROUND(B81*Начисления!M81/100,0),0)","v":0},{"$f":"IF(Определители!I81=\"9\",ROUND(B81*(100-Начисления!M81)/100,0),0)","v":0},{"$f":"ROUND('Форма по МДС 81-35.2004'!F1771*'Текущие цены за единицу'!AE81,0)","v":0}]
[{"$f":"'Форма по МДС 81-35.2004'!A1789","v":"77."},{"$f":"'Форма по МДС 81-35.2004'!H1789","v":10},{"$f":"ROUND(SUMIF('Форма по МДС 81-35.2004'!J1789:J1807,\"Г\",'Форма по МДС 81-35.2004'!H1789:H1807),0)","v":0},{"$f":"ROUND(SUMIF('Форма по МДС 81-35.2004'!J1789:J1807,\"IsMash\",'Форма по МДС 81-35.2004'!H1789:H1807),0)","v":10},{"$f":"'Форма по МДС 81-35.2004'!H1790","v":0},{"$f":"ROUND(SUMIF('Форма по МДС 81-35.2004'!J1789:J1807,\"IsMater\",'Форма по МДС 81-35.2004'!H1789:H1807),0)","v":0},{"$f":"ROUND('Форма по МДС 81-35.2004'!F1789*'Текущие цены за единицу'!G82,0)","v":0},{"$f":"ROUND('Форма по МДС 81-35.2004'!F1789*'Текущие цены за единицу'!H82,0)","v":0},{"$f":"ОКРУГЛВСЕ(SUMIF('Форма по МДС 81-35.2004'!J1789:J1807,\"Г\",'Форма по МДС 81-35.2004'!F1789:F1807),8)","v":0},{"$f":"ОКРУГЛВСЕ('Форма по МДС 81-35.2004'!F1789*'Текущие цены за единицу'!J82,8)","v":0},{"$f":"ОКРУГЛВСЕ(SUMIF('Форма по МДС 81-35.2004'!J1789:J1807,\"Ж\",'Форма по МДС 81-35.2004'!F1789:F1807),8)","v":0},{"$f":"ROUND('Форма по МДС 81-35.2004'!F1789*'Текущие цены за единицу'!L82,0)","v":0},{"$f":"ROUND('Форма по МДС 81-35.2004'!F1789*'Текущие цены за единицу'!M82,0)","v":0},{"$f":"ROUND(B82*'Форма по МДС 81-35.2004'!G1802/100,0)","v":1},{"$f":"ROUND((B82+N82)*'Форма по МДС 81-35.2004'!G1805/100,0)","v":1},{"$f":"ROUND('Форма по МДС 81-35.2004'!F1789*'Текущие цены за единицу'!P82,0)","v":0},{"$f":"ROUND('Форма по МДС 81-35.2004'!F1789*'Текущие цены за единицу'!Q82,0)","v":0},{"$f":"ROUND('Форма по МДС 81-35.2004'!F1789*'Текущие цены за единицу'!R82,0)","v":0},{"$f":"ROUND('Форма по МДС 81-35.2004'!F1789*'Текущие цены за единицу'!S82,0)","v":0},{"$f":"ROUND('Форма по МДС 81-35.2004'!F1789*'Текущие цены за единицу'!T82,0)","v":0},{"$f":"ROUND('Форма по МДС 81-35.2004'!F1789*'Текущие цены за единицу'!U82,0)","v":0},{"$f":"ROUND('Форма по МДС 81-35.2004'!F1789*'Текущие цены за единицу'!V82,0)","v":0},null,{"$f":"ROUND('Форма по МДС 81-35.2004'!F1789*'Текущие цены за единицу'!X82,0)","v":0},{"$f":"IF(Определители!I82=\"9\",ROUND(B82*(Начисления!M82/100)*'Форма по МДС 81-35.2004'!G1802/100,0),0)","v":0},{"$f":"IF(Определители!I82=\"9\",ROUND(B82*(100-Начисления!M82/100)*'Форма по МДС 81-35.2004'!G1802/100,0),0)","v":0},{"$f":"IF(Определители!I82=\"9\",ROUND((C82+E82)*(Начисления!M82/100)*('Форма по МДС 81-35.2004'!G1805/100),0),0)","v":0},{"$f":"IF(Определители!I82=\"9\",ROUND((C82+E82)*(100-Начисления!M82/100)*('Форма по МДС 81-35.2004'!G1805/100),0),0)","v":0},{"$f":"IF(Определители!I82=\"9\",ROUND(B82*Начисления!M82/100,0),0)","v":0},{"$f":"IF(Определители!I82=\"9\",ROUND(B82*(100-Начисления!M82)/100,0),0)","v":0},{"$f":"ROUND('Форма по МДС 81-35.2004'!F1789*'Текущие цены за единицу'!AE82,0)","v":0}]
[{"$f":"'Форма по МДС 81-35.2004'!A1808","v":"78."},{"$f":"'Форма по МДС 81-35.2004'!H1808","v":1},{"$f":"ROUND(SUMIF('Форма по МДС 81-35.2004'!J1808:J1826,\"Г\",'Форма по МДС 81-35.2004'!H1808:H1826),0)","v":0},{"$f":"ROUND(SUMIF('Форма по МДС 81-35.2004'!J1808:J1826,\"IsMash\",'Форма по МДС 81-35.2004'!H1808:H1826),0)","v":1},{"$f":"'Форма по МДС 81-35.2004'!H1809","v":0},{"$f":"ROUND(SUMIF('Форма по МДС 81-35.2004'!J1808:J1826,\"IsMater\",'Форма по МДС 81-35.2004'!H1808:H1826),0)","v":0},{"$f":"ROUND('Форма по МДС 81-35.2004'!F1808*'Текущие цены за единицу'!G83,0)","v":0},{"$f":"ROUND('Форма по МДС 81-35.2004'!F1808*'Текущие цены за единицу'!H83,0)","v":0},{"$f":"ОКРУГЛВСЕ(SUMIF('Форма по МДС 81-35.2004'!J1808:J1826,\"Г\",'Форма по МДС 81-35.2004'!F1808:F1826),8)","v":0},{"$f":"ОКРУГЛВСЕ('Форма по МДС 81-35.2004'!F1808*'Текущие цены за единицу'!J83,8)","v":0},{"$f":"ОКРУГЛВСЕ(SUMIF('Форма по МДС 81-35.2004'!J1808:J1826,\"Ж\",'Форма по МДС 81-35.2004'!F1808:F1826),8)","v":0},{"$f":"ROUND('Форма по МДС 81-35.2004'!F1808*'Текущие цены за единицу'!L83,0)","v":0},{"$f":"ROUND('Форма по МДС 81-35.2004'!F1808*'Текущие цены за единицу'!M83,0)","v":0},{"$f":"ROUND(B83*'Форма по МДС 81-35.2004'!G1821/100,0)","v":0},{"$f":"ROUND((B83+N83)*'Форма по МДС 81-35.2004'!G1824/100,0)","v":0},{"$f":"ROUND('Форма по МДС 81-35.2004'!F1808*'Текущие цены за единицу'!P83,0)","v":0},{"$f":"ROUND('Форма по МДС 81-35.2004'!F1808*'Текущие цены за единицу'!Q83,0)","v":0},{"$f":"ROUND('Форма по МДС 81-35.2004'!F1808*'Текущие цены за единицу'!R83,0)","v":0},{"$f":"ROUND('Форма по МДС 81-35.2004'!F1808*'Текущие цены за единицу'!S83,0)","v":0},{"$f":"ROUND('Форма по МДС 81-35.2004'!F1808*'Текущие цены за единицу'!T83,0)","v":0},{"$f":"ROUND('Форма по МДС 81-35.2004'!F1808*'Текущие цены за единицу'!U83,0)","v":0},{"$f":"ROUND('Форма по МДС 81-35.2004'!F1808*'Текущие цены за единицу'!V83,0)","v":0},null,{"$f":"ROUND('Форма по МДС 81-35.2004'!F1808*'Текущие цены за единицу'!X83,0)","v":0},{"$f":"IF(Определители!I83=\"9\",ROUND(B83*(Начисления!M83/100)*'Форма по МДС 81-35.2004'!G1821/100,0),0)","v":0},{"$f":"IF(Определители!I83=\"9\",ROUND(B83*(100-Начисления!M83/100)*'Форма по МДС 81-35.2004'!G1821/100,0),0)","v":0},{"$f":"IF(Определители!I83=\"9\",ROUND((C83+E83)*(Начисления!M83/100)*('Форма по МДС 81-35.2004'!G1824/100),0),0)","v":0},{"$f":"IF(Определители!I83=\"9\",ROUND((C83+E83)*(100-Начисления!M83/100)*('Форма по МДС 81-35.2004'!G1824/100),0),0)","v":0},{"$f":"IF(Определители!I83=\"9\",ROUND(B83*Начисления!M83/100,0),0)","v":0},{"$f":"IF(Определители!I83=\"9\",ROUND(B83*(100-Начисления!M83)/100,0),0)","v":0},{"$f":"ROUND('Форма по МДС 81-35.2004'!F1808*'Текущие цены за единицу'!AE83,0)","v":0}]
[{"$f":"'Форма по МДС 81-35.2004'!A1828","v":"79."},{"$f":"'Форма по МДС 81-35.2004'!H1828","v":46},{"$f":"ROUND(SUMIF('Форма по МДС 81-35.2004'!J1828:J1847,\"Г\",'Форма по МДС 81-35.2004'!H1828:H1847),0)","v":24},{"$f":"ROUND(SUMIF('Форма по МДС 81-35.2004'!J1828:J1847,\"IsMash\",'Форма по МДС 81-35.2004'!H1828:H1847),0)","v":22},{"$f":"'Форма по МДС 81-35.2004'!H1829","v":6},{"$f":"ROUND(SUMIF('Форма по МДС 81-35.2004'!J1828:J1847,\"IsMater\",'Форма по МДС 81-35.2004'!H1828:H1847),0)","v":0},{"$f":"ROUND('Форма по МДС 81-35.2004'!F1828*'Текущие цены за единицу'!G84,0)","v":0},{"$f":"ROUND('Форма по МДС 81-35.2004'!F1828*'Текущие цены за единицу'!H84,0)","v":0},{"$f":"ОКРУГЛВСЕ(SUMIF('Форма по МДС 81-35.2004'!J1828:J1847,\"Г\",'Форма по МДС 81-35.2004'!F1828:F1847),8)","v":0.23813999999999999},{"$f":"ОКРУГЛВСЕ('Форма по МДС 81-35.2004'!F1828*'Текущие цены за единицу'!J84,8)","v":0},{"$f":"ОКРУГЛВСЕ(SUMIF('Форма по МДС 81-35.2004'!J1828:J1847,\"Ж\",'Форма по МДС 81-35.2004'!F1828:F1847),8)","v":3.9690000000000003E-2},{"$f":"ROUND('Форма по МДС 81-35.2004'!F1828*'Текущие цены за единицу'!L84,0)","v":0},{"$f":"ROUND('Форма по МДС 81-35.2004'!F1828*'Текущие цены за единицу'!M84,0)","v":0},{"$f":"ROUND(B84*'Форма по МДС 81-35.2004'!G1842/100,0)","v":5},{"$f":"ROUND((B84+N84)*'Форма по МДС 81-35.2004'!G1845/100,0)","v":4},{"$f":"ROUND('Форма по МДС 81-35.2004'!F1828*'Текущие цены за единицу'!P84,0)","v":0},{"$f":"ROUND('Форма по МДС 81-35.2004'!F1828*'Текущие цены за единицу'!Q84,0)","v":0},{"$f":"ROUND('Форма по МДС 81-35.2004'!F1828*'Текущие цены за единицу'!R84,0)","v":0},{"$f":"ROUND('Форма по МДС 81-35.2004'!F1828*'Текущие цены за единицу'!S84,0)","v":0},{"$f":"ROUND('Форма по МДС 81-35.2004'!F1828*'Текущие цены за единицу'!T84,0)","v":0},{"$f":"ROUND('Форма по МДС 81-35.2004'!F1828*'Текущие цены за единицу'!U84,0)","v":0},{"$f":"ROUND('Форма по МДС 81-35.2004'!F1828*'Текущие цены за единицу'!V84,0)","v":0},null,{"$f":"ROUND('Форма по МДС 81-35.2004'!F1828*'Текущие цены за единицу'!X84,0)","v":0},{"$f":"IF(Определители!I84=\"9\",ROUND(B84*(Начисления!M84/100)*'Форма по МДС 81-35.2004'!G1842/100,0),0)","v":0},{"$f":"IF(Определители!I84=\"9\",ROUND(B84*(100-Начисления!M84/100)*'Форма по МДС 81-35.2004'!G1842/100,0),0)","v":0},{"$f":"IF(Определители!I84=\"9\",ROUND((C84+E84)*(Начисления!M84/100)*('Форма по МДС 81-35.2004'!G1845/100),0),0)","v":0},{"$f":"IF(Определители!I84=\"9\",ROUND((C84+E84)*(100-Начисления!M84/100)*('Форма по МДС 81-35.2004'!G1845/100),0),0)","v":0},{"$f":"IF(Определители!I84=\"9\",ROUND(B84*Начисления!M84/100,0),0)","v":0},{"$f":"IF(Определители!I84=\"9\",ROUND(B84*(100-Начисления!M84)/100,0),0)","v":0},{"$f":"ROUND('Форма по МДС 81-35.2004'!F1828*'Текущие цены за единицу'!AE84,0)","v":0}]
[{"$f":"'Форма по МДС 81-35.2004'!A1848","v":"80."},{"$f":"'Форма по МДС 81-35.2004'!H1848","v":18},{"$f":"ROUND(SUMIF('Форма по МДС 81-35.2004'!J1848:J1865,\"Г\",'Форма по МДС 81-35.2004'!H1848:H1865),0)","v":18},{"$f":"ROUND(SUMIF('Форма по МДС 81-35.2004'!J1848:J1865,\"IsMash\",'Форма по МДС 81-35.2004'!H1848:H1865),0)","v":0},{"$f":"'Форма по МДС 81-35.2004'!H1849","v":0},{"$f":"ROUND(SUMIF('Форма по МДС 81-35.2004'!J1848:J1865,\"IsMater\",'Форма по МДС 81-35.2004'!H1848:H1865),0)","v":0},{"$f":"ROUND('Форма по МДС 81-35.2004'!F1848*'Текущие цены за единицу'!G85,0)","v":0},{"$f":"ROUND('Форма по МДС 81-35.2004'!F1848*'Текущие цены за единицу'!H85,0)","v":0},{"$f":"ОКРУГЛВСЕ(SUMIF('Форма по МДС 81-35.2004'!J1848:J1865,\"Г\",'Форма по МДС 81-35.2004'!F1848:F1865),8)","v":0.18679999999999999},{"$f":"ОКРУГЛВСЕ('Форма по МДС 81-35.2004'!F1848*'Текущие цены за единицу'!J85,8)","v":0},{"$f":"ОКРУГЛВСЕ(SUMIF('Форма по МДС 81-35.2004'!J1848:J1865,\"Ж\",'Форма по МДС 81-35.2004'!F1848:F1865),8)","v":0},{"$f":"ROUND('Форма по МДС 81-35.2004'!F1848*'Текущие цены за единицу'!L85,0)","v":0},{"$f":"ROUND('Форма по МДС 81-35.2004'!F1848*'Текущие цены за единицу'!M85,0)","v":0},{"$f":"ROUND(B85*'Форма по МДС 81-35.2004'!G1860/100,0)","v":2},{"$f":"ROUND((B85+N85)*'Форма по МДС 81-35.2004'!G1863/100,0)","v":2},{"$f":"ROUND('Форма по МДС 81-35.2004'!F1848*'Текущие цены за единицу'!P85,0)","v":0},{"$f":"ROUND('Форма по МДС 81-35.2004'!F1848*'Текущие цены за единицу'!Q85,0)","v":0},{"$f":"ROUND('Форма по МДС 81-35.2004'!F1848*'Текущие цены за единицу'!R85,0)","v":0},{"$f":"ROUND('Форма по МДС 81-35.2004'!F1848*'Текущие цены за единицу'!S85,0)","v":0},{"$f":"ROUND('Форма по МДС 81-35.2004'!F1848*'Текущие цены за единицу'!T85,0)","v":0},{"$f":"ROUND('Форма по МДС 81-35.2004'!F1848*'Текущие цены за единицу'!U85,0)","v":0},{"$f":"ROUND('Форма по МДС 81-35.2004'!F1848*'Текущие цены за единицу'!V85,0)","v":0},null,{"$f":"ROUND('Форма по МДС 81-35.2004'!F1848*'Текущие цены за единицу'!X85,0)","v":0},{"$f":"IF(Определители!I85=\"9\",ROUND(B85*(Начисления!M85/100)*'Форма по МДС 81-35.2004'!G1860/100,0),0)","v":0},{"$f":"IF(Определители!I85=\"9\",ROUND(B85*(100-Начисления!M85/100)*'Форма по МДС 81-35.2004'!G1860/100,0),0)","v":0},{"$f":"IF(Определители!I85=\"9\",ROUND((C85+E85)*(Начисления!M85/100)*('Форма по МДС 81-35.2004'!G1863/100),0),0)","v":0},{"$f":"IF(Определители!I85=\"9\",ROUND((C85+E85)*(100-Начисления!M85/100)*('Форма по МДС 81-35.2004'!G1863/100),0),0)","v":0},{"$f":"IF(Определители!I85=\"9\",ROUND(B85*Начисления!M85/100,0),0)","v":0},{"$f":"IF(Определители!I85=\"9\",ROUND(B85*(100-Начисления!M85)/100,0),0)","v":0},{"$f":"ROUND('Форма по МДС 81-35.2004'!F1848*'Текущие цены за единицу'!AE85,0)","v":0}]
[{"$f":"'Форма по МДС 81-35.2004'!A1866","v":"81."},{"$f":"'Форма по МДС 81-35.2004'!H1866","v":599},{"$f":"ROUND(SUMIF('Форма по МДС 81-35.2004'!J1866:J1893,\"Г\",'Форма по МДС 81-35.2004'!H1866:H1893),0)","v":45},{"$f":"ROUND(SUMIF('Форма по МДС 81-35.2004'!J1866:J1893,\"IsMash\",'Форма по МДС 81-35.2004'!H1866:H1893),0)","v":24},{"$f":"'Форма по МДС 81-35.2004'!H1867","v":1},{"$f":"ROUND(SUMIF('Форма по МДС 81-35.2004'!J1866:J1893,\"IsMater\",'Форма по МДС 81-35.2004'!H1866:H1893),0)","v":532},{"$f":"ROUND('Форма по МДС 81-35.2004'!F1866*'Текущие цены за единицу'!G86,0)","v":0},{"$f":"ROUND('Форма по МДС 81-35.2004'!F1866*'Текущие цены за единицу'!H86,0)","v":0},{"$f":"ОКРУГЛВСЕ(SUMIF('Форма по МДС 81-35.2004'!J1866:J1893,\"Г\",'Форма по МДС 81-35.2004'!F1866:F1893),8)","v":0.42399999999999999},{"$f":"ОКРУГЛВСЕ('Форма по МДС 81-35.2004'!F1866*'Текущие цены за единицу'!J86,8)","v":0},{"$f":"ОКРУГЛВСЕ(SUMIF('Форма по МДС 81-35.2004'!J1866:J1893,\"Ж\",'Форма по МДС 81-35.2004'!F1866:F1893),8)","v":4.1999999999999997E-3},{"$f":"ROUND('Форма по МДС 81-35.2004'!F1866*'Текущие цены за единицу'!L86,0)","v":0},{"$f":"ROUND('Форма по МДС 81-35.2004'!F1866*'Текущие цены за единицу'!M86,0)","v":0},{"$f":"ROUND(B86*'Форма по МДС 81-35.2004'!G1888/100,0)","v":70},{"$f":"ROUND((B86+N86)*'Форма по МДС 81-35.2004'!G1891/100,0)","v":54},{"$f":"ROUND('Форма по МДС 81-35.2004'!F1866*'Текущие цены за единицу'!P86,0)","v":0},{"$f":"ROUND('Форма по МДС 81-35.2004'!F1866*'Текущие цены за единицу'!Q86,0)","v":0},{"$f":"ROUND('Форма по МДС 81-35.2004'!F1866*'Текущие цены за единицу'!R86,0)","v":0},{"$f":"ROUND('Форма по МДС 81-35.2004'!F1866*'Текущие цены за единицу'!S86,0)","v":0},{"$f":"ROUND('Форма по МДС 81-35.2004'!F1866*'Текущие цены за единицу'!T86,0)","v":0},{"$f":"ROUND('Форма по МДС 81-35.2004'!F1866*'Текущие цены за единицу'!U86,0)","v":0},{"$f":"ROUND('Форма по МДС 81-35.2004'!F1866*'Текущие цены за единицу'!V86,0)","v":0},null,{"$f":"ROUND('Форма по МДС 81-35.2004'!F1866*'Текущие цены за единицу'!X86,0)","v":0},{"$f":"IF(Определители!I86=\"9\",ROUND(B86*(Начисления!M86/100)*'Форма по МДС 81-35.2004'!G1888/100,0),0)","v":0},{"$f":"IF(Определители!I86=\"9\",ROUND(B86*(100-Начисления!M86/100)*'Форма по МДС 81-35.2004'!G1888/100,0),0)","v":0},{"$f":"IF(Определители!I86=\"9\",ROUND((C86+E86)*(Начисления!M86/100)*('Форма по МДС 81-35.2004'!G1891/100),0),0)","v":0},{"$f":"IF(Определители!I86=\"9\",ROUND((C86+E86)*(100-Начисления!M86/100)*('Форма по МДС 81-35.2004'!G1891/100),0),0)","v":0},{"$f":"IF(Определители!I86=\"9\",ROUND(B86*Начисления!M86/100,0),0)","v":0},{"$f":"IF(Определители!I86=\"9\",ROUND(B86*(100-Начисления!M86)/100,0),0)","v":0},{"$f":"ROUND('Форма по МДС 81-35.2004'!F1866*'Текущие цены за единицу'!AE86,0)","v":0}]
[{"$f":"'Форма по МДС 81-35.2004'!A1894","v":"82."},{"$f":"'Форма по МДС 81-35.2004'!H1894","v":320},{"$f":"ROUND(SUMIF('Форма по МДС 81-35.2004'!J1894:J1921,\"Г\",'Форма по МДС 81-35.2004'!H1894:H1921),0)","v":48},{"$f":"ROUND(SUMIF('Форма по МДС 81-35.2004'!J1894:J1921,\"IsMash\",'Форма по МДС 81-35.2004'!H1894:H1921),0)","v":63},{"$f":"'Форма по МДС 81-35.2004'!H1895","v":18},{"$f":"ROUND(SUMIF('Форма по МДС 81-35.2004'!J1894:J1921,\"IsMater\",'Форма по МДС 81-35.2004'!H1894:H1921),0)","v":208},{"$f":"ROUND('Форма по МДС 81-35.2004'!F1894*'Текущие цены за единицу'!G87,0)","v":0},{"$f":"ROUND('Форма по МДС 81-35.2004'!F1894*'Текущие цены за единицу'!H87,0)","v":0},{"$f":"ОКРУГЛВСЕ(SUMIF('Форма по МДС 81-35.2004'!J1894:J1921,\"Г\",'Форма по МДС 81-35.2004'!F1894:F1921),8)","v":0.4531},{"$f":"ОКРУГЛВСЕ('Форма по МДС 81-35.2004'!F1894*'Текущие цены за единицу'!J87,8)","v":0},{"$f":"ОКРУГЛВСЕ(SUMIF('Форма по МДС 81-35.2004'!J1894:J1921,\"Ж\",'Форма по МДС 81-35.2004'!F1894:F1921),8)","v":0.12939999999999999},{"$f":"ROUND('Форма по МДС 81-35.2004'!F1894*'Текущие цены за единицу'!L87,0)","v":0},{"$f":"ROUND('Форма по МДС 81-35.2004'!F1894*'Текущие цены за единицу'!M87,0)","v":0},{"$f":"ROUND(B87*'Форма по МДС 81-35.2004'!G1916/100,0)","v":37},{"$f":"ROUND((B87+N87)*'Форма по МДС 81-35.2004'!G1919/100,0)","v":29},{"$f":"ROUND('Форма по МДС 81-35.2004'!F1894*'Текущие цены за единицу'!P87,0)","v":0},{"$f":"ROUND('Форма по МДС 81-35.2004'!F1894*'Текущие цены за единицу'!Q87,0)","v":0},{"$f":"ROUND('Форма по МДС 81-35.2004'!F1894*'Текущие цены за единицу'!R87,0)","v":0},{"$f":"ROUND('Форма по МДС 81-35.2004'!F1894*'Текущие цены за единицу'!S87,0)","v":0},{"$f":"ROUND('Форма по МДС 81-35.2004'!F1894*'Текущие цены за единицу'!T87,0)","v":0},{"$f":"ROUND('Форма по МДС 81-35.2004'!F1894*'Текущие цены за единицу'!U87,0)","v":0},{"$f":"ROUND('Форма по МДС 81-35.2004'!F1894*'Текущие цены за единицу'!V87,0)","v":0},null,{"$f":"ROUND('Форма по МДС 81-35.2004'!F1894*'Текущие цены за единицу'!X87,0)","v":0},{"$f":"IF(Определители!I87=\"9\",ROUND(B87*(Начисления!M87/100)*'Форма по МДС 81-35.2004'!G1916/100,0),0)","v":0},{"$f":"IF(Определители!I87=\"9\",ROUND(B87*(100-Начисления!M87/100)*'Форма по МДС 81-35.2004'!G1916/100,0),0)","v":0},{"$f":"IF(Определители!I87=\"9\",ROUND((C87+E87)*(Начисления!M87/100)*('Форма по МДС 81-35.2004'!G1919/100),0),0)","v":0},{"$f":"IF(Определители!I87=\"9\",ROUND((C87+E87)*(100-Начисления!M87/100)*('Форма по МДС 81-35.2004'!G1919/100),0),0)","v":0},{"$f":"IF(Определители!I87=\"9\",ROUND(B87*Начисления!M87/100,0),0)","v":0},{"$f":"IF(Определители!I87=\"9\",ROUND(B87*(100-Начисления!M87)/100,0),0)","v":0},{"$f":"ROUND('Форма по МДС 81-35.2004'!F1894*'Текущие цены за единицу'!AE87,0)","v":0}]
[{"$f":"'Форма по МДС 81-35.2004'!A1922","v":"83."},{"$f":"'Форма по МДС 81-35.2004'!H1922","v":13},{"$f":"ROUND(SUMIF('Форма по МДС 81-35.2004'!J1922:J1943,\"Г\",'Форма по МДС 81-35.2004'!H1922:H1943),0)","v":2},{"$f":"ROUND(SUMIF('Форма по МДС 81-35.2004'!J1922:J1943,\"IsMash\",'Форма по МДС 81-35.2004'!H1922:H1943),0)","v":3},{"$f":"'Форма по МДС 81-35.2004'!H1923","v":1},{"$f":"ROUND(SUMIF('Форма по МДС 81-35.2004'!J1922:J1943,\"IsMater\",'Форма по МДС 81-35.2004'!H1922:H1943),0)","v":8},{"$f":"ROUND('Форма по МДС 81-35.2004'!F1922*'Текущие цены за единицу'!G88,0)","v":0},{"$f":"ROUND('Форма по МДС 81-35.2004'!F1922*'Текущие цены за единицу'!H88,0)","v":0},{"$f":"ОКРУГЛВСЕ(SUMIF('Форма по МДС 81-35.2004'!J1922:J1943,\"Г\",'Форма по МДС 81-35.2004'!F1922:F1943),8)","v":2.172E-2},{"$f":"ОКРУГЛВСЕ('Форма по МДС 81-35.2004'!F1922*'Текущие цены за единицу'!J88,8)","v":0},{"$f":"ОКРУГЛВСЕ(SUMIF('Форма по МДС 81-35.2004'!J1922:J1943,\"Ж\",'Форма по МДС 81-35.2004'!F1922:F1943),8)","v":5.4299999999999999E-3},{"$f":"ROUND('Форма по МДС 81-35.2004'!F1922*'Текущие цены за единицу'!L88,0)","v":0},{"$f":"ROUND('Форма по МДС 81-35.2004'!F1922*'Текущие цены за единицу'!M88,0)","v":0},{"$f":"ROUND(B88*'Форма по МДС 81-35.2004'!G1938/100,0)","v":2},{"$f":"ROUND((B88+N88)*'Форма по МДС 81-35.2004'!G1941/100,0)","v":1},{"$f":"ROUND('Форма по МДС 81-35.2004'!F1922*'Текущие цены за единицу'!P88,0)","v":0},{"$f":"ROUND('Форма по МДС 81-35.2004'!F1922*'Текущие цены за единицу'!Q88,0)","v":0},{"$f":"ROUND('Форма по МДС 81-35.2004'!F1922*'Текущие цены за единицу'!R88,0)","v":0},{"$f":"ROUND('Форма по МДС 81-35.2004'!F1922*'Текущие цены за единицу'!S88,0)","v":0},{"$f":"ROUND('Форма по МДС 81-35.2004'!F1922*'Текущие цены за единицу'!T88,0)","v":0},{"$f":"ROUND('Форма по МДС 81-35.2004'!F1922*'Текущие цены за единицу'!U88,0)","v":0},{"$f":"ROUND('Форма по МДС 81-35.2004'!F1922*'Текущие цены за единицу'!V88,0)","v":0},null,{"$f":"ROUND('Форма по МДС 81-35.2004'!F1922*'Текущие цены за единицу'!X88,0)","v":0},{"$f":"IF(Определители!I88=\"9\",ROUND(B88*(Начисления!M88/100)*'Форма по МДС 81-35.2004'!G1938/100,0),0)","v":0},{"$f":"IF(Определители!I88=\"9\",ROUND(B88*(100-Начисления!M88/100)*'Форма по МДС 81-35.2004'!G1938/100,0),0)","v":0},{"$f":"IF(Определители!I88=\"9\",ROUND((C88+E88)*(Начисления!M88/100)*('Форма по МДС 81-35.2004'!G1941/100),0),0)","v":0},{"$f":"IF(Определители!I88=\"9\",ROUND((C88+E88)*(100-Начисления!M88/100)*('Форма по МДС 81-35.2004'!G1941/100),0),0)","v":0},{"$f":"IF(Определители!I88=\"9\",ROUND(B88*Начисления!M88/100,0),0)","v":0},{"$f":"IF(Определители!I88=\"9\",ROUND(B88*(100-Начисления!M88)/100,0),0)","v":0},{"$f":"ROUND('Форма по МДС 81-35.2004'!F1922*'Текущие цены за единицу'!AE88,0)","v":0}]
[{"$f":"'Форма по МДС 81-35.2004'!A1944","v":"84."},{"$f":"'Форма по МДС 81-35.2004'!H1944","v":150},{"$f":"ROUND(SUMIF('Форма по МДС 81-35.2004'!J1944:J1964,\"Г\",'Форма по МДС 81-35.2004'!H1944:H1964),0)","v":12},{"$f":"ROUND(SUMIF('Форма по МДС 81-35.2004'!J1944:J1964,\"IsMash\",'Форма по МДС 81-35.2004'!H1944:H1964),0)","v":138},{"$f":"'Форма по МДС 81-35.2004'!H1945","v":21},{"$f":"ROUND(SUMIF('Форма по МДС 81-35.2004'!J1944:J1964,\"IsMater\",'Форма по МДС 81-35.2004'!H1944:H1964),0)","v":0},{"$f":"ROUND('Форма по МДС 81-35.2004'!F1944*'Текущие цены за единицу'!G89,0)","v":0},{"$f":"ROUND('Форма по МДС 81-35.2004'!F1944*'Текущие цены за единицу'!H89,0)","v":0},{"$f":"ОКРУГЛВСЕ(SUMIF('Форма по МДС 81-35.2004'!J1944:J1964,\"Г\",'Форма по МДС 81-35.2004'!F1944:F1964),8)","v":0.12314},{"$f":"ОКРУГЛВСЕ('Форма по МДС 81-35.2004'!F1944*'Текущие цены за единицу'!J89,8)","v":0},{"$f":"ОКРУГЛВСЕ(SUMIF('Форма по МДС 81-35.2004'!J1944:J1964,\"Ж\",'Форма по МДС 81-35.2004'!F1944:F1964),8)","v":0.12314},{"$f":"ROUND('Форма по МДС 81-35.2004'!F1944*'Текущие цены за единицу'!L89,0)","v":0},{"$f":"ROUND('Форма по МДС 81-35.2004'!F1944*'Текущие цены за единицу'!M89,0)","v":0},{"$f":"ROUND(B89*'Форма по МДС 81-35.2004'!G1959/100,0)","v":18},{"$f":"ROUND((B89+N89)*'Форма по МДС 81-35.2004'!G1962/100,0)","v":13},{"$f":"ROUND('Форма по МДС 81-35.2004'!F1944*'Текущие цены за единицу'!P89,0)","v":0},{"$f":"ROUND('Форма по МДС 81-35.2004'!F1944*'Текущие цены за единицу'!Q89,0)","v":0},{"$f":"ROUND('Форма по МДС 81-35.2004'!F1944*'Текущие цены за единицу'!R89,0)","v":0},{"$f":"ROUND('Форма по МДС 81-35.2004'!F1944*'Текущие цены за единицу'!S89,0)","v":0},{"$f":"ROUND('Форма по МДС 81-35.2004'!F1944*'Текущие цены за единицу'!T89,0)","v":0},{"$f":"ROUND('Форма по МДС 81-35.2004'!F1944*'Текущие цены за единицу'!U89,0)","v":0},{"$f":"ROUND('Форма по МДС 81-35.2004'!F1944*'Текущие цены за единицу'!V89,0)","v":0},null,{"$f":"ROUND('Форма по МДС 81-35.2004'!F1944*'Текущие цены за единицу'!X89,0)","v":0},{"$f":"IF(Определители!I89=\"9\",ROUND(B89*(Начисления!M89/100)*'Форма по МДС 81-35.2004'!G1959/100,0),0)","v":0},{"$f":"IF(Определители!I89=\"9\",ROUND(B89*(100-Начисления!M89/100)*'Форма по МДС 81-35.2004'!G1959/100,0),0)","v":0},{"$f":"IF(Определители!I89=\"9\",ROUND((C89+E89)*(Начисления!M89/100)*('Форма по МДС 81-35.2004'!G1962/100),0),0)","v":0},{"$f":"IF(Определители!I89=\"9\",ROUND((C89+E89)*(100-Начисления!M89/100)*('Форма по МДС 81-35.2004'!G1962/100),0),0)","v":0},{"$f":"IF(Определители!I89=\"9\",ROUND(B89*Начисления!M89/100,0),0)","v":0},{"$f":"IF(Определители!I89=\"9\",ROUND(B89*(100-Начисления!M89)/100,0),0)","v":0},{"$f":"ROUND('Форма по МДС 81-35.2004'!F1944*'Текущие цены за единицу'!AE89,0)","v":0}]
[{"$f":"'Форма по МДС 81-35.2004'!A1965","v":"85."},{"$f":"'Форма по МДС 81-35.2004'!H1965","v":140},{"$f":"ROUND(SUMIF('Форма по МДС 81-35.2004'!J1965:J1989,\"Г\",'Форма по МДС 81-35.2004'!H1965:H1989),0)","v":44},{"$f":"ROUND(SUMIF('Форма по МДС 81-35.2004'!J1965:J1989,\"IsMash\",'Форма по МДС 81-35.2004'!H1965:H1989),0)","v":58},{"$f":"'Форма по МДС 81-35.2004'!H1966","v":16},{"$f":"ROUND(SUMIF('Форма по МДС 81-35.2004'!J1965:J1989,\"IsMater\",'Форма по МДС 81-35.2004'!H1965:H1989),0)","v":37},{"$f":"ROUND('Форма по МДС 81-35.2004'!F1965*'Текущие цены за единицу'!G90,0)","v":0},{"$f":"ROUND('Форма по МДС 81-35.2004'!F1965*'Текущие цены за единицу'!H90,0)","v":0},{"$f":"ОКРУГЛВСЕ(SUMIF('Форма по МДС 81-35.2004'!J1965:J1989,\"Г\",'Форма по МДС 81-35.2004'!F1965:F1989),8)","v":0.42},{"$f":"ОКРУГЛВСЕ('Форма по МДС 81-35.2004'!F1965*'Текущие цены за единицу'!J90,8)","v":0},{"$f":"ОКРУГЛВСЕ(SUMIF('Форма по МДС 81-35.2004'!J1965:J1989,\"Ж\",'Форма по МДС 81-35.2004'!F1965:F1989),8)","v":0.105},{"$f":"ROUND('Форма по МДС 81-35.2004'!F1965*'Текущие цены за единицу'!L90,0)","v":0},{"$f":"ROUND('Форма по МДС 81-35.2004'!F1965*'Текущие цены за единицу'!M90,0)","v":0},{"$f":"ROUND(B90*'Форма по МДС 81-35.2004'!G1984/100,0)","v":16},{"$f":"ROUND((B90+N90)*'Форма по МДС 81-35.2004'!G1987/100,0)","v":12},{"$f":"ROUND('Форма по МДС 81-35.2004'!F1965*'Текущие цены за единицу'!P90,0)","v":0},{"$f":"ROUND('Форма по МДС 81-35.2004'!F1965*'Текущие цены за единицу'!Q90,0)","v":0},{"$f":"ROUND('Форма по МДС 81-35.2004'!F1965*'Текущие цены за единицу'!R90,0)","v":0},{"$f":"ROUND('Форма по МДС 81-35.2004'!F1965*'Текущие цены за единицу'!S90,0)","v":0},{"$f":"ROUND('Форма по МДС 81-35.2004'!F1965*'Текущие цены за единицу'!T90,0)","v":0},{"$f":"ROUND('Форма по МДС 81-35.2004'!F1965*'Текущие цены за единицу'!U90,0)","v":0},{"$f":"ROUND('Форма по МДС 81-35.2004'!F1965*'Текущие цены за единицу'!V90,0)","v":0},null,{"$f":"ROUND('Форма по МДС 81-35.2004'!F1965*'Текущие цены за единицу'!X90,0)","v":0},{"$f":"IF(Определители!I90=\"9\",ROUND(B90*(Начисления!M90/100)*'Форма по МДС 81-35.2004'!G1984/100,0),0)","v":0},{"$f":"IF(Определители!I90=\"9\",ROUND(B90*(100-Начисления!M90/100)*'Форма по МДС 81-35.2004'!G1984/100,0),0)","v":0},{"$f":"IF(Определители!I90=\"9\",ROUND((C90+E90)*(Начисления!M90/100)*('Форма по МДС 81-35.2004'!G1987/100),0),0)","v":0},{"$f":"IF(Определители!I90=\"9\",ROUND((C90+E90)*(100-Начисления!M90/100)*('Форма по МДС 81-35.2004'!G1987/100),0),0)","v":0},{"$f":"IF(Определители!I90=\"9\",ROUND(B90*Начисления!M90/100,0),0)","v":0},{"$f":"IF(Определители!I90=\"9\",ROUND(B90*(100-Начисления!M90)/100,0),0)","v":0},{"$f":"ROUND('Форма по МДС 81-35.2004'!F1965*'Текущие цены за единицу'!AE90,0)","v":0}]
[{"$f":"'Форма по МДС 81-35.2004'!A1990","v":"86."},{"$f":"'Форма по МДС 81-35.2004'!H1990","v":108},{"$f":"ROUND(SUMIF('Форма по МДС 81-35.2004'!J1990:J2012,\"Г\",'Форма по МДС 81-35.2004'!H1990:H2012),0)","v":34},{"$f":"ROUND(SUMIF('Форма по МДС 81-35.2004'!J1990:J2012,\"IsMash\",'Форма по МДС 81-35.2004'!H1990:H2012),0)","v":44},{"$f":"'Форма по МДС 81-35.2004'!H1991","v":12},{"$f":"ROUND(SUMIF('Форма по МДС 81-35.2004'!J1990:J2012,\"IsMater\",'Форма по МДС 81-35.2004'!H1990:H2012),0)","v":30},{"$f":"ROUND('Форма по МДС 81-35.2004'!F1990*'Текущие цены за единицу'!G91,0)","v":0},{"$f":"ROUND('Форма по МДС 81-35.2004'!F1990*'Текущие цены за единицу'!H91,0)","v":0},{"$f":"ОКРУГЛВСЕ(SUMIF('Форма по МДС 81-35.2004'!J1990:J2012,\"Г\",'Форма по МДС 81-35.2004'!F1990:F2012),8)","v":0.32},{"$f":"ОКРУГЛВСЕ('Форма по МДС 81-35.2004'!F1990*'Текущие цены за единицу'!J91,8)","v":0},{"$f":"ОКРУГЛВСЕ(SUMIF('Форма по МДС 81-35.2004'!J1990:J2012,\"Ж\",'Форма по МДС 81-35.2004'!F1990:F2012),8)","v":0.08},{"$f":"ROUND('Форма по МДС 81-35.2004'!F1990*'Текущие цены за единицу'!L91,0)","v":0},{"$f":"ROUND('Форма по МДС 81-35.2004'!F1990*'Текущие цены за единицу'!M91,0)","v":0},{"$f":"ROUND(B91*'Форма по МДС 81-35.2004'!G2007/100,0)","v":13},{"$f":"ROUND((B91+N91)*'Форма по МДС 81-35.2004'!G2010/100,0)","v":10},{"$f":"ROUND('Форма по МДС 81-35.2004'!F1990*'Текущие цены за единицу'!P91,0)","v":0},{"$f":"ROUND('Форма по МДС 81-35.2004'!F1990*'Текущие цены за единицу'!Q91,0)","v":0},{"$f":"ROUND('Форма по МДС 81-35.2004'!F1990*'Текущие цены за единицу'!R91,0)","v":0},{"$f":"ROUND('Форма по МДС 81-35.2004'!F1990*'Текущие цены за единицу'!S91,0)","v":0},{"$f":"ROUND('Форма по МДС 81-35.2004'!F1990*'Текущие цены за единицу'!T91,0)","v":0},{"$f":"ROUND('Форма по МДС 81-35.2004'!F1990*'Текущие цены за единицу'!U91,0)","v":0},{"$f":"ROUND('Форма по МДС 81-35.2004'!F1990*'Текущие цены за единицу'!V91,0)","v":0},null,{"$f":"ROUND('Форма по МДС 81-35.2004'!F1990*'Текущие цены за единицу'!X91,0)","v":0},{"$f":"IF(Определители!I91=\"9\",ROUND(B91*(Начисления!M91/100)*'Форма по МДС 81-35.2004'!G2007/100,0),0)","v":0},{"$f":"IF(Определители!I91=\"9\",ROUND(B91*(100-Начисления!M91/100)*'Форма по МДС 81-35.2004'!G2007/100,0),0)","v":0},{"$f":"IF(Определители!I91=\"9\",ROUND((C91+E91)*(Начисления!M91/100)*('Форма по МДС 81-35.2004'!G2010/100),0),0)","v":0},{"$f":"IF(Определители!I91=\"9\",ROUND((C91+E91)*(100-Начисления!M91/100)*('Форма по МДС 81-35.2004'!G2010/100),0),0)","v":0},{"$f":"IF(Определители!I91=\"9\",ROUND(B91*Начисления!M91/100,0),0)","v":0},{"$f":"IF(Определители!I91=\"9\",ROUND(B91*(100-Начисления!M91)/100,0),0)","v":0},{"$f":"ROUND('Форма по МДС 81-35.2004'!F1990*'Текущие цены за единицу'!AE91,0)","v":0}]
[{"$f":"'Форма по МДС 81-35.2004'!A2013","v":"87."},{"$f":"'Форма по МДС 81-35.2004'!H2013","v":62},{"$f":"ROUND(SUMIF('Форма по МДС 81-35.2004'!J2013:J2034,\"Г\",'Форма по МДС 81-35.2004'!H2013:H2034),0)","v":13},{"$f":"ROUND(SUMIF('Форма по МДС 81-35.2004'!J2013:J2034,\"IsMash\",'Форма по МДС 81-35.2004'!H2013:H2034),0)","v":18},{"$f":"'Форма по МДС 81-35.2004'!H2014","v":5},{"$f":"ROUND(SUMIF('Форма по МДС 81-35.2004'!J2013:J2034,\"IsMater\",'Форма по МДС 81-35.2004'!H2013:H2034),0)","v":32},{"$f":"ROUND('Форма по МДС 81-35.2004'!F2013*'Текущие цены за единицу'!G92,0)","v":0},{"$f":"ROUND('Форма по МДС 81-35.2004'!F2013*'Текущие цены за единицу'!H92,0)","v":0},{"$f":"ОКРУГЛВСЕ(SUMIF('Форма по МДС 81-35.2004'!J2013:J2034,\"Г\",'Форма по МДС 81-35.2004'!F2013:F2034),8)","v":0.12848000000000001},{"$f":"ОКРУГЛВСЕ('Форма по МДС 81-35.2004'!F2013*'Текущие цены за единицу'!J92,8)","v":0},{"$f":"ОКРУГЛВСЕ(SUMIF('Форма по МДС 81-35.2004'!J2013:J2034,\"Ж\",'Форма по МДС 81-35.2004'!F2013:F2034),8)","v":3.2120000000000003E-2},{"$f":"ROUND('Форма по МДС 81-35.2004'!F2013*'Текущие цены за единицу'!L92,0)","v":0},{"$f":"ROUND('Форма по МДС 81-35.2004'!F2013*'Текущие цены за единицу'!M92,0)","v":0},{"$f":"ROUND(B92*'Форма по МДС 81-35.2004'!G2029/100,0)","v":7},{"$f":"ROUND((B92+N92)*'Форма по МДС 81-35.2004'!G2032/100,0)","v":6},{"$f":"ROUND('Форма по МДС 81-35.2004'!F2013*'Текущие цены за единицу'!P92,0)","v":0},{"$f":"ROUND('Форма по МДС 81-35.2004'!F2013*'Текущие цены за единицу'!Q92,0)","v":0},{"$f":"ROUND('Форма по МДС 81-35.2004'!F2013*'Текущие цены за единицу'!R92,0)","v":0},{"$f":"ROUND('Форма по МДС 81-35.2004'!F2013*'Текущие цены за единицу'!S92,0)","v":0},{"$f":"ROUND('Форма по МДС 81-35.2004'!F2013*'Текущие цены за единицу'!T92,0)","v":0},{"$f":"ROUND('Форма по МДС 81-35.2004'!F2013*'Текущие цены за единицу'!U92,0)","v":0},{"$f":"ROUND('Форма по МДС 81-35.2004'!F2013*'Текущие цены за единицу'!V92,0)","v":0},null,{"$f":"ROUND('Форма по МДС 81-35.2004'!F2013*'Текущие цены за единицу'!X92,0)","v":0},{"$f":"IF(Определители!I92=\"9\",ROUND(B92*(Начисления!M92/100)*'Форма по МДС 81-35.2004'!G2029/100,0),0)","v":0},{"$f":"IF(Определители!I92=\"9\",ROUND(B92*(100-Начисления!M92/100)*'Форма по МДС 81-35.2004'!G2029/100,0),0)","v":0},{"$f":"IF(Определители!I92=\"9\",ROUND((C92+E92)*(Начисления!M92/100)*('Форма по МДС 81-35.2004'!G2032/100),0),0)","v":0},{"$f":"IF(Определители!I92=\"9\",ROUND((C92+E92)*(100-Начисления!M92/100)*('Форма по МДС 81-35.2004'!G2032/100),0),0)","v":0},{"$f":"IF(Определители!I92=\"9\",ROUND(B92*Начисления!M92/100,0),0)","v":0},{"$f":"IF(Определители!I92=\"9\",ROUND(B92*(100-Начисления!M92)/100,0),0)","v":0},{"$f":"ROUND('Форма по МДС 81-35.2004'!F2013*'Текущие цены за единицу'!AE92,0)","v":0}]
[{"$f":"'Форма по МДС 81-35.2004'!A2035","v":"88."},{"$f":"'Форма по МДС 81-35.2004'!H2035","v":146},{"$f":"ROUND(SUMIF('Форма по МДС 81-35.2004'!J2035:J2058,\"Г\",'Форма по МДС 81-35.2004'!H2035:H2058),0)","v":64},{"$f":"ROUND(SUMIF('Форма по МДС 81-35.2004'!J2035:J2058,\"IsMash\",'Форма по МДС 81-35.2004'!H2035:H2058),0)","v":56},{"$f":"'Форма по МДС 81-35.2004'!H2036","v":15},{"$f":"ROUND(SUMIF('Форма по МДС 81-35.2004'!J2035:J2058,\"IsMater\",'Форма по МДС 81-35.2004'!H2035:H2058),0)","v":26},{"$f":"ROUND('Форма по МДС 81-35.2004'!F2035*'Текущие цены за единицу'!G93,0)","v":0},{"$f":"ROUND('Форма по МДС 81-35.2004'!F2035*'Текущие цены за единицу'!H93,0)","v":0},{"$f":"ОКРУГЛВСЕ(SUMIF('Форма по МДС 81-35.2004'!J2035:J2058,\"Г\",'Форма по МДС 81-35.2004'!F2035:F2058),8)","v":0.60899999999999999},{"$f":"ОКРУГЛВСЕ('Форма по МДС 81-35.2004'!F2035*'Текущие цены за единицу'!J93,8)","v":0},{"$f":"ОКРУГЛВСЕ(SUMIF('Форма по МДС 81-35.2004'!J2035:J2058,\"Ж\",'Форма по МДС 81-35.2004'!F2035:F2058),8)","v":0.10150000000000001},{"$f":"ROUND('Форма по МДС 81-35.2004'!F2035*'Текущие цены за единицу'!L93,0)","v":0},{"$f":"ROUND('Форма по МДС 81-35.2004'!F2035*'Текущие цены за единицу'!M93,0)","v":0},{"$f":"ROUND(B93*'Форма по МДС 81-35.2004'!G2053/100,0)","v":17},{"$f":"ROUND((B93+N93)*'Форма по МДС 81-35.2004'!G2056/100,0)","v":13},{"$f":"ROUND('Форма по МДС 81-35.2004'!F2035*'Текущие цены за единицу'!P93,0)","v":0},{"$f":"ROUND('Форма по МДС 81-35.2004'!F2035*'Текущие цены за единицу'!Q93,0)","v":0},{"$f":"ROUND('Форма по МДС 81-35.2004'!F2035*'Текущие цены за единицу'!R93,0)","v":0},{"$f":"ROUND('Форма по МДС 81-35.2004'!F2035*'Текущие цены за единицу'!S93,0)","v":0},{"$f":"ROUND('Форма по МДС 81-35.2004'!F2035*'Текущие цены за единицу'!T93,0)","v":0},{"$f":"ROUND('Форма по МДС 81-35.2004'!F2035*'Текущие цены за единицу'!U93,0)","v":0},{"$f":"ROUND('Форма по МДС 81-35.2004'!F2035*'Текущие цены за единицу'!V93,0)","v":0},null,{"$f":"ROUND('Форма по МДС 81-35.2004'!F2035*'Текущие цены за единицу'!X93,0)","v":0},{"$f":"IF(Определители!I93=\"9\",ROUND(B93*(Начисления!M93/100)*'Форма по МДС 81-35.2004'!G2053/100,0),0)","v":0},{"$f":"IF(Определители!I93=\"9\",ROUND(B93*(100-Начисления!M93/100)*'Форма по МДС 81-35.2004'!G2053/100,0),0)","v":0},{"$f":"IF(Определители!I93=\"9\",ROUND((C93+E93)*(Начисления!M93/100)*('Форма по МДС 81-35.2004'!G2056/100),0),0)","v":0},{"$f":"IF(Определители!I93=\"9\",ROUND((C93+E93)*(100-Начисления!M93/100)*('Форма по МДС 81-35.2004'!G2056/100),0),0)","v":0},{"$f":"IF(Определители!I93=\"9\",ROUND(B93*Начисления!M93/100,0),0)","v":0},{"$f":"IF(Определители!I93=\"9\",ROUND(B93*(100-Начисления!M93)/100,0),0)","v":0},{"$f":"ROUND('Форма по МДС 81-35.2004'!F2035*'Текущие цены за единицу'!AE93,0)","v":0}]
[{"$f":"'Форма по МДС 81-35.2004'!A2059","v":"89."},{"$f":"'Форма по МДС 81-35.2004'!H2059","v":92},{"$f":"ROUND(SUMIF('Форма по МДС 81-35.2004'!J2059:J2077,\"Г\",'Форма по МДС 81-35.2004'!H2059:H2077),0)","v":0},{"$f":"ROUND(SUMIF('Форма по МДС 81-35.2004'!J2059:J2077,\"IsMash\",'Форма по МДС 81-35.2004'!H2059:H2077),0)","v":0},{"$f":"'Форма по МДС 81-35.2004'!H2061","v":0},{"$f":"ROUND(SUMIF('Форма по МДС 81-35.2004'!J2059:J2077,\"IsMater\",'Форма по МДС 81-35.2004'!H2059:H2077),0)","v":92},{"$f":"ROUND('Форма по МДС 81-35.2004'!F2059*'Текущие цены за единицу'!G94,0)","v":0},{"$f":"ROUND('Форма по МДС 81-35.2004'!F2059*'Текущие цены за единицу'!H94,0)","v":0},{"$f":"ОКРУГЛВСЕ(SUMIF('Форма по МДС 81-35.2004'!J2059:J2077,\"Г\",'Форма по МДС 81-35.2004'!F2059:F2077),8)","v":0},{"$f":"ОКРУГЛВСЕ('Форма по МДС 81-35.2004'!F2059*'Текущие цены за единицу'!J94,8)","v":0},{"$f":"ОКРУГЛВСЕ(SUMIF('Форма по МДС 81-35.2004'!J2059:J2077,\"Ж\",'Форма по МДС 81-35.2004'!F2059:F2077),8)","v":0},{"$f":"ROUND('Форма по МДС 81-35.2004'!F2059*'Текущие цены за единицу'!L94,0)","v":0},{"$f":"ROUND('Форма по МДС 81-35.2004'!F2059*'Текущие цены за единицу'!M94,0)","v":0},{"$f":"ROUND(B94*'Форма по МДС 81-35.2004'!G2072/100,0)","v":11},{"$f":"ROUND((B94+N94)*'Форма по МДС 81-35.2004'!G2075/100,0)","v":8},{"$f":"ROUND('Форма по МДС 81-35.2004'!F2059*'Текущие цены за единицу'!P94,0)","v":0},{"$f":"ROUND('Форма по МДС 81-35.2004'!F2059*'Текущие цены за единицу'!Q94,0)","v":0},{"$f":"ROUND('Форма по МДС 81-35.2004'!F2059*'Текущие цены за единицу'!R94,0)","v":0},{"$f":"ROUND('Форма по МДС 81-35.2004'!F2059*'Текущие цены за единицу'!S94,0)","v":0},{"$f":"ROUND('Форма по МДС 81-35.2004'!F2059*'Текущие цены за единицу'!T94,0)","v":0},{"$f":"ROUND('Форма по МДС 81-35.2004'!F2059*'Текущие цены за единицу'!U94,0)","v":0},{"$f":"ROUND('Форма по МДС 81-35.2004'!F2059*'Текущие цены за единицу'!V94,0)","v":0},null,{"$f":"ROUND('Форма по МДС 81-35.2004'!F2059*'Текущие цены за единицу'!X94,0)","v":0},{"$f":"IF(Определители!I94=\"9\",ROUND(B94*(Начисления!M94/100)*'Форма по МДС 81-35.2004'!G2072/100,0),0)","v":0},{"$f":"IF(Определители!I94=\"9\",ROUND(B94*(100-Начисления!M94/100)*'Форма по МДС 81-35.2004'!G2072/100,0),0)","v":0},{"$f":"IF(Определители!I94=\"9\",ROUND((C94+E94)*(Начисления!M94/100)*('Форма по МДС 81-35.2004'!G2075/100),0),0)","v":0},{"$f":"IF(Определители!I94=\"9\",ROUND((C94+E94)*(100-Начисления!M94/100)*('Форма по МДС 81-35.2004'!G2075/100),0),0)","v":0},{"$f":"IF(Определители!I94=\"9\",ROUND(B94*Начисления!M94/100,0),0)","v":0},{"$f":"IF(Определители!I94=\"9\",ROUND(B94*(100-Начисления!M94)/100,0),0)","v":0},{"$f":"ROUND('Форма по МДС 81-35.2004'!F2059*'Текущие цены за единицу'!AE94,0)","v":0}]
[{"$f":"'Форма по МДС 81-35.2004'!A2078","v":"90."},{"$f":"'Форма по МДС 81-35.2004'!H2078","v":220},{"$f":"ROUND(SUMIF('Форма по МДС 81-35.2004'!J2078:J2095,\"Г\",'Форма по МДС 81-35.2004'!H2078:H2095),0)","v":0},{"$f":"ROUND(SUMIF('Форма по МДС 81-35.2004'!J2078:J2095,\"IsMash\",'Форма по МДС 81-35.2004'!H2078:H2095),0)","v":0},{"$f":"'Форма по МДС 81-35.2004'!H2079","v":0},{"$f":"ROUND(SUMIF('Форма по МДС 81-35.2004'!J2078:J2095,\"IsMater\",'Форма по МДС 81-35.2004'!H2078:H2095),0)","v":220},{"$f":"ROUND('Форма по МДС 81-35.2004'!F2078*'Текущие цены за единицу'!G95,0)","v":0},{"$f":"ROUND('Форма по МДС 81-35.2004'!F2078*'Текущие цены за единицу'!H95,0)","v":0},{"$f":"ОКРУГЛВСЕ(SUMIF('Форма по МДС 81-35.2004'!J2078:J2095,\"Г\",'Форма по МДС 81-35.2004'!F2078:F2095),8)","v":0},{"$f":"ОКРУГЛВСЕ('Форма по МДС 81-35.2004'!F2078*'Текущие цены за единицу'!J95,8)","v":0},{"$f":"ОКРУГЛВСЕ(SUMIF('Форма по МДС 81-35.2004'!J2078:J2095,\"Ж\",'Форма по МДС 81-35.2004'!F2078:F2095),8)","v":0},{"$f":"ROUND('Форма по МДС 81-35.2004'!F2078*'Текущие цены за единицу'!L95,0)","v":0},{"$f":"ROUND('Форма по МДС 81-35.2004'!F2078*'Текущие цены за единицу'!M95,0)","v":0},{"$f":"ROUND(B95*'Форма по МДС 81-35.2004'!G2090/100,0)","v":26},{"$f":"ROUND((B95+N95)*'Форма по МДС 81-35.2004'!G2093/100,0)","v":20},{"$f":"ROUND('Форма по МДС 81-35.2004'!F2078*'Текущие цены за единицу'!P95,0)","v":0},{"$f":"ROUND('Форма по МДС 81-35.2004'!F2078*'Текущие цены за единицу'!Q95,0)","v":0},{"$f":"ROUND('Форма по МДС 81-35.2004'!F2078*'Текущие цены за единицу'!R95,0)","v":0},{"$f":"ROUND('Форма по МДС 81-35.2004'!F2078*'Текущие цены за единицу'!S95,0)","v":0},{"$f":"ROUND('Форма по МДС 81-35.2004'!F2078*'Текущие цены за единицу'!T95,0)","v":0},{"$f":"ROUND('Форма по МДС 81-35.2004'!F2078*'Текущие цены за единицу'!U95,0)","v":0},{"$f":"ROUND('Форма по МДС 81-35.2004'!F2078*'Текущие цены за единицу'!V95,0)","v":0},null,{"$f":"ROUND('Форма по МДС 81-35.2004'!F2078*'Текущие цены за единицу'!X95,0)","v":0},{"$f":"IF(Определители!I95=\"9\",ROUND(B95*(Начисления!M95/100)*'Форма по МДС 81-35.2004'!G2090/100,0),0)","v":0},{"$f":"IF(Определители!I95=\"9\",ROUND(B95*(100-Начисления!M95/100)*'Форма по МДС 81-35.2004'!G2090/100,0),0)","v":0},{"$f":"IF(Определители!I95=\"9\",ROUND((C95+E95)*(Начисления!M95/100)*('Форма по МДС 81-35.2004'!G2093/100),0),0)","v":0},{"$f":"IF(Определители!I95=\"9\",ROUND((C95+E95)*(100-Начисления!M95/100)*('Форма по МДС 81-35.2004'!G2093/100),0),0)","v":0},{"$f":"IF(Определители!I95=\"9\",ROUND(B95*Начисления!M95/100,0),0)","v":0},{"$f":"IF(Определители!I95=\"9\",ROUND(B95*(100-Начисления!M95)/100,0),0)","v":0},{"$f":"ROUND('Форма по МДС 81-35.2004'!F2078*'Текущие цены за единицу'!AE95,0)","v":0}]
[{"$f":"'Форма по МДС 81-35.2004'!A2096","v":"91."},{"$f":"'Форма по МДС 81-35.2004'!H2096","v":852},{"$f":"ROUND(SUMIF('Форма по МДС 81-35.2004'!J2096:J2119,\"Г\",'Форма по МДС 81-35.2004'!H2096:H2119),0)","v":149},{"$f":"ROUND(SUMIF('Форма по МДС 81-35.2004'!J2096:J2119,\"IsMash\",'Форма по МДС 81-35.2004'!H2096:H2119),0)","v":252},{"$f":"'Форма по МДС 81-35.2004'!H2097","v":53},{"$f":"ROUND(SUMIF('Форма по МДС 81-35.2004'!J2096:J2119,\"IsMater\",'Форма по МДС 81-35.2004'!H2096:H2119),0)","v":452},{"$f":"ROUND('Форма по МДС 81-35.2004'!F2096*'Текущие цены за единицу'!G96,0)","v":0},{"$f":"ROUND('Форма по МДС 81-35.2004'!F2096*'Текущие цены за единицу'!H96,0)","v":0},{"$f":"ОКРУГЛВСЕ(SUMIF('Форма по МДС 81-35.2004'!J2096:J2119,\"Г\",'Форма по МДС 81-35.2004'!F2096:F2119),8)","v":1.41},{"$f":"ОКРУГЛВСЕ('Форма по МДС 81-35.2004'!F2096*'Текущие цены за единицу'!J96,8)","v":0},{"$f":"ОКРУГЛВСЕ(SUMIF('Форма по МДС 81-35.2004'!J2096:J2119,\"Ж\",'Форма по МДС 81-35.2004'!F2096:F2119),8)","v":0.35249999999999998},{"$f":"ROUND('Форма по МДС 81-35.2004'!F2096*'Текущие цены за единицу'!L96,0)","v":0},{"$f":"ROUND('Форма по МДС 81-35.2004'!F2096*'Текущие цены за единицу'!M96,0)","v":0},{"$f":"ROUND(B96*'Форма по МДС 81-35.2004'!G2114/100,0)","v":100},{"$f":"ROUND((B96+N96)*'Форма по МДС 81-35.2004'!G2117/100,0)","v":76},{"$f":"ROUND('Форма по МДС 81-35.2004'!F2096*'Текущие цены за единицу'!P96,0)","v":0},{"$f":"ROUND('Форма по МДС 81-35.2004'!F2096*'Текущие цены за единицу'!Q96,0)","v":0},{"$f":"ROUND('Форма по МДС 81-35.2004'!F2096*'Текущие цены за единицу'!R96,0)","v":0},{"$f":"ROUND('Форма по МДС 81-35.2004'!F2096*'Текущие цены за единицу'!S96,0)","v":0},{"$f":"ROUND('Форма по МДС 81-35.2004'!F2096*'Текущие цены за единицу'!T96,0)","v":0},{"$f":"ROUND('Форма по МДС 81-35.2004'!F2096*'Текущие цены за единицу'!U96,0)","v":0},{"$f":"ROUND('Форма по МДС 81-35.2004'!F2096*'Текущие цены за единицу'!V96,0)","v":0},null,{"$f":"ROUND('Форма по МДС 81-35.2004'!F2096*'Текущие цены за единицу'!X96,0)","v":0},{"$f":"IF(Определители!I96=\"9\",ROUND(B96*(Начисления!M96/100)*'Форма по МДС 81-35.2004'!G2114/100,0),0)","v":0},{"$f":"IF(Определители!I96=\"9\",ROUND(B96*(100-Начисления!M96/100)*'Форма по МДС 81-35.2004'!G2114/100,0),0)","v":0},{"$f":"IF(Определители!I96=\"9\",ROUND((C96+E96)*(Начисления!M96/100)*('Форма по МДС 81-35.2004'!G2117/100),0),0)","v":0},{"$f":"IF(Определители!I96=\"9\",ROUND((C96+E96)*(100-Начисления!M96/100)*('Форма по МДС 81-35.2004'!G2117/100),0),0)","v":0},{"$f":"IF(Определители!I96=\"9\",ROUND(B96*Начисления!M96/100,0),0)","v":0},{"$f":"IF(Определители!I96=\"9\",ROUND(B96*(100-Начисления!M96)/100,0),0)","v":0},{"$f":"ROUND('Форма по МДС 81-35.2004'!F2096*'Текущие цены за единицу'!AE96,0)","v":0}]
[{"$f":"'Форма по МДС 81-35.2004'!A2121","v":"92."},{"$f":"'Форма по МДС 81-35.2004'!H2121","v":7},{"$f":"ROUND(SUMIF('Форма по МДС 81-35.2004'!J2121:J2139,\"Г\",'Форма по МДС 81-35.2004'!H2121:H2139),0)","v":0},{"$f":"ROUND(SUMIF('Форма по МДС 81-35.2004'!J2121:J2139,\"IsMash\",'Форма по МДС 81-35.2004'!H2121:H2139),0)","v":7},{"$f":"'Форма по МДС 81-35.2004'!H2122","v":3},{"$f":"ROUND(SUMIF('Форма по МДС 81-35.2004'!J2121:J2139,\"IsMater\",'Форма по МДС 81-35.2004'!H2121:H2139),0)","v":0},{"$f":"ROUND('Форма по МДС 81-35.2004'!F2121*'Текущие цены за единицу'!G97,0)","v":0},{"$f":"ROUND('Форма по МДС 81-35.2004'!F2121*'Текущие цены за единицу'!H97,0)","v":0},{"$f":"ОКРУГЛВСЕ(SUMIF('Форма по МДС 81-35.2004'!J2121:J2139,\"Г\",'Форма по МДС 81-35.2004'!F2121:F2139),8)","v":0},{"$f":"ОКРУГЛВСЕ('Форма по МДС 81-35.2004'!F2121*'Текущие цены за единицу'!J97,8)","v":0},{"$f":"ОКРУГЛВСЕ(SUMIF('Форма по МДС 81-35.2004'!J2121:J2139,\"Ж\",'Форма по МДС 81-35.2004'!F2121:F2139),8)","v":1.89E-2},{"$f":"ROUND('Форма по МДС 81-35.2004'!F2121*'Текущие цены за единицу'!L97,0)","v":0},{"$f":"ROUND('Форма по МДС 81-35.2004'!F2121*'Текущие цены за единицу'!M97,0)","v":0},{"$f":"ROUND(B97*'Форма по МДС 81-35.2004'!G2134/100,0)","v":1},{"$f":"ROUND((B97+N97)*'Форма по МДС 81-35.2004'!G2137/100,0)","v":1},{"$f":"ROUND('Форма по МДС 81-35.2004'!F2121*'Текущие цены за единицу'!P97,0)","v":0},{"$f":"ROUND('Форма по МДС 81-35.2004'!F2121*'Текущие цены за единицу'!Q97,0)","v":0},{"$f":"ROUND('Форма по МДС 81-35.2004'!F2121*'Текущие цены за единицу'!R97,0)","v":0},{"$f":"ROUND('Форма по МДС 81-35.2004'!F2121*'Текущие цены за единицу'!S97,0)","v":0},{"$f":"ROUND('Форма по МДС 81-35.2004'!F2121*'Текущие цены за единицу'!T97,0)","v":0},{"$f":"ROUND('Форма по МДС 81-35.2004'!F2121*'Текущие цены за единицу'!U97,0)","v":0},{"$f":"ROUND('Форма по МДС 81-35.2004'!F2121*'Текущие цены за единицу'!V97,0)","v":0},null,{"$f":"ROUND('Форма по МДС 81-35.2004'!F2121*'Текущие цены за единицу'!X97,0)","v":0},{"$f":"IF(Определители!I97=\"9\",ROUND(B97*(Начисления!M97/100)*'Форма по МДС 81-35.2004'!G2134/100,0),0)","v":0},{"$f":"IF(Определители!I97=\"9\",ROUND(B97*(100-Начисления!M97/100)*'Форма по МДС 81-35.2004'!G2134/100,0),0)","v":0},{"$f":"IF(Определители!I97=\"9\",ROUND((C97+E97)*(Начисления!M97/100)*('Форма по МДС 81-35.2004'!G2137/100),0),0)","v":0},{"$f":"IF(Определители!I97=\"9\",ROUND((C97+E97)*(100-Начисления!M97/100)*('Форма по МДС 81-35.2004'!G2137/100),0),0)","v":0},{"$f":"IF(Определители!I97=\"9\",ROUND(B97*Начисления!M97/100,0),0)","v":0},{"$f":"IF(Определители!I97=\"9\",ROUND(B97*(100-Начисления!M97)/100,0),0)","v":0},{"$f":"ROUND('Форма по МДС 81-35.2004'!F2121*'Текущие цены за единицу'!AE97,0)","v":0}]
[{"$f":"'Форма по МДС 81-35.2004'!A2140","v":"93."},{"$f":"'Форма по МДС 81-35.2004'!H2140","v":0},{"$f":"ROUND(SUMIF('Форма по МДС 81-35.2004'!J2140:J2161,\"Г\",'Форма по МДС 81-35.2004'!H2140:H2161),0)","v":0},{"$f":"ROUND(SUMIF('Форма по МДС 81-35.2004'!J2140:J2161,\"IsMash\",'Форма по МДС 81-35.2004'!H2140:H2161),0)","v":0},{"$f":"'Форма по МДС 81-35.2004'!H2141","v":0},{"$f":"ROUND(SUMIF('Форма по МДС 81-35.2004'!J2140:J2161,\"IsMater\",'Форма по МДС 81-35.2004'!H2140:H2161),0)","v":0},{"$f":"ROUND('Форма по МДС 81-35.2004'!F2140*'Текущие цены за единицу'!G98,0)","v":0},{"$f":"ROUND('Форма по МДС 81-35.2004'!F2140*'Текущие цены за единицу'!H98,0)","v":0},{"$f":"ОКРУГЛВСЕ(SUMIF('Форма по МДС 81-35.2004'!J2140:J2161,\"Г\",'Форма по МДС 81-35.2004'!F2140:F2161),8)","v":6.1600000000000001E-4},{"$f":"ОКРУГЛВСЕ('Форма по МДС 81-35.2004'!F2140*'Текущие цены за единицу'!J98,8)","v":0},{"$f":"ОКРУГЛВСЕ(SUMIF('Форма по МДС 81-35.2004'!J2140:J2161,\"Ж\",'Форма по МДС 81-35.2004'!F2140:F2161),8)","v":1.54E-4},{"$f":"ROUND('Форма по МДС 81-35.2004'!F2140*'Текущие цены за единицу'!L98,0)","v":0},{"$f":"ROUND('Форма по МДС 81-35.2004'!F2140*'Текущие цены за единицу'!M98,0)","v":0},{"$f":"ROUND(B98*'Форма по МДС 81-35.2004'!G2156/100,0)","v":0},{"$f":"ROUND((B98+N98)*'Форма по МДС 81-35.2004'!G2159/100,0)","v":0},{"$f":"ROUND('Форма по МДС 81-35.2004'!F2140*'Текущие цены за единицу'!P98,0)","v":0},{"$f":"ROUND('Форма по МДС 81-35.2004'!F2140*'Текущие цены за единицу'!Q98,0)","v":0},{"$f":"ROUND('Форма по МДС 81-35.2004'!F2140*'Текущие цены за единицу'!R98,0)","v":0},{"$f":"ROUND('Форма по МДС 81-35.2004'!F2140*'Текущие цены за единицу'!S98,0)","v":0},{"$f":"ROUND('Форма по МДС 81-35.2004'!F2140*'Текущие цены за единицу'!T98,0)","v":0},{"$f":"ROUND('Форма по МДС 81-35.2004'!F2140*'Текущие цены за единицу'!U98,0)","v":0},{"$f":"ROUND('Форма по МДС 81-35.2004'!F2140*'Текущие цены за единицу'!V98,0)","v":0},null,{"$f":"ROUND('Форма по МДС 81-35.2004'!F2140*'Текущие цены за единицу'!X98,0)","v":0},{"$f":"IF(Определители!I98=\"9\",ROUND(B98*(Начисления!M98/100)*'Форма по МДС 81-35.2004'!G2156/100,0),0)","v":0},{"$f":"IF(Определители!I98=\"9\",ROUND(B98*(100-Начисления!M98/100)*'Форма по МДС 81-35.2004'!G2156/100,0),0)","v":0},{"$f":"IF(Определители!I98=\"9\",ROUND((C98+E98)*(Начисления!M98/100)*('Форма по МДС 81-35.2004'!G2159/100),0),0)","v":0},{"$f":"IF(Определители!I98=\"9\",ROUND((C98+E98)*(100-Начисления!M98/100)*('Форма по МДС 81-35.2004'!G2159/100),0),0)","v":0},{"$f":"IF(Определители!I98=\"9\",ROUND(B98*Начисления!M98/100,0),0)","v":0},{"$f":"IF(Определители!I98=\"9\",ROUND(B98*(100-Начисления!M98)/100,0),0)","v":0},{"$f":"ROUND('Форма по МДС 81-35.2004'!F2140*'Текущие цены за единицу'!AE98,0)","v":0}]

{"sheet":"Начисления","index":6,"n_rows":98,"n_cols":50,"rows_kept":98,"cut":false,"hidden":false,"merged":[[1,0,1,7],[2,1,2,7],[3,1,3,7],[4,0,4,7]]}
[null,"Н1","Н2","Н3","Н4","Н5","Н6","Н7","Н8","Н9","Н10","Н11","Н12","Н13","Н14","Н15","Н16","Н17","Н18","Н19","Н20","Н21","Н22","Н23","Н24","Н25","Н26","Н27","Н28","Н29","Н30","Н31","Н32","Н33","Н34","Н35","Н36","Н37","Н38","Н39","Н40","Н41","Н42","Н43","Н44","Н45","Н46","Н47","Н48","Н49"]
[]
[null,"N = < ГЭСНс * 2015_s * 13_15_лр >"]
[null,"          Автомобильные дороги регионального или межмуниципального значения с допустимым уровнем содержания  - норматив \"К\" 4 категория (ЛЕТНИЕ РАБОТЫ)"]
[]
[{"$f":"'Форма по МДС 81-35.2004'!A16","v":"1."},1,1,1,1,1,1,1,1,1,0,0,100,0,0,1,1,0,0,1,0,0,0,0,0,0,0,0,0,0,0,0,1.7,1.6,1.29,9.1999999999999998E-2,0.18,1,1,0.2,1.5,1,1,1,1,1,100,1,1,1]
[{"$f":"'Форма по МДС 81-35.2004'!A36","v":"2."},1,1,1,1,1,1,1,1,1,0,0,100,0,0,1,1,0,0,1,0,0,0,0,0,0,0,0,0,0,0,0,1.7,1.6,1.29,9.1999999999999998E-2,0.18,1,1,0.2,1.5,1,1,1,1,1,100,1,1,1]
[{"$f":"'Форма по МДС 81-35.2004'!A55","v":"3."},1,1,1,1,1,1,1,1,1,0,0,100,0,0,1,1,0,0,1,0,0,0,0,0,0,0,0,0,0,0,0,1.7,1.6,1.29,9.1999999999999998E-2,0.18,1,1,0.2,1.5,1,1,1,1,1,100,1,1,1]
[{"$f":"'Форма по МДС 81-35.2004'!A77","v":"4."},1,1,1,1,1,1,1,1,1,0,0,100,0,0,1,1,0,0,1,0,0,0,0,0,0,0,0,0,0,0,0,1.7,1.6,1.29,9.1999999999999998E-2,0.18,1,1,0.2,1.5,1,1,1,1,1,100,1,1,1]
[{"$f":"'Форма по МДС 81-35.2004'!A96","v":"5."},1,1,1,1,1,1,1,1,1,0,0,100,0,0,1,1,0,0,1,0,0,0,0,0,0,0,0,0,0,0,0,1.7,1.6,1.29,9.1999999999999998E-2,0.18,1,1,0.2,1.5,1,1,1,1,1,100,1,1,1]
[{"$f":"'Форма по МДС 81-35.2004'!A115","v":"6."},1,1,1,1,1,1,1,1,1,0,0,100,0,0,1,1,0,0,1,0,0,0,0,0,0,0,0,0,0,0,0,1.7,1.6,1.29,9.1999999999999998E-2,0.18,1,1,0.2,1.5,1,1,1,1,1,100,1,1,1]
[{"$f":"'Форма по МДС 81-35.2004'!A135","v":"7."},1,1,1,1,1,1,1,1,1,0,0,100,0,0,1,1,0,0,1,0,0,0,0,0,0,0,0,0,0,0,0,1.7,1.6,1.29,9.1999999999999998E-2,0.18,1,1,0.2,1.5,1,1,1,1,1,100,1,1,1]
[{"$f":"'Форма по МДС 81-35.2004'!A153","v":"8."},1,1,1,1,1,1,1,1,1,0,0,100,0,0,1,1,0,0,1,0,0,0,0,0,0,0,0,0,0,0,0,1.7,1.6,1.29,9.1999999999999998E-2,0.18,1,1,0.2,1.5,1,1,1,1,1,100,1,1,1]
[{"$f":"'Форма по МДС 81-35.2004'!A174","v":"9."},1,1,1,1,1,1,1,1,1,0,0,100,0,0,1,1,0,0,1,0,0,0,0,0,0,0,0,0,0,0,0,1.7,1.6,1.29,9.1999999999999998E-2,0.18,1,1,0.2,1.5,1,1,1,1,1,100,1,1,1]
[{"$f":"'Форма по МДС 81-35.2004'!A194","v":"10."},1,1,1,1,1,1,1,1,1,0,0,100,0,0,1,1,0,0,1,0,0,0,0,0,0,0,0,0,0,0,0,1.7,1.6,1.29,9.1999999999999998E-2,0.18,1,1,0.2,1.5,1,1,1,1,1,100,1,1,1]
[{"$f":"'Форма по МДС 81-35.2004'!A216","v":"11."},1,1,1,1,1,1,1,1,1,0,0,100,0,0,1,1,0,0,1,0,0,0,0,0,0,0,0,0,0,0,0,1.7,1.6,1.29,9.1999999999999998E-2,0.18,1,1,0.2,1.5,1,1,1,1,1,100,1,1,1]
[{"$f":"'Форма по МДС 81-35.2004'!A235","v":"12."},1,1,1,1,1,1,1,1,1,0,0,100,0,0,1,1,0,0,1,0,0,0,0,0,0,0,0,0,0,0,0,1.7,1.6,1.29,9.1999999999999998E-2,0.18,1,1,0.2,1.5,1,1,1,1,1,100,1,1,1]
[{"$f":"'Форма по МДС 81-35.2004'!A255","v":"13."},1,1,1,1,1,1,1,1,1,0,0,100,0,0,1,1,0,0,1,0,0,0,0,0,0,0,0,0,0,0,0,1.7,1.6,1.29,9.1999999999999998E-2,0.18,1,1,0.2,1.5,1,1,1,1,1,100,1,1,1]
[{"$f":"'Форма по МДС 81-35.2004'!A274","v":"14."},1,1,1,1,1,1,1,1,1,0,0,100,0,0,1,1,0,0,1,0,0,0,0,0,0,0,0,0,0,0,0,1.7,1.6,1.29,9.1999999999999998E-2,0.18,1,1,0.2,1.5,1,1,1,1,1,100,1,1,1]
[{"$f":"'Форма по МДС 81-35.2004'!A295","v":"15."},1,1,1,1,1,1,1,1,1,0,0,100,0,0,1,1,0,0,1,0,0,0,0,0,0,0,0,0,0,0,0,1.7,1.6,1.29,9.1999999999999998E-2,0.18,1,1,0.2,1.5,1,1,1,1,1,100,1,1,1]
[{"$f":"'Форма по МДС 81-35.2004'!A313","v":"16."},1,1,1,1,1,1,1,1,1,0,0,100,0,0,1,1,0,0,1,0,0,0,0,0,0,0,0,0,0,0,0,1.7,1.6,1.29,9.1999999999999998E-2,0.18,1,1,0.2,1.5,1,1,1,1,1,100,1,1,1]
[{"$f":"'Форма по МДС 81-35.2004'!A332","v":"17."},1,1,1,1,1,1,1,1,1,0,0,100,0,0,1,1,0,0,1,0,0,0,0,0,0,0,0,0,0,0,0,1.7,1.6,1.29,9.1999999999999998E-2,0.18,1,1,0.2,1.5,1,1,1,1,1,100,1,1,1]
[{"$f":"'Форма по МДС 81-35.2004'!A352","v":"18."},1,1,1,1,1,1,1,1,1,0,0,100,0,0,1,1,0,0,1,0,0,0,0,0,0,0,0,0,0,0,0,1.7,1.6,1.29,9.1999999999999998E-2,0.18,1,1,0.2,1.5,1,1,1,1,1,100,1,1,1]
[{"$f":"'Форма по МДС 81-35.2004'!A372","v":"19."},1,1,1,1,1,1,1,1,1,0,0,100,0,0,1,1,0,0,1,0,0,0,0,0,0,0,0,0,0,0,0,1.7,1.6,1.29,9.1999999999999998E-2,0.18,1,1,0.2,1.5,1,1,1,1,1,100,1,1,1]
[{"$f":"'Форма по МДС 81-35.2004'!A398","v":"20."},1,1,1,1,1,1,1,1,1,0,0,100,0,0,1,1,0,0,1,0,0,0,0,0,0,0,0,0,0,0,0,1.7,1.6,1.29,9.1999999999999998E-2,0.18,1,1,0.2,1.5,1,1,1,1,1,100,1,1,1]
[{"$f":"'Форма по МДС 81-35.2004'!A417","v":"21."},1,1,1,1,1,1,1,1,1,0,0,100,0,0,1,1,0,0,1,0,0,0,0,0,0,0,0,0,0,0,0,1.7,1.6,1.29,9.1999999999999998E-2,0.18,1,1,0.2,1.5,1,1,1,1,1,100,1,1,1]
[{"$f":"'Форма по МДС 81-35.2004'!A437","v":"22."},1,1,1,1,1,1,1,1,1,0,0,100,0,0,1,1,0,0,1,0,0,0,0,0,0,0,0,0,0,0,0,1.7,1.6,1.29,9.1999999999999998E-2,0.18,1,1,0.2,1.5,1,1,1,1,1,100,1,1,1]
[{"$f":"'Форма по МДС 81-35.2004'!A457","v":"23."},1,1,1,1,1,1,1,1,1,0,0,100,0,0,1,1,0,0,1,0,0,0,0,0,0,0,0,0,0,0,0,1.7,1.6,1.29,9.1999999999999998E-2,0.18,1,1,0.2,1.5,1,1,1,1,1,100,1,1,1]
[{"$f":"'Форма по МДС 81-35.2004'!A476","v":"24."},1,1,1,1,1,1,1,1,1,0,0,100,0,0,1,1,0,0,1,0,0,0,0,0,0,0,0,0,0,0,0,1.7,1.6,1.29,9.1999999999999998E-2,0.18,1,1,0.2,1.5,1,1,1,1,1,100,1,1,1]
[{"$f":"'Форма по МДС 81-35.2004'!A496","v":"25."},1,1,1,1,1,1,1,1,1,0,0,100,0,0,1,1,0,0,1,0,0,0,0,0,0,0,0,0,0,0,0,1.7,1.6,1.29,9.1999999999999998E-2,0.18,1,1,0.2,1.5,1,1,1,1,1,100,1,1,1]
[{"$f":"'Форма по МДС 81-35.2004'!A515","v":"26."},1,1,1,1,1,1,1,1,1,0,0,100,0,0,1,1,0,0,1,0,0,0,0,0,0,0,0,0,0,0,0,1.7,1.6,1.29,9.1999999999999998E-2,0.18,1,1,0.2,1.5,1,1,1,1,1,100,1,1,1]
[{"$f":"'Форма по МДС 81-35.2004'!A535","v":"27."},1,1,1,1,1,1,1,1,1,0,0,100,0,0,1,1,0,0,1,0,0,0,0,0,0,0,0,0,0,0,0,1.7,1.6,1.29,9.1999999999999998E-2,0.18,1,1,0.2,1.5,1,1,1,1,1,100,1,1,1]
[{"$f":"'Форма по МДС 81-35.2004'!A559","v":"28."},1,1,1,1,1,1,1,1,1,0,0,100,0,0,1,1,0,0,1,0,0,0,0,0,0,0,0,0,0,0,0,1.7,1.6,1.29,9.1999999999999998E-2,0.18,1,1,0.2,1.5,1,1,1,1,1,100,1,1,1]
[{"$f":"'Форма по МДС 81-35.2004'!A578","v":"29."},1,1,1,1,1,1,1,1,1,0,0,100,0,0,1,1,0,0,1,0,0,0,0,0,0,0,0,0,0,0,0,1.7,1.6,1.29,9.1999999999999998E-2,0.18,1,1,0.2,1.5,1,1,1,1,1,100,1,1,1]
[{"$f":"'Форма по МДС 81-35.2004'!A606","v":"30."},1,1,1,1,1,1,1,1,1,0,0,100,0,0,1,1,0,0,1,0,0,0,0,0,0,0,0,0,0,0,0,1.7,1.6,1.29,9.1999999999999998E-2,0.18,1,1,0.2,1.5,1,1,1,1,1,100,1,1,1]
[{"$f":"'Форма по МДС 81-35.2004'!A634","v":"31."},1,1,1,1,1,1,1,1,1,0,0,100,0,0,1,1,0,0,1,0,0,0,0,0,0,0,0,0,0,0,0,1.7,1.6,1.29,9.1999999999999998E-2,0.18,1,1,0.2,1.5,1,1,1,1,1,100,1,1,1]
[{"$f":"'Форма по МДС 81-35.2004'!A662","v":"32."},1,1,1,1,1,1,1,1,1,0,0,100,0,0,1,1,0,0,1,0,0,0,0,0,0,0,0,0,0,0,0,1.7,1.6,1.29,9.1999999999999998E-2,0.18,1,1,0.2,1.5,1,1,1,1,1,100,1,1,1]
[{"$f":"'Форма по МДС 81-35.2004'!A684","v":"33."},1,1,1,1,1,1,1,1,1,0,0,100,0,0,1,1,0,0,1,0,0,0,0,0,0,0,0,0,0,0,0,1.7,1.6,1.29,9.1999999999999998E-2,0.18,1,1,0.2,1.5,1,1,1,1,1,100,1,1,1]
[{"$f":"'Форма по МДС 81-35.2004'!A706","v":"34."},1,1,1.2,1.2,1.2,1,1,1,1,0,0,100,0,0,1,1,0,0,1,0,0,0,0,0,0,0,0,0,0,0,0,1.7,1.6,1.29,9.1999999999999998E-2,0.18,1,1,0.2,1.5,1,1,1,1,1,100,1,1,1]
[{"$f":"'Форма по МДС 81-35.2004'!A731","v":"35."},1,1,1.2,1.2,1.2,1,1,1,1,0,0,100,0,0,1,1,0,0,1,0,0,0,0,0,0,0,0,0,0,0,0,1.7,1.6,1.29,9.1999999999999998E-2,0.18,1,1,0.2,1.5,1,1,1,1,1,100,1,1,1]
[{"$f":"'Форма по МДС 81-35.2004'!A771","v":"36."},1,1,1.2,1.2,1.2,1,1,1,1,0,0,100,0,0,1,1,0,0,1,0,0,0,0,0,0,0,0,0,0,0,0,1.7,1.6,1.29,9.1999999999999998E-2,0.18,1,1,0.2,1.5,1,1,1,1,1,100,1,1,1]
[{"$f":"'Форма по МДС 81-35.2004'!A798","v":"37."},1,1,1.2,1.2,1.2,1,1,1,1,0,0,100,0,0,1,1,0,0,1,0,0,0,0,0,0,0,0,0,0,0,0,1.7,1.6,1.29,9.1999999999999998E-2,0.18,1,1,0.2,1.5,1,1,1,1,1,100,1,1,1]
[{"$f":"'Форма по МДС 81-35.2004'!A823","v":"38."},1,1,1.2,1.2,1.2,1,1,1,1,0,0,100,0,0,1,1,0,0,1,0,0,0,0,0,0,0,0,0,0,0,0,1.7,1.6,1.29,9.1999999999999998E-2,0.18,1,1,0.2,1.5,1,1,1,1,1,100,1,1,1]
[{"$f":"'Форма по МДС 81-35.2004'!A863","v":"39."},1,1,1.2,1.2,1.2,1,1,1,1,0,0,100,0,0,1,1,0,0,1,0,0,0,0,0,0,0,0,0,0,0,0,1.7,1.6,1.29,9.1999999999999998E-2,0.18,1,1,0.2,1.5,1,1,1,1,1,100,1,1,1]
[{"$f":"'Форма по МДС 81-35.2004'!A890","v":"40."},1,1,1.2,1.2,1.2,1,1,1,1,0,0,100,0,0,1,1,0,0,1,0,0,0,0,0,0,0,0,0,0,0,0,1.7,1.6,1.29,9.1999999999999998E-2,0.18,1,1,0.2,1.5,1,1,1,1,1,100,1,1,1]
[{"$f":"'Форма по МДС 81-35.2004'!A915","v":"41."},1,1,1.2,1.2,1.2,1,1,1,1,0,0,100,0,0,1,1,0,0,1,0,0,0,0,0,0,0,0,0,0,0,0,1.7,1.6,1.29,9.1999999999999998E-2,0.18,1,1,0.2,1.5,1,1,1,1,1,100,1,1,1]
[{"$f":"'Форма по МДС 81-35.2004'!A955","v":"42."},1,1,1.2,1.2,1.2,1,1,1,1,0,0,100,0,0,1,1,0,0,1,0,0,0,0,0,0,0,0,0,0,0,0,1.7,1.6,1.29,9.1999999999999998E-2,0.18,1,1,0.2,1.5,1,1,1,1,1,100,1,1,1]
[{"$f":"'Форма по МДС 81-35.2004'!A982","v":"43."},1,1,1,1,1,1,1,1,1,0,0,100,0,0,1,1,0,0,1,0,0,0,0,0,0,0,0,0,0,0,0,1.7,1.6,1.29,9.1999999999999998E-2,0.18,1,1,0.2,1.5,1,1,1,1,1,100,1,1,1]
[{"$f":"'Форма по МДС 81-35.2004'!A1013","v":"44."},1,1,1,1,1,1,1,1,1,0,0,100,0,0,1,1,0,0,1,0,0,0,0,0,0,0,0,0,0,0,0,1.7,1.6,1.29,9.1999999999999998E-2,0.18,1,1,0.2,1.5,1,1,1,1,1,100,1,1,1]
[{"$f":"'Форма по МДС 81-35.2004'!A1044","v":"45."},1,1,1,1,1,1,1,1,1,0,0,100,0,0,1,1,0,0,1,0,0,0,0,0,0,0,0,0,0,0,0,1.7,1.6,1.29,9.1999999999999998E-2,0.18,1,1,0.2,1.5,1,1,1,1,1,100,1,1,1]
[{"$f":"'Форма по МДС 81-35.2004'!A1075","v":"46."},1,1,1.2,1.2,1.2,1,1,1,1,0,0,100,0,0,1,1,0,0,1,0,0,0,0,0,0,0,0,0,0,0,0,1.7,1.6,1.29,9.1999999999999998E-2,0.18,1,1,0.2,1.5,1,1,1,1,1,100,1,1,1]
[{"$f":"'Форма по МДС 81-35.2004'!A1107","v":"47."},1,1,1,1,1,1,1,1,1,0,0,100,0,0,1,1,0,0,1,0,0,0,0,0,0,0,0,0,0,0,0,1.7,1.6,1.29,9.1999999999999998E-2,0.18,1,1,0.2,1.5,1,1,1,1,1,100,1,1,1]
[{"$f":"'Форма по МДС 81-35.2004'!A1132","v":"48."},1,1,1,1,1,1,1,1,1,0,0,100,0,0,1,1,0,0,1,0,0,0,0,0,0,0,0,0,0,0,0,1.7,1.6,1.29,9.1999999999999998E-2,0.18,1,1,0.2,1.5,1,1,1,1,1,100,1,1,1]
[{"$f":"'Форма по МДС 81-35.2004'!A1151","v":"49."},1,1,1,1,1,1,1,1,1,0,0,100,0,0,1,1,0,0,1,0,0,0,0,0,0,0,0,0,0,0,0,1.7,1.6,1.29,9.1999999999999998E-2,0.18,1,1,0.2,1.5,1,1,1,1,1,100,1,1,1]
[{"$f":"'Форма по МДС 81-35.2004'!A1178","v":"50."},1,1,1,1,1,1,1,1,1,0,0,100,0,0,1,1,0,0,1,0,0,0,0,0,0,0,0,0,0,0,0,1.7,1.6,1.29,9.1999999999999998E-2,0.18,1,1,0.2,1.5,1,1,1,1,1,100,1,1,1]
[{"$f":"'Форма по МДС 81-35.2004'!A1198","v":"51."},1,1,1,1,1,1,1,1,1,0,0,100,0,0,1,1,0,0,1,0,0,0,0,0,0,0,0,0,0,0,0,1.7,1.6,1.29,9.1999999999999998E-2,0.18,1,1,0.2,1.5,1,1,1,1,1,100,1,1,1]
[{"$f":"'Форма по МДС 81-35.2004'!A1223","v":"52."},1,1,1,1,1,1,1,1,1,0,0,100,0,0,1,1,0,0,1,0,0,0,0,0,0,0,0,0,0,0,0,1.7,1.6,1.29,9.1999999999999998E-2,0.18,1,1,0.2,1.5,1,1,1,1,1,100,1,1,1]
[{"$f":"'Форма по МДС 81-35.2004'!A1247","v":"53."},1,1,1,1,1,1,1,1,1,0,0,100,0,0,1,1,0,0,1,0,0,0,0,0,0,0,0,0,0,0,0,1.7,1.6,1.29,9.1999999999999998E-2,0.18,1,1,0.2,1.5,1,1,1,1,1,100,1,1,1]
[{"$f":"'Форма по МДС 81-35.2004'!A1267","v":"54."},1,1,1,1,1,1,1,1,1,0,0,100,0,0,1,1,0,0,1,0,0,0,0,0,0,0,0,0,0,0,0,1.7,1.6,1.29,9.1999999999999998E-2,0.18,1,1,0.2,1.5,1,1,1,1,1,100,1,1,1]
[{"$f":"'Форма по МДС 81-35.2004'!A1293","v":"55."},1,1,1,1,1,1,1,1,1,0,0,100,0,0,1,1,0,0,1,0,0,0,0,0,0,0,0,0,0,0,0,1.7,1.6,1.29,9.1999999999999998E-2,0.18,1,1,0.2,1.5,1,1,1,1,1,100,1,1,1]
[{"$f":"'Форма по МДС 81-35.2004'!A1315","v":"56."},1,1,1,1,1,1,1,1,1,0,0,100,0,0,1,1,0,0,1,0,0,0,0,0,0,0,0,0,0,0,0,1.7,1.6,1.29,9.1999999999999998E-2,0.18,1,1,0.2,1.5,1,1,1,1,1,100,1,1,1]
[{"$f":"'Форма по МДС 81-35.2004'!A1341","v":"57."},1,1,1,1,1,1,1,1,1,0,0,100,0,0,1,1,0,0,1,0,0,0,0,0,0,0,0,0,0,0,0,1.7,1.6,1.29,9.1999999999999998E-2,0.18,1,1,0.2,1.5,1,1,1,1,1,100,1,1,1]
[{"$f":"'Форма по МДС 81-35.2004'!A1363","v":"58."},1,1,1,1,1,1,1,1,1,0,0,100,0,0,1,1,0,0,1,0,0,0,0,0,0,0,0,0,0,0,0,1.7,1.6,1.29,9.1999999999999998E-2,0.18,1,1,0.2,1.5,1,1,1,1,1,100,1,1,1]
[{"$f":"'Форма по МДС 81-35.2004'!A1386","v":"59."},1,1,1,1,1,1,1,1,1,0,0,100,0,0,1,1,0,0,1,0,0,0,0,0,0,0,0,0,0,0,0,1.7,1.6,1.29,9.1999999999999998E-2,0.18,1,1,0.2,1.5,1,1,1,1,1,100,1,1,1]
[{"$f":"'Форма по МДС 81-35.2004'!A1415","v":"60."},1,1,1,1,1,1,1,1,1,0,0,100,0,0,1,1,0,0,1,0,0,0,0,0,0,0,0,0,0,0,0,1.7,1.6,1.29,9.1999999999999998E-2,0.18,1,1,0.2,1.5,1,1,1,1,1,100,1,1,1]
[{"$f":"'Форма по МДС 81-35.2004'!A1443","v":"61."},1,1,1,1,1,1,1,1,1,0,0,100,0,0,1,1,0,0,1,0,0,0,0,0,0,0,0,0,0,0,0,1.7,1.6,1.29,9.1999999999999998E-2,0.18,1,1,0.2,1.5,1,1,1,1,1,100,1,1,1]
[{"$f":"'Форма по МДС 81-35.2004'!A1461","v":"62."},1,1,1,1,1,1,1,1,1,0,0,100,0,0,1,1,0,0,1,0,0,0,0,0,0,0,0,0,0,0,0,1.7,1.6,1.29,9.1999999999999998E-2,0.18,1,1,0.2,1.5,1,1,1,1,1,100,1,1,1]
[{"$f":"'Форма по МДС 81-35.2004'!A1482","v":"63."},1,1,1,1,1,1,1,1,1,0,0,100,0,0,1,1,0,0,1,0,0,0,0,0,0,0,0,0,0,0,0,1.7,1.6,1.29,9.1999999999999998E-2,0.18,1,1,0.2,1.5,1,1,1,1,1,100,1,1,1]
[{"$f":"'Форма по МДС 81-35.2004'!A1503","v":"64."},1,1,1,1,1,1,1,1,1,0,0,100,0,0,1,1,0,0,1,0,0,0,0,0,0,0,0,0,0,0,0,1.7,1.6,1.29,9.1999999999999998E-2,0.18,1,1,0.2,1.5,1,1,1,1,1,100,1,1,1]
[{"$f":"'Форма по МДС 81-35.2004'!A1526","v":"65."},1,1,1,1,1,1,1,1,1,0,0,100,0,0,1,1,0,0,1,0,0,0,0,0,0,0,0,0,0,0,0,1.7,1.6,1.29,9.1999999999999998E-2,0.18,1,1,0.2,1.5,1,1,1,1,1,100,1,1,1]
[{"$f":"'Форма по МДС 81-35.2004'!A1546","v":"66."},1,1,1,1,1,1,1,1,1,0,0,100,0,0,1,1,0,0,1,0,0,0,0,0,0,0,0,0,0,0,0,1.7,1.6,1.29,9.1999999999999998E-2,0.18,1,1,0.2,1.5,1,1,1,1,1,100,1,1,1]
[{"$f":"'Форма по МДС 81-35.2004'!A1568","v":"67."},1,1,1,1,1,1,1,1,1,0,0,100,0,0,1,1,0,0,1,0,0,0,0,0,0,0,0,0,0,0,0,1.7,1.6,1.29,9.1999999999999998E-2,0.18,1,1,0.2,1.5,1,1,1,1,1,100,1,1,1]
[{"$f":"'Форма по МДС 81-35.2004'!A1590","v":"68."},1,1,1,1,1,1,1,1,1,0,0,100,0,0,1,1,0,0,1,0,0,0,0,0,0,0,0,0,0,0,0,1.7,1.6,1.29,9.1999999999999998E-2,0.18,1,1,0.2,1.5,1,1,1,1,1,100,1,1,1]
[{"$f":"'Форма по МДС 81-35.2004'!A1613","v":"69."},1,1,1,1,1,1,1,1,1,0,0,100,0,0,1,1,0,0,1,0,0,0,0,0,0,0,0,0,0,0,0,1.7,1.6,1.29,9.1999999999999998E-2,0.18,1,1,0.2,1.5,1,1,1,1,1,100,1,1,1]
[{"$f":"'Форма по МДС 81-35.2004'!A1634","v":"70."},1,1,1,1,1,1,1,1,1,0,0,100,0,0,1,1,0,0,1,0,0,0,0,0,0,0,0,0,0,0,0,1.7,1.6,1.29,9.1999999999999998E-2,0.18,1,1,0.2,1.5,1,1,1,1,1,100,1,1,1]
[{"$f":"'Форма по МДС 81-35.2004'!A1657","v":"71."},1,1,1,1,1,1,1,1,1,0,0,100,0,0,1,1,0,0,1,0,0,0,0,0,0,0,0,0,0,0,0,1.7,1.6,1.29,9.1999999999999998E-2,0.18,1,1,0.2,1.5,1,1,1,1,1,100,1,1,1]
[{"$f":"'Форма по МДС 81-35.2004'!A1684","v":"72."},1,1,1,1,1,1,1,1,1,0,0,100,0,0,1,1,0,0,1,0,0,0,0,0,0,0,0,0,0,0,0,1.7,1.6,1.29,9.1999999999999998E-2,0.18,1,1,0.2,1.5,1,1,1,1,1,100,1,1,1]
[{"$f":"'Форма по МДС 81-35.2004'!A1710","v":"73."},1,1,1,1,1,1,1,1,1,0,0,100,0,0,1,1,0,0,1,0,0,0,0,0,0,0,0,0,0,0,0,1.7,1.6,1.29,9.1999999999999998E-2,0.18,1,1,0.2,1.5,1,1,1,1,1,100,1,1,1]
[{"$f":"'Форма по МДС 81-35.2004'!A1729","v":"74."},1,1,1,1,1,1,1,1,1,0,0,100,0,0,1,1,0,0,1,0,0,0,0,0,0,0,0,0,0,0,0,1.7,1.6,1.29,9.1999999999999998E-2,0.18,1,1,0.2,1.5,1,1,1,1,1,100,1,1,1]
[{"$f":"'Форма по МДС 81-35.2004'!A1751","v":"75."},1,1,1,1,1,1,1,1,1,0,0,100,0,0,1,1,0,0,1,0,0,0,0,0,0,0,0,0,0,0,0,1.7,1.6,1.29,9.1999999999999998E-2,0.18,1,1,0.2,1.5,1,1,1,1,1,100,1,1,1]
[{"$f":"'Форма по МДС 81-35.2004'!A1771","v":"76."},1,1,1,1,1,1,1,1,1,0,0,100,0,0,1,1,0,0,1,0,0,0,0,0,0,0,0,0,0,0,0,1.7,1.6,1.29,9.1999999999999998E-2,0.18,1,1,0.2,1.5,1,1,1,1,1,100,1,1,1]
[{"$f":"'Форма по МДС 81-35.2004'!A1789","v":"77."},1,1,1,1,1,1,1,1,1,0,0,100,0,0,1,1,0,0,1,0,0,0,0,0,0,0,0,0,0,0,0,1.7,1.6,1.29,9.1999999999999998E-2,0.18,1,1,0.2,1.5,1,1,1,1,1,100,1,1,1]
[{"$f":"'Форма по МДС 81-35.2004'!A1808","v":"78."},1,1,1,1,1,1,1,1,1,0,0,100,0,0,1,1,0,0,1,0,0,0,0,0,0,0,0,0,0,0,0,1.7,1.6,1.29,9.1999999999999998E-2,0.18,1,1,0.2,1.5,1,1,1,1,1,100,1,1,1]
[{"$f":"'Форма по МДС 81-35.2004'!A1828","v":"79."},1,1,1,1,1,1,1,1,1,0,0,100,0,0,1,1,0,0,1,0,0,0,0,0,0,0,0,0,0,0,0,1.7,1.6,1.29,9.1999999999999998E-2,0.18,1,1,0.2,1.5,1,1,1,1,1,100,1,1,1]
[{"$f":"'Форма по МДС 81-35.2004'!A1848","v":"80."},1,1,1,1,1,1,1,1,1,0,0,100,0,0,1,1,0,0,1,0,0,0,0,0,0,0,0,0,0,0,0,1.7,1.6,1.29,9.1999999999999998E-2,0.18,1,1,0.2,1.5,1,1,1,1,1,100,1,1,1]
[{"$f":"'Форма по МДС 81-35.2004'!A1866","v":"81."},1,1,1,1,1,1,1,1,1,0,0,100,0,0,1,1,0,0,1,0,0,0,0,0,0,0,0,0,0,0,0,1.7,1.6,1.29,9.1999999999999998E-2,0.18,1,1,0.2,1.5,1,1,1,1,1,100,1,1,1]
[{"$f":"'Форма по МДС 81-35.2004'!A1894","v":"82."},1,1,1,1,1,1,1,1,1,0,0,100,0,0,1,1,0,0,1,0,0,0,0,0,0,0,0,0,0,0,0,1.7,1.6,1.29,9.1999999999999998E-2,0.18,1,1,0.2,1.5,1,1,1,1,1,100,1,1,1]
[{"$f":"'Форма по МДС 81-35.2004'!A1922","v":"83."},1,1,1,1,1,1,1,1,1,0,0,100,0,0,1,1,0,0,1,0,0,0,0,0,0,0,0,0,0,0,0,1.7,1.6,1.29,9.1999999999999998E-2,0.18,1,1,0.2,1.5,1,1,1,1,1,100,1,1,1]
[{"$f":"'Форма по МДС 81-35.2004'!A1944","v":"84."},1,1,1,1,1,1,1,1,1,0,0,100,0,0,1,1,0,0,1,0,0,0,0,0,0,0,0,0,0,0,0,1.7,1.6,1.29,9.1999999999999998E-2,0.18,1,1,0.2,1.5,1,1,1,1,1,100,1,1,1]
[{"$f":"'Форма по МДС 81-35.2004'!A1965","v":"85."},1,1,1,1,1,1,1,1,1,0,0,100,0,0,1,1,0,0,1,0,0,0,0,0,0,0,0,0,0,0,0,1.7,1.6,1.29,9.1999999999999998E-2,0.18,1,1,0.2,1.5,1,1,1,1,1,100,1,1,1]
[{"$f":"'Форма по МДС 81-35.2004'!A1990","v":"86."},1,1,1,1,1,1,1,1,1,0,0,100,0,0,1,1,0,0,1,0,0,0,0,0,0,0,0,0,0,0,0,1.7,1.6,1.29,9.1999999999999998E-2,0.18,1,1,0.2,1.5,1,1,1,1,1,100,1,1,1]
[{"$f":"'Форма по МДС 81-35.2004'!A2013","v":"87."},1,1,1,1,1,1,1,1,1,0,0,100,0,0,1,1,0,0,1,0,0,0,0,0,0,0,0,0,0,0,0,1.7,1.6,1.29,9.1999999999999998E-2,0.18,1,1,0.2,1.5,1,1,1,1,1,100,1,1,1]
[{"$f":"'Форма по МДС 81-35.2004'!A2035","v":"88."},1,1,1,1,1,1,1,1,1,0,0,100,0,0,1,1,0,0,1,0,0,0,0,0,0,0,0,0,0,0,0,1.7,1.6,1.29,9.1999999999999998E-2,0.18,1,1,0.2,1.5,1,1,1,1,1,100,1,1,1]
[{"$f":"'Форма по МДС 81-35.2004'!A2059","v":"89."},1,1,1,1,1,1,1,1,1,0,0,100,0,0,1,1,0,0,1,0,0,0,0,0,0,0,0,0,0,0,0,1.7,1.6,1.29,9.1999999999999998E-2,0.18,1,1,0.2,1.5,1,1,1,1,1,100,1,1,1]
[{"$f":"'Форма по МДС 81-35.2004'!A2078","v":"90."},1,1,1,1,1,1,1,1,1,0,0,100,0,0,1,1,0,0,1,0,0,0,0,0,0,0,0,0,0,0,0,1.7,1.6,1.29,9.1999999999999998E-2,0.18,1,1,0.2,1.5,1,1,1,1,1,100,1,1,1]
[{"$f":"'Форма по МДС 81-35.2004'!A2096","v":"91."},1,1,1,1,1,1,1,1,1,0,0,100,0,0,1,1,0,0,1,0,0,0,0,0,0,0,0,0,0,0,0,1.7,1.6,1.29,9.1999999999999998E-2,0.18,1,1,0.2,1.5,1,1,1,1,1,100,1,1,1]
[{"$f":"'Форма по МДС 81-35.2004'!A2121","v":"92."},1,1,1,1,1,1,1,1,1,0,0,100,0,0,1,1,0,0,1,0,0,0,0,0,0,0,0,0,0,0,0,1.7,1.6,1.29,9.1999999999999998E-2,0.18,1,1,0.2,1.5,1,1,1,1,1,100,1,1,1]
[{"$f":"'Форма по МДС 81-35.2004'!A2140","v":"93."},1,1,1,1,1,1,1,1,1,0,0,100,0,0,1,1,0,0,1,0,0,0,0,0,0,0,0,0,0,0,0,1.7,1.6,1.29,9.1999999999999998E-2,0.18,1,1,0.2,1.5,1,1,1,1,1,100,1,1,1]

{"sheet":"Определители","index":7,"n_rows":98,"n_cols":10,"rows_kept":98,"cut":false,"hidden":false,"merged":[[1,0,1,7],[2,1,2,7],[3,1,3,7],[4,0,4,7]]}
[null,"О0","О1","О2","О3","О4","О5","О6","О7","О8"]
[]
[null,"N = < ГЭСНс * 2015_s * 13_15_лр >"]
[null,"          Автомобильные дороги регионального или межмуниципального значения с допустимым уровнем содержания  - норматив \"К\" 4 категория (ЛЕТНИЕ РАБОТЫ)"]
[]
[{"$f":"'Форма по МДС 81-35.2004'!A16","v":"1."},"1","1"," "," ","0"," "," ","2"," "]
[{"$f":"'Форма по МДС 81-35.2004'!A36","v":"2."},"1","1"," "," ","0"," "," ","2"," "]
[{"$f":"'Форма по МДС 81-35.2004'!A55","v":"3."},"1","1"," "," ","0"," "," ","2"," "]
[{"$f":"'Форма по МДС 81-35.2004'!A77","v":"4."},"1","1"," "," ","0"," "," ","2"," "]
[{"$f":"'Форма по МДС 81-35.2004'!A96","v":"5."},"1","1"," "," ","0"," "," ","2"," "]
[{"$f":"'Форма по МДС 81-35.2004'!A115","v":"6."},"1","1"," "," ","0"," "," ","2"," "]
[{"$f":"'Форма по МДС 81-35.2004'!A135","v":"7."},"1","1"," "," ","0"," "," ","2"," "]
[{"$f":"'Форма по МДС 81-35.2004'!A153","v":"8."},"1","1"," "," ","0"," "," ","2"," "]
[{"$f":"'Форма по МДС 81-35.2004'!A174","v":"9."},"1","1"," "," ","0"," "," ","2"," "]
[{"$f":"'Форма по МДС 81-35.2004'!A194","v":"10."},"1","1"," "," ","0"," "," ","2"," "]
[{"$f":"'Форма по МДС 81-35.2004'!A216","v":"11."},"1","1"," "," ","0"," "," ","2"," "]
[{"$f":"'Форма по МДС 81-35.2004'!A235","v":"12."},"1","1"," "," ","0"," "," ","2"," "]
[{"$f":"'Форма по МДС 81-35.2004'!A255","v":"13."},"1","1"," "," ","0"," "," ","2"," "]
[{"$f":"'Форма по МДС 81-35.2004'!A274","v":"14."},"1","1"," "," ","0"," "," ","2"," "]
[{"$f":"'Форма по МДС 81-35.2004'!A295","v":"15."},"1","1"," "," ","0"," "," ","2"," "]
[{"$f":"'Форма по МДС 81-35.2004'!A313","v":"16."},"1","1"," "," ","0"," "," ","2"," "]
[{"$f":"'Форма по МДС 81-35.2004'!A332","v":"17."},"1","1"," "," ","0"," "," ","2"," "]
[{"$f":"'Форма по МДС 81-35.2004'!A352","v":"18."},"1","1"," "," ","0"," "," ","2"," "]
[{"$f":"'Форма по МДС 81-35.2004'!A372","v":"19."},"1","1"," "," ","0"," "," ","2"," "]
[{"$f":"'Форма по МДС 81-35.2004'!A398","v":"20."},"1","1"," "," ","0"," "," ","2"," "]
[{"$f":"'Форма по МДС 81-35.2004'!A417","v":"21."},"1","1"," "," ","0"," "," ","2"," "]
[{"$f":"'Форма по МДС 81-35.2004'!A437","v":"22."},"1","1"," "," ","0"," "," ","2"," "]
[{"$f":"'Форма по МДС 81-35.2004'!A457","v":"23."},"1","1"," "," ","0"," "," ","2"," "]
[{"$f":"'Форма по МДС 81-35.2004'!A476","v":"24."},"1","1"," "," ","0"," "," ","2"," "]
[{"$f":"'Форма по МДС 81-35.2004'!A496","v":"25."},"1","1"," "," ","0"," "," ","2"," "]
[{"$f":"'Форма по МДС 81-35.2004'!A515","v":"26."},"1","1"," "," ","0"," "," ","2"," "]
[{"$f":"'Форма по МДС 81-35.2004'!A535","v":"27."},"1","1"," "," ","0"," "," ","2"," "]
[{"$f":"'Форма по МДС 81-35.2004'!A559","v":"28."},"1","1"," "," ","0"," "," ","2"," "]
[{"$f":"'Форма по МДС 81-35.2004'!A578","v":"29."},"1","1"," "," ","0"," "," ","2"," "]
[{"$f":"'Форма по МДС 81-35.2004'!A606","v":"30."},"1","1"," "," ","0"," "," ","2"," "]
[{"$f":"'Форма по МДС 81-35.2004'!A634","v":"31."},"1","1"," "," ","0"," "," ","2"," "]
[{"$f":"'Форма по МДС 81-35.2004'!A662","v":"32."},"1","1"," "," ","0"," "," ","2"," "]
[{"$f":"'Форма по МДС 81-35.2004'!A684","v":"33."},"1","1"," "," ","0"," "," ","2"," "]
[{"$f":"'Форма по МДС 81-35.2004'!A706","v":"34."},"1","1"," "," ","0"," "," ","2"," "]
[{"$f":"'Форма по МДС 81-35.2004'!A731","v":"35."},"1","1"," "," ","0"," "," ","2"," "]
[{"$f":"'Форма по МДС 81-35.2004'!A771","v":"36."},"1","1"," "," ","0"," "," ","2"," "]
[{"$f":"'Форма по МДС 81-35.2004'!A798","v":"37."},"1","1"," "," ","0"," "," ","2"," "]
[{"$f":"'Форма по МДС 81-35.2004'!A823","v":"38."},"1","1"," "," ","0"," "," ","2"," "]
[{"$f":"'Форма по МДС 81-35.2004'!A863","v":"39."},"1","1"," "," ","0"," "," ","2"," "]
[{"$f":"'Форма по МДС 81-35.2004'!A890","v":"40."},"1","1"," "," ","0"," "," ","2"," "]
[{"$f":"'Форма по МДС 81-35.2004'!A915","v":"41."},"1","1"," "," ","0"," "," ","2"," "]
[{"$f":"'Форма по МДС 81-35.2004'!A955","v":"42."},"1","1"," "," ","0"," "," ","2"," "]
[{"$f":"'Форма по МДС 81-35.2004'!A982","v":"43."},"1","1"," "," ","0"," "," ","2"," "]
[{"$f":"'Форма по МДС 81-35.2004'!A1013","v":"44."},"1","1"," "," ","0"," "," ","2"," "]
[{"$f":"'Форма по МДС 81-35.2004'!A1044","v":"45."},"1","1"," "," ","0"," "," ","2"," "]
[{"$f":"'Форма по МДС 81-35.2004'!A1075","v":"46."},"1","1"," "," ","0"," "," ","2"," "]
[{"$f":"'Форма по МДС 81-35.2004'!A1107","v":"47."},"1","1"," "," ","0"," "," ","2"," "]
[{"$f":"'Форма по МДС 81-35.2004'!A1132","v":"48."},"1","1"," "," ","0"," "," ","2"," "]
[{"$f":"'Форма по МДС 81-35.2004'!A1151","v":"49."},"1","1"," "," ","0"," "," ","2"," "]
[{"$f":"'Форма по МДС 81-35.2004'!A1178","v":"50."},"1","1"," "," ","0"," "," ","2"," "]
[{"$f":"'Форма по МДС 81-35.2004'!A1198","v":"51."},"1","1"," "," ","0"," "," ","2"," "]
[{"$f":"'Форма по МДС 81-35.2004'!A1223","v":"52."},"1","1"," "," ","0"," "," ","2"," "]
[{"$f":"'Форма по МДС 81-35.2004'!A1247","v":"53."},"1","1"," "," ","0"," "," ","2"," "]
[{"$f":"'Форма по МДС 81-35.2004'!A1267","v":"54."},"1","1"," "," ","0"," "," ","2"," "]
[{"$f":"'Форма по МДС 81-35.2004'!A1293","v":"55."},"1","1"," "," ","0"," "," ","2"," "]
[{"$f":"'Форма по МДС 81-35.2004'!A1315","v":"56."},"1","1"," "," ","0"," "," ","2"," "]
[{"$f":"'Форма по МДС 81-35.2004'!A1341","v":"57."},"1","1"," "," ","0"," "," ","2"," "]
[{"$f":"'Форма по МДС 81-35.2004'!A1363","v":"58."},"1","1"," "," ","0"," "," ","2"," "]
[{"$f":"'Форма по МДС 81-35.2004'!A1386","v":"59."},"1","1"," "," ","0"," "," ","2"," "]
[{"$f":"'Форма по МДС 81-35.2004'!A1415","v":"60."},"1","1"," "," ","0"," "," ","2"," "]
[{"$f":"'Форма по МДС 81-35.2004'!A1443","v":"61."},"1","1"," "," ","0"," "," ","2"," "]
[{"$f":"'Форма по МДС 81-35.2004'!A1461","v":"62."},"1","1"," "," ","0"," "," ","2"," "]
[{"$f":"'Форма по МДС 81-35.2004'!A1482","v":"63."},"1","1"," "," ","0"," "," ","2"," "]
[{"$f":"'Форма по МДС 81-35.2004'!A1503","v":"64."},"1","1"," "," ","0"," "," ","2"," "]
[{"$f":"'Форма по МДС 81-35.2004'!A1526","v":"65."},"1","1"," "," ","0"," "," ","2"," "]
[{"$f":"'Форма по МДС 81-35.2004'!A1546","v":"66."},"1","1"," "," ","0"," "," ","2"," "]
[{"$f":"'Форма по МДС 81-35.2004'!A1568","v":"67."},"1","1"," "," ","0"," "," ","2"," "]
[{"$f":"'Форма по МДС 81-35.2004'!A1590","v":"68."},"1","1"," "," ","0"," "," ","2"," "]
[{"$f":"'Форма по МДС 81-35.2004'!A1613","v":"69."},"1","1"," "," ","0"," "," ","2"," "]
[{"$f":"'Форма по МДС 81-35.2004'!A1634","v":"70."},"1","1"," "," ","0"," "," ","2"," "]
[{"$f":"'Форма по МДС 81-35.2004'!A1657","v":"71."},"1","1"," "," ","0"," "," ","2"," "]
[{"$f":"'Форма по МДС 81-35.2004'!A1684","v":"72."},"1","1"," "," ","0"," "," ","2"," "]
[{"$f":"'Форма по МДС 81-35.2004'!A1710","v":"73."},"1","1"," "," ","0"," "," ","2"," "]
[{"$f":"'Форма по МДС 81-35.2004'!A1729","v":"74."},"1","1"," "," ","0"," "," ","2"," "]
[{"$f":"'Форма по МДС 81-35.2004'!A1751","v":"75."},"1","1"," "," ","0"," "," ","2"," "]
[{"$f":"'Форма по МДС 81-35.2004'!A1771","v":"76."},"1","1"," "," ","0"," "," ","2"," "]
[{"$f":"'Форма по МДС 81-35.2004'!A1789","v":"77."},"1","1"," "," ","0"," "," ","2"," "]
[{"$f":"'Форма по МДС 81-35.2004'!A1808","v":"78."},"1","1"," "," ","0"," "," ","2"," "]
[{"$f":"'Форма по МДС 81-35.2004'!A1828","v":"79."},"1","1"," "," ","0"," "," ","2"," "]
[{"$f":"'Форма по МДС 81-35.2004'!A1848","v":"80."},"1","1"," "," ","0"," "," ","2"," "]
[{"$f":"'Форма по МДС 81-35.2004'!A1866","v":"81."},"1","1"," "," ","0"," "," ","2"," "]
[{"$f":"'Форма по МДС 81-35.2004'!A1894","v":"82."},"1","1"," "," ","0"," "," ","2"," "]
[{"$f":"'Форма по МДС 81-35.2004'!A1922","v":"83."},"1","1"," "," ","0"," "," ","2"," "]
[{"$f":"'Форма по МДС 81-35.2004'!A1944","v":"84."},"1","1"," "," ","0"," "," ","2"," "]
[{"$f":"'Форма по МДС 81-35.2004'!A1965","v":"85."},"1","1"," "," ","0"," "," ","2"," "]
[{"$f":"'Форма по МДС 81-35.2004'!A1990","v":"86."},"1","1"," "," ","0"," "," ","2"," "]
[{"$f":"'Форма по МДС 81-35.2004'!A2013","v":"87."},"1","1"," "," ","0"," "," ","2"," "]
[{"$f":"'Форма по МДС 81-35.2004'!A2035","v":"88."},"1","1"," "," ","0"," "," ","2"," "]
[{"$f":"'Форма по МДС 81-35.2004'!A2059","v":"89."},"1","1"," "," ","0"," "," ","2"," "]
[{"$f":"'Форма по МДС 81-35.2004'!A2078","v":"90."},"1","1"," "," ","0"," "," ","2"," "]
[{"$f":"'Форма по МДС 81-35.2004'!A2096","v":"91."},"1","1"," "," ","0"," "," ","2"," "]
[{"$f":"'Форма по МДС 81-35.2004'!A2121","v":"92."},"1","1"," "," ","0"," "," ","2"," "]
[{"$f":"'Форма по МДС 81-35.2004'!A2140","v":"93."},"1","1"," "," ","0"," "," ","2"," "]

{"sheet":"Базовые концовки","index":8,"n_rows":109,"n_cols":14,"rows_kept":109,"cut":false,"hidden":false,"merged":[[1,0,1,7],[2,1,2,7],[3,1,3,7],[4,0,4,7]]}
[]
[]
[null,"N = < ГЭСНс * 2015_s * 13_15_лр >"]
[null,"          Автомобильные дороги регионального или межмуниципального значения с допустимым уровнем содержания  - норматив \"К\" 4 категория (ЛЕТНИЕ РАБОТЫ)"]
[]
[null,"Наименование","Вид","Значение","ЕИ","Z1","Z2","Z3","Z4","Z5","Z6","Z7","Z8"]
[1,".    ИТОГО  ПО  СМЕТЕ","А",0,null,{"$f":"ROUND(SUM('Базовые цены с учетом расхода'!B6:B98),0)","v":5451},{"$f":"ROUND(SUM('Базовые цены с учетом расхода'!C6:C98),0)","v":1191},{"$f":"ROUND(SUM('Базовые цены с учетом расхода'!D6:D98),0)","v":3636},{"$f":"ROUND(SUM('Базовые цены с учетом расхода'!E6:E98),0)","v":298},{"$f":"ROUND(SUM('Базовые цены с учетом расхода'!I6:I98),8)","v":153.45146500000001},{"$f":"ROUND(SUM('Базовые цены с учетом расхода'!K6:K98),8)","v":23.728274800000001},{"$f":"ROUND(SUM('Базовые цены с учетом расхода'!F6:F98),0)","v":619},null,"1"]
[2,"СТОИМОСТЬ ОБОРУДОВАНИЯ -","Б",0,null,{"$f":"ROUND(SUMIF(Определители!I6:I98,\"= \",'Базовые цены с учетом расхода'!B6:B98),0)","v":0},{"$f":"ROUND(SUMIF(Определители!I6:I98,\"= \",'Базовые цены с учетом расхода'!C6:C98),0)","v":0},{"$f":"ROUND(SUMIF(Определители!I6:I98,\"= \",'Базовые цены с учетом расхода'!D6:D98),0)","v":0},{"$f":"ROUND(SUMIF(Определители!I6:I98,\"= \",'Базовые цены с учетом расхода'!E6:E98),0)","v":0},{"$f":"ROUND(SUMIF(Определители!I6:I98,\"= \",'Базовые цены с учетом расхода'!I6:I98),8)","v":0},{"$f":"ROUND(SUMIF(Определители!I6:I98,\"= \",'Базовые цены с учетом расхода'!K6:K98),8)","v":0},{"$f":"ROUND(SUMIF(Определители!I6:I98,\"= \",'Базовые цены с учетом расхода'!F6:F98),0)","v":0},null,"2"]
[3,".   ЗАПАСНЫЕ ЧАСТИ -","Б",0,null,{"$f":"ROUND(СУММПРОИЗВЕСЛИ(0.01,Определители!I6:I98,\" \",'Базовые цены с учетом расхода'!B6:B98,Начисления!X6:X98,0),0)","v":0},null,null,null,null,null,null,null,"3"]
[4,".   ТАРА И УПАКОВКА -","Б",0,null,{"$f":"ROUND(СУММПРОИЗВЕСЛИ(0.01,Определители!I6:I98,\" \",'Базовые цены с учетом расхода'!B6:B98,Начисления!Y6:Y98,0),0)","v":0},null,null,null,null,null,null,null,"4"]
[5,".   ТРАНСПОРТНЫЕ РАСХОДЫ -","Б",0,null,{"$f":"ROUND(ТРАНСПРАСХОД(Определители!B6:B98,Определители!H6:H98,Определители!I6:I98,'Базовые цены с учетом расхода'!B6:B98,Начисления!Z6:Z98,Начисления!AA6:AA98),0)","v":0},null,null,null,null,null,null,null,"5"]
[6,".   КОМПЛЕКТАЦИЯ -","Б",0,null,{"$f":"ROUND(СУММПРОИЗВЕСЛИ(0.01,Определители!I6:I98,\" \",'Базовые цены с учетом расхода'!B6:B98,Начисления!AC6:AC98,0),0)","v":0},null,null,null,null,null,null,null,"6"]
[7,".   НАЦЕНКА СНАБА -","Б",0,null,{"$f":"ROUND(СУММПРОИЗВЕСЛИ(0.01,Определители!I6:I98,\" \",'Базовые цены с учетом расхода'!B6:B98,Начисления!AF6:AF98,0),0)","v":0},null,null,null,null,null,null,null,"7"]
[8,".   ЗАГОТОВИТЕЛЬНО-СКЛАДСКИЕ РАСХОДЫ -","Б",0,null,{"$f":"ROUND(ЗАГОТСКЛАДРАСХОД(Определители!B6:B98,Определители!H6:H98,Определители!I6:I98,'Базовые цены с учетом расхода'!B6:B98,Начисления!X6:X98,Начисления!Y6:Y98,Начисления!Z6:Z98,Начисления!AA6:AA98,Начисления!AB6:AB98,Начисления!AC6:AC98,Начисления!AF6:AF98),0)","v":0},null,null,null,null,null,null,null,"8"]
[9,". ШЕФМОНТАЖ ПО ОБОРУДОВАНИЮ -","Б",0,null,{"$f":"ROUND(СУММПРОИЗВЕСЛИ(1,Определители!I6:I98,\" \",'Базовые цены с учетом расхода'!M6:M98,Начисления!I6:I98,0),0)","v":0},null,null,null,null,null,null,null,"9"]
[10,". ШЕФМОНТАЖ -","!",0,null,{"$f":"ROUND((F15+F26+F46),0)","v":0},null,null,null,null,null,null,null,"10"]
[11,"ВСЕГО, СТОИМОСТЬ ОБОРУДОВАНИЯ -","!",0,null,{"$f":"ROUND((F8+F9+F10+F11+F12+F13+F14+F16),0)","v":0},null,null,null,null,null,null,null,"11"]
[12,"СТОИМОСТЬ МОНТАЖНЫХ РАБОТ -","Б",0,null,{"$f":"ROUND(SUMIF(Определители!I6:I98,\"=1\",'Базовые цены с учетом расхода'!B6:B98),0)","v":0},{"$f":"ROUND(SUMIF(Определители!I6:I98,\"=1\",'Базовые цены с учетом расхода'!C6:C98),0)","v":0},{"$f":"ROUND(SUMIF(Определители!I6:I98,\"=1\",'Базовые цены с учетом расхода'!D6:D98),0)","v":0},{"$f":"ROUND(SUMIF(Определители!I6:I98,\"=1\",'Базовые цены с учетом расхода'!E6:E98),0)","v":0},{"$f":"ROUND(SUMIF(Определители!I6:I98,\"=1\",'Базовые цены с учетом расхода'!I6:I98),8)","v":0},{"$f":"ROUND(SUMIF(Определители!I6:I98,\"=1\",'Базовые цены с учетом расхода'!K6:K98),8)","v":0},{"$f":"ROUND(SUMIF(Определители!I6:I98,\"=1\",'Базовые цены с учетом расхода'!F6:F98),0)","v":0},null,"12"]
[13,".     В ТОМ ЧИСЛЕ:","Б",0,null,null,null,null,null,null,null,null,null,"13"]
[14,". ОТКЛОНЕНИЕ ПО ЗАРАБОТНОЙ ПЛАТЕ -","Б",0,null,null,{"$f":"ROUND(SUMIF(Определители!I6:I98,\"=1\",'Базовые цены с учетом расхода'!U6:U98),0)","v":0},null,null,null,null,null,null,"14"]
[15,". КОСВЕННЫЕ РАСХОДЫ -","Б",0,null,{"$f":"ROUND(SUMIF(Определители!I6:I98,\"=1\",'Базовые цены с учетом расхода'!V6:V98),0)","v":0},null,null,null,null,null,null,null,"15"]
[16,". МАТЕРИАЛЬНЫЕ РЕСУРСЫ НЕ УЧТЕННЫЕ В РАСЦЕНКАХ -","Б",0,null,{"$f":"ROUND(СУММЕСЛИ2(Определители!I6:I98,\"1\",Определители!G6:G98,\"1\",'Базовые цены с учетом расхода'!B6:B98),0)","v":0},null,null,null,null,null,null,null,"16"]
[17,".   СТОИМОСТЬ ВОЗВРАЩАЕМЫХ МАТЕРИАЛОВ -","Б",0,null,{"$f":"ROUND(SUMIF(Определители!I6:I98,\"=1\",'Базовые цены с учетом расхода'!H6:H98),0)","v":0},null,null,null,null,null,null,null,"17"]
[18,".   НАКЛАДНЫЕ РАСХОДЫ -","Б",0,null,{"$f":"ROUND(SUMIF(Определители!I6:I98,\"=1\",'Базовые цены с учетом расхода'!N6:N98),0)","v":0},null,null,null,null,null,null,null,"18"]
[19,".   СМЕТНАЯ ПРИБЫЛЬ -","Б",0,null,{"$f":"ROUND(SUMIF(Определители!I6:I98,\"=1\",'Базовые цены с учетом расхода'!O6:O98),0)","v":0},null,null,null,null,null,null,null,"19"]
[20,". ШЕФМОНТАЖ -","Б",0,null,{"$f":"ROUND(СУММПРОИЗВЕСЛИ(1,Определители!I6:I98,\" \",'Базовые цены с учетом расхода'!M6:M98,Начисления!I6:I98,0),0)","v":0},null,null,null,null,null,null,null,"20"]
[21,"ВСЕГО, СТОИМОСТЬ МОНТАЖНЫХ РАБОТ -","!",0,null,{"$f":"ROUND((F18+F24+F25),0)","v":0},null,null,null,null,null,null,null,"21"]
[22,"СТОИМОСТЬ ОБЩЕСТРОИТЕЛЬНЫХ РАБОТ -","Б",0,null,{"$f":"ROUND(SUMIF(Определители!I6:I98,\"=2\",'Базовые цены с учетом расхода'!B6:B98),0)","v":5451},{"$f":"ROUND(SUMIF(Определители!I6:I98,\"=2\",'Базовые цены с учетом расхода'!C6:C98),0)","v":1191},{"$f":"ROUND(SUMIF(Определители!I6:I98,\"=2\",'Базовые цены с учетом расхода'!D6:D98),0)","v":3636},{"$f":"ROUND(SUMIF(Определители!I6:I98,\"=2\",'Базовые цены с учетом расхода'!E6:E98),0)","v":298},{"$f":"ROUND(SUMIF(Определители!I6:I98,\"=2\",'Базовые цены с учетом расхода'!I6:I98),8)","v":153.45146500000001},{"$f":"ROUND(SUMIF(Определители!I6:I98,\"=2\",'Базовые цены с учетом расхода'!K6:K98),8)","v":23.728274800000001},{"$f":"ROUND(SUMIF(Определители!I6:I98,\"=2\",'Базовые цены с учетом расхода'!F6:F98),0)","v":619},null,"22"]
[23,".     В ТОМ ЧИСЛЕ:","Б",0,null,null,null,null,null,null,null,null,null,"23"]
[24,".       МАТЕРИАЛОВ -","Б",0,null,{"$f":"ROUND(СУММЕСЛИ2(Определители!I6:I98,\"2\",Определители!G6:G98,\"1\",'Базовые цены с учетом расхода'!B6:B98),0)","v":0},null,null,null,null,null,null,null,"24"]
[25,".   СТОИМОСТЬ ВОЗВРАЩАЕМЫХ МАТЕРИАЛОВ -","Б",0,null,{"$f":"ROUND(SUMIF(Определители!I6:I98,\"=2\",'Базовые цены с учетом расхода'!H6:H98),0)","v":0},null,null,null,null,null,null,null,"25"]
[26,".   НАКЛАДНЫЕ РАСХОДЫ -","Б",0,null,{"$f":"ROUND(SUMIF(Определители!I6:I98,\"=2\",'Базовые цены с учетом расхода'!N6:N98),0)","v":640},null,null,null,null,null,null,null,"26"]
[27,".   СМЕТНАЯ ПРИБЫЛЬ -","Б",0,null,{"$f":"ROUND(SUMIF(Определители!I6:I98,\"=2\",'Базовые цены с учетом расхода'!O6:O98),0)","v":484},null,null,null,null,null,null,null,"27"]
[28,"ВСЕГО, СТОИМОСТЬ ОБЩЕСТРОИТЕЛЬНЫХ РАБОТ -","!",0,null,{"$f":"ROUND((F28+F32+F33),0)","v":6575},null,null,null,null,null,null,null,"28"]
[29,"СТОИМОСТЬ МЕТАЛЛОМОНТАЖНЫХ РАБОТ -","Б",0,null,{"$f":"ROUND(SUMIF(Определители!I6:I98,\"=3\",'Базовые цены с учетом расхода'!B6:B98),0)","v":0},{"$f":"ROUND(SUMIF(Определители!I6:I98,\"=3\",'Базовые цены с учетом расхода'!C6:C98),0)","v":0},{"$f":"ROUND(SUMIF(Определители!I6:I98,\"=3\",'Базовые цены с учетом расхода'!D6:D98),0)","v":0},{"$f":"ROUND(SUMIF(Определители!I6:I98,\"=3\",'Базовые цены с учетом расхода'!E6:E98),0)","v":0},{"$f":"ROUND(SUMIF(Определители!I6:I98,\"=3\",'Базовые цены с учетом расхода'!I6:I98),8)","v":0},{"$f":"ROUND(SUMIF(Определители!I6:I98,\"=3\",'Базовые цены с учетом расхода'!K6:K98),8)","v":0},{"$f":"ROUND(SUMIF(Определители!I6:I98,\"=3\",'Базовые цены с учетом расхода'!F6:F98),0)","v":0},null,"29"]
[30,".   СТОИМОСТЬ ВОЗВРАЩАЕМЫХ МАТЕРИАЛОВ -","Б",0,null,{"$f":"ROUND(SUMIF(Определители!I6:I98,\"=3\",'Базовые цены с учетом расхода'!H6:H98),0)","v":0},null,null,null,null,null,null,null,"30"]
[31,".   НАКЛАДНЫЕ РАСХОДЫ -","Б",0,null,{"$f":"ROUND(SUMIF(Определители!I6:I98,\"=3\",'Базовые цены с учетом расхода'!N6:N98),0)","v":0},null,null,null,null,null,null,null,"31"]
[32,".   СМЕТНАЯ ПРИБЫЛЬ -","Б",0,null,{"$f":"ROUND(SUMIF(Определители!I6:I98,\"=3\",'Базовые цены с учетом расхода'!O6:O98),0)","v":0},null,null,null,null,null,null,null,"32"]
[33,"ВСЕГО, СТОИМОСТЬ МЕТАЛЛОМОНТАЖНЫХ РАБОТ -","!",0,null,{"$f":"ROUND((F35+F37+F38),0)","v":0},null,null,null,null,null,null,null,"33"]
[34,"СТОИМОСТЬ САНТЕХНИЧЕСКИХ РАБОТ -","Б",0,null,{"$f":"ROUND(SUMIF(Определители!I6:I98,\"=4\",'Базовые цены с учетом расхода'!B6:B98),0)","v":0},{"$f":"ROUND(SUMIF(Определители!I6:I98,\"=4\",'Базовые цены с учетом расхода'!C6:C98),0)","v":0},{"$f":"ROUND(SUMIF(Определители!I6:I98,\"=4\",'Базовые цены с учетом расхода'!D6:D98),0)","v":0},{"$f":"ROUND(SUMIF(Определители!I6:I98,\"=4\",'Базовые цены с учетом расхода'!E6:E98),0)","v":0},{"$f":"ROUND(SUMIF(Определители!I6:I98,\"=4\",'Базовые цены с учетом расхода'!I6:I98),8)","v":0},{"$f":"ROUND(SUMIF(Определители!I6:I98,\"=4\",'Базовые цены с учетом расхода'!K6:K98),8)","v":0},{"$f":"ROUND(SUMIF(Определители!I6:I98,\"=4\",'Базовые цены с учетом расхода'!F6:F98),0)","v":0},null,"34"]
[35,".     В ТОМ ЧИСЛЕ:","Б",0,null,null,null,null,null,null,null,null,null,"35"]
[36,". СДАЧА И ИСПЫТАНИЕ -","Б",0,null,null,null,null,null,null,null,null,null,"36"]
[37,".   СТОИМОСТЬ ВОЗВРАЩАЕМЫХ МАТЕРИАЛОВ -","Б",0,null,{"$f":"ROUND(SUMIF(Определители!I6:I98,\"=4\",'Базовые цены с учетом расхода'!H6:H98),0)","v":0},null,null,null,null,null,null,null,"37"]
[38,".   НАКЛАДНЫЕ РАСХОДЫ -","Б",0,null,{"$f":"ROUND(SUMIF(Определители!I6:I98,\"=4\",'Базовые цены с учетом расхода'!N6:N98),0)","v":0},null,null,null,null,null,null,null,"38"]
[39,".   СМЕТНАЯ ПРИБЫЛЬ -","Б",0,null,{"$f":"ROUND(SUMIF(Определители!I6:I98,\"=4\",'Базовые цены с учетом расхода'!O6:O98),0)","v":0},null,null,null,null,null,null,null,"39"]
[40,". ШЕФМОНТАЖ -","Б",0,null,{"$f":"ROUND(СУММПРОИЗВЕСЛИ(1,Определители!I6:I98,\" \",'Базовые цены с учетом расхода'!M6:M98,Начисления!I6:I98,0),0)","v":0},null,null,null,null,null,null,null,"40"]
[41,"ВСЕГО, СТОИМОСТЬ САНТЕХНИЧЕСКИХ РАБОТ -","!",0,null,{"$f":"ROUND((F40+F44+F45),0)","v":0},null,null,null,null,null,null,null,"41"]
[42,"СТОИМОСТЬ БУРО-ВЗРЫВНЫХ РАБОТ -","Б",0,null,{"$f":"ROUND(SUMIF(Определители!I6:I98,\"=5\",'Базовые цены с учетом расхода'!B6:B98),0)","v":0},{"$f":"ROUND(SUMIF(Определители!I6:I98,\"=5\",'Базовые цены с учетом расхода'!C6:C98),0)","v":0},{"$f":"ROUND(SUMIF(Определители!I6:I98,\"=5\",'Базовые цены с учетом расхода'!D6:D98),0)","v":0},{"$f":"ROUND(SUMIF(Определители!I6:I98,\"=5\",'Базовые цены с учетом расхода'!E6:E98),0)","v":0},{"$f":"ROUND(SUMIF(Определители!I6:I98,\"=5\",'Базовые цены с учетом расхода'!I6:I98),8)","v":0},{"$f":"ROUND(SUMIF(Определители!I6:I98,\"=5\",'Базовые цены с учетом расхода'!K6:K98),8)","v":0},{"$f":"ROUND(SUMIF(Определители!I6:I98,\"=5\",'Базовые цены с учетом расхода'!F6:F98),0)","v":0},null,"42"]
[43,".   СТОИМОСТЬ ВОЗВРАЩАЕМЫХ МАТЕРИАЛОВ -","Б",0,null,{"$f":"ROUND(SUMIF(Определители!I6:I98,\"=5\",'Базовые цены с учетом расхода'!H6:H98),0)","v":0},null,null,null,null,null,null,null,"43"]
[44,".   НАКЛАДНЫЕ РАСХОДЫ -","Б",0,null,{"$f":"ROUND(SUMIF(Определители!I6:I98,\"=5\",'Базовые цены с учетом расхода'!N6:N98),0)","v":0},null,null,null,null,null,null,null,"44"]
[45,".   СМЕТНАЯ ПРИБЫЛЬ -","Б",0,null,{"$f":"ROUND(SUMIF(Определители!I6:I98,\"=5\",'Базовые цены с учетом расхода'!O6:O98),0)","v":0},null,null,null,null,null,null,null,"45"]
[46,"ВСЕГО, СТОИМОСТЬ БУРО-ВЗРЫВНЫХ РАБОТ -","!",0,null,{"$f":"ROUND((F48+F50+F51),0)","v":0},null,null,null,null,null,null,null,"46"]
[47,"СТОИМОСТЬ ГОРНОПРОХОДЧЕСКИХ РАБОТ -","Б",0,null,{"$f":"ROUND(SUMIF(Определители!I6:I98,\"=6\",'Базовые цены с учетом расхода'!B6:B98),0)","v":0},{"$f":"ROUND(SUMIF(Определители!I6:I98,\"=6\",'Базовые цены с учетом расхода'!C6:C98),0)","v":0},{"$f":"ROUND(SUMIF(Определители!I6:I98,\"=6\",'Базовые цены с учетом расхода'!D6:D98),0)","v":0},{"$f":"ROUND(SUMIF(Определители!I6:I98,\"=6\",'Базовые цены с учетом расхода'!E6:E98),0)","v":0},{"$f":"ROUND(SUMIF(Определители!I6:I98,\"=6\",'Базовые цены с учетом расхода'!I6:I98),8)","v":0},{"$f":"ROUND(SUMIF(Определители!I6:I98,\"=6\",'Базовые цены с учетом расхода'!K6:K98),8)","v":0},{"$f":"ROUND(SUMIF(Определители!I6:I98,\"=6\",'Базовые цены с учетом расхода'!F6:F98),0)","v":0},null,"47"]
[48,".   СТОИМОСТЬ ВОЗВРАЩАЕМЫХ МАТЕРИАЛОВ -","Б",0,null,{"$f":"ROUND(SUMIF(Определители!I6:I98,\"=6\",'Базовые цены с учетом расхода'!H6:H98),0)","v":0},null,null,null,null,null,null,null,"48"]
[49,".   НАКЛАДНЫЕ РАСХОДЫ -","Б",0,null,{"$f":"ROUND(SUMIF(Определители!I6:I98,\"=6\",'Базовые цены с учетом расхода'!N6:N98),0)","v":0},null,null,null,null,null,null,null,"49"]
[50,".   СМЕТНАЯ ПРИБЫЛЬ -","Б",0,null,{"$f":"ROUND(SUMIF(Определители!I6:I98,\"=6\",'Базовые цены с учетом расхода'!O6:O98),0)","v":0},null,null,null,null,null,null,null,"50"]
[51,"ВСЕГО, СТОИМОСТЬ ГОРНОПРОХОДЧЕСКИХ РАБОТ -","!",0,null,{"$f":"ROUND((F53+F55+F56),0)","v":0},null,null,null,null,null,null,null,"51"]
[52,"СТОИМОСТЬ РЕСТАВРАЦИОННЫХ РАБОТ -","Б",0,null,{"$f":"ROUND(SUMIF(Определители!I6:I98,\"=7\",'Базовые цены с учетом расхода'!B6:B98),0)","v":0},{"$f":"ROUND(SUMIF(Определители!I6:I98,\"=7\",'Базовые цены с учетом расхода'!C6:C98),0)","v":0},{"$f":"ROUND(SUMIF(Определители!I6:I98,\"=7\",'Базовые цены с учетом расхода'!D6:D98),0)","v":0},{"$f":"ROUND(SUMIF(Определители!I6:I98,\"=7\",'Базовые цены с учетом расхода'!E6:E98),0)","v":0},{"$f":"ROUND(SUMIF(Определители!I6:I98,\"=7\",'Базовые цены с учетом расхода'!I6:I98),8)","v":0},{"$f":"ROUND(SUMIF(Определители!I6:I98,\"=7\",'Базовые цены с учетом расхода'!K6:K98),8)","v":0},{"$f":"ROUND(SUMIF(Определители!I6:I98,\"=7\",'Базовые цены с учетом расхода'!F6:F98),0)","v":0},null,"52"]
[53,".     В ТОМ ЧИСЛЕ:","Б",0,null,null,null,null,null,null,null,null,null,"53"]
[54,".       МАТЕРИАЛОВ -","Б",0,null,{"$f":"ROUND(СУММЕСЛИ2(Определители!I6:I98,\"2\",Определители!G6:G98,\"1\",'Базовые цены с учетом расхода'!B6:B98),0)","v":0},null,null,null,null,null,null,null,"54"]
[55,".   СТОИМОСТЬ ВОЗВРАЩАЕМЫХ МАТЕРИАЛОВ -","Б",0,null,{"$f":"ROUND(SUMIF(Определители!I6:I98,\"=7\",'Базовые цены с учетом расхода'!H6:H98),0)","v":0},null,null,null,null,null,null,null,"55"]
[56,".   НАКЛАДНЫЕ РАСХОДЫ -","Б",0,null,{"$f":"ROUND(SUMIF(Определители!I6:I98,\"=7\",'Базовые цены с учетом расхода'!N6:N98),0)","v":0},null,null,null,null,null,null,null,"56"]
[57,".   СМЕТНАЯ ПРИБЫЛЬ -","Б",0,null,{"$f":"ROUND(SUMIF(Определители!I6:I98,\"=7\",'Базовые цены с учетом расхода'!O6:O98),0)","v":0},null,null,null,null,null,null,null,"57"]
[58,"ВСЕГО, СТОИМОСТЬ РЕСТАВРАЦИОННЫХ РАБОТ -","!",0,null,{"$f":"ROUND((F58+F62+F63),0)","v":0},null,null,null,null,null,null,null,"58"]
[59,"СТОИМОСТЬ ПЕРЕВОЗКИ ГРУЗОВ -","Б",0,null,{"$f":"ROUND(SUMIF(Определители!I6:I98,\"=;\",'Базовые цены с учетом расхода'!B6:B98),0)","v":0},{"$f":"ROUND(SUMIF(Определители!I6:I98,\"=;\",'Базовые цены с учетом расхода'!C6:C98),0)","v":0},{"$f":"ROUND(SUMIF(Определители!I6:I98,\"=;\",'Базовые цены с учетом расхода'!D6:D98),0)","v":0},{"$f":"ROUND(SUMIF(Определители!I6:I98,\"=;\",'Базовые цены с учетом расхода'!E6:E98),0)","v":0},{"$f":"ROUND(SUMIF(Определители!I6:I98,\"=;\",'Базовые цены с учетом расхода'!I6:I98),8)","v":0},{"$f":"ROUND(SUMIF(Определители!I6:I98,\"=;\",'Базовые цены с учетом расхода'!K6:K98),8)","v":0},{"$f":"ROUND(SUMIF(Определители!I6:I98,\"=;\",'Базовые цены с учетом расхода'!F6:F98),0)","v":0},null,"59"]
[60,".   В Т.Ч. НАКЛАДНЫЕ РАСХОДЫ -","Б",0,null,{"$f":"ROUND(SUMIF(Определители!I6:I98,\"=;\",'Базовые цены с учетом расхода'!AF6:AF98),0)","v":0},null,null,null,null,null,null,null,"60"]
[61,".   В Т.Ч. СМЕТНАЯ ПРИБЫЛЬ -","Б",0,null,{"$f":"ROUND(SUMIF(Определители!I6:I98,\"=;\",'Базовые цены с учетом расхода'!AG6:AG98),0)","v":0},null,null,null,null,null,null,null,"61"]
[62,".   НАКЛАДНЫЕ РАСХОДЫ -","Б",0,null,{"$f":"ROUND(SUMIF(Определители!I6:I98,\"=;\",'Базовые цены с учетом расхода'!N6:N98),0)","v":0},null,null,null,null,null,null,null,"62"]
[63,".   СМЕТНАЯ ПРИБЫЛЬ -","Б",0,null,{"$f":"ROUND(SUMIF(Определители!I6:I98,\"=;\",'Базовые цены с учетом расхода'!O6:O98),0)","v":0},null,null,null,null,null,null,null,"63"]
[64,"ВСЕГО, СТОИМОСТЬ ПЕРЕВОЗКИ ГРУЗОВ -","!",0,null,{"$f":"ROUND((F65+F68+F69),0)","v":0},null,null,null,null,null,null,null,"64"]
[65,"СТОИМОСТЬ ПУСКОНАЛАДОЧНЫХ РАБОТ -","Б",0,null,{"$f":"ROUND(SUMIF(Определители!I6:I98,\"=9\",'Базовые цены с учетом расхода'!B6:B98),0)","v":0},{"$f":"ROUND(SUMIF(Определители!I6:I98,\"=9\",'Базовые цены с учетом расхода'!C6:C98),0)","v":0},{"$f":"ROUND(SUMIF(Определители!I6:I98,\"=9\",'Базовые цены с учетом расхода'!D6:D98),0)","v":0},{"$f":"ROUND(SUMIF(Определители!I6:I98,\"=9\",'Базовые цены с учетом расхода'!E6:E98),0)","v":0},{"$f":"ROUND(SUMIF(Определители!I6:I98,\"=9\",'Базовые цены с учетом расхода'!I6:I98),8)","v":0},{"$f":"ROUND(SUMIF(Определители!I6:I98,\"=9\",'Базовые цены с учетом расхода'!K6:K98),8)","v":0},{"$f":"ROUND(SUMIF(Определители!I6:I98,\"=9\",'Базовые цены с учетом расхода'!F6:F98),0)","v":0},null,"65"]
[66,".   НАКЛАДНЫЕ РАСХОДЫ -","Б",0,null,{"$f":"ROUND(SUMIF(Определители!I6:I98,\"=9\",'Базовые цены с учетом расхода'!N6:N98),0)","v":0},null,null,null,null,null,null,null,"66"]
[67,".   СМЕТНАЯ ПРИБЫЛЬ -","Б",0,null,{"$f":"ROUND(SUMIF(Определители!I6:I98,\"=9\",'Базовые цены с учетом расхода'!O6:O98),0)","v":0},null,null,null,null,null,null,null,"67"]
[68,"ВСЕГО, СТОИМОСТЬ ПУСКОНАЛАДОЧНЫХ РАБОТ -","!",0,null,{"$f":"ROUND((F71+F72+F73),0)","v":0},null,null,null,null,null,null,null,"68"]
[69,"СТОИМОСТЬ ПРОЧИХ РАБОТ (с НР и СП) -","Б",0,null,{"$f":"ROUND(SUMIF(Определители!I6:I98,\"=:\",'Базовые цены с учетом расхода'!B6:B98),0)","v":0},{"$f":"ROUND(SUMIF(Определители!I6:I98,\"=:\",'Базовые цены с учетом расхода'!C6:C98),0)","v":0},{"$f":"ROUND(SUMIF(Определители!I6:I98,\"=:\",'Базовые цены с учетом расхода'!D6:D98),0)","v":0},{"$f":"ROUND(SUMIF(Определители!I6:I98,\"=:\",'Базовые цены с учетом расхода'!E6:E98),0)","v":0},{"$f":"ROUND(SUMIF(Определители!I6:I98,\"=:\",'Базовые цены с учетом расхода'!I6:I98),8)","v":0},{"$f":"ROUND(SUMIF(Определители!I6:I98,\"=:\",'Базовые цены с учетом расхода'!K6:K98),8)","v":0},{"$f":"ROUND(SUMIF(Определители!I6:I98,\"=:\",'Базовые цены с учетом расхода'!F6:F98),0)","v":0},null,"69"]
[70,".   СТОИМОСТЬ ВОЗВРАЩАЕМЫХ МАТЕРИАЛОВ -","Б",0,null,{"$f":"ROUND(SUMIF(Определители!I6:I98,\"=:\",'Базовые цены с учетом расхода'!H6:H98),0)","v":0},null,null,null,null,null,null,null,"70"]
[71,".   НАКЛАДНЫЕ РАСХОДЫ -","Б",0,null,{"$f":"ROUND(SUMIF(Определители!I6:I98,\"=:\",'Базовые цены с учетом расхода'!N6:N98),0)","v":0},null,null,null,null,null,null,null,"71"]
[72,".   СМЕТНАЯ ПРИБЫЛЬ -","Б",0,null,{"$f":"ROUND(SUMIF(Определители!I6:I98,\"=:\",'Базовые цены с учетом расхода'!O6:O98),0)","v":0},null,null,null,null,null,null,null,"72"]
[73,"ВСЕГО, СТОИМОСТЬ ПРОЧИХ РАБОТ (с НР и СП) -","!",0,null,{"$f":"ROUND((F75+F77+F78),0)","v":0},null,null,null,null,null,null,null,"73"]
[74,"ВСЕГО, СТОИМОСТЬ ПРОЧИХ РАБОТ (без НР и СП) -","Б",0,null,{"$f":"ROUND(SUMIF(Определители!I6:I98,\"=8\",'Базовые цены с учетом расхода'!B6:B98),0)","v":0},{"$f":"ROUND(SUMIF(Определители!I6:I98,\"=8\",'Базовые цены с учетом расхода'!C6:C98),0)","v":0},{"$f":"ROUND(SUMIF(Определители!I6:I98,\"=8\",'Базовые цены с учетом расхода'!D6:D98),0)","v":0},{"$f":"ROUND(SUMIF(Определители!I6:I98,\"=8\",'Базовые цены с учетом расхода'!E6:E98),0)","v":0},{"$f":"ROUND(SUMIF(Определители!I6:I98,\"=8\",'Базовые цены с учетом расхода'!I6:I98),8)","v":0},{"$f":"ROUND(SUMIF(Определители!I6:I98,\"=8\",'Базовые цены с учетом расхода'!K6:K98),8)","v":0},{"$f":"ROUND(SUMIF(Определители!I6:I98,\"=8\",'Базовые цены с учетом расхода'!F6:F98),0)","v":0},null,"74"]
[75,".   СТОИМОСТЬ ВОЗВРАЩАЕМЫХ МАТЕРИАЛОВ -","Б",0,null,{"$f":"ROUND(SUMIF(Определители!I6:I98,\"=8\",'Базовые цены с учетом расхода'!H6:H98),0)","v":0},null,null,null,null,null,null,null,"75"]
[76,". ВСЕГО  ПО  СМЕТЕ","!",0,null,{"$f":"ROUND((F17+F27+F34+F39+F47+F52+F57+F64+F74+F79+F80+F70),0)","v":6575},{"$f":"ROUND((G17+G27+G34+G39+G47+G52+G57+G64+G74+G79+G80+G70),0)","v":0},{"$f":"ROUND((H17+H27+H34+H39+H47+H52+H57+H64+H74+H79+H80+H70),0)","v":0},{"$f":"ROUND((I17+I27+I34+I39+I47+I52+I57+I64+I74+I79+I80+I70),0)","v":0},{"$f":"ROUND((J17+J27+J34+J39+J47+J52+J57+J64+J74+J79+J80+J70),8)","v":0},{"$f":"ROUND((K17+K27+K34+K39+K47+K52+K57+K64+K74+K79+K80+K70),8)","v":0},{"$f":"ROUND((L17+L27+L34+L39+L47+L52+L57+L64+L74+L79+L80+L70),0)","v":0},null,"76"]
[77,"ВСЕГО СТОИМОСТЬ ВОЗВРАЩАЕМЫХ МАТЕРИАЛОВ -","!",0,null,{"$f":"ROUND((F23+F31+F36+F43+F49+F54+F61+F76+F81),0)","v":0},null,null,null,null,null,null,null,"77"]
[78,"ВСЕГО НАКЛАДНЫЕ РАСХОДЫ","!",0,null,{"$f":"ROUND((F24+F32+F37+F44+F50+F55+F62+F72+F77+F68),0)","v":640},null,null,null,null,null,null,null,"78"]
[79,"ВСЕГО СМЕТНАЯ ПРИБЫЛЬ","!",0,null,{"$f":"ROUND((F25+F33+F38+F45+F51+F56+F63+F73+F78+F69),0)","v":484},null,null,null,null,null,null,null,"79"]
[80,"НАКЛАДНЫЕ РАСХОДЫ 11,7% от прямых затрат","%",11.7,null,{"$f":"ROUND((F7)*D86/100,0)","v":638},null,null,null,null,null,null,null,"80"]
[81,"в т.ч. Вспомогательные материалы от стоимости материалов","h",0,null,{"$f":"ROUND(SUM('Базовые цены с учетом расхода'!X6:X98),0)","v":0},null,null,null,null,null,{"$f":"ROUND(SUM('Базовые цены с учетом расхода'!X6:X98),0)","v":0},null,"81"]
[82,"в т.ч. Вспомогательные материалы от ОЗП","h",0,null,{"$f":"ROUND(SUM(G88:N88),0)","v":0},null,null,null,null,null,{"$f":"ROUND(SUM('Базовые цены с учетом расхода'!AE6:AE98),0)","v":0},null,"82"]
[83,"Оплата основных рабочих","h",0,null,{"$f":"ROUND(SUM('Базовые цены с учетом расхода'!C6:C98),0)","v":1191},null,null,null,null,null,null,null,"83"]
[84,"Оплата механизаторов","h",0,null,{"$f":"ROUND(SUM('Базовые цены с учетом расхода'!E6:E98),0)","v":298},null,null,null,null,null,null,null,"84"]
[85,"Сметная заработная плата","s",0,null,{"$f":"ROUND((F89+F90),0)","v":1489},null,null,null,null,null,null,null,"85"]
[86,"Трудозатраты осн. рабочих","h",0,null,null,null,null,null,{"$f":"ROUND(SUM('Базовые цены с учетом расхода'!I6:I98),8)","v":153.45146500000001},null,null,null,"86"]
[87,"Трудозатраты механизаторов","h",0,null,null,null,null,null,{"$f":"ROUND(SUM('Базовые цены с учетом расхода'!K6:K98),8)","v":23.728274800000001},null,null,null,"87"]
[88,"Нормативная трудоемкость","s",0,null,null,null,null,null,{"$f":"ROUND((J92+J93),8)","v":177.17973979999999},null,null,null,"88"]
[89,"ИТОГО  С  НР","s",0,null,{"$f":"ROUND((F7+F86),0)","v":6089},null,null,null,null,null,null,null,"89"]
[90,"СМЕТНАЯ ПРИБЫЛЬ 8% от прямых затрат + НР","%",8,null,{"$f":"ROUND((F95)*D96/100,0)","v":487},null,null,null,null,null,null,null,"90"]
[91,"ИТОГО  С  НР  И  СП в уровне цен 3 квартала 2013 года","s",0,null,{"$f":"ROUND((F95+F96),0)","v":6576},null,null,null,null,null,null,null,"91"]
[92,"НДС 18%","%",18,null,{"$f":"ROUND((F97)*D98/100,0)","v":1184},null,null,null,null,null,null,null,"92"]
[93,".   ВСЕГО ПО СМЕТЕ в ценах 2013 года с НДС","s",0,null,{"$f":"ROUND((F97+F98),0)","v":7760},null,null,null,null,null,null,null,"93"]
[94,"Сметная заработная плата","s",0,null,{"$f":"ROUND((F89+F90),0)","v":1489},null,null,null,null,null,null,null,"94"]
[95,"Сметная стоимость материалов","h",0,null,{"$f":"ROUND(SUM('Базовые цены с учетом расхода'!F6:F98),0)","v":619},null,null,null,null,null,null,null,"95"]
[96,"Сметная стоимость материалов с НДС 18%","k",1.18,null,{"$f":"ROUND((F101)*D102,0)","v":730},null,null,null,null,null,null,null,"96"]
[97,"Стоимость эксплуатации машин","h",0,null,{"$f":"ROUND(SUM('Базовые цены с учетом расхода'!D6:D98),0)","v":3636},null,null,null,null,null,null,null,"97"]
[98,"Стоимость эксплуатации машин без зарплаты механизаторов","m",0,null,{"$f":"ROUND((F103-F90),0)","v":3338},null,null,null,null,null,null,null,"98"]
[99,"Стоимость эксплуатации машин без зар-ты механизаторов с НДС","k",1.18,null,{"$f":"ROUND((F104)*D105,0)","v":3939},null,null,null,null,null,null,null,"99"]
[100,"ИТОГО ПО СМЕТЕ","s",0,null,{"$f":"ROUND((F100+F102+F105),0)","v":6158},null,null,null,null,null,null,null,"100"]
[101,"ВСЕГО НАКЛАДНЫЕ РАСХОДЫ с К=0,94","k",0.94,null,{"$f":"ROUND((F86)*D107,0)","v":600},null,null,null,null,null,null,null,"101"]
[102,"ВСЕГО СМЕТНАЯ ПРИБЫЛЬ с К=0,9","k",0.9,null,{"$f":"ROUND((F96)*D108,0)","v":438},null,null,null,null,null,null,null,"102"]
[103,".   ВСЕГО ПО СМЕТЕ в ценах 3 квартала 2013 года","s",0,null,{"$f":"ROUND((F106+F107+F108),0)","v":7196},null,null,null,null,null,null,null,"103"]

{"sheet":"Текущие концовки","index":9,"n_rows":109,"n_cols":14,"rows_kept":109,"cut":false,"hidden":false,"merged":[[1,0,1,7],[2,1,2,7],[3,1,3,7],[4,0,4,7]]}
[]
[]
[null,"N = < ГЭСНс * 2015_s * 13_15_лр >"]
[null,"          Автомобильные дороги регионального или межмуниципального значения с допустимым уровнем содержания  - норматив \"К\" 4 категория (ЛЕТНИЕ РАБОТЫ)"]
[]
[null,"Наименование","Вид","Значение","ЕИ","Z1","Z2","Z3","Z4","Z5","Z6","Z7","Z8"]
[1,".    ИТОГО  ПО  СМЕТЕ","А",0,null,{"$f":"ROUND(SUM('Текущие цены с учетом расхода'!B6:B98),0)","v":62459},{"$f":"ROUND(SUM('Текущие цены с учетом расхода'!C6:C98),0)","v":15870},{"$f":"ROUND(SUM('Текущие цены с учетом расхода'!D6:D98),0)","v":21246},{"$f":"ROUND(SUM('Текущие цены с учетом расхода'!E6:E98),0)","v":3888},{"$f":"ROUND(SUM('Текущие цены с учетом расхода'!I6:I98),8)","v":153.45146500000001},{"$f":"ROUND(SUM('Текущие цены с учетом расхода'!K6:K98),8)","v":23.728274800000001},{"$f":"ROUND(SUM('Текущие цены с учетом расхода'!F6:F98),0)","v":25345},null,"1"]
[2,"СТОИМОСТЬ ОБОРУДОВАНИЯ -","Б",0,null,{"$f":"ROUND(SUMIF(Определители!I6:I98,\"= \",'Текущие цены с учетом расхода'!B6:B98),0)","v":0},{"$f":"ROUND(SUMIF(Определители!I6:I98,\"= \",'Текущие цены с учетом расхода'!C6:C98),0)","v":0},{"$f":"ROUND(SUMIF(Определители!I6:I98,\"= \",'Текущие цены с учетом расхода'!D6:D98),0)","v":0},{"$f":"ROUND(SUMIF(Определители!I6:I98,\"= \",'Текущие цены с учетом расхода'!E6:E98),0)","v":0},{"$f":"ROUND(SUMIF(Определители!I6:I98,\"= \",'Текущие цены с учетом расхода'!I6:I98),8)","v":0},{"$f":"ROUND(SUMIF(Определители!I6:I98,\"= \",'Текущие цены с учетом расхода'!K6:K98),8)","v":0},{"$f":"ROUND(SUMIF(Определители!I6:I98,\"= \",'Текущие цены с учетом расхода'!F6:F98),0)","v":0},null,"2"]
[3,".   ЗАПАСНЫЕ ЧАСТИ -","Б",0,null,{"$f":"ROUND(СУММПРОИЗВЕСЛИ(0.01,Определители!I6:I98,\" \",'Текущие цены с учетом расхода'!B6:B98,Начисления!X6:X98,0),0)","v":0},null,null,null,null,null,null,null,"3"]
[4,".   ТАРА И УПАКОВКА -","Б",0,null,{"$f":"ROUND(СУММПРОИЗВЕСЛИ(0.01,Определители!I6:I98,\" \",'Текущие цены с учетом расхода'!B6:B98,Начисления!Y6:Y98,0),0)","v":0},null,null,null,null,null,null,null,"4"]
[5,".   ТРАНСПОРТНЫЕ РАСХОДЫ -","Б",0,null,{"$f":"ROUND(ТРАНСПРАСХОД(Определители!B6:B98,Определители!H6:H98,Определители!I6:I98,'Текущие цены с учетом расхода'!B6:B98,Начисления!Z6:Z98,Начисления!AA6:AA98),0)","v":0},null,null,null,null,null,null,null,"5"]
[6,".   КОМПЛЕКТАЦИЯ -","Б",0,null,{"$f":"ROUND(СУММПРОИЗВЕСЛИ(0.01,Определители!I6:I98,\" \",'Текущие цены с учетом расхода'!B6:B98,Начисления!AC6:AC98,0),0)","v":0},null,null,null,null,null,null,null,"6"]
[7,".   НАЦЕНКА СНАБА -","Б",0,null,{"$f":"ROUND(СУММПРОИЗВЕСЛИ(0.01,Определители!I6:I98,\" \",'Текущие цены с учетом расхода'!B6:B98,Начисления!AF6:AF98,0),0)","v":0},null,null,null,null,null,null,null,"7"]
[8,".   ЗАГОТОВИТЕЛЬНО-СКЛАДСКИЕ РАСХОДЫ -","Б",0,null,{"$f":"ROUND(ЗАГОТСКЛАДРАСХОД(Определители!B6:B98,Определители!H6:H98,Определители!I6:I98,'Текущие цены с учетом расхода'!B6:B98,Начисления!X6:X98,Начисления!Y6:Y98,Начисления!Z6:Z98,Начисления!AA6:AA98,Начисления!AB6:AB98,Начисления!AC6:AC98,Начисления!AF6:AF98),0)","v":0},null,null,null,null,null,null,null,"8"]
[9,". ШЕФМОНТАЖ ПО ОБОРУДОВАНИЮ -","Б",0,null,{"$f":"ROUND(СУММПРОИЗВЕСЛИ(1,Определители!I6:I98,\" \",'Текущие цены с учетом расхода'!M6:M98,Начисления!I6:I98,0),0)","v":0},null,null,null,null,null,null,null,"9"]
[10,". ШЕФМОНТАЖ -","!",0,null,{"$f":"ROUND((F15+F26+F46),0)","v":0},null,null,null,null,null,null,null,"10"]
[11,"ВСЕГО, СТОИМОСТЬ ОБОРУДОВАНИЯ -","!",0,null,{"$f":"ROUND((F8+F9+F10+F11+F12+F13+F14+F16),0)","v":0},null,null,null,null,null,null,null,"11"]
[12,"СТОИМОСТЬ МОНТАЖНЫХ РАБОТ -","Б",0,null,{"$f":"ROUND(SUMIF(Определители!I6:I98,\"=1\",'Текущие цены с учетом расхода'!B6:B98),0)","v":0},{"$f":"ROUND(SUMIF(Определители!I6:I98,\"=1\",'Текущие цены с учетом расхода'!C6:C98),0)","v":0},{"$f":"ROUND(SUMIF(Определители!I6:I98,\"=1\",'Текущие цены с учетом расхода'!D6:D98),0)","v":0},{"$f":"ROUND(SUMIF(Определители!I6:I98,\"=1\",'Текущие цены с учетом расхода'!E6:E98),0)","v":0},{"$f":"ROUND(SUMIF(Определители!I6:I98,\"=1\",'Текущие цены с учетом расхода'!I6:I98),8)","v":0},{"$f":"ROUND(SUMIF(Определители!I6:I98,\"=1\",'Текущие цены с учетом расхода'!K6:K98),8)","v":0},{"$f":"ROUND(SUMIF(Определители!I6:I98,\"=1\",'Текущие цены с учетом расхода'!F6:F98),0)","v":0},null,"12"]
[13,".     В ТОМ ЧИСЛЕ:","Б",0,null,null,null,null,null,null,null,null,null,"13"]
[14,". ОТКЛОНЕНИЕ ПО ЗАРАБОТНОЙ ПЛАТЕ -","Б",0,null,null,{"$f":"ROUND(SUMIF(Определители!I6:I98,\"=1\",'Текущие цены с учетом расхода'!U6:U98),0)","v":0},null,null,null,null,null,null,"14"]
[15,". КОСВЕННЫЕ РАСХОДЫ -","Б",0,null,{"$f":"ROUND(SUMIF(Определители!I6:I98,\"=1\",'Текущие цены с учетом расхода'!V6:V98),0)","v":0},null,null,null,null,null,null,null,"15"]
[16,". МАТЕРИАЛЬНЫЕ РЕСУРСЫ НЕ УЧТЕННЫЕ В РАСЦЕНКАХ -","Б",0,null,{"$f":"ROUND(СУММЕСЛИ2(Определители!I6:I98,\"1\",Определители!G6:G98,\"1\",'Текущие цены с учетом расхода'!B6:B98),0)","v":0},null,null,null,null,null,null,null,"16"]
[17,".   СТОИМОСТЬ ВОЗВРАЩАЕМЫХ МАТЕРИАЛОВ -","Б",0,null,{"$f":"ROUND(SUMIF(Определители!I6:I98,\"=1\",'Текущие цены с учетом расхода'!H6:H98),0)","v":0},null,null,null,null,null,null,null,"17"]
[18,".   НАКЛАДНЫЕ РАСХОДЫ -","Б",0,null,{"$f":"ROUND(SUMIF(Определители!I6:I98,\"=1\",'Текущие цены с учетом расхода'!N6:N98),0)","v":0},null,null,null,null,null,null,null,"18"]
[19,".   СМЕТНАЯ ПРИБЫЛЬ -","Б",0,null,{"$f":"ROUND(SUMIF(Определители!I6:I98,\"=1\",'Текущие цены с учетом расхода'!O6:O98),0)","v":0},null,null,null,null,null,null,null,"19"]
[20,". ШЕФМОНТАЖ -","Б",0,null,{"$f":"ROUND(СУММПРОИЗВЕСЛИ(1,Определители!I6:I98,\" \",'Текущие цены с учетом расхода'!M6:M98,Начисления!I6:I98,0),0)","v":0},null,null,null,null,null,null,null,"20"]
[21,"ВСЕГО, СТОИМОСТЬ МОНТАЖНЫХ РАБОТ -","!",0,null,{"$f":"ROUND((F18+F24+F25),0)","v":0},null,null,null,null,null,null,null,"21"]
[22,"СТОИМОСТЬ ОБЩЕСТРОИТЕЛЬНЫХ РАБОТ -","Б",0,null,{"$f":"ROUND(SUMIF(Определители!I6:I98,\"=2\",'Текущие цены с учетом расхода'!B6:B98),0)","v":62459},{"$f":"ROUND(SUMIF(Определители!I6:I98,\"=2\",'Текущие цены с учетом расхода'!C6:C98),0)","v":15870},{"$f":"ROUND(SUMIF(Определители!I6:I98,\"=2\",'Текущие цены с учетом расхода'!D6:D98),0)","v":21246},{"$f":"ROUND(SUMIF(Определители!I6:I98,\"=2\",'Текущие цены с учетом расхода'!E6:E98),0)","v":3888},{"$f":"ROUND(SUMIF(Определители!I6:I98,\"=2\",'Текущие цены с учетом расхода'!I6:I98),8)","v":153.45146500000001},{"$f":"ROUND(SUMIF(Определители!I6:I98,\"=2\",'Текущие цены с учетом расхода'!K6:K98),8)","v":23.728274800000001},{"$f":"ROUND(SUMIF(Определители!I6:I98,\"=2\",'Текущие цены с учетом расхода'!F6:F98),0)","v":25345},null,"22"]
[23,".     В ТОМ ЧИСЛЕ:","Б",0,null,null,null,null,null,null,null,null,null,"23"]
[24,".       МАТЕРИАЛОВ -","Б",0,null,{"$f":"ROUND(СУММЕСЛИ2(Определители!I6:I98,\"2\",Определители!G6:G98,\"1\",'Текущие цены с учетом расхода'!B6:B98),0)","v":0},null,null,null,null,null,null,null,"24"]
[25,".   СТОИМОСТЬ ВОЗВРАЩАЕМЫХ МАТЕРИАЛОВ -","Б",0,null,{"$f":"ROUND(SUMIF(Определители!I6:I98,\"=2\",'Текущие цены с учетом расхода'!H6:H98),0)","v":0},null,null,null,null,null,null,null,"25"]
[26,".   НАКЛАДНЫЕ РАСХОДЫ -","Б",0,null,{"$f":"ROUND(SUMIF(Определители!I6:I98,\"=2\",'Текущие цены с учетом расхода'!N6:N98),0)","v":7312},null,null,null,null,null,null,null,"26"]
[27,".   СМЕТНАЯ ПРИБЫЛЬ -","Б",0,null,{"$f":"ROUND(SUMIF(Определители!I6:I98,\"=2\",'Текущие цены с учетом расхода'!O6:O98),0)","v":5583},null,null,null,null,null,null,null,"27"]
[28,"ВСЕГО, СТОИМОСТЬ ОБЩЕСТРОИТЕЛЬНЫХ РАБОТ -","!",0,null,{"$f":"ROUND((F28+F32+F33),0)","v":75354},null,null,null,null,null,null,null,"28"]
[29,"СТОИМОСТЬ МЕТАЛЛОМОНТАЖНЫХ РАБОТ -","Б",0,null,{"$f":"ROUND(SUMIF(Определители!I6:I98,\"=3\",'Текущие цены с учетом расхода'!B6:B98),0)","v":0},{"$f":"ROUND(SUMIF(Определители!I6:I98,\"=3\",'Текущие цены с учетом расхода'!C6:C98),0)","v":0},{"$f":"ROUND(SUMIF(Определители!I6:I98,\"=3\",'Текущие цены с учетом расхода'!D6:D98),0)","v":0},{"$f":"ROUND(SUMIF(Определители!I6:I98,\"=3\",'Текущие цены с учетом расхода'!E6:E98),0)","v":0},{"$f":"ROUND(SUMIF(Определители!I6:I98,\"=3\",'Текущие цены с учетом расхода'!I6:I98),8)","v":0},{"$f":"ROUND(SUMIF(Определители!I6:I98,\"=3\",'Текущие цены с учетом расхода'!K6:K98),8)","v":0},{"$f":"ROUND(SUMIF(Определители!I6:I98,\"=3\",'Текущие цены с учетом расхода'!F6:F98),0)","v":0},null,"29"]
[30,".   СТОИМОСТЬ ВОЗВРАЩАЕМЫХ МАТЕРИАЛОВ -","Б",0,null,{"$f":"ROUND(SUMIF(Определители!I6:I98,\"=3\",'Текущие цены с учетом расхода'!H6:H98),0)","v":0},null,null,null,null,null,null,null,"30"]
[31,".   НАКЛАДНЫЕ РАСХОДЫ -","Б",0,null,{"$f":"ROUND(SUMIF(Определители!I6:I98,\"=3\",'Текущие цены с учетом расхода'!N6:N98),0)","v":0},null,null,null,null,null,null,null,"31"]
[32,".   СМЕТНАЯ ПРИБЫЛЬ -","Б",0,null,{"$f":"ROUND(SUMIF(Определители!I6:I98,\"=3\",'Текущие цены с учетом расхода'!O6:O98),0)","v":0},null,null,null,null,null,null,null,"32"]
[33,"ВСЕГО, СТОИМОСТЬ МЕТАЛЛОМОНТАЖНЫХ РАБОТ -","!",0,null,{"$f":"ROUND((F35+F37+F38),0)","v":0},null,null,null,null,null,null,null,"33"]
[34,"СТОИМОСТЬ САНТЕХНИЧЕСКИХ РАБОТ -","Б",0,null,{"$f":"ROUND(SUMIF(Определители!I6:I98,\"=4\",'Текущие цены с учетом расхода'!B6:B98),0)","v":0},{"$f":"ROUND(SUMIF(Определители!I6:I98,\"=4\",'Текущие цены с учетом расхода'!C6:C98),0)","v":0},{"$f":"ROUND(SUMIF(Определители!I6:I98,\"=4\",'Текущие цены с учетом расхода'!D6:D98),0)","v":0},{"$f":"ROUND(SUMIF(Определители!I6:I98,\"=4\",'Текущие цены с учетом расхода'!E6:E98),0)","v":0},{"$f":"ROUND(SUMIF(Определители!I6:I98,\"=4\",'Текущие цены с учетом расхода'!I6:I98),8)","v":0},{"$f":"ROUND(SUMIF(Определители!I6:I98,\"=4\",'Текущие цены с учетом расхода'!K6:K98),8)","v":0},{"$f":"ROUND(SUMIF(Определители!I6:I98,\"=4\",'Текущие цены с учетом расхода'!F6:F98),0)","v":0},null,"34"]
[35,".     В ТОМ ЧИСЛЕ:","Б",0,null,null,null,null,null,null,null,null,null,"35"]
[36,". СДАЧА И ИСПЫТАНИЕ -","Б",0,null,null,null,null,null,null,null,null,null,"36"]
[37,".   СТОИМОСТЬ ВОЗВРАЩАЕМЫХ МАТЕРИАЛОВ -","Б",0,null,{"$f":"ROUND(SUMIF(Определители!I6:I98,\"=4\",'Текущие цены с учетом расхода'!H6:H98),0)","v":0},null,null,null,null,null,null,null,"37"]
[38,".   НАКЛАДНЫЕ РАСХОДЫ -","Б",0,null,{"$f":"ROUND(SUMIF(Определители!I6:I98,\"=4\",'Текущие цены с учетом расхода'!N6:N98),0)","v":0},null,null,null,null,null,null,null,"38"]
[39,".   СМЕТНАЯ ПРИБЫЛЬ -","Б",0,null,{"$f":"ROUND(SUMIF(Определители!I6:I98,\"=4\",'Текущие цены с учетом расхода'!O6:O98),0)","v":0},null,null,null,null,null,null,null,"39"]
[40,". ШЕФМОНТАЖ -","Б",0,null,{"$f":"ROUND(СУММПРОИЗВЕСЛИ(1,Определители!I6:I98,\" \",'Текущие цены с учетом расхода'!M6:M98,Начисления!I6:I98,0),0)","v":0},null,null,null,null,null,null,null,"40"]
[41,"ВСЕГО, СТОИМОСТЬ САНТЕХНИЧЕСКИХ РАБОТ -","!",0,null,{"$f":"ROUND((F40+F44+F45),0)","v":0},null,null,null,null,null,null,null,"41"]
[42,"СТОИМОСТЬ БУРО-ВЗРЫВНЫХ РАБОТ -","Б",0,null,{"$f":"ROUND(SUMIF(Определители!I6:I98,\"=5\",'Текущие цены с учетом расхода'!B6:B98),0)","v":0},{"$f":"ROUND(SUMIF(Определители!I6:I98,\"=5\",'Текущие цены с учетом расхода'!C6:C98),0)","v":0},{"$f":"ROUND(SUMIF(Определители!I6:I98,\"=5\",'Текущие цены с учетом расхода'!D6:D98),0)","v":0},{"$f":"ROUND(SUMIF(Определители!I6:I98,\"=5\",'Текущие цены с учетом расхода'!E6:E98),0)","v":0},{"$f":"ROUND(SUMIF(Определители!I6:I98,\"=5\",'Текущие цены с учетом расхода'!I6:I98),8)","v":0},{"$f":"ROUND(SUMIF(Определители!I6:I98,\"=5\",'Текущие цены с учетом расхода'!K6:K98),8)","v":0},{"$f":"ROUND(SUMIF(Определители!I6:I98,\"=5\",'Текущие цены с учетом расхода'!F6:F98),0)","v":0},null,"42"]
[43,".   СТОИМОСТЬ ВОЗВРАЩАЕМЫХ МАТЕРИАЛОВ -","Б",0,null,{"$f":"ROUND(SUMIF(Определители!I6:I98,\"=5\",'Текущие цены с учетом расхода'!H6:H98),0)","v":0},null,null,null,null,null,null,null,"43"]
[44,".   НАКЛАДНЫЕ РАСХОДЫ -","Б",0,null,{"$f":"ROUND(SUMIF(Определители!I6:I98,\"=5\",'Текущие цены с учетом расхода'!N6:N98),0)","v":0},null,null,null,null,null,null,null,"44"]
[45,".   СМЕТНАЯ ПРИБЫЛЬ -","Б",0,null,{"$f":"ROUND(SUMIF(Определители!I6:I98,\"=5\",'Текущие цены с учетом расхода'!O6:O98),0)","v":0},null,null,null,null,null,null,null,"45"]
[46,"ВСЕГО, СТОИМОСТЬ БУРО-ВЗРЫВНЫХ РАБОТ -","!",0,null,{"$f":"ROUND((F48+F50+F51),0)","v":0},null,null,null,null,null,null,null,"46"]
[47,"СТОИМОСТЬ ГОРНОПРОХОДЧЕСКИХ РАБОТ -","Б",0,null,{"$f":"ROUND(SUMIF(Определители!I6:I98,\"=6\",'Текущие цены с учетом расхода'!B6:B98),0)","v":0},{"$f":"ROUND(SUMIF(Определители!I6:I98,\"=6\",'Текущие цены с учетом расхода'!C6:C98),0)","v":0},{"$f":"ROUND(SUMIF(Определители!I6:I98,\"=6\",'Текущие цены с учетом расхода'!D6:D98),0)","v":0},{"$f":"ROUND(SUMIF(Определители!I6:I98,\"=6\",'Текущие цены с учетом расхода'!E6:E98),0)","v":0},{"$f":"ROUND(SUMIF(Определители!I6:I98,\"=6\",'Текущие цены с учетом расхода'!I6:I98),8)","v":0},{"$f":"ROUND(SUMIF(Определители!I6:I98,\"=6\",'Текущие цены с учетом расхода'!K6:K98),8)","v":0},{"$f":"ROUND(SUMIF(Определители!I6:I98,\"=6\",'Текущие цены с учетом расхода'!F6:F98),0)","v":0},null,"47"]
[48,".   СТОИМОСТЬ ВОЗВРАЩАЕМЫХ МАТЕРИАЛОВ -","Б",0,null,{"$f":"ROUND(SUMIF(Определители!I6:I98,\"=6\",'Текущие цены с учетом расхода'!H6:H98),0)","v":0},null,null,null,null,null,null,null,"48"]
[49,".   НАКЛАДНЫЕ РАСХОДЫ -","Б",0,null,{"$f":"ROUND(SUMIF(Определители!I6:I98,\"=6\",'Текущие цены с учетом расхода'!N6:N98),0)","v":0},null,null,null,null,null,null,null,"49"]
[50,".   СМЕТНАЯ ПРИБЫЛЬ -","Б",0,null,{"$f":"ROUND(SUMIF(Определители!I6:I98,\"=6\",'Текущие цены с учетом расхода'!O6:O98),0)","v":0},null,null,null,null,null,null,null,"50"]
[51,"ВСЕГО, СТОИМОСТЬ ГОРНОПРОХОДЧЕСКИХ РАБОТ -","!",0,null,{"$f":"ROUND((F53+F55+F56),0)","v":0},null,null,null,null,null,null,null,"51"]
[52,"СТОИМОСТЬ РЕСТАВРАЦИОННЫХ РАБОТ -","Б",0,null,{"$f":"ROUND(SUMIF(Определители!I6:I98,\"=7\",'Текущие цены с учетом расхода'!B6:B98),0)","v":0},{"$f":"ROUND(SUMIF(Определители!I6:I98,\"=7\",'Текущие цены с учетом расхода'!C6:C98),0)","v":0},{"$f":"ROUND(SUMIF(Определители!I6:I98,\"=7\",'Текущие цены с учетом расхода'!D6:D98),0)","v":0},{"$f":"ROUND(SUMIF(Определители!I6:I98,\"=7\",'Текущие цены с учетом расхода'!E6:E98),0)","v":0},{"$f":"ROUND(SUMIF(Определители!I6:I98,\"=7\",'Текущие цены с учетом расхода'!I6:I98),8)","v":0},{"$f":"ROUND(SUMIF(Определители!I6:I98,\"=7\",'Текущие цены с учетом расхода'!K6:K98),8)","v":0},{"$f":"ROUND(SUMIF(Определители!I6:I98,\"=7\",'Текущие цены с учетом расхода'!F6:F98),0)","v":0},null,"52"]
[53,".     В ТОМ ЧИСЛЕ:","Б",0,null,null,null,null,null,null,null,null,null,"53"]
[54,".       МАТЕРИАЛОВ -","Б",0,null,{"$f":"ROUND(СУММЕСЛИ2(Определители!I6:I98,\"2\",Определители!G6:G98,\"1\",'Текущие цены с учетом расхода'!B6:B98),0)","v":0},null,null,null,null,null,null,null,"54"]
[55,".   СТОИМОСТЬ ВОЗВРАЩАЕМЫХ МАТЕРИАЛОВ -","Б",0,null,{"$f":"ROUND(SUMIF(Определители!I6:I98,\"=7\",'Текущие цены с учетом расхода'!H6:H98),0)","v":0},null,null,null,null,null,null,null,"55"]
[56,".   НАКЛАДНЫЕ РАСХОДЫ -","Б",0,null,{"$f":"ROUND(SUMIF(Определители!I6:I98,\"=7\",'Текущие цены с учетом расхода'!N6:N98),0)","v":0},null,null,null,null,null,null,null,"56"]
[57,".   СМЕТНАЯ ПРИБЫЛЬ -","Б",0,null,{"$f":"ROUND(SUMIF(Определители!I6:I98,\"=7\",'Текущие цены с учетом расхода'!O6:O98),0)","v":0},null,null,null,null,null,null,null,"57"]
[58,"ВСЕГО, СТОИМОСТЬ РЕСТАВРАЦИОННЫХ РАБОТ -","!",0,null,{"$f":"ROUND((F58+F62+F63),0)","v":0},null,null,null,null,null,null,null,"58"]
[59,"СТОИМОСТЬ ПЕРЕВОЗКИ ГРУЗОВ -","Б",0,null,{"$f":"ROUND(SUMIF(Определители!I6:I98,\"=;\",'Текущие цены с учетом расхода'!B6:B98),0)","v":0},{"$f":"ROUND(SUMIF(Определители!I6:I98,\"=;\",'Текущие цены с учетом расхода'!C6:C98),0)","v":0},{"$f":"ROUND(SUMIF(Определители!I6:I98,\"=;\",'Текущие цены с учетом расхода'!D6:D98),0)","v":0},{"$f":"ROUND(SUMIF(Определители!I6:I98,\"=;\",'Текущие цены с учетом расхода'!E6:E98),0)","v":0},{"$f":"ROUND(SUMIF(Определители!I6:I98,\"=;\",'Текущие цены с учетом расхода'!I6:I98),8)","v":0},{"$f":"ROUND(SUMIF(Определители!I6:I98,\"=;\",'Текущие цены с учетом расхода'!K6:K98),8)","v":0},{"$f":"ROUND(SUMIF(Определители!I6:I98,\"=;\",'Текущие цены с учетом расхода'!F6:F98),0)","v":0},null,"59"]
[60,".   В Т.Ч. НАКЛАДНЫЕ РАСХОДЫ -","Б",0,null,{"$f":"ROUND(SUMIF(Определители!I6:I98,\"=;\",'Текущие цены с учетом расхода'!AF6:AF98),0)","v":0},null,null,null,null,null,null,null,"60"]
[61,".   В Т.Ч. СМЕТНАЯ ПРИБЫЛЬ -","Б",0,null,{"$f":"ROUND(SUMIF(Определители!I6:I98,\"=;\",'Текущие цены с учетом расхода'!AG6:AG98),0)","v":0},null,null,null,null,null,null,null,"61"]
[62,".   НАКЛАДНЫЕ РАСХОДЫ -","Б",0,null,{"$f":"ROUND(SUMIF(Определители!I6:I98,\"=;\",'Текущие цены с учетом расхода'!N6:N98),0)","v":0},null,null,null,null,null,null,null,"62"]
[63,".   СМЕТНАЯ ПРИБЫЛЬ -","Б",0,null,{"$f":"ROUND(SUMIF(Определители!I6:I98,\"=;\",'Текущие цены с учетом расхода'!O6:O98),0)","v":0},null,null,null,null,null,null,null,"63"]
[64,"ВСЕГО, СТОИМОСТЬ ПЕРЕВОЗКИ ГРУЗОВ -","!",0,null,{"$f":"ROUND((F65+F68+F69),0)","v":0},null,null,null,null,null,null,null,"64"]
[65,"СТОИМОСТЬ ПУСКОНАЛАДОЧНЫХ РАБОТ -","Б",0,null,{"$f":"ROUND(SUMIF(Определители!I6:I98,\"=9\",'Текущие цены с учетом расхода'!B6:B98),0)","v":0},{"$f":"ROUND(SUMIF(Определители!I6:I98,\"=9\",'Текущие цены с учетом расхода'!C6:C98),0)","v":0},{"$f":"ROUND(SUMIF(Определители!I6:I98,\"=9\",'Текущие цены с учетом расхода'!D6:D98),0)","v":0},{"$f":"ROUND(SUMIF(Определители!I6:I98,\"=9\",'Текущие цены с учетом расхода'!E6:E98),0)","v":0},{"$f":"ROUND(SUMIF(Определители!I6:I98,\"=9\",'Текущие цены с учетом расхода'!I6:I98),8)","v":0},{"$f":"ROUND(SUMIF(Определители!I6:I98,\"=9\",'Текущие цены с учетом расхода'!K6:K98),8)","v":0},{"$f":"ROUND(SUMIF(Определители!I6:I98,\"=9\",'Текущие цены с учетом расхода'!F6:F98),0)","v":0},null,"65"]
[66,".   НАКЛАДНЫЕ РАСХОДЫ -","Б",0,null,{"$f":"ROUND(SUMIF(Определители!I6:I98,\"=9\",'Текущие цены с учетом расхода'!N6:N98),0)","v":0},null,null,null,null,null,null,null,"66"]
[67,".   СМЕТНАЯ ПРИБЫЛЬ -","Б",0,null,{"$f":"ROUND(SUMIF(Определители!I6:I98,\"=9\",'Текущие цены с учетом расхода'!O6:O98),0)","v":0},null,null,null,null,null,null,null,"67"]
[68,"ВСЕГО, СТОИМОСТЬ ПУСКОНАЛАДОЧНЫХ РАБОТ -","!",0,null,{"$f":"ROUND((F71+F72+F73),0)","v":0},null,null,null,null,null,null,null,"68"]
[69,"СТОИМОСТЬ ПРОЧИХ РАБОТ (с НР и СП) -","Б",0,null,{"$f":"ROUND(SUMIF(Определители!I6:I98,\"=:\",'Текущие цены с учетом расхода'!B6:B98),0)","v":0},{"$f":"ROUND(SUMIF(Определители!I6:I98,\"=:\",'Текущие цены с учетом расхода'!C6:C98),0)","v":0},{"$f":"ROUND(SUMIF(Определители!I6:I98,\"=:\",'Текущие цены с учетом расхода'!D6:D98),0)","v":0},{"$f":"ROUND(SUMIF(Определители!I6:I98,\"=:\",'Текущие цены с учетом расхода'!E6:E98),0)","v":0},{"$f":"ROUND(SUMIF(Определители!I6:I98,\"=:\",'Текущие цены с учетом расхода'!I6:I98),8)","v":0},{"$f":"ROUND(SUMIF(Определители!I6:I98,\"=:\",'Текущие цены с учетом расхода'!K6:K98),8)","v":0},{"$f":"ROUND(SUMIF(Определители!I6:I98,\"=:\",'Текущие цены с учетом расхода'!F6:F98),0)","v":0},null,"69"]
[70,".   СТОИМОСТЬ ВОЗВРАЩАЕМЫХ МАТЕРИАЛОВ -","Б",0,null,{"$f":"ROUND(SUMIF(Определители!I6:I98,\"=:\",'Текущие цены с учетом расхода'!H6:H98),0)","v":0},null,null,null,null,null,null,null,"70"]
[71,".   НАКЛАДНЫЕ РАСХОДЫ -","Б",0,null,{"$f":"ROUND(SUMIF(Определители!I6:I98,\"=:\",'Текущие цены с учетом расхода'!N6:N98),0)","v":0},null,null,null,null,null,null,null,"71"]
[72,".   СМЕТНАЯ ПРИБЫЛЬ -","Б",0,null,{"$f":"ROUND(SUMIF(Определители!I6:I98,\"=:\",'Текущие цены с учетом расхода'!O6:O98),0)","v":0},null,null,null,null,null,null,null,"72"]
[73,"ВСЕГО, СТОИМОСТЬ ПРОЧИХ РАБОТ (с НР и СП) -","!",0,null,{"$f":"ROUND((F75+F77+F78),0)","v":0},null,null,null,null,null,null,null,"73"]
[74,"ВСЕГО, СТОИМОСТЬ ПРОЧИХ РАБОТ (без НР и СП) -","Б",0,null,{"$f":"ROUND(SUMIF(Определители!I6:I98,\"=8\",'Текущие цены с учетом расхода'!B6:B98),0)","v":0},{"$f":"ROUND(SUMIF(Определители!I6:I98,\"=8\",'Текущие цены с учетом расхода'!C6:C98),0)","v":0},{"$f":"ROUND(SUMIF(Определители!I6:I98,\"=8\",'Текущие цены с учетом расхода'!D6:D98),0)","v":0},{"$f":"ROUND(SUMIF(Определители!I6:I98,\"=8\",'Текущие цены с учетом расхода'!E6:E98),0)","v":0},{"$f":"ROUND(SUMIF(Определители!I6:I98,\"=8\",'Текущие цены с учетом расхода'!I6:I98),8)","v":0},{"$f":"ROUND(SUMIF(Определители!I6:I98,\"=8\",'Текущие цены с учетом расхода'!K6:K98),8)","v":0},{"$f":"ROUND(SUMIF(Определители!I6:I98,\"=8\",'Текущие цены с учетом расхода'!F6:F98),0)","v":0},null,"74"]
[75,".   СТОИМОСТЬ ВОЗВРАЩАЕМЫХ МАТЕРИАЛОВ -","Б",0,null,{"$f":"ROUND(SUMIF(Определители!I6:I98,\"=8\",'Текущие цены с учетом расхода'!H6:H98),0)","v":0},null,null,null,null,null,null,null,"75"]
[76,". ВСЕГО  ПО  СМЕТЕ","!",0,null,{"$f":"ROUND((F17+F27+F34+F39+F47+F52+F57+F64+F74+F79+F80+F70),0)","v":75354},{"$f":"ROUND((G17+G27+G34+G39+G47+G52+G57+G64+G74+G79+G80+G70),0)","v":0},{"$f":"ROUND((H17+H27+H34+H39+H47+H52+H57+H64+H74+H79+H80+H70),0)","v":0},{"$f":"ROUND((I17+I27+I34+I39+I47+I52+I57+I64+I74+I79+I80+I70),0)","v":0},{"$f":"ROUND((J17+J27+J34+J39+J47+J52+J57+J64+J74+J79+J80+J70),8)","v":0},{"$f":"ROUND((K17+K27+K34+K39+K47+K52+K57+K64+K74+K79+K80+K70),8)","v":0},{"$f":"ROUND((L17+L27+L34+L39+L47+L52+L57+L64+L74+L79+L80+L70),0)","v":0},null,"76"]
[77,"ВСЕГО СТОИМОСТЬ ВОЗВРАЩАЕМЫХ МАТЕРИАЛОВ -","!",0,null,{"$f":"ROUND((F23+F31+F36+F43+F49+F54+F61+F76+F81),0)","v":0},null,null,null,null,null,null,null,"77"]
[78,"ВСЕГО НАКЛАДНЫЕ РАСХОДЫ","!",0,null,{"$f":"ROUND((F24+F32+F37+F44+F50+F55+F62+F72+F77+F68),0)","v":7312},null,null,null,null,null,null,null,"78"]
[79,"ВСЕГО СМЕТНАЯ ПРИБЫЛЬ","!",0,null,{"$f":"ROUND((F25+F33+F38+F45+F51+F56+F63+F73+F78+F69),0)","v":5583},null,null,null,null,null,null,null,"79"]
[80,"НАКЛАДНЫЕ РАСХОДЫ 11,7% от прямых затрат","%",11.7,null,{"$f":"ROUND((F7)*D86/100,0)","v":7308},null,null,null,null,null,null,null,"80"]
[81,"в т.ч. Вспомогательные материалы от стоимости материалов","h",0,null,{"$f":"ROUND(SUM('Текущие цены с учетом расхода'!X6:X98),0)","v":0},null,null,null,null,null,{"$f":"ROUND(SUM('Текущие цены с учетом расхода'!X6:X98),0)","v":0},null,"81"]
[82,"в т.ч. Вспомогательные материалы от ОЗП","h",0,null,{"$f":"ROUND(SUM(G88:N88),0)","v":0},null,null,null,null,null,{"$f":"ROUND(SUM('Текущие цены с учетом расхода'!AE6:AE98),0)","v":0},null,"82"]
[83,"Оплата основных рабочих","h",0,null,{"$f":"ROUND(SUM('Текущие цены с учетом расхода'!C6:C98),0)","v":15870},null,null,null,null,null,null,null,"83"]
[84,"Оплата механизаторов","h",0,null,{"$f":"ROUND(SUM('Текущие цены с учетом расхода'!E6:E98),0)","v":3888},null,null,null,null,null,null,null,"84"]
[85,"Сметная заработная плата","s",0,null,{"$f":"ROUND((F89+F90),0)","v":19758},null,null,null,null,null,null,null,"85"]
[86,"Трудозатраты осн. рабочих","h",0,null,null,null,null,null,{"$f":"ROUND(SUM('Текущие цены с учетом расхода'!I6:I98),8)","v":153.45146500000001},null,null,null,"86"]
[87,"Трудозатраты механизаторов","h",0,null,null,null,null,null,{"$f":"ROUND(SUM('Текущие цены с учетом расхода'!K6:K98),8)","v":23.728274800000001},null,null,null,"87"]
[88,"Нормативная трудоемкость","s",0,null,null,null,null,null,{"$f":"ROUND((J92+J93),8)","v":177.17973979999999},null,null,null,"88"]
[89,"ИТОГО  С  НР","s",0,null,{"$f":"ROUND((F7+F86),0)","v":69767},null,null,null,null,null,null,null,"89"]
[90,"СМЕТНАЯ ПРИБЫЛЬ 8% от прямых затрат + НР","%",8,null,{"$f":"ROUND((F95)*D96/100,0)","v":5581},null,null,null,null,null,null,null,"90"]
[91,"ИТОГО  С  НР  И  СП в уровне цен 3 квартала 2013 года","s",0,null,{"$f":"ROUND((F95+F96),0)","v":75348},null,null,null,null,null,null,null,"91"]
[92,"НДС 18%","%",18,null,{"$f":"ROUND((F97)*D98/100,0)","v":13563},null,null,null,null,null,null,null,"92"]
[93,".   ВСЕГО ПО СМЕТЕ в ценах 2013 года с НДС","s",0,null,{"$f":"ROUND((F97+F98),0)","v":88911},null,null,null,null,null,null,null,"93"]
[94,"Сметная заработная плата","s",0,null,{"$f":"ROUND((F89+F90),0)","v":19758},null,null,null,null,null,null,null,"94"]
[95,"Сметная стоимость материалов","h",0,null,{"$f":"ROUND(SUM('Текущие цены с учетом расхода'!F6:F98),0)","v":25345},null,null,null,null,null,null,null,"95"]
[96,"Сметная стоимость материалов с НДС 18%","k",1.18,null,{"$f":"ROUND((F101)*D102,0)","v":29907},null,null,null,null,null,null,null,"96"]
[97,"Стоимость эксплуатации машин","h",0,null,{"$f":"ROUND(SUM('Текущие цены с учетом расхода'!D6:D98),0)","v":21246},null,null,null,null,null,null,null,"97"]
[98,"Стоимость эксплуатации машин без зарплаты механизаторов","m",0,null,{"$f":"ROUND((F103-F90),0)","v":17358},null,null,null,null,null,null,null,"98"]
[99,"Стоимость эксплуатации машин без зар-ты механизаторов с НДС","k",1.18,null,{"$f":"ROUND((F104)*D105,0)","v":20482},null,null,null,null,null,null,null,"99"]
[100,"ИТОГО ПО СМЕТЕ","s",0,null,{"$f":"ROUND((F100+F102+F105),0)","v":70147},null,null,null,null,null,null,null,"100"]
[101,"ВСЕГО НАКЛАДНЫЕ РАСХОДЫ с К=0,94","k",0.94,null,{"$f":"ROUND((F86)*D107,0)","v":6870},null,null,null,null,null,null,null,"101"]
[102,"ВСЕГО СМЕТНАЯ ПРИБЫЛЬ с К=0,9","k",0.9,null,{"$f":"ROUND((F96)*D108,0)","v":5023},null,null,null,null,null,null,null,"102"]
[103,".   ВСЕГО ПО СМЕТЕ в ценах 3 квартала 2013 года","s",0,null,{"$f":"ROUND((F106+F107+F108),0)","v":82040},null,null,null,null,null,null,null,"103"]